{"text_format":"3","workbook":"xlsx","n_sheets":16,"sheets":["Stable Legends","Table S1","Table S2","Table S3","Table S4","Table S5","Table  S6","Table S7","Table S8","Table S9","Table 10","Table S11","Table S12","Table S13","Table S14","Table S15"],"not_rendered":{"defined_names":1},"read":"whole","date_system":"1900"}

{"sheet":"Stable Legends","index":0,"n_rows":16,"n_cols":3,"rows_kept":16}
[]
[null,"Table S1","Ivs for 4,253 plasma proteins"]
[null,"Table S2","Proteins with the number of Ivs"]
[null,"Table S3","The TSMR results of plasma proteins on OP"]
[null,"Table S4","The Cochrane's Q test result of the MR analysis on the risk of OP related to plasma proteins"]
[null,"Table S5","MR-Egger intercept analysis results of MR analysis on the risk of OP related to plasma proteins"]
[null,"Table S6","The TSMR results of CD14 eQTL on OP"]
[null,"Table S7","Ivs for immunophenotypes"]
[null,"Table S8","MR analysis resultes of immunophenotypes on OP"]
[null,"Table S9","The Cochrane's Q test result of the MR analysis on the risk of OP related to immunophenotypes"]
[null,"Table S10","MR-Egger intercept analysis results of MR analysis on the risk of OP related to immunophenotypes"]
[null,"Table S11","Ivs for osteoporosis"]
[null,"Table S12","MR analysis resultes of CD14 protein on 62 immunophenotypes"]
[null,"Table S13","MR analysis resultes of  IgD+ CD38- %B cells on CD14 protein"]
[null,"Table S14","Colocalization analysis of CD14, IgD+ CD38- %B cells, OP"]
[null,"Table S15","Then results of Phe-MR of  CD14 on 1875 phenotypes "]

{"sheet":"Table S1","index":1,"n_rows":124695,"n_cols":17,"rows_kept":4500,"cut":true,"bounds":{"rows_first":2000,"rows_last":500,"rows_between":2000,"halvings":0}}
["id.exposure","exposure","SNP","chr.exposure","pos.exposure","effect_allele.exposure","other_allele.exposure","beta.exposure","se.exposure","eaf.exposure","pval.exposure","samplesize.exposure","mr_keep.exposure","pval_origin.exposure","data_source.exposure","R2","F"]
["10000_28_CRYBB2_CRBB2","CRYBB2","rs203688","chr1",196703255,"A","G",-0.0801,0.007997,0.39961,{"v":1.29e-23,"d":"1.29E-23"},35327,true,"reported","textfile",0.00283186453077576,100.319706367855]
["10000_28_CRYBB2_CRBB2","CRYBB2","rs7160425","chr14",106010224,"G","A",0.1056,0.008333,0.35853,{"v":8.443e-37,"d":"8.44E-37"},34954,true,"reported","textfile",0.00457338160630733,160.583242350501]
["10000_28_CRYBB2_CRBB2","CRYBB2","rs2337918","chr14",106591745,"G","A",0.045,0.008239,0.38045,{"v":4.719e-08,"d":"4.72E-08"},34955,true,"reported","textfile",0.000852699944100761,29.8298570636046]
["10000_28_CRYBB2_CRBB2","CRYBB2","rs2932738","chr2",88978279,"G","C",-0.0632,0.009354,0.22787,{"v":1.416e-11,"d":"1.42E-11"},35338,true,"reported","textfile",1.29013986978661E-3,45.6472738066648]
["10000_28_CRYBB2_CRBB2","CRYBB2","rs697356","chr3",165718150,"C","G",0.0467,0.00813,0.36502,{"v":9.253e-09,"d":"9.25E-09"},35326,true,"reported","textfile",0.000933152777445295,32.993476664865]
["10000_28_CRYBB2_CRBB2","CRYBB2","rs6457457","chr6",31910331,"T","C",0.092,0.015867,0.06527,{"v":6.706e-09,"d":"6.71E-09"},35429,true,"reported","textfile",0.000948014988824536,33.6171966153605]
["10001_7_RAF1_c_Raf","RAF1","rs11601665","chr11",262930,"T","C",0.0528,0.009071,0.26367,{"v":5.861e-09,"d":"5.86E-09"},35340,true,"reported","textfile",0.000957799926662008,33.8791832876503]
["10001_7_RAF1_c_Raf","RAF1","rs9971407","chr11",65130754,"T","C",-0.0523,0.00928,0.24858,{"v":1.742E-8,"d":"1.74E-08"},35351,true,"reported","textfile",0.000897667898136315,31.7601726186196]
["10001_7_RAF1_c_Raf","RAF1","rs79041741","chr16",84473930,"C","A",-0.0993,0.018179,0.05177,{"v":4.701e-08,"d":"4.70E-08"},35372,true,"reported","textfile",0.000842815893424971,29.8355440211312]
["10001_7_RAF1_c_Raf","RAF1","rs1354034","chr3",56815721,"C","T",0.0589,0.008244,0.38119,{"v":9.05e-13,"d":"9.05E-13"},35344,true,"reported","textfile",0.00144215570562339,51.0422778603864]
["10003_15_ZNF41_ZNF41","ZNF41","rs368465","chr1",196702851,"C","T",-0.1019,0.007984,0.39961,{"v":2.643e-37,"d":"2.64E-37"},35327,true,"reported","textfile",0.00458989339834853,162.885611891368]
["10003_15_ZNF41_ZNF41","ZNF41","rs1706435","chr3",165743688,"G","A",0.078,0.008092,0.36981,{"v":5.483E-22,"d":"5.48E-22"},35327,true,"reported","textfile",0.00262319130731448,92.9079482531221]
["10003_15_ZNF41_ZNF41","ZNF41","rs9501393","chr6",32007072,"GGAG","CGAG",0.0698,0.010486,0.1548,{"v":2.81e-11,"d":"2.81E-11"},35428,true,"reported","textfile",1.24911286285374E-3,44.3064159935813]
["10003_15_ZNF41_ZNF41","ZNF41","rs117125720","chr6",32613313,"A","T",-0.1727,0.018135,0.04891,{"v":1.684e-21,"d":"1.68E-21"},35427,true,"reported","textfile",0.00255331777187836,90.6828241352594]
["10003_15_ZNF41_ZNF41","ZNF41","rs1042133","chr6",33080829,"C","G",-0.0623,0.01047,0.17192,{"v":2.673e-09,"d":"2.67E-09"},35426,true,"reported","textfile",0.000998451039048449,35.4044792463427]
["10008_43_GUCA1A_GUC1A","GUCA1A","rs184815320","chr1",168215004,"G","A",-0.2109,0.038254,0.01124,{"v":3.525e-08,"d":"3.53E-08"},35356,true,"reported","textfile",0.000858940604888932,30.3930920060754]
["10008_43_GUCA1A_GUC1A","GUCA1A","rs115977231","chr1",169097491,"A","G",-0.2245,0.028396,0.01907,{"v":2.657E-15,"d":"2.66E-15"},35349,true,"reported","textfile",0.00176511889735288,62.5019810926809]
["10008_43_GUCA1A_GUC1A","GUCA1A","rs61806985","chr1",169330603,"T","C",-0.456,0.014532,0.07704,{"v":1e-200,"d":"1.00E-200"},35352,true,"reported","textfile",0.0270978042967596,984.5875424282]
["10008_43_GUCA1A_GUC1A","GUCA1A","rs10800448","chr1",169491168,"G","A",-0.0798,0.012035,0.12252,{"v":3.342e-11,"d":"3.34E-11"},35351,true,"reported","textfile",1.24214443549576E-3,43.9631722601292]
["10008_43_GUCA1A_GUC1A","GUCA1A","rs2239853","chr1",169556528,"C","T",-0.077,0.008014,0.44202,7.37E-22,35341,true,"reported","textfile",0.00260537932032254,92.3120075964875]
["10008_43_GUCA1A_GUC1A","GUCA1A","rs12765810","chr10",19927245,"A","G",0.0738,8.796E-3,0.28052,{"v":4.866e-17,"d":"4.87E-17"},35349,true,"reported","textfile",0.00198747256607436,70.3910931595811]
["10008_43_GUCA1A_GUC1A","GUCA1A","rs892145","chr19",15475861,"T","A",-0.0541,0.00813,0.37729,{"v":2.841e-11,"d":"2.84E-11"},35366,true,"reported","textfile",0.00125050107919323,44.2780899638738]
["10008_43_GUCA1A_GUC1A","GUCA1A","rs62140549","chr2",46914826,"G","A",0.0526,0.008538,0.30898,{"v":7.252e-10,"d":"7.25E-10"},35346,true,"reported","textfile",0.00107263712404766,37.9519952313574]
["10008_43_GUCA1A_GUC1A","GUCA1A","rs3020644","chr6",31926849,"G","A",-0.0475,0.008167,0.37454,{"v":6.03e-09,"d":"6.03E-09"},35429,true,"reported","textfile",0.000953869046523614,33.8249833157762]
["10011_65_OCRL_OCRL","OCRL","rs145439832","chr1",195058235,"A","T",-0.1154,0.021062,0.03851,{"v":4.278e-08,"d":"4.28E-08"},35331,true,"reported","textfile",0.000848960756770401,30.0184190356831]
["10011_65_OCRL_OCRL","OCRL","rs10922098","chr1",196695521,"T","C",-0.1887,0.008096,0.40011,{"v":3.7E-120,"d":"3.70E-120"},35326,true,"reported","textfile",0.0151453899245163,543.223079041696]
["10011_65_OCRL_OCRL","OCRL","rs704","chr17",28367840,"A","G",0.191,0.007932,0.49189,{"v":3.993e-128,"d":"3.99E-128"},35348,true,"reported","textfile",0.0161387660473369,579.798049789422]
["10011_65_OCRL_OCRL","OCRL","rs1706435","chr3",165743688,"G","A",0.0684,0.008242,0.36981,{"v":1.054E-16,"d":"1.05E-16"},35327,true,"reported","textfile",0.00194578279430285,68.8687808976835]
["10011_65_OCRL_OCRL","OCRL","rs555007","chr6",31882555,"C","T",0.1394,0.014822,0.07832,{"v":5.199e-21,"d":"5.20E-21"},35429,true,"reported","textfile",0.00249040578678246,88.4478769128345]
["10011_65_OCRL_OCRL","OCRL","rs444921","chr6",31964400,"T","C",0.1537,0.011463,0.13897,{"v":5.403e-41,"d":"5.40E-41"},35429,true,"reported","textfile",0.00504886788280959,179.773897139732]
["10011_65_OCRL_OCRL","OCRL","rs9269234","chr6",32484011,"C","G",0.0683,0.010709,0.16699,{"v":1.797e-10,"d":"1.80E-10"},35427,true,"reported","textfile",0.00114686112461087,40.6742030015372]
["10011_65_OCRL_OCRL","OCRL","rs9272526","chr6",32638792,"A","G",0.0676,0.010505,0.14653,{"v":1.235e-10,"d":"1.24E-10"},35426,true,"reported","textfile",0.00116754010536609,41.4072853587991]
["10012_5_SPDEF_SPDEF","SPDEF","rs10922098","chr1",196695521,"T","C",-0.2135,0.008076,0.40011,{"v":5.017e-154,"d":"5.02E-154"},35326,true,"reported","textfile",0.0193999488620228,698.84127867098]
["10012_5_SPDEF_SPDEF","SPDEF","rs35351085","chr1",197992799,"T","C",0.1103,0.018372,0.04877,{"v":1.93e-09,"d":"1.93E-09"},35331,true,"reported","textfile",0.00101915299104262,36.042388728822]
["10012_5_SPDEF_SPDEF","SPDEF","rs11569393","chr19",6721618,"ATTTTTTTTTCC","ATTTTTTTTTCA",-0.0489,0.008037,0.45686,{"v":1.171E-9,"d":"1.17E-09"},35360,true,"reported","textfile",1.04583479632772E-3,37.017340751581]
["10012_5_SPDEF_SPDEF","SPDEF","rs1707652","chr3",165761011,"T","C",0.0987,8.574E-3,0.3102,{"v":1.157e-30,"d":"1.16E-30"},35327,true,"reported","textfile",3.73709851986924E-3,132.50820141777]
["10012_5_SPDEF_SPDEF","SPDEF","rs1265941","chr6",31904575,"C","A",0.1344,0.015288,0.07271,{"v":1.479E-18,"d":"1.48E-18"},35429,true,"reported","textfile",0.00217666678573714,77.2809891806281]
["10012_5_SPDEF_SPDEF","SPDEF","rs550671","chr6",31976816,"T","C",0.1572,0.011407,0.14045,{"v":3.312e-43,"d":"3.31E-43"},35428,true,"reported","textfile",0.00533204359440692,189.905561106097]
["10012_5_SPDEF_SPDEF","SPDEF","rs9276606","chr6",32768918,"T","A",0.051,0.008856,0.28354,{"v":8.473e-09,"d":"8.47E-09"},35426,true,"reported","textfile",0.00093526922865115,33.1619925469282]
["10014_31_SNAI2_SLUG","SNAI2","rs10922098","chr1",196695521,"T","C",-0.1014,0.008057,0.40011,{"v":2.547e-36,"d":"2.55E-36"},35326,true,"reported","textfile",0.00446366746020349,158.381551943937]
["10014_31_SNAI2_SLUG","SNAI2","rs1706435","chr3",165743688,"G","A",0.0541,0.008176,0.36981,{"v":3.664e-11,"d":"3.66E-11"},35327,true,"reported","textfile",1.23785017328638E-3,43.7812520017183]
["10014_31_SNAI2_SLUG","SNAI2","rs444921","chr6",31964400,"T","C",0.0755,0.011387,0.13897,{"v":3.348e-11,"d":"3.35E-11"},35429,true,"reported","textfile",0.00123930388458813,43.959297647642]
["10014_31_SNAI2_SLUG","SNAI2","rs34927613","chr6",32632434,"A","G",0.0509,8.6E-3,0.29339,{"v":3.25e-09,"d":"3.25E-09"},35427,true,"reported","textfile",0.000987813758386057,35.0279034357673]
["10015_119_KCNAB2_KCAB2","KCNAB2","rs806109","chr1",5992521,"A","G",0.08,0.009576,0.21513,{"v":6.573e-17,"d":"6.57E-17"},35372,true,"reported","textfile",0.00196922805674212,69.7890268767473]
["10015_119_KCNAB2_KCAB2","KCNAB2","rs1295106","chr1",6025290,"GGGGGT","GGGTGT",0.0676,0.009496,0.21747,{"v":1.086E-12,"d":"1.09E-12"},35370,true,"reported","textfile",0.00143072155689032,50.6742607813761]
["10015_119_KCNAB2_KCAB2","KCNAB2","rs10922098","chr1",196695521,"T","C",-0.045,0.008042,0.40011,{"v":2.199E-8,"d":"2.20E-08"},35326,true,"reported","textfile",0.00088555932690127,31.3092238386488]
["10015_119_KCNAB2_KCAB2","KCNAB2","rs557011","chr6",32619236,"T","C",0.0462,0.008026,0.40141,{"v":8.602e-09,"d":"8.60E-09"},35427,true,"reported","textfile",0.00093442673779026,33.1330275730882]
["10023_32_VDR_VDR","VDR","rs10922098","chr1",196695521,"T","C",-0.1527,0.008104,0.40011,{"v":3.381e-79,"d":"3.38E-79"},35326,true,"reported","textfile",0.0099504262673583,355.021472453138]
["10023_32_VDR_VDR","VDR","rs13469","chr17",28349109,"T","C",-0.0439,0.007996,0.45244,{"v":4.008e-08,"d":"4.01E-08"},35348,true,"reported","textfile",0.000852017351036447,30.1410860180007]
["10023_32_VDR_VDR","VDR","rs2686395","chr3",165767231,"C","T",-0.0904,0.00858,0.3101,{"v":5.853e-26,"d":"5.85E-26"},35327,true,"reported","textfile",0.00313251355051184,111.003761960329]
["10023_32_VDR_VDR","VDR","rs9267139","chr6",31471721,"A","G",0.073,0.012701,0.10872,{"v":9.046e-09,"d":"9.05E-09"},35427,true,"reported","textfile",0.000931602686774477,33.0327986229347]
["10023_32_VDR_VDR","VDR","rs9501393","chr6",32007072,"GGAG","CGAG",0.1114,0.010651,0.1548,{"v":1.325e-25,"d":"1.33E-25"},35428,true,"reported","textfile",0.00307825112583936,109.386844561409]
["10023_32_VDR_VDR","VDR","rs7774739","chr6",32041524,"G","A",0.0956,0.011102,0.17585,{"v":7.237e-18,"d":"7.24E-18"},35425,true,"reported","textfile",0.00208879288585785,74.1461864224553]
["10023_32_VDR_VDR","VDR","rs9271766","chr6",32626382,"GGCATCTACAG","GGCATCTACAA",0.0606,0.010454,0.17434,{"v":6.749e-09,"d":"6.75E-09"},35425,true,"reported","textfile",0.000947673275139177,33.6012734541182]
["10024_44_HOGA1_HOGA1","HOGA1","rs10922098","chr1",196695521,"T","C",-0.1268,0.007999,0.40011,{"v":1.347e-56,"d":"1.35E-56"},35326,true,"reported","textfile",0.00706308295197831,251.271090753105]
["10024_44_HOGA1_HOGA1","HOGA1","rs1707652","chr3",165761011,"T","C",0.0568,0.008477,0.3102,{"v":2.074e-11,"d":"2.07E-11"},35327,true,"reported","textfile",1.26926983754118E-3,44.8939395344818]
["10024_44_HOGA1_HOGA1","HOGA1","rs9267139","chr6",31471721,"A","G",0.0696,0.012521,0.10872,{"v":2.72e-08,"d":"2.72E-08"},35427,true,"reported","textfile",0.00087141985904244,30.8969727422103]
["10024_44_HOGA1_HOGA1","HOGA1","rs9501393","chr6",32007072,"GGAG","CGAG",0.0982,0.010506,0.1548,{"v":8.992e-21,"d":"8.99E-21"},35428,true,"reported","textfile",0.00245998168623688,87.3622206795684]
["10024_44_HOGA1_HOGA1","HOGA1","rs7774739","chr6",32041524,"G","A",0.0848,0.010955,0.17585,{"v":9.91e-15,"d":"9.91E-15"},35425,true,"reported","textfile",1.68858574432263E-3,59.9159460334701]
["10024_44_HOGA1_HOGA1","HOGA1","rs9271683","chr6",32625173,"T","C",0.0505,0.008759,0.27332,{"v":8.127e-09,"d":"8.13E-09"},35427,true,"reported","textfile",0.000937415264271801,33.2390945714504]
["10035_6_DUSP4_DUS4","DUSP4","rs10922094","chr1",196692375,"CATTA","GATTA",-0.1105,0.008079,0.40155,{"v":1.372E-42,"d":"1.37E-42"},35327,true,"reported","textfile",0.00526755241843822,187.061646208211]
["10035_6_DUSP4_DUS4","DUSP4","rs6542680","chr2",3592552,"T","C",-0.0748,0.010246,0.18362,{"v":2.863E-13,"d":"2.86E-13"},35320,true,"reported","textfile",0.00150667285754949,53.2929670498852]
["10035_6_DUSP4_DUS4","DUSP4","rs1707652","chr3",165761011,"T","C",0.0632,0.008547,0.3102,{"v":1.421E-13,"d":"1.42E-13"},35327,true,"reported","textfile",0.00154535525016438,54.6741652203283]
["10035_6_DUSP4_DUS4","DUSP4","rs6457457","chr6",31910331,"T","C",0.0998,0.016036,0.06527,{"v":4.867e-10,"d":"4.87E-10"},35429,true,"reported","textfile",1.09203251666485E-3,38.7297300925082]
["10035_6_DUSP4_DUS4","DUSP4","rs9501393","chr6",32007072,"GGAG","CGAG",0.0772,0.010614,0.1548,{"v":3.5e-13,"d":"3.50E-13"},35428,true,"reported","textfile",0.00149101418643433,52.8995425370012]
["10035_6_DUSP4_DUS4","DUSP4","rs11794541","chr9",21673751,"A","T",-0.0943,0.016397,0.05959,{"v":8.862e-09,"d":"8.86E-09"},35339,true,"reported","textfile",0.000935048332082599,33.072727509498]
["10036_201_ZHX3_ZHX3","ZHX3","rs10922094","chr1",196692375,"CATTA","GATTA",-0.1112,0.008304,0.40155,{"v":6.77e-41,"d":"6.77E-41"},35327,true,"reported","textfile",0.00505043980860444,179.312392685145]
["10036_201_ZHX3_ZHX3","ZHX3","rs62068364","chr16",89690791,"T","C",-0.058,0.008576,0.33982,1.35E-11,35311,true,"reported","textfile",0.00129364239604561,45.7363858898035]
["10036_201_ZHX3_ZHX3","ZHX3","rs6457457","chr6",31910331,"T","C",0.167,0.016493,0.06527,{"v":4.246e-24,"d":"4.25E-24"},35429,true,"reported","textfile",2.88549127596465E-3,102.52012034647]
["10036_201_ZHX3_ZHX3","ZHX3","rs6458","chr6",32039847,"G","A",0.1716,0.012337,0.12614,{"v":5.545e-44,"d":"5.55E-44"},35428,true,"reported","textfile",0.00543129747668052,193.459882580985]
["10036_201_ZHX3_ZHX3","ZHX3","rs9269187","chr6",32480663,"T","C",0.0986,0.01518,0.08163,{"v":8.292e-11,"d":"8.29E-11"},35427,true,"reported","textfile",1.18948512433784E-3,42.1876921619247]
["10036_201_ZHX3_ZHX3","ZHX3","rs10982054","chr9",114071373,"A","G",-0.0642,0.009128,0.27709,{"v":2.012e-12,"d":"2.01E-12"},35350,true,"reported","textfile",0.00139740426940476,49.4645681135855]
["10037_98_SIGLEC12_SIG12","SIGLEC12","rs190502932","chr19",51136702,"T","A",0.5796,0.041996,0.01039,{"v":2.499E-43,"d":"2.50E-43"},35360,true,"reported","textfile",0.00535791076246198,190.465505923194]
["10037_98_SIGLEC12_SIG12","SIGLEC12","rs140987580","chr19",51425408,"G","A",0.6046,0.019919,0.04666,{"v":1e-200,"d":"1.00E-200"},35367,true,"reported","textfile",0.0253883569310885,921.248221538493]
["10037_98_SIGLEC12_SIG12","SIGLEC12","rs79506121","chr19",51447126,"C","T",0.7506,0.024499,0.031,{"v":1e-200,"d":"1.00E-200"},35369,true,"reported","textfile",0.0258536480401512,938.633058981792]
["10037_98_SIGLEC12_SIG12","SIGLEC12","rs61998206","chr19",51481484,"T","C",-0.1777,0.019651,0.04997,{"v":1.525e-19,"d":"1.53E-19"},35370,true,"reported","textfile",0.00230657507447639,81.7675502273364]
["10037_98_SIGLEC12_SIG12","SIGLEC12","rs112735728","chr19",51584096,"C","T",0.6947,0.025152,0.03053,{"v":6.394e-168,"d":"6.39E-168"},35372,true,"reported","textfile",0.0211116935530599,762.825131379995]
["10037_98_SIGLEC12_SIG12","SIGLEC12","rs73052899","chr19",51668230,"T","C",0.1353,0.009454,0.28094,{"v":1.846e-46,"d":"1.85E-46"},35369,true,"reported","textfile",0.00575749991030597,204.80466215176]
["10037_98_SIGLEC12_SIG12","SIGLEC12","rs111972944","chr19",52240266,"A","G",0.0946,0.010753,0.19572,{"v":1.396e-18,"d":"1.40E-18"},35372,true,"reported","textfile",2.18330360334963E-3,77.3924195990589]
["10037_98_SIGLEC12_SIG12","SIGLEC12","rs117391293","chr19",52445049,"G","A",0.2591,0.0347,0.0146,{"v":8.218e-14,"d":"8.22E-14"},35365,true,"reported","textfile",1.57404837331799E-3,55.7508271243902]
["10037_98_SIGLEC12_SIG12","SIGLEC12","rs368465","chr1",196702851,"C","T",-0.0879,0.008179,0.39961,{"v":6.117e-27,"d":"6.12E-27"},35327,true,"reported","textfile",0.00325876468232038,115.492224384876]
["10037_98_SIGLEC12_SIG12","SIGLEC12","rs12971607","chr19",52578482,"T","C",-0.1242,0.018723,0.0553,{"v":3.28e-11,"d":"3.28E-11"},35367,true,"reported","textfile",1.24266502864458E-3,44.0015278979414]
["10037_98_SIGLEC12_SIG12","SIGLEC12","rs139978289","chr19",53197588,"A","C",0.1298,0.022342,0.03714,{"v":6.261e-09,"d":"6.26E-09"},35368,true,"reported","textfile",0.000953411813967252,33.7505403766887]
["10037_98_SIGLEC12_SIG12","SIGLEC12","rs1042663","chr6",31937353,"A","G",0.0915,0.013954,0.09002,{"v":5.472e-11,"d":"5.47E-11"},35429,true,"reported","textfile",0.00121215764196736,42.9952257734671]
["10041_3_HNF4A_HNF4A","HNF4A","rs61747728","chr1",179557079,"T","C",0.1432,0.020569,0.04262,{"v":3.359e-12,"d":"3.36E-12"},35346,true,"reported","textfile",1.36938095749178E-3,48.4657686622857]
["10041_3_HNF4A_HNF4A","HNF4A","rs34825987","chr6",29663266,"CAAAAAAAAAAAAAAAAAAAG","CAAAAAAAAAAAAAAAAAAG",-0.0624,0.009389,0.29814,{"v":3.013e-11,"d":"3.01E-11"},35428,true,"reported","textfile",1.2452104028723E-3,44.1678219635353]
["10041_3_HNF4A_HNF4A","HNF4A","rs9501342","chr6",30904955,"A","G",0.0581,0.010602,0.19318,{"v":4.246e-08,"d":"4.25E-08"},35427,true,"reported","textfile",0.00084698221701361,30.0297797271168]
["10041_3_HNF4A_HNF4A","HNF4A","rs28366149","chr6",31607123,"A","G",0.1307,0.010656,0.18987,{"v":1.398e-34,"d":"1.40E-34"},35425,true,"reported","textfile",0.00422875450783997,150.431308003053]
["10041_3_HNF4A_HNF4A","HNF4A","rs148766553","chr6",32011047,"A","G",-0.171,0.016123,0.07438,{"v":2.803e-26,"d":"2.80E-26"},35429,true,"reported","textfile",3.16493594323084E-3,112.480178219788]
["10041_3_HNF4A_HNF4A","HNF4A","rs6458","chr6",32039847,"G","A",0.2145,0.012679,0.12614,{"v":3.308e-64,"d":"3.31E-64"},35428,true,"reported","textfile",0.00801389306654945,286.193701495687]
["10041_3_HNF4A_HNF4A","HNF4A","rs9273325","chr6",32655416,"A","G",-0.0963,0.012144,0.14149,{"v":2.19e-15,"d":"2.19E-15"},35427,true,"reported","textfile",0.00177183998018481,62.878842545176]
["10041_3_HNF4A_HNF4A","HNF4A","rs28616789","chr9",114070709,"A","G",-0.0936,0.009379,0.2772,{"v":1.869E-23,"d":"1.87E-23"},35350,true,"reported","textfile",0.00280948905679973,99.5896151135895]
["10041_3_HNF4A_HNF4A","HNF4A","rs56294298","chr9",114371244,"A","G",-0.0743,0.012836,0.1216,{"v":7.104e-09,"d":"7.10E-09"},35350,true,"reported","textfile",0.000946928857335208,33.503766932823]
["10044_12_WNT10A_WN10A","WNT10A","rs1697422","chr1",21495404,"C","T",-0.0443,0.007935,0.48923,{"v":2.363E-8,"d":"2.36E-08"},35362,true,"reported","textfile",0.000880631363306368,31.1665712666573]
["10044_12_WNT10A_WN10A","WNT10A","rs10922098","chr1",196695521,"T","C",-0.1782,0.008016,0.40011,{"v":1.793e-109,"d":"1.79E-109"},35326,true,"reported","textfile",0.0137965981228519,494.168881555259]
["10044_12_WNT10A_WN10A","WNT10A","rs12478841","chr2",27588855,"G","A",0.0581,0.009503,0.21569,{"v":9.73e-10,"d":"9.73E-10"},35361,true,"reported","textfile",1.05595990469213E-3,37.3771550470903]
["10044_12_WNT10A_WN10A","WNT10A","rs1707652","chr3",165761011,"T","C",0.0861,0.008496,0.3102,{"v":3.914e-24,"d":"3.91E-24"},35327,true,"reported","textfile",0.0028987435853825,102.695805962416]
["10044_12_WNT10A_WN10A","WNT10A","rs1265941","chr6",31904575,"C","A",0.1206,0.015143,0.07271,{"v":1.668e-15,"d":"1.67E-15"},35429,true,"reported","textfile",1.78704331502349E-3,63.4229230319606]
["10044_12_WNT10A_WN10A","WNT10A","rs550671","chr6",31976816,"T","C",0.1356,0.011308,0.14045,{"v":3.934e-33,"d":"3.93E-33"},35428,true,"reported","textfile",0.00404242510586575,143.788204849612]
["10044_12_WNT10A_WN10A","WNT10A","rs78897911","chr6",32487809,"A","G",0.0423,0.007654,0.35973,{"v":3.273e-08,"d":"3.27E-08"},35416,true,"reported","textfile",8.6164810986955E-4,30.5407215178902]
["10046_55_BIRC2_cIAP_1","BIRC2","rs4251945","chr19",43656997,"A","G",0.2451,0.029081,0.02184,{"v":3.513e-17,"d":"3.51E-17"},35356,true,"reported","textfile",2.00508668125808E-3,71.0302563501722]
["10046_55_BIRC2_cIAP_1","BIRC2","rs201842361","chr19",44642557,"CTCTCTCTT","CTCTCTTTCTCTCTCTCTCTT",0.2626,0.021124,0.04318,{"v":1.76e-35,"d":"1.76E-35"},35360,true,"reported","textfile",0.0043514194484002,154.529913326744]
["10046_55_BIRC2_cIAP_1","BIRC2","rs118147862","chr19",44816374,"A","G",0.9196,0.017944,0.03917,{"v":1e-200,"d":"1.00E-200"},35355,true,"reported","textfile",0.0691494191693797,2626.24256377825]
["10046_55_BIRC2_cIAP_1","BIRC2","rs7254892","chr19",44886339,"A","G",1.0917,0.031748,0.01741,{"v":1e-200,"d":"1.00E-200"},35356,true,"reported","textfile",0.0323611573742155,1182.35885891413]
["10046_55_BIRC2_cIAP_1","BIRC2","rs118004808","chr19",44936241,"T","C",0.1656,0.023908,0.03208,{"v":4.312e-12,"d":"4.31E-12"},35356,true,"reported","textfile",1.35513361745551E-3,47.9744056413842]
["10046_55_BIRC2_cIAP_1","BIRC2","rs116490500","chr19",45617246,"A","C",0.1982,0.034042,0.01553,{"v":5.808e-09,"d":"5.81E-09"},35359,true,"reported","textfile",0.000957769577628234,33.8963238239535]
["10046_55_BIRC2_cIAP_1","BIRC2","rs147910350","chr19",45643504,"T","C",0.2935,0.037782,0.01351,{"v":7.959e-15,"d":"7.96E-15"},35357,true,"reported","textfile",1.70384589895224E-3,60.3422857135028]
["10046_55_BIRC2_cIAP_1","BIRC2","rs143675675","chr19",46029507,"A","G",0.2452,0.031833,0.01844,{"v":1.332E-14,"d":"1.33E-14"},35356,true,"reported","textfile",0.00167530730079164,59.3282072910051]
["10046_55_BIRC2_cIAP_1","BIRC2","rs117909986","chr19",46229036,"A","G",0.1935,0.032087,0.01711,{"v":1.634e-09,"d":"1.63E-09"},35356,true,"reported","textfile",0.00102752904133503,36.3646274381287]
["10046_55_BIRC2_cIAP_1","BIRC2","rs1619994","chr3",165744047,"G","A",0.0682,0.009357,0.2807,{"v":3.127e-13,"d":"3.13E-13"},35327,true,"reported","textfile",1.50153732597102E-3,53.1215700601857]
["10047_12_NCF2_NCF_2","NCF2","rs10801548","chr1",196560692,"TGTTTTTTTTT","TGTTTTTTCTT",0.0694,0.008088,0.40817,{"v":9.44e-18,"d":"9.44E-18"},35326,true,"reported","textfile",0.00207987852461457,73.6227553913465]
["10047_12_NCF2_NCF_2","NCF2","rs7546015","chr1",196694942,"CATTCTGTAGGTTGCCT","CATTCTGTAGATTGCCT",0.2164,8.097E-3,0.39734,{"v":2.268e-157,"d":"2.27E-157"},35326,true,"reported","textfile",0.0198188350288033,714.23585106129]
["10047_12_NCF2_NCF_2","NCF2","rs118020353","chr14",91380092,"T","C",0.2199,0.039189,0.01079,{"v":2.009E-8,"d":"2.01E-08"},35348,true,"reported","textfile",0.000889960174238941,31.4845523163149]
["10047_12_NCF2_NCF_2","NCF2","rs201028957","chr14",92518925,"CATCAG","C",0.2007,0.024618,0.02924,{"v":3.558e-16,"d":"3.56E-16"},35349,true,"reported","textfile",1.87670611463645E-3,66.4606581576016]
["10047_12_NCF2_NCF_2","NCF2","rs76492422","chr14",93892878,"G","A",0.1602,0.027264,0.02124,{"v":4.207e-09,"d":"4.21E-09"},35358,true,"reported","textfile",0.000975515822603714,34.5240161479891]
["10047_12_NCF2_NCF_2","NCF2","rs141947817","chr14",94002725,"T","C",0.1352,0.023941,0.03085,{"v":1.63E-8,"d":"1.63E-08"},35358,true,"reported","textfile",0.000901134432115523,31.8892454789917]
["10047_12_NCF2_NCF_2","NCF2","rs145496844","chr14",94006387,"G","C",1.0376,0.022663,0.02117,{"v":1e-200,"d":"1.00E-200"},35358,true,"reported","textfile",0.0559660979253662,2096.04480718407]
["10047_12_NCF2_NCF_2","NCF2","rs112963922","chr14",94411531,"T","C",0.5479,0.037882,0.01119,{"v":2.063E-47,"d":"2.06E-47"},35359,true,"reported","textfile",5.88132339231014E-3,209.176183965782]
["10047_12_NCF2_NCF_2","NCF2","rs55698602","chr14",94626820,"T","C",0.1785,0.013914,0.09533,{"v":1.129E-37,"d":"1.13E-37"},35358,true,"reported","textfile",4.63306041293143E-3,164.568941809097]
["10047_12_NCF2_NCF_2","NCF2","rs72704666","chr14",94968526,"G","A",0.2835,0.026405,0.02478,{"v":6.842e-27,"d":"6.84E-27"},35355,true,"reported","textfile",0.00324989426614816,115.268121197284]
["10047_12_NCF2_NCF_2","NCF2","rs7153367","chr14",94995841,"C","G",0.2559,0.037098,0.01232,{"v":5.275E-12,"d":"5.28E-12"},35352,true,"reported","textfile",0.00134413053844263,47.578966876313]
["10047_12_NCF2_NCF_2","NCF2","rs148317773","chr14",95960529,"T","C",0.1873,0.024326,0.0284,{"v":1.365e-14,"d":"1.37E-14"},35370,true,"reported","textfile",1.67329217412921E-3,59.2801906937708]
["10048_7_CBFB_PEBB","CBFB","rs7535409","chr1",169537003,"G","A",-0.0629,0.008376,0.33792,{"v":5.947e-14,"d":"5.95E-14"},35352,true,"reported","textfile",0.00159265508404839,56.3901673077638]
["10048_7_CBFB_PEBB","CBFB","rs10922094","chr1",196692375,"CATTA","GATTA",-0.0895,0.008103,0.40155,2.31E-28,35327,true,"reported","textfile",0.00344152099322988,121.991565619923]
["10048_7_CBFB_PEBB","CBFB","rs16919431","chr10",19853771,"G","T",0.0528,0.009365,0.23714,{"v":1.721E-8,"d":"1.72E-08"},35345,true,"reported","textfile",0.000898532711506786,31.7854018460914]
["10048_7_CBFB_PEBB","CBFB","rs1355538","chr3",165787389,"G","A",-0.0644,0.008096,0.39847,{"v":1.804e-15,"d":"1.80E-15"},35326,true,"reported","textfile",0.00178796524534182,63.2712110528476]
["10048_7_CBFB_PEBB","CBFB","rs28573154","chr6",32008772,"A","G",0.0814,0.011062,0.145,{"v":1.857e-13,"d":"1.86E-13"},35428,true,"reported","textfile",0.00152605996760563,54.14482866788]
["10048_7_CBFB_PEBB","CBFB","rs34927613","chr6",32632434,"A","G",0.0549,0.008644,0.29339,{"v":2.134e-10,"d":"2.13E-10"},35427,true,"reported","textfile",0.00113733021707296,40.3357980617749]
["10053_5_ILK_ILK1","ILK","rs802171","chr10",16814686,"G","A",0.1878,0.008108,0.47349,{"v":1.078e-118,"d":"1.08E-118"},35351,true,"reported","textfile",0.0149492904699206,536.462198045945]
["10053_5_ILK_ILK1","ILK","rs4980320","chr11",198986,"C","T",0.0473,0.008172,0.46986,{"v":7.125e-09,"d":"7.13E-09"},35340,true,"reported","textfile",9.47081848367704E-4,33.4997053204526]
["10053_5_ILK_ILK1","ILK","rs342200","chr7",106676033,"A","G",-0.0462,0.008214,0.42559,{"v":1.862e-08,"d":"1.86E-08"},35345,true,"reported","textfile",0.000894248102533936,31.6336990632203]
["10056_5_FOXM1_FOXM1","FOXM1","rs10876550","chr12",54318524,"A","G",0.0733,0.008172,0.43699,{"v":2.964e-19,"d":"2.96E-19"},35362,true,"reported","textfile",0.00227000827750933,80.4501151199787]
["10056_5_FOXM1_FOXM1","FOXM1","rs117828578","chr13",40645935,"A","G",0.1983,0.025474,0.02463,{"v":7.009e-15,"d":"7.01E-15"},35348,true,"reported","textfile",0.00171136411213041,60.5935735746028]
["10056_5_FOXM1_FOXM1","FOXM1","rs1354034","chr3",56815721,"C","T",-0.0612,0.00832,0.38119,{"v":1.894e-13,"d":"1.89E-13"},35344,true,"reported","textfile",1.52853768296526E-3,54.104279220957]
["10056_5_FOXM1_FOXM1","FOXM1","rs342292","chr7",106730198,"G","C",-0.0711,0.008089,0.45188,{"v":1.504E-18,"d":"1.50E-18"},35342,true,"reported","textfile",0.00218127317497918,77.254707625148]
["10056_5_FOXM1_FOXM1","FOXM1","rs10820606","chr9",96430636,"AC","AA",-0.0961,0.00938,0.24575,{"v":1.246E-24,"d":"1.25E-24"},35332,true,"reported","textfile",0.00296199682759887,104.958233874836]
["10063_10_FANCL_FANCL","FANCL","rs572515","chr1",196677131,"G","A",-0.1073,0.008072,0.3973,{"v":2.563E-40,"d":"2.56E-40"},35326,true,"reported","textfile",0.00497709295444959,176.69023524795]
["10063_10_FANCL_FANCL","FANCL","rs1706420","chr3",165732681,"C","T",0.0614,0.008193,0.36627,{"v":6.674e-14,"d":"6.67E-14"},35327,true,"reported","textfile",1.58728231902087E-3,56.1598895190842]
["10063_10_FANCL_FANCL","FANCL","rs28573154","chr6",32008772,"A","G",0.0837,0.011012,0.145,{"v":2.938e-14,"d":"2.94E-14"},35428,true,"reported","textfile",0.00162803692555018,57.7688860041031]
["10063_10_FANCL_FANCL","FANCL","rs7774739","chr6",32041524,"G","A",0.0755,0.01103,0.17585,{"v":7.638e-12,"d":"7.64E-12"},35425,true,"reported","textfile",0.00132086671126949,46.8509453674265]
["10064_12_RBBP9_RBBP9","RBBP9","rs10922094","chr1",196692375,"CATTA","GATTA",-0.0498,0.00819,0.40155,{"v":1.196E-9,"d":"1.20E-09"},35327,true,"reported","textfile",1.04551393397863E-3,36.9714338670624]
["10064_12_RBBP9_RBBP9","RBBP9","rs5167","chr19",44945208,"G","T",0.058,0.008589,0.3238,1.45E-11,35358,true,"reported","textfile",1.28802220060305E-3,45.5980442177781]
["10064_12_RBBP9_RBBP9","RBBP9","rs1355538","chr3",165787389,"G","A",-0.0783,0.008172,0.39847,{"v":9.605e-22,"d":"9.61E-22"},35326,true,"reported","textfile",0.00259206068194915,91.7999024469112]
["10064_12_RBBP9_RBBP9","RBBP9","rs6457457","chr6",31910331,"T","C",0.0933,0.016224,0.06527,{"v":8.89e-09,"d":"8.89E-09"},35429,true,"reported","textfile",0.000932574029819242,33.0691395751625]
["10064_12_RBBP9_RBBP9","RBBP9","rs6458","chr6",32039847,"G","A",0.0962,0.012153,0.12614,{"v":2.461E-15,"d":"2.46E-15"},35428,true,"reported","textfile",0.0017655055425278,62.6554178370506]
["10064_12_RBBP9_RBBP9","RBBP9","rs6993770","chr8",105569300,"T","A",-0.0566,0.009635,0.22448,{"v":4.242E-9,"d":"4.24E-09"},35353,true,"reported","textfile",0.00097516798408528,34.5068133450056]
["10074_128_BRD2_BRD2","BRD2","rs28573154","chr6",32008772,"A","G",0.0652,0.011012,0.145,{"v":3.208e-09,"d":"3.21E-09"},35428,true,"reported","textfile",0.000988522656838832,35.0540553691189]
["10074_128_BRD2_BRD2","BRD2","rs10922098","chr1",196695521,"T","C",-0.099,8.064E-3,0.40011,{"v":1.206e-34,"d":"1.21E-34"},35326,true,"reported","textfile",4.24840486202991E-3,150.710934412865]
["10074_128_BRD2_BRD2","BRD2","rs9864801","chr3",165730789,"TAGAGAG","TATAGAG",-0.0438,0.008007,0.41936,{"v":4.495e-08,"d":"4.50E-08"},35327,true,"reported","textfile",0.000846319014417179,29.9215423545222]
["10074_128_BRD2_BRD2","BRD2","rs6457457","chr6",31910331,"T","C",0.1042,0.016001,0.06527,{"v":7.414e-11,"d":"7.41E-11"},35429,true,"reported","textfile",0.00119553630168485,42.4049612303115]
["10075_75_ACBD6_ACBD6","ACBD6","rs80261041","chr1",180294810,"TCAGCCTCCGGAGTAGCTGGGACTT","TCAGCCTCCTGAGTAGCTGGGACTT",-0.1419,0.023466,0.03244,{"v":1.476e-09,"d":"1.48E-09"},35344,true,"reported","textfile",1.03352710900395E-3,36.5647057009924]
["10075_75_ACBD6_ACBD6","ACBD6","rs4980320","chr11",198986,"C","T",0.0458,0.008197,0.46986,{"v":2.308e-08,"d":"2.31E-08"},35340,true,"reported","textfile",0.000882614497638247,31.2173840332665]
["10075_75_ACBD6_ACBD6","ACBD6","rs7595829","chr2",119341268,"A","G",-0.0461,0.008207,0.49092,{"v":1.942e-08,"d":"1.94E-08"},35349,true,"reported","textfile",0.000891801860606231,31.5506573017335]
["10075_75_ACBD6_ACBD6","ACBD6","rs1354034","chr3",56815721,"C","T",0.0802,0.008408,0.38119,{"v":1.441E-21,"d":"1.44E-21"},35344,true,"reported","textfile",0.00256762203378386,90.9784963097144]
["10078_5_BAG3_BAG3","BAG3","rs10922094","chr1",196692375,"CATTA","GATTA",-0.1385,0.00803,0.40155,{"v":1.169E-66,"d":"1.17E-66"},35327,true,"reported","textfile",0.00835064138032024,297.470476026342]
["10078_5_BAG3_BAG3","BAG3","rs1707652","chr3",165761011,"T","C",0.0806,0.008509,0.3102,{"v":2.744e-21,"d":"2.74E-21"},35327,true,"reported","textfile",2.53340508591083E-3,89.7198313368158]
["10078_5_BAG3_BAG3","BAG3","rs9267139","chr6",31471721,"A","G",0.0805,0.012581,0.10872,{"v":1.567e-10,"d":"1.57E-10"},35427,true,"reported","textfile",1.15431796621992E-3,40.9389705425564]
["10078_5_BAG3_BAG3","BAG3","rs28573154","chr6",32008772,"A","G",0.1025,0.010989,0.145,{"v":1.084E-20,"d":"1.08E-20"},35428,true,"reported","textfile",2.44973741521294E-3,86.9975187480412]
["10078_5_BAG3_BAG3","BAG3","rs7774739","chr6",32041524,"G","A",0.0854,0.010997,0.17585,{"v":8.1e-15,"d":"8.10E-15"},35425,true,"reported","textfile",1.69949043692612E-3,60.3035350283274]
["10078_5_BAG3_BAG3","BAG3","rs9271766","chr6",32626382,"GGCATCTACAG","GGCATCTACAA",0.0618,0.010361,0.17434,{"v":2.454E-9,"d":"2.45E-09"},35425,true,"reported","textfile",1.00329304232344E-3,35.5753419312612]
["10081_17_SATB2_SATB2","SATB2","rs1451915","chr1",196058002,"A","C",0.0678,0.011604,0.13641,{"v":5.139e-09,"d":"5.14E-09"},35323,true,"reported","textfile",0.000965532369751233,34.1365287554877]
["10081_17_SATB2_SATB2","SATB2","rs10922098","chr1",196695521,"T","C",-0.2126,0.008128,0.40011,{"v":8.657e-151,"d":"8.66E-151"},35326,true,"reported","textfile",0.0189991447651359,684.123552086999]
["10081_17_SATB2_SATB2","SATB2","rs6542680","chr2",3592552,"T","C",-0.0801,0.010366,0.18362,{"v":1.097E-14,"d":"1.10E-14"},35320,true,"reported","textfile",0.00168767323103166,59.7060074040037]
["10081_17_SATB2_SATB2","SATB2","rs1707652","chr3",165761011,"T","C",0.0868,0.008632,0.3102,{"v":8.653e-24,"d":"8.65E-24"},35327,true,"reported","textfile",0.00285409574710438,101.10950848462]
["10081_17_SATB2_SATB2","SATB2","rs555007","chr6",31882555,"C","T",0.1242,0.014902,0.07832,{"v":7.779e-17,"d":"7.78E-17"},35429,true,"reported","textfile",0.00195679136386409,69.4591647413201]
["10081_17_SATB2_SATB2","SATB2","rs550671","chr6",31976816,"T","C",0.1503,0.011483,0.14045,{"v":3.798e-39,"d":"3.80E-39"},35428,true,"reported","textfile",0.00481244227444587,171.30999949814]
["10082_251_NEFL_NFL","NEFL","rs1535","chr11",61830500,"G","A",-0.0565,0.008705,0.38792,{"v":8.559e-11,"d":"8.56E-11"},35355,true,"reported","textfile",0.00119012158534839,42.1245016855495]
["10082_251_NEFL_NFL","NEFL","rs76594250","chr19",41024051,"G","A",0.095,0.014232,0.1148,{"v":2.474E-11,"d":"2.47E-11"},35362,true,"reported","textfile",0.0012584374788309,44.5544182011723]
["10082_251_NEFL_NFL","NEFL","rs2722685","chr19",44415912,"CTAAGA","TTAAGA",-0.1214,0.011061,0.21042,{"v":4.992e-28,"d":"4.99E-28"},35357,true,"reported","textfile",3.39543991984029E-3,120.454775318606]
["10082_251_NEFL_NFL","NEFL","rs58258919","chr19",44536637,"G","T",-0.1494,0.016408,0.08292,{"v":8.598e-20,"d":"8.60E-20"},35357,true,"reported","textfile",0.00233936145413246,82.9020620993965]
["10082_251_NEFL_NFL","NEFL","rs8103315","chr19",44750911,"A","C",-0.3586,0.011815,0.17275,{"v":1e-200,"d":"1.00E-200"},35355,true,"reported","textfile",0.0253940138135082,921.146168885904]
["10082_251_NEFL_NFL","NEFL","rs416116","chr19",44863088,"A","G",-0.1619,0.009266,0.38705,{"v":2.302e-68,"d":"2.30E-68"},35355,true,"reported","textfile",0.0085609954225947,305.270288719371]
["10082_251_NEFL_NFL","NEFL","rs3745150","chr19",44882502,"C","G",0.347,0.006591,0.41141,{"v":1e-200,"d":"1.00E-200"},35354,true,"reported","textfile",0.0727005615613712,2771.60768763659]
["10082_251_NEFL_NFL","NEFL","rs148352823","chr19",45497835,"C","T",0.1158,0.013849,0.12163,{"v":6.19e-17,"d":"6.19E-17"},35359,true,"reported","textfile",0.00197343313636383,69.9126433294129]
["10082_251_NEFL_NFL","NEFL","rs149857247","chr19",46373607,"T","C",-0.3721,0.03658,0.01619,{"v":2.636e-24,"d":"2.64E-24"},35355,true,"reported","textfile",0.00291817877575937,103.468313295243]
["10082_251_NEFL_NFL","NEFL","rs79471478","chr19",47315436,"A","C",0.0961,0.017501,0.07253,{"v":3.996e-08,"d":"4.00E-08"},35357,true,"reported","textfile",0.000852070304601196,30.1506360808446]
["10082_251_NEFL_NFL","NEFL","rs780093","chr2",27519736,"C","T",-0.0499,0.008973,0.34157,{"v":2.679E-8,"d":"2.68E-08"},35361,true,"reported","textfile",0.000873819147165021,30.924393551808]
["10082_251_NEFL_NFL","NEFL","rs1707652","chr3",165761011,"T","C",0.0589,0.009161,0.3102,{"v":1.278e-10,"d":"1.28E-10"},35327,true,"reported","textfile",1.16877301638458E-3,41.3352182915508]
["10085_25_STAR_STAR","STAR","rs11627993","chr14",100824126,"A","C",-0.0512,0.009249,0.25265,{"v":3.101e-08,"d":"3.10E-08"},35365,true,"reported","textfile",0.000865766027898082,30.6426133782288]
["10085_25_STAR_STAR","STAR","rs6445035","chr3",165762312,"A","G",0.0832,0.010252,0.1904,{"v":4.834e-16,"d":"4.83E-16"},35327,true,"reported","textfile",0.00186086036135056,65.8574437713226]
["10085_25_STAR_STAR","STAR","rs3863087","chr3",165792099,"C","G",0.0952,0.017237,0.06134,{"v":3.333e-08,"d":"3.33E-08"},35326,true,"reported","textfile",0.00086274256018007,30.5018334256606]
["10085_25_STAR_STAR","STAR","rs28366149","chr6",31607123,"A","G",0.0726,0.010273,0.18987,{"v":1.579E-12,"d":"1.58E-12"},35425,true,"reported","textfile",0.00140785184125914,49.9406448016602]
["10085_25_STAR_STAR","STAR","rs6458","chr6",32039847,"G","A",0.1211,0.012227,0.12614,{"v":3.992e-23,"d":"3.99E-23"},35428,true,"reported","textfile",0.00276121983643124,98.089821486253]
["10088_37_APRT_APT","APRT","rs33992624","chr16",87839836,"G","C",-0.1631,0.022771,0.0335,{"v":7.923e-13,"d":"7.92E-13"},35320,true,"reported","textfile",1.45041624580234E-3,51.3002076237978]
["10088_37_APRT_APT","APRT","rs112783573","chr16",88663301,"A","G",-0.5078,0.028958,0.02074,{"v":7.617e-69,"d":"7.62E-69"},35311,true,"reported","textfile",0.00863321610604561,307.484810305054]
["10088_37_APRT_APT","APRT","rs2272435","chr16",88881573,"T","C",-0.445,0.023622,0.03126,{"v":3.685e-79,"d":"3.69E-79"},35311,true,"reported","textfile",0.00995024321004287,354.864121822051]
["10088_37_APRT_APT","APRT","rs11640986","chr16",88958042,"A","G",-0.1447,0.016175,0.06811,{"v":3.689e-19,"d":"3.69E-19"},35311,true,"reported","textfile",0.0022612849436736,80.0246686545222]
["10088_37_APRT_APT","APRT","rs78016521","chr16",89562551,"T","C",-0.3269,0.023894,0.03025,1.31E-42,35309,true,"reported","textfile",0.00527315507039851,187.16624269222]
["10088_37_APRT_APT","APRT","rs117132636","chr16",87472118,"C","G",-0.185,0.025533,0.02609,{"v":4.306E-13,"d":"4.31E-13"},35318,true,"reported","textfile",1.48422108270026E-3,52.4946654458263]
["10089_7_ASMTL_ASML","ASMTL","rs4980320","chr11",198986,"C","T",0.0465,0.008212,0.46986,{"v":1.49e-08,"d":"1.49E-08"},35340,true,"reported","textfile",0.000906457884809525,32.0614711066822]
["10089_7_ASMTL_ASML","ASMTL","rs35495893","chr17",28391883,"TTTT","TTT",-0.0512,8.319E-3,0.4942,{"v":7.512e-10,"d":"7.51E-10"},35349,true,"reported","textfile",0.00107042295329483,37.8767843094342]
["10089_7_ASMTL_ASML","ASMTL","rs1354034","chr3",56815721,"C","T",0.0531,0.008427,0.38119,{"v":2.955e-10,"d":"2.96E-10"},35344,true,"reported","textfile",0.00112212115777852,39.7025570374779]
["10339_48_ENO2_NSE","ENO2","rs2239165","chr12",6914702,"C","T",0.1562,0.009027,0.28884,{"v":4.468e-67,"d":"4.47E-67"},35378,true,"reported","textfile",0.00839231507714099,299.399190509537]
["10339_48_ENO2_NSE","ENO2","rs185781160","chr12",7561802,"C","G",0.2042,0.027558,0.02241,{"v":1.265e-13,"d":"1.27E-13"},35376,true,"reported","textfile",0.00154965075393068,54.9024253543871]
["10339_48_ENO2_NSE","ENO2","rs10761739","chr10",63302248,"C","G",0.0802,0.008256,0.43566,{"v":2.627e-22,"d":"2.63E-22"},35339,true,"reported","textfile",0.00266315825274202,94.359316970859]
["10339_48_ENO2_NSE","ENO2","rs12313283","chr12",8363333,"A","G",0.0893,0.016034,0.07132,{"v":2.554e-08,"d":"2.55E-08"},35368,true,"reported","textfile",0.000876249816587673,31.0166293292005]
["10339_48_ENO2_NSE","ENO2","rs6580981","chr12",54329244,"A","G",-0.0512,0.008224,0.47567,{"v":4.793e-10,"d":"4.79E-10"},35360,true,"reported","textfile",0.00109492829896251,38.7569108331679]
["10339_48_ENO2_NSE","ENO2","rs4734879","chr8",105570896,"G","A",-0.148,0.009929,0.21866,{"v":2.999E-50,"d":"3.00E-50"},35353,true,"reported","textfile",0.00624547187166491,222.171240367635]
["10339_48_ENO2_NSE","ENO2","rs60757417","chr9",132989049,"G","C",-0.0905,0.015852,0.07243,{"v":1.136E-8,"d":"1.14E-08"},35355,true,"reported","textfile",9.21038963770833E-4,32.5915085354395]
["10342_55_PIAS4_PIAS4","PIAS4","rs10922094","chr1",196692375,"CATTA","GATTA",-0.1244,0.008037,0.40155,{"v":4.806e-54,"d":"4.81E-54"},35327,true,"reported","textfile",0.0067361337594492,239.567685023301]
["10342_55_PIAS4_PIAS4","PIAS4","rs2686395","chr3",165767231,"C","T",-0.0603,0.008504,0.3101,{"v":1.335e-12,"d":"1.34E-12"},35327,true,"reported","textfile",1.42122779529164E-3,50.2763259806059]
["10342_55_PIAS4_PIAS4","PIAS4","rs6457457","chr6",31910331,"T","C",0.1059,0.015958,0.06527,{"v":3.221e-11,"d":"3.22E-11"},35429,true,"reported","textfile",1.24147107503457E-3,44.0362655251516]
["10342_55_PIAS4_PIAS4","PIAS4","rs28573154","chr6",32008772,"A","G",0.0887,0.010987,0.145,{"v":6.835e-16,"d":"6.84E-16"},35428,true,"reported","textfile",0.00183630207787719,65.1725138334503]
["10344_334_IL10RA_IL_10_Ra","IL10RA","rs10733084","chr1",196181819,"C","T",-0.0663,0.011727,0.1337,{"v":1.571E-8,"d":"1.57E-08"},35325,true,"reported","textfile",9.0402043437158E-4,31.9616077498285]
["10344_334_IL10RA_IL_10_Ra","IL10RA","rs1329424","chr1",196677046,"G","T",-0.2691,0.008091,0.39735,{"v":1e-200,"d":"1.00E-200"},35326,true,"reported","textfile",0.0303625273821535,1106.11021906111]
["10344_334_IL10RA_IL_10_Ra","IL10RA","rs3900909","chr1",197788716,"T","C",0.1573,0.022185,0.03376,{"v":1.338E-12,"d":"1.34E-12"},35325,true,"reported","textfile",0.00142114625079823,50.2705908786986]
["10344_334_IL10RA_IL_10_Ra","IL10RA","rs10801660","chr1",198272225,"A","G",0.0745,0.012448,0.11574,{"v":2.168E-9,"d":"2.17E-09"},35333,true,"reported","textfile",0.0010127280237476,35.8169666528815]
["10344_334_IL10RA_IL_10_Ra","IL10RA","rs704","chr17",28367840,"A","G",0.1033,0.007976,0.49189,{"v":2.327e-38,"d":"2.33E-38"},35348,true,"reported","textfile",0.00472290830801018,167.728081404078]
["10344_334_IL10RA_IL_10_Ra","IL10RA","rs1047286","chr19",6713251,"A","G",-0.052,0.009322,0.24066,{"v":2.432e-08,"d":"2.43E-08"},35360,true,"reported","textfile",0.000879213257901813,31.1145787230196]
["10344_334_IL10RA_IL_10_Ra","IL10RA","rs111696008","chr2",216622986,"A","G",-0.1579,0.026499,0.02443,{"v":2.544e-09,"d":"2.54E-09"},35347,true,"reported","textfile",0.00100349842954747,35.5042804820615]
["10344_334_IL10RA_IL_10_Ra","IL10RA","rs1707652","chr3",165761011,"T","C",0.1283,0.008597,0.3102,{"v":2.326e-50,"d":"2.33E-50"},35327,true,"reported","textfile",0.00626503170750466,222.707514708752]
["10344_334_IL10RA_IL_10_Ra","IL10RA","rs1265941","chr6",31904575,"C","A",0.1683,0.01534,0.07271,{"v":5.257e-28,"d":"5.26E-28"},35429,true,"reported","textfile",3.38598949685213E-3,120.362997751176]
["10344_334_IL10RA_IL_10_Ra","IL10RA","rs550671","chr6",31976816,"T","C",0.2027,0.011435,0.14045,{"v":2.614e-70,"d":"2.61E-70"},35428,true,"reported","textfile",0.00879131060021814,314.203227487764]
["10344_334_IL10RA_IL_10_Ra","IL10RA","rs9269234","chr6",32484011,"C","G",0.0777,0.010745,0.16699,{"v":4.783e-13,"d":"4.78E-13"},35427,true,"reported","textfile",1.47385331334583E-3,52.2883189373913]
["10346_5_STAT3_STAT3","STAT3","rs4796791","chr17",42378745,"C","T",0.1541,0.008237,0.41138,{"v":4.286E-78,"d":"4.29E-78"},35371,true,"reported","textfile",0.00979813786529757,349.979485405741]
["10346_5_STAT3_STAT3","STAT3","rs12150483","chr17",42449102,"A","G",0.0495,0.008866,0.30205,{"v":2.361e-08,"d":"2.36E-08"},35370,true,"reported","textfile",0.000880516122391083,31.169539498784]
["10346_5_STAT3_STAT3","STAT3","rs4980320","chr11",198986,"C","T",0.0584,0.008132,0.46986,{"v":6.914e-13,"d":"6.91E-13"},35340,true,"reported","textfile",1.45723997491134E-3,51.5710976985332]
["10346_5_STAT3_STAT3","STAT3","rs7304860","chr12",54293705,"C","T",0.051,8.515E-3,0.35547,{"v":2.108e-09,"d":"2.11E-09"},35361,true,"reported","textfile",1.01345891312431E-3,35.8712477449145]
["10346_5_STAT3_STAT3","STAT3","rs185009887","chr17",5848332,"A","G",-0.1445,0.026371,0.02519,{"v":4.264e-08,"d":"4.26E-08"},35362,true,"reported","textfile",8.48353947623151E-4,30.0232659441389]
["10346_5_STAT3_STAT3","STAT3","rs1354034","chr3",56815721,"C","T",0.0683,0.008354,0.38119,{"v":2.948e-16,"d":"2.95E-16"},35344,true,"reported","textfile",0.00188762711090927,66.8386838654774]
["10346_5_STAT3_STAT3","STAT3","rs342200","chr7",106676033,"A","G",-0.0455,0.008174,0.42559,{"v":2.6e-08,"d":"2.60E-08"},35345,true,"reported","textfile",0.000875880754286593,30.9833912548537]
["10356_21_JUN_c_Jun","JUN","rs10922098","chr1",196695521,"T","C",-0.1996,8.116E-3,0.40011,{"v":1.457e-133,"d":"1.46E-133"},35326,true,"reported","textfile",0.0168333163741552,604.800872022782]
["10356_21_JUN_c_Jun","JUN","rs11569415","chr19",6716268,"A","G",-0.066,0.009269,0.24276,{"v":1.074e-12,"d":"1.07E-12"},35360,true,"reported","textfile",1.43181719786609E-3,50.6987838728092]
["10356_21_JUN_c_Jun","JUN","rs10208529","chr2",27563321,"T","A",0.0559,9.613E-3,0.2164,{"v":6.051e-09,"d":"6.05E-09"},35361,true,"reported","textfile",0.000955357875191224,33.812802435976]
["10356_21_JUN_c_Jun","JUN","rs1707652","chr3",165761011,"T","C",0.0949,0.008608,0.3102,{"v":2.926e-28,"d":"2.93E-28"},35327,true,"reported","textfile",0.003428700301533,121.535547118706]
["10356_21_JUN_c_Jun","JUN","rs555007","chr6",31882555,"C","T",0.1177,0.014857,0.07832,{"v":2.331e-15,"d":"2.33E-15"},35429,true,"reported","textfile",1.76832924394303E-3,62.7575761824121]
["10356_21_JUN_c_Jun","JUN","rs444921","chr6",31964400,"T","C",0.1438,0.011493,0.13897,{"v":6.415E-36,"d":"6.42E-36"},35429,true,"reported","textfile",0.00439923625137625,156.54040088388]
["10356_21_JUN_c_Jun","JUN","rs9272526","chr6",32638792,"A","G",0.0611,0.010528,0.14653,{"v":6.497e-09,"d":"6.50E-09"},35426,true,"reported","textfile",0.000949851774113135,33.67953981683]
["10363_13_SMAD3_SMAD3","SMAD3","rs4980320","chr11",198986,"C","T",0.0476,0.008155,0.46986,{"v":5.32e-09,"d":"5.32E-09"},35340,true,"reported","textfile",0.00096312121591804,34.0675887456078]
["10363_13_SMAD3_SMAD3","SMAD3","rs35979828","chr12",54292096,"T","C",-0.0928,0.014658,0.08648,{"v":2.434e-10,"d":"2.43E-10"},35363,true,"reported","textfile",1.13215385578675E-3,40.0794686194105]
["10363_13_SMAD3_SMAD3","SMAD3","rs1354034","chr3",56815721,"C","T",0.0475,0.008359,0.38119,{"v":1.327e-08,"d":"1.33E-08"},35344,true,"reported","textfile",0.000912780332323608,32.2889552282646]
["10363_13_SMAD3_SMAD3","SMAD3","rs342200","chr7",106676033,"A","G",-0.0447,0.008197,0.42559,{"v":4.949e-08,"d":"4.95E-08"},35345,true,"reported","textfile",8.40643674903922E-4,29.7358666703636]
["10364_6_SMAD2_SMAD2","SMAD2","rs4980320","chr11",198986,"C","T",0.0522,0.008181,0.46986,{"v":1.763E-10,"d":"1.76E-10"},35340,true,"reported","textfile",0.00115069876144662,40.7102380525059]
["10364_6_SMAD2_SMAD2","SMAD2","rs35979828","chr12",54292096,"T","C",-0.0918,0.014715,0.08648,{"v":4.411e-10,"d":"4.41E-10"},35363,true,"reported","textfile",0.0010993551670928,38.9170817584877]
["10364_6_SMAD2_SMAD2","SMAD2","rs342200","chr7",106676033,"A","G",-0.0456,0.008215,0.42559,{"v":2.84E-8,"d":"2.84E-08"},35345,true,"reported","textfile",0.000870979908993657,30.8098777080451]
["10366_11_PDGFRA_PDGFRA","PDGFRA","rs2307050","chr4",54275126,"A","G",-0.1567,0.014754,0.07788,{"v":2.378e-26,"d":"2.38E-26"},35334,true,"reported","textfile",0.00318230184152989,112.79603970982]
["10366_11_PDGFRA_PDGFRA","PDGFRA","rs79285284","chr4",54796577,"C","T",0.3144,0.03165,0.01576,{"v":2.97e-23,"d":"2.97E-23"},35347,true,"reported","textfile",2.7839047091164E-3,98.6718048458868]
["10366_11_PDGFRA_PDGFRA","PDGFRA","rs56199187","chr1",161551141,"T","C",0.0786,0.01198,0.13349,{"v":5.338e-11,"d":"5.34E-11"},35339,true,"reported","textfile",0.00121660196848281,43.0434304825324]
["10366_11_PDGFRA_PDGFRA","PDGFRA","rs6703327","chr1",186999795,"G","T",-0.1245,0.021704,0.03661,{"v":9.673E-9,"d":"9.67E-09"},35343,true,"reported","textfile",0.000930146989888115,32.902929330311]
["10366_11_PDGFRA_PDGFRA","PDGFRA","rs112171832","chr1",192499332,"A","G",0.473,0.032907,0.0155,{"v":7.54e-47,"d":"7.54E-47"},35328,true,"reported","textfile",5.81425638571799E-3,206.595620990479]
["10366_11_PDGFRA_PDGFRA","PDGFRA","rs144408988","chr1",193712371,"C","T",0.1756,0.019073,0.04947,{"v":3.362E-20,"d":"3.36E-20"},35343,true,"reported","textfile",0.00239258438292899,84.759118019177]
["10366_11_PDGFRA_PDGFRA","PDGFRA","rs80012936","chr1",194345200,"C","A",0.2209,0.017928,0.05584,{"v":6.917e-35,"d":"6.92E-35"},35330,true,"reported","textfile",0.00427879876349006,151.810971312915]
["10366_11_PDGFRA_PDGFRA","PDGFRA","rs150992058","chr1",195950017,"C","G",0.8696,0.034287,0.01439,{"v":6.539e-142,"d":"6.54E-142"},35326,true,"reported","textfile",0.0178833427259566,643.214015130407]
["10366_11_PDGFRA_PDGFRA","PDGFRA","rs116688712","chr1",196313843,"CATTACTATATATATAC","GATTACTATATATATAC",1.2211,0.018739,0.03037,{"v":1e-200,"d":"1.00E-200"},35324,true,"reported","textfile",0.107310052697961,4246.04947423575]
["10366_11_PDGFRA_PDGFRA","PDGFRA","rs138353023","chr1",196565592,"CATAT","CAT",0.5781,0.012466,0.07446,{"v":1e-200,"d":"1.00E-200"},35326,true,"reported","textfile",0.0573841517546467,2150.43888807344]
["10366_11_PDGFRA_PDGFRA","PDGFRA","rs199692762","chr1",196808145,"CGTATTCCCCATGGCTGTTT","CGTATTCCCCATG",0.2276,0.010551,0.17281,{"v":3.402e-103,"d":"3.40E-103"},35326,true,"reported","textfile",0.0130010815237176,465.299601799754]
["10366_11_PDGFRA_PDGFRA","PDGFRA","rs9658810","chr1",197502940,"A","G",-0.0639,0.008215,0.42562,{"v":7.369e-15,"d":"7.37E-15"},35329,true,"reported","textfile",1.70966925037382E-3,60.5009221742163]
["10366_11_PDGFRA_PDGFRA","PDGFRA","rs72747173","chr1",198033703,"T","C",0.0555,0.009875,0.21813,{"v":1.904E-8,"d":"1.90E-08"},35330,true,"reported","textfile",0.000893264360965946,31.5854575077214]
["10366_11_PDGFRA_PDGFRA","PDGFRA","rs145336675","chr1",202611965,"T","C",0.2358,0.031117,0.01744,{"v":3.511e-14,"d":"3.51E-14"},35348,true,"reported","textfile",1.62189361533921E-3,57.4205818027946]
["10366_11_PDGFRA_PDGFRA","PDGFRA","rs143737500","chr10",4601006,"T","C",0.1379,0.022832,0.03031,{"v":1.543e-09,"d":"1.54E-09"},35361,true,"reported","textfile",0.00103054815570286,36.4767432780088]
["10366_11_PDGFRA_PDGFRA","PDGFRA","rs201862321","chr12",103822194,"AAAA","AA",0.1916,0.028607,0.01998,{"v":2.118e-11,"d":"2.12E-11"},35350,true,"reported","textfile",0.00126737809024611,44.8561304109156]
["10366_11_PDGFRA_PDGFRA","PDGFRA","rs35495893","chr17",28391883,"TTTT","TTT",-0.045,0.008033,0.4942,{"v":2.12e-08,"d":"2.12E-08"},35349,true,"reported","textfile",0.000886966027500315,31.3794206541365]
["10366_11_PDGFRA_PDGFRA","PDGFRA","rs697357","chr3",165718484,"G","A",0.0488,8.097E-3,0.38884,{"v":1.669e-09,"d":"1.67E-09"},35327,true,"reported","textfile",1.02716044732022E-3,36.321751067661]
["10366_11_PDGFRA_PDGFRA","PDGFRA","rs189772645","chr4",53229158,"G","C",0.1317,0.022293,0.03317,{"v":3.472E-9,"d":"3.47E-09"},35331,true,"reported","textfile",9.86846929798241E-4,34.8987549119807]
["10370_21_STAT1_STAT1","STAT1","rs11417460","chr10",63640063,"AA","A",0.0482,0.008537,0.35157,{"v":1.639E-8,"d":"1.64E-08"},35335,true,"reported","textfile",0.000901336163335452,31.8756413273894]
["10370_21_STAT1_STAT1","STAT1","rs4980320","chr11",198986,"C","T",0.0511,0.008059,0.46986,{"v":2.283E-10,"d":"2.28E-10"},35340,true,"reported","textfile",1.13636838954116E-3,40.2026711943259]
["10370_21_STAT1_STAT1","STAT1","rs653178","chr12",111569952,"T","C",-0.0541,8.286E-3,0.38124,{"v":6.634E-11,"d":"6.63E-11"},35359,true,"reported","textfile",1.20415231899136E-3,42.6265423924498]
["10370_21_STAT1_STAT1","STAT1","rs181209","chr16",28503533,"T","G",-0.0535,0.008568,0.34145,{"v":4.256e-10,"d":"4.26E-10"},35374,true,"reported","textfile",0.00110099679985765,38.9873837893519]
["10370_21_STAT1_STAT1","STAT1","rs1354034","chr3",56815721,"C","T",0.0827,8.267E-3,0.38119,{"v":1.477E-23,"d":"1.48E-23"},35344,true,"reported","textfile",0.00282339425388666,100.066928110694]
["10372_18_STAT6_STAT6","STAT6","rs774050","chr12",56425138,"TTTCTTT","CTTCTTT",-0.3189,0.02819,0.02089,1.14E-29,35356,true,"reported","textfile",0.00360650588082732,127.965918749284]
["10372_18_STAT6_STAT6","STAT6","rs150937490","chr12",57198815,"C","G",-0.4012,0.030737,0.01733,{"v":6.126e-39,"d":"6.13E-39"},35355,true,"reported","textfile",0.00479579109502618,170.362626147866]
["10372_18_STAT6_STAT6","STAT6","rs4980320","chr11",198986,"C","T",0.0552,0.008079,0.46986,{"v":8.361e-12,"d":"8.36E-12"},35340,true,"reported","textfile",1.31923777409386E-3,46.6808075455682]
["10372_18_STAT6_STAT6","STAT6","rs78409925","chr12",54421943,"C","T",-0.0948,0.017374,0.0586,{"v":4.854e-08,"d":"4.85E-08"},35361,true,"reported","textfile",0.000841253717649291,29.7709351122023]
["10372_18_STAT6_STAT6","STAT6","rs118188674","chr12",55234226,"A","T",-0.201,0.02117,0.03902,{"v":2.207e-21,"d":"2.21E-21"},35364,true,"reported","textfile",0.00254263113086949,90.1417191912126]
["10372_18_STAT6_STAT6","STAT6","rs374627156","chr12",55609189,"GTATATATATATATATATATATATA","ATATATATATATATATATATA",-0.127,0.017235,0.05938,1.72E-13,35355,true,"reported","textfile",0.00153344268457645,54.2950575866962]
["10372_18_STAT6_STAT6","STAT6","rs78062104","chr12",55977889,"G","T",-0.2146,0.020716,0.03941,{"v":3.794e-25,"d":"3.79E-25"},35354,true,"reported","textfile",0.00302616659524848,107.305766601592]
["10372_18_STAT6_STAT6","STAT6","rs12423621","chr12",59160442,"A","G",-0.4831,0.036843,0.01257,{"v":2.793e-39,"d":"2.79E-39"},35352,true,"reported","textfile",0.0048399740928713,171.925197685711]
["10372_18_STAT6_STAT6","STAT6","rs12810354","chr12",60598617,"A","G",-0.3915,0.035099,0.01381,{"v":6.824e-29,"d":"6.82E-29"},35352,true,"reported","textfile",3.50698828529356E-3,124.40833445666]
["10372_18_STAT6_STAT6","STAT6","rs185009887","chr17",5848332,"A","G",-0.146,0.026124,0.02519,{"v":2.288E-8,"d":"2.29E-08"},35362,true,"reported","textfile",8.82482526770877E-4,31.2321439679435]
["10372_18_STAT6_STAT6","STAT6","rs1354034","chr3",56815721,"C","T",0.0723,0.008284,0.38119,{"v":2.608e-18,"d":"2.61E-18"},35344,true,"reported","textfile",0.00215053119202124,76.1678747789569]
["10372_18_STAT6_STAT6","STAT6","rs1398617","chr3",165761968,"T","G",0.0689,0.00926,0.25158,{"v":1.002E-13,"d":"1.00E-13"},35327,true,"reported","textfile",0.00156469480846041,55.359464775998]
["10390_21_ZNRF3_ZNRF3","ZNRF3","rs56312618","chr11",237209,"A","G",0.0772,0.009387,0.24153,{"v":1.972E-16,"d":"1.97E-16"},35340,true,"reported","textfile",1.91022281217853E-3,67.6326471622221]
["10390_21_ZNRF3_ZNRF3","ZNRF3","rs4900222","chr14",94166278,"A","T",-0.0868,0.010104,0.19829,{"v":8.679e-18,"d":"8.68E-18"},35360,true,"reported","textfile",0.00208273997720125,73.7952163611232]
["10390_21_ZNRF3_ZNRF3","ZNRF3","rs10512472","chr17",35557785,"C","T",0.0842,0.011188,0.1512,{"v":5.234e-14,"d":"5.23E-14"},35359,true,"reported","textfile",0.00159927879736812,56.6362776365307]
["10390_21_ZNRF3_ZNRF3","ZNRF3","rs1354034","chr3",56815721,"C","T",0.1451,0.008252,0.38119,{"v":3.35e-69,"d":"3.35E-69"},35344,true,"reported","textfile",8.67197607844045E-3,309.166059234187]
["10390_21_ZNRF3_ZNRF3","ZNRF3","rs114315741","chr3",127279529,"C","T",0.2294,0.03465,0.01304,{"v":3.581e-11,"d":"3.58E-11"},35355,true,"reported","textfile",0.00123820179781383,43.8284165823199]
["10390_21_ZNRF3_ZNRF3","ZNRF3","rs1619994","chr3",165744047,"G","A",0.0781,0.008963,0.2807,{"v":2.956e-18,"d":"2.96E-18"},35327,true,"reported","textfile",0.00214464842254349,75.922532666267]
["10391_1_ANGPTL3_ANGL3","ANGPTL3","rs17123220","chr1",62238014,"A","G",-0.7903,0.038998,0.01048,{"v":2.612e-91,"d":"2.61E-91"},35345,true,"reported","textfile",0.0114856162299824,410.652734124211]
["10391_1_ANGPTL3_ANGL3","ANGPTL3","rs10889352","chr1",62633352,"C","T",-0.2189,0.008507,0.33773,{"v":5.121e-146,"d":"5.12E-146"},35346,true,"reported","textfile",0.0183881557826271,662.085509470741]
["10391_1_ANGPTL3_ANGL3","ANGPTL3","rs144996885","chr1",63494584,"G","A",-0.2094,0.030016,0.01765,{"v":3.031e-12,"d":"3.03E-12"},35347,true,"reported","textfile",1.37498386717832E-3,48.6657193644283]
["10391_1_ANGPTL3_ANGL3","ANGPTL3","rs113939762","chr1",63583261,"G","T",-0.158,0.020156,0.04279,{"v":4.549e-15,"d":"4.55E-15"},35347,true,"reported","textfile",1.73539597978455E-3,61.444200924751]
["10391_1_ANGPTL3_ANGL3","ANGPTL3","rs144695160","chr1",59305529,"GTCCA","GTCC",-0.244,0.027664,0.02266,{"v":1.143E-18,"d":"1.14E-18"},35351,true,"reported","textfile",0.00219580274550969,77.7902432807919]
["10391_1_ANGPTL3_ANGL3","ANGPTL3","rs138617180","chr1",61058312,"G","T",-0.3843,0.029336,0.01967,{"v":3.298e-39,"d":"3.30E-39"},35348,true,"reported","textfile",0.00483137562450162,171.598861379696]
["10391_1_ANGPTL3_ANGL3","ANGPTL3","rs17122460","chr1",61594615,"T","G",-0.0952,0.014526,0.08477,{"v":5.615e-11,"d":"5.62E-11"},35349,true,"reported","textfile",0.00121360484823517,42.9494141878557]
["10391_1_ANGPTL3_ANGL3","ANGPTL3","rs115365379","chr1",63830105,"C","T",-0.6289,0.03726,0.01178,{"v":6.453E-64,"d":"6.45E-64"},35341,true,"reported","textfile",0.00799671767454795,284.874063358328]
["10391_1_ANGPTL3_ANGL3","ANGPTL3","rs138384996","chr1",64259023,"A","G",-0.5104,0.036364,0.01226,{"v":9.414e-45,"d":"9.41E-45"},35337,true,"reported","textfile",0.00554413593120654,196.994205783708]
["10391_1_ANGPTL3_ANGL3","ANGPTL3","rs12130644","chr1",73428961,"T","C",-0.0711,0.01214,0.12561,{"v":4.726e-09,"d":"4.73E-09"},35339,true,"reported","textfile",0.000969675098953138,34.2986675355435]
["10391_1_ANGPTL3_ANGL3","ANGPTL3","rs964184","chr11",116778201,"C","G",-0.1133,0.012133,0.12321,{"v":9.779e-21,"d":"9.78E-21"},35365,true,"reported","textfile",0.00245968910120745,87.1964618729316]
["10391_1_ANGPTL3_ANGL3","ANGPTL3","rs116843064","chr19",8364439,"A","G",0.1472,0.02579,0.02426,{"v":1.146E-8,"d":"1.15E-08"},35363,true,"reported","textfile",0.000920373143927075,32.5752961701558]
["10391_1_ANGPTL3_ANGL3","ANGPTL3","rs5112","chr19",44927023,"G","C",0.0529,0.008069,0.48777,{"v":5.535e-11,"d":"5.54E-11"},35355,true,"reported","textfile",0.00121420894205059,42.9781131375985]
["10391_1_ANGPTL3_ANGL3","ANGPTL3","rs2119690","chr8",20002028,"A","G",0.0522,0.008733,0.29756,{"v":2.267e-09,"d":"2.27E-09"},35356,true,"reported","textfile",0.00100951392223157,35.7264215264974]
["10418_36_STX12_STX12","STX12","rs12292693","chr11",65169248,"C","A",-0.0984,0.008923,0.26371,{"v":2.82e-28,"d":"2.82E-28"},35351,true,"reported","textfile",0.00342827198516989,121.602874130468]
["10418_36_STX12_STX12","STX12","rs185009887","chr17",5848332,"A","G",-0.1431,0.025509,0.02519,{"v":2.026e-08,"d":"2.03E-08"},35362,true,"reported","textfile",0.000889138182223891,31.4679054396778]
["10418_36_STX12_STX12","STX12","rs1354034","chr3",56815721,"C","T",0.0481,0.008093,0.38119,{"v":2.797e-09,"d":"2.80E-09"},35344,true,"reported","textfile",0.000998439008354766,35.3220983941678]
["10419_1_SCARA5_SCAR5","SCARA5","rs60007820","chr8",27558301,"A","G",-0.3375,0.026877,0.02543,{"v":3.626e-36,"d":"3.63E-36"},35356,true,"reported","textfile",0.00444007445743562,157.674478794062]
["10419_1_SCARA5_SCAR5","SCARA5","rs2085765","chr8",27863011,"G","A",-0.1505,0.012411,0.13098,{"v":7.675e-34,"d":"7.68E-34"},35355,true,"reported","textfile",0.0041419613347628,147.039792201841]
["10419_1_SCARA5_SCAR5","SCARA5","rs2726951","chr8",27948263,"TGATTTAGGGG","TGACTTAGGGG",-0.2727,0.00902,0.2934,{"v":1e-200,"d":"1.00E-200"},35353,true,"reported","textfile",0.025202596780096,913.971452765748]
["10419_1_SCARA5_SCAR5","SCARA5","rs66913624","chr8",28054208,"A","G",-0.063,0.010782,0.18853,{"v":5.128e-09,"d":"5.13E-09"},35354,true,"reported","textfile",0.000964771996055564,34.1395564926181]
["10419_1_SCARA5_SCAR5","SCARA5","rs352428","chr8",28621375,"G","A",-0.0872,0.013221,0.11226,{"v":4.231E-11,"d":"4.23E-11"},35357,true,"reported","textfile",0.00122883888266993,43.499052023281]
["10419_1_SCARA5_SCAR5","SCARA5","rs112771035","chr11",126355981,"G","C",-0.1193,0.018139,0.05283,{"v":4.796e-11,"d":"4.80E-11"},35363,true,"reported","textfile",1.22172705393929E-3,43.2543353460397]
["10419_1_SCARA5_SCAR5","SCARA5","rs11872195","chr18",9710890,"A","G",0.0538,0.008706,0.33238,{"v":6.416e-10,"d":"6.42E-10"},35354,true,"reported","textfile",0.00107899594642468,38.1858670938102]
["10419_1_SCARA5_SCAR5","SCARA5","rs594793","chr19",7765060,"T","G",-0.0603,0.008326,0.43083,{"v":4.4e-13,"d":"4.40E-13"},35361,true,"reported","textfile",1.48113126314443E-3,52.4490041933555]
["10419_1_SCARA5_SCAR5","SCARA5","rs111561142","chr19",49521661,"ACCTGGCTTTTTTTTTTTTTTTT","ACCCGGCTTTTTTTTTTTTTTTT",0.062,0.011123,0.16491,{"v":2.489E-8,"d":"2.49E-08"},35362,true,"reported","textfile",0.000877851935580782,31.0681176493498]
["10419_1_SCARA5_SCAR5","SCARA5","rs780093","chr2",27519736,"C","T",0.058,0.008689,0.34157,{"v":2.467E-11,"d":"2.47E-11"},35361,true,"reported","textfile",0.00125847606765933,44.5545260811453]
["10419_1_SCARA5_SCAR5","SCARA5","rs117955789","chr6",81189788,"C","A",-0.0876,0.016031,0.0715,{"v":4.6410000000000003E-8,"d":"4.64E-08"},35321,true,"reported","textfile",0.000844669870095008,29.8581153923353]
["10419_1_SCARA5_SCAR5","SCARA5","rs9344214","chr6",81668532,"A","G",0.0646,0.00965,0.2363,{"v":2.169e-11,"d":"2.17E-11"},35321,true,"reported","textfile",1.26714628592048E-3,44.8111219191331]
["10419_1_SCARA5_SCAR5","SCARA5","rs2952556","chr7",121287738,"A","G",0.0599,0.008777,0.32244,{"v":8.809e-12,"d":"8.81E-12"},35345,true,"reported","textfile",0.0013160171431733,46.5732851328225]
["10419_1_SCARA5_SCAR5","SCARA5","rs62492162","chr8",26740932,"T","A",-0.1935,0.027281,0.02296,{"v":1.315E-12,"d":"1.32E-12"},35358,true,"reported","textfile",1.42081059538046E-3,50.3056542167903]
["10419_1_SCARA5_SCAR5","SCARA5","rs146247846","chr8",29401347,"A","T",-0.2213,0.022006,0.03913,{"v":8.607e-24,"d":"8.61E-24"},35345,true,"reported","textfile",0.00285306576767628,101.124418042376]
["10424_31_NPDC1_NPDC1","NPDC1","rs9314872","chr9",137059328,"C","G",0.0898,0.013321,0.10086,{"v":1.573E-11,"d":"1.57E-11"},35248,true,"reported","textfile",0.00128761187663776,45.4416794501287]
["10424_31_NPDC1_NPDC1","NPDC1","rs368465","chr1",196702851,"C","T",-0.063,8.116E-3,0.39961,{"v":8.315e-15,"d":"8.32E-15"},35327,true,"reported","textfile",0.001702747063163,60.2521341507073]
["10424_31_NPDC1_NPDC1","NPDC1","rs13208583","chr6",32833094,"T","C",0.0727,0.013039,0.10406,{"v":2.466E-8,"d":"2.47E-08"},35423,true,"reported","textfile",0.000876827058999632,31.0853477308548]
["10425_3_B4GALT5_B4GT5","B4GALT5","rs10922094","chr1",196692375,"CATTA","GATTA",-0.1014,0.008073,0.40155,{"v":3.482e-36,"d":"3.48E-36"},35327,true,"reported","textfile",0.00444594506636445,157.754376762388]
["10425_3_B4GALT5_B4GT5","B4GALT5","rs1355538","chr3",165787389,"G","A",-0.06,0.008079,0.39847,{"v":1.116E-13,"d":"1.12E-13"},35326,true,"reported","textfile",0.00155888929468457,55.1521815908981]
["10425_3_B4GALT5_B4GT5","B4GALT5","rs9501393","chr6",32007072,"GGAG","CGAG",0.0766,0.010606,0.1548,{"v":5.108E-13,"d":"5.11E-13"},35428,true,"reported","textfile",1.47017386966541E-3,52.1590623973696]
["10425_3_B4GALT5_B4GT5","B4GALT5","rs7774739","chr6",32041524,"G","A",0.0698,0.011053,0.17585,{"v":2.7E-10,"d":"2.70E-10"},35425,true,"reported","textfile",0.00112448072562415,39.8773220237894]
["10426_21_GOSR2_GOSR2","GOSR2","rs1451915","chr1",196058002,"A","C",0.0625,0.011463,0.13641,{"v":4.969e-08,"d":"4.97E-08"},35323,true,"reported","textfile",0.000840892579252882,29.7261633019213]
["10426_21_GOSR2_GOSR2","GOSR2","rs10922098","chr1",196695521,"T","C",-0.1987,0.008026,0.40011,{"v":2.559E-135,"d":"2.56E-135"},35326,true,"reported","textfile",0.0170542454840352,612.876310529173]
["10426_21_GOSR2_GOSR2","GOSR2","rs2686395","chr3",165767231,"C","T",-0.0976,0.008516,0.3101,{"v":2.089e-30,"d":"2.09E-30"},35327,true,"reported","textfile",3.70433123624982E-3,131.34203532461]
["10426_21_GOSR2_GOSR2","GOSR2","rs1265941","chr6",31904575,"C","A",0.1284,0.015183,0.07271,{"v":2.747e-17,"d":"2.75E-17"},35429,true,"reported","textfile",0.0020145598505679,71.5138808191256]
["10426_21_GOSR2_GOSR2","GOSR2","rs550671","chr6",31976816,"T","C",0.1403,0.011334,0.14045,{"v":3.427e-35,"d":"3.43E-35"},35428,true,"reported","textfile",0.00430653465472934,153.223157516192]
["10430_31_SLC3A2_4F2","SLC3A2","rs10922098","chr1",196695521,"T","C",-0.0968,8.071E-3,0.40011,{"v":3.871e-33,"d":"3.87E-33"},35326,true,"reported","textfile",0.00405542827019185,143.837269947108]
["10430_31_SLC3A2_4F2","SLC3A2","rs72637119","chr14",105853387,"G","T",-0.2524,0.019814,0.04345,{"v":3.615E-37,"d":"3.62E-37"},34956,true,"reported","textfile",0.00462063100689652,162.259276459024]
["10430_31_SLC3A2_4F2","SLC3A2","rs1355538","chr3",165787389,"G","A",-0.0523,0.008057,0.39847,{"v":8.531e-11,"d":"8.53E-11"},35326,true,"reported","textfile",0.0011913640052074,42.1339389782426]
["10430_31_SLC3A2_4F2","SLC3A2","rs4713498","chr6",32043539,"T","G",0.0888,0.016282,0.06413,{"v":4.929E-8,"d":"4.93E-08"},35429,true,"reported","textfile",0.000838855339525542,29.7430782533781]
["10435_2_AGA_ASPG","AGA","rs35617250","chr1",196710552,"T","C",-0.1237,0.010744,0.16537,{"v":1.13e-30,"d":"1.13E-30"},35327,true,"reported","textfile",0.00373829936209434,132.550940060656]
["10435_2_AGA_ASPG","AGA","rs411729","chr1",196761270,"A","T",-0.07,0.008601,0.32795,{"v":4.004e-16,"d":"4.00E-16"},35321,true,"reported","textfile",1.87176591568358E-3,66.2328728098515]
["10435_2_AGA_ASPG","AGA","rs71655744","chr4",73304357,"ATATATATATATATATATATATATATAT","ATATATATATATATATAT",0.0925,0.013913,0.09072,{"v":2.965e-11,"d":"2.97E-11"},35342,true,"reported","textfile",1.24913087470194E-3,44.1994960671504]
["10435_2_AGA_ASPG","AGA","rs6829551","chr4",73307998,"C","T",-0.1149,0.010123,0.19266,{"v":7.339e-30,"d":"7.34E-30"},35343,true,"reported","textfile",0.00363193420732092,128.824067357892]
["10435_2_AGA_ASPG","AGA","rs116430705","chr4",73370902,"A","G",0.1385,0.021734,0.0349,{"v":1.858e-10,"d":"1.86E-10"},35343,true,"reported","textfile",1.14767281984346E-3,40.6065081117564]
["10435_2_AGA_ASPG","AGA","rs9501393","chr6",32007072,"GGAG","CGAG",0.0728,0.01069,0.1548,{"v":9.77e-12,"d":"9.77E-12"},35428,true,"reported","textfile",1.30735208828805E-3,46.3748833803239]
["10435_2_AGA_ASPG","AGA","rs17205128","chr6",32634440,"G","C",0.0548,0.008687,0.29319,{"v":2.82e-10,"d":"2.82E-10"},35427,true,"reported","textfile",0.00112201725848263,39.7921088145885]
["10435_2_AGA_ASPG","AGA","rs4735839","chr8",1112631,"T","C",0.0509,0.009261,0.25086,{"v":3.879e-08,"d":"3.88E-08"},35259,true,"reported","textfile",0.000856008124377109,30.2061351382481]
["10438_19_CSF2RA_CSF2R","CSF2RA","rs660240","chr1",109275216,"C","T",0.1038,0.010408,0.205,{"v":1.993e-23,"d":"1.99E-23"},35333,true,"reported","textfile",0.00280710592971819,99.4570460666394]
["10438_19_CSF2RA_CSF2R","CSF2RA","rs3184504","chr12",111446804,"C","T",-0.0543,0.008647,0.37862,{"v":3.4e-10,"d":"3.40E-10"},35359,true,"reported","textfile",0.00111399872548255,39.4315796663786]
["10438_19_CSF2RA_CSF2R","CSF2RA","rs55714927","chr17",7176997,"T","C",0.0611,0.010298,0.21166,{"v":2.971e-09,"d":"2.97E-09"},35358,true,"reported","textfile",0.000994619069344009,35.2007631660272]
["10438_19_CSF2RA_CSF2R","CSF2RA","rs9469051","chr6",31773713,"C","G",0.084,0.012131,0.13645,{"v":4.372e-12,"d":"4.37E-12"},35427,true,"reported","textfile",1.35158575555236E-3,47.9447268002394]
["10438_19_CSF2RA_CSF2R","CSF2RA","rs9469077","chr6",32054075,"G","A",0.0838,0.014798,0.08952,{"v":1.487E-8,"d":"1.49E-08"},35429,true,"reported","textfile",0.00090433673115487,32.0669366833219]
["10440_26_CLMP_ACAM","CLMP","rs7131073","chr11",123145655,"G","A",0.0731,0.008629,0.35239,{"v":2.427e-17,"d":"2.43E-17"},35359,true,"reported","textfile",0.0020255048349308,71.7611269582622]
["10440_26_CLMP_ACAM","CLMP","rs7946718","chr11",123197533,"G","A",0.2113,0.008322,0.4079,{"v":3.116E-142,"d":"3.12E-142"},35355,true,"reported","textfile",0.0179079116068841,644.64260176868]
["10440_26_CLMP_ACAM","CLMP","rs56134443","chr11",123281603,"T","A",0.0552,0.008362,0.42441,{"v":4.066e-11,"d":"4.07E-11"},35350,true,"reported","textfile",1.23121350970727E-3,43.5745847585672]
["10440_26_CLMP_ACAM","CLMP","rs10922094","chr1",196692375,"CATTA","GATTA",-0.0642,0.008377,0.40155,{"v":1.807e-14,"d":"1.81E-14"},35327,true,"reported","textfile",1.65983459080695E-3,58.7311408994781]
["10440_26_CLMP_ACAM","CLMP","rs77924615","chr16",20381010,"A","G",-0.066,0.010382,0.19701,{"v":2.055e-10,"d":"2.06E-10"},35343,true,"reported","textfile",1.14215776055999E-3,40.4111533283378]
["10440_26_CLMP_ACAM","CLMP","rs7206790","chr16",53763996,"G","C",0.0445,0.008158,0.48577,{"v":4.908E-8,"d":"4.91E-08"},35354,true,"reported","textfile",0.000840908431233774,29.752814253335]
["10440_26_CLMP_ACAM","CLMP","rs147390813","chr6",32007800,"C","T",0.048,0.008295,0.39378,{"v":7.179e-09,"d":"7.18E-09"},35426,true,"reported","textfile",0.000944315831732847,33.4830626094213]
["10440_26_CLMP_ACAM","CLMP","rs66962766","chr6",32588081,"T","TTTT",0.0492,0.00866,0.34725,{"v":1.339e-08,"d":"1.34E-08"},35427,true,"reported","textfile",0.000910258082935532,32.2752714146754]
["10440_26_CLMP_ACAM","CLMP","rs9276171","chr6",32731141,"G","A",0.067,0.009882,0.22486,{"v":1.204E-11,"d":"1.20E-11"},35426,true,"reported","textfile",0.00129590933038161,45.9658597059099]
["10442_1_TMEM190_TM190","TMEM190","rs12985351","chr19",54487554,"A","G",0.0624,0.010824,0.29678,{"v":8.162e-09,"d":"8.16E-09"},35357,true,"reported","textfile",0.00093909638262592,33.232961561726]
["10442_1_TMEM190_TM190","TMEM190","rs62123425","chr19",54888925,"A","G",0.0986,0.012401,0.19195,{"v":1.846E-15,"d":"1.85E-15"},35359,true,"reported","textfile",0.00178469770005706,63.2143751308241]
["10442_1_TMEM190_TM190","TMEM190","rs12982674","chr19",55101202,"T","C",0.2089,0.016091,0.10076,1.54E-38,35366,true,"reported","textfile",0.00474307591067471,168.533503706673]
["10442_1_TMEM190_TM190","TMEM190","rs8111781","chr19",55188808,"G","A",-0.1052,0.010415,0.33189,{"v":5.468e-24,"d":"5.47E-24"},35366,true,"reported","textfile",0.00287657635934793,102.020716753958]
["10442_1_TMEM190_TM190","TMEM190","rs79012440","chr19",55337948,"A","G",-0.3602,0.010504,0.29879,{"v":1e-200,"d":"1.00E-200"},35371,true,"reported","textfile",0.0321756405344766,1175.85408853768]
["10442_1_TMEM190_TM190","TMEM190","rs45583840","chr19",55390825,"A","G",-0.5785,0.019067,0.0699,{"v":1e-200,"d":"1.00E-200"},35370,true,"reported","textfile",0.0253658009387655,920.486525576856]
["10442_1_TMEM190_TM190","TMEM190","rs75602785","chr19",55458294,"T","C",-0.4717,0.02117,0.05618,{"v":5.594e-110,"d":"5.59E-110"},35369,true,"reported","textfile",0.0138424687323256,496.43852643587]
["10442_1_TMEM190_TM190","TMEM190","rs7250117","chr19",55554797,"A","G",-0.2204,0.01,0.38539,{"v":1.213e-107,"d":"1.21E-107"},35364,true,"reported","textfile",0.0135499255314434,485.734127904083]
["10442_1_TMEM190_TM190","TMEM190","rs73615245","chr19",55712189,"A","G",0.2483,0.020135,0.0638,{"v":6.112e-35,"d":"6.11E-35"},35369,true,"reported","textfile",0.00428118606659632,152.063720699606]
["10442_1_TMEM190_TM190","TMEM190","rs150450992","chr19",56316171,"A","G",-0.1779,0.029593,0.0285,{"v":1.837E-9,"d":"1.84E-09"},35239,true,"reported","textfile",0.00102448399122649,36.1367639349938]
["10442_1_TMEM190_TM190","TMEM190","rs77542162","chr17",69085137,"G","A",0.18,0.026241,0.025,{"v":6.91e-12,"d":"6.91E-12"},35359,true,"reported","textfile",0.00132894417122555,47.0500058931094]
["10445_20_APOM_ApoM","APOM","rs12660700","chr6",31475961,"A","G",-0.1947,0.035513,0.01429,{"v":4.192e-08,"d":"4.19E-08"},35429,true,"reported","textfile",0.000847676198082382,30.0561025121713]
["10445_20_APOM_ApoM","APOM","rs805295","chr6",31707520,"T","C",-0.4845,0.02098,0.03958,{"v":5.356e-118,"d":"5.36E-118"},35427,true,"reported","textfile",0.0148304119427106,533.27604651959]
["10445_20_APOM_ApoM","APOM","rs41285751","chr6",31932038,"T","G",0.1434,0.014948,0.08277,{"v":8.511e-22,"d":"8.51E-22"},35429,true,"reported","textfile",0.00259087563480943,92.0253774225418]
["10445_20_APOM_ApoM","APOM","rs9272165","chr6",32633393,"C","G",0.0689,0.008249,0.38253,{"v":6.668e-17,"d":"6.67E-17"},35427,true,"reported","textfile",0.00196538240923974,69.7607784541465]
["10445_20_APOM_ApoM","APOM","rs10922094","chr1",196692375,"CATTA","GATTA",-0.1446,0.008355,0.40155,{"v":4.125e-67,"d":"4.13E-67"},35327,true,"reported","textfile",0.0084075628951948,299.515353444921]
["10445_20_APOM_ApoM","APOM","rs3782735","chr12",6775910,"A","G",-0.0483,0.00846,0.38274,{"v":1.135e-08,"d":"1.14E-08"},35376,true,"reported","textfile",0.000920544608239362,32.5933486031803]
["10445_20_APOM_ApoM","APOM","rs72786786","chr16",56951602,"A","G",0.0762,0.008864,0.31073,{"v":8.243E-18,"d":"8.24E-18"},35357,true,"reported","textfile",2.08577881057493E-3,73.8968423157471]
["10445_20_APOM_ApoM","APOM","rs372434515","chr17",47546045,"TGTGTGTGTGTGTGTGTGTGTGTGTGTGTGTGTGAG","TGTGTGTGTGTGTGTGTGTGTGTGTGTGTGAG",0.054,0.008241,0.48643,{"v":5.646e-11,"d":"5.65E-11"},35351,true,"reported","textfile",0.00121310620098973,42.9341748124853]
["10445_20_APOM_ApoM","APOM","rs780093","chr2",27519736,"C","T",-0.0578,0.008647,0.34157,{"v":2.313e-11,"d":"2.31E-11"},35361,true,"reported","textfile",1.26197805949303E-3,44.6786657014566]
["10445_20_APOM_ApoM","APOM","rs1800961","chr20",44413724,"T","C",-0.2149,0.019723,0.04601,{"v":1.209E-27,"d":"1.21E-27"},35359,true,"reported","textfile",0.00334634851409523,118.714103175629]
["10445_20_APOM_ApoM","APOM","rs1707652","chr3",165761011,"T","C",0.0566,0.008837,0.3102,{"v":1.502e-10,"d":"1.50E-10"},35327,true,"reported","textfile",1.15987816555365E-3,41.0202747191743]
["10445_20_APOM_ApoM","APOM","rs139072234","chr6",24713913,"C","G",-0.2218,0.032655,0.01675,{"v":1.104E-11,"d":"1.10E-11"},35368,true,"reported","textfile",0.00130270799290109,46.1316669682251]
["10445_20_APOM_ApoM","APOM","rs1362076","chr6",29473392,"T","G",-0.4253,0.04025,0.01046,{"v":4.265E-26,"d":"4.27E-26"},35436,true,"reported","textfile",0.00314085653591961,111.643767550782]
["10445_20_APOM_ApoM","APOM","rs364950","chr6",33008119,"G","A",-0.1873,0.025807,0.02682,{"v":3.933E-13,"d":"3.93E-13"},35425,true,"reported","textfile",0.0014847227601983,52.6715369642498]
["10445_20_APOM_ApoM","APOM","rs369560730","chr6",33389536,"T","C",-0.2155,0.035654,0.01508,{"v":1.501e-09,"d":"1.50E-09"},35409,true,"reported","textfile",1.03066261897785E-3,36.5303217872742]
["10447_18_PABPC3_PABP3","PABPC3","rs10761739","chr10",63302248,"C","G",0.0487,0.008145,0.43566,{"v":2.246e-09,"d":"2.25E-09"},35339,true,"reported","textfile",1.01060714910388E-3,35.7479519637041]
["10447_18_PABPC3_PABP3","PABPC3","rs4980320","chr11",198986,"C","T",0.0578,0.008105,0.46986,{"v":9.966e-13,"d":"9.97E-13"},35340,true,"reported","textfile",1.43700593134238E-3,50.8539930914817]
["10447_18_PABPC3_PABP3","PABPC3","rs1354034","chr3",56815721,"C","T",0.1006,0.008305,0.38119,{"v":8.989e-34,"d":"8.99E-34"},35344,true,"reported","textfile",0.00413429788008872,146.720943764867]
["10449_31_SHISA2_TMM46","SHISA2","rs72748420","chr1",196141224,"T","C",0.0881,0.015347,0.07417,{"v":9.438e-09,"d":"9.44E-09"},35325,true,"reported","textfile",0.000932003851765357,32.9518833381017]
["10449_31_SHISA2_TMM46","SHISA2","rs1329424","chr1",196677046,"G","T",-0.2584,0.008174,0.39735,{"v":1e-200,"d":"1.00E-200"},35326,true,"reported","textfile",0.0275109758543444,999.289130211624]
["10449_31_SHISA2_TMM46","SHISA2","rs3900909","chr1",197788716,"T","C",0.1539,0.022375,0.03376,{"v":6.061e-12,"d":"6.06E-12"},35325,true,"reported","textfile",1.33748133992242E-3,47.3071257680396]
["10449_31_SHISA2_TMM46","SHISA2","rs1047286","chr19",6713251,"A","G",-0.0666,0.009407,0.24066,{"v":1.445E-12,"d":"1.45E-12"},35360,true,"reported","textfile",0.0014155288398699,50.121216747916]
["10449_31_SHISA2_TMM46","SHISA2","rs2686395","chr3",165767231,"C","T",-0.1198,0.008675,0.3101,2.24E-43,35327,true,"reported","textfile",0.00536944880303889,190.699731411918]
["10449_31_SHISA2_TMM46","SHISA2","rs1265941","chr6",31904575,"C","A",0.1591,0.015475,0.07271,{"v":8.549e-25,"d":"8.55E-25"},35429,true,"reported","textfile",0.00297458496558517,105.695020394388]
["10449_31_SHISA2_TMM46","SHISA2","rs550671","chr6",31976816,"T","C",0.1843,0.011543,0.14045,{"v":2.171e-57,"d":"2.17E-57"},35428,true,"reported","textfile",0.00714418719996442,254.91110842387]
["10449_31_SHISA2_TMM46","SHISA2","rs112164276","chr6",32481499,"G","A",0.0883,0.015487,0.07336,{"v":1.187E-8,"d":"1.19E-08"},35427,true,"reported","textfile",0.000916756732713758,32.5059072657237]
["10449_31_SHISA2_TMM46","SHISA2","rs41548618","chr6",32521968,"G","C",0.0543,0.00866,0.35223,{"v":3.607e-10,"d":"3.61E-10"},35426,true,"reported","textfile",0.00110856215285886,39.3132869248618]
["10451_11_NUCB1_NUCB1","NUCB1","rs12462111","chr19",48668049,"T","C",-0.0458,0.008185,0.48639,{"v":2.2e-08,"d":"2.20E-08"},35364,true,"reported","textfile",0.000884601881745724,31.3089877317554]
["10451_11_NUCB1_NUCB1","NUCB1","rs3826817","chr19",48898187,"T","C",-0.145,0.009147,0.26776,{"v":1.356E-56,"d":"1.36E-56"},35367,true,"reported","textfile",0.00705513870502232,251.277779893755]
["10451_11_NUCB1_NUCB1","NUCB1","rs646776","chr1",109275908,"T","C",0.0837,0.010075,0.20804,{"v":9.741e-17,"d":"9.74E-17"},35332,true,"reported","textfile",1.94959794556771E-3,69.013844666685]
["10451_11_NUCB1_NUCB1","NUCB1","rs56199187","chr1",161551141,"T","C",0.0763,0.012016,0.13349,{"v":2.153E-10,"d":"2.15E-10"},35339,true,"reported","textfile",0.00113967165047953,40.3185269952007]
["10451_11_NUCB1_NUCB1","NUCB1","rs860532","chr12",103664436,"A","C",0.0542,0.009549,0.24032,{"v":1.377E-8,"d":"1.38E-08"},35357,true,"reported","textfile",0.000910357206916541,32.2150062136117]
["10451_11_NUCB1_NUCB1","NUCB1","rs201862321","chr12",103822194,"AAAA","AA",0.255,0.029469,0.01998,{"v":5.007e-18,"d":"5.01E-18"},35350,true,"reported","textfile",0.00211368959713859,74.8729580722391]
["10451_11_NUCB1_NUCB1","NUCB1","rs10169065","chr2",27555693,"G","A",0.0603,0.009829,0.21645,{"v":8.506e-10,"d":"8.51E-10"},35361,true,"reported","textfile",0.00106323536364984,37.6349540373364]
["10451_11_NUCB1_NUCB1","NUCB1","rs9270094","chr6",32586668,"AG","GG",0.0576,0.009052,0.37616,{"v":1.979e-10,"d":"1.98E-10"},35416,true,"reported","textfile",1.14198428202503E-3,40.4884685583313]
["10453_7_CEACAM20_CEA20","CEACAM20","rs28853072","chr1",196697958,"T","A",-0.1323,0.007945,0.39738,{"v":2.966e-62,"d":"2.97E-62"},35327,true,"reported","textfile",0.00778806510940819,277.27281875538]
["10453_7_CEACAM20_CEA20","CEACAM20","rs1355538","chr3",165787389,"G","A",-0.0541,0.00795,0.39847,{"v":1.009e-11,"d":"1.01E-11"},35326,true,"reported","textfile",1.30917248587144E-3,46.3058312110798]
["10453_7_CEACAM20_CEA20","CEACAM20","rs550671","chr6",31976816,"T","C",0.0984,0.011179,0.14045,{"v":1.344e-18,"d":"1.34E-18"},35428,true,"reported","textfile",0.0021821716431602,77.4746756709055]
["10453_7_CEACAM20_CEA20","CEACAM20","rs28645249","chr6",32557458,"C","T",0.0473,0.008539,0.26162,{"v":3.032e-08,"d":"3.03E-08"},35426,true,"reported","textfile",0.000865386549446091,30.6820049219478]
["10455_196_IL31_IL_31","IL31","rs2289567","chr17",27604611,"T","G",-0.0734,0.009798,0.19919,{"v":6.8e-14,"d":"6.80E-14"},35347,true,"reported","textfile",0.0015851695202757,56.1167712895691]
["10455_196_IL31_IL_31","IL31","rs241771","chr17",28265920,"C","T",-0.2443,0.007824,0.45473,{"v":1e-200,"d":"1.00E-200"},35347,true,"reported","textfile",0.0268423113015251,974.910339783961]
["10455_196_IL31_IL_31","IL31","rs77263366","chr17",28669043,"C","T",0.1979,0.027447,0.02065,{"v":5.583e-13,"d":"5.58E-13"},35347,true,"reported","textfile",0.00146862521114477,51.9849044291555]
["10455_196_IL31_IL_31","IL31","rs78814626","chr17",29215194,"A","G",0.145,0.02175,0.03463,{"v":2.618E-11,"d":"2.62E-11"},35349,true,"reported","textfile",1.25572532264292E-3,44.4419298361418]
["10455_196_IL31_IL_31","IL31","rs223032","chr17",33072123,"T","C",-0.044,0.007839,0.49932,{"v":1.989e-08,"d":"1.99E-08"},35360,true,"reported","textfile",8.90194668543336E-4,31.5035473802734]
["10464_6_ANTXR1_ANTR1","ANTXR1","rs7424376","chr2",69298791,"G","A",0.0474,0.008552,0.40051,{"v":2.98e-08,"d":"2.98E-08"},35350,true,"reported","textfile",8.68269673148026E-4,30.7182681470801]
["10464_6_ANTXR1_ANTR1","ANTXR1","rs10922098","chr1",196695521,"T","C",-0.0547,0.008562,0.40011,{"v":1.67e-10,"d":"1.67E-10"},35326,true,"reported","textfile",0.00115405963162869,40.8131031824761]
["10464_6_ANTXR1_ANTR1","ANTXR1","rs13329672","chr15",58407738,"T","C",0.0633,0.009478,0.26556,{"v":2.409e-11,"d":"2.41E-11"},35352,true,"reported","textfile",1.26012147781764E-3,44.6014975458538]
["10464_6_ANTXR1_ANTR1","ANTXR1","rs3764261","chr16",56959412,"A","C",0.1395,0.008936,0.32148,{"v":6.2e-55,"d":"6.20E-55"},35357,true,"reported","textfile",0.00684547380108809,243.689899057054]
["10464_6_ANTXR1_ANTR1","ANTXR1","rs2686395","chr3",165767231,"C","T",-0.098,0.009037,0.3101,{"v":2.125e-27,"d":"2.13E-27"},35327,true,"reported","textfile",3.31782533881563E-3,117.592330908802]
["10464_6_ANTXR1_ANTR1","ANTXR1","rs13234157","chr7",73557398,"A","C",0.0796,0.012926,0.119,{"v":7.35e-10,"d":"7.35E-10"},35342,true,"reported","textfile",0.00107186713275373,37.9204301342375]
["10464_6_ANTXR1_ANTR1","ANTXR1","rs17410962","chr8",19990569,"A","G",0.0927,0.014092,0.09642,{"v":4.762e-11,"d":"4.76E-11"},35356,true,"reported","textfile",0.00122241834768494,43.270272639237]
["10499_1_TMEM106A_T106A","TMEM106A","rs79391435","chr17",43321215,"C","T",0.0587,0.008722,0.30087,{"v":1.691E-11,"d":"1.69E-11"},35362,true,"reported","textfile",1.27923783708661E-3,45.2917888894392]
["10499_1_TMEM106A_T106A","TMEM106A","rs10922098","chr1",196695521,"T","C",-0.0485,0.008135,0.40011,{"v":2.489E-9,"d":"2.49E-09"},35326,true,"reported","textfile",0.00100516449807835,35.5421564439621]
["10499_1_TMEM106A_T106A","TMEM106A","rs10822155","chr10",63311455,"A","C",0.0635,0.008018,0.43479,{"v":2.372e-15,"d":"2.37E-15"},35339,true,"reported","textfile",0.00177170319132249,62.7177929857482]
["10499_1_TMEM106A_T106A","TMEM106A","rs7157038","chr14",92735683,"C","T",0.061,0.008756,0.29162,{"v":3.242e-12,"d":"3.24E-12"},35349,true,"reported","textfile",1.37111901507692E-3,48.5314862695781]
["10499_1_TMEM106A_T106A","TMEM106A","rs72701845","chr14",92750678,"A","G",-0.2481,0.025728,0.02439,{"v":5.259e-22,"d":"5.26E-22"},35351,true,"reported","textfile",0.00262360744930416,92.9858581154845]
["10499_1_TMEM106A_T106A","TMEM106A","rs2071040","chr3",52830844,"G","A",-0.1001,0.00952,0.22348,{"v":7.392e-26,"d":"7.39E-26"},35335,true,"reported","textfile",0.00311912247365799,110.552782028709]
["10499_1_TMEM106A_T106A","TMEM106A","rs62258069","chr3",58329536,"T","A",-0.0518,0.008385,0.3398,{"v":6.512e-10,"d":"6.51E-10"},35345,true,"reported","textfile",0.00107859082278836,38.1617964132016]
["10499_1_TMEM106A_T106A","TMEM106A","rs1293303","chr8",11862718,"C","G",-0.0556,0.008059,0.45245,{"v":5.233E-12,"d":"5.23E-12"},35364,true,"reported","textfile",1.34413146651317E-3,47.5951510590306]
["10506_53_PGRMC2_PGRC2","PGRMC2","rs10922098","chr1",196695521,"T","C",-0.0453,0.008026,0.40011,{"v":1.658E-8,"d":"1.66E-08"},35326,true,"reported","textfile",0.000900973804709966,31.8546989268649]
["10506_53_PGRMC2_PGRC2","PGRMC2","rs7311982","chr12",9162261,"C","T",0.0922,0.008582,0.30107,{"v":6.357e-27,"d":"6.36E-27"},35375,true,"reported","textfile",0.00325217322986849,115.414471514738]
["10506_53_PGRMC2_PGRC2","PGRMC2","rs11050145","chr12",9303031,"A","G",0.0527,0.007989,0.45387,{"v":4.215e-11,"d":"4.22E-11"},35373,true,"reported","textfile",1.22865673919798E-3,43.5122791772208]
["10506_53_PGRMC2_PGRC2","PGRMC2","rs1355538","chr3",165787389,"G","A",-0.052,0.008013,0.39847,{"v":8.603e-11,"d":"8.60E-11"},35326,true,"reported","textfile",1.19070591778352E-3,42.1106372247302]
["10507_166_ACRV1_sperm_protein_10","ACRV1","rs10922098","chr1",196695521,"T","C",-0.0898,0.008057,0.40011,{"v":7.565e-29,"d":"7.57E-29"},35326,true,"reported","textfile",0.00350418447192539,124.217091890844]
["10507_166_ACRV1_sperm_protein_10","ACRV1","rs13379369","chr14",105863077,"G","A",-0.1442,0.011189,0.15348,{"v":5.255e-38,"d":"5.26E-38"},34955,true,"reported","textfile",0.00472911598859756,166.082213199313]
["10507_166_ACRV1_sperm_protein_10","ACRV1","rs11846842","chr14",105875609,"T","A",-0.0564,0.008504,0.34754,{"v":3.312e-11,"d":"3.31E-11"},34955,true,"reported","textfile",1.25677127657848E-3,43.9832032567528]
["10507_166_ACRV1_sperm_protein_10","ACRV1","rs139354903","chr14",106031638,"A","G",0.1447,0.025455,0.02652,{"v":1.311E-8,"d":"1.31E-08"},34955,true,"reported","textfile",0.000923592200350726,32.3121614391406]
["10507_166_ACRV1_sperm_protein_10","ACRV1","rs1355538","chr3",165787389,"G","A",-0.0506,0.008054,0.39847,{"v":3.325e-10,"d":"3.33E-10"},35326,true,"reported","textfile",0.00111608773891295,39.4687338592917]
["10507_166_ACRV1_sperm_protein_10","ACRV1","rs451652","chr6",32041507,"A","G",0.0667,0.011894,0.13221,{"v":2.047e-08,"d":"2.05E-08"},35425,true,"reported","textfile",0.000886952926268443,31.4464250058867]
["10507_166_ACRV1_sperm_protein_10","ACRV1","rs4713498","chr6",32043539,"T","G",0.1024,0.016253,0.06413,{"v":2.971e-10,"d":"2.97E-10"},35429,true,"reported","textfile",0.00111914829167343,39.6924883095985]
["10511_10_COL6A3_Collagen_alpha_3_VI_","COL6A3","rs139126374","chr2",237000173,"A","G",-0.1696,0.026132,0.02237,{"v":8.58e-11,"d":"8.58E-11"},35367,true,"reported","textfile",1.1895733926571E-3,42.1193671097476]
["10511_10_COL6A3_Collagen_alpha_3_VI_","COL6A3","rs58471962","chr2",237355753,"T","C",0.0629,0.01377,0.08853,{"v":4.924e-06,"d":"4.92E-06"},35357,true,"reported","textfile",0.000589795943399011,20.8645414007511]
["10511_10_COL6A3_Collagen_alpha_3_VI_","COL6A3","rs2646260","chr2",237369152,"G","A",-0.1301,0.008372,0.31548,{"v":1.872e-54,"d":"1.87E-54"},35343,true,"reported","textfile",0.00678633709330713,241.474667709136]
["10511_10_COL6A3_Collagen_alpha_3_VI_","COL6A3","rs112962843","chr2",238141287,"A","G",-0.0955,0.018324,0.04652,{"v":1.871E-7,"d":"1.87E-07"},35326,true,"reported","textfile",0.000768312519916547,27.1607393896554]
["10511_10_COL6A3_Collagen_alpha_3_VI_","COL6A3","rs12568406","chr1",29371956,"A","G",0.0494,0.011148,0.14305,{"v":9.359e-06,"d":"9.36E-06"},35355,true,"reported","textfile",0.00055509586751121,19.6352036245135]
["10511_10_COL6A3_Collagen_alpha_3_VI_","COL6A3","rs10922098","chr1",196695521,"T","C",-0.0715,0.007922,0.40011,{"v":1.797E-19,"d":"1.80E-19"},35326,true,"reported","textfile",2.30063455689307E-3,81.4550133061352]
["10511_10_COL6A3_Collagen_alpha_3_VI_","COL6A3","rs72631105","chr10",121155831,"A","G",-0.0414,0.009343,0.22114,{"v":9.382e-06,"d":"9.38E-06"},35358,true,"reported","textfile",0.000555007931110869,19.6337573033768]
["10511_10_COL6A3_Collagen_alpha_3_VI_","COL6A3","rs41376152","chr11",1100853,"A","C",0.0936,0.020326,0.03774,{"v":4.125e-06,"d":"4.13E-06"},35343,true,"reported","textfile",0.000599630824239313,21.2042676919551]
["10511_10_COL6A3_Collagen_alpha_3_VI_","COL6A3","rs61961423","chr13",68196719,"T","C",0.0887,0.018872,0.04443,{"v":2.602e-06,"d":"2.60E-06"},35346,true,"reported","textfile",6.24596817562713E-4,22.0895469806821]
["10511_10_COL6A3_Collagen_alpha_3_VI_","COL6A3","rs72667647","chr14",20007029,"C","T",-0.0358,0.007794,0.44752,{"v":4.362e-06,"d":"4.36E-06"},35323,true,"reported","textfile",0.000596936789226601,21.0969979064654]
["10511_10_COL6A3_Collagen_alpha_3_VI_","COL6A3","rs12912522","chr15",82096364,"A","G",-0.0358,0.007791,0.45918,{"v":4.329e-06,"d":"4.33E-06"},35352,true,"reported","textfile",0.000596906551206915,21.1132492219423]
["10511_10_COL6A3_Collagen_alpha_3_VI_","COL6A3","rs117684150","chr16",65271391,"A","G",-0.094,0.019199,0.04287,{"v":9.779e-07,"d":"9.78E-07"},35353,true,"reported","textfile",0.000677606925459981,23.9703248800801]
["10511_10_COL6A3_Collagen_alpha_3_VI_","COL6A3","rs138506508","chr17",12168166,"A","G",-0.1325,0.029668,0.01731,{"v":7.966e-06,"d":"7.97E-06"},35345,true,"reported","textfile",0.000564004042660638,19.9448438523179]
["10511_10_COL6A3_Collagen_alpha_3_VI_","COL6A3","rs118121864","chr18",37129704,"C","T",0.0906,0.01996,0.03914,{"v":5.649e-06,"d":"5.65E-06"},35333,true,"reported","textfile",0.000582775972643559,20.6020642775174]
["10511_10_COL6A3_Collagen_alpha_3_VI_","COL6A3","rs1154907","chr18",69212210,"G","A",-0.0441,9.757E-3,0.19885,{"v":6.184e-06,"d":"6.18E-06"},35361,true,"reported","textfile",0.000577389924352033,20.4277250978125]
["10511_10_COL6A3_Collagen_alpha_3_VI_","COL6A3","rs6435166","chr2",202770882,"C","T",-0.04,0.008622,0.28688,{"v":3.499e-06,"d":"3.50E-06"},35352,true,"reported","textfile",0.000608451028730831,21.5218388506237]
["10511_10_COL6A3_Collagen_alpha_3_VI_","COL6A3","rs9975938","chr21",40717452,"T","C",0.0616,0.011491,0.13253,{"v":8.284e-08,"d":"8.28E-08"},35351,true,"reported","textfile",0.000812252714304418,28.7356618172553]
["10511_10_COL6A3_Collagen_alpha_3_VI_","COL6A3","rs11700580","chr21",46097439,"A","C",0.0477,0.010526,0.16679,{"v":5.848e-06,"d":"5.85E-06"},34722,true,"reported","textfile",0.000591083061348706,20.534541509686]
["10511_10_COL6A3_Collagen_alpha_3_VI_","COL6A3","rs28602673","chr22",48874829,"C","G",0.0358,0.007774,0.48546,{"v":4.124e-06,"d":"4.12E-06"},35335,true,"reported","textfile",0.000599806702094416,21.2056895197985]
["10511_10_COL6A3_Collagen_alpha_3_VI_","COL6A3","rs12207282","chr6",10445028,"T","G",0.0722,0.015982,0.0626,{"v":6.254e-06,"d":"6.25E-06"},35362,true,"reported","textfile",0.00057679933316342,20.4073953927127]
["10511_10_COL6A3_Collagen_alpha_3_VI_","COL6A3","rs147906938","chr6",31930134,"A","T",0.0993,0.019849,0.03884,{"v":5.649e-07,"d":"5.65E-07"},35429,true,"reported","textfile",0.000705920271805293,25.0263040445995]
["10511_10_COL6A3_Collagen_alpha_3_VI_","COL6A3","rs185107166","chr6",32008362,"CG","GG",-0.0846,0.01866,0.04545,{"v":5.797e-06,"d":"5.80E-06"},35429,true,"reported","textfile",0.000579837980995295,20.5538380486762]
["10511_10_COL6A3_Collagen_alpha_3_VI_","COL6A3","rs149115174","chr8",58870724,"G","T",-0.0937,0.019685,0.04036,{"v":1.936e-06,"d":"1.94E-06"},35347,true,"reported","textfile",0.000640586071622788,22.6560278373784]
["10511_10_COL6A3_Collagen_alpha_3_VI_","COL6A3","rs10093885","chr8",109436406,"G","A",-0.0409,0.009184,0.23204,{"v":8.443e-06,"d":"8.44E-06"},35333,true,"reported","textfile",0.000560994556639132,19.8316241137943]
["10512_13_CSF2RB_IL3RB","CSF2RB","rs78469","chr22",36263142,"T","G",0.0501,0.008624,0.43385,{"v":6.259E-9,"d":"6.26E-09"},35356,true,"reported","textfile",0.000953631254819237,33.746861444705]
["10512_13_CSF2RB_IL3RB","CSF2RB","rs77818863","chr22",36916259,"G","A",0.2203,0.024858,0.03052,{"v":7.834e-19,"d":"7.83E-19"},35355,true,"reported","textfile",0.00221657316634305,78.5365932549108]
["10512_13_CSF2RB_IL3RB","CSF2RB","rs2284031","chr22",36925038,"C","T",-0.3277,0.007129,0.40547,{"v":1e-200,"d":"1.00E-200"},35356,true,"reported","textfile",0.0563928141563552,2112.86177298584]
["10512_13_CSF2RB_IL3RB","CSF2RB","rs2858236","chr22",36971924,"C","A",-0.0958,0.008724,0.38867,{"v":4.705e-28,"d":"4.71E-28"},35360,true,"reported","textfile",3.39866931676759E-3,120.579961116332]
["10512_13_CSF2RB_IL3RB","CSF2RB","rs3218340","chr22",37124855,"G","C",-0.0646,0.008605,0.45219,{"v":6.032e-14,"d":"6.03E-14"},35359,true,"reported","textfile",0.00159137172768956,56.355813223775]
["10512_13_CSF2RB_IL3RB","CSF2RB","rs145143750","chr22",37508521,"A","C",-0.1731,0.031375,0.018,{"v":3.446e-08,"d":"3.45E-08"},35356,true,"reported","textfile",0.000860180927683831,30.4370178595926]
["10512_13_CSF2RB_IL3RB","CSF2RB","rs10922098","chr1",196695521,"T","C",-0.0613,0.008461,0.40011,{"v":4.334E-13,"d":"4.33E-13"},35326,true,"reported","textfile",1.48367324366291E-3,52.4871474354346]
["10512_13_CSF2RB_IL3RB","CSF2RB","rs12779332","chr10",29698736,"A","G",-0.0495,0.011073,0.17042,{"v":7.804e-06,"d":"7.80E-06"},35350,true,"reported","textfile",0.000564995431490003,19.9827486740181]
["10512_13_CSF2RB_IL3RB","CSF2RB","rs75117940","chr11",307025,"A","G",-0.0965,0.02018,0.0449,{"v":1.736E-6,"d":"1.74E-06"},35330,true,"reported","textfile",0.000646826287247753,22.8658693212464]
["10512_13_CSF2RB_IL3RB","CSF2RB","rs61886990","chr11",57490606,"T","C",0.0702,0.015537,0.07516,{"v":6.234e-06,"d":"6.23E-06"},35351,true,"reported","textfile",0.000577148358187769,20.4133988732242]
["10512_13_CSF2RB_IL3RB","CSF2RB","rs16968518","chr15",39239539,"C","T",0.0529,0.011738,0.14708,{"v":6.581e-06,"d":"6.58E-06"},35361,true,"reported","textfile",0.000574049334000546,20.3094690381005]
["10512_13_CSF2RB_IL3RB","CSF2RB","rs113908050","chr22",38291687,"C","T",0.1512,0.023045,0.03576,{"v":5.342e-11,"d":"5.34E-11"},35348,true,"reported","textfile",1.21634489762697E-3,43.0452846638905]
["10512_13_CSF2RB_IL3RB","CSF2RB","rs76207320","chr22",38310332,"G","T",0.1762,0.035301,0.01524,{"v":5.996e-07,"d":"6.00E-07"},35350,true,"reported","textfile",0.000704275212078069,24.9122652874543]
["10512_13_CSF2RB_IL3RB","CSF2RB","rs5996130","chr22",42216291,"A","G",0.0989,0.018867,0.05613,{"v":1.589E-7,"d":"1.59E-07"},35365,true,"reported","textfile",0.000776382811971062,27.4765577068684]
["10512_13_CSF2RB_IL3RB","CSF2RB","rs72731633","chr4",153685189,"A","G",-0.0538,0.011999,0.14066,{"v":7.34E-6,"d":"7.34E-06"},35365,true,"reported","textfile",0.000568138176281347,20.1024913205949]
["10512_13_CSF2RB_IL3RB","CSF2RB","rs13208583","chr6",32833094,"T","C",0.0645,0.01361,0.10406,{"v":2.145e-06,"d":"2.15E-06"},35423,true,"reported","textfile",0.000633639972089835,22.4583919862654]
["10512_13_CSF2RB_IL3RB","CSF2RB","rs4147331","chr8",113978793,"A","G",-0.0402,0.008629,0.35917,{"v":3.183e-06,"d":"3.18E-06"},35336,true,"reported","textfile",6.13828597382656E-4,21.7023411775637]
["10512_13_CSF2RB_IL3RB","CSF2RB","rs10758693","chr9",5609243,"T","C",-0.0414,0.009004,0.3051,{"v":4.262E-6,"d":"4.26E-06"},35355,true,"reported","textfile",0.000597611919322811,21.140007704398]
["10512_13_CSF2RB_IL3RB","CSF2RB","rs4978871","chr9",110122305,"C","T",-0.0447,0.010085,0.21642,{"v":9.318e-06,"d":"9.32E-06"},35358,true,"reported","textfile",0.000555308492458927,19.6443957591721]
["10513_13_KCNIP3_CSEN","KCNIP3","rs7546015","chr1",196694942,"CATTCTGTAGGTTGCCT","CATTCTGTAGATTGCCT",-0.0729,0.007889,0.39734,{"v":2.437E-20,"d":"2.44E-20"},35326,true,"reported","textfile",2.41139391210088E-3,85.3859777780442]
["10513_13_KCNIP3_CSEN","KCNIP3","rs7078520","chr10",79132982,"T","A",0.0388,0.008647,0.28101,{"v":7.225e-06,"d":"7.23E-06"},35353,true,"reported","textfile",0.000569192268823466,20.132975429141]
["10513_13_KCNIP3_CSEN","KCNIP3","rs79240085","chr10",130487791,"A","G",-0.1547,0.029483,0.0183,{"v":1.545e-07,"d":"1.55E-07"},35321,true,"reported","textfile",7.78871657178638E-4,27.5304107165099]
["10513_13_KCNIP3_CSEN","KCNIP3","rs10744005","chr12",12776729,"T","C",-0.0355,0.007943,0.39205,{"v":7.84e-06,"d":"7.84E-06"},35357,true,"reported","textfile",0.00056463381772909,19.9739065689329]
["10513_13_KCNIP3_CSEN","KCNIP3","rs117422153","chr12",43981874,"C","G",-0.1462,0.03247,0.01359,{"v":6.713e-06,"d":"6.71E-06"},35345,true,"reported","textfile",0.000573261988879066,20.272419880693]
["10513_13_KCNIP3_CSEN","KCNIP3","rs34101414","chr13",27043911,"C","A",-0.0372,0.008324,0.32011,{"v":7.85e-06,"d":"7.85E-06"},35344,true,"reported","textfile",0.00056475579838504,19.9708780957275]
["10513_13_KCNIP3_CSEN","KCNIP3","rs182365152","chr14",42606737,"AATGAGA","TATGAGA",-0.1326,0.026521,0.02201,{"v":5.736E-7,"d":"5.74E-07"},35350,true,"reported","textfile",0.000706660524928385,24.9967004166064]
["10513_13_KCNIP3_CSEN","KCNIP3","rs11628176","chr14",106627121,"A","T",0.055,0.009312,0.31155,{"v":3.501e-09,"d":"3.50E-09"},34956,true,"reported","textfile",0.000996975570669118,34.883061657471]
["10513_13_KCNIP3_CSEN","KCNIP3","rs71398274","chr15",66631699,"G","A",0.0592,0.012639,0.1051,{"v":2.815e-06,"d":"2.82E-06"},35354,true,"reported","textfile",0.000620168935786067,21.9378173707613]
["10513_13_KCNIP3_CSEN","KCNIP3","rs74927124","chr17",1936080,"TTTATTC","TTTGTTC",-0.0664,0.014621,0.07633,{"v":5.588e-06,"d":"5.59E-06"},35346,true,"reported","textfile",0.000583160895193532,20.6232653616103]
["10513_13_KCNIP3_CSEN","KCNIP3","rs10515098","chr17",55342354,"G","C",-0.0372,8.286E-3,0.3232,{"v":7.142e-06,"d":"7.14E-06"},35359,true,"reported","textfile",0.000569703068131274,20.1544734452758]
["10513_13_KCNIP3_CSEN","KCNIP3","rs7226576","chr18",8941159,"C","A",0.0782,0.017548,0.05366,{"v":8.332e-06,"d":"8.33E-06"},35357,true,"reported","textfile",0.000561356794406293,19.8579168427769]
["10513_13_KCNIP3_CSEN","KCNIP3","rs369638991","chr19",24425842,"CTGATAGAGCAGTTTTGA","TTGATAGAGCAGTTTTGA",-0.1568,0.030828,0.01794,{"v":3.653e-07,"d":"3.65E-07"},35347,true,"reported","textfile",0.00073135984924085,25.8688332974383]
["10513_13_KCNIP3_CSEN","KCNIP3","rs6065222","chr20",40252531,"T","C",0.0377,0.008261,0.33378,{"v":5.027e-06,"d":"5.03E-06"},35361,true,"reported","textfile",0.000588622971587012,20.8253779481974]
["10513_13_KCNIP3_CSEN","KCNIP3","rs117461080","chr20",51405651,"T","C",-0.1348,0.028108,0.01945,{"v":1.621E-6,"d":"1.62E-06"},35368,true,"reported","textfile",0.000649870862863662,22.9982788473552]
["10513_13_KCNIP3_CSEN","KCNIP3","rs235387","chr21",44732954,"C","T",0.0602,0.011988,0.11869,{"v":5.124e-07,"d":"5.12E-07"},35246,true,"reported","textfile",0.000714955587778914,25.2159230007304]
["10513_13_KCNIP3_CSEN","KCNIP3","rs13054124","chr22",46673452,"A","G",0.0867,0.019272,0.04186,{"v":6.833e-06,"d":"6.83E-06"},35357,true,"reported","textfile",0.000572085167494958,20.2376487554622]
["10513_13_KCNIP3_CSEN","KCNIP3","rs62236872","chr3",29431947,"T","C",-0.051,0.011442,0.13364,{"v":8.305e-06,"d":"8.31E-06"},35340,true,"reported","textfile",0.000561857057180713,19.8660665763564]
["10513_13_KCNIP3_CSEN","KCNIP3","rs9830681","chr3",65750147,"G","A",0.0577,0.01261,0.1071,{"v":4.746E-6,"d":"4.75E-06"},35340,true,"reported","textfile",0.000592103576702202,20.9361525643181]
["10513_13_KCNIP3_CSEN","KCNIP3","rs9864801","chr3",165730789,"TAGAGAG","TATAGAG",-0.0378,0.007817,0.41936,{"v":1.329e-06,"d":"1.33E-06"},35327,true,"reported","textfile",0.000661468626205282,23.3818455779742]
["10513_13_KCNIP3_CSEN","KCNIP3","rs33987386","chr4",126789785,"CA","C",0.045,0.009405,0.21431,{"v":1.712e-06,"d":"1.71E-06"},35350,true,"reported","textfile",0.00064719751986144,22.891953547623]
["10513_13_KCNIP3_CSEN","KCNIP3","rs78715940","chr5",37877588,"C","T",0.1217,0.026754,0.02221,{"v":5.393e-06,"d":"5.39E-06"},35367,true,"reported","textfile",0.00058472474286502,20.6908890061752]
["10513_13_KCNIP3_CSEN","KCNIP3","rs62392974","chr5",171083705,"C","G",-0.0561,0.01267,0.10333,{"v":9.515e-06,"d":"9.52E-06"},35355,true,"reported","textfile",0.000554218336517982,19.6041458280099]
["10513_13_KCNIP3_CSEN","KCNIP3","rs429608","chr6",31962685,"A","G",0.0697,0.010716,0.15393,{"v":7.813e-11,"d":"7.81E-11"},35429,true,"reported","textfile",0.00119267734440755,42.3034346283982]
["10513_13_KCNIP3_CSEN","KCNIP3","rs28455809","chr6",32557482,"C","T",0.0667,0.008419,0.26647,{"v":2.334e-15,"d":"2.33E-15"},35427,true,"reported","textfile",0.00176859137192232,62.7633520732978]
["10513_13_KCNIP3_CSEN","KCNIP3","rs9481368","chr6",113459899,"T","G",0.0343,7.698E-3,0.47706,{"v":8.358e-06,"d":"8.36E-06"},35360,true,"reported","textfile",5.61146681474159E-4,19.8521643397026]
["10513_13_KCNIP3_CSEN","KCNIP3","rs6939483","chr6",136985468,"G","A",-0.0389,0.007955,0.38554,{"v":1.008e-06,"d":"1.01E-06"},35348,true,"reported","textfile",0.000676021170742902,23.9108085138436]
["10513_13_KCNIP3_CSEN","KCNIP3","rs117812932","chr6",170026682,"T","C",0.1212,0.024586,0.02616,{"v":8.235e-07,"d":"8.24E-07"},34942,true,"reported","textfile",0.00069499197456982,24.2999078323958]
["10513_13_KCNIP3_CSEN","KCNIP3","rs3124018","chr9",105107564,"G","A",0.0594,0.012984,0.10126,{"v":4.762e-06,"d":"4.76E-06"},35355,true,"reported","textfile",0.000591627044592802,20.9281725803818]
["10513_13_KCNIP3_CSEN","KCNIP3","rs10816788","chr9",109228740,"A","C",-0.0477,0.010435,0.16397,{"v":4.853E-6,"d":"4.85E-06"},35345,true,"reported","textfile",0.000590836330879417,20.8942735381849]
["10514_5_PTGDS_PGD2_synthase","PTGDS","rs7856092","chr9",136493166,"G","A",-0.0483,9.665E-3,0.23478,{"v":5.813e-07,"d":"5.81E-07"},35259,true,"reported","textfile",0.00070780406036049,24.9727235512576]
["10514_5_PTGDS_PGD2_synthase","PTGDS","rs7040970","chr9",136964561,"C","T",0.141,0.008163,0.4943,{"v":7.433e-67,"d":"7.43E-67"},35250,true,"reported","textfile",0.00839303586955847,298.341721096748]
["10514_5_PTGDS_PGD2_synthase","PTGDS","rs58384967","chr9",137181894,"C","T",-0.0742,0.01621,0.06698,{"v":4.708e-06,"d":"4.71E-06"},35245,true,"reported","textfile",0.000594136398223044,20.9515971890657]
["10514_5_PTGDS_PGD2_synthase","PTGDS","rs72704449","chr1",179504138,"C","T",0.1066,0.019492,0.04582,{"v":4.526e-08,"d":"4.53E-08"},35346,true,"reported","textfile",0.000845461812130376,29.9072877576395]
["10514_5_PTGDS_PGD2_synthase","PTGDS","rs1602566","chr11",6929784,"G","C",0.0384,0.008624,0.34234,{"v":8.477e-06,"d":"8.48E-06"},35368,true,"reported","textfile",0.000560261867205999,19.8253285712107]
["10514_5_PTGDS_PGD2_synthase","PTGDS","rs7107252","chr11",9595646,"A","T",-0.0423,0.009104,0.28325,{"v":3.377E-6,"d":"3.38E-06"},35362,true,"reported","textfile",0.000610118740099074,21.5869692643934]
["10514_5_PTGDS_PGD2_synthase","PTGDS","rs17106469","chr11",107135089,"C","T",-0.131,0.027088,0.02384,{"v":1.324e-06,"d":"1.32E-06"},35345,true,"reported","textfile",0.00066126181747624,23.3864409755265]
["10514_5_PTGDS_PGD2_synthase","PTGDS","rs10892301","chr11",118864767,"A","G",-0.0504,0.008263,0.43417,{"v":1.065e-09,"d":"1.07E-09"},35369,true,"reported","textfile",0.00105076646604869,37.201547743598]
["10514_5_PTGDS_PGD2_synthase","PTGDS","rs68022462","chr15",67347201,"TAGAAAAAAAAAAAAAG","TAGAAAAAAAAAAAAAA",-0.0405,0.008379,0.44867,{"v":1.343e-06,"d":"1.34E-06"},35363,true,"reported","textfile",0.000660221616006894,23.3615203443339]
["10514_5_PTGDS_PGD2_synthase","PTGDS","rs77924615","chr16",20381010,"A","G",-0.0805,0.01035,0.19701,{"v":7.382e-15,"d":"7.38E-15"},35343,true,"reported","textfile",0.00170869653305473,60.4904039181454]
["10514_5_PTGDS_PGD2_synthase","PTGDS","rs2377058","chr16",89668423,"G","A",-0.0433,0.00865,0.33789,{"v":5.562e-07,"d":"5.56E-07"},35310,true,"reported","textfile",0.000709149451411498,25.056417575215]
["10514_5_PTGDS_PGD2_synthase","PTGDS","rs15362","chr17",1520272,"G","A",0.0467,0.010221,0.20402,{"v":4.899E-6,"d":"4.90E-06"},35344,true,"reported","textfile",0.000590302802523043,20.874804102133]
["10514_5_PTGDS_PGD2_synthase","PTGDS","rs28611065","chr17",2230277,"C","T",0.0649,0.011119,0.16415,{"v":5.325e-09,"d":"5.33E-09"},35353,true,"reported","textfile",0.000962749588486392,34.0669586530066]
["10514_5_PTGDS_PGD2_synthase","PTGDS","rs79501240","chr17",57214528,"A","G",0.1628,0.036185,0.01341,{"v":6.823e-06,"d":"6.82E-06"},35363,true,"reported","textfile",0.000572076391247081,20.2407725389982]
["10514_5_PTGDS_PGD2_synthase","PTGDS","rs76854665","chr19",46630417,"C","A",0.0498,0.010615,0.17895,{"v":2.711E-6,"d":"2.71E-06"},35358,true,"reported","textfile",0.000622100768775703,22.0086864015639]
["10514_5_PTGDS_PGD2_synthase","PTGDS","rs140068336","chr19",47667178,"T","C",0.1511,0.029004,0.0194,{"v":1.893e-07,"d":"1.89E-07"},35359,true,"reported","textfile",0.000766972763768383,27.1386706297766]
["10514_5_PTGDS_PGD2_synthase","PTGDS","rs7583513","chr2",5852105,"A","G",-0.0763,0.017105,0.0622,{"v":8.168e-06,"d":"8.17E-06"},35359,true,"reported","textfile",0.000562417235534782,19.8965763742843]
["10514_5_PTGDS_PGD2_synthase","PTGDS","rs116692937","chr2",101530964,"TTATGCATACATATGTGTGCATATGTGTATGCATATACACATGTA","TTATGCATACATATGTGTGCATATGTGTATGCATATACACGTGTA",0.0567,0.011214,0.15981,{"v":4.281e-07,"d":"4.28E-07"},35356,true,"reported","textfile",0.000722550117646145,25.563507774812]
["10514_5_PTGDS_PGD2_synthase","PTGDS","rs56317765","chr20",37489853,"T","C",0.0502,0.011341,0.15401,{"v":9.589e-06,"d":"9.59E-06"},35357,true,"reported","textfile",0.000553845620812314,19.5920629020604]
["10514_5_PTGDS_PGD2_synthase","PTGDS","rs17645161","chr3",2842073,"C","T",-0.0496,0.011134,0.16051,{"v":8.401e-06,"d":"8.40E-06"},35357,true,"reported","textfile",0.000560972813835442,19.8443259605248]
["10514_5_PTGDS_PGD2_synthase","PTGDS","rs41359256","chr3",74004617,"G","A",-0.1026,0.022038,0.03652,{"v":3.231e-06,"d":"3.23E-06"},35334,true,"reported","textfile",6.13043421423975E-4,21.6733368623356]
["10514_5_PTGDS_PGD2_synthase","PTGDS","rs2171412","chr4",140802423,"G","T",-0.0457,0.009574,0.24041,{"v":1.812E-6,"d":"1.81E-06"},35346,true,"reported","textfile",0.000644206963596809,22.783528228906]
["10514_5_PTGDS_PGD2_synthase","PTGDS","rs368611","chr5",699887,"A","T",-0.0492,0.00939,0.31309,{"v":1.609e-07,"d":"1.61E-07"},35268,true,"reported","textfile",7.77822055512936E-4,27.4520254005442]
["10514_5_PTGDS_PGD2_synthase","PTGDS","rs4976689","chr5",177357447,"G","C",0.0394,0.008401,0.39757,{"v":2.733e-06,"d":"2.73E-06"},35353,true,"reported","textfile",6.21776183813585E-4,21.9940852724012]
["10514_5_PTGDS_PGD2_synthase","PTGDS","rs72849265","chr6",32490431,"T","C",0.045,0.009073,0.28675,{"v":7.055e-07,"d":"7.06E-07"},35426,true,"reported","textfile",6.9390437240009E-4,24.5979371040093]
["10514_5_PTGDS_PGD2_synthase","PTGDS","rs10254101","chr7",151718450,"T","C",0.0426,0.009205,0.26853,{"v":3.698E-6,"d":"3.70E-06"},35360,true,"reported","textfile",0.000605335832625321,21.416428501545]
["10514_5_PTGDS_PGD2_synthase","PTGDS","rs4240625","chr8",9385047,"G","A",0.0387,0.008171,0.48446,{"v":2.179e-06,"d":"2.18E-06"},35373,true,"reported","textfile",0.000633759218563874,22.430913117792]
["10514_5_PTGDS_PGD2_synthase","PTGDS","rs7011404","chr8",76692469,"C","T",0.0759,0.016503,0.06671,{"v":4.241e-06,"d":"4.24E-06"},35334,true,"reported","textfile",0.000598280764527514,21.1511102747119]
["10514_5_PTGDS_PGD2_synthase","PTGDS","rs7874270","chr9",11443473,"G","C",-0.043,0.008889,0.30015,{"v":1.316E-6,"d":"1.32E-06"},35344,true,"reported","textfile",0.000661649447865813,23.3994970507776]
["10521_10_MXRA8_MXRA8","MXRA8","rs181929025","chr1",1355705,"T","C",-0.3449,0.035471,0.01519,{"v":2.394e-22,"d":"2.39E-22"},35295,true,"reported","textfile",2.67155760240115E-3,94.5398511195322]
["10521_10_MXRA8_MXRA8","MXRA8","rs2313135","chr1",1379087,"TTTTGTTGTTG","TTTTTTTGTTG",-0.1317,0.020124,0.04868,{"v":5.977e-11,"d":"5.98E-11"},35240,true,"reported","textfile",0.00121389053932453,42.8270621903377]
["10521_10_MXRA8_MXRA8","MXRA8","rs184387","chr1",82632935,"AGG","AAG",-0.0857,0.018668,0.05508,{"v":4.416e-06,"d":"4.42E-06"},35340,true,"reported","textfile",0.000595992234259598,21.0737333556925]
["10521_10_MXRA8_MXRA8","MXRA8","rs11102037","chr1",109947406,"C","G",0.04,0.008944,0.34668,{"v":7.732e-06,"d":"7.73E-06"},35338,true,"reported","textfile",0.000565677226823688,20.00008407914]
["10521_10_MXRA8_MXRA8","MXRA8","rs10753200","chr1",179595009,"A","G",-0.0416,0.009337,0.29085,{"v":8.374e-06,"d":"8.37E-06"},35346,true,"reported","textfile",0.000561290687283666,19.8493993343484]
["10521_10_MXRA8_MXRA8","MXRA8","rs78705678","chr10",17794281,"G","A",0.0764,0.008843,0.36741,{"v":5.625e-18,"d":"5.63E-18"},35341,true,"reported","textfile",0.00210762013710062,74.6384976255976]
["10521_10_MXRA8_MXRA8","MXRA8","rs2477642","chr10",17821038,"C","T",0.0783,0.008584,0.43852,{"v":7.387e-20,"d":"7.39E-20"},35339,true,"reported","textfile",0.00234892162702935,83.1992721039343]
["10521_10_MXRA8_MXRA8","MXRA8","rs74502455","chr10",63556677,"G","C",0.0404,0.00891,0.4804,{"v":5.777e-06,"d":"5.78E-06"},35337,true,"reported","textfile",0.000581466962590006,20.5580889726695]
["10521_10_MXRA8_MXRA8","MXRA8","rs77850867","chr10",118413563,"A","G",-0.1707,0.03701,0.01365,{"v":3.983e-06,"d":"3.98E-06"},35367,true,"reported","textfile",0.000601131523405105,21.2718034768512]
["10521_10_MXRA8_MXRA8","MXRA8","rs217202","chr11",1950732,"T","C",-0.0724,0.015459,0.08248,{"v":2.822e-06,"d":"2.82E-06"},35337,true,"reported","textfile",0.000620319133140037,21.9325817696141]
["10521_10_MXRA8_MXRA8","MXRA8","rs174536","chr11",61784455,"C","A",-0.0486,0.008676,0.39086,{"v":2.12e-08,"d":"2.12E-08"},35355,true,"reported","textfile",8.8674210854443E-4,31.3768169081558]
["10521_10_MXRA8_MXRA8","MXRA8","rs5104","chr11",116821618,"T","C",-0.1004,0.012184,0.14054,{"v":1.714e-16,"d":"1.71E-16"},35365,true,"reported","textfile",1.91637683351214E-3,67.8989539458512]
["10521_10_MXRA8_MXRA8","MXRA8","rs181707610","chr12",111370921,"CAAAAAAAAAACAAAAAAAAAAAA","CAAAAAAAAAACAAAAACAAAAAA",-0.1314,0.029571,0.02068,{"v":8.852e-06,"d":"8.85E-06"},35356,true,"reported","textfile",0.000558152805877197,19.7439544425537]
["10521_10_MXRA8_MXRA8","MXRA8","rs77944107","chr13",108334441,"A","C",0.0624,0.013835,0.10309,{"v":6.477E-6,"d":"6.48E-06"},35344,true,"reported","textfile",0.000575234944297561,20.3416546319335]
["10521_10_MXRA8_MXRA8","MXRA8","rs9671878","chr14",47286880,"G","A",-0.0621,0.013403,0.1144,{"v":3.6e-06,"d":"3.60E-06"},35349,true,"reported","textfile",0.000606929667031095,21.4661713968064]
["10521_10_MXRA8_MXRA8","MXRA8","rs77706562","chr14",97940170,"A","G",0.144,0.030494,0.01933,{"v":2.332e-06,"d":"2.33E-06"},35370,true,"reported","textfile",0.00063006798260362,22.2982938497463]
["10521_10_MXRA8_MXRA8","MXRA8","rs150844304","chr15",43434427,"C","A",-0.1296,0.025839,0.0276,{"v":5.284e-07,"d":"5.28E-07"},35351,true,"reported","textfile",0.00071112827478463,25.1555622169224]
["10521_10_MXRA8_MXRA8","MXRA8","rs13329672","chr15",58407738,"T","C",0.0868,0.0096,0.26556,{"v":1.545E-19,"d":"1.55E-19"},35352,true,"reported","textfile",0.00230717132975215,81.7471110977534]
["10521_10_MXRA8_MXRA8","MXRA8","rs1800588","chr15",58431476,"T","C",0.0966,0.010761,0.19095,{"v":2.779e-19,"d":"2.78E-19"},35353,true,"reported","textfile",0.00227422750419038,80.5794725533881]
["10521_10_MXRA8_MXRA8","MXRA8","rs3764261","chr16",56959412,"A","C",0.0908,0.00907,0.32148,{"v":1.367e-23,"d":"1.37E-23"},35357,true,"reported","textfile",0.00282652241060929,100.214959656439]
["10521_10_MXRA8_MXRA8","MXRA8","rs36059695","chr17",68904663,"T","C",-0.1395,0.026113,0.02832,{"v":9.184e-08,"d":"9.18E-08"},35359,true,"reported","textfile",0.000806463135225548,28.5371312164809]
["10521_10_MXRA8_MXRA8","MXRA8","rs8091792","chr18",27369563,"C","A",-0.0983,0.021292,0.04204,{"v":3.898e-06,"d":"3.90E-06"},35358,true,"reported","textfile",0.000602455130808009,21.3132438779764]
["10521_10_MXRA8_MXRA8","MXRA8","rs55698825","chr18",49638227,"T","G",0.053,0.010772,0.19071,{"v":8.645e-07,"d":"8.65E-07"},35354,true,"reported","textfile",6.84263254518714E-4,24.2066382868407]
["10521_10_MXRA8_MXRA8","MXRA8","rs10871540","chr18",76651845,"A","G",0.044,0.008929,0.34262,{"v":8.316e-07,"d":"8.32E-07"},35340,true,"reported","textfile",6.8664909426457E-4,24.281478548374]
["10521_10_MXRA8_MXRA8","MXRA8","rs7408474","chr19",8437221,"A","C",0.0456,0.008811,0.3593,{"v":2.278e-07,"d":"2.28E-07"},35362,true,"reported","textfile",0.000756856665276767,26.7827223661235]
["10521_10_MXRA8_MXRA8","MXRA8","rs1065853","chr19",44909969,"GGGGGGGTGGT","GGGGGGGGGGT",0.1358,0.017922,0.05944,{"v":3.534e-14,"d":"3.53E-14"},35354,true,"reported","textfile",0.00162137439731143,57.4119139010536]
["10521_10_MXRA8_MXRA8","MXRA8","rs300753","chr2",209622,"T","C",0.0377,0.008517,0.46852,{"v":9.589e-06,"d":"9.59E-06"},35304,true,"reported","textfile",0.000554682582731016,19.5922720276202]
["10521_10_MXRA8_MXRA8","MXRA8","rs1260326","chr2",27508073,"C","T",0.0577,0.008998,0.34132,{"v":1.431E-10,"d":"1.43E-10"},35361,true,"reported","textfile",1.16152983944748E-3,41.1182937181243]
["10521_10_MXRA8_MXRA8","MXRA8","rs1802575","chr2",55866062,"TAGAATTC","TAGAATTG",-0.0531,0.010798,0.19272,{"v":8.754e-07,"d":"8.75E-07"},35337,true,"reported","textfile",0.00068387324836629,24.1811981055207]
["10521_10_MXRA8_MXRA8","MXRA8","rs2542941","chr2",171553211,"T","C",-0.0679,9.214E-3,0.30705,{"v":1.716E-13,"d":"1.72E-13"},35349,true,"reported","textfile",1.53390803038463E-3,54.3023419483888]
["10521_10_MXRA8_MXRA8","MXRA8","rs78876419","chr2",204980707,"C","T",0.0849,0.018569,0.05374,{"v":4.825e-06,"d":"4.83E-06"},35342,true,"reported","textfile",0.000591140099971286,20.9032478810273]
["10521_10_MXRA8_MXRA8","MXRA8","rs6805055","chr3",99711516,"A","T",-0.0603,0.011013,0.18109,{"v":4.362e-08,"d":"4.36E-08"},35320,true,"reported","textfile",8.48074842604314E-4,29.9777306503021]
["10521_10_MXRA8_MXRA8","MXRA8","rs144353381","chr3",101421645,"T","C",-0.1248,0.026691,0.02643,{"v":2.929e-06,"d":"2.93E-06"},35320,true,"reported","textfile",0.000618600187686274,21.8612447988394]
["10521_10_MXRA8_MXRA8","MXRA8","rs114235813","chr3",172425938,"T","C",-0.1066,0.023799,0.03336,{"v":7.49e-06,"d":"7.49E-06"},35346,true,"reported","textfile",0.000567296722532057,20.0619164206062]
["10521_10_MXRA8_MXRA8","MXRA8","rs11934877","chr4",57074860,"C","T",-0.0574,0.012433,0.136,{"v":3.898e-06,"d":"3.90E-06"},35346,true,"reported","textfile",0.000602656486195953,21.313135347368]
["10521_10_MXRA8_MXRA8","MXRA8","rs17362021","chr4",141541301,"T","C",-0.1066,0.020051,0.04795,{"v":1.058e-07,"d":"1.06E-07"},35347,true,"reported","textfile",0.000798992382513569,28.2629676558063]
["10521_10_MXRA8_MXRA8","MXRA8","rs13167730","chr5",80074424,"T","G",0.0828,0.015719,0.08121,{"v":1.384E-7,"d":"1.38E-07"},35331,true,"reported","textfile",0.000784718665796747,27.7450978400928]
["10521_10_MXRA8_MXRA8","MXRA8","rs4713466","chr6",31468092,"T","C",0.0636,0.012634,0.128,{"v":4.806E-7,"d":"4.81E-07"},35427,true,"reported","textfile",0.000714804967581538,25.3400791910607]
["10521_10_MXRA8_MXRA8","MXRA8","rs199980439","chr7",73592752,"CGTCTCAA","CGTCTCA",0.0722,0.013048,0.11977,{"v":3.144e-08,"d":"3.14E-08"},35342,true,"reported","textfile",0.000865604063784169,30.6169497702744]
["10521_10_MXRA8_MXRA8","MXRA8","rs11763391","chr7",131561314,"T","C",-0.0492,0.011041,0.18039,{"v":8.35e-06,"d":"8.35E-06"},35339,true,"reported","textfile",0.000561584571987275,19.8558647676313]
["10521_10_MXRA8_MXRA8","MXRA8","rs15285","chr8",19967156,"T","C",0.0441,0.009321,0.28752,{"v":2.233e-06,"d":"2.23E-06"},35356,true,"reported","textfile",6.32723787649162E-4,22.3834793483826]
["10521_10_MXRA8_MXRA8","MXRA8","rs6986368","chr8",125500955,"T","A",-0.0439,0.008983,0.32877,{"v":1.025e-06,"d":"1.03E-06"},35355,true,"reported","textfile",0.000675059612660818,23.8815039251874]
["10521_10_MXRA8_MXRA8","MXRA8","rs12353096","chr9",92268862,"C","T",-0.0526,0.008601,0.41825,{"v":9.622e-10,"d":"9.62E-10"},35347,true,"reported","textfile",0.00105696779535898,37.3980552669893]
["10521_10_MXRA8_MXRA8","MXRA8","rs2740488","chr9",104899461,"C","A",-0.0437,0.009663,0.25976,{"v":6.119e-06,"d":"6.12E-06"},35351,true,"reported","textfile",0.000578210568023811,20.4509903478193]
["10527_22_DHX9_DHX9","DHX9","rs72653643","chr1",22742008,"T","A",-0.0827,0.01765,0.05333,{"v":2.793e-06,"d":"2.79E-06"},35357,true,"reported","textfile",0.000620549751652041,21.953159497332]
["10527_22_DHX9_DHX9","DHX9","rs6690625","chr1",65611907,"G","T",-0.0442,9.809E-3,0.20929,{"v":6.597e-06,"d":"6.60E-06"},35335,true,"reported","textfile",0.000574302208066723,20.3034802511612]
["10527_22_DHX9_DHX9","DHX9","rs10305748","chr1",150812144,"T","C",-0.1078,0.023643,0.02964,{"v":5.128e-06,"d":"5.13E-06"},35351,true,"reported","textfile",0.000587726580150082,20.787764403407]
["10527_22_DHX9_DHX9","DHX9","rs61815638","chr1",195176813,"T","C",0.1209,0.026433,0.02353,{"v":4.788e-06,"d":"4.79E-06"},35330,true,"reported","textfile",0.000591778210562255,20.9187198653525]
["10527_22_DHX9_DHX9","DHX9","rs114009540","chr1",196158413,"A","G",-0.1046,0.021619,0.03606,{"v":1.31E-6,"d":"1.31E-06"},35325,true,"reported","textfile",0.000662250490264766,23.4081761437497]
["10527_22_DHX9_DHX9","DHX9","rs10922098","chr1",196695521,"T","C",-0.1735,0.008125,0.40011,{"v":3.666e-101,"d":"3.67E-101"},35326,true,"reported","textfile",0.0127434719822729,455.960929633604]
["10527_22_DHX9_DHX9","DHX9","rs10795325","chr10",15945439,"A","G",0.0404,0.008061,0.47133,{"v":5.392e-07,"d":"5.39E-07"},35347,true,"reported","textfile",0.000710107047578992,25.1165690493724]
["10527_22_DHX9_DHX9","DHX9","rs79900690","chr12",42778075,"C","T",-0.0618,0.013649,0.0928,{"v":5.956e-06,"d":"5.96E-06"},35349,true,"reported","textfile",0.000579623986826021,20.4998512678606]
["10527_22_DHX9_DHX9","DHX9","rs61963239","chr13",110440613,"C","T",-0.082,0.016822,0.06042,{"v":1.09e-06,"d":"1.09E-06"},35336,true,"reported","textfile",0.0006719904813518,23.7600782144808]
["10527_22_DHX9_DHX9","DHX9","rs7141110","chr14",100705890,"C","G",-0.0484,0.009614,0.27079,{"v":4.797e-07,"d":"4.80E-07"},35368,true,"reported","textfile",7.16078913690629E-4,25.342994445515]
["10527_22_DHX9_DHX9","DHX9","rs61679841","chr15",60176779,"T","C",0.0449,0.009706,0.21787,{"v":3.724e-06,"d":"3.72E-06"},35357,true,"reported","textfile",0.000604886540701332,21.3987074366124]
["10527_22_DHX9_DHX9","DHX9","rs72749892","chr15",92525256,"G","A",-0.1252,0.027551,0.02117,{"v":5.51e-06,"d":"5.51E-06"},35363,true,"reported","textfile",0.000583621504204273,20.6494914974561]
["10527_22_DHX9_DHX9","DHX9","rs55701306","chr17",16939133,"T","C",0.0923,0.018862,0.04783,{"v":9.908e-07,"d":"9.91E-07"},35345,true,"reported","textfile",0.000677026715772593,23.9443661911544]
["10527_22_DHX9_DHX9","DHX9","rs11569415","chr19",6716268,"A","G",-0.0586,0.009267,0.24276,{"v":2.559e-10,"d":"2.56E-10"},35360,true,"reported","textfile",1.12957170644661E-3,39.984561826273]
["10527_22_DHX9_DHX9","DHX9","rs12478841","chr2",27588855,"G","A",0.0512,0.009619,0.21569,{"v":1.022E-7,"d":"1.02E-07"},35361,true,"reported","textfile",0.000800585472563361,28.3305827773687]
["10527_22_DHX9_DHX9","DHX9","rs72800779","chr2",54160144,"A","G",-0.0468,0.0105,0.17294,{"v":8.298e-06,"d":"8.30E-06"},35333,true,"reported","textfile",0.000561938100864887,19.8649979408739]
["10527_22_DHX9_DHX9","DHX9","rs79565365","chr2",71559378,"CCATGTCCTTCCTCCTTCCTTCCTCTTCCACCC","CCATGTCCTTCCTCCTTCCTTCCTCTCCCACCC",-0.0876,0.019194,0.04566,{"v":5.019e-06,"d":"5.02E-06"},35339,true,"reported","textfile",0.000589070223050592,20.8282437701422]
["10527_22_DHX9_DHX9","DHX9","rs111696008","chr2",216622986,"A","G",-0.1294,0.026529,0.02443,{"v":1.073e-06,"d":"1.07E-06"},35347,true,"reported","textfile",6.72638949309924E-4,23.7904260305281]
["10527_22_DHX9_DHX9","DHX9","rs144202860","chr2",216625740,"A","G",-0.1642,0.035504,0.01274,{"v":3.749E-6,"d":"3.75E-06"},35347,true,"reported","textfile",0.000604750806914755,21.3878515909098]
["10527_22_DHX9_DHX9","DHX9","rs994773","chr20",19837297,"G","A",-0.0732,0.014683,0.08352,{"v":6.184e-07,"d":"6.18E-07"},35360,true,"reported","textfile",0.000702384888159126,24.8523808122477]
["10527_22_DHX9_DHX9","DHX9","rs483465","chr3",136329135,"G","A",0.0422,0.009311,0.24663,{"v":5.841e-06,"d":"5.84E-06"},35349,true,"reported","textfile",0.000580768186648507,20.5403422707985]
["10527_22_DHX9_DHX9","DHX9","rs1707652","chr3",165761011,"T","C",0.1031,0.008603,0.3102,{"v":4.322e-33,"d":"4.32E-33"},35327,true,"reported","textfile",0.00404900855811716,143.612716433382]
["10527_22_DHX9_DHX9","DHX9","rs62277557","chr3",167225784,"A","T",0.0409,0.008533,0.322,{"v":1.641E-6,"d":"1.64E-06"},35342,true,"reported","textfile",0.00064963554194651,22.9730441583816]
["10527_22_DHX9_DHX9","DHX9","rs111340885","chr4",186046087,"A","G",0.0953,0.0209,0.03682,{"v":5.121e-06,"d":"5.12E-06"},35377,true,"reported","textfile",0.000587377163736623,20.7906791373269]
["10527_22_DHX9_DHX9","DHX9","rs3849725","chr5",173865250,"G","C",0.0653,0.014677,0.07928,{"v":8.625e-06,"d":"8.63E-06"},35363,true,"reported","textfile",5.59447889644729E-4,19.7937103752249]
["10527_22_DHX9_DHX9","DHX9","rs550671","chr6",31976816,"T","C",0.1483,0.011456,0.14045,{"v":2.51e-38,"d":"2.51E-38"},35428,true,"reported","textfile",0.00470782429835803,167.568265545802]
["10527_22_DHX9_DHX9","DHX9","rs9469195","chr6",32617235,"G","C",0.0665,0.008212,0.37544,{"v":5.605e-16,"d":"5.61E-16"},35427,true,"reported","textfile",0.00184759971826466,65.5723715146622]
["10527_22_DHX9_DHX9","DHX9","rs9272526","chr6",32638792,"A","G",0.0637,0.010533,0.14653,{"v":1.468e-09,"d":"1.47E-09"},35426,true,"reported","textfile",0.00103134611968855,36.5721234614679]
["10527_22_DHX9_DHX9","DHX9","rs10266981","chr7",46328205,"G","C",0.0598,0.013243,0.10087,{"v":6.309e-06,"d":"6.31E-06"},35335,true,"reported","textfile",0.000576731895835957,20.3894273086386]
["10527_22_DHX9_DHX9","DHX9","rs35895874","chr7",86913139,"T","C",0.0622,0.013624,0.095,{"v":4.986e-06,"d":"4.99E-06"},35339,true,"reported","textfile",0.000589469263541511,20.8423612971307]
["10527_22_DHX9_DHX9","DHX9","rs6963416","chr7",131163350,"T","C",-0.0431,0.009578,0.22331,{"v":6.795e-06,"d":"6.80E-06"},35348,true,"reported","textfile",0.000572520859683281,20.2479146598731]
["10527_22_DHX9_DHX9","DHX9","rs17732416","chr9",21638408,"T","C",-0.0879,0.01974,0.04293,{"v":8.471e-06,"d":"8.47E-06"},35341,true,"reported","textfile",0.000560739338731255,19.8270853181341]
["10527_22_DHX9_DHX9","DHX9","rs146383724","chr9",30915331,"G","A",-0.1531,0.034637,0.01274,{"v":9.862e-06,"d":"9.86E-06"},35346,true,"reported","textfile",0.000552445675950114,19.5364327885984]
["10530_8_PSMB6_PSB6","PSMB6","rs72684863","chr1",49320605,"A","G",0.0728,0.015955,0.06613,{"v":5.045E-6,"d":"5.05E-06"},35358,true,"reported","textfile",0.000588472001556631,20.8182670543187]
["10530_8_PSMB6_PSB6","PSMB6","rs12141790","chr1",66440711,"T","C",-0.1011,0.021956,0.03417,{"v":4.13e-06,"d":"4.13E-06"},35337,true,"reported","textfile",0.000599660831957634,21.2017293438803]
["10530_8_PSMB6_PSB6","PSMB6","rs10922098","chr1",196695521,"T","C",-0.105,0.00806,0.40011,{"v":8.558e-39,"d":"8.56E-39"},35326,true,"reported","textfile",0.00478115300221211,169.700814207466]
["10530_8_PSMB6_PSB6","PSMB6","rs12121863","chr1",197816290,"G","A",0.0419,0.009263,0.23805,{"v":6.085e-06,"d":"6.09E-06"},35325,true,"reported","textfile",0.000578883363612702,20.4597408564971]
["10530_8_PSMB6_PSB6","PSMB6","rs12798699","chr11",57035191,"CACACACACAC","TACACACACAC",-0.1443,0.030351,0.01684,{"v":1.99E-6,"d":"1.99E-06"},35352,true,"reported","textfile",0.00063899147632958,22.6027916794751]
["10530_8_PSMB6_PSB6","PSMB6","rs17454895","chr11",57705265,"G","C",0.1249,0.027381,0.0204,{"v":5.076e-06,"d":"5.08E-06"},35354,true,"reported","textfile",0.000588209693527172,20.8066277457022]
["10530_8_PSMB6_PSB6","PSMB6","rs11221492","chr11",128878516,"G","A",-0.0695,0.015141,0.07541,{"v":4.428e-06,"d":"4.43E-06"},35348,true,"reported","textfile",0.000595712690679438,21.068611604063]
["10530_8_PSMB6_PSB6","PSMB6","rs143770771","chr13",81786626,"A","G",-0.1255,0.025553,0.02415,{"v":9.044e-07,"d":"9.04E-07"},35341,true,"reported","textfile",0.000682069308393246,24.1200988684625]
["10530_8_PSMB6_PSB6","PSMB6","rs117265578","chr14",49522779,"A","G",-0.0714,0.013971,0.08612,{"v":3.209e-07,"d":"3.21E-07"},35350,true,"reported","textfile",0.000738297271234901,26.1166137682903]
["10530_8_PSMB6_PSB6","PSMB6","rs72698722","chr14",100715544,"T","C",-0.0446,0.009418,0.23106,{"v":2.185e-06,"d":"2.19E-06"},35368,true,"reported","textfile",0.000633674972328248,22.4247590799503]
["10530_8_PSMB6_PSB6","PSMB6","rs4784323","chr16",53763653,"G","A",0.0372,0.008273,0.35334,{"v":6.907e-06,"d":"6.91E-06"},35354,true,"reported","textfile",5.71574665465098E-4,20.2178635921412]
["10530_8_PSMB6_PSB6","PSMB6","rs7220952","chr17",21323488,"A","T",-0.0926,0.020719,0.04128,{"v":7.846e-06,"d":"7.85E-06"},35259,true,"reported","textfile",0.000566198136042292,19.9737567863053]
["10530_8_PSMB6_PSB6","PSMB6","rs4803966","chr19",46493671,"A","C",-0.0501,0.010439,0.17311,{"v":1.592E-6,"d":"1.59E-06"},35357,true,"reported","textfile",0.0006510276263732,23.0320762483549]
["10530_8_PSMB6_PSB6","PSMB6","rs144444624","chr2",105766933,"A","G",0.1174,0.026204,0.02225,{"v":7.459e-06,"d":"7.46E-06"},35357,true,"reported","textfile",0.000567386660259342,20.0713435860733]
["10530_8_PSMB6_PSB6","PSMB6","rs55960516","chr2",124681109,"C","A",-0.0377,0.008213,0.36736,{"v":4.432e-06,"d":"4.43E-06"},35350,true,"reported","textfile",0.000595704455518367,21.0695122960136]
["10530_8_PSMB6_PSB6","PSMB6","rs5754116","chr22",32497933,"T","C",-0.0541,0.008587,0.30857,{"v":2.967e-10,"d":"2.97E-10"},35359,true,"reported","textfile",1.12130660366313E-3,39.6905428535218]
["10530_8_PSMB6_PSB6","PSMB6","rs1355538","chr3",165787389,"G","A",-0.0449,0.008068,0.39847,{"v":2.622e-08,"d":"2.62E-08"},35326,true,"reported","textfile",0.000875963168107733,30.969651224039]
["10530_8_PSMB6_PSB6","PSMB6","rs13150423","chr4",149548426,"T","G",0.11,0.020837,0.0376,{"v":1.298e-07,"d":"1.30E-07"},35364,true,"reported","textfile",0.000787429161104768,27.8670132938873]
["10530_8_PSMB6_PSB6","PSMB6","rs16881504","chr6",18935483,"T","C",-0.0593,0.013272,0.09636,{"v":7.895e-06,"d":"7.90E-06"},35363,true,"reported","textfile",0.00056421215269731,19.9623689426837]
["10530_8_PSMB6_PSB6","PSMB6","rs9501600","chr6",32009122,"T","C",0.0776,0.011459,0.15016,{"v":1.271e-11,"d":"1.27E-11"},35428,true,"reported","textfile",1.29277088069035E-3,45.8569837926597]
["10530_8_PSMB6_PSB6","PSMB6","rs74671299","chr6",32487867,"A","T",0.0361,0.00778,0.32992,{"v":3.483e-06,"d":"3.48E-06"},35418,true,"reported","textfile",0.000607529329974024,21.5293384549263]
["10530_8_PSMB6_PSB6","PSMB6","rs73403125","chr6",32501438,"C","T",0.0345,0.007652,0.35016,{"v":6.523e-06,"d":"6.52E-06"},35389,true,"reported","textfile",0.000574077580060528,20.3265523435823]
["10530_8_PSMB6_PSB6","PSMB6","rs73449256","chr6",55504760,"T","C",-0.0789,0.017793,0.0534,{"v":9.235e-06,"d":"9.24E-06"},35339,true,"reported","textfile",0.000556108855383683,19.6621529200479]
["10530_8_PSMB6_PSB6","PSMB6","rs236874","chr6",78593911,"G","A",-0.0503,0.011335,0.14229,{"v":9.094e-06,"d":"9.09E-06"},35327,true,"reported","textfile",0.000557114091919968,19.6910254448325]
["10530_8_PSMB6_PSB6","PSMB6","rs893414","chr7",38547090,"T","C",0.0759,0.015974,0.06637,{"v":2.02e-06,"d":"2.02E-06"},35349,true,"reported","textfile",6.38266095208666E-4,22.5752006525097]
["10530_8_PSMB6_PSB6","PSMB6","rs13240662","chr7",73618493,"A","G",0.087,0.01949,0.04177,{"v":8.049e-06,"d":"8.05E-06"},35342,true,"reported","textfile",0.000563480535939402,19.924629280884]
["10530_8_PSMB6_PSB6","PSMB6","rs10866931","chr8",2073005,"A","G",0.047,0.009513,0.22292,{"v":7.779E-7,"d":"7.78E-07"},35274,true,"reported","textfile",6.91521335630765E-4,24.4082193548169]
["10530_8_PSMB6_PSB6","PSMB6","rs17833309","chr8",2548921,"G","C",0.0512,0.01132,0.14017,{"v":6.095e-06,"d":"6.10E-06"},35277,true,"reported","textfile",0.000579566997678389,20.4560815128518]
["10530_8_PSMB6_PSB6","PSMB6","rs6997923","chr8",3514164,"G","C",0.0497,0.010148,0.1898,{"v":9.694e-07,"d":"9.69E-07"},35348,true,"reported","textfile",0.000678097932085127,23.9843132206783]
["10530_8_PSMB6_PSB6","PSMB6","rs11794541","chr9",21673751,"A","T",-0.0725,0.016378,0.05959,{"v":9.575e-06,"d":"9.58E-06"},35339,true,"reported","textfile",5.54190752841068E-4,19.5942976116896]
["10531_18_NRAS_RASN","NRAS","rs59806760","chr11",26289527,"C","T",-0.1045,0.022796,0.03243,{"v":4.557e-06,"d":"4.56E-06"},35350,true,"reported","textfile",0.000594111241872236,21.0131283134577]
["10531_18_NRAS_RASN","NRAS","rs9667032","chr11",71633395,"T","G",0.1299,0.028963,0.02121,{"v":7.288e-06,"d":"7.29E-06"},35358,true,"reported","textfile",0.000568586465909996,20.1143798528683]
["10531_18_NRAS_RASN","NRAS","rs113070231","chr12",68638771,"T","C",-0.0814,0.017119,0.0587,{"v":1.986e-06,"d":"1.99E-06"},35350,true,"reported","textfile",0.000639182572885532,22.6082764026373]
["10531_18_NRAS_RASN","NRAS","rs72932578","chr18",55783633,"T","C",0.0881,0.019874,0.0412,{"v":9.299e-06,"d":"9.30E-06"},35343,true,"reported","textfile",0.000555694927952803,19.6497337061361]
["10531_18_NRAS_RASN","NRAS","rs4805442","chr19",29597486,"G","A",0.0452,0.010083,0.19964,{"v":7.37e-06,"d":"7.37E-06"},35343,true,"reported","textfile",0.000568259967580612,20.0942942972923]
["10531_18_NRAS_RASN","NRAS","rs2752931","chr20",26172890,"T","C",0.0398,0.008557,0.33033,{"v":3.297e-06,"d":"3.30E-06"},35353,true,"reported","textfile",0.000611548821234296,21.6320914594865]
["10531_18_NRAS_RASN","NRAS","rs2274933","chr20",62322432,"A","G",0.0536,0.010847,0.16911,{"v":7.752e-07,"d":"7.75E-07"},35325,true,"reported","textfile",0.000690761352298435,24.4166293111191]
["10531_18_NRAS_RASN","NRAS","rs3810491","chr20",63567773,"G","C",-0.0384,0.008524,0.33691,{"v":6.64E-6,"d":"6.64E-06"},35271,true,"reported","textfile",0.000575053140389743,20.2932188876558]
["10531_18_NRAS_RASN","NRAS","rs1354034","chr3",56815721,"C","T",0.0452,0.008275,0.38119,{"v":4.707e-08,"d":"4.71E-08"},35344,true,"reported","textfile",0.000843448764667552,29.8343299696382]
["10531_18_NRAS_RASN","NRAS","rs77778092","chr3",84139761,"G","C",0.1031,0.022649,0.0326,{"v":5.314e-06,"d":"5.31E-06"},35321,true,"reported","textfile",0.000586315759811515,20.7202349210641]
["10531_18_NRAS_RASN","NRAS","rs76779558","chr3",184331355,"T","C",0.1815,0.037883,0.01185,{"v":1.659e-06,"d":"1.66E-06"},35346,true,"reported","textfile",0.000648996434080344,22.9530263984196]
["10531_18_NRAS_RASN","NRAS","rs4859712","chr4",76749494,"T","A",-0.0417,0.008212,0.42411,{"v":3.815e-07,"d":"3.82E-07"},35346,true,"reported","textfile",0.000728982741802218,25.7839620896362]
["10531_18_NRAS_RASN","NRAS","rs11755689","chr6",32618599,"G","A",0.0408,0.008229,0.33707,{"v":7.118e-07,"d":"7.12E-07"},35424,true,"reported","textfile",0.00069346944109084,24.5811207984212]
["10531_18_NRAS_RASN","NRAS","rs62407164","chr6",65026895,"T","C",0.1876,0.040013,0.01023,{"v":2.753e-06,"d":"2.75E-06"},35323,true,"reported","textfile",0.000621921652710699,21.9805648846352]
["10531_18_NRAS_RASN","NRAS","rs7796149","chr7",42199521,"T","C",-0.0455,0.009725,0.22177,{"v":2.888e-06,"d":"2.89E-06"},35338,true,"reported","textfile",0.000619059894500435,21.8886508179335]
["10531_18_NRAS_RASN","NRAS","rs80080939","chr8",9512313,"A","G",-0.1212,0.021989,0.03501,{"v":3.553e-08,"d":"3.55E-08"},35372,true,"reported","textfile",0.000858147252081042,30.3787377364167]
["10531_18_NRAS_RASN","NRAS","rs16873346","chr8",105537253,"C","G",0.0513,0.010156,0.19711,{"v":4.387e-07,"d":"4.39E-07"},35353,true,"reported","textfile",0.00072119009054729,25.5131907512853]
["10534_40_PARP1_PARP","PARP1","rs1433574","chr1",226421638,"C","A",-0.0599,0.010065,0.18701,{"v":2.661e-09,"d":"2.66E-09"},35344,true,"reported","textfile",1.00109524804952E-3,35.4161632092591]
["10534_40_PARP1_PARP","PARP1","rs11587929","chr1",83661045,"T","G",-0.0699,0.015655,0.06837,{"v":8.008e-06,"d":"8.01E-06"},35327,true,"reported","textfile",0.000564022498799575,19.935338749671]
["10534_40_PARP1_PARP","PARP1","rs10922098","chr1",196695521,"T","C",-0.087,0.008026,0.40011,{"v":2.244e-27,"d":"2.24E-27"},35326,true,"reported","textfile",3.31515306665416E-3,117.493977446136]
["10534_40_PARP1_PARP","PARP1","rs12786503","chr11",56999161,"A","G",-0.1432,0.030451,0.01657,{"v":2.568e-06,"d":"2.57E-06"},35352,true,"reported","textfile",6.25168858702648E-4,22.1135438541118]
["10534_40_PARP1_PARP","PARP1","rs111578029","chr11",112892783,"CTTCCTTCCTTCCTTCT","CTTCCTTCT",-0.1011,0.02052,0.03923,{"v":8.355e-07,"d":"8.36E-07"},35350,true,"reported","textfile",0.00068621476536061,24.2729760004976]
["10534_40_PARP1_PARP","PARP1","rs1265564","chr12",111270643,"GAAAAAAAAAAC","GAAAAAAAAAAA",0.0382,0.008198,0.3672,{"v":3.166e-06,"d":"3.17E-06"},35357,true,"reported","textfile",0.000613718017077322,21.7113251251727]
["10534_40_PARP1_PARP","PARP1","rs71433212","chr13",27051156,"A","T",0.0496,0.009267,0.24053,{"v":8.695e-08,"d":"8.70E-08"},35345,true,"reported","textfile",0.000809851115210935,28.6457667710657]
["10534_40_PARP1_PARP","PARP1","rs62013167","chr14",44267777,"A","G",0.1312,0.026848,0.02082,{"v":1.025e-06,"d":"1.03E-06"},35354,true,"reported","textfile",0.000675012757462036,23.8791697460141]
["10534_40_PARP1_PARP","PARP1","rs66680859","chr14",51189681,"G","A",0.0486,0.010902,0.15525,{"v":8.284e-06,"d":"8.28E-06"},35360,true,"reported","textfile",0.000561699342276969,19.8717272803724]
["10534_40_PARP1_PARP","PARP1","rs11552434","chr16",1772641,"G","C",0.1249,0.027658,0.02026,{"v":6.306e-06,"d":"6.31E-06"},35309,true,"reported","textfile",0.000577227688348936,20.3919487899969]
["10534_40_PARP1_PARP","PARP1","rs56258384","chr19",55544891,"C","G",0.139,0.031433,0.01599,{"v":9.775e-06,"d":"9.78E-06"},35367,true,"reported","textfile",0.000552611159288663,19.5538993512327]
["10534_40_PARP1_PARP","PARP1","rs2365191","chr2",31035400,"C","T",-0.0369,0.008338,0.32981,{"v":9.613e-06,"d":"9.61E-06"},35351,true,"reported","textfile",0.000553715530924404,19.5841343419916]
["10534_40_PARP1_PARP","PARP1","rs34011391","chr2",226404239,"T","C",0.0437,0.009648,0.2142,{"v":5.92e-06,"d":"5.92E-06"},35346,true,"reported","textfile",0.000580090840187721,20.5146310051307]
["10534_40_PARP1_PARP","PARP1","rs150687841","chr2",240741404,"C","T",0.1771,0.036423,0.0124,{"v":1.16e-06,"d":"1.16E-06"},35255,true,"reported","textfile",0.000670152796913475,23.6407394572591]
["10534_40_PARP1_PARP","PARP1","rs2828198","chr21",23494745,"G","A",-0.0766,0.015751,0.06657,{"v":1.155E-6,"d":"1.16E-06"},35353,true,"reported","textfile",0.000668535639830467,23.6492137458899]
["10534_40_PARP1_PARP","PARP1","rs1619994","chr3",165744047,"G","A",0.0404,0.008753,0.2807,{"v":3.924E-6,"d":"3.92E-06"},35327,true,"reported","textfile",0.000602671007298974,21.302191546073]
["10534_40_PARP1_PARP","PARP1","rs7650724","chr3",193230940,"C","T",0.039,0.008609,0.30427,{"v":5.89e-06,"d":"5.89E-06"},35369,true,"reported","textfile",0.000579894646322262,20.5210339942297]
["10534_40_PARP1_PARP","PARP1","rs4864552","chr4",55681245,"A","C",-0.0412,0.009004,0.25465,{"v":4.748e-06,"d":"4.75E-06"},35346,true,"reported","textfile",0.000592005859519693,20.9362494812333]
["10534_40_PARP1_PARP","PARP1","rs142735775","chr4",152290167,"T","C",-0.1193,0.026459,0.02314,{"v":6.516E-6,"d":"6.52E-06"},35360,true,"reported","textfile",0.000574608647175557,20.3286935899559]
["10534_40_PARP1_PARP","PARP1","rs77671437","chr4",153529665,"T","G",0.0904,0.020166,0.03953,{"v":7.368e-06,"d":"7.37E-06"},35362,true,"reported","textfile",0.000567954814953206,20.0942949082916]
["10534_40_PARP1_PARP","PARP1","rs17519206","chr5",111165105,"T","C",-0.124,0.026847,0.02288,{"v":3.861E-6,"d":"3.86E-06"},35338,true,"reported","textfile",6.03320080970541E-4,21.3317882774058]
["10534_40_PARP1_PARP","PARP1","rs3849725","chr5",173865250,"G","C",0.0658,0.014469,0.07928,{"v":5.421e-06,"d":"5.42E-06"},35363,true,"reported","textfile",5.844828076172E-4,20.67998365506]
["10534_40_PARP1_PARP","PARP1","rs9501600","chr6",32009122,"T","C",0.061,0.011405,0.15016,{"v":8.878e-08,"d":"8.88E-08"},35428,true,"reported","textfile",0.000806811202478715,28.6051726327399]
["10534_40_PARP1_PARP","PARP1","rs28587108","chr7",77083680,"G","C",0.0396,0.008363,0.29034,{"v":2.189e-06,"d":"2.19E-06"},35332,true,"reported","textfile",0.000634194457162876,22.4203090072647]
["10534_40_PARP1_PARP","PARP1","rs117102789","chr7",140035915,"G","A",-0.0433,0.009572,0.23143,{"v":6.078e-06,"d":"6.08E-06"},35367,true,"reported","textfile",0.000578257113356429,20.4618950502157]
["10534_40_PARP1_PARP","PARP1","rs55926455","chr8",4669366,"T","C",-0.1177,0.024258,0.0277,{"v":1.222e-06,"d":"1.22E-06"},35365,true,"reported","textfile",0.0006652429371355,23.5406462345658]
["10534_40_PARP1_PARP","PARP1","rs7816416","chr8",122862157,"C","T",-0.0388,0.008089,0.39745,{"v":1.613e-06,"d":"1.61E-06"},35356,true,"reported","textfile",0.000650321529847946,23.0064289423104]
["10535_25_COX6A2_CX6A2","COX6A2","rs34754216","chr1",161605748,"T","C",0.0381,0.007942,0.4284,{"v":1.609E-6,"d":"1.61E-06"},35337,true,"reported","textfile",6.50845278817319E-4,23.0125955661875]
["10535_25_COX6A2_CX6A2","COX6A2","rs10922098","chr1",196695521,"T","C",-0.0885,7.979E-3,0.40011,{"v":1.372E-28,"d":"1.37E-28"},35326,true,"reported","textfile",0.00347044630681781,123.016969128219]
["10535_25_COX6A2_CX6A2","COX6A2","rs41264025","chr1",203166247,"T","C",-0.0827,0.016156,0.0619,{"v":3.075e-07,"d":"3.08E-07"},35354,true,"reported","textfile",0.000740598819371775,26.2010539320393]
["10535_25_COX6A2_CX6A2","COX6A2","rs10898894","chr11",72989734,"T","C",0.0361,0.007814,0.48588,{"v":3.837e-06,"d":"3.84E-06"},35358,true,"reported","textfile",0.000603278459774062,21.3423886271106]
["10535_25_COX6A2_CX6A2","COX6A2","rs80222878","chr11",97587615,"C","G",-0.0982,0.021477,0.03336,{"v":4.823e-06,"d":"4.82E-06"},35352,true,"reported","textfile",0.000591023838904171,20.9050480870353]
["10535_25_COX6A2_CX6A2","COX6A2","rs12574240","chr11",120698672,"C","T",-0.04,0.00801,0.39741,{"v":5.915e-07,"d":"5.92E-07"},35364,true,"reported","textfile",0.000704672665294085,24.9362066533342]
["10535_25_COX6A2_CX6A2","COX6A2","rs3794468","chr14",105909014,"T","C",0.0598,0.009692,0.20698,{"v":6.833e-10,"d":"6.83E-10"},34955,true,"reported","textfile",0.00108791137950562,38.0671801663485]
["10535_25_COX6A2_CX6A2","COX6A2","rs11845744","chr14",105921449,"A","C",-0.102,0.012889,0.11007,{"v":2.504e-15,"d":"2.50E-15"},34955,true,"reported","textfile",0.0017884433296616,62.6234582077739]
["10535_25_COX6A2_CX6A2","COX6A2","rs11272957","chr17",28245826,"TTTGTTCCAAACCCC","T",-0.0352,0.007897,0.44349,{"v":8.287e-06,"d":"8.29E-06"},35347,true,"reported","textfile",0.000561777635123153,19.8671914572612]
["10535_25_COX6A2_CX6A2","COX6A2","rs144789119","chr18",4445604,"T","A",0.0971,0.021685,0.03365,{"v":7.544e-06,"d":"7.54E-06"},35345,true,"reported","textfile",0.000566950741255108,20.0491069042001]
["10535_25_COX6A2_CX6A2","COX6A2","rs1858127","chr18",8974010,"G","T",0.0414,0.00905,0.25699,{"v":4.774e-06,"d":"4.77E-06"},35355,true,"reported","textfile",5.91555772760071E-4,20.9256499233977]
["10535_25_COX6A2_CX6A2","COX6A2","rs163494","chr19",6724329,"T","C",-0.0422,9.025E-3,0.25006,{"v":2.928e-06,"d":"2.93E-06"},35360,true,"reported","textfile",0.000617944927200762,21.8628067464879]
["10535_25_COX6A2_CX6A2","COX6A2","rs145759079","chr2",18249568,"C","T",-0.137,0.028296,0.01952,{"v":1.288E-6,"d":"1.29E-06"},35363,true,"reported","textfile",0.000662451587637985,23.4404787728448]
["10535_25_COX6A2_CX6A2","COX6A2","rs66473560","chr2",60820701,"C","T",0.0537,0.011654,0.12812,{"v":4.066e-06,"d":"4.07E-06"},35345,true,"reported","textfile",0.000600357233630813,21.2311719959]
["10535_25_COX6A2_CX6A2","COX6A2","rs140182196","chr2",88992753,"C","T",-0.1455,0.031178,0.0156,{"v":3.059e-06,"d":"3.06E-06"},35338,true,"reported","textfile",0.000615913813541888,21.777343481989]
["10535_25_COX6A2_CX6A2","COX6A2","rs17576531","chr2",220317284,"G","C",-0.1422,0.029606,0.01788,{"v":1.563e-06,"d":"1.56E-06"},35368,true,"reported","textfile",0.000651847546450119,23.0682773277318]
["10535_25_COX6A2_CX6A2","COX6A2","rs116368421","chr3",67258437,"A","G",-0.0802,0.018023,0.04977,{"v":8.594e-06,"d":"8.59E-06"},35335,true,"reported","textfile",0.000560074977234137,19.8002187776949]
["10535_25_COX6A2_CX6A2","COX6A2","rs76339336","chr5",135098269,"ATGAACATGCACTTGTATATAGTGTATTATGCTGTTTGTCATTTTTTTCCCCCT","ATGAACATGCACTTGTATATAGTGTATTATGCTGTTTGTCATTTTTTTCCCCCA",-0.1272,0.028577,0.01928,{"v":8.543e-06,"d":"8.54E-06"},35348,true,"reported","textfile",0.000560186647084486,19.8114553405894]
["10535_25_COX6A2_CX6A2","COX6A2","rs12174396","chr6",31406799,"TTGG","TTGA",0.0541,0.011965,0.11826,{"v":6.144E-6,"d":"6.14E-06"},35427,true,"reported","textfile",0.000576745477009599,20.4429989302346]
["10535_25_COX6A2_CX6A2","COX6A2","rs62402680","chr6",32007336,"C","G",0.0631,0.010301,0.16141,{"v":9.034E-10,"d":"9.03E-10"},35428,true,"reported","textfile",0.00105801925847511,37.5210882847435]
["10535_25_COX6A2_CX6A2","COX6A2","rs77311729","chr6",32505240,"C","T",0.0595,0.007514,0.37947,{"v":2.397e-15,"d":"2.40E-15"},35412,true,"reported","textfile",0.00176755434783186,62.6999249817363]
["10535_25_COX6A2_CX6A2","COX6A2","rs9271732","chr6",32625850,"A","G",0.0883,0.008143,0.35454,{"v":2.136e-27,"d":"2.14E-27"},35427,true,"reported","textfile",0.00330810349054224,117.578528091652]
["10535_25_COX6A2_CX6A2","COX6A2","rs3134239","chr8",95561763,"C","T",-0.0625,0.013958,0.08811,{"v":7.547e-06,"d":"7.55E-06"},35342,true,"reported","textfile",0.000566991062619809,20.048831661352]
["10535_25_COX6A2_CX6A2","COX6A2","rs28545757","chr8",130382179,"A","G",0.0405,0.008577,0.29005,{"v":2.338e-06,"d":"2.34E-06"},35362,true,"reported","textfile",0.000630127827434213,22.2953689104472]
["10535_25_COX6A2_CX6A2","COX6A2","rs10511778","chr9",26773308,"T","C",-0.039,0.008367,0.32299,{"v":3.143e-06,"d":"3.14E-06"},35351,true,"reported","textfile",0.000614216020629291,21.725266119728]
["10539_30_CD99L2_C99L2","CD99L2","rs10922098","chr1",196695521,"T","C",-0.1412,0.008081,0.40011,{"v":2.296e-68,"d":"2.30E-68"},35326,true,"reported","textfile",0.00856855139635309,305.291414702521]
["10539_30_CD99L2_C99L2","CD99L2","rs704","chr17",28367840,"A","G",0.0642,0.007937,0.49189,{"v":6.019e-16,"d":"6.02E-16"},35348,true,"reported","textfile",0.00184752081053509,65.4233415541894]
["10539_30_CD99L2_C99L2","CD99L2","rs1355538","chr3",165787389,"G","A",-0.0605,0.008091,0.39847,{"v":7.572e-14,"d":"7.57E-14"},35326,true,"reported","textfile",0.00158024726324288,55.9090043779503]
["10539_30_CD99L2_C99L2","CD99L2","rs28573154","chr6",32008772,"A","G",0.1129,0.011053,0.145,{"v":1.71e-24,"d":"1.71E-24"},35428,true,"reported","textfile",0.00293632283876294,104.328515087602]
["10539_30_CD99L2_C99L2","CD99L2","rs7774739","chr6",32041524,"G","A",0.0903,0.011062,0.17585,{"v":3.272e-16,"d":"3.27E-16"},35425,true,"reported","textfile",1.87750963742028E-3,66.6321263457146]
["10539_30_CD99L2_C99L2","CD99L2","rs9271766","chr6",32626382,"GGCATCTACAG","GGCATCTACAA",0.0578,0.010428,0.17434,{"v":2.973e-08,"d":"2.97E-08"},35425,true,"reported","textfile",0.000866497461484932,30.7205588644522]
["10546_2_TSPEAR_TSEAR","TSPEAR","rs1451915","chr1",196058002,"A","C",0.0661,0.011467,0.13641,{"v":8.205e-09,"d":"8.21E-09"},35323,true,"reported","textfile",0.000939804172730392,33.2260491646585]
["10546_2_TSPEAR_TSEAR","TSPEAR","rs10922098","chr1",196695521,"T","C",-0.1931,0.008034,0.40011,{"v":1.202E-127,"d":"1.20E-127"},35326,true,"reported","textfile",0.016090209917611,577.665331576889]
["10546_2_TSPEAR_TSEAR","TSPEAR","rs2686395","chr3",165767231,"C","T",-0.0876,0.008523,0.3101,{"v":8.849e-25,"d":"8.85E-25"},35327,true,"reported","textfile",0.00298139651214406,105.632764948475]
["10546_2_TSPEAR_TSEAR","TSPEAR","rs389512","chr6",31979817,"C","G",0.1335,0.011318,0.14145,{"v":4.111e-32,"d":"4.11E-32"},35428,true,"reported","textfile",0.00391177908782449,139.1229040319]
["10546_2_TSPEAR_TSEAR","TSPEAR","rs28645249","chr6",32557458,"C","T",0.0742,0.008678,0.26162,{"v":1.224E-17,"d":"1.22E-17"},35426,true,"reported","textfile",0.00205944913952277,73.1044812795208]
["10550_37_BMPR1B_BMP_RIB","BMPR1B","rs10922098","chr1",196695521,"T","C",-0.1715,0.008179,0.40011,{"v":1.257E-97,"d":"1.26E-97"},35326,true,"reported","textfile",0.0122931011467442,439.646119118692]
["10550_37_BMPR1B_BMP_RIB","BMPR1B","rs1707652","chr3",165761011,"T","C",0.085,0.00867,0.3102,{"v":1.083e-22,"d":"1.08E-22"},35327,true,"reported","textfile",0.00271339415033682,96.1114365704188]
["10550_37_BMPR1B_BMP_RIB","BMPR1B","rs555007","chr6",31882555,"C","T",0.1058,0.01497,0.07832,{"v":1.579E-12,"d":"1.58E-12"},35429,true,"reported","textfile",0.00140785195170164,49.9462880720764]
["10550_37_BMPR1B_BMP_RIB","BMPR1B","rs550671","chr6",31976816,"T","C",0.1333,0.011538,0.14045,{"v":7.131e-31,"d":"7.13E-31"},35428,true,"reported","textfile",0.00375335347276124,133.467249891921]
["10551_7_LAT_LAT","LAT","rs761972","chr14",105733519,"G","C",0.0876,0.014483,0.0781,{"v":1.461E-9,"d":"1.46E-09"},35087,true,"reported","textfile",1.04157926631542E-3,36.581911519237]
["10551_7_LAT_LAT","LAT","rs2093214","chr14",105877986,"G","A",0.0449,0.007932,0.48262,{"v":1.511e-08,"d":"1.51E-08"},34953,true,"reported","textfile",0.000915893262572347,32.0407313101009]
["10551_7_LAT_LAT","LAT","rs113556713","chr14",105924710,"G","T",0.1987,0.012788,0.10861,{"v":1.926E-54,"d":"1.93E-54"},34955,true,"reported","textfile",6.85949066327185E-3,241.415766348576]
["10551_7_LAT_LAT","LAT","rs12586321","chr14",105952978,"G","A",0.0632,0.007934,0.49135,{"v":1.638E-15,"d":"1.64E-15"},34955,true,"reported","textfile",0.00181197754831972,63.4490194451168]
["10551_7_LAT_LAT","LAT","rs79327907","chr6",32487800,"T","A",0.0478,0.008355,0.41743,{"v":1.057E-8,"d":"1.06E-08"},35415,true,"reported","textfile",0.000923367192960818,32.7294236803925]
["10551_7_LAT_LAT","LAT","rs9273429","chr6",32659679,"A","G",0.0677,0.007804,0.4381,{"v":4.123e-18,"d":"4.12E-18"},35427,true,"reported","textfile",0.0021197608216288,75.252043439631]
["10552_88_KLRC4_NKG2F","KLRC4","rs572515","chr1",196677131,"G","A",-0.064,0.008226,0.3973,{"v":7.254e-15,"d":"7.25E-15"},35326,true,"reported","textfile",0.00171058452761969,60.5282265013755]
["10552_88_KLRC4_NKG2F","KLRC4","rs1707652","chr3",165761011,"T","C",0.0618,0.008678,0.3102,{"v":1.067E-12,"d":"1.07E-12"},35327,true,"reported","textfile",1.43353360398879E-3,50.7122723073913]
["10552_88_KLRC4_NKG2F","KLRC4","rs6993770","chr8",105569300,"T","A",-0.0798,9.665E-3,0.22448,{"v":1.504e-16,"d":"1.50E-16"},35353,true,"reported","textfile",1.92459408529653E-3,68.1675203157265]
["10557_6_TEX29_TEX29","TEX29","rs41452950","chr1",56954954,"G","A",0.2613,0.018314,0.05176,{"v":3.457E-46,"d":"3.46E-46"},35358,true,"reported","textfile",0.0057244198807265,203.557839848271]
["10557_6_TEX29_TEX29","TEX29","rs617283","chr1",56956102,"T","A",0.2612,0.01831,0.05175,{"v":3.611e-46,"d":"3.61E-46"},35357,true,"reported","textfile",0.00572271038706239,203.490945481973]
["10557_6_TEX29_TEX29","TEX29","rs12529130","chr6",31788532,"A","C",0.0696,0.01248,0.11295,{"v":2.451e-08,"d":"2.45E-08"},35427,true,"reported","textfile",0.000877149909028811,31.1003151659642]
["10557_6_TEX29_TEX29","TEX29","rs6458","chr6",32039847,"G","A",0.0939,0.01205,0.12614,{"v":6.573e-15,"d":"6.57E-15"},35428,true,"reported","textfile",0.00171106580350068,60.7201132642062]
["10557_6_TEX29_TEX29","TEX29","rs9801685","chr7",93168318,"A","G",0.0772,0.014072,0.09063,{"v":4.111e-08,"d":"4.11E-08"},35347,true,"reported","textfile",0.000850747645079584,30.0952790030778]
["10557_6_TEX29_TEX29","TEX29","rs76342676","chr7",94660581,"T","C",0.2071,0.028635,0.02104,{"v":4.749e-13,"d":"4.75E-13"},35340,true,"reported","textfile",0.00147794047030345,52.3047636665958]
["10557_6_TEX29_TEX29","TEX29","rs854547","chr7",95294544,"A","G",-0.261,0.008132,0.40137,{"v":1e-200,"d":"1.00E-200"},35337,true,"reported","textfile",0.0283254885313995,1030.05803429407]
["10557_6_TEX29_TEX29","TEX29","rs374185817","chr7",95313618,"ATGTGTGTGTGTGTG","ATGTGTGTGTG",-0.1593,0.012832,0.11327,{"v":2.197E-35,"d":"2.20E-35"},35337,true,"reported","textfile",0.00434233390077633,154.105546121151]
["10557_6_TEX29_TEX29","TEX29","rs2922965","chr7",96822559,"G","T",-0.1423,0.021736,0.03498,{"v":5.883e-11,"d":"5.88E-11"},35337,true,"reported","textfile",0.00121141916838138,42.8574146083198]
["10557_6_TEX29_TEX29","TEX29","rs57971788","chr7",98327356,"GTAAATAAATAAATAAA","GTAAATAAA",0.1538,0.026747,0.02179,{"v":8.915e-09,"d":"8.92E-09"},35356,true,"reported","textfile",9.34315239588128E-4,33.0626719386524]
["10557_6_TEX29_TEX29","TEX29","rs72760268","chr9",121196169,"T","C",0.249,0.041206,0.01017,{"v":1.515E-9,"d":"1.52E-09"},35361,true,"reported","textfile",0.00103158494798608,36.5134789311036]
["10558_26_PCDH9_PCDH9","PCDH9","rs192652452","chr13",66130832,"G","A",0.3516,0.035408,0.01404,{"v":3.087e-23,"d":"3.09E-23"},35337,true,"reported","textfile",0.00278262766631218,98.598511535196]
["10558_26_PCDH9_PCDH9","PCDH9","rs4396423","chr13",66715735,"T","C",0.0977,0.008847,0.35099,{"v":2.371e-28,"d":"2.37E-28"},35341,true,"reported","textfile",0.00343892069493197,121.947385827014]
["10558_26_PCDH9_PCDH9","PCDH9","rs9571710","chr13",67065009,"T","G",0.196,0.009574,0.26606,{"v":3.893e-93,"d":"3.89E-93"},35344,true,"reported","textfile",0.0117189863898103,419.083652609803]
["10558_26_PCDH9_PCDH9","PCDH9","rs5804316","chr13",67220270,"AT","A",-0.2933,0.013358,0.1144,{"v":7.505e-107,"d":"7.51E-107"},35347,true,"reported","textfile",0.0134556689355026,482.077290953738]
["10558_26_PCDH9_PCDH9","PCDH9","rs7087507","chr10",61985930,"G","A",0.0613,0.009207,0.28935,{"v":2.777e-11,"d":"2.78E-11"},35339,true,"reported","textfile",0.00125281220664513,44.3261572971545]
["10558_26_PCDH9_PCDH9","PCDH9","rs7310615","chr12",111427245,"G","C",-0.0537,0.008683,0.37607,{"v":6.222e-10,"d":"6.22E-10"},35358,true,"reported","textfile",0.00108056709842344,38.2458575471755]
["10558_26_PCDH9_PCDH9","PCDH9","rs9738226","chr12",120985856,"G","A",0.0765,0.008783,0.35359,{"v":3.048e-18,"d":"3.05E-18"},35353,true,"reported","textfile",0.00214131162447175,75.8599470230932]
["10558_26_PCDH9_PCDH9","PCDH9","rs7327146","chr13",62379845,"AGAACT","AAAACT",0.084,0.012825,0.12633,{"v":5.766e-11,"d":"5.77E-11"},35336,true,"reported","textfile",0.00121254960694717,42.8962416328028]
["10558_26_PCDH9_PCDH9","PCDH9","rs147278277","chr13",68631674,"T","A",0.1451,0.024699,0.02988,{"v":4.238e-09,"d":"4.24E-09"},35346,true,"reported","textfile",0.000975465615471041,34.5105205393666]
["10558_26_PCDH9_PCDH9","PCDH9","rs950941","chr13",70958033,"T","A",-0.0562,0.009098,0.32442,{"v":6.537e-10,"d":"6.54E-10"},35347,true,"reported","textfile",0.0010783497257894,38.1554159403429]
["10558_26_PCDH9_PCDH9","PCDH9","rs2786946","chr13",100693788,"C","G",0.1266,0.009058,0.33297,{"v":2.172E-44,"d":"2.17E-44"},35348,true,"reported","textfile",0.00549597158888558,195.334162789781]
["10558_26_PCDH9_PCDH9","PCDH9","rs55823018","chr16",88468834,"T","C",0.0559,0.009272,0.29597,{"v":1.651E-9,"d":"1.65E-09"},35308,true,"reported","textfile",1.02838752352979E-3,36.3456272953883]
["10558_26_PCDH9_PCDH9","PCDH9","rs55714927","chr17",7176997,"T","C",0.0778,0.010351,0.21166,{"v":5.642e-14,"d":"5.64E-14"},35358,true,"reported","textfile",1.59519414950278E-3,56.4897965427718]
["10558_26_PCDH9_PCDH9","PCDH9","rs736289","chr19",33266156,"C","T",0.0538,0.008807,0.3465,{"v":1.005e-09,"d":"1.01E-09"},35351,true,"reported","textfile",0.00105450501086313,37.31504653255]
["10558_26_PCDH9_PCDH9","PCDH9","rs142546236","chr22",38864217,"CTATTTCTT","CTATTTCT",0.0861,0.012549,0.12727,{"v":6.834e-12,"d":"6.83E-12"},35352,true,"reported","textfile",0.00132983008401159,47.0720913530082]
["10558_26_PCDH9_PCDH9","PCDH9","rs11720167","chr3",165768357,"G","T",0.0587,0.01069,0.19032,{"v":3.991e-08,"d":"3.99E-08"},35327,true,"reported","textfile",0.000852792775501326,30.1506170229584]
["10558_26_PCDH9_PCDH9","PCDH9","rs3887925","chr3",186947857,"T","C",0.0585,0.008451,0.49542,{"v":4.451e-12,"d":"4.45E-12"},35356,true,"reported","textfile",1.35345620297524E-3,47.9149413746053]
["10558_26_PCDH9_PCDH9","PCDH9","rs7660227","chr4",108603549,"AG","AT",0.0479,0.008596,0.48651,{"v":2.511e-08,"d":"2.51E-08"},35344,true,"reported","textfile",0.000877770813673317,31.0494303806117]
["10558_26_PCDH9_PCDH9","PCDH9","rs700589","chr5",88812636,"A","T",0.0538,0.008973,0.32648,{"v":2.026e-09,"d":"2.03E-09"},35332,true,"reported","textfile",0.00101643436006114,35.9471638734678]
["10558_26_PCDH9_PCDH9","PCDH9","rs77341267","chr5",158968629,"C","T",-0.0974,0.017835,0.0583,{"v":4.73E-8,"d":"4.73E-08"},35357,true,"reported","textfile",0.000842810806463495,29.8227109655967]
["10558_26_PCDH9_PCDH9","PCDH9","rs7840212","chr8",129587001,"T","C",-0.0674,0.008949,0.32442,{"v":5.011e-14,"d":"5.01E-14"},35360,true,"reported","textfile",1.60163069561416E-3,56.7213047182577]
["10558_26_PCDH9_PCDH9","PCDH9","rs10984499","chr9",97953107,"A","G",-0.0636,0.008754,0.35268,{"v":3.725e-13,"d":"3.73E-13"},35333,true,"reported","textfile",0.00149166852601204,52.7808722584546]
["10560_1_ITM2C_ITM2C","ITM2C","rs10922098","chr1",196695521,"T","C",-0.0786,7.979E-3,0.40011,{"v":6.793e-23,"d":"6.79E-23"},35326,true,"reported","textfile",0.00273944344880458,97.0339193201664]
["10560_1_ITM2C_ITM2C","ITM2C","rs893522","chr3",165842830,"C","A",0.0966,0.016868,0.05998,{"v":1.023E-8,"d":"1.02E-08"},35327,true,"reported","textfile",0.000927507246981205,32.7946107387332]
["10560_1_ITM2C_ITM2C","ITM2C","rs28573154","chr6",32008772,"A","G",0.0715,0.010892,0.145,{"v":5.218e-11,"d":"5.22E-11"},35428,true,"reported","textfile",0.00121484888481277,43.0895839263571]
["10560_1_ITM2C_ITM2C","ITM2C","rs148919153","chr9",122605589,"G","A",0.2283,0.034183,0.01389,{"v":2.41e-11,"d":"2.41E-11"},35352,true,"reported","textfile",0.00126017208061387,44.6032908715602]
["10561_5_PGLYRP3_PGRP_I_alpha","PGLYRP3","rs141738509","chr1",153340595,"C","A",-0.1795,0.027834,0.02076,{"v":1.126E-10,"d":"1.13E-10"},35351,true,"reported","textfile",1.17507430058112E-3,41.5865687594405]
["10561_5_PGLYRP3_PGRP_I_alpha","PGLYRP3","rs10922098","chr1",196695521,"T","C",-0.1593,0.008121,0.40011,{"v":1.126e-85,"d":"1.13E-85"},35326,true,"reported","textfile",0.0107748986535457,384.758251200651]
["10561_5_PGLYRP3_PGRP_I_alpha","PGLYRP3","rs1047286","chr19",6713251,"A","G",-0.0535,0.009317,0.24066,{"v":9.355e-09,"d":"9.36E-09"},35360,true,"reported","textfile",0.000931618986999099,32.9709004592004]
["10561_5_PGLYRP3_PGRP_I_alpha","PGLYRP3","rs12478841","chr2",27588855,"G","A",0.0562,0.009611,0.21569,{"v":4.985e-09,"d":"4.99E-09"},35361,true,"reported","textfile",0.000966031289995524,34.1909298910605]
["10561_5_PGLYRP3_PGRP_I_alpha","PGLYRP3","rs9864801","chr3",165730789,"TAGAGAG","TATAGAG",-0.0747,0.008072,0.41936,{"v":2.151E-20,"d":"2.15E-20"},35327,true,"reported","textfile",0.00241835797503373,85.6355929873142]
["10561_5_PGLYRP3_PGRP_I_alpha","PGLYRP3","rs138073993","chr3",166034304,"AATTTTTTCTTTTTTTTTG","AATTTTTTTTTTTTTTTG",0.0662,0.012107,0.12422,{"v":4.551e-08,"d":"4.55E-08"},35327,true,"reported","textfile",0.000845607327756915,29.8963594336233]
["10561_5_PGLYRP3_PGRP_I_alpha","PGLYRP3","rs2075798","chr6",31878964,"A","C",0.1073,0.014862,0.0783,{"v":5.203e-13,"d":"5.20E-13"},35429,true,"reported","textfile",0.00146908711651194,52.1219209191788]
["10561_5_PGLYRP3_PGRP_I_alpha","PGLYRP3","rs550671","chr6",31976816,"T","C",0.1251,0.011454,0.14045,{"v":9.083e-28,"d":"9.08E-28"},35428,true,"reported","textfile",0.00335578228621961,119.282228460946]
["10565_19_SLITRK3_SLIK3","SLITRK3","rs80336735","chr3",164927647,"C","A",-0.1232,0.013889,0.09881,{"v":7.278e-19,"d":"7.28E-19"},35330,true,"reported","textfile",0.00222213115961064,78.6782830711216]
["10565_19_SLITRK3_SLIK3","SLITRK3","rs62282368","chr3",165192568,"AGAAAAGAAAAAGAAAAAA","TGAAAAGAAAAAGAAAAAA",-0.4935,0.009356,0.11041,{"v":1e-200,"d":"1.00E-200"},35328,true,"reported","textfile",0.0730049411577933,2782.07799139866]
["10565_19_SLITRK3_SLIK3","SLITRK3","rs79598313","chr1",26958422,"T","C",0.2346,0.034729,0.0134,{"v":1.426e-11,"d":"1.43E-11"},35358,true,"reported","textfile",0.00128891310286691,45.6296242855832]
["10565_19_SLITRK3_SLIK3","SLITRK3","rs7540799","chr1",151825217,"T","C",0.0631,0.011187,0.15738,{"v":1.694e-08,"d":"1.69E-08"},35349,true,"reported","textfile",0.000899215139177791,31.8131644035742]
["10565_19_SLITRK3_SLIK3","SLITRK3","rs10761727","chr10",63235733,"T","C",-0.0569,0.008181,0.47803,{"v":3.523e-12,"d":"3.52E-12"},35339,true,"reported","textfile",1.36698393839523E-3,48.37123413121]
["10565_19_SLITRK3_SLIK3","SLITRK3","rs1519125","chr11",16223042,"C","G",0.0459,0.008282,0.40827,{"v":2.985e-08,"d":"2.99E-08"},35357,true,"reported","textfile",0.00086796536176669,30.7135736833546]
["10565_19_SLITRK3_SLIK3","SLITRK3","rs2259820","chr12",120997539,"T","C",-0.0645,0.009002,0.2883,{"v":7.765e-13,"d":"7.77E-13"},35353,true,"reported","textfile",1.45005651947629E-3,51.3353872329433]
["10565_19_SLITRK3_SLIK3","SLITRK3","rs74397112","chr12",132517525,"T","C",0.0621,0.011039,0.16588,{"v":1.849e-08,"d":"1.85E-08"},34856,true,"reported","textfile",0.000907093515327581,31.6445419420186]
["10565_19_SLITRK3_SLIK3","SLITRK3","rs57526361","chr16",30635175,"A","G",-0.0501,0.00848,0.36365,{"v":3.466e-09,"d":"3.47E-09"},35358,true,"reported","textfile",0.000986205773515627,34.9027125850813]
["10565_19_SLITRK3_SLIK3","SLITRK3","rs56292801","chr16",88468933,"A","G",0.0682,0.009478,0.25442,{"v":6.234e-13,"d":"6.23E-13"},35308,true,"reported","textfile",0.00146428571442117,51.7738831908905]
["10565_19_SLITRK3_SLIK3","SLITRK3","rs12601665","chr17",49244902,"G","C",0.0685,0.0082,0.47345,{"v":6.635e-17,"d":"6.64E-17"},35353,true,"reported","textfile",0.00197002053007212,69.7796631275222]
["10565_19_SLITRK3_SLIK3","SLITRK3","rs28432811","chr17",49260994,"GTGCGTGTGTGTGTGTGTGTGTGTGC","GTGCGTGTGTGTGTGTGTGTGTGTGT",0.086,0.013571,0.10137,{"v":2.341E-10,"d":"2.34E-10"},35357,true,"reported","textfile",1.1345007983457E-3,40.155832549598]
["10565_19_SLITRK3_SLIK3","SLITRK3","rs273492","chr19",18127072,"A","G",-0.0547,0.009491,0.24761,{"v":8.246e-09,"d":"8.25E-09"},35342,true,"reported","textfile",0.000938969752561279,33.2143783521384]
["10565_19_SLITRK3_SLIK3","SLITRK3","rs41278228","chr20",63963478,"A","G",0.0838,0.010276,0.20241,{"v":3.493e-16,"d":"3.49E-16"},34853,true,"reported","textfile",1.90445973416409E-3,66.4989708076191]
["10565_19_SLITRK3_SLIK3","SLITRK3","rs1154988","chr3",136206349,"A","T",-0.0977,0.009922,0.22728,{"v":7.049e-23,"d":"7.05E-23"},35349,true,"reported","textfile",0.00273541953586604,96.954084430891]
["10565_19_SLITRK3_SLIK3","SLITRK3","rs2036291","chr3",152349004,"G","A",0.0456,0.008326,0.44401,{"v":4.328e-08,"d":"4.33E-08"},35337,true,"reported","textfile",0.000848122733516416,29.9938552593138]
["10565_19_SLITRK3_SLIK3","SLITRK3","rs11924462","chr3",163413410,"TTTG","CTTG",-0.0636,8.463E-3,0.38764,{"v":5.704e-14,"d":"5.70E-14"},35329,true,"reported","textfile",0.00159602799547435,56.473013506668]
["10565_19_SLITRK3_SLIK3","SLITRK3","rs114464925","chr3",166349458,"T","G",0.1608,0.022172,0.03638,{"v":4.095e-13,"d":"4.10E-13"},35342,true,"reported","textfile",1.48602246551963E-3,52.5941900794775]
["10565_19_SLITRK3_SLIK3","SLITRK3","rs147150049","chr3",166665549,"G","A",-0.3157,0.036974,0.01226,1.36E-17,35342,true,"reported","textfile",0.00205859166945851,72.9007023772752]
["10565_19_SLITRK3_SLIK3","SLITRK3","rs75357795","chr3",167761101,"G","C",-0.1828,0.02952,0.02031,{"v":5.922e-10,"d":"5.92E-10"},35342,true,"reported","textfile",0.00108382109873751,38.3437954438913]
["10565_19_SLITRK3_SLIK3","SLITRK3","rs2111557","chr3",169607833,"T","C",0.0525,0.008297,0.48945,{"v":2.491E-10,"d":"2.49E-10"},35345,true,"reported","textfile",1.13150572512778E-3,40.0361079285241]
["10565_19_SLITRK3_SLIK3","SLITRK3","rs9462852","chr6",42939589,"T","C",-0.1313,0.017678,0.05885,{"v":1.109E-13,"d":"1.11E-13"},35355,true,"reported","textfile",0.00155788445306233,55.1618248183998]
["10565_19_SLITRK3_SLIK3","SLITRK3","rs2749005","chr6",52756635,"G","T",-0.058,0.008699,0.33245,{"v":2.597e-11,"d":"2.60E-11"},35353,true,"reported","textfile",1.25587174961528E-3,44.4521484180577]
["10565_19_SLITRK3_SLIK3","SLITRK3","rs7740107","chr6",130053316,"A","T",-0.0546,0.009309,0.26238,{"v":4.485e-09,"d":"4.49E-09"},35355,true,"reported","textfile",0.000972088946897143,34.3997001079062]
["10565_19_SLITRK3_SLIK3","SLITRK3","rs36170987","chr7",259884,"T","G",-0.0686,0.008187,0.46293,{"v":5.327e-17,"d":"5.33E-17"},35310,true,"reported","textfile",0.00198444124505672,70.2059711051731]
["10565_19_SLITRK3_SLIK3","SLITRK3","rs186735625","chr7",28180337,"T","C",0.1064,0.015477,0.07645,{"v":6.209e-12,"d":"6.21E-12"},35362,true,"reported","textfile",1.33472814579792E-3,47.2590652399342]
["10565_19_SLITRK3_SLIK3","SLITRK3","rs148190310","chr7",148867046,"A","G",0.1273,0.022086,0.03692,{"v":8.221e-09,"d":"8.22E-09"},35362,true,"reported","textfile",0.000938594562635028,33.2198837370215]
["10565_19_SLITRK3_SLIK3","SLITRK3","rs2976842","chr8",8432389,"A","T",-0.0443,0.0081,0.44317,{"v":4.52e-08,"d":"4.52E-08"},35375,true,"reported","textfile",0.000844838899572203,29.909755319338]
["10565_19_SLITRK3_SLIK3","SLITRK3","rs722740","chr8",115949755,"T","C",-0.0486,8.345E-3,0.39677,{"v":5.747e-09,"d":"5.75E-09"},35337,true,"reported","textfile",9.58900477768305E-4,33.9152697503103]
["10569_28_SCGB1A1_Urinary_protein_1","SCGB1A1","rs187347153","chr1",16388188,"C","A",-0.1415,0.025619,0.02573,{"v":3.329e-08,"d":"3.33E-08"},35374,true,"reported","textfile",8.61648210668895E-4,30.5045046596375]
["10569_28_SCGB1A1_Urinary_protein_1","SCGB1A1","rs57585017","chr1",16646562,"A","G",-0.181,0.015637,0.07738,{"v":5.503e-31,"d":"5.50E-31"},35370,true,"reported","textfile",0.00377375062781166,133.975602719316]
["10569_28_SCGB1A1_Urinary_protein_1","SCGB1A1","rs12217103","chr1",16949400,"T","A",-0.2814,0.009091,0.27414,{"v":1e-200,"d":"1.00E-200"},35371,true,"reported","textfile",0.0263736271180602,958.076777211316]
["10569_28_SCGB1A1_Urinary_protein_1","SCGB1A1","rs35496797","chr1",17010050,"C","G",-0.1046,0.011393,0.15338,{"v":4.279e-20,"d":"4.28E-20"},35375,true,"reported","textfile",0.00237715287620018,84.2873927078318]
["10569_28_SCGB1A1_Urinary_protein_1","SCGB1A1","rs61767275","chr1",17066032,"G","C",0.185,0.025075,0.02639,{"v":1.609E-13,"d":"1.61E-13"},35375,true,"reported","textfile",0.00153637549780304,54.4298351488591]
["10569_28_SCGB1A1_Urinary_protein_1","SCGB1A1","rs203688","chr1",196703255,"A","G",-0.0482,0.008396,0.39961,{"v":9.437e-09,"d":"9.44E-09"},35327,true,"reported","textfile",0.000932046300554417,32.9552513872241]
["10569_28_SCGB1A1_Urinary_protein_1","SCGB1A1","rs1126605","chr12",7089608,"T","C",0.2266,0.013924,0.09116,{"v":1.498e-59,"d":"1.50E-59"},35378,true,"reported","textfile",0.00743052363317384,264.830029842678]
["10569_28_SCGB1A1_Urinary_protein_1","SCGB1A1","rs1355538","chr3",165787389,"G","A",-0.0786,0.008312,0.39847,{"v":3.208e-21,"d":"3.21E-21"},35326,true,"reported","textfile",0.00252488514987604,89.4148051479182]
["10569_28_SCGB1A1_Urinary_protein_1","SCGB1A1","rs7614709","chr3",186675997,"A","G",0.094,0.009552,0.23639,{"v":7.497e-23,"d":"7.50E-23"},35356,true,"reported","textfile",0.00273159315236571,96.8372643168389]
["10569_28_SCGB1A1_Urinary_protein_1","SCGB1A1","rs143819005","chr7",151220805,"C","T",0.067,0.011253,0.15473,{"v":2.614e-09,"d":"2.61E-09"},35362,true,"reported","textfile",0.00100147703288439,35.4477279682202]
["10571_14_MGAT1_MGAT1","MGAT1","rs634501","chr5",180791668,"G","A",0.0628,0.008987,0.25799,{"v":2.797e-12,"d":"2.80E-12"},35309,true,"reported","textfile",0.00138103344583181,48.8275803935863]
["10571_14_MGAT1_MGAT1","MGAT1","rs10922098","chr1",196695521,"T","C",-0.0667,0.00801,0.40011,{"v":8.314e-17,"d":"8.31E-17"},35326,true,"reported","textfile",0.00195902754185464,69.3365210428527]
["10571_14_MGAT1_MGAT1","MGAT1","rs4448834","chr14",106715151,"T","C",-0.0887,0.008021,0.36848,{"v":1.982E-28,"d":"1.98E-28"},34957,true,"reported","textfile",0.00348609658041446,122.282795603986]
["10571_14_MGAT1_MGAT1","MGAT1","rs28873836","chr19",51811402,"C","G",-0.0545,8.77E-3,0.27564,{"v":5.145e-10,"d":"5.15E-10"},35372,true,"reported","textfile",0.00109058697640281,38.6161756536136]
["10571_14_MGAT1_MGAT1","MGAT1","rs41285751","chr6",31932038,"T","G",0.0854,0.014291,0.08277,{"v":2.287e-09,"d":"2.29E-09"},35429,true,"reported","textfile",0.00100691796485954,35.7080378058355]
["10571_14_MGAT1_MGAT1","MGAT1","rs41556615","chr6",32521981,"C","T",0.0653,0.007971,0.41925,{"v":2.557e-16,"d":"2.56E-16"},35427,true,"reported","textfile",1.89079492456121E-3,67.1082982322744]
["10572_65_CST8_CST8","CST8","rs10922094","chr1",196692375,"CATTA","GATTA",-0.1613,0.008506,0.40155,{"v":3.446e-80,"d":"3.45E-80"},35327,true,"reported","textfile",0.0100765722271062,359.578229927687]
["10572_65_CST8_CST8","CST8","rs11535840","chr11",71515717,"A","G",0.1529,0.021307,0.03917,{"v":7.17e-13,"d":"7.17E-13"},35361,true,"reported","textfile",0.00145416546096658,51.4927154626344]
["10572_65_CST8_CST8","CST8","rs200957441","chr11",72156868,"TT","T",0.1514,0.013302,0.11088,{"v":5.14e-30,"d":"5.14E-30"},35361,true,"reported","textfile",0.00365010371686206,129.536840226507]
["10572_65_CST8_CST8","CST8","rs117199639","chr11",74348205,"TCGCTG","TCGCCG",0.1579,0.027592,0.02324,{"v":1.048E-8,"d":"1.05E-08"},35359,true,"reported","textfile",9.25328358488261E-4,32.7471366252481]
["10572_65_CST8_CST8","CST8","rs3748338","chr14",20699417,"T","A",0.0874,0.011615,0.15453,{"v":5.292e-14,"d":"5.29E-14"},35324,true,"reported","textfile",0.00160036474130043,56.6186939537158]
["10572_65_CST8_CST8","CST8","rs41324748","chr17",35498384,"G","A",-0.5803,0.042042,0.01015,{"v":2.45e-43,"d":"2.45E-43"},35351,true,"reported","textfile",0.00536046444432736,190.508270452639]
["10572_65_CST8_CST8","CST8","rs117517474","chr17",35556493,"C","T",-0.2423,0.040959,0.01071,{"v":3.304e-09,"d":"3.30E-09"},35358,true,"reported","textfile",0.00098875984674108,34.9931930055308]
["10572_65_CST8_CST8","CST8","rs4251784","chr17",35844448,"A","G",-0.2631,0.02071,0.04233,{"v":5.624e-37,"d":"5.62E-37"},35358,true,"reported","textfile",0.00454376620941187,161.382683283052]
["10572_65_CST8_CST8","CST8","rs112930619","chr17",35961002,"C","A",-0.7924,0.026145,0.02581,{"v":1e-200,"d":"1.00E-200"},35354,true,"reported","textfile",0.025324059748728,918.516732860189]
["10572_65_CST8_CST8","CST8","rs146038760","chr17",35976644,"CTCTCTCTCTTTTTTTT","CTCTCTCTCTCTTTTTTT",-0.7923,0.026048,0.02613,{"v":1e-200,"d":"1.00E-200"},35350,true,"reported","textfile",0.0255047375801166,925.136836215332]
["10572_65_CST8_CST8","CST8","rs150951362","chr17",35977228,"A","G",-0.7549,0.021873,0.03577,{"v":1e-200,"d":"1.00E-200"},35354,true,"reported","textfile",0.0325936153925303,1191.07079474595]
["10572_65_CST8_CST8","CST8","rs139210698","chr17",38301114,"A","C",-0.2302,0.028736,0.02285,{"v":1.138E-15,"d":"1.14E-15"},35361,true,"reported","textfile",0.00181153203525998,64.1702076215735]
["10572_65_CST8_CST8","CST8","rs1707652","chr3",165761011,"T","C",0.065,0.009007,0.3102,{"v":5.333e-13,"d":"5.33E-13"},35327,true,"reported","textfile",1.47204084036732E-3,52.0765014228937]
["10572_65_CST8_CST8","CST8","rs72548024","chr6",31832870,"ATATT","ATTT",0.0952,0.011227000000000001,0.16365,{"v":2.256E-17,"d":"2.26E-17"},35427,true,"reported","textfile",0.00202549660727776,71.8988481858823]
["10572_65_CST8_CST8","CST8","rs41285751","chr6",31932038,"T","G",0.2231,0.01519,0.08277,{"v":7.805e-49,"d":"7.81E-49"},35429,true,"reported","textfile",0.006051853782152,215.704435644984]
["10572_65_CST8_CST8","CST8","rs451652","chr6",32041507,"A","G",0.1731,0.01258,0.13221,{"v":4.411e-43,"d":"4.41E-43"},35425,true,"reported","textfile",5.31628192429016E-3,189.325160532885]
["10572_65_CST8_CST8","CST8","rs67322126","chr6",32539982,"G","A",0.0617,0.009703,0.22906,{"v":2.035E-10,"d":"2.04E-10"},35427,true,"reported","textfile",1.14006203324231E-3,40.4327934202854]
["10574_10_AXL_AXL","AXL","rs143728110","chr17",34559913,"T","G",-0.3483,0.035694,0.01399,{"v":1.706e-22,"d":"1.71E-22"},35359,true,"reported","textfile",0.00268564500712398,95.2120563005039]
["10574_10_AXL_AXL","AXL","rs141462616","chr17",35834855,"A","C",0.2184,0.038715,0.01152,{"v":1.688E-8,"d":"1.69E-08"},35358,true,"reported","textfile",0.000899224943555238,31.821611891496]
["10574_10_AXL_AXL","AXL","rs146211397","chr17",36041115,"TGATGATGATGATGATGATGATGATGATGATGATGA","TGATGATGATGATGATGATGATGATGATGATGATGATAT",-0.1958,0.017267,0.06091,{"v":8.353e-30,"d":"8.35E-30"},35355,true,"reported","textfile",0.00362379900124317,128.578107307793]
["10574_10_AXL_AXL","AXL","rs11080372","chr17",36075679,"G","A",-0.1001,0.008342,0.43422,{"v":3.579e-33,"d":"3.58E-33"},35357,true,"reported","textfile",0.00405590092878449,143.980347361767]
["10574_10_AXL_AXL","AXL","rs4796158","chr17",36121125,"A","G",-0.0597,0.008779,0.36962,{"v":1.043E-11,"d":"1.04E-11"},35354,true,"reported","textfile",1.30632820735414E-3,46.241721651734]
["10574_10_AXL_AXL","AXL","rs4603604","chr17",36146748,"T","C",0.2883,0.008728,0.45762,{"v":1e-200,"d":"1.00E-200"},35354,true,"reported","textfile",0.0299378636093332,1091.02635245101]
["10574_10_AXL_AXL","AXL","rs9330240","chr17",36618251,"T","C",-0.4399,0.017077,0.0631,{"v":2.545e-146,"d":"2.55E-146"},35366,true,"reported","textfile",0.0184172899116982,663.529454770758]
["10574_10_AXL_AXL","AXL","rs75240299","chr17",37399772,"A","G",-0.0657,0.010777,0.17783,{"v":1.086E-9,"d":"1.09E-09"},35368,true,"reported","textfile",0.00104970762003011,37.1629699427166]
["10574_10_AXL_AXL","AXL","rs61080193","chr3",45387850,"G","A",0.1088,0.019067,0.04859,{"v":1.155e-08,"d":"1.16E-08"},35334,true,"reported","textfile",0.000920662025666138,32.5588063474411]
["10574_10_AXL_AXL","AXL","rs113341849","chr3",46342713,"A","G",0.3179,0.01234,0.11937,{"v":2.348e-146,"d":"2.35E-146"},35331,true,"reported","textfile",0.0184379471960358,663.630215357199]
["10575_31_PUF60_PUF60","PUF60","rs10922094","chr1",196692375,"CATTA","GATTA",-0.0596,0.008096,0.40155,{"v":1.812E-13,"d":"1.81E-13"},35327,true,"reported","textfile",0.0015317187729611,54.1909709824297]
["10575_31_PUF60_PUF60","PUF60","rs4795734","chr17",33030407,"A","G",-0.0517,0.009316,0.23628,{"v":2.865e-08,"d":"2.87E-08"},35360,true,"reported","textfile",0.000870225432499398,30.7962305053246]
["10575_31_PUF60_PUF60","PUF60","rs28873836","chr19",51811402,"C","G",-0.1014,8.848E-3,0.27564,{"v":2.084e-30,"d":"2.08E-30"},35372,true,"reported","textfile",3.69927410549727E-3,131.32914762655]
["10575_31_PUF60_PUF60","PUF60","rs4801902","chr19",51936045,"T","C",0.098,0.016013,0.0647,{"v":9.353e-10,"d":"9.35E-10"},35372,true,"reported","textfile",1.05776088918601E-3,37.4526185656255]
["10575_31_PUF60_PUF60","PUF60","rs3129754","chr6",32615269,"G","A",0.0456,0.007903,0.4942,{"v":7.922e-09,"d":"7.92E-09"},35427,true,"reported","textfile",0.000938865560328802,33.2905678422787]
["10580_14_SFTA2_SFTA2","SFTA2","rs10922098","chr1",196695521,"T","C",-0.1257,0.008031,0.40011,{"v":3.217e-55,"d":"3.22E-55"},35326,true,"reported","textfile",0.00688708540382389,244.966510080678]
["10580_14_SFTA2_SFTA2","SFTA2","rs6445035","chr3",165762312,"A","G",0.1032,0.010007,0.1904,{"v":6.184e-25,"d":"6.18E-25"},35327,true,"reported","textfile",0.00300150684844006,106.347431966507]
["10580_14_SFTA2_SFTA2","SFTA2","rs3863087","chr3",165792099,"A","G",-0.0867,0.013611,0.09559,{"v":1.894e-10,"d":"1.89E-10"},35326,true,"reported","textfile",0.00114726864363738,40.572665314551]
["10580_14_SFTA2_SFTA2","SFTA2","rs28573154","chr6",32008772,"A","G",0.1041,0.010966,0.145,{"v":2.254e-21,"d":"2.25E-21"},35428,true,"reported","textfile",2.53720201045527E-3,90.1115496272679]
["10580_14_SFTA2_SFTA2","SFTA2","rs7774739","chr6",32041524,"G","A",0.0937,0.010989,0.17585,{"v":1.509e-17,"d":"1.51E-17"},35425,true,"reported","textfile",2.04815378330751E-3,72.7006535847904]
["10582_36_POMK_SG196","POMK","rs10922098","chr1",196695521,"T","C",-0.1699,0.008066,0.40011,{"v":1.745E-98,"d":"1.75E-98"},35326,true,"reported","textfile",0.0124038144698015,443.655361119123]
["10582_36_POMK_SG196","POMK","rs141575023","chr14",105904512,"T","C",0.0715,0.012099,0.12748,{"v":3.425e-09,"d":"3.43E-09"},34955,true,"reported","textfile",0.000998091005340039,34.9211293747757]
["10582_36_POMK_SG196","POMK","rs1047286","chr19",6713251,"A","G",-0.053,9.273E-3,0.24066,{"v":1.093e-08,"d":"1.09E-08"},35360,true,"reported","textfile",0.000922991980990099,32.6653002740575]
["10582_36_POMK_SG196","POMK","rs2686395","chr3",165767231,"C","T",-0.0861,0.008551,0.3101,{"v":7.534e-24,"d":"7.53E-24"},35327,true,"reported","textfile",0.00286168045949928,101.378976467774]
["10582_36_POMK_SG196","POMK","rs3099847","chr6",31455283,"T","C",0.0788,0.014424,0.09144,{"v":4.683e-08,"d":"4.68E-08"},35426,true,"reported","textfile",0.000841769448942939,29.843962695387]
["10582_36_POMK_SG196","POMK","rs555007","chr6",31882555,"C","T",0.1076,0.014771,0.07832,{"v":3.226e-13,"d":"3.23E-13"},35429,true,"reported","textfile",0.00149553253119316,53.061586311065]
["10582_36_POMK_SG196","POMK","rs550671","chr6",31976816,"T","C",0.1349,0.011381,0.14045,{"v":2.068E-32,"d":"2.07E-32"},35428,true,"reported","textfile",0.00395000417484333,140.487775196541]
["10584_7_NDUFS4_NDUS4","NDUFS4","rs7535761","chr1",180559062,"A","C",-0.0476,0.007067,0.49181,{"v":1.629e-11,"d":"1.63E-11"},35344,true,"reported","textfile",1.28194951834989E-3,45.3648152806207]
["10584_7_NDUFS4_NDUS4","NDUFS4","rs6660584","chr1",182761873,"G","A",-0.0506,0.007042,0.48128,{"v":6.7e-13,"d":"6.70E-13"},35350,true,"reported","textfile",0.00145843045083562,51.627895270713]
["10584_7_NDUFS4_NDUS4","NDUFS4","rs6664577","chr1",185482968,"A","G",-0.0934,0.009794,0.15439,{"v":1.482e-21,"d":"1.48E-21"},35340,true,"reported","textfile",0.00256679290884975,90.9387487483593]
["10584_7_NDUFS4_NDUS4","NDUFS4","rs77333802","chr1",190633964,"T","C",0.1437,0.020959,0.0302,{"v":7.066E-12,"d":"7.07E-12"},35327,true,"reported","textfile",0.00132888729828297,47.0054087024211]
["10584_7_NDUFS4_NDUS4","NDUFS4","rs12035228","chr1",196110779,"A","G",-0.0912,0.00813,0.25269,{"v":3.319E-29,"d":"3.32E-29"},35325,true,"reported","textfile",0.00354962186796143,125.829941955612]
["10584_7_NDUFS4_NDUS4","NDUFS4","rs11588705","chr1",196117980,"T","C",-0.6217,0.020448,0.03027,{"v":1e-200,"d":"1.00E-200"},35325,true,"reported","textfile",0.0255011188936105,924.347929118519]
["10584_7_NDUFS4_NDUS4","NDUFS4","rs148789508","chr1",196146044,"A","G",-0.3731,0.031221,0.01251,{"v":6.461e-33,"d":"6.46E-33"},35325,true,"reported","textfile",0.00402645188006832,142.801342493613]
["10584_7_NDUFS4_NDUS4","NDUFS4","rs151334895","chr1",196238740,"C","T",-0.5948,0.017314,0.0428,{"v":1e-200,"d":"1.00E-200"},35323,true,"reported","textfile",0.0323307984934722,1180.11003327383]
["10584_7_NDUFS4_NDUS4","NDUFS4","rs116119767","chr1",196246962,"T","C",0.4131,0.030374,0.01363,{"v":3.976e-42,"d":"3.98E-42"},35325,true,"reported","textfile",0.00520902066904006,184.961706444352]
["10584_7_NDUFS4_NDUS4","NDUFS4","rs72732236","chr1",196358246,"TA","TT",0.3549,0.016813,0.04657,{"v":6.696e-99,"d":"6.70E-99"},35324,true,"reported","textfile",0.0124568370455637,445.550548704169]
["10584_7_NDUFS4_NDUS4","NDUFS4","rs79707161","chr1",196391832,"G","A",0.3436,0.018912,0.03594,{"v":9.229e-74,"d":"9.23E-74"},35324,true,"reported","textfile",0.0092581037751444,330.070569127756]
["10584_7_NDUFS4_NDUS4","NDUFS4","rs114990940","chr1",196505596,"A","G",-0.6046,0.035152,0.01142,{"v":2.681e-66,"d":"2.68E-66"},35326,true,"reported","textfile",0.00830462506291554,295.809159885453]
["10584_7_NDUFS4_NDUS4","NDUFS4","rs10801548","chr1",196560692,"TGTTTTTTTTT","TGTTTTTTCTT",0.2848,0.0049,0.40817,{"v":1e-200,"d":"1.00E-200"},35326,true,"reported","textfile",0.0872829669759105,3378.0278157422]
["10584_7_NDUFS4_NDUS4","NDUFS4","rs139784897","chr1",196612631,"A","G",-0.5725,0.023355,0.02272,{"v":1.086E-132,"d":"1.09E-132"},35326,true,"reported","textfile",0.0167252137585189,600.850809023825]
["10584_7_NDUFS4_NDUS4","NDUFS4","rs35788722","chr1",196706669,"C","A",-0.6192,0.021919,0.02566,{"v":1.456E-175,"d":"1.46E-175"},35327,true,"reported","textfile",0.0220908373988442,797.987032904449]
["10584_7_NDUFS4_NDUS4","NDUFS4","rs112454880","chr1",196720826,"C","T",-0.6579,0.035817,0.01064,{"v":2.345e-75,"d":"2.35E-75"},35327,true,"reported","textfile",0.0094603340546131,337.378009148432]
["10584_7_NDUFS4_NDUS4","NDUFS4","rs191086600","chr1",196752783,"AAAAATTA","CAAAATTA",-0.6258,0.029008,0.01502,{"v":3.202e-103,"d":"3.20E-103"},35326,true,"reported","textfile",0.0130033945023816,465.383472287164]
["10584_7_NDUFS4_NDUS4","NDUFS4","rs384006","chr1",196801995,"G","A",0.5596,0.02197,0.02537,{"v":4.099e-143,"d":"4.10E-143"},35326,true,"reported","textfile",0.0180342127993214,648.740049018673]
["10584_7_NDUFS4_NDUS4","NDUFS4","rs462382","chr1",196833228,"G","A",0.55,0.004605,0.39164,{"v":1e-200,"d":"1.00E-200"},35323,true,"reported","textfile",0.287667730676624,14264.0062128315]
["10584_7_NDUFS4_NDUS4","NDUFS4","rs187739503","chr1",196855556,"T","A",-0.6014,0.02224,0.02509,{"v":4.755e-161,"d":"4.76E-161"},35326,true,"reported","textfile",0.0202798554448362,731.194124888241]
["10584_7_NDUFS4_NDUS4","NDUFS4","rs148056042","chr1",196865091,"A","G",0.3795,0.015802,0.05135,{"v":1.874e-127,"d":"1.87E-127"},35326,true,"reported","textfile",0.0160646600718133,576.733073149045]
["10584_7_NDUFS4_NDUS4","NDUFS4","rs147814709","chr1",196868047,"C","T",-0.5918,0.027056,0.01676,{"v":4.651e-106,"d":"4.65E-106"},35326,true,"reported","textfile",0.0133624446401469,478.40769075164]
["10584_7_NDUFS4_NDUS4","NDUFS4","rs142565493","chr1",196870713,"T","C",0.5202,0.028552,0.01549,{"v":3.632e-74,"d":"3.63E-74"},35326,true,"reported","textfile",0.00930917728512016,331.927348956803]
["10584_7_NDUFS4_NDUS4","NDUFS4","rs191076788","chr1",196946276,"T","G",0.5318,0.027517,0.01687,{"v":3.24e-83,"d":"3.24E-83"},35326,true,"reported","textfile",0.0104624241886073,373.482201254786]
["10584_7_NDUFS4_NDUS4","NDUFS4","rs149681097","chr1",197595865,"A","C",-0.2321,0.021577,0.02789,{"v":5.507e-27,"d":"5.51E-27"},35329,true,"reported","textfile",0.00326450049875937,115.702720709135]
["10584_7_NDUFS4_NDUS4","NDUFS4","rs185873389","chr1",212287695,"TATTG","CATTG",-0.1807,0.03,0.01363,{"v":1.708e-09,"d":"1.71E-09"},35352,true,"reported","textfile",1.02521354206174E-3,36.2784919130774]
["10584_7_NDUFS4_NDUS4","NDUFS4","rs2635536","chr14",19928506,"A","C",0.0508,0.00827,0.17859,{"v":8.113e-10,"d":"8.11E-10"},35319,true,"reported","textfile",0.00106719622859264,37.7304349831235]
["10584_7_NDUFS4_NDUS4","NDUFS4","rs76645026","chr2",9030291,"AT","AG",0.1524,0.027704,0.01198,{"v":3.775e-08,"d":"3.78E-08"},35355,true,"reported","textfile",0.000855189917865951,30.2594067058504]
["10584_7_NDUFS4_NDUS4","NDUFS4","rs144743753","chr2",25301539,"A","G",0.11,0.020126,0.02307,{"v":4.616e-08,"d":"4.62E-08"},35356,true,"reported","textfile",0.000844190627608895,29.8707320405133]
["10584_7_NDUFS4_NDUS4","NDUFS4","rs7580569","chr2",215358531,"TGACACAAAGTAAGACGCA","TGACACAAAGTAAGACACA",0.044,0.00622,0.4242,{"v":1.507e-12,"d":"1.51E-12"},35343,true,"reported","textfile",0.00141386097176663,50.0380073889568]
["10584_7_NDUFS4_NDUS4","NDUFS4","rs138259153","chr2",215393427,"AATATATATATATATATATATT","AATATATATATATATATATT",-0.0395,0.006627,0.31579,{"v":2.515e-09,"d":"2.52E-09"},35343,true,"reported","textfile",0.0010042006575971,35.5251297988443]
["10584_7_NDUFS4_NDUS4","NDUFS4","rs1250258","chr2",215435462,"T","C",0.1157,0.006507,0.32665,{"v":9.944e-71,"d":"9.94E-71"},35343,true,"reported","textfile",0.00886612830810389,316.140785302617]
["10584_7_NDUFS4_NDUS4","NDUFS4","rs4674006","chr2",215500753,"TTTTCCTTCCTTCCTTCCTTTCTTT","TTTTCCTTCCTTCCTTCCTTCCTTT",-0.0553,0.006962,0.26866,{"v":1.966E-15,"d":"1.97E-15"},35343,true,"reported","textfile",1.78198571013152E-3,63.0895817148321]
["10584_7_NDUFS4_NDUS4","NDUFS4","rs74576202","chr4",133319142,"TA","TT",0.1671,0.029293,0.0111,{"v":1.167E-8,"d":"1.17E-08"},35343,true,"reported","textfile",0.00091986079964456,32.5387316239294]
["10600_24_CLGN_CLGN","CLGN","rs2270000","chr1",54785839,"T","C",0.0822,0.012271,0.13474,{"v":2.101E-11,"d":"2.10E-11"},35351,true,"reported","textfile",1.26774263573214E-3,44.8703184462687]
["10600_24_CLGN_CLGN","CLGN","rs144558125","chr1",55238061,"T","C",0.1358,0.020906,0.04144,{"v":8.265e-11,"d":"8.27E-11"},35352,true,"reported","textfile",1.19213547721163E-3,42.1922880428717]
["10600_24_CLGN_CLGN","CLGN","rs79906664","chr1",56682948,"A","G",0.1381,0.013518,0.10836,{"v":1.679e-24,"d":"1.68E-24"},35352,true,"reported","textfile",0.00294352847257484,104.360920847459]
["10600_24_CLGN_CLGN","CLGN","rs6696924","chr1",56894255,"G","T",0.3517,0.009453,0.24921,{"v":1e-200,"d":"1.00E-200"},35357,true,"reported","textfile",0.0376748764225171,1384.14265956847]
["10600_24_CLGN_CLGN","CLGN","rs41286846","chr1",56943654,"C","T",-0.2276,0.015185,0.08278,{"v":8.697e-51,"d":"8.70E-51"},35358,true,"reported","textfile",6.31359297666193E-3,224.641689475799]
["10600_24_CLGN_CLGN","CLGN","rs4912425","chr1",57057812,"G","A",0.1614,0.010353,0.20892,{"v":8.585E-55,"d":"8.59E-55"},35358,true,"reported","textfile",6.82671809070082E-3,243.024504596833]
["10600_24_CLGN_CLGN","CLGN","rs155298","chr1",57190828,"T","C",-0.0523,8.77E-3,0.34977,{"v":2.468e-09,"d":"2.47E-09"},35356,true,"reported","textfile",0.00100485741673499,35.5614633114072]
["10600_24_CLGN_CLGN","CLGN","rs139128791","chr1",196965155,"T","C",-0.1496,0.026054,0.02649,{"v":9.361e-09,"d":"9.36E-09"},35326,true,"reported","textfile",0.00093242684398939,32.9677858856279]
["10600_24_CLGN_CLGN","CLGN","rs28399664","chr19",44821494,"CCCCCGATCCGCCCCCT","CCCCCCATCCGCCCCCT",-0.1115,0.018648,0.05059,{"v":2.243e-09,"d":"2.24E-09"},35355,true,"reported","textfile",0.00101017225968061,35.7487322741507]
["10600_24_CLGN_CLGN","CLGN","rs118170342","chr19",44898611,"C","T",-0.11,0.019731,0.04525,{"v":2.476e-08,"d":"2.48E-08"},35356,true,"reported","textfile",0.000878299112414602,31.0786832001756]
["10600_24_CLGN_CLGN","CLGN","rs1065853","chr19",44909969,"GGGGGGGTGGT","GGGGGGGGGGT",0.2865,0.017246,0.05944,{"v":5.667e-62,"d":"5.67E-62"},35354,true,"reported","textfile",0.00774563361668017,275.961133449017]
["10600_24_CLGN_CLGN","CLGN","rs1707652","chr3",165761011,"T","C",0.049,0.008818,0.3102,{"v":2.752e-08,"d":"2.75E-08"},35327,true,"reported","textfile",0.000873304656106424,30.876451525841]
["10600_24_CLGN_CLGN","CLGN","rs138772443","chr9",136451014,"A","G",0.1482,0.026851,0.02385,{"v":3.403e-08,"d":"3.40E-08"},35263,true,"reported","textfile",0.00086313991828607,30.4614691686942]
["10600_24_CLGN_CLGN","CLGN","rs908830","chr9",136946407,"C","T",-0.3348,0.018503,0.05088,{"v":3.522e-73,"d":"3.52E-73"},35248,true,"reported","textfile",0.00920315499320732,327.387397855876]
["10603_1_HTN3_HIS3","HTN3","rs115000417","chr4",70014802,"T","C",-0.442,0.02342,0.0322,{"v":1.912E-79,"d":"1.91E-79"},35345,true,"reported","textfile",0.00997672897071811,356.160852305522]
["10603_1_HTN3_HIS3","HTN3","rs376023333","chr4",70278109,"ATATT","ATT",-0.117,0.019828,0.04378,{"v":3.617e-09,"d":"3.62E-09"},35346,true,"reported","textfile",0.000984115390104842,34.8168381341081]
["10603_1_HTN3_HIS3","HTN3","rs74801295","chr4",70856691,"C","G",-0.2179,0.034538,0.01437,{"v":2.81e-10,"d":"2.81E-10"},35334,true,"reported","textfile",1.12522230495858E-3,39.8011396088474]
["10603_1_HTN3_HIS3","HTN3","rs10863962","chr1",206955921,"T","C",0.0738,0.009323,0.25986,{"v":2.451e-15,"d":"2.45E-15"},35362,true,"reported","textfile",1.76886889535084E-3,62.6580379940569]
["10603_1_HTN3_HIS3","HTN3","rs10832961","chr11",18632410,"G","C",-0.0675,0.009026,0.28717,{"v":7.516e-14,"d":"7.52E-14"},35371,true,"reported","textfile",1.57864112432686E-3,55.9232406538185]
["10603_1_HTN3_HIS3","HTN3","rs7398041","chr12",10914925,"A","G",-0.223,0.0089,0.29563,{"v":1.519e-138,"d":"1.52E-138"},35378,true,"reported","textfile",0.0174364111661783,627.776653261518]
["10603_1_HTN3_HIS3","HTN3","rs61930005","chr12",11214367,"A","G",0.0917,0.012452,0.12195,{"v":1.784E-13,"d":"1.78E-13"},35363,true,"reported","textfile",0.00153124901950452,54.2295355017645]
["10603_1_HTN3_HIS3","HTN3","rs4423274","chr12",11297908,"A","G",-0.0937,0.011267,0.15442,{"v":9.062e-17,"d":"9.06E-17"},35363,true,"reported","textfile",0.00195193319518239,69.1573001446861]
["10603_1_HTN3_HIS3","HTN3","rs848097","chr14",36792277,"C","T",0.0469,0.008388,0.39216,{"v":2.251e-08,"d":"2.25E-08"},35348,true,"reported","textfile",0.000883649552267924,31.2611009323043]
["10603_1_HTN3_HIS3","HTN3","rs227727","chr17",56699594,"T","A",-0.0452,0.008202,0.47762,{"v":3.569e-08,"d":"3.57E-08"},35359,true,"reported","textfile",0.000858152584323927,30.3677610966063]
["10603_1_HTN3_HIS3","HTN3","rs4793442","chr17",72412730,"G","C",-0.0602,0.008663,0.3331,{"v":3.668e-12,"d":"3.67E-12"},35359,true,"reported","textfile",0.00136384076355706,48.2871738931995]
["10603_1_HTN3_HIS3","HTN3","rs681343","chr19",48703205,"T","C",0.1264,0.008367,0.3954,{"v":1.469e-51,"d":"1.47E-51"},35365,true,"reported","textfile",6.41190863189853E-3,228.207571044472]
["10603_1_HTN3_HIS3","HTN3","rs61762319","chr3",155084189,"G","A",0.2029,0.028655,0.02082,{"v":1.434e-12,"d":"1.43E-12"},35328,true,"reported","textfile",0.00141719072743292,50.1347301119324]
["10603_1_HTN3_HIS3","HTN3","rs150022487","chr4",127900150,"A","G",0.1348,0.015766,0.07224,{"v":1.232e-17,"d":"1.23E-17"},35351,true,"reported","textfile",0.00206365870988258,73.0991233782837]
["10603_1_HTN3_HIS3","HTN3","rs13357659","chr5",44432783,"G","A",-0.0877,0.008361,0.39638,{"v":9.625e-26,"d":"9.63E-26"},35348,true,"reported","textfile",3.10290318211018E-3,110.016586691797]
["10603_1_HTN3_HIS3","HTN3","rs12517853","chr5",96785443,"A","G",-0.0913,0.014597,0.08551,{"v":3.984e-10,"d":"3.98E-10"},35337,true,"reported","textfile",0.00110587011911439,39.1191813926933]
["10603_1_HTN3_HIS3","HTN3","rs3749751","chr5",135173987,"T","C",-0.0943,0.008389,0.38867,{"v":2.555e-29,"d":"2.56E-29"},35348,true,"reported","textfile",0.00356195518666639,126.350924358268]
["10605_22_APMAP_APMAP","APMAP","rs6049886","chr20",24702918,"T","G",-0.0727,0.00853,0.31953,{"v":1.559e-17,"d":"1.56E-17"},35354,true,"reported","textfile",0.00205041044573868,72.6350417260356]
["10605_22_APMAP_APMAP","APMAP","rs6036977","chr20",24921032,"T","C",-0.1558,0.01203,0.11921,{"v":2.32e-38,"d":"2.32E-38"},35354,true,"reported","textfile",0.00472182162266088,167.717771403826]
["10605_22_APMAP_APMAP","APMAP","rs10922098","chr1",196695521,"T","C",-0.0638,0.00808,0.40011,{"v":2.873e-15,"d":"2.87E-15"},35326,true,"reported","textfile",1.76180709004581E-3,62.343911594246]
["10605_22_APMAP_APMAP","APMAP","rs11417460","chr10",63640063,"AA","A",0.0485,0.008406,0.35157,{"v":7.931E-9,"d":"7.93E-09"},35335,true,"reported","textfile",0.000941218926363295,33.2874190740366]
["10605_22_APMAP_APMAP","APMAP","rs1355538","chr3",165787389,"G","A",-0.0715,0.008063,0.39847,{"v":7.438e-19,"d":"7.44E-19"},35326,true,"reported","textfile",0.00222105153805297,78.6310681851145]
["10606_34_TOR1AIP1_TOIP1","TOR1AIP1","rs1926446","chr13",46055860,"A","C",-0.0635,0.009228,0.24321,{"v":5.939e-12,"d":"5.94E-12"},35349,true,"reported","textfile",0.00133774637150882,47.3486614938313]
["10606_34_TOR1AIP1_TOIP1","TOR1AIP1","rs2848407","chr2",89102928,"G","C",0.0808,0.010723,0.16996,{"v":4.884e-14,"d":"4.88E-14"},35337,true,"reported","textfile",0.00160421720937083,56.7760962838577]
["10606_34_TOR1AIP1_TOIP1","TOR1AIP1","rs4089292","chr2",89651326,"C","G",0.2533,0.016472,0.06227,{"v":2.325E-53,"d":"2.33E-53"},35338,true,"reported","textfile",0.00664720791024336,236.457521020523]
["10606_34_TOR1AIP1_TOIP1","TOR1AIP1","rs140489194","chr2",89915688,"T","A",0.2621,0.015866,0.06673,{"v":2.671E-61,"d":"2.67E-61"},35338,true,"reported","textfile",0.00766330702937737,272.881794161465]
["10606_34_TOR1AIP1_TOIP1","TOR1AIP1","rs56125452","chr2",97621274,"A","G",0.1142,0.020805,0.03718,{"v":4.042e-08,"d":"4.04E-08"},35350,true,"reported","textfile",8.51603318738842E-4,30.1281313274064]
["10606_34_TOR1AIP1_TOIP1","TOR1AIP1","rs451637","chr6",32027005,"T","C",0.107,0.00967,0.2547,{"v":1.841e-28,"d":"1.84E-28"},35429,true,"reported","textfile",3.44395478323011E-3,122.43063166503]
["10606_34_TOR1AIP1_TOIP1","TOR1AIP1","rs137893789","chr6",32087709,"A","G",-0.2571,0.020224,0.03895,{"v":5.049e-37,"d":"5.05E-37"},35429,true,"reported","textfile",0.00454082327932134,161.601550398541]
["10606_34_TOR1AIP1_TOIP1","TOR1AIP1","rs35580488","chr6",32129644,"C","G",-0.2251,0.034889,0.01346,{"v":1.104E-10,"d":"1.10E-10"},35427,true,"reported","textfile",1.17362559098142E-3,41.624538183742]
["10606_34_TOR1AIP1_TOIP1","TOR1AIP1","rs9281658","chr6",32151952,"GCGGGGGGGGGGGC","GGGGGGGGGGGGC",0.1092,0.011549,0.14932,{"v":3.226e-21,"d":"3.23E-21"},35404,true,"reported","textfile",0.00251888803070193,89.3988597807698]
["10606_34_TOR1AIP1_TOIP1","TOR1AIP1","rs370779031","chr6",32567911,"A","G",0.0667,8.659E-3,0.32141,{"v":1.325E-14,"d":"1.33E-14"},35426,true,"reported","textfile",1.67211934079466E-3,59.3323663255781]
["10608_9_HTN1_HIS1","HTN1","rs2511241","chr11",73234296,"T","C",0.1206,0.014115,0.08753,{"v":1.294E-17,"d":"1.29E-17"},35354,true,"reported","textfile",0.00206062257184764,72.9975495582671]
["10608_9_HTN1_HIS1","HTN1","rs11699344","chr20",52721978,"T","C",0.0584,0.010152,0.19435,{"v":8.783E-9,"d":"8.78E-09"},35371,true,"reported","textfile",0.000934693055316444,33.0900877487058]
["10608_9_HTN1_HIS1","HTN1","rs149110519","chr6",144064640,"T","C",0.2343,0.01863,0.04822,{"v":2.852e-36,"d":"2.85E-36"},35349,true,"reported","textfile",0.00445453967428786,158.159140031173]
["10608_9_HTN1_HIS1","HTN1","rs13312419","chr7",100146541,"CAAAAAAAAAAAAAAAAAC","CAAAAAAAAAACAAAAAAC",-0.0946,0.008878,0.28895,{"v":1.651e-26,"d":"1.65E-26"},35354,true,"reported","textfile",0.00320125975070891,113.53438777296]
["10608_9_HTN1_HIS1","HTN1","rs11771936","chr7",100345657,"TCTG","TCTA",0.2856,0.010414,0.17936,{"v":1.363e-165,"d":"1.36E-165"},35356,true,"reported","textfile",0.0208293877589461,752.06727573692]
["10608_9_HTN1_HIS1","HTN1","rs13245946","chr7",101531684,"T","C",0.065,0.011437,0.14573,{"v":1.323E-8,"d":"1.32E-08"},35357,true,"reported","textfile",9.12705145084346E-4,32.2981691095802]
["10612_18_PLOD3_PLOD3","PLOD3","rs142309161","chr7",101304744,"T","C",-0.3678,0.031909,0.017,{"v":9.701e-31,"d":"9.70E-31"},35355,true,"reported","textfile",3.74383965534097E-3,132.853344956462]
["10612_18_PLOD3_PLOD3","PLOD3","rs62465594","chr7",101348368,"T","C",-0.1399,0.025526,0.02733,{"v":4.236e-08,"d":"4.24E-08"},35355,true,"reported","textfile",0.000848887686122969,30.0362237479826]
["10612_18_PLOD3_PLOD3","PLOD3","rs2477664","chr10",17833817,"A","T",0.0633,0.008251,0.44816,{"v":1.694e-14,"d":"1.69E-14"},35339,true,"reported","textfile",0.00166271295954561,58.8531437362635]
["10612_18_PLOD3_PLOD3","PLOD3","rs692719","chr10",17847598,"C","A",-0.075,0.010243,0.20095,{"v":2.445e-13,"d":"2.45E-13"},35340,true,"reported","textfile",0.00151475810986224,53.6097278563496]
["10612_18_PLOD3_PLOD3","PLOD3","rs7964859","chr12",101827005,"G","C",-0.0602,0.009219,0.27831,{"v":6.578e-11,"d":"6.58E-11"},35352,true,"reported","textfile",1.20472477952885E-3,42.6383884795054]
["10612_18_PLOD3_PLOD3","PLOD3","rs9862378","chr3",58338667,"T","G",-0.0451,0.008216,0.49422,{"v":4.041e-08,"d":"4.04E-08"},35345,true,"reported","textfile",0.000851793163046116,30.1305907927747]
["10612_18_PLOD3_PLOD3","PLOD3","rs149062332","chr3",186623236,"C","T",0.1583,0.028166,0.02045,{"v":1.907e-08,"d":"1.91E-08"},35355,true,"reported","textfile",0.000892632714928842,31.5854385666593]
["10612_18_PLOD3_PLOD3","PLOD3","rs80028711","chr5",173119318,"CTCTG","CTCTA",-0.186,0.026568,0.02574,{"v":2.542e-12,"d":"2.54E-12"},35359,true,"reported","textfile",0.0013842247543501,49.0098753221851]
["10612_18_PLOD3_PLOD3","PLOD3","rs72816176","chr5",173173839,"T","C",-0.1959,0.03442,0.01428,{"v":1.26E-8,"d":"1.26E-08"},35358,true,"reported","textfile",0.000915296408638579,32.3908670681258]
["10612_18_PLOD3_PLOD3","PLOD3","rs17691833","chr5",173763784,"G","A",-0.1882,0.03269,0.01591,{"v":8.558e-09,"d":"8.56E-09"},35355,true,"reported","textfile",0.000936594508374154,33.1424667068631]
["10612_18_PLOD3_PLOD3","PLOD3","rs77339260","chr7",97731018,"G","C",-0.3842,0.037231,0.01217,{"v":5.767e-25,"d":"5.77E-25"},35353,true,"reported","textfile",0.00300312109127729,106.483115387428]
["10612_18_PLOD3_PLOD3","PLOD3","rs144769653","chr7",99486115,"T","C",-0.2058,0.026183,0.02555,{"v":3.837e-15,"d":"3.84E-15"},35356,true,"reported","textfile",0.00174433777712934,61.7770778633083]
["10612_18_PLOD3_PLOD3","PLOD3","rs117207573","chr7",105592862,"A","G",-0.1832,0.033025,0.01519,{"v":2.902e-08,"d":"2.90E-08"},35346,true,"reported","textfile",0.000869855422592995,30.7709363219447]
["10615_18_MPZ_MYP0","MPZ","rs2802788","chr1",203459557,"C","T",-0.0834,0.010706,0.18856,{"v":6.707e-15,"d":"6.71E-15"},35356,true,"reported","textfile",1.71344323337002E-3,60.6810455995401]
["10615_18_MPZ_MYP0","MPZ","rs28417369","chr1",230002861,"ATTGCATCTCTGGCCCAGG","ATTGCATCTCCGGCCCAGG",-0.1711,0.017569,0.05954,{"v":2.062E-22,"d":"2.06E-22"},35346,true,"reported","textfile",0.00267609722785656,94.8377755295531]
["10615_18_MPZ_MYP0","MPZ","rs7529009","chr1",230096333,"G","A",0.2333,0.008431,0.43366,{"v":1.558E-168,"d":"1.56E-168"},35344,true,"reported","textfile",0.0212054332690404,765.678977047719]
["10615_18_MPZ_MYP0","MPZ","rs6541311","chr1",230288384,"C","T",0.1892,0.01159,0.15446,{"v":6.57e-60,"d":"6.57E-60"},35348,true,"reported","textfile",0.00748253408626294,266.471532135271]
["10615_18_MPZ_MYP0","MPZ","rs79242340","chr1",230358909,"C","T",-0.1936,0.033244,0.0173,{"v":5.757e-09,"d":"5.76E-09"},35348,true,"reported","textfile",0.000958523646314339,33.9124827192182]
["10615_18_MPZ_MYP0","MPZ","rs78931415","chr1",230572373,"A","G",-0.1346,0.022488,0.03536,{"v":2.16E-9,"d":"2.16E-09"},35351,true,"reported","textfile",0.00101238768579002,35.8231592302624]
["10615_18_MPZ_MYP0","MPZ","rs114459700","chr1",231372993,"C","T",0.1701,0.019119,0.0506,{"v":5.743E-19,"d":"5.74E-19"},35352,true,"reported","textfile",0.00223405042349178,79.1505086979106]
["10615_18_MPZ_MYP0","MPZ","rs139349382","chr12",100232130,"A","G",0.1587,0.025543,0.02806,{"v":5.193e-10,"d":"5.19E-10"},35353,true,"reported","textfile",1.09071133148495E-3,38.5998375595443]
["10615_18_MPZ_MYP0","MPZ","rs147712570","chr12",100786353,"TA","T",0.2929,0.041079,0.01066,{"v":1.003e-12,"d":"1.00E-12"},35351,true,"reported","textfile",1.43606200550456E-3,50.8363599976716]
["10615_18_MPZ_MYP0","MPZ","rs75327292","chr12",103945386,"C","G",0.1467,0.01534,0.08233,{"v":1.138E-21,"d":"1.14E-21"},35349,true,"reported","textfile",0.00258053773583359,91.4502581907228]
["10615_18_MPZ_MYP0","MPZ","rs117801489","chr12",104015054,"C","T",0.4798,0.020222,0.04343,{"v":1.926e-124,"d":"1.93E-124"},35349,true,"reported","textfile",0.0156759275998577,562.92132683607]
["10615_18_MPZ_MYP0","MPZ","rs12581309","chr12",104452194,"A","C",0.1184,0.013019,0.11297,{"v":9.519e-20,"d":"9.52E-20"},35348,true,"reported","textfile",0.00233436261055215,82.7034406521989]
["10615_18_MPZ_MYP0","MPZ","rs370212152","chr14",69482903,"AAAAAGAAAGAAAGAAAAAAAGAAAGAAAGAAAA","AAAAGAAAGAAAGAAAAAAAGAAAGAAAGAAAA",-0.0856,0.012045,0.13755,1.19E-12,35347,true,"reported","textfile",0.00142679398422902,50.5020894499931]
["10615_18_MPZ_MYP0","MPZ","rs8035692","chr15",69117654,"C","T",0.0507,0.008429,0.40946,{"v":1.797e-09,"d":"1.80E-09"},35364,true,"reported","textfile",0.00102201753122283,36.1775580376531]
["10615_18_MPZ_MYP0","MPZ","rs6759217","chr2",72027967,"T","C",0.0472,0.008341,0.48142,{"v":1.525e-08,"d":"1.53E-08"},35339,true,"reported","textfile",0.000905315898363789,32.0201362388861]
["10615_18_MPZ_MYP0","MPZ","rs6746339","chr2",162230915,"T","C",-0.1889,0.034041,0.0161,{"v":2.869e-08,"d":"2.87E-08"},35330,true,"reported","textfile",0.000870837844978031,30.7917740295228]
["10615_18_MPZ_MYP0","MPZ","rs1042445","chr3",186677647,"T","C",0.1117,0.009703,0.23639,{"v":1.142E-30,"d":"1.14E-30"},35356,true,"reported","textfile",0.00373427543186749,132.516426453869]
["10615_18_MPZ_MYP0","MPZ","rs13107325","chr4",102267552,"T","C",0.2901,0.033809,0.01596,{"v":9.44e-18,"d":"9.44E-18"},35331,true,"reported","textfile",0.00207955684584637,73.6217644511742]
["10615_18_MPZ_MYP0","MPZ","rs10755398","chr6",80600914,"A","T",0.0482,0.008724,0.35275,{"v":3.3e-08,"d":"3.30E-08"},35323,true,"reported","textfile",0.000863435765111594,30.5237699741884]
["10615_18_MPZ_MYP0","MPZ","rs117350387","chr7",43602837,"C","G",-0.1832,0.027394,0.02181,{"v":2.268e-11,"d":"2.27E-11"},35344,true,"reported","textfile",1.26379063518543E-3,44.7214071242394]
["10615_18_MPZ_MYP0","MPZ","rs3217964","chr7",44118226,"C","T",-0.1115,9.58E-3,0.25916,{"v":2.605e-31,"d":"2.61E-31"},35342,true,"reported","textfile",0.00381826589502328,135.454718863479]
["10615_18_MPZ_MYP0","MPZ","rs4724390","chr7",45330132,"G","T",0.0593,0.010134,0.20971,{"v":4.875e-09,"d":"4.88E-09"},35335,true,"reported","textfile",0.000968103623096967,34.2391523623389]
["10615_18_MPZ_MYP0","MPZ","rs13269700","chr8",22713095,"G","A",0.0513,0.008729,0.34845,{"v":4.18E-9,"d":"4.18E-09"},35359,true,"reported","textfile",0.000975847058225021,34.5367270011068]
["10618_190_LRP2_megalin","LRP2","rs10922098","chr1",196695521,"T","C",-0.1109,0.008061,0.40011,{"v":4.56e-43,"d":"4.56E-43"},35326,true,"reported","textfile",5.32929929249465E-3,189.260795632341]
["10618_190_LRP2_megalin","LRP2","rs1706435","chr3",165743688,"G","A",0.0606,0.00818,0.36981,{"v":1.275e-13,"d":"1.28E-13"},35327,true,"reported","textfile",1.55116393137194E-3,54.879993742561]
["10618_190_LRP2_megalin","LRP2","rs3129957","chr6",32400816,"G","A",0.0517,0.008301,0.32532,{"v":4.715e-10,"d":"4.72E-10"},35427,true,"reported","textfile",1.09373124704972E-3,38.7878529134739]
["10620_21_MSMB_PSP_94","MSMB","rs12412427","chr10",45137463,"G","A",0.2083,0.022625,0.03534,{"v":3.37e-20,"d":"3.37E-20"},35314,true,"reported","textfile",0.00239449144651408,84.7572324273829]
["10620_21_MSMB_PSP_94","MSMB","rs144584548","chr10",45428856,"A","G",-0.5231,0.024777,0.02941,{"v":6.161e-99,"d":"6.16E-99"},35316,true,"reported","textfile",0.0124638862491123,445.704894101912]
["10620_21_MSMB_PSP_94","MSMB","rs79786386","chr10",45849470,"GATTATTATTATTATTATTATTATTAT","GATGATTATTATTATTATTATTATTAT",-0.4673,0.014414,0.09322,{"v":1e-200,"d":"1.00E-200"},35313,true,"reported","textfile",0.0289034912907354,1050.98841548067]
["10620_21_MSMB_PSP_94","MSMB","rs61850100","chr10",46105935,"A","T",-0.7628,0.011029,0.06235,{"v":1e-200,"d":"1.00E-200"},35315,true,"reported","textfile",0.119294541605905,4783.26562822807]
["10620_21_MSMB_PSP_94","MSMB","rs200779162","chr10",46156934,"A","G",-0.5764,0.016572,0.06511,{"v":1e-200,"d":"1.00E-200"},35315,true,"reported","textfile",0.0331215583121546,1209.6883519663]
["10620_21_MSMB_PSP_94","MSMB","rs77567868","chr10",46164916,"G","T",0.6373,0.029845,0.01938,{"v":3.599e-101,"d":"3.60E-101"},35315,true,"reported","textfile",0.0127471720146087,455.952996630501]
["10620_21_MSMB_PSP_94","MSMB","rs28710245","chr10",46495927,"T","C",0.2458,0.041173,0.01057,{"v":2.374e-09,"d":"2.37E-09"},35314,true,"reported","textfile",1.00821635044783E-3,35.638066648507]
["10620_21_MSMB_PSP_94","MSMB","rs61833942","chr10",13568507,"C","T",-0.2242,0.040993,0.01018,{"v":4.52e-08,"d":"4.52E-08"},35363,true,"reported","textfile",0.000845153335426812,29.9107462609951]
["10620_21_MSMB_PSP_94","MSMB","rs2256455","chr10",32930080,"G","T",0.0545,0.009152,0.29763,{"v":2.598e-09,"d":"2.60E-09"},35345,true,"reported","textfile",0.00100229943201873,35.4598101734342]
["10620_21_MSMB_PSP_94","MSMB","rs17505094","chr10",33257731,"CTTC","CTTG",0.1059,0.011111,0.16899,{"v":1.558e-21,"d":"1.56E-21"},35347,true,"reported","textfile",2.56341168844295E-3,90.8366378271612]
["10620_21_MSMB_PSP_94","MSMB","rs11009654","chr10",34123588,"T","G",-0.1365,0.020859,0.04119,{"v":5.994e-11,"d":"5.99E-11"},35335,true,"reported","textfile",0.0012104510410014,42.8206989913729]
["10620_21_MSMB_PSP_94","MSMB","rs138342429","chr10",35247473,"C","T",-0.1668,0.023539,0.03212,{"v":1.378E-12,"d":"1.38E-12"},35331,true,"reported","textfile",1.41919919736009E-3,50.2101466433502]
["10620_21_MSMB_PSP_94","MSMB","rs2486502","chr10",35609159,"AAAAAC","AAAAAA",0.0627,0.008724,0.36002,{"v":6.625e-13,"d":"6.63E-13"},35327,true,"reported","textfile",0.0014600322949782,51.6510530255919]
["10620_21_MSMB_PSP_94","MSMB","rs1451189","chr10",36221910,"A","G",-0.2173,0.036284,0.01357,{"v":2.114e-09,"d":"2.11E-09"},35327,true,"reported","textfile",1.01424219530873E-3,35.8644808190405]
["10620_21_MSMB_PSP_94","MSMB","rs141362236","chr10",36907384,"GTGT","GTG",-0.3418,0.03576,0.01312,{"v":1.199e-21,"d":"1.20E-21"},35326,true,"reported","textfile",0.00257948453640231,91.3533563338869]
["10620_21_MSMB_PSP_94","MSMB","rs36126966","chr10",39187439,"A","C",-0.0982,0.017486,0.05883,{"v":1.954e-08,"d":"1.95E-08"},35320,true,"reported","textfile",0.000892141429109959,31.5367862668752]
["10620_21_MSMB_PSP_94","MSMB","rs61859378","chr10",43825840,"G","A",0.1413,0.01135,0.15777,{"v":1.411e-35,"d":"1.41E-35"},35313,true,"reported","textfile",0.0043697447745728,154.977268845656]
["10620_21_MSMB_PSP_94","MSMB","rs4948583","chr10",43939864,"C","G",0.1669,0.009154,0.2844,{"v":2.808e-74,"d":"2.81E-74"},35311,true,"reported","textfile",0.00932634451978701,332.404012994102]
["10620_21_MSMB_PSP_94","MSMB","rs75935865","chr10",47107833,"T","C",-0.458,0.032675,0.01701,{"v":1.232E-44,"d":"1.23E-44"},35321,true,"reported","textfile",0.00553168857089602,196.460466754053]
["10620_21_MSMB_PSP_94","MSMB","rs3013912","chr10",47998961,"A","G",-0.0984,0.010247,0.34021,{"v":7.755e-22,"d":"7.76E-22"},35313,true,"reported","textfile",2.60453082096923E-3,92.2087483462753]
["10620_21_MSMB_PSP_94","MSMB","rs4623821","chr10",57568920,"T","C",-0.0654,0.010882,0.17401,{"v":1.857e-09,"d":"1.86E-09"},35340,true,"reported","textfile",1.02100499081671E-3,36.1171501560443]
["10620_21_MSMB_PSP_94","MSMB","rs7912117","chr10",62065059,"C","T",-0.0706,0.012915,0.11748,{"v":4.595e-08,"d":"4.60E-08"},35338,true,"reported","textfile",0.000844912079041391,29.8810600936143]
["10620_21_MSMB_PSP_94","MSMB","rs28415845","chr11",1151933,"C","T",-0.0621,0.007983,0.25506,{"v":7.294e-15,"d":"7.29E-15"},35332,true,"reported","textfile",0.00170977726401262,60.5098891703171]
["10620_21_MSMB_PSP_94","MSMB","rs525202","chr11",34800401,"C","A",-0.0465,0.007905,0.26516,{"v":4.043e-09,"d":"4.04E-09"},35366,true,"reported","textfile",9.77443153372364E-4,34.600119325601]
["10620_21_MSMB_PSP_94","MSMB","rs12985355","chr19",45807753,"C","T",-0.0439,0.007252,0.36862,{"v":1.42e-09,"d":"1.42E-09"},35357,true,"reported","textfile",1.03535231853012E-3,36.6428194497071]
["10620_21_MSMB_PSP_94","MSMB","rs7254067","chr19",45839627,"A","G",-0.0608,0.007525,0.31371,{"v":6.484e-16,"d":"6.48E-16"},35357,true,"reported","textfile",0.00184296722781488,65.2784123139736]
["10620_21_MSMB_PSP_94","MSMB","rs77487490","chr8",23602663,"T","C",0.064,0.009262,0.17072,{"v":4.847e-12,"d":"4.85E-12"},35357,true,"reported","textfile",0.00134861781879246,47.7447724342666]
["10621_26_PRR16_PRR16","PRR16","rs13127052","chr4",82974073,"A","G",0.0736,0.011468,0.13868,{"v":1.38e-10,"d":"1.38E-10"},35349,true,"reported","textfile",0.00116385098719482,41.1865758813739]
["10621_26_PRR16_PRR16","PRR16","rs318261","chr8",89214197,"C","T",0.0508,0.00865,0.3028,{"v":4.286e-09,"d":"4.29E-09"},35333,true,"reported","textfile",0.000975193882556143,34.4882077538129]
["10621_26_PRR16_PRR16","PRR16","rs116869929","chr8",89671499,"A","T",0.1986,0.027887,0.01972,{"v":1.067E-12,"d":"1.07E-12"},35335,true,"reported","textfile",0.00143326631193405,50.7142856767599]
["10621_26_PRR16_PRR16","PRR16","rs3736639","chr8",89943396,"A","T",-0.1052,0.008304,0.359,{"v":8.818e-37,"d":"8.82E-37"},35334,true,"reported","textfile",0.00452163829467916,160.484175621786]
["10624_45_SPINK13_ISK13","SPINK13","rs10922098","chr1",196695521,"T","C",-0.0756,0.007963,0.40011,{"v":2.228E-21,"d":"2.23E-21"},35326,true,"reported","textfile",0.00254500713089092,90.1292113772475]
["10624_45_SPINK13_ISK13","SPINK13","rs71615484","chr3",49480866,"G","A",-0.0443,7.803E-3,0.38305,{"v":1.368e-08,"d":"1.37E-08"},35331,true,"reported","textfile",0.000911448828657995,32.2299516193094]
["10624_45_SPINK13_ISK13","SPINK13","rs13217434","chr6",32617611,"C","G",0.0453,0.008084,0.32081,{"v":2.097e-08,"d":"2.10E-08"},35427,true,"reported","textfile",8.85573570789712E-4,31.399250091249]
["10627_87_APLP2_APLP2","APLP2","rs73583419","chr11",130069495,"A","C",0.2786,0.016588,0.06312,{"v":2.64e-63,"d":"2.64E-63"},35359,true,"reported","textfile",0.0079144966634129,282.065263112055]
["10627_87_APLP2_APLP2","APLP2","rs1326273","chr1",198655170,"TTTTTTTTT","GTTTTTTTT",0.0501,0.008233,0.43604,{"v":1.163E-9,"d":"1.16E-09"},35331,true,"reported","textfile",1.04700400963231E-3,37.0283735118368]
["10627_87_APLP2_APLP2","APLP2","rs10822155","chr10",63311455,"A","C",0.0596,0.008207,0.43479,{"v":3.814e-13,"d":"3.81E-13"},35339,true,"reported","textfile",1.49012177944549E-3,52.7350149145287]
["10627_87_APLP2_APLP2","APLP2","rs741736","chr11",256978,"T","C",0.0548,0.009228,0.26382,{"v":2.873e-09,"d":"2.87E-09"},35340,true,"reported","textfile",0.000996887708712598,35.2631712724976]
["10627_87_APLP2_APLP2","APLP2","rs775824","chr19",55050202,"C","T",0.061,0.010984,0.16338,{"v":2.796E-8,"d":"2.80E-08"},35369,true,"reported","textfile",0.000871238986873833,30.839978240164]
["10627_87_APLP2_APLP2","APLP2","rs1071960","chr22",42953626,"C","T",-0.0499,0.008958,0.29144,{"v":2.545E-8,"d":"2.55E-08"},35362,true,"reported","textfile",8.76720644675981E-4,31.0280449232909]
["10627_87_APLP2_APLP2","APLP2","rs367768","chr5",122855431,"A","C",-0.0511,0.008166,0.49157,{"v":3.903e-10,"d":"3.90E-10"},35342,true,"reported","textfile",0.00110675375294186,39.1560136940715]
["10627_87_APLP2_APLP2","APLP2","rs199772122","chr7",106711733,"CAAAAAAAAAAAAAA","CAAAAAAAAAAAAA",-0.048,0.008192,0.45098,{"v":4.656e-09,"d":"4.66E-09"},35343,true,"reported","textfile",0.000970459703500804,34.3303325858042]
["10627_87_APLP2_APLP2","APLP2","rs6993770","chr8",105569300,"T","A",-0.12,0.009773,0.22448,{"v":1.173E-34,"d":"1.17E-34"},35353,true,"reported","textfile",0.00424651104584297,150.758610084575]
["10630_5_HTATIP2_HTAI2","HTATIP2","rs79225249","chr11",20024031,"C","G",0.147,0.018183,0.05609,{"v":6.254e-16,"d":"6.25E-16"},35367,true,"reported","textfile",1.84460562139755E-3,65.3550320602492]
["10630_5_HTATIP2_HTAI2","HTATIP2","rs1356981","chr11",20221745,"G","A",0.0861,0.008314,0.44745,{"v":3.943e-25,"d":"3.94E-25"},35369,true,"reported","textfile",0.00302307268509767,107.241209625385]
["10630_5_HTATIP2_HTAI2","HTATIP2","rs11025480","chr11",20304545,"A","G",0.3213,0.009983,0.21333,{"v":1e-200,"d":"1.00E-200"},35370,true,"reported","textfile",0.0284530000168831,1035.79724358637]
["10630_5_HTATIP2_HTAI2","HTATIP2","rs3758807","chr11",20616985,"A","G",-0.1256,0.008676,0.35978,{"v":1.705e-47,"d":"1.71E-47"},35371,true,"reported","textfile",5.89016181156987E-3,209.56349601474]
["10630_5_HTATIP2_HTAI2","HTATIP2","rs1715284","chr11",20665751,"T","G",-0.1287,0.010405,0.19712,{"v":3.863e-35,"d":"3.86E-35"},35366,true,"reported","textfile",0.00430737094521689,152.984828512042]
["10630_5_HTATIP2_HTAI2","HTATIP2","rs2003174","chr11",20970593,"C","G",-0.1066,0.01403,0.09513,{"v":3.005e-14,"d":"3.01E-14"},35360,true,"reported","textfile",1.62996526107168E-3,57.7264037337052]
["10630_5_HTATIP2_HTAI2","HTATIP2","rs368465","chr1",196702851,"C","T",-0.073,0.008259,0.39961,{"v":9.671e-19,"d":"9.67E-19"},35327,true,"reported","textfile",0.00220660528652051,78.1207133253474]
["10630_5_HTATIP2_HTAI2","HTATIP2","rs34931250","chr17",68883786,"T","C",0.1385,0.014814,0.08188,{"v":8.835e-21,"d":"8.84E-21"},35360,true,"reported","textfile",2.46587111339076E-3,87.403797326298]
["10630_5_HTATIP2_HTAI2","HTATIP2","rs9864801","chr3",165730789,"TAGAGAG","TATAGAG",-0.0575,0.008179,0.41936,{"v":2.068e-12,"d":"2.07E-12"},35327,true,"reported","textfile",0.00139708022737227,49.4209039997224]
["10630_5_HTATIP2_HTAI2","HTATIP2","rs342294","chr7",106732176,"C","T",-0.0492,8.097E-3,0.45409,{"v":1.232e-09,"d":"1.23E-09"},35342,true,"reported","textfile",0.00104360784387377,36.9196308188144]
["10643_16_OLFM3_NOE3","OLFM3","rs10922098","chr1",196695521,"T","C",-0.1381,0.008011,0.40011,{"v":1.354e-66,"d":"1.35E-66"},35326,true,"reported","textfile",0.00834221264213441,297.159285317459]
["10643_16_OLFM3_NOE3","OLFM3","rs72749892","chr15",92525256,"G","A",-0.1523,0.027138,0.02117,{"v":1.999e-08,"d":"2.00E-08"},35363,true,"reported","textfile",0.000889832795281235,31.4934013352828]
["10643_16_OLFM3_NOE3","OLFM3","rs704","chr17",28367840,"A","G",0.0668,0.007869,0.49189,{"v":2.085e-17,"d":"2.09E-17"},35348,true,"reported","textfile",2.03453189205592E-3,72.0591709379969]
["10643_16_OLFM3_NOE3","OLFM3","rs2384656","chr2",27609188,"G","A",0.0518,0.00946,0.21641,{"v":4.36E-8,"d":"4.36E-08"},35361,true,"reported","textfile",0.000847197409860496,29.9814534249427]
["10643_16_OLFM3_NOE3","OLFM3","rs1707652","chr3",165761011,"T","C",0.0701,0.008484,0.3102,{"v":1.424e-16,"d":"1.42E-16"},35327,true,"reported","textfile",0.0019288101262669,68.2668915821506]
["10643_16_OLFM3_NOE3","OLFM3","rs9501393","chr6",32007072,"GGAG","CGAG",0.095,0.010524,0.1548,{"v":1.767e-19,"d":"1.77E-19"},35428,true,"reported","textfile",0.00229478044302976,81.4818749879559]
["10643_16_OLFM3_NOE3","OLFM3","rs7774739","chr6",32041524,"G","A",0.0868,0.010974,0.17585,{"v":2.588e-15,"d":"2.59E-15"},35425,true,"reported","textfile",1.76292313162697E-3,62.558311586193]
["10643_16_OLFM3_NOE3","OLFM3","rs77460382","chr6",32504956,"A","G",0.0467,0.007657,0.33389,{"v":1.065e-09,"d":"1.07E-09"},35413,true,"reported","textfile",0.00104929548713603,37.1956317034615]
["10647_18_ASCC1_ASCC1","ASCC1","rs74746093","chr19",484531,"C","T",0.138,0.023365,0.02972,{"v":3.502e-09,"d":"3.50E-09"},35301,true,"reported","textfile",0.00098721248972453,34.8820496698875]
["10647_18_ASCC1_ASCC1","ASCC1","rs118137024","chr19",990657,"T","C",0.2823,0.028897,0.01973,{"v":1.527E-22,"d":"1.53E-22"},35308,true,"reported","textfile",2.69569539074203E-3,95.4314756545919]
["10647_18_ASCC1_ASCC1","ASCC1","rs62269916","chr3",74348841,"A","G",0.1254,0.022057,0.03471,{"v":1.307e-08,"d":"1.31E-08"},35331,true,"reported","textfile",0.000914006170077261,32.320465087169]
["10647_18_ASCC1_ASCC1","ASCC1","rs1619994","chr3",165744047,"G","A",0.0634,0.00896,0.2807,{"v":1.487E-12,"d":"1.49E-12"},35327,true,"reported","textfile",0.00141527441895926,50.0654251652464]
["10647_18_ASCC1_ASCC1","ASCC1","rs2731672","chr5",177415473,"C","T",0.0507,0.009289,0.25436,{"v":4.819e-08,"d":"4.82E-08"},35350,true,"reported","textfile",0.000842020637205618,29.7888282921243]
["10666_7_GNPTG_GNPTG","GNPTG","rs58894215","chr16",1048778,"T","C",0.1725,0.026133,0.02552,{"v":4.09e-11,"d":"4.09E-11"},35301,true,"reported","textfile",1.23275548785175E-3,43.5687455758863]
["10666_7_GNPTG_GNPTG","GNPTG","rs4984644","chr16",1357791,"C","T",-0.5174,0.014933,0.07964,{"v":1e-200,"d":"1.00E-200"},35305,true,"reported","textfile",0.0328852032744705,1200.42246807657]
["10666_7_GNPTG_GNPTG","GNPTG","rs6600145","chr16",1436397,"G","A",-0.1272,0.015258,0.07929,{"v":7.632e-17,"d":"7.63E-17"},35305,true,"reported","textfile",0.00196466587980389,69.495134273837]
["10666_7_GNPTG_GNPTG","GNPTG","rs1132368","chr16",2037561,"A","G",0.1162,0.020548,0.04066,{"v":1.557E-8,"d":"1.56E-08"},35306,true,"reported","textfile",0.000904964256605709,31.9777968783879]
["10666_7_GNPTG_GNPTG","GNPTG","rs72641004","chr1",11952976,"G","C",-0.0882,0.010886,0.17036,{"v":5.415e-16,"d":"5.42E-16"},35375,true,"reported","textfile",0.00185224697937806,65.6411159603005]
["10666_7_GNPTG_GNPTG","GNPTG","rs660240","chr1",109275216,"C","T",0.0617,0.010114,0.205,{"v":1.059E-9,"d":"1.06E-09"},35333,true,"reported","textfile",1.05217195806077E-3,37.2134423907917]
["10666_7_GNPTG_GNPTG","GNPTG","rs1008764","chr12",89493872,"C","T",0.0529,0.009343,0.25345,{"v":1.497e-08,"d":"1.50E-08"},35345,true,"reported","textfile",0.00090618512871884,32.0563499919537]
["10666_7_GNPTG_GNPTG","GNPTG","rs4764823","chr12",101825988,"A","G",-0.0622,0.009167,0.27829,{"v":1.162e-11,"d":"1.16E-11"},35352,true,"reported","textfile",1.30061004155616E-3,46.0364404257054]
["10666_7_GNPTG_GNPTG","GNPTG","rs9928413","chr16",71967211,"A","G",0.0608,0.010578,0.18655,{"v":9.041e-09,"d":"9.04E-09"},35364,true,"reported","textfile",0.00093332548337712,33.0350882328751]
["10666_7_GNPTG_GNPTG","GNPTG","rs12945299","chr17",7176748,"ACGCT","ACACT",0.0918,0.00996,0.21475,{"v":3.052E-20,"d":"3.05E-20"},35358,true,"reported","textfile",2.39682770223909E-3,84.9458407847481]
["10666_7_GNPTG_GNPTG","GNPTG","rs143501783","chr17",7897001,"C","T",0.2136,0.037064,0.01116,{"v":8.262e-09,"d":"8.26E-09"},35361,true,"reported","textfile",0.000938351757522342,33.2103427777459]
["10666_7_GNPTG_GNPTG","GNPTG","rs1861877","chr3",186254922,"C","G",-0.0757,0.013059,0.10777,{"v":6.753e-09,"d":"6.75E-09"},35345,true,"reported","textfile",0.000949797979142521,33.6006237813996]
["10666_7_GNPTG_GNPTG","GNPTG","rs9272050","chr6",32631294,"A","G",0.0502,8.149E-3,0.46524,{"v":7.279e-10,"d":"7.28E-10"},35427,true,"reported","textfile",1.07003863991509E-3,37.9467232791589]
["10672_75_SFTPB_SP_B","SFTPB","rs114068223","chr2",85320634,"C","T",-0.2676,0.027861,0.02417,{"v":7.63e-22,"d":"7.63E-22"},35332,true,"reported","textfile",0.0026042227055888,92.2474210167961]
["10672_75_SFTPB_SP_B","SFTPB","rs145297992","chr2",85392300,"G","A",-0.1688,0.019964,0.04591,{"v":2.784E-17,"d":"2.78E-17"},35332,true,"reported","textfile",2.01931316748289E-3,71.4866882179888]
["10672_75_SFTPB_SP_B","SFTPB","rs1130866","chr2",85666618,"A","G",-0.3953,0.006683,0.47918,{"v":1e-200,"d":"1.00E-200"},35332,true,"reported","textfile",0.090102144215267,3498.53418698297]
["10672_75_SFTPB_SP_B","SFTPB","rs72925063","chr2",85687420,"CAGA","CGGA",0.3322,0.02603,0.0264,{"v":2.671E-37,"d":"2.67E-37"},35332,true,"reported","textfile",0.00458865371860253,162.864464508924]
["10672_75_SFTPB_SP_B","SFTPB","rs800245","chr1",196756689,"A","G",-0.0564,0.008913,0.31915,{"v":2.489e-10,"d":"2.49E-10"},35326,true,"reported","textfile",1.13220206498439E-3,40.0392382517376]
["10672_75_SFTPB_SP_B","SFTPB","rs35705950","chr11",1219991,"T","G",0.0877,0.012565,0.12583,{"v":2.955e-12,"d":"2.96E-12"},35340,true,"reported","textfile",0.0013766051558506,48.7135322971684]
["10672_75_SFTPB_SP_B","SFTPB","rs11569415","chr19",6716268,"A","G",-0.1286,0.009647,0.24276,{"v":1.541E-40,"d":"1.54E-40"},35360,true,"reported","textfile",0.00500043761608895,177.69402109692]
["10672_75_SFTPB_SP_B","SFTPB","rs12468241","chr2",82836468,"C","T",-0.07,0.012567,0.1288,{"v":2.547e-08,"d":"2.55E-08"},35341,true,"reported","textfile",0.000877148061868413,31.0247486565219]
["10672_75_SFTPB_SP_B","SFTPB","rs71390144","chr2",83697389,"CACACACACACACACACACACACACAA","CACAA",-0.1392,0.017493,0.0648,{"v":1.754e-15,"d":"1.75E-15"},35333,true,"reported","textfile",0.00178892341914161,63.3177238807894]
["10672_75_SFTPB_SP_B","SFTPB","rs199969223","chr2",95897291,"A","G",-0.1549,0.025329,0.02996,{"v":9.627e-10,"d":"9.63E-10"},35350,true,"reported","textfile",1.05686154892096E-3,37.3974659750743]
["10672_75_SFTPB_SP_B","SFTPB","rs11678909","chr2",98359917,"C","G",-0.1686,0.029074,0.02179,{"v":6.669E-9,"d":"6.67E-09"},35345,true,"reported","textfile",0.000950527261927196,33.6264478737186]
["10675_223_TMX2_TMX2","TMX2","rs114009540","chr1",196158413,"A","G",-0.1279,0.021506,0.03606,{"v":2.727e-09,"d":"2.73E-09"},35325,true,"reported","textfile",0.00100024184348257,35.3669181087023]
["10675_223_TMX2_TMX2","TMX2","rs10922098","chr1",196695521,"T","C",-0.2112,0.008061,0.40011,{"v":2.688e-151,"d":"2.69E-151"},35326,true,"reported","textfile",0.0190615097948345,686.412837008675]
["10675_223_TMX2_TMX2","TMX2","rs3900909","chr1",197788716,"T","C",0.1284,0.022027,0.03376,{"v":5.569e-09,"d":"5.57E-09"},35325,true,"reported","textfile",0.000960991661476589,33.977760803145]
["10675_223_TMX2_TMX2","TMX2","rs1047286","chr19",6713251,"A","G",-0.064,0.009279,0.24066,{"v":5.289e-12,"d":"5.29E-12"},35360,true,"reported","textfile",1.34357354276758E-3,47.5699871012753]
["10675_223_TMX2_TMX2","TMX2","rs2686395","chr3",165767231,"C","T",-0.1094,0.008549,0.3101,{"v":1.709e-37,"d":"1.71E-37"},35327,true,"reported","textfile",0.00461411833127283,163.74928864669]
["10675_223_TMX2_TMX2","TMX2","rs555007","chr6",31882555,"C","T",0.1328,0.014776,0.07832,{"v":2.528e-19,"d":"2.53E-19"},35429,true,"reported","textfile",0.00227475407854747,80.7714479212903]
["10675_223_TMX2_TMX2","TMX2","rs550671","chr6",31976816,"T","C",0.1605,0.011384,0.14045,{"v":3.884e-45,"d":"3.88E-45"},35428,true,"reported","textfile",0.00557935244540578,198.76310917015]
["10675_223_TMX2_TMX2","TMX2","rs9272526","chr6",32638792,"A","G",0.0615,0.010472,0.14653,{"v":4.287e-09,"d":"4.29E-09"},35426,true,"reported","textfile",0.000972626804718342,34.4878757627472]
["10677_9_NDUFB4_NDUB4","NDUFB4","rs145439832","chr1",195058235,"A","T",-0.1279,0.021383,0.03851,{"v":2.213e-09,"d":"2.21E-09"},35331,true,"reported","textfile",1.01159886431538E-3,35.7749661925695]
["10677_9_NDUFB4_NDUB4","NDUFB4","rs72748420","chr1",196141224,"T","C",0.1059,0.015367,0.07417,{"v":5.517E-12,"d":"5.52E-12"},35325,true,"reported","textfile",1.34260447274718E-3,47.4885761656131]
["10677_9_NDUFB4_NDUB4","NDUFB4","rs1329424","chr1",196677046,"G","T",-0.2984,0.00816,0.39735,{"v":1e-200,"d":"1.00E-200"},35326,true,"reported","textfile",0.0364742346702589,1337.18880371746]
["10677_9_NDUFB4_NDUB4","NDUFB4","rs3900909","chr1",197788716,"T","C",0.1741,0.022437,0.03376,{"v":8.516e-15,"d":"8.52E-15"},35325,true,"reported","textfile",1.70155577811782E-3,60.206499467505]
["10677_9_NDUFB4_NDUB4","NDUFB4","rs10801660","chr1",198272225,"A","G",0.0868,0.012591,0.11574,{"v":5.431e-12,"d":"5.43E-12"},35333,true,"reported","textfile",0.00134324345679336,47.5219681447304]
["10677_9_NDUFB4_NDUB4","NDUFB4","rs9282801","chr17",27769447,"A","C",0.0667,0.008505,0.35559,{"v":4.417e-15,"d":"4.42E-15"},35346,true,"reported","textfile",1.73703160175509E-3,61.5004731978996]
["10677_9_NDUFB4_NDUB4","NDUFB4","rs117340335","chr17",27977733,"G","C",-0.1532,0.023781,0.03073,{"v":1.179E-10,"d":"1.18E-10"},35348,true,"reported","textfile",1.17268904263044E-3,41.4985317743124]
["10677_9_NDUFB4_NDUB4","NDUFB4","rs11272957","chr17",28245826,"TTTGTTCCAAACCCC","T",-0.2455,0.008102,0.44349,{"v":1e-200,"d":"1.00E-200"},35347,true,"reported","textfile",0.0253179719065221,918.10835866792]
["10677_9_NDUFB4_NDUB4","NDUFB4","rs1160610","chr17",33048645,"A","C",-0.0513,0.008137,0.44388,{"v":2.897e-10,"d":"2.90E-10"},35360,true,"reported","textfile",0.00112280913703542,39.744911416988]
["10677_9_NDUFB4_NDUB4","NDUFB4","rs1047286","chr19",6713251,"A","G",-0.0613,0.009393,0.24066,{"v":6.76e-11,"d":"6.76E-11"},35360,true,"reported","textfile",1.20303223197943E-3,42.5880484533152]
["10677_9_NDUFB4_NDUB4","NDUFB4","rs1707652","chr3",165761011,"T","C",0.1232,0.008667,0.3102,{"v":7.449e-46,"d":"7.45E-46"},35327,true,"reported","textfile",5.68722074468364E-3,202.050176762701]
["10677_9_NDUFB4_NDUB4","NDUFB4","rs73169117","chr3",167217620,"T","C",0.0713,0.012746,0.11405,{"v":2.219e-08,"d":"2.22E-08"},35342,true,"reported","textfile",0.000884617963532939,31.2900785968612]
["10677_9_NDUFB4_NDUB4","NDUFB4","rs1265941","chr6",31904575,"C","A",0.1797,0.015482,0.07271,{"v":3.799e-31,"d":"3.80E-31"},35429,true,"reported","textfile",0.00378821664482897,134.715482509515]
["10677_9_NDUFB4_NDUB4","NDUFB4","rs550671","chr6",31976816,"T","C",0.2223,0.011536,0.14045,{"v":9.631e-83,"d":"9.63E-83"},35428,true,"reported","textfile",0.0103727388712977,371.316213374607]
["10677_9_NDUFB4_NDUB4","NDUFB4","rs112164276","chr6",32481499,"G","A",0.1097,0.015499,0.07336,{"v":1.466E-12,"d":"1.47E-12"},35427,true,"reported","textfile",0.00141207521873194,50.0935004141332]
["10677_9_NDUFB4_NDUB4","NDUFB4","rs41548618","chr6",32521968,"G","C",0.0631,0.008667,0.35223,{"v":3.322e-13,"d":"3.32E-13"},35426,true,"reported","textfile",0.00149399686895848,53.0025307008992]
["10693_43_KLRG2_KLRG2","KLRG2","rs79697519","chr14",105115677,"T","C",0.2063,0.033703,0.01312,{"v":9.295e-10,"d":"9.30E-10"},35102,true,"reported","textfile",0.00106626745121235,37.4659362459018]
["10693_43_KLRG2_KLRG2","KLRG2","rs111360378","chr14",105360836,"T","C",0.1323,0.016975,0.05878,{"v":6.509e-15,"d":"6.51E-15"},35094,true,"reported","textfile",0.00172789038670871,60.7400816535592]
["10693_43_KLRG2_KLRG2","KLRG2","rs10444770","chr14",105646201,"T","C",0.0464,0.008416,0.33737,{"v":3.523e-08,"d":"3.52E-08"},35087,true,"reported","textfile",8.65569999727995E-4,30.3948322954384]
["10693_43_KLRG2_KLRG2","KLRG2","rs142678764","chr14",105774396,"G","A",0.0786,0.012739,0.11056,{"v":6.838e-10,"d":"6.84E-10"},34957,true,"reported","textfile",0.00108784635146481,38.067080349922]
["10693_43_KLRG2_KLRG2","KLRG2","rs34894886","chr14",105955664,"T","C",0.2771,0.008155,0.37777,{"v":1e-200,"d":"1.00E-200"},34954,true,"reported","textfile",0.0319753035594182,1154.5168363144]
["10693_43_KLRG2_KLRG2","KLRG2","rs9268560","chr6",32421735,"G","C",0.0559,0.007902,0.43602,{"v":1.506E-12,"d":"1.51E-12"},35427,true,"reported","textfile",0.00141059435631833,50.0408924730844]
["10695_12_WFDC10B_WF10B","WFDC10B","rs10922098","chr1",196695521,"T","C",-0.0527,0.007996,0.40011,{"v":4.374e-11,"d":"4.37E-11"},35326,true,"reported","textfile",0.00122813891634712,43.4361246761358]
["10695_12_WFDC10B_WF10B","WFDC10B","rs11085197","chr19",6713164,"C","G",0.0619,0.00916,0.24055,{"v":1.401E-11,"d":"1.40E-11"},35360,true,"reported","textfile",0.00128978578438187,45.663141434867]
["10695_12_WFDC10B_WF10B","WFDC10B","rs41547217","chr6",32521980,"G","C",0.0437,0.00795,0.48969,{"v":3.86e-08,"d":"3.86E-08"},35427,true,"reported","textfile",0.000852165584270628,30.2137129091012]
["10700_10_IGSF11_IGS11","IGSF11","rs3761959","chr1",157699488,"T","C",0.0538,0.007898,0.41639,{"v":9.642e-12,"d":"9.64E-12"},35353,true,"reported","textfile",0.00131079379044161,46.3986904011638]
["10700_10_IGSF11_IGS11","IGSF11","rs61804164","chr1",161653235,"C","G",-0.0745,0.009991,0.18137,{"v":8.877e-14,"d":"8.88E-14"},35339,true,"reported","textfile",0.00157093272825987,55.599392724221]
["10700_10_IGSF11_IGS11","IGSF11","rs77333309","chr14",105904007,"A","G",-0.0914,0.013013,0.10776,{"v":2.163E-12,"d":"2.16E-12"},34955,true,"reported","textfile",0.00140933982776194,49.3301779843071]
["10700_10_IGSF11_IGS11","IGSF11","rs9273429","chr6",32659679,"A","G",0.0575,0.007896,0.4381,{"v":3.295e-13,"d":"3.30E-13"},35427,true,"reported","textfile",0.00149464286064509,53.0269797350348]
["10702_1_COL28A1_COSA1","COL28A1","rs767298","chr7",7234953,"TAACTAAT","GAACTAAT",0.0473,0.008265,0.41967,{"v":1.048E-8,"d":"1.05E-08"},35350,true,"reported","textfile",0.000925646063141312,32.7500519966174]
["10702_1_COL28A1_COSA1","COL28A1","rs12126578","chr1",106947932,"C","A",-0.0449,0.008231,0.48174,{"v":4.9e-08,"d":"4.90E-08"},35337,true,"reported","textfile",0.000841380110739511,29.7552016478382]
["10702_1_COL28A1_COSA1","COL28A1","rs2129775","chr15",53570496,"TACTAATCATCA","TACTAACCATCA",0.052,0.00934,0.25824,{"v":2.587e-08,"d":"2.59E-08"},35350,true,"reported","textfile",0.000876078200684153,30.9947660766785]
["10702_1_COL28A1_COSA1","COL28A1","rs12945299","chr17",7176748,"ACGCT","ACACT",0.0643,0.010027,0.21475,{"v":1.427e-10,"d":"1.43E-10"},35358,true,"reported","textfile",0.00116168242486836,41.1202124417461]
["10702_1_COL28A1_COSA1","COL28A1","rs1050785","chr2",237324109,"AAAAAAAAAA","CAAAAAAAAA",0.0645,0.008254,0.4213,{"v":5.503e-15,"d":"5.50E-15"},35361,true,"reported","textfile",1.72391809304866E-3,61.0612845052509]
["10702_1_COL28A1_COSA1","COL28A1","rs2646260","chr2",237369152,"G","A",0.0516,0.008864,0.31548,{"v":5.834e-09,"d":"5.83E-09"},35343,true,"reported","textfile",0.000957900252209862,33.8856118494856]
["10702_1_COL28A1_COSA1","COL28A1","rs611462","chr21",44821531,"A","G",-0.1357,0.024663,0.02813,{"v":3.752e-08,"d":"3.75E-08"},35248,true,"reported","textfile",0.000858144774185973,30.2721485970808]
["10702_1_COL28A1_COSA1","COL28A1","rs3088026","chr21",46129699,"T","C",-0.0945,0.01416,0.09272,{"v":2.492E-11,"d":"2.49E-11"},34723,true,"reported","textfile",1.28104139661008E-3,44.5360909077946]
["10702_1_COL28A1_COSA1","COL28A1","rs10254101","chr7",151718450,"T","C",0.052,0.009193,0.26853,{"v":1.546e-08,"d":"1.55E-08"},35360,true,"reported","textfile",0.000904038891313602,31.993930876865]
["10703_203_SUDS3_SDS3","SUDS3","rs10922098","chr1",196695521,"T","C",-0.1213,0.008089,0.40011,{"v":7.859e-51,"d":"7.86E-51"},35326,true,"reported","textfile",0.00632530825452049,224.857481667564]
["10703_203_SUDS3_SDS3","SUDS3","rs11569415","chr19",6716268,"A","G",-0.0556,0.00921,0.24276,{"v":1.573E-9,"d":"1.57E-09"},35360,true,"reported","textfile",0.00102960509797819,36.4422982303528]
["10703_203_SUDS3_SDS3","SUDS3","rs9864801","chr3",165730789,"TAGAGAG","TATAGAG",-0.0585,0.008025,0.41936,{"v":3.098E-13,"d":"3.10E-13"},35327,true,"reported","textfile",1.50197292067742E-3,53.1370037636687]
["10703_203_SUDS3_SDS3","SUDS3","rs2634465","chr4",55666449,"G","A",-0.0628,0.011447,0.1413,{"v":4.111e-08,"d":"4.11E-08"},35346,true,"reported","textfile",0.000850797088348276,30.0961780312208]
["10703_203_SUDS3_SDS3","SUDS3","rs1042663","chr6",31937353,"A","G",0.1158,0.013787,0.09002,{"v":4.498e-17,"d":"4.50E-17"},35429,true,"reported","textfile",0.00198726030806588,70.5428579554824]
["10703_203_SUDS3_SDS3","SUDS3","rs9501602","chr6",32011488,"G","A",0.0894,0.014782,0.08099,{"v":1.469E-9,"d":"1.47E-09"},35428,true,"reported","textfile",0.0010313684853734,36.5749822468807]
["10708_3_GNRH2_GON2","GNRH2","rs2296236","chr20",3039444,"T","C",-0.2021,0.010378,0.16991,{"v":1.844E-84,"d":"1.84E-84"},35366,true,"reported","textfile",0.0106093107641193,379.210831417949]
["10708_3_GNRH2_GON2","GNRH2","rs6115777","chr20",3067673,"G","T",-0.0574,0.008023,0.40236,{"v":8.414e-13,"d":"8.41E-13"},35362,true,"reported","textfile",0.00144539051803771,51.1829881235322]
["10708_3_GNRH2_GON2","GNRH2","rs10922098","chr1",196695521,"T","C",-0.0704,0.008036,0.40011,{"v":1.941e-18,"d":"1.94E-18"},35326,true,"reported","textfile",2.16784632158556E-3,76.7433712988647]
["10708_3_GNRH2_GON2","GNRH2","rs11845659","chr14",106127116,"T","C",-0.05,0.008079,0.42023,{"v":6.051e-10,"d":"6.05E-10"},34955,true,"reported","textfile",0.00109456073298831,38.3001030890512]
["10708_3_GNRH2_GON2","GNRH2","rs6445180","chr3",166042910,"CATTATTTG","CATTATTTT",0.0463,0.007949,0.41731,{"v":5.73e-09,"d":"5.73E-09"},35329,true,"reported","textfile",0.000959375871523947,33.9244176811052]
["10710_23_ZPBP2_ZPBP2","ZPBP2","rs10922098","chr1",196695521,"T","C",-0.0504,0.007911,0.40011,{"v":1.875E-10,"d":"1.88E-10"},35326,true,"reported","textfile",1.14763858134817E-3,40.5857630350552]
["10710_23_ZPBP2_ZPBP2","ZPBP2","rs67399078","chr6",32642504,"TGGGGG","CTGGGG",0.0549,0.007913,0.39943,{"v":3.973e-12,"d":"3.97E-12"},35427,true,"reported","textfile",0.00135687018211879,48.1324356683091]
["10710_23_ZPBP2_ZPBP2","ZPBP2","rs7749543","chr6",32783639,"T","G",0.0678,0.012338,0.11083,{"v":3.907e-08,"d":"3.91E-08"},35426,true,"reported","textfile",0.000851682451739679,30.1957163321442]
["10710_23_ZPBP2_ZPBP2","ZPBP2","rs10869516","chr9",75152655,"C","T",0.0473,0.007973,0.3724,{"v":2.987e-09,"d":"2.99E-09"},35342,true,"reported","textfile",0.000994844859106381,35.1928287255545]
["10714_7_ACE_ACE","ACE","rs188635580","chr17",62773581,"C","T",-0.2002,0.023918,0.03089,{"v":5.75e-17,"d":"5.75E-17"},35356,true,"reported","textfile",0.00197767786584696,70.0573741874232]
["10714_7_ACE_ACE","ACE","rs4968748","chr17",62992139,"A","G",-0.3472,0.009319,0.25149,{"v":1e-200,"d":"1.00E-200"},35357,true,"reported","textfile",0.0377764700638297,1388.02165770701]
["10714_7_ACE_ACE","ACE","rs4277404","chr17",63515392,"T","C",0.2989,0.020415,0.04118,{"v":1.532e-48,"d":"1.53E-48"},35356,true,"reported","textfile",0.00602649422637273,214.352470806908]
["10714_7_ACE_ACE","ACE","rs142377191","chr17",63571809,"A","G",0.2677,0.025084,0.02894,{"v":1.377e-26,"d":"1.38E-26"},35356,true,"reported","textfile",3.21102184497868E-3,113.888163688866]
["10714_7_ACE_ACE","ACE","rs111725844","chr17",63720642,"T","C",0.3298,0.01681,0.06264,{"v":1.068e-85,"d":"1.07E-85"},35356,true,"reported","textfile",0.0107696154907349,384.89414803845]
["10714_7_ACE_ACE","ACE","rs150241958","chr17",63730575,"G","A",0.3369,0.032051,0.01596,{"v":7.649e-26,"d":"7.65E-26"},35356,true,"reported","textfile",0.00311530560539679,110.482701753269]
["10714_7_ACE_ACE","ACE","rs2584622","chr17",63832807,"A","G",0.195,0.016092,0.07002,{"v":8.502e-34,"d":"8.50E-34"},35355,true,"reported","textfile",0.00413616916551371,146.833315942277]
["10714_7_ACE_ACE","ACE","rs3744287","chr17",63918558,"G","A",0.2324,0.040758,0.01112,{"v":1.184E-8,"d":"1.18E-08"},35354,true,"reported","textfile",0.000918774129412643,32.5103727123815]
["10714_7_ACE_ACE","ACE","rs75163181","chr17",64011027,"C","A",-0.3899,0.032322,0.01711,{"v":1.656e-33,"d":"1.66E-33"},35351,true,"reported","textfile",0.00409943771733253,145.507522897509]
["10714_7_ACE_ACE","ACE","rs79593721","chr17",64298765,"T","C",-0.1963,0.02389,0.03107,{"v":2.091e-16,"d":"2.09E-16"},35356,true,"reported","textfile",0.00190597250477038,67.5124287666114]
["10714_7_ACE_ACE","ACE","rs144762318","chr17",64326232,"T","C",0.1877,0.024206,0.02923,{"v":8.877e-15,"d":"8.88E-15"},35356,true,"reported","textfile",0.00169777994439003,60.125391838377]
["10714_7_ACE_ACE","ACE","rs611593","chr11",126318484,"T","G",-0.0745,0.010494,0.17524,{"v":1.251E-12,"d":"1.25E-12"},35364,true,"reported","textfile",0.00142314954297063,50.3971368007326]
["10714_7_ACE_ACE","ACE","rs35166255","chr11",126431861,"A","G",0.2641,0.020251,0.0367,{"v":7.107e-39,"d":"7.11E-39"},35359,true,"reported","textfile",0.00478696153916996,170.066701901528]
["10714_7_ACE_ACE","ACE","rs12945299","chr17",7176748,"ACGCT","ACACT",0.0566,0.010127,0.21475,{"v":2.287e-08,"d":"2.29E-08"},35358,true,"reported","textfile",0.000882673405002324,31.235371539015]
["10714_7_ACE_ACE","ACE","rs143501783","chr17",7897001,"C","T",0.2169,0.037632,0.01116,{"v":8.225e-09,"d":"8.23E-09"},35361,true,"reported","textfile",0.000938581853494549,33.2184940334139]
["10714_7_ACE_ACE","ACE","rs189634497","chr17",61332764,"C","T",-0.1579,0.018118,0.05431,{"v":2.909e-18,"d":"2.91E-18"},35348,true,"reported","textfile",0.00214410835389343,75.9484956807721]
["10714_7_ACE_ACE","ACE","rs74905978","chr17",62011454,"G","C",0.2056,0.030176,0.0193,{"v":9.541e-12,"d":"9.54E-12"},35356,true,"reported","textfile",1.31126329690027E-3,46.4192704842672]
["10714_7_ACE_ACE","ACE","rs8103531","chr19",41386069,"T","C",0.0439,0.007934,0.43807,{"v":3.147e-08,"d":"3.15E-08"},35360,true,"reported","textfile",0.000865080513921839,30.6140003864359]
["10714_7_ACE_ACE","ACE","rs3205136","chr9",133251244,"A","C",0.2238,0.013333,0.09869,{"v":3.124e-63,"d":"3.12E-63"},35355,true,"reported","textfile",0.00790617297789817,281.734373982157]
["10714_7_ACE_ACE","ACE","rs600038","chr9",133276354,"T","C",0.3376,0.010929,0.15311,{"v":1e-200,"d":"1.00E-200"},35359,true,"reported","textfile",0.0262772178276443,954.156159989655]
["10714_7_ACE_ACE","ACE","rs117608058","chr9",133540282,"A","G",-0.1819,0.025397,0.02374,{"v":7.935E-13,"d":"7.94E-13"},35349,true,"reported","textfile",0.00144908426973673,51.295112623201]
["10716_35_PSMD5_PSMD5","PSMD5","rs10922098","chr1",196695521,"T","C",-0.058,7.986E-3,0.40011,{"v":3.787e-13,"d":"3.79E-13"},35326,true,"reported","textfile",0.00149092201788896,52.7439665008766]
["10716_35_PSMD5_PSMD5","PSMD5","rs34160075","chr14",105987878,"G","A",0.1195,8.09E-3,0.4079,{"v":2.272e-49,"d":"2.27E-49"},34954,true,"reported","textfile",0.00620353636570082,218.17948743855]
["10716_35_PSMD5_PSMD5","PSMD5","rs2284350","chr3",52788840,"C","T",-0.0521,0.007994,0.39076,{"v":7.166e-11,"d":"7.17E-11"},35342,true,"reported","textfile",0.00120042321556412,42.4739431454442]
["10716_35_PSMD5_PSMD5","PSMD5","rs3917550","chr7",95305261,"A","G",0.0677,0.010806,0.15554,{"v":3.727e-10,"d":"3.73E-10"},35337,true,"reported","textfile",1.10952120804564E-3,39.2484789060224]
["10731_10_HS3ST5_HS3S5","HS3ST5","rs12132412","chr1",21493549,"G","A",-0.0487,0.008399,0.34943,{"v":6.708e-09,"d":"6.71E-09"},35362,true,"reported","textfile",0.000949846072153731,33.6184895015607]
["10731_10_HS3ST5_HS3S5","HS3ST5","rs7535409","chr1",169537003,"G","A",-0.0584,0.008418,0.33792,{"v":3.99e-12,"d":"3.99E-12"},35352,true,"reported","textfile",1.3595744842987E-3,48.126389431051]
["10731_10_HS3ST5_HS3S5","HS3ST5","rs2420378","chr1",169600680,"T","A",-0.0509,0.008379,0.34773,{"v":1.242e-09,"d":"1.24E-09"},35348,true,"reported","textfile",0.00104287723024243,36.900020771607]
["10731_10_HS3ST5_HS3S5","HS3ST5","rs1914886","chr17",21393104,"A","G",-0.0528,0.008165,0.42279,{"v":1E-10,"d":"1.00E-10"},35340,true,"reported","textfile",0.00118188530242303,41.8148832129167]
["10731_10_HS3ST5_HS3S5","HS3ST5","rs704","chr17",28367840,"A","G",0.255,0.007922,0.49189,{"v":1e-200,"d":"1.00E-200"},35348,true,"reported","textfile",0.0284772987570656,1036.06287385718]
["10731_10_HS3ST5_HS3S5","HS3ST5","rs376533982","chr17",29206025,"TTTTATTTATTTATTTATTTATTTA","T",0.1478,0.023342,0.03071,{"v":2.422E-10,"d":"2.42E-10"},35349,true,"reported","textfile",0.00113293058634957,40.091117889396]
["10731_10_HS3ST5_HS3S5","HS3ST5","rs36020655","chr17",29232546,"AT","A",0.1322,0.018752,0.04899,{"v":1.791e-12,"d":"1.79E-12"},35349,true,"reported","textfile",1.40404294831885E-3,49.6984849014946]
["10731_10_HS3ST5_HS3S5","HS3ST5","rs429358","chr19",44908684,"C","T",-0.0997,0.010634,0.17407,{"v":6.873e-21,"d":"6.87E-21"},35356,true,"reported","textfile",0.00248002170590321,87.8966730475367]
["10731_10_HS3ST5_HS3S5","HS3ST5","rs35136575","chr19",44935906,"G","C",-0.0624,0.008844,0.28501,{"v":1.72e-12,"d":"1.72E-12"},35356,true,"reported","textfile",1.40603949969586E-3,49.7791118697962]
["10734_339_GAL3ST2_G3ST2","GAL3ST2","rs72748420","chr1",196141224,"T","C",0.0917,0.015358,0.07417,{"v":2.362e-09,"d":"2.36E-09"},35325,true,"reported","textfile",0.00100820557668555,35.6487868910093]
["10734_339_GAL3ST2_G3ST2","GAL3ST2","rs1329424","chr1",196677046,"G","T",-0.2716,8.175E-3,0.39735,{"v":1e-200,"d":"1.00E-200"},35326,true,"reported","textfile",0.0302989385930512,1103.72129046457]
["10734_339_GAL3ST2_G3ST2","GAL3ST2","rs3900909","chr1",197788716,"T","C",0.1589,0.022422,0.03376,{"v":1.373e-12,"d":"1.37E-12"},35325,true,"reported","textfile",1.41971090010103E-3,50.2197456445605]
["10734_339_GAL3ST2_G3ST2","GAL3ST2","rs10801660","chr1",198272225,"A","G",0.082,0.012584,0.11574,{"v":7.206e-11,"d":"7.21E-11"},35333,true,"reported","textfile",1.20029549840357E-3,42.4586031242951]
["10734_339_GAL3ST2_G3ST2","GAL3ST2","rs35136575","chr19",44935906,"G","C",-0.0659,8.933E-3,0.28501,{"v":1.621e-13,"d":"1.62E-13"},35356,true,"reported","textfile",0.00153689803810279,54.4191298930538]
["10734_339_GAL3ST2_G3ST2","GAL3ST2","rs111696008","chr2",216622986,"A","G",-0.1615,0.026773,0.02443,{"v":1.618E-9,"d":"1.62E-09"},35347,true,"reported","textfile",0.00102837514132706,36.3853371464353]
["10734_339_GAL3ST2_G3ST2","GAL3ST2","rs144202860","chr2",216625740,"A","G",-0.1954,0.035836,0.01274,{"v":4.962e-08,"d":"4.96E-08"},35347,true,"reported","textfile",0.000840412228810695,29.7293551409291]
["10734_339_GAL3ST2_G3ST2","GAL3ST2","rs2686395","chr3",165767231,"C","T",-0.1455,0.008674,0.3101,{"v":3.765e-63,"d":"3.77E-63"},35327,true,"reported","textfile",0.00790196284104113,281.360134689041]
["10734_339_GAL3ST2_G3ST2","GAL3ST2","rs1265941","chr6",31904575,"C","A",0.1642,0.015495,0.07271,{"v":3.071e-26,"d":"3.07E-26"},35429,true,"reported","textfile",3.15958386884702E-3,112.28936538917]
["10734_339_GAL3ST2_G3ST2","GAL3ST2","rs550671","chr6",31976816,"T","C",0.1891,0.011555,0.14045,{"v":3.413e-60,"d":"3.41E-60"},35428,true,"reported","textfile",0.00750284188032906,267.804974833478]
["10734_339_GAL3ST2_G3ST2","GAL3ST2","rs9269234","chr6",32484011,"C","G",0.075,0.010851,0.16699,{"v":4.793e-12,"d":"4.79E-12"},35427,true,"reported","textfile",0.00134667678668048,47.7703563982089]
["10737_96_SERPINB1_Serpin_B1","SERPINB1","rs2293772","chr6",2835597,"G","A",0.0792,0.008228,0.40397,{"v":6.234e-22,"d":"6.23E-22"},35348,true,"reported","textfile",2.61432800927156E-3,92.6482507326127]
["10737_96_SERPINB1_Serpin_B1","SERPINB1","rs10922094","chr1",196692375,"CATTA","GATTA",-0.09,0.008222,0.40155,{"v":6.964E-28,"d":"6.96E-28"},35327,true,"reported","textfile",0.00338028090036052,119.81342584021]
["10737_96_SERPINB1_Serpin_B1","SERPINB1","rs9971407","chr11",65130754,"T","C",-0.0691,0.009334,0.24858,{"v":1.329e-13,"d":"1.33E-13"},35351,true,"reported","textfile",1.54791114802909E-3,54.8019397050833]
["10737_96_SERPINB1_Serpin_B1","SERPINB1","rs6445180","chr3",166042910,"CATTATTTG","CATTATTTT",0.0488,0.008139,0.41731,{"v":2.023e-09,"d":"2.02E-09"},35329,true,"reported","textfile",0.00101654006454812,35.9478532933987]
["10737_96_SERPINB1_Serpin_B1","SERPINB1","rs4713498","chr6",32043539,"T","G",0.0917,0.01661,0.06413,{"v":3.375e-08,"d":"3.38E-08"},35429,true,"reported","textfile",0.000859541910323145,30.4771876771353]
["10748_216_PCDHB2_PCDB2","PCDHB2","rs10922098","chr1",196695521,"T","C",-0.1919,0.007991,0.40011,{"v":1.952e-127,"d":"1.95E-127"},35326,true,"reported","textfile",0.0160627764173922,576.664344603204]
["10748_216_PCDHB2_PCDB2","PCDHB2","rs7084817","chr10",7732395,"G","C",-0.1708,0.021784,0.03465,{"v":4.483e-15,"d":"4.48E-15"},35351,true,"reported","textfile",1.73597789875619E-3,61.4717964231201]
["10748_216_PCDHB2_PCDB2","PCDHB2","rs11064498","chr12",7064203,"G","A",-0.0815,0.011848,0.1306,{"v":6.041e-12,"d":"6.04E-12"},35378,true,"reported","textfile",0.00133570751890228,47.3151884416468]
["10748_216_PCDHB2_PCDB2","PCDHB2","rs56317765","chr20",37489853,"T","C",0.0617,0.0109,0.15401,{"v":1.511e-08,"d":"1.51E-08"},35357,true,"reported","textfile",0.000905416757205013,32.0400190211061]
["10748_216_PCDHB2_PCDB2","PCDHB2","rs11720167","chr3",165768357,"G","T",0.0997,0.009998,0.19032,{"v":2.025E-23,"d":"2.03E-23"},35327,true,"reported","textfile",0.0028069619867024,99.4350425648882]
["10748_216_PCDHB2_PCDB2","PCDHB2","rs3863087","chr3",165792099,"A","G",-0.0831,0.01358,0.09559,{"v":9.403e-10,"d":"9.40E-10"},35326,true,"reported","textfile",1.05888289399795E-3,37.4436277645126]
["10748_216_PCDHB2_PCDB2","PCDHB2","rs550671","chr6",31976816,"T","C",0.1495,0.011286,0.14045,{"v":4.72e-40,"d":"4.72E-40"},35428,true,"reported","textfile",0.00492844561941829,175.459858886425]
["10748_216_PCDHB2_PCDB2","PCDHB2","rs9469195","chr6",32617235,"G","C",0.0698,8.09E-3,0.37544,{"v":6.218e-18,"d":"6.22E-18"},35427,true,"reported","textfile",0.00209685218878579,74.4370723257699]
["10748_216_PCDHB2_PCDB2","PCDHB2","rs9272526","chr6",32638792,"A","G",0.061,0.010381,0.14653,{"v":4.197e-09,"d":"4.20E-09"},35426,true,"reported","textfile",0.000973724461843993,34.5268349601524]
["10752_8_CDYL2_CDYL2","CDYL2","rs10922098","chr1",196695521,"T","C",-0.0634,0.008247,0.40011,{"v":1.5e-14,"d":"1.50E-14"},35326,true,"reported","textfile",1.6701908532361E-3,59.0965241738451]
["10752_8_CDYL2_CDYL2","CDYL2","rs4452009","chr17",21391421,"A","C",-0.0459,0.008131,0.49803,{"v":1.651E-8,"d":"1.65E-08"},35340,true,"reported","textfile",0.000900905978461281,31.8649227662881]
["10752_8_CDYL2_CDYL2","CDYL2","rs704","chr17",28367840,"A","G",0.177,0.008055,0.49189,{"v":5.196e-107,"d":"5.20E-107"},35348,true,"reported","textfile",0.0134759158109375,482.826246097114]
["10752_8_CDYL2_CDYL2","CDYL2","rs62083752","chr17",58290785,"T","C",-0.0946,0.012337,0.12173,{"v":1.744e-14,"d":"1.74E-14"},35357,true,"reported","textfile",1.66022179336951E-3,58.7947538362339]
["10752_8_CDYL2_CDYL2","CDYL2","rs9501393","chr6",32007072,"GGAG","CGAG",0.0631,0.010819,0.1548,{"v":5.467e-09,"d":"5.47E-09"},35428,true,"reported","textfile",0.000959226248296172,34.0141763629217]
["10752_8_CDYL2_CDYL2","CDYL2","rs2299257","chr7",95313453,"C","A",0.0467,8.352E-3,0.37897,{"v":2.252e-08,"d":"2.25E-08"},35337,true,"reported","textfile",0.000883973078857719,31.2628242364316]
["10753_31_ADAM7_ADAM7","ADAM7","rs71427346","chr14",106544067,"G","A",0.0704,0.009218,0.25917,{"v":2.224e-14,"d":"2.22E-14"},34955,true,"reported","textfile",1.66586010324358E-3,58.3239677596266]
["10753_31_ADAM7_ADAM7","ADAM7","rs113954333","chr17",28251133,"C","T",-0.1287,0.013544,0.09416,{"v":2.058e-21,"d":"2.06E-21"},35348,true,"reported","textfile",0.00254794697580483,90.2897873975432]
["10753_31_ADAM7_ADAM7","ADAM7","rs241777","chr17",28306590,"T","C",-0.2392,0.007812,0.45532,{"v":1e-200,"d":"1.00E-200"},35348,true,"reported","textfile",0.0258383086713049,937.504386002169]
["10753_31_ADAM7_ADAM7","ADAM7","rs36020655","chr17",29232546,"AT","A",0.1065,0.018423,0.04899,{"v":7.439e-09,"d":"7.44E-09"},35349,true,"reported","textfile",0.000944476169093861,33.4159597265899]
["10754_113_PROK2_Prokineticin_2","PROK2","rs2686274","chr3",71262190,"T","C",-0.0963,0.010238,0.2316,{"v":5.163e-21,"d":"5.16E-21"},35339,true,"reported","textfile",0.00249736556536374,88.4703497883758]
["10754_113_PROK2_Prokineticin_2","PROK2","rs6549404","chr3",71715045,"A","T",-0.1543,0.009687,0.27595,{"v":3.976e-57,"d":"3.98E-57"},35333,true,"reported","textfile",7.12960224745318E-3,253.704791254688]
["10754_113_PROK2_Prokineticin_2","PROK2","rs4677042","chr3",71732550,"G","C",0.6182,0.009301,0.1278,{"v":1e-200,"d":"1.00E-200"},35333,true,"reported","textfile",0.111135716767346,4417.47529198374]
["10754_113_PROK2_Prokineticin_2","PROK2","rs17009077","chr3",71892003,"G","A",-0.1229,0.00955,0.28852,{"v":6.729e-38,"d":"6.73E-38"},35335,true,"reported","textfile",0.00466510215533907,165.604616909876]
["10754_113_PROK2_Prokineticin_2","PROK2","rs9809964","chr3",72628421,"A","C",0.1303,0.019962,0.04747,{"v":6.689e-11,"d":"6.69E-11"},35335,true,"reported","textfile",1.20434877720639E-3,42.6045661021217]
["10754_113_PROK2_Prokineticin_2","PROK2","rs56318703","chr10",909566,"T","C",0.081,0.009696,0.24229,{"v":6.591e-17,"d":"6.59E-17"},35167,true,"reported","textfile",1.98056227493604E-3,69.7846853132256]
["10754_113_PROK2_Prokineticin_2","PROK2","rs10896415","chr11",69071866,"A","G",-0.0577,0.008611,0.37201,{"v":2.075e-11,"d":"2.08E-11"},35354,true,"reported","textfile",1.26839547338848E-3,44.897264261987]
["10754_113_PROK2_Prokineticin_2","PROK2","rs2511241","chr11",73234296,"T","C",0.2998,0.014634,0.08753,{"v":2.841e-93,"d":"2.84E-93"},35354,true,"reported","textfile",0.01173203409011,419.674504750045]
["10754_113_PROK2_Prokineticin_2","PROK2","rs3809627","chr16",30091839,"A","C",0.0479,0.008451,0.42241,{"v":1.444e-08,"d":"1.44E-08"},35360,true,"reported","textfile",0.000907712202262897,32.1240474374566]
["10754_113_PROK2_Prokineticin_2","PROK2","rs9898547","chr17",39979773,"T","G",-0.1002,0.008386,0.44771,{"v":6.661e-33,"d":"6.66E-33"},35367,true,"reported","textfile",4.02048006198805E-3,142.758234025793]
["10754_113_PROK2_Prokineticin_2","PROK2","rs62135367","chr2",43116519,"G","C",0.0551,0.009385,0.2726,{"v":4.337e-09,"d":"4.34E-09"},35348,true,"reported","textfile",0.000974196361365581,34.4675227240509]
["10754_113_PROK2_Prokineticin_2","PROK2","rs116198731","chr3",69474148,"C","T",0.1893,0.034111,0.01599,{"v":2.864E-8,"d":"2.86E-08"},35340,true,"reported","textfile",0.000870697857834939,30.7955345060964]
["10754_113_PROK2_Prokineticin_2","PROK2","rs138866676","chr3",70273106,"T","C",0.1832,0.026856,0.02635,{"v":9.001e-12,"d":"9.00E-12"},35342,true,"reported","textfile",1.31493932269084E-3,46.5311412913079]
["10754_113_PROK2_Prokineticin_2","PROK2","rs4264815","chr4",152743406,"C","T",-0.0527,0.008497,0.41442,{"v":5.57e-10,"d":"5.57E-10"},35364,true,"reported","textfile",1.08656688609264E-3,38.4649729919354]
["10754_113_PROK2_Prokineticin_2","PROK2","rs1071649","chr6",31271337,"T","G",-0.0753,0.010055,0.22009,{"v":6.959e-14,"d":"6.96E-14"},35427,true,"reported","textfile",0.0015805362611564,56.0791321533279]
["10754_113_PROK2_Prokineticin_2","PROK2","rs9266228","chr6",31357543,"C","G",-0.0788,0.008382,0.49096,{"v":5.388e-21,"d":"5.39E-21"},35428,true,"reported","textfile",0.00248844714229591,88.3756465881759]
["10758_2_KERA_KERA","KERA","rs10922094","chr1",196692375,"CATTA","GATTA",-0.1171,0.008478,0.40155,{"v":2.157e-43,"d":"2.16E-43"},35327,true,"reported","textfile",0.00537132195255084,190.766616890979]
["10758_2_KERA_KERA","KERA","rs4950781","chr1",202591553,"G","T",-0.0491,0.008736,0.34329,{"v":1.907e-08,"d":"1.91E-08"},35349,true,"reported","textfile",0.000892838015089879,31.5873477042081]
["10758_2_KERA_KERA","KERA","rs142759151","chr1",203218214,"GGTCAAGGTCAAGGTCAAGG","GGTCAAGGTCAAGG",-0.0551,0.008955,0.31305,{"v":7.606e-10,"d":"7.61E-10"},35353,true,"reported","textfile",0.00106974658903287,37.8571091823195]
["10758_2_KERA_KERA","KERA","rs10920636","chr1",203402861,"A","G",0.2496,0.008231,0.4918,{"v":1e-200,"d":"1.00E-200"},35357,true,"reported","textfile",0.0253488208829594,919.516214127935]
["10758_2_KERA_KERA","KERA","rs117861214","chr10",54963317,"A","T",-0.1154,0.020789,0.04192,{"v":2.839e-08,"d":"2.84E-08"},35341,true,"reported","textfile",0.000871138263047016,30.8119965870063]
["10758_2_KERA_KERA","KERA","rs186033146","chr12",104377858,"T","C",-0.1666,0.020307,0.0428,{"v":2.324e-16,"d":"2.32E-16"},35348,true,"reported","textfile",1.90049814054196E-3,67.3029163429588]
["10758_2_KERA_KERA","KERA","rs1362245","chr2",229265954,"A","G",0.0523,0.009181,0.28531,{"v":1.224e-08,"d":"1.22E-08"},35347,true,"reported","textfile",0.000917217469464227,32.4488140773482]
["10758_2_KERA_KERA","KERA","rs2686395","chr3",165767231,"C","T",-0.0662,0.008929,0.3101,{"v":1.226E-13,"d":"1.23E-13"},35327,true,"reported","textfile",0.00155356113098005,54.9649383436476]
["10758_2_KERA_KERA","KERA","rs1265941","chr6",31904575,"C","A",0.1027,0.015899,0.07271,1.05E-10,35429,true,"reported","textfile",0.00117633548342687,41.7231175550229]
["10758_2_KERA_KERA","KERA","rs550671","chr6",31976816,"T","C",0.1035,0.011873,0.14045,{"v":2.844E-18,"d":"2.84E-18"},35428,true,"reported","textfile",0.00214033914436467,75.9862909612421]
["10760_107_GRIA4_GRIA4","GRIA4","rs9280648","chr6",29683259,"CATTTTTTTTTTTTT","CTTTTTTTTTTTT",0.0733,0.0119,0.14192,{"v":7.286e-10,"d":"7.29E-10"},35425,true,"reported","textfile",0.00106989035245283,37.9393168640282]
["10760_107_GRIA4_GRIA4","GRIA4","rs56194989","chr6",31235376,"C","A",0.2144,0.038341,0.012,{"v":2.246e-08,"d":"2.25E-08"},35427,true,"reported","textfile",0.000881871184861325,31.2678609492959]
["10760_107_GRIA4_GRIA4","GRIA4","rs72548024","chr6",31832870,"ATATT","ATTT",0.1297,0.010985,0.16365,{"v":3.599e-32,"d":"3.60E-32"},35427,true,"reported","textfile",0.00391958290003067,139.397604701279]
["10760_107_GRIA4_GRIA4","GRIA4","rs115884658","chr6",31896761,"A","G",-0.2478,0.020047,0.04295,{"v":4.251e-35,"d":"4.25E-35"},35429,true,"reported","textfile",0.00429413795825963,152.784503181811]
["10760_107_GRIA4_GRIA4","GRIA4","rs62395855","chr6",31917132,"T","C",0.1751,0.027827,0.02271,{"v":3.126e-10,"d":"3.13E-10"},35429,true,"reported","textfile",0.00111633754609469,39.592689050835]
["10760_107_GRIA4_GRIA4","GRIA4","rs181063261","chr6",31933008,"T","C",-0.4383,0.018695,0.05001,{"v":1.516e-121,"d":"1.52E-121"},35429,true,"reported","textfile",0.0152773156056342,549.626274014065]
["10760_107_GRIA4_GRIA4","GRIA4","rs2284179","chr6",31974114,"G","T",0.3241,0.021459,0.03718,{"v":1.539e-51,"d":"1.54E-51"},35429,true,"reported","textfile",0.00639724517096622,228.094380345007]
["10760_107_GRIA4_GRIA4","GRIA4","rs451652","chr6",32041507,"A","G",0.2183,0.012303,0.13221,{"v":1.952E-70,"d":"1.95E-70"},35425,true,"reported","textfile",0.0088091267515142,314.818977192761]
["10760_107_GRIA4_GRIA4","GRIA4","rs7774739","chr6",32041524,"G","A",0.1886,0.011403,0.17585,{"v":1.915E-61,"d":"1.92E-61"},35425,true,"reported","textfile",0.0076629234544726,273.539852479078]
["10760_107_GRIA4_GRIA4","GRIA4","rs13196283","chr6",32675846,"A","C",0.1758,0.030881,0.01708,{"v":1.249E-8,"d":"1.25E-08"},35426,true,"reported","textfile",9.13978111837037E-4,32.4063793551297]
["10760_107_GRIA4_GRIA4","GRIA4","rs9501265","chr6",33090511,"G","A",-0.1039,0.017312,0.05985,{"v":1.953e-09,"d":"1.95E-09"},35425,true,"reported","textfile",0.00101574663438416,36.017377559826]
["10761_5_TMED2_TMED2","TMED2","rs10922094","chr1",196692375,"CATTA","GATTA",-0.118,8.038E-3,0.40155,{"v":8.611e-49,"d":"8.61E-49"},35327,true,"reported","textfile",0.00606345156937031,215.498088913425]
["10761_5_TMED2_TMED2","TMED2","rs1355538","chr3",165787389,"G","A",-0.0689,0.008042,0.39847,{"v":1.06e-17,"d":"1.06E-17"},35326,true,"reported","textfile",0.00207354934889759,73.3982520983072]
["10761_5_TMED2_TMED2","TMED2","rs454212","chr6",31966595,"T","C",0.0881,0.011361,0.13896,{"v":8.873e-15,"d":"8.87E-15"},35428,true,"reported","textfile",0.0016944764415402,60.1304119845311]
["10761_5_TMED2_TMED2","TMED2","rs34927613","chr6",32632434,"A","G",0.0526,0.008585,0.29339,{"v":8.961e-10,"d":"8.96E-10"},35427,true,"reported","textfile",1.05851389120553E-3,37.5375886549894]
["10762_2_KLRG2_KLRG2","KLRG2","rs10922098","chr1",196695521,"T","C",-0.0741,0.008177,0.40011,{"v":1.282e-19,"d":"1.28E-19"},35326,true,"reported","textfile",2.31923925518043E-3,82.1152523667314]
["10762_2_KLRG2_KLRG2","KLRG2","rs142860569","chr1",206823039,"T","C",0.103,0.017074,0.05869,{"v":1.614E-9,"d":"1.61E-09"},35362,true,"reported","textfile",1.02806450046318E-3,36.3897717689137]
["10762_2_KLRG2_KLRG2","KLRG2","rs2808466","chr1",207100406,"C","T",0.2891,0.012694,0.11154,{"v":8.178e-115,"d":"8.18E-115"},35357,true,"reported","textfile",0.0144576949872292,518.650294029606]
["10762_2_KLRG2_KLRG2","KLRG2","rs2491393","chr1",207126914,"G","A",0.0786,0.008568,0.32234,{"v":4.56e-20,"d":"4.56E-20"},35357,true,"reported","textfile",0.0023745334661766,84.1514511336179]
["10762_2_KLRG2_KLRG2","KLRG2","rs1107080","chr9",114329677,"G","C",-0.0786,0.01305,0.10966,{"v":1.712e-09,"d":"1.71E-09"},35349,true,"reported","textfile",0.00102518319031867,36.2743380698231]
["10772_21_CSGALNACT2_CGAT2","CSGALNACT2","rs2435382","chr10",43181651,"T","A",-0.1148,0.008361,0.33153,{"v":6.609e-43,"d":"6.61E-43"},35316,true,"reported","textfile",0.00530986685258779,188.513620255743]
["10772_21_CSGALNACT2_CGAT2","CSGALNACT2","rs10922098","chr1",196695521,"T","C",-0.15,0.008042,0.40011,{"v":1.204e-77,"d":"1.20E-77"},35326,true,"reported","textfile",0.00975222674809305,347.880264873876]
["10772_21_CSGALNACT2_CGAT2","CSGALNACT2","rs6542680","chr2",3592552,"T","C",-0.124,0.010201,0.18362,{"v":5.317e-34,"d":"5.32E-34"},35320,true,"reported","textfile",0.00416604647038668,147.751970817634]
["10772_21_CSGALNACT2_CGAT2","CSGALNACT2","rs1355538","chr3",165787389,"G","A",-0.0693,0.008048,0.39847,{"v":7.265e-18,"d":"7.27E-18"},35326,true,"reported","textfile",0.00209452464468041,74.142281384263]
["10772_21_CSGALNACT2_CGAT2","CSGALNACT2","rs550671","chr6",31976816,"T","C",0.1092,0.011329,0.14045,{"v":5.488e-22,"d":"5.49E-22"},35428,true,"reported","textfile",0.00261564042440516,92.9046829192374]
["10772_21_CSGALNACT2_CGAT2","CSGALNACT2","rs62404084","chr6",32635544,"T","C",0.0591,0.00962,0.21057,{"v":8.086e-10,"d":"8.09E-10"},35427,true,"reported","textfile",1.06421166014787E-3,37.7398612611448]
["10781_19_CLEC4G_CLC4G","CLEC4G","rs117133715","chr19",7736670,"CCTTT","CCTTC",0.2029,0.015715,0.0746,{"v":3.879e-38,"d":"3.88E-38"},35357,true,"reported","textfile",0.00469263884049478,166.690464353056]
["10781_19_CLEC4G_CLC4G","CLEC4G","rs62122042","chr2",20522215,"A","T",-0.074,0.013171,0.10816,{"v":1.928e-08,"d":"1.93E-08"},35358,true,"reported","textfile",0.000891970923705796,31.564678754207]
["10781_19_CLEC4G_CLC4G","CLEC4G","rs1801701","chr2",21005955,"T","C",-0.3709,0.012024,0.12795,{"v":1e-200,"d":"1.00E-200"},35361,true,"reported","textfile",0.0262035057958726,951.461385362144]
["10781_19_CLEC4G_CLC4G","CLEC4G","rs115256181","chr2",22085884,"TAAAAT","AAAAAT",-0.078,0.013573,0.10276,{"v":9.092e-09,"d":"9.09E-09"},35355,true,"reported","textfile",0.000933213873928825,33.0227273523259]
["10781_19_CLEC4G_CLC4G","CLEC4G","rs6445035","chr3",165762312,"A","G",0.1356,0.010388,0.1904,{"v":6.07e-39,"d":"6.07E-39"},35327,true,"reported","textfile",0.00480019654918599,170.38482374296]
["10781_19_CLEC4G_CLC4G","CLEC4G","rs3863087","chr3",165792099,"A","G",-0.1104,0.014133,0.09559,{"v":5.647e-15,"d":"5.65E-15"},35326,true,"reported","textfile",0.00172435008245427,61.0161555254261]
["10781_19_CLEC4G_CLC4G","CLEC4G","rs79428469","chr6",32634257,"C","T",0.054,0.008913,0.2926,{"v":1.374E-9,"d":"1.37E-09"},35427,true,"reported","textfile",0.00103503631102009,36.7041514473999]
["10781_19_CLEC4G_CLC4G","CLEC4G","rs78810414","chr8",20013602,"T","C",-0.0908,0.01439,0.08751,{"v":2.794e-10,"d":"2.79E-10"},35356,true,"reported","textfile",0.00112485926249439,39.8130584537965]
["10785_8_LRRC52_LRC52","LRRC52","rs61801825","chr1",161599096,"G","A",-0.0769,0.013118,0.09435,{"v":4.572e-09,"d":"4.57E-09"},35339,true,"reported","textfile",0.000971496074389015,34.3631404367226]
["10785_8_LRRC52_LRC52","LRRC52","rs111653192","chr14",105673116,"A","G",-0.0887,0.015877,0.06881,{"v":2.316E-8,"d":"2.32E-08"},35088,true,"reported","textfile",0.000888721317092406,31.2094126017773]
["10785_8_LRRC52_LRC52","LRRC52","rs12589177","chr14",106782999,"G","A",-0.1986,0.007978,0.41862,{"v":8.53e-137,"d":"8.53E-137"},34954,true,"reported","textfile",0.0174197364049628,619.648744621228]
["10785_8_LRRC52_LRC52","LRRC52","rs61997798","chr14",106821535,"T","C",0.1346,0.017527,0.05376,{"v":1.596e-14,"d":"1.60E-14"},34914,true,"reported","textfile",1.68632918842032E-3,58.972571795265]
["10785_8_LRRC52_LRC52","LRRC52","rs41547217","chr6",32521980,"G","C",0.057,0.00787,0.48969,{"v":4.395E-13,"d":"4.40E-13"},35427,true,"reported","textfile",0.00147850666579904,52.4536517096293]
["10798_4_CD300E_CLM2","CD300E","rs10922094","chr1",196692375,"CATTA","GATTA",-0.114,0.00803,0.40155,{"v":9.574e-46,"d":"9.57E-46"},35327,true,"reported","textfile",0.00567284807141029,201.536644889851]
["10798_4_CD300E_CLM2","CD300E","rs1555405","chr14",100710432,"A","G",-0.0511,0.00861,0.30381,{"v":2.934E-9,"d":"2.93E-09"},35368,true,"reported","textfile",0.000994930369548841,35.2217506388436]
["10798_4_CD300E_CLM2","CD300E","rs1706435","chr3",165743688,"G","A",0.0697,0.00815,0.36981,1.21E-17,35327,true,"reported","textfile",0.00206607160335017,73.1350817038619]
["10798_4_CD300E_CLM2","CD300E","rs9501600","chr6",32009122,"T","C",0.0957,0.011421,0.15016,{"v":5.323e-17,"d":"5.32E-17"},35428,true,"reported","textfile",0.00197792183716623,70.2087263765105]
["10800_15_SERPINH1_Collagen_binding_protein","SERPINH1","rs514887","chr11",75581004,"A","G",0.1232,8.064E-3,0.44086,{"v":1.072E-52,"d":"1.07E-52"},35360,true,"reported","textfile",0.0065576883639077,233.397291876152]
["10800_15_SERPINH1_Collagen_binding_protein","SERPINH1","rs594708","chr11",75690770,"ACAG","GCAG",0.0812,0.008797,0.29394,{"v":2.707e-20,"d":"2.71E-20"},35363,true,"reported","textfile",0.00240352519684585,85.1958247972321]
["10800_15_SERPINH1_Collagen_binding_protein","SERPINH1","rs2588512","chr2",54964946,"G","A",-0.0743,0.010125,0.19505,{"v":2.168E-13,"d":"2.17E-13"},35334,true,"reported","textfile",1.52171521574845E-3,53.8471820791193]
["10800_15_SERPINH1_Collagen_binding_protein","SERPINH1","rs9865425","chr3",12720958,"C","T",0.0632,0.008029,0.47629,{"v":3.497e-15,"d":"3.50E-15"},35357,true,"reported","textfile",1.7493448713159E-3,61.956471160443]
["10800_15_SERPINH1_Collagen_binding_protein","SERPINH1","rs1354034","chr3",56815721,"C","T",0.0488,0.008232,0.38119,{"v":3.071e-09,"d":"3.07E-09"},35344,true,"reported","textfile",0.00099330271307614,35.1402093508232]
["10800_15_SERPINH1_Collagen_binding_protein","SERPINH1","rs9656588","chr7",50267184,"C","T",-0.0659,0.008453,0.34123,{"v":6.409e-15,"d":"6.41E-15"},35325,true,"reported","textfile",1.71759330294085E-3,60.7749348608833]
["10800_15_SERPINH1_Collagen_binding_protein","SERPINH1","rs7782210","chr7",50309149,"G","A",0.0495,0.008283,0.37368,{"v":2.286e-09,"d":"2.29E-09"},35323,true,"reported","textfile",0.00101004010252898,35.7116967072298]
["10800_15_SERPINH1_Collagen_binding_protein","SERPINH1","rs72673731","chr8",105524039,"T","C",0.0647,0.010222,0.19205,{"v":2.46e-10,"d":"2.46E-10"},35350,true,"reported","textfile",1.13202359721392E-3,40.0601191144624]
["10800_15_SERPINH1_Collagen_binding_protein","SERPINH1","rs10098139","chr8",105532805,"C","T",0.0658,0.010127,0.1966,{"v":8.161e-11,"d":"8.16E-11"},35350,true,"reported","textfile",0.0011928405542153,42.2148835354751]
["10809_14_KLRB1_KLRB1","KLRB1","rs139517772","chr12",9125550,"C","A",-0.1543,0.027023,0.0209,{"v":1.13E-8,"d":"1.13E-08"},35375,true,"reported","textfile",0.000920806117407502,32.6016946309096]
["10809_14_KLRB1_KLRB1","KLRB1","rs10691349","chr12",9584213,"ATTGT","A",0.0788,0.011497,0.13729,{"v":7.182e-12,"d":"7.18E-12"},35374,true,"reported","textfile",0.00132624218814543,46.9741377623322]
["10809_14_KLRB1_KLRB1","KLRB1","rs1135816","chr12",9598073,"G","A",-0.2296,0.008094,0.37818,{"v":5.361e-177,"d":"5.36E-177"},35372,true,"reported","textfile",0.0222427657904093,804.623682117535]
["10809_14_KLRB1_KLRB1","KLRB1","rs118021813","chr12",9889577,"C","T",-0.0966,0.016561,0.06111,{"v":5.447e-09,"d":"5.45E-09"},35373,true,"reported","textfile",0.000960929922648509,34.0217448066058]
["10809_14_KLRB1_KLRB1","KLRB1","rs713452","chr1",56920602,"C","T",0.0695,0.008553,0.29838,{"v":4.448e-16,"d":"4.45E-16"},35357,true,"reported","textfile",0.00186400457639551,66.0249526122888]
["10809_14_KLRB1_KLRB1","KLRB1","rs10922094","chr1",196692375,"CATTA","GATTA",-0.0982,0.008031,0.40155,{"v":2.195E-34,"d":"2.20E-34"},35327,true,"reported","textfile",0.00421446816249564,149.506176862642]
["10809_14_KLRB1_KLRB1","KLRB1","rs7310615","chr12",111427245,"G","C",-0.0493,0.008152,0.37607,{"v":1.469E-9,"d":"1.47E-09"},35358,true,"reported","textfile",0.00103330567389913,36.5713447844457]
["10809_14_KLRB1_KLRB1","KLRB1","rs8117436","chr20",1946357,"A","G",0.0877,0.016042,0.06351,{"v":4.578e-08,"d":"4.58E-08"},35361,true,"reported","textfile",0.000844482618927558,29.8852985378362]
["10809_14_KLRB1_KLRB1","KLRB1","rs697356","chr3",165718150,"C","G",0.0448,0.008174,0.36502,{"v":4.238E-8,"d":"4.24E-08"},35326,true,"reported","textfile",0.000849616926123903,30.0373885721482]
["10809_14_KLRB1_KLRB1","KLRB1","rs28455809","chr6",32557482,"C","T",0.0534,0.008582,0.26647,{"v":4.892e-10,"d":"4.89E-10"},35427,true,"reported","textfile",0.0010916834973156,38.715152585579]
["10809_14_KLRB1_KLRB1","KLRB1","rs7862602","chr9",136946019,"T","G",0.1026,0.007935,0.43654,{"v":3.067e-38,"d":"3.07E-38"},35248,true,"reported","textfile",0.00472075354379039,167.176880254336]
["10814_7_CD1A_CD1A","CD1A","rs114009540","chr1",196158413,"A","G",-0.1209,0.021621,0.03606,{"v":2.248E-8,"d":"2.25E-08"},35325,true,"reported","textfile",0.000884371279472398,31.266297720523]
["10814_7_CD1A_CD1A","CD1A","rs10922098","chr1",196695521,"T","C",-0.2251,0.008098,0.40011,{"v":4.8e-170,"d":"4.80E-170"},35326,true,"reported","textfile",0.0214044569559853,772.62873603668]
["10814_7_CD1A_CD1A","CD1A","rs3900909","chr1",197788716,"T","C",0.1471,0.022155,0.03376,{"v":3.148e-11,"d":"3.15E-11"},35325,true,"reported","textfile",1.24640167283134E-3,44.0815896565103]
["10814_7_CD1A_CD1A","CD1A","rs1047286","chr19",6713251,"A","G",-0.0524,9.325E-3,0.24066,{"v":1.919e-08,"d":"1.92E-08"},35360,true,"reported","textfile",0.00089220567992428,31.5747796284896]
["10814_7_CD1A_CD1A","CD1A","rs72848922","chr2",88948138,"C","G",-0.1005,0.01401,0.08931,{"v":7.319e-13,"d":"7.32E-13"},35337,true,"reported","textfile",1.454099782041E-3,51.4554371383463]
["10814_7_CD1A_CD1A","CD1A","rs111696008","chr2",216622986,"A","G",-0.1487,0.026512,0.02443,{"v":2.037E-8,"d":"2.04E-08"},35347,true,"reported","textfile",0.000889197124908802,31.4566435368939]
["10814_7_CD1A_CD1A","CD1A","rs1707652","chr3",165761011,"T","C",0.1218,0.008593,0.3102,{"v":1.307E-45,"d":"1.31E-45"},35327,true,"reported","textfile",0.00565503469514033,200.900198196896]
["10814_7_CD1A_CD1A","CD1A","rs550671","chr6",31976816,"T","C",0.1726,0.011437,0.14045,{"v":1.846E-51,"d":"1.85E-51"},35428,true,"reported","textfile",0.00638745378893426,227.736594902776]
["10814_7_CD1A_CD1A","CD1A","rs28471056","chr6",32635749,"AGGTGTTCTGTCTCAATCCACTGTGCTCACAGAGTACGT","AGGTGTTCTGTCTCAATCCACTGTGCTCACAGAGTACCT",0.0854,0.010118,0.18962,{"v":3.166e-17,"d":"3.17E-17"},35426,true,"reported","textfile",0.00200692803346723,71.2363849555132]
["10814_7_CD1A_CD1A","CD1A","rs9272526","chr6",32638792,"A","G",0.065,0.010535,0.14653,{"v":6.83e-10,"d":"6.83E-10"},35426,true,"reported","textfile",0.00107341852236308,38.0656380971887]
["10815_2_HABP4_HABP4","HABP4","rs473902","chr9",95493953,"G","T",0.0907,0.014667,0.0805,{"v":6.254e-10,"d":"6.25E-10"},35333,true,"reported","textfile",1.08113938812923E-3,38.2390774948391]
["10815_2_HABP4_HABP4","HABP4","rs58088508","chr9",96324935,"C","G",0.3486,0.009397,0.22792,{"v":1e-200,"d":"1.00E-200"},35333,true,"reported","textfile",0.0374888042473256,1376.10549228625]
["10815_2_HABP4_HABP4","HABP4","rs147602960","chr9",97066766,"G","A",0.2744,0.024165,0.02854,{"v":6.969e-30,"d":"6.97E-30"},35333,true,"reported","textfile",0.00363606885897138,128.934764538495]
["10815_2_HABP4_HABP4","HABP4","rs28825490","chr9",97218116,"A","C",0.0587,0.009248,0.39761,{"v":2.189e-10,"d":"2.19E-10"},35329,true,"reported","textfile",1.13908002855986E-3,40.2861693398566]
["10815_2_HABP4_HABP4","HABP4","rs6695321","chr1",196706731,"G","A",-0.0496,0.008084,0.40304,{"v":8.487e-10,"d":"8.49E-10"},35327,true,"reported","textfile",1.06448963429783E-3,37.6431670927432]
["10815_2_HABP4_HABP4","HABP4","rs116836559","chr9",93102773,"G","A",0.2113,0.034163,0.01249,{"v":6.21e-10,"d":"6.21E-10"},35345,true,"reported","textfile",1.08115811194405E-3,38.2527283980501]
["10816_150_PILRA_PILRA_isoform_FDF03_M14","PILRA","rs45454594","chr7",99444550,"A","C",0.6173,0.018062,0.04987,{"v":1e-200,"d":"1.00E-200"},35356,true,"reported","textfile",0.0319802583016153,1167.98243185787]
["10816_150_PILRA_PILRA_isoform_FDF03_M14","PILRA","rs199974872","chr7",99825735,"GA","G",-0.411,0.025535,0.02384,{"v":2.737e-58,"d":"2.74E-58"},35356,true,"reported","textfile",0.00727408137126374,259.052239871895]
["10816_150_PILRA_PILRA_isoform_FDF03_M14","PILRA","rs76265464","chr7",99883893,"C","T",-0.4186,0.032241,0.01535,{"v":1.52e-38,"d":"1.52E-38"},35356,true,"reported","textfile",0.00474517906326558,168.560912314692]
["10816_150_PILRA_PILRA_isoform_FDF03_M14","PILRA","rs75126895","chr7",99924066,"C","T",-0.3994,0.018752,0.04627,{"v":1.156e-100,"d":"1.16E-100"},35356,true,"reported","textfile",0.0126683734054483,453.624356105164]
["10816_150_PILRA_PILRA_isoform_FDF03_M14","PILRA","rs12705068","chr7",100019125,"T","C",0.9361,0.024877,0.0266,{"v":1e-200,"d":"1.00E-200"},35356,true,"reported","textfile",0.0385063004962696,1415.87173004646]
["10816_150_PILRA_PILRA_isoform_FDF03_M14","PILRA","rs371165331","chr7",100278477,"CTTTTTCTTTCTT","CTTTTTCTTTTTT",0.963,0.029804,0.01815,{"v":1e-200,"d":"1.00E-200"},35352,true,"reported","textfile",0.0286846611104128,1043.94806676512]
["10816_150_PILRA_PILRA_isoform_FDF03_M14","PILRA","rs62482204","chr7",100398887,"A","G",0.8826,0.03042,0.01703,{"v":4.39e-185,"d":"4.39E-185"},35357,true,"reported","textfile",0.0232549409593605,841.753362362269]
["10816_150_PILRA_PILRA_isoform_FDF03_M14","PILRA","rs149744179","chr7",100437664,"T","C",-0.4345,0.029726,0.01795,{"v":2.199e-48,"d":"2.20E-48"},35357,true,"reported","textfile",0.0060064074690468,213.639743418705]
["10816_150_PILRA_PILRA_isoform_FDF03_M14","PILRA","rs78690606","chr7",100492646,"A","C",0.8815,0.039318,0.01013,{"v":2.52e-111,"d":"2.52E-111"},35357,true,"reported","textfile",0.0140170236051344,502.617064821474]
["10816_150_PILRA_PILRA_isoform_FDF03_M14","PILRA","rs73405382","chr7",100509350,"G","C",-0.4146,0.012947,0.10169,{"v":1e-200,"d":"1.00E-200"},35357,true,"reported","textfile",0.0281856590780709,1025.40571253542]
["10816_150_PILRA_PILRA_isoform_FDF03_M14","PILRA","rs140711669","chr7",100653245,"C","G",-0.3564,0.022643,0.03083,{"v":8.071e-56,"d":"8.07E-56"},35356,true,"reported","textfile",6.95843793445173E-3,247.732445581536]
["10816_150_PILRA_PILRA_isoform_FDF03_M14","PILRA","rs55867908","chr7",100804512,"C","A",0.8678,0.035981,0.01212,{"v":1.614e-128,"d":"1.61E-128"},35357,true,"reported","textfile",0.0161856658573512,581.658750566321]
["10816_150_PILRA_PILRA_isoform_FDF03_M14","PILRA","rs143364347","chr7",101226262,"A","G",0.7139,0.031966,0.01561,{"v":1.753e-110,"d":"1.75E-110"},35355,true,"reported","textfile",0.013911160951299,498.739316009015]
["10816_150_PILRA_PILRA_isoform_FDF03_M14","PILRA","rs146216542","chr7",8321631,"A","G",0.1208,0.020539,0.03926,{"v":4.065e-09,"d":"4.07E-09"},35352,true,"reported","textfile",0.000977544508574329,34.5900116540465]
["10816_150_PILRA_PILRA_isoform_FDF03_M14","PILRA","rs5745757","chr7",81704940,"A","G",-0.2253,0.039777,0.01029,{"v":1.478e-08,"d":"1.48E-08"},35335,true,"reported","textfile",0.000907108227972972,32.0799550101117]
["10816_150_PILRA_PILRA_isoform_FDF03_M14","PILRA","rs148292738","chr7",81714369,"G","A",-0.1987,0.028085,0.021,{"v":1.495E-12,"d":"1.50E-12"},35336,true,"reported","textfile",0.00141453836363523,50.0520991551226]
["10816_150_PILRA_PILRA_isoform_FDF03_M14","PILRA","rs117466579","chr7",85686314,"C","A",0.167,0.029858,0.01834,{"v":2.229E-8,"d":"2.23E-08"},35337,true,"reported","textfile",8.84499384850816E-4,31.2814541906925]
["10816_150_PILRA_PILRA_isoform_FDF03_M14","PILRA","rs79858296","chr7",86715697,"A","C",-0.0823,0.012316,0.12056,2.35E-11,35338,true,"reported","textfile",0.00126203065591822,44.6514667774311]
["10816_150_PILRA_PILRA_isoform_FDF03_M14","PILRA","rs62467851","chr7",92420223,"A","G",0.1671,0.026547,0.02349,{"v":3.085e-10,"d":"3.09E-10"},35330,true,"reported","textfile",1.12018975860857E-3,39.6184439673079]
["10816_150_PILRA_PILRA_isoform_FDF03_M14","PILRA","rs12670513","chr7",97534099,"G","T",-0.1211,0.009933,0.20016,{"v":3.428e-34,"d":"3.43E-34"},35340,true,"reported","textfile",0.00418830300538145,148.62875386065]
["10816_150_PILRA_PILRA_isoform_FDF03_M14","PILRA","rs117850863","chr7",99276953,"T","G",0.8264,0.022857,0.03088,{"v":1e-200,"d":"1.00E-200"},35356,true,"reported","textfile",0.0356542896403299,1307.12641991645]
["10816_150_PILRA_PILRA_isoform_FDF03_M14","PILRA","rs712846","chr7",101677291,"G","A",0.1385,8.541E-3,0.31797,3.88E-59,35354,true,"reported","textfile",0.00738287151725578,262.940530027901]
["10816_150_PILRA_PILRA_isoform_FDF03_M14","PILRA","rs143036628","chr7",103401145,"G","A",0.2874,0.027166,0.0213,{"v":3.708e-26,"d":"3.71E-26"},35356,true,"reported","textfile",0.00315563212864172,111.917388382533]
["10816_150_PILRA_PILRA_isoform_FDF03_M14","PILRA","rs138702212","chr7",110608714,"T","C",0.1995,0.035331,0.01157,{"v":1.637E-8,"d":"1.64E-08"},35351,true,"reported","textfile",0.00090111602043057,31.8822798393313]
["10816_150_PILRA_PILRA_isoform_FDF03_M14","PILRA","rs73203019","chr7",111453363,"G","C",0.1011,0.01608,0.06499,{"v":3.228e-10,"d":"3.23E-10"},35353,true,"reported","textfile",1.11691110684229E-3,39.5280738827334]
["10816_150_PILRA_PILRA_isoform_FDF03_M14","PILRA","rs118045511","chr7",111802503,"C","T",0.1647,0.02973,0.01777,{"v":3.028e-08,"d":"3.03E-08"},35348,true,"reported","textfile",0.000867472331571349,30.688298281383]
["10816_150_PILRA_PILRA_isoform_FDF03_M14","PILRA","rs1206383","chr7",122015755,"G","A",-0.0824,0.014652,0.08025,{"v":1.867e-08,"d":"1.87E-08"},35342,true,"reported","textfile",0.000894089529601927,31.6253999150656]
["10817_26_TOMM20L_TO20L","TOMM20L","rs72748420","chr1",196141224,"T","C",0.0851,0.015288,0.07417,{"v":2.597E-8,"d":"2.60E-08"},35325,true,"reported","textfile",0.000876384777892745,30.9836931465419]
["10817_26_TOMM20L_TO20L","TOMM20L","rs1329424","chr1",196677046,"G","T",-0.2631,0.008137,0.39735,{"v":1e-200,"d":"1.00E-200"},35326,true,"reported","textfile",0.028744328493779,1045.41439448135]
["10817_26_TOMM20L_TO20L","TOMM20L","rs3900909","chr1",197788716,"T","C",0.1543,0.022303,0.03376,{"v":4.574e-12,"d":"4.57E-12"},35325,true,"reported","textfile",1.35311610787511E-3,47.860881608314]
["10817_26_TOMM20L_TO20L","TOMM20L","rs10801660","chr1",198272225,"A","G",0.0756,0.012505,0.11574,{"v":1.49E-9,"d":"1.49E-09"},35333,true,"reported","textfile",1.03334817314626E-3,36.5469900708542]
["10817_26_TOMM20L_TO20L","TOMM20L","rs1047286","chr19",6713251,"A","G",-0.0602,0.00937,0.24066,{"v":1.323E-10,"d":"1.32E-10"},35360,true,"reported","textfile",1.16599010773071E-3,41.2752047095284]
["10817_26_TOMM20L_TO20L","TOMM20L","rs2686395","chr3",165767231,"C","T",-0.1214,0.008636,0.3101,{"v":6.916e-45,"d":"6.92E-45"},35327,true,"reported","textfile",0.00556266324998643,197.600263027099]
["10817_26_TOMM20L_TO20L","TOMM20L","rs1265941","chr6",31904575,"C","A",0.1579,0.01542,0.07271,{"v":1.313E-24,"d":"1.31E-24"},35429,true,"reported","textfile",0.00295089100097707,104.850618237418]
["10817_26_TOMM20L_TO20L","TOMM20L","rs550671","chr6",31976816,"T","C",0.1925,0.011499,0.14045,{"v":6.686e-63,"d":"6.69E-63"},35428,true,"reported","textfile",0.0078482492428538,280.231403578296]
["10817_26_TOMM20L_TO20L","TOMM20L","rs112164276","chr6",32481499,"G","A",0.0958,0.015438,0.07336,{"v":5.453e-10,"d":"5.45E-10"},35427,true,"reported","textfile",1.08578231129148E-3,38.5056471280372]
["10817_26_TOMM20L_TO20L","TOMM20L","rs41548618","chr6",32521968,"G","C",0.0543,0.008621,0.35223,{"v":2.997e-10,"d":"3.00E-10"},35426,true,"reported","textfile",0.00111860350411002,39.6697852904265]
["10818_36_SMPD1_ASM","SMPD1","rs57528411","chr11",6237459,"A","G",0.0989,0.014441,0.09364,{"v":7.452e-12,"d":"7.45E-12"},35367,true,"reported","textfile",0.00132441550746204,46.9000696008756]
["10818_36_SMPD1_ASM","SMPD1","rs142303644","chr11",6300695,"T","C",-0.2121,0.027837,0.02445,{"v":2.552e-14,"d":"2.55E-14"},35363,true,"reported","textfile",1.63898504558761E-3,58.0512954020643]
["10818_36_SMPD1_ASM","SMPD1","rs1050228","chr11",6390700,"CCTGGCGCTGGCGCTGGCGCTGGCG","CCTGGTGCTGGCGCTGGCGCTGGCG",0.2847,0.008282,0.4708,{"v":1e-200,"d":"1.00E-200"},35363,true,"reported","textfile",0.0323355438663329,1181.62567552182]
["10818_36_SMPD1_ASM","SMPD1","rs117210486","chr11",6400929,"T","G",-0.2693,0.023341,0.03233,{"v":8.511e-31,"d":"8.51E-31"},35365,true,"reported","textfile",0.00374997586070213,133.109553976249]
["10818_36_SMPD1_ASM","SMPD1","rs77690773","chr11",6428913,"C","T",-0.1693,0.025647,0.02636,{"v":4.082e-11,"d":"4.08E-11"},35364,true,"reported","textfile",1.23067841837448E-3,43.572874426742]
["10818_36_SMPD1_ASM","SMPD1","rs113199701","chr11",6591621,"T","C",0.128,0.022001,0.0387,{"v":5.96e-09,"d":"5.96E-09"},35368,true,"reported","textfile",0.000956112865589491,33.8462484380215]
["10818_36_SMPD1_ASM","SMPD1","rs12743641","chr1",172622949,"A","G",0.0553,0.009386,0.25863,{"v":3.815e-09,"d":"3.82E-09"},35342,true,"reported","textfile",9.81231964912061E-4,34.7107969835201]
["10818_36_SMPD1_ASM","SMPD1","rs78444298","chr1",184702964,"A","G",-0.3267,0.039545,0.01105,{"v":1.438e-16,"d":"1.44E-16"},35348,true,"reported","textfile",0.00192713664883392,68.2480953955338]
["10818_36_SMPD1_ASM","SMPD1","rs7897379","chr10",63541965,"C","T",0.0834,0.00824,0.48021,{"v":4.432e-24,"d":"4.43E-24"},35339,true,"reported","textfile",0.00289045555143993,102.436114858092]
["10818_36_SMPD1_ASM","SMPD1","rs139736720","chr11",5080729,"A","G",0.2147,0.037078,0.0135,{"v":7.021e-09,"d":"7.02E-09"},35367,true,"reported","textfile",0.000947156461745072,33.5279444788767]
["10818_36_SMPD1_ASM","SMPD1","rs3923092","chr11",7483560,"A","G",-0.0671,0.010013,0.22443,{"v":2.062e-11,"d":"2.06E-11"},35363,true,"reported","textfile",0.00126828351872893,44.9047254289482]
["10818_36_SMPD1_ASM","SMPD1","rs60167606","chr12",101558771,"A","G",-0.0948,0.010854,0.183,{"v":2.458e-18,"d":"2.46E-18"},35351,true,"reported","textfile",0.00215327339098797,76.2803134672789]
["10818_36_SMPD1_ASM","SMPD1","rs2251298","chr12",101687067,"TTTTATATATATATAT","TTATATATATATATAT",0.3109,0.010132,0.21681,{"v":1e-200,"d":"1.00E-200"},35351,true,"reported","textfile",0.0259437886914135,941.513411449554]
["10818_36_SMPD1_ASM","SMPD1","rs7980436","chr12",101707848,"T","C",-0.2692,0.014481,0.09286,{"v":3.839e-77,"d":"3.84E-77"},35352,true,"reported","textfile",0.00968086548899691,345.563953184667]
["10818_36_SMPD1_ASM","SMPD1","rs2946833","chr12",102322796,"G","T",0.0739,0.011202,0.16935,{"v":4.188e-11,"d":"4.19E-11"},35352,true,"reported","textfile",0.00122955916758839,43.5184250527323]
["10818_36_SMPD1_ASM","SMPD1","rs67057049","chr12",103576792,"C","G",-0.0485,0.008581,0.38785,{"v":1.583E-8,"d":"1.58E-08"},35354,true,"reported","textfile",0.000902769484914486,31.9435444879006]
["10818_36_SMPD1_ASM","SMPD1","rs17532371","chr13",41061165,"G","C",0.0927,0.016344,0.06781,{"v":1.413E-8,"d":"1.41E-08"},35346,true,"reported","textfile",0.000909300445998311,32.167564944515]
["10818_36_SMPD1_ASM","SMPD1","rs17092065","chr14",39240201,"T","C",0.0515,0.008382,0.40075,{"v":8.043E-10,"d":"8.04E-10"},35355,true,"reported","textfile",0.00106660799405605,37.7480547908635]
["10818_36_SMPD1_ASM","SMPD1","rs112963922","chr14",94411531,"T","C",0.2218,0.038561,0.01119,{"v":8.823e-09,"d":"8.82E-09"},35359,true,"reported","textfile",0.000934803573295446,33.082775838075]
["10818_36_SMPD1_ASM","SMPD1","rs55707100","chr15",43528519,"T","C",0.1872,0.025126,0.02732,{"v":9.305e-14,"d":"9.31E-14"},35351,true,"reported","textfile",1.56776825734512E-3,55.5060607690566]
["10818_36_SMPD1_ASM","SMPD1","rs339969","chr15",60591082,"A","C",0.0589,0.008666,0.33988,{"v":1.068e-11,"d":"1.07E-11"},35358,true,"reported","textfile",1.30478362704536E-3,46.1922007450451]
["10818_36_SMPD1_ASM","SMPD1","rs62061733","chr17",45941033,"G","A",0.0654,0.010737,0.18202,{"v":1.12e-09,"d":"1.12E-09"},35351,true,"reported","textfile",0.00104841283277514,37.0992405456427]
["10818_36_SMPD1_ASM","SMPD1","rs2532362","chr17",46256133,"T","G",0.0622,0.010712,0.184,{"v":6.376e-09,"d":"6.38E-09"},35348,true,"reported","textfile",0.000952929443078801,33.7143715123323]
["10818_36_SMPD1_ASM","SMPD1","rs56255430","chr19",19367068,"C","A",0.1385,0.015313,0.0795,{"v":1.502E-19,"d":"1.50E-19"},35341,true,"reported","textfile",0.00230938337676494,81.800207190197]
["10818_36_SMPD1_ASM","SMPD1","rs429358","chr19",44908684,"C","T",-0.0752,0.010969,0.17407,{"v":7.105e-12,"d":"7.11E-12"},35356,true,"reported","textfile",1.32758255865501E-3,46.9977471681257]
["10818_36_SMPD1_ASM","SMPD1","rs8736","chr19",54173495,"C","T",-0.0741,0.008387,0.41652,{"v":9.97e-19,"d":"9.97E-19"},35359,true,"reported","textfile",2.20275125804621E-3,78.0546111235886]
["10818_36_SMPD1_ASM","SMPD1","rs738409","chr22",43928847,"G","C",0.0599,0.009782,0.22998,{"v":9.141e-10,"d":"9.14E-10"},35360,true,"reported","textfile",1.05931658618334E-3,37.4950349667102]
["10818_36_SMPD1_ASM","SMPD1","rs4681749","chr3",57703214,"G","A",0.0603,0.010667,0.18216,{"v":1.577e-08,"d":"1.58E-08"},35347,true,"reported","textfile",0.000903243870549143,31.9540168744407]
["10818_36_SMPD1_ASM","SMPD1","rs1154988","chr3",136206349,"A","T",0.0632,0.009878,0.22728,{"v":1.573e-10,"d":"1.57E-10"},35349,true,"reported","textfile",1.15668830993999E-3,40.9328081921778]
["10818_36_SMPD1_ASM","SMPD1","rs1707652","chr3",165761011,"T","C",0.0854,0.00888,0.3102,{"v":6.769e-22,"d":"6.77E-22"},35327,true,"reported","textfile",0.00261124438573148,92.4837054826778]
["10818_36_SMPD1_ASM","SMPD1","rs6858114","chr4",76277312,"A","G",0.0494,0.008431,0.38625,{"v":4.647e-09,"d":"4.65E-09"},35344,true,"reported","textfile",0.000970416940499612,34.329789720646]
["10818_36_SMPD1_ASM","SMPD1","rs56055826","chr4",118868269,"A","T",-0.1094,0.017255,0.06196,{"v":2.297e-10,"d":"2.30E-10"},35340,true,"reported","textfile",1.13617298140362E-3,40.19575014212]
["10818_36_SMPD1_ASM","SMPD1","rs41280463","chr4",153270074,"A","G",-0.0715,0.010616,0.18512,{"v":1.641e-11,"d":"1.64E-11"},35364,true,"reported","textfile",0.00128106794561573,45.3592329522363]
["10818_36_SMPD1_ASM","SMPD1","rs9639523","chr7",25952357,"T","G",0.0514,0.008703,0.33286,{"v":3.501e-09,"d":"3.50E-09"},35359,true,"reported","textfile",0.000985507843718778,34.878974333151]
["10818_36_SMPD1_ASM","SMPD1","rs7036351","chr9",34592701,"T","C",0.0724,0.010429,0.19176,{"v":3.855E-12,"d":"3.86E-12"},35338,true,"reported","textfile",0.00136193990497627,48.1911419214908]
["10825_12_VSIG10_VSI10","VSIG10","rs10922098","chr1",196695521,"T","C",-0.0504,0.008051,0.40011,{"v":3.844e-10,"d":"3.84E-10"},35326,true,"reported","textfile",1.10811654501554E-3,39.1865320806695]
["10825_12_VSIG10_VSI10","VSIG10","rs4448834","chr14",106715151,"T","C",-0.0577,0.008069,0.36848,{"v":8.629e-13,"d":"8.63E-13"},34957,true,"reported","textfile",1.46064013263365E-3,51.1313603531772]
["10825_12_VSIG10_VSI10","VSIG10","rs697356","chr3",165718150,"C","G",0.0512,0.00817,0.36502,{"v":3.691E-10,"d":"3.69E-10"},35326,true,"reported","textfile",1.11050058591432E-3,39.2709330910446]
["10832_24_B4GALT6_B4GT6","B4GALT6","rs1816633","chr18",31162268,"A","T",-0.0931,8.94E-3,0.3241,{"v":2.144e-25,"d":"2.14E-25"},35339,true,"reported","textfile",0.00305942169322256,108.442555881338]
["10832_24_B4GALT6_B4GT6","B4GALT6","rs78796387","chr18",31207671,"T","G",0.4779,0.022772,0.03351,{"v":8.821E-98,"d":"8.82E-98"},35339,true,"reported","textfile",0.0123094417347434,440.399818486276]
["10832_24_B4GALT6_B4GT6","B4GALT6","rs143674791","chr18",31324045,"T","G",0.7855,0.036754,0.0137,{"v":2.432E-101,"d":"2.43E-101"},35339,true,"reported","textfile",0.0127600281291808,456.728988744655]
["10832_24_B4GALT6_B4GT6","B4GALT6","rs142098862","chr18",31441439,"A","G",-0.373,0.037114,0.013,{"v":9.172e-24,"d":"9.17E-24"},35339,true,"reported","textfile",0.00285002299723734,100.999112446549]
["10832_24_B4GALT6_B4GT6","B4GALT6","rs59477943","chr18",31556721,"G","A",-0.9248,0.017513,0.03496,{"v":1e-200,"d":"1.00E-200"},35337,true,"reported","textfile",0.07314063284459,2788.36720342521]
["10832_24_B4GALT6_B4GT6","B4GALT6","rs113633457","chr18",31701321,"T","A",-0.719,0.039776,0.01098,{"v":4.888e-73,"d":"4.89E-73"},35338,true,"reported","textfile",0.00916170667327242,326.731485033554]
["10832_24_B4GALT6_B4GT6","B4GALT6","rs17804730","chr18",32156054,"A","C",-0.0747,0.008327,0.46091,{"v":2.937e-19,"d":"2.94E-19"},35338,true,"reported","textfile",2.27213540636057E-3,80.4710177678132]
["10832_24_B4GALT6_B4GT6","B4GALT6","rs148295641","chr18",32496370,"T","G",-0.5256,0.030965,0.01896,{"v":1.277e-64,"d":"1.28E-64"},35334,true,"reported","textfile",0.00808814300656584,288.100466481142]
["10832_24_B4GALT6_B4GT6","B4GALT6","rs78705678","chr10",17794281,"G","A",0.0484,0.00839,0.36741,{"v":7.999e-09,"d":"8.00E-09"},35341,true,"reported","textfile",0.000940760789874963,33.2768511101262]
["10832_24_B4GALT6_B4GT6","B4GALT6","rs140118846","chr12",111280204,"A","G",-0.1357,0.022785,0.0313,{"v":2.589e-09,"d":"2.59E-09"},35358,true,"reported","textfile",1.00216327990573E-3,35.4680296813041]
["10832_24_B4GALT6_B4GT6","B4GALT6","rs181707610","chr12",111370921,"CAAAAAAAAAACAAAAAAAAAAAA","CAAAAAAAAAACAAAAACAAAAAA",-0.1957,0.028014,0.02068,{"v":2.833e-12,"d":"2.83E-12"},35356,true,"reported","textfile",1.37838088340054E-3,48.7985407274193]
["10832_24_B4GALT6_B4GT6","B4GALT6","rs189321311","chr18",27507461,"A","C",0.1989,0.033109,0.0155,{"v":1.884e-09,"d":"1.88E-09"},35358,true,"reported","textfile",0.0010196396079751,36.0871738914073]
["10832_24_B4GALT6_B4GT6","B4GALT6","rs147694814","chr18",29701866,"A","G",0.213,0.025428,0.02874,{"v":5.445e-17,"d":"5.45E-17"},35334,true,"reported","textfile",0.00198189397306749,70.1633341454937]
["10832_24_B4GALT6_B4GT6","B4GALT6","rs12608350","chr18",30248345,"C","T",-0.0774,8.397E-3,0.43557,{"v":3.047e-20,"d":"3.05E-20"},35334,true,"reported","textfile",0.00239882056964609,84.9589295946222]
["10832_24_B4GALT6_B4GT6","B4GALT6","rs138902810","chr18",33213376,"G","C",-0.3312,0.032414,0.01697,{"v":1.649e-24,"d":"1.65E-24"},35331,true,"reported","textfile",2.94630713339171E-3,104.397672322268]
["10832_24_B4GALT6_B4GT6","B4GALT6","rs145766357","chr18",35336585,"GTATAAATTC","ATATAAATTC",-0.1324,0.024046,0.03141,{"v":3.667e-08,"d":"3.67E-08"},35323,true,"reported","textfile",0.00085755130814868,30.3155669091798]
["10832_24_B4GALT6_B4GT6","B4GALT6","rs117474269","chr18",44999000,"A","G",0.1515,0.024128,0.03106,{"v":3.408E-10,"d":"3.41E-10"},35334,true,"reported","textfile",0.00111456523625505,39.4237592789381]
["10832_24_B4GALT6_B4GT6","B4GALT6","rs141745012","chr18",46110414,"A","G",-0.1003,0.017754,0.05903,{"v":1.61e-08,"d":"1.61E-08"},35340,true,"reported","textfile",0.000902299775003562,31.9142656838218]
["10832_24_B4GALT6_B4GT6","B4GALT6","rs8102873","chr19",56977055,"T","C",-0.0473,0.008221,0.40098,{"v":8.739e-09,"d":"8.74E-09"},35160,true,"reported","textfile",0.000940622621725732,33.101546197801]
["10832_24_B4GALT6_B4GT6","B4GALT6","rs1260326","chr2",27508073,"C","T",0.048,0.008534,0.34132,{"v":1.86e-08,"d":"1.86E-08"},35361,true,"reported","textfile",0.000893849274637936,31.6338924337286]
["10832_24_B4GALT6_B4GT6","B4GALT6","rs4684847","chr3",12344838,"T","C",0.0828,0.012511,0.11896,{"v":3.639e-11,"d":"3.64E-11"},35356,true,"reported","textfile",0.0012373022819582,43.7977759644956]
["10832_24_B4GALT6_B4GT6","B4GALT6","rs62621812","chr7",127375029,"A","G",0.1436,0.025381,0.02528,{"v":1.534E-8,"d":"1.53E-08"},35344,true,"reported","textfile",0.000904862454540805,32.008612259837]
["10832_24_B4GALT6_B4GT6","B4GALT6","rs2980858","chr8",125488935,"C","T",0.0571,8.6E-3,0.31966,{"v":3.139e-11,"d":"3.14E-11"},35356,true,"reported","textfile",0.00124529151371766,44.0809297837507]
["10833_64_HHIP_HHIP","HHIP","rs7438126","chr4",144302051,"C","T",-0.0554,0.008236,0.47588,{"v":1.737e-11,"d":"1.74E-11"},35348,true,"reported","textfile",1.27839908282213E-3,45.244134040892]
["10833_64_HHIP_HHIP","HHIP","rs140950906","chr4",144405145,"TTCTCTCTCTCTCTCTCTCTCTCTC","TTCTCTCTCTCTCTCTCTCTC",0.0549,0.009506,0.2472,{"v":7.674e-09,"d":"7.67E-09"},35348,true,"reported","textfile",0.000942702413818884,33.3522007189662]
["10833_64_HHIP_HHIP","HHIP","rs11727676","chr4",144737912,"C","T",0.2352,0.013296,0.10368,{"v":5.054e-70,"d":"5.05E-70"},35350,true,"reported","textfile",0.00877436565237472,312.901791814808]
["10833_64_HHIP_HHIP","HHIP","rs78689694","chr11",126364925,"C","G",-0.079,0.01334,0.10578,{"v":3.183e-09,"d":"3.18E-09"},35363,true,"reported","textfile",0.00099074738103064,35.0685622268072]
["10833_64_HHIP_HHIP","HHIP","rs181707610","chr12",111370921,"CAAAAAAAAAACAAAAAAAAAAAA","CAAAAAAAAAACAAAAACAAAAAA",-0.1639,0.028475,0.02068,{"v":8.612e-09,"d":"8.61E-09"},35356,true,"reported","textfile",0.000936182561281043,33.1288128884321]
["10833_64_HHIP_HHIP","HHIP","rs718530","chr13",45989518,"C","T",0.0572,9.325E-3,0.26042,{"v":8.55e-10,"d":"8.55E-10"},35349,true,"reported","textfile",0.00106329853094962,37.6244191631002]
["10833_64_HHIP_HHIP","HHIP","rs118146573","chr16",56967026,"A","G",-0.0741,0.011412,0.15106,{"v":8.413e-11,"d":"8.41E-11"},35357,true,"reported","textfile",0.00119102237050805,42.1588079927454]
["10833_64_HHIP_HHIP","HHIP","rs1065853","chr19",44909969,"GGGGGGGTGGT","GGGGGGGGGGT",0.3405,0.017206,0.05944,{"v":3.679e-87,"d":"3.68E-87"},35354,true,"reported","textfile",0.0109559856997899,391.606441026806]
["10833_64_HHIP_HHIP","HHIP","rs77945941","chr2",219109023,"C","G",-0.1172,0.013954,0.09516,{"v":4.511e-17,"d":"4.51E-17"},35357,true,"reported","textfile",0.00199120853234138,70.5396367875692]
["10833_64_HHIP_HHIP","HHIP","rs9274536","chr6",32666857,"T","C",-0.0611,0.008095,0.45423,{"v":4.412e-14,"d":"4.41E-14"},35426,true,"reported","textfile",1.60556815693701E-3,56.9671109707038]
["10835_25_A4GNT_A4GCT","A4GNT","rs2251550","chr3",138140323,"G","A",-0.0651,0.008527,0.30063,{"v":2.273e-14,"d":"2.27E-14"},35350,true,"reported","textfile",1.64613154765217E-3,58.2834000900014]
["10835_25_A4GNT_A4GCT","A4GNT","rs61801011","chr1",161572511,"ATGTTTTTTGTTGTTGTTGTTGTTGTTG","TTGTTTTTTGTTGTTGTTGTTGTTGTTG",-0.0573,0.009813,0.20086,{"v":5.246e-09,"d":"5.25E-09"},35334,true,"reported","textfile",0.000964037579006099,34.0942438737656]
["10835_25_A4GNT_A4GCT","A4GNT","rs203687","chr1",196705140,"T","C",-0.0488,0.007897,0.4315,{"v":6.438e-10,"d":"6.44E-10"},35327,true,"reported","textfile",1.07979026902462E-3,38.1848228534363]
["10835_25_A4GNT_A4GCT","A4GNT","rs4974539","chr3",194341178,"A","G",0.1068,0.007888,0.44289,{"v":9.105e-42,"d":"9.11E-42"},35290,true,"reported","textfile",0.00516781396046273,183.309126499815]
["10835_25_A4GNT_A4GCT","A4GNT","rs2073044","chr6",32371209,"T","C",0.0534,0.008889,0.26489,{"v":1.885E-9,"d":"1.89E-09"},35426,true,"reported","textfile",1.01768268244919E-3,36.0871165766796]
["10842_7_GCNT4_GCNT4","GCNT4","rs10922094","chr1",196692375,"CATTA","GATTA",-0.1643,0.008104,0.40155,{"v":2.234e-91,"d":"2.23E-91"},35327,true,"reported","textfile",0.011501265303443,411.009324123054]
["10842_7_GCNT4_GCNT4","GCNT4","rs1555405","chr14",100710432,"A","G",-0.0479,0.008696,0.30381,{"v":3.621e-08,"d":"3.62E-08"},35368,true,"reported","textfile",0.000857134654577572,30.3394291699321]
["10842_7_GCNT4_GCNT4","GCNT4","rs11569393","chr19",6721618,"ATTTTTTTTTCC","ATTTTTTTTTCA",-0.0446,0.008058,0.45686,{"v":3.117e-08,"d":"3.12E-08"},35360,true,"reported","textfile",0.000865619115821813,30.6330772744929]
["10842_7_GCNT4_GCNT4","GCNT4","rs1355538","chr3",165787389,"G","A",-0.0751,0.008119,0.39847,{"v":2.243e-20,"d":"2.24E-20"},35326,true,"reported","textfile",0.00241618243146863,85.5559469852112]
["10842_7_GCNT4_GCNT4","GCNT4","rs9267139","chr6",31471721,"A","G",0.0783,0.012705,0.10872,{"v":7.146e-10,"d":"7.15E-10"},35427,true,"reported","textfile",1.07096294710263E-3,37.9795370780693]
["10842_7_GCNT4_GCNT4","GCNT4","rs28573154","chr6",32008772,"A","G",0.116,0.0111,0.145,1.46E-25,35428,true,"reported","textfile",0.00307317059311562,109.205749329152]
["10842_7_GCNT4_GCNT4","GCNT4","rs7774739","chr6",32041524,"G","A",0.0999,0.01111,0.17585,{"v":2.423E-19,"d":"2.42E-19"},35425,true,"reported","textfile",0.00227720900530914,80.8496862286218]
["10842_7_GCNT4_GCNT4","GCNT4","rs9271766","chr6",32626382,"GGCATCTACAG","GGCATCTACAA",0.0579,0.010467,0.17434,{"v":3.17e-08,"d":"3.17E-08"},35425,true,"reported","textfile",0.000863033884825271,30.5976561161901]
["10847_1_SIGLEC15_SIG15","SIGLEC15","rs10305748","chr1",150812144,"T","C",-0.1359,0.023614,0.02964,{"v":8.656e-09,"d":"8.66E-09"},35351,true,"reported","textfile",0.000936033490229994,33.1188481972105]
["10847_1_SIGLEC15_SIG15","SIGLEC15","rs10922098","chr1",196695521,"T","C",-0.1836,0.00811,0.40011,{"v":1.847e-113,"d":"1.85E-113"},35326,true,"reported","textfile",0.0143005809694678,512.482519937282]
["10847_1_SIGLEC15_SIG15","SIGLEC15","rs1047286","chr19",6713251,"A","G",-0.0566,0.009311,0.24066,{"v":1.213e-09,"d":"1.21E-09"},35360,true,"reported","textfile",0.00104393711861579,36.9501022232648]
["10847_1_SIGLEC15_SIG15","SIGLEC15","rs1707652","chr3",165761011,"T","C",0.0963,0.008598,0.3102,{"v":4.069e-29,"d":"4.07E-29"},35327,true,"reported","textfile",0.00353843714480685,125.439150690518]
["10847_1_SIGLEC15_SIG15","SIGLEC15","rs3130955","chr6",31086734,"A","C",0.0472,0.008586,0.31795,{"v":3.863e-08,"d":"3.86E-08"},35427,true,"reported","textfile",0.000852309914358955,30.2188345284349]
["10847_1_SIGLEC15_SIG15","SIGLEC15","rs9501600","chr6",32009122,"T","C",0.1331,0.011543,0.15016,{"v":9.218e-31,"d":"9.22E-31"},35428,true,"reported","textfile",0.00373891206843758,132.95179400359]
["10847_1_SIGLEC15_SIG15","SIGLEC15","rs35209896","chr6",32519009,"A","C",0.09,0.013637,0.09263,{"v":4.115e-11,"d":"4.12E-11"},35427,true,"reported","textfile",1.22794620881551E-3,43.5534757727452]
["10848_137_BTNL3_BTNL3","BTNL3","rs10922098","chr1",196695521,"T","C",-0.1291,0.008111,0.40011,{"v":4.803E-57,"d":"4.80E-57"},35326,true,"reported","textfile",0.00712042300586556,253.325607744554]
["10848_137_BTNL3_BTNL3","BTNL3","rs6445035","chr3",165762312,"A","G",0.1067,0.010105,0.1904,{"v":4.599e-26,"d":"4.60E-26"},35327,true,"reported","textfile",0.00314616090847365,111.488896098465]
["10848_137_BTNL3_BTNL3","BTNL3","rs3863087","chr3",165792099,"A","G",-0.0933,0.013752,0.09559,{"v":1.164E-11,"d":"1.16E-11"},35326,true,"reported","textfile",1.30128249517746E-3,46.026396203344]
["10848_137_BTNL3_BTNL3","BTNL3","rs9501600","chr6",32009122,"T","C",0.1306,0.011519,0.15016,{"v":8.534e-30,"d":"8.53E-30"},35428,true,"reported","textfile",0.00361524086317651,128.538219442299]
["10848_137_BTNL3_BTNL3","BTNL3","rs35209896","chr6",32519009,"A","C",0.0908,0.013605,0.09263,{"v":2.489e-11,"d":"2.49E-11"},35427,true,"reported","textfile",0.00125572497033307,44.5399870479634]
["10851_77_EBI3_IL27B","EBI3","rs115770048","chr19",3340034,"A","G",-0.3589,0.039906,0.01222,{"v":2.392E-19,"d":"2.39E-19"},35330,true,"reported","textfile",0.00228419792949236,80.8808924201075]
["10851_77_EBI3_IL27B","EBI3","rs34328206","chr19",3905944,"A","G",-0.11,0.012716,0.13386,{"v":5.139e-18,"d":"5.14E-18"},35335,true,"reported","textfile",0.00211329668573693,74.8272439638144]
["10851_77_EBI3_IL27B","EBI3","rs8108746","chr19",4196009,"A","G",0.351,0.00557,0.43089,{"v":1e-200,"d":"1.00E-200"},35334,true,"reported","textfile",0.101031230470773,3970.81139633218]
["10851_77_EBI3_IL27B","EBI3","rs9807813","chr19",4232418,"T","C",-0.9235,0.012305,0.05002,{"v":1e-200,"d":"1.00E-200"},35340,true,"reported","textfile",0.137472810790569,5632.30266650473]
["10851_77_EBI3_IL27B","EBI3","rs4807574","chr19",4286670,"C","T",0.2205,0.008901,0.36163,{"v":1.716e-135,"d":"1.72E-135"},35338,true,"reported","textfile",0.0170694857240828,613.641899184011]
["10851_77_EBI3_IL27B","EBI3","rs7255715","chr19",4511128,"G","C",-0.1507,8.626E-3,0.45969,{"v":2.448E-68,"d":"2.45E-68"},35342,true,"reported","textfile",0.00856213313945333,305.198939098865]
["10851_77_EBI3_IL27B","EBI3","rs60103502","chr19",4609808,"A","G",-0.1218,0.014451,0.0985,{"v":3.501e-17,"d":"3.50E-17"},35340,true,"reported","textfile",0.00200613475106259,71.0352962093273]
["10851_77_EBI3_IL27B","EBI3","rs143771088","chr10",99251275,"G","T",-0.1717,0.028735,0.01647,{"v":2.296e-09,"d":"2.30E-09"},35353,true,"reported","textfile",0.0010089125580897,35.7020881260894]
["10851_77_EBI3_IL27B","EBI3","rs61872201","chr10",99891336,"G","A",-0.0789,0.007406,0.49756,{"v":1.673e-26,"d":"1.67E-26"},35357,true,"reported","textfile",0.0031997740371406,113.491157141171]
["10851_77_EBI3_IL27B","EBI3","rs61751507","chr10",100069757,"T","C",-0.3984,0.018308,0.04162,{"v":5.466e-105,"d":"5.47E-105"},35356,true,"reported","textfile",0.0132164743397986,473.513411664048]
["10851_77_EBI3_IL27B","EBI3","rs11594344","chr10",102251573,"G","A",-0.1366,0.023817,0.0234,{"v":9.725e-09,"d":"9.73E-09"},35357,true,"reported","textfile",0.000929497045528378,32.892941937005]
["10851_77_EBI3_IL27B","EBI3","rs3184504","chr12",111446804,"C","T",-0.0489,0.007585,0.37862,{"v":1.143E-10,"d":"1.14E-10"},35359,true,"reported","textfile",0.00117407645677848,41.5606166238239]
["10851_77_EBI3_IL27B","EBI3","rs56115403","chr17",7160579,"A","G",0.0689,0.00898,0.21597,{"v":1.69e-14,"d":"1.69E-14"},35359,true,"reported","textfile",1.66212370989179E-3,58.8655498367234]
["10851_77_EBI3_IL27B","EBI3","rs704","chr17",28367840,"A","G",-0.1078,0.007344,0.49189,{"v":8.876e-49,"d":"8.88E-49"},35348,true,"reported","textfile",0.00605854230200133,215.450552492806]
["10851_77_EBI3_IL27B","EBI3","rs11666444","chr19",2971049,"C","T",-0.1709,0.027159,0.02458,{"v":3.124e-10,"d":"3.12E-10"},35311,true,"reported","textfile",0.00112010781961022,39.5942368168874]
["10851_77_EBI3_IL27B","EBI3","rs4807876","chr19",6532971,"T","C",-0.3879,0.03794,0.01286,{"v":1.549E-24,"d":"1.55E-24"},35358,true,"reported","textfile",0.00294764500141382,104.525039379838]
["10851_77_EBI3_IL27B","EBI3","rs62165726","chr2",134208991,"A","C",-0.1811,0.021203,0.03053,{"v":1.326E-17,"d":"1.33E-17"},35379,true,"reported","textfile",0.00205779501531034,72.9487277850431]
["10851_77_EBI3_IL27B","EBI3","rs10937241","chr3",186104985,"G","A",-0.075,0.009479,0.17923,{"v":2.529e-15,"d":"2.53E-15"},35350,true,"reported","textfile",0.00176782644162902,62.5997946308916]
["10851_77_EBI3_IL27B","EBI3","rs11711157","chr3",194341097,"T","C",-0.1131,0.008788,0.22978,{"v":6.708E-38,"d":"6.71E-38"},35292,true,"reported","textfile",0.00467127441718277,165.62294440548]
["10851_77_EBI3_IL27B","EBI3","rs5743618","chr4",38797027,"A","C",0.0813,0.007754,0.34819,{"v":1.013E-25,"d":"1.01E-25"},35353,true,"reported","textfile",0.00309995109123697,109.927139783246]
["10852_114_HNRNPDL_HNRDL","HNRNPDL","rs4980320","chr11",198986,"C","T",0.0471,0.007995,0.46986,{"v":3.833e-09,"d":"3.83E-09"},35340,true,"reported","textfile",9.810972054366139E-4,34.7040611030846]
["10852_114_HNRNPDL_HNRDL","HNRNPDL","rs1354034","chr3",56815721,"C","T",0.0909,0.008194,0.38119,{"v":1.347E-28,"d":"1.35E-28"},35344,true,"reported","textfile",0.00346984912928781,123.058402016378]
["10852_114_HNRNPDL_HNRDL","HNRNPDL","rs6897795","chr5",178179418,"A","G",-0.0912,0.013205,0.10004,{"v":4.963e-12,"d":"4.96E-12"},35351,true,"reported","textfile",0.00134749002808764,47.6966958248666]
["10852_114_HNRNPDL_HNRDL","HNRNPDL","rs342200","chr7",106676033,"A","G",-0.0442,0.008028,0.42559,{"v":3.674e-08,"d":"3.67E-08"},35345,true,"reported","textfile",0.000856898769377892,30.3113469620328]
["10876_300_BRAT1_BRAT1","BRAT1","rs10922094","chr1",196692375,"CATTA","GATTA",-0.0726,0.00801,0.40155,{"v":1.262E-19,"d":"1.26E-19"},35327,true,"reported","textfile",2.32002522103997E-3,82.1454704965833]
["10876_300_BRAT1_BRAT1","BRAT1","rs1355538","chr3",165787389,"G","A",-0.0445,0.008016,0.39847,{"v":2.835e-08,"d":"2.84E-08"},35326,true,"reported","textfile",0.000871628519418484,30.8162661563824]
["10876_300_BRAT1_BRAT1","BRAT1","rs9501393","chr6",32007072,"GGAG","CGAG",0.0632,0.010517,0.1548,{"v":1.865e-09,"d":"1.87E-09"},35428,true,"reported","textfile",1.01826618090512E-3,36.1098671812924]
["10876_300_BRAT1_BRAT1","BRAT1","rs7774739","chr6",32041524,"G","A",0.0617,0.01096,0.17585,{"v":1.809e-08,"d":"1.81E-08"},35425,true,"reported","textfile",0.000893821928814655,31.690179561822]
["10880_38_FAM163B_F163B","FAM163B","rs1797077","chr10",16811253,"T","C",-0.2344,0.007884,0.47532,{"v":2.946e-194,"d":"2.95E-194"},35351,true,"reported","textfile",0.0243946424204631,883.888355287807]
["10880_38_FAM163B_F163B","FAM163B","rs10904861","chr10",16988776,"T","C",-0.0583,0.008213,0.37165,{"v":1.26e-12,"d":"1.26E-12"},35354,true,"reported","textfile",1.42323417397541E-3,50.3858854324121]
["10880_38_FAM163B_F163B","FAM163B","rs61872201","chr10",99891336,"G","A",0.0562,0.008014,0.49756,{"v":2.342e-12,"d":"2.34E-12"},35357,true,"reported","textfile",1.38897651362851E-3,49.175568348817]
["10880_38_FAM163B_F163B","FAM163B","rs61751507","chr10",100069757,"T","C",0.3289,0.019833,0.04162,{"v":9.235e-62,"d":"9.24E-62"},35356,true,"reported","textfile",0.00771831983906505,274.995986569105]
["10880_38_FAM163B_F163B","FAM163B","rs704","chr17",28367840,"A","G",0.0551,0.007961,0.49189,{"v":4.483e-12,"d":"4.48E-12"},35348,true,"reported","textfile",0.00135336501775512,47.9008672756633]
["10880_38_FAM163B_F163B","FAM163B","rs7634194","chr3",194343888,"C","T",0.0476,0.008422,0.34569,{"v":1.587e-08,"d":"1.59E-08"},35287,true,"reported","textfile",0.00090443159719089,31.9417580421237]
["10882_12_DSC1_Desmocollin_1","DSC1","rs10922098","chr1",196695521,"T","C",-0.1368,0.008146,0.40011,{"v":2.705E-63,"d":"2.71E-63"},35326,true,"reported","textfile",7.92018873062093E-3,282.006289758564]
["10882_12_DSC1_Desmocollin_1","DSC1","rs1555405","chr14",100710432,"A","G",-0.0485,0.008729,0.30381,{"v":2.756E-8,"d":"2.76E-08"},35368,true,"reported","textfile",0.000872097569058061,30.8695238640272]
["10882_12_DSC1_Desmocollin_1","DSC1","rs704","chr17",28367840,"A","G",-0.0691,0.008008,0.49189,{"v":6.167e-18,"d":"6.17E-18"},35348,true,"reported","textfile",0.00210198338534861,74.453204136613]
["10882_12_DSC1_Desmocollin_1","DSC1","rs1706435","chr3",165743688,"G","A",0.0691,0.008263,0.36981,{"v":6.115e-17,"d":"6.12E-17"},35327,true,"reported","textfile",1.97567251691035E-3,69.9287880445385]
["10882_12_DSC1_Desmocollin_1","DSC1","rs872914","chr4",73852384,"A","G",-0.0957,0.008781,0.28935,{"v":1.179E-27,"d":"1.18E-27"},35336,true,"reported","textfile",3.35012607532906E-3,118.771253418755]
["10882_12_DSC1_Desmocollin_1","DSC1","rs453821","chr6",31967534,"T","C",0.1081,0.011509,0.13894,{"v":5.859e-21,"d":"5.86E-21"},35429,true,"reported","textfile",0.00248391779982372,88.21687937127]
["10882_12_DSC1_Desmocollin_1","DSC1","rs35426875","chr6",32632358,"C","T",0.0569,0.0087,0.29339,{"v":6.153e-11,"d":"6.15E-11"},35427,true,"reported","textfile",1.2059452709637E-3,42.7721921467371]
["10885_36_C6orf89_CF089","C6orf89","rs10922098","chr1",196695521,"T","C",-0.0755,0.008085,0.40011,{"v":9.764e-21,"d":"9.76E-21"},35326,true,"reported","textfile",0.00246245691132963,87.198550609414]
["10885_36_C6orf89_CF089","C6orf89","rs812426","chr10",16815134,"G","C",0.0706,0.0079,0.47382,{"v":4.011e-19,"d":"4.01E-19"},35351,true,"reported","textfile",0.00225410149571851,79.8602468740809]
["10885_36_C6orf89_CF089","C6orf89","rs1059216","chr14",105855558,"T","C",-0.3737,0.019343,0.04593,{"v":3.662e-83,"d":"3.66E-83"},34956,true,"reported","textfile",0.0105648692757349,373.22754084315]
["10885_36_C6orf89_CF089","C6orf89","rs2857383","chr14",105866369,"G","C",-0.0467,0.00815,0.45762,{"v":1.002E-8,"d":"1.00E-08"},34954,true,"reported","textfile",0.000938455975860766,32.8317243962429]
["10885_36_C6orf89_CF089","C6orf89","rs117051919","chr16",72487217,"C","T",0.182,0.028733,0.01969,{"v":2.386e-10,"d":"2.39E-10"},35360,true,"reported","textfile",1.13338138006382E-3,40.119569609468]
["10885_36_C6orf89_CF089","C6orf89","rs1355538","chr3",165787389,"G","A",-0.0592,0.008067,0.39847,{"v":2.164e-13,"d":"2.16E-13"},35326,true,"reported","textfile",0.00152217036038643,53.8511163835229]
["10889_2_MRAP2_MRAP2","MRAP2","rs17580","chr14",94380925,"A","T",0.1446,0.022603,0.03316,{"v":1.582e-10,"d":"1.58E-10"},35361,true,"reported","textfile",0.00115605240090906,40.9241673256356]
["10889_2_MRAP2_MRAP2","MRAP2","rs185009887","chr17",5848332,"A","G",-0.1469,0.026071,0.02519,{"v":1.754E-8,"d":"1.75E-08"},35363,true,"reported","textfile",0.000896993667493418,31.7470699969835]
["10889_2_MRAP2_MRAP2","MRAP2","rs8099840","chr19",15470214,"C","A",-0.0528,0.008268,0.3775,{"v":1.706e-10,"d":"1.71E-10"},35367,true,"reported","textfile",0.00115177643381278,40.7795424978198]
["10889_2_MRAP2_MRAP2","MRAP2","rs6993770","chr8",105569300,"T","A",-0.058,0.009655,0.22448,{"v":1.884e-09,"d":"1.88E-09"},35354,true,"reported","textfile",1.01969384994144E-3,36.0850126486028]
["10890_135_LCTL_LCTL","LCTL","rs10922098","chr1",196695521,"T","C",-0.1285,0.008126,0.40011,{"v":2.498E-56,"d":"2.50E-56"},35327,true,"reported","textfile",0.00702882133483687,250.050675173563]
["10890_135_LCTL_LCTL","LCTL","rs9864801","chr3",165730789,"TAGAGAG","TATAGAG",-0.054,0.008069,0.41936,{"v":2.202e-11,"d":"2.20E-11"},35328,true,"reported","textfile",0.00126613150282435,44.7840639830062]
["10890_135_LCTL_LCTL","LCTL","rs2242572","chr6",31943152,"A","G",0.1202,0.013859,0.09003,{"v":4.207E-18,"d":"4.21E-18"},35430,true,"reported","textfile",0.00211861924392162,75.2178004531808]
["10890_135_LCTL_LCTL","LCTL","rs9272068","chr6",32631627,"C","A",0.0531,0.008686,0.29339,{"v":9.742e-10,"d":"9.74E-10"},35428,true,"reported","textfile",1.05376766807688E-3,37.3701528681349]
["10892_8_OSMR_OSMR","OSMR","rs2921713","chr5",38862282,"C","T",-0.0476,8.208E-3,0.49673,{"v":6.654e-09,"d":"6.65E-09"},35367,true,"reported","textfile",0.000950010066647733,33.6290539467784]
["10892_8_OSMR_OSMR","OSMR","rs77326070","chr5",39039653,"G","A",0.1159,0.00841,0.34489,{"v":3.292e-43,"d":"3.29E-43"},35356,true,"reported","textfile",5.34299907355755E-3,189.911083992383]
["10892_8_OSMR_OSMR","OSMR","rs10922098","chr1",196695521,"T","C",-0.1054,0.008138,0.40011,{"v":2.32e-38,"d":"2.32E-38"},35327,true,"reported","textfile",0.00472587040332502,167.734061434017]
["10892_8_OSMR_OSMR","OSMR","rs2106009","chr14",106135717,"A","C",-0.0648,0.008205,0.42058,{"v":2.841e-15,"d":"2.84E-15"},34955,true,"reported","textfile",1.78118605139463E-3,62.3688866453302]
["10892_8_OSMR_OSMR","OSMR","rs697356","chr3",165718150,"C","G",0.0518,0.008271,0.36502,{"v":3.777E-10,"d":"3.78E-10"},35327,true,"reported","textfile",0.00110905936616032,39.2210205498045]
["10892_8_OSMR_OSMR","OSMR","rs28573154","chr6",32008772,"A","G",0.0832,0.011109,0.145,{"v":6.907e-14,"d":"6.91E-14"},35429,true,"reported","textfile",1.58070486579003E-3,56.0882903137563]
["10892_8_OSMR_OSMR","OSMR","rs7774739","chr6",32041524,"G","A",0.0682,0.011121,0.17585,{"v":8.663E-10,"d":"8.66E-10"},35426,true,"reported","textfile",0.00106046941886396,37.6059486523499]
["10892_8_OSMR_OSMR","OSMR","rs9271766","chr6",32626382,"GGCATCTACAG","GGCATCTACAA",0.0579,0.010474,0.17434,{"v":3.24e-08,"d":"3.24E-08"},35426,true,"reported","textfile",0.000861857387804884,30.5567716850244]
["10895_28_TMPRSS11B_TM11B","TMPRSS11B","rs28853072","chr1",196697958,"T","A",-0.1149,7.927E-3,0.39738,{"v":1.316E-47,"d":"1.32E-47"},35328,true,"reported","textfile",0.00591191468139704,210.086310377714]
["10895_28_TMPRSS11B_TM11B","TMPRSS11B","rs2668202","chr3",165772680,"G","A",-0.0537,0.008374,0.30991,{"v":1.433e-10,"d":"1.43E-10"},35328,true,"reported","textfile",1.16267509402774E-3,41.1204701180848]
["10895_28_TMPRSS11B_TM11B","TMPRSS11B","rs9501600","chr6",32009122,"T","C",0.1078,0.011242,0.15016,{"v":8.917e-22,"d":"8.92E-22"},35429,true,"reported","textfile",0.00258860503144202,91.9445184920784]
["10895_28_TMPRSS11B_TM11B","TMPRSS11B","rs72508422","chr6",32513721,"C","G",0.0521,0.009031,0.2312,{"v":7.983e-09,"d":"7.98E-09"},35428,true,"reported","textfile",0.000938532540941129,33.2796878653945]
["10900_272_STMN2_STMN2","STMN2","rs72882960","chr11",268927,"T","C",0.0545,0.009057,0.26571,{"v":1.772e-09,"d":"1.77E-09"},35338,true,"reported","textfile",1.02361707964694E-3,36.207595839919]
["10900_272_STMN2_STMN2","STMN2","rs4759076","chr12",54336088,"C","T",0.0835,0.008041,0.4756,{"v":2.929E-25,"d":"2.93E-25"},35361,true,"reported","textfile",0.00304022638503644,107.82718379771]
["10900_272_STMN2_STMN2","STMN2","rs6436128","chr2",219264316,"T","C",-0.0993,0.013176,0.10496,{"v":4.826e-14,"d":"4.83E-14"},35358,true,"reported","textfile",1.60378651837958E-3,56.794562497479]
["10900_272_STMN2_STMN2","STMN2","rs1354034","chr3",56815721,"C","T",0.1087,0.00824,0.38119,{"v":9.693e-40,"d":"9.69E-40"},35345,true,"reported","textfile",0.00489940863307788,174.012356962838]
["10902_53_ASPRV1_APRV1","ASPRV1","rs3796097","chr2",69961532,"CTCGAAGCAGAGCGGGGA","CTCGAAGCAGAGTGGGGA",0.0649,0.008107,0.44088,{"v":1.195e-15,"d":"1.20E-15"},35346,true,"reported","textfile",1.80984780495674E-3,64.0832417327758]
["10902_53_ASPRV1_APRV1","ASPRV1","rs7545538","chr1",209806268,"G","C",0.0454,0.00807,0.4555,{"v":1.848e-08,"d":"1.85E-08"},35353,true,"reported","textfile",0.000894436966787148,31.6475479496868]
["10902_53_ASPRV1_APRV1","ASPRV1","rs224313","chr10",62857180,"C","T",0.0559,8.574E-3,0.33212,{"v":7.057e-11,"d":"7.06E-11"},35342,true,"reported","textfile",1.20127797046979E-3,42.5042228629798]
["10902_53_ASPRV1_APRV1","ASPRV1","rs17658212","chr15",40853721,"T","C",-0.2123,0.018986,0.04753,{"v":5.007e-29,"d":"5.01E-29"},35353,true,"reported","textfile",0.00352430488913195,125.02834012609]
["10902_53_ASPRV1_APRV1","ASPRV1","rs117562643","chr16",29302062,"A","G",-0.1085,0.018793,0.04896,{"v":7.763e-09,"d":"7.76E-09"},35355,true,"reported","textfile",0.000941905104107573,33.3305653751647]
["10902_53_ASPRV1_APRV1","ASPRV1","rs113125305","chr16",31121085,"TTGTGTGTGTGTGTG","TTGTGTGTGTG",-0.2416,0.023271,0.03208,{"v":3e-25,"d":"3.00E-25"},35356,true,"reported","textfile",0.00303933566032311,107.780253302404]
["10902_53_ASPRV1_APRV1","ASPRV1","rs72802919","chr16",34028295,"A","G",-0.2806,0.025582,0.02486,{"v":5.406e-28,"d":"5.41E-28"},35353,true,"reported","textfile",3.39159990417618E-3,120.304472851126]
["10902_53_ASPRV1_APRV1","ASPRV1","rs74446154","chr16",49590636,"A","G",-0.1557,0.02347,0.03057,{"v":3.267e-11,"d":"3.27E-11"},35354,true,"reported","textfile",0.00124328930770393,44.0074776323488]
["10902_53_ASPRV1_APRV1","ASPRV1","rs140510457","chr16",52731698,"A","G",-0.2177,0.035074,0.01332,{"v":5.402e-10,"d":"5.40E-10"},35353,true,"reported","textfile",1.08854649140993E-3,38.5231412480761]
["10902_53_ASPRV1_APRV1","ASPRV1","rs117749902","chr19",37098031,"T","C",-0.1799,0.02786,0.02221,{"v":1.066E-10,"d":"1.07E-10"},35366,true,"reported","textfile",0.00117761255692992,41.6941900650415]
["10902_53_ASPRV1_APRV1","ASPRV1","rs12610606","chr19",38275182,"C","T",-0.173,0.010952,0.16027,{"v":3.316E-56,"d":"3.32E-56"},35364,true,"reported","textfile",7.00632752148649E-3,249.505873684373]
["10902_53_ASPRV1_APRV1","ASPRV1","rs145684392","chr19",38357515,"CAAAAAAAAA","CA",-0.0928,0.009924,0.21134,{"v":8.661e-21,"d":"8.66E-21"},35363,true,"reported","textfile",2.46661166510322E-3,87.4375295199969]
["10902_53_ASPRV1_APRV1","ASPRV1","rs9845881","chr3",190311493,"C","T",0.0599,0.008258,0.39013,{"v":4.051e-13,"d":"4.05E-13"},35368,true,"reported","textfile",1.48541497771686E-3,52.611335768082]
["10902_53_ASPRV1_APRV1","ASPRV1","rs188486759","chr7",77084576,"T","C",0.2208,0.039719,0.01064,{"v":2.713e-08,"d":"2.71E-08"},35335,true,"reported","textfile",0.000873809524783139,30.9013138014907]
["10902_53_ASPRV1_APRV1","ASPRV1","rs2702945","chr8",6877165,"C","T",-0.0648,0.009267,0.25043,{"v":2.694E-12,"d":"2.69E-12"},35384,true,"reported","textfile",0.00137995536240643,48.8930508603834]
["10903_50_STX8_STX8","STX8","rs11078801","chr17",9433928,"C","G",0.0681,0.009708,0.21153,{"v":2.307e-12,"d":"2.31E-12"},35359,true,"reported","textfile",1.38973099021545E-3,49.205100474053]
["10903_50_STX8_STX8","STX8","rs741735","chr11",256976,"A","C",0.0489,0.008955,0.26384,{"v":4.742e-08,"d":"4.74E-08"},35341,true,"reported","textfile",8.43026889971263E-4,29.8168636825535]
["10903_50_STX8_STX8","STX8","rs12292693","chr11",65169248,"C","A",-0.0868,0.008984,0.26371,{"v":4.396e-22,"d":"4.40E-22"},35352,true,"reported","textfile",0.00263354493283867,93.3416327598246]
["10903_50_STX8_STX8","STX8","rs1354034","chr3",56815721,"C","T",0.0501,0.00815,0.38119,{"v":7.876e-10,"d":"7.88E-10"},35345,true,"reported","textfile",1.06799243684384E-3,37.7864122979213]
["10907_116_NTM_NTRI","NTM","rs4592429","chr11",130818963,"G","T",-0.0515,0.008777,0.37755,{"v":4.42E-9,"d":"4.42E-09"},35359,true,"reported","textfile",0.000972746380020255,34.4268823835902]
["10907_116_NTM_NTRI","NTM","rs12800878","chr11",131246794,"A","G",0.1964,0.008718,0.38371,{"v":2.142e-112,"d":"2.14E-112"},35358,true,"reported","textfile",0.0141505122347204,507.486707433267]
["10907_116_NTM_NTRI","NTM","rs2511504","chr11",131326501,"C","T",0.3616,0.006654,0.40641,{"v":1e-200,"d":"1.00E-200"},35356,true,"reported","textfile",0.0770882686391597,2953.02200292791]
["10907_116_NTM_NTRI","NTM","rs12289924","chr11",131440207,"G","T",0.1038,0.009304,0.29749,{"v":6.628e-29,"d":"6.63E-29"},35353,true,"reported","textfile",0.00350834823969047,124.460268585501]
["10907_116_NTM_NTRI","NTM","rs7118465","chr11",132100419,"T","C",-0.1376,0.009354,0.29159,{"v":5.59e-49,"d":"5.59E-49"},35361,true,"reported","textfile",0.00608230258754932,216.380227209004]
["10907_116_NTM_NTRI","NTM","rs2477669","chr10",17764505,"A","G",-0.0808,0.010975,0.17746,{"v":1.805e-13,"d":"1.81E-13"},35344,true,"reported","textfile",0.00153120191298544,54.1987272035069]
["10907_116_NTM_NTRI","NTM","rs78705678","chr10",17794281,"G","A",0.1237,0.008683,0.36741,{"v":4.762e-46,"d":"4.76E-46"},35342,true,"reported","textfile",0.00570981225279377,202.943534493609]
["10907_116_NTM_NTRI","NTM","rs2477642","chr10",17821038,"C","T",0.1175,0.008429,0.43852,{"v":3.632e-44,"d":"3.63E-44"},35340,true,"reported","textfile",5.46859275859284E-3,194.311742692149]
["10907_116_NTM_NTRI","NTM","rs112256242","chr10",18058949,"GAAA","GAA",0.0988,0.017411,0.06435,{"v":1.391E-8,"d":"1.39E-08"},35347,true,"reported","textfile",9.1016145668713E-4,32.1989629416214]
["10907_116_NTM_NTRI","NTM","rs138580446","chr11",132379412,"A","C",-0.1257,0.019019,0.05273,{"v":3.866e-11,"d":"3.87E-11"},35361,true,"reported","textfile",1.23377086280326E-3,43.6787935606782]
["10907_116_NTM_NTRI","NTM","rs540","chr16",370907,"C","T",-0.05,0.008583,0.38131,{"v":5.691e-09,"d":"5.69E-09"},35308,true,"reported","textfile",0.000960221545456997,33.9341662014185]
["10907_116_NTM_NTRI","NTM","rs1260326","chr2",27508073,"C","T",0.0994,0.008823,0.34132,{"v":1.945E-29,"d":"1.95E-29"},35362,true,"reported","textfile",0.00357641074466378,126.915786915303]
["10907_116_NTM_NTRI","NTM","rs2686401","chr3",165771077,"C","T",-0.0793,0.008995,0.31011,{"v":1.187e-18,"d":"1.19E-18"},35328,true,"reported","textfile",0.00219518225861781,77.7176127927175]
["10908_2_GALNT13_GLT13","GALNT13","rs16834610","chr2",153873982,"T","C",0.1275,0.018824,0.04952,{"v":1.258E-11,"d":"1.26E-11"},35338,true,"reported","textfile",0.00129655553205836,45.8745652021076]
["10908_2_GALNT13_GLT13","GALNT13","rs10922098","chr1",196695521,"T","C",-0.0612,0.008245,0.40011,{"v":1.146e-13,"d":"1.15E-13"},35327,true,"reported","textfile",0.00155717694669339,55.0930652931412]
["10908_2_GALNT13_GLT13","GALNT13","rs2477642","chr10",17821038,"C","T",0.0488,0.008157,0.43852,{"v":2.193e-09,"d":"2.19E-09"},35340,true,"reported","textfile",0.00101174846698338,35.7893771737485]
["10908_2_GALNT13_GLT13","GALNT13","rs12975366","chr19",54255498,"C","T",-0.061,0.008196,0.4155,{"v":9.857e-14,"d":"9.86E-14"},35359,true,"reported","textfile",0.0015641412400464,55.3899795756601]
["10910_6_CEACAM4_CEAM4","CEACAM4","rs10922098","chr1",196695521,"T","C",-0.1192,0.008056,0.40011,{"v":1.553e-49,"d":"1.55E-49"},35327,true,"reported","textfile",0.00615919087464141,218.921798792088]
["10910_6_CEACAM4_CEAM4","CEACAM4","rs1707652","chr3",165761011,"T","C",0.0612,0.008525,0.3102,{"v":7.046e-13,"d":"7.05E-13"},35328,true,"reported","textfile",0.00145667253280873,51.5334813007321]
["10910_6_CEACAM4_CEAM4","CEACAM4","rs9501600","chr6",32009122,"T","C",0.1104,0.011448,0.15016,{"v":5.244e-22,"d":"5.24E-22"},35429,true,"reported","textfile",0.00261807151745654,92.9938842886867]
["10910_6_CEACAM4_CEAM4","CEACAM4","rs35209896","chr6",32519009,"A","C",0.075,0.013517,0.09263,{"v":2.88E-8,"d":"2.88E-08"},35428,true,"reported","textfile",0.000868236479598758,30.7848740769591]
["10916_44_PLA2R1_PLA2R","PLA2R1","rs12471260","chr2",159466945,"A","G",-0.2456,0.007708,0.41345,{"v":1e-200,"d":"1.00E-200"},35338,true,"reported","textfile",0.0279273714283415,1015.19327649614]
["10916_44_PLA2R1_PLA2R","PLA2R1","rs113098364","chr2",159467547,"C","T",-0.3723,0.012031,0.11335,{"v":1e-200,"d":"1.00E-200"},35337,true,"reported","textfile",0.0263840003751061,957.5424537123]
["10916_44_PLA2R1_PLA2R","PLA2R1","rs80339456","chr2",160310243,"T","A",0.4787,0.024363,0.02575,{"v":5.979e-86,"d":"5.98E-86"},35337,true,"reported","textfile",0.0108072838405852,386.04749940914]
["10916_44_PLA2R1_PLA2R","PLA2R1","rs6432620","chr2",160481371,"AAAAAAA","GAAAAAA",-0.3713,0.005275,0.49362,{"v":1e-200,"d":"1.00E-200"},35335,true,"reported","textfile",0.122973762517634,4954.27817930353]
["10916_44_PLA2R1_PLA2R","PLA2R1","rs13001774","chr2",160914123,"G","A",0.2456,0.01218,0.11273,{"v":1.993e-90,"d":"1.99E-90"},35334,true,"reported","textfile",0.0113762825186476,406.572092942368]
["10916_44_PLA2R1_PLA2R","PLA2R1","rs757344","chr12",47812313,"C","T",-0.039,0.006889,0.41461,{"v":1.502e-08,"d":"1.50E-08"},35353,true,"reported","textfile",0.000905726429997068,32.0473611688486]
["10916_44_PLA2R1_PLA2R","PLA2R1","rs6496748","chr15",91003706,"G","A",0.0402,0.007065,0.36687,{"v":1.269E-8,"d":"1.27E-08"},35365,true,"reported","textfile",0.000914653710534372,32.3745106319032]
["10916_44_PLA2R1_PLA2R","PLA2R1","rs6430066","chr2",144747220,"C","T",-0.045,0.007782,0.39954,{"v":7.342e-09,"d":"7.34E-09"},35346,true,"reported","textfile",9.45130204468363E-4,33.4362835882743]
["10916_44_PLA2R1_PLA2R","PLA2R1","rs12998722","chr2",147446275,"T","C",-0.0582,0.010007,0.17804,{"v":6.023e-09,"d":"6.02E-09"},35337,true,"reported","textfile",0.000956297410615959,33.8231139604142]
["10916_44_PLA2R1_PLA2R","PLA2R1","rs2091151","chr2",148411388,"G","A",-0.0427,0.007683,0.48486,{"v":2.734e-08,"d":"2.73E-08"},35335,true,"reported","textfile",0.000873392609536141,30.8865571635011]
["10916_44_PLA2R1_PLA2R","PLA2R1","rs12471193","chr2",154739625,"G","A",-0.0679,0.007881,0.37329,6.94E-18,35324,true,"reported","textfile",2.09698513645709E-3,74.2253584633831]
["10916_44_PLA2R1_PLA2R","PLA2R1","rs114994001","chr2",155796156,"A","G",0.0825,0.013936,0.08437,{"v":3.218e-09,"d":"3.22E-09"},35322,true,"reported","textfile",0.000991187131504117,35.0434641153999]
["10916_44_PLA2R1_PLA2R","PLA2R1","rs116241488","chr2",158024333,"A","C",0.2867,0.036404,0.01133,{"v":3.393e-15,"d":"3.39E-15"},35328,true,"reported","textfile",1.75257382804462E-3,62.0201178849215]
["10916_44_PLA2R1_PLA2R","PLA2R1","rs112083943","chr2",158484342,"T","C",-0.2625,0.022439,0.02821,{"v":1.301E-31,"d":"1.30E-31"},35336,true,"reported","textfile",3.857940360081E-3,136.844402225499]
["10916_44_PLA2R1_PLA2R","PLA2R1","rs62194171","chr2",161012157,"T","G",-0.069,0.007904,0.381,{"v":2.549e-18,"d":"2.55E-18"},35334,true,"reported","textfile",0.00215216632858222,76.2043451471843]
["10916_44_PLA2R1_PLA2R","PLA2R1","rs78489768","chr2",162254424,"G","A",0.2335,0.02213,0.03036,{"v":5.011E-26,"d":"5.01E-26"},35331,true,"reported","textfile",0.0031411500372285,111.323373082749]
["10916_44_PLA2R1_PLA2R","PLA2R1","rs115087160","chr2",162977586,"T","C",-0.1306,0.015428,0.06758,{"v":2.556E-17,"d":"2.56E-17"},35332,true,"reported","textfile",2.02403935139001E-3,71.6543414914858]
["10916_44_PLA2R1_PLA2R","PLA2R1","rs6747805","chr2",163444080,"C","T",-0.0671,0.008913,0.24362,{"v":5.156e-14,"d":"5.16E-14"},35331,true,"reported","textfile",1.60156728187246E-3,56.6725353797169]
["10916_44_PLA2R1_PLA2R","PLA2R1","rs80024373","chr2",165833367,"T","A",-0.3563,0.038289,0.01009,{"v":1.333E-20,"d":"1.33E-20"},35341,true,"reported","textfile",0.00244422931226456,86.5882612323193]
["10916_44_PLA2R1_PLA2R","PLA2R1","rs77298446","chr2",171218825,"G","C",-0.1494,0.026472,0.02137,{"v":1.664e-08,"d":"1.66E-08"},35349,true,"reported","textfile",0.000900242284410545,31.8495363263994]
["10916_44_PLA2R1_PLA2R","PLA2R1","rs61656332","chr2",172154420,"G","C",-0.0674,0.009349,0.21309,{"v":5.635e-13,"d":"5.64E-13"},35352,true,"reported","textfile",1.46803853438812E-3,51.9714582940842]
["10916_44_PLA2R1_PLA2R","PLA2R1","rs1377057","chr4",81303402,"C","G",0.0501,7.554E-3,0.28819,{"v":3.299e-11,"d":"3.30E-11"},35339,true,"reported","textfile",0.0012431599245246,43.984221674623]
["10916_44_PLA2R1_PLA2R","PLA2R1","rs11751347","chr6",160671406,"T","C",-0.0998,0.012532,0.07953,{"v":1.669e-15,"d":"1.67E-15"},35377,true,"reported","textfile",0.00178945779866973,63.4155490767942]
["10916_44_PLA2R1_PLA2R","PLA2R1","rs3798938","chr6",161230971,"C","T",-0.1069,0.017307,0.0418,{"v":6.54e-10,"d":"6.54E-10"},35378,true,"reported","textfile",1.07723500155799E-3,38.1493612423326]
["10916_44_PLA2R1_PLA2R","PLA2R1","rs2000242","chr9",123211058,"T","C",0.0521,0.009157,0.16633,{"v":1.274E-8,"d":"1.27E-08"},35351,true,"reported","textfile",0.000914891937362226,32.3701302650082]
["10917_40_GNGT2_GBGT2","GNGT2","rs182801617","chr17",48871590,"T","C",-0.193,0.028699,0.01868,{"v":1.756e-11,"d":"1.76E-11"},35355,true,"reported","textfile",0.00127754163869751,45.2227034395316]
["10917_40_GNGT2_GBGT2","GNGT2","rs10922094","chr1",196692375,"CATTA","GATTA",-0.0473,0.007969,0.40155,{"v":2.933e-09,"d":"2.93E-09"},35328,true,"reported","textfile",0.000996237075471745,35.2281665337167]
["10917_40_GNGT2_GBGT2","GNGT2","rs28720282","chr11",61323484,"C","T",0.0733,0.013259,0.09507,{"v":3.233e-08,"d":"3.23E-08"},35354,true,"reported","textfile",0.000863719212071299,30.560597360217]
["10924_258_CYB5D2_NEUFC","CYB5D2","rs149208504","chr17",4011662,"C","T",-0.6911,0.025794,0.02263,{"v":3.92e-158,"d":"3.92E-158"},35358,true,"reported","textfile",0.0198988331134832,717.827064521569]
["10924_258_CYB5D2_NEUFC","CYB5D2","rs17176065","chr17",4058560,"T","C",0.3578,0.018882,0.0447,{"v":4.497e-80,"d":"4.50E-80"},35361,true,"reported","textfile",0.0100524594207071,359.054291350411]
["10924_258_CYB5D2_NEUFC","CYB5D2","rs181444731","chr17",4387026,"A","G",-0.1765,0.030387,0.01669,{"v":6.305E-9,"d":"6.31E-09"},35359,true,"reported","textfile",0.000953234192014957,33.7356593110183]
["10924_258_CYB5D2_NEUFC","CYB5D2","rs7224464","chr17",4449244,"T","C",-0.0531,0.00876,0.29,{"v":1.348e-09,"d":"1.35E-09"},35362,true,"reported","textfile",0.00103798955358089,36.7414478536759]
["10924_258_CYB5D2_NEUFC","CYB5D2","rs10922098","chr1",196695521,"T","C",-0.0507,0.008069,0.40011,{"v":3.309e-10,"d":"3.31E-10"},35327,true,"reported","textfile",0.00111630957924754,39.4777052274313]
["10924_258_CYB5D2_NEUFC","CYB5D2","rs1042445","chr3",186677647,"T","C",0.0631,0.009261,0.23639,{"v":9.508e-12,"d":"9.51E-12"},35357,true,"reported","textfile",0.0013112867813122,46.4214159423879]
["10924_258_CYB5D2_NEUFC","CYB5D2","rs2523610","chr6",31354428,"ACCCACCCCCAGACCTGCCACCCCA","ACCCACCCCCAGACCCGCCACCCCA",0.1287,0.009673,0.21005,{"v":2.15e-40,"d":"2.15E-40"},35426,true,"reported","textfile",0.00497219117547301,177.015052883831]
["10924_258_CYB5D2_NEUFC","CYB5D2","rs2854001","chr6",31355235,"A","G",0.1288,0.009671,0.20994,{"v":1.804E-40,"d":"1.80E-40"},35429,true,"reported","textfile",0.00498151239433329,177.363578458439]
["10924_258_CYB5D2_NEUFC","CYB5D2","rs2523483","chr6",31386015,"G","T",0.1074,0.018723,0.04792,{"v":9.687e-09,"d":"9.69E-09"},35429,true,"reported","textfile",0.000927888153403461,32.9028237509965]
["10924_258_CYB5D2_NEUFC","CYB5D2","rs41285751","chr6",31932038,"T","G",0.1034,0.014374,0.08277,{"v":6.315e-13,"d":"6.32E-13"},35430,true,"reported","textfile",0.00145841391955549,51.7441527346158]
["10933_107_CALN1_CABP8","CALN1","rs10922098","chr1",196695521,"T","C",-0.1587,8.097E-3,0.40011,{"v":1.543E-85,"d":"1.54E-85"},35329,true,"reported","textfile",0.0107566581325784,384.132443218935]
["10933_107_CALN1_CABP8","CALN1","rs11569415","chr19",6716268,"A","G",-0.0517,0.00924,0.24276,{"v":2.206E-8,"d":"2.21E-08"},35363,true,"reported","textfile",0.000884512009719077,31.304918752276]
["10933_107_CALN1_CABP8","CALN1","rs1355538","chr3",165787389,"G","A",-0.0698,0.008103,0.39847,{"v":7.064e-18,"d":"7.06E-18"},35329,true,"reported","textfile",0.00209592924218668,74.1984069495781]
["10933_107_CALN1_CABP8","CALN1","rs453821","chr6",31967534,"T","C",0.1242,0.011453,0.13894,{"v":2.131e-27,"d":"2.13E-27"},35432,true,"reported","textfile",0.00330803396928173,117.592643992516]
["10933_107_CALN1_CABP8","CALN1","rs28471056","chr6",32635749,"AGGTGTTCTGTCTCAATCCACTGTGCTCACAGAGTACGT","AGGTGTTCTGTCTCAATCCACTGTGCTCACAGAGTACCT",0.0728,0.010076,0.18962,{"v":5e-13,"d":"5.00E-13"},35429,true,"reported","textfile",1.47125556295295E-3,52.1989688520381]
["10938_13_CD58_sLFA_3","CD58","rs61789227","chr1",116537006,"G","A",0.6656,0.027448,0.02109,{"v":6.699e-130,"d":"6.70E-130"},35344,true,"reported","textfile",0.0163652773176931,588.004487463295]
["10938_13_CD58_sLFA_3","CD58","rs116614403","chr1",118591986,"T","C",0.2215,0.031178,0.01638,{"v":1.209E-12,"d":"1.21E-12"},35361,true,"reported","textfile",1.42530226398333E-3,50.4691966123795]
["10938_13_CD58_sLFA_3","CD58","rs190942314","chr1",119615099,"GTCAC","GTCAG",0.1666,0.029221,0.01836,{"v":1.188E-8,"d":"1.19E-08"},35354,true,"reported","textfile",0.000918590956958891,32.5038852855]
["10938_13_CD58_sLFA_3","CD58","rs10922094","chr1",196692375,"CATTA","GATTA",-0.1301,0.008131,0.40155,{"v":1.267E-57,"d":"1.27E-57"},35330,true,"reported","textfile",0.00719427946966388,256.00124963877]
["10938_13_CD58_sLFA_3","CD58","rs1706435","chr3",165743688,"G","A",0.0744,0.00824,0.36981,{"v":1.735e-19,"d":"1.74E-19"},35330,true,"reported","textfile",0.0023022199666435,81.5205051161507]
["10938_13_CD58_sLFA_3","CD58","rs9501600","chr6",32009122,"T","C",0.0923,0.011546,0.15016,{"v":1.308E-15,"d":"1.31E-15"},35431,true,"reported","textfile",0.00180042182031117,63.9021955790907]
["10939_16_PLEKHA4_PKHA4","PLEKHA4","rs10922098","chr1",196695521,"T","C",-0.0974,0.008103,0.40011,{"v":2.784e-33,"d":"2.78E-33"},35329,true,"reported","textfile",0.00407307460620089,144.477976189231]
["10939_16_PLEKHA4_PKHA4","PLEKHA4","rs113747960","chr12",7074644,"A","G",-0.0669,0.012249,0.12384,{"v":4.722e-08,"d":"4.72E-08"},35380,true,"reported","textfile",0.00084241700793071,29.8281566530524]
["10939_16_PLEKHA4_PKHA4","PLEKHA4","rs17580","chr14",94380925,"A","T",0.2796,0.022322,0.03316,{"v":5.415e-36,"d":"5.42E-36"},35363,true,"reported","textfile",0.00441709212869652,156.885773678859]
["10939_16_PLEKHA4_PKHA4","PLEKHA4","rs2686395","chr3",165767231,"C","T",-0.0699,0.008557,0.3101,{"v":3.106e-16,"d":"3.11E-16"},35330,true,"reported","textfile",0.00188515976884802,66.7247110547311]
["10939_16_PLEKHA4_PKHA4","PLEKHA4","rs9501600","chr6",32009122,"T","C",0.1006,0.011506,0.15016,{"v":2.269E-18,"d":"2.27E-18"},35431,true,"reported","textfile",2.15291955788415E-3,76.4403569557794]
["10940_25_SRL_SRCA","SRL","rs11640587","chr16",4214222,"G","C",-0.1185,0.00833,0.38098,{"v":6.331E-46,"d":"6.33E-46"},35348,true,"reported","textfile",0.00569249384267905,202.358813664129]
["10940_25_SRL_SRCA","SRL","rs7915908","chr10",122339332,"T","C",-0.0672,0.008964,0.29712,{"v":6.549e-14,"d":"6.55E-14"},35372,true,"reported","textfile",0.00158630160996298,56.1966327534017]
["10940_25_SRL_SRCA","SRL","rs932274","chr10",122465848,"T","C",-0.2055,0.009721,0.2278,{"v":3.355e-99,"d":"3.36E-99"},35373,true,"reported","textfile",0.012476061423027,446.865894947103]
["10940_25_SRL_SRCA","SRL","rs2736921","chr10",122498813,"G","A",0.1399,0.012884,0.11535,{"v":1.815E-27,"d":"1.82E-27"},35371,true,"reported","textfile",0.00332231946958259,117.898814847676]
["10940_25_SRL_SRCA","SRL","rs1355538","chr3",165787389,"G","A",-0.046,0.00831,0.39847,{"v":3.109e-08,"d":"3.11E-08"},35329,true,"reported","textfile",8.66574209158636E-4,30.6400189371262]
["10940_25_SRL_SRCA","SRL","rs13190721","chr6",29937843,"T","C",-0.0481,0.008309,0.33961,{"v":7.081e-09,"d":"7.08E-09"},35436,true,"reported","textfile",0.000944794657312672,33.5095134965379]
["10940_25_SRL_SRCA","SRL","rs13208583","chr6",32833094,"T","C",0.0795,0.013354,0.10406,{"v":2.625e-09,"d":"2.63E-09"},35426,true,"reported","textfile",0.000999436321454335,35.4394517264662]
["10945_11_STX6_Syntaxin_6","STX6","rs572515","chr1",196677131,"G","A",-0.1153,0.008157,0.3973,{"v":2.281e-45,"d":"2.28E-45"},35329,true,"reported","textfile",0.00562363516974398,199.789704047781]
["10945_11_STX6_Syntaxin_6","STX6","rs1706435","chr3",165743688,"G","A",0.0658,0.008266,0.36981,{"v":1.712E-15,"d":"1.71E-15"},35330,true,"reported","textfile",0.00179035482003405,63.3630975092008]
["10945_11_STX6_Syntaxin_6","STX6","rs28573154","chr6",32008772,"A","G",0.0801,0.011132,0.145,{"v":6.211e-13,"d":"6.21E-13"},35431,true,"reported","textfile",1.45915377030554E-3,51.7719020942918]
["10945_11_STX6_Syntaxin_6","STX6","rs7774739","chr6",32041524,"G","A",0.0645,0.01114,0.17585,{"v":7.033E-9,"d":"7.03E-09"},35428,true,"reported","textfile",0.000945347887462229,33.5215838196852]
["10948_14_PLD3_PLD3","PLD3","rs7254808","chr19",40364607,"C","T",0.1354,0.019646,0.04313,{"v":5.496E-12,"d":"5.50E-12"},35365,true,"reported","textfile",0.00134132020878588,47.4968149810823]
["10948_14_PLD3_PLD3","PLD3","rs10922098","chr1",196695521,"T","C",-0.0554,0.008121,0.40011,{"v":9.001e-12,"d":"9.00E-12"},35329,true,"reported","textfile",0.00131552002852112,46.5345932369881]
["10948_14_PLD3_PLD3","PLD3","rs11738994","chr5",151429528,"C","T",0.0599,0.008268,0.36196,{"v":4.343e-13,"d":"4.34E-13"},35342,true,"reported","textfile",0.0014829178242447,52.4841455837841]
["10948_14_PLD3_PLD3","PLD3","rs4631423","chr8",11841770,"T","C",-0.0564,0.009882,0.20582,{"v":1.149e-08,"d":"1.15E-08"},35368,true,"reported","textfile",0.000920149103486661,32.5719642576197]
["10948_14_PLD3_PLD3","PLD3","rs6993770","chr8",105569300,"T","A",-0.0664,0.009545,0.22448,{"v":3.488e-12,"d":"3.49E-12"},35356,true,"reported","textfile",0.00136686976785212,48.3904572256782]
["10953_14_CLEC2A_CLC2A","CLEC2A","rs10922098","chr1",196695521,"T","C",-0.055,0.008144,0.40011,{"v":1.445e-11,"d":"1.45E-11"},35329,true,"reported","textfile",0.00128931252509065,45.6063444049421]
["10953_14_CLEC2A_CLC2A","CLEC2A","rs7080536","chr10",113588287,"A","G",-0.6371,0.019699,0.04142,{"v":1e-200,"d":"1.00E-200"},35378,true,"reported","textfile",0.0287170187216783,1045.92922338767]
["10953_14_CLEC2A_CLC2A","CLEC2A","rs77774564","chr10",113637445,"A","G",-0.3431,0.033605,0.01388,{"v":1.79e-24,"d":"1.79E-24"},35378,true,"reported","textfile",0.00293780259273676,104.233923210514]
["10953_14_CLEC2A_CLC2A","CLEC2A","rs11593575","chr10",114042439,"G","C",-0.2531,0.034818,0.01393,{"v":3.618e-13,"d":"3.62E-13"},35375,true,"reported","textfile",1.4915298631E-3,52.8386963409561]
["10953_14_CLEC2A_CLC2A","CLEC2A","rs485305","chr10",114288286,"A","C",-0.1994,0.026955,0.02166,{"v":1.389e-13,"d":"1.39E-13"},35368,true,"reported","textfile",1.54486199725825E-3,54.7201244357613]
["10953_14_CLEC2A_CLC2A","CLEC2A","rs11196979","chr10",114904626,"G","A",-0.0745,0.01257,0.11452,{"v":3.091e-09,"d":"3.09E-09"},35373,true,"reported","textfile",0.000992062503006975,35.1250890776484]
["10953_14_CLEC2A_CLC2A","CLEC2A","rs9501393","chr6",32007072,"GGAG","CGAG",0.0737,0.010676,0.1548,{"v":5.079e-12,"d":"5.08E-12"},35431,true,"reported","textfile",0.00134323093626409,47.6533382790933]
["10953_14_CLEC2A_CLC2A","CLEC2A","rs7774739","chr6",32041524,"G","A",0.0705,0.011118,0.17585,{"v":2.284e-10,"d":"2.28E-10"},35428,true,"reported","textfile",0.00113366733648953,40.2068802893644]
["10955_4_CLEC10A_CLC10","CLEC10A","rs10922098","chr1",196695521,"T","C",-0.0997,0.008099,0.40011,{"v":7.99e-35,"d":"7.99E-35"},35329,true,"reported","textfile",0.00427107597346317,151.531503478262]
["10955_4_CLEC10A_CLC10","CLEC10A","rs1706435","chr3",165743688,"G","A",0.0602,0.008211,0.36981,{"v":2.272e-13,"d":"2.27E-13"},35330,true,"reported","textfile",1.51913715666554E-3,53.7497306837225]
["10955_4_CLEC10A_CLC10","CLEC10A","rs9469017","chr6",31496662,"A","G",-0.087,0.015136,0.07464,{"v":9.028e-09,"d":"9.03E-09"},35431,true,"reported","textfile",0.000931596999608962,33.0363266419236]
["10955_4_CLEC10A_CLC10","CLEC10A","rs2844452","chr6",31914247,"G","A",-0.0669,0.007965,0.43878,{"v":4.505E-17,"d":"4.51E-17"},35432,true,"reported","textfile",0.00198710657334735,70.5433630741671]
["10955_4_CLEC10A_CLC10","CLEC10A","rs550671","chr6",31976816,"T","C",0.13,0.011386,0.14045,{"v":3.416E-30,"d":"3.42E-30"},35431,true,"reported","textfile",0.00366577651041993,130.352639632102]
["10959_125_BET1L_BET1L","BET1L","rs2739240","chr11",187771,"A","C",0.123,0.009058,0.25195,{"v":5.29e-42,"d":"5.29E-42"},35342,true,"reported","textfile",0.00519032399274034,184.38305771174]
["10959_125_BET1L_BET1L","BET1L","rs10922098","chr1",196695521,"T","C",-0.089,0.008053,0.40011,2.15E-28,35329,true,"reported","textfile",0.0034453582496863,122.134969611795]
["10959_125_BET1L_BET1L","BET1L","rs1619994","chr3",165744047,"G","A",0.0486,0.008788,0.2807,{"v":3.198e-08,"d":"3.20E-08"},35330,true,"reported","textfile",0.000864914174649207,30.582138887422]
["10959_125_BET1L_BET1L","BET1L","rs444921","chr6",31964400,"T","C",0.0843,0.011376,0.13897,{"v":1.258E-13,"d":"1.26E-13"},35432,true,"reported","textfile",0.00154741840990091,54.9100030123381]
["10959_125_BET1L_BET1L","BET1L","rs4734879","chr8",105570896,"G","A",-0.0525,0.009586,0.21866,{"v":4.333e-08,"d":"4.33E-08"},35356,true,"reported","textfile",0.000847641770661848,29.9929504375953]
["10974_20_SPINK7_ISK7","SPINK7","rs9784645","chr5",148337418,"T","G",0.1322,0.009459,0.25293,{"v":2.184E-44,"d":"2.18E-44"},35349,true,"reported","textfile",0.00549543540947615,195.320526757695]
["10974_20_SPINK7_ISK7","SPINK7","rs61816766","chr1",152347096,"C","T",0.1718,0.030331,0.01942,{"v":1.478e-08,"d":"1.48E-08"},35355,true,"reported","textfile",0.000906625850987378,32.0810292003561]
["10974_20_SPINK7_ISK7","SPINK7","rs10922094","chr1",196692375,"CATTA","GATTA",-0.0922,0.008409,0.40155,{"v":5.626e-28,"d":"5.63E-28"},35330,true,"reported","textfile",0.00339120633303767,120.212201713313]
["10974_20_SPINK7_ISK7","SPINK7","rs2727270","chr11",61835765,"T","C",-0.0619,0.011104,0.16553,{"v":2.481e-08,"d":"2.48E-08"},35358,true,"reported","textfile",0.000878118588716605,31.0740475214195]
["10974_20_SPINK7_ISK7","SPINK7","rs34529371","chr14",23280869,"A","G",-0.0639,0.011221,0.15843,{"v":1.237e-08,"d":"1.24E-08"},35368,true,"reported","textfile",0.000916072955324295,32.4275421323541]
["10974_20_SPINK7_ISK7","SPINK7","rs77924615","chr16",20381010,"A","G",-0.0717,0.010423,0.19701,{"v":6.037e-12,"d":"6.04E-12"},35346,true,"reported","textfile",0.00133700035413498,47.3182049733531]
["10974_20_SPINK7_ISK7","SPINK7","rs34155263","chr2",72036095,"T","C",-0.0464,0.008427,0.4112,{"v":3.663e-08,"d":"3.66E-08"},35341,true,"reported","textfile",0.000857114297483446,30.3155460467202]
["10974_20_SPINK7_ISK7","SPINK7","rs1355538","chr3",165787389,"G","A",-0.0537,0.0084,0.39847,{"v":1.626e-10,"d":"1.63E-10"},35329,true,"reported","textfile",1.1554643554158E-3,40.8663088469841]
["10974_20_SPINK7_ISK7","SPINK7","rs322372","chr5",172749458,"G","A",-0.1007,0.017618,0.05848,{"v":1.092E-8,"d":"1.09E-08"},35355,true,"reported","textfile",0.000923195681425356,32.6678957857413]
["10974_20_SPINK7_ISK7","SPINK7","rs453821","chr6",31967534,"T","C",0.0678,0.011868,0.13894,{"v":1.111E-8,"d":"1.11E-08"},35432,true,"reported","textfile",0.000920256299264044,32.6347129831225]
["10974_20_SPINK7_ISK7","SPINK7","rs10971512","chr9",33437284,"A","C",0.1274,0.010934,0.17277,{"v":2.251E-31,"d":"2.25E-31"},35339,true,"reported","textfile",3.82702427425749E-3,135.755094822677]
["10975_59_MUCL1_MUCL1","MUCL1","rs10922098","chr1",196695521,"T","C",-0.1729,0.008003,0.40011,{"v":1.671E-103,"d":"1.67E-103"},35329,true,"reported","textfile",0.0130392582283066,466.723605038734]
["10975_59_MUCL1_MUCL1","MUCL1","rs2686395","chr3",165767231,"C","T",-0.0732,0.008486,0.3101,{"v":6.355e-18,"d":"6.36E-18"},35330,true,"reported","textfile",0.00210164218768388,74.4031840770505]
["10975_59_MUCL1_MUCL1","MUCL1","rs9501600","chr6",32009122,"T","C",0.1232,0.011395,0.15016,{"v":3.043e-27,"d":"3.04E-27"},35431,true,"reported","textfile",0.00328835637787643,116.887546019231]
["10977_55_UCMA_UCMA","UCMA","rs185705950","chr10",13133960,"T","C",-0.2434,0.018855,0.05008,{"v":4.014e-38,"d":"4.01E-38"},35363,true,"reported","textfile",0.0046902633241815,166.633958550736]
["10977_55_UCMA_UCMA","UCMA","rs142421037","chr10",13219514,"C","G",0.2001,0.035005,0.01343,{"v":1.088E-8,"d":"1.09E-08"},35364,true,"reported","textfile",0.000923148414158724,32.6745376691134]
["10977_55_UCMA_UCMA","UCMA","rs138834887","chr10",13221289,"A","C",0.5018,0.027374,0.0233,{"v":4.639e-75,"d":"4.64E-75"},35363,true,"reported","textfile",0.00941300542351904,336.016207161458]
["10977_55_UCMA_UCMA","UCMA","rs2399954","chr10",13234368,"A","G",-0.4568,0.014455,0.08795,{"v":1e-200,"d":"1.00E-200"},35363,true,"reported","textfile",0.0274645408134034,998.599710199792]
["10977_55_UCMA_UCMA","UCMA","rs112582999","chr10",13246282,"A","T",0.1122,0.01888,0.04771,{"v":2.801e-09,"d":"2.80E-09"},35364,true,"reported","textfile",0.000997669862328124,35.314834217439]
["10977_55_UCMA_UCMA","UCMA","rs78560997","chr10",13288194,"C","T",0.1808,0.021303,0.03949,{"v":2.116e-17,"d":"2.12E-17"},35364,true,"reported","textfile",0.00203268579868332,72.0262419321475]
["10977_55_UCMA_UCMA","UCMA","rs117415981","chr10",13662315,"A","G",-0.1538,0.025914,0.02671,{"v":2.937e-09,"d":"2.94E-09"},35367,true,"reported","textfile",0.000994977388750543,35.2224208655012]
["10977_55_UCMA_UCMA","UCMA","rs10906474","chr10",13779194,"G","A",-0.3123,0.029458,0.01959,{"v":2.935e-26,"d":"2.94E-26"},35366,true,"reported","textfile",0.00316791498598238,112.386175413591]
["10977_55_UCMA_UCMA","UCMA","rs75025577","chr10",13859997,"TGCTA","TGCTG",-0.2097,0.021517,0.03765,{"v":1.919e-22,"d":"1.92E-22"},35370,true,"reported","textfile",0.00267814260553326,94.9749040093843]
["10977_55_UCMA_UCMA","UCMA","rs4755234","chr11",44210885,"C","T",0.0529,0.008695,0.32319,{"v":1.171E-9,"d":"1.17E-09"},35368,true,"reported","textfile",0.00104545993605242,37.0124311122936]
["10977_55_UCMA_UCMA","UCMA","rs6485513","chr11",44348590,"T","C",-0.0475,0.008308,0.40879,{"v":1.08e-08,"d":"1.08E-08"},35366,true,"reported","textfile",0.000923436575789385,32.6865950636356]
["10977_55_UCMA_UCMA","UCMA","rs7952436","chr11",67257063,"T","C",-0.1028,0.014831,0.08078,{"v":4.163e-12,"d":"4.16E-12"},35352,true,"reported","textfile",0.00135719280704736,48.0419679424522]
["10977_55_UCMA_UCMA","UCMA","rs7971039","chr12",85330527,"A","G",0.0689,8.685E-3,0.32997,{"v":2.128e-15,"d":"2.13E-15"},35357,true,"reported","textfile",1.77685106414867E-3,62.932390858643]
["10981_56_NRG3_NRG3","NRG3","rs572515","chr1",196677131,"G","A",-0.0534,0.00799,0.3973,{"v":2.342e-11,"d":"2.34E-11"},35329,true,"reported","textfile",1.26272526350476E-3,44.6646946221187]
["10981_56_NRG3_NRG3","NRG3","rs143959838","chr17",7004074,"TTAATATTA","TTATTA",-0.1244,0.020751,0.03504,{"v":2.036E-9,"d":"2.04E-09"},35365,true,"reported","textfile",0.00101519138007003,35.9366953968115]
["10981_56_NRG3_NRG3","NRG3","rs143501783","chr17",7897001,"C","T",0.2025,0.035488,0.01116,{"v":1.156e-08,"d":"1.16E-08"},35364,true,"reported","textfile",9.19868922118883E-4,32.5583542421907]
["10990_21_LRRK2_LRRK2","LRRK2","rs10922094","chr1",196692375,"CATTA","GATTA",-0.118,0.00819,0.40155,{"v":4.585e-47,"d":"4.59E-47"},35330,true,"reported","textfile",0.0058412836812737,207.573364800514]
["10990_21_LRRK2_LRRK2","LRRK2","rs964184","chr11",116778201,"C","G",-0.1015,0.012161,0.12321,{"v":7.031e-17,"d":"7.03E-17"},35368,true,"reported","textfile",1.96575075322748E-3,69.6576707574024]
["10990_21_LRRK2_LRRK2","LRRK2","rs704","chr17",28367840,"A","G",0.0964,0.008036,0.49189,{"v":3.727e-33,"d":"3.73E-33"},35351,true,"reported","textfile",0.00405422829468159,143.896304457732]
["10990_21_LRRK2_LRRK2","LRRK2","rs71352239","chr19",44926286,"T","C",0.0596,0.008768,0.30263,{"v":1.067E-11,"d":"1.07E-11"},35359,true,"reported","textfile",1.30504149486636E-3,46.2026485074647]
["10990_21_LRRK2_LRRK2","LRRK2","rs12478841","chr2",27588855,"G","A",0.0648,0.009677,0.21569,{"v":2.133e-11,"d":"2.13E-11"},35364,true,"reported","textfile",1.26635895705076E-3,44.8377661460022]
["10990_21_LRRK2_LRRK2","LRRK2","rs1291921","chr3",136317384,"G","A",0.0503,0.009015,0.2763,{"v":2.414E-8,"d":"2.41E-08"},35352,true,"reported","textfile",0.000879849188052107,31.1300585543851]
["10990_21_LRRK2_LRRK2","LRRK2","rs6445035","chr3",165762312,"A","G",0.1146,0.010209,0.1904,{"v":3.061E-29,"d":"3.06E-29"},35330,true,"reported","textfile",0.00355396359003372,126.00223305726]
["10990_21_LRRK2_LRRK2","LRRK2","rs3863087","chr3",165792099,"A","G",-0.0998,0.01389,0.09559,{"v":6.708e-13,"d":"6.71E-13"},35329,true,"reported","textfile",0.00145912028682773,51.6216645908075]
["10990_21_LRRK2_LRRK2","LRRK2","rs550671","chr6",31976816,"T","C",0.1134,0.011544,0.14045,{"v":8.909e-23,"d":"8.91E-23"},35431,true,"reported","textfile",0.00271611943064408,96.4914776857227]
["10990_21_LRRK2_LRRK2","LRRK2","rs34927613","chr6",32632434,"A","G",0.0681,0.008754,0.29339,{"v":7.302e-15,"d":"7.30E-15"},35430,true,"reported","textfile",1.70517441214905E-3,60.5141061790472]
["11067_13_BGLAP_Osteocalcin","BGLAP","rs12406047","chr1",196708768,"T","A",-0.0582,0.010023,0.18182,{"v":6.377e-09,"d":"6.38E-09"},35330,true,"reported","textfile",0.000953438315153984,33.7152141747578]
["11067_13_BGLAP_Osteocalcin","BGLAP","rs3132487","chr6",31275231,"T","G",0.0596,0.009283,0.22755,{"v":1.362e-10,"d":"1.36E-10"},35430,true,"reported","textfile",1.16208978477714E-3,41.2184163957228]
["11067_13_BGLAP_Osteocalcin","BGLAP","rs77311729","chr6",32505240,"C","T",0.1182,0.007459,0.37947,{"v":1.469e-56,"d":"1.47E-56"},35415,true,"reported","textfile",0.00704073381660237,251.101445083134]
["11067_13_BGLAP_Osteocalcin","BGLAP","rs6926251","chr6",32627652,"C","T",0.1569,0.008576,0.277,{"v":9.049e-75,"d":"9.05E-75"},35430,true,"reported","textfile",0.00935883009499344,334.697005008606]
["11067_13_BGLAP_Osteocalcin","BGLAP","rs9272802","chr6",32642812,"T","G",0.0811,0.00768,0.44711,{"v":4.578e-26,"d":"4.58E-26"},35429,true,"reported","textfile",3.13758569075674E-3,111.505105088611]
["11071_1_IL5_IL_5","IL5","rs572515","chr1",196677131,"G","A",-0.0575,0.007932,0.3973,{"v":4.188e-13,"d":"4.19E-13"},35329,true,"reported","textfile",1.48522902330163E-3,52.5467296341087]
["11071_1_IL5_IL_5","IL5","rs1846190","chr6",32616036,"A","G",0.0532,8.064E-3,0.35085,{"v":4.184e-11,"d":"4.18E-11"},35430,true,"reported","textfile",0.00122692467367678,43.5208841856486]
["11071_1_IL5_IL_5","IL5","rs11755689","chr6",32618599,"G","A",0.0442,0.007926,0.33707,{"v":2.451e-08,"d":"2.45E-08"},35427,true,"reported","textfile",0.000877043154698686,31.0965267511229]
["11094_104_CLC_LPPL","CLC","rs10922098","chr1",196695521,"T","C",-0.1049,0.008048,0.40011,{"v":7.727e-39,"d":"7.73E-39"},35329,true,"reported","textfile",0.00478586267537249,169.883208439326]
["11094_104_CLC_LPPL","CLC","rs9864801","chr3",165730789,"TAGAGAG","TATAGAG",-0.0559,0.007985,0.41936,{"v":2.544e-12,"d":"2.54E-12"},35330,true,"reported","textfile",0.00138524985683356,49.0059924862917]
["11094_104_CLC_LPPL","CLC","rs9501600","chr6",32009122,"T","C",0.0887,0.011439,0.15016,8.91E-15,35431,true,"reported","textfile",0.00169414791900997,60.1238252760788]
["11094_104_CLC_LPPL","CLC","rs9268744","chr6",32449501,"A","G",0.0443,0.007892,0.48148,{"v":1.987e-08,"d":"1.99E-08"},35430,true,"reported","textfile",0.000888538168237996,31.507125507921]
["11096_57_N6AMT1_HEMK2","N6AMT1","rs4980320","chr11",198986,"C","T",0.0461,8.064E-3,0.46986,{"v":1.086e-08,"d":"1.09E-08"},35343,true,"reported","textfile",9.23838375470828E-4,32.6795626615949]
["11096_57_N6AMT1_HEMK2","N6AMT1","rs17784482","chr15",71140089,"G","A",-0.2289,0.03679,0.01181,{"v":4.917e-10,"d":"4.92E-10"},35368,true,"reported","textfile",1.09331781850262E-3,38.7085987699283]
["11096_57_N6AMT1_HEMK2","N6AMT1","rs144176526","chr15",72014672,"CAAGATACCATGAAAGAAAGAAAAGAAAGAAAAGGAAAA","CGAGATACCATGAAAGAAAGAAAAGAAAGAAAAGGAAAA",-0.2913,0.038903,0.01085,{"v":7.001e-14,"d":"7.00E-14"},35349,true,"reported","textfile",0.0015836140656406,56.0647913703997]
["11096_57_N6AMT1_HEMK2","N6AMT1","rs146527756","chr15",72662455,"T","G",-0.2498,0.035797,0.01284,{"v":2.989e-12,"d":"2.99E-12"},35347,true,"reported","textfile",1.375755160321E-3,48.693055864423]
["11096_57_N6AMT1_HEMK2","N6AMT1","rs4541868","chr8",105578477,"A","C",-0.0677,0.009725,0.21915,{"v":3.372e-12,"d":"3.37E-12"},35355,true,"reported","textfile",1.36883905981222E-3,48.4588997162687]
["11098_1_PDXK_PDXK","PDXK","rs4818855","chr21",43619070,"T","C",-0.1278,0.008111,0.41893,{"v":6.136e-56,"d":"6.14E-56"},35267,true,"reported","textfile",6.99033297757134E-3,248.249438692006]
["11098_1_PDXK_PDXK","PDXK","rs55704290","chr21",43846145,"T","C",-0.1207,0.022037,0.03483,{"v":4.322e-08,"d":"4.32E-08"},35261,true,"reported","textfile",8.50052290941879E-4,29.9974931641064]
["11098_1_PDXK_PDXK","PDXK","rs75136590","chr21",43859644,"A","G",0.1215,0.019886,0.04352,{"v":9.974e-10,"d":"9.97E-10"},35261,true,"reported","textfile",0.00105755637387677,37.3278564990847]
["11098_1_PDXK_PDXK","PDXK","rs79039769","chr21",44038088,"A","G",-0.2996,0.032805,0.01537,{"v":6.674e-20,"d":"6.67E-20"},35257,true,"reported","textfile",0.00236010858496527,83.4024670414222]
["11098_1_PDXK_PDXK","PDXK","rs144059351","chr21",44048700,"A","G",-0.1033,0.016092,0.06601,{"v":1.368e-10,"d":"1.37E-10"},35258,true,"reported","textfile",1.16738910283034E-3,41.2055731464536]
["11098_1_PDXK_PDXK","PDXK","rs10057588","chr5",43160065,"A","G",0.0617,0.008409,0.35423,{"v":2.18e-13,"d":"2.18E-13"},35352,true,"reported","textfile",1.520571184985E-3,53.8340498942602]
["11101_18_TLR4_TLR4","TLR4","rs10922094","chr1",196692375,"CATTA","GATTA",-0.0502,0.007939,0.40155,{"v":2.561e-10,"d":"2.56E-10"},35330,true,"reported","textfile",1.1304229832517E-3,39.9807783430435]
["11101_18_TLR4_TLR4","TLR4","rs35802700","chr14",106694501,"TA","T",-0.0512,0.009146,0.26069,{"v":2.165e-08,"d":"2.17E-08"},34959,true,"reported","textfile",0.00089563155142291,31.3366582429292]
["11101_18_TLR4_TLR4","TLR4","rs67399078","chr6",32642504,"TGGGGG","CTGGGG",0.0459,0.00796,0.39943,{"v":8.108e-09,"d":"8.11E-09"},35430,true,"reported","textfile",0.000937606684352351,33.248703820183]
["11102_22_REG4_REG4","REG4","rs12125319","chr1",119108785,"C","T",0.1599,0.027012,0.02414,{"v":3.228E-9,"d":"3.23E-09"},35359,true,"reported","textfile",0.00099004124784225,35.0395790285037]
["11102_22_REG4_REG4","REG4","rs80117153","chr1",119305017,"C","G",0.1488,0.025951,0.02641,{"v":9.818e-09,"d":"9.82E-09"},35351,true,"reported","textfile",0.000929163722608292,32.8755552037364]
["11102_22_REG4_REG4","REG4","rs3009182","chr1",119836055,"T","C",-0.1428,0.00999,0.22116,{"v":2.376e-46,"d":"2.38E-46"},35352,true,"reported","textfile",0.00574656798036223,204.315289808115]
["11102_22_REG4_REG4","REG4","rs72697218","chr1",119853675,"T","C",-0.2246,0.02673,0.02416,4.37E-17,35352,true,"reported","textfile",0.00199315520308074,70.5987506961852]
["11102_22_REG4_REG4","REG4","rs191615076","chr1",120386170,"A","C",0.1979,0.022775,0.03429,{"v":3.648e-18,"d":"3.65E-18"},35350,true,"reported","textfile",0.0021313696097928,75.5005725929023]
["11102_22_REG4_REG4","REG4","rs7480143","chr11",2203793,"T","C",0.0953,0.0131,0.11386,{"v":3.47e-13,"d":"3.47E-13"},35352,true,"reported","textfile",0.00149478784477497,52.9198542677017]
["11102_22_REG4_REG4","REG4","rs10500661","chr11",6252514,"C","T",0.0544,0.009844,0.22999,{"v":3.276e-08,"d":"3.28E-08"},35369,true,"reported","textfile",0.000862694408472907,30.5372574657271]
["11102_22_REG4_REG4","REG4","rs3217810","chr12",4279105,"T","C",0.0823,0.011913,0.13867,{"v":4.908e-12,"d":"4.91E-12"},35367,true,"reported","textfile",0.00134763877309634,47.7235593294948]
["11102_22_REG4_REG4","REG4","rs731541","chr17",9895845,"C","A",0.0513,0.00886,0.3283,{"v":7.026e-09,"d":"7.03E-09"},35363,true,"reported","textfile",0.00094712360359966,33.5229881602373]
["11102_22_REG4_REG4","REG4","rs2979153","chr8",8399571,"C","G",-0.0551,0.009786,0.23178,{"v":1.799e-08,"d":"1.80E-08"},35380,true,"reported","textfile",0.00089525337832076,31.700654135942]
["11103_24_HSPB1_HSP_27","HSPB1","rs34179550","chr7",75615065,"A","G",0.0766,0.013176,0.11116,{"v":6.11e-09,"d":"6.11E-09"},35339,true,"reported","textfile",0.000955478575794099,33.7960378229226]
["11103_24_HSPB1_HSP_27","HSPB1","rs113088829","chr7",75667928,"C","T",-0.1281,0.017664,0.05337,{"v":4.105e-13,"d":"4.11E-13"},35340,true,"reported","textfile",0.00148596225168145,52.589079436813]
["11103_24_HSPB1_HSP_27","HSPB1","rs13240755","chr7",75976791,"A","G",0.2916,0.008488,0.34276,{"v":1e-200,"d":"1.00E-200"},35341,true,"reported","textfile",0.0323161025621053,1180.15681718578]
["11103_24_HSPB1_HSP_27","HSPB1","rs10231308","chr7",76376379,"C","T",0.1249,0.009638,0.23473,{"v":2.101e-38,"d":"2.10E-38"},35340,true,"reported","textfile",0.00472961260906066,167.929290870518]
["11103_24_HSPB1_HSP_27","HSPB1","rs3972522","chr7",77052519,"C","T",-0.1162,0.0099,0.32367,{"v":8.249e-32,"d":"8.25E-32"},35333,true,"reported","textfile",0.00388392916225955,137.75814410502]
["11103_24_HSPB1_HSP_27","HSPB1","rs117296956","chr7",77220299,"A","G",-0.2958,0.024674,0.02756,{"v":4.086e-33,"d":"4.09E-33"},35342,true,"reported","textfile",4.05007995592416E-3,143.711870207315]
["11103_24_HSPB1_HSP_27","HSPB1","rs7926172","chr11",225180,"A","G",0.0596,0.009533,0.23069,{"v":4.053e-10,"d":"4.05E-10"},35343,true,"reported","textfile",1.10471407239099E-3,39.0848776467241]
["11103_24_HSPB1_HSP_27","HSPB1","rs6926219","chr6",122399661,"A","G",-0.0824,0.008059,0.46006,{"v":1.532e-24,"d":"1.53E-24"},35347,true,"reported","textfile",0.00294887917167867,104.536399534251]
["11103_24_HSPB1_HSP_27","HSPB1","rs6460050","chr7",73661400,"A","C",0.0508,0.008661,0.32954,{"v":4.485e-09,"d":"4.49E-09"},35346,true,"reported","textfile",0.000972363340094376,34.4006598327921]
["11103_24_HSPB1_HSP_27","HSPB1","rs342200","chr7",106676033,"A","G",-0.0577,0.008248,0.42559,{"v":2.639E-12,"d":"2.64E-12"},35348,true,"reported","textfile",1.38257473189388E-3,48.9361443501759]
["11104_13_CHI3L1_YKL_40","CHI3L1","rs11584227","chr1",202629647,"C","T",-0.1828,0.010754,0.27973,{"v":8.505e-65,"d":"8.51E-65"},35351,true,"reported","textfile",0.00810728269078557,288.926746648588]
["11104_13_CHI3L1_YKL_40","CHI3L1","rs7516546","chr1",202852808,"T","C",-0.3396,0.028573,0.02922,{"v":1.413e-32,"d":"1.41E-32"},35353,true,"reported","textfile",0.00397983930400452,141.253465329007]
["11104_13_CHI3L1_YKL_40","CHI3L1","rs75228438","chr1",202995854,"T","C",0.4001,0.031552,0.02375,{"v":7.568e-37,"d":"7.57E-37"},35352,true,"reported","textfile",4.5279165386563E-3,160.789892856615]
["11104_13_CHI3L1_YKL_40","CHI3L1","rs143359688","chr1",203141150,"GTGGGATGGGGGAGCCCCAGGGC","G",-0.3238,0.00952,0.48134,{"v":1e-200,"d":"1.00E-200"},35353,true,"reported","textfile",0.0316861633334557,1156.79185568297]
["11104_13_CHI3L1_YKL_40","CHI3L1","rs80241012","chr1",203215796,"A","G",-0.3485,0.013696,0.14382,{"v":7.837e-143,"d":"7.84E-143"},35356,true,"reported","textfile",0.0179834801014148,647.431018340788]
["11104_13_CHI3L1_YKL_40","CHI3L1","rs6670714","chr1",193049404,"C","T",-0.0834,0.012781,0.16685,{"v":6.775e-11,"d":"6.78E-11"},35336,true,"reported","textfile",0.00120354418234513,42.5772737691276]
["11104_13_CHI3L1_YKL_40","CHI3L1","rs114072431","chr1",195974961,"A","G",0.1702,0.024314,0.04032,{"v":2.556E-12,"d":"2.56E-12"},35329,true,"reported","textfile",0.00138507405765185,48.9983776163702]
["11104_13_CHI3L1_YKL_40","CHI3L1","rs1932023","chr1",201535061,"G","A",0.1468,0.013195,0.15952,{"v":9.426e-29,"d":"9.43E-29"},35341,true,"reported","textfile",3.49008586474002E-3,123.768105690223]
["11104_13_CHI3L1_YKL_40","CHI3L1","rs6679311","chr1",204590548,"C","T",-0.0985,0.010846,0.2745,{"v":1.072E-19,"d":"1.07E-19"},35363,true,"reported","textfile",0.00232687168424495,82.4724123476087]
["11104_13_CHI3L1_YKL_40","CHI3L1","rs1800894","chr1",206773321,"T","C",-0.1408,0.024872,0.0398,{"v":1.506e-08,"d":"1.51E-08"},35365,true,"reported","textfile",0.000905350742697208,32.0449302153715]
["11104_13_CHI3L1_YKL_40","CHI3L1","rs28601761","chr8",125487789,"G","C",-0.0702,0.00797,0.42975,{"v":1.272E-18,"d":"1.27E-18"},35360,true,"reported","textfile",0.00218924067098644,77.577006382244]
["11107_25_TENM3_TEN3","TENM3","rs10922094","chr1",196692375,"CATTA","GATTA",-0.0764,0.007995,0.40155,{"v":1.223e-21,"d":"1.22E-21"},35330,true,"reported","textfile",0.00257801286996901,91.3114407396673]
["11107_25_TENM3_TEN3","TENM3","rs704","chr17",28367840,"A","G",-0.0992,0.007832,0.49189,{"v":9.207e-37,"d":"9.21E-37"},35351,true,"reported","textfile",0.00451762169032452,160.418117498413]
["11107_25_TENM3_TEN3","TENM3","rs9501393","chr6",32007072,"GGAG","CGAG",0.0661,0.010488,0.1548,{"v":2.926E-10,"d":"2.93E-10"},35431,true,"reported","textfile",0.00111981826854259,39.7185189593255]
["11107_25_TENM3_TEN3","TENM3","rs7774739","chr6",32041524,"G","A",0.0633,0.010927,0.17585,{"v":6.905e-09,"d":"6.91E-09"},35428,true,"reported","textfile",0.000946341122792838,33.5568368307028]
["11109_56_SVEP1_SVEP1","SVEP1","rs145419292","chr9",109679059,"T","C",0.5826,0.033692,0.01613,{"v":5.4e-67,"d":"5.40E-67"},35359,true,"reported","textfile",0.00838552504064731,298.994232485685]
["11109_56_SVEP1_SVEP1","SVEP1","rs75412647","chr9",110278247,"G","C",-0.1877,0.025025,0.02826,{"v":6.357e-14,"d":"6.36E-14"},35359,true,"reported","textfile",0.00158851005865195,56.254310682118]
["11109_56_SVEP1_SVEP1","SVEP1","rs1327537","chr9",110405793,"A","C",0.3403,0.026761,0.02459,{"v":4.792e-37,"d":"4.79E-37"},35362,true,"reported","textfile",0.00455198672108115,161.694280675941]
["11109_56_SVEP1_SVEP1","SVEP1","rs76038906","chr9",110487920,"T","G",0.551,0.023578,0.03275,{"v":8.755e-121,"d":"8.76E-121"},35362,true,"reported","textfile",0.0152088572985768,546.090608210034]
["11109_56_SVEP1_SVEP1","SVEP1","rs78742138","chr9",110498428,"C","T",0.7104,0.022257,0.03624,{"v":1e-200,"d":"1.00E-200"},35358,true,"reported","textfile",0.0280058409226763,1018.70417884206]
["11109_56_SVEP1_SVEP1","SVEP1","rs116853336","chr9",110527672,"A","T",0.5931,0.0383,0.01237,{"v":4.326e-54,"d":"4.33E-54"},35360,true,"reported","textfile",0.00673613342151444,239.791472872518]
["11109_56_SVEP1_SVEP1","SVEP1","rs185970880","chr9",110693039,"A","G",0.7265,0.037283,0.01256,{"v":1.439e-84,"d":"1.44E-84"},35363,true,"reported","textfile",0.0106233645422622,379.686339980263]
["11109_56_SVEP1_SVEP1","SVEP1","rs146370544","chr9",110839795,"C","T",0.1747,0.022794,0.03562,{"v":1.796E-14,"d":"1.80E-14"},35363,true,"reported","textfile",1.65834472342235E-3,58.7381358425759]
["11109_56_SVEP1_SVEP1","SVEP1","rs72759341","chr9",111145909,"G","A",0.3856,0.030953,0.01913,{"v":1.274E-35,"d":"1.27E-35"},35361,true,"reported","textfile",4.36960483466274E-3,155.182945497744]
["11109_56_SVEP1_SVEP1","SVEP1","rs115770375","chr1",152840427,"G","C",0.2065,0.031008,0.01782,{"v":2.748e-11,"d":"2.75E-11"},35351,true,"reported","textfile",1.25298649880127E-3,44.3473864225708]
["11109_56_SVEP1_SVEP1","SVEP1","rs41264285","chr1",155061442,"T","C",0.1502,0.009278,0.27708,{"v":6e-59,"d":"6.00E-59"},35354,true,"reported","textfile",0.0073584277672592,262.06351386536]
["11109_56_SVEP1_SVEP1","SVEP1","rs200367989","chr1",156674988,"TG","T",0.1988,0.028776,0.02026,{"v":4.898e-12,"d":"4.90E-12"},35348,true,"reported","textfile",1.3484072011556E-3,47.7251538732047]
["11109_56_SVEP1_SVEP1","SVEP1","rs147639000","chr1",156908252,"A","G",0.6176,0.025969,0.0245,{"v":5.128e-125,"d":"5.13E-125"},35355,true,"reported","textfile",0.0157456510573812,565.561130036776]
["11109_56_SVEP1_SVEP1","SVEP1","rs7935242","chr11",10302281,"T","C",-0.0494,0.008257,0.46812,{"v":2.19e-09,"d":"2.19E-09"},35364,true,"reported","textfile",0.00101113372236053,35.791901088291]
["11109_56_SVEP1_SVEP1","SVEP1","rs78689694","chr11",126364925,"C","G",-0.0832,0.013462,0.10578,{"v":6.391E-10,"d":"6.39E-10"},35366,true,"reported","textfile",1.07887898417812E-3,38.1946838381753]
["11109_56_SVEP1_SVEP1","SVEP1","rs879620","chr16",3965728,"T","C",0.05,0.008615,0.35905,{"v":6.472E-9,"d":"6.47E-09"},35342,true,"reported","textfile",0.00095219214339788,33.6825426001146]
["11109_56_SVEP1_SVEP1","SVEP1","rs12945299","chr17",7176748,"ACGCT","ACACT",0.0572,0.010082,0.21475,{"v":1.398E-8,"d":"1.40E-08"},35361,true,"reported","textfile",0.000909450328497962,32.1865262121963]
["11109_56_SVEP1_SVEP1","SVEP1","rs34914463","chr17",7463300,"C","T",0.0733,0.013415,0.10556,{"v":4.654e-08,"d":"4.65E-08"},35364,true,"reported","textfile",0.000843526478753775,29.8539659524677]
["11109_56_SVEP1_SVEP1","SVEP1","rs12666169","chr7",103959297,"T","C",-0.0829,0.012246,0.12788,{"v":1.291e-11,"d":"1.29E-11"},35357,true,"reported","textfile",1.29444203988744E-3,45.8243152403165]
["11109_56_SVEP1_SVEP1","SVEP1","rs117223414","chr9",108819737,"A","G",0.4052,0.04037,0.01125,{"v":1.046e-23,"d":"1.05E-23"},35356,true,"reported","textfile",2.84133549417379E-3,100.738807811295]
["11109_56_SVEP1_SVEP1","SVEP1","rs576123","chr9",133268896,"T","C",-0.0686,0.009624,0.26016,{"v":1.017E-12,"d":"1.02E-12"},35362,true,"reported","textfile",0.0014347513132305,50.8056999805974]
["11110_4_TMEM119_TM119","TMEM119","rs10922098","chr1",196695521,"T","C",-0.0817,0.008189,0.40011,{"v":1.927e-23,"d":"1.93E-23"},35329,true,"reported","textfile",2.80950078758626E-3,99.530866370517]
["11110_4_TMEM119_TM119","TMEM119","rs802171","chr10",16814686,"G","A",0.0633,0.008018,0.47349,{"v":2.902e-15,"d":"2.90E-15"},35354,true,"reported","textfile",0.00175983438472357,62.3233439323709]
["11110_4_TMEM119_TM119","TMEM119","rs1355538","chr3",165787389,"G","A",-0.0481,0.008177,0.39847,{"v":4.053E-9,"d":"4.05E-09"},35329,true,"reported","textfile",0.000978465826249322,34.6001172762488]
["11116_16_C11orf87_CK087","C11orf87","rs1591734","chr1",169302664,"T","C",-0.1199,0.012124,0.1303,{"v":4.64e-23,"d":"4.64E-23"},35355,true,"reported","textfile",0.00275864584291044,97.7961915416618]
["11116_16_C11orf87_CK087","C11orf87","rs9332701","chr1",169515529,"G","A",-0.3607,0.015464,0.07189,{"v":2.49e-120,"d":"2.49E-120"},35355,true,"reported","textfile",0.015155333522595,544.031484620518]
["11116_16_C11orf87_CK087","C11orf87","rs6427202","chr1",169559592,"T","C",-0.1418,0.008099,0.4721,{"v":1.238e-68,"d":"1.24E-68"},35352,true,"reported","textfile",0.00859658743477924,306.524429881821]
["11116_16_C11orf87_CK087","C11orf87","rs78334957","chr10",19819940,"C","T",0.1162,0.011775,0.13736,{"v":5.704e-23,"d":"5.70E-23"},35349,true,"reported","textfile",0.00274737839550965,97.379121440499]
["11116_16_C11orf87_CK087","C11orf87","rs927826","chr10",19931917,"T","G",0.1595,8.829E-3,0.29793,{"v":5.985e-73,"d":"5.99E-73"},35352,true,"reported","textfile",0.00914731099933424,326.342601090976]
["11116_16_C11orf87_CK087","C11orf87","rs184924341","chr10",20198402,"G","T",0.3206,0.036028,0.01192,{"v":5.66e-19,"d":"5.66E-19"},35354,true,"reported","textfile",2.23478901354955E-3,79.1812145152818]
["11116_16_C11orf87_CK087","C11orf87","rs594793","chr19",7765060,"T","G",-0.0456,0.008169,0.43083,{"v":2.379E-8,"d":"2.38E-08"},35364,true,"reported","textfile",0.000880335100435097,31.1578391610531]
["11116_16_C11orf87_CK087","C11orf87","rs62140549","chr2",46914826,"G","A",0.0676,0.008725,0.30898,{"v":9.338e-15,"d":"9.34E-15"},35349,true,"reported","textfile",1.69530756778845E-3,60.0257987895688]
["11116_16_C11orf87_CK087","C11orf87","rs34568880","chr6",31546671,"T","C",0.1924,0.030566,0.01722,{"v":3.083e-10,"d":"3.08E-10"},35430,true,"reported","textfile",0.00111705964187421,39.6194462767888]
["11116_16_C11orf87_CK087","C11orf87","rs34977123","chr6",32587959,"G","A",-0.157,0.01137,0.16144,{"v":2.273e-43,"d":"2.27E-43"},35430,true,"reported","textfile",0.00535274202164578,190.657484672816]
["11116_16_C11orf87_CK087","C11orf87","rs9271669","chr6",32624998,"G","A",0.067,0.008077,0.46525,{"v":1.084E-16,"d":"1.08E-16"},35430,true,"reported","textfile",1.93836539987421E-3,68.8057801302592]
["11117_2_SPATA20_SPT20","SPATA20","rs147604653","chr17",49734100,"A","G",0.1507,0.025619,0.02654,{"v":4.047e-09,"d":"4.05E-09"},35357,true,"reported","textfile",0.000977691714835093,34.6001188275047]
["11117_2_SPATA20_SPT20","SPATA20","rs77405995","chr17",50284012,"A","G",0.1222,0.018545,0.04892,{"v":4.412e-11,"d":"4.41E-11"},35350,true,"reported","textfile",1.2267786467941E-3,43.4174351892667]
["11117_2_SPATA20_SPT20","SPATA20","rs17714829","chr17",50375120,"C","T",0.1255,0.015247,0.0781,{"v":1.852e-16,"d":"1.85E-16"},35357,true,"reported","textfile",0.00191254577829153,67.7476264284119]
["11117_2_SPATA20_SPT20","SPATA20","rs9890200","chr17",50547162,"C","A",-0.3204,0.007116,0.40963,{"v":1e-200,"d":"1.00E-200"},35353,true,"reported","textfile",0.0542338728222036,2027.16251200367]
["11117_2_SPATA20_SPT20","SPATA20","rs10922094","chr1",196692375,"CATTA","GATTA",-0.0654,0.008289,0.40155,{"v":3.015e-15,"d":"3.02E-15"},35330,true,"reported","textfile",0.00175890759212175,62.2481762041986]
["11117_2_SPATA20_SPT20","SPATA20","rs4666000","chr2",27616502,"C","T",0.0534,0.009653,0.22594,{"v":3.171e-08,"d":"3.17E-08"},35364,true,"reported","textfile",0.000864611208923097,30.6008393986851]
["11117_2_SPATA20_SPT20","SPATA20","rs3020644","chr6",31926849,"G","A",-0.0698,0.008391,0.37454,{"v":8.885e-17,"d":"8.89E-17"},35432,true,"reported","textfile",0.00194912824130654,69.192478603623]
["11117_2_SPATA20_SPT20","SPATA20","rs6458","chr6",32039847,"G","A",0.0862,0.012306,0.12614,{"v":2.473e-12,"d":"2.47E-12"},35431,true,"reported","textfile",0.00138291755933827,49.0632366212371]
["11118_107_RAB17_RAB17","RAB17","rs72748420","chr1",196141224,"T","C",0.1015,0.015352,0.07417,{"v":3.805E-11,"d":"3.81E-11"},35328,true,"reported","textfile",1.23579399036873E-3,43.709674657028]
["11118_107_RAB17_RAB17","RAB17","rs1329424","chr1",196677046,"G","T",-0.2918,0.008156,0.39735,{"v":1e-200,"d":"1.00E-200"},35329,true,"reported","textfile",0.0349645593368521,1279.94572597684]
["11118_107_RAB17_RAB17","RAB17","rs3900909","chr1",197788716,"T","C",0.1702,0.02241,0.03376,{"v":3.081e-14,"d":"3.08E-14"},35328,true,"reported","textfile",0.00163007593568476,57.6780821577416]
["11118_107_RAB17_RAB17","RAB17","rs10801660","chr1",198272225,"A","G",0.0796,0.01258,0.11574,{"v":2.492e-10,"d":"2.49E-10"},35336,true,"reported","textfile",0.00113176346466304,40.035040456499]
["11118_107_RAB17_RAB17","RAB17","rs1047286","chr19",6713251,"A","G",-0.0572,0.009402,0.24066,{"v":1.174e-09,"d":"1.17E-09"},35363,true,"reported","textfile",0.00104555803822147,37.0106745978752]
["11118_107_RAB17_RAB17","RAB17","rs111696008","chr2",216622986,"A","G",-0.1533,0.026747,0.02443,{"v":9.951e-09,"d":"9.95E-09"},35350,true,"reported","textfile",0.000928413280329452,32.848049198194]
["11118_107_RAB17_RAB17","RAB17","rs1707652","chr3",165761011,"T","C",0.1323,0.008668,0.3102,{"v":1.331e-52,"d":"1.33E-52"},35330,true,"reported","textfile",0.00655064370369373,232.947094179875]
["11118_107_RAB17_RAB17","RAB17","rs3099847","chr6",31455283,"T","C",0.0894,0.014652,0.09144,{"v":1.051E-9,"d":"1.05E-09"},35429,true,"reported","textfile",1.04970243310133E-3,37.2268852495042]
["11118_107_RAB17_RAB17","RAB17","rs1265941","chr6",31904575,"C","A",0.1756,0.015476,0.07271,{"v":7.678E-30,"d":"7.68E-30"},35432,true,"reported","textfile",0.00362043475868487,128.738091360935]
["11118_107_RAB17_RAB17","RAB17","rs550671","chr6",31976816,"T","C",0.2115,0.011537,0.14045,{"v":4.603e-75,"d":"4.60E-75"},35431,true,"reported","textfile",0.00939618468789235,336.055062742165]
["11118_107_RAB17_RAB17","RAB17","rs9276606","chr6",32768918,"T","A",0.063,0.008968,0.28354,{"v":2.136e-12,"d":"2.14E-12"},35429,true,"reported","textfile",0.00139099792495046,49.3475257931998]
["11120_49_NAT14_NAT14","NAT14","rs10922098","chr1",196695521,"T","C",-0.1185,0.008103,0.40011,{"v":1.973E-48,"d":"1.97E-48"},35329,true,"reported","textfile",0.0060171738430197,213.855506109907]
["11120_49_NAT14_NAT14","NAT14","rs704","chr17",28367840,"A","G",-0.0997,0.007945,0.49189,{"v":4.055e-36,"d":"4.06E-36"},35351,true,"reported","textfile",0.00443476420074912,157.462790076663]
["11120_49_NAT14_NAT14","NAT14","rs1707652","chr3",165761011,"T","C",0.0682,0.008564,0.3102,{"v":1.675E-15,"d":"1.68E-15"},35330,true,"reported","textfile",0.00179181398413719,63.4148320144039]
["11120_49_NAT14_NAT14","NAT14","rs9501600","chr6",32009122,"T","C",0.0923,0.011505,0.15016,{"v":1.033E-15,"d":"1.03E-15"},35431,true,"reported","textfile",0.00181325358681707,64.3584595349358]
["11120_49_NAT14_NAT14","NAT14","rs35209896","chr6",32519009,"A","C",0.0743,0.013576,0.09263,{"v":4.429e-08,"d":"4.43E-08"},35430,true,"reported","textfile",0.000844687016207282,29.9508707218144]
["11128_29_TMEM132C_T132C","TMEM132C","rs10922098","chr1",196695521,"T","C",-0.06,8.012E-3,0.40011,{"v":6.949e-14,"d":"6.95E-14"},35329,true,"reported","textfile",0.00158489471686554,56.0784541083552]
["11128_29_TMEM132C_T132C","TMEM132C","rs117511908","chr19",10110266,"GACCCCCA","GACCCCCG",0.356,0.021699,0.03353,{"v":1.716E-60,"d":"1.72E-60"},35364,true,"reported","textfile",0.00755381149063912,269.150997832122]
["11128_29_TMEM132C_T132C","TMEM132C","rs34735009","chr19",10512068,"TCCATCTCAAAAAAAAAAAAAAAAAAAG","TCCATCTCAAAAAAAAAAAAAAAAG",0.0747,0.011207,0.14538,{"v":2.64e-11,"d":"2.64E-11"},35365,true,"reported","textfile",1.2547105258882E-3,44.4260701848692]
["11128_29_TMEM132C_T132C","TMEM132C","rs141618758","chr19",11146823,"C","T",0.1856,0.024042,0.02633,{"v":1.165E-14,"d":"1.17E-14"},35373,true,"reported","textfile",0.00168194499793708,59.592307505557]
["11128_29_TMEM132C_T132C","TMEM132C","rs145639768","chr19",13472256,"A","C",0.1516,0.022831,0.03152,{"v":3.133e-11,"d":"3.13E-11"},35367,true,"reported","textfile",1.24511432264953E-3,44.0883630728247]
["11128_29_TMEM132C_T132C","TMEM132C","rs146039342","chr19",44997818,"A","G",0.1699,0.029139,0.01786,{"v":5.522e-09,"d":"5.52E-09"},35359,true,"reported","textfile",0.000960550349915233,33.9948324701774]
["11129_66_BMP15_BMP15","BMP15","rs10922098","chr1",196695521,"T","C",-0.1441,0.008015,0.40011,{"v":2.884e-72,"d":"2.88E-72"},35329,true,"reported","textfile",0.0090663843236051,323.218582893037]
["11129_66_BMP15_BMP15","BMP15","rs58068569","chr12",3991507,"G","A",-0.0531,0.009708,0.20781,{"v":4.505e-08,"d":"4.51E-08"},35368,true,"reported","textfile",0.000845185019042296,29.9160980213256]
["11129_66_BMP15_BMP15","BMP15","rs1707652","chr3",165761011,"T","C",0.0813,8.482E-3,0.3102,{"v":9.262e-22,"d":"9.26E-22"},35330,true,"reported","textfile",0.00259365998620817,91.8670919933147]
["11129_66_BMP15_BMP15","BMP15","rs9267139","chr6",31471721,"A","G",0.072,0.012542,0.10872,{"v":9.439e-09,"d":"9.44E-09"},35430,true,"reported","textfile",0.00092930113943817,32.9539048693595]
["11129_66_BMP15_BMP15","BMP15","rs9501393","chr6",32007072,"GGAG","CGAG",0.11,0.010527,0.1548,{"v":1.479e-25,"d":"1.48E-25"},35431,true,"reported","textfile",0.00307224891781114,109.182141625584]
["11129_66_BMP15_BMP15","BMP15","rs7774739","chr6",32041524,"G","A",0.1004,0.010969,0.17585,{"v":5.517e-20,"d":"5.52E-20"},35428,true,"reported","textfile",0.00235917918430043,83.7739194700281]
["11129_66_BMP15_BMP15","BMP15","rs9271683","chr6",32625173,"T","C",0.0596,0.008783,0.27332,{"v":1.154E-11,"d":"1.15E-11"},35430,true,"reported","textfile",0.00129799053431719,46.0449745909612]
["11130_158_CACNB4_CACB4","CACNB4","rs11502187","chr11",180483,"C","A",0.0621,0.009254,0.262,{"v":1.941e-11,"d":"1.94E-11"},35342,true,"reported","textfile",0.00127256527253763,45.029760040338]
["11130_158_CACNB4_CACB4","CACNB4","rs7975385","chr12",48797209,"C","T",0.1289,0.009409,0.24761,{"v":1.016e-42,"d":"1.02E-42"},35352,true,"reported","textfile",5.28086882365357E-3,187.669772366185]
["11130_158_CACNB4_CACB4","CACNB4","rs79977579","chr12",54300773,"CCCAA","CCCCA",0.08,0.014379,0.08751,{"v":2.639E-8,"d":"2.64E-08"},35366,true,"reported","textfile",0.000874493750149559,30.9526648922878]
["11130_158_CACNB4_CACB4","CACNB4","rs1354034","chr3",56815721,"C","T",0.1019,0.008337,0.38119,{"v":2.339E-34,"d":"2.34E-34"},35347,true,"reported","textfile",4.20866683086443E-3,149.38403677755]
["11130_158_CACNB4_CACB4","CACNB4","rs114694170","chr5",88884379,"C","T",-0.0904,0.014717,0.08378,{"v":8.114e-10,"d":"8.11E-10"},35335,true,"reported","textfile",0.00106666903980619,37.7288613918258]
["11134_30_MTRF1L_RF1ML","MTRF1L","rs2038332","chr6",152999591,"G","A",-0.1934,0.009618,0.2119,{"v":6.321E-90,"d":"6.32E-90"},35370,true,"reported","textfile",0.011302429356425,404.314052494165]
["11134_30_MTRF1L_RF1ML","MTRF1L","rs10922098","chr1",196695521,"T","C",-0.0645,0.008057,0.40011,{"v":1.195e-15,"d":"1.20E-15"},35329,true,"reported","textfile",1.81073231961467E-3,64.0837792252335]
["11134_30_MTRF1L_RF1ML","MTRF1L","rs6542680","chr2",3592552,"T","C",-0.0566,0.010212,0.18362,{"v":2.981E-8,"d":"2.98E-08"},35323,true,"reported","textfile",0.000868912691715736,30.7175560584092]
["11135_5_MRPL55_RM55","MRPL55","rs6809081","chr3",194339746,"C","T",-0.045,0.007984,0.39427,{"v":1.736e-08,"d":"1.74E-08"},35293,true,"reported","textfile",0.000899300133856587,31.7657679833323]
["11135_5_MRPL55_RM55","MRPL55","rs116706170","chr6",29940638,"A","G",0.1714,0.012614,0.10379,{"v":4.686e-42,"d":"4.69E-42"},35436,true,"reported","textfile",0.00518339510780924,184.625408690295]
["11135_5_MRPL55_RM55","MRPL55","rs9260109","chr6",29941979,"T","G",0.1481,0.011802,0.12131,{"v":4.033e-36,"d":"4.03E-36"},35436,true,"reported","textfile",0.00442413695191186,157.461499994675]
["11137_43_CSF2RB_IL3RB","CSF2RB","rs10922098","chr1",196695521,"T","C",-0.1633,0.008024,0.40011,{"v":4.489e-92,"d":"4.49E-92"},35329,true,"reported","textfile",0.0115877021865517,414.157893472075]
["11137_43_CSF2RB_IL3RB","CSF2RB","rs1707652","chr3",165761011,"T","C",0.0901,0.008503,0.3102,{"v":3.086e-26,"d":"3.09E-26"},35330,true,"reported","textfile",0.00316798825354136,112.27437291568]
["11137_43_CSF2RB_IL3RB","CSF2RB","rs550671","chr6",31976816,"T","C",0.1264,0.011314,0.14045,{"v":5.601e-29,"d":"5.60E-29"},35431,true,"reported","textfile",0.00351035613237775,124.80652275653]
["11137_43_CSF2RB_IL3RB","CSF2RB","rs34927613","chr6",32632434,"A","G",0.0649,0.008588,0.29339,{"v":4.11e-14,"d":"4.11E-14"},35430,true,"reported","textfile",0.00160929143682499,57.1058770227209]
["11138_16_RUNX3_RUNX3","RUNX3","rs10922094","chr1",196692375,"CATTA","GATTA",-0.0546,0.008027,0.40155,{"v":1.031e-11,"d":"1.03E-11"},35330,true,"reported","textfile",0.00130787653095332,46.2651712171544]
["11138_16_RUNX3_RUNX3","RUNX3","rs1265564","chr12",111270643,"GAAAAAAAAAAC","GAAAAAAAAAAA",0.0467,0.008199,0.3672,{"v":1.228E-8,"d":"1.23E-08"},35360,true,"reported","textfile",0.000916645593999266,32.4404913460856]
["11138_16_RUNX3_RUNX3","RUNX3","rs4639017","chr3",165833296,"C","T",-0.0556,0.008036,0.39283,{"v":4.539e-12,"d":"4.54E-12"},35330,true,"reported","textfile",0.00135312536988656,47.8679844515189]
["11140_56_COL1A1_CO1A1","COL1A1","rs138103546","chr17",49894179,"G","A",-0.237,0.030488,0.01993,{"v":7.625e-15,"d":"7.63E-15"},35356,true,"reported","textfile",0.00170621620383695,60.42466521335]
["11140_56_COL1A1_CO1A1","COL1A1","rs116585561","chr17",50180556,"C","A",-0.328,0.023063,0.03327,{"v":6.715e-46,"d":"6.72E-46"},35355,true,"reported","textfile",0.0056883690845278,202.251392815506]
["11140_56_COL1A1_CO1A1","COL1A1","rs118081843","chr17",50335804,"C","A",-0.3212,0.040959,0.01174,{"v":4.435e-15,"d":"4.44E-15"},35356,true,"reported","textfile",0.00173633900060562,61.4933022463775]
["11140_56_COL1A1_CO1A1","COL1A1","rs6679677","chr1",113761186,"A","C",-0.0745,0.012308,0.13318,{"v":1.423e-09,"d":"1.42E-09"},35341,true,"reported","textfile",1.03563979625822E-3,36.6364168912941]
["11140_56_COL1A1_CO1A1","COL1A1","rs10842700","chr12",26277428,"G","C",-0.0533,0.009561,0.25138,{"v":2.483e-08,"d":"2.48E-08"},35350,true,"reported","textfile",0.000878368444560761,31.0758638365153]
["11140_56_COL1A1_CO1A1","COL1A1","rs1056692","chr12",53293603,"G","A",-0.0493,0.008925,0.3169,{"v":3.318e-08,"d":"3.32E-08"},35365,true,"reported","textfile",0.000862043505649569,30.5107460807972]
["11140_56_COL1A1_CO1A1","COL1A1","rs9594738","chr13",42378009,"T","C",0.1011,8.404E-3,0.4356,{"v":2.478E-33,"d":"2.48E-33"},35352,true,"reported","textfile",4.07701202198013E-3,144.712369045324]
["11140_56_COL1A1_CO1A1","COL1A1","rs2663343","chr17",1023500,"A","G",0.0601,0.009033,0.31972,{"v":2.868e-11,"d":"2.87E-11"},35337,true,"reported","textfile",1.25115621218409E-3,44.2649871712063]
["11140_56_COL1A1_CO1A1","COL1A1","rs139072136","chr17",44298644,"A","C",-0.2568,0.037584,0.01199,{"v":8.329e-12,"d":"8.33E-12"},35360,true,"reported","textfile",1.31855656037609E-3,46.6830771393986]
["11140_56_COL1A1_CO1A1","COL1A1","rs369441062","chr17",46035143,"ATAGTA","ATAG",-0.2909,0.040516,0.01028,{"v":6.973e-13,"d":"6.97E-13"},35354,true,"reported","textfile",1.45600532770528E-3,51.5477541497104]
["11140_56_COL1A1_CO1A1","COL1A1","rs74485878","chr17",51855685,"T","C",-0.2494,0.033849,0.01629,{"v":1.732e-13,"d":"1.73E-13"},35353,true,"reported","textfile",0.00153323439457919,54.2846000987363]
["11140_56_COL1A1_CO1A1","COL1A1","rs62071464","chr17",52261352,"A","T",-0.2367,0.039429,0.01225,{"v":1.935E-9,"d":"1.94E-09"},35353,true,"reported","textfile",0.00101834803356495,36.0363188489913]
["11140_56_COL1A1_CO1A1","COL1A1","rs3928387","chr17",60010393,"G","A",0.0639,0.010659,0.29017,{"v":2.038e-09,"d":"2.04E-09"},35346,true,"reported","textfile",1.01575076862506E-3,35.9371984031843]
["11140_56_COL1A1_CO1A1","COL1A1","rs145495890","chr17",62499184,"T","C",-0.1938,0.021627,0.03969,{"v":3.215e-19,"d":"3.22E-19"},35359,true,"reported","textfile",0.00226584319188341,80.2953544175685]
["11140_56_COL1A1_CO1A1","COL1A1","rs148047098","chr17",62515649,"C","G",-0.2674,0.033081,0.01548,{"v":6.311e-16,"d":"6.31E-16"},35359,true,"reported","textfile",0.00184443691103731,65.3342607856947]
["11140_56_COL1A1_CO1A1","COL1A1","rs146385050","chr17",62559897,"A","C",0.248,0.010457,0.20263,{"v":2.437e-124,"d":"2.44E-124"},35359,true,"reported","textfile",0.0156579609199802,562.424952169228]
["11140_56_COL1A1_CO1A1","COL1A1","rs149631508","chr17",62782860,"C","T",0.2184,0.032284,0.01743,{"v":1.334e-11,"d":"1.33E-11"},35359,true,"reported","textfile",1.29261406864345E-3,45.7621083701166]
["11140_56_COL1A1_CO1A1","COL1A1","rs11726170","chr4",38391654,"T","C",0.0729,0.012273,0.13062,{"v":2.85e-09,"d":"2.85E-09"},35354,true,"reported","textfile",9.969694174771569E-4,35.2800359635556]
["11140_56_COL1A1_CO1A1","COL1A1","rs10955915","chr8",118951308,"G","A",0.0543,0.008327,0.48,{"v":6.995e-11,"d":"7.00E-11"},35352,true,"reported","textfile",1.20139679114088E-3,42.5204605116465]
["11142_11_ANGPTL1_ANGL1","ANGPTL1","rs4457535","chr1",178528051,"G","A",-0.2531,0.008364,0.37199,{"v":1e-200,"d":"1.00E-200"},35348,true,"reported","textfile",0.0252513180657876,915.6545732201]
["11142_11_ANGPTL1_ANGL1","ANGPTL1","rs12725691","chr1",178941726,"TAAATC","TAAATT",0.1578,0.008697,0.32602,{"v":1.433e-73,"d":"1.43E-73"},35347,true,"reported","textfile",0.00922776077531702,329.192918100742]
["11142_11_ANGPTL1_ANGL1","ANGPTL1","rs140477729","chr1",179134848,"T","G",0.1785,0.032565,0.01607,{"v":4.22e-08,"d":"4.22E-08"},35349,true,"reported","textfile",0.000849235554911198,30.0434431195352]
["11142_11_ANGPTL1_ANGL1","ANGPTL1","rs333947","chr1",109928142,"A","G",-0.0647,0.011561,0.14937,{"v":2.188e-08,"d":"2.19E-08"},35340,true,"reported","textfile",0.000885455001137674,31.3179394563201]
["11142_11_ANGPTL1_ANGL1","ANGPTL1","rs6678237","chr1",168639966,"G","A",-0.1008,0.016267,0.06933,{"v":5.771E-10,"d":"5.77E-10"},35353,true,"reported","textfile",0.00108494673066228,38.3956090661705]
["11142_11_ANGPTL1_ANGL1","ANGPTL1","rs12130811","chr1",177546126,"A","G",-0.0921,0.012577,0.12063,{"v":2.43e-13,"d":"2.43E-13"},35354,true,"reported","textfile",0.00151449674691395,53.6216988854279]
["11142_11_ANGPTL1_ANGL1","ANGPTL1","rs78811502","chr1",180072659,"C","T",0.2238,0.024913,0.02787,{"v":2.626E-19,"d":"2.63E-19"},35349,true,"reported","textfile",0.0022777216285128,80.6944258420828]
["11142_11_ANGPTL1_ANGL1","ANGPTL1","rs115584967","chr1",180459000,"GTTTTATTAGAAT","GTTTTATTAGAAC",0.1946,0.033901,0.01503,{"v":9.458e-09,"d":"9.46E-09"},35347,true,"reported","textfile",0.000931329659841253,32.9485327729088]
["11142_11_ANGPTL1_ANGL1","ANGPTL1","rs2477664","chr10",17833817,"A","T",0.046,0.008131,0.44816,{"v":1.538e-08,"d":"1.54E-08"},35342,true,"reported","textfile",0.000904781057036478,32.0039190954176]
["11142_11_ANGPTL1_ANGL1","ANGPTL1","rs4681671","chr3",58242901,"T","G",-0.0449,0.008084,0.49918,{"v":2.793e-08,"d":"2.79E-08"},35348,true,"reported","textfile",0.000871959620213282,30.8471822333635]
["11142_11_ANGPTL1_ANGL1","ANGPTL1","rs10213052","chr4",174897101,"C","T",0.0515,0.009088,0.26945,{"v":1.455E-8,"d":"1.46E-08"},35358,true,"reported","textfile",0.000907393940565073,32.1109574508354]
["11143_32_OLFM3_NOE3","OLFM3","rs33995407","chr1",102136814,"TGTGTGTGTGTGTGTGTGTGTGTATG","TGTGTATG",-0.0548,0.009925,0.20482,{"v":3.364e-08,"d":"3.36E-08"},35338,true,"reported","textfile",0.000861953062040524,30.4842493923717]
["11143_32_OLFM3_NOE3","OLFM3","rs572515","chr1",196677131,"G","A",-0.1031,0.008172,0.3973,{"v":1.709e-36,"d":"1.71E-36"},35329,true,"reported","textfile",0.004485150417445,159.160768785639]
["11143_32_OLFM3_NOE3","OLFM3","rs1355538","chr3",165787389,"G","A",-0.0522,0.00816,0.39847,{"v":1.585E-10,"d":"1.59E-10"},35329,true,"reported","textfile",0.00115698194565825,40.9200449474886]
["11143_32_OLFM3_NOE3","OLFM3","rs2075798","chr6",31878964,"A","C",0.0816,0.014903,0.0783,{"v":4.362e-08,"d":"4.36E-08"},35432,true,"reported","textfile",0.00084541496853303,29.9783965202761]
["11143_32_OLFM3_NOE3","OLFM3","rs550671","chr6",31976816,"T","C",0.0817,0.011486,0.14045,{"v":1.133e-12,"d":"1.13E-12"},35431,true,"reported","textfile",0.00142594690982265,50.59201459498]
["11145_72_KIAA1549L_K154L","KIAA1549L","rs11388755","chr11",33252194,"TTC","TC",0.0835,0.008255,0.46037,{"v":4.728e-24,"d":"4.73E-24"},35354,true,"reported","textfile",0.00288566027052162,102.309091163163]
["11145_72_KIAA1549L_K154L","KIAA1549L","rs4756649","chr11",33372394,"C","T",-0.2497,0.008218,0.40575,{"v":1e-200,"d":"1.00E-200"},35347,true,"reported","textfile",0.0254539174333673,923.166926404277]
["11145_72_KIAA1549L_K154L","KIAA1549L","rs762044","chr11",33511939,"C","T",-0.1267,8.175E-3,0.4504,{"v":3.528e-54,"d":"3.53E-54"},35357,true,"reported","textfile",0.00674779432569035,240.189014453606]
["11145_72_KIAA1549L_K154L","KIAA1549L","rs143077049","chr11",33979412,"G","A",0.1475,0.021348,0.03777,4.87E-12,35353,true,"reported","textfile",0.00134851980525645,47.7358964373884]
["11145_72_KIAA1549L_K154L","KIAA1549L","rs10922098","chr1",196695521,"T","C",-0.0785,8.234E-3,0.40011,{"v":1.515E-21,"d":"1.52E-21"},35329,true,"reported","textfile",0.0025660810898457,90.88516536517]
["11145_72_KIAA1549L_K154L","KIAA1549L","rs55714927","chr17",7176997,"T","C",0.0572,0.009926,0.21166,{"v":8.27e-09,"d":"8.27E-09"},35361,true,"reported","textfile",0.000938234322682297,33.2061825959601]
["11145_72_KIAA1549L_K154L","KIAA1549L","rs9864801","chr3",165730789,"TAGAGAG","TATAGAG",-0.0456,0.008159,0.41936,{"v":2.284e-08,"d":"2.28E-08"},35330,true,"reported","textfile",0.000883340986640761,31.2342608788665]
["11145_72_KIAA1549L_K154L","KIAA1549L","rs635634","chr9",133279427,"C","T",0.1079,0.011991,0.12995,{"v":2.292E-19,"d":"2.29E-19"},35362,true,"reported","textfile",0.00228455678900396,80.9669015437866]
["11146_4_TBX22_TBX22","TBX22","rs10922098","chr1",196695521,"T","C",-0.0789,8.071E-3,0.40011,1.43E-22,35329,true,"reported","textfile",0.00269770703581116,95.5596884981022]
["11146_4_TBX22_TBX22","TBX22","rs1355538","chr3",165787389,"G","A",-0.0517,0.008063,0.39847,{"v":1.436E-10,"d":"1.44E-10"},35329,true,"reported","textfile",0.00116238851243614,41.1114864984664]
["11146_4_TBX22_TBX22","TBX22","rs4713498","chr6",32043539,"T","G",0.0928,0.016282,0.06413,{"v":1.202e-08,"d":"1.20E-08"},35432,true,"reported","textfile",0.000915981698046868,32.4829853819083]
["11149_3_TLR1_TLR1","TLR1","rs10922098","chr1",196695521,"T","C",-0.0783,0.008014,0.40011,{"v":1.51e-22,"d":"1.51E-22"},35329,true,"reported","textfile",0.00269476935562299,95.4553471704788]
["11149_3_TLR1_TLR1","TLR1","rs1555405","chr14",100710432,"A","G",-0.0494,0.008564,0.30381,{"v":8e-09,"d":"8.00E-09"},35371,true,"reported","textfile",0.000939820451700321,33.2717790546086]
["11149_3_TLR1_TLR1","TLR1","rs56210800","chr3",124753745,"G","C",-0.0757,0.013266,0.09593,{"v":1.154e-08,"d":"1.15E-08"},35360,true,"reported","textfile",0.000920025301327997,32.5602108221282]
["11149_3_TLR1_TLR1","TLR1","rs149468457","chr3",124755073,"A","G",-0.0759,0.013277,0.09594,{"v":1.087e-08,"d":"1.09E-08"},35360,true,"reported","textfile",0.000923358157446643,32.6782714795403]
["11149_3_TLR1_TLR1","TLR1","rs9271642","chr6",32624442,"G","A",0.0508,0.00794,0.41291,{"v":1.578e-10,"d":"1.58E-10"},35430,true,"reported","textfile",1.1540212154197E-3,40.9318999007621]
["11152_46_KLK13_kallikrein_13","KLK13","rs11669237","chr19",51030161,"G","C",-0.4217,0.006997,0.3621,{"v":1e-200,"d":"1.00E-200"},35352,true,"reported","textfile",0.0931737449026241,3632.10908792455]
["11152_46_KLK13_kallikrein_13","KLK13","rs2691230","chr19",51044518,"A","T",-0.1002,0.00979,0.29419,{"v":1.386e-24,"d":"1.39E-24"},35357,true,"reported","textfile",0.00295399562891305,104.747940418355]
["11152_46_KLK13_kallikrein_13","KLK13","rs73051038","chr19",51083701,"C","G",0.168,0.014557,0.10457,{"v":8.248e-31,"d":"8.25E-31"},35365,true,"reported","textfile",0.00375204966087643,133.183443049903]
["11152_46_KLK13_kallikrein_13","KLK13","rs1039405","chr19",51122980,"G","A",-0.0504,0.009028,0.45344,{"v":2.367E-8,"d":"2.37E-08"},35362,true,"reported","textfile",0.000880559205849115,31.1640152793702]
["11152_46_KLK13_kallikrein_13","KLK13","rs116960573","chr19",51181877,"T","G",-0.2765,0.019857,0.05439,{"v":4.497e-44,"d":"4.50E-44"},35365,true,"reported","textfile",0.00545273965697419,193.882422865527]
["11152_46_KLK13_kallikrein_13","KLK13","rs12368376","chr12",515011,"G","C",-0.0686,0.011082,0.19318,{"v":6.01e-10,"d":"6.01E-10"},35304,true,"reported","textfile",0.00108421871546608,38.3166327036744]
["11152_46_KLK13_kallikrein_13","KLK13","rs5511","chr14",94567258,"T","A",0.1177,0.010293,0.24419,{"v":2.789e-30,"d":"2.79E-30"},35363,true,"reported","textfile",0.00368397770812773,130.750818839027]
["11152_46_KLK13_kallikrein_13","KLK13","rs55714927","chr17",7176997,"T","C",0.0798,0.010804,0.21166,{"v":1.515e-13,"d":"1.52E-13"},35361,true,"reported","textfile",0.00154043215824351,54.5521746073997]
["11152_46_KLK13_kallikrein_13","KLK13","rs4072059","chr18",48038591,"C","G",0.0713,0.012845,0.13624,{"v":2.844e-08,"d":"2.84E-08"},35358,true,"reported","textfile",0.000870652530740253,30.8096153464249]
["11152_46_KLK13_kallikrein_13","KLK13","rs17855739","chr19",5831829,"T","C",0.1899,0.024425,0.03389,{"v":7.564e-15,"d":"7.56E-15"},35357,true,"reported","textfile",0.00170672488863279,60.4444204343467]
["11152_46_KLK13_kallikrein_13","KLK13","rs2548459","chr19",48706082,"C","T",-0.0862,0.009292,0.37265,1.75E-20,35368,true,"reported","textfile",0.00242733750749281,86.0541006361384]
["11152_46_KLK13_kallikrein_13","KLK13","rs1992880","chr2",106748586,"G","C",0.0657,0.008836,0.43988,{"v":1.044E-13,"d":"1.04E-13"},35351,true,"reported","textfile",1.56148905733806E-3,55.2834011137347]
["11152_46_KLK13_kallikrein_13","KLK13","rs12712266","chr2",106933402,"C","T",0.052,0.008963,0.40029,{"v":6.56e-09,"d":"6.56E-09"},35349,true,"reported","textfile",0.000951282327577761,33.6569937362318]
["11152_46_KLK13_kallikrein_13","KLK13","rs2479016","chr6",2245111,"G","A",-0.0572,0.00928,0.33808,{"v":7.091e-10,"d":"7.09E-10"},35326,true,"reported","textfile",0.00107432286069462,37.9901944655734]
["11154_3_NFE2L1_NF2L1","NFE2L1","rs11451044","chr12",54322000,"CA","C",0.0668,0.00797,0.43683,{"v":5.248e-17,"d":"5.25E-17"},35365,true,"reported","textfile",0.0019824434190782,70.2444021816944]
["11154_3_NFE2L1_NF2L1","NFE2L1","rs1354034","chr3",56815721,"C","T",0.0501,0.008118,0.38119,{"v":6.758e-10,"d":"6.76E-10"},35347,true,"reported","textfile",1.0763588584286E-3,38.0848968672744]
["11154_3_NFE2L1_NF2L1","NFE2L1","rs342292","chr7",106730198,"G","C",-0.0622,7.894E-3,0.45188,3.28E-15,35345,true,"reported","textfile",0.00175346197348627,62.0814640153343]
["11155_16_COL6A5_CO6A5","COL6A5","rs10922098","chr1",196695521,"T","C",-0.0624,0.007997,0.40011,{"v":6.056e-15,"d":"6.06E-15"},35329,true,"reported","textfile",0.00172042532920541,60.8822088991274]
["11155_16_COL6A5_CO6A5","COL6A5","rs2072634","chr6",31949514,"T","C",0.114,0.020724,0.0365,{"v":3.777E-8,"d":"3.78E-08"},35432,true,"reported","textfile",0.000853288969014505,30.2578468591349]
["11155_16_COL6A5_CO6A5","COL6A5","rs9271642","chr6",32624442,"G","A",0.0523,0.007908,0.41291,{"v":3.755e-11,"d":"3.76E-11"},35430,true,"reported","textfile",1.23300003410646E-3,43.7366525023507]
["11160_56_RNF122_RN122","RNF122","rs10922094","chr1",196692375,"CATTA","GATTA",-0.091,0.008288,0.40155,{"v":4.767E-28,"d":"4.77E-28"},35330,true,"reported","textfile",0.00340063693664211,120.547640456454]
["11160_56_RNF122_RN122","RNF122","rs964184","chr11",116778201,"C","G",-0.0772,0.012276,0.12321,{"v":3.203e-10,"d":"3.20E-10"},35368,true,"reported","textfile",0.00111692752266146,39.5454281435343]
["11160_56_RNF122_RN122","RNF122","rs71352239","chr19",44926286,"T","C",0.08,0.008858,0.30263,{"v":1.697E-19,"d":"1.70E-19"},35359,true,"reported","textfile",0.00230148407524878,81.5612844458801]
["11160_56_RNF122_RN122","RNF122","rs10208529","chr2",27563321,"T","A",0.057,0.009778,0.2164,{"v":5.569e-09,"d":"5.57E-09"},35364,true,"reported","textfile",0.000959999795944358,33.9801337056079]
["11160_56_RNF122_RN122","RNF122","rs111696008","chr2",216622986,"A","G",-0.1518,0.026988,0.02443,{"v":1.859E-8,"d":"1.86E-08"},35350,true,"reported","textfile",0.000894178475738893,31.6357087302297]
["11160_56_RNF122_RN122","RNF122","rs1707652","chr3",165761011,"T","C",0.1234,0.008742,0.3102,{"v":3.061e-45,"d":"3.06E-45"},35330,true,"reported","textfile",0.00560818868622037,199.243484964977]
["11160_56_RNF122_RN122","RNF122","rs28573154","chr6",32008772,"A","G",0.0653,0.011315,0.145,{"v":7.872e-09,"d":"7.87E-09"},35431,true,"reported","textfile",0.000939130154050555,33.3037187543814]
["11160_56_RNF122_RN122","RNF122","rs34927613","chr6",32632434,"A","G",0.0486,0.008834,0.29339,{"v":3.771e-08,"d":"3.77E-08"},35430,true,"reported","textfile",0.000853524039026411,30.2644811167895]
["11162_37_EQTN_EQTN","EQTN","rs10922094","chr1",196692375,"CATTA","GATTA",-0.0685,0.007881,0.40155,{"v":3.559e-18,"d":"3.56E-18"},35330,true,"reported","textfile",0.00213376789727075,75.5429433822353]
["11162_37_EQTN_EQTN","EQTN","rs704","chr17",28367840,"A","G",-0.0813,0.007728,0.49189,{"v":6.997e-26,"d":"7.00E-26"},35351,true,"reported","textfile",0.00312095586720611,110.668059078161]
["11162_37_EQTN_EQTN","EQTN","rs71549272","chr6",32535377,"G","A",0.0564,0.008506,0.26923,{"v":3.339e-11,"d":"3.34E-11"},35430,true,"reported","textfile",1.23936069130231E-3,43.9625560352976]
["11163_7_FAM162B_F162B","FAM162B","rs10922094","chr1",196692375,"CATTA","GATTA",-0.1046,0.00803,0.40155,{"v":8.711e-39,"d":"8.71E-39"},35330,true,"reported","textfile",0.0047797791720756,169.671028639884]
["11163_7_FAM162B_F162B","FAM162B","rs6542680","chr2",3592552,"T","C",-0.0592,0.010197,0.18362,{"v":6.404e-09,"d":"6.40E-09"},35323,true,"reported","textfile",0.00095329383802758,33.7034209164522]
["11163_7_FAM162B_F162B","FAM162B","rs6445035","chr3",165762312,"A","G",0.0647,0.01001,0.1904,{"v":1.022e-10,"d":"1.02E-10"},35330,true,"reported","textfile",1.1810914463491E-3,41.7749386393197]
["11163_7_FAM162B_F162B","FAM162B","rs147906938","chr6",31930134,"A","T",0.14,0.02017,0.03884,{"v":3.898e-12,"d":"3.90E-12"},35432,true,"reported","textfile",1.35787093075454E-3,48.1747822129959]
["11164_7_TENM2_TEN2","TENM2","rs10922098","chr1",196695521,"T","C",-0.1554,0.008063,0.40011,{"v":8.823e-83,"d":"8.82E-83"},35329,true,"reported","textfile",0.0104048286404306,371.436110460702]
["11164_7_TENM2_TEN2","TENM2","rs1355538","chr3",165787389,"G","A",-0.0749,0.008068,0.39847,{"v":1.641e-20,"d":"1.64E-20"},35329,true,"reported","textfile",0.00243356158451029,86.1801548100878]
["11164_7_TENM2_TEN2","TENM2","rs9501600","chr6",32009122,"T","C",0.1227,0.011464,0.15016,{"v":9.846e-27,"d":"9.85E-27"},35431,true,"reported","textfile",0.00322278595506573,114.549251320342]
["11164_7_TENM2_TEN2","TENM2","rs35209896","chr6",32519009,"A","C",0.0861,0.013547,0.09263,{"v":2.077e-10,"d":"2.08E-10"},35430,true,"reported","textfile",1.13881721902186E-3,40.3920155583355]
["11167_6_MTMR1_MTMR1","MTMR1","rs144704969","chr1",196158214,"T","C",0.1068,0.019084,0.04536,{"v":2.188e-08,"d":"2.19E-08"},35328,true,"reported","textfile",0.000885726831746335,31.3169242984099]
["11167_6_MTMR1_MTMR1","MTMR1","rs10922098","chr1",196695521,"T","C",-0.1949,0.008127,0.40011,{"v":4.375E-127,"d":"4.38E-127"},35329,true,"reported","textfile",0.0160183875526418,575.093650037541]
["11167_6_MTMR1_MTMR1","MTMR1","rs1047286","chr19",6713251,"A","G",-0.0527,0.009348,0.24066,{"v":1.727e-08,"d":"1.73E-08"},35363,true,"reported","textfile",8.97934336062149E-4,31.7803927633694]
["11167_6_MTMR1_MTMR1","MTMR1","rs12478841","chr2",27588855,"G","A",0.0559,0.009634,0.21569,{"v":6.544e-09,"d":"6.54E-09"},35364,true,"reported","textfile",0.000951120816418463,33.6655543196994]
["11167_6_MTMR1_MTMR1","MTMR1","rs1707652","chr3",165761011,"T","C",0.0945,0.008623,0.3102,{"v":6.036e-28,"d":"6.04E-28"},35330,true,"reported","textfile",0.00338789051680556,120.094262390382]
["11167_6_MTMR1_MTMR1","MTMR1","rs1265941","chr6",31904575,"C","A",0.1262,0.015366,0.07271,{"v":2.154e-16,"d":"2.15E-16"},35432,true,"reported","textfile",1.90009536660865E-3,67.4485374925185]
["11167_6_MTMR1_MTMR1","MTMR1","rs550671","chr6",31976816,"T","C",0.1401,0.011474,0.14045,2.73E-34,35431,true,"reported","textfile",0.00419024624230339,149.080919882905]
["11167_6_MTMR1_MTMR1","MTMR1","rs9276606","chr6",32768918,"T","A",0.0488,0.008895,0.28354,{"v":4.104e-08,"d":"4.10E-08"},35429,true,"reported","textfile",0.000848828683314093,30.0970009614662]
["11168_3_MEGF10_MEG10","MEGF10","rs10922098","chr1",196695521,"T","C",-0.1508,0.007967,0.40011,{"v":6.845e-80,"d":"6.85E-80"},35329,true,"reported","textfile",0.0100392136308111,358.251866961729]
["11168_3_MEGF10_MEG10","MEGF10","rs1355538","chr3",165787389,"G","A",-0.0646,7.986E-3,0.39847,{"v":6.017E-16,"d":"6.02E-16"},35329,true,"reported","textfile",0.00184872130861319,65.4307408742709]
["11168_3_MEGF10_MEG10","MEGF10","rs9267139","chr6",31471721,"A","G",0.0698,0.012497,0.10872,{"v":2.332E-8,"d":"2.33E-08"},35430,true,"reported","textfile",0.000879722958915372,31.1942673015855]
["11168_3_MEGF10_MEG10","MEGF10","rs9501393","chr6",32007072,"GGAG","CGAG",0.1035,0.010481,0.1548,{"v":5.349e-23,"d":"5.35E-23"},35431,true,"reported","textfile",2.74472091455153E-3,97.5103559951312]
["11168_3_MEGF10_MEG10","MEGF10","rs7774739","chr6",32041524,"G","A",0.0865,0.010919,0.17585,{"v":2.338e-15,"d":"2.34E-15"},35428,true,"reported","textfile",1.76828072352781E-3,62.7540797412253]
["11168_3_MEGF10_MEG10","MEGF10","rs9271683","chr6",32625173,"T","C",0.0658,0.00874,0.27332,{"v":5.118e-14,"d":"5.12E-14"},35430,true,"reported","textfile",1.59721563618286E-3,56.6766804388901]
["11173_29_MILR1_MILR1","MILR1","rs10922098","chr1",196695521,"T","C",-0.0677,8.09E-3,0.40011,{"v":5.827e-17,"d":"5.83E-17"},35329,true,"reported","textfile",0.00197828537342535,70.0254176464953]
["11173_29_MILR1_MILR1","MILR1","rs1926446","chr13",46055860,"A","C",-0.069,0.009285,0.24321,{"v":1.075E-13,"d":"1.08E-13"},35352,true,"reported","textfile",0.00155970504412603,55.22170287838]
["11173_29_MILR1_MILR1","MILR1","rs1555405","chr14",100710432,"A","G",-0.0497,0.008644,0.30381,{"v":8.944e-09,"d":"8.94E-09"},35371,true,"reported","textfile",0.000933749132302313,33.0566396690083]
["11173_29_MILR1_MILR1","MILR1","rs697356","chr3",165718150,"C","G",0.0472,0.00821,0.36502,{"v":8.983e-09,"d":"8.98E-09"},35329,true,"reported","textfile",9.34674134796856E-4,33.0501242562627]
["11173_29_MILR1_MILR1","MILR1","rs2057681","chr7",95308945,"G","A",0.077,8.796E-3,0.28541,{"v":2.059E-18,"d":"2.06E-18"},35340,true,"reported","textfile",0.00216373339603733,76.6278129070194]
["11174_8_THSD7A_THS7A","THSD7A","rs2808466","chr1",207100406,"C","T",0.2134,0.012615,0.11154,{"v":3.431e-64,"d":"3.43E-64"},35360,true,"reported","textfile",0.00802789207026133,286.147368006849]
["11174_8_THSD7A_THS7A","THSD7A","rs45574833","chr1",207126725,"A","G",-0.3164,0.036779,0.01255,{"v":7.78e-18,"d":"7.78E-18"},35360,true,"reported","textfile",0.00208858833779146,74.0028679746453]
["11174_8_THSD7A_THS7A","THSD7A","rs28593765","chr14",105893760,"A","G",0.0862,0.014207,0.099,{"v":1.298e-09,"d":"1.30E-09"},34957,true,"reported","textfile",1.05200667398726E-3,36.8116193584699]
["11174_8_THSD7A_THS7A","THSD7A","rs1260326","chr2",27508073,"C","T",-0.0489,0.008394,0.34132,{"v":5.701e-09,"d":"5.70E-09"},35364,true,"reported","textfile",0.000958742170724153,33.9355761090511]
["11174_8_THSD7A_THS7A","THSD7A","rs71552082","chr6",31788511,"CAAAA","CAAA",0.0619,0.010183,0.19179,{"v":1.209e-09,"d":"1.21E-09"},35430,true,"reported","textfile",1.04185181300054E-3,36.9492216445425]
["11174_8_THSD7A_THS7A","THSD7A","rs79327907","chr6",32487800,"T","A",0.0546,0.008558,0.41743,{"v":1.771e-10,"d":"1.77E-10"},35418,true,"reported","textfile",0.00114793648321742,40.7020418484074]
["11174_8_THSD7A_THS7A","THSD7A","rs9273429","chr6",32659679,"A","G",0.0772,0.008001,0.4381,{"v":4.973e-22,"d":"4.97E-22"},35430,true,"reported","textfile",0.00262080803121968,93.0939683499605]
["11177_16_KRT5_K2C5","KRT5","rs10506306","chr12",52357876,"C","G",-0.0585,0.010687,0.16797,{"v":4.407e-08,"d":"4.41E-08"},35363,true,"reported","textfile",0.000846609580458437,29.9623277683323]
["11177_16_KRT5_K2C5","KRT5","rs641621","chr12",52519122,"T","G",-0.1558,0.009418,0.2322,{"v":1.808E-61,"d":"1.81E-61"},35363,true,"reported","textfile",0.00767927982601556,273.648436848246]
["11177_16_KRT5_K2C5","KRT5","rs113543611","chr1",150603278,"T","C",0.1961,0.018864,0.04681,{"v":2.601E-25,"d":"2.60E-25"},35349,true,"reported","textfile",0.00304778846139963,108.059521307277]
["11177_16_KRT5_K2C5","KRT5","rs139214344","chr1",150899121,"TAAA","TAAATAAATAAACAAA",0.0484,0.008324,0.36745,{"v":6.081E-9,"d":"6.08E-09"},35354,true,"reported","textfile",0.000955372884939,33.8066401757183]
["11177_16_KRT5_K2C5","KRT5","rs10922094","chr1",196692375,"CATTA","GATTA",-0.0634,0.008172,0.40155,{"v":8.634e-15,"d":"8.63E-15"},35330,true,"reported","textfile",0.00170074385282364,60.1862402106164]
["11177_16_KRT5_K2C5","KRT5","rs17580","chr14",94380925,"A","T",0.2339,0.022502,0.03316,{"v":2.621e-25,"d":"2.62E-25"},35363,true,"reported","textfile",0.00304610015306332,108.042255042093]
["11177_16_KRT5_K2C5","KRT5","rs118132312","chr17",39694762,"G","A",-0.1272,0.019638,0.0434,{"v":9.344e-11,"d":"9.34E-11"},35370,true,"reported","textfile",0.00118475844304521,41.9522398840304]
["11177_16_KRT5_K2C5","KRT5","rs58539907","chr17",40101687,"C","T",-0.179,0.024186,0.02867,{"v":1.351E-13,"d":"1.35E-13"},35365,true,"reported","textfile",0.00154643679207066,54.771344700591]
["11177_16_KRT5_K2C5","KRT5","rs186618212","chr17",40237602,"T","C",-0.2037,0.024031,0.02757,{"v":2.321e-17,"d":"2.32E-17"},35370,true,"reported","textfile",0.00202731841099183,71.8478560413018]
["11177_16_KRT5_K2C5","KRT5","rs117484558","chr17",41586669,"A","G",-0.2842,0.022787,0.0311,{"v":1.061e-35,"d":"1.06E-35"},35375,true,"reported","textfile",0.00437796107115894,155.542576314116]
["11177_16_KRT5_K2C5","KRT5","rs138065021","chr17",42054597,"TTTC","TC",-0.1938,0.024697,0.02967,{"v":4.256e-15,"d":"4.26E-15"},35377,true,"reported","textfile",0.00173757222572481,61.573606072765]
["11177_16_KRT5_K2C5","KRT5","rs111494201","chr17",42135981,"A","G",-0.1411,0.018015,0.05268,{"v":4.79e-15,"d":"4.79E-15"},35374,true,"reported","textfile",1.73120627749483E-3,61.3424248385045]
["11177_16_KRT5_K2C5","KRT5","rs7240884","chr18",59901461,"G","A",0.0754,0.008084,0.43472,{"v":1.092e-20,"d":"1.09E-20"},35355,true,"reported","textfile",2.45455027787438E-3,86.9892354256793]
["11177_16_KRT5_K2C5","KRT5","rs511515","chr6",33573715,"GACCCCTGCAAGGGAGCAG","GACCCCTGCAAGGGAACAG",-0.0523,0.008886,0.28575,{"v":3.963e-09,"d":"3.96E-09"},35358,true,"reported","textfile",9.78763552701295E-4,34.6390676261991]
["11178_21_SVEP1_SVEP1","SVEP1","rs145419292","chr9",109679059,"T","C",0.5093,0.033656,0.01613,{"v":9.888e-52,"d":"9.89E-52"},35359,true,"reported","textfile",0.00643456003017322,228.98012534911]
["11178_21_SVEP1_SVEP1","SVEP1","rs7020788","chr9",110470699,"A","G",0.1951,0.008508,0.39454,{"v":2.298e-116,"d":"2.30E-116"},35362,true,"reported","textfile",0.0146525148104442,525.81747199328]
["11178_21_SVEP1_SVEP1","SVEP1","rs78742138","chr9",110498428,"C","T",0.7642,0.022163,0.03624,{"v":1e-200,"d":"1.00E-200"},35358,true,"reported","textfile",0.0325316469151754,1188.86463279703]
["11178_21_SVEP1_SVEP1","SVEP1","rs191541154","chr9",110552023,"TCTT","CCTT",-0.2508,0.023329,0.03421,{"v":5.902e-27,"d":"5.90E-27"},35358,true,"reported","textfile",0.00325805088601396,115.56817411799]
["11178_21_SVEP1_SVEP1","SVEP1","rs117584091","chr9",110964532,"C","A",0.2659,0.029954,0.0202,{"v":6.873e-19,"d":"6.87E-19"},35361,true,"reported","textfile",2.22349296459238E-3,78.7956893960343]
["11178_21_SVEP1_SVEP1","SVEP1","rs115770375","chr1",152840427,"G","C",0.1877,0.03095,0.01782,{"v":1.322E-9,"d":"1.32E-09"},35351,true,"reported","textfile",1.039331103849E-3,36.7775392304033]
["11178_21_SVEP1_SVEP1","SVEP1","rs45444697","chr1",155062156,"G","C",0.1598,0.009252,0.27705,{"v":7.55e-67,"d":"7.55E-67"},35354,true,"reported","textfile",0.00836747659833158,298.303076717865]
["11178_21_SVEP1_SVEP1","SVEP1","rs200367989","chr1",156674988,"TG","T",0.2072,0.028716,0.02026,{"v":5.372e-13,"d":"5.37E-13"},35348,true,"reported","textfile",1.47071179125642E-3,52.0603447366104]
["11178_21_SVEP1_SVEP1","SVEP1","rs147639000","chr1",156908252,"A","G",0.66,0.025886,0.0245,{"v":2.144e-143,"d":"2.14E-143"},35355,true,"reported","textfile",0.0180548696190019,650.030012769569]
["11178_21_SVEP1_SVEP1","SVEP1","rs2923099","chr11",10347793,"A","C",-0.0513,0.008331,0.41083,{"v":7.366e-10,"d":"7.37E-10"},35364,true,"reported","textfile",1.07105969028629E-3,37.9154224485287]
["11178_21_SVEP1_SVEP1","SVEP1","rs7952602","chr11",126363774,"C","G",-0.0723,0.013175,0.10953,{"v":4.076e-08,"d":"4.08E-08"},35366,true,"reported","textfile",0.000850784865686737,30.1127754837912]
["11178_21_SVEP1_SVEP1","SVEP1","rs879620","chr16",3965728,"T","C",0.0484,0.008597,0.35905,{"v":1.801E-8,"d":"1.80E-08"},35342,true,"reported","textfile",0.000896017387613867,31.6936525420287]
["11178_21_SVEP1_SVEP1","SVEP1","rs74617664","chr7",103951132,"C","T",-0.0919,0.015012,0.08119,{"v":9.259e-10,"d":"9.26E-10"},35357,true,"reported","textfile",0.00105881094845195,37.473938899307]
["11178_21_SVEP1_SVEP1","SVEP1","rs117223414","chr9",108819737,"A","G",0.3476,0.040292,0.01125,{"v":6.297e-18,"d":"6.30E-18"},35356,true,"reported","textfile",0.00210061042617236,74.421311189111]
["11178_21_SVEP1_SVEP1","SVEP1","rs151231214","chr9",111629338,"T","C",0.1386,0.018793,0.05118,{"v":1.641E-13,"d":"1.64E-13"},35361,true,"reported","textfile",0.00153582658548061,54.3888240379195]
["11178_21_SVEP1_SVEP1","SVEP1","rs112639900","chr9",111634841,"C","T",0.6182,0.043331,0.01017,{"v":3.513e-46,"d":"3.51E-46"},35361,true,"reported","textfile",0.00572325794795208,203.533552805406]
["11178_21_SVEP1_SVEP1","SVEP1","rs75733144","chr9",113661166,"G","C",0.2973,0.03087,0.01858,{"v":5.925e-22,"d":"5.93E-22"},35353,true,"reported","textfile",0.00261669064934912,92.7453169487715]
["11178_21_SVEP1_SVEP1","SVEP1","rs11244049","chr9",133247701,"ATGGCGGGGCTGGGCTGCAGTGGTGGGCTGGGCTGCAGTGG","ATGGTGGGGCTGGGCTGCAGTGGTGGGCTGGGCTGCAGTGG",0.1352,0.018194,0.05682,{"v":1.078e-13,"d":"1.08E-13"},35358,true,"reported","textfile",0.00155930684050937,55.2169528253019]
["11179_7_TSSK1B_TSSK1","TSSK1B","rs61804164","chr1",161653235,"C","G",-0.0614,0.009948,0.18137,{"v":6.746e-10,"d":"6.75E-10"},35342,true,"reported","textfile",0.00107672847224117,38.092599595569]
["11179_7_TSSK1B_TSSK1","TSSK1B","rs13379369","chr14",105863077,"G","A",-0.0844,0.011047,0.15348,{"v":2.171E-14,"d":"2.17E-14"},34957,true,"reported","textfile",0.00166700711941339,58.3675329520687]
["11179_7_TSSK1B_TSSK1","TSSK1B","rs1830104","chr2",89058053,"A","G",-0.0548,0.009505,0.24923,{"v":8.155e-09,"d":"8.16E-09"},35338,true,"reported","textfile",0.000939737577491966,33.2378018496475]
["11179_7_TSSK1B_TSSK1","TSSK1B","rs3129880","chr6",32441140,"C","T",0.051,0.008332,0.31153,{"v":9.306e-10,"d":"9.31E-10"},35430,true,"reported","textfile",1.0563593089775E-3,37.4642733323437]
["11180_17_SMARCC1_SMRC1","SMARCC1","rs114009540","chr1",196158413,"A","G",-0.1215,0.021199,0.03606,{"v":9.958e-09,"d":"9.96E-09"},35328,true,"reported","textfile",0.000928964510370841,32.8471140966242]
["11180_17_SMARCC1_SMRC1","SMARCC1","rs10922098","chr1",196695521,"T","C",-0.1773,0.007966,0.40011,{"v":9.466e-110,"d":"9.47E-110"},35329,true,"reported","textfile",0.0138279629184426,495.350129238578]
["11180_17_SMARCC1_SMRC1","SMARCC1","rs2230203","chr19",6710771,"T","G",-0.0579,0.009313,0.22859,{"v":5.054e-10,"d":"5.05E-10"},35364,true,"reported","textfile",1.09179755891888E-3,38.6503436293152]
["11180_17_SMARCC1_SMRC1","SMARCC1","rs157592","chr19",44921257,"C","A",-0.0591,0.00996,0.19786,{"v":2.96e-09,"d":"2.96E-09"},35359,true,"reported","textfile",0.000994773188068173,35.2072188078229]
["11180_17_SMARCC1_SMRC1","SMARCC1","rs2686395","chr3",165767231,"C","T",-0.087,0.008445,0.3101,{"v":6.902e-25,"d":"6.90E-25"},35330,true,"reported","textfile",2.99497297614249E-3,106.12424454569]
["11180_17_SMARCC1_SMRC1","SMARCC1","rs9267139","chr6",31471721,"A","G",0.0707,0.012497,0.10872,{"v":1.537e-08,"d":"1.54E-08"},35430,true,"reported","textfile",0.000902534875340836,32.0038901906188]
["11180_17_SMARCC1_SMRC1","SMARCC1","rs9501393","chr6",32007072,"GGAG","CGAG",0.0997,0.010487,0.1548,{"v":1.957e-21,"d":"1.96E-21"},35431,true,"reported","textfile",0.00254447337953743,90.3781120638712]
["11180_17_SMARCC1_SMRC1","SMARCC1","rs7774739","chr6",32041524,"G","A",0.0862,0.010931,0.17585,{"v":3.125e-15,"d":"3.13E-15"},35428,true,"reported","textfile",0.00175221124802587,62.1827930620014]
["11180_17_SMARCC1_SMRC1","SMARCC1","rs9271683","chr6",32625173,"T","C",0.0551,8.744E-3,0.27332,{"v":2.953E-10,"d":"2.95E-10"},35430,true,"reported","textfile",1.11950305005228E-3,39.7062052751638]
["11185_145_GCH1_GCH1","GCH1","rs10922098","chr1",196695521,"T","C",-0.1647,0.008043,0.40011,{"v":3.44e-93,"d":"3.44E-93"},35329,true,"reported","textfile",0.0117299283617887,419.301556456126]
["11192_168_TINAGL1_TINAL","TINAGL1","rs945214","chr1",31581704,"G","A",-0.1075,0.008398,0.45552,{"v":1.618e-37,"d":"1.62E-37"},35362,true,"reported","textfile",0.00461233266934268,163.847803766067]
["11214_40_DNAJB9_DNJB9","DNAJB9","rs3130955","chr6",31086734,"A","C",0.0627,0.008825,0.31795,{"v":1.205E-12,"d":"1.21E-12"},35430,true,"reported","textfile",1.42270935246549E-3,50.4755589889918]
["11218_84_TPMT_TPMT","TPMT","rs1355538","chr3",165787389,"G","A",-0.0816,0.008184,0.39847,{"v":2.041E-23,"d":"2.04E-23"},35329,true,"reported","textfile",2.80606263493628E-3,99.4087218042356]
["11243_90_ADGRF1_GPR110","ADGRF1","rs429358","chr19",44908684,"C","T",0.1039,0.010667,0.17407,{"v":2.022e-22,"d":"2.02E-22"},35359,true,"reported","textfile",0.00267597967137723,94.8684793631149]
["11266_8_SELPLG_SELPL","SELPLG","rs7814163","chr8",22449277,"C","G",0.0468,0.008491,0.42161,{"v":3.558e-08,"d":"3.56E-08"},35364,true,"reported","textfile",0.000858301214290634,30.377320430758]
["11277_23_ATF6_ATF6A","ATF6","rs2273967","chr1",230279547,"T","C",0.0953,0.009568,0.24296,{"v":2.281e-23,"d":"2.28E-23"},35351,true,"reported","textfile",0.00279849599245459,99.201650257969]
["11293_14_LRRN1_LRRN1","LRRN1","rs6859","chr19",44878777,"G","A",-0.2815,0.009267,0.42659,{"v":1e-200,"d":"1.00E-200"},35358,true,"reported","textfile",0.0254332791506625,922.685946906898]
["11303_7_SAMHD1_SAMH1","SAMHD1","rs528298","chr1",196691864,"ATG","AAG",-0.1463,0.008028,0.3973,{"v":3.328E-74,"d":"3.33E-74"},35330,true,"reported","textfile",0.00931251454613955,332.085060845699]
["11327_56_CLK2_CLK2","CLK2","rs9276606","chr6",32768918,"T","A",0.0619,0.008951,0.28354,{"v":4.67e-12,"d":"4.67E-12"},35429,true,"reported","textfile",1.34801107634862E-3,47.8204508992908]
["11370_20_INPP5E_INP5E","INPP5E","rs6542680","chr2",3592552,"T","C",-0.0697,0.010456,0.18362,{"v":2.63e-11,"d":"2.63E-11"},35323,true,"reported","textfile",1.25640840034681E-3,44.4334276403934]
["11390_24_CA8_Carbonic_Anhydrase_VIII","CA8","rs56227154","chr8",60238324,"G","C",0.3686,6.803E-3,0.40113,{"v":1e-200,"d":"1.00E-200"},35350,true,"reported","textfile",0.0766784415765339,2935.52070578236]
["11407_57_PLSCR3_PLS3","PLSCR3","rs28455809","chr6",32557482,"C","T",0.0654,0.008546,0.26647,{"v":1.974E-14,"d":"1.97E-14"},35430,true,"reported","textfile",0.00165021790460732,58.5605576050918]
["11440_58_SOCS3_SOCS_3","SOCS3","rs4675969","chr2",241278212,"A","G",0.0776,0.01024,0.19783,{"v":3.499e-14,"d":"3.50E-14"},35114,true,"reported","textfile",1.63280201619066E-3,57.4247075707873]
["11456_2_MAGEB10_MAGBA","MAGEB10","rs2686395","chr3",165767231,"C","T",-0.0806,0.008606,0.3101,{"v":7.587e-21,"d":"7.59E-21"},35330,true,"reported","textfile",0.0024765487264325,87.7087283468918]
["11514_196_CD59_CD59","CD59","rs10922098","chr1",196695521,"T","C",-0.0885,8.26E-3,0.40011,{"v":8.735e-27,"d":"8.74E-27"},35329,true,"reported","textfile",0.00323881557809835,114.789419688167]
["11514_196_CD59_CD59","CD59","rs1355538","chr3",165787389,"G","A",-0.0446,8.267E-3,0.39847,{"v":6.858e-08,"d":"6.86E-08"},35329,true,"reported","textfile",0.000823161132249043,29.1037704115667]
["11534_6_LRIT3_LRIT3","LRIT3","rs2742687","chr1",3082068,"A","G",-0.0467,0.010453,0.17516,{"v":7.903e-06,"d":"7.90E-06"},35322,true,"reported","textfile",0.000564756494989,19.9584710791835]
["11537_12_TFR2_TFR2","TFR2","rs73403125","chr6",32501438,"C","T",0.0442,0.007586,0.35016,{"v":5.663E-9,"d":"5.66E-09"},35392,true,"reported","textfile",0.000958290927801834,33.9464465066253]
["11538_216_MLYCD_DCMC","MLYCD","rs1355538","chr3",165787389,"G","A",-0.0449,0.008103,0.39847,{"v":3.009E-8,"d":"3.01E-08"},35329,true,"reported","textfile",0.000868345140331422,30.70268930354]
["11543_84_LIMA1_LIMA1","LIMA1","rs78803662","chr6",161184233,"T","C",-0.0884,0.018863,0.04658,{"v":2.78e-06,"d":"2.78E-06"},35380,true,"reported","textfile",0.000620376962514121,21.961320477115]
["11547_84_MUSK_MUSK","MUSK","rs116436091","chr5",61743118,"A","C",0.0911,0.020495,0.03895,{"v":8.794e-06,"d":"8.79E-06"},35350,true,"reported","textfile",5.58610148467996E-4,19.7567878702522]
["11549_6_ISL1_ISL1","ISL1","rs35455080","chr5",6403322,"A","G",0.0476,0.009938,0.19215,{"v":1.669E-6,"d":"1.67E-06"},35373,true,"reported","textfile",0.000648130494974718,22.9398917811655]
["11557_3_SMURF1_SMUF1","SMURF1","rs11555235","chr19",4961495,"T","G",-0.0852,0.018382,0.04728,{"v":3.57e-06,"d":"3.57E-06"},35351,true,"reported","textfile",0.000607334735003188,21.4817221436532]
["11560_76_NFATC4_NFAC4","NFATC4","rs2634465","chr4",55666449,"G","A",-0.0516,0.011412,0.1413,{"v":6.134e-06,"d":"6.13E-06"},35349,true,"reported","textfile",0.000578026352608371,20.443314260025]
["11565_58_ZNF23_ZNF23","ZNF23","rs9848607","chr3",71711244,"C","T",0.0582,0.012881,0.1015,{"v":6.237e-06,"d":"6.24E-06"},35336,true,"reported","textfile",0.000577402403687315,20.4137234648844]
["11568_2_FKBP1B_FKB1B","FKBP1B","rs10659714","chr3",73045526,"ATTTTTTTTTTTTTTTTTTTTTTTG","ATTTTTTTTTTTTTTTTG",0.1001,0.022155,0.03474,{"v":6.237e-06,"d":"6.24E-06"},35341,true,"reported","textfile",0.000577291317012533,20.4126819159329]
["11570_94_BCAP29_BAP29","BCAP29","rs79565365","chr2",71559378,"CCATGTCCTTCCTCCTTCCTTCCTCTTCCACCC","CCATGTCCTTCCTCCTTCCTTCCTCTCCCACCC",-0.0855,0.019042,0.04566,{"v":7.12e-06,"d":"7.12E-06"},35342,true,"reported","textfile",5.70122674160963E-4,20.1596287663108]
["11573_3_SRSF6_SRSF6","SRSF6","rs114244976","chr2",119995591,"GTTTTTGTTTTTT","GTTTTTTTTTTTT",0.1664,0.036721,0.01283,{"v":5.859e-06,"d":"5.86E-06"},35350,true,"reported","textfile",0.000580545182954145,20.53303147958]
["11582_63_DNAJA2_DNJA2","DNAJA2","rs140454041","chr5",27427119,"T","G",-0.0603,0.013462,0.09653,{"v":7.486E-6,"d":"7.49E-06"},35356,true,"reported","textfile",0.00056716045477868,20.0627695277349]
["11592_1_ELAVL1_ELAV1","ELAVL1","rs11417460","chr10",63640063,"AA","A",0.0374,0.008466,0.35157,{"v":9.981e-06,"d":"9.98E-06"},35338,true,"reported","textfile",0.000551956601351185,19.5147097382089]
["11596_47_ZNF75D_ZN75D","ZNF75D","rs11208704","chr1",65670308,"C","T",-0.0426,0.008719,0.25373,{"v":1.031E-6,"d":"1.03E-06"},35337,true,"reported","textfile",0.000675091871237676,23.8704860412722]
["11601_26_DHX8_DHX8","DHX8","rs6446393","chr4",5741782,"T","C",0.0827,0.018579,0.04564,{"v":8.533e-06,"d":"8.53E-06"},35370,true,"reported","textfile",0.000559871129112113,19.812614605347]
["11608_5_MAP1LC3B_MLP3B","MAP1LC3B","rs150253538","chr17",29504125,"AAT","AT",0.0371,0.008239,0.47589,{"v":6.709e-06,"d":"6.71E-06"},35352,true,"reported","textfile",0.000573239091454244,20.2756246635683]
["11614_29_ERH_ERH","ERH","rs10822155","chr10",63311455,"A","C",0.0388,0.008017,0.43479,{"v":1.302E-6,"d":"1.30E-06"},35342,true,"reported","textfile",0.000662309262698377,23.4215216344857]
["11617_1_ITGAL_LFA_1_alpha_L_chain","ITGAL","rs9864801","chr3",165730789,"TAGAGAG","TATAGAG",-0.044,0.00798,0.41936,{"v":3.506e-08,"d":"3.51E-08"},35330,true,"reported","textfile",0.000859770181334395,30.4000980640066]
["11633_89_AHSA1_AHSA1","AHSA1","rs144488620","chr17",34625113,"C","G",-0.1708,0.037567,0.01133,{"v":5.454e-06,"d":"5.45E-06"},35355,true,"reported","textfile",0.00058432977412018,20.6698885357699]
["11634_32_RGS10_RGS10","RGS10","rs72785933","chr16",62890651,"ATTATTTTTTATTTT","ATTTTTTTTTATTTT",-0.0578,0.012785,0.11379,{"v":6.153e-06,"d":"6.15E-06"},35362,true,"reported","textfile",0.000577652222535593,20.4375884072253]
["11659_31_CLINT1_EPN4","CLINT1","rs1354034","chr3",56815721,"C","T",0.0511,0.008268,0.38119,{"v":6.379e-10,"d":"6.38E-10"},35347,true,"reported","textfile",0.0010794915174385,38.1958597905091]
["11709_29_CPT1B_CPT1B","CPT1B","rs697356","chr3",165718150,"C","G",0.2563,8.267E-3,0.36502,{"v":1e-200,"d":"1.00E-200"},35329,true,"reported","textfile",0.0264857517765775,961.118088121109]
["11910_27_DLX4_DLX4","DLX4","rs342293","chr7",106731773,"G","C",-0.0803,0.00808,0.45412,{"v":2.843e-23,"d":"2.84E-23"},35348,true,"reported","textfile",2.78632484967525E-3,98.7606172987703]
["12030_82_DES_Desmin","DES","rs3900909","chr1",197788716,"T","C",0.134,0.022406,0.03376,{"v":2.223e-09,"d":"2.22E-09"},35328,true,"reported","textfile",0.00101139875471131,35.7648449285549]
["12046_51_TARDBP_TADBP","TARDBP","rs1707652","chr3",165761011,"T","C",0.0708,0.00861,0.3102,{"v":1.989e-16,"d":"1.99E-16"},35330,true,"reported","textfile",1.91023227393469E-3,67.6138439203862]
["12347_29_CCM2_CCM2","CCM2","rs12289048","chr11",65159920,"T","G",-0.0606,0.009271,0.24918,{"v":6.293e-11,"d":"6.29E-11"},35354,true,"reported","textfile",1.20706037228873E-3,42.7235682072971]
["12384_92_COPS7B_CSN7B","COPS7B","rs28573154","chr6",32008772,"A","G",0.0698,0.009794,0.145,{"v":1.026e-12,"d":"1.03E-12"},35431,true,"reported","textfile",1.43147941419497E-3,50.7885869822546]
["12396_19_HIBCH_HIBCH","HIBCH","rs785223","chr2",190137863,"T","G",-0.0584,0.010015,0.24223,{"v":5.492e-09,"d":"5.49E-09"},35367,true,"reported","textfile",0.000960523984603834,34.0015900582802]
["12427_8_CDC25B_MPIP2","CDC25B","rs7774739","chr6",32041524,"G","A",0.0826,0.011155,0.17585,{"v":1.313e-13,"d":"1.31E-13"},35428,true,"reported","textfile",0.00154526401334108,54.8272455060524]
["12436_84_GSTO1_GST_omega_1","GSTO1","rs1490171","chr10",104790142,"G","A",-0.0983,0.008151,0.46187,{"v":1.726E-33,"d":"1.73E-33"},35362,true,"reported","textfile",4.09605596529163E-3,145.432237516738]
["12460_18_PSMA7_PSA7","PSMA7","rs3211066","chr6",3271554,"G","C",-0.1759,0.011748,0.1365,{"v":1.101e-50,"d":"1.10E-50"},35369,true,"reported","textfile",0.00629849760598371,224.170904737647]
["12486_8_GLRX2_GLRX2","GLRX2","rs201388663","chr1",194327741,"T","TAGATAC",0.3622,0.032478,0.01573,{"v":6.987e-29,"d":"6.99E-29"},35333,true,"reported","textfile",0.00350761410844677,124.363734053679]
["12494_99_GABARAPL2_GBRL2","GABARAPL2","rs3811444","chr1",247876149,"T","C",-0.0642,0.008715,0.34232,{"v":1.745e-13,"d":"1.75E-13"},35147,true,"reported","textfile",1.54161873205389E-3,54.2638444971842]
["12514_16_METTL1_METTL1","METTL1","rs453821","chr6",31967534,"T","C",0.083,0.011628,0.13894,{"v":9.482e-13,"d":"9.48E-13"},35432,true,"reported","textfile",1.43590734323253E-3,50.9473528488026]
["12538_19_RGS7_RGS7","RGS7","rs9864801","chr3",165730789,"TAGAGAG","TATAGAG",-0.0589,0.007872,0.41936,{"v":7.303e-14,"d":"7.30E-14"},35330,true,"reported","textfile",0.00158208257576621,55.9803788185825]
["12549_33_HPGDS_PTGD2","HPGDS","rs12342201","chr9",93132682,"A","G",-0.0659,0.007789,0.49613,{"v":2.661e-17,"d":"2.66E-17"},35348,true,"reported","textfile",0.00202098915323432,71.5785420673426]
["12580_7_PSMB5_PSB5","PSMB5","rs9501600","chr6",32009122,"T","C",0.1327,0.011509,0.15016,{"v":9.292e-31,"d":"9.29E-31"},35431,true,"reported","textfile",0.0037381502702759,132.935860147143]
["12587_65_ARL2_ARL2","ARL2","rs144202860","chr2",216625740,"A","G",-0.2707,0.037585,0.01274,{"v":5.916e-13,"d":"5.92E-13"},35350,true,"reported","textfile",0.00146528179465058,51.8707861959958]
["12633_3_PTPN9_PTN9","PTPN9","rs111647176","chr15",75459420,"A","G",-0.0702,0.008811,0.27386,{"v":1.626E-15,"d":"1.63E-15"},35352,true,"reported","textfile",1.79238257387457E-3,63.4744945644088]
["12663_1_TST_THTR","TST","rs760715","chr22",39466338,"C","T",0.0418,0.0075,0.26206,{"v":2.495e-08,"d":"2.50E-08"},35357,true,"reported","textfile",0.000877754888228497,31.060287392407]
["12669_30_HECW1_HECW1","HECW1","rs9501393","chr6",32007072,"GGAG","CGAG",0.072,0.010597,0.1548,{"v":1.086E-11,"d":"1.09E-11"},35431,true,"reported","textfile",0.00130121851496811,46.1609362316981]
["12701_1_EIF1B_EIF1B","EIF1B","rs6580980","chr12",54298277,"G","A",0.0482,0.008253,0.4351,{"v":5.217e-09,"d":"5.22E-09"},35365,true,"reported","textfile",0.000963558427047027,34.1071809172597]
["12707_26_DPYSL3_DPYL3","DPYSL3","rs35648025","chr8",26489370,"TTTT","TTT",0.0535,0.008163,0.44348,{"v":5.615e-11,"d":"5.62E-11"},35357,true,"reported","textfile",0.00121340356917142,42.9520012997357]
["12738_43_NISCH_NISCH","NISCH","rs444921","chr6",31964400,"T","C",0.1049,0.011524,0.13897,{"v":8.803E-20,"d":"8.80E-20"},35432,true,"reported","textfile",0.00233310546635357,82.8552366785177]
["12763_69_ZNF334_ZN334","ZNF334","rs112727502","chr10",7673597,"A","G",-0.1384,0.017666,0.05405,{"v":4.717e-15,"d":"4.72E-15"},35348,true,"reported","textfile",0.00173331485672456,61.3721241403474]
["12786_61_GPCPD1_GDE5","GPCPD1","rs1354034","chr3",56815721,"C","T",0.0477,0.008325,0.38119,{"v":1.007E-8,"d":"1.01E-08"},35347,true,"reported","textfile",0.000927924270940756,32.8279452035205]
["12826_5_SLC5A5_SC5A5","SLC5A5","rs111874634","chr19",35344118,"T","C",-0.0582,0.009366,0.22607,{"v":5.17e-10,"d":"5.17E-10"},35360,true,"reported","textfile",0.00109081578076144,38.6111820628709]
["12846_3_FBXL5_FBXL5","FBXL5","rs17753046","chr20",43720930,"T","C",-0.1094,0.024118,0.02848,{"v":5.731e-06,"d":"5.73E-06"},35361,true,"reported","textfile",0.000581533708705388,20.5744151220442]
["12847_27_RNGTT_MCE1","RNGTT","rs11955345","chr5",101330990,"T","C",0.0807,0.017738,0.05191,{"v":5.374e-06,"d":"5.37E-06"},35341,true,"reported","textfile",0.000585335213702245,20.6972759614716]
["12851_5_POLM_DPOLM","POLM","rs7431310","chr3",187178037,"A","G",0.0528,0.009888,0.21372,{"v":9.312e-08,"d":"9.31E-08"},35355,true,"reported","textfile",0.000805842139733853,28.5119132672061]
["12853_112_TMOD2_TMOD2","TMOD2","rs3888819","chr6",164081911,"C","T",0.037,0.00821,0.36072,{"v":6.585e-06,"d":"6.59E-06"},35367,true,"reported","textfile",0.000573944078017515,20.3091886576488]
["12859_33_ECI2_PECI","ECI2","rs34871842","chr19",57841635,"A","G",0.0664,0.014636,0.08027,{"v":5.711E-6,"d":"5.71E-06"},35155,true,"reported","textfile",0.000585126898271345,20.5810083565156]
["12864_9_NIPAL4_NIPA4","NIPAL4","rs1451915","chr1",196058002,"A","C",0.0592,0.011502,0.13641,{"v":2.647e-07,"d":"2.65E-07"},35326,true,"reported","textfile",0.000749336120923443,26.4893985986912]
["12864_9_NIPAL4_NIPA4","NIPAL4","rs142145524","chr7",45194691,"ATT","A",-0.0605,0.012789,0.11126,{"v":2.239e-06,"d":"2.24E-06"},35336,true,"reported","textfile",0.000632914768851994,22.3775735394005]
["12871_10_TWF1_TWF1","TWF1","rs342200","chr7",106676033,"A","G",-0.0433,0.008103,0.42559,{"v":9.122e-08,"d":"9.12E-08"},35348,true,"reported","textfile",0.000807176621229806,28.5535125817987]
["12873_11_SPN_LEUK","SPN","rs12146727","chr12",7063032,"A","G",-0.1613,0.012499,0.11875,{"v":4.215E-38,"d":"4.22E-38"},35381,true,"reported","textfile",0.0046849897900588,166.530447227485]
["12878_60_OSBPL11_OSB11","OSBPL11","rs2669445","chr8",104362188,"G","A",0.0441,0.009799,0.18914,{"v":6.787e-06,"d":"6.79E-06"},35350,true,"reported","textfile",0.000572631828128025,20.2529873658498]
["12882_7_PARP11_PAR11","PARP11","rs11022212","chr11",12148937,"C","T",-0.0479,0.010781,0.16298,{"v":8.87e-06,"d":"8.87E-06"},35366,true,"reported","textfile",0.000557859263792466,19.7391466705863]
["12885_42_NR1D2_NR1D2","NR1D2","rs114536414","chr10",36514412,"A","G",-0.0819,0.017995,0.04891,{"v":5.33e-06,"d":"5.33E-06"},35331,true,"reported","textfile",0.000585940647157503,20.71283361456]
["12892_10_SYTL1_SYTL1","SYTL1","rs59228823","chr14",100718850,"C","G",-0.0481,0.008799,0.29146,{"v":4.596e-08,"d":"4.60E-08"},35371,true,"reported","textfile",0.00084413017109945,29.8812636978544]
["12895_28_DGKB_DGKB","DGKB","rs11377363","chr10",18779238,"ATTTTTTT","ATTT",-0.0464,0.010362,0.18599,{"v":7.532e-06,"d":"7.53E-06"},35347,true,"reported","textfile",0.000566956748787381,20.0504540261163]
["12904_180_CUBN_cubilin","CUBN","rs147653240","chr11",8527128,"CATAT","CAT",0.0699,0.014556,0.08006,{"v":1.57E-6,"d":"1.57E-06"},35364,true,"reported","textfile",0.000651667058436545,23.059277491966]
["12931_16_NR3C2_MCR","NR3C2","rs72841308","chr10",131204313,"A","G",0.0588,0.012354,0.11358,{"v":1.941e-06,"d":"1.94E-06"},35294,true,"reported","textfile",0.000641445719101471,22.6524326244633]
["12931_16_NR3C2_MCR","NR3C2","rs62530127","chr9",7676139,"C","T",0.0764,0.016781,0.05969,{"v":5.296e-06,"d":"5.30E-06"},35360,true,"reported","textfile",0.000585847095734464,20.7265241849776]
["12936_38_RLBP1_RLBP1","RLBP1","rs1555405","chr14",100710432,"A","G",-0.0396,0.008607,0.30381,{"v":4.202e-06,"d":"4.20E-06"},35371,true,"reported","textfile",0.000598107977413745,21.1671412892109]
["12939_1_POLR1C_RPAC1","POLR1C","rs11080290","chr17",34662970,"A","T",0.0478,0.010024,0.20554,{"v":1.856e-06,"d":"1.86E-06"},35360,true,"reported","textfile",6.42661416426511E-4,22.7378350913148]
["12945_33_RAB18_RAB18","RAB18","rs148939423","chr4",136859073,"T","C",0.1441,0.031373,0.0159,{"v":4.367e-06,"d":"4.37E-06"},35350,true,"reported","textfile",0.000596440789327104,21.0955712803202]
["12960_9_GCK_HXK4","GCK","rs72752266","chr15",93270262,"A","G",-0.0396,0.008111,0.42307,{"v":1.05e-06,"d":"1.05E-06"},35350,true,"reported","textfile",0.000673844061771637,23.8351010367992]
["12960_9_GCK_HXK4","GCK","rs17732416","chr9",21638408,"T","C",-0.1081,0.019791,0.04293,{"v":4.707e-08,"d":"4.71E-08"},35344,true,"reported","textfile",8.43400342639536E-4,29.8326157479101]
["12975_11_KRT20_Keratin_20","KRT20","rs632111","chr19",48705721,"G","A",-0.0534,0.008277,0.37262,{"v":1.109E-10,"d":"1.11E-10"},35368,true,"reported","textfile",0.00117548014249641,41.6209553260253]
["12986_12_LIN7C_LIN7C","LIN7C","rs76418562","chr1",152992823,"AAAAAAAAAACGC","AAAAAAAAACGC",-0.1224,0.025511,0.02609,{"v":1.603e-06,"d":"1.60E-06"},35353,true,"reported","textfile",0.000650727106089693,23.0188329058992]
["12986_12_LIN7C_LIN7C","LIN7C","rs112971193","chr4",93558154,"A","G",0.0935,0.020472,0.04142,{"v":4.943e-06,"d":"4.94E-06"},35336,true,"reported","textfile",0.000589968730729345,20.8582608532715]
["12991_49_CUL9_CUL9","CUL9","rs12403425","chr1",197845693,"A","C",0.05,0.008948,0.2662,{"v":2.301e-08,"d":"2.30E-08"},35328,true,"reported","textfile",0.000883050077346271,31.2221977965135]
["13007_66_LCN10_LCN10","LCN10","rs112164276","chr6",32481499,"G","A",0.0986,0.015481,0.07336,{"v":1.9e-10,"d":"1.90E-10"},35430,true,"reported","textfile",0.00114363568273398,40.563114392922]
["13011_20_RPS10_RS10","RPS10","rs75280581","chr20",5503364,"G","A",0.116,0.025613,0.02649,{"v":5.927e-06,"d":"5.93E-06"},35359,true,"reported","textfile",0.000579753325803482,20.5102292140335]
["13027_20_CBX7_CBX7","CBX7","rs2051782","chr4",104699674,"C","T",-0.046,0.010263,0.18326,{"v":7.395e-06,"d":"7.40E-06"},35343,true,"reported","textfile",0.000568089557938519,20.0882650006892]
["13032_1_BECN1_BECN1","BECN1","rs3845421","chr1",181019255,"T","C",-0.0367,0.008252,0.37084,{"v":8.687E-6,"d":"8.69E-06"},35347,true,"reported","textfile",5.59265688897657E-4,19.7783071026347]
["13042_7_KCNA10_KCA10","KCNA10","rs10922361","chr1",198065673,"TAAATA","TAAATG",0.049,0.011027,0.14871,{"v":8.843e-06,"d":"8.84E-06"},35334,true,"reported","textfile",0.000558524173377409,19.7448040441279]
["13044_5_TSG101_TS101","TSG101","rs342200","chr7",106676033,"A","G",-0.0365,0.008084,0.42559,{"v":6.333e-06,"d":"6.33E-06"},35348,true,"reported","textfile",0.000576391910402127,20.3848981554648]
["13053_6_SLC6A14_S6A14","SLC6A14","rs13098495","chr3",186263043,"T","C",-0.0635,0.013161,0.10363,{"v":1.4e-06,"d":"1.40E-06"},35357,true,"reported","textfile",0.000657973519408086,23.2779700665623]
["13059_33_RFK_RIFK","RFK","rs113246892","chr2",120387070,"ATCCATCCATCCATCCATCCATCCATCCATCCATCCATCTATCCATCCACC","GTCCATCCATCCATCCATCCATCCATCCATCCATCCATCTATCCATCCACC",-0.0425,0.008937,0.26967,{"v":1.982e-06,"d":"1.98E-06"},35349,true,"reported","textfile",0.000639351158348157,22.6136034276782]
["13062_4_GMFG_GMFG","GMFG","rs78562177","chr20",20010068,"A","G",0.1489,0.029835,0.01806,{"v":6.014e-07,"d":"6.01E-07"},35362,true,"reported","textfile",0.00070387363034336,24.906502599345]
["13068_139_CCS_CCS","CCS","rs3900909","chr1",197788716,"T","C",0.1322,0.022176,0.03376,{"v":2.499e-09,"d":"2.50E-09"},35328,true,"reported","textfile",0.00100494148043506,35.5362746142691]
["13078_3_CETN2_CETN2","CETN2","rs3867500","chr15",99004905,"A","G",0.1511,0.032492,0.01446,{"v":3.313e-06,"d":"3.31E-06"},35349,true,"reported","textfile",0.000611411064149772,21.624768507227]
["13078_3_CETN2_CETN2","CETN2","rs12004057","chr9",104494631,"T","G",0.0425,0.008667,0.30665,{"v":9.405e-07,"d":"9.41E-07"},35354,true,"reported","textfile",0.00067968302943067,24.0444970930584]
["13089_6_HIF1A_HIF_1a","HIF1A","rs2242572","chr6",31943152,"A","G",0.0796,0.013735,0.09003,{"v":6.823e-09,"d":"6.82E-09"},35432,true,"reported","textfile",0.000947025466690211,33.5849180575314]
["13094_75_RSPO3_RSPO3","RSPO3","rs6488593","chr12",7696153,"G","A",-0.0581,0.01277,0.10866,{"v":5.374e-06,"d":"5.37E-06"},35378,true,"reported","textfile",0.000584767405152777,20.6988357291436]
["13095_51_REG1A_PSP","REG1A","rs12999504","chr2",79126971,"G","T",-0.2625,0.022431,0.03698,{"v":1.233e-31,"d":"1.23E-31"},35344,true,"reported","textfile",0.00385981160815865,136.942032301465]
["13101_60_SOST_SOST","SOST","rs11906201","chr20",64272182,"C","T",-0.0473,0.010151,0.21414,{"v":3.171e-06,"d":"3.17E-06"},34854,true,"reported","textfile",0.000622560468513232,21.7109938551295]
["13102_1_FAM3D_FAM3D","FAM3D","rs76321971","chr19",48276651,"A","G",-0.1242,0.01387,0.09264,{"v":3.416e-19,"d":"3.42E-19"},35366,true,"reported","textfile",2.26214675595399E-3,80.1799366611675]
["13107_9_LYPD3_LYPD3","LYPD3","rs62061425","chr17",7169772,"G","A",0.0548,0.009937,0.21627,{"v":3.489e-08,"d":"3.49E-08"},35361,true,"reported","textfile",0.000859315494386208,30.4106689250038]
["13111_79_BCL6_BCL6","BCL6","rs73095879","chr20",42748883,"T","G",0.0359,0.007954,0.48568,{"v":6.379e-06,"d":"6.38E-06"},35370,true,"reported","textfile",0.000575615666187452,20.3701002305323]
["13112_179_FSTL1_FSTL1","FSTL1","rs72739122","chr15",58257753,"T","G",0.0446,0.008447,0.3662,{"v":1.294e-07,"d":"1.29E-07"},35353,true,"reported","textfile",0.000787945392963709,27.8766228432008]
["13114_50_LUM_Lumican","LUM","rs62236196","chr3",21752148,"A","G",0.0431,0.009428,0.26424,{"v":4.848E-6,"d":"4.85E-06"},35346,true,"reported","textfile",0.000590906022636022,20.8973308226877]
["13116_25_CD177_CD177","CD177","rs17846939","chr19",13257166,"G","A",-0.0785,0.016826,0.07208,{"v":3.079e-06,"d":"3.08E-06"},35370,true,"reported","textfile",6.15000276633726E-4,21.7647150897827]
["13122_19_FLRT2_FLRT2","FLRT2","rs36101989","chr14",85343485,"T","G",-0.2728,0.009053,0.28128,{"v":1.787E-199,"d":"1.79E-199"},35348,true,"reported","textfile",0.0250451337996228,907.985928345044]
["13123_3_FLRT3_FLRT3","FLRT3","rs80173297","chr20",16157661,"G","A",0.2828,0.02665,0.02345,{"v":2.631e-26,"d":"2.63E-26"},35370,true,"reported","textfile",0.00317357572582546,112.600372078542]
["13124_20_ISLR2_ISLR2","ISLR2","rs35141421","chr12",120806197,"ATTT","ATT",0.0402,0.008354,0.41155,{"v":1.495e-06,"d":"1.50E-06"},35358,true,"reported","textfile",0.000654472113183464,23.1546701195978]
["13125_45_VTN_Vitronectin","VTN","rs140431012","chr3",124755083,"G","A",-0.0706,0.011024,0.09594,{"v":1.511E-10,"d":"1.51E-10"},35360,true,"reported","textfile",1.15855136299698E-3,41.0115731067689]
["13131_5_HK1_HXK1","HK1","rs75215871","chr1",150090689,"A","C",-0.1094,0.024572,0.02774,{"v":8.502e-06,"d":"8.50E-06"},35347,true,"reported","textfile",0.000560476735735848,19.8211595233717]
["13131_5_HK1_HXK1","HK1","rs444921","chr6",31964400,"T","C",0.1735,0.011469,0.13897,{"v":1.058E-51,"d":"1.06E-51"},35432,true,"reported","textfile",0.00641735673180442,228.835467837835]
["13228_75_MDM2_MDM2","MDM2","rs34276792","chr12",117814884,"C","T",0.0513,0.010641,0.16501,{"v":1.429E-6,"d":"1.43E-06"},35362,true,"reported","textfile",0.00065682197771178,23.240489996491]
["13229_20_MDM4_MDM4","MDM4","rs10922094","chr1",196692375,"CATTA","GATTA",-0.0628,0.008155,0.40155,{"v":1.35e-14,"d":"1.35E-14"},35330,true,"reported","textfile",1.67571191011525E-3,59.2989182641438]
["13236_25_WNT3A_WNT3A","WNT3A","rs17204938","chr15",61181790,"C","A",-0.1053,0.023798,0.02994,{"v":9.653e-06,"d":"9.65E-06"},35360,true,"reported","textfile",0.00055337963097809,19.5772306327864]
["13268_45_WNT5A_WNT5A","WNT5A","rs544602","chr13",50766472,"TCTCTTCCTT","TCTCTTCCTA",0.0426,0.008762,0.36064,{"v":1.162e-06,"d":"1.16E-06"},35354,true,"reported","textfile",0.000668165219873247,23.6367701206638]
["13268_45_WNT5A_WNT5A","WNT5A","rs3863087","chr3",165792099,"A","G",-0.1173,0.01461,0.09559,{"v":9.86e-16,"d":"9.86E-16"},35329,true,"reported","textfile",1.82126256988817E-3,64.4571361759187]
["13375_48_SYNGR3_SNG3","SYNGR3","rs1654444","chr19",55055086,"G","T",0.0523,0.010598,0.16397,{"v":8.022e-07,"d":"8.02E-07"},35372,true,"reported","textfile",0.000688013607356308,24.3517956589696]
["13378_80_C5orf63_YD286","C5orf63","rs3215044","chr15",40037280,"AAA","A",-0.0373,0.00818,0.38548,{"v":5.111e-06,"d":"5.11E-06"},35354,true,"reported","textfile",0.00058778317797114,20.7915318202839]
["13384_110_FH_FUMH","FH","rs2752934","chr20",26196177,"G","A",0.0425,8.626E-3,0.30204,{"v":8.359e-07,"d":"8.36E-07"},35356,true,"reported","textfile",0.000686116318185356,24.2736108336193]
["13388_57_PCSK1_NEC1","PCSK1","rs62364577","chr5",94354582,"AAACATGACC","AAACATGACA",-0.3088,0.029921,0.01996,{"v":5.685e-25,"d":"5.69E-25"},35335,true,"reported","textfile",0.00300531585193649,106.506911907167]
["13392_13_ATP1B1_AT1B1","ATP1B1","rs35046828","chr16",71843097,"T","C",0.0607,0.013092,0.11761,{"v":3.546E-6,"d":"3.55E-06"},35370,true,"reported","textfile",6.07388358144379E-4,21.4951673652644]
["13397_88_DEFB4A_HBD_2","DEFB4A","rs9274130","chr6",32662455,"A","G",-0.0796,0.011827,0.14441,{"v":1.692e-11,"d":"1.69E-11"},35433,true,"reported","textfile",0.00127677440294167,45.2952256553184]
["13405_61_SPINK2_ISK2","SPINK2","rs137942837","chr4",56823401,"AAAAAAAAAAAAAAAAGTGC","AAAAAAAAAAAAAAGTGC",0.801,0.025325,0.0263,{"v":1e-200,"d":"1.00E-200"},35349,true,"reported","textfile",0.0275213089419028,1000.3259877201]
["13411_21_RNF41_RNF41","RNF41","rs9578602","chr13",23446210,"T","C",-0.0737,0.016039,0.06724,{"v":4.326e-06,"d":"4.33E-06"},35374,true,"reported","textfile",0.000596536579416281,21.1132867349618]
["13421_17_TMEM167B_KISHB","TMEM167B","rs615029","chr11",69486604,"GT","GG",-0.0469,0.010182,0.1829,{"v":4.103e-06,"d":"4.10E-06"},35358,true,"reported","textfile",0.000599696184477178,21.2155812014731]
["13422_66_ENOX2_ENOX2","ENOX2","rs10489487","chr1",55327699,"C","T",0.1062,0.022493,0.03241,{"v":2.341e-06,"d":"2.34E-06"},35357,true,"reported","textfile",0.000630093683559077,22.2910076053234]
["13430_50_SLC14A1_UT1","SLC14A1","rs116040950","chr2",240747219,"A","G",0.1643,0.036692,0.01235,{"v":7.541e-06,"d":"7.54E-06"},35260,true,"reported","textfile",0.000568333367901644,20.0496927949077]
["13435_31_IL20RB_IL_20_Rb","IL20RB","rs11846842","chr14",105875609,"T","A",-0.042,0.008432,0.34754,{"v":6.322e-07,"d":"6.32E-07"},34960,true,"reported","textfile",0.000709182251161374,24.8091873714489]
["13436_54_MAZ_MAZ","MAZ","rs2845574","chr11",61834400,"T","C",-0.0575,0.01262,0.10898,{"v":5.207e-06,"d":"5.21E-06"},35361,true,"reported","textfile",0.000586728998555909,20.7583301742132]
["13441_30_DIXDC1_DIXC1","DIXDC1","rs34698754","chr14",49933544,"G","T",0.0454,0.009993,0.1897,{"v":5.546e-06,"d":"5.55E-06"},35353,true,"reported","textfile",0.000583499076810989,20.6393188878624]
["13441_30_DIXDC1_DIXC1","DIXDC1","rs11794541","chr9",21673751,"A","T",-0.0755,0.016256,0.05959,{"v":3.408e-06,"d":"3.41E-06"},35345,true,"reported","textfile",6.09920976481059E-4,21.5695928188845]
["13451_2_FNDC4_FNDC4","FNDC4","rs10922098","chr1",196695521,"T","C",-0.1041,0.008031,0.40011,{"v":2.02e-38,"d":"2.02E-38"},35332,true,"reported","textfile",0.00473296838685318,168.010963687299]
["13453_2_MRPL33_RM33","MRPL33","rs117779957","chr8",19633152,"T","C",0.1194,0.025647,0.02504,{"v":3.232e-06,"d":"3.23E-06"},35367,true,"reported","textfile",0.000612450822285741,21.6725967298235]
["13459_30_TOR4A_CI167","TOR4A","rs11208704","chr1",65670308,"C","T",-0.039,0.00878,0.25373,{"v":8.917e-06,"d":"8.92E-06"},35340,true,"reported","textfile",0.000557996191520811,19.7294783897646]
["13463_1_PXDN_PXDN","PXDN","rs4795734","chr17",33030407,"A","G",-0.0462,0.009631,0.23628,{"v":1.609E-6,"d":"1.61E-06"},35366,true,"reported","textfile",0.000650238613525246,23.0100003194117]
["13470_43_PTH1R_PTH1R","PTH1R","rs73166733","chr22",27867984,"A","G",-0.1207,0.024191,0.0282,{"v":6.056e-07,"d":"6.06E-07"},35372,true,"reported","textfile",0.000703301807197677,24.8932924181266]
["13473_55_ITPKA_IP3KA","ITPKA","rs17454895","chr11",57705265,"G","C",0.1289,0.027539,0.0204,{"v":2.861e-06,"d":"2.86E-06"},35360,true,"reported","textfile",0.000619196153078396,21.907102374061]
["13475_10_UBE2D4_UB2D4","UBE2D4","rs149095400","chr21",29922164,"A","C",0.1065,0.023187,0.03113,{"v":4.369E-6,"d":"4.37E-06"},35366,true,"reported","textfile",0.000596163195830144,21.0952914937311]
["13476_16_KIN_KIN17","KIN","rs872509","chr6",157665722,"C","T",-0.1258,0.026966,0.02059,{"v":3.085e-06,"d":"3.09E-06"},35358,true,"reported","textfile",0.000615139048690731,21.7622430109726]
["13482_14_CNOT1_CNOT1","CNOT1","rs4980320","chr11",198986,"C","T",0.0455,0.007973,0.46986,{"v":1.151E-8,"d":"1.15E-08"},35346,true,"reported","textfile",0.000920532287266838,32.5652705441386]
["13486_9_PKD2_PKD2","PKD2","rs6454546","chr6",86492690,"G","A",-0.0469,0.010601,0.1634,{"v":9.686e-06,"d":"9.69E-06"},35341,true,"reported","textfile",0.000553519245321076,19.5716498952812]
["13487_24_UNC93B1_UN93B","UNC93B1","rs10511816","chr9",27468463,"A","C",0.0354,0.008004,0.38891,{"v":9.749e-06,"d":"9.75E-06"},35356,true,"reported","textfile",0.000552954029987884,19.5599525307699]
["13492_44_HSPA9_HSPA9B","HSPA9","rs2069852","chr7",22732641,"A","G",-0.0997,0.021869,0.0327,{"v":5.14e-06,"d":"5.14E-06"},35366,true,"reported","textfile",0.000587342422779714,20.7829841674553]
["13493_5_GRID1_GRID1","GRID1","rs453821","chr6",31967534,"T","C",0.0817,0.011275,0.13894,{"v":4.287e-13,"d":"4.29E-13"},35435,true,"reported","textfile",1.4795700443617E-3,52.5032876735404]
["13496_19_HMGCS1_HMCS1","HMGCS1","rs6774097","chr3",52535464,"A","C",0.1357,0.029979,0.02085,{"v":5.997e-06,"d":"6.00E-06"},35346,true,"reported","textfile",0.000579339927825671,20.4880599602492]
["13499_30_F8_Coagulation_Factor_VIII","F8","rs67143157","chr17",7171399,"G","A",0.0441,0.009319,0.26129,{"v":2.218e-06,"d":"2.22E-06"},35364,true,"reported","textfile",0.000632852124505538,22.3930883402952]
["13501_10_SLC35G2_S35G2","SLC35G2","rs1714837","chr17",21328399,"G","C",0.0814,0.017961,0.05812,{"v":5.839e-06,"d":"5.84E-06"},35348,true,"reported","textfile",0.000580725181947963,20.5382393539184]
["13503_19_ARL6IP5_PRAF3","ARL6IP5","rs139085774","chr2",49605794,"T","A",0.1444,0.032191,0.01437,{"v":7.268e-06,"d":"7.27E-06"},35353,true,"reported","textfile",0.000568842532985139,20.1205978353955]
["13507_51_TRADD_TRADD","TRADD","rs1829989","chr7",78201434,"C","A",0.0363,0.008101,0.49184,{"v":7.437e-06,"d":"7.44E-06"},35348,true,"reported","textfile",0.000567707350307829,20.077582194969]
["13509_5_SCAMP5_SCAM5","SCAMP5","rs9501393","chr6",32007072,"GGAG","CGAG",0.092,0.010507,0.1548,{"v":2.025E-18,"d":"2.03E-18"},35434,true,"reported","textfile",0.00215903329334936,76.6643886173936]
["13512_28_HNRNPR_HNRPR","HNRNPR","rs7870060","chr9",101504349,"A","G",0.06,0.013091,0.09843,{"v":4.575e-06,"d":"4.58E-06"},35337,true,"reported","textfile",5.94113036142311E-4,21.0054637519338]
["13513_174_PIAS3_PIAS3","PIAS3","rs7774739","chr6",32041524,"G","A",0.0596,0.010992,0.17585,{"v":5.893e-08,"d":"5.89E-08"},35431,true,"reported","textfile",0.000829078125226769,29.3977819566096]
["13516_46_EMC4_TMM85","EMC4","rs112668737","chr6",32521568,"C","A",-0.0516,0.00906,0.27171,{"v":1.233E-8,"d":"1.23E-08"},35431,true,"reported","textfile",0.000914665255067917,32.4353428028993]
["13522_20_VSNL1_VISL1","VSNL1","rs61801825","chr1",161599096,"G","A",-0.0584,0.013165,0.09435,{"v":9.171e-06,"d":"9.17E-06"},35345,true,"reported","textfile",0.000556434766876408,19.6770229453883]
["13524_25_HS6ST2_H6ST2","HS6ST2","rs6690229","chr1",175117325,"G","A",0.036,0.008141,0.39041,{"v":9.767e-06,"d":"9.77E-06"},35345,true,"reported","textfile",0.000552944189878814,19.5535185073373]
["13529_39_NAP1L2_NP1L2","NAP1L2","rs2439360","chr15",66593677,"C","A",0.0558,0.011509,0.14444,{"v":1.246E-6,"d":"1.25E-06"},35360,true,"reported","textfile",0.000664342972032381,23.5054544886149]
["13530_5_UTS2R_UR2R","UTS2R","rs75742937","chr1",152857557,"G","A",-0.1026,0.023179,0.02996,{"v":9.577E-6,"d":"9.58E-06"},35354,true,"reported","textfile",0.000553893353134043,19.5920897482803]
["13534_20_MYOM2_MYOM2","MYOM2","rs7583348","chr2",177118645,"ATTGCCAATTTCTTATT","TTTGCCAATTTCTTATT",0.0485,0.010874,0.17138,{"v":8.19e-06,"d":"8.19E-06"},35359,true,"reported","textfile",0.000562290281780318,19.892082617647]
["13540_1_GPR26_GPR26","GPR26","rs10189961","chr2",239584399,"C","T",0.0415,9.129E-3,0.26494,{"v":5.475e-06,"d":"5.48E-06"},35285,true,"reported","textfile",0.000585336187862193,20.6645124032559]
["13541_1_MYCT1_MYCT1","MYCT1","rs8135668","chr22",23715854,"G","C",0.0632,0.013893,0.08938,{"v":5.392e-06,"d":"5.39E-06"},35363,true,"reported","textfile",0.000584842487932496,20.692717195988]
["13549_15_ADAM29_ADA29","ADAM29","rs10758900","chr9",7770942,"G","T",-0.0608,0.013278,0.10088,{"v":4.669e-06,"d":"4.67E-06"},35359,true,"reported","textfile",0.000592631051654724,20.9660812441329]
["13554_78_REPIN1_REPI1","REPIN1","rs17732416","chr9",21638408,"T","C",-0.0892,0.019483,0.04293,{"v":4.688e-06,"d":"4.69E-06"},35347,true,"reported","textfile",0.000592663281206356,20.960105959411]
["13561_5_HTR6_5HT6R","HTR6","rs117024075","chr11",58448182,"A","G",0.1173,0.025586,0.02463,{"v":4.549E-6,"d":"4.55E-06"},35362,true,"reported","textfile",0.000594013561077226,21.0168037861502]
["13565_2_RBL2_p130","RBL2","rs9830773","chr3",54121449,"G","A",-0.0531,0.010607,0.17285,{"v":5.553E-7,"d":"5.55E-07"},35342,true,"reported","textfile",0.000708606169286035,25.0598996220424]
["13565_2_RBL2_p130","RBL2","rs79776724","chr8",124199357,"G","A",-0.0918,0.01865,0.0445,{"v":8.557e-07,"d":"8.56E-07"},35365,true,"reported","textfile",0.000684631054126312,24.2271946568852]
["13570_43_HDLBP_VIGLN","HDLBP","rs138959040","chr17",4597092,"A","G",-0.1887,0.038185,0.01136,{"v":7.742e-07,"d":"7.74E-07"},35367,true,"reported","textfile",0.000690017672255856,24.4193247449469]
["13574_50_RND1_RND1","RND1","rs11078072","chr17",12378457,"C","G",-0.041,0.008207,0.34894,{"v":5.853e-07,"d":"5.85E-07"},35357,true,"reported","textfile",0.000705370011156629,24.955959930177]
["13574_50_RND1_RND1","RND1","rs12625145","chr20",39897264,"A","G",-0.037,0.008075,0.36625,{"v":4.609e-06,"d":"4.61E-06"},35370,true,"reported","textfile",0.00059323342367784,20.9939340320001]
["13580_2_UAP1_Sperm_associated_antigen_2","UAP1","rs7310615","chr12",111427245,"G","C",-0.0369,0.008104,0.37607,{"v":5.285e-06,"d":"5.29E-06"},35364,true,"reported","textfile",0.000585919496658648,20.7314321911576]
["13580_2_UAP1_Sperm_associated_antigen_2","UAP1","rs139130295","chr9",114291680,"T","C",-0.1319,0.02713,0.02221,{"v":1.163e-06,"d":"1.16E-06"},35356,true,"reported","textfile",0.000668092555488754,23.6355349316822]
["13589_10_APBB3_APBB3","APBB3","rs16825596","chr2",229028817,"T","C",-0.0385,0.008152,0.38464,{"v":2.324e-06,"d":"2.32E-06"},35350,true,"reported","textfile",0.000630564855453279,22.3032701688927]
["13595_20_THTPA_THTPA","THTPA","rs2005069","chr12",3906401,"T","C",-0.0503,0.011357,0.14551,{"v":9.462e-06,"d":"9.46E-06"},35373,true,"reported","textfile",0.000554237689290726,19.6148125763004]
["13596_3_RAB27B_RB27B","RAB27B","rs10922098","chr1",196695521,"T","C",-0.1641,0.008115,0.40011,{"v":6.375e-91,"d":"6.38E-91"},35332,true,"reported","textfile",0.0114412734690719,408.898511351782]
["13599_15_RABEPK_RABEK","RABEPK","rs1265941","chr6",31904575,"C","A",0.1467,0.015351,0.07271,{"v":1.219E-21,"d":"1.22E-21"},35435,true,"reported","textfile",2.57061245255562E-3,91.3192574517668]
["13605_16_ANXA10_ANX10","ANXA10","rs12478841","chr2",27588855,"G","A",0.0509,0.009577,0.21569,{"v":1.068E-7,"d":"1.07E-07"},35367,true,"reported","textfile",0.000798052824679909,28.245679689266]
["13609_11_GTF2I_GTF2I","GTF2I","rs374995396","chr17",21341976,"T","C",0.0742,0.016064,0.06618,{"v":3.857e-06,"d":"3.86E-06"},35348,true,"reported","textfile",0.00060321692785377,21.3341746672204]
["13613_23_AK5_Adenylate_kinase_isoenzyme_5","AK5","rs17698772","chr2",192775715,"G","A",-0.1029,0.023114,0.03056,{"v":8.515e-06,"d":"8.52E-06"},35365,true,"reported","textfile",0.000560097396404928,19.8178241407711]
["13615_60_NCK2_NCK2","NCK2","rs192327558","chr2",211911508,"A","C",0.1427,0.030788,0.01848,{"v":3.57e-06,"d":"3.57E-06"},35351,true,"reported","textfile",0.000607322610266141,21.4812930252498]
["13621_31_AP2A2_AP2A2","AP2A2","rs111699921","chr2",55634561,"TT","AT",-0.0663,0.014281,0.08179,{"v":3.444E-6,"d":"3.44E-06"},35342,true,"reported","textfile",0.000609472233689494,21.5518840134766]
["13625_19_SSB_LA","SSB","rs7238769","chr18",11473525,"T","C",0.0374,0.00841,0.3228,{"v":8.713e-06,"d":"8.71E-06"},35366,true,"reported","textfile",0.000558885036029789,19.7754626242987]
["13628_58_GRB14_GRB14","GRB14","rs4788020","chr16",27976068,"A","C",0.0412,0.00904,0.27912,{"v":5.181E-6,"d":"5.18E-06"},35371,true,"reported","textfile",5.86888062344757E-4,20.7698334443771]
["13631_1_RBBP5_RB_binding_protein_5","RBBP5","rs9271766","chr6",32626382,"GGCATCTACAG","GGCATCTACAA",0.0584,0.010428,0.17434,{"v":2.143e-08,"d":"2.14E-08"},35437,true,"reported","textfile",0.000884265129698814,31.3616668993258]
["13632_10_ZYX_Zyxin","ZYX","rs373771501","chr2",67097470,"TGTGTGTGTGTGTGTGTGTGTGTGTGTGTGTGTGTGTGTGTGTGTGTA","TGTGTGTGTGTGTGTGTGTGTGTGTGTGTGTGTGTGTGTGTA",-0.1064,0.022657,0.03439,{"v":2.652e-06,"d":"2.65E-06"},35358,true,"reported","textfile",0.000623332772020408,22.0522994084733]
["13639_101_USO1_USO1","USO1","rs34376304","chr2",239375689,"C","G",-0.0394,0.008503,0.34172,{"v":3.597E-6,"d":"3.60E-06"},35292,true,"reported","textfile",0.000608005742467745,21.4695762773517]
["13645_14_DHX38_PRP16","DHX38","rs17095637","chr14",106028744,"G","A",0.2402,0.041663,0.01054,{"v":8.15e-09,"d":"8.15E-09"},34966,true,"reported","textfile",0.000949699764199838,33.2368676008064]
["13650_11_KCNIP1_KCIP1","KCNIP1","rs115041442","chr1",152992214,"T","C",-0.1351,0.025674,0.02598,{"v":1.424E-7,"d":"1.42E-07"},35362,true,"reported","textfile",0.000782432470963434,27.6884765363806]
["13653_335_MACROD1_MACD1","MACROD1","rs75327431","chr12",42802980,"C","T",-0.0821,0.01751,0.05347,{"v":2.749e-06,"d":"2.75E-06"},35361,true,"reported","textfile",0.000621326048653864,21.9831264434421]
["13655_34_NCL_Nucleolin","NCL","rs10922094","chr1",196692375,"CATTA","GATTA",-0.1048,0.008011,0.40155,{"v":4.207e-39,"d":"4.21E-39"},35339,true,"reported","textfile",0.00481944167711274,171.129358506698]
["13658_31_PDGFC_PDGF_CC","PDGFC","rs12045036","chr1",196204701,"G","A",0.1723,0.033019,0.01392,{"v":1.806e-07,"d":"1.81E-07"},35337,true,"reported","textfile",0.000769978360144627,27.2281504423378]
["13665_35_PPP2R3A_PP2A__subunit_B","PPP2R3A","rs11863750","chr16",81137136,"A","G",0.041,0.009171,0.25317,{"v":7.792e-06,"d":"7.79E-06"},35373,true,"reported","textfile",0.000564699128479183,19.9852585315124]
["13666_222_CA10_Carbonic_Anhydrase_X","CA10","rs117399000","chr17",52136371,"A","G",-0.5585,0.025551,0.02683,{"v":6.546e-106,"d":"6.55E-106"},35360,true,"reported","textfile",0.0133318192639135,477.755819774977]
["13669_6_FGFR3_FGFR_3","FGFR3","rs117780135","chr7",112628337,"T","C",-0.1052,0.02305,0.03262,{"v":5.02e-06,"d":"5.02E-06"},35365,true,"reported","textfile",0.000588654181305102,20.8288387965416]
["13672_3_HSPA6_HSP76","HSPA6","rs17732416","chr9",21638408,"T","C",-0.096,0.019697,0.04293,{"v":1.095e-06,"d":"1.10E-06"},35353,true,"reported","textfile",0.000671466439162978,23.7529594059223]
["13673_21_CCT7_TCPH","CCT7","rs13204319","chr6",169021671,"G","C",-0.0748,0.016172,0.06669,{"v":3.739e-06,"d":"3.74E-06"},35094,true,"reported","textfile",0.000609225670615692,21.391979776471]
["13681_173_CSNK2A2_CSK22","CSNK2A2","rs143017277","chr4",152262861,"G","C",-0.1217,0.027244,0.02225,{"v":7.928e-06,"d":"7.93E-06"},35374,true,"reported","textfile",0.000563780857441311,19.9533057812562]
["13682_47_CSF1R_M_CSF_R","CSF1R","rs73021423","chr11",126383746,"C","T",-0.1758,0.017588,0.05901,{"v":1.594E-23,"d":"1.59E-23"},35375,true,"reported","textfile",2.81632997094021E-3,99.903401004516]
["13686_2_IL5RA_IL_5_Ra","IL5RA","rs3847542","chr11",92846969,"G","A",-0.0541,0.010738,0.1871,{"v":4.696e-07,"d":"4.70E-07"},35348,true,"reported","textfile",0.000717581330709516,25.3818432521153]
["13689_2_ODC1_Ornithine_decarboxylase","ODC1","rs17242778","chr11",6438567,"C","T",-0.1366,0.024267,0.0283,{"v":1.812e-08,"d":"1.81E-08"},35376,true,"reported","textfile",0.000894894155187133,31.6843399762454]
["13689_2_ODC1_Ornithine_decarboxylase","ODC1","rs11974144","chr7",131589323,"G","A",0.0367,0.008211,0.44776,{"v":7.838e-06,"d":"7.84E-06"},35351,true,"reported","textfile",0.00056479775643274,19.9763184719957]
["13697_51_GPD1_GPDA","GPD1","rs1780418","chr10",33886165,"CACAA","CAAAA",-0.04,0.00902,0.2654,{"v":9.233e-06,"d":"9.23E-06"},35345,true,"reported","textfile",0.000556080097802311,19.6644739192073]
["13704_5_HMGCS2_HMCS2","HMGCS2","rs11649894","chr17",78202377,"T","C",-0.0415,0.008557,0.33045,{"v":1.236e-06,"d":"1.24E-06"},35381,true,"reported","textfile",0.000664346128016152,23.5195267696256]
["13711_10_CLTC_CLH1","CLTC","rs1706435","chr3",165743688,"G","A",0.0759,0.008145,0.36981,{"v":1.181E-20,"d":"1.18E-20"},35339,true,"reported","textfile",0.00245121419457061,86.831398349711]
["13719_19_PAK4_PAK4","PAK4","rs10184436","chr2",226667748,"A","G",0.0379,0.008162,0.47705,{"v":3.425e-06,"d":"3.43E-06"},35356,true,"reported","textfile",0.000609477027303831,21.5605915085192]
["13720_95_PRTN3_Proteinase_3","PRTN3","rs4807455","chr19",1033560,"A","G",0.0887,0.009878,0.27637,{"v":2.725e-19,"d":"2.73E-19"},35320,true,"reported","textfile",0.00227770867844593,80.6277616578051]
["13726_4_CD80_B7","CD80","rs116821190","chr3",167456852,"CACAAAT","TACAAAT",-0.1004,0.021758,0.03482,{"v":3.944e-06,"d":"3.94E-06"},35354,true,"reported","textfile",0.000601907063067298,21.2914339580373]
["13729_26_SFXN5_SFXN5","SFXN5","rs10463779","chr5",124467107,"T","C",0.0872,0.019474,0.04398,{"v":7.54e-06,"d":"7.54E-06"},35351,true,"reported","textfile",0.000566858524071279,20.0492470539894]
["13733_5_IL12B_IL_12_p40","IL12B","rs12358180","chr10",23398399,"G","T",-0.0617,0.010952,0.16832,{"v":1.764e-08,"d":"1.76E-08"},35363,true,"reported","textfile",0.000896695008797606,31.7364901584139]
["13738_8_INHBA_Inhibin_bA_chain","INHBA","rs273510","chr19",18112540,"G","A",0.054,0.008982,0.2814,{"v":1.831E-9,"d":"1.83E-09"},35353,true,"reported","textfile",0.00102134238433367,36.1423883817047]
["13740_51_FRZB_sFRP_3","FRZB","rs75781425","chr2",183479144,"C","T",0.0674,0.010894,0.18671,{"v":6.134e-10,"d":"6.13E-10"},35358,true,"reported","textfile",0.00108140272189183,38.2754658281358]
["13744_37_IL3RA_IL_3_Ra","IL3RA","rs1653774","chr2",23513448,"GTGGCCAGG","GTGGGCAGG",0.0535,0.011339,0.14507,{"v":2.378e-06,"d":"2.38E-06"},35369,true,"reported","textfile",0.000629016457034753,22.2604272110044]
["13926_1_RMI1_RMI1","RMI1","rs11208704","chr1",65670308,"C","T",-0.04,0.008862,0.25373,{"v":6.378e-06,"d":"6.38E-06"},35346,true,"reported","textfile",0.000576057675193622,20.3719178716918]
["13926_1_RMI1_RMI1","RMI1","rs1916675","chr9",104484123,"G","A",0.0418,0.008703,0.30309,{"v":1.562E-6,"d":"1.56E-06"},35363,true,"reported","textfile",0.000651901958414759,23.0669425365185]
["13931_22_PSMD9_PSMD9","PSMD9","rs12672144","chr7",71276204,"G","A",-0.0376,0.008347,0.35518,{"v":6.646e-06,"d":"6.65E-06"},35365,true,"reported","textfile",0.00057344541519397,20.2903856461256]
["13934_3_MCF2L_MCF2L","MCF2L","rs115349500","chr4",52906003,"G","T",0.1287,0.02767,0.02121,{"v":3.298E-6,"d":"3.30E-06"},35340,true,"reported","textfile",0.000611795741284574,21.6328728049681]
["13936_24_PGK2_PGK2","PGK2","rs62248916","chr3",74086132,"G","A",0.0363,0.007941,0.44414,{"v":4.846e-06,"d":"4.85E-06"},35347,true,"reported","textfile",0.00059081788463875,20.8948031559571]
["13941_82_FARS2_SYFM","FARS2","rs181927251","chr10",52567086,"TTTTTT","ATTTTT",-0.1624,0.036633,0.01228,{"v":9.286e-06,"d":"9.29E-06"},35355,true,"reported","textfile",0.00055556501611585,19.6518078717006]
["13941_82_FARS2_SYFM","FARS2","rs4293988","chr6",31382603,"T","G",0.0541,0.012052,0.1221,{"v":7.154e-06,"d":"7.15E-06"},35440,true,"reported","textfile",0.000568245120485722,20.1489201053059]
["13944_3_SULT1A3_SULT_1A3","SULT1A3","rs4793630","chr17",50041747,"A","G",0.0404,0.008387,0.43835,{"v":1.458e-06,"d":"1.46E-06"},35362,true,"reported","textfile",0.000655734070551035,23.201971057611]
["13948_50_GABBR2_GABR2","GABBR2","rs546575","chr18",36169709,"T","G",0.0527,0.008077,0.39387,{"v":6.796e-11,"d":"6.80E-11"},35335,true,"reported","textfile",0.00120335299926381,42.5692974147086]
["13954_9_GNPNAT1_GNA1","GNPNAT1","rs35979828","chr12",54292096,"T","C",-0.0752,0.01468,0.08648,{"v":3.011e-07,"d":"3.01E-07"},35375,true,"reported","textfile",0.000741250639509302,26.2397090724931]
["13959_7_LAP3_LAP","LAP3","rs71585210","chr5",119299879,"G","C",0.1815,0.037718,0.01178,{"v":1.494E-6,"d":"1.49E-06"},35362,true,"reported","textfile",0.000654387261704895,23.1542854433331]
["13960_15_AGAP3_AGAP3","AGAP3","rs9267139","chr6",31471721,"A","G",0.0708,0.01251,0.10872,{"v":1.519e-08,"d":"1.52E-08"},35439,true,"reported","textfile",0.000902979936920525,32.0278205039911]
["13966_30_MYOM3_MYOM3","MYOM3","rs72684136","chr14",48541152,"C","T",0.0455,0.010183,0.19666,{"v":7.887e-06,"d":"7.89E-06"},35360,true,"reported","textfile",0.000564305009585764,19.9639622928665]
["13973_62_TTL_TTL","TTL","rs10194022","chr2",112479304,"T","C",0.0803,0.011121,0.15912,{"v":5.179e-13,"d":"5.18E-13"},35366,true,"reported","textfile",1.47203351968682E-3,52.133735997099]
["13973_62_TTL_TTL","TTL","rs9381141","chr6",12429139,"G","A",0.0393,0.008114,0.4599,{"v":1.275e-06,"d":"1.28E-06"},35376,true,"reported","textfile",0.000662702281010405,23.4579761427597]
["13978_122_TBX3_Tbx3","TBX3","rs34793466","chr14",106540249,"C","T",0.0513,0.010724,0.16907,{"v":1.722E-6,"d":"1.72E-06"},34966,true,"reported","textfile",0.000654020010339151,22.8821210065153]
["13979_3_SLC26A7_S26A7","SLC26A7","rs710449","chr3",186735031,"G","A",0.0408,0.008945,0.26072,{"v":5.087e-06,"d":"5.09E-06"},35367,true,"reported","textfile",0.000587903459303368,20.8034362504006]
["13984_23_DDX25_DDX25","DDX25","rs140727983","chr11",132466094,"T","A",0.1682,0.037402,0.0122,{"v":6.891e-06,"d":"6.89E-06"},35372,true,"reported","textfile",0.000571418740875297,20.2226364582214]
["13988_67_NMRAL1_NMRL1","NMRAL1","rs116875306","chr16",4133047,"G","T",-0.3217,0.02975,0.01935,{"v":2.972e-27,"d":"2.97E-27"},35359,true,"reported","textfile",0.00329605450697161,116.923987037443]
["13988_67_NMRAL1_NMRL1","NMRAL1","rs144883301","chr9",32156024,"T","C",-0.1257,0.026533,0.02437,{"v":2.164e-06,"d":"2.16E-06"},35355,true,"reported","textfile",0.000634412002258938,22.4426053740715]
["13993_20_EPB41L1_E41L1","EPB41L1","rs73936544","chr19",54427766,"G","A",0.1254,0.027311,0.02136,{"v":4.4e-06,"d":"4.40E-06"},35370,true,"reported","textfile",0.000595697837204106,21.0811991309628]
["14002_18_DOCK9_DOCK9","DOCK9","rs34325132","chr3",131408202,"G","A",0.0801,0.017417,0.05776,{"v":4.244e-06,"d":"4.24E-06"},35357,true,"reported","textfile",0.000597837571053362,21.1491911056319]
["14005_2_CHD7_CHD7","CHD7","rs137882076","chr2",88845902,"T","A",0.1006,0.021258,0.03654,{"v":2.22e-06,"d":"2.22E-06"},35350,true,"reported","textfile",0.000633120957688137,22.3937375569285]
["14008_22_DCP1A_DCP1A","DCP1A","rs62194667","chr2",202823312,"G","C",-0.0377,0.008401,0.37505,{"v":7.201e-06,"d":"7.20E-06"},35365,true,"reported","textfile",0.000569114741177992,20.1370648927518]
["14008_22_DCP1A_DCP1A","DCP1A","rs73160749","chr7",135720526,"T","C",0.0878,0.019289,0.04675,{"v":5.321e-06,"d":"5.32E-06"},35364,true,"reported","textfile",0.000585536340398932,20.7178671332891]
["14012_17_DHX58_LGP2","DHX58","rs111658740","chr4",38944317,"A","G",0.1256,0.028143,0.01962,{"v":8.083e-06,"d":"8.08E-06"},35363,true,"reported","textfile",0.000562917636509032,19.9165419172994]
["14024_196_EDA_EDA","EDA","rs10305748","chr1",150812144,"T","C",-0.1142,0.023684,0.02964,{"v":1.423E-6,"d":"1.42E-06"},35363,true,"reported","textfile",0.000657033573746914,23.2486393378535]
["14024_196_EDA_EDA","EDA","rs11746120","chr5",126035141,"G","T",0.0485,0.010925,0.16203,{"v":9.03e-06,"d":"9.03E-06"},35355,true,"reported","textfile",0.000557118683715125,19.7067958495448]
["14028_22_PIK3C2A_P3C2A","PIK3C2A","rs112971193","chr4",93558154,"A","G",0.0994,0.020644,0.04142,{"v":1.473e-06,"d":"1.47E-06"},35345,true,"reported","textfile",0.000655499415660179,23.182511970728]
["14034_22_TACSTD2_GA733_1_protein","TACSTD2","rs138723995","chr10",117874225,"AG","A",-0.0537,0.011603,0.13608,{"v":3.69e-06,"d":"3.69E-06"},35380,true,"reported","textfile",0.000605044491468667,21.4182229970199]
["14037_18_RANBP3_RANB3","RANBP3","rs12759328","chr1",244015889,"C","T",0.0816,0.016414,0.06346,{"v":6.648e-07,"d":"6.65E-07"},35354,true,"reported","textfile",0.000698569163599188,24.7130808677903]
["14045_12_NCOA2_NCOA2","NCOA2","rs11208704","chr1",65670308,"C","T",-0.0506,0.00879,0.25373,{"v":8.601e-09,"d":"8.60E-09"},35346,true,"reported","textfile",0.000936647199769375,33.1358952721673]
["14045_12_NCOA2_NCOA2","NCOA2","rs28463804","chr4",96224104,"G","A",0.1051,0.022838,0.03227,{"v":4.185e-06,"d":"4.19E-06"},35337,true,"reported","textfile",0.00059896219877036,21.1770135241345]
["14052_26_UNC13A_UN13A","UNC13A","rs1759232","chr1",16732953,"G","A",-0.0505,0.010025,0.2367,{"v":4.713e-07,"d":"4.71E-07"},35380,true,"reported","textfile",0.000716712187071057,25.3740296304711]
["14060_67_NCF4_NCF4","NCF4","rs4905994","chr14",100687735,"C","T",0.0397,0.008332,0.35265,{"v":1.889E-6,"d":"1.89E-06"},35380,true,"reported","textfile",0.000641277599383801,22.7016769879209]
["14061_48_TNFSF11_sRANKL","TNFSF11","rs10922200","chr1",197352310,"T","C",-0.0625,0.013455,0.09724,{"v":3.397e-06,"d":"3.40E-06"},35339,true,"reported","textfile",0.000610201521909369,21.5758568003675]
["14066_49_MAGI2_MAGI2","MAGI2","rs141959567","chr15",101793164,"C","T",-0.0955,0.019735,0.04277,{"v":1.304e-06,"d":"1.30E-06"},35364,true,"reported","textfile",0.000661734255683517,23.4157417479174]
["14066_49_MAGI2_MAGI2","MAGI2","rs140903980","chr7",81964906,"T","C",0.4712,0.036396,0.01243,{"v":2.457e-38,"d":"2.46E-38"},35349,true,"reported","textfile",0.00471923635435928,167.601799924799]
["14074_2_SHC2_SHC2","SHC2","rs111578029","chr11",112892783,"CTTCCTTCCTTCCTTCT","CTTCCTTCT",-0.0917,0.020351,0.03923,{"v":6.607e-06,"d":"6.61E-06"},35362,true,"reported","textfile",0.000573827108921799,20.3021765107268]
["14076_74_CST4_Cystatin_S","CST4","rs4760453","chr12",92499412,"A","T",0.0786,0.015435,0.07801,{"v":3.535e-07,"d":"3.54E-07"},35372,true,"reported","textfile",0.000732578109001376,25.9302836735581]
["14079_14_IL18R1_IL_18_Ra","IL18R1","rs55642214","chr16",85134954,"A","G",-0.0524,0.011514,0.12975,{"v":5.344E-6,"d":"5.34E-06"},35371,true,"reported","textfile",0.000585205716028673,20.7102607331796]
["14088_38_IGFBP6_IGFBP_6","IGFBP6","rs72986338","chr11",107181739,"T","G",-0.1585,0.032215,0.01669,{"v":8.654e-07,"d":"8.65E-07"},35358,true,"reported","textfile",0.000684159468642284,24.2057027340372]
["14088_38_IGFBP6_IGFBP_6","IGFBP6","rs6987996","chr8",31649255,"TATA","CATA",0.041,0.008218,0.48188,{"v":6.072e-07,"d":"6.07E-07"},35357,true,"reported","textfile",0.000703484291386255,24.8891962805697]
["14093_10_FLT3LG_Flt3_ligand","FLT3LG","rs440187","chr5",126021280,"A","G",0.0549,0.011355,0.14104,{"v":1.331E-6,"d":"1.33E-06"},35355,true,"reported","textfile",0.00066074292013506,23.3746891158785]
["14099_20_PSMA4_PSA4","PSMA4","rs76823508","chr15",100743375,"T","C",-0.1351,0.03043,0.01616,{"v":9.006e-06,"d":"9.01E-06"},35321,true,"reported","textfile",0.000557739639691411,19.7097992706045]
["14100_63_C1QC_C1QC","C1QC","rs79412885","chr1",9181780,"A","G",-0.0682,0.01478,0.08833,{"v":3.943e-06,"d":"3.94E-06"},35380,true,"reported","textfile",0.000601451714020954,21.2909642255599]
["14101_2_CNTFR_CNTFR_alpha","CNTFR","rs2391150","chr7",25684714,"T","C",0.0409,0.008787,0.32805,{"v":3.249e-06,"d":"3.25E-06"},35373,true,"reported","textfile",0.000612107291517514,21.6641077665941]
["14111_15_THBS2_TSP2","THBS2","rs61025394","chr6",7085584,"A","G",-0.0459,0.010081,0.18452,{"v":5.283e-06,"d":"5.28E-06"},35373,true,"reported","textfile",0.000585722351124834,20.7297271461587]
["14112_40_RELT_RELT","RELT","rs17576531","chr2",220317284,"G","C",-0.1394,0.030253,0.01788,{"v":4.07E-6,"d":"4.07E-06"},35380,true,"reported","textfile",0.000599750029391207,21.2306896465416]
["14120_2_RNF43_RNF43","RNF43","rs79578091","chr1",22475412,"T","C",0.1202,0.027081,0.02405,{"v":9.058e-06,"d":"9.06E-06"},35371,true,"reported","textfile",0.000556660468577881,19.6994900404878]
["14120_2_RNF43_RNF43","RNF43","rs9330784","chr22",45902548,"T","C",-0.0556,0.011932,0.12962,{"v":3.167e-06,"d":"3.17E-06"},35367,true,"reported","textfile",0.000613561814429487,21.7119351816436]
["14124_6_EFNA2_Ephrin_A2","EFNA2","rs62091506","chr18",78392795,"G","C",-0.0424,0.009496,0.24261,{"v":8.014e-06,"d":"8.01E-06"},35077,true,"reported","textfile",0.00056804284065892,19.935426812588]
["14131_37_EFNB2_EFNB2","EFNB2","rs288667","chr13",106932149,"G","A",0.0582,0.008643,0.34441,{"v":1.657e-11,"d":"1.66E-11"},35366,true,"reported","textfile",1.28048512195694E-3,45.3411345010264]
["14131_37_EFNB2_EFNB2","EFNB2","rs9811903","chr3",172408854,"AAAAAAAAAAGAAAG","AAAAAAAAAAAAAAG",-0.0995,0.022237,0.03633,{"v":7.657e-06,"d":"7.66E-06"},35357,true,"reported","textfile",0.000565942756075873,20.0202364488556]
["14133_93_IL1R2_IL_1_sRII","IL1R2","rs113506881","chr2",88313060,"A","T",-0.1493,0.020405,0.04372,{"v":2.541E-13,"d":"2.54E-13"},35354,true,"reported","textfile",1.51199623972745E-3,53.5330328111564]
["14133_93_IL1R2_IL_1_sRII","IL1R2","rs4585801","chr9",93033577,"C","A",-0.037,0.008315,0.38087,{"v":8.602E-6,"d":"8.60E-06"},35355,true,"reported","textfile",0.000559738191382447,19.7995068200814]
["14136_234_CD93_C1QR1","CD93","rs72704449","chr1",179504138,"C","T",0.1815,0.019618,0.04582,{"v":2.205e-20,"d":"2.21E-20"},35358,true,"reported","textfile",0.00241493832638264,85.589252233129]
["14150_7_IL36A_IL_1F6","IL36A","rs76061511","chr2",219780404,"T","A",0.1015,0.021537,0.03855,{"v":2.442e-06,"d":"2.44E-06"},35373,true,"reported","textfile",0.000627504965567152,22.2094146550541]
["14151_4_ISG15_UCRP","ISG15","rs2465125","chr1",1012158,"T","C",0.4347,0.028099,0.02268,{"v":5.482e-54,"d":"5.48E-54"},35279,true,"reported","textfile",0.00673821727934543,239.316658607735]
["14157_21_YWHAE_14_3_3E","YWHAE","rs72675981","chr1",76326597,"T","C",-0.0809,0.017932,0.05117,{"v":6.438E-6,"d":"6.44E-06"},35352,true,"reported","textfile",0.000575407642700875,20.3523710793421]
["14175_78_SCP2D1_SCP2D","SCP2D1","rs143989844","chr6",30986712,"T","A",0.0778,0.01582,0.07753,{"v":8.752E-7,"d":"8.75E-07"},35439,true,"reported","textfile",0.000681975068223578,24.1836431343153]
["14178_18_CDKN3_CDKN3","CDKN3","rs7682827","chr4",101835908,"A","G",0.0386,0.008407,0.32137,{"v":4.402e-06,"d":"4.40E-06"},35337,true,"reported","textfile",0.000596216275674529,21.0798702626992]
["14203_3_ANXA7_ANXA7","ANXA7","rs185490651","chr1",80998564,"A","T",0.1539,0.034729,0.01441,{"v":9.36e-06,"d":"9.36E-06"},35353,true,"reported","textfile",0.000555169036429982,19.636682284819]
["14203_3_ANXA7_ANXA7","ANXA7","rs74832706","chr7",71163839,"T","C",-0.1655,0.03604,0.01316,{"v":4.387e-06,"d":"4.39E-06"},35359,true,"reported","textfile",0.00059602918824123,21.086372101892]
["14208_3_RBP7_RET7","RBP7","rs2038422","chr14",28600926,"T","C",0.0392,0.008856,0.28686,{"v":9.577E-6,"d":"9.58E-06"},35363,true,"reported","textfile",0.000553741743365786,19.5917105351048]
["14226_120_BHMT2_BHMT2","BHMT2","rs4713471","chr6",31505046,"G","A",0.0503,0.011334,0.14453,{"v":9.08e-06,"d":"9.08E-06"},35440,true,"reported","textfile",0.0005554366721093,19.6945038358788]
["14227_21_MYL6B_MYL6B","MYL6B","rs7137828","chr12",111494996,"T","C",-0.0398,8.378E-3,0.38049,{"v":2.027e-06,"d":"2.03E-06"},35371,true,"reported","textfile",0.000637618767101132,22.5663268871277]
["14245_195_SNX7_SNX7","SNX7","rs1707652","chr3",165761011,"T","C",0.111,0.008677,0.3102,{"v":1.812e-37,"d":"1.81E-37"},35339,true,"reported","textfile",4.60941737225996E-3,163.63725408528]
["14246_50_DOK2_DOK2","DOK2","rs185009887","chr17",5848332,"A","G",-0.1235,0.026438,0.02519,{"v":2.994E-6,"d":"2.99E-06"},35374,true,"reported","textfile",6.16488141698408E-4,21.8198702394121]
["14260_112_NET1_ARHG8","NET1","rs77654778","chr1",18623165,"ACACACACACACACACACACCCCCACATG","ACACACACACACACACACACACCCACATG",-0.0876,0.019812,0.04483,{"v":9.802e-06,"d":"9.80E-06"},35379,true,"reported","textfile",0.000552288624692029,19.5491114275942]
["14268_4_SRXN1_SRXN1","SRXN1","rs73243140","chr7",95712004,"C","A",0.1205,0.022037,0.0338,{"v":4.552E-8,"d":"4.55E-08"},35349,true,"reported","textfile",8.45132545670252E-4,29.8981680066447]
["14273_19_PREP_PPCE","PREP","rs182406940","chr7",44014276,"A","G",-0.1819,0.037679,0.01129,{"v":1.382e-06,"d":"1.38E-06"},35355,true,"reported","textfile",0.000658763652228277,23.3046236362067]
["14286_2_NFATC1_NF_ATc1","NFATC1","rs1265941","chr6",31904575,"C","A",0.1289,0.015355,0.07271,{"v":4.666e-17,"d":"4.67E-17"},35441,true,"reported","textfile",0.00198443801946692,70.4663350462465]
["14294_61_MBD1_MBD1","MBD1","rs56210800","chr3",124753745,"G","C",-0.1163,0.01336,0.09593,{"v":3.166e-18,"d":"3.17E-18"},35369,true,"reported","textfile",0.00213793376055985,75.7743037518943]
["14309_8_HNRNPH1_HNRH1","HNRNPH1","rs12433228","chr14",105896876,"A","G",0.0631,0.012852,0.11779,{"v":9.121e-07,"d":"9.12E-07"},34966,true,"reported","textfile",0.0006889251381706,24.1041845096407]
["14324_52_SMC3_CSPG6","SMC3","rs115824720","chr2",212771646,"C","T",0.1003,0.02186,0.03598,{"v":4.471e-06,"d":"4.47E-06"},35361,true,"reported","textfile",0.000595002142442072,21.0512062674393]
["14326_4_UBE2E1_UB2E1","UBE2E1","rs62210515","chr20",36444351,"G","A",-0.0738,0.015686,0.07176,{"v":2.539e-06,"d":"2.54E-06"},35366,true,"reported","textfile",0.00062550476357656,22.1341955038471]
["14332_3_RALA_RALA","RALA","rs148909030","chr22",24748282,"GT","G",-0.1068,0.023866,0.02957,{"v":7.644E-6,"d":"7.64E-06"},35368,true,"reported","textfile",0.000565883331074448,20.0243613390761]
["14583_49_MSTN_Myostatin","MSTN","rs182533148","chr4",98023887,"A","G",-0.0868,0.019321,0.0422,{"v":7.038e-06,"d":"7.04E-06"},35337,true,"reported","textfile",0.000570824488437806,20.1816034524165]
["14587_16_GDF11_GDF_11","GDF11","rs7043265","chr9",4292012,"C","T",0.0407,0.009091,0.24066,{"v":7.577e-06,"d":"7.58E-06"},35374,true,"reported","textfile",0.000566285350980439,20.0419949230094]
["14597_5_SEMA6C_SEM6C","SEMA6C","rs58357251","chr8",4596930,"T","C",-0.0397,0.008246,0.34689,{"v":1.478e-06,"d":"1.48E-06"},35368,true,"reported","textfile",6.54936692320349E-4,23.1776709677608]
["14603_51_KIAA0040_KIAA0040","KIAA0040","rs143993919","chr4",8877271,"A","G",0.1002,0.022683,0.03301,{"v":9.991e-06,"d":"9.99E-06"},35341,true,"reported","textfile",0.000551843453311111,19.5123635666542]
["14616_16_ZNF382_ZN382","ZNF382","rs777649","chr6",68158440,"T","G",-0.0359,0.007814,0.45379,{"v":4.336e-06,"d":"4.34E-06"},35335,true,"reported","textfile",0.000597004541008368,21.1065621609038]
["14623_26_SUMO3_SUMO3","SUMO3","rs4980320","chr11",198986,"C","T",0.0414,0.008082,0.46986,{"v":3.02e-07,"d":"3.02E-07"},35352,true,"reported","textfile",0.000741697417516374,26.2384647107194]
["14623_26_SUMO3_SUMO3","SUMO3","rs77265585","chr9",4764332,"C","G",0.0532,0.011475,0.14219,{"v":3.552E-6,"d":"3.55E-06"},35374,true,"reported","textfile",0.000607253319915475,21.4928160159302]
["14631_22_DUSP16_DUS16","DUSP16","rs74480402","chr8",128554831,"C","T",-0.1015,0.02258,0.03237,{"v":6.953e-06,"d":"6.95E-06"},35366,true,"reported","textfile",0.000571018535295167,20.2050369327732]
["14645_253_GSTA4_GSTA4","GSTA4","rs113747960","chr12",7074644,"A","G",-0.0558,0.012453,0.12384,{"v":7.432e-06,"d":"7.43E-06"},35389,true,"reported","textfile",0.000567029694933466,20.0768639926756]
["14645_253_GSTA4_GSTA4","GSTA4","rs72827837","chr6",16756696,"G","A",0.1041,0.022878,0.03166,{"v":5.361E-6,"d":"5.36E-06"},35385,true,"reported","textfile",0.000584779456072202,20.7033583928626]
["14663_44_RNF8_RNF8","RNF8","rs1706435","chr3",165743688,"G","A",0.0762,0.008302,0.36981,4.35E-20,35339,true,"reported","textfile",0.00237824252763938,84.2403000633445]
["14670_1_SKIL_SKIL","SKIL","rs12512605","chr4",125075089,"T","A",-0.0476,0.00909,0.27404,{"v":1.637e-07,"d":"1.64E-07"},35356,true,"reported","textfile",0.000774972544975657,27.4196288145941]
["14685_17_AKT2_PKB_beta","AKT2","rs5112","chr19",44927023,"G","C",0.0692,0.008139,0.48777,{"v":1.852E-17,"d":"1.85E-17"},35367,true,"reported","textfile",0.00203978829820146,72.2845583621824]
["14688_6_PTPN7_PTN7","PTPN7","rs6884904","chr5",119581786,"A","C",0.1927,0.039903,0.01002,{"v":1.371e-06,"d":"1.37E-06"},35363,true,"reported","textfile",0.000659047803202538,23.3199583363573]
["14689_3_SEC13_SEC13","SEC13","rs5112","chr19",44927023,"G","C",-0.04,8.09E-3,0.48777,{"v":7.642e-07,"d":"7.64E-07"},35367,true,"reported","textfile",0.000690755929890328,24.445469313458702]
["14711_27_CST6_Cystatin_M","CST6","rs10911262","chr1",183145821,"G","A",-0.0427,0.008359,0.48892,{"v":3.249E-7,"d":"3.25E-07"},35363,true,"reported","textfile",0.000737356733368047,26.0929112324179]
["14711_27_CST6_Cystatin_M","CST6","rs149840395","chr2",159734497,"T","A",0.1378,0.026149,0.02711,{"v":1.366e-07,"d":"1.37E-07"},35350,true,"reported","textfile",0.000784978570942063,27.7692207688954]
["14748_31_ARHGAP5_RHG05","ARHGAP5","rs11417460","chr10",63640063,"AA","A",0.04,0.008689,0.35157,{"v":4.15e-06,"d":"4.15E-06"},35347,true,"reported","textfile",0.000599194093414545,21.1912128813279]
["15297_3_S100A3_S100A3","S100A3","rs6539958","chr16",85637477,"GGCAGTGGCTATGTATCGAGTCCCCCCTTGATCGCGGCAGTGGCTATGTATTGAGTCCCCCCTTGATCGCG","AGCAGTGGCTATGTATCGAGTCCCCCCTTGATCGCGGCAGTGGCTATGTATTGAGTCCCCCCTTGATCGCG",-0.0484,0.010648,0.16396,{"v":5.478e-06,"d":"5.48E-06"},35375,true,"reported","textfile",0.000583720047865044,20.6599889028415]
["15298_199_NETO1_NETO1","NETO1","rs1919450","chr12",118866000,"G","A",0.04,0.008043,0.42246,{"v":6.588e-07,"d":"6.59E-07"},35368,true,"reported","textfile",6.9882710361303E-4,24.7320027402199]
["15303_63_S100A5_S100A5","S100A5","rs112923750","chr2",203284178,"A","G",0.0998,0.021908,0.03495,{"v":5.23e-06,"d":"5.23E-06"},35364,true,"reported","textfile",0.000586461442797582,20.750618978153]
["15304_1_REG3A_PAP1","REG3A","rs461462","chr9",134046150,"T","C",-0.0463,0.009519,0.26463,{"v":1.152e-06,"d":"1.15E-06"},35366,true,"reported","textfile",0.000668502386228253,23.6567329690161]
["15308_108_VWC2_VWC2","VWC2","rs76473891","chr7",49504033,"C","G",0.285,0.024881,0.02928,{"v":2.228e-30,"d":"2.23E-30"},35344,true,"reported","textfile",0.00369852986733912,131.198684825883]
["15312_14_AGO1_AGO1","AGO1","rs4980320","chr11",198986,"C","T",0.0462,0.00805,0.46986,{"v":9.503e-09,"d":"9.50E-09"},35352,true,"reported","textfile",0.000930837253491601,32.9357547384105]
["15313_28_MAD2L1_MD2L1","MAD2L1","rs10922098","chr1",196695521,"T","C",-0.1331,0.008107,0.40011,{"v":1.441E-60,"d":"1.44E-60"},35338,true,"reported","textfile",0.00756996199541245,269.532528063865]
["15316_262_TXNL4B_TXN4B","TXNL4B","rs4772869","chr13",107292819,"C","T",-0.083,0.01835,0.04985,{"v":6.093e-06,"d":"6.09E-06"},35363,true,"reported","textfile",0.000578207554470252,20.4578262032814]
["15322_35_CRADD_CRADD","CRADD","rs60169972","chr12",93837506,"C","G",-0.0682,0.010543,0.17309,{"v":9.892e-11,"d":"9.89E-11"},35369,true,"reported","textfile",0.00118169133166746,41.8423220363301]
["15323_112_AGO3_AGO3","AGO3","rs72643466","chr10",80884223,"C","G",0.0417,0.009111,0.26221,{"v":4.721e-06,"d":"4.72E-06"},35369,true,"reported","textfile",0.000591916019333494,20.9466925386333]
["15325_14_GAP43_NEUM","GAP43","rs17266034","chr2",156553688,"T","A",-0.0666,0.015052,0.07924,{"v":9.655e-06,"d":"9.66E-06"},35333,true,"reported","textfile",0.000553782151807945,19.5765183319733]
["15326_64_GBP1_GBP1","GBP1","rs181209","chr16",28503533,"T","G",-0.0524,0.008599,0.34145,{"v":1.103E-9,"d":"1.10E-09"},35386,true,"reported","textfile",1.04828579144018E-3,37.1314688355149]
["15333_11_SDF2_SDF2","SDF2","rs148513395","chr6",36310265,"C","T",0.6212,0.034156,0.01542,{"v":6.522e-74,"d":"6.52E-74"},35353,true,"reported","textfile",0.00926953881200835,330.753398003302]
["15347_12_HPX_Hemopexin","HPX","rs17207792","chr16",85535732,"T","C",0.0389,0.008492,0.27073,{"v":4.632e-06,"d":"4.63E-06"},35372,true,"reported","textfile",0.000592873525102889,20.982376478397]
["15358_28_SCG5_7B2","SCG5","rs61679841","chr15",60176779,"T","C",0.0466,0.009838,0.21787,{"v":2.174e-06,"d":"2.17E-06"},35369,true,"reported","textfile",0.000633957296123536,22.4353907716722]
["15363_32_APOA5_Apo_A_V","APOA5","rs2070895","chr15",58431740,"A","G",0.0504,0.010099,0.19622,{"v":6.016e-07,"d":"6.02E-07"},35366,true,"reported","textfile",0.00070374066591153,24.9046112970338]
["15367_38_BPIFB1_LPLC1","BPIFB1","rs73129828","chr20",21557532,"A","C",-0.1715,0.020031,0.04532,{"v":1.112e-17,"d":"1.11E-17"},35371,true,"reported","textfile",2.06812385361918E-3,73.2990641216147]
["15367_38_BPIFB1_LPLC1","BPIFB1","rs10056714","chr5",173778055,"A","G",0.0385,0.008375,0.40733,{"v":4.281e-06,"d":"4.28E-06"},35371,true,"reported","textfile",0.000597097284163453,21.1313513160587]
["15370_5_BOLA1_BOLA1","BOLA1","rs2811739","chr9",136852879,"T","C",-0.1059,0.015252,0.0702,{"v":3.831e-12,"d":"3.83E-12"},35258,true,"reported","textfile",1.36548591683358E-3,48.2073980069505]
["15372_43_BRD2_BRD2","BRD2","rs211161","chr6",96614917,"G","T",0.1549,0.031405,0.01526,{"v":8.122e-07,"d":"8.12E-07"},35343,true,"reported","textfile",0.000687864649186956,24.3265579461638]
["15375_49_CPB1_Carboxypeptidase_B1","CPB1","rs7440345","chr4",168820830,"A","G",0.0428,8.482E-3,0.44312,{"v":4.516e-07,"d":"4.52E-07"},35363,true,"reported","textfile",0.000719497541775975,25.4604713212684]
["15383_200_EDN3_Endothelin_3","EDN3","rs145459282","chr22",22713012,"G","T",-0.1232,0.027334,0.02298,{"v":6.567E-6,"d":"6.57E-06"},35346,true,"reported","textfile",0.000574414277049116,20.3137667256518]
["15384_15_KL_KLOTHO","KL","rs2477639","chr10",17821725,"A","T",0.0631,0.008867,0.34335,{"v":1.107E-12,"d":"1.11E-12"},35352,true,"reported","textfile",0.00143043996737868,50.6384881641941]
["15385_116_FABP2_FABP2","FABP2","rs3772934","chr3",115699018,"T","C",0.0371,0.007966,0.28973,{"v":3.201e-06,"d":"3.20E-06"},35361,true,"reported","textfile",0.000613022426671652,21.6891559236797]
["15385_116_FABP2_FABP2","FABP2","rs9271730","chr6",32625831,"A","G",0.0354,7.378E-3,0.40464,{"v":1.603e-06,"d":"1.60E-06"},35439,true,"reported","textfile",0.000649180904013855,23.0199678190581]
["15387_44_NRP2_Neuropilin_2","NRP2","rs79573628","chr11",91934778,"A","G",-0.1153,0.02518,0.0287,{"v":4.671e-06,"d":"4.67E-06"},35346,true,"reported","textfile",0.000592856163689362,20.9663382723115]
["15390_3_GAL_Galanin","GAL","rs585103","chr1",17861038,"C","T",0.037,0.008001,0.48723,{"v":3.752e-06,"d":"3.75E-06"},35384,true,"reported","textfile",0.000604012021847636,21.3840695921227]
["15390_3_GAL_Galanin","GAL","rs555007","chr6",31882555,"C","T",0.1304,0.014853,0.07832,{"v":1.647E-18,"d":"1.65E-18"},35441,true,"reported","textfile",0.00217008813223683,77.0730085394883]
["15394_79_UNC5B_UNC5B","UNC5B","rs780094","chr2",27518370,"C","T",0.0548,0.00866,0.33917,{"v":2.482e-10,"d":"2.48E-10"},35373,true,"reported","textfile",1.13073826071988E-3,40.0406184792201]
["15402_2_ID1_ID_1","ID1","rs117043868","chr8",3548991,"G","A",-0.1305,0.028806,0.01896,{"v":5.89e-06,"d":"5.89E-06"},35359,true,"reported","textfile",0.000580100352109162,20.5225132666958]
["15403_53_ID2_ID2","ID2","rs12210662","chr6",18789452,"A","C",-0.0689,0.015119,0.07442,{"v":5.181E-6,"d":"5.18E-06"},35374,true,"reported","textfile",5.86750192972289E-4,20.7667126984991]
["15413_3_LCAT_LCAT","LCAT","rs11686139","chr2",226426699,"C","A",0.0491,0.009846,0.21417,{"v":6.136e-07,"d":"6.14E-07"},35358,true,"reported","textfile",0.000702829994330234,24.8667343663134]
["15414_316_LDHA_LDHA","LDHA","rs115648813","chr2",67196530,"C","T",0.1453,0.032042,0.01743,{"v":5.77e-06,"d":"5.77E-06"},35358,true,"reported","textfile",0.000581235061866847,20.5620982598184]
["15418_25_MAPK10_MK10","MAPK10","rs112095474","chr15",74932845,"T","C",-0.1092,0.022744,0.03291,{"v":1.576E-6,"d":"1.58E-06"},35361,true,"reported","textfile",0.000651484393977898,23.0508539582862]
["15426_5_NEU1_NEUR1","NEU1","rs17148177","chr11",85451595,"C","T",-0.0843,0.018889,0.05038,{"v":8.084e-06,"d":"8.08E-06"},35351,true,"reported","textfile",0.000563106952410866,19.9164827706874]
["15427_35_LOXL3_LOXL3","LOXL3","rs8178973","chr19",1105618,"TGCCAG","TGCCA",-0.048,0.010743,0.16704,{"v":7.891e-06,"d":"7.89E-06"},35318,true,"reported","textfile",0.000564923717688667,19.9621230906823]
["15430_165_OPTC_OPT","OPTC","rs77514101","chr8",77342740,"C","G",0.0882,0.019963,0.04425,{"v":9.956e-06,"d":"9.96E-06"},35342,true,"reported","textfile",0.000552019766247558,19.5191534977399]
["15431_31_OTC_OTCase","OTC","rs28650012","chr16",80463444,"C","G",-0.0561,9.384E-3,0.27011,{"v":2.253E-9,"d":"2.25E-09"},35379,true,"reported","textfile",1.00917311337572E-3,35.7375826394296]
["15433_4_SRC_p60_Src","SRC","rs117599089","chr9",29980969,"TTCTCTCTCTG","TTCTCTCTCTC",-0.1331,0.028831,0.0214,{"v":3.901e-06,"d":"3.90E-06"},35357,true,"reported","textfile",0.000602420279938645,21.3114074212554]
["15437_11_RAMP3_RAMP3","RAMP3","rs79847590","chr13",107861366,"T","C",-0.14,0.027776,0.02095,{"v":4.649e-07,"d":"4.65E-07"},35355,true,"reported","textfile",0.000718048643689521,25.4034145877454]
["15439_21_RND3_RND3","RND3","rs147624142","chr19",51785019,"A","G",0.0956,0.021183,0.03664,{"v":6.387E-6,"d":"6.39E-06"},35384,true,"reported","textfile",0.000575286271460521,20.3664954220302]
["15444_45_SERPINB4_SCCA2","SERPINB4","rs1435682","chr15",36117969,"G","A",-0.0432,0.009547,0.20833,{"v":6.045e-06,"d":"6.05E-06"},35369,true,"reported","textfile",0.000578574811999836,20.4743012910185]
["15448_47_SQSTM1_SQSTM","SQSTM1","rs697356","chr3",165718150,"C","G",0.0391,0.008145,0.36502,{"v":1.584E-6,"d":"1.58E-06"},35338,true,"reported","textfile",0.000651697792750518,23.0434105444216]
["15449_33_TIMD4_TIM_4","TIMD4","rs11230633","chr11",61197989,"C","T",0.0499,8.633E-3,0.3893,{"v":7.466e-09,"d":"7.47E-09"},35363,true,"reported","textfile",0.000943883493813436,33.4081976710767]
["15452_5_NT5E_5__Nucleotidase","NT5E","rs77562907","chr1",11881265,"A","G",-0.1759,0.025445,0.02586,{"v":4.745e-12,"d":"4.75E-12"},35390,true,"reported","textfile",0.00134852857069813,47.7861700754964]
["15453_3_AMBP_a1_Microglobulin","AMBP","rs61747728","chr1",179557079,"T","C",0.1177,0.020258,0.04262,{"v":6.245e-09,"d":"6.25E-09"},35358,true,"reported","textfile",0.000953800778398052,33.7547756523334]
["15455_40_ADAM15_ADA15","ADAM15","rs35603476","chr4",59455248,"ATTT","AT",-0.1702,0.038312,0.01055,{"v":8.892e-06,"d":"8.89E-06"},35354,true,"reported","textfile",0.000557915643109867,19.7344439702191]
["15462_28_CD8A_CD8A","CD8A","rs11682671","chr2",96683573,"GGACAG","GGACAC",-0.0665,0.010639,0.18633,{"v":4.092e-10,"d":"4.09E-10"},35363,true,"reported","textfile",0.00110360337073644,39.0676339651417]
["15462_28_CD8A_CD8A","CD8A","rs905358","chr9",88890719,"G","A",0.0837,0.016666,0.06779,{"v":5.11e-07,"d":"5.11E-07"},35363,true,"reported","textfile",0.000712737175723661,25.2210752687201]
["15467_10_CTHRC1_CTHR1","CTHRC1","rs2066932","chr21",46403315,"T","G",-0.0442,0.009916,0.29923,{"v":8.291e-06,"d":"8.29E-06"},34648,true,"reported","textfile",0.000573118408628572,19.8676468995197]
["15468_14_CFHR1_FHR1","CFHR1","rs115035934","chr1",68834652,"T","C",0.1724,0.03781,0.01082,{"v":5.124e-06,"d":"5.12E-06"},35348,true,"reported","textfile",0.000587815402772571,20.7891434051032]
["15470_11_HEXB_Hexosaminidase_B","HEXB","rs2251298","chr12",101687067,"TTTTATATATATATAT","TTATATATATATATAT",0.3517,0.00994,0.21681,{"v":1e-200,"d":"1.00E-200"},35363,true,"reported","textfile",0.0341911757894571,1251.83590870508]
["15472_16_LRP11_LRP11","LRP11","rs34127909","chr1",16200743,"CA","C",0.0441,0.008801,0.26739,{"v":5.418e-07,"d":"5.42E-07"},35386,true,"reported","textfile",0.000709044708596946,25.1066396990236]
["15472_16_LRP11_LRP11","LRP11","rs370360094","chr2",220403542,"AAACAACAACAACAACAAC","AAACAACAAC",0.0517,0.009987,0.23581,{"v":2.256e-07,"d":"2.26E-07"},35376,true,"reported","textfile",0.000756960805440727,26.7970158223406]
["15475_4_PLTP_PLTP","PLTP","rs7225393","chr17",7272161,"A","G",0.082,0.01738,0.05541,{"v":2.381e-06,"d":"2.38E-06"},35374,true,"reported","textfile",6.28884342535038E-4,22.2588952348447]
["15480_2_VNN2_VNN2","VNN2","rs117161286","chr6",133666913,"A","G",-0.215,0.022215,0.04002,{"v":3.739e-22,"d":"3.74E-22"},35369,true,"reported","textfile",2.64127059748315E-3,93.6612017996249]
["15480_2_VNN2_VNN2","VNN2","rs6734238","chr2",113083453,"G","A",0.0423,0.008054,0.4586,{"v":1.503e-07,"d":"1.50E-07"},35358,true,"reported","textfile",0.000779526917955592,27.582454977356]
["15481_45_CAMP_LL_37","CAMP","rs266428","chr5",72832940,"A","G",-0.0426,0.009095,0.28715,{"v":2.813E-6,"d":"2.81E-06"},35352,true,"reported","textfile",6.20198013305469E-4,21.9376054296525]
["15482_12_A2ML1_A2ML1","A2ML1","rs149698281","chr3",179083658,"TA","T",-0.0774,0.017433,0.05602,{"v":9.004e-06,"d":"9.00E-06"},35354,true,"reported","textfile",0.000557258910518077,19.7112012471671]
["15486_126_AOC1_ABP1","AOC1","rs2267696","chr7",139898081,"G","A",0.0433,0.008919,0.39057,{"v":1.204E-6,"d":"1.20E-06"},35382,true,"reported","textfile",0.000665689773152355,23.5677930129148]
["15491_20_CD248_CD248","CD248","rs62292950","chr3",132479151,"G","T",-0.0722,0.011552,0.15819,{"v":4.103e-10,"d":"4.10E-10"},35358,true,"reported","textfile",0.00110355202497382,39.0602904576051]
["15492_1_CRIM1_CRIM1","CRIM1","rs147994035","chr16",57795400,"A","G",-0.1396,0.02913,0.01822,{"v":1.649E-6,"d":"1.65E-06"},35372,true,"reported","textfile",0.000648856059730155,22.9649397729886]
["15495_9_FOLR3_FOLR3","FOLR3","rs141006789","chr11",96911532,"C","T",0.0717,0.0156,0.07469,{"v":4.302e-06,"d":"4.30E-06"},35359,true,"reported","textfile",0.000597076194567628,21.1234353116997]
["15497_9_HS3ST1_HS3S1","HS3ST1","rs10515946","chr2",207173813,"C","A",0.0569,0.01256,0.11206,{"v":5.888e-06,"d":"5.89E-06"},35365,true,"reported","textfile",0.000579988833973946,20.5220476943337]
["15503_15_LEFTY2_Lefty_A","LEFTY2","rs72851162","chr6",28109182,"G","C",-0.1655,0.032757,0.01553,{"v":4.363e-07,"d":"4.36E-07"},35444,true,"reported","textfile",0.000719668288660674,25.5248529139265]
["15506_34_LRP12_LRP12","LRP12","rs188400754","chr2",211734716,"T","C",0.1339,0.029393,0.01919,{"v":5.225e-06,"d":"5.23E-06"},35356,true,"reported","textfile",0.0005866179660885,20.7514647551408]
["15509_2_NAGLU_NAG","NAGLU","rs4651228","chr1",184636095,"G","A",-0.1679,0.029438,0.01804,{"v":1.174E-8,"d":"1.17E-08"},35359,true,"reported","textfile",0.000919148011114346,32.5282144726075]
["15511_37_NPTXR_NPTXR","NPTXR","rs10050205","chr4",167070853,"C","T",0.0456,0.010194,0.19298,{"v":7.709e-06,"d":"7.71E-06"},35363,true,"reported","textfile",0.000565516987806468,20.0085613871905]
["15514_26_BCHE_Pseudocholinesterase","BCHE","rs144202860","chr2",216625740,"A","G",0.5204,0.035413,0.01274,{"v":6.927e-49,"d":"6.93E-49"},35359,true,"reported","textfile",6.07022603819664E-3,215.935760910978]
["15514_26_BCHE_Pseudocholinesterase","BCHE","rs62489493","chr8",9906071,"G","C",0.0588,0.012328,0.1173,{"v":1.847e-06,"d":"1.85E-06"},35387,true,"reported","textfile",0.000642460672360283,22.748085641865]
["15521_4_CLSTN1_Alcadein_alpha_1","CLSTN1","rs77542162","chr17",69085137,"G","A",0.248,0.025638,0.025,{"v":3.927e-22,"d":"3.93E-22"},35371,true,"reported","textfile",0.0026383984360055,93.5643743821142]
["15522_2_GLIPR2_GAPR1","GLIPR2","rs56183119","chr10",1022430,"T","C",0.0757,0.01694,0.06345,{"v":7.874e-06,"d":"7.87E-06"},35176,true,"reported","textfile",0.000567377377515604,19.9682614165299]
["15525_294_ADH1C_ADH1G","ADH1C","rs79387516","chr11",61430942,"G","A",0.0543,0.012124,0.13089,{"v":7.511e-06,"d":"7.51E-06"},35365,true,"reported","textfile",0.000566875752031959,20.057797498147]
["15529_33_CSRP1_Cysteine_rich_protein_1","CSRP1","rs78440020","chr3",11124771,"A","G",0.131,0.027723,0.02257,{"v":2.297e-06,"d":"2.30E-06"},35365,true,"reported","textfile",0.000630978210587129,22.3273705453064]
["15530_33_EPHB4_EphB4","EPHB4","rs9558661","chr13",105997744,"T","C",-0.0902,0.009721,0.22661,{"v":1.719E-20,"d":"1.72E-20"},35364,true,"reported","textfile",0.00242869933146157,86.0927591858223]
["15533_97_MSR1_Macrophage_scavenger_receptor","MSR1","rs113529602","chr4",86477680,"C","T",0.0472,0.009645,0.28023,{"v":9.883e-07,"d":"9.88E-07"},35364,true,"reported","textfile",0.000676743582231024,23.9472126773452]
["15539_15_SLITRK1_SLIK1","SLITRK1","rs141607996","chr11",8655484,"A","C",0.1173,0.024553,0.02694,{"v":1.776E-6,"d":"1.78E-06"},35373,true,"reported","textfile",6.44814615533334E-4,22.8224540179427]
["15540_6_VIM_Vimentin","VIM","rs17697043","chr14",84112386,"G","C",0.0628,0.013115,0.10137,{"v":1.681e-06,"d":"1.68E-06"},35358,true,"reported","textfile",0.000648057389671986,22.9275754539429]
["15545_13_PPP3R1_Calcineurin_B_a","PPP3R1","rs76162373","chr2",26686387,"AGCGGGG","AGGGGGG",-0.1988,0.039676,0.01006,{"v":5.427e-07,"d":"5.43E-07"},35369,true,"reported","textfile",0.000709326279492025,25.1045498437334]
["15548_35_PHGDH_SERA","PHGDH","rs75746043","chr19",44695812,"G","A",0.3278,0.021752,0.04595,{"v":2.554e-51,"d":"2.55E-51"},35370,true,"reported","textfile",0.00637976784780647,227.08840051745]
["15556_49_AMY2B_Alpha_amylase_2B","AMY2B","rs569779","chr18",76887477,"G","A",-0.1032,0.022123,0.03323,{"v":3.089E-6,"d":"3.09E-06"},35352,true,"reported","textfile",6.15162882553211E-4,21.7593934694653]
["15559_5_ANTXR2_ANTR2","ANTXR2","rs199980439","chr7",73592752,"CGTCTCAA","CGTCTCA",0.0736,0.013021,0.11977,{"v":1.581e-08,"d":"1.58E-08"},35354,true,"reported","textfile",0.000902892602639051,31.9479048154234]
["15560_52_TCN2_Apo_TC_II","TCN2","rs41283496","chr22",50061528,"A","G",-0.131,0.029017,0.02167,{"v":6.344e-06,"d":"6.34E-06"},35338,true,"reported","textfile",0.000576428166150286,20.3804135234792]
["15562_24_GUSB_BGLR","GUSB","rs62443823","chr7",42207895,"T","C",-0.1564,0.033874,0.0148,{"v":3.892e-06,"d":"3.89E-06"},35350,true,"reported","textfile",0.000602683486404154,21.316502981749]
["15565_102_MUC16_CA125","MUC16","rs11860086","chr16",813336,"C","T",-0.0743,0.014154,0.09192,{"v":1.526E-7,"d":"1.53E-07"},35307,true,"reported","textfile",0.000779865312891012,27.5546337747075]
["15567_2_CD247_CD3_zeta","CD247","rs117279481","chr13",46144368,"C","T",0.1305,0.028384,0.01999,{"v":4.272e-06,"d":"4.27E-06"},35359,true,"reported","textfile",0.000597467516928713,21.1372878389282]
["15570_99_CR2_Complement_receptor_type_2","CR2","rs7088704","chr10",80482174,"C","T",0.0397,0.008867,0.35616,{"v":7.569e-06,"d":"7.57E-06"},35370,true,"reported","textfile",0.000566430290297833,20.044860523419]
["15570_99_CR2_Complement_receptor_type_2","CR2","rs10026570","chr4",38218630,"G","T",0.0438,0.008616,0.40487,{"v":3.707E-7,"d":"3.71E-07"},35364,true,"reported","textfile",0.000730227541462718,25.8411762598133]
["15573_110_NCAN_CSPG3","NCAN","rs7647377","chr3",63958338,"G","T",0.1729,0.039128,0.01272,{"v":9.924e-06,"d":"9.92E-06"},35358,true,"reported","textfile",0.000551934100683308,19.5249585541995]
["15574_37_CCNA2_Cyclin_A","CCNA2","rs10922098","chr1",196695521,"T","C",-0.0549,0.008061,0.40011,{"v":9.738e-12,"d":"9.74E-12"},35338,true,"reported","textfile",0.00131085667208329,46.3812305102087]
["15576_158_RNASE3_ECP","RNASE3","rs4560753","chr8",10624461,"G","T",-0.0821,0.017902,0.05371,{"v":4.519e-06,"d":"4.52E-06"},35376,true,"reported","textfile",0.000594177714085459,21.0309385730654]
["15582_25_FCN1_FCN1","FCN1","rs74467699","chr9",134781604,"C","T",-0.1521,0.025055,0.02782,{"v":1.274e-09,"d":"1.27E-09"},35341,true,"reported","textfile",1.04168915863237E-3,36.850640089179]
["15582_25_FCN1_FCN1","FCN1","rs72755115","chr5",60386597,"G","A",-0.0991,0.022069,0.03629,{"v":7.11e-06,"d":"7.11E-06"},35357,true,"reported","textfile",0.000569979166245788,20.1631059729512]
["15584_9_CFHR2_FHR2","CFHR2","rs4886849","chr15",77091660,"C","T",0.0323,0.007066,0.25501,{"v":4.844e-06,"d":"4.84E-06"},35363,true,"reported","textfile",0.000590543823732421,20.8945593039487]
["15587_20_FOLR2_FOLR2","FOLR2","rs11429919","chr1",67903578,"GTT","GT",-0.041,0.008817,0.34195,{"v":3.318e-06,"d":"3.32E-06"},35354,true,"reported","textfile",0.000611254302044034,21.6222787967952]
["15587_20_FOLR2_FOLR2","FOLR2","rs1841542","chr3",98629898,"G","A",0.0463,0.009415,0.25297,{"v":8.757e-07,"d":"8.76E-07"},35330,true,"reported","textfile",6.8403845927828E-4,24.1822522799745]
["15591_28_GPX1_Glutathione_peroxidase","GPX1","rs2321160","chr13",33307929,"C","T",0.0364,0.008151,0.49997,{"v":7.974e-06,"d":"7.97E-06"},35359,true,"reported","textfile",0.000563684551814267,19.9414353775604]
["15594_47_HTRA1_HTRA1","HTRA1","rs76619197","chr20",38339501,"A","G",0.0958,0.019562,0.04609,{"v":9.723e-07,"d":"9.72E-07"},35375,true,"reported","textfile",0.00067750690102939,23.9816993769389]
["15602_43_IL6R_IL_6_sRa","IL6R","rs3097671","chr6",33079835,"C","G",0.0424,0.009176,0.18134,{"v":3.825e-06,"d":"3.83E-06"},35438,true,"reported","textfile",0.000602135339431147,21.350123551974]
["15606_19_KRT19_Keratin_19","KRT19","rs3863087","chr3",165792099,"A","G",-0.1004,0.014202,0.09559,{"v":1.556E-12,"d":"1.56E-12"},35338,true,"reported","textfile",1.4122535501999E-3,49.973967362689]
["15607_56_PKLR_KPYR","PKLR","rs35066331","chr17",27421150,"A","C",0.0551,0.011964,0.13967,{"v":4.118e-06,"d":"4.12E-06"},35359,true,"reported","textfile",0.000599501089657022,21.209275010483]
["15612_5_LIN7B_LIN7B","LIN7B","rs11704942","chr22",45060258,"A","G",-0.0387,0.008396,0.34342,{"v":4.038e-06,"d":"4.04E-06"},35369,true,"reported","textfile",0.000600334758122601,21.2447933784162]
["15613_16_PNLIP_LIPP","PNLIP","rs61820755","chr1",196472797,"C","T",-0.0747,0.016139,0.07024,{"v":3.684e-06,"d":"3.68E-06"},35338,true,"reported","textfile",0.000605874656178101,21.4221659981681]
["15614_168_LILRA2_LIRA2","LILRA2","rs117943038","chr11",86262609,"A","C",0.1652,0.035179,0.01395,{"v":2.653e-06,"d":"2.65E-06"},35351,true,"reported","textfile",0.000623419769470207,22.0510124681118]
["15619_49_MOG_MOG","MOG","rs7719237","chr5",6141336,"T","C",-0.0893,0.018055,0.05002,{"v":7.575e-07,"d":"7.58E-07"},35382,true,"reported","textfile",0.000690916221508817,24.461516775725]
["15620_4_NLGN1_NLGN1","NLGN1","rs831428","chr12",103667747,"T","C",0.0608,0.008957,0.30451,{"v":1.14e-11,"d":"1.14E-11"},35364,true,"reported","textfile",0.00130123321907028,46.0741623233191]
["15626_223_HSPG2_Perlecan","HSPG2","rs76305492","chr1",21898384,"G","C",-0.1471,0.016777,0.06687,{"v":1.821e-18,"d":"1.82E-18"},35374,true,"reported","textfile",0.00216855155900037,76.872708176121]
["15626_223_HSPG2_Perlecan","HSPG2","rs11244049","chr9",133247701,"ATGGCGGGGCTGGGCTGCAGTGGTGGGCTGGGCTGCAGTGG","ATGGTGGGGCTGGGCTGCAGTGGTGGGCTGGGCTGCAGTGG",0.1053,0.018125,0.05682,{"v":6.263e-09,"d":"6.26E-09"},35367,true,"reported","textfile",0.000953428704945971,33.7501845451568]
["15633_6_RBP4_RBP","RBP4","rs10933156","chr2",156723716,"T","C",-0.0404,0.008338,0.46708,{"v":1.264e-06,"d":"1.26E-06"},35333,true,"reported","textfile",0.000664002885519488,23.4754737305851]
["15635_4_SMOC2_SMOC2","SMOC2","rs4242430","chr8",22210256,"C","A",-0.0463,9.188E-3,0.27795,{"v":4.675e-07,"d":"4.68E-07"},35368,true,"reported","textfile",7.17460186793267E-4,25.3919146539614]
["15636_49_SORCS1_SORC1","SORCS1","rs77528667","chr4",152195655,"A","G",0.0759,0.015995,0.0678,{"v":2.084e-06,"d":"2.08E-06"},35373,true,"reported","textfile",0.000636160646726166,22.5159620043015]
["15641_20_TMEFF1_TEFF1","TMEFF1","rs11784995","chr8",141640008,"T","G",-0.0433,0.008683,0.32474,{"v":6.137e-07,"d":"6.14E-07"},35304,true,"reported","textfile",0.000703892717273312,24.8663239295018]
["15666_21_BMP2_BMP_2","BMP2","rs61923082","chr12",46179199,"C","A",-0.0739,0.016361,0.0616,{"v":6.276e-06,"d":"6.28E-06"},35361,true,"reported","textfile",0.000576625908114323,20.4006790450949]
["15667_39_BMP4_BMP_4","BMP4","rs74917046","chr1",161610403,"C","G",-0.0572,0.009156,0.31278,{"v":4.183e-10,"d":"4.18E-10"},35351,true,"reported","textfile",0.00110280716407059,39.0261687812493]
["15669_7_BRAF_BRAF1","BRAF","rs17365300","chr11",11398602,"G","A",-0.0587,0.012523,0.11702,{"v":2.767e-06,"d":"2.77E-06"},35376,true,"reported","textfile",0.000620699029355687,21.9702443737856]
["15670_15_C1QL2_C1QL2","C1QL2","rs76418562","chr1",152992823,"AAAAAAAAAACGC","AAAAAAAAACGC",-0.1314,0.025562,0.02609,{"v":2.741E-7,"d":"2.74E-07"},35362,true,"reported","textfile",7.46689158216587E-4,26.4226581469081]
["15675_3_CEBPB_CEBPB","CEBPB","rs17106897","chr12",69662085,"T","A",-0.064,0.013461,0.09737,{"v":1.991e-06,"d":"1.99E-06"},35367,true,"reported","textfile",0.000638748044629863,22.6037627075658]
["15686_49_INHBC_INHBC","INHBC","rs79245439","chr12",57277839,"C","T",0.4087,0.037677,0.01234,{"v":2.05e-27,"d":"2.05E-27"},35367,true,"reported","textfile",0.00331601055741861,117.660878077008]
["15686_49_INHBC_INHBC","INHBC","rs138216901","chr12",54638301,"G","A",0.1618,0.029782,0.02144,{"v":5.545e-08,"d":"5.55E-08"},35372,true,"reported","textfile",0.000833733904026441,29.5137748201185]
["15692_300_NODAL_NODAL","NODAL","rs601020","chr6",32605402,"A","G",0.0503,0.00885,0.27605,{"v":1.321E-8,"d":"1.32E-08"},35439,true,"reported","textfile",9.10693591809528E-4,32.301665732942]
["16015_19_GPT_ALT","GPT","rs1265941","chr6",31904575,"C","A",0.1497,0.015432,0.07271,{"v":2.988e-22,"d":"2.99E-22"},35441,true,"reported","textfile",0.00264814404174191,94.0967584655695]
["16021_30_CDH8_Cadherin_8","CDH8","rs112403253","chr17",1327334,"G","A",0.1048,0.023656,0.02859,{"v":9.42e-06,"d":"9.42E-06"},35357,true,"reported","textfile",0.00055478348897354,19.6252580217769]
["16035_8_FLT4_VEGF_sR3","FLT4","rs117435468","chr9",133925158,"A","G",-0.1049,0.022892,0.03157,{"v":4.596e-06,"d":"4.60E-06"},35369,true,"reported","textfile",0.000593339089062564,20.9970819523543]
["16043_30_SHC1_SHC1","SHC1","rs10971423","chr9",341269,"G","T",0.0378,0.008179,0.44594,{"v":3.808e-06,"d":"3.81E-06"},35206,true,"reported","textfile",6.06321678922866E-4,21.35789814146]
["16057_6_IGF2R_IGF_II_receptor","IGF2R","rs35833854","chr10",13963688,"G","C",-0.0708,0.01496,0.08657,{"v":2.218e-06,"d":"2.22E-06"},35372,true,"reported","textfile",0.000632803397145401,22.3964286931938]
["16070_7_WIF1_WIF_1","WIF1","rs145905940","chr16",3295405,"T","G",-0.1447,0.029896,0.01815,{"v":1.298e-06,"d":"1.30E-06"},35340,true,"reported","textfile",0.000662455257824711,23.4253621553359]
["16074_12_GRAP2_GRB2_related_adapter_protein_2","GRAP2","rs72684863","chr1",49320605,"A","G",0.0724,0.016322,0.06613,{"v":9.18e-06,"d":"9.18E-06"},35370,true,"reported","textfile",0.000555973129427093,19.6745961883905]
["16081_38_AKR1B10_Aldose_reductase_like","AKR1B10","rs542418","chr6",31868665,"G","A",0.0555,0.008971,0.28144,{"v":6.149e-10,"d":"6.15E-10"},35440,true,"reported","textfile",1.07880206476003E-3,38.2718753491148]
["16292_288_GIP_GIP","GIP","rs219931","chr12",13956753,"A","G",-0.0614,0.013021,0.09949,{"v":2.411e-06,"d":"2.41E-06"},35376,true,"reported","textfile",0.000628154462641771,22.2343025378529]
["16296_43_LGR5_LGR5","LGR5","rs116956726","chr11",130209679,"T","C",0.1094,0.024412,0.02741,{"v":7.416e-06,"d":"7.42E-06"},35374,true,"reported","textfile",5.67410354471203E-4,20.0818336987328]
["16299_13_TIGIT_TIGIT","TIGIT","rs964184","chr11",116778201,"C","G",-0.0994,0.012178,0.12321,{"v":3.289e-16,"d":"3.29E-16"},35377,true,"reported","textfile",0.00187967483512724,66.618718821944]
["16300_4_TREM2_TREM2","TREM2","rs77705101","chr6",40794563,"G","A",-0.5257,0.025903,0.02453,{"v":1.434E-91,"d":"1.43E-91"},35360,true,"reported","textfile",0.0115142060973537,411.861558053234]
["16302_11_BPIFA2_SPLC2","BPIFA2","rs67086575","chr2",27463613,"G","A",0.0767,0.012433,0.12471,{"v":6.862e-10,"d":"6.86E-10"},35374,true,"reported","textfile",0.00107470111973286,38.0552260011857]
["16305_10_CDH11_Cadherin_11","CDH11","rs2934956","chr17",39674194,"A","T",0.0498,9.162E-3,0.29601,{"v":5.473e-08,"d":"5.47E-08"},35379,true,"reported","textfile",0.000834391813357754,29.5429295597245]
["16305_10_CDH11_Cadherin_11","CDH11","rs10248323","chr7",5158697,"C","T",0.0506,0.011449,0.15118,{"v":9.884e-06,"d":"9.88E-06"},35364,true,"reported","textfile",0.00055203260585478,19.5317591761517]
["16309_30_DKKL1_Soggy_1","DKKL1","rs10801660","chr1",198272225,"A","G",0.0616,0.012404,0.11574,{"v":6.828e-07,"d":"6.83E-07"},35345,true,"reported","textfile",0.000697279653688511,24.6611505188064]
["16309_30_DKKL1_Soggy_1","DKKL1","rs111340885","chr4",186046087,"A","G",0.0954,0.020825,0.03682,{"v":4.629e-06,"d":"4.63E-06"},35389,true,"reported","textfile",0.000592653667042202,20.9846719584102]
["16317_20_DSG3_Desmoglein_3","DSG3","rs6706500","chr2",72064260,"A","G",0.0409,8.548E-3,0.3441,{"v":1.711E-6,"d":"1.71E-06"},35352,true,"reported","textfile",0.000647176061176905,22.8924892336163]
["16320_139_CD320_CD320","CD320","rs10201342","chr2",6316491,"C","T",-0.0379,0.007797,0.46573,{"v":1.17E-6,"d":"1.17E-06"},35379,true,"reported","textfile",0.000667402535499491,23.6264678629221]
["16323_8_NRXN3_NRX3A","NRXN3","rs2053313","chr7",47150152,"G","A",0.0439,0.009456,0.2501,{"v":3.44e-06,"d":"3.44E-06"},35346,true,"reported","textfile",0.000609409326576248,21.5520972876052]
["16551_14_STAT5B_STA5B","STAT5B","rs376109369","chr2",204173559,"CTGTGTG","CTGTG",0.091,0.019189,0.04624,{"v":2.112e-06,"d":"2.11E-06"},35355,true,"reported","textfile",0.000635698357444063,22.4881397041919]
["16558_2_MYOC_MYOC","MYOC","rs114515947","chr1",3325714,"C","G",0.1435,0.028619,0.02133,{"v":5.329e-07,"d":"5.33E-07"},35336,true,"reported","textfile",0.000710998384742278,25.1402916332268]
["16583_8_NUDT2_AP4A","NUDT2","rs111577519","chr9",33499936,"A","G",-0.0729,0.011523,0.14021,{"v":2.506e-10,"d":"2.51E-10"},35348,true,"reported","textfile",1.13101304960779E-3,40.02205271533]
["16587_1_CSN2_Beta_casein","CSN2","rs186366783","chr20",5516581,"A","T",0.1022,0.021575,0.03534,{"v":2.17E-6,"d":"2.17E-06"},35371,true,"reported","textfile",6.33982721837365E-4,22.4375599139714]
["16588_10_HSPA5_BiP","HSPA5","rs7306846","chr12",10340830,"G","A",0.0438,0.009658,0.21739,{"v":5.76e-06,"d":"5.76E-06"},35386,true,"reported","textfile",0.000580884779803934,20.565973509576]
["16593_3_FADD_FADD","FADD","rs62248918","chr3",74088135,"A","G",0.0373,0.008095,0.42631,{"v":4.074e-06,"d":"4.07E-06"},35347,true,"reported","textfile",0.000600303134333208,21.2304589940847]
["16599_38_GPN1_GPN1","GPN1","rs3856240","chr1",25566034,"C","T",0.0471,0.008063,0.48849,{"v":5.184e-09,"d":"5.18E-09"},35368,true,"reported","textfile",0.000963871605734972,34.1211716369182]
["16605_2_C1QTNF9_C1T9A","C1QTNF9","rs9507306","chr13",24328550,"A","C",0.0837,0.0169,0.06019,{"v":7.323e-07,"d":"7.32E-07"},35379,true,"reported","textfile",0.000692836810936627,24.5274814025003]
["16607_78_GSN_Gelsolin","GSN","rs2218330","chr10",52680725,"T","C",-0.0414,0.008219,0.38467,{"v":4.732e-07,"d":"4.73E-07"},35356,true,"reported","textfile",7.1711374351967E-4,25.371033204993]
["16609_106_KIRREL2_KIRR2","KIRREL2","rs139698333","chr19",40201587,"A","G",-0.1564,0.030763,0.01968,{"v":3.695e-07,"d":"3.70E-07"},35373,true,"reported","textfile",0.000730175077716394,25.8458947020793]
["16613_3_CDH17_CAD17","CDH17","rs11120001","chr1",212713971,"C","T",-0.0733,0.011141,0.15212,{"v":4.73e-11,"d":"4.73E-11"},35361,true,"reported","textfile",0.00122265448585511,43.2847622741143]
["16614_27_RSPO1_RSPO1","RSPO1","rs16873402","chr8",105577019,"T","C",-0.0428,0.00932,0.25231,{"v":4.383e-06,"d":"4.38E-06"},35362,true,"reported","textfile",0.000596018813595966,21.0877939706971]
["16616_137_ENO3_ENOB","ENO3","rs4639017","chr3",165833296,"C","T",-0.0419,0.008225,0.39283,{"v":3.5e-07,"d":"3.50E-07"},35339,true,"reported","textfile",0.000733809230580015,25.9496588802227]
["16620_26_LY75_LY75","LY75","rs6540040","chr16",87353727,"G","A",-0.0302,0.006455,0.43391,{"v":2.892E-6,"d":"2.89E-06"},35334,true,"reported","textfile",6.19098331762158E-4,21.887532792859]
["16620_26_LY75_LY75","LY75","rs2890714","chr2",143370043,"A","G",0.0569,9.384E-3,0.1987,{"v":1.333E-9,"d":"1.33E-09"},35365,true,"reported","textfile",1.03854090127811E-3,36.7641029164754]
["16746_12_INHBB_Activin_B","INHBB","rs1706435","chr3",165743688,"G","A",0.0618,0.008247,0.36981,{"v":6.698e-14,"d":"6.70E-14"},35339,true,"reported","textfile",1.58650391468673E-3,56.1513732066925]
["16751_15_NPPB_BNP","NPPB","rs77846635","chr2",215852842,"T","C",-0.0857,0.018711,0.04694,{"v":4.648e-06,"d":"4.65E-06"},35356,true,"reported","textfile",0.00059298937608813,20.9769855317824]
["16753_46_COL6A2_CO6A2","COL6A2","rs1562806","chr15",36959307,"C","T",0.0758,0.016634,0.06084,{"v":5.193e-06,"d":"5.19E-06"},35376,true,"reported","textfile",0.000586653190248047,20.764451483541]
["16758_96_HDGF_HDGF","HDGF","rs2332876","chr18",63904352,"T","C",-0.0506,0.010197,0.18639,{"v":6.96e-07,"d":"6.96E-07"},35369,true,"reported","textfile",0.000695714674421751,24.6224711047422]
["16763_11_LECT2_LECT2","LECT2","rs1989973","chr5",136042550,"C","G",-0.3108,0.033293,0.01629,{"v":1.008E-20,"d":"1.01E-20"},35356,true,"reported","textfile",2.45880378844574E-3,87.1428162233767]
["16763_11_LECT2_LECT2","LECT2","rs144315138","chr5",126045143,"G","A",-0.1574,0.029891,0.01929,{"v":1.396e-07,"d":"1.40E-07"},35355,true,"reported","textfile",0.000783677260376817,27.727071261346]
["16770_3_REG1B_REG1B","REG1B","rs114506174","chr2",78667324,"C","T",0.1723,0.030547,0.01941,{"v":1.696e-08,"d":"1.70E-08"},35347,true,"reported","textfile",0.000899270074591638,31.8133095436878]
["16770_3_REG1B_REG1B","REG1B","rs77305423","chr2",81034102,"T","G",0.186,0.027761,0.02338,{"v":2.085e-11,"d":"2.09E-11"},35354,true,"reported","textfile",1.26813656319294E-3,44.8880880076513]
["16785_45_DEFA5_HD_5","DEFA5","rs55748041","chr12",115423235,"GAGAGAGGAAGGAAGGAAGGGAGGGAGGGAGGAAGGGAGGGAGGGAGT","GAGAGAGGAAGGAAGGAAGGAAGGGAGGGAGGAAGGGAGGGAGGGAGT",0.052,0.008537,0.48116,{"v":1.121E-9,"d":"1.12E-09"},35375,true,"reported","textfile",0.00104771803368353,37.0998001351353]
["16802_31_OCIAD1_OCAD1","OCIAD1","rs12146727","chr12",7063032,"A","G",-0.0619,0.012721,0.11875,{"v":1.14e-06,"d":"1.14E-06"},35390,true,"reported","textfile",0.000668602140805017,23.6763225987839]
["16802_31_OCIAD1_OCAD1","OCIAD1","rs9277423","chr6",33084068,"A","T",0.042,0.008733,0.313,{"v":1.514E-6,"d":"1.51E-06"},35438,true,"reported","textfile",0.000652257516314131,23.1284830750342]
["16807_35_TNNT3_TNNT3","TNNT3","rs9469195","chr6",32617235,"G","C",0.0751,0.008253,0.37544,{"v":9.061e-20,"d":"9.06E-20"},35439,true,"reported","textfile",0.00233110136578223,82.8002548864779]
["16809_1_NME4_NDKM","NME4","rs7774739","chr6",32041524,"G","A",0.0657,0.011007,0.17585,{"v":2.388E-9,"d":"2.39E-09"},35437,true,"reported","textfile",1.0043832011732E-3,35.6261009909308]
["16818_200_CDCP1_CDCP1","CDCP1","rs143776183","chr19",18912309,"C","T",-0.0882,0.019602,0.04429,{"v":6.808e-06,"d":"6.81E-06"},35349,true,"reported","textfile",0.000572414465803771,20.2447224947781]
["16828_8_COL6A1_Collagen_a1_VI_","COL6A1","rs76457018","chr11",118891992,"A","G",-0.0528,0.011511,0.09512,{"v":4.496e-06,"d":"4.50E-06"},35375,true,"reported","textfile",5.94411307458323E-4,21.0386167704249]
["16831_7_DOK1_DOK1","DOK1","rs144598231","chr2",20755129,"GTGTG","TTGTGTGTG",-0.0405,0.008803,0.30534,{"v":4.206E-6,"d":"4.21E-06"},35373,true,"reported","textfile",0.000598021714034928,21.1652833461541]
["16845_15_MPZL1_MPZL1","MPZL1","rs4730410","chr7",110000941,"C","A",-0.0377,0.00816,0.39138,{"v":3.836e-06,"d":"3.84E-06"},35360,true,"reported","textfile",0.000603292659095414,21.3440985782829]
["16851_50_SCO2_SCO2","SCO2","rs1981577","chr7",82590266,"A","G",-0.0404,0.008857,0.26755,{"v":5.081e-06,"d":"5.08E-06"},35351,true,"reported","textfile",0.000588209732355592,20.8048634522007]
["16852_10_PDZK1_NHRF3","PDZK1","rs10515946","chr2",207173813,"C","A",0.0563,0.012591,0.11206,{"v":7.775e-06,"d":"7.78E-06"},35365,true,"reported","textfile",0.000565037429369083,19.9927152472083]
["16857_2_RAB2A_RAB2A","RAB2A","rs116729779","chr1",25650359,"A","G",0.0951,0.020587,0.03706,{"v":3.849e-06,"d":"3.85E-06"},35366,true,"reported","textfile",0.000603013448338237,21.3378345882485]
["16857_2_RAB2A_RAB2A","RAB2A","rs79872218","chr8",4550039,"G","A",-0.1186,0.026549,0.02372,{"v":7.927e-06,"d":"7.93E-06"},35364,true,"reported","textfile",5.63983835846602E-4,19.9548506164019]
["16863_47_NANP_NANP","NANP","rs148586303","chr17",14289589,"A","C",0.1595,0.035376,0.01326,{"v":6.524e-06,"d":"6.52E-06"},35362,true,"reported","textfile",0.000574536355046479,20.3272842782607]
["16875_13_MAGOHB_MGN2","MAGOHB","rs9914753","chr17",14037771,"A","G",0.0358,0.008,0.42076,{"v":7.636e-06,"d":"7.64E-06"},35367,true,"reported","textfile",0.000565903029325314,20.0244925530862]
["16877_19_MSRB2_MSRB2","MSRB2","rs73061106","chr19",55534345,"A","G",0.1428,0.031668,0.01597,{"v":6.506e-06,"d":"6.51E-06"},35380,true,"reported","textfile",0.000574391212591962,20.3324911233098]
["16885_49_MAPRE3_MARE3","MAPRE3","rs143567583","chr2",138504728,"C","G",0.1778,0.039933,0.01003,{"v":8.491e-06,"d":"8.49E-06"},35373,true,"reported","textfile",0.000560124302127513,19.8232601803267]
["16890_37_ADAMTSL1_ATL1","ADAMTSL1","rs702208","chr9",18639745,"G","A",0.5542,0.019732,0.04681,{"v":1.451E-173,"d":"1.45E-173"},35359,true,"reported","textfile",0.021822697690644,788.79884089161]
["16899_59_OSBPL9_OSBL9","OSBPL9","rs62032196","chr16",17486260,"A","G",-0.0454,0.009983,0.20203,{"v":5.424e-06,"d":"5.42E-06"},35380,true,"reported","textfile",0.000584222039313614,20.6806894213852]
["16907_3_CADM2_Nectin_like_protein_3","CADM2","rs117465353","chr16",80515809,"C","T",-0.1367,0.028271,0.02248,{"v":1.329e-06,"d":"1.33E-06"},35377,true,"reported","textfile",0.000660460360566855,23.3792263072892]
["16908_5_OMG_OMGP","OMG","rs12449302","chr17",31084555,"C","T",-0.1193,0.011035,0.16538,{"v":3.04e-27,"d":"3.04E-27"},35361,true,"reported","textfile",0.00329441695990189,116.872315423244]
["16914_104_CD14_sCD14","CD14","rs5744454","chr5",140633982,"G","T",-0.2387,0.008824,0.30745,{"v":3.582e-161,"d":"3.58E-161"},35363,true,"reported","textfile",0.0202735394183243,731.727330244544]
["16915_153_SEMA4A_SEM4A","SEMA4A","rs4704044","chr5",72884820,"T","C",0.0448,0.008401,0.46368,{"v":9.662e-08,"d":"9.66E-08"},35354,true,"reported","textfile",0.000803722836440381,28.4360644281998]
["16916_19_SLITRK6_SLIK6","SLITRK6","rs11210871","chr1",43563682,"G","C",-0.0443,0.0091,0.27175,{"v":1.127E-6,"d":"1.13E-06"},35365,true,"reported","textfile",0.000669668813796773,23.6973676503798]
["16922_53_PLXNB3_PLXB3","PLXNB3","rs5027249","chr14",22801387,"T","C",0.0464,0.009893,0.20211,{"v":2.73e-06,"d":"2.73E-06"},35377,true,"reported","textfile",0.000621425364703709,21.996591516299]
["16923_20_PFN2_Profilin_II","PFN2","rs2223780","chr1",83775650,"T","A",-0.1068,0.023986,0.0278,{"v":8.481e-06,"d":"8.48E-06"},35336,true,"reported","textfile",0.000560745585713977,19.8245010270576]
["16932_5_SULT1E1_SULT_1E","SULT1E1","rs115335698","chr3",193746071,"A","G",0.159,0.034527,0.01242,{"v":4.124e-06,"d":"4.12E-06"},35378,true,"reported","textfile",0.000599077525759036,21.2056703918021]
["17138_8_GSTA1_GST_A1_1","GSTA1","rs140171204","chr9",98292669,"A","G",0.125,0.025149,0.02574,{"v":6.679e-07,"d":"6.68E-07"},35345,true,"reported","textfile",0.000698469024692424,24.7032451912798]
["17140_57_PDGFD_PDGFD","PDGFD","rs12147008","chr14",100719838,"T","C",0.0464,0.009364,0.25808,{"v":7.218e-07,"d":"7.22E-07"},35380,true,"reported","textfile",0.000693512078817672,24.5520975005886]
["17151_84_IRF3_IRF_3","IRF3","rs1447676","chr3",74093896,"T","C",-0.0371,0.008145,0.43155,{"v":5.244e-06,"d":"5.24E-06"},35347,true,"reported","textfile",0.000586621857392082,20.7463197941749]
["17152_10_KIR2DS4_KI2S4","KIR2DS4","rs9902706","chr17",66190870,"T","C",-0.2228,0.018001,0.05353,{"v":3.482E-35,"d":"3.48E-35"},35370,true,"reported","textfile",0.00431246041497528,153.183698593249]
["17154_2_PTGES3_TEBP","PTGES3","rs10961362","chr9",14073111,"A","G",-0.1479,0.030914,0.01819,{"v":1.716E-6,"d":"1.72E-06"},35373,true,"reported","textfile",0.000646655713143304,22.8876596654749]
["17156_72_DCLK1_DCAK1","DCLK1","rs26499","chr5",96796640,"C","T",-0.0804,0.008134,0.43313,{"v":4.872E-23,"d":"4.87E-23"},35348,true,"reported","textfile",2.75638690852312E-3,97.6965411356523]
["17158_17_UBE2G1_UB2G1","UBE2G1","rs73173085","chr22",42593929,"A","G",0.133,0.029182,0.02012,{"v":5.174e-06,"d":"5.17E-06"},35374,true,"reported","textfile",0.000586859392328628,20.7705798353087]
["17165_1_PPBP_BTG","PPBP","rs113529596","chr13",25593190,"G","A",-0.0746,0.01684,0.06319,{"v":9.425e-06,"d":"9.43E-06"},35366,true,"reported","textfile",0.000554583084423471,19.6231588695236]
["17172_19_STATH_STAT","STATH","rs4326953","chr14",106074274,"C","A",0.0372,0.008014,0.4521,{"v":3.451e-06,"d":"3.45E-06"},34966,true,"reported","textfile",0.000615848245440687,21.5457869887018]
["17176_13_PSIP1_PSIP1","PSIP1","rs143303626","chr3",125738490,"A","T",-0.0743,0.016458,0.06181,{"v":6.345e-06,"d":"6.35E-06"},35370,true,"reported","textfile",5.75888325542404E-4,20.3797547606278]
["17196_5_CLPP_ClpP_endopeptidase","CLPP","rs6542680","chr2",3592552,"T","C",-0.0483,0.010193,0.18362,{"v":2.153E-6,"d":"2.15E-06"},35332,true,"reported","textfile",0.000635105802723706,22.4525477535928]
["17199_43_HIF1AN_HIF1N","HIF1AN","rs935131","chr15",65333653,"A","G",0.0398,0.008624,0.30583,{"v":3.927e-06,"d":"3.93E-06"},35360,true,"reported","textfile",0.000601970045736309,21.2972772000746]
["17204_17_PNMT_PNMT","PNMT","rs3757387","chr7",128936032,"C","T",0.0348,0.007787,0.46709,{"v":7.859e-06,"d":"7.86E-06"},35351,true,"reported","textfile",0.000564639356375994,19.9707128589901]
["17210_2_TCL1A_TCL1A","TCL1A","rs1057261","chr19",17998505,"G","A",-0.0407,0.008238,0.49535,{"v":7.803e-07,"d":"7.80E-07"},35353,true,"reported","textfile",6.89952549788203E-4,24.4073525026555]
["17210_2_TCL1A_TCL1A","TCL1A","rs137943776","chr7",39963418,"TTCTGTT","CTCTGTT",-0.0405,0.008912,0.30413,{"v":5.512e-06,"d":"5.51E-06"},35362,true,"reported","textfile",0.000583672606645603,20.6507166285922]
["17231_1_LCP1_L_plastin","LCP1","rs2637681","chr6",116448682,"G","T",0.0399,0.00855,0.36839,{"v":3.065e-06,"d":"3.07E-06"},35353,true,"reported","textfile",0.000615630094260506,21.7765457591215]
["17320_19_AASDHPPT_ADPPT","AASDHPPT","rs13037923","chr20",46655778,"C","T",-0.0379,0.008328,0.3956,{"v":5.348e-06,"d":"5.35E-06"},35375,true,"reported","textfile",5.85121894050793E-4,20.7096344187749]
["17327_3_CNPY3_CNPY3","CNPY3","rs972087","chr6",25872351,"G","A",-0.0692,0.015003,0.07597,{"v":3.98E-6,"d":"3.98E-06"},35375,true,"reported","textfile",0.000601033138664997,21.2731310707336]
["17331_138_KREMEN1_KREM1","KREMEN1","rs62292469","chr3",132690753,"A","C",-0.0643,0.013209,0.11351,{"v":1.127E-6,"d":"1.13E-06"},35359,true,"reported","textfile",0.000669716717103167,23.6950429329814]
["17333_20_ACADM_ACADM","ACADM","rs73166733","chr22",27867984,"A","G",-0.1084,0.024096,0.0282,{"v":6.839e-06,"d":"6.84E-06"},35378,true,"reported","textfile",0.00057172477183931,20.2369054687493]
["17341_89_ACAT2_THIC","ACAT2","rs4702149","chr5",16504654,"C","T",0.0705,0.015783,0.07491,{"v":7.942e-06,"d":"7.94E-06"},35370,true,"reported","textfile",0.000563792300008755,19.951454543155]
["17343_6_SNPH_SNPH","SNPH","rs7073753","chr10",63303060,"T","C",0.0479,0.007936,0.4356,{"v":1.579E-9,"d":"1.58E-09"},35351,true,"reported","textfile",0.00102948180766985,36.4286550569807]
["17344_23_STOML1_STML1","STOML1","rs113448098","chr12",6990916,"CAAA","CA",-0.1727,0.015765,0.07403,{"v":6.334e-28,"d":"6.33E-28"},35380,true,"reported","textfile",0.00338040176342367,119.997493324443]
["17348_5_SYNJ2BP_SYJ2B","SYNJ2BP","rs1706435","chr3",165743688,"G","A",0.0522,0.008269,0.36981,{"v":2.738e-10,"d":"2.74E-10"},35339,true,"reported","textfile",1.12639652680047E-3,39.8483591208607]
["17350_13_CHMP2B_CHM2B","CHMP2B","rs4645873","chr14",75283402,"A","G",0.0505,0.010998,0.16078,{"v":4.398e-06,"d":"4.40E-06"},35348,true,"reported","textfile",0.00059611700622287,21.0829195888613]
["17357_33_SEPSECS_SPCS","SEPSECS","rs6448333","chr4",25115419,"T","C",-0.1556,0.020634,0.03656,{"v":4.663e-14,"d":"4.66E-14"},35363,true,"reported","textfile",1.6054819216843E-3,56.8627383310865]
["17366_6_DCUN1D1_DCNL1","DCUN1D1","rs146582321","chr12",59128629,"G","A",0.1964,0.040362,0.01123,{"v":1.139E-6,"d":"1.14E-06"},35365,true,"reported","textfile",0.000669072648704778,23.6762572122715]
["17366_6_DCUN1D1_DCNL1","DCUN1D1","rs62277509","chr3",167051852,"T","G",0.0542,0.008749,0.332,{"v":5.831e-10,"d":"5.83E-10"},35354,true,"reported","textfile",0.0010843562749157,38.3757760443782]
["17377_1_AKR1C3_Aldose_reductase_like_C3","AKR1C3","rs7099757","chr10",5022619,"A","C",-0.0625,0.008382,0.38558,{"v":8.917E-14,"d":"8.92E-14"},35372,true,"reported","textfile",0.00156936153883655,55.5955671735007]
["17377_1_AKR1C3_Aldose_reductase_like_C3","AKR1C3","rs1707652","chr3",165761011,"T","C",0.0946,0.008715,0.3102,{"v":1.884e-27,"d":"1.88E-27"},35339,true,"reported","textfile",0.00332313215446482,117.821055881596]
["17387_27_NFKBIB_IKB_beta","NFKBIB","rs139426948","chr1",22378923,"C","G",-0.0748,0.015986,0.06493,{"v":2.883e-06,"d":"2.88E-06"},35371,true,"reported","textfile",0.000618596564889471,21.8926846430921]
["17393_13_ACADS_SCAD","ACADS","rs77137410","chr6",52173990,"G","A",0.1817,0.039911,0.01149,{"v":5.298e-06,"d":"5.30E-06"},35368,true,"reported","textfile",0.000585679067031758,20.7252642380681]
["17396_23_ADH1A_ADH1A","ADH1A","rs73001065","chr19",19349732,"C","G",0.0728,0.01584,0.07224,{"v":4.31e-06,"d":"4.31E-06"},35353,true,"reported","textfile",0.000597127021367626,21.1216496401029]
["17398_55_HMOX1_HO_1","HMOX1","rs2164162","chr20",29717367,"C","T",0.0898,0.009677,0.23897,{"v":1.693e-20,"d":"1.69E-20"},35365,true,"reported","textfile",0.00242907716121683,86.1086201346637]
["17404_5_ARL5B_ARL5B","ARL5B","rs117867955","chr10",35234222,"A","T",-0.0896,0.019713,0.04795,{"v":5.487e-06,"d":"5.49E-06"},35343,true,"reported","textfile",0.000584189007316183,20.6578918208773]
["17404_5_ARL5B_ARL5B","ARL5B","rs79880165","chr6",106782053,"T","A",0.1527,0.030453,0.01921,{"v":5.325e-07,"d":"5.33E-07"},35371,true,"reported","textfile",7.10332961351445E-4,25.1416254352879]
["17410_5_CETN3_CETN3","CETN3","rs72806804","chr5",141226874,"G","A",0.1002,0.020743,0.04023,{"v":1.361E-6,"d":"1.36E-06"},35365,true,"reported","textfile",6.59374562411096E-4,23.3328477368098]
["17419_17_TES_TES","TES","rs4073855","chr2",126856607,"T","C",0.0498,0.011174,0.15271,{"v":8.321e-06,"d":"8.32E-06"},35365,true,"reported","textfile",0.000561337214138482,19.8617170244817]
["17435_43_ETFA_ETFA","ETFA","rs111982897","chr12",6769767,"C","G",0.161,0.032005,0.01518,{"v":4.894e-07,"d":"4.89E-07"},35389,true,"reported","textfile",0.000714557790951029,25.3041378172047]
["17441_4_ALPI_Alkaline_phosphatase__intestine","ALPI","rs579232","chr9",133734641,"G","T",0.0587,0.008496,0.35766,{"v":4.864e-12,"d":"4.86E-12"},35368,true,"reported","textfile",1.34787904588601E-3,47.7334292258463]
["17447_52_SFRP4_SFRP4","SFRP4","rs12445129","chr16",85999655,"G","T",-0.0429,0.008435,0.41268,{"v":3.654e-07,"d":"3.65E-07"},35376,true,"reported","textfile",0.000730664900919796,25.8654391736879]
["17453_34_CP_Ceruloplasmin","CP","rs17372091","chr1",50153123,"C","T",0.1562,0.035269,0.01295,{"v":9.475e-06,"d":"9.48E-06"},35369,true,"reported","textfile",0.000554258303164381,19.6133242558361]
["17453_34_CP_Ceruloplasmin","CP","rs144202860","chr2",216625740,"A","G",-0.1773,0.035583,0.01274,{"v":6.27e-07,"d":"6.27E-07"},35359,true,"reported","textfile",0.000701661328287152,24.8260590698319]
["17455_42_FOLR1_FOLR1","FOLR1","rs9280648","chr6",29683259,"CATTTTTTTTTTTTT","CTTTTTTTTTTTT",0.0605,0.011831,0.14192,{"v":3.158e-07,"d":"3.16E-07"},35437,true,"reported","textfile",0.000737378608384906,26.148292179418]
["17460_51_MX1_Mx1","MX1","rs79048998","chr6",165177393,"T","C",-0.0879,0.019275,0.04789,{"v":5.107e-06,"d":"5.11E-06"},35378,true,"reported","textfile",0.000587490002470455,20.7952633367039]
["17462_19_IRF1_IRF1","IRF1","rs7774739","chr6",32041524,"G","A",0.0771,0.011027,0.17585,{"v":2.717e-12,"d":"2.72E-12"},35437,true,"reported","textfile",0.00137764823721392,48.8843106700974]
["17474_106_YEATS4_YETS4","YEATS4","rs11615712","chr12",69225956,"T","A",-0.0473,0.00787,0.49171,{"v":1.854E-9,"d":"1.85E-09"},35364,true,"reported","textfile",0.00102039437758468,36.1200426686067]
["17490_4_SH3BGRL3_SH3BGRL3_like_protein","SH3BGRL3","rs202124668","chr5",65478126,"CA","C",-0.0957,0.021186,0.03886,{"v":6.271e-06,"d":"6.27E-06"},35368,true,"reported","textfile",0.000576587146798633,20.4033453403554]
["17495_141_SIRT3_SIR3","SIRT3","rs3104408","chr6",32715335,"A","G",0.0418,0.008057,0.46097,{"v":2.123e-07,"d":"2.12E-07"},35431,true,"reported","textfile",0.000759088886206982,26.9141904122504]
["17510_7_SRP14_SRP14","SRP14","rs118123320","chr9",117477116,"T","C",0.1027,0.022885,0.03244,{"v":7.199E-6,"d":"7.20E-06"},35369,true,"reported","textfile",5.69074409495278E-4,20.1379146124861]
["17511_10_RPP30_RPP30","RPP30","rs4665987","chr2",27532958,"A","G",0.0546,0.009671,0.21292,{"v":1.646E-8,"d":"1.65E-08"},35373,true,"reported","textfile",0.000900283851721663,31.8726345374328]
["17515_6_HSPA13_STCH","HSPA13","rs111529655","chr12",101066503,"C","T",0.1104,0.023576,0.03022,{"v":2.83E-6,"d":"2.83E-06"},35361,true,"reported","textfile",0.000619732301775726,21.9267031446981]
["17673_34_CA5B_Carbonic_Anhydrase_VB","CA5B","rs147038076","chr11",63640314,"T","G",-0.171,0.034603,0.013,{"v":7.74e-07,"d":"7.74E-07"},35361,true,"reported","textfile",0.000690145002316675,24.4196902641092]
["17673_34_CA5B_Carbonic_Anhydrase_VB","CA5B","rs28573154","chr6",32008772,"A","G",0.1486,0.010948,0.145,{"v":5.757e-42,"d":"5.76E-42"},35440,true,"reported","textfile",0.00517157128699009,184.222864947122]
["17677_47_CD160_BY55","CD160","rs115915288","chr5",58921368,"A","C",-0.1846,0.034305,0.01408,{"v":7.402e-08,"d":"7.40E-08"},35360,true,"reported","textfile",0.000818240152084965,28.9550274634955]
["17680_12_EPHB1_EPHB1","EPHB1","rs4387665","chr18",33011738,"CTTAAT","CTTAAC",-0.069,0.014995,0.07608,{"v":4.195e-06,"d":"4.20E-06"},35340,true,"reported","textfile",0.000598795550595668,21.172915414493]
["17685_9_APOA4_Apo_A_IV","APOA4","rs1729410","chr11",116794945,"C","G",-0.0562,0.008277,0.42828,{"v":1.119e-11,"d":"1.12E-11"},35376,true,"reported","textfile",0.00130152460392196,46.1001317949106]
["17691_1_TPP1_TPP1","TPP1","rs56243922","chr14",71817452,"A","G",-0.0788,0.017668,0.05655,{"v":8.194e-06,"d":"8.19E-06"},35368,true,"reported","textfile",0.000562112135043687,19.8908386497362]
["17691_1_TPP1_TPP1","TPP1","rs10485318","chr6",47778708,"G","A",-0.0618,0.012976,0.11235,{"v":1.912e-06,"d":"1.91E-06"},35362,true,"reported","textfile",0.000641032384812912,22.6814446675508]
["17696_1_TICAM2_TIRP","TICAM2","rs62032196","chr16",17486260,"A","G",-0.0462,0.009906,0.20203,{"v":3.102e-06,"d":"3.10E-06"},35380,true,"reported","textfile",0.000614416055326025,21.7501748619654]
["17699_43_TIMELESS_TIMELESS","TIMELESS","rs4558812","chr4",4380238,"G","A",0.0374,0.00838,0.34534,{"v":8.081e-06,"d":"8.08E-06"},35332,true,"reported","textfile",0.000563432871320978,19.9173054083454]
["17703_40_GMNN_GEMI","GMNN","rs11569393","chr19",6721618,"ATTTTTTTTTCC","ATTTTTTTTTCA",-0.0377,0.008001,0.45686,{"v":2.454e-06,"d":"2.45E-06"},35372,true,"reported","textfile",6.27280855509812E-4,22.2008500275804]
["17706_4_PPP1R1A_PPR1A","PPP1R1A","rs146216284","chr2",204644355,"C","G",-0.1376,0.030535,0.01747,{"v":6.597e-06,"d":"6.60E-06"},35354,true,"reported","textfile",5.74054441271714E-4,20.3056291444308]
["17710_40_TPD52L1_TPD53","TPD52L1","rs144704969","chr1",196158214,"T","C",0.0931,0.018896,0.04536,{"v":8.347e-07,"d":"8.35E-07"},35337,true,"reported","textfile",0.000686486001065564,24.2736463660768]
["17721_82_GAS7_GAS7","GAS7","rs73623656","chr20",40251314,"A","T",-0.0647,0.013714,0.08978,{"v":2.383e-06,"d":"2.38E-06"},35373,true,"reported","textfile",0.0006288328086763,22.256440855904]
["17725_37_USH1C_USH1C","USH1C","rs1076850","chr21",46121388,"G","A",-0.0445,0.010071,0.19812,{"v":9.926e-06,"d":"9.93E-06"},34731,true,"reported","textfile",0.000561841052500194,19.5231468176354]
["17726_3_SAR1A_SAR1A","SAR1A","rs17664818","chr10",52774940,"A","C",-0.1207,0.02693,0.02436,{"v":7.395e-06,"d":"7.40E-06"},35361,true,"reported","textfile",0.000567767653750479,20.0871012753249]
["17729_20_UBE2S_UBE2S","UBE2S","rs150568133","chr3",7762482,"G","A",0.1241,0.026982,0.02356,{"v":4.238e-06,"d":"4.24E-06"},35363,true,"reported","textfile",0.00059784206440797,21.1529393564634]
["17734_13_ENSA_a_endosulfine","ENSA","rs17387431","chr2",205786591,"TCTGTGA","CCTGTGA",0.067,0.014337,0.0867,{"v":2.963e-06,"d":"2.96E-06"},35351,true,"reported","textfile",0.00061739501328162,21.8377788602615]
["17737_7_IVD_IVD","IVD","rs701146","chr3",154336677,"A","T",-0.0358,0.007928,0.49896,{"v":6.306e-06,"d":"6.31E-06"},35343,true,"reported","textfile",0.00057661358123311,20.3898576431958]
["17743_14_UBE2A_UBE2A","UBE2A","rs58468211","chr1",196206772,"T","C",0.0875,0.018912,0.04496,{"v":3.714e-06,"d":"3.71E-06"},35336,true,"reported","textfile",0.000605425611035166,21.4050677165181]
["17744_31_RAB11A_RB11A","RAB11A","rs9869552","chr3",6060966,"A","T",0.1517,0.033487,0.01476,{"v":5.897e-06,"d":"5.90E-06"},35356,true,"reported","textfile",0.000580100906789949,20.5207915884604]
["17747_45_TRAF1_TRAF1","TRAF1","rs444921","chr6",31964400,"T","C",0.1589,0.011535,0.13897,{"v":3.593e-43,"d":"3.59E-43"},35441,true,"reported","textfile",0.00532583207134972,189.752754079868]
["17751_68_CRYBB1_CRBB1","CRYBB1","rs12038725","chr1",47166279,"A","G",-0.0599,0.013356,0.10731,{"v":7.293e-06,"d":"7.29E-06"},35366,true,"reported","textfile",0.000568418167734309,20.1129726628248]
["17751_68_CRYBB1_CRBB1","CRYBB1","rs9297523","chr8",114226145,"C","T",0.0379,0.00837,0.39268,{"v":5.946e-06,"d":"5.95E-06"},35349,true,"reported","textfile",0.000579693646915206,20.502316400076]
["17757_86_CAB39_CAB39","CAB39","rs12734505","chr1",98162345,"G","A",0.0446,0.009504,0.23417,{"v":2.694E-6,"d":"2.69E-06"},35360,true,"reported","textfile",0.000622406635285712,22.0207596773694]
["17758_79_DCXR_DCXR","DCXR","rs71502005","chr10",53024270,"T","C",0.1622,0.036045,0.01225,{"v":6.796e-06,"d":"6.80E-06"},35352,true,"reported","textfile",0.000572465029576189,20.2482301992182]
["17764_108_RHOC_RHOC","RHOC","rs912888","chr10",103553473,"T","C",-0.0367,0.008258,0.43328,{"v":8.834e-06,"d":"8.83E-06"},35370,true,"reported","textfile",0.000558090806252613,19.7495776932804]
["17766_5_NCF1_NCF_1","NCF1","rs9844652","chr3",195859718,"A","C",0.0509,0.010979,0.1706,{"v":3.552E-6,"d":"3.55E-06"},35204,true,"reported","textfile",0.000610172887998549,21.4924200953646]
["17768_50_HAO1_HAOX1","HAO1","rs13379369","chr14",105863077,"G","A",-0.064,0.011306,0.15348,{"v":1.508E-8,"d":"1.51E-08"},34966,true,"reported","textfile",0.00091558404754017,32.0418176152572]
["17771_35_CRCP_RPC9","CRCP","rs9266766","chr6",31383898,"C","G",0.062,0.01225,0.11905,{"v":4.165E-7,"d":"4.17E-07"},35440,true,"reported","textfile",0.000722276848114611,25.6145477382919]
["17773_26_NAPG_SNAG","NAPG","rs10922098","chr1",196695521,"T","C",-0.0474,0.0083,0.40011,{"v":1.122e-08,"d":"1.12E-08"},35338,true,"reported","textfile",9.22057284152819E-4,32.6118862200632]
["17775_8_TAGLN3_TAGL3","TAGLN3","rs2738119","chr8",6925195,"C","G",0.04,0.009037,0.25149,{"v":9.595e-06,"d":"9.60E-06"},35392,true,"reported","textfile",5.53255793467054E-4,19.5905611222372]
["17781_191_MAP1LC3A_MLP3A","MAP1LC3A","rs10878645","chr12",67711948,"C","T",-0.0488,0.008226,0.49581,{"v":2.987e-09,"d":"2.99E-09"},35363,true,"reported","textfile",0.000994216885811673,35.1914912740481]
["17781_191_MAP1LC3A_MLP3A","MAP1LC3A","rs1354034","chr3",56815721,"C","T",0.219,8.404E-3,0.38119,{"v":1.084e-149,"d":"1.08E-149"},35356,true,"reported","textfile",0.0188447656958251,679.034084634618]
["17784_23_GMFB_GMFB","GMFB","rs10830463","chr11",90260136,"TAA","TTA",0.049,0.010668,0.15895,{"v":4.363e-06,"d":"4.36E-06"},35345,true,"reported","textfile",0.000596539229619149,21.0960706261489]
["17786_5_GGPS1_GGPPS","GGPS1","rs34871842","chr19",57841635,"A","G",0.0661,0.014745,0.08027,{"v":7.366e-06,"d":"7.37E-06"},35164,true,"reported","textfile",0.000571172074653564,20.0950302090634]
["17792_158_ALDH5A1_SSDH","ALDH5A1","rs73186684","chr13",46011166,"T","C",-0.8628,0.026756,0.02376,{"v":1e-200,"d":"1.00E-200"},35361,true,"reported","textfile",0.0285671008211214,1039.80843019404]
["17795_176_LSM1_LSM1","LSM1","rs142077449","chr20",63266676,"A","G",0.1716,0.036906,0.01181,{"v":3.325e-06,"d":"3.33E-06"},35309,true,"reported","textfile",0.000611912553204947,21.6180248567924]
["17796_15_IMPA1_IMPA1","IMPA1","rs11906988","chr20",38383368,"G","T",-0.3283,0.037416,0.01085,{"v":1.721e-18,"d":"1.72E-18"},35372,true,"reported","textfile",0.00217181686620582,76.9843584858936]
["17802_4_NANS_SIAS","NANS","rs115578936","chr1",85843353,"C","T",-0.0789,0.016796,0.06041,{"v":2.633E-6,"d":"2.63E-06"},35335,true,"reported","textfile",0.000624117045072729,22.0656991324948]
["17804_102_PNPO_PNPO","PNPO","rs704","chr17",28367840,"A","G",0.1559,0.008036,0.49189,{"v":7.649e-84,"d":"7.65E-84"},35360,true,"reported","textfile",0.0105317845442327,376.346437508812]
["17806_6_SDCBP_Syntenin_1","SDCBP","rs115959678","chr6",31358303,"C","T",0.0633,0.013231,0.1029,{"v":1.717E-6,"d":"1.72E-06"},35440,true,"reported","textfile",0.000645428251826639,22.8874586006258]
["17812_2_PTP4A1_TP4A1","PTP4A1","rs115880416","chr2",23807634,"A","G",0.1401,0.030497,0.01667,{"v":4.352E-6,"d":"4.35E-06"},35370,true,"reported","textfile",0.000596304274262378,21.1026731863312]
["17813_21_BPHL_BPHL","BPHL","rs45555839","chr10",16509918,"GTGAGTTTTTTT","TTGAGTTTTTTT",0.0703,0.015099,0.07367,{"v":3.225E-6,"d":"3.23E-06"},35365,true,"reported","textfile",0.000612596468139655,21.6765278672356]
["17817_22_DDIT4_DDIT4","DDIT4","rs1555405","chr14",100710432,"A","G",-0.0413,0.008689,0.30381,{"v":2.002e-06,"d":"2.00E-06"},35380,true,"reported","textfile",0.000638153925533865,22.5910261295435]
["17820_170_MLF1_MLF1","MLF1","rs117118318","chr12",118411273,"C","T",-0.1328,0.029732,0.01942,{"v":7.951e-06,"d":"7.95E-06"},35374,true,"reported","textfile",0.000563662141027368,19.9491018058555]
["17820_170_MLF1_MLF1","MLF1","rs73169103","chr3",167190675,"T","C",0.1161,0.021701,0.03563,{"v":8.797E-8,"d":"8.80E-08"},35354,true,"reported","textfile",0.000808937425912053,28.6207082428967]
["18158_45_CASP8_Caspase_8","CASP8","rs9501393","chr6",32007072,"GGAG","CGAG",0.1071,0.010675,0.1548,{"v":1.092E-23,"d":"1.09E-23"},35440,true,"reported","textfile",0.00283215960850889,100.651132277726]
["18173_11_AKR7A3_ARK73","AKR7A3","rs9793028","chr1",18868786,"A","G",-0.0653,0.008349,0.41804,{"v":5.229e-15,"d":"5.23E-15"},35379,true,"reported","textfile",1.72608274566557E-3,61.1692124155274]
["18197_97_CKMT2_KCRS","CKMT2","rs572515","chr1",196677131,"G","A",-0.1614,0.008055,0.3973,{"v":2.667E-89,"d":"2.67E-89"},35338,true,"reported","textfile",0.0112338237664547,401.468422113261]
["18216_22_IL11RA_IL_11_RA","IL11RA","rs77542162","chr17",69085137,"G","A",0.1882,0.025685,0.025,{"v":2.351e-13,"d":"2.35E-13"},35371,true,"reported","textfile",1.51556322908007E-3,53.6853193452741]
["18240_6_OMP_OMP","OMP","rs34927613","chr6",32632434,"A","G",0.0545,0.008674,0.29339,{"v":3.325e-10,"d":"3.33E-10"},35439,true,"reported","textfile",1.11272844287961E-3,39.4756835462088]
["18259_15_MEOX2_MEOX2","MEOX2","rs113448098","chr12",6990916,"CAAA","CA",-0.0944,0.015425,0.07403,{"v":9.355e-10,"d":"9.36E-10"},35380,true,"reported","textfile",1.05749009805507E-3,37.4514892680507]
["18289_16_CCL15_MIP_5","CCL15","rs4795104","chr17",35960396,"T","A",0.731,0.022465,0.0324,{"v":1e-200,"d":"1.00E-200"},35366,true,"reported","textfile",0.0290686257406256,1058.75956627278]
["18291_8_CDKN1A_p21","CDKN1A","rs236448","chr6",36735318,"C","A",0.0385,0.008454,0.35879,{"v":5.268e-06,"d":"5.27E-06"},35356,true,"reported","textfile",0.000586245023572835,20.7382642676184]
["18297_8_MRAS_RASM","MRAS","rs12510059","chr4",123647046,"C","T",0.0669,0.014784,0.07858,{"v":6.031e-06,"d":"6.03E-06"},35350,true,"reported","textfile",0.000578931805971195,20.4759356478734]
["18299_13_CAPNS1_CPNS1","CAPNS1","rs7990738","chr13",109726895,"G","A",0.0615,0.013776,0.09399,{"v":8.028E-6,"d":"8.03E-06"},35364,true,"reported","textfile",0.000563245717052532,19.9287198124924]
["18302_204_ZWILCH_ZWILC","ZWILCH","rs145439832","chr1",195058235,"A","T",-0.1076,0.021295,0.03851,{"v":4.352e-07,"d":"4.35E-07"},35343,true,"reported","textfile",7.21858759164816E-4,25.5296392013196]
["18304_19_BCCIP_BCCIP","BCCIP","rs10091911","chr8",3114228,"A","C",0.0479,0.010476,0.17924,{"v":4.821e-06,"d":"4.82E-06"},35347,true,"reported","textfile",0.000591113249983921,20.9052551940212]
["18306_1_PALM_PALM","PALM","rs186543333","chr2",50730270,"A","T",-0.122,0.027512,0.0212,{"v":9.231e-06,"d":"9.23E-06"},35346,true,"reported","textfile",0.000556023973879091,19.6630444569001]
["18309_18_CS_CISY","CS","rs11728892","chr4",25620389,"C","T",0.051,0.01139,0.13928,{"v":7.542E-6,"d":"7.54E-06"},35349,true,"reported","textfile",0.000566851788493917,20.0478743413204]
["18313_4_ASRGL1_Asparaginase_like_protein_1","ASRGL1","rs113174841","chr11",62040468,"AAAATAAAATAAATAAATAAATAAATAAATA","AAAATAAAATAAATAAATAAATAAATA",-0.061,8.482E-3,0.34137,{"v":6.392e-13,"d":"6.39E-13"},35366,true,"reported","textfile",1.46030148480542E-3,51.7176250332857]
["18315_38_RTP4_RTP4","RTP4","rs11772735","chr7",29643189,"A","G",-0.0795,0.017003,0.05839,{"v":2.931E-6,"d":"2.93E-06"},35370,true,"reported","textfile",0.000617703041768525,21.8604244319352]
["18321_38_MTHFD2_MTDC","MTHFD2","rs447673","chr19",11772340,"A","G",-0.0504,0.007995,0.45592,{"v":2.905e-10,"d":"2.91E-10"},35381,true,"reported","textfile",0.00112193193685482,39.737412666345]
["18322_15_JMJD6_JMJD6","JMJD6","rs35737793","chr11",130025133,"T","C",0.0978,0.022099,0.0348,{"v":9.621e-06,"d":"9.62E-06"},35370,true,"reported","textfile",0.000553422728221775,19.5842934448563]
["18326_50_MAGEA8_MAGA8","MAGEA8","rs114938707","chr2",71142077,"A","G",0.1378,0.02986,0.01806,{"v":3.933e-06,"d":"3.93E-06"},35353,true,"reported","textfile",0.000602047850718762,21.2958146702105]
["18329_4_PRPS2_PRPS2","PRPS2","rs12943565","chr17",5774444,"A","G",0.1029,0.022684,0.03199,{"v":5.726e-06,"d":"5.73E-06"},35375,true,"reported","textfile",0.000581356416866567,20.5762826877969]
["18330_7_PGM2_PGM2","PGM2","rs72898977","chr2",185238899,"T","C",0.0614,0.013005,0.103,{"v":2.345E-6,"d":"2.35E-06"},35362,true,"reported","textfile",0.000629949215937788,22.2890452421345]
["18339_207_PSMB3_PSB3","PSMB3","rs17881620","chr11",102532522,"C","T",0.0408,8.907E-3,0.29119,{"v":4.64e-06,"d":"4.64E-06"},35364,true,"reported","textfile",0.000592977802455696,20.9813225089523]
["18339_207_PSMB3_PSB3","PSMB3","rs211161","chr6",96614917,"G","T",0.1456,0.031756,0.01526,{"v":4.542e-06,"d":"4.54E-06"},35343,true,"reported","textfile",0.00059444203606293,21.0206715673059]
["18343_10_DECR2_DECR2","DECR2","rs10822155","chr10",63311455,"A","C",0.0564,8.267E-3,0.43479,{"v":8.972e-12,"d":"8.97E-12"},35351,true,"reported","textfile",1.31488933923618E-3,46.5412198064181]
["18373_13_RDX_Radixin","RDX","rs12734505","chr1",98162345,"G","A",0.0427,0.009552,0.23417,{"v":7.804e-06,"d":"7.80E-06"},35360,true,"reported","textfile",0.000564819261911782,19.9821657748011]
["18376_19_MYL3_Myosin_light_chain_1","MYL3","rs76176299","chr17",13826756,"G","A",0.1206,0.025388,0.02793,{"v":2.032e-06,"d":"2.03E-06"},35364,true,"reported","textfile",0.000637674760112822,22.5638432604479]
["18381_16_ALDH2_ALDH_E2","ALDH2","rs134551","chr22",28411637,"T","C",-0.0412,0.008322,0.38743,{"v":7.392e-07,"d":"7.39E-07"},35380,true,"reported","textfile",0.000692277830548566,24.5083716915321]
["18382_109_COMT_Catechol_O_methyltransferase","COMT","rs61984231","chr14",105605363,"G","C",0.1418,0.027784,0.02276,{"v":3.333E-7,"d":"3.33E-07"},35098,true,"reported","textfile",0.000741580612998897,26.0458282751076]
["18386_36_GLRX_GLRX1","GLRX","rs116549224","chr5",44690498,"C","T",-0.1669,0.036339,0.01207,{"v":4.371e-06,"d":"4.37E-06"},35360,true,"reported","textfile",0.000596204799011369,21.0931851416519]
["18392_19_MAT2B_MAT2B","MAT2B","rs13054124","chr22",46673452,"A","G",0.1043,0.020355,0.04186,{"v":2.991e-07,"d":"2.99E-07"},35369,true,"reported","textfile",0.00074179063695571,26.2543847139724]
["18395_5_ADPRH_ADPRH","ADPRH","rs6504179","chr17",63735635,"G","T",-0.0421,8.456E-3,0.33465,{"v":6.396e-07,"d":"6.40E-07"},35368,true,"reported","textfile",0.000700356999507893,24.7861848226278]
["18398_1_AKR1D1_AK1D1","AKR1D1","rs114742442","chr2",12077577,"A","C",-0.0955,0.019473,0.04409,{"v":9.374e-07,"d":"9.37E-07"},35372,true,"reported","textfile",0.000679494894498186,24.0500763224742]
["18401_18_ALKBH3_ALKB3","ALKBH3","rs1354034","chr3",56815721,"C","T",0.0562,0.008451,0.38119,{"v":2.928e-11,"d":"2.93E-11"},35356,true,"reported","textfile",0.00124925305343708,44.2213360903524]
["18402_1_AMMECR1L_AMERL","AMMECR1L","rs1704352","chr15",41989607,"T","C",-0.0627,0.013813,0.09192,{"v":5.643E-6,"d":"5.64E-06"},35360,true,"reported","textfile",0.000582363048756743,20.6031912151911]
["18404_22_ANKRD54_ANR54","ANKRD54","rs3936069","chr1",203310791,"A","C",-0.1085,0.023663,0.02955,{"v":4.535e-06,"d":"4.54E-06"},35368,true,"reported","textfile",0.00059408868502534,21.0230299788415]
["18408_26_ARF4_ARF4","ARF4","rs62622492","chr3",57446218,"C","T",0.1087,0.016572,0.06482,{"v":5.403E-11,"d":"5.40E-11"},35359,true,"reported","textfile",1.21529342598484E-3,43.0214133033102]
["18410_26_ARL14_ARL14","ARL14","rs3778620","chr6",30106240,"G","A",-0.0781,0.01637,0.06185,{"v":1.835E-6,"d":"1.84E-06"},35446,true,"reported","textfile",0.000641739368313346,22.7604164257578]
["18415_16_ARL6_ARL6","ARL6","rs10922094","chr1",196692375,"CATTA","GATTA",-0.043,0.008119,0.40155,{"v":1.181e-07,"d":"1.18E-07"},35339,true,"reported","textfile",0.000793109209284179,28.0483455296197]
["18415_16_ARL6_ARL6","ARL6","rs144753277","chr4",155157722,"A","G",-0.1421,0.031208,0.01641,{"v":5.279e-06,"d":"5.28E-06"},35370,true,"reported","textfile",5.8582341611879E-4,20.7315476073301]
["18419_20_ARPC5_p16_ARC","ARPC5","rs138244181","chr5",99113354,"ACAAAACAAAACAAAACAAAACAAACAA","ACAAAACAAAACAAACAA",0.0809,0.017576,0.05273,{"v":4.169e-06,"d":"4.17E-06"},35345,true,"reported","textfile",0.000599057795449625,21.1851908182839]
["18422_41_MVD_ERG19","MVD","rs1354034","chr3",56815721,"C","T",0.0372,0.008081,0.38119,{"v":4.152e-06,"d":"4.15E-06"},35356,true,"reported","textfile",0.000599007578995992,21.1900069225699]
["18434_141_TBPL1_TBPL1","TBPL1","rs140770261","chr8",9178683,"A","G",0.1103,0.018645,0.04931,{"v":3.305e-09,"d":"3.31E-09"},35383,true,"reported","textfile",0.000988103089445568,34.9946537331414]
["18458_4_PTGES2_PGES2","PTGES2","rs117848237","chr17",11840633,"T","A",-0.1107,0.024809,0.02741,{"v":8.114e-06,"d":"8.11E-06"},35364,true,"reported","textfile",0.000562692204816969,19.9091244558737]
["18483_36_RABIF_MSS4","RABIF","rs139676448","chr3",71209973,"C","G",-0.1528,0.031286,0.01713,{"v":1.04E-6,"d":"1.04E-06"},35351,true,"reported","textfile",0.000674298168827278,23.8518492281331]
["18819_21_PPIC_PPIC","PPIC","rs466059","chr5",696321,"G","C",-0.0403,0.008679,0.33271,{"v":3.43e-06,"d":"3.43E-06"},35278,true,"reported","textfile",0.000610803349675108,21.5598678026115]
["18830_1_ITLN1_Omentin","ITLN1","rs115553471","chr1",7597916,"T","C",0.0793,0.017794,0.05858,{"v":8.328e-06,"d":"8.33E-06"},35383,true,"reported","textfile",0.000560997393307816,19.8597900630809]
["18830_1_ITLN1_Omentin","ITLN1","rs117078600","chr7",155272447,"C","A",0.0712,0.016055,0.072,{"v":9.212e-06,"d":"9.21E-06"},35351,true,"reported","textfile",5.56027302525363E-4,19.6659439187178]
["18832_65_SAA2_SAA2","SAA2","rs856557","chr7",46718706,"AAA","AAT",0.0457,0.009713,0.22442,{"v":2.536e-06,"d":"2.54E-06"},35346,true,"reported","textfile",0.000625912225231829,22.1360969422889]
["18837_9_SGTB_SGTB","SGTB","rs5816953","chr16",54488040,"TAA","TA",-0.0562,0.011479,0.13814,{"v":9.795e-07,"d":"9.80E-07"},35368,true,"reported","textfile",0.000677266796604397,23.9684505644445]
["18840_205_SH2D1B_SH21B","SH2D1B","rs7774739","chr6",32041524,"G","A",0.088,0.011081,0.17585,{"v":1.994e-15,"d":"1.99E-15"},35437,true,"reported","textfile",1.77655334419541E-3,63.0642046752793]
["18842_24_UBE2D2_UB2D2","UBE2D2","rs1332339","chr9",25956933,"C","T",0.059,0.013314,0.09825,{"v":9.357e-06,"d":"9.36E-06"},35358,true,"reported","textfile",0.000555083208663385,19.6364217735073]
["18860_2_CAMKK1_CaMKK_alpha","CAMKK1","rs10922098","chr1",196695521,"T","C",-0.0477,0.008027,0.40011,{"v":2.802E-9,"d":"2.80E-09"},35338,true,"reported","textfile",9.98284894260485E-4,35.3106451072056]
["18864_7_PRSS3_TRY3","PRSS3","rs12433022","chr14",103721020,"C","T",-0.059,0.012851,0.10408,{"v":4.411e-06,"d":"4.41E-06"},35234,true,"reported","textfile",0.000597872386965657,21.0768411989313]
["18864_7_PRSS3_TRY3","PRSS3","rs17032925","chr2",67039351,"C","T",-0.0736,0.014399,0.08221,{"v":3.196e-07,"d":"3.20E-07"},35359,true,"reported","textfile",0.000738363475787838,26.125607607871]
["18866_8_PPP3R2_CANB2","PPP3R2","rs17732416","chr9",21638408,"T","C",-0.0961,0.019952,0.04293,{"v":1.46E-6,"d":"1.46E-06"},35353,true,"reported","textfile",0.000655786892173173,23.1979353271269]
["18871_24_AIF1L_AIF1L","AIF1L","rs33112","chr3",22880810,"G","A",-0.0379,0.00841,0.43125,{"v":6.59e-06,"d":"6.59E-06"},35362,true,"reported","textfile",0.000573984624007298,20.3077526426631]
["18873_8_CEACAM8_CEAM8","CEACAM8","rs114641762","chr17",44339796,"A","C",-0.1177,0.012586,0.12391,{"v":8.635e-21,"d":"8.64E-21"},35369,true,"reported","textfile",0.00246650600228855,87.4486103051485]
["18875_125_COL2A1_Chondrocalcin","COL2A1","rs554435","chr12",30823526,"A","G",0.0416,0.008429,0.34033,{"v":7.994e-07,"d":"7.99E-07"},35354,true,"reported","textfile",0.000688488810090548,24.356225402967]
["18876_77_CHST4_CHST4","CHST4","rs28650012","chr16",80463444,"C","G",0.0432,0.009046,0.27011,{"v":1.793E-6,"d":"1.79E-06"},35379,true,"reported","textfile",0.000644212141327844,22.8049841714412]
["18877_15_CNN2_CNN2","CNN2","rs117848237","chr17",11840633,"T","A",-0.1179,0.02444,0.02741,{"v":1.406E-6,"d":"1.41E-06"},35364,true,"reported","textfile",0.000657624717760383,23.2702283467914]
["18880_81_COL3A1_Collagen_Type_III","COL3A1","rs35139284","chr6",32593593,"TTTTTG","CTTTTG",0.0558,0.009412,0.27431,{"v":3.054E-9,"d":"3.05E-09"},35439,true,"reported","textfile",0.000990815024179936,35.1463355291516]
["18882_7_CLSTN2_CSTN2","CLSTN2","rs3770589","chr2",168980818,"T","C",-0.036,0.008136,0.42875,{"v":9.658e-06,"d":"9.66E-06"},35358,true,"reported","textfile",0.000553420211953654,19.5775596310339]
["18884_22_DNAJB4_DNJB4","DNAJB4","rs4962034","chr9",132991261,"G","C",-0.0415,8.175E-3,0.40527,{"v":3.843e-07,"d":"3.84E-07"},35366,true,"reported","textfile",0.000728145857743182,25.7689136409561]
["18890_227_FGB_Fibrinogen_B","FGB","rs12478841","chr2",27588855,"G","A",0.053,0.009751,0.21569,{"v":5.471e-08,"d":"5.47E-08"},35373,true,"reported","textfile",0.000834485833485743,29.5412501709954]
["18890_227_FGB_Fibrinogen_B","FGB","rs1916675","chr9",104484123,"G","A",0.0404,0.008798,0.30309,{"v":4.394e-06,"d":"4.39E-06"},35363,true,"reported","textfile",5.95918451393259E-4,21.0848372032511]
["18895_54_GSTM4_GSTM4","GSTM4","rs115929572","chr1",109703431,"A","G",0.6879,0.012108,0.07202,{"v":1e-200,"d":"1.00E-200"},35343,true,"reported","textfile",0.0836849221593026,3227.61122844481]
["18896_23_HS6ST3_H6ST3","HS6ST3","rs144163075","chr17",7857256,"T","C",0.1976,0.037006,0.01124,{"v":9.314e-08,"d":"9.31E-08"},35374,true,"reported","textfile",0.000805370117201159,28.5105133010782]
["18900_37_HRAS_H_ras__WT_","HRAS","rs2274933","chr20",62322432,"A","G",0.0556,0.01084,0.16911,{"v":2.914e-07,"d":"2.91E-07"},35337,true,"reported","textfile",0.000743940381020619,26.3067039827479]
["18905_5_KRT16_Keratin_16","KRT16","rs143592868","chr2",128092321,"CTTATTTATTTAT","C",-0.04,0.008158,0.36118,{"v":9.434e-07,"d":"9.43E-07"},35366,true,"reported","textfile",0.000679315485678808,24.0396433375347]
["18907_97_KIR3DL1_KI3L1","KIR3DL1","rs34299602","chr2",6521729,"T","C",0.0673,0.014833,0.08125,{"v":5.7e-06,"d":"5.70E-06"},35379,true,"reported","textfile",5.81532447595021E-4,20.5848441533729]
["18914_188_PAFAH2_PAFA2","PAFAH2","rs2005446","chr18",74375752,"C","A",-0.0353,0.007936,0.47661,{"v":8.672e-06,"d":"8.67E-06"},35377,true,"reported","textfile",0.000558961980357282,19.7843387483057]
["18917_53_AMY2A_Pancreatic_alpha_amylase","AMY2A","rs114225232","chr6",41214696,"A","G",0.1315,0.027662,0.02146,{"v":1.996E-6,"d":"2.00E-06"},35375,true,"reported","textfile",0.000638425976932672,22.5974688931937]
["18918_86_PDE4A_PDE4A","PDE4A","rs67022228","chr14",100724670,"T","A",-0.0384,0.00856,0.31782,{"v":7.253e-06,"d":"7.25E-06"},35380,true,"reported","textfile",5.68473383972534E-4,20.1228907059552]
["18925_24_PSMA5_Proteasome_subunit_alpha_type_5","PSMA5","rs9332701","chr1",169515529,"G","A",-0.3935,0.015598,0.07189,{"v":1.982e-140,"d":"1.98E-140"},35364,true,"reported","textfile",0.0176784398659072,636.395469578084]
["18925_24_PSMA5_Proteasome_subunit_alpha_type_5","PSMA5","rs9266557","chr6",31374431,"C","G",-0.0782,0.009675,0.2305,{"v":6.319e-16,"d":"6.32E-16"},35440,true,"reported","textfile",0.00184000078062317,65.3261478267201]
["18927_14_RAET1G_RET1G","RAET1G","rs9276606","chr6",32768918,"T","A",0.0527,0.008906,0.28354,{"v":3.269e-09,"d":"3.27E-09"},35438,true,"reported","textfile",0.000987092255605092,35.0131623910625]
["18932_84_NMNAT1_NMNA1","NMNAT1","rs2920328","chr18",30537619,"A","G",-0.0546,0.011555,0.13146,{"v":2.297e-06,"d":"2.30E-06"},35345,true,"reported","textfile",6.3131068294345E-4,22.3265084305554]
["18933_4_TGM4_TGM4","TGM4","rs12438197","chr15",46325898,"A","G",-0.0386,0.008555,0.31206,{"v":6.421E-6,"d":"6.42E-06"},35359,true,"reported","textfile",0.000575419577798018,20.3568237271189]
["18938_3_VLDLR_VLDLR","VLDLR","rs76418562","chr1",152992823,"AAAAAAAAAACGC","AAAAAAAAACGC",-0.1271,0.025626,0.02609,{"v":7.053e-07,"d":"7.05E-07"},35362,true,"reported","textfile",0.000695169363826322,24.5982886815927]
["18938_3_VLDLR_VLDLR","VLDLR","rs2161196","chr5",115304767,"C","T",-0.0701,0.014428,0.08129,{"v":1.182e-06,"d":"1.18E-06"},35350,true,"reported","textfile",0.000667335815049377,23.60473867789]
["18945_11_RGS1_RGS1","RGS1","rs4864552","chr4",55681245,"A","C",-0.0427,0.009047,0.25465,{"v":2.358e-06,"d":"2.36E-06"},35358,true,"reported","textfile",0.000629629904803827,22.2752200589293]
["19108_50_MECP2_MECP2","MECP2","rs3129773","chr6",32634153,"C","T",0.0408,0.00772,0.49195,{"v":1.257e-07,"d":"1.26E-07"},35439,true,"reported","textfile",0.00078752095028836,27.9293748832176]
["19109_32_TCEAL8_TCAL8","TCEAL8","rs9501393","chr6",32007072,"GGAG","CGAG",0.0921,0.010502,0.1548,{"v":1.784e-18,"d":"1.78E-18"},35440,true,"reported","textfile",0.0021654096812842,76.9043176392982]
["19112_2_TCEAL3_TCAL3","TCEAL3","rs113800836","chr18",14374735,"A","G",0.0767,0.017071,0.05697,{"v":7.025e-06,"d":"7.03E-06"},35340,true,"reported","textfile",0.000570897642417961,20.1859049733253]
["19117_3_PPP1R14A_PP14A","PPP1R14A","rs77856404","chr19",38046353,"T","C",-0.0825,0.012906,0.11019,{"v":1.634E-10,"d":"1.63E-10"},35375,true,"reported","textfile",0.00115378995363971,40.8601560676726]
["19117_3_PPP1R14A_PP14A","PPP1R14A","rs77952879","chr8",102623817,"C","G",-0.0692,0.014913,0.07917,{"v":3.482e-06,"d":"3.48E-06"},35361,true,"reported","textfile",0.000608545767809954,21.5306722034397]
["19122_47_MYL12B_ML12B","MYL12B","rs76114160","chr1",195619881,"CT","CA",0.0835,0.017088,0.0555,{"v":1.027e-06,"d":"1.03E-06"},35337,true,"reported","textfile",0.00067525443525947,23.8762380055039]
["19122_47_MYL12B_ML12B","MYL12B","rs342200","chr7",106676033,"A","G",-0.043,0.007972,0.42559,{"v":6.885e-08,"d":"6.89E-08"},35357,true,"reported","textfile",0.000822185295239244,29.0922803582991]
["19125_26_PRKAR2A_KAP2","PRKAR2A","rs11071043","chr15",54111392,"G","A",0.0362,0.007921,0.46818,{"v":4.878e-06,"d":"4.88E-06"},35364,true,"reported","textfile",0.000590254507989827,20.8849073222322]
["19127_1_HSPB6_HSPB6","HSPB6","rs58831996","chr9",95429441,"A","G",-0.0584,0.012897,0.11967,{"v":5.949e-06,"d":"5.95E-06"},35345,true,"reported","textfile",0.000579786951795528,20.503297781832]
["19129_15_MTHFSD_MTHFSD","MTHFSD","rs77265585","chr9",4764332,"C","G",0.0514,0.011584,0.14219,{"v":9.117e-06,"d":"9.12E-06"},35374,true,"reported","textfile",0.000556267027253021,19.6872286441466]
["19134_66_POLR2K_RPAB4","POLR2K","rs9882865","chr3",6896321,"G","A",0.0393,0.008777,0.30848,{"v":7.542E-6,"d":"7.54E-06"},35357,true,"reported","textfile",0.000566723603288113,20.0478745979817]
["19136_22_ALDH6A1_MMSA","ALDH6A1","rs76716014","chr4",184994465,"C","G",-0.1015,0.022822,0.03008,{"v":8.69e-06,"d":"8.69E-06"},35388,true,"reported","textfile",0.000558632225708749,19.778809019034]
["19143_38_CYB5R2_NB5R2","CYB5R2","rs114104063","chr16",73900581,"A","G",0.1679,0.037504,0.01245,{"v":7.575e-06,"d":"7.58E-06"},35369,true,"reported","textfile",0.000566340217336548,20.0411045500482]
["19147_6_LGALS13_PP13","LGALS13","rs73199000","chr7",110952157,"G","A",0.0665,0.01489,0.07636,{"v":7.97e-06,"d":"7.97E-06"},35364,true,"reported","textfile",0.00056369947793885,19.944783803091]
["19148_58_TIMM8A_TIM8A","TIMM8A","rs72673751","chr8",105566712,"C","T",-0.0631,0.011367,0.14705,{"v":2.838E-8,"d":"2.84E-08"},35365,true,"reported","textfile",0.000870592813280533,30.8135997545371]
["19154_41_SERPINE2_Protease_nexin_I","SERPINE2","rs35959307","chr15",101409579,"CGTCTCAAAA","CGTCTC",-0.0612,0.013123,0.11266,{"v":3.108e-06,"d":"3.11E-06"},35309,true,"reported","textfile",0.000615578926404379,21.7476325388495]
["19163_26_LRRC59_LRC59","LRRC59","rs181459412","chr1",25656136,"T","C",0.0844,0.018261,0.04696,{"v":3.802e-06,"d":"3.80E-06"},35368,true,"reported","textfile",0.000603619207430825,21.3604904923399]
["19163_26_LRRC59_LRC59","LRRC59","rs342200","chr7",106676033,"A","G",-0.0413,0.007914,0.42559,{"v":1.8E-7,"d":"1.80E-07"},35357,true,"reported","textfile",0.000769658758124108,27.232244929291]
["19169_88_FIBP_FIBP","FIBP","rs10044245","chr5",26317636,"G","A",-0.0568,0.011605,0.13959,{"v":9.859e-07,"d":"9.86E-07"},35365,true,"reported","textfile",0.000676922011625738,23.9542082279415]
["19170_25_POLE3_DPOE3","POLE3","rs3863087","chr3",165792099,"A","G",-0.0838,0.013651,0.09559,{"v":8.323e-10,"d":"8.32E-10"},35338,true,"reported","textfile",1.06525665452929E-3,37.6820501991781]
["19175_18_MARCKSL1_MARCKSL1","MARCKSL1","rs77042931","chr19",52236798,"A","T",0.1541,0.027578,0.022,{"v":2.3e-08,"d":"2.30E-08"},35384,true,"reported","textfile",0.00088163689755047,31.221602826183]
["19183_164_RPL12_RL12","RPL12","rs62210515","chr20",36444351,"G","A",-0.0747,0.01558,0.07176,{"v":1.629E-6,"d":"1.63E-06"},35366,true,"reported","textfile",0.000649588234282477,22.9869703826679]
["19187_21_STAMBP_STABP","STAMBP","rs114507848","chr2",72522162,"T","C",-0.3091,0.039865,0.01072,{"v":8.929e-15,"d":"8.93E-15"},35353,true,"reported","textfile",0.00169765833415323,60.1159761585922]
["19190_4_UBE2L6_UB2L6","UBE2L6","rs143456038","chr6",170496875,"C","G",0.0873,0.019528,0.04199,{"v":7.801e-06,"d":"7.80E-06"},34959,true,"reported","textfile",0.000571354623800521,19.9842616845115]
["19193_18_VBP1_PFD3","VBP1","rs143370251","chr5",41208584,"C","T",0.3411,0.014985,0.07902,{"v":1.088E-114,"d":"1.09E-114"},35357,true,"reported","textfile",0.0144429630084048,518.114059355558]
["19196_73_HOPX_HOP","HOPX","rs10922098","chr1",196695521,"T","C",-0.1049,0.008017,0.40011,{"v":3.995E-39,"d":"4.00E-39"},35338,true,"reported","textfile",0.00482154481873111,171.199554037421]
["19199_3_POLR2J_RPB11","POLR2J","rs10986740","chr9",98558300,"A","G",-0.037,0.008199,0.35196,{"v":6.4e-06,"d":"6.40E-06"},35350,true,"reported","textfile",5.75760856058099E-4,20.3637193724401]
["19202_10_BTK_BTK","BTK","rs35340377","chr1",247874908,"A","G",-0.0458,0.009387,0.25094,{"v":1.067e-06,"d":"1.07E-06"},35156,true,"reported","textfile",0.000676680850114484,23.8041464149569]
["19208_8_ACVR2A_Activin_RIIA","ACVR2A","rs114009540","chr1",196158413,"A","G",-0.1089,0.021633,0.03606,{"v":4.806E-7,"d":"4.81E-07"},35337,true,"reported","textfile",0.000716607340109056,25.3394788192699]
["19213_1_SPINK4_ISK4","SPINK4","rs2072114","chr11",61837743,"G","A",-0.048,0.01055,0.17469,{"v":5.369e-06,"d":"5.37E-06"},35367,true,"reported","textfile",0.000584958713254132,20.6991730558686]
["19213_1_SPINK4_ISK4","SPINK4","rs3750395","chr9",34503452,"TGAA","TGAG",0.0501,0.009526,0.22981,{"v":1.446e-07,"d":"1.45E-07"},35350,true,"reported","textfile",0.000781853153062524,27.6585701947701]
["19223_6_RAB1A_RAB1A","RAB1A","rs1706097","chr18",1043071,"T","G",-0.0364,0.008093,0.40701,{"v":6.872e-06,"d":"6.87E-06"},35332,true,"reported","textfile",0.000572225067996102,20.2282867850833]
["19224_5_EIF1AY_IF1AY","EIF1AY","rs6065035","chr20",61043233,"T","C",-0.1148,0.025925,0.02517,{"v":9.503e-06,"d":"9.50E-06"},35361,true,"reported","textfile",0.000554218408688296,19.6074755366998]
["19228_11_BAG2_BAG_2","BAG2","rs76148445","chr3",113823296,"C","T",0.1121,0.023305,0.03183,{"v":1.509e-06,"d":"1.51E-06"},35366,true,"reported","textfile",0.000653797167469954,23.1360092877464]
["19233_75_ATOX1_ATOX1","ATOX1","rs144398167","chr6",97002476,"C","T",-0.1291,0.0285,0.01991,{"v":5.904e-06,"d":"5.90E-06"},35343,true,"reported","textfile",0.000580239494177516,20.5181494043595]
["19236_24_SUB1_TCP4","SUB1","rs1118614","chr3",145917713,"C","G",0.0403,0.008774,0.30878,{"v":4.365e-06,"d":"4.37E-06"},35353,true,"reported","textfile",0.000596388792219493,21.0955213262363]
["19239_5_ARF1_ARF1","ARF1","rs10850001","chr12",112115226,"ATA","ATT",0.04,0.008177,0.37904,{"v":9.993e-07,"d":"9.99E-07"},35370,true,"reported","textfile",0.000676087967500117,23.9280567057686]
["19240_265_PDAP1_HAP28","PDAP1","rs11676298","chr2",226427015,"G","C",0.0446,0.00997,0.21251,{"v":7.693e-06,"d":"7.69E-06"},35358,true,"reported","textfile",0.000565647643477546,20.0103568940144]
["19242_21_PFDN1_PFD1","PFDN1","rs59132690","chr6",83041570,"C","T",-0.0891,0.019902,0.04177,{"v":7.57e-06,"d":"7.57E-06"},35335,true,"reported","textfile",0.000566905401405631,20.0418303697558]
["19250_50_MYCBP_MYCBP","MYCBP","rs10184436","chr2",226667748,"A","G",0.0364,0.008099,0.47705,{"v":6.986e-06,"d":"6.99E-06"},35356,true,"reported","textfile",0.000570990385249925,20.1983271307156]
["19251_56_SRGN_Platelet_proteoglycan","SRGN","rs77928417","chr10",67299438,"C","G",-0.0957,0.021018,0.03674,{"v":5.281e-06,"d":"5.28E-06"},35362,true,"reported","textfile",0.000585935400022023,20.7308226676513]
["19255_124_NXT2_NXT2","NXT2","rs3889814","chr1",23405326,"A","G",0.0483,0.010883,0.15234,{"v":9.081E-6,"d":"9.08E-06"},35372,true,"reported","textfile",0.000556539018416726,19.695746532842]
["19259_176_EIF2S1_IF2A","EIF2S1","rs138174879","chr6",56300137,"A","G",0.0844,0.018923,0.04852,{"v":8.185e-06,"d":"8.19E-06"},35349,true,"reported","textfile",0.000562449383041596,19.8920866342261]
["19260_4_GIPC1_GIPC1","GIPC1","rs41423945","chr21",23564848,"G","C",-0.0595,0.013085,0.09649,{"v":5.437e-06,"d":"5.44E-06"},35365,true,"reported","textfile",0.000584331056503726,20.6757806518936]
["19264_6_RPA2_RFA2","RPA2","rs10922098","chr1",196695521,"T","C",-0.1226,0.008041,0.40011,{"v":1.748e-52,"d":"1.75E-52"},35338,true,"reported","textfile",0.00653538613402724,232.453578324574]
["19265_9_TCP1_TCPA","TCP1","rs72976235","chr18",10749713,"C","G",0.0416,0.008891,0.27686,{"v":2.882e-06,"d":"2.88E-06"},35370,true,"reported","textfile",0.000618559755581396,21.8907621799063]
["19272_9_PEF1_PEF1","PEF1","rs55915628","chr2",203441729,"C","T",-0.0528,0.008511,0.43037,{"v":5.521e-10,"d":"5.52E-10"},35365,true,"reported","textfile",0.00108707781534836,38.4841680695147]
["19274_80_SNTA1_Alpha_1_syntrophin","SNTA1","rs4980320","chr11",198986,"C","T",0.0562,0.008177,0.46986,{"v":6.285E-12,"d":"6.29E-12"},35352,true,"reported","textfile",0.00133441443485692,47.2345807786073]
["19275_68_IDH3G_IDH3G","IDH3G","rs7951159","chr11",118910241,"T","C",0.0823,0.018062,0.04719,{"v":5.2e-06,"d":"5.20E-06"},35374,true,"reported","textfile",0.000586582360421789,20.7607691538139]
["19278_19_RAB1B_RAB1B","RAB1B","rs4813602","chr20",2682659,"C","T",0.0833,0.018808,0.05042,{"v":9.47e-06,"d":"9.47E-06"},35380,true,"reported","textfile",0.000554123058578719,19.6146344876531]
["19279_42_RBP1_CRBP","RBP1","rs1555405","chr14",100710432,"A","G",-0.043,0.008642,0.30381,{"v":6.495e-07,"d":"6.50E-07"},35380,true,"reported","textfile",0.000699273003554654,24.7561916562526]
["19282_3_RAB13_RAB13","RAB13","rs729411","chr3",119383611,"A","G",0.036,0.008021,0.44634,{"v":7.19e-06,"d":"7.19E-06"},35359,true,"reported","textfile",5.69377952885443E-4,20.1429652404843]
["19289_29_UROD_DCUP","UROD","rs257108","chr3",187028348,"A","G",0.0375,0.008307,0.34622,{"v":6.355e-06,"d":"6.36E-06"},35363,true,"reported","textfile",0.000575936781725915,20.3774366538964]
["19290_5_HPRT1_HPRT","HPRT1","rs11135630","chr7",57235363,"C","T",-0.0364,8.09E-3,0.42461,{"v":6.818e-06,"d":"6.82E-06"},35338,true,"reported","textfile",0.000572552124151964,20.2432921989822]
["19294_26_CRIPT_CRIPT","CRIPT","rs111696008","chr2",216622986,"A","G",-0.125,0.026235,0.02443,{"v":1.892e-06,"d":"1.89E-06"},35359,true,"reported","textfile",0.000641621890554449,22.7003902516432]
["19302_7_GIMAP6_GIMA6","GIMAP6","rs10922098","chr1",196695521,"T","C",-0.0957,0.008053,0.40011,{"v":1.444e-32,"d":"1.44E-32"},35338,true,"reported","textfile",0.00398047009183666,141.215997218558]
["19303_64_PET117_PT117","PET117","rs16559","chr17",33038811,"C","T",-0.0449,0.009581,0.22433,{"v":2.78e-06,"d":"2.78E-06"},35372,true,"reported","textfile",0.000620500051589311,21.9607134485417]
["19311_15_CRYGS_CRBS","CRYGS","rs117457782","chr10",2357103,"C","T",-0.1381,0.029462,0.01892,{"v":2.766e-06,"d":"2.77E-06"},35195,true,"reported","textfile",0.000623894129139997,21.9704132986958]
["19311_15_CRYGS_CRBS","CRYGS","rs118088057","chr6",158987815,"T","C",-0.1534,0.033694,0.01407,{"v":5.296e-06,"d":"5.30E-06"},35367,true,"reported","textfile",5.85723842224411E-4,20.726263546986]
["19323_1_EBAG9_RCAS1","EBAG9","rs62494163","chr8",26279877,"A","T",0.1107,0.023497,0.02955,{"v":2.463E-6,"d":"2.46E-06"},35368,true,"reported","textfile",0.000627173128890346,22.1945246858274]
["19329_31_HIPK3_HIPK3","HIPK3","rs12759328","chr1",244015889,"C","T",0.0747,0.016388,0.06346,{"v":5.162e-06,"d":"5.16E-06"},35354,true,"reported","textfile",5.87348113926114E-4,20.7761333462516]
["19331_18_BAIAP2_BAIP2","BAIAP2","rs11021715","chr11",11230937,"C","T",-0.0388,0.008388,0.33228,{"v":3.738E-6,"d":"3.74E-06"},35379,true,"reported","textfile",0.000604419516231146,21.3954810720283]
["19338_3_LZIC_LZIC","LZIC","rs76642368","chr17",72684910,"A","G",0.0857,0.018537,0.04883,{"v":3.777E-6,"d":"3.78E-06"},35374,true,"reported","textfile",0.000603859968798012,21.3726408985894]
["19341_36_ACBD6_ACBD6","ACBD6","rs2029438","chr5",58044929,"G","A",0.0459,0.010377,0.19309,{"v":9.726e-06,"d":"9.73E-06"},35365,true,"reported","textfile",0.000552927099408316,19.5639784702447]
["19356_20_TOM1L2_TM1L2","TOM1L2","rs2161196","chr5",115304767,"C","T",-0.068,0.01447,0.08129,{"v":2.608e-06,"d":"2.61E-06"},35350,true,"reported","textfile",0.000624338495625461,22.0829043506501]
["19361_78_MATN3_MATN3","MATN3","rs62123810","chr2",17195662,"C","T",0.0486,0.010709,0.17753,{"v":5.672e-06,"d":"5.67E-06"},35372,true,"reported","textfile",5.81918665053749E-4,20.594447476334]
["19364_163_PCNA_PCNA","PCNA","rs10638502","chr2",31057295,"ATATATATATATATATATATATATATATAA","ATATATATATATATATATATATAA",-0.0878,0.018558,0.04918,{"v":2.234e-06,"d":"2.23E-06"},35365,true,"reported","textfile",0.000632525792226063,22.382166888333]
["19369_17_KAT2A_GCNL2","KAT2A","rs73057282","chr19",55027509,"T","C",-0.0604,0.013378,0.092,{"v":6.339e-06,"d":"6.34E-06"},35381,true,"reported","textfile",0.000575799458235972,20.3829455219192]
["19372_7_MDGA2_MDGA2","MDGA2","rs79170007","chr18",76640631,"A","G",-0.0483,0.010815,0.14609,{"v":7.968e-06,"d":"7.97E-06"},35350,true,"reported","textfile",0.000563906142672785,19.9442009886458]
["19372_7_MDGA2_MDGA2","MDGA2","rs77236565","chr9",134263252,"T","C",-0.0619,0.012566,0.10151,{"v":8.399E-7,"d":"8.40E-07"},35361,true,"reported","textfile",6.85748285046674E-4,24.2640126160051]
["19377_14_OLFM2_NOE2","OLFM2","rs141425154","chr19",13896226,"T","C",0.1886,0.038161,0.01295,{"v":7.722e-07,"d":"7.72E-07"},35373,true,"reported","textfile",0.000690036727082994,24.4241426290942]
["19379_154_RAB3D_RAB3D","RAB3D","rs79209494","chr2",12548453,"A","G",-0.1721,0.03854,0.01072,{"v":7.987e-06,"d":"7.99E-06"},35367,true,"reported","textfile",0.000563501793829663,19.9394768697702]
["19388_2_CDH12_Cadherin_12","CDH12","rs8099473","chr18",58532890,"G","A",0.0591,0.01305,0.09587,{"v":5.932e-06,"d":"5.93E-06"},35368,true,"reported","textfile",0.000579551010964757,20.508286652042]
["19392_6_DDAH1_DDAH1","DDAH1","rs4098517","chr9",104936502,"AAAAAAAAAAAAA","GAAAAAAAAAAAA",0.0389,0.007727,0.33193,{"v":4.788e-07,"d":"4.79E-07"},35364,true,"reported","textfile",7.16151431276192E-4,25.3426961208881]
["19437_61_VEGFA_L_VEGF165","VEGFA","rs11789392","chr9",2694914,"C","T",-0.14,8.541E-3,0.44171,{"v":2.178e-60,"d":"2.18E-60"},35373,true,"reported","textfile",0.0075384218370353,268.666842792369]
["19467_3_RBKS_RBSK","RBKS","rs58068569","chr12",3991507,"G","A",-0.0464,0.009709,0.20781,{"v":1.762E-6,"d":"1.76E-06"},35377,true,"reported","textfile",0.000645187085576,22.838228082067]
["19482_11_HDHD3_HDHD3","HDHD3","rs55711015","chr20",62969967,"ACTTTTT","ACTTT",-0.1658,0.035891,0.01343,{"v":3.845e-06,"d":"3.85E-06"},35326,true,"reported","textfile",0.000603727828996574,21.3389647583416]
["19491_11_HSD17B8_DHB8","HSD17B8","rs10922094","chr1",196692375,"CATTA","GATTA",-0.0477,0.008192,0.40155,{"v":5.788e-09,"d":"5.79E-09"},35339,true,"reported","textfile",0.000958486829606065,33.9025442399336]
["19496_1_NPL_NPL","NPL","rs7217509","chr17",73262707,"G","C",0.0533,0.010075,0.19838,{"v":1.22e-07,"d":"1.22E-07"},35376,true,"reported","textfile",0.000790518666774515,27.9859307191222]
["19503_2_SNX3_SNX3","SNX3","rs185490651","chr1",80998564,"A","T",0.1739,0.034588,0.01441,{"v":4.961E-7,"d":"4.96E-07"},35353,true,"reported","textfile",0.000714515359784213,25.2768932121794]
["19511_8_DCUN1D2_DCNL2","DCUN1D2","rs6681556","chr1",41851020,"T","C",0.0524,0.011782,0.12324,{"v":8.685e-06,"d":"8.69E-06"},35367,true,"reported","textfile",0.000558963554651368,19.7788017395727]
["19523_215_PARK7_PARK7","PARK7","rs1961828","chr1",198601968,"A","G",0.0481,0.010527,0.18113,{"v":4.896e-06,"d":"4.90E-06"},35340,true,"reported","textfile",0.00059041566497246,20.8764345427796]
["19545_145_PARK7_Oxidized_PARK7","PARK7","rs147828652","chr1",29644912,"A","G",-0.1773,0.035639,0.01354,{"v":6.53e-07,"d":"6.53E-07"},35370,true,"reported","textfile",0.000699242165226507,24.7481018160302]
["19555_1_SUMO2_SUMO2","SUMO2","rs6777409","chr3",101415213,"G","A",-0.0367,0.008279,0.49617,{"v":9.307e-06,"d":"9.31E-06"},35332,true,"reported","textfile",0.000555861591865208,19.6495124498676]
["19556_12_CR1_Complement_receptor_type_1","CR1","rs7310615","chr12",111427245,"G","C",-0.0693,0.00848,0.37607,{"v":3.032e-16,"d":"3.03E-16"},35370,true,"reported","textfile",1.88460552028897E-3,66.7805830971333]
["19557_3_KLB_KLOTB","KLB","rs7870697","chr9",93076637,"G","A",0.0702,0.010021,0.18878,{"v":2.462e-12,"d":"2.46E-12"},35355,true,"reported","textfile",0.00138611371048611,49.0712964035518]
["19561_216_PLXND1_PLXD1","PLXND1","rs11603123","chr11",126435600,"A","G",0.2117,0.020758,0.03671,{"v":2.018e-24,"d":"2.02E-24"},35371,true,"reported","textfile",0.00293189347624918,104.003066272973]
["19563_3_SEZ6L_SEZ6L","SEZ6L","rs61803025","chr1",161630801,"C","T",-0.0613,0.012009,0.13717,{"v":3.313e-07,"d":"3.31E-07"},35351,true,"reported","textfile",0.000736521740339172,26.0544967025044]
["19564_61_IRF4_IRF4","IRF4","rs13208583","chr6",32833094,"T","C",0.06,0.012777,0.10406,{"v":2.653e-06,"d":"2.65E-06"},35435,true,"reported","textfile",0.000621930834269366,22.0505891919987]
["19567_1_EGFR_EGFRvIII","EGFR","rs77311729","chr6",32505240,"C","T",0.0416,0.007532,0.37947,{"v":3.33E-8,"d":"3.33E-08"},35424,true,"reported","textfile",0.000860388538792479,30.5029271900611]
["19575_4_EPOR_EPO_R","EPOR","rs190255336","chr14",104262242,"T","C",0.1363,0.027138,0.02153,{"v":5.101E-7,"d":"5.10E-07"},35135,true,"reported","textfile",0.000717438017251566,25.2238464064526]
["19581_15_IGFBP5_IGFBP_5","IGFBP5","rs34214357","chr5",30112864,"T","G",-0.0706,0.015887,0.06805,{"v":8.837e-06,"d":"8.84E-06"},35369,true,"reported","textfile",5.58033679895653E-4,19.7469966460748]
["19584_33_FGF9_FGF9","FGF9","rs2709542","chr2",132710145,"A","G",0.038,0.008178,0.39379,{"v":3.371E-6,"d":"3.37E-06"},35356,true,"reported","textfile",0.00061030190266703,21.5897897566568]
["19590_46_SFTPD_SP_D","SFTPD","rs2784939","chr10",97158881,"AA","AG",-0.053,0.010825,0.17054,{"v":9.779e-07,"d":"9.78E-07"},35367,true,"reported","textfile",0.00067733488572911,23.9701840757018]
["19596_18_BRF1_BRF_1","BRF1","rs1154988","chr3",136206349,"A","T",0.0443,0.009573,0.22728,{"v":3.699e-06,"d":"3.70E-06"},35361,true,"reported","textfile",6.05234765704826E-4,21.4134562487326]
["19601_15_ASB9_ASB9","ASB9","rs7152152","chr14",68439568,"T","C",0.0436,0.009234,0.25629,{"v":2.337e-06,"d":"2.34E-06"},35362,true,"reported","textfile",0.000630061147718977,22.2930081416389]
["19612_3_CD81_CD81","CD81","rs61941503","chr12",130158005,"TTGCT","TTGCA",0.0562,0.012142,0.12357,{"v":3.682e-06,"d":"3.68E-06"},35376,true,"reported","textfile",0.000605230103400647,21.422375144018]
["19614_8_TCN1_Holo_TC_I","TCN1","rs143959838","chr17",7004074,"TTAATATTA","TTATTA",-0.1267,0.02184,0.03504,{"v":6.578e-09,"d":"6.58E-09"},35374,true,"reported","textfile",0.000950497104618298,33.6529706357095]
["19615_213_NT5C3A_5NT3","NT5C3A","rs1619994","chr3",165744047,"G","A",0.0583,0.008784,0.2807,{"v":3.199e-11,"d":"3.20E-11"},35339,true,"reported","textfile",0.00124496511134873,44.048170575315]
["19617_5_PTGR1_LTB4DH","PTGR1","rs77455990","chr9",101411004,"T","G",0.1195,0.026836,0.0238,{"v":8.467e-06,"d":"8.47E-06"},35340,true,"reported","textfile",0.00056077686498329,19.8278518553823]
["19620_16_DLG2_DLG2","DLG2","rs535416","chr6",10465250,"C","T",-0.0392,0.008216,0.39291,{"v":1.83e-06,"d":"1.83E-06"},35371,true,"reported","textfile",6.43168136040746E-4,22.7628541460973]
["19631_13_KNG1_Kininostatin","KNG1","rs6875461","chr5",177327664,"C","T",0.0862,0.008565,0.3813,{"v":7.94e-24,"d":"7.94E-24"},35369,true,"reported","textfile",0.00285558490250283,101.282692574618]
["19635_69_FGL2_FGL2","FGL2","rs145553196","chr18",38574990,"G","A",0.1251,0.028245,0.02127,{"v":9.463e-06,"d":"9.46E-06"},35337,true,"reported","textfile",0.000554831050396157,19.6158386421064]
["19639_53_IAPP_IAPP","IAPP","rs174560","chr11",61814292,"C","T",-0.0503,0.008451,0.35311,{"v":2.654e-09,"d":"2.65E-09"},35367,true,"reported","textfile",0.00100066047365674,35.4238048522127]
["2190_55_F11_Coagulation_Factor_XI","F11","rs3756008","chr4",186264231,"T","A",0.2866,8.633E-3,0.38356,{"v":1e-200,"d":"1.00E-200"},35392,true,"reported","textfile",0.0301999340344985,1102.05773642309]
["2190_55_F11_Coagulation_Factor_XI","F11","rs35422123","chr5",34517139,"C","G",0.1081,0.023847,0.03254,{"v":5.812e-06,"d":"5.81E-06"},35380,true,"reported","textfile",0.000580462130124223,20.5475162946119]
["2211_9_TIMP1_TIMP_1","TIMP1","rs9272802","chr6",32642812,"T","G",-0.0395,8.071E-3,0.44711,{"v":9.871e-07,"d":"9.87E-07"},35438,true,"reported","textfile",0.000675424578688066,23.9505221417172]
["2247_20_PROK1_EG_VEGF","PROK1","rs2248597","chr20",46187122,"CGCTGTAATCAC","CACTGTAATCAC",-0.0357,0.007923,0.42969,{"v":6.608e-06,"d":"6.61E-06"},35369,true,"reported","textfile",0.000573700347508789,20.3017072868689]
["2333_72_TGFB1_TGF_b1","TGFB1","rs1671214","chr19",55041455,"G","A",0.0457,0.008908,0.27938,{"v":2.894e-07,"d":"2.89E-07"},35381,true,"reported","textfile",0.00074332533925388,26.3176697682719]
["2418_55_APOE_Apo_E","APOE","rs9472134","chr6",43841930,"A","T",0.038,0.008173,0.46887,{"v":3.331E-6,"d":"3.33E-06"},35360,true,"reported","textfile",0.000610979323119342,21.6162139666314]
["2421_7_BDNF_BDNF","BDNF","rs12712124","chr2",102076051,"T","C",-0.0391,0.008761,0.31097,{"v":8.076e-06,"d":"8.08E-06"},35367,true,"reported","textfile",0.00056286392419522,19.9168931798169]
["2436_49_CXCL16_CXCL16__soluble","CXCL16","rs4682809","chr3",46108559,"G","A",-0.0691,0.008519,0.39254,{"v":5.026e-16,"d":"5.03E-16"},35344,true,"reported","textfile",1.85804176513321E-3,65.7891510536883]
["2447_7_PLA2G2E_GIIE","PLA2G2E","rs7774739","chr6",32041524,"G","A",0.0807,0.010961,0.17585,{"v":1.808E-13,"d":"1.81E-13"},35437,true,"reported","textfile",1.52730564839469E-3,54.2028599850803]
["2449_1_PLA2G5_GV","PLA2G5","rs415620","chr6",32041502,"C","T",0.0566,0.011286,0.16036,{"v":5.305e-07,"d":"5.31E-07"},35436,true,"reported","textfile",0.000709250979794449,25.1494364805016]
["2475_1_KIT_SCF_sR","KIT","rs2230203","chr19",6710771,"T","G",-0.0466,0.009885,0.22859,{"v":2.426e-06,"d":"2.43E-06"},35373,true,"reported","textfile",0.000627875913908381,22.2225519559721]
["2475_1_KIT_SCF_sR","KIT","rs10118718","chr9",106676694,"A","G",0.0813,0.013841,0.09976,{"v":4.253e-09,"d":"4.25E-09"},35369,true,"reported","textfile",0.000974540582228088,34.5001986153063]
["2514_65_EFNB3_Ephrin_B3","EFNB3","rs143737500","chr10",4601006,"T","C",0.1074,0.023002,0.03031,{"v":3.025e-06,"d":"3.03E-06"},35373,true,"reported","textfile",0.000615939262907901,21.7998150303167]
["2515_14_GFRA2_GFRa_2","GFRA2","rs143501783","chr17",7897001,"C","T",0.2768,0.038439,0.01116,{"v":5.976E-13,"d":"5.98E-13"},35373,true,"reported","textfile",1.46379389795371E-3,51.851754245984]
["2516_57_CCL21_6Ckine","CCL21","rs9948057","chr18",59419699,"AACA","AACG",-0.0472,0.008383,0.35535,{"v":1.794e-08,"d":"1.79E-08"},35364,true,"reported","textfile",0.0008956421757667,31.700090557541]
["2558_51_POMC_b_Endorphin","POMC","rs34325132","chr3",131408202,"G","A",0.0809,0.017341,0.05776,{"v":3.081e-06,"d":"3.08E-06"},35357,true,"reported","textfile",0.000615185519544678,21.7632724935981]
["2571_12_IGFBP3_IGFBP_3","IGFBP3","rs2224538","chr20",39923436,"C","T",-0.0436,0.00836,0.37549,{"v":1.836E-7,"d":"1.84E-07"},35376,true,"reported","textfile",0.000768277141181538,27.1979311409387]
["2578_67_CCL2_MCP_1","CCL2","rs12609736","chr19",55033916,"G","A",0.0541,0.01081,0.16321,{"v":5.603e-07,"d":"5.60E-07"},35381,true,"reported","textfile",0.000707401065580886,25.0448590591719]
["2580_83_MPO_Myeloperoxidase","MPO","rs74611001","chr11",94487353,"A","C",0.1095,0.024079,0.03062,{"v":5.426e-06,"d":"5.43E-06"},35361,true,"reported","textfile",0.000584484359430791,20.6788689405798]
["2580_83_MPO_Myeloperoxidase","MPO","rs111481700","chr17",66690649,"A","G",0.1249,0.024294,0.03073,{"v":2.731e-07,"d":"2.73E-07"},35369,true,"reported","textfile",0.000746757524914648,26.430310416846]
["2590_69_ROR1_ROR1","ROR1","rs13108218","chr4",3442204,"G","A",0.0499,0.008514,0.36204,{"v":4.603e-09,"d":"4.60E-09"},35280,true,"reported","textfile",0.00097270819706157,34.3486109513682]
["2602_2_ANGPT2_Angiopoietin_2","ANGPT2","rs141118159","chr19",52534655,"T","C",0.1138,0.025645,0.0272,{"v":9.1e-06,"d":"9.10E-06"},35381,true,"reported","textfile",0.000556246602963663,19.6904012850773]
["2605_49_TNFRSF8_CD30","TNFRSF8","rs117369875","chr12",90961968,"A","T",-0.0787,0.017189,0.05733,{"v":4.682e-06,"d":"4.68E-06"},35359,true,"reported","textfile",0.000592503431929629,20.9615636411319]
["2611_72_TYRO3_Dtk","TYRO3","rs77318991","chr15",48242520,"T","C",0.1533,0.032917,0.01553,{"v":3.206e-06,"d":"3.21E-06"},35357,true,"reported","textfile",0.000613058723462554,21.6879871777523]
["2614_28_EFNA4_Ephrin_A4","EFNA4","rs7830888","chr8",14451590,"C","G",0.0387,0.008085,0.44527,{"v":1.698e-06,"d":"1.70E-06"},35363,true,"reported","textfile",0.000647487649872228,22.9106451469151]
["2615_60_EFNA5_Ephrin_A5","EFNA5","rs138848660","chr8",128966007,"G","A",0.1196,0.026156,0.02532,{"v":4.817e-06,"d":"4.82E-06"},35367,true,"reported","textfile",0.000590833087075908,20.9071647691421]
["2618_10_ERBB4_ERBB4","ERBB4","rs71627337","chr5",31922870,"A","G",0.0458,0.009655,0.20648,{"v":2.101e-06,"d":"2.10E-06"},35376,true,"reported","textfile",0.000635684339679769,22.5010013660277]
["2619_72_TACSTD2_GA733_1_protein","TACSTD2","rs17744744","chr6",223497,"T","C",0.12,0.025866,0.02454,{"v":3.496e-06,"d":"3.50E-06"},35315,true,"reported","textfile",0.000609088122766003,21.5218375748828]
["2631_50_IL10RB_IL_10_Rb","IL10RB","rs11080290","chr17",34662970,"A","T",0.0477,0.009995,0.20554,{"v":1.822e-06,"d":"1.82E-06"},35369,true,"reported","textfile",0.000643530016364222,22.7743820872307]
["2634_2_IL2RG_IL_2_sRg","IL2RG","rs2077612","chr16",57693052,"A","G",0.0901,0.018408,0.04704,{"v":9.849e-07,"d":"9.85E-07"},35372,true,"reported","textfile",0.000676834845090773,23.9558626334352]
["2635_61_LAYN_Layilin","LAYN","rs116956726","chr11",130209679,"T","C",0.1086,0.024534,0.02741,{"v":9.574e-06,"d":"9.57E-06"},35374,true,"reported","textfile",0.000553602782050702,19.5928842819443]
["2637_77_MRC1_Macrophage_mannose_receptor","MRC1","rs74538877","chr11",68209126,"C","G",-0.0748,0.01661,0.06027,{"v":6.694e-06,"d":"6.69E-06"},35357,true,"reported","textfile",0.000573243968912786,20.2786651434026]
["2637_77_MRC1_Macrophage_mannose_receptor","MRC1","rs72897041","chr4",108888727,"C","T",0.0513,0.011413,0.14289,{"v":6.959e-06,"d":"6.96E-06"},35356,true,"reported","textfile",0.000571115395224216,20.2027517853274]
["2643_57_CDH3_P_Cadherin","CDH3","rs7207976","chr17",28677685,"A","C",0.0438,0.009143,0.2786,{"v":1.664e-06,"d":"1.66E-06"},35359,true,"reported","textfile",0.000648618041836343,22.9480726391467]
["2647_66_GDI2_Rab_GDP_dissociation_inhibitor_beta","GDI2","rs56375235","chr11",88282549,"C","T",-0.0666,0.014625,0.08022,{"v":5.271E-6,"d":"5.27E-06"},35350,true,"reported","textfile",0.000586290144055562,20.7363415247357]
["2649_77_ICAM3_sICAM_3","ICAM3","rs73166733","chr22",27867984,"A","G",-0.1181,0.024272,0.0282,{"v":1.141E-6,"d":"1.14E-06"},35378,true,"reported","textfile",0.000668751637498751,23.6735896800198]
["2654_19_TNFRSF1A_TNF_sR_I","TNFRSF1A","rs6831256","chr4",3471412,"G","A",-0.0455,0.008519,0.40084,{"v":9.241e-08,"d":"9.24E-08"},35282,true,"reported","textfile",0.000807869786014678,28.5246902860353]
["2658_27_NTRK3_TrkC","NTRK3","rs28735437","chr15",87971624,"C","G",0.2364,0.013089,0.11639,{"v":6.394e-73,"d":"6.39E-73"},35357,true,"reported","textfile",0.00914151618839344,326.180085371404]
["2665_26_TNFRSF17_BCMA","TNFRSF17","rs141699010","chr5",36622092,"TG","T",-0.1148,0.025734,0.02849,{"v":8.156e-06,"d":"8.16E-06"},35380,true,"reported","textfile",0.000562169317439624,19.8996130642727]
["2681_23_HGF_HGF","HGF","rs2214827","chr7",81748600,"A","G",0.126,0.010008,0.20707,{"v":2.409e-36,"d":"2.41E-36"},35348,true,"reported","textfile",0.00446414770314215,158.497320163022]
["2681_23_HGF_HGF","HGF","rs188269966","chr21",45018967,"G","C",-0.0442,0.009204,0.26596,{"v":1.568e-06,"d":"1.57E-06"},35256,true,"reported","textfile",0.000653693689997682,23.0603917797736]
["2687_2_MIA_MIA","MIA","rs278381","chr3",98809418,"C","T",-0.0399,0.008473,0.31808,{"v":2.487e-06,"d":"2.49E-06"},35331,true,"reported","textfile",0.000627253293991591,22.1741404260526]
["2695_25_PECAM1_PECAM_1","PECAM1","rs143180826","chr20",42085665,"C","T",-0.0766,0.015749,0.06852,{"v":1.151e-06,"d":"1.15E-06"},35376,true,"reported","textfile",0.000668270860887271,23.6552215282815]
["2696_87_PSPN_Persephin","PSPN","rs2058908","chr16",53772233,"C","T",0.0428,0.008887,0.2808,{"v":1.464e-06,"d":"1.46E-06"},35367,true,"reported","textfile",0.000655381583494021,23.1927698144727]
["2700_56_PROS1_Protein_S","PROS1","rs61856036","chr10",32527422,"T","G",-0.0623,0.013879,0.09577,{"v":7.167e-06,"d":"7.17E-06"},35357,true,"reported","textfile",0.000569556624503568,20.1481499716115]
["2704_74_TNFRSF13B_TACI","TNFRSF13B","rs1446012","chr16",61323508,"A","G",0.1148,0.025986,0.02525,{"v":9.974e-06,"d":"9.97E-06"},35366,true,"reported","textfile",0.000551542987439643,19.5155298614568]
["2706_69_SERPINA7_Thyroxine_Binding_Globulin","SERPINA7","rs75197710","chr4",57598243,"G","A",0.1713,0.037717,0.01122,{"v":5.581e-06,"d":"5.58E-06"},35356,true,"reported","textfile",0.000583074458042861,20.6260409072709]
["2719_3_CSF3R_G_CSF_R","CSF3R","rs60776125","chr18",324529,"T","C",0.0401,0.008935,0.27961,{"v":7.197e-06,"d":"7.20E-06"},35330,true,"reported","textfile",0.000569781665781397,20.1407225031431]
["2723_9_IL37_IL_1F7","IL37","rs72748420","chr1",196141224,"T","C",0.0925,0.015308,0.07417,{"v":1.516e-09,"d":"1.52E-09"},35337,true,"reported","textfile",0.00103221072431635,36.5108528375712]
["2731_29_POR_NADPH_P450_Oxidoreductase","POR","rs73037813","chr11",127192904,"A","G",-0.0721,0.014478,0.08288,{"v":6.358e-07,"d":"6.36E-07"},35363,true,"reported","textfile",0.000700809240444097,24.7986947057445]
["2731_29_POR_NADPH_P450_Oxidoreductase","POR","rs4947056","chr6",102736134,"ATATATATGTG","ATATATATGTA",0.0355,0.008009,0.49411,{"v":9.312E-6,"d":"9.31E-06"},35350,true,"reported","textfile",0.000555481233454549,19.6460636598257]
["2741_22_SIGLEC6_Siglec_6","SIGLEC6","rs12489516","chr3",148879825,"T","C",0.1115,0.021457,0.03572,{"v":2.032e-07,"d":"2.03E-07"},35359,true,"reported","textfile",0.000763097837064816,27.0014549769912]
["2747_3_ULBP3_ULBP_3","ULBP3","rs35979828","chr12",54292096,"T","C",-0.0728,0.014608,0.08648,{"v":6.245e-07,"d":"6.25E-07"},35375,true,"reported","textfile",0.000701584504584862,24.8345722317361]
["2750_3_APOA1_Apo_A_I","APOA1","rs61828232","chr1",211696984,"T","C",0.0628,0.013929,0.09494,{"v":6.527e-06,"d":"6.53E-06"},35362,true,"reported","textfile",0.000574503945069571,20.3261369435221]
["2754_50_C3_C3","C3","rs11794541","chr9",21673751,"A","T",-0.0756,0.016813,0.05959,{"v":6.908e-06,"d":"6.91E-06"},35351,true,"reported","textfile",0.000571614374554546,20.217553170139]
["2761_49_FGF18_FGF_18","FGF18","rs17783396","chr14",76101805,"A","G",-0.1071,0.021999,0.03391,{"v":1.125E-6,"d":"1.13E-06"},35353,true,"reported","textfile",0.000669970571882144,23.7000079945154]
["2770_51_CCL1_I_309","CCL1","rs4665988","chr2",27538569,"A","C",0.0486,0.009839,0.21301,{"v":7.826e-07,"d":"7.83E-07"},35373,true,"reported","textfile",0.00068928569752451,24.3975412834008]
["2774_10_IL16_IL_16","IL16","rs17646732","chr14",83921960,"G","A",0.0564,0.01259,0.11951,{"v":7.47e-06,"d":"7.47E-06"},35361,true,"reported","textfile",0.00056719945910111,20.0669876589021]
["2778_10_IL22_IL_22","IL22","rs72968326","chr11",92223588,"T","C",-0.1092,0.020773,0.03737,{"v":1.466E-7,"d":"1.47E-07"},35345,true,"reported","textfile",0.000781230934272439,27.6326323771993]
["2783_18_CCL3L1_LD78_beta","CCL3L1","rs61679841","chr15",60176779,"T","C",0.0467,0.009812,0.21787,{"v":1.942e-06,"d":"1.94E-06"},35369,true,"reported","textfile",6.40055802873757E-4,22.6513517093407]
["2790_54_PPBP_NAP_2","PPBP","rs71527037","chr1",227133311,"T","C",-0.0425,0.00914,0.29989,{"v":3.319e-06,"d":"3.32E-06"},35360,true,"reported","textfile",0.000611093601721732,21.620259571969]
["2790_54_PPBP_NAP_2","PPBP","rs78947501","chr4",153538803,"C","G",0.0974,0.021404,0.0375,{"v":5.351e-06,"d":"5.35E-06"},35374,true,"reported","textfile",0.000585045578161612,20.7063463471028]
["2805_6_ACE2_ACE2","ACE2","rs1354034","chr3",56815721,"C","T",0.0369,0.008256,0.38119,{"v":7.851e-06,"d":"7.85E-06"},35356,true,"reported","textfile",0.000564683282271932,19.9750923621606]
["2806_49_ACVR1B_Activin_RIB","ACVR1B","rs35483597","chr2",226464524,"C","T",0.043,0.009542,0.22511,{"v":6.597e-06,"d":"6.60E-06"},35357,true,"reported","textfile",0.00057402830704662,20.3064272596953]
["2811_27_ANGPT1_Angiopoietin_1","ANGPT1","rs75374710","chr6",3736260,"G","A",0.0831,0.016947,0.06138,{"v":9.408e-07,"d":"9.41E-07"},35388,true,"reported","textfile",0.000678993140601326,24.0431764251895]
["2819_23_CDH5_Cadherin_5","CDH5","rs11649312","chr16",66395395,"A","G",0.1525,0.008668,0.31453,2.75E-69,35367,true,"reported","textfile",0.00867599478968219,309.511879188293]
["2819_23_CDH5_Cadherin_5","CDH5","rs12945299","chr17",7176748,"ACGCT","ACACT",0.0456,0.009866,0.21475,{"v":3.799E-6,"d":"3.80E-06"},35370,true,"reported","textfile",6.03601323529957E-4,21.3610651778208]
["2826_53_EDA_EDA","EDA","rs41276","chr7",28610646,"G","A",-0.058,0.012161,0.13017,{"v":1.85e-06,"d":"1.85E-06"},35387,true,"reported","textfile",6.42383815679049E-4,22.7453625706002]
["2828_82_SPINT1_HAI_1","SPINT1","rs1265941","chr6",31904575,"C","A",0.0793,0.015817,0.07271,{"v":5.344e-07,"d":"5.34E-07"},35441,true,"reported","textfile",0.000708735634002922,25.1346959881262]
["2831_29_KLK11_Kallikrein_11","KLK11","rs2572439","chr8",11393976,"T","A",-0.102,0.023016000000000002,0.03569,{"v":9.347e-06,"d":"9.35E-06"},35374,true,"reported","textfile",0.000554900884405235,19.6388516993587]
["2836_68_LCN2_Lipocalin_2","LCN2","rs4760368","chr12",58115983,"AG","AT",0.0422,8.548E-3,0.37864,{"v":7.95e-07,"d":"7.95E-07"},35365,true,"reported","textfile",0.000688688792921318,24.3708857399592]
["2836_68_LCN2_Lipocalin_2","LCN2","rs2593620","chr2",61386126,"G","A",0.0377,0.008252,0.48569,{"v":4.909e-06,"d":"4.91E-06"},35353,true,"reported","textfile",5.90040281723572E-4,20.8708286288139]
["2838_53_MMP17_MMP_17","MMP17","rs10922098","chr1",196695521,"T","C",-0.1903,8.123E-3,0.40011,{"v":2.28e-121,"d":"2.28E-121"},35338,true,"reported","textfile",0.0152935908848356,548.807565893833]
["2843_13_SPINT2_SPINT2","SPINT2","rs62385324","chr5",139506181,"T","C",-0.1031,0.023081,0.03108,{"v":7.939e-06,"d":"7.94E-06"},35356,true,"reported","textfile",0.000564027060034058,19.9518660728073]
["2844_53_TIE1_sTie_1","TIE1","rs216809","chr12",6005117,"A","C",-0.0363,0.008075,0.38941,{"v":6.948e-06,"d":"6.95E-06"},35376,true,"reported","textfile",0.000570914991000904,20.207083418514]
["2849_49_AIF1_AIF1","AIF1","rs75272597","chr6",151092635,"T","C",0.0999,0.021722,0.03542,{"v":4.246e-06,"d":"4.25E-06"},35382,true,"reported","textfile",0.000597433319536009,21.1498264562113]
["2851_63_C5_C5a","C5","rs374087027","chr17",47508068,"ATTT","AT",-0.047,0.00823,0.39344,{"v":1.124E-8,"d":"1.12E-08"},35364,true,"reported","textfile",0.000921370563300031,32.6115531845434]
["2859_69_HDAC8_HDAC8","HDAC8","rs1451915","chr1",196058002,"A","C",0.054,0.011666,0.13641,{"v":3.678e-06,"d":"3.68E-06"},35335,true,"reported","textfile",0.000606003616573148,21.4249093569341]
["2860_19_KPNA2_Karyopherin_a2","KPNA2","rs6544659","chr2",43431284,"A","C",-0.0694,0.008101,0.47699,{"v":1.061E-17,"d":"1.06E-17"},35364,true,"reported","textfile",0.00207099923508113,73.386658664899]
["2860_19_KPNA2_Karyopherin_a2","KPNA2","rs10107630","chr8",129591389,"T","C",-0.0991,0.008262,0.40285,{"v":3.787e-33,"d":"3.79E-33"},35372,true,"reported","textfile",0.00405092724191802,143.86407946528]
["2871_73_RAD51_RAD51","RAD51","rs73169117","chr3",167217620,"T","C",0.0702,0.012681,0.11405,{"v":3.097e-08,"d":"3.10E-08"},35354,true,"reported","textfile",0.000866068752613344,30.643802181918]
["2878_66_YES1_YES","YES1","rs10744783","chr12",112777450,"T","C",-0.044,0.009771,0.21168,{"v":6.689e-06,"d":"6.69E-06"},35367,true,"reported","textfile",5.73033704994423E-4,20.2769563565548]
["2879_9_SERPINA3_a1_Antichymotrypsin","SERPINA3","rs60098808","chr1",24576981,"A","C",-0.0351,0.007821,0.45799,{"v":7.186e-06,"d":"7.19E-06"},35371,true,"reported","textfile",0.000569108525855157,20.1402614454726]
["2890_59_CCL28_CCL28","CCL28","rs139708128","chr1",150272679,"A","G",-0.1878,0.03157,0.01748,{"v":2.703e-09,"d":"2.70E-09"},35360,true,"reported","textfile",0.000999759060516714,35.3848571933341]
["2890_59_CCL28_CCL28","CCL28","rs3096300","chr16",89310062,"T","C",0.0472,0.009936,0.2151,{"v":2.032e-06,"d":"2.03E-06"},35322,true,"reported","textfile",0.000638466587238542,22.5650468897439]
["2906_55_IL4_IL_4","IL4","rs73079366","chr20",2425165,"G","A",0.0861,0.019228,0.04305,{"v":7.544e-06,"d":"7.54E-06"},35380,true,"reported","textfile",0.000566414271154886,20.0499606687764]
["2913_1_CCL23_MPIF_1","CCL23","rs7711308","chr5",6358336,"A","G",0.0445,0.009581,0.25653,{"v":3.41E-6,"d":"3.41E-06"},35382,true,"reported","textfile",0.000609328167739849,21.5711744988693]
["2925_9_SERPINE1_PAI_1","SERPINE1","rs12995461","chr2",27555300,"C","A",0.0504,0.009966,0.21643,{"v":4.252e-07,"d":"4.25E-07"},35373,true,"reported","textfile",0.000722492802666238,25.5737697877162]
["2943_5_CYP3A4_Cytochrome_P450_3A4","CYP3A4","rs3764261","chr16",56959412,"A","C",-0.0635,0.008872,0.32148,{"v":8.216e-13,"d":"8.22E-13"},35369,true,"reported","textfile",0.00144628218353652,51.2247474246925]
["2943_5_CYP3A4_Cytochrome_P450_3A4","CYP3A4","rs112875651","chr8",125494452,"A","G",-0.0583,0.008527,0.40253,{"v":8.08e-12,"d":"8.08E-12"},35367,true,"reported","textfile",0.00131999630446676,46.7433703836319]
["2948_58_GHR_Growth_hormone_receptor","GHR","rs118103137","chr11",43806785,"C","A",0.0515,0.011024,0.16578,{"v":2.987e-06,"d":"2.99E-06"},35378,true,"reported","textfile",6.16502646264752E-4,21.822851459936]
["2952_75_IGF1_IGF_I","IGF1","rs74724999","chr1",78393046,"G","A",-0.1325,0.026923,0.02463,{"v":8.589e-07,"d":"8.59E-07"},35355,true,"reported","textfile",0.000684599524177832,24.219227449847]
["2952_75_IGF1_IGF_I","IGF1","rs45560737","chr16",52603720,"A","C",-0.1277,0.026758,0.02394,{"v":1.82e-06,"d":"1.82E-06"},35363,true,"reported","textfile",0.00064364407185082,22.7745567331472]
["2961_1_PROC_Protein_C","PROC","rs35291022","chr20",34949354,"G","A",0.5217,0.014023,0.08526,{"v":1e-200,"d":"1.00E-200"},35367,true,"reported","textfile",0.0376608182363495,1383.99730798409]
["2966_65_CLEC11A_SCGF_beta","CLEC11A","rs6915366","chr6",11491206,"TATATG","CATATG",-0.0379,0.008348,0.41044,{"v":5.632e-06,"d":"5.63E-06"},35375,true,"reported","textfile",0.000582323232529619,20.6105216898848]
["2967_8_VCAM1_VCAM_1","VCAM1","rs142723858","chr14",28060448,"G","C",-0.1495,0.032032,0.01734,{"v":3.053e-06,"d":"3.05E-06"},35362,true,"reported","textfile",0.000615616161821271,21.7815965848881]
["2968_61_TNFSF15_TNFSF15","TNFSF15","rs116830009","chr5",35937618,"T","C",-0.0883,0.019027,0.04603,{"v":3.473E-6,"d":"3.47E-06"},35381,true,"reported","textfile",0.000608340020604459,21.5355625335205]
["2972_57_BMP7_BMP_7","BMP7","rs1355538","chr3",165787389,"G","A",-0.0592,0.008262,0.39847,{"v":7.78e-13,"d":"7.78E-13"},35338,true,"reported","textfile",0.00145077660634043,51.3391237613883]
["2974_61_CNTN1_contactin_1","CNTN1","rs61924913","chr12",43050510,"G","T",-0.1227,0.022922,0.0349,{"v":8.65E-8,"d":"8.65E-08"},35358,true,"reported","textfile",0.000809738167168719,28.6523035021402]
["2977_7_EDAR_EDAR","EDAR","rs10796959","chr1",156463126,"A","G",-0.0437,0.009235,0.27552,{"v":2.223e-06,"d":"2.22E-06"},35359,true,"reported","textfile",0.000632869493332021,22.3905369635238]
["2977_7_EDAR_EDAR","EDAR","rs62158765","chr2",107529311,"T","C",-0.1029,0.018589,0.05368,{"v":3.105e-08,"d":"3.11E-08"},35353,true,"reported","textfile",0.000865996548250985,30.640378439186]
["2985_35_CXCL1_Gro_a","CXCL1","rs149150073","chr4",73753730,"C","T",-0.1221,0.023534,0.0309,{"v":2.124E-7,"d":"2.12E-07"},35350,true,"reported","textfile",0.00076088642685136,26.916293658848]
["2985_35_CXCL1_Gro_a","CXCL1","rs79474672","chr4",58824571,"GAGAAGAA","GAGAAGAG",0.1827,0.036564,0.01289,{"v":5.831e-07,"d":"5.83E-07"},35360,true,"reported","textfile",0.000705587530133626,24.9657794331128]
["2992_59_IL17RA_IL_17_sR","IL17RA","rs5747024","chr22",17215478,"C","T",-0.1543,0.010153,0.37148,{"v":3.653e-52,"d":"3.65E-52"},35333,true,"reported","textfile",0.00649430865776161,230.950281600687]
["2997_8_JAM2_JAM_B","JAM2","rs10901252","chr9",133252613,"C","G",0.1208,0.016505,0.06499,{"v":2.5e-13,"d":"2.50E-13"},35370,true,"reported","textfile",1.51220445199074E-3,53.5646477568155]
["2998_53_JAM3_JAM_C","JAM3","rs77265585","chr9",4764332,"C","G",0.0556,0.011522,0.14219,{"v":1.397e-06,"d":"1.40E-06"},35374,true,"reported","textfile",0.000657845453036823,23.2846270508496]
["3003_29_NCR3_NKp30","NCR3","rs3184504","chr12",111446804,"C","T",-0.0579,0.008239,0.37862,{"v":2.099e-12,"d":"2.10E-12"},35371,true,"reported","textfile",0.00139429550125838,49.3836930450558]
["3005_5_PTPN1_PTP_1B","PTPN1","rs2333963","chr16",5294609,"C","A",-0.064,0.01437,0.08737,{"v":8.442e-06,"d":"8.44E-06"},35364,true,"reported","textfile",0.000560585038357732,19.8345270655219]
["3007_7_SIGLEC9_Siglec_9","SIGLEC9","rs11084067","chr19",51277740,"C","A",-0.2151,0.014974,0.16801,{"v":8.588e-47,"d":"8.59E-47"},35380,true,"reported","textfile",0.00579858080230446,206.33866303417]
["3022_4_CTLA4_CTLA_4","CTLA4","rs181302573","chr10",92680275,"A","G",-0.1031,0.021723,0.03161,{"v":2.074E-6,"d":"2.07E-06"},35373,true,"reported","textfile",0.000636398811048957,22.5243968449844]
["3024_18_SERPINF2_a2_Antiplasmin","SERPINF2","rs11078596","chr17",1714968,"T","C",-0.1726,0.009865,0.21819,{"v":1.511e-68,"d":"1.51E-68"},35352,true,"reported","textfile",0.00858477660498067,306.099650101047]
["3026_5_CAST_Calpastatin","CAST","rs2857383","chr14",105866369,"G","C",-0.0648,0.008639,0.45762,{"v":6.359e-14,"d":"6.36E-14"},34965,true,"reported","textfile",0.00160653894912761,56.2598048461043]
["3029_52_CD209_DC_SIGN","CD209","rs34878680","chr11",98584616,"CTT","CT",0.0367,0.008228,0.40723,{"v":8.189e-06,"d":"8.19E-06"},35356,true,"reported","textfile",0.000562388105096968,19.8938571362161]
["3030_3_CLEC4M_DC_SIGNR","CLEC4M","rs74586295","chr1",108875053,"CTCTCTCTAT","CTCTCTATAT",0.0768,0.016681,0.06082,{"v":4.145e-06,"d":"4.15E-06"},35346,true,"reported","textfile",0.00059934602801115,21.1959897462903]
["3034_1_GFAP_GFAP","GFAP","rs7597860","chr2",190625013,"T","C",0.0382,0.008648,0.28673,{"v":9.99e-06,"d":"9.99E-06"},35377,true,"reported","textfile",0.00055123260652525,19.5106083393205]
["3035_80_IL19_IL_19","IL19","rs4423609","chr2",3631378,"A","G",-0.1549,0.00978,0.29414,{"v":1.695e-56,"d":"1.70E-56"},35336,true,"reported","textfile",0.00704912968508642,250.84216726035]
["3040_59_CCL3_MIP_1a","CCL3","rs12950560","chr17",36077805,"C","T",-0.0898,0.008244,0.43821,{"v":1.241E-27,"d":"1.24E-27"},35368,true,"reported","textfile",0.00334357965520618,118.645739567015]
["3042_7_MB_Myoglobin","MB","rs12934455","chr16",20345959,"T","C",-0.0538,0.010491,0.18983,{"v":2.928e-07,"d":"2.93E-07"},35357,true,"reported","textfile",0.0007432457956397,26.2970002397077]
["3043_49_SPARC_ON","SPARC","rs1326273","chr1",198655170,"TTTTTTTTT","GTTTTTTTT",0.0402,0.008233,0.43604,{"v":1.046E-6,"d":"1.05E-06"},35343,true,"reported","textfile",0.000674123702973625,23.8402770826578]
["3045_72_PTN_PTN","PTN","rs11573156","chr1",19979653,"C","G",0.0469,0.009261,0.25614,{"v":4.105e-07,"d":"4.11E-07"},35378,true,"reported","textfile",0.000724405801865428,25.6451571474187]
["3046_31_RETN_resistin","RETN","rs803386","chr6",150867109,"G","A",-0.0655,0.014493,0.09906,{"v":6.197e-06,"d":"6.20E-06"},35377,true,"reported","textfile",0.000577024619179961,20.4240310722427]
["3049_61_PRSS1_Trypsin","PRSS1","rs143023597","chr13",62392644,"G","A",-0.1729,0.036093,0.01452,{"v":1.665e-06,"d":"1.67E-06"},35349,true,"reported","textfile",0.000648761465485983,22.946658428283]
["3050_7_VWF_vWF","VWF","rs10985343","chr9",121653412,"C","T",0.0393,0.008535,0.31985,{"v":4.135e-06,"d":"4.14E-06"},35370,true,"reported","textfile",0.000599077123977067,21.2008606714578]
["3052_8_FASLG_Fas_ligand__soluble","FASLG","rs1642592","chr17",43891933,"C","A",-0.0465,0.010118,0.1855,{"v":4.316e-06,"d":"4.32E-06"},35374,true,"reported","textfile",0.0005967235159702,21.1199069520313]
["3054_3_HP_Haptoglobin__Mixed_Type","HP","rs62467347","chr7",95246169,"T","C",0.0431,0.00973,0.16914,{"v":9.449e-06,"d":"9.45E-06"},35350,true,"reported","textfile",0.000554751454148532,19.6202387572236]
["3060_43_C9_C9","C9","rs13075164","chr3",12422863,"T","C",-0.0528,0.01104,0.16481,{"v":1.732e-06,"d":"1.73E-06"},35369,true,"reported","textfile",0.000646288081790801,22.8720525236474]
["3065_65_FGF5_FGF_5","FGF5","rs4362751","chr3",65746999,"T","C",0.0613,0.012855,0.10666,{"v":1.856e-06,"d":"1.86E-06"},35352,true,"reported","textfile",0.00064281135432204,22.7379976183277]
["3067_67_GDF9_GDF_9","GDF9","rs56298570","chr17",21318283,"G","A",0.073,0.015598,0.07166,{"v":2.866e-06,"d":"2.87E-06"},35354,true,"reported","textfile",0.00061915637823927,21.9019770322903]
["3070_1_IL2_IL_2","IL2","rs139783923","chr1",150412392,"A","G",-0.1112,0.023521,0.03057,{"v":2.272E-6,"d":"2.27E-06"},35362,true,"reported","textfile",0.00063166494456569,22.349790018716]
["3073_51_IL18BP_IL_18_BPa","IL18BP","rs62491201","chr8",5141491,"C","G",0.0832,0.018658,0.0501,{"v":8.226e-06,"d":"8.23E-06"},35377,true,"reported","textfile",0.000561760806136421,19.8834582646194]
["3078_1_PGF_PlGF","PGF","rs115880416","chr2",23807634,"A","G",0.1393,0.030555,0.01667,{"v":5.14e-06,"d":"5.14E-06"},35370,true,"reported","textfile",5.87283052260354E-4,20.7832326326405]
["3079_62_RARRES2_TIG2","RARRES2","rs61798931","chr1",32641842,"G","A",0.0589,0.012541,0.11864,{"v":2.646e-06,"d":"2.65E-06"},35372,true,"reported","textfile",0.000623212126928797,22.0567589691419]
["3083_71_EDA2R_XEDAR","EDA2R","rs148251786","chr3",40914098,"T","C",-0.121,0.02521,0.02619,{"v":1.589e-06,"d":"1.59E-06"},35348,true,"reported","textfile",0.000651294269961819,23.0356502530851]
["3122_6_DIABLO_SMAC","DIABLO","rs1926766","chr9",26596789,"C","T",-0.0614,0.012728,0.10659,{"v":1.406E-6,"d":"1.41E-06"},35360,true,"reported","textfile",0.000657685745838564,23.269756788709]
["3132_1_VEGFC_VEGF_C","VEGFC","rs2135058","chr5",31920076,"G","T",0.0474,0.010649,0.17485,{"v":8.534e-06,"d":"8.53E-06"},35375,true,"reported","textfile",0.000559756845396838,19.8113684413241]
["3152_57_TNFRSF1B_TNF_sR_II","TNFRSF1B","rs72810779","chr5",116427757,"C","A",-0.0961,0.020524,0.04034,{"v":2.837e-06,"d":"2.84E-06"},35361,true,"reported","textfile",0.000619625156962154,21.9229099115198]
["3166_92_CD33_Siglec_3","CD33","rs71358836","chr19",51416598,"G","A",0.3333,0.022567,0.04918,{"v":2.311e-49,"d":"2.31E-49"},35380,true,"reported","textfile",0.00612767521609544,218.121471328985]
["3169_70_IDUA_IDUA","IDUA","rs117208568","chr15",53834399,"A","C",0.0948,0.018969,0.04485,{"v":5.803e-07,"d":"5.80E-07"},35359,true,"reported","textfile",0.000705864216951609,24.974869985804]
["3172_28_ARSB_ARSB","ARSB","rs4774012","chr14",106700817,"A","G",0.0586,0.01287,0.11317,{"v":5.282e-06,"d":"5.28E-06"},34967,true,"reported","textfile",0.000592546379362292,20.7306680366894]
["3172_28_ARSB_ARSB","ARSB","rs13183153","chr5",154382581,"C","T",-0.0389,0.00807,0.3729,{"v":1.432E-6,"d":"1.43E-06"},35354,true,"reported","textfile",0.000656792584144875,23.2341914793519]
["3173_49_NAAA_ASAHL","NAAA","rs113588187","chr4",121696962,"T","C",-0.06,0.01176,0.13286,{"v":3.36e-07,"d":"3.36E-07"},35352,true,"reported","textfile",0.000735790542541573,26.0293478268041]
["3174_2_ADAMTS1_ATS1","ADAMTS1","rs373480750","chr14",76215280,"G","A",0.0971,0.019068,0.04594,{"v":3.538E-7,"d":"3.54E-07"},35353,true,"reported","textfile",0.0007329653772007,25.9300648892143]
["3178_5_CTSC_CATC","CTSC","rs62269916","chr3",74348841,"A","G",0.1029,0.02191,0.03471,{"v":2.646e-06,"d":"2.65E-06"},35343,true,"reported","textfile",0.000623694095029778,22.0557290404115]
["3181_50_CTSS_Cathepsin_S","CTSS","rs12069199","chr1",116169775,"G","A",-0.1024,0.020851,0.0389,{"v":9.059e-07,"d":"9.06E-07"},35361,true,"reported","textfile",0.00068159357073833,24.1169049951274]
["3181_50_CTSS_Cathepsin_S","CTSS","rs3184504","chr12",111446804,"C","T",-0.0392,0.008237,0.37862,{"v":1.943e-06,"d":"1.94E-06"},35371,true,"reported","textfile",0.000639894934182543,22.6469355864589]
["3186_2_C2_C2","C2","rs9468883","chr6",31183265,"C","T",-0.8779,0.017578,0.03581,{"v":1e-200,"d":"1.00E-200"},35439,true,"reported","textfile",0.0657552431843466,2494.17354041783]
["3186_2_C2_C2","C2","rs17569397","chr6",20407246,"A","G",-0.2195,0.037417,0.0122,{"v":4.454e-09,"d":"4.45E-09"},35375,true,"reported","textfile",9.7187941959207E-4,34.4117347660419]
["3189_61_TMPRSS15_Enterokinase","TMPRSS15","rs7774739","chr6",32041524,"G","A",0.0819,0.011024,0.17585,{"v":1.091E-13,"d":"1.09E-13"},35437,true,"reported","textfile",0.00155509366269027,55.190570443767]
["3195_50_GNLY_Granulysin","GNLY","rs2497304","chr10",92732959,"T","C",0.0562,0.008078,0.49358,{"v":3.477e-12,"d":"3.48E-12"},35373,true,"reported","textfile",1.3664671145976E-3,48.3994445597875]
["3195_50_GNLY_Granulysin","GNLY","rs117522937","chr20",38954180,"C","T",-0.0905,0.019114,0.04702,{"v":2.192e-06,"d":"2.19E-06"},35381,true,"reported","textfile",0.00063321151531035,22.4165846396927]
["3198_4_IDS_IDS","IDS","rs12448709","chr16",5024410,"TCTCTGCAAAAAAAGT","TCTCTGCAAAAAAAAT",-0.039,0.008141,0.41485,{"v":1.662e-06,"d":"1.66E-06"},35367,true,"reported","textfile",0.000648475781694504,22.9482273893209]
["3202_28_KREMEN2_KREM2","KREMEN2","rs62183366","chr2",177849987,"A","C",0.0753,0.016127,0.06641,{"v":3.025e-06,"d":"3.03E-06"},35370,true,"reported","textfile",0.000615999150468992,21.8000867887293]
["3204_2_LTA4H_LKHA4","LTA4H","rs75573922","chr14",24048834,"T","C",0.1475,0.032835,0.0162,{"v":7.051e-06,"d":"7.05E-06"},35373,true,"reported","textfile",0.000570151696538114,20.1783403732468]
["3206_4_LYVE1_LYVE1","LYVE1","rs16869554","chr5",91188314,"C","T",0.0875,0.019736,0.04448,{"v":9.274e-06,"d":"9.27E-06"},35339,true,"reported","textfile",0.000555906923141483,19.6550092987942]
["3209_69_MEPE_MEPE","MEPE","rs1250290","chr10",31180410,"G","A",-0.0396,0.008225,0.35924,{"v":1.474E-6,"d":"1.47E-06"},35354,true,"reported","textfile",0.00065523236926499,23.178962324657]
["3212_30_ASAH2_ASAH2","ASAH2","rs11720167","chr3",165768357,"G","T",0.0485,0.010255,0.19032,{"v":2.252e-06,"d":"2.25E-06"},35339,true,"reported","textfile",0.000632532870785629,22.3659612606359]
["3216_2_PIGR_PIGR","PIGR","rs11250170","chr8",11903611,"T","C",0.0404,8.515E-3,0.36714,{"v":2.092E-6,"d":"2.09E-06"},35373,true,"reported","textfile",0.000635982608914854,22.5096566100639]
["3221_54_SFRP1_SARP_2","SFRP1","rs13391650","chr2",236899255,"G","A",-0.0695,0.015187,0.08262,{"v":4.735e-06,"d":"4.74E-06"},35381,true,"reported","textfile",0.00059155963545981,20.9411762975493]
["3232_28_ACP5_TrATPase","ACP5","rs12727034","chr1",79024676,"A","T",-0.0581,0.011549,0.15856,{"v":4.887e-07,"d":"4.89E-07"},35357,true,"reported","textfile",0.000715282071065008,25.3068991937709]
["3232_28_ACP5_TrATPase","ACP5","rs199602723","chr19",13246631,"GTTTGTT","GTTTTT",-0.104,0.014196,0.09693,{"v":2.371e-13,"d":"2.37E-13"},35379,true,"reported","textfile",0.00151471460547741,53.6673493158202]
["3235_50_WFIKKN2_WFKN2","WFIKKN2","rs10089767","chr8",8383873,"A","T",-0.0409,0.009117,0.28648,{"v":7.249e-06,"d":"7.25E-06"},35391,true,"reported","textfile",0.000568333136461473,20.1241786037797]
["3284_75_BGN_BGN","BGN","rs28733475","chr17",7170742,"G","C",0.0477,0.009569,0.25863,{"v":6.195e-07,"d":"6.20E-07"},35370,true,"reported","textfile",0.000702042798444928,24.8472935589041]
["3284_75_BGN_BGN","BGN","rs78786231","chr5",145488397,"C","T",-0.1295,0.027812,0.02333,{"v":3.219E-6,"d":"3.22E-06"},35375,true,"reported","textfile",6.12509115066252E-4,21.6795638577121]
["3290_50_CD109_CD109","CD109","rs7716668","chr5",17727734,"T","C",0.131,0.029208,0.018,{"v":7.289E-6,"d":"7.29E-06"},35371,true,"reported","textfile",0.000568387731652969,20.1147386515088]
["3291_30_FCER2_CD23","FCER2","rs6457834","chr6",35568418,"A","C",0.0492,0.009386,0.2882,{"v":1.588e-07,"d":"1.59E-07"},35353,true,"reported","textfile",7.76614369931189E-4,27.4754324070648]
["3292_75_CD48_CD48","CD48","rs78689694","chr11",126364925,"C","G",-0.0918,0.013676,0.10578,{"v":1.912e-11,"d":"1.91E-11"},35375,true,"reported","textfile",1.27209022717328E-3,45.0549615821146]
["3293_2_CD5L_CD5L","CD5L","rs3807307","chr7",128939148,"C","T",0.0694,0.008331,0.45902,{"v":8.074e-17,"d":"8.07E-17"},35351,true,"reported","textfile",0.0019591661963054,69.3905134214391]
["3296_92_CNTN2_CNTN2","CNTN2","rs35527562","chr12",518546,"T","G",-0.0691,0.009989,0.19381,{"v":4.592e-12,"d":"4.59E-12"},35313,true,"reported","textfile",0.00135328519840639,47.8506091620419]
["3298_52_CNTN4_Contactin_4","CNTN4","rs7019909","chr9",33113324,"T","C",0.0712,0.01455,0.09232,{"v":9.915e-07,"d":"9.92E-07"},35349,true,"reported","textfile",0.00067695962722806,23.9447015398587]
["3302_58_CST7_CYTF","CST7","rs150077408","chr20",37963218,"A","G",-0.2192,0.025224,0.03016,3.62E-18,35370,true,"reported","textfile",0.00213055058942069,75.5142000701001]
["3305_6_DLL4_DLL4","DLL4","rs144507767","chr11",223832,"A","C",-0.0416,0.0093,0.2554,{"v":7.715e-06,"d":"7.72E-06"},35351,true,"reported","textfile",5.65683248205669E-4,20.0076551361686]
["3311_27_FCGR3B_FCG3B","FCGR3B","rs34560372","chr10",30484902,"A","G",0.0532,0.010396,0.1964,{"v":3.099e-07,"d":"3.10E-07"},35351,true,"reported","textfile",0.000740231261018729,26.1858184071314]
["3311_27_FCGR3B_FCG3B","FCGR3B","rs11650022","chr17",47295775,"CAGGTG","CGGGTG",0.0844,0.014899,0.08682,{"v":1.471e-08,"d":"1.47E-08"},35362,true,"reported","textfile",0.000906650491288547,32.0882542034011]
["3313_21_FCN2_FCN2","FCN2","rs72550870","chr1",11046609,"C","T",-0.1181,0.019014,0.05142,{"v":5.253e-10,"d":"5.25E-10"},35388,true,"reported","textfile",1.08898926285978E-3,38.5769839769004]
["3316_58_SERPIND1_Heparin_cofactor_II","SERPIND1","rs2549034","chr16",70084259,"G","T",-0.0732,0.00838,0.41445,{"v":2.425e-18,"d":"2.43E-18"},35376,true,"reported","textfile",0.00215223499433922,76.2973705606521]
["3316_58_SERPIND1_Heparin_cofactor_II","SERPIND1","rs13244614","chr7",73559524,"A","C",-0.0512,0.00887,0.30553,{"v":7.825e-09,"d":"7.83E-09"},35354,true,"reported","textfile",0.000941553540050794,33.3171706478436]
["3321_2_IL24_IL24","IL24","rs342034","chr3",6861914,"G","A",0.1035,0.022509,0.03277,{"v":4.264e-06,"d":"4.26E-06"},35357,true,"reported","textfile",0.000597631201340599,21.1418861742298]
["3324_51_LY9_LY9","LY9","rs58261052","chr11",42819983,"C","T",-0.0606,0.012342,0.12342,{"v":9.113e-07,"d":"9.11E-07"},35367,true,"reported","textfile",0.00068120840199879,24.1073572710102]
["3324_51_LY9_LY9","LY9","rs1203109","chr4",3453635,"C","T",-0.0452,0.00995,0.21729,{"v":5.556e-06,"d":"5.56E-06"},35281,true,"reported","textfile",0.000584569123518788,20.6350767373414]
["3326_58_CADM1_Nectin_like_protein_2","CADM1","rs62091506","chr18",78392795,"G","C",-0.043,0.009454,0.24261,{"v":5.401e-06,"d":"5.40E-06"},35077,true,"reported","textfile",0.000589423183520066,20.6862110943645]
["3327_27_NTN4_NET4","NTN4","rs754593","chr17",45977330,"A","G",-0.0398,0.008621,0.37571,{"v":3.897e-06,"d":"3.90E-06"},35362,true,"reported","textfile",0.000602354772966281,21.312102218581]
["3331_8_RGMB_RGMB","RGMB","rs11247274","chr15",101192657,"T","C",0.038,0.008308,0.43581,{"v":4.787e-06,"d":"4.79E-06"},35314,true,"reported","textfile",0.000592065966881656,20.9194190986203]
["3336_50_TFPI_TFPI","TFPI","rs112164771","chr9",114328722,"T","C",-0.2009,0.014084,0.09912,{"v":3.655e-46,"d":"3.66E-46"},35361,true,"reported","textfile",0.00572125700321782,203.461984681527]
["3339_33_THBS2_TSP2","THBS2","rs6130305","chr20",43164137,"T","C",0.0499,0.011128,0.15624,{"v":7.315e-06,"d":"7.32E-06"},35375,true,"reported","textfile",0.000568098466037314,20.1067696641411]
["3342_76_ABL2_ABL2","ABL2","rs16881504","chr6",18935483,"T","C",-0.0608,0.013436,0.09636,{"v":6.037E-6,"d":"6.04E-06"},35375,true,"reported","textfile",0.000578521359806782,20.4758817954248]
["3343_1_ACY1_Aminoacylase_1","ACY1","rs3747207","chr22",43928975,"A","G",0.0682,0.009916,0.22927,{"v":6.09e-12,"d":"6.09E-12"},35372,true,"reported","textfile",1.33553628891168E-3,47.3010908621576]
["3348_49_BMP1_BMP_1","BMP1","rs339969","chr15",60591082,"A","C",0.0389,0.008639,0.33988,{"v":6.71e-06,"d":"6.71E-06"},35370,true,"reported","textfile",0.000572912516942727,20.2743853483698]
["3352_80_CA6_Carbonic_anhydrase_6","CA6","rs12142296","chr1",46076007,"G","T",0.0761,0.014186,0.11258,{"v":8.117e-08,"d":"8.12E-08"},35372,true,"reported","textfile",0.000812899029463472,28.7756303541101]
["3352_80_CA6_Carbonic_anhydrase_6","CA6","rs2419900","chr2",60287229,"T","C",0.0798,0.008243,0.45218,{"v":3.621e-22,"d":"3.62E-22"},35348,true,"reported","textfile",0.00264435881856388,93.7153237437353]
["3362_61_CHRDL1_CRDL1","CHRDL1","rs16868886","chr5",39439877,"A","G",0.0782,0.015491,0.07442,{"v":4.465e-07,"d":"4.47E-07"},35361,true,"reported","textfile",0.000720140431014223,25.481795971766]
["3364_76_CTSV_Cathepsin_V","CTSV","rs45467892","chr7",99735374,"A","T",-0.1035,0.017078,0.05921,{"v":1.357E-9,"d":"1.36E-09"},35368,true,"reported","textfile",1.03739800664251E-3,36.7267181270944]
["3365_7_DKK4_Dkk_4","DKK4","rs17755271","chr10",63920979,"A","G",0.0496,0.010747,0.17867,{"v":3.924E-6,"d":"3.92E-06"},35351,true,"reported","textfile",6.0217892209703E-4,21.299248675817]
["3366_51_ECM1_ECM1","ECM1","rs140808371","chr4",23112538,"T","C",0.0414,0.009366,0.19548,{"v":9.864e-06,"d":"9.86E-06"},35356,true,"reported","textfile",0.000552318150136651,19.5374467663876]
["3367_8_FETUB_FETUB","FETUB","rs4764725","chr12",103118536,"C","T",-0.0422,0.008366,0.45171,{"v":4.553e-07,"d":"4.55E-07"},35365,true,"reported","textfile",0.000718957415486283,25.4427833616099]
["3376_49_IL17RD_IL_17_RD","IL17RD","rs116097686","chr3",55588735,"A","C",0.1941,0.031558,0.01583,{"v":7.719e-10,"d":"7.72E-10"},35348,true,"reported","textfile",0.00106906163597064,37.8274925060414]
["3387_1_PAK3_PAK3","PAK3","rs12026141","chr1",201980465,"T","C",-0.0472,0.008768,0.31246,{"v":7.319e-08,"d":"7.32E-08"},35357,true,"reported","textfile",0.000818939275506201,28.9773287581411]
["3387_1_PAK3_PAK3","PAK3","rs72827837","chr6",16756696,"G","A",0.1023,0.022747,0.03166,{"v":6.882e-06,"d":"6.88E-06"},35385,true,"reported","textfile",0.000571262406760666,20.2245312528117]
["3396_54_REN_Renin","REN","rs914615","chr1",155206101,"A","G",-0.042,0.008298,0.42736,{"v":4.163e-07,"d":"4.16E-07"},35361,true,"reported","textfile",7.23956809212565E-4,25.6169343710161]
["3399_31_STAB2_STAB2","STAB2","rs10305748","chr1",150812144,"T","C",-0.1202,0.023602,0.02964,{"v":3.53E-7,"d":"3.53E-07"},35363,true,"reported","textfile",0.000732898464488172,25.9350303466838]
["3400_49_TBK1_TBK1","TBK1","rs712295","chr14",34071078,"TAAACAAAACAAAAA","AAAACAAAACAAAAA",0.044,0.009422,0.23007,{"v":3.014e-06,"d":"3.01E-06"},35365,true,"reported","textfile",0.000616279556603048,21.8069331272321]
["3403_1_TPSB2_TPSB2","TPSB2","rs716719","chr7",50286121,"A","C",0.0411,0.007761,0.27426,{"v":1.187E-7,"d":"1.19E-07"},35337,true,"reported","textfile",0.000793001607225148,28.0429498956392]
["3404_51_TPSG1_TPSG1","TPSG1","rs9268560","chr6",32421735,"G","C",0.0348,0.00787,0.43602,{"v":9.786e-06,"d":"9.79E-06"},35439,true,"reported","textfile",0.000551426986938125,19.5516994708551]
["3414_40_BMX_BMX","BMX","rs2294081","chr11",193863,"C","T",0.0401,0.008584,0.47719,{"v":2.993E-6,"d":"2.99E-06"},35352,true,"reported","textfile",0.000616917843899537,21.8215078594279]
["3418_12_CAMK1D_CAMK1D","CAMK1D","rs704","chr17",28367840,"A","G",0.0588,0.008054,0.49189,{"v":2.861e-13,"d":"2.86E-13"},35360,true,"reported","textfile",0.0015050987559603,53.29749981391]
["3419_49_CAMK2D_CAMK2D","CAMK2D","rs9971407","chr11",65130754,"T","C",-0.0616,0.009218,0.24858,{"v":2.343E-11,"d":"2.34E-11"},35363,true,"reported","textfile",1.26121994230812E-3,44.6543172954407]
["3421_54_TNFSF8_CD30_Ligand","TNFSF8","rs55714927","chr17",7176997,"T","C",0.1307,0.010047,0.21166,{"v":1.091E-38,"d":"1.09E-38"},35370,true,"reported","textfile",4.76179124006879E-3,169.220826829587]
["3423_59_CMA1_Chymase","CMA1","rs76061334","chr1",151210400,"T","C",-0.0618,0.013888,0.09434,{"v":8.595e-06,"d":"8.60E-06"},35359,true,"reported","textfile",0.000559698854745803,19.8003546430647]
["3432_21_EPHA3_EPHA3","EPHA3","rs34472626","chr5",125457833,"A","G",0.0554,0.011983,0.12031,{"v":3.781e-06,"d":"3.78E-06"},35353,true,"reported","textfile",0.000604226329686016,21.3729190611694]
["3437_80_FLT3_Flt_3","FLT3","rs3900909","chr1",197788716,"T","C",0.1274,0.022331,0.03376,{"v":1.163e-08,"d":"1.16E-08"},35337,true,"reported","textfile",0.00092022283236784,32.5460233755306]
["3438_10_FSTL3_FSTL3","FSTL3","rs11057326","chr12",123663916,"TTTTTTTTTTGGTTTT","TTTTTTTTTTGGTTTG",-0.0397,0.008516,0.38661,{"v":3.135e-06,"d":"3.14E-06"},35369,true,"reported","textfile",0.00061407321775618,21.7312720845577]
["3440_7_GZMA_granzyme_A","GZMA","rs10813948","chr9",33121572,"A","G",-0.0596,0.008899,0.2872,{"v":2.127e-11,"d":"2.13E-11"},35349,true,"reported","textfile",1.26730818423665E-3,44.8523841817689]
["3445_53_IL15RA_IL_15_Ra","IL15RA","rs9501600","chr6",32009122,"T","C",0.0928,0.011495,0.15016,{"v":6.861e-16,"d":"6.86E-16"},35440,true,"reported","textfile",1.83563508223742E-3,65.1708659722483]
["3448_13_INSR_IR","INSR","rs17303046","chr3",137077208,"G","A",-0.0499,0.010798,0.18836,{"v":3.813e-06,"d":"3.81E-06"},35361,true,"reported","textfile",0.000603570076547651,21.3545232879039]
["3450_4_KLK6_Kallikrein_6","KLK6","rs41548618","chr6",32521968,"G","C",0.0586,0.008662,0.35223,{"v":1.328E-11,"d":"1.33E-11"},35438,true,"reported","textfile",0.00128982011665216,45.7650943930747]
["3452_17_LCK_LCK","LCK","rs144361754","chr7",13844363,"C","T",0.1304,0.026826,0.02208,{"v":1.168e-06,"d":"1.17E-06"},35357,true,"reported","textfile",0.000667848252693256,23.6275545950218]
["3461_58_BCAN_PGCB","BCAN","rs79170693","chr1",119310921,"A","G",0.0816,0.018308,0.05166,{"v":8.308e-06,"d":"8.31E-06"},35360,true,"reported","textfile",0.000561490396915984,19.8643310853009]
["3470_1_SELE_sE_Selectin","SELE","rs72677175","chr1",71647561,"A","G",0.063,0.013901,0.09225,{"v":5.839e-06,"d":"5.84E-06"},35347,true,"reported","textfile",0.000580743243055554,20.5382974032394]
["3470_1_SELE_sE_Selectin","SELE","rs28400012","chr19",48748980,"T","C",-0.0477,0.010779,0.16662,{"v":9.634e-06,"d":"9.63E-06"},35377,true,"reported","textfile",0.000553246244237205,19.5819195133168]
["3472_40_BIRC5_Survivin","BIRC5","rs3099847","chr6",31455283,"T","C",0.0718,0.014516,0.09144,{"v":7.561e-07,"d":"7.56E-07"},35438,true,"reported","textfile",0.000689899837303108,24.4641684605136]
["3474_19_THBS1_Thrombospondin_1","THBS1","rs41273215","chr1",156912167,"TTTC","CTTC",0.0622,0.013249,0.10764,{"v":2.668e-06,"d":"2.67E-06"},35364,true,"reported","textfile",0.000622848758670675,22.0389047085526]
["3480_7_DUSP3_DUS3","DUSP3","rs111498817","chr17",7423909,"T","A",0.1232,0.027523,0.02197,{"v":7.596e-06,"d":"7.60E-06"},35373,true,"reported","textfile",0.000566124626133063,20.0357368750002]
["3485_28_B2M_b2_Microglobulin","B2M","rs73042687","chr2",183486506,"T","G",0.0469,0.010194,0.19781,{"v":4.208e-06,"d":"4.21E-06"},35359,true,"reported","textfile",0.000598269069123261,21.1656622380357]
["3486_58_FGF1_b_ECGF","FGF1","rs1146348","chr1",118435795,"G","A",-0.0474,0.010253,0.18517,{"v":3.782E-6,"d":"3.78E-06"},35368,true,"reported","textfile",0.00060392346877484,21.3712640045808]
["3489_9_CNTF_CNTF","CNTF","rs1555405","chr14",100710432,"A","G",-0.039,0.008599,0.30381,{"v":5.742e-06,"d":"5.74E-06"},35380,true,"reported","textfile",0.000581062785748038,20.5687909931881]
["3494_71_FGF17_FGF_17","FGF17","rs12770958","chr10",30417661,"A","C",0.0483,0.010394,0.17709,{"v":3.367e-06,"d":"3.37E-06"},35348,true,"reported","textfile",6.10518409946573E-4,21.5925663772629]
["3497_13_IFNA2_IFN_aA","IFNA2","rs58468211","chr1",196206772,"T","C",0.1038,0.019183,0.04496,{"v":6.27e-08,"d":"6.27E-08"},35336,true,"reported","textfile",0.000827912729937417,29.2777077865886]
["3508_78_CCL22_MDC","CCL22","rs289750","chr16",56992852,"C","T",-0.0741,0.008823,0.33473,{"v":4.507e-17,"d":"4.51E-17"},35371,true,"reported","textfile",0.00199017531811385,70.5308796421975]
["3508_78_CCL22_MDC","CCL22","rs77013002","chr2",106693104,"A","C",0.0923,0.019598,0.04517,{"v":2.481E-6,"d":"2.48E-06"},35360,true,"reported","textfile",0.000626895707777137,22.1796827835209]
["3516_60_CXCL12_SDF_1","CXCL12","rs944485","chr9",89064903,"G","T",0.0424,0.008285,0.44762,{"v":3.096e-07,"d":"3.10E-07"},35362,true,"reported","textfile",7.40096463641431E-4,26.189193483844]
["3518_54_CPB2_TAFI","CPB2","rs2126263","chr8",9324101,"A","G",0.0758,0.014873,0.07874,{"v":3.46E-7,"d":"3.46E-07"},35385,true,"reported","textfile",0.000733505511018386,25.9726765977839]
["3522_57_VIP_Vasoactive_Intestinal_Peptide","VIP","rs117918253","chr11",103051420,"T","C",-0.14,0.031574,0.01664,{"v":9.251E-6,"d":"9.25E-06"},35364,true,"reported","textfile",5.55640766071021E-4,19.6594923852129]
["3535_84_DKK1_DKK1","DKK1","rs76364903","chr6",78482432,"A","G",-0.0497,0.010479,0.19592,{"v":2.109e-06,"d":"2.11E-06"},35340,true,"reported","textfile",0.000636107045595759,22.4930587704238]
["3538_26_DDC_dopa_decarboxylase","DDC","rs211161","chr6",96614917,"G","T",0.1429,0.031416,0.01526,{"v":5.398e-06,"d":"5.40E-06"},35343,true,"reported","textfile",0.000585066329065897,20.6889335339128]
["3580_25_SERPINA1_a1_Antitrypsin","SERPINA1","rs2240198","chr11",1954554,"T","C",-0.0474,0.010529,0.19132,{"v":6.731e-06,"d":"6.73E-06"},35349,true,"reported","textfile",5.7300231491174E-4,20.2655250179335]
["3585_54_BSG_BASI","BSG","rs1457798","chr3",164911000,"A","G",0.0721,0.015267,0.07218,{"v":2.33e-06,"d":"2.33E-06"},35342,true,"reported","textfile",0.000630663962859237,22.3017293444524]
["3587_53_BMP10_BMP10","BMP10","rs79422698","chr3",61804705,"T","C",0.0594,0.012942,0.10806,{"v":4.438e-06,"d":"4.44E-06"},35361,true,"reported","textfile",0.000595369959667607,21.0642274121117]
["3600_2_CHIT1_Chitotriosidase_1","CHIT1","rs3766562","chr1",203142755,"T","C",-0.7095,0.020546,0.05194,{"v":1e-200,"d":"1.00E-200"},35363,true,"reported","textfile",0.0326210375069821,1192.41016396686]
["3603_60_CLEC7A_CLC7A","CLEC7A","rs11676298","chr2",226427015,"G","C",0.0479,0.00977,0.21251,{"v":9.446e-07,"d":"9.45E-07"},35358,true,"reported","textfile",0.000679358581944287,24.0357309032847]
["3607_71_DKK3_DKK3","DKK3","rs2008988","chr8",126845583,"G","T",-0.082,0.01835,0.05452,{"v":7.869e-06,"d":"7.87E-06"},35361,true,"reported","textfile",0.000564398492372855,19.9678361084073]
["3622_33_LGMN_LGMN","LGMN","rs10769263","chr11",47395632,"C","A",-0.0388,0.008524,0.36683,{"v":5.32e-06,"d":"5.32E-06"},35376,true,"reported","textfile",0.000585347214987145,20.7181997234629]
["3622_33_LGMN_LGMN","LGMN","rs35677470","chr3",58197909,"A","G",0.0903,0.015676,0.07591,{"v":8.384e-09,"d":"8.38E-09"},35357,true,"reported","textfile",0.000937609918022872,33.1803088383486]
["3628_3_MAP2K2_MP2K2","MAP2K2","rs62251411","chr3",69381301,"A","G",0.0473,0.010469,0.18815,{"v":6.244e-06,"d":"6.24E-06"},35353,true,"reported","textfile",0.000577078526574859,20.4120823673647]
["3640_14_LRPAP1_RAP","LRPAP1","rs114441543","chr6",36783664,"T","C",0.3291,0.027548,0.02433,{"v":6.765e-33,"d":"6.77E-33"},35354,true,"reported","textfile",0.00402056815226559,142.708896161847]
["3651_50_KDR_VEGF_sR2","KDR","rs61923106","chr12",46185628,"A","G",-0.0618,0.013932,0.09592,{"v":9.174e-06,"d":"9.17E-06"},35362,true,"reported","textfile",0.000556123964418973,19.6754853907923]
["3708_62_A2M_a2_Macroglobulin","A2M","rs1973612","chr4",186248013,"T","C",0.2444,0.00821,0.49071,{"v":1.002E-194,"d":"1.00E-194"},35392,true,"reported","textfile",0.0244270342101988,886.117974783237]
["3710_49_PLG_Angiostatin","PLG","rs4930972","chr12",31277595,"A","C",-0.042,0.009334,0.27215,{"v":6.811e-06,"d":"6.81E-06"},35356,true,"reported","textfile",0.000572336217329031,20.2459621248293]
["3723_1_NPPB_BNP_32","NPPB","rs62269916","chr3",74348841,"A","G",0.0975,0.021675,0.03471,{"v":6.848e-06,"d":"6.85E-06"},35343,true,"reported","textfile",0.000572188386723454,20.2332870270557]
["3730_81_TNFRSF4_TNR4","TNFRSF4","rs10232250","chr7",131591180,"A","T",0.0362,0.007963,0.44779,{"v":5.47e-06,"d":"5.47E-06"},35351,true,"reported","textfile",0.000584262738368702,20.6651774317504]
["3738_54_CSF1_CSF_1","CSF1","rs74399524","chr7",20904178,"T","C",0.0786,0.017554,0.05464,{"v":7.545e-06,"d":"7.55E-06"},35381,true,"reported","textfile",0.000566339395281294,20.0478753672691]
["3773_15_TEK_sTie_2","TEK","rs296849","chr9",4780007,"A","T",0.0366,0.008193,0.49628,{"v":7.92e-06,"d":"7.92E-06"},35374,true,"reported","textfile",0.000563828666636295,19.9549987966232]
["3795_6_ADAM9_ADAM_9","ADAM9","rs7374763","chr3",29331783,"G","A",-0.0416,0.008919,0.2847,{"v":3.098e-06,"d":"3.10E-06"},35351,true,"reported","textfile",0.000615014634727961,21.7535310629594]
["3798_71_CA9_Carbonic_anhydrase_9","CA9","rs116823477","chr6",55491931,"GAAAA","AAAAA",0.0907,0.018823,0.04626,{"v":1.445e-06,"d":"1.45E-06"},35351,true,"reported","textfile",0.000656371981081759,23.2173323656994]
["3803_10_CST5_CYTD","CST5","rs61844055","chr10",17740127,"A","T",-0.0688,0.015528,0.07038,{"v":9.398e-06,"d":"9.40E-06"},35355,true,"reported","textfile",0.000554950071233445,19.6300435623892]
["3803_10_CST5_CYTD","CST5","rs35065709","chr20",30643498,"CTTTTTTTTT","CTTTTTTTTTT",0.0517,0.008852,0.36387,{"v":5.212e-09,"d":"5.21E-09"},35366,true,"reported","textfile",0.000963593026143145,34.1093713288648]
["3806_55_EPHA5_EphA5","EPHA5","rs2122718","chr4",65385847,"C","T",0.0562,0.007928,0.45642,{"v":1.349E-12,"d":"1.35E-12"},35349,true,"reported","textfile",0.00141955189644762,50.2482308551375]
["3809_1_FGFR3_FGFR_3","FGFR3","rs12922367","chr16",86126993,"C","T",0.0364,0.008216,0.37775,{"v":9.408e-06,"d":"9.41E-06"},35376,true,"reported","textfile",0.000554539237286099,19.6271550073263]
["3810_50_FGR_FGR","FGR","rs11594179","chr10",102632823,"T","C",0.0565,0.010595,0.18128,{"v":9.683e-08,"d":"9.68E-08"},35370,true,"reported","textfile",8.03361246998887E-4,28.4361250647485]
["3817_18_PRKCQ_KPCT","PRKCQ","rs13276096","chr8",143225502,"A","G",-0.0533,0.011867,0.13827,{"v":7.07e-06,"d":"7.07E-06"},35257,true,"reported","textfile",0.000571845565033141,20.1719506357525]
["3820_68_MAPKAPK2_MAPK2","MAPKAPK2","rs6884904","chr5",119581786,"A","C",0.1916,0.040838,0.01002,{"v":2.71e-06,"d":"2.71E-06"},35363,true,"reported","textfile",0.000622074975404285,22.0108856264056]
["3825_18_MAPK8_MK08","MAPK8","rs2377596","chr10",48648422,"A","C",0.0388,0.008091,0.48459,{"v":1.623E-6,"d":"1.62E-06"},35354,true,"reported","textfile",0.000650037021933124,22.9950564373856]
["3831_21_PTEN_pTEN","PTEN","rs4980320","chr11",198986,"C","T",0.0368,0.008109,0.46986,{"v":5.68e-06,"d":"5.68E-06"},35352,true,"reported","textfile",0.000582229378161724,20.5937988327053]
["3835_11_TLR2_TLR2","TLR2","rs57361332","chr7",12059932,"T","C",-0.0397,0.008739,0.28973,{"v":5.551e-06,"d":"5.55E-06"},35375,true,"reported","textfile",0.00058305267995269,20.6363545297796]
["3839_60_AIP_AIP","AIP","rs1354034","chr3",56815721,"C","T",0.0531,8.345E-3,0.38119,{"v":1.978E-10,"d":"1.98E-10"},35356,true,"reported","textfile",0.00114386869543996,40.4866452646859]
["3844_2_PPIA_Cyclophilin_A","PPIA","rs1447676","chr3",74093896,"T","C",-0.0362,0.00812,0.43155,{"v":8.27e-06,"d":"8.27E-06"},35347,true,"reported","textfile",0.000561963872125716,19.8737814074369]
["3848_14_GAPDH_GAPDH__liver","GAPDH","rs75541570","chr5",65715782,"GTTTC","GTTTT",-0.0733,0.015236,0.07815,{"v":1.501e-06,"d":"1.50E-06"},35367,true,"reported","textfile",0.000654008922726408,23.1441620407031]
["3855_56_PRDX1_Peroxiredoxin_1","PRDX1","rs183380628","chr1",43007578,"GCCCCGCCCCACCG","GCCCCGCCCCGCCG",-0.1895,0.029979,0.01867,{"v":2.598e-10,"d":"2.60E-10"},35362,true,"reported","textfile",1.12864375778176E-3,39.9539370367984]
["3855_56_PRDX1_Peroxiredoxin_1","PRDX1","rs78547840","chr4",188163709,"T","G",-0.1099,0.023522,0.02893,{"v":2.981e-06,"d":"2.98E-06"},35321,true,"reported","textfile",0.000617654451898914,21.8284200074132]
["3860_7_PSMA6_PSA6","PSMA6","rs1354034","chr3",56815721,"C","T",0.0452,0.008265,0.38119,{"v":4.527e-08,"d":"4.53E-08"},35356,true,"reported","textfile",0.000845202565373087,29.9065686047063]
["3867_49_SEZ6L2_SE6L2","SEZ6L2","rs77265585","chr9",4764332,"C","G",0.0583,0.011643,0.14219,{"v":5.519e-07,"d":"5.52E-07"},35374,true,"reported","textfile",0.000708297036348594,25.0716409386958]
["3868_8_SGTA_SGTA","SGTA","rs200981828","chr6",165243467,"AAAAAAAA","AAAAATAA",-0.101,0.022828,0.03381,{"v":9.674e-06,"d":"9.67E-06"},35380,true,"reported","textfile",0.000552979420317581,19.5741300230688]
["3873_51_TPO_TMA","TPO","rs12879950","chr14",24321222,"T","C",-0.1298,0.028638,0.02155,{"v":5.829e-06,"d":"5.83E-06"},35379,true,"reported","textfile",0.000580318425496799,20.5418457503829]
["3875_62_ARID3A_ARI3A","ARID3A","rs185009887","chr17",5848332,"A","G",-0.1184,0.025985,0.02519,{"v":5.203E-6,"d":"5.20E-06"},35374,true,"reported","textfile",0.00058656881863209,20.7602895911943]
["3887_90_KPNB1_IMB1","KPNB1","rs2135058","chr5",31920076,"G","T",0.0558,0.010558,0.17485,{"v":1.256e-07,"d":"1.26E-07"},35375,true,"reported","textfile",0.000788979736373098,27.9306169054884]
["3891_56_MBD4_MBD4","MBD4","rs6749821","chr2",224317921,"TAG","CAG",0.0372,0.008095,0.49591,{"v":4.319e-06,"d":"4.32E-06"},35368,true,"reported","textfile",0.00059673626962713,21.1167760578044]
["3892_21_MED1_MED_1","MED1","rs118062631","chr14",105820025,"T","C",0.1189,0.025441,0.02642,{"v":2.961e-06,"d":"2.96E-06"},34967,true,"reported","textfile",0.000624260394199711,21.8408990914694]
["3896_5_PGAM1_Phosphoglycerate_mutase_1","PGAM1","rs138482602","chr20",2821662,"A","G",-0.1569,0.033535,0.01389,{"v":2.888e-06,"d":"2.89E-06"},35377,true,"reported","textfile",0.000618385958384339,21.8889390904234]
["3897_61_PDXP_PLPP","PDXP","rs6884904","chr5",119581786,"A","C",0.1984,0.040741,0.01002,{"v":1.117e-06,"d":"1.12E-06"},35363,true,"reported","textfile",0.000670161878933103,23.7134860753378]
["3903_49_SNX4_Sorting_nexin_4","SNX4","rs138987630","chr3",69483710,"G","A",0.1017,0.022045,0.03617,{"v":3.964e-06,"d":"3.96E-06"},35352,true,"reported","textfile",0.000601653347797454,21.2812497798153]
["4124_24_HSPA1A_HSP_70","HSPA1A","rs562047","chr6",31816086,"C","G",0.1445,0.013769,0.09901,{"v":9.184e-26,"d":"9.18E-26"},35439,true,"reported","textfile",0.00309814571058157,110.130188918282]
["4124_24_HSPA1A_HSP_70","HSPA1A","rs17529688","chr7",117082590,"T","C",0.0969,0.020793,0.03848,{"v":3.157E-6,"d":"3.16E-06"},35342,true,"reported","textfile",0.000614122956861959,21.7164418609898]
["4125_52_AGER_sRAGE","AGER","rs11955014","chr5",50458457,"A","G",0.0457,0.008708,0.34123,{"v":1.539E-7,"d":"1.54E-07"},35362,true,"reported","textfile",0.000778252666132082,27.5404477012804]
["4127_75_C6_C6","C6","rs10067548","chr5",40186614,"A","G",-0.309,0.027134,0.02341,{"v":4.813e-30,"d":"4.81E-30"},35360,true,"reported","textfile",0.00365415676157912,129.677536823925]
["4127_75_C6_C6","C6","rs2534681","chr6",31495154,"A","T",0.0367,0.008215,0.43127,{"v":7.907e-06,"d":"7.91E-06"},35440,true,"reported","textfile",0.000562831993109351,19.9568725381561]
["4130_71_FGF6_FGF_6","FGF6","rs61040989","chr14",96271404,"A","G",0.0768,0.01687,0.06103,{"v":5.299e-06,"d":"5.30E-06"},35381,true,"reported","textfile",0.000585420399907525,20.7237204170224]
["4131_72_FN1_Fibronectin","FN1","rs2836030","chr21",37883424,"G","A",-0.0626,0.01355,0.0869,{"v":3.839E-6,"d":"3.84E-06"},35368,true,"reported","textfile",0.000603111441021697,21.3425111358195]
["4137_57_IL25_IL_17E","IL25","rs5027249","chr14",22801387,"T","C",0.0477,0.009905,0.20211,{"v":1.467e-06,"d":"1.47E-06"},35377,true,"reported","textfile",0.000655122005553574,23.1901333131028]
["4141_79_CXCL10_IP_10","CXCL10","rs139036718","chr22",22594189,"G","A",0.1807,0.04077,0.01001,{"v":9.328e-06,"d":"9.33E-06"},35350,true,"reported","textfile",0.000555397845699043,19.6431127922975]
["4143_74_XCL1_Lymphotactin","XCL1","rs1671214","chr19",55041455,"G","A",0.0443,0.008885,0.27938,{"v":6.173E-7,"d":"6.17E-07"},35381,true,"reported","textfile",7.02129865501523E-4,24.8581061302923]
["4145_58_NTF3_Neurotrophin_3","NTF3","rs10868235","chr9",84878840,"T","C",-0.0701,0.008026,0.46309,{"v":2.467E-18,"d":"2.47E-18"},35362,true,"reported","textfile",2.15260840525364E-3,76.2804351155548]
["4148_49_PAPPA_PAPP_A","PAPPA","rs1036332","chr1",199043349,"C","A",0.0497,0.009711,0.25551,{"v":3.086E-7,"d":"3.09E-07"},35343,true,"reported","textfile",0.000740559092688507,26.191495244659]
["4149_8_PDGFB_PDGF_BB","PDGFB","rs7766368","chr6",161686427,"G","A",0.037,0.008308,0.4377,{"v":8.444e-06,"d":"8.44E-06"},35390,true,"reported","textfile",0.000560127095293807,19.8328865854116]
["4151_6_PLG_Plasminogen","PLG","rs9277481","chr6",33086043,"T","A",-0.0895,0.017427,0.05984,{"v":2.812E-7,"d":"2.81E-07"},35437,true,"reported","textfile",0.000743739311840994,26.3740179090158]
["4152_58_KLKB1_Prekallikrein","KLKB1","rs73126548","chr20",39931314,"TTGAACACCCGA","TTGAACACCAGA",0.0425,0.009466,0.25869,{"v":7.133e-06,"d":"7.13E-06"},35376,true,"reported","textfile",5.69493453746577E-4,20.1567405646318]
["4155_3_TNC_Tenascin","TNC","rs74742617","chr9",114107678,"T","C",0.1419,0.013793,0.10707,{"v":7.968e-25,"d":"7.97E-25"},35363,true,"reported","textfile",0.00298401045747839,105.833401764509]
["4157_2_F2_Thrombin","F2","rs9312345","chr4",186170487,"TGCA","TGCC",-0.0816,0.015008,0.0843,{"v":5.413e-08,"d":"5.41E-08"},35393,true,"reported","textfile",0.000834554504543759,29.5603882254578]
["4158_54_PLAU_uPA","PLAU","rs11000927","chr10",74219933,"G","T",-0.0687,0.009617,0.25247,{"v":9.11e-13,"d":"9.11E-13"},35369,true,"reported","textfile",1.44073897478033E-3,51.02813354186]
["4159_130_CFH_Factor_H","CFH","rs274917","chr9",23512987,"C","A",-0.0834,0.016384,0.06531,{"v":3.574e-07,"d":"3.57E-07"},35362,true,"reported","textfile",7.32212755841104E-4,25.9100146898013]
["4160_49_MMP2_MMP_2","MMP2","rs188123247","chr3",58084062,"G","C",0.2217,0.041238,0.01076,{"v":7.614e-08,"d":"7.61E-08"},35358,true,"reported","textfile",0.000816758471151574,28.9009175752887]
["4188_1_AKR7A2_Aflatoxin_B1_aldehyde_reductase","AKR7A2","rs4980320","chr11",198986,"C","T",0.0501,0.008148,0.46986,{"v":7.807E-10,"d":"7.81E-10"},35352,true,"reported","textfile",1.0683048882547E-3,37.804965028744]
["4194_26_ANP32B_AN32B","ANP32B","rs71617203","chr3",52962898,"G","C",-0.0848,0.018839,0.04633,{"v":6.752e-06,"d":"6.75E-06"},35349,true,"reported","textfile",0.000572862003808258,20.2605597534692]
["4203_50_CFL1_Cofilin_1","CFL1","rs79209494","chr2",12548453,"A","G",-0.1936,0.038458,0.01072,{"v":4.801e-07,"d":"4.80E-07"},35367,true,"reported","textfile",0.000716024720386187,25.3403585596096]
["4217_49_HSD17B10_ERAB","HSD17B10","rs73094328","chr2",237899013,"T","C",-0.0761,0.016837,0.06128,{"v":6.191e-06,"d":"6.19E-06"},35340,true,"reported","textfile",0.000577726606085242,20.427504318581]
["4224_7_SYNCRIP_HNRPQ","SYNCRIP","rs11208686","chr1",65604919,"A","G",-0.0445,0.010027,0.20129,{"v":9.085e-06,"d":"9.09E-06"},35347,true,"reported","textfile",0.000556908059150574,19.6948835900724]
["4232_19_IGF1R_IGF_I_sR","IGF1R","rs72729393","chr5",3110942,"C","A",0.0744,0.016808,0.06567,{"v":9.58e-06,"d":"9.58E-06"},35360,true,"reported","textfile",0.000553810203003925,19.5924716685249]
["4234_8_IL1RL1_IL_1_R4","IL1RL1","rs62290561","chr4",7904602,"C","T",-0.0328,0.007285,0.40913,{"v":6.726e-06,"d":"6.73E-06"},35383,true,"reported","textfile",0.000572591870932302,20.2704796973504]
["4237_70_LCMT1_LCMT1","LCMT1","rs62210515","chr20",36444351,"G","A",-0.0721,0.015839,0.07176,{"v":5.313e-06,"d":"5.31E-06"},35366,true,"reported","textfile",0.000585564429501811,20.7200333994389]
["4250_23_NSFL1C_NSF1C","NSFL1C","rs56375235","chr11",88282549,"C","T",-0.0669,0.014829,0.08022,{"v":6.438E-6,"d":"6.44E-06"},35350,true,"reported","textfile",0.0005754255095862,20.3518518875964]
["4261_55_PON1_paraoxonase_1","PON1","rs2893750","chr12",117815687,"G","T",-0.0418,0.009226,0.24278,{"v":5.875e-06,"d":"5.88E-06"},35371,true,"reported","textfile",0.00057999782081773,20.5258478715382]
["4267_81_PES1_PESC","PES1","rs118059889","chr10",121377430,"T","C",0.1718,0.036407,0.01243,{"v":2.372e-06,"d":"2.37E-06"},35375,true,"reported","textfile",0.000629081321401506,22.2665010218213]
["4276_10_PEBP1_prostatic_binding_protein","PEBP1","rs73217917","chr12",118065718,"C","T",-0.9644,0.020487,0.02826,{"v":1e-200,"d":"1.00E-200"},35372,true,"reported","textfile",0.0589534415225588,2215.81303057588]
["4278_14_P4HB_Protein_disulfide_isomerase","P4HB","rs62079523","chr17",82394427,"A","G",0.1273,0.008342,0.35228,{"v":1.425e-52,"d":"1.43E-52"},35019,true,"reported","textfile",0.00660593441005101,232.85825157349]
["4282_3_RAN_RAN","RAN","rs191622289","chr17",59349537,"A","G",0.1444,0.030726,0.01639,{"v":2.606e-06,"d":"2.61E-06"},35370,true,"reported","textfile",0.000624045376884081,22.0850189436063]
["4297_62_SPON1_Spondin_1","SPON1","rs492602","chr19",48703160,"G","A",-0.0674,0.008487,0.39439,{"v":1.997e-15,"d":"2.00E-15"},35377,true,"reported","textfile",1.77957722107763E-3,63.0647728287997]
["4301_58_TK1_Thymidine_kinase","TK1","rs72748418","chr1",196122755,"A","G",0.0702,0.015477,0.07164,{"v":5.742e-06,"d":"5.74E-06"},35337,true,"reported","textfile",0.00058185960876817,20.5719792796385]
["4309_59_TPI1_Triosephosphate_isomerase","TPI1","rs141144647","chr11",61386029,"A","G",0.1586,0.035028,0.01269,{"v":5.961e-06,"d":"5.96E-06"},35365,true,"reported","textfile",0.000579362437503363,20.4998707325075]
["4314_12_DCTPP1_XTP3A","DCTPP1","rs1984769","chr1",161669769,"A","G",0.0622,0.010158,0.22935,{"v":9.176e-10,"d":"9.18E-10"},35350,true,"reported","textfile",1.05953312984493E-3,37.4921011970845]
["4324_33_CST2_CYTT","CST2","rs836124","chr11",34540700,"G","T",0.0607,8.234E-3,0.42792,{"v":1.687E-13,"d":"1.69E-13"},35378,true,"reported","textfile",0.00153375420671304,54.3414352215505]
["4328_2_BOC_BOC","BOC","rs7793710","chr7",73557201,"G","C",0.0708,0.008873,0.30541,{"v":1.476e-15,"d":"1.48E-15"},35354,true,"reported","textfile",0.00179765183300129,63.6650351674285]
["4332_6_CLEC1B_CLC1B","CLEC1B","rs4610723","chr8",140517207,"G","A",-0.0468,0.010582,0.17937,{"v":9.752e-06,"d":"9.75E-06"},35325,true,"reported","textfile",0.000553392946307472,19.5583224801209]
["4355_13_DAPK2_DAPK2","DAPK2","rs509652","chr15",65329519,"C","T",0.1628,0.029969,0.01906,{"v":5.562e-08,"d":"5.56E-08"},35360,true,"reported","textfile",0.00083385349283505,29.5079971461486]
["4389_2_DHH_DHH","DHH","rs2903155","chr20",61279659,"T","C",-0.0608,0.013252,0.10351,{"v":4.472e-06,"d":"4.47E-06"},35352,true,"reported","textfile",0.000595075130882101,21.0484312746779]
["4393_3_FGF16_FGF_16","FGF16","rs144883301","chr9",32156024,"T","C",-0.1219,0.026292,0.02437,{"v":3.545e-06,"d":"3.55E-06"},35355,true,"reported","textfile",0.000607638591176103,21.494908249615]
["4397_26_IFNL2_IFN_lambda_2","IFNL2","rs368465","chr1",196702851,"C","T",-0.0587,0.008053,0.39961,{"v":3.109e-13,"d":"3.11E-13"},35339,true,"reported","textfile",0.0015012536360911,53.129560684713]
["4397_26_IFNL2_IFN_lambda_2","IFNL2","rs76865816","chr9",89995165,"T","C",0.1374,0.029716,0.01838,{"v":3.768e-06,"d":"3.77E-06"},35363,true,"reported","textfile",0.000604200645273468,21.378055652535]
["4413_3_SLPI_SLPI","SLPI","rs2712120","chr4",168427284,"C","T",-0.0541,0.011443,0.14617,{"v":2.271e-06,"d":"2.27E-06"},35361,true,"reported","textfile",0.000631707106337319,22.3506506378204]
["4423_77_BCL2L1_BCL2_like_1_protein","BCL2L1","rs7466794","chr9",104420439,"A","G",-0.0393,0.008765,0.3015,{"v":7.343e-06,"d":"7.34E-06"},35363,true,"reported","textfile",0.000568179200902999,20.1028067197889]
["4429_51_CHST6_CHST6","CHST6","rs567084","chr6",52346496,"G","T",-0.0363,0.008007,0.42771,{"v":5.806E-6,"d":"5.81E-06"},35365,true,"reported","textfile",0.00058082808381933,20.5517605678127]
["4436_1_ENTPD3_ENTP3","ENTPD3","rs2686395","chr3",165767231,"C","T",-0.0935,0.008673,0.3101,{"v":4.265e-27,"d":"4.27E-27"},35339,true,"reported","textfile",3.27796515330452E-3,116.214401380359]
["4437_56_ENTPD5_ENTP5","ENTPD5","rs144519259","chr10",32763397,"A","T",-0.1661,0.036539,0.01336,{"v":5.473e-06,"d":"5.47E-06"},35357,true,"reported","textfile",5.84112890335075E-4,20.6633809849878]
["4453_83_LRRTM3_LRRT3","LRRTM3","rs8008540","chr14",74481477,"T","C",-0.0383,0.007993,0.42528,{"v":1.655E-6,"d":"1.66E-06"},35351,true,"reported","textfile",0.00064907403701632,22.959020238442]
["4459_68_PCSK7_PCSK7","PCSK7","rs76202632","chr11",116551527,"T","C",0.1331,0.022562,0.03244,{"v":3.652e-09,"d":"3.65E-09"},35374,true,"reported","textfile",9.828555424450981E-4,34.7997693935923]
["4460_8_PDPK1_PDPK1","PDPK1","rs61737404","chr14",94619370,"T","C",-0.1193,0.025834,0.02498,{"v":3.876e-06,"d":"3.88E-06"},35372,true,"reported","textfile",0.000602526576453475,21.3242134144636]
["4467_49_SPARCL1_SPARCL1","SPARCL1","rs116967305","chr16",69113758,"C","G",-0.0893,0.019336,0.04383,{"v":3.868e-06,"d":"3.87E-06"},35376,true,"reported","textfile",0.000602558408244225,21.3277523497385]
["4469_78_CHST15_ST4S6","CHST15","rs4511648","chr19",30616105,"C","T",0.047,0.010401,0.18985,{"v":6.214e-06,"d":"6.21E-06"},35367,true,"reported","textfile",0.000577027655680663,20.418365004438]
["4469_78_CHST15_ST4S6","CHST15","rs41307428","chr9",133471682,"T","C",0.2101,0.029207,0.01987,{"v":6.319e-13,"d":"6.32E-13"},35369,true,"reported","textfile",0.00146090002914103,51.7432430358898]
["4474_19_RPS27A_Ubiquitin","RPS27A","rs72842021","chr17",21617960,"T","C",0.0666,0.013195,0.10087,{"v":4.482E-7,"d":"4.48E-07"},35355,true,"reported","textfile",0.000720055544518408,25.4744666963476]
["4476_22_ZAP70_ZAP70","ZAP70","rs61679841","chr15",60176779,"T","C",0.0512,0.009794,0.21787,{"v":1.715e-07,"d":"1.72E-07"},35369,true,"reported","textfile",0.000772078577721614,27.3272018053833]
["4480_59_C3_C3b","C3","rs9501393","chr6",32007072,"GGAG","CGAG",0.0826,0.010867,0.1548,{"v":2.933E-14,"d":"2.93E-14"},35440,true,"reported","textfile",1.62756981524043E-3,57.7718468265561]
["4496_60_MMP12_MMP_12","MMP12","rs114369588","chr2",149921627,"C","T",0.1726,0.038321,0.01131,{"v":6.666e-06,"d":"6.67E-06"},35352,true,"reported","textfile",0.000573514999956297,20.2853892234547]
["4498_62_NCAM1_NCAM_120","NCAM1","rs9425316","chr1",172431720,"T","C",0.0518,0.008425,0.46888,{"v":7.826e-10,"d":"7.83E-10"},35350,true,"reported","textfile",0.00106823328620089,37.800289728345]
["4499_21_PDGFA_PDGF_AA","PDGFA","rs11139896","chr9",83010530,"A","G",-0.0386,0.008386,0.40114,{"v":4.166e-06,"d":"4.17E-06"},35366,true,"reported","textfile",0.000598713229819031,21.1855787455966]
["4500_50_CLEC11A_SCGF_alpha","CLEC11A","rs188547348","chr12",104682338,"G","A",0.2295,0.026039,0.02666,{"v":1.211E-18,"d":"1.21E-18"},35353,true,"reported","textfile",0.00219248823905629,77.6769575547633]
["4534_10_PRSS22_BSSP4","PRSS22","rs76990585","chr1",151823301,"T","C",-0.0516,0.010307,0.20083,{"v":5.549e-07,"d":"5.55E-07"},35361,true,"reported","textfile",0.00070827612651563,25.0616861514575]
["4540_11_CBX5_CBX5","CBX5","rs7513100","chr1",198065935,"C","T",0.0648,0.01121,0.14871,{"v":7.439e-09,"d":"7.44E-09"},35343,true,"reported","textfile",0.000944550036450721,33.4129029969486]
["4540_11_CBX5_CBX5","CBX5","rs143017277","chr4",152262861,"G","C",-0.1254,0.027338,0.02225,{"v":4.497e-06,"d":"4.50E-06"},35374,true,"reported","textfile",0.000594455264816284,21.0395787154185]
["4543_65_COL23A1_CONA1","COL23A1","rs9842154","chr3",124950380,"A","C",0.0964,0.02083,0.03717,{"v":3.692E-6,"d":"3.69E-06"},35365,true,"reported","textfile",0.000605255753756757,21.4166217536426]
["4546_27_ADGRE2_EMR2","ADGRE2","rs11665758","chr19",15805180,"G","C",0.1346,0.021941,0.04035,{"v":8.543e-10,"d":"8.54E-10"},35384,true,"reported","textfile",1.062450479558E-3,37.6316045840581]
["4547_59_FLRT1_FLRT1","FLRT1","rs1354034","chr3",56815721,"C","T",0.0454,0.008219,0.38119,{"v":3.323E-8,"d":"3.32E-08"},35356,true,"reported","textfile",0.000862255523805406,30.5104896268311]
["4551_72_ADGRG5_GP114","ADGRG5","rs143017277","chr4",152262861,"G","C",-0.1328,0.027011,0.02225,{"v":8.813e-07,"d":"8.81E-07"},35374,true,"reported","textfile",0.000682863638116318,24.1707579391528]
["4556_10_IL34_IL_34","IL34","rs12480491","chr20",39887864,"G","A",-0.0503,0.010842,0.16224,{"v":3.498e-06,"d":"3.50E-06"},35376,true,"reported","textfile",0.000608056986563183,21.5224947459846]
["4560_34_LCK_LCK","LCK","rs117619561","chr16",27105584,"AAGAAAGAGAA","AAGAGAGAGAA",0.0917,0.020484,0.03971,{"v":7.585e-06,"d":"7.59E-06"},35374,true,"reported","textfile",0.000566211900718661,20.0393938955273]
["4564_2_PLXNC1_PLXC1","PLXNC1","rs11107427","chr12",94179118,"A","G",0.4018,0.023136,0.03628,{"v":1.461E-67,"d":"1.46E-67"},35368,true,"reported","textfile",0.00845561057350143,301.591261804642]
["4564_2_PLXNC1_PLXC1","PLXNC1","rs117077998","chr12",96605997,"G","A",0.1097,0.019429,0.05357,{"v":1.64e-08,"d":"1.64E-08"},35360,true,"reported","textfile",9.00759251152068E-4,31.877759789271]
["4568_17_SLITRK5_SLIK5","SLITRK5","rs2477642","chr10",17821038,"C","T",0.0602,0.008232,0.43852,{"v":2.618e-13,"d":"2.62E-13"},35351,true,"reported","textfile",1.51051155794493E-3,53.4758489497049]
["4568_17_SLITRK5_SLIK5","SLITRK5","rs113753492","chr19",13002083,"T","C",0.0535,0.011587,0.14464,{"v":3.889e-06,"d":"3.89E-06"},35379,true,"reported","textfile",0.000602224438424791,21.3177320173465]
["4588_1_PPY_PH","PPY","rs2326451","chr6",126490782,"T","A",-0.0738,0.008305,0.4302,{"v":6.298e-19,"d":"6.30E-19"},35357,true,"reported","textfile",0.00222837967523226,78.9603169833522]
["4697_59_CSF2_GM_CSF","CSF2","rs72664041","chr4",79298555,"T","G",-0.0812,0.016621,0.05682,{"v":1.033e-06,"d":"1.03E-06"},35354,true,"reported","textfile",6.7463072199063E-4,23.8656457816572]
["4703_87_LTA_TNF_b","LTA","rs78624180","chr21",23549626,"C","T",-0.0749,0.016102,0.0631,{"v":3.294e-06,"d":"3.29E-06"},35365,true,"reported","textfile",0.000611455274305,21.6361223863964]
["4712_28_APOD_Apo_D","APOD","rs111974403","chr19",548722,"A","C",-0.0854,0.019148,0.04827,{"v":8.194e-06,"d":"8.19E-06"},35307,true,"reported","textfile",0.000563071412527051,19.8904359551366]
["4719_58_PDIA3_Protein_disulfide_isomerase_A3","PDIA3","rs7964528","chr12",54329000,"C","T",0.0533,0.011869,0.12654,{"v":7.097E-6,"d":"7.10E-06"},35375,true,"reported","textfile",0.00056974720225971,20.1651568272182]
["4721_54_TFF3_TFF3","TFF3","rs1571741","chr21",43013571,"G","A",-0.0431,0.008127,0.43609,{"v":1.137e-07,"d":"1.14E-07"},35302,true,"reported","textfile",0.000796065578494576,28.1235030736021]
["4769_10_OLFM4_Olfactomedin_4","OLFM4","rs4933604","chr10",80888841,"C","G",0.0393,0.008794,0.27856,{"v":7.853e-06,"d":"7.85E-06"},35369,true,"reported","textfile",0.000564344421326107,19.9704393550819]
["4775_34_GSN_Gelsolin","GSN","rs4794120","chr17",50235930,"C","T",-0.0453,0.009615,0.23602,{"v":2.463E-6,"d":"2.46E-06"},35362,true,"reported","textfile",6.27319056168543E-4,22.195925753314]
["4801_13_LPO_PERL","LPO","rs10127939","chr1",161548543,"C","A",0.0941,0.017762,0.06173,{"v":1.171E-7,"d":"1.17E-07"},35351,true,"reported","textfile",0.000793321346012245,28.0653811261182]
["4807_13_COL8A1_CO8A1","COL8A1","rs4078005","chr5",96083565,"G","A",-0.0866,0.018811,0.04472,{"v":4.149e-06,"d":"4.15E-06"},35348,true,"reported","textfile",0.000599220764838268,21.1927562936087]
["4811_33_ITIH4_ITI_heavy_chain_H4","ITIH4","rs8107967","chr19",7907730,"G","A",0.0364,0.008141,0.44056,{"v":7.781e-06,"d":"7.78E-06"},35377,true,"reported","textfile",0.00056478207568541,19.9904561787059]
["4831_4_SELL_sL_Selectin","SELL","rs11929428","chr3",170031186,"AGGTGAAGGAGACTTTTTTTTTTTTT","CGGTGAAGGAGACTTTTTTTTTTTTT",-0.0445,0.008358,0.40217,{"v":1.012e-07,"d":"1.01E-07"},35360,true,"reported","textfile",0.000801041478418818,28.345930860296]
["4832_75_TNFRSF10A_TRAIL_R1","TNFRSF10A","rs1943218","chr18",60377199,"C","T",0.0426,0.008971,0.25552,{"v":2.047e-06,"d":"2.05E-06"},35365,true,"reported","textfile",0.000637216473281075,22.5482542636992]
["4842_62_GPC3_Glypican_3","GPC3","rs848200","chr1",15967097,"T","C",-0.0624,0.013914,0.09564,{"v":7.297e-06,"d":"7.30E-06"},35386,true,"reported","textfile",0.000568050487463234,20.1113226950595]
["4862_63_BMPR2_BMP_RII","BMPR2","rs139546795","chr15",66150615,"TGGAAGGAAGGAAGGAAGGAAGGAAGGAAGGAA","TGGAAGGAAGGAA",0.1445,0.030221,0.01696,{"v":1.74e-06,"d":"1.74E-06"},35363,true,"reported","textfile",0.000646082905767314,22.8609076724955]
["4866_59_NTRK2_TrkB","NTRK2","rs140118846","chr12",111280204,"A","G",-0.1165,0.023455,0.0313,{"v":6.798e-07,"d":"6.80E-07"},35370,true,"reported","textfile",0.000697016566394954,24.6692768148777]
["4874_3_ANG_Angiogenin","ANG","rs183074713","chr2",73645663,"A","G",0.1779,0.036297,0.01274,{"v":9.522e-07,"d":"9.52E-07"},35355,true,"reported","textfile",0.000678991924505466,24.020711376087]
["4878_3_F10_Coagulation_Factor_X","F10","rs13244614","chr7",73559524,"A","C",-0.0541,0.008888,0.30553,{"v":1.151e-09,"d":"1.15E-09"},35354,true,"reported","textfile",0.00104687057377968,37.0477527264133]
["4880_21_GDF2_GDF2","GDF2","rs2075798","chr6",31878964,"A","C",0.0731,0.015016,0.0783,{"v":1.126e-06,"d":"1.13E-06"},35441,true,"reported","textfile",0.000668236138871184,23.6974560219691]
["4886_3_CCL7_MCP_3","CCL7","rs11780685","chr8",2529271,"A","C",-0.1482,0.033397,0.01449,{"v":9.102e-06,"d":"9.10E-06"},35288,true,"reported","textfile",0.000557714799852714,19.6905061142794]
["4889_82_WNT7A_WNT7A","WNT7A","rs6966545","chr7",20249867,"A","C",0.0381,0.008231,0.34672,{"v":3.679e-06,"d":"3.68E-06"},35378,true,"reported","textfile",0.000605269131677435,21.4249686744067]
["4904_7_CASP2_Caspase_2","CASP2","rs204480","chr19",44973854,"T","C",0.0435,0.009442,0.22902,{"v":4.088e-06,"d":"4.09E-06"},35369,true,"reported","textfile",0.000599745773720524,21.2239377461387]
["4908_6_ENG_Endoglin","ENG","rs112266611","chr19",41429825,"GTTTCTTTT","G",0.0441,0.008187,0.43968,{"v":7.181e-08,"d":"7.18E-08"},35372,true,"reported","textfile",8.19618740539759E-4,29.0136950210628]
["4909_68_LGALS8_Galectin_8","LGALS8","rs11213785","chr11",111216525,"T","C",-0.0554,0.012379,0.12,{"v":7.636e-06,"d":"7.64E-06"},35355,true,"reported","textfile",0.0005661761946907,20.0273660287882]
["4912_17_GOT1_GOT1","GOT1","rs142153683","chr14",94952081,"T","G",0.1491,0.032234,0.01618,{"v":3.737E-6,"d":"3.74E-06"},35370,true,"reported","textfile",0.000604545779586952,21.3945090926096]
["4913_78_CCL16_HCC_4","CCL16","rs10740107","chr10",63184557,"A","T",0.0549,0.01169,0.15431,{"v":2.648e-06,"d":"2.65E-06"},35351,true,"reported","textfile",0.000623509524317213,22.054189172089]
["4922_13_CCL19_MIP_3b","CCL19","rs189005954","chr6",30539514,"A","G",0.3082,0.030122,0.01837,{"v":1.428E-24,"d":"1.43E-24"},35443,true,"reported","textfile",0.00294500677639466,104.682275171953]
["4924_32_MMP1_MMP_1","MMP1","rs114694170","chr5",88884379,"C","T",-0.1016,0.01473,0.08378,{"v":5.294e-12,"d":"5.29E-12"},35344,true,"reported","textfile",0.00134425613717971,47.5726502272353]
["4925_54_MMP13_MMP_13","MMP13","rs140273120","chr9",38234097,"T","C",0.1517,0.033843,0.01412,{"v":7.379E-6,"d":"7.38E-06"},35348,true,"reported","textfile",0.00056809611100054,20.0913389509479]
["4930_21_STC1_Stanniocalcin_1","STC1","rs12496769","chr3",161950269,"C","T",0.0467,9.247E-3,0.2603,{"v":4.408e-07,"d":"4.41E-07"},35340,true,"reported","textfile",0.000721194119802522,25.5039511051503]
["4959_2_AGR2_AGR2","AGR2","rs6457457","chr6",31910331,"T","C",0.1164,0.016095,0.06527,{"v":4.759e-13,"d":"4.76E-13"},35441,true,"reported","textfile",0.00147359312213961,52.2997351855649]
["4960_72_ANXA1_annexin_I","ANXA1","rs145984545","chr3",110747087,"ATATATATATATATATATATAT","ATATATATATAT",-0.039,0.008682,0.30694,{"v":7.048e-06,"d":"7.05E-06"},35355,true,"reported","textfile",0.000570415096112771,20.1773943832312]
["4963_19_ARPP19_ARP19","ARPP19","rs142077449","chr20",63266676,"A","G",0.1765,0.037255,0.01181,{"v":2.163e-06,"d":"2.16E-06"},35309,true,"reported","textfile",0.000635270785663732,22.4437634966992]
["4964_67_ERAP1_ARTS1","ERAP1","rs13331286","chr16",87247046,"A","G",0.0264,0.005956,0.41506,{"v":9.302E-6,"d":"9.30E-06"},35334,true,"reported","textfile",0.000555730526086943,19.6459888234082]
["4968_50_CAPG_CAPG","CAPG","rs4784323","chr16",53763653,"G","A",0.0429,0.008384,0.35334,{"v":3.109e-07,"d":"3.11E-07"},35366,true,"reported","textfile",0.000739783600507058,26.1810755786883]
["4971_1_CTSZ_CATZ","CTSZ","rs6070808","chr20",59465782,"A","G",-0.0719,0.01081,0.18265,{"v":2.9100000000000002E-11,"d":"2.91E-11"},35375,true,"reported","textfile",0.00124901359516692,44.2366100291699]
["4971_1_CTSZ_CATZ","CTSZ","rs150268548","chr19",19383674,"A","G",0.1355,0.017025,0.06241,{"v":1.734E-15,"d":"1.73E-15"},35353,true,"reported","textfile",0.0017885480988124,63.34025092649]
["4978_54_DBNL_DBNL","DBNL","rs4253303","chr4",186252392,"A","G",0.0399,0.008308,0.38715,{"v":1.565e-06,"d":"1.57E-06"},35393,true,"reported","textfile",0.000651257158505306,23.0636624719475]
["4979_34_DPT_DERM","DPT","rs11679981","chr2",55497166,"G","A",-0.0719,0.016153,0.07053,{"v":8.541E-6,"d":"8.54E-06"},35346,true,"reported","textfile",0.000560231788443851,19.8119316046349]
["4982_54_PI3_Elafin","PI3","rs7012744","chr8",125597422,"C","T",0.0583,0.008197,0.46411,{"v":1.144E-12,"d":"1.14E-12"},35363,true,"reported","textfile",1.42842465583448E-3,50.5827779421362]
["4987_17_FCAR_FCAR","FCAR","rs185664530","chr18",48148887,"G","A",0.1303,0.028919,0.01916,{"v":6.616e-06,"d":"6.62E-06"},35367,true,"reported","textfile",0.000573686785064087,20.3000790408729]
["4988_49_FGFR4_FGFR4","FGFR4","rs2917825","chr15",59877993,"CTACAAAATAAGCCCTATTTAACC","CAACAAAATAAGCCCTATTTAACC",-0.0376,0.008078,0.48466,{"v":3.245e-06,"d":"3.25E-06"},35371,true,"reported","textfile",0.0006121455843236,21.6642388400851]
["4990_87_GP1BA_GP1BA","GP1BA","rs4334224","chr14",105292861,"T","C",0.0439,0.008622,0.35812,{"v":3.546e-07,"d":"3.55E-07"},35105,true,"reported","textfile",0.000737944028499026,25.9231790876087]
["4992_49_GRN_GRN","GRN","rs5848","chr17",44352876,"T","C",-0.2177,0.00937,0.25559,{"v":2.052e-119,"d":"2.05E-119"},35370,true,"reported","textfile",0.0150322717377167,539.775437879107]
["4992_49_GRN_GRN","GRN","rs16943579","chr15",61074739,"A","G",0.0705,0.015644,0.07449,{"v":6.593e-06,"d":"6.59E-06"},35371,true,"reported","textfile",0.000573833630017263,20.3075748294618]
["4997_19_EIF4A3_IF4A3","EIF4A3","rs10825150","chr10",53886193,"T","C",-0.0362,0.008074,0.42221,{"v":7.339e-06,"d":"7.34E-06"},35356,true,"reported","textfile",5.68237215160731E-4,20.1008805731917]
["5000_52_LGALS3BP_LG3BP","LGALS3BP","rs146455299","chr12",6948430,"ATGTCAAAAAAAAAAA","GTGTCAAAAAAAAAAA",0.1407,0.031767,0.01674,{"v":9.463e-06,"d":"9.46E-06"},35391,true,"reported","textfile",0.000553990468920027,19.6160358014829]
["5002_76_MMP14_MMP_14","MMP14","rs114115200","chr3",165760452,"T","G",0.0533,9.946E-3,0.19037,{"v":8.378E-8,"d":"8.38E-08"},35339,true,"reported","textfile",0.000811989599316263,28.7165940467325]
["5007_1_MAPK14_MAPK14","MAPK14","rs74753134","chr14",74926071,"A","T",-0.0899,0.018927,0.04897,{"v":2.036e-06,"d":"2.04E-06"},35351,true,"reported","textfile",0.000637789021175613,22.5595923698725]
["5007_1_MAPK14_MAPK14","MAPK14","rs200981828","chr6",165243467,"AAAAAAAA","AAAAATAA",-0.1023,0.02282,0.03381,{"v":7.362E-6,"d":"7.36E-06"},35380,true,"reported","textfile",5.67695617545159E-4,20.0953435960052]
["5011_11_NAMPT_PBEF","NAMPT","rs73174876","chr8",3478812,"T","A",-0.0399,0.008664,0.29694,{"v":4.122e-06,"d":"4.12E-06"},35360,true,"reported","textfile",0.000599426918506222,21.2072491805693]
["5013_2_CLIC1_NCC27","CLIC1","rs3213017","chr10",60778611,"T","G",-0.1338,0.030167,0.0183,{"v":9.195e-06,"d":"9.20E-06"},35354,true,"reported","textfile",0.000556119131747791,19.6708628887383]
["5015_15_PLA2G7_PAFAH","PLA2G7","rs10629382","chr19",44750283,"GCCTTTG","GCC",-0.0772,0.008978,0.34299,{"v":8.041e-18,"d":"8.04E-18"},35367,true,"reported","textfile",0.00208626837515624,73.9351296101192]
["5018_68_PRDX6_Peroxiredoxin_6","PRDX6","rs6726589","chr2",227200299,"C","T",0.0448,0.009736,0.22287,{"v":4.199e-06,"d":"4.20E-06"},35355,true,"reported","textfile",0.000598527405825427,21.1724116467643]
["5019_16_UCHL1_PGP9_5","UCHL1","rs55821580","chr14",96161698,"T","C",0.0543,0.010635,0.17638,{"v":3.293e-07,"d":"3.29E-07"},35379,true,"reported","textfile",0.000736307501976128,26.067544225781]
["5023_23_ADSL_PUR8","ADSL","rs78294453","chr20",36684576,"A","G",-0.1054,0.02338,0.02902,{"v":6.54e-06,"d":"6.54E-06"},35367,true,"reported","textfile",0.000574307510039665,20.322056202049]
["5028_59_CD163_sCD163","CD163","rs112771035","chr11",126355981,"G","C",0.1458,0.018336,0.05283,{"v":1.839e-15,"d":"1.84E-15"},35375,true,"reported","textfile",1.78416023576042E-3,63.2239015907211]
["5028_59_CD163_sCD163","CD163","rs117095068","chr19",5850335,"T","C",0.1199,0.02697,0.02402,{"v":8.76e-06,"d":"8.76E-06"},35365,true,"reported","textfile",0.000558547572894552,19.7629563715846]
["5029_3_FAP_SEPR","FAP","rs116577122","chr2",45593845,"C","T",0.106,0.023507,0.03074,{"v":6.504e-06,"d":"6.50E-06"},35363,true,"reported","textfile",0.000574670054531908,20.332592330246]
["5030_52_SIRT2_SIRT2","SIRT2","rs61897913","chr11",126729110,"T","C",-0.0502,0.010551,0.17276,{"v":1.956E-6,"d":"1.96E-06"},35365,true,"reported","textfile",0.000639688618435424,22.6357884699855]
["5033_27_TPM1_Tropomyosin_1_alpha_chain","TPM1","rs11208691","chr1",65626887,"G","A",-0.037,0.008051,0.39315,{"v":4.317e-06,"d":"4.32E-06"},35347,true,"reported","textfile",0.00059716151824984,21.1192854871264]
["5034_79_PRSS2_Trypsin_2","PRSS2","rs2299308","chr7",105185372,"C","A",0.0464,0.008634,0.39403,{"v":7.69e-08,"d":"7.69E-08"},35359,true,"reported","textfile",0.000816126189458077,28.8793428687187]
["5035_7_TYMS_TS","TYMS","rs79422698","chr3",61804705,"T","C",0.057,0.012669,0.10806,{"v":6.827E-6,"d":"6.83E-06"},35361,true,"reported","textfile",0.000572126360765204,20.2413966268858]
["5060_62_CD274_B7_H1","CD274","rs6476985","chr9",5517559,"T","C",-0.0803,0.013785,0.09121,{"v":5.712e-09,"d":"5.71E-09"},35367,true,"reported","textfile",0.000958523679187169,33.9307133066103]
["5060_62_CD274_B7_H1","CD274","rs3806157","chr6",32406024,"G","T",0.0521,0.008152,0.36065,{"v":1.646e-10,"d":"1.65E-10"},35439,true,"reported","textfile",1.1512387023433E-3,40.8434664742827]
["5063_12_CD244_CD244","CD244","rs72729401","chr9",34094009,"G","A",-0.1553,0.034853,0.01353,{"v":8.356e-06,"d":"8.36E-06"},35349,true,"reported","textfile",0.000561360153667878,19.8535423392769]
["5066_134_CD300C_CLM6","CD300C","rs35803622","chr8",130500157,"A","G",-0.0707,0.015195,0.08099,{"v":3.274e-06,"d":"3.27E-06"},35372,true,"reported","textfile",0.000611662815355259,21.6477549058273]
["5069_9_CD55_DAF","CD55","rs117633773","chr17",6953365,"A","G",0.1016,0.020343,0.04197,{"v":5.903e-07,"d":"5.90E-07"},35374,true,"reported","textfile",0.000704639714856422,24.9420911819197]
["5078_82_EPHB6_EphB6","EPHB6","rs789744","chr12",64091580,"G","A",-0.0464,0.009186,0.27121,{"v":4.395e-07,"d":"4.40E-07"},35368,true,"reported","textfile",0.000720874050734017,25.5128232104726]
["5082_51_IL1RAPL2_IL_1_sR9","IL1RAPL2","rs77704654","chr6",111919829,"C","T",-0.0996,0.022492,0.03238,{"v":9.502e-06,"d":"9.50E-06"},35369,true,"reported","textfile",0.000554113882428745,19.6082108617055]
["5087_5_IL22RA2_IL_22BP","IL22RA2","rs7334951","chr13",28041982,"G","A",0.2113,0.014159,0.09621,{"v":2.332e-50,"d":"2.33E-50"},35363,true,"reported","textfile",6.258326722759E-3,222.694385467058]
["5089_11_IL7R_IL_7_Ra","IL7R","rs56377180","chr14",99232505,"C","G",-0.0895,0.020181,0.03976,{"v":9.211e-06,"d":"9.21E-06"},35379,true,"reported","textfile",0.000555614773755778,19.666911077507]
["5090_49_LILRB1_ILT_2","LILRB1","rs7246707","chr19",54548988,"G","C",0.2702,0.008671,0.3611,{"v":1e-200,"d":"1.00E-200"},35376,true,"reported","textfile",0.0267155055112328,970.974362897606]
["5092_51_JAG1_JAG1","JAG1","rs55707100","chr15",43528519,"T","C",-0.1341,0.024664,0.02732,{"v":5.417e-08,"d":"5.42E-08"},35363,true,"reported","textfile",0.000835253941047305,29.5601048034086]
["5095_21_KIR2DL4_KI2L4","KIR2DL4","rs1354034","chr3",56815721,"C","T",0.1313,0.008391,0.38119,{"v":3.452e-55,"d":"3.45E-55"},35356,true,"reported","textfile",0.00687767468337622,244.837221516052]
["5096_51_KIR3DL2_KI3L2","KIR3DL2","rs13034847","chr2",163232222,"T","C",-0.0431,0.008944,0.2565,{"v":1.443E-6,"d":"1.44E-06"},35342,true,"reported","textfile",0.000656620709847171,23.2202227651539]
["5102_55_MICB_MICB","MICB","rs9465982","chr6",21178051,"C","T",0.0374,0.008392,0.46003,{"v":8.328e-06,"d":"8.33E-06"},35369,true,"reported","textfile",0.000561236183638978,19.8603864742702]
["5103_30_CD200R1_MO2R1","CD200R1","rs7137828","chr12",111494996,"T","C",-0.0464,0.008246,0.38049,{"v":1.836E-8,"d":"1.84E-08"},35371,true,"reported","textfile",0.000894362068283043,31.6610083980578]
["5107_7_NOTCH1_Notch_1","NOTCH1","rs11590974","chr1",179762198,"G","A",0.0492,0.009229,0.26728,{"v":9.779e-08,"d":"9.78E-08"},35356,true,"reported","textfile",0.000803172508582003,28.4181855738048]
["5108_72_NOTCH3_Notch_3","NOTCH3","rs186511240","chr12",56703338,"T","C",0.1382,0.020433,0.0437,{"v":1.345e-11,"d":"1.35E-11"},35369,true,"reported","textfile",0.00129171792552853,45.74327528082]
["5109_24_NRCAM_Nr_CAM","NRCAM","rs1260326","chr2",27508073,"C","T",0.045,8.711E-3,0.34132,{"v":2.393e-07,"d":"2.39E-07"},35373,true,"reported","textfile",0.000753858066239341,26.684830235471]
["5112_73_CD200_OX2G","CD200","rs35100521","chr4",110176161,"TATTTATTTATTTATTTATTTATTTT","TATTTATTTATTTATTTT",0.1568,0.033904,0.0136,{"v":3.75e-06,"d":"3.75E-06"},35357,true,"reported","textfile",0.000604577785143104,21.3877781692892]
["5117_14_ROBO3_ROBO3","ROBO3","rs111542786","chr22",45184795,"A","G",0.0964,0.021447,0.03369,{"v":6.966e-06,"d":"6.97E-06"},35374,true,"reported","textfile",0.000570806386908328,20.2020950025778]
["5121_3_SEMA6B_SEM6B","SEMA6B","rs2932765","chr19",47804618,"ACCCTGGCCCACCCTGCCAGGACCCTCCCTTTCCCA","ACCCTGGCCCACCCTGCCGGGACCCTCCCTTTCCCA",0.0982,0.019681,0.0482,{"v":6.05e-07,"d":"6.05E-07"},35368,true,"reported","textfile",0.000703416503673491,24.8945392987107]
["5129_12_SCARF1_SREC_I","SCARF1","rs941263","chr12",131591783,"G","A",0.0461,0.010132,0.22345,{"v":5.361E-6,"d":"5.36E-06"},34892,true,"reported","textfile",0.00059296359072602,20.7007744860009]
["5131_15_TNFRSF19_TAJ","TNFRSF19","rs61947047","chr13",23579770,"T","C",0.1045,0.00878,0.28647,1.15E-32,35380,true,"reported","textfile",0.00398795556602726,141.650789067607]
["5133_17_TGFBR2_TGF_b_R_II","TGFBR2","rs12679201","chr8",2359561,"C","T",-0.0417,0.009272,0.23816,{"v":6.878E-6,"d":"6.88E-06"},35283,true,"reported","textfile",0.000572942267316057,20.2255642137962]
["5139_32_UNC5C_UNC5H3","UNC5C","rs146974847","chr15",72882923,"A","C",0.1269,0.027673,0.02279,{"v":4.524e-06,"d":"4.52E-06"},35354,true,"reported","textfile",0.000594448120317612,21.027429665508]
["5139_32_UNC5C_UNC5H3","UNC5C","rs1327198","chr6",111950829,"A","G",-0.1668,0.037556,0.01286,{"v":8.937e-06,"d":"8.94E-06"},35369,true,"reported","textfile",0.000557401979517572,19.7246303576045]
["5202_4_PPID_PPID","PPID","rs117918253","chr11",103051420,"T","C",-0.1446,0.031758,0.01664,{"v":5.283e-06,"d":"5.28E-06"},35364,true,"reported","textfile",0.000585887716567409,20.7303070655271]
["5202_4_PPID_PPID","PPID","rs185009887","chr17",5848332,"A","G",-0.1191,0.026275,0.02519,{"v":5.821e-06,"d":"5.82E-06"},35374,true,"reported","textfile",0.000580499327865697,20.5453487864267]
["5224_20_CSNK2A1_CSK21","CSNK2A1","rs211161","chr6",96614917,"G","T",0.148,0.030748,0.01526,{"v":1.485E-6,"d":"1.49E-06"},35343,true,"reported","textfile",0.000655091070478108,23.1667498527273]
["5229_90_IMPDH1_IMDH1","IMPDH1","rs1354034","chr3",56815721,"C","T",0.1547,0.008218,0.38119,{"v":4.798e-79,"d":"4.80E-79"},35356,true,"reported","textfile",0.00992325356465162,354.34294138086]
["5230_99_HMGCR_HMGR","HMGCR","rs142077449","chr20",63266676,"A","G",0.1639,0.036277,0.01181,{"v":6.243e-06,"d":"6.24E-06"},35309,true,"reported","textfile",0.000577775021217972,20.4112958110132]
["5238_26_PPIE_PPIE","PPIE","rs34124744","chr1",41647304,"T","C",0.1194,0.018278,0.05442,{"v":6.472e-11,"d":"6.47E-11"},35368,true,"reported","textfile",1.2050834691249E-3,42.6704033667895]
["5248_68_PPIF_Cyclophilin_F","PPIF","rs76479046","chr17",79256647,"C","G",-0.0679,0.014994,0.07598,{"v":5.943e-06,"d":"5.94E-06"},35379,true,"reported","textfile",0.000579305057977966,20.5059542390959]
["5249_31_STK17B_DRAK2","STK17B","rs11662180","chr18",8759961,"G","C",0.0819,0.016762,0.05979,{"v":1.029E-6,"d":"1.03E-06"},35365,true,"reported","textfile",0.000674604746392129,23.8721519136524]
["5253_1_PDE1A_PDE1A","PDE1A","rs73079366","chr20",2425165,"G","A",0.0863,0.019298,0.04305,{"v":7.75e-06,"d":"7.75E-06"},35380,true,"reported","textfile",0.000564928836865653,19.9973494700096]
["5254_69_PDE3A_PDE3A","PDE3A","rs35661607","chr3",113224756,"C","T",-0.0486,0.010809,0.16221,{"v":6.921e-06,"d":"6.92E-06"},35363,true,"reported","textfile",0.000571352586315457,20.2151487822404]
["5260_80_TYK2_TYK2","TYK2","rs11658899","chr17",66021941,"T","C",0.1112,0.02246,0.03294,{"v":7.382e-07,"d":"7.38E-07"},35370,true,"reported","textfile",0.000692554784459906,24.5112530023178]
["5264_65_CALR_calreticulin","CALR","rs6992358","chr8",71925730,"T","G",-0.0409,0.008838,0.271,{"v":3.694e-06,"d":"3.69E-06"},35348,true,"reported","textfile",0.000605495238602123,21.4148012638315]
["5268_49_MMP16_MMP_16","MMP16","rs7331053","chr13",23474454,"C","T",-0.0649,0.014657,0.07859,{"v":9.514e-06,"d":"9.51E-06"},35381,true,"reported","textfile",5.5384535248638E-4,19.6053530592914]
["5280_68_SLC25A18_GHC2","SLC25A18","rs116040950","chr2",240747219,"A","G",0.1636,0.036501,0.01235,{"v":7.394e-06,"d":"7.39E-06"},35266,true,"reported","textfile",0.000569316208827392,20.0878030999937]
["5301_7_CCL11_Eotaxin","CCL11","rs80158569","chr14",99316600,"A","G",0.0582,0.01274,0.11267,{"v":4.918e-06,"d":"4.92E-06"},35379,true,"reported","textfile",0.00058952938211527,20.8680832993453]
["5315_22_TNNT2_Troponin_T","TNNT2","rs7446966","chr5",71801911,"C","T",0.0455,0.009477,0.22107,{"v":1.576E-6,"d":"1.58E-06"},35356,true,"reported","textfile",0.000651530661065141,23.0492322728367]
["5337_64_CD86_B7_2","CD86","rs142723858","chr14",28060448,"G","C",-0.1392,0.030436,0.01734,{"v":4.796e-06,"d":"4.80E-06"},35362,true,"reported","textfile",0.000591166320375922,20.9160059267533]
["5337_64_CD86_B7_2","CD86","rs10233387","chr7",27203487,"A","G",0.0358,7.927E-3,0.45093,{"v":6.3e-06,"d":"6.30E-06"},35366,true,"reported","textfile",0.000576384112929466,20.3950031254223]
["5343_74_CPE_CBPE","CPE","rs9272526","chr6",32638792,"A","G",0.0479,0.010577,0.14653,{"v":5.932e-06,"d":"5.93E-06"},35438,true,"reported","textfile",0.000578396354849698,20.5079149336971]
["5346_24_CPNE1_CPNE1","CPNE1","rs10646379","chr6",161272708,"ACACACACACACACACACACACACAC","ACACACACACACACACACACAC",-0.0674,0.015241,0.07771,{"v":9.763e-06,"d":"9.76E-06"},35385,true,"reported","textfile",0.000552374609365046,19.5554727497845]
["5347_59_CCNB1_Cyclin_B1","CCNB1","rs7774739","chr6",32041524,"G","A",0.0779,0.011098,0.17585,{"v":2.228e-12,"d":"2.23E-12"},35437,true,"reported","textfile",0.00138843360874428,49.2675496476048]
["5350_14_GPC6_GPC6","GPC6","rs10950820","chr7",20594396,"C","T",-0.0376,0.00816,0.46835,{"v":4.073e-06,"d":"4.07E-06"},35381,true,"reported","textfile",5.9974236219278E-4,21.2310181730092]
["5352_11_TNFRSF14_HVEM","TNFRSF14","rs116863911","chr19",45140699,"T","C",-0.0646,0.014392,0.07996,{"v":7.169e-06,"d":"7.17E-06"},35371,true,"reported","textfile",0.000569282836433735,20.1464336607232]
["5355_69_TNFSF14_LIGHT","TNFSF14","rs2709542","chr2",132710145,"A","G",0.0396,0.008302,0.39379,{"v":1.843E-6,"d":"1.84E-06"},35356,true,"reported","textfile",0.000643105763010565,22.7509924398278]
["5358_3_OMD_OMD","OMD","rs7019909","chr9",33113324,"T","C",0.0756,0.014187,0.09232,{"v":9.877e-08,"d":"9.88E-08"},35349,true,"reported","textfile",0.000802669177447777,28.3947389970412]
["5360_9_AKT2_PKB_beta","AKT2","rs12734505","chr1",98162345,"G","A",0.0434,0.009609,0.23417,{"v":6.279e-06,"d":"6.28E-06"},35360,true,"reported","textfile",0.000576581014217988,20.3985128959737]
["5363_51_SEMA3E_Semaphorin_3E","SEMA3E","rs144582253","chr3",191620804,"C","T",-0.1129,0.023969,0.02186,{"v":2.474e-06,"d":"2.47E-06"},35380,true,"reported","textfile",0.000626697508148163,22.1852078577479]
["5363_51_SEMA3E_Semaphorin_3E","SEMA3E","rs34779581","chr7",84363575,"G","A",-0.3385,0.017269,0.0578,{"v":1.513e-85,"d":"1.51E-85"},35346,true,"reported","textfile",0.0107534357474633,384.200912889212]
["5392_73_FAS_Fas__soluble","FAS","rs11371333","chr15",37510418,"GTAGGTTTTTTTTTTTTTTTTTTTTT","GTAGGTTTTTTTTTTTTTTTTTTT",-0.041,0.00907,0.28359,{"v":6.168e-06,"d":"6.17E-06"},35375,true,"reported","textfile",0.000577305769352514,20.4328329716652]
["5400_52_LEPR_sLeptin_R","LEPR","rs62144300","chr2",42723045,"T","C",-0.0688,0.014196,0.05313,{"v":1.257E-6,"d":"1.26E-06"},35365,true,"reported","textfile",0.000663716918841876,23.4866098613365]
["5400_52_LEPR_sLeptin_R","LEPR","rs78456294","chr4",43184180,"G","A",0.0906,0.019912,0.02641,{"v":5.366E-6,"d":"5.37E-06"},35355,true,"reported","textfile",0.000585223224832385,20.7015116729194]
["5404_53_TNFRSF21_DR6","TNFRSF21","rs9285537","chr6",153248452,"A","G",0.0472,0.010314,0.19692,{"v":4.73e-06,"d":"4.73E-06"},35378,true,"reported","textfile",0.000591615378012569,20.9413748519718]
["5437_63_FABP3_FABP","FABP3","rs76370550","chr8",81368295,"TGCAT","TGTAT",-0.15,0.025108,0.02678,{"v":2.311E-9,"d":"2.31E-09"},35351,true,"reported","textfile",0.00100859851598952,35.6889447584342]
["5440_26_TNNI2_Troponin_I__skeletal__fast_twitch","TNNI2","rs1976353","chr2",89253052,"T","G",0.2252,0.015912,0.06799,{"v":1.802E-45,"d":"1.80E-45"},35350,true,"reported","textfile",0.00563435136652714,200.291565157852]
["5451_1_ALCAM_ALCAM","ALCAM","rs181707610","chr12",111370921,"CAAAAAAAAAACAAAAAAAAAAAA","CAAAAAAAAAACAAAAACAAAAAA",-0.138,0.028677,0.02068,{"v":1.493e-06,"d":"1.49E-06"},35368,true,"reported","textfile",0.000654328706422528,23.1561407589677]
["5451_1_ALCAM_ALCAM","ALCAM","rs10074056","chr5",63253060,"T","A",-0.0434,0.009092,0.29217,{"v":1.81E-6,"d":"1.81E-06"},35358,true,"reported","textfile",0.000644010774073588,22.7843182745945]
["5457_5_COLEC12_COLEC12","COLEC12","rs1539790","chr18",401573,"A","G",-0.1313,0.010066,0.2342,{"v":6.903e-39,"d":"6.90E-39"},35329,true,"reported","textfile",0.00479289289527953,170.133961165255]
["5460_60_DDX19B_DEAD_box_protein_19B","DDX19B","rs150918565","chr16",70151135,"T","C",-0.187,0.037617,0.01137,{"v":6.657e-07,"d":"6.66E-07"},35376,true,"reported","textfile",0.000698076305333314,24.7110013894117]
["5460_60_DDX19B_DEAD_box_protein_19B","DDX19B","rs2772372","chr6",33459573,"C","T",0.0605,0.012844,0.11202,{"v":2.472e-06,"d":"2.47E-06"},35399,true,"reported","textfile",0.000626393204411709,22.186337627682]
["5463_22_GAS1_GAS1","GAS1","rs2762943","chr20",54174247,"G","T",0.0622,0.013188,0.11421,{"v":2.399e-06,"d":"2.40E-06"},35389,true,"reported","textfile",0.000628176524385074,22.2432553592572]
["5464_52_GRB2_GRB2_adapter_protein","GRB2","rs141144647","chr11",61386029,"A","G",0.1576,0.035565,0.01269,{"v":9.364e-06,"d":"9.36E-06"},35365,true,"reported","textfile",0.000554947705634275,19.6355123968985]
["5475_10_PRKCB_PKC_B_II","PRKCB","rs185490651","chr1",80998564,"A","T",0.1596,0.034813,0.01441,{"v":4.55e-06,"d":"4.55E-06"},35353,true,"reported","textfile",0.000594153262832206,21.0163989563943]
["5476_66_PRKCG_PKC_G","PRKCG","rs143906617","chr6",96512740,"C","T",-0.159,0.035974,0.01169,{"v":9.877e-06,"d":"9.88E-06"},35343,true,"reported","textfile",0.000552425090914749,19.5340462352856]
["5478_50_FOLH1_PSMA","FOLH1","rs61984231","chr14",105605363,"G","C",0.1316,0.027713,0.02276,{"v":2.048e-06,"d":"2.05E-06"},35098,true,"reported","textfile",0.000642071492103194,22.5486189122435]
["5481_16_RASA1_RASA1","RASA1","rs7648740","chr3",57973167,"A","G",0.0406,0.009009,0.27068,{"v":6.586e-06,"d":"6.59E-06"},35359,true,"reported","textfile",0.000574049761712566,20.3083354199798]
["5484_63_RPS3A_RS3A","RPS3A","rs7762052","chr6",37799753,"G","C",-0.0495,0.011193,0.14703,{"v":9.753e-06,"d":"9.75E-06"},35365,true,"reported","textfile",0.000552718013986522,19.5565764006739]
["5486_73_ICAM2_sICAM_2","ICAM2","rs7293173","chr22",45016749,"T","C",-0.041,0.008075,0.41823,{"v":3.825e-07,"d":"3.83E-07"},35373,true,"reported","textfile",0.000728273247934166,25.7785268641657]
["5488_74_SRC_SRCN1","SRC","rs2178702","chr2",226693208,"T","G",-0.0429,0.009099,0.29381,{"v":2.422e-06,"d":"2.42E-06"},35355,true,"reported","textfile",0.000628352629560903,22.2281176090164]
["5489_18_STIP1_Stress_induced_phosphoprotein_1","STIP1","rs34376304","chr2",239375689,"C","G",-0.0391,0.008454,0.34172,{"v":3.743E-6,"d":"3.74E-06"},35292,true,"reported","textfile",0.000605744676332171,21.3896863163769]
["5491_12_SPOCK2_Testican_2","SPOCK2","rs11781728","chr8",116409304,"T","G",0.0387,0.008581,0.35581,{"v":6.482e-06,"d":"6.48E-06"},35350,true,"reported","textfile",5.75051703538283E-4,20.3386233766916]
["5508_62_CTSD_Cathepsin_D","CTSD","rs34739574","chr19",49664917,"T","C",-0.0576,0.012751,0.11368,{"v":6.268E-6,"d":"6.27E-06"},35372,true,"reported","textfile",0.000576562495634775,20.4047801015402]
["5509_7_EGF_EGF","EGF","rs17244699","chr11",73960740,"G","C",0.0773,0.015417,0.07412,{"v":5.33e-07,"d":"5.33E-07"},35371,true,"reported","textfile",0.000710237081588815,25.1382294414296]
["5532_53_FGFR1_bFGF_R","FGFR1","rs3823381","chr6",29976781,"T","C",0.0457,0.008366,0.42959,{"v":4.686e-08,"d":"4.69E-08"},35444,true,"reported","textfile",0.000841179109587004,29.8381692466212]
["5534_49_TNFRSF10B_TRAIL_R2","TNFRSF10B","rs823232","chr2",2829382,"G","T",-0.0444,0.009014,0.26795,{"v":8.407e-07,"d":"8.41E-07"},35315,true,"reported","textfile",0.000686551869504814,24.2608625083344]
["5581_28_FGL1_FGL1","FGL1","rs17408255","chr12",24103060,"A","G",0.1246,0.016213,0.06189,{"v":1.525e-14,"d":"1.53E-14"},35360,true,"reported","textfile",0.00166752464663316,59.0588184910902]
["5586_66_MINPP1_MINP1","MINPP1","rs17402986","chr10",85987191,"A","C",-0.0498,0.010439,0.18597,{"v":1.836e-06,"d":"1.84E-06"},35365,true,"reported","textfile",0.000643113812562221,22.7570691391346]
["5586_66_MINPP1_MINP1","MINPP1","rs13205436","chr6",95586174,"C","T",0.0614,0.013245,0.10488,{"v":3.555e-06,"d":"3.56E-06"},35343,true,"reported","textfile",0.000607666674881417,21.488605866659]
["5596_75_CD5_CD5","CD5","rs62165726","chr2",134208991,"A","C",-0.1227,0.022854,0.03053,{"v":7.921e-08,"d":"7.92E-08"},35391,true,"reported","textfile",0.000813801099002275,28.8230633332087]
["5599_88_PCYOX1L_PCYXL","PCYOX1L","rs117265578","chr14",49522779,"A","G",-0.0624,0.014115,0.08612,{"v":9.829e-06,"d":"9.83E-06"},35362,true,"reported","textfile",0.000552370703808833,19.5426228590233]
["5599_88_PCYOX1L_PCYXL","PCYOX1L","rs118025862","chr9",117477889,"C","T",0.1145,0.023296,0.03243,{"v":8.878E-7,"d":"8.88E-07"},35369,true,"reported","textfile",6.82541326113709E-4,24.1559264987695]
["5604_30_HPSE_HPSE","HPSE","rs1194178","chr7",80605291,"T","C",0.0397,0.007969,0.48248,{"v":6.299E-7,"d":"6.30E-07"},35347,true,"reported","textfile",0.000701642639254768,24.8169717300027]
["5605_77_MFNG_MFNG","MFNG","rs3777175","chr5",95941851,"G","A",0.0422,0.009081,0.2406,{"v":3.364e-06,"d":"3.36E-06"},35348,true,"reported","textfile",0.000610558751989877,21.5939940498918]
["5612_16_HINT2_HINT2","HINT2","rs1355538","chr3",165787389,"G","A",-0.0512,0.008033,0.39847,{"v":1.845e-10,"d":"1.85E-10"},35338,true,"reported","textfile",0.00114826849275102,40.6218602621059]
["5617_41_NPFF_NPFF","NPFF","rs149376322","chr16",7737324,"G","C",-0.1192,0.026435,0.02403,{"v":6.509e-06,"d":"6.51E-06"},35383,true,"reported","textfile",0.000574314439675816,20.3314958618237]
["5617_41_NPFF_NPFF","NPFF","rs72752022","chr5",24582001,"T","G",-0.0658,0.014773,0.08032,{"v":8.423e-06,"d":"8.42E-06"},35374,true,"reported","textfile",0.000560514334387676,19.8376323132328]
["5620_13_PAM_AMD","PAM","rs186487066","chr5",84677621,"CTCACA","TTCACA",-0.1727,0.031642,0.01434,{"v":4.815e-08,"d":"4.82E-08"},35341,true,"reported","textfile",0.000842193866915914,29.7873758081587]
["5620_13_PAM_AMD","PAM","rs62441390","chr7",2727687,"A","G",0.1099,0.022733,0.0265,{"v":1.336E-6,"d":"1.34E-06"},35335,true,"reported","textfile",0.000660981995023263,23.3699239290992]
["5626_20_CTRC_CTRC","CTRC","rs77273599","chr13",60545666,"A","G",0.0678,0.014848,0.08217,{"v":4.965e-06,"d":"4.97E-06"},35342,true,"reported","textfile",0.000589625423042166,20.8496559375126]
["5628_21_SEMA3G_SEM3G","SEMA3G","rs141686191","chr3",44072565,"A","G",0.1562,0.026364,0.02642,{"v":3.126e-09,"d":"3.13E-09"},35345,true,"reported","textfile",0.00099215691811403,35.1006272870972]
["5628_21_SEMA3G_SEM3G","SEMA3G","rs8176743","chr9",133256028,"T","C",0.2497,0.016764,0.06488,{"v":3.533e-50,"d":"3.53E-50"},35370,true,"reported","textfile",0.0062334872950944,221.848870770276]
["5631_83_MLN_MOTI","MLN","rs10883275","chr10",99121936,"T","G",-0.0517,0.010062,0.19976,{"v":2.771e-07,"d":"2.77E-07"},35364,true,"reported","textfile",0.000745979653940686,26.3990256586758]
["5632_6_CRTAC1_CRAC1","CRTAC1","rs117781346","chr10",98150009,"T","C",-0.3367,0.042957,0.01114,{"v":4.572e-15,"d":"4.57E-15"},35368,true,"reported","textfile",0.00173402004781065,61.4318771173678]
["5632_6_CRTAC1_CRAC1","CRTAC1","rs143893205","chr3",186771697,"A","G",0.2726,0.026162,0.0288,{"v":2.017E-25,"d":"2.02E-25"},35365,true,"reported","textfile",3.06058836602371E-3,108.563855661304]
["5636_10_MFAP4_MFAP4","MFAP4","rs116579804","chr4",57148721,"T","C",-0.097,0.021563,0.0408,{"v":6.845e-06,"d":"6.85E-06"},35356,true,"reported","textfile",0.000572022985081001,20.234875428399]
["5637_81_NTNG1_NTNG1","NTNG1","rs10489490","chr1",91077779,"C","G",0.1497,0.02782,0.02306,{"v":7.408e-08,"d":"7.41E-08"},35343,true,"reported","textfile",8.18597248992604E-4,28.9537468341541]
["5639_49_NETO1_NETO1","NETO1","rs2853266","chr8",97004360,"C","G",0.0381,0.008276,0.37656,{"v":4.152e-06,"d":"4.15E-06"},35363,true,"reported","textfile",5.9896256819082E-4,21.1926089532809]
["5646_20_RNASE6_RNAS6","RNASE6","rs4976689","chr5",177357447,"G","C",0.0417,0.008454,0.39757,{"v":8.121e-07,"d":"8.12E-07"},35365,true,"reported","textfile",0.000687504078094603,24.3289329542812]
["5648_28_CTRB2_CTRB2","CTRB2","rs7895335","chr10",5315365,"G","A",0.1431,0.031037,0.01435,{"v":4.016e-06,"d":"4.02E-06"},35369,true,"reported","textfile",0.00060067017419085,21.2566702984587]
["5649_83_PSG4_PSG4","PSG4","rs4861260","chr4",43234673,"C","T",-0.0428,0.009353,0.2171,{"v":4.738e-06,"d":"4.74E-06"},35355,true,"reported","textfile",0.000591939982568634,20.9392489824266]
["5650_9_PDIA6_PDIA6","PDIA6","rs150919959","chr3",60024387,"T","C",-0.1402,0.028408,0.0198,{"v":8.006e-07,"d":"8.01E-07"},35372,true,"reported","textfile",0.000688107273153597,24.3551131819617]
["5654_70_TMX3_TMX3","TMX3","rs12202796","chr6",9597668,"A","G",0.2039,0.030297,0.01892,{"v":1.696e-11,"d":"1.70E-11"},35380,true,"reported","textfile",1.27856184937849E-3,45.2908682836249]
["5658_64_F13B_coagulation_factor_XIII_B","F13B","rs7107756","chr11",118846996,"GGTGGAAGGATCGCCTGAGC","GGTAGAAGGATCGCCTGAGC",0.0389,0.008174,0.41108,{"v":1.946e-06,"d":"1.95E-06"},35382,true,"reported","textfile",0.000639690137448677,22.6467239488898]
["5658_64_F13B_coagulation_factor_XIII_B","F13B","rs67824186","chr19",48666811,"A","G",-0.0402,0.008783,0.30326,{"v":4.719e-06,"d":"4.72E-06"},35376,true,"reported","textfile",0.000591834814406533,20.9479624582904]
["5661_15_IL18_IL_18","IL18","rs4784323","chr16",53763653,"G","A",0.0448,0.008588,0.35334,{"v":1.823e-07,"d":"1.82E-07"},35366,true,"reported","textfile",0.000768868325865594,27.2111812913151]
["5667_3_SEMA3B_SEM3B","SEMA3B","rs57638803","chr17",33006523,"A","G",0.0465,0.010454,0.17512,{"v":8.669e-06,"d":"8.67E-06"},35370,true,"reported","textfile",0.000559065879236678,19.7841026335766]
["5669_26_SIRPB2_SIRB2","SIRPB2","rs12907899","chr15",33859318,"C","T",0.0377,0.007954,0.4532,{"v":2.142E-6,"d":"2.14E-06"},35364,true,"reported","textfile",0.000634854706761935,22.4639935125296]
["5676_54_ASIP_ASIP","ASIP","rs10896808","chr11",58653706,"C","T",-0.0401,0.008642,0.2992,{"v":3.479e-06,"d":"3.48E-06"},35368,true,"reported","textfile",0.000608394692243739,21.5295851712365]
["5676_54_ASIP_ASIP","ASIP","rs78202849","chr20",37386792,"A","G",0.1472,0.019604,0.04435,{"v":5.975e-14,"d":"5.98E-14"},35365,true,"reported","textfile",1.59169830349111E-3,56.3769622214799]
["5682_13_VASN_VASN","VASN","rs77262773","chr17",69253570,"T","C",0.2828,0.027237,0.02263,{"v":2.962e-25,"d":"2.96E-25"},35371,true,"reported","textfile",0.00303858424011846,107.799243069839]
["5689_1_DEFB112_DB112","DEFB112","rs61944393","chr12",87858627,"T","C",0.0744,0.016684,0.06228,{"v":8.223e-06,"d":"8.22E-06"},35360,true,"reported","textfile",0.000562068284913122,19.8847870260978]
["5689_1_DEFB112_DB112","DEFB112","rs11718980","chr3",196485411,"A","G",-0.0379,0.008247,0.38397,{"v":4.317e-06,"d":"4.32E-06"},35206,true,"reported","textfile",0.000599527759181631,21.1184363230363]
["5698_60_TNXB_Tenascin_X","TNXB","rs2493136","chr1",230715790,"T","C",-0.0441,0.008062,0.42471,{"v":4.498e-08,"d":"4.50E-08"},35364,true,"reported","textfile",0.000845401279926781,29.920374783909]
["5698_60_TNXB_Tenascin_X","TNXB","rs12529322","chr6",21719497,"T","C",-0.3563,0.040743,0.01065,{"v":2.227e-18,"d":"2.23E-18"},35370,true,"reported","textfile",0.00215750877435719,76.4717588221142]
["5707_55_ELK3_ELK3","ELK3","rs2077612","chr16",57693052,"A","G",0.0867,0.018246,0.04704,{"v":2.016e-06,"d":"2.02E-06"},35372,true,"reported","textfile",0.00063791983220945,22.5776271813915]
["5713_9_IFNL3_IFN_lambda_3","IFNL3","rs3184504","chr12",111446804,"C","T",-0.0426,0.008065,0.37862,{"v":1.275E-7,"d":"1.28E-07"},35371,true,"reported","textfile",0.00078817142043472,27.8988240251159]
["5713_9_IFNL3_IFN_lambda_3","IFNL3","rs239933","chr6",166999742,"G","A",0.049,0.007784,0.48352,{"v":3.069e-10,"d":"3.07E-10"},35343,true,"reported","textfile",1.11994433321172E-3,39.6243297235665]
["5717_2_CILP_CILP","CILP","rs12602050","chr17",21312847,"A","G",-0.0425,0.009223,0.24288,{"v":4.068e-06,"d":"4.07E-06"},35354,true,"reported","textfile",0.000600252697649155,21.2328784598673]
["5723_4_INSL3_INSL3","INSL3","rs704","chr17",28367840,"A","G",0.0528,0.007968,0.49189,{"v":3.442e-11,"d":"3.44E-11"},35360,true,"reported","textfile",0.00124027491216189,43.9080984571771]
["5724_58_SBSN_SBSN","SBSN","rs10922094","chr1",196692375,"CATTA","GATTA",-0.112,0.008037,0.40155,{"v":3.884e-44,"d":"3.88E-44"},35339,true,"reported","textfile",0.00546529733602811,194.188509909119]
["5728_60_FCRL1_FCRL1","FCRL1","rs73217470","chr13",71939282,"G","A",-0.101,0.017273,0.06028,{"v":5.001e-09,"d":"5.00E-09"},35356,true,"reported","textfile",0.000966104932539991,34.1887036602622]
["5728_60_FCRL1_FCRL1","FCRL1","rs934230","chr2",43209140,"A","T",-0.0492,0.010094,0.20121,{"v":1.093E-6,"d":"1.09E-06"},35361,true,"reported","textfile",0.000671409341150257,23.7563131042614]
["5731_1_SPINK6_ISK6","SPINK6","rs62053692","chr17",310791,"C","G",-0.0453,0.010207,0.17416,{"v":9.071e-06,"d":"9.07E-06"},35340,true,"reported","textfile",5.57046743366524E-4,19.6958893481053]
["5736_1_TREML2_TRML2","TREML2","rs148481313","chr16",9687393,"TATGTGGGG","TATTTGGGG",0.1293,0.028937,0.02188,{"v":7.881e-06,"d":"7.88E-06"},35383,true,"reported","textfile",0.000563962716473736,19.9648242880967]
["5737_61_SEMA4D_SEM4D","SEMA4D","rs3847647","chr11",218141,"A","C",0.0387,0.008468,0.33648,{"v":4.88e-06,"d":"4.88E-06"},35352,true,"reported","textfile",0.000590458982737901,20.8850568091828]
["5740_17_ROBO1_ROBO1","ROBO1","rs73111654","chr3",78741405,"A","T",-0.3342,0.037022,0.01335,{"v":1.764e-19,"d":"1.76E-19"},35345,true,"reported","textfile",2.30019703136394E-3,81.4832913042596]
["5740_17_ROBO1_ROBO1","ROBO1","rs59306132","chr17",19582994,"A","G",0.0463,9.724E-3,0.34856,{"v":1.923e-06,"d":"1.92E-06"},35356,true,"reported","textfile",6.40811897203885E-4,22.6697908854527]
["5743_82_CARTPT_CART","CARTPT","rs143017277","chr4",152262861,"G","C",-0.1279,0.026981,0.02225,{"v":2.133e-06,"d":"2.13E-06"},35374,true,"reported","textfile",0.000634841103752301,22.4698643153896]
["5749_53_CLPS_COL","CLPS","rs4771194","chr13",27938190,"G","A",-0.0389,0.00817,0.39433,{"v":1.921e-06,"d":"1.92E-06"},35359,true,"reported","textfile",0.000640732509397756,22.6689040385464]
["5749_53_CLPS_COL","CLPS","rs10947428","chr6",33679281,"C","T",-0.0743,0.010177,0.20569,{"v":2.864e-13,"d":"2.86E-13"},35360,true,"reported","textfile",1.5051218608146E-3,53.2983192200855]
["5755_29_GIP_GIP","GIP","rs8008409","chr14",38636240,"C","T",0.0386,0.007989,0.4622,{"v":1.355e-06,"d":"1.36E-06"},35365,true,"reported","textfile",6.59674227540955E-4,23.343458786674]
["5758_49_KLK9_kallikrein_9","KLK9","rs11720167","chr3",165768357,"G","T",0.0727,0.010056,0.19032,{"v":4.858e-13,"d":"4.86E-13"},35339,true,"reported","textfile",1.47680174041916E-3,52.2629250799094]
["5762_35_SPAG11B_Sperm_associated_antigen_11","SPAG11B","rs9848607","chr3",71711244,"C","T",0.0625,0.013102,0.1015,{"v":1.84E-6,"d":"1.84E-06"},35345,true,"reported","textfile",0.000643394502717281,22.7541317928465]
["5765_53_DEFB121_DB121","DEFB121","rs6993770","chr8",105569300,"T","A",-0.0691,0.009648,0.22448,{"v":7.953e-13,"d":"7.95E-13"},35365,true,"reported","textfile",1.44836616015729E-3,51.2928633692039]
["5798_3_BID_BID","BID","rs16962826","chr15",36295758,"C","T",-0.0528,0.011884,0.1346,{"v":8.875e-06,"d":"8.88E-06"},35368,true,"reported","textfile",0.000557814415655164,19.7386751416005]
["5807_77_CD70_CD70","CD70","rs142089600","chr4",38072486,"G","A",0.1403,0.031208,0.01617,{"v":6.936e-06,"d":"6.94E-06"},35364,true,"reported","textfile",0.000571181264816083,20.2096552628809]
["5813_58_EPO_Epo","EPO","rs77552793","chr2",111186961,"A","C",0.1613,0.023438,0.0316,{"v":5.907e-12,"d":"5.91E-12"},35356,true,"reported","textfile",0.00133777517453399,47.359059294288]
["5813_58_EPO_Epo","EPO","rs4288395","chr8",4265106,"G","T",-0.0419,0.008348,0.39293,{"v":5.197e-07,"d":"5.20E-07"},35363,true,"reported","textfile",0.000711876718599498,25.190605251803]
["5834_18_IL9_IL_9","IL9","rs13208583","chr6",32833094,"T","C",0.058,0.012952,0.10406,{"v":7.53e-06,"d":"7.53E-06"},35435,true,"reported","textfile",0.000565593194332944,20.0520049323217]
["5837_49_LIFR_LIF_sR","LIFR","rs116852327","chr17",7721481,"T","G",0.198,0.035764,0.01186,{"v":3.089e-08,"d":"3.09E-08"},35377,true,"reported","textfile",0.000865647537147818,30.6488126958307]
["5852_6_S100A12_S100A12","S100A12","rs146588776","chr1",154077769,"C","G",-0.1835,0.022921,0.03229,{"v":1.189E-15,"d":"1.19E-15"},35365,true,"reported","textfile",0.00180902675755312,64.0885511312003]
["5861_78_HAAO_3HAO","HAAO","rs4665972","chr2",27375230,"C","T",-0.0483,0.00884,0.33903,{"v":4.654e-08,"d":"4.65E-08"},35374,true,"reported","textfile",0.000843216703779896,29.8514324725951]
["5864_10_ALDOA_aldolase_A","ALDOA","rs9928033","chr16",86105935,"G","T",-0.1219,0.026826,0.02417,{"v":5.518e-06,"d":"5.52E-06"},35380,true,"reported","textfile",0.00058328975534158,20.6476685380043]
["5879_51_DCTN2_Dynactin_subunit_2","DCTN2","rs1126605","chr12",7089608,"T","C",0.1981,0.014116,0.09116,{"v":9.752e-45,"d":"9.75E-45"},35390,true,"reported","textfile",0.00553420115613633,196.934183901583]
["5879_51_DCTN2_Dynactin_subunit_2","DCTN2","rs10121799","chr9",126744673,"A","C",0.0445,0.009676,0.24036,{"v":4.249e-06,"d":"4.25E-06"},35363,true,"reported","textfile",0.000597749916944033,21.1496770307465]
["5897_58_GRP_Gastrin_releasing_peptide","GRP","rs117265578","chr14",49522779,"A","G",-0.0655,0.014196,0.08612,{"v":3.948e-06,"d":"3.95E-06"},35362,true,"reported","textfile",0.000601661776636833,21.287568338065]
["5909_51_NME1_Nucleoside_diphosphate_kinase_A","NME1","rs76139823","chr12",52737504,"T","G",-0.0542,0.011931,0.12798,{"v":5.554e-06,"d":"5.55E-06"},35374,true,"reported","textfile",0.00058305217529991,20.6357532655388]
["5909_51_NME1_Nucleoside_diphosphate_kinase_A","NME1","rs6559693","chr9",82997956,"G","A",-0.0388,0.007885,0.49114,{"v":8.635e-07,"d":"8.64E-07"},35366,true,"reported","textfile",0.000684190235053906,24.2122692706498]
["5939_42_TNFSF12_TWEAK","TNFSF12","rs10850034","chr12",112379717,"A","T",0.0408,0.008508,0.34958,{"v":1.625e-06,"d":"1.63E-06"},35370,true,"reported","textfile",0.000649752603295773,22.9953913887836]
["5954_62_PTH_PTH","PTH","rs6127099","chr20",54114863,"T","A",0.1328,0.009274,0.25525,{"v":1.646e-46,"d":"1.65E-46"},35388,true,"reported","textfile",5.76098506878139E-3,205.039446835629]
["5957_30_SST_Somatostatin_28","SST","rs7940076","chr11",63595291,"AGAAAAAAAAA","GGAAAAAAAAA",-0.0399,8.071E-3,0.49778,{"v":7.663e-07,"d":"7.66E-07"},35358,true,"reported","textfile",0.000690722057300578,24.4380489573715]
["5980_55_BOLA3_BOLA3","BOLA3","rs13232839","chr7",81370841,"A","G",0.0861,0.019004,0.04709,{"v":5.88e-06,"d":"5.88E-06"},35348,true,"reported","textfile",0.000580362431707542,20.5254026837481]
["5988_49_TNFSF14_LIGHT","TNFSF14","rs68055925","chr3",177272530,"T","C",0.0839,0.018437,0.0491,{"v":5.347e-06,"d":"5.35E-06"},35359,true,"reported","textfile",0.00058531433822681,20.707079207048]
["6022_57_NELL2_NELL2","NELL2","rs11244049","chr9",133247701,"ATGGCGGGGCTGGGCTGCAGTGGTGGGCTGGGCTGCAGTGG","ATGGTGGGGCTGGGCTGCAGTGGTGGGCTGGGCTGCAGTGG",0.0863,0.017662,0.05682,{"v":1.028e-06,"d":"1.03E-06"},35367,true,"reported","textfile",0.00067460651551872,23.8735646836038]
["6049_64_PTPRS_PTPRS","PTPRS","rs6688115","chr1",7872844,"T","C",-0.042,0.008735,0.34668,{"v":1.521e-06,"d":"1.52E-06"},35386,true,"reported","textfile",0.00065291649165202,23.1178911930272]
["6054_6_NXPH3_NXPH3","NXPH3","rs1355538","chr3",165787389,"G","A",-0.0744,0.008228,0.39847,{"v":1.539e-19,"d":"1.54E-19"},35338,true,"reported","textfile",0.00230840312201073,81.7584642134121]
["6060_2_PIP_PIP","PIP","rs73163296","chr7",140525526,"G","A",-0.1531,0.028277,0.02463,{"v":6.153e-08,"d":"6.15E-08"},35372,true,"reported","textfile",0.000828064808968196,29.3129252950899]
["6081_52_PCOLCE2_PCOC2","PCOLCE2","rs67128820","chr3",143808315,"A","G",0.0418,0.008604,0.42777,{"v":1.186E-6,"d":"1.19E-06"},35364,true,"reported","textfile",0.00066696128308952,23.6008257296222]
["6081_52_PCOLCE2_PCOC2","PCOLCE2","rs138500392","chr3",140843898,"C","G",-0.1509,0.023472,0.03513,{"v":1.284e-10,"d":"1.28E-10"},35364,true,"reported","textfile",0.00116737294763616,41.3288884005846]
["6107_3_CELA1_ELA1","CELA1","rs11665585","chr18",77562107,"C","G",0.037,0.007908,0.36539,{"v":2.886E-6,"d":"2.89E-06"},35347,true,"reported","textfile",0.000618940186473987,21.8899894850969]
["6107_3_CELA1_ELA1","CELA1","rs4263799","chr8",71482756,"T","C",0.0404,7.718E-3,0.44282,{"v":1.654e-07,"d":"1.65E-07"},35348,true,"reported","textfile",0.000774554212899176,27.3986149217495]
["6123_69_TP53_p53","TP53","rs17580","chr14",94380925,"A","T",0.1557,0.022257,0.03316,{"v":2.641e-12,"d":"2.64E-12"},35372,true,"reported","textfile",0.00138160507185869,48.9349802084892]
["6168_11_TP53_p53_R175H","TP53","rs77137410","chr6",52173990,"G","A",0.1845,0.040091,0.01149,{"v":4.184e-06,"d":"4.18E-06"},35368,true,"reported","textfile",0.000598450837639059,21.1774860081836]
["6207_10_PSAP_prosaposin","PSAP","rs1511549","chr12",28578968,"G","A",-0.0414,0.008639,0.34102,{"v":1.65e-06,"d":"1.65E-06"},35356,true,"reported","textfile",0.000649125403983653,22.9640861041075]
["6213_10_CGB2_CGB2","CGB2","rs188400754","chr2",211734716,"T","C",0.1512,0.030268,0.01919,{"v":5.874e-07,"d":"5.87E-07"},35356,true,"reported","textfile",0.000705288164036042,24.9523563529308]
["6219_14_PDZD11_PDZ11","PDZD11","rs6075485","chr20",19207582,"G","A",-0.0358,0.007994,0.45682,{"v":7.513e-06,"d":"7.51E-06"},35377,true,"reported","textfile",0.000566592245301267,20.054563437659]
["6223_5_GUCA2B_GUC2B","GUCA2B","rs62303284","chr4",76427378,"T","C",-0.0406,0.009168,0.25484,{"v":9.5e-06,"d":"9.50E-06"},35357,true,"reported","textfile",5.54353290903917E-4,19.6100314853966]
["6231_46_STC2_STC2","STC2","rs118084024","chr16",5146780,"A","G",0.0917,0.019828,0.04191,{"v":3.75e-06,"d":"3.75E-06"},35364,true,"reported","textfile",0.000604445129433287,21.3873161260839]
["6234_74_VIT_VITRN","VIT","rs8012689","chr14",39843989,"A","G",0.0456,0.010102,0.21994,{"v":6.368e-06,"d":"6.37E-06"},35366,true,"reported","textfile",0.000575809560500047,20.3746612222474]
["6240_70_RSPO1_RSPO1","RSPO1","rs1957651","chr14",32380965,"G","T",-0.1162,0.025084,0.0261,{"v":3.614E-6,"d":"3.61E-06"},35356,true,"reported","textfile",0.000606585507557712,21.458240291774]
["6252_62_SCGB3A1_Secretoglobin_family_3A_member_1","SCGB3A1","rs61703905","chr19",45867043,"T","C",0.1201,0.012876,0.11012,{"v":1.082E-20,"d":"1.08E-20"},35369,true,"reported","textfile",0.00245377268820775,86.9960471884163]
["6252_62_SCGB3A1_Secretoglobin_family_3A_member_1","SCGB3A1","rs28589776","chr5",77110645,"T","C",0.1253,0.027434,0.02136,{"v":4.941e-06,"d":"4.94E-06"},35354,true,"reported","textfile",0.000589697298186886,20.8592795462934]
["6256_9_LY6G6C_LY66C","LY6G6C","rs59358791","chr3",187174517,"A","C",0.0538,0.010473,0.17721,{"v":2.789e-07,"d":"2.79E-07"},35364,true,"reported","textfile",0.000745653410189816,26.3874717994658]
["6257_56_CGREF1_CGRE1","CGREF1","rs61874866","chr10",98467818,"C","T",-0.0547,0.012142,0.13283,{"v":6.635E-6,"d":"6.64E-06"},35367,true,"reported","textfile",0.000573517700575988,20.2940925021369]
["6267_51_STMN4_STMN4","STMN4","rs115910976","chr3",159631468,"G","A",0.1426,0.031211,0.01755,{"v":4.903e-06,"d":"4.90E-06"},35338,true,"reported","textfile",0.000590371313306758,20.8736839512154]
["6276_16_FURIN_Furin","FURIN","rs75118853","chr5",31567682,"C","T",-0.1369,0.030459,0.01806,{"v":6.973E-6,"d":"6.97E-06"},35381,true,"reported","textfile",0.000570633963745541,20.1999858013189]
["6281_51_ST3GAL2_SIA4B","ST3GAL2","rs10478881","chr5",129403042,"G","T",-0.0465,0.010243,0.18005,{"v":5.639e-06,"d":"5.64E-06"},35346,true,"reported","textfile",0.000582717609394839,20.6075795859629]
["6289_78_ARHGAP36_RHG36","ARHGAP36","rs67769959","chr2",174785314,"G","A",0.1578,0.028384,0.02069,{"v":2.705e-08,"d":"2.71E-08"},35360,true,"reported","textfile",0.000873323405965091,30.9059598862662]
["6290_3_UTS2B_UTS2B","UTS2B","rs373771501","chr2",67097470,"TGTGTGTGTGTGTGTGTGTGTGTGTGTGTGTGTGTGTGTGTGTGTGTA","TGTGTGTGTGTGTGTGTGTGTGTGTGTGTGTGTGTGTGTGTA",-0.1043,0.022016,0.03439,{"v":2.165E-6,"d":"2.17E-06"},35358,true,"reported","textfile",0.000634349366393904,22.4422924522204]
["6304_8_C1QTNF1_C1QT1","C1QTNF1","rs753053","chr14",52038453,"G","A",-0.1468,0.032177,0.01641,{"v":5.06e-06,"d":"5.06E-06"},35369,true,"reported","textfile",0.000588142721509923,20.8130846959175]
["6324_11_DNASE1L2_DNSL2","DNASE1L2","rs139662442","chr12",9934587,"A","G",-0.1483,0.03002,0.01792,{"v":7.808E-7,"d":"7.81E-07"},35385,true,"reported","textfile",0.000689195303648579,24.4026155970639]
["6324_11_DNASE1L2_DNSL2","DNASE1L2","rs11794541","chr9",21673751,"A","T",-0.0744,0.016494,0.05959,{"v":6.464e-06,"d":"6.46E-06"},35351,true,"reported","textfile",0.000575231017012008,20.3455446086744]
["6350_43_APOC2_Apo_C_II","APOC2","rs557011","chr6",32619236,"T","C",0.0396,0.007859,0.40141,{"v":4.689e-07,"d":"4.69E-07"},35439,true,"reported","textfile",0.000715918038235771,25.3881633650718]
["6357_83_CELA3B_ELA3B","CELA3B","rs147653240","chr11",8527128,"CATAT","CAT",0.0654,0.014552,0.08006,{"v":6.985E-6,"d":"6.99E-06"},35373,true,"reported","textfile",0.000570676932110962,20.196939693279]
["6357_83_CELA3B_ELA3B","CELA3B","rs112621935","chr9",105075692,"A","G",0.0533,0.011311,0.14329,{"v":2.45e-06,"d":"2.45E-06"},35367,true,"reported","textfile",0.000627453585997084,22.2038279402508]
["6359_50_POMGNT2_AGO61","POMGNT2","rs73223028","chr3",139722151,"T","C",-0.1354,0.030429,0.01805,{"v":8.599e-06,"d":"8.60E-06"},35364,true,"reported","textfile",0.000559573962919598,19.7987333324345]
["6361_49_PTPRR_PTPRR","PTPRR","rs144390095","chr9",23158395,"G","A",0.1527,0.033783,0.01329,{"v":6.185e-06,"d":"6.19E-06"},35361,true,"reported","textfile",0.000577439193826328,20.429469230748]
["6366_38_TXNDC15_TXD15","TXNDC15","rs9265463","chr6",31328997,"AGA","AGC",0.2599,0.008622,0.35931,{"v":1.241e-199,"d":"1.24E-199"},35439,true,"reported","textfile",0.024998859011097,908.598492385075]
["6369_82_DEAF1_DEAF1","DEAF1","rs10922094","chr1",196692375,"CATTA","GATTA",-0.1048,0.008242,0.40155,{"v":4.891e-37,"d":"4.89E-37"},35339,true,"reported","textfile",0.00455428986275954,161.671238563222]
["6371_50_ANGPTL7_ANGL7","ANGPTL7","rs115394370","chr1",83628994,"T","C",-0.1285,0.028918,0.0188,{"v":8.849e-06,"d":"8.85E-06"},35339,true,"reported","textfile",0.000558435346565304,19.7444558436199]
["6373_54_SEMG2_SEMG2","SEMG2","rs8008285","chr14",100680177,"C","T",-0.359,0.011786,0.15185,{"v":1e-200,"d":"1.00E-200"},35380,true,"reported","textfile",0.0255538326818498,927.751088709775]
["6373_54_SEMG2_SEMG2","SEMG2","rs2074612","chr5",140335105,"C","T",-0.042,0.008579,0.41269,{"v":9.794e-07,"d":"9.79E-07"},35362,true,"reported","textfile",0.000677320420215459,23.9662829116313]
["6379_62_ADAMTSL2_ATL2","ADAMTSL2","rs2812237","chr13",50724984,"A","G",-0.0534,0.011216,0.16863,{"v":1.926e-06,"d":"1.93E-06"},35364,true,"reported","textfile",0.000640570369084926,22.6663687958065]
["6383_90_TLL1_TLL1","TLL1","rs12185145","chr16",15481456,"A","G",-0.0446,0.008813,0.34351,{"v":4.179E-7,"d":"4.18E-07"},35380,true,"reported","textfile",0.000723352666692143,25.6092951942055]
["6383_90_TLL1_TLL1","TLL1","rs1294921","chr7",45182601,"C","T",-0.0379,0.008341,0.47139,{"v":5.525e-06,"d":"5.53E-06"},35350,true,"reported","textfile",0.000583712753346726,20.6451292305264]
["6385_63_VWA1_VWA1","VWA1","rs147906938","chr6",31930134,"A","T",0.1195,0.020834,0.03884,{"v":9.709e-09,"d":"9.71E-09"},35441,true,"reported","textfile",9.27430893485304E-4,32.8977338088857]
["6390_18_NPS_NPS","NPS","rs6864210","chr5",41432472,"C","T",-0.2469,0.030912,0.01958,{"v":1.381E-15,"d":"1.38E-15"},35352,true,"reported","textfile",0.0018013204225619,63.7915860242562]
["6393_63_HSP90B1_Endoplasmin","HSP90B1","rs2588511","chr2",54966053,"G","C",-0.0339,0.007593,0.47167,{"v":8.018e-06,"d":"8.02E-06"},35346,true,"reported","textfile",0.000563621403230884,19.9318689037129]
["6399_52_DEFB107A_D107A","DEFB107A","rs9968134","chr3",125045570,"A","G",0.0368,0.008024,0.4602,{"v":4.515E-6,"d":"4.52E-06"},35369,true,"reported","textfile",0.000594337074545313,21.0324196622167]
["6400_33_TP53I13_P5I13","TP53I13","rs595585","chr11",128734115,"T","C",0.0403,0.008442,0.39833,{"v":1.808e-06,"d":"1.81E-06"},35359,true,"reported","textfile",6.44079701236377E-4,22.7874029002665]
["6402_8_PILRA_PILRA_isoform_FDF03_deltaTM","PILRA","rs118013650","chr7",48239100,"A","T",0.1057,0.022426,0.03317,{"v":2.438e-06,"d":"2.44E-06"},35350,true,"reported","textfile",0.000628035340569599,22.21374423488]
["6407_63_LAD1_LAD1","LAD1","rs72653643","chr1",22742008,"T","A",-0.0823,0.017297,0.05333,{"v":1.954e-06,"d":"1.95E-06"},35369,true,"reported","textfile",0.000639672121649251,22.637764673327]
["6407_63_LAD1_LAD1","LAD1","rs293879","chr8",4728855,"G","T",0.0385,0.008588,0.30187,{"v":7.364e-06,"d":"7.36E-06"},35376,true,"reported","textfile",0.000567782506139661,20.0961486138081]
["6410_26_INSL4_INSL4","INSL4","rs10761515","chr10",60530042,"T","C",-0.0366,8.038E-3,0.39428,{"v":5.281e-06,"d":"5.28E-06"},35355,true,"reported","textfile",5.86085149726654E-4,20.7320190267618]
["6410_26_INSL4_INSL4","INSL4","rs10960847","chr9",12942957,"T","C",0.1066,0.022469,0.03116,{"v":2.093e-06,"d":"2.09E-06"},35352,true,"reported","textfile",6.36292063445936E-4,22.5072456245748]
["6414_8_OAF_OAF","OAF","rs463250","chr5",72848636,"CGCGCGGGGGAAGCCGCCGCTGCCCCTGCCG","GGCGCGGGGGAAGCCGCCGCTGCCCCTGCCG",0.0409,0.008916,0.31619,{"v":4.495e-06,"d":"4.50E-06"},35354,true,"reported","textfile",5.9485281435306295E-4,21.0417534392618]
["6416_8_GKN2_GKN2","GKN2","rs10784366","chr12",63664941,"T","C",-0.0393,0.008642,0.31902,{"v":5.431e-06,"d":"5.43E-06"},35367,true,"reported","textfile",0.000584392295753029,20.679118256698]
["6420_4_SDHAF2_SDHF2","SDHAF2","rs10448143","chr8",144448001,"T","C",-0.0496,0.009716,0.21048,{"v":3.308e-07,"d":"3.31E-07"},34529,true,"reported","textfile",0.000754182895878238,26.0593263441948]
["6425_87_MMP19_MMP19","MMP19","rs56214423","chr22",23574255,"A","G",0.0661,0.014542,0.09412,{"v":5.485E-6,"d":"5.49E-06"},35359,true,"reported","textfile",0.000583984027803246,20.6599883742645]
["6433_57_FAM20A_FA20A","FAM20A","rs7964859","chr12",101827005,"G","C",-0.0852,0.009199,0.27831,{"v":2.004e-20,"d":"2.00E-20"},35364,true,"reported","textfile",2.41982733702404E-3,85.7775010337471]
["6433_57_FAM20A_FA20A","FAM20A","rs799169","chr7",73636269,"G","A",-0.0377,0.00841,0.3845,{"v":7.366e-06,"d":"7.37E-06"},35353,true,"reported","textfile",0.000568090657049956,20.0939880242324]
["6441_62_ADAMTS6_ATS6","ADAMTS6","rs4782978","chr16",84476758,"C","A",-0.0769,0.017351,0.05556,{"v":9.337e-06,"d":"9.34E-06"},35383,true,"reported","textfile",0.000554840272876969,19.641701701792]
["6444_15_PSG3_PSG3","PSG3","rs1160437","chr1",196171772,"T","C",0.0788,0.017698,0.0459,{"v":8.486e-06,"d":"8.49E-06"},35337,true,"reported","textfile",5.60700314373098E-4,19.8234606289801]
["6448_36_SEMA3C_Sema_E","SEMA3C","rs10922098","chr1",196695521,"T","C",-0.0437,0.00835,0.40011,{"v":1.661e-07,"d":"1.66E-07"},35338,true,"reported","textfile",0.000774482257248368,27.3883168075517]
["6451_64_ASPN_ASPN","ASPN","rs6781836","chr3",58290289,"T","G",-0.0456,0.009802,0.37116,{"v":3.282e-06,"d":"3.28E-06"},35344,true,"reported","textfile",0.000611953947869789,21.6409196718428]
["6453_70_LILRB4_LIRB4","LILRB4","rs78704481","chr10",74338642,"TGAAGT","CGAAGT",0.1702,0.030542,0.01831,{"v":2.51E-8,"d":"2.51E-08"},35370,true,"reported","textfile",0.00087721887454826,31.0527171846433]
["6454_38_ARHGDIA_Rho_GDIa","ARHGDIA","rs211161","chr6",96614917,"G","T",0.1454,0.031266,0.01526,{"v":3.313e-06,"d":"3.31E-06"},35343,true,"reported","textfile",0.000611526232396473,21.6251729396565]
["6456_17_PSG6_PSG6","PSG6","rs9501600","chr6",32009122,"T","C",0.0853,0.01136,0.15016,{"v":5.953E-14,"d":"5.95E-14"},35440,true,"reported","textfile",1.58839060141137E-3,56.3789379079066]
["6461_54_APOC3_Apo_C_III","APOC3","rs754984","chr1",23371627,"G","C",-0.0687,0.015119,0.08026,{"v":5.523e-06,"d":"5.52E-06"},35372,true,"reported","textfile",0.000583383698493056,20.6463261458066]
["6462_12_TIMP4_TIMP_4","TIMP4","rs79894691","chr12",7466960,"A","G",0.0761,0.014277,0.09363,{"v":9.8e-08,"d":"9.80E-08"},35388,true,"reported","textfile",0.000802215111254456,28.4099748379756]
["6462_12_TIMP4_TIMP_4","TIMP4","rs9368696","chr6",31586605,"A","G",0.1128,0.019256,0.04827,{"v":4.686e-09,"d":"4.69E-09"},35439,true,"reported","textfile",0.000967351406331418,34.3132247323671]
["6467_65_POGLUT1_KTEL1","POGLUT1","rs73166733","chr22",27867984,"A","G",-0.1098,0.024464,0.0282,{"v":7.183e-06,"d":"7.18E-06"},35378,true,"reported","textfile",0.00056907466336777,20.143048189666]
["6470_19_FBLN1_fibulin_1","FBLN1","rs12945886","chr17",7169695,"G","A",0.0496,0.009816,0.24063,{"v":4.348E-7,"d":"4.35E-07"},35370,true,"reported","textfile",0.000721349611991495,25.5311099331592]
["6470_19_FBLN1_fibulin_1","FBLN1","rs75018011","chr5",39446734,"T","C",0.0895,0.018746,0.05187,{"v":1.804E-6,"d":"1.80E-06"},35363,true,"reported","textfile",0.000644169109754759,22.7931465309474]
["6472_40_PMEL_GP100","PMEL","rs113159861","chr12",116307493,"A","G",0.0659,0.01375,0.09871,{"v":1.644e-06,"d":"1.64E-06"},35374,true,"reported","textfile",0.000648932226640654,22.9689360035176]
["6472_40_PMEL_GP100","PMEL","rs80256506","chr5",119790310,"A","T",-0.0703,0.015912,0.07391,{"v":9.957e-06,"d":"9.96E-06"},35363,true,"reported","textfile",0.000551661097758077,19.5180554297078]
["6478_2_IGLON5_IGLO5","IGLON5","rs4332553","chr12",56076169,"C","T",-0.0379,0.008341,0.41532,{"v":5.519E-6,"d":"5.52E-06"},35369,true,"reported","textfile",0.000583399369533268,20.6451298580262]
["6485_59_IGLL1_IGLL1","IGLL1","rs12517864","chr5",125005566,"AGGA","TGGA",0.0453,0.009964,0.25517,{"v":5.454e-06,"d":"5.45E-06"},35354,true,"reported","textfile",0.000584300927745327,20.668282894523]
["6491_59_KLK15_kallikrein_15","KLK15","rs4980320","chr11",198986,"C","T",0.0489,0.008125,0.46986,{"v":1.763E-9,"d":"1.76E-09"},35352,true,"reported","textfile",1.02355748230285E-3,36.2198300774895]
["6495_14_EDN1_Endothelin_1","EDN1","rs16968353","chr15",39192149,"A","T",0.0724,0.016054,0.06431,{"v":6.49e-06,"d":"6.49E-06"},35373,true,"reported","textfile",0.000574631051259893,20.3369611634865]
["6496_60_DLK1_DLK1","DLK1","rs6416180","chr11",17702944,"A","G",-0.0496,0.008745,0.36046,{"v":1.412E-8,"d":"1.41E-08"},35373,true,"reported","textfile",0.000908609028667458,32.1676377590955]
["6504_65_LOXL2_Lysyl_oxidase_like_protein_2","LOXL2","rs77186612","chr2",225113660,"T","C",-0.1097,0.024772,0.02627,{"v":9.493e-06,"d":"9.49E-06"},35367,true,"reported","textfile",0.000554181655017546,19.6095014556663]
["6507_16_NCAM2_NCAM2","NCAM2","rs147819776","chr21",18780577,"A","C",-0.1278,0.027204,0.02366,{"v":2.629e-06,"d":"2.63E-06"},35357,true,"reported","textfile",0.000623806314487813,22.0684386801162]
["6508_68_SCGB1D2_SG1D2","SCGB1D2","rs62269916","chr3",74348841,"A","G",0.1124,0.021972,0.03471,{"v":3.126e-07,"d":"3.13E-07"},35343,true,"reported","textfile",0.00073989242479215,26.1678996152774]
["6518_85_GHRL_ghrelin","GHRL","rs2612018","chr3",53685058,"T","C",0.0373,0.008125,0.41156,{"v":4.414e-06,"d":"4.41E-06"},35349,true,"reported","textfile",0.000595847253181473,21.0739697251799]
["6521_35_NPTX2_NPTX2","NPTX2","rs4407894","chr8",20076385,"C","T",-0.0494,0.008644,0.3533,{"v":1.098E-8,"d":"1.10E-08"},35369,true,"reported","textfile",0.000922573014196988,32.6587698928849]
["6525_17_DUSP13_DUSP13","DUSP13","rs2299258","chr7",95313605,"A","G",0.1899,0.011039,0.15543,{"v":2.529e-66,"d":"2.53E-66"},35349,true,"reported","textfile",0.00830219030975672,295.914257358935]
["6528_95_EXTL2_EXTL2","EXTL2","rs57982636","chr7",15597244,"AT","A",-0.0389,0.00856,0.31029,{"v":5.51e-06,"d":"5.51E-06"},35366,true,"reported","textfile",0.000583595862536558,20.6503355331199]
["6531_29_FAM162A_F162A","FAM162A","rs78116755","chr6",155584907,"C","T",0.1413,0.031775,0.01675,{"v":8.711e-06,"d":"8.71E-06"},35368,true,"reported","textfile",0.000558804570748498,19.7737321009702]
["6543_182_PRLH_PRRP","PRLH","rs2439360","chr15",66593677,"C","A",0.0509,0.011233,0.14444,{"v":5.867e-06,"d":"5.87E-06"},35366,true,"reported","textfile",0.000580237825763217,20.5314435904791]
["6545_58_PRNP_PRIO","PRNP","rs1451915","chr1",196058002,"A","C",0.0549,0.011578,0.13641,{"v":2.12E-6,"d":"2.12E-06"},35335,true,"reported","textfile",0.000635910860721376,22.4829355847876]
["6545_58_PRNP_PRIO","PRNP","rs2418072","chr9",110134386,"CT","CC",-0.0437,0.009505,0.23253,{"v":4.278e-06,"d":"4.28E-06"},35370,true,"reported","textfile",0.000597260931279205,21.136548652215]
["6550_4_ICAM4_ICAM4","ICAM4","rs73027142","chr19",28453561,"T","C",-0.1085,0.02324,0.034,{"v":3.031e-06,"d":"3.03E-06"},35359,true,"reported","textfile",0.000616055193351229,21.7952905732677]
["6551_94_SERPINA12_Vaspin","SERPINA12","rs59233955","chr14",94706204,"A","G",0.0578,0.008703,0.45073,{"v":3.103e-11,"d":"3.10E-11"},35371,true,"reported","textfile",1.24545814976011E-3,44.105540904234]
["6556_5_ENPP5_ENPP5","ENPP5","rs55666908","chr10",63513774,"A","G",-0.0555,0.011292,0.12427,{"v":8.876e-07,"d":"8.88E-07"},35351,true,"reported","textfile",0.000682882291055396,24.1557016073729]
["6558_5_COLEC10_COL10","COLEC10","rs10922098","chr1",196695521,"T","C",-0.165,0.008173,0.40011,{"v":1.233e-90,"d":"1.23E-90"},35338,true,"reported","textfile",0.0114020419178627,407.549449111971]
["6558_5_COLEC10_COL10","COLEC10","rs9501393","chr6",32007072,"GGAG","CGAG",0.1304,0.010737,0.1548,{"v":6.077e-34,"d":"6.08E-34"},35440,true,"reported","textfile",0.00414468765731322,147.490744267198]
["6572_10_LRRTM4_LRRT4","LRRTM4","rs4665972","chr2",27375230,"C","T",-0.0399,0.008392,0.33903,{"v":1.991e-06,"d":"1.99E-06"},35374,true,"reported","textfile",0.000638635748250924,22.6042595753593]
["6577_64_LAMA4_LAMA4","LAMA4","rs142735775","chr4",152290167,"T","C",-0.1325,0.026726,0.02314,{"v":7.132e-07,"d":"7.13E-07"},35372,true,"reported","textfile",0.00069438852952919,24.5775886851139]
["6578_29_TNMD_TNMD","TNMD","rs9501393","chr6",32007072,"GGAG","CGAG",0.1059,0.010613,0.1548,{"v":1.898E-23,"d":"1.90E-23"},35440,true,"reported","textfile",0.00280158277809302,99.5614200498347]
["6586_19_ADAM11_ADA11","ADAM11","rs7901010","chr10",7555151,"C","T",-0.0576,0.008887,0.29193,{"v":9.08e-11,"d":"9.08E-11"},35354,true,"reported","textfile",0.00118680760020696,42.0058751744269]
["6587_6_LRFN5_LRFN5","LRFN5","rs115041442","chr1",152992214,"T","C",-0.1298,0.025559,0.02598,{"v":3.804e-07,"d":"3.80E-07"},35362,true,"reported","textfile",0.000728799758498822,25.7891545901556]
["6597_24_FAM174A_TM157","FAM174A","rs139873289","chr10",88247185,"C","G",-0.5071,0.040695,0.01092,{"v":1.218e-35,"d":"1.22E-35"},35355,true,"reported","textfile",0.00437271391182566,155.267495261356]
["6604_59_NDNF_CD031","NDNF","rs138727281","chr10",82914458,"A","G",-0.1393,0.029617,0.01816,{"v":2.558e-06,"d":"2.56E-06"},35363,true,"reported","textfile",0.000625171839925019,22.1205305643816]
["6605_17_IGFALS_IGFALS","IGFALS","rs143231814","chr16",2204970,"T","G",0.1701,0.033047,0.01691,{"v":2.644e-07,"d":"2.64E-07"},35319,true,"reported","textfile",0.00074956705935185,26.4923176037309]
["6606_61_KISS1_KISS1","KISS1","rs138772443","chr9",136451014,"A","G",0.1507,0.024683,0.02385,{"v":1.026E-9,"d":"1.03E-09"},35275,true,"reported","textfile",1.055613429182E-3,37.2739994218858]
["6609_22_CNP_CN37","CNP","rs6884904","chr5",119581786,"A","C",0.1915,0.040736,0.01002,{"v":2.589e-06,"d":"2.59E-06"},35363,true,"reported","textfile",6.24540163410102E-4,22.0981659104934]
["6620_82_LINGO1_LIGO1","LINGO1","rs842206","chr12",44073442,"A","G",-0.0361,0.008168,0.49342,{"v":9.882e-06,"d":"9.88E-06"},35357,true,"reported","textfile",0.000552163467618841,19.5325245441478]
["6622_90_APLN_APEL","APLN","rs10935973","chr3",154064536,"TGA","CGA",0.0506,0.010782,0.16468,{"v":2.69e-06,"d":"2.69E-06"},35353,true,"reported","textfile",0.000622595004423468,22.0230674531524]
["6624_94_WNT11_WNT11","WNT11","rs1706435","chr3",165743688,"G","A",0.0725,0.00823,0.36981,1.26E-18,35339,true,"reported","textfile",0.00219113655434297,77.5982207187865]
["6627_25_PNLIPRP1_LIPR1","PNLIPRP1","rs34935556","chr12",120506676,"TT","T",-0.0439,0.008368,0.40503,{"v":1.555e-07,"d":"1.56E-07"},35368,true,"reported","textfile",0.000777566195486316,27.5208053174565]
["6629_3_DEFB1_HBD_1","DEFB1","rs73207243","chr3",194285126,"G","A",-0.1814,0.028961,0.0213,{"v":3.76e-10,"d":"3.76E-10"},35304,true,"reported","textfile",1.11004654366734E-3,39.2304106663111]
["6631_17_COL9A1_CO9A1","COL9A1","rs204480","chr19",44973854,"T","C",0.044,0.009563,0.22902,{"v":4.204e-06,"d":"4.20E-06"},35369,true,"reported","textfile",5.98183452331277E-4,21.1686168749236]
["6649_51_NTN1_NET1","NTN1","rs907866","chr2",20171619,"A","G",-0.0399,0.008228,0.49419,{"v":1.239e-06,"d":"1.24E-06"},35372,true,"reported","textfile",6.64368421504695E-4,23.5143332490845]
["6651_74_UBB_PolyUbiquitin_K48","UBB","rs2014830","chr3",50134964,"T","C",-0.0389,0.008745,0.30647,{"v":8.647e-06,"d":"8.65E-06"},35344,true,"reported","textfile",0.000559526691905708,19.7858630638381]
["6713_4_LRP11_LRP11","LRP11","rs6884904","chr5",119581786,"A","C",0.1717,0.034982,0.01002,{"v":9.192e-07,"d":"9.19E-07"},35363,true,"reported","textfile",0.000680779483340205,24.0894429088905]
["6896_3_C1orf162_CA162","C1orf162","rs55679833","chr16",3253817,"A","C",-0.1032,0.022897,0.03358,{"v":6.571e-06,"d":"6.57E-06"},35340,true,"reported","textfile",0.000574494809863103,20.3131674001856]
["6896_3_C1orf162_CA162","C1orf162","rs111383873","chr3",52817686,"T","C",-0.1442,0.031987,0.01718,{"v":6.542e-06,"d":"6.54E-06"},35351,true,"reported","textfile",0.000574555780621364,20.3216482096352]
["6904_14_LRRTM2_LRRT2","LRRTM2","rs7137297","chr12",467857,"G","A",0.0367,0.008185,0.44773,{"v":7.341e-06,"d":"7.34E-06"},35311,true,"reported","textfile",5.69033121384318E-4,20.1034300004826]
["6904_14_LRRTM2_LRRT2","LRRTM2","rs41307428","chr9",133471682,"T","C",0.1861,0.028966,0.01987,{"v":1.321e-10,"d":"1.32E-10"},35369,true,"reported","textfile",0.00116569883026664,41.2753851982845]
["6911_103_CLEC6A_CLC6A","CLEC6A","rs16973117","chr15",81752190,"G","A",0.0889,0.019867,0.03971,{"v":7.646e-06,"d":"7.65E-06"},35368,true,"reported","textfile",0.000565825651275842,20.0223191247803]
["6917_49_LRRC3_LRRC3","LRRC3","rs2138553","chr10",111542179,"A","G",-0.0506,0.010818,0.15219,{"v":2.905e-06,"d":"2.91E-06"},35371,true,"reported","textfile",0.000618146195623439,21.8767358140215]
["6918_183_CCK_CCKN","CCK","rs7118231","chr11",134614066,"A","G",0.0494,0.010831,0.17084,{"v":5.088e-06,"d":"5.09E-06"},35146,true,"reported","textfile",0.000591539708570685,20.8013763581169]
["6920_1_GFRAL_GFRAL","GFRAL","rs75069597","chr2",106917023,"C","A",0.0823,0.01858,0.04955,{"v":9.449e-06,"d":"9.45E-06"},35358,true,"reported","textfile",0.00055459970371073,19.6193079867931]
["6925_26_SNX8_SNX8","SNX8","rs2018406","chr12",93166073,"T","C",-0.0501,0.011199,0.15466,{"v":7.694e-06,"d":"7.69E-06"},35361,true,"reported","textfile",0.000565648574034406,20.0120877381751]
["6927_7_NDST1_NDST1","NDST1","rs7093749","chr10",42722407,"T","G",0.0551,0.012181,0.13241,{"v":6.083E-6,"d":"6.08E-06"},35331,true,"reported","textfile",5.78801886961657E-4,20.4603343445949]
["6932_42_ITGA5_ITA5","ITGA5","rs11230208","chr11",60241074,"A","C",0.0804,0.01753,0.05388,{"v":4.511e-06,"d":"4.51E-06"},35376,true,"reported","textfile",0.0005942666747755,21.0340892117613]
["6932_42_ITGA5_ITA5","ITGA5","rs943616","chr9",110131570,"C","T",-0.0427,0.009601,0.23142,{"v":8.691e-06,"d":"8.69E-06"},35370,true,"reported","textfile",0.000558913950500391,19.7787232056205]
["6940_18_JPH1_JPH1","JPH1","rs6672595","chr1",169546298,"T","C",0.1135,0.008866,0.27909,{"v":1.602E-37,"d":"1.60E-37"},35362,true,"reported","textfile",0.00461308415159654,163.874623026787]
["6941_11_SUMF1_SUMF1","SUMF1","rs9442780","chr6",72410618,"A","C",0.0654,0.013865,0.10139,{"v":2.396E-6,"d":"2.40E-06"},35336,true,"reported","textfile",0.000629252566611661,22.2480098059288]
["6947_4_ST3GAL6_SIA10","ST3GAL6","rs374229803","chr14",65573735,"TAA","TA",-0.0599,0.010473,0.13803,{"v":1.067e-08,"d":"1.07E-08"},35359,true,"reported","textfile",0.000924293422427916,32.7104766151637]
["6948_82_FIG4_FIG4","FIG4","rs28455809","chr6",32557482,"C","T",0.0473,0.008504,0.26647,{"v":2.669e-08,"d":"2.67E-08"},35439,true,"reported","textfile",0.000872198556259634,30.9350817718318]
["6951_26_ASIC4_ASIC4","ASIC4","rs7834869","chr8",11968673,"T","C",0.0463,0.010063,0.1852,{"v":4.204e-06,"d":"4.20E-06"},35374,true,"reported","textfile",0.000598085181714792,21.1681293921297]
["6965_19_CNTNAP2_CNTP2","CNTNAP2","rs692440","chr10",17846709,"T","C",-0.0704,0.007914,0.42038,{"v":5.832e-19,"d":"5.83E-19"},35351,true,"reported","textfile",0.00223347169836075,79.1277205898475]
["6969_14_WFDC5_WFDC5","WFDC5","rs79565365","chr2",71559378,"CCATGTCCTTCCTCCTTCCTTCCTCTTCCACCC","CCATGTCCTTCCTCCTTCCTTCCTCTCCCACCC",-0.0884,0.019109,0.04566,{"v":3.727e-06,"d":"3.73E-06"},35351,true,"reported","textfile",0.000605012117075651,21.3995202955856]
["6974_6_CD74_HG2A","CD74","rs275270","chr20",59498658,"C","T",0.0577,0.012173,0.11803,{"v":2.138e-06,"d":"2.14E-06"},35377,true,"reported","textfile",0.000634687071803147,22.4663142442382]
["6986_17_HS3ST3B1_HS3SB","HS3ST3B1","rs9272526","chr6",32638792,"A","G",0.0608,0.010536,0.14653,{"v":7.905e-09,"d":"7.91E-09"},35438,true,"reported","textfile",0.000938811754429279,33.2989948177015]
["6992_67_HBD_HBD","HBD","rs111696008","chr2",216622986,"A","G",-0.1252,0.026636,0.02443,{"v":2.596e-06,"d":"2.60E-06"},35359,true,"reported","textfile",0.000624452473549097,22.0925618621773]
["6994_19_C3orf18_CC018","C3orf18","rs10936430","chr3",165034713,"C","T",0.0614,0.013335,0.1023,{"v":4.138E-6,"d":"4.14E-06"},35343,true,"reported","textfile",0.000599496780735568,21.1995247748314]
["6997_32_RAB26_RAB26","RAB26","rs6775011","chr3",128677640,"C","T",-0.0851,0.008939,0.29896,{"v":1.724E-21,"d":"1.72E-21"},35363,true,"reported","textfile",0.00255635117357198,90.6268077951428]
["6998_106_ASPH_HAAH","ASPH","rs3213017","chr10",60778611,"T","G",-0.1328,0.029977,0.0183,{"v":9.423e-06,"d":"9.42E-06"},35354,true,"reported","textfile",0.000554804839984625,19.6243483866029]
["7007_24_TRAPPC4_TRAPPC4","TRAPPC4","rs149830189","chr12",79626789,"C","T",-0.0967,0.019806,0.04287,{"v":1.048E-6,"d":"1.05E-06"},35354,true,"reported","textfile",0.000673795516548033,23.8360797446701]
["7015_8_LILRB5_LIRB5","LILRB5","rs117575899","chr19",54091579,"A","G",0.3977,0.03412,0.02501,{"v":2.139E-31,"d":"2.14E-31"},35370,true,"reported","textfile",0.00382642402628457,135.852795361843]
["7016_12_GCNT1_GCNT1","GCNT1","rs62269916","chr3",74348841,"A","G",0.0959,0.021484,0.03471,{"v":8.05e-06,"d":"8.05E-06"},35343,true,"reported","textfile",0.000563454357844034,19.9242668755639]
["7019_13_SEMA7A_Semaphorin_7A","SEMA7A","rs11779584","chr8",138129455,"A","G",0.0437,0.00924,0.28215,{"v":2.251e-06,"d":"2.25E-06"},35370,true,"reported","textfile",0.000631988703746231,22.3663117304548]
["7020_13_CHST5_CHST5","CHST5","rs62549142","chr9",73951353,"T","C",-0.044,0.009442,0.21669,{"v":3.158e-06,"d":"3.16E-06"},35360,true,"reported","textfile",0.000613759843046419,21.7146481094508]
["7046_6_C20orf173_CT173","C20orf173","rs77514101","chr8",77342740,"C","G",0.0901,0.019984,0.04425,{"v":6.528E-6,"d":"6.53E-06"},35342,true,"reported","textfile",0.000574835919025186,20.326385714963]
["7050_5_NEGR1_NEGR1","NEGR1","rs114515947","chr1",3325714,"C","G",0.1263,0.028264,0.02133,{"v":7.872e-06,"d":"7.87E-06"},35336,true,"reported","textfile",0.000564776629585977,19.9670943780564]
["7050_5_NEGR1_NEGR1","NEGR1","rs2072084","chr7",25578314,"G","A",-0.0384,0.00827,0.49347,{"v":3.425e-06,"d":"3.43E-06"},35373,true,"reported","textfile",0.000609136901913698,21.5589136874816]
["7066_199_FAM209B_F209B","FAM209B","rs72684863","chr1",49320605,"A","G",0.0703,0.0159,0.06613,{"v":9.806e-06,"d":"9.81E-06"},35370,true,"reported","textfile",0.000552384365326265,19.5475279816972]
["7070_25_KEL_KELL","KEL","rs150569547","chr7",157090594,"G","T",0.1431,0.029185,0.01921,{"v":9.431e-07,"d":"9.43E-07"},35330,true,"reported","textfile",0.000680018622268798,24.0400455661773]
["7071_23_MAN1B1_MA1B1","MAN1B1","rs67198077","chr8",4391441,"C","T",-0.0476,0.010773,0.16402,{"v":9.947e-06,"d":"9.95E-06"},35360,true,"reported","textfile",0.000551808791891579,19.5216274693721]
["7082_2_B3GNT6_B3GN6","B3GNT6","rs637185","chr11",69493255,"T","C",-0.0766,0.017178,0.06011,{"v":8.225E-6,"d":"8.23E-06"},35365,true,"reported","textfile",0.000561945970503429,19.8832686776266]
["7083_74_MATN4_MATN4","MATN4","rs78705678","chr10",17794281,"G","A",0.0645,0.008387,0.36741,{"v":1.467e-14,"d":"1.47E-14"},35353,true,"reported","textfile",0.00167014404456216,59.1400344957253]
["7085_81_CDSN_CDSN","CDSN","rs1859138","chr5",132691357,"C","G",-0.0498,0.009777,0.24245,{"v":3.518e-07,"d":"3.52E-07"},35348,true,"reported","textfile",0.00073343893919506,25.9431604688823]
["7092_7_PDILT_PDILT","PDILT","rs10922098","chr1",196695521,"T","C",-0.0946,0.00811,0.40011,{"v":1.919e-31,"d":"1.92E-31"},35338,true,"reported","textfile",0.00383556749428129,136.055462888799]
["7096_30_RMDN1_RMD1","RMDN1","rs2943179","chr8",87113088,"T","C",0.065,0.009795,0.21177,{"v":3.223e-11,"d":"3.22E-11"},35350,true,"reported","textfile",0.00124419293790147,44.0345194070113]
["7100_31_CD2_CD2","CD2","rs59509775","chr18",6373205,"T","C",0.0591,0.01335,0.09596,{"v":9.551e-06,"d":"9.55E-06"},35367,true,"reported","textfile",0.000553826353547116,19.5969222852037]
["7104_71_CABP7_CABP7","CABP7","rs704","chr17",28367840,"A","G",0.1162,0.008007,0.49189,{"v":1.021E-47,"d":"1.02E-47"},35360,true,"reported","textfile",0.00592081271647444,210.594989521085]
["7108_7_SMIM24_CS077","SMIM24","rs1965605","chr14",106472479,"T","C",-0.0576,0.011146,0.154,{"v":2.367E-7,"d":"2.37E-07"},34966,true,"reported","textfile",7.63184186371286E-4,26.7043522316161]
["7113_1_GRPEL1_GRPE1","GRPEL1","rs745016","chr14",100641704,"T","C",0.0483,0.010853,0.15248,{"v":8.575e-06,"d":"8.58E-06"},35378,true,"reported","textfile",0.000559523474612514,19.8047836792705]
["7115_5_SEMG1_Semenogelin","SEMG1","rs11206920","chr1",56807879,"C","A",0.3308,0.032389,0.01911,{"v":1.728e-24,"d":"1.73E-24"},35356,true,"reported","textfile",0.00294166603054545,104.306495719126]
["7121_2_SYT7_SYT7","SYT7","rs6542680","chr2",3592552,"T","C",-0.0602,0.010182,0.18362,{"v":3.372e-09,"d":"3.37E-09"},35332,true,"reported","textfile",0.0009883917460314,34.954429056456]
["7127_3_APOA2_Apo_A_II","APOA2","rs142723858","chr14",28060448,"G","C",-0.1502,0.03127,0.01734,{"v":1.56e-06,"d":"1.56E-06"},35362,true,"reported","textfile",0.000652024657933765,23.0706345271238]
["7128_9_VWA2_VWA2","VWA2","rs117719887","chr10",114313585,"T","C",-0.3225,0.032778,0.0163,{"v":7.654e-23,"d":"7.65E-23"},35376,true,"reported","textfile",2.72897158397639E-3,96.798801991579]
["7137_8_MSRA_MSRA","MSRA","rs79568665","chr1",115315917,"A","G",0.0857,0.017255,0.05533,{"v":6.815e-07,"d":"6.82E-07"},35361,true,"reported","textfile",0.000697114826610714,24.6664785220262]
["7137_8_MSRA_MSRA","MSRA","rs2909668","chr7",131615499,"G","A",0.0365,0.007895,0.465,{"v":3.775e-06,"d":"3.78E-06"},35344,true,"reported","textfile",6.0437043017043E-4,21.3725766964552]
["7140_1_CELA2A_ELA2A","CELA2A","rs1433721","chr6",40387055,"G","C",-0.0376,0.008338,0.44552,{"v":6.506e-06,"d":"6.51E-06"},35365,true,"reported","textfile",0.000574683320345156,20.3342119898287]
["7143_9_GCNT2_GNT2C","GCNT2","rs17032980","chr2",67075611,"G","A",-0.0477,0.010588,0.16665,{"v":6.636e-06,"d":"6.64E-06"},35358,true,"reported","textfile",0.00057368300251204,20.2947790065715]
["7144_234_KAZALD1_KAZD1","KAZALD1","rs7807954","chr7",34571680,"T","C",-0.1517,0.033191,0.01616,{"v":4.865E-6,"d":"4.87E-06"},35348,true,"reported","textfile",0.000590621240324389,20.8884355141977]
["7145_1_ITIH3_ITIH3","ITIH3","rs145585611","chr3",108004389,"A","G",0.1093,0.024564,0.02725,{"v":8.605e-06,"d":"8.61E-06"},35352,true,"reported","textfile",0.000559738266714483,19.7978293310314]
["7146_16_PDIA4_PDIA4","PDIA4","rs79420042","chr2",32815276,"C","G",0.0684,0.015474,0.06958,{"v":9.852e-06,"d":"9.85E-06"},35364,true,"reported","textfile",0.000552211882664096,19.5381057689381]
["7156_2_FUT10_FUT10","FUT10","rs7838624","chr8",33608880,"C","A",0.2344,0.007567,0.44433,{"v":1e-200,"d":"1.00E-200"},35356,true,"reported","textfile",0.0264225736540167,959.496023310771]
["7157_22_PCDHA4_PCDA4","PCDHA4","rs522112","chr1",160768217,"A","C",0.0428,9.025E-3,0.34571,{"v":2.111e-06,"d":"2.11E-06"},35363,true,"reported","textfile",0.000635576601828164,22.4889176471026]
["7157_22_PCDHA4_PCDA4","PCDHA4","rs619651","chr19",54846395,"G","C",-0.0633,0.013512,0.11717,{"v":2.801e-06,"d":"2.80E-06"},35372,true,"reported","textfile",0.000620067765630706,21.9454045082974]
["7161_25_H6PD_G6PE","H6PD","rs57760582","chr6",32511773,"C","T",-0.1449,0.008885,0.31441,{"v":8.479e-60,"d":"8.48E-60"},35439,true,"reported","textfile",7.44892007109177E-3,265.948409000961]
["7173_141_TMEM132C_T132C","TMEM132C","rs143073859","chr10",127641343,"T","G",0.0868,0.019245,0.05172,{"v":6.476e-06,"d":"6.48E-06"},35381,true,"reported","textfile",0.000574624168231209,20.3413170602484]
["7173_141_TMEM132C_T132C","TMEM132C","rs35332612","chr22",39588128,"ATTTT","AT",-0.0462,0.010235,0.242,{"v":6.362e-06,"d":"6.36E-06"},35365,true,"reported","textfile",0.000575816954947673,20.3743468721895]
["7180_114_IFNA14_IFN14","IFNA14","rs28573154","chr6",32008772,"A","G",0.0684,0.011087,0.145,{"v":6.865e-10,"d":"6.87E-10"},35440,true,"reported","textfile",1.0728134954611E-3,38.0591950702481]
["7185_29_GP5_GPV","GP5","rs1466733","chr3",194400269,"G","A",-0.1173,0.00959,0.23222,{"v":2.126e-34,"d":"2.13E-34"},35296,true,"reported","textfile",4.22081544261635E-3,149.600898012261]
["7187_3_PPM1L_PPM1L","PPM1L","rs114104063","chr16",73900581,"A","G",0.1592,0.035965,0.01245,{"v":9.575e-06,"d":"9.58E-06"},35369,true,"reported","textfile",0.000553684910116855,19.5930225770473]
["7192_37_IFNLR1_CRF2_12","IFNLR1","rs1555405","chr14",100710432,"A","G",-0.0408,0.008817,0.30381,{"v":3.698E-6,"d":"3.70E-06"},35380,true,"reported","textfile",6.04864431904603E-4,21.4118451354649]
["7193_98_PCDHAC1_PCDC1","PCDHAC1","rs148445004","chr2",27979337,"A","G",0.1653,0.035556,0.01259,{"v":3.336e-06,"d":"3.34E-06"},35369,true,"reported","textfile",0.000610705489809377,21.6120196371265]
["7197_2_DNAJC15_DJC15","DNAJC15","rs659164","chr16",888717,"G","A",-0.0354,0.007932,0.47269,{"v":8.092e-06,"d":"8.09E-06"},35307,true,"reported","textfile",0.000563813363535855,19.9166600787428]
["7198_197_FAM20B_FA20B","FAM20B","rs137927952","chr10",17924580,"G","A",-0.0647,0.013481,0.10341,{"v":1.592E-6,"d":"1.59E-06"},35353,true,"reported","textfile",0.000651111258033705,23.0324307577157]
["7201_5_ISCU_ISCU","ISCU","rs203672","chr1",196719931,"TC","TT",-0.0372,0.007936,0.43154,{"v":2.766e-06,"d":"2.77E-06"},35339,true,"reported","textfile",0.000621381557108168,21.9714127141755]
["7204_1_CEACAM21_CEA21","CEACAM21","rs531276","chr11",96184164,"C","T",0.06,0.013325,0.09955,{"v":6.704e-06,"d":"6.70E-06"},35358,true,"reported","textfile",5.73101318748699E-4,20.2741893903552]
["7206_20_FBP1_F16P1","FBP1","rs7519043","chr1",16174028,"T","C",0.0367,0.008151,0.43222,{"v":6.714e-06,"d":"6.71E-06"},35386,true,"reported","textfile",0.000572572035188959,20.2714957847239]
["7208_60_MGAT4C_MGT4C","MGAT4C","rs4261823","chr3",192072930,"G","A",0.0384,0.008561,0.29936,{"v":7.267E-6,"d":"7.27E-06"},35380,true,"reported","textfile",0.000568340661833775,20.1181899197292]
["7211_2_RNASE1_RNase_1","RNASE1","rs77876471","chr14",20011061,"T","G",-0.0721,0.015658,0.07631,{"v":4.133e-06,"d":"4.13E-06"},35338,true,"reported","textfile",0.000599646749971961,21.2018311661615]
["7215_18_CYB5R3_NADH_cytochrome_b5_reductase","CYB5R3","rs33972313","chr5",139379813,"T","C",-0.1693,0.021842,0.03423,{"v":9.12e-15,"d":"9.12E-15"},35358,true,"reported","textfile",0.00169630560655512,60.0764891106635]
["7221_56_CKAP4_CKAP4","CKAP4","rs1916675","chr9",104484123,"G","A",0.0449,0.008609,0.30309,{"v":1.831e-07,"d":"1.83E-07"},35363,true,"reported","textfile",0.000768606822772722,27.1996116671704]
["7224_11_TRAT1_TRAT1","TRAT1","rs72788169","chr16",58368691,"T","C",0.0626,0.013326,0.09901,{"v":2.633E-6,"d":"2.63E-06"},35366,true,"reported","textfile",0.000623580037980703,22.0660444079596]
["7227_75_COCH_COCH","COCH","rs9924894","chr16",69333482,"G","T",-0.0444,0.009717,0.25109,{"v":4.898e-06,"d":"4.90E-06"},35376,true,"reported","textfile",0.000589843188172444,20.8774273467191]
["7231_37_TMPRSS11A_TM11A","TMPRSS11A","rs185664530","chr18",48148887,"G","A",0.1292,0.029034,0.01916,{"v":8.59e-06,"d":"8.59E-06"},35367,true,"reported","textfile",0.000559590025877219,19.8009816970081]
["7233_73_P2RX6_P2RX6","P2RX6","rs114092808","chr4",149500019,"A","G",0.1072,0.022503,0.03274,{"v":1.899e-06,"d":"1.90E-06"},35376,true,"reported","textfile",0.000641093675305495,22.6925957498681]
["7244_16_IGFLR1_TM149","IGFLR1","rs7310615","chr12",111427245,"G","C",-0.0754,0.008447,0.37607,{"v":4.427e-19,"d":"4.43E-19"},35370,true,"reported","textfile",0.00224763305410323,79.6733623402504]
["7245_2_CELF2_CELF2","CELF2","rs1265564","chr12",111270643,"GAAAAAAAAAAC","GAAAAAAAAAAA",0.0434,0.008263,0.3672,{"v":1.5e-07,"d":"1.50E-07"},35369,true,"reported","textfile",0.000779367991264674,27.5854069302452]
["7249_307_BCL2L10_B2L10","BCL2L10","rs12879950","chr14",24321222,"T","C",-0.1386,0.02859,0.02155,{"v":1.248E-6,"d":"1.25E-06"},35379,true,"reported","textfile",0.000663841193473336,23.5003103755929]
["7251_64_C1QTNF3_C1QT3","C1QTNF3","rs41285751","chr6",31932038,"T","G",0.0654,0.014736,0.08277,{"v":9.079e-06,"d":"9.08E-06"},35441,true,"reported","textfile",0.000555455159782078,19.695715494314]
["7258_5_PRG2_EMBP","PRG2","rs2847206","chr11",60560101,"A","G",-0.051,0.010973,0.15665,{"v":3.356e-06,"d":"3.36E-06"},35369,true,"reported","textfile",0.000610381899414637,21.6005612281884]
["7266_4_SERPINA9_SPA9","SERPINA9","rs4795734","chr17",33030407,"A","G",-0.0461,0.0096,0.23628,{"v":1.569e-06,"d":"1.57E-06"},35372,true,"reported","textfile",0.000651503467926035,23.058700483875]
["7551_33_LRRC32_LRC32","LRRC32","rs681470","chr9",132989972,"G","A",0.0763,0.012473,0.12573,{"v":9.524e-10,"d":"9.52E-10"},35367,true,"reported","textfile",0.00105693856251005,37.4181809815864]
["7624_19_ANK2_ANK2","ANK2","rs11724232","chr4",119763897,"C","T",-0.044,0.009933,0.21356,{"v":9.446e-06,"d":"9.45E-06"},35353,true,"reported","textfile",0.00055472434779043,19.6209446344549]
["7628_40_CRELD1_CREL1","CRELD1","rs72622369","chr7",36242400,"T","G",-0.0506,0.011177,0.11792,{"v":5.978e-06,"d":"5.98E-06"},35362,true,"reported","textfile",0.000579244710114183,20.4939639698563]
["7638_30_LMAN2_Lectin__mannose_binding_2","LMAN2","rs1914886","chr17",21393104,"A","G",-0.0466,0.008346,0.42279,{"v":2.355e-08,"d":"2.36E-08"},35352,true,"reported","textfile",0.000881085927089833,31.1738543670015]
["7655_11_NPPB_N_terminal_pro_BNP","NPPB","rs11694436","chr2",67506594,"C","A",-0.0567,0.012223,0.1334,{"v":3.506E-6,"d":"3.51E-06"},35359,true,"reported","textfile",0.000608199840603164,21.5172085270024]
["7717_95_CFTR_CFTR","CFTR","rs141819572","chr21",24852546,"A","G",0.1567,0.033823,0.01306,{"v":3.605e-06,"d":"3.61E-06"},35370,true,"reported","textfile",0.000606478224013785,21.4629386318231]
["7732_45_VAMP4_VAMP4","VAMP4","rs73166733","chr22",27867984,"A","G",-0.1125,0.024126,0.0282,{"v":3.117E-6,"d":"3.12E-06"},35378,true,"reported","textfile",0.000614234604163244,21.7425183640398]
["7738_299_STX2_STX2","STX2","rs73173488","chr8",2548567,"G","T",0.0539,0.011453,0.1395,{"v":2.524e-06,"d":"2.52E-06"},35289,true,"reported","textfile",0.000627230500854215,22.1469739412002]
["7743_5_TIMM50_TIM50","TIMM50","rs10922094","chr1",196692375,"CATTA","GATTA",-0.0772,0.008001,0.40155,{"v":4.998e-22,"d":"5.00E-22"},35339,true,"reported","textfile",0.00262753903322255,93.0939548170242]
["7745_3_CISD1_ZCD1","CISD1","rs10431601","chr12",37857106,"T","A",0.0936,0.021161,0.0358,{"v":9.728e-06,"d":"9.73E-06"},35351,true,"reported","textfile",0.000553142879543868,19.5638692639759]
["7748_11_NDUFV2_NDUV2","NDUFV2","rs140382013","chr9",105342647,"G","C",0.1188,0.026761,0.02134,{"v":9.026e-06,"d":"9.03E-06"},35362,true,"reported","textfile",0.000556992592142387,19.7062342846704]
["7751_121_SFRP2_SARP_1","SFRP2","rs143017277","chr4",152262861,"G","C",-0.131,0.027393,0.02225,{"v":1.733E-6,"d":"1.73E-06"},35374,true,"reported","textfile",0.000646098209131239,22.8685611898203]
["7754_11_JAG1_JAG1","JAG1","rs2268110","chr12",13700167,"T","C",-0.0521,0.011292,0.14173,{"v":3.955e-06,"d":"3.96E-06"},35376,true,"reported","textfile",0.00060140040878749,21.286739914535]
["7761_125_CHKB_CHKB","CHKB","rs112629950","chr1",4227332,"A","G",-0.0987,0.022244,0.03376,{"v":9.115E-6,"d":"9.12E-06"},35351,true,"reported","textfile",0.000556627964672448,19.6872003694781]
["7762_30_SNN_SNN","SNN","rs146329629","chr11",75564451,"G","C",-0.1106,0.024685,0.02437,{"v":7.446e-06,"d":"7.45E-06"},35372,true,"reported","textfile",0.000567202285026779,20.0733304603024]
["7765_15_ITM2A_ITM2A","ITM2A","rs429150","chr6",32107786,"C","T",0.0354,0.007995,0.48245,{"v":9.52e-06,"d":"9.52E-06"},35441,true,"reported","textfile",0.000552870535570835,19.6040173936906]
["7766_25_ZP4_ZP4","ZP4","rs6744038","chr2",224842588,"TGCGCGTGTGTGTGTGTGCG","TGCGCGTGTGTGTGTGTGCC",-0.0615,0.013534,0.09705,{"v":5.517e-06,"d":"5.52E-06"},35370,true,"reported","textfile",0.000583457680329346,20.6477783427441]
["7770_25_NFU1_NFU1","NFU1","rs58362624","chr3",150818945,"T","A",0.0663,0.014807,0.07686,{"v":7.546e-06,"d":"7.55E-06"},35349,true,"reported","textfile",5.66851788493918E-4,20.0478743413204]
["7779_86_CHST11_CHSTB","CHST11","rs28619869","chr18",63889659,"T","A",-0.0479,0.010467,0.18643,{"v":4.734e-06,"d":"4.73E-06"},35369,true,"reported","textfile",5.91761521913135E-4,20.9412219548766]
["7782_34_EDDM3B_EP3B","EDDM3B","rs10869516","chr9",75152655,"C","T",0.0364,0.008008,0.3724,{"v":5.484e-06,"d":"5.48E-06"},35354,true,"reported","textfile",0.000584066570505947,20.6599882089861]
["7787_25_LILRA5_LIRA5","LILRA5","rs150649461","chr1",92460097,"C","G",0.1268,0.025758,0.02756,{"v":8.535e-07,"d":"8.54E-07"},35352,true,"reported","textfile",0.000685019033804738,24.2320222414605]
["7787_25_LILRA5_LIRA5","LILRA5","rs11657449","chr17",39901588,"C","G",-0.0428,0.009041,0.32634,{"v":2.2e-06,"d":"2.20E-06"},35379,true,"reported","textfile",0.000633044196383422,22.4093906701646]
["7792_58_CCDC90B_CC90B","CCDC90B","rs557011","chr6",32619236,"T","C",0.0407,0.008013,0.40141,{"v":3.789e-07,"d":"3.79E-07"},35439,true,"reported","textfile",0.000727446457557262,25.7972862609618]
["7797_11_CCDC167_CC167","CCDC167","rs211161","chr6",96614917,"G","T",0.1472,0.031435,0.01526,{"v":2.831e-06,"d":"2.83E-06"},35343,true,"reported","textfile",0.000620034590788885,21.9262374987651]
["7805_52_GOSR1_GOS_28","GOSR1","rs144704969","chr1",196158214,"T","C",0.109,0.019053,0.04536,{"v":1.059e-08,"d":"1.06E-08"},35337,true,"reported","textfile",0.000925325508722336,32.7266596637059]
["7808_5_GLCE_GLCE","GLCE","rs2471884","chr11",117139604,"C","T",-0.0811,0.011354,0.13758,{"v":9.157e-13,"d":"9.16E-13"},35378,true,"reported","textfile",0.00144007391611397,51.0175238618258]
["7810_20_C1QTNF5_C1QTNF5","C1QTNF5","rs68167480","chr18",77759017,"T","C",0.0851,0.018768,0.0507,{"v":5.779e-06,"d":"5.78E-06"},35344,true,"reported","textfile",0.000581373017524041,20.5588375387513]
["7810_20_C1QTNF5_C1QTNF5","C1QTNF5","rs6952341","chr7",100658602,"TTATTAG","TTAGTAG",0.0476,0.009873,0.23812,{"v":1.428e-06,"d":"1.43E-06"},35366,true,"reported","textfile",0.000656816936917413,23.2429405141408]
["7818_101_GBP6_GBP6","GBP6","rs3099847","chr6",31455283,"T","C",0.0917,0.014674,0.09144,{"v":4.122e-10,"d":"4.12E-10"},35438,true,"reported","textfile",0.00110076375012226,39.0496486870622]
["7823_22_ST6GALNAC2_SIA7B","ST6GALNAC2","rs111696008","chr2",216622986,"A","G",-0.1408,0.026723,0.02443,{"v":1.373e-07,"d":"1.37E-07"},35359,true,"reported","textfile",0.000784502033335656,27.7594157107181]
["7826_1_DCLK3_DCLK3","DCLK3","rs12628677","chr22",49196669,"A","G",0.0646,0.013888,0.08901,{"v":3.296e-06,"d":"3.30E-06"},35355,true,"reported","textfile",0.000611602260628577,21.6352068614277]
["7838_27_SMR3A_SMR3A","SMR3A","rs9501393","chr6",32007072,"GGAG","CGAG",0.0601,0.010476,0.1548,{"v":9.637e-09,"d":"9.64E-09"},35440,true,"reported","textfile",0.000927814423328564,32.910422298404]
["7841_84_ESAM_ESAM","ESAM","rs62083220","chr18",3653037,"T","C",0.1038,0.021426,0.03914,{"v":1.269E-6,"d":"1.27E-06"},35359,true,"reported","textfile",0.000663321935279995,23.4686409300149]
["7849_3_QPCT_Glutaminyl_cyclase","QPCT","rs2948711","chr10",17734454,"G","A",0.0491,8.293E-3,0.46902,{"v":3.2e-09,"d":"3.20E-09"},35355,true,"reported","textfile",0.000990509000290101,35.0521841911771]
["7849_3_QPCT_Glutaminyl_cyclase","QPCT","rs4807125","chr19",1646713,"T","C",-0.0602,0.011573,0.15181,{"v":1.976E-7,"d":"1.98E-07"},35314,true,"reported","textfile",0.000765634553883914,27.0568029900356]
["7851_30_ANKRD46_ANR46","ANKRD46","rs33987386","chr4",126789785,"CA","C",0.0435,0.009599,0.21431,{"v":5.844e-06,"d":"5.84E-06"},35362,true,"reported","textfile",0.000580413582711539,20.5353432768435]
["7856_51_FAM151A_F151A","FAM151A","rs1009590","chr1",23497305,"C","G",0.0585,0.013199,0.1126,{"v":9.335e-06,"d":"9.34E-06"},35371,true,"reported","textfile",0.000555061633017232,19.6428779060742]
["7856_51_FAM151A_F151A","FAM151A","rs4794058","chr17",47519732,"T","C",-0.0846,0.0084,0.41801,{"v":7.419e-24,"d":"7.42E-24"},35364,true,"reported","textfile",0.0028600714262594,101.427936919593]
["7857_22_NTS_NEUT","NTS","rs78884290","chr3",186688668,"A","G",0.0584,0.012022,0.13354,{"v":1.186E-6,"d":"1.19E-06"},35368,true,"reported","textfile",0.000666763897579805,23.5965052996502]
["7861_9_ROR2_ROR2","ROR2","rs12271285","chr11",99982883,"T","C",0.1013,0.021306,0.03602,{"v":1.988e-06,"d":"1.99E-06"},35353,true,"reported","textfile",0.000639015161698262,22.6042694520943]
["7861_9_ROR2_ROR2","ROR2","rs34654815","chr9",93014747,"C","T",-0.1143,0.017442,0.05656,{"v":5.635e-11,"d":"5.64E-11"},35356,true,"reported","textfile",1.21313628590081E-3,42.9413139178152]
["7867_154_ST6GALNAC1_SIA7A","ST6GALNAC1","rs10922098","chr1",196695521,"T","C",-0.1782,0.008099,0.40011,{"v":2.781e-107,"d":"2.78E-107"},35338,true,"reported","textfile",0.0135145417044543,484.092128933872]
["7867_154_ST6GALNAC1_SIA7A","ST6GALNAC1","rs11794541","chr9",21673751,"A","T",-0.077,0.016488,0.05959,{"v":3.013e-06,"d":"3.01E-06"},35351,true,"reported","textfile",0.000616560840104228,21.8082552530244]
["7875_86_PLEK_PLEK","PLEK","rs11481451","chr2",70339155,"GTAATTATTACACT","GTAATTATTACAC",-0.0452,0.009556,0.23027,{"v":2.245e-06,"d":"2.25E-06"},35358,true,"reported","textfile",0.000632356781053367,22.371753280814]
["7880_9_PSMA1_PSA1","PSMA1","rs1555405","chr14",100710432,"A","G",-0.0499,0.008718,0.30381,{"v":1.043E-8,"d":"1.04E-08"},35380,true,"reported","textfile",0.00092514022415334,32.7599183683194]
["7880_9_PSMA1_PSA1","PSMA1","rs78897911","chr6",32487809,"A","G",0.0385,0.007751,0.35973,{"v":6.796e-07,"d":"6.80E-07"},35428,true,"reported","textfile",0.000695916304158194,24.6706997332875]
["7887_57_COX5B_COX5B","COX5B","rs149351991","chr9",22787506,"A","G",-0.0862,0.019505,0.04264,{"v":9.896e-06,"d":"9.90E-06"},35364,true,"reported","textfile",0.00055197759951527,19.5298118927465]
["7888_58_COA3_CCD56","COA3","rs111696008","chr2",216622986,"A","G",-0.1243,0.026612,0.02443,{"v":2.999E-6,"d":"3.00E-06"},35359,true,"reported","textfile",6.1662251079786E-4,21.8153739649482]
["7894_155_FGF3_FGF_3","FGF3","rs115497630","chr4",153196270,"CCCCCA","CCCACA",-0.162,0.0355,0.01212,{"v":5.035e-06,"d":"5.04E-06"},35373,true,"reported","textfile",0.000588363646060863,20.8232621752751]
["7903_18_VAMP3_VAMP3","VAMP3","rs6542680","chr2",3592552,"T","C",-0.0528,0.01023,0.18362,{"v":2.453e-07,"d":"2.45E-07"},35332,true,"reported","textfile",0.000753392059459585,26.6374098737906]
["7905_30_HP_HPT","HP","rs71391409","chr16",71809908,"ATTTT","AAAAT",-0.3314,0.010692,0.17813,{"v":1e-200,"d":"1.00E-200"},35376,true,"reported","textfile",0.0264387941041432,960.644176222452]
["7910_41_LRFN1_LRFN1","LRFN1","rs6972489","chr7",86893848,"A","G",0.0641,0.013752,0.09501,{"v":3.145E-6,"d":"3.15E-06"},35351,true,"reported","textfile",0.000614208466812638,21.7249987715469]
["7917_17_CPD_CBPD","CPD","rs186485515","chr3",166907653,"TTTGTCTTTTTTTAAAATT","TTTGTCTTTTTTTTAAATT",0.0915,0.020028,0.04064,{"v":4.909e-06,"d":"4.91E-06"},35354,true,"reported","textfile",0.000590027350739339,20.8709613413647]
["7918_114_AMY1A_Amylase__alpha_1A","AMY1A","rs77538122","chr1",110459748,"C","T",-0.136,0.024172,0.03169,{"v":1.841e-08,"d":"1.84E-08"},35350,true,"reported","textfile",0.000894693934086883,31.6539617897062]
["7921_65_FJX1_FJX1","FJX1","rs35100521","chr4",110176161,"TATTTATTTATTTATTTATTTATTTT","TATTTATTTATTTATTTT",0.159,0.035238,0.0136,{"v":6.418e-06,"d":"6.42E-06"},35357,true,"reported","textfile",0.000575501326064049,20.3585657645887]
["7922_5_ADM_Adrenomedullin","ADM","rs58362624","chr3",150818945,"T","A",0.0652,0.014724,0.07686,{"v":9.511e-06,"d":"9.51E-06"},35349,true,"reported","textfile",0.000554403036880528,19.6073545215079]
["7925_18_SMCO2_CL070","SMCO2","rs211161","chr6",96614917,"G","T",0.1536,0.031162,0.01526,{"v":8.263e-07,"d":"8.26E-07"},35343,true,"reported","textfile",0.000686957595550505,24.2944576465605]
["7928_183_TPST1_TPST1","TPST1","rs9268500","chr6",32408740,"T","C",0.066,0.014169,0.09377,{"v":3.194e-06,"d":"3.19E-06"},35439,true,"reported","textfile",0.000611874278233806,21.6962641837592]
["7930_3_EXOSC1_EXOS1","EXOSC1","rs2808466","chr1",207100406,"C","T",0.0767,0.012582,0.11154,{"v":1.089e-09,"d":"1.09E-09"},35369,true,"reported","textfile",0.00104957269091224,37.1592386816284]
["7934_11_NDRG4_NDRG4","NDRG4","rs12901179","chr15",66626971,"A","G",-0.0449,9.92E-3,0.20106,{"v":6.004e-06,"d":"6.00E-06"},35366,true,"reported","textfile",0.000578937781830863,20.4854154976747]
["7943_16_CUZD1_CUZD1","CUZD1","rs76418562","chr1",152992823,"AAAAAAAAAACGC","AAAAAAAAACGC",-0.137,0.025389,0.02609,{"v":6.81e-08,"d":"6.81E-08"},35362,true,"reported","textfile",0.000822726849269641,29.1155755559163]
["7948_129_GLTPD2_GLTD2","GLTPD2","rs11001327","chr10",75201932,"T","C",0.0687,0.014884,0.08559,{"v":3.92e-06,"d":"3.92E-06"},35364,true,"reported","textfile",0.000602075857043861,21.3034327393095]
["7953_20_SLAMF1_SLAF1","SLAMF1","rs4889634","chr16",30867542,"T","C",-0.0368,0.008256,0.39016,{"v":8.289e-06,"d":"8.29E-06"},35366,true,"reported","textfile",5.61469816560369E-4,19.8669732986945]
["7953_20_SLAMF1_SLAF1","SLAMF1","rs74500566","chr7",124422049,"A","C",0.1003,0.021371,0.03651,{"v":2.688e-06,"d":"2.69E-06"},35353,true,"reported","textfile",0.000622666354410867,22.0255928904074]
["7957_2_SCG3_SCG3","SCG3","rs61501627","chr15",38932685,"C","T",-0.0848,0.018133,0.05279,{"v":2.918e-06,"d":"2.92E-06"},35374,true,"reported","textfile",0.000617873811098774,21.8689446943889]
["7960_53_POTEG_POTEG","POTEG","rs11079672","chr17",66929858,"C","T",0.0826,0.017851,0.05076,{"v":3.705e-06,"d":"3.71E-06"},35366,true,"reported","textfile",0.000605042951187254,21.409692709447]
["7962_11_SPINK8_ISK8","SPINK8","rs80326259","chr22",48880016,"G","A",-0.0554,0.011538,0.13753,{"v":1.575E-6,"d":"1.58E-06"},35347,true,"reported","textfile",0.000651812566965124,23.053341637172]
["7969_163_WFDC11_WFD11","WFDC11","rs17096258","chr10",117448631,"A","G",-0.076,0.017106,0.05348,{"v":8.873e-06,"d":"8.87E-06"},35383,true,"reported","textfile",0.000557562276966906,19.7381161503499]
["7969_163_WFDC11_WFD11","WFDC11","rs139322651","chr7",138484017,"C","T",0.0918,0.020379,0.03809,{"v":6.651e-06,"d":"6.65E-06"},35374,true,"reported","textfile",0.000573305881669211,20.2906083715254]
["7975_97_UNC5A_UNC5A","UNC5A","rs41547217","chr6",32521980,"G","C",0.0492,0.007844,0.48969,{"v":3.556e-10,"d":"3.56E-10"},35439,true,"reported","textfile",0.00110889830906752,39.3396530531755]
["7982_10_MRPL32_RM32","MRPL32","rs2666035","chr2",54711701,"A","T",-0.0678,0.015248,0.06958,{"v":8.732e-06,"d":"8.73E-06"},35345,true,"reported","textfile",0.000559065597098906,19.7701081856041]
["7983_1_PCDHGC5_PCDGM","PCDHGC5","rs78137796","chr11",8720125,"G","C",0.1065,0.023983,0.02777,{"v":8.968e-06,"d":"8.97E-06"},35373,true,"reported","textfile",0.000557157868869066,19.7182171396071]
["7989_5_C1orf226_CA226","C1orf226","rs1687391","chr9",114327726,"T","C",0.1696,0.013543,0.09759,{"v":5.588e-36,"d":"5.59E-36"},35361,true,"reported","textfile",0.00441545584860209,156.818528640175]
["7991_54_IQCF1_IQCF1","IQCF1","rs10208529","chr2",27563321,"T","A",0.064,0.009525,0.2164,{"v":1.83e-11,"d":"1.83E-11"},35373,true,"reported","textfile",1.27468871742567E-3,45.1445598852021]
["7999_23_ENTPD1_CD39","ENTPD1","rs139426948","chr1",22378923,"C","G",-0.0731,0.016225,0.06493,{"v":6.623e-06,"d":"6.62E-06"},35371,true,"reported","textfile",0.000573546778895559,20.2974175412077]
["8003_57_LGI3_LGI3","LGI3","rs112629145","chr4",10247994,"G","C",0.1308,0.027308,0.022,{"v":1.669E-6,"d":"1.67E-06"},35360,true,"reported","textfile",0.000648398133810557,22.9409360754128]
["8004_15_GAPDHS_G3PT","GAPDHS","rs182365891","chr19",52912303,"C","T",0.0786,0.017596,0.05382,{"v":7.931e-06,"d":"7.93E-06"},35377,true,"reported","textfile",0.0005637042396846,19.9522846663005]
["8007_19_CTSB_Cathepsin_B","CTSB","rs7964859","chr12",101827005,"G","C",-0.0967,0.008732,0.27831,{"v":1.682e-28,"d":"1.68E-28"},35364,true,"reported","textfile",0.00345589577511198,122.631187000562]
["8009_121_SURF1_SURF1","SURF1","rs76184059","chr14",99922030,"A","G",-0.1391,0.031193,0.01918,{"v":8.222e-06,"d":"8.22E-06"},35383,true,"reported","textfile",0.000561695968907059,19.8845341385699]
["8013_9_LMAN2L_LMA2L","LMAN2L","rs72809827","chr2",96725216,"T","C",0.1091,0.008365,0.32771,{"v":7.047e-39,"d":"7.05E-39"},35363,true,"reported","textfile",0.00478723171259651,170.095587580162]
["8014_359_MANEA_MANEA","MANEA","rs111612704","chr16",85984617,"G","T",0.1075,0.023596,0.02041,{"v":5.216e-06,"d":"5.22E-06"},35378,true,"reported","textfile",0.000586343554516444,20.7546589450723]
["8016_19_DNAJC4_DNJC4","DNAJC4","rs11078072","chr17",12378457,"C","G",-0.0423,0.008222,0.34894,{"v":2.676e-07,"d":"2.68E-07"},35363,true,"reported","textfile",0.000747914154258458,26.4667872935679]
["8019_73_STMN3_STMN3","STMN3","rs147624142","chr19",51785019,"A","G",0.0941,0.021276,0.03664,{"v":9.74e-06,"d":"9.74E-06"},35384,true,"reported","textfile",0.000552525507436843,19.5602650495024]
["8028_22_SPINK5_SPINK5","SPINK5","rs17880604","chr17",7674326,"G","C",0.1469,0.031895,0.01505,{"v":4.11e-06,"d":"4.11E-06"},35377,true,"reported","textfile",0.000599262418460614,21.211619379373]
["8032_23_MCCD1_MCCD1","MCCD1","rs1771554","chr1",161673756,"C","T",-0.0346,0.0077,0.47187,{"v":7.014e-06,"d":"7.01E-06"},35342,true,"reported","textfile",0.000570994038922585,20.1904579666663]
["8035_6_C1orf198_CA198","C1orf198","rs34518442","chr14",99636714,"A","G",0.0611,0.013384,0.10171,{"v":4.994E-6,"d":"4.99E-06"},35381,true,"reported","textfile",5.88687375067098E-4,20.8394385568808]
["8036_75_FSHB_FSHB","FSHB","rs114115200","chr3",165760452,"T","G",0.058,0.010011,0.19037,{"v":6.899e-09,"d":"6.90E-09"},35339,true,"reported","textfile",9.48930700312518E-4,33.5642142702964]
["8039_41_FAM177A1_F177A","FAM177A1","rs41307428","chr9",133471682,"T","C",0.1791,0.028546,0.01987,{"v":3.519e-10,"d":"3.52E-10"},35369,true,"reported","textfile",0.00111171838032473,39.3619033083371]
["8043_153_COMP_COMP","COMP","rs11899888","chr2",55875609,"G","A",-0.0614,0.010424,0.20608,{"v":3.851E-9,"d":"3.85E-09"},35349,true,"reported","textfile",9.80538731332315E-4,34.6931204847494]
["8044_90_XG_XG","XG","rs201454595","chr2",83291351,"TG","T",0.1365,0.030393,0.01685,{"v":7.083e-06,"d":"7.08E-06"},35349,true,"reported","textfile",0.000570286757649771,20.1694283805613]
["8051_10_AGGF1_AGGF1","AGGF1","rs704113","chr12",90401767,"C","A",-0.0385,0.008269,0.34819,{"v":3.221e-06,"d":"3.22E-06"},35359,true,"reported","textfile",0.000612702040118351,21.6765873217394]
["8059_1_THPO_Tpo","THPO","rs8061894","chr16",71350981,"A","G",-0.039,0.008365,0.35388,{"v":3.124e-06,"d":"3.12E-06"},35376,true,"reported","textfile",0.00061407557939425,21.7356568815853]
["8060_7_NRG2_NRG2","NRG2","rs1561198","chr2",85582866,"T","C",-0.0399,0.007978,0.44952,{"v":5.692e-07,"d":"5.69E-07"},35344,true,"reported","textfile",0.000707187853079968,25.0111206642779]
["8065_245_PATE4_PATE4","PATE4","rs75134135","chr13",23487095,"A","G",-0.0507,0.011401,0.13704,{"v":8.716e-06,"d":"8.72E-06"},35381,true,"reported","textfile",0.000558620989787721,19.7744984475951]
["8066_38_SYT9_SYT9","SYT9","rs201646232","chr12",117794025,"C","CCAACATGCACACAC",-0.0365,0.008232,0.36451,{"v":9.247e-06,"d":"9.25E-06"},35365,true,"reported","textfile",0.000555597116559913,19.6585030405134]
["8069_85_CD3E_CD3E","CD3E","rs80189144","chr7",73525609,"C","T",0.0757,0.012899,0.1137,{"v":4.396e-09,"d":"4.40E-09"},35354,true,"reported","textfile",0.000973236165574683,34.4393625585575]
["8074_32_TMEM70_TMM70","TMEM70","rs9648789","chr7",142339693,"T","C",0.0368,0.008114,0.45836,{"v":5.748e-06,"d":"5.75E-06"},35369,true,"reported","textfile",0.000581233115220354,20.5684266366875]
["8076_4_SPACA3_SACA3","SPACA3","rs6136670","chr20",19278247,"C","T",-0.0378,0.008367,0.30614,{"v":6.249e-06,"d":"6.25E-06"},35376,true,"reported","textfile",0.000576613550507662,20.4088957815165]
["8080_24_MSMP_PSMP","MSMP","rs74183947","chr5",142252208,"T","C",-0.0425,0.008821,0.31884,{"v":1.448e-06,"d":"1.45E-06"},35370,true,"reported","textfile",0.000655876724402398,23.2122723778371]
["8081_55_PLD5_PLD5","PLD5","rs371808491","chr11",4172379,"G","C",0.0589,0.011345,0.14699,{"v":2.082E-7,"d":"2.08E-07"},35374,true,"reported","textfile",0.0007613890464431,26.9523745935765]
["8087_250_RNF13_RNF13","RNF13","rs7795680","chr7",121617119,"T","C",0.038,0.008568,0.30414,{"v":9.205e-06,"d":"9.21E-06"},35353,true,"reported","textfile",0.000556084042864061,19.6690646522786]
["8094_20_CISD2_CISD2","CISD2","rs34833017","chr3",24430956,"G","C",-0.0503,0.010828,0.1567,{"v":3.398e-06,"d":"3.40E-06"},35359,true,"reported","textfile",0.00060992233198893,21.5781849089924]
["8097_77_LIPN_LIPN","LIPN","rs1955331","chr10",62472283,"C","T",0.0373,0.008301,0.45348,{"v":7.007E-6,"d":"7.01E-06"},35353,true,"reported","textfile",0.000570798203233756,20.1898115906961]
["8099_42_SPON2_SPON2","SPON2","rs117237678","chr17",57893559,"A","G",0.0958,0.021414,0.03673,{"v":7.691e-06,"d":"7.69E-06"},35365,true,"reported","textfile",5.65608658111718E-4,20.0129384680765]
["8100_15_ADM2_ADM2","ADM2","rs75397818","chr14",106419065,"A","C",0.1446,0.019153,0.05147,{"v":4.368e-14,"d":"4.37E-14"},34966,true,"reported","textfile",1.62745745401292E-3,56.9951796520752]
["8106_15_SSR1_SSRA","SSR1","rs10075656","chr5",126010281,"C","A",0.0445,0.009793,0.21654,{"v":5.515e-06,"d":"5.52E-06"},35354,true,"reported","textfile",0.000583708986781261,20.6473321340108]
["8222_49_CDHR3_CDHR3","CDHR3","rs73032004","chr19",32328289,"A","G",0.1134,0.025347,0.02357,{"v":7.68e-06,"d":"7.68E-06"},35370,true,"reported","textfile",0.000565577628962317,20.0146694304202]
["8225_86_EPHB2_EPHB2","EPHB2","rs72655556","chr1",22890950,"A","G",-0.1964,0.032415,0.01648,{"v":1.37E-9,"d":"1.37E-09"},35371,true,"reported","textfile",1.03679541667505E-3,36.7084762723322]
["8229_1_GXYLT1_GXLT1","GXYLT1","rs75395889","chr3",105477532,"T","C",0.0976,0.021306,0.03698,{"v":4.629e-06,"d":"4.63E-06"},35326,true,"reported","textfile",0.00059366770207857,20.9831749414732]
["8235_48_CHGB_SCG1","CHGB","rs9542034","chr13",69701204,"T","G",0.045,0.009847,0.22798,{"v":4.875e-06,"d":"4.88E-06"},35356,true,"reported","textfile",0.000590333694421487,20.8829853624768]
["8235_48_CHGB_SCG1","CHGB","rs71510684","chr8",20149585,"TCTCCCTCTCTCTCTCCCTCTCTCTCTCTCTCTG","TCTCCCTCTCTCTCTCTCTCTCTCTCTCTCTCTG",0.1347,0.01239,0.12864,{"v":1.57e-27,"d":"1.57E-27"},35361,true,"reported","textfile",3.33133910658224E-3,118.186538908579]
["8243_55_SPINK1_TATI","SPINK1","rs111542786","chr22",45184795,"A","G",0.106,0.021238,0.03369,{"v":6.002e-07,"d":"6.00E-07"},35374,true,"reported","textfile",0.000703711422631414,24.9092093364571]
["8244_16_FUT8_FUT8","FUT8","rs77515250","chr14",65485913,"C","A",0.895,0.034179,0.01394,{"v":3.864E-151,"d":"3.86E-151"},35360,true,"reported","textfile",0.0190227820294008,685.650507141251]
["8248_222_SIGLEC14_SIG14","SIGLEC14","rs12945299","chr17",7176748,"ACGCT","ACACT",0.0471,0.009414,0.21475,{"v":5.644e-07,"d":"5.64E-07"},35370,true,"reported","textfile",0.000707214438268887,25.0304621569279]
["8250_2_PTPRJ_PTPRJ","PTPRJ","rs2711244","chr7",6765893,"C","T",0.0412,0.009008,0.35516,{"v":4.795e-06,"d":"4.80E-06"},35353,true,"reported","textfile",5.91363481410604E-4,20.9176603718067]
["8252_2_NOTUM_NOTUM","NOTUM","rs3845752","chr2",9691231,"G","T",-0.0403,0.009058,0.28113,{"v":8.622e-06,"d":"8.62E-06"},35366,true,"reported","textfile",0.00055939233088531,19.7934226782763]
["8258_22_UXS1_UXS1","UXS1","rs71594324","chr5",123074525,"A","T",0.0477,0.009466,0.24548,{"v":4.676e-07,"d":"4.68E-07"},35354,true,"reported","textfile",0.00071771725537704,25.3909639450431]
["8261_51_STOM_STOM","STOM","rs6506737","chr18",79186129,"T","C",-0.0362,0.00808,0.43128,{"v":7.456e-06,"d":"7.46E-06"},34978,true,"reported","textfile",0.000573522284218244,20.071026593836]
["8269_327_ARSK_ARSK","ARSK","rs1555405","chr14",100710432,"A","G",-0.0433,8.855E-3,0.30381,{"v":1.01e-06,"d":"1.01E-06"},35380,true,"reported","textfile",0.000675378794718457,23.909699103312]
["8274_64_STX7_Syntaxin_7","STX7","rs80276290","chr4",182840531,"T","C",-0.0525,0.011201,0.15207,{"v":2.771e-06,"d":"2.77E-06"},35356,true,"reported","textfile",0.000620972143781375,21.9674903708358]
["8275_31_PEAR1_PEAR1","PEAR1","rs1555405","chr14",100710432,"A","G",-0.0572,0.008986,0.30381,{"v":1.944E-10,"d":"1.94E-10"},35380,true,"reported","textfile",0.00114394279706844,40.5167571271633]
["8288_27_APOH_b2_Glycoprotein_I","APOH","rs7279691","chr21",25152479,"T","A",-0.0777,0.015588,0.07178,{"v":6.214e-07,"d":"6.21E-07"},35367,true,"reported","textfile",7.0203380381801E-4,24.8448674087963]
["8298_8_SSMEM1_CG045","SSMEM1","rs185009887","chr17",5848332,"A","G",-0.129,0.026167,0.02519,{"v":8.225e-07,"d":"8.23E-07"},35374,true,"reported","textfile",0.000686576764007918,24.3022786763397]
["8298_8_SSMEM1_CG045","SSMEM1","rs77265585","chr9",4764332,"C","G",0.0632,0.011486,0.14219,{"v":3.745e-08,"d":"3.75E-08"},35374,true,"reported","textfile",0.000855147079085652,30.2741513335023]
["8304_50_TNFRSF11B_OPG","TNFRSF11B","rs79598313","chr1",26958422,"T","C",-0.2738,0.034589,0.0134,{"v":2.458e-15,"d":"2.46E-15"},35370,true,"reported","textfile",1.76842691915447E-3,62.6565267652476]
["8304_50_TNFRSF11B_OPG","TNFRSF11B","rs738409","chr22",43928847,"G","C",0.0531,0.009697,0.22998,{"v":4.354e-08,"d":"4.35E-08"},35372,true,"reported","textfile",0.000847006276529174,29.9840086443542]
["8307_47_C11orf68_CK068","C11orf68","rs943465","chr6",33763886,"A","G",0.0496,0.0104,0.186,{"v":1.851e-06,"d":"1.85E-06"},35360,true,"reported","textfile",0.000642843334196255,22.7442756164824]
["8315_5_DEFB119_DB119","DEFB119","rs41310149","chr20",1472873,"T","C",0.0545,0.011589,0.13889,{"v":2.569e-06,"d":"2.57E-06"},35373,true,"reported","textfile",0.000624824056817114,22.1144693661419]
["8318_13_SPRED1_SPRE1","SPRED1","rs955749","chr2",79701186,"C","A",-0.0646,0.013118,0.09964,{"v":8.454e-07,"d":"8.45E-07"},35351,true,"reported","textfile",0.000685535978905785,24.2496353158249]
["8323_163_TFF3_TFF3","TFF3","rs2734588","chr6",31528690,"G","C",0.229,0.018139,0.05164,{"v":1.547e-36,"d":"1.55E-36"},35439,true,"reported","textfile",0.00447727738584316,159.374844107519]
["8325_37_ADH4_ADH4","ADH4","rs116142826","chr3",21663262,"C","T",-0.0963,0.021382,0.03748,{"v":6.678e-06,"d":"6.68E-06"},35357,true,"reported","textfile",0.000573365337666075,20.2829610600011]
["8327_26_DPEP2_DPEP2","DPEP2","rs71301894","chr3",54570637,"G","A",0.3848,0.031428,0.01679,{"v":1.814e-34,"d":"1.81E-34"},35347,true,"reported","textfile",0.00422324292193598,149.903600395169]
["8334_65_TCP11_TCP11","TCP11","rs11080290","chr17",34662970,"A","T",0.063,0.009976,0.20554,{"v":2.704e-10,"d":"2.70E-10"},35369,true,"reported","textfile",0.00112630500295082,39.8789448945087]
["8334_65_TCP11_TCP11","TCP11","rs202049715","chr7",21874113,"AT","A",0.1284,0.026728,0.02259,{"v":1.555e-06,"d":"1.56E-06"},35378,true,"reported","textfile",0.000651899481982406,23.0766397240916]
["8337_65_PTPRU_PTPRU","PTPRU","rs2954038","chr8",125495147,"A","C",-0.0471,0.008808,0.31787,{"v":8.922e-08,"d":"8.92E-08"},35367,true,"reported","textfile",0.000807863501294889,28.5931921195927]
["8345_27_GPX7_GPX7","GPX7","rs112286889","chr9",137450446,"CCACGCCTCTTCCCCTTGATCTCCCCCACCACAC","CCACGCCTCTTCCCCTTGATCTCCCCCACCACAT",-0.1212,0.026032,0.02734,{"v":3.227e-06,"d":"3.23E-06"},35255,true,"reported","textfile",0.000614472576509268,21.6753206297953]
["8346_9_DPP7_DPP2","DPP7","rs62269916","chr3",74348841,"A","G",0.104,0.022281,0.03471,{"v":3.048e-06,"d":"3.05E-06"},35343,true,"reported","textfile",0.000616064628944328,21.7857614885892]
["8352_26_SIGLEC12_SIG12","SIGLEC12","rs11642015","chr16",53768582,"T","C",0.0385,0.008338,0.4132,{"v":3.888e-06,"d":"3.89E-06"},35366,true,"reported","textfile",0.000602490214798544,21.3193086309722]
["8352_26_SIGLEC12_SIG12","SIGLEC12","rs4696105","chr4",151685550,"G","T",0.0365,0.008196,0.49111,{"v":8.448e-06,"d":"8.45E-06"},35374,true,"reported","textfile",0.000560343367443379,19.8315780864539]
["8356_88_OXT_NEU1","OXT","rs118061468","chr18",78104731,"A","T",-0.1294,0.026779,0.0228,{"v":1.351e-06,"d":"1.35E-06"},35340,true,"reported","textfile",0.000660277422740891,23.3482999201143]
["8360_169_NCR1_NKp46","NCR1","rs1706435","chr3",165743688,"G","A",0.0427,0.008284,0.36981,{"v":2.541e-07,"d":"2.54E-07"},35339,true,"reported","textfile",0.000751268049898584,26.5675184070105]
["8364_74_UST_UST","UST","rs28881","chr7",106624226,"G","A",0.042,0.009404,0.26125,{"v":7.97e-06,"d":"7.97E-06"},35359,true,"reported","textfile",0.000563804372464537,19.9456766569396]
["8367_142_VSIG1_VSIG1","VSIG1","rs9354407","chr6",66280297,"G","T",-0.0551,0.011479,0.13713,{"v":1.586e-06,"d":"1.59E-06"},35339,true,"reported","textfile",0.000651565028961909,23.039365072998]
["8368_102_TNFRSF1B_TNF_sR_II","TNFRSF1B","rs56339449","chr17",76497670,"C","T",0.0472,0.009317,0.27263,{"v":4.067e-07,"d":"4.07E-07"},35378,true,"reported","textfile",7.24909164868503E-4,25.662989953003]
["8374_5_NGFR_NGF_R","NGFR","rs1345901","chr16",79694152,"C","T",-0.0386,0.008485,0.31139,{"v":5.383E-6,"d":"5.38E-06"},35371,true,"reported","textfile",5.84749084051522E-4,20.6940912046955]
["8382_47_MAPKAPK5_MAPK5","MAPKAPK5","rs12132412","chr1",21493549,"G","A",-0.041,0.007164,0.34943,{"v":1.047E-8,"d":"1.05E-08"},35374,true,"reported","textfile",9.25061172423638E-4,32.7515609883755]
["8382_47_MAPKAPK5_MAPK5","MAPKAPK5","rs140390732","chr17",27292324,"A","C",-0.3828,0.036967,0.01316,{"v":3.959e-25,"d":"3.96E-25"},35361,true,"reported","textfile",0.00302326300515732,107.223722111693]
["8389_8_LRRC74A_CN16B","LRRC74A","rs483465","chr3",136329135,"G","A",0.0427,0.009333,0.24663,{"v":4.757e-06,"d":"4.76E-06"},35361,true,"reported","textfile",0.000591604778780084,20.930936214774]
["8394_56_RNASE2_RNase_2","RNASE2","rs144317085","chr4",104884951,"T","A",0.0852,0.01924,0.04354,{"v":9.503e-06,"d":"9.50E-06"},35352,true,"reported","textfile",0.000554388523052095,19.6085050200289]
["8396_42_FAAH2_FAAH2","FAAH2","rs279554","chr3",9892547,"G","A",0.0392,8.489E-3,0.30281,{"v":3.879e-06,"d":"3.88E-06"},35371,true,"reported","textfile",0.000602490206175243,21.3223225927472]
["8398_277_RARRES1_RAR_responsive_protein_TIG1","RARRES1","rs4799718","chr18",33766983,"TATTA","TATTT",-0.1447,0.031564,0.01043,{"v":4.554e-06,"d":"4.55E-06"},35341,true,"reported","textfile",0.00059431401900951,21.0149525987153]
["8398_277_RARRES1_RAR_responsive_protein_TIG1","RARRES1","rs139652760","chr3",167272123,"A","G",0.3996,0.035157,0.01146,{"v":6.155E-30,"d":"6.16E-30"},35354,true,"reported","textfile",0.00364086595654724,129.182228473699]
["8400_74_GRP_Gastrin_releasing_peptide","GRP","rs10922098","chr1",196695521,"T","C",-0.1238,0.00808,0.40011,{"v":5.397e-53,"d":"5.40E-53"},35338,true,"reported","textfile",0.00659934817693744,234.743722738966]
["8404_102_BOLA2_BolA_like_protein_2","BOLA2","rs13033458","chr2",142796462,"A","G",-0.0518,0.011051,0.14549,{"v":2.769e-06,"d":"2.77E-06"},35356,true,"reported","textfile",0.000621045523896547,21.9700878765739]
["8405_108_ADAM10_ADAM_10","ADAM10","rs10146970","chr14",89331370,"T","C",-0.0421,0.009119,0.23854,{"v":3.902e-06,"d":"3.90E-06"},35363,true,"reported","textfile",0.000602363956305773,21.3130300600363]
["8424_269_CTNNB1_b_Catenin","CTNNB1","rs111592112","chr11",122865101,"G","A",-0.0886,0.019757,0.04365,{"v":7.31e-06,"d":"7.31E-06"},35372,true,"reported","textfile",0.000568223225923653,20.1094821757532]
["8424_269_CTNNB1_b_Catenin","CTNNB1","rs2161196","chr5",115304767,"C","T",-0.064,0.014446,0.08129,{"v":9.415e-06,"d":"9.42E-06"},35350,true,"reported","textfile",0.000554924936548485,19.6263778235843]
["8429_16_AXIN2_AXIN2","AXIN2","rs139712292","chr14",105350098,"A","G",0.2351,0.021319,0.04079,{"v":2.803e-28,"d":"2.80E-28"},35105,true,"reported","textfile",0.0034522380885914,121.603718612934]
["8447_11_GHRL_ghrelin","GHRL","rs144286741","chr9",18683380,"A","G",-0.1179,0.026108,0.02496,{"v":6.308e-06,"d":"6.31E-06"},35361,true,"reported","textfile",0.000576375450993013,20.3918129120257]
["8450_36_ADCYAP1_PACAP_38","ADCYAP1","rs75572270","chr8",26969364,"C","T",0.0756,0.016603,0.05875,{"v":5.28e-06,"d":"5.28E-06"},35368,true,"reported","textfile",0.00058587563357098,20.7322241618374]
["8462_18_GH1_HGH","GH1","rs2666035","chr2",54711701,"A","T",-0.0723,0.015312,0.06958,{"v":2.337e-06,"d":"2.34E-06"},35345,true,"reported","textfile",6.30392308306246E-4,22.2940093244671]
["8468_19_KLK3_PSA","KLK3","rs10993994","chr10",46046326,"G","A",-0.0572,0.008131,0.38221,{"v":2.001e-12,"d":"2.00E-12"},35328,true,"reported","textfile",0.00139886929383897,49.4856806733341]
["8468_19_KLK3_PSA","KLK3","rs1144696","chr6",16742694,"G","A",-0.0488,0.010885,0.15786,{"v":7.356e-06,"d":"7.36E-06"},35385,true,"reported","textfile",0.0005676974708742,20.0982493372596]
["8476_11_CHGA_CgA","CHGA","rs7495949","chr15",91188675,"T","C",0.039,0.008643,0.33781,{"v":6.408e-06,"d":"6.41E-06"},35375,true,"reported","textfile",0.000575246309779712,20.3598996729921]
["8479_4_MMP10_MMP_10","MMP10","rs150266249","chr11",103463563,"G","A",0.2643,0.029217,0.02051,1.48E-19,35364,true,"reported","textfile",0.00230864900779791,81.8273568599751]
["8484_24_LEP_Leptin","LEP","rs7240682","chr18",60156805,"G","C",0.0539,0.009766,0.24926,{"v":3.402e-08,"d":"3.40E-08"},35365,true,"reported","textfile",0.000860590440232794,30.4592726968517]
["8535_102_DMKN_Dermokine","DMKN","rs115041442","chr1",152992214,"T","C",-0.1167,0.025217,0.02598,{"v":3.696e-06,"d":"3.70E-06"},35362,true,"reported","textfile",0.000605278303625866,21.4156032161964]
["8535_102_DMKN_Dermokine","DMKN","rs186485515","chr3",166907653,"TTTGTCTTTTTTTAAAATT","TTTGTCTTTTTTTTAAATT",0.1009,0.0199,0.04064,{"v":3.969e-07,"d":"3.97E-07"},35354,true,"reported","textfile",0.000726644397929818,25.7070126123172]
["8589_13_CDCP1_CDCP1","CDCP1","rs117265578","chr14",49522779,"A","G",-0.0659,0.014095,0.08612,{"v":2.935e-06,"d":"2.94E-06"},35362,true,"reported","textfile",0.000617782307643046,21.8582860606618]
["8597_1_TMEM9_TMEM9","TMEM9","rs71571833","chr1",241309396,"AAAAAAAAAAAG","AAAAAAAAAG",0.0383,0.00848,0.4473,{"v":6.293e-06,"d":"6.29E-06"},35359,true,"reported","textfile",0.000576574450833689,20.3977036529087]
["8606_39_GPNMB_GPNMB","GPNMB","rs77685836","chr18",44661071,"G","C",0.0683,0.015084,0.07763,{"v":5.951e-06,"d":"5.95E-06"},35346,true,"reported","textfile",0.000579717279867724,20.5014125627692]
["8635_283_ZPBP_ZPBP1","ZPBP","rs1047286","chr19",6713251,"A","G",-0.0468,0.009382,0.24066,{"v":6.091e-07,"d":"6.09E-07"},35372,true,"reported","textfile",0.000702968443636419,24.8814847500302]
["8653_132_DNAJC4_DNJC4","DNAJC4","rs56210800","chr3",124753745,"G","C",-0.0673,0.013473,0.09593,{"v":5.877E-7,"d":"5.88E-07"},35369,true,"reported","textfile",0.000704972951143789,24.9503676974502]
["8654_13_ADAM10_ADAM_10","ADAM10","rs9501393","chr6",32007072,"GGAG","CGAG",0.1026,0.010649,0.1548,{"v":5.71e-22,"d":"5.71E-22"},35440,true,"reported","textfile",0.00261244585944549,92.822349730246]
["8664_36_PKDCC_PKDCC","PKDCC","rs9297682","chr8",124030312,"C","G",0.037,0.008283,0.38131,{"v":7.934e-06,"d":"7.93E-06"},35371,true,"reported","textfile",0.000563814001576728,19.9527870824949]
["8671_378_TRAPPC5_TPPC5","TRAPPC5","rs9266766","chr6",31383898,"C","G",0.059,0.012282,0.11905,{"v":1.556E-6,"d":"1.56E-06"},35440,true,"reported","textfile",0.00065071292173805,23.0749797080179]
["8696_15_GAL3ST1_G3ST1","GAL3ST1","rs1329424","chr1",196677046,"G","T",-0.3127,0.006695,0.39735,{"v":1e-200,"d":"1.00E-200"},35338,true,"reported","textfile",0.0581430210539504,2181.37343342877]
["8696_15_GAL3ST1_G3ST1","GAL3ST1","rs73169117","chr3",167217620,"T","C",0.0806,0.012802,0.11405,{"v":3.059E-10,"d":"3.06E-10"},35354,true,"reported","textfile",1.11992574963066E-3,39.636004482976]
["8699_43_CRIM1_CRIM1","CRIM1","rs9968134","chr3",125045570,"A","G",0.0364,0.007976,0.4602,{"v":5.027e-06,"d":"5.03E-06"},35369,true,"reported","textfile",0.000588510253221394,20.8260984981818]
["8749_194_CD1D_CD1D","CD1D","rs7774739","chr6",32041524,"G","A",0.071,0.010976,0.17585,{"v":9.876e-11,"d":"9.88E-11"},35437,true,"reported","textfile",0.00117939435670335,41.8411862887699]
["8750_46_VCL_Vinculin","VCL","rs3811663","chr3",133896296,"TC","GC",-0.0453,0.010038,0.19177,{"v":6.4e-06,"d":"6.40E-06"},35358,true,"reported","textfile",0.000575657613552988,20.3646736642218]
["8758_2_PCDHA7_PCDA7","PCDHA7","rs12201974","chr6",136954746,"T","C",0.0428,0.009605,0.20849,{"v":8.341e-06,"d":"8.34E-06"},35361,true,"reported","textfile",5.61208788040533E-4,19.8549242943251]
["8760_10_DCUN1D5_DCNL5","DCUN1D5","rs143539524","chr19",45048940,"T","C",-0.2758,0.024738,0.03216,{"v":7.246e-29,"d":"7.25E-29"},35370,true,"reported","textfile",0.0035018761213568,124.28960144759]
["8766_29_LILRA5_LIRA5","LILRA5","rs16960581","chr15",35172595,"A","G",0.0743,0.016764,0.06849,{"v":9.334e-06,"d":"9.33E-06"},35366,true,"reported","textfile",0.000555130671877053,19.6425452596075]
["8772_5_EFNB2_EFNB2","EFNB2","rs10922098","chr1",196695521,"T","C",-0.0691,0.008061,0.40011,1.02E-17,35338,true,"reported","textfile",2.07507670670979E-3,73.4773817115569]
["8773_172_EMILIN3_EMIL3","EMILIN3","rs11472459","chr20",41013733,"TTTTATTTATTTATTTATTTATTTA","TTTTATTTATTTA",0.2239,0.011309,0.15416,{"v":3.094e-87,"d":"3.09E-87"},35371,true,"reported","textfile",0.0109603929445647,391.954109108373]
["8778_3_NOG_Noggin","NOG","rs149645760","chr17",57456348,"A","G",0.1595,0.034783,0.01525,{"v":4.528e-06,"d":"4.53E-06"},35370,true,"reported","textfile",0.000594147302713274,21.0262945185373]
["8785_1_ARMC5_ARMC5","ARMC5","rs72788169","chr16",58368691,"T","C",0.0621,0.013421,0.09901,{"v":3.709E-6,"d":"3.71E-06"},35366,true,"reported","textfile",0.000605012951567399,21.4086305179682]
["8786_6_FAM171B_F171B","FAM171B","rs1123176","chr2",186742744,"C","T",-0.1865,0.010802,0.15665,{"v":8.649e-67,"d":"8.65E-67"},35364,true,"reported","textfile",0.00835877275836164,298.074458948607]
["8794_13_DPEP1_DPEP1","DPEP1","rs4813351","chr20",19288289,"T","C",0.0448,0.008791,0.28339,{"v":3.47e-07,"d":"3.47E-07"},35376,true,"reported","textfile",0.00073358768599314,25.9689813292423]
["8795_48_TFRC_TR","TFRC","rs10898909","chr11",73241451,"A","G",-0.0404,0.009073,0.28381,{"v":8.478e-06,"d":"8.48E-06"},35367,true,"reported","textfile",0.000560298272426235,19.8260569097894]
["8804_39_COL20A1_COKA1","COL20A1","rs12902684","chr15",46325648,"T","G",-0.0425,0.008514,0.31619,{"v":5.987e-07,"d":"5.99E-07"},35359,true,"reported","textfile",0.000704213992885561,24.9164406526152]
["8810_26_HEPACAM_HEPACAM","HEPACAM","rs79309730","chr2",235039304,"T","C",0.1131,0.023133,0.03069,{"v":1.013e-06,"d":"1.01E-06"},35366,true,"reported","textfile",0.000675432440886776,23.9021371183362]
["8813_160_TXN_Thioredoxin","TXN","rs17239924","chr16",82456980,"C","T",-0.0519,0.010844,0.15661,{"v":1.702E-6,"d":"1.70E-06"},35375,true,"reported","textfile",0.000647110016243381,22.9050446884175]
["8817_29_CENPV_CENPV","CENPV","rs4902468","chr14",67432550,"T","C",-0.1226,0.026742,0.02375,{"v":4.549E-6,"d":"4.55E-06"},35364,true,"reported","textfile",0.000593982636197169,21.0168976534772]
["8818_13_IFNGR2_INGR2","IFNGR2","rs147653240","chr11",8527128,"CATAT","CAT",0.0669,0.014515,0.08006,{"v":4.048E-6,"d":"4.05E-06"},35373,true,"reported","textfile",0.000600185536739663,21.2419117081986]
["8832_55_BST2_BST_2","BST2","rs35737793","chr11",130025133,"T","C",0.0993,0.02196,0.0348,{"v":6.13e-06,"d":"6.13E-06"},35370,true,"reported","textfile",0.000577760404249042,20.4460428914864]
["8837_8_MFAP3L_MFA3L","MFAP3L","rs1565337","chr5",58049428,"C","T",0.0583,0.012174,0.12598,{"v":1.676e-06,"d":"1.68E-06"},35369,true,"reported","textfile",0.000647986898865731,22.932212425398]
["8840_61_C1S_C1s","C1S","rs73262897","chr12",6961967,"A","G",-0.4978,0.014335,0.09123,{"v":1e-200,"d":"1.00E-200"},35391,true,"reported","textfile",0.0329511054274359,1205.84044562395]
["8842_16_GRAMD1C_GRM1C","GRAMD1C","rs6542680","chr2",3592552,"T","C",-0.0474,0.010421,0.18362,{"v":5.399e-06,"d":"5.40E-06"},35332,true,"reported","textfile",0.00058521498718875,20.6877522800641]
["8850_5_PLA2G2C_PA2GC","PLA2G2C","rs58973099","chr2",158887616,"G","A",-0.0714,0.014785,0.07982,{"v":1.371e-06,"d":"1.37E-06"},35347,true,"reported","textfile",0.000659348101820707,23.3200346794532]
["8852_10_SUN3_SUN3","SUN3","rs373459330","chr11",114577177,"TATATAT","TAT",-0.148,0.01284,0.10486,{"v":9.744e-31,"d":"9.74E-31"},35371,true,"reported","textfile",3.74212089713937E-3,132.852223091183]
["8859_51_CA11_CAH11","CA11","rs7310615","chr12",111427245,"G","C",-0.0438,0.008181,0.37607,{"v":8.596e-08,"d":"8.60E-08"},35370,true,"reported","textfile",0.000809745541409393,28.6622894696721]
["8864_59_CENPW_CENPW","CENPW","rs5027249","chr14",22801387,"T","C",0.0467,0.009915,0.20211,{"v":2.477e-06,"d":"2.48E-06"},35377,true,"reported","textfile",0.000626693323118942,22.1831783550933]
["8867_18_PAEP_Glycodelin","PAEP","rs74364570","chr7",71155741,"G","A",-0.1636,0.03446,0.01395,{"v":2.059e-06,"d":"2.06E-06"},35358,true,"reported","textfile",0.000637047193427896,22.5377982119337]
["8874_53_CLN5_CLN5","CLN5","rs7619982","chr3",186433383,"C","T",0.0364,0.007935,0.46661,{"v":4.486e-06,"d":"4.49E-06"},35366,true,"reported","textfile",0.000594654391646833,21.0418705469278]
["8876_51_NRXN2_NRX2B","NRXN2","rs111696008","chr2",216622986,"A","G",-0.1294,0.026314,0.02443,{"v":8.762e-07,"d":"8.76E-07"},35359,true,"reported","textfile",0.000683436113831631,24.1807766927973]
["8882_1_ADAM17_ADAM_17","ADAM17","rs10894188","chr11",99957388,"C","G",0.0562,0.011951,0.12077,{"v":2.568e-06,"d":"2.57E-06"},35353,true,"reported","textfile",0.000625124171871394,22.1125877129076]
["8885_6_CACNA2D3_CA2D3","CACNA2D3","rs150810963","chr10",43465087,"A","G",-0.0388,0.008435,0.40516,{"v":4.228E-6,"d":"4.23E-06"},35327,true,"reported","textfile",0.000598585894524114,21.1577114316877]
["8888_33_SMIM9_CX068","SMIM9","rs17094132","chr14",57990918,"A","G",-0.0585,0.012896,0.11002,{"v":5.726e-06,"d":"5.73E-06"},35367,true,"reported","textfile",0.000581501506870786,20.5767662110436]
["8890_9_TMEM132B_T132B","TMEM132B","rs9273396","chr6",32659328,"A","T",-0.0375,0.00818,0.42305,{"v":4.551e-06,"d":"4.55E-06"},35437,true,"reported","textfile",0.000592708960618213,21.0150978563141]
["8891_7_CPVL_CPVL","CPVL","rs115522786","chr5",75879754,"T","C",0.1126,0.024047,0.02722,{"v":2.834e-06,"d":"2.83E-06"},35363,true,"reported","textfile",0.000619636062167472,21.9245360274729]
["8897_3_LRRC37A2_L37A2","LRRC37A2","rs8020723","chr14",39871770,"T","G",0.0401,0.008607,0.30371,{"v":3.175e-06,"d":"3.18E-06"},35359,true,"reported","textfile",0.000613505755434847,21.7050391613573]
["8899_75_UGT1A8_UD18","UGT1A8","rs73195861","chr12",110935423,"C","T",-0.0962,0.021377,0.03543,{"v":6.787e-06,"d":"6.79E-06"},35367,true,"reported","textfile",0.000572281619222818,20.2503283545155]
["8903_1_COX6C_COX6C","COX6C","rs62140549","chr2",46914826,"G","A",0.0755,0.00879,0.30898,{"v":8.764e-18,"d":"8.76E-18"},35358,true,"reported","textfile",0.00208220377378164,73.7720049729779]
["8906_60_LRTM2_LRTM2","LRTM2","rs28479466","chr7",86861705,"T","A",0.0619,0.013903,0.09187,{"v":8.499e-06,"d":"8.50E-06"},35351,true,"reported","textfile",0.000560427051659861,19.8216444348741]
["8907_11_UGT2A1_UD2A1","UGT2A1","rs115880416","chr2",23807634,"A","G",0.1451,0.031179,0.01667,{"v":3.258E-6,"d":"3.26E-06"},35370,true,"reported","textfile",0.000611941007367936,21.656381976792]
["8913_22_SIGLEC11_SIG11","SIGLEC11","rs1555405","chr14",100710432,"A","G",-0.0383,0.008596,0.30381,{"v":8.367e-06,"d":"8.37E-06"},35380,true,"reported","textfile",5.60793908696597E-4,19.8508991652022]
["8921_139_PABPN1_PABP2","PABPN1","rs6083669","chr20",24893261,"TAGAGGTGGGCGAGAAA","TGGAGGTGGGCGAGAAA",-0.0646,0.013458,0.09931,{"v":1.585e-06,"d":"1.59E-06"},35366,true,"reported","textfile",0.000651081255654446,23.039838331835]
["8922_4_TMCC3_TMCC3","TMCC3","rs2043085","chr15",58388755,"C","T",-0.0462,0.008335,0.41179,{"v":2.979e-08,"d":"2.98E-08"},35364,true,"reported","textfile",0.000868028964452659,30.7219077467423]
["8924_55_CALY_CALY","CALY","rs35077220","chr4",10662729,"C","A",-0.0467,0.010167,0.18359,{"v":4.364e-06,"d":"4.36E-06"},35360,true,"reported","textfile",0.000596316468549434,21.0971382659581]
["8925_25_RRM2B_RIR2B","RRM2B","rs1354034","chr3",56815721,"C","T",0.0821,0.008193,0.38119,{"v":1.234E-23,"d":"1.23E-23"},35356,true,"reported","textfile",0.0028320803938214,100.40973869547]
["8932_1_ENTPD6_ENTP6","ENTPD6","rs1706435","chr3",165743688,"G","A",0.0653,0.008323,0.36981,{"v":4.313e-15,"d":"4.31E-15"},35339,true,"reported","textfile",1.73882748709571E-3,61.5519751778252]
["8941_4_NLGN3_NLGN3","NLGN3","rs28431975","chr7",28199606,"A","G",-0.0662,0.013921,0.08557,{"v":1.98e-06,"d":"1.98E-06"},35374,true,"reported","textfile",0.00063887132166685,22.6126029335223]
["8942_2_MRPL21_RM21","MRPL21","rs11739279","chr5",120038886,"T","G",0.132,0.029765,0.01834,{"v":9.221e-06,"d":"9.22E-06"},35362,true,"reported","textfile",0.00055585024191971,19.6657957916293]
["8950_4_CLCA2_CLCA2","CLCA2","rs12478841","chr2",27588855,"G","A",0.0525,0.009707,0.21569,{"v":6.356e-08,"d":"6.36E-08"},35373,true,"reported","textfile",0.000826261779902343,29.2498734694405]
["8954_30_MAP4K1_M4K1","MAP4K1","rs59228823","chr14",100718850,"C","G",-0.0435,0.008674,0.29146,{"v":5.299E-7,"d":"5.30E-07"},35380,true,"reported","textfile",0.000710351396180134,25.1486760912343]
["8954_30_MAP4K1_M4K1","MAP4K1","rs114694170","chr5",88884379,"C","T",-0.0692,0.01426,0.08378,{"v":1.218E-6,"d":"1.22E-06"},35344,true,"reported","textfile",0.000665837381251154,23.5477036695241]
["8956_96_SCARF2_SREC_II","SCARF2","rs41307428","chr9",133471682,"T","C",0.1682,0.029038,0.01987,{"v":6.939e-09,"d":"6.94E-09"},35369,true,"reported","textfile",0.000947728654291748,33.5501157223611]
["8957_72_ERLEC1_XTP3B","ERLEC1","rs12696231","chr3",166049695,"T","C",0.0381,0.007978,0.42578,{"v":1.79E-6,"d":"1.79E-06"},35340,true,"reported","textfile",0.000644933833296274,22.8053797620134]
["8960_3_ERAP2_LRAP","ERAP2","rs114431964","chr1",159694120,"T","G",0.0554,0.012386,0.05287,{"v":7.714e-06,"d":"7.71E-06"},35357,true,"reported","textfile",5.65504811627939E-4,20.0047353892237]
["8960_3_ERAP2_LRAP","ERAP2","rs185138796","chr5",68928336,"A","C",0.0864,0.018853,0.0392,{"v":4.586e-06,"d":"4.59E-06"},35359,true,"reported","textfile",0.000593620230577445,21.0010971686704]
["8960_3_ERAP2_LRAP","ERAP2","rs77989040","chr5",116518011,"G","A",0.1828,0.029685,0.01629,{"v":7.372E-10,"d":"7.37E-10"},35361,true,"reported","textfile",0.00107124363243226,37.9187237905828]
["8963_8_VTI1B_Vti1_rp1","VTI1B","rs444089","chr19",32616085,"C","G",-0.063,0.013767,0.09309,{"v":4.738e-06,"d":"4.74E-06"},35369,true,"reported","textfile",0.000591728698034697,20.9400596976548]
["8967_6_DUSP26_DUS26","DUSP26","rs55711015","chr20",62969967,"ACTTTTT","ACTTT",-0.1596,0.035887,0.01343,{"v":8.698e-06,"d":"8.70E-06"},35326,true,"reported","textfile",0.000559569344654634,19.7772942981898]
["8971_9_NRXN1_NRX1A","NRXN1","rs73051460","chr19",42064923,"T","G",-0.1103,0.017778,0.06429,{"v":5.498E-10,"d":"5.50E-10"},35370,true,"reported","textfile",1.08712072181128E-3,38.4911301942614]
["8973_23_FCRL4_FCRL4","FCRL4","rs78012120","chr7",95872977,"T","C",0.0667,0.014771,0.0665,{"v":6.313e-06,"d":"6.31E-06"},35348,true,"reported","textfile",0.000576522912973531,20.3895339154495]
["8974_172_COL15A1_COFA1","COL15A1","rs72832928","chr17",39783145,"T","G",-0.1079,0.02377,0.03173,{"v":5.641e-06,"d":"5.64E-06"},35379,true,"reported","textfile",0.000582084591227761,20.604400087667]
["8980_19_CD200R1L_MO2R2","CD200R1L","rs246509","chr5",52968323,"C","A",-0.0378,0.008544,0.2977,{"v":9.679E-6,"d":"9.68E-06"},35361,true,"reported","textfile",0.000553217941159806,19.5720607966478]
["8983_7_GOLM1_GOLM1","GOLM1","rs139562936","chr9",134215558,"T","G",0.2173,0.028794,0.0211,{"v":4.46e-14,"d":"4.46E-14"},35372,true,"reported","textfile",0.00160752277882764,56.9496285122128]
["8985_13_SERAC1_SRAC1","SERAC1","rs62288347","chr3",158690243,"A","G",-0.1322,0.029656,0.01854,{"v":8.284e-06,"d":"8.28E-06"},35337,true,"reported","textfile",0.000562035735818945,19.8707007690904]
["8990_42_ATP1B3_AT1B3","ATP1B3","rs3747843","chr9",121152028,"G","A",-0.0432,0.008001,0.47828,{"v":6.7e-08,"d":"6.70E-08"},35373,true,"reported","textfile",0.000823472843708939,29.151063063627]
["8993_151_RIPK2_RIPK2","RIPK2","rs138608943","chr12",122650601,"A","G",0.112,0.024124,0.0286,{"v":3.44e-06,"d":"3.44E-06"},35366,true,"reported","textfile",0.000609097553123049,21.5532539028576]
["8999_19_CEACAM3_CEAM3","CEACAM3","rs1555405","chr14",100710432,"A","G",-0.042,0.008726,0.30381,{"v":1.484e-06,"d":"1.48E-06"},35380,true,"reported","textfile",6.54374023391898E-4,23.1656031685082]
["9002_36_SERPINA11_SPA11","SERPINA11","rs11118893","chr1",221912330,"G","A",-0.0405,0.009147,0.27589,{"v":9.522e-06,"d":"9.52E-06"},35358,true,"reported","textfile",0.000554146082658134,19.6032519637441]
["9003_99_MARCO_MARCO","MARCO","rs142275326","chr3",53945107,"C","A",0.3209,0.030664,0.01661,{"v":1.249e-25,"d":"1.25E-25"},35346,true,"reported","textfile",0.00308885838993026,109.510874517236]
["9005_16_PLXNA1_PLXA1","PLXNA1","rs4500811","chr18",9710156,"C","G",0.04,0.008689,0.33242,{"v":4.15e-06,"d":"4.15E-06"},35366,true,"reported","textfile",5.98872375668691E-4,21.1912135255349]
["9008_6_PRRG1_TMG1","PRRG1","rs10922098","chr1",196695521,"T","C",-0.1213,8.097E-3,0.40011,{"v":9.697e-51,"d":"9.70E-51"},35338,true,"reported","textfile",0.00631076403996246,224.413377992032]
["9015_1_PRG3_PRG3","PRG3","rs112222327","chr17",81433595,"T","C",-0.0565,0.010799,0.17477,{"v":1.679e-07,"d":"1.68E-07"},35036,true,"reported","textfile",0.000780685504846536,27.3719048261313]
["9017_58_LCT_LPH","LCT","rs77854115","chr2",135459099,"C","A",-0.886,0.035343,0.01295,{"v":1.091E-138,"d":"1.09E-138"},35390,true,"reported","textfile",0.0174476033307172,628.399858125067]
["9017_58_LCT_LPH","LCT","rs12720816","chr2",21016795,"C","T",0.0415,0.008341,0.41502,{"v":6.508e-07,"d":"6.51E-07"},35373,true,"reported","textfile",0.000699333341303484,24.753430514516]
["9021_1_HAVCR1_TIM_1","HAVCR1","rs11868058","chr17",47563034,"GTTTTTTT","GTTTTGTT",-0.0385,0.008268,0.37816,{"v":3.212e-06,"d":"3.21E-06"},35364,true,"reported","textfile",0.000612763572924064,21.681831302157]
["9025_5_AHSP_AHSP","AHSP","rs2335103","chr3",21288294,"T","C",-0.0441,0.009729,0.20969,{"v":5.818E-6,"d":"5.82E-06"},35358,true,"reported","textfile",0.000580765466154,20.5454759242433]
["9026_40_BTNL8_BTNL8","BTNL8","rs201648928","chr3",145928497,"A","T",0.0526,0.011411,0.14065,{"v":4.038e-06,"d":"4.04E-06"},35354,true,"reported","textfile",0.000600654286573047,21.2470924961154]
["9028_5_MTPAP_PAPD1","MTPAP","rs150282537","chr1",246617725,"A","C",0.1446,0.032342,0.01597,{"v":7.787e-06,"d":"7.79E-06"},35329,true,"reported","textfile",0.000565491181106897,19.9884102246697]
["9035_2_MXI1_MXI1","MXI1","rs149880918","chr4",173815776,"A","T",0.1423,0.031499,0.01463,{"v":6.253e-06,"d":"6.25E-06"},35367,true,"reported","textfile",0.000576723309706907,20.4075893802753]
["9039_47_TOR1AIP1_TOIP1","TOR1AIP1","rs17580","chr14",94380925,"A","T",0.1127,0.023028,0.03316,{"v":9.883e-07,"d":"9.88E-07"},35372,true,"reported","textfile",0.000676677595408944,23.9502931764103]
["9043_7_TFIP11_TFP11","TFIP11","rs72714690","chr8",124043309,"T","C",0.0367,0.008231,0.38224,{"v":8.248e-06,"d":"8.25E-06"},35371,true,"reported","textfile",0.000561740268657496,19.8793585983868]
["9044_1_CNTNAP5_CNTP5","CNTNAP5","rs1144709","chr6",31741572,"T","C",0.0444,0.00937,0.22926,{"v":2.153E-6,"d":"2.15E-06"},35439,true,"reported","textfile",0.000633184425842693,22.4523729914889]
["9051_13_IL32_IL32","IL32","rs234105","chr1",184972494,"C","T",0.0632,0.013728,0.09189,{"v":4.151e-06,"d":"4.15E-06"},35358,true,"reported","textfile",0.000599061868645279,21.1931274223386]
["9053_16_CRIP2_CRIP2","CRIP2","rs17372735","chr10",4764927,"A","G",0.1032,0.0218,0.03444,{"v":2.202e-06,"d":"2.20E-06"},35373,true,"reported","textfile",0.000633139570357817,22.408967747338]
["9059_14_RAPGEF5_RPGF5","RAPGEF5","rs61679841","chr15",60176779,"T","C",0.0446,9.75E-3,0.21787,{"v":4.779e-06,"d":"4.78E-06"},35369,true,"reported","textfile",0.000591263196183267,20.9235768003081]
["9064_12_RNF215_RN215","RNF215","rs145388671","chr18",10377129,"C","T",-0.1473,0.032165,0.01496,{"v":4.662e-06,"d":"4.66E-06"},35365,true,"reported","textfile",0.000592662233757195,20.9707431398285]
["9068_17_JAKMIP3_JKIP3","JAKMIP3","rs216311","chr12",6019277,"C","T",-0.0531,0.007889,0.41422,{"v":1.686E-11,"d":"1.69E-11"},35376,true,"reported","textfile",1.27902953675478E-3,45.3023338562498]
["9076_25_PENK_PENK","PENK","rs894491","chr15",65333881,"G","A",0.0386,0.008418,0.31758,{"v":4.536e-06,"d":"4.54E-06"},35361,true,"reported","textfile",0.000594256675698143,21.0248159332343]
["9077_10_MAN1A2_MA1A2","MAN1A2","rs150945456","chr17",390944,"T","C",0.0867,0.018474,0.05346,{"v":2.692e-06,"d":"2.69E-06"},35348,true,"reported","textfile",0.000622702987555222,22.0237740680363]
["9078_207_SNTB1_SNTB1","SNTB1","rs12819689","chr12",7999568,"T","C",0.052,0.008365,0.39003,{"v":5.097e-10,"d":"5.10E-10"},35377,true,"reported","textfile",1.09113795071485E-3,38.6411678512404]
["9082_25_SEL1L2_SE1L2","SEL1L2","rs1047286","chr19",6713251,"A","G",-0.0598,0.009393,0.24066,{"v":1.934E-10,"d":"1.93E-10"},35372,true,"reported","textfile",1.14455521435409E-3,40.529305960175]
["9087_8_NHLRC3_NHLC3","NHLRC3","rs11845244","chr14",106714830,"T","C",0.078,0.008206,0.41473,{"v":2.007e-21,"d":"2.01E-21"},34968,true,"reported","textfile",2.57712042394338E-3,90.3444211966596]
["9092_33_ANGPTL1_ANGL1","ANGPTL1","rs704","chr17",28367840,"A","G",0.0373,0.008021,0.49189,{"v":3.311e-06,"d":"3.31E-06"},35360,true,"reported","textfile",0.000611199306731622,21.6240016622414]
["9095_5_MTFR1_MTFR1","MTFR1","rs1801690","chr17",66212167,"G","C",-0.4307,0.017517,0.05452,{"v":1.698e-133,"d":"1.70E-133"},35370,true,"reported","textfile",0.0168048618321689,604.513112613352]
["9099_19_SYT5_SYT5","SYT5","rs12146727","chr12",7063032,"A","G",-0.1853,0.012343,0.11875,{"v":6.039e-51,"d":"6.04E-51"},35390,true,"reported","textfile",0.00632807818226476,225.364152691698]
["9102_28_ZFYVE27_ZFY27","ZFYVE27","rs72654977","chr4",83571952,"C","T",-0.0544,0.009815,0.21015,{"v":2.984e-08,"d":"2.98E-08"},35364,true,"reported","textfile",0.000867918037023541,30.7179783126649]
["9106_87_LYSMD4_LYSM4","LYSMD4","rs6457457","chr6",31910331,"T","C",0.073,0.016041,0.06527,{"v":5.341e-06,"d":"5.34E-06"},35441,true,"reported","textfile",0.00058401387755722,20.7089621280229]
["9111_40_JPH4_JPH4","JPH4","rs28986789","chr6",33041983,"ATATATTCCATCATATATATATATATATAT","ATTCCATCATATATATATATATATAT",0.1114,0.014035,0.09809,{"v":2.069e-15,"d":"2.07E-15"},35410,true,"reported","textfile",0.00177601905058399,62.99716671129]
["9116_28_HEPACAM2_HECA2","HEPACAM2","rs9269234","chr6",32484011,"C","G",0.0487,0.010692,0.16699,{"v":5.248e-06,"d":"5.25E-06"},35439,true,"reported","textfile",0.000585065377487442,20.7450990212124]
["9117_4_IL36G_IL_1F9","IL36G","rs146297474","chr4",33538343,"G","A",-0.1397,0.028095,0.01808,{"v":6.612e-07,"d":"6.61E-07"},35335,true,"reported","textfile",0.000699239352056499,24.7235116784989]
["9121_28_FUT2_FUT2","FUT2","rs955749","chr2",79701186,"C","A",-0.0585,0.013128,0.09964,{"v":8.341e-06,"d":"8.34E-06"},35351,true,"reported","textfile",0.000561395611113306,19.8559204838585]
["9128_34_FLRT3_FLRT3","FLRT3","rs10922098","chr1",196695521,"T","C",-0.1417,0.008096,0.40011,{"v":1.378e-68,"d":"1.38E-68"},35338,true,"reported","textfile",0.00859425364317026,306.319131043003]
["9168_31_CCL26_Eotaxin_3","CCL26","rs12403425","chr1",197845693,"A","C",0.0487,0.008904,0.2662,{"v":4.513e-08,"d":"4.51E-08"},35337,true,"reported","textfile",0.000845844329769427,29.9132113125766]
["9172_69_MMP8_MMP_8","MMP8","rs2369633","chr1",205211934,"C","T",0.0723,0.016328,0.06808,{"v":9.513e-06,"d":"9.51E-06"},35375,true,"reported","textfile",5.53953763058433E-4,19.605867204582]
["9172_69_MMP8_MMP_8","MMP8","rs35734521","chr20",909371,"A","G",0.0506,0.011204,0.15839,{"v":6.299e-06,"d":"6.30E-06"},35360,true,"reported","textfile",0.000576490477787384,20.3953080144682]
["9176_3_MUC1_MUC1","MUC1","rs76418562","chr1",152992823,"AAAAAAAAAACGC","AAAAAAAAACGC",-0.1156,0.025485,0.02609,{"v":5.734e-06,"d":"5.73E-06"},35362,true,"reported","textfile",0.000581509685447133,20.5741465428951]
["9178_30_NRG1_NEUREGULIN_1","NRG1","rs117154116","chr10",54499224,"A","G",-0.0801,0.01752,0.05277,{"v":4.833e-06,"d":"4.83E-06"},35358,true,"reported","textfile",0.000590816305989825,20.9012501139591]
["9180_6_IFNGR2_INGR2","IFNGR2","rs16840769","chr2",208234676,"C","T",0.0514,0.011019,0.14459,{"v":3.091e-06,"d":"3.09E-06"},35356,true,"reported","textfile",0.000615051597631442,21.7579164239196]
["9185_15_TFF1_TFF1","TFF1","rs225358","chr21",42366403,"T","C",0.2895,0.008981,0.30886,{"v":1e-200,"d":"1.00E-200"},35341,true,"reported","textfile",0.0285617049910073,1039.01822469111]
["9187_2_HMGN1_HMGN1","HMGN1","rs114235209","chr1",30034978,"C","T",0.1038,0.022406,0.03327,{"v":3.609e-06,"d":"3.61E-06"},35368,true,"reported","textfile",0.0006064459301283,21.4605814471943]
["9191_8_TFF2_Trefoil_factor_2","TFF2","rs75884356","chr12",91473661,"C","G",-0.0838,0.018645,0.04923,{"v":6.971e-06,"d":"6.97E-06"},35356,true,"reported","textfile",0.000571020992489907,20.1994104558944]
["9199_6_UBE2G2_UB2G2","UBE2G2","rs11801007","chr1",66140295,"T","A",0.1217,0.024722,0.02847,{"v":8.532e-07,"d":"8.53E-07"},35348,true,"reported","textfile",0.000685096061047119,24.2320066260623]
["9199_6_UBE2G2_UB2G2","UBE2G2","rs9501342","chr6",30904955,"A","G",0.0589,0.010511,0.19318,{"v":2.1e-08,"d":"2.10E-08"},35439,true,"reported","textfile",0.000885271371549714,31.3991583696026]
["9204_33_POMC_Corticotropin_lipotropin","POMC","rs2183301","chr9",71131465,"A","G",0.0438,0.009167,0.26816,{"v":1.769e-06,"d":"1.77E-06"},35352,true,"reported","textfile",0.000645356078107906,22.8280695945788]
["9212_22_CTSF_CATF","CTSF","rs11111306","chr12",102569869,"A","G",-0.0395,0.00813,0.44375,{"v":1.182e-06,"d":"1.18E-06"},35361,true,"reported","textfile",0.000667111983523195,23.6041592428886]
["9212_22_CTSF_CATF","CTSF","rs34723948","chr4",118132945,"T","C",-0.0762,0.014102,0.09076,{"v":6.538e-08,"d":"6.54E-08"},35353,true,"reported","textfile",8.25208546629761E-4,29.1960401537713]
["9216_100_PLXNB2_PLXB2","PLXNB2","rs28553432","chr22",50285778,"A","G",0.3084,0.020709,0.04329,{"v":3.729E-50,"d":"3.73E-50"},35333,true,"reported","textfile",0.00623752875911198,221.761371520706]
["9216_100_PLXNB2_PLXB2","PLXNB2","rs533812","chr18",57470846,"G","C",-0.0728,0.014752,0.0842,{"v":8.013e-07,"d":"8.01E-07"},35353,true,"reported","textfile",0.000688391676140535,24.352097924752]
["9220_7_EPHB3_EPHB3","EPHB3","rs79420042","chr2",32815276,"C","G",0.0757,0.015291,0.06958,{"v":7.401e-07,"d":"7.40E-07"},35364,true,"reported","textfile",0.000692560504828083,24.5072973579609]
["9229_9_CTRL_CTRL","CTRL","rs12403425","chr1",197845693,"A","C",0.0413,0.008952,0.2662,{"v":3.964e-06,"d":"3.96E-06"},35337,true,"reported","textfile",0.000601961578644175,21.2831240043161]
["9229_9_CTRL_CTRL","CTRL","rs28573154","chr6",32008772,"A","G",0.1376,0.01102,0.145,{"v":8.916e-36,"d":"8.92E-36"},35440,true,"reported","textfile",0.00437999464981522,155.901096368144]
["9235_3_PLXDC1_PXDC1","PLXDC1","rs6065039","chr20",61060475,"T","A",0.0449,0.009609,0.24126,{"v":2.972e-06,"d":"2.97E-06"},35362,true,"reported","textfile",0.000617065697070963,21.8329153915844]
["9237_54_ACP2_Lysosomal_acid_phosphatase","ACP2","rs111296493","chr14",92794340,"A","G",-0.2201,0.033689,0.01242,{"v":6.434e-11,"d":"6.43E-11"},35365,true,"reported","textfile",1.20549753360783E-3,42.6814616777569]
["9244_27_PPT1_PPT1","PPT1","rs3847647","chr11",218141,"A","C",0.0455,0.008615,0.33648,{"v":1.282E-7,"d":"1.28E-07"},35352,true,"reported","textfile",0.000788416493793515,27.892513973671]
["9249_17_TMEM9_TMEM9","TMEM9","rs13208583","chr6",32833094,"T","C",0.0636,0.01285,0.10406,{"v":7.442e-07,"d":"7.44E-07"},35435,true,"reported","textfile",0.000690836712164921,24.4953395019445]
["9251_28_MAN2B2_MA2B2","MAN2B2","rs7778543","chr7",89891963,"T","G",0.0405,0.008986,0.31495,{"v":6.575e-06,"d":"6.58E-06"},35345,true,"reported","textfile",0.000574380529895874,20.3119978842179]
["9255_5_IL17C_IL_17C","IL17C","rs139432295","chr6",29861610,"GT","G",0.0913,0.01971,0.04429,{"v":3.62e-06,"d":"3.62E-06"},35446,true,"reported","textfile",0.000604976153164333,21.4557549928755]
["9263_57_SIAE_SIAE","SIAE","rs3213017","chr10",60778611,"T","G",-0.136,0.030572,0.0183,{"v":8.645e-06,"d":"8.65E-06"},35354,true,"reported","textfile",0.000559433578820051,19.7881660429942]
["9264_11_CTSO_CATO","CTSO","rs67873985","chr17",82611964,"C","T",0.039,0.008684,0.32619,{"v":7.084e-06,"d":"7.08E-06"},35024,true,"reported","textfile",0.000575537751063022,20.1680906152451]
["9266_1_TREM1_sTREM_1","TREM1","rs1704910","chr12",104522102,"T","C",-0.0441,0.009795,0.22933,{"v":6.726e-06,"d":"6.73E-06"},35360,true,"reported","textfile",0.000572937365958998,20.2695325581713]
["9266_1_TREM1_sTREM_1","TREM1","rs1614483","chr7",153113157,"C","A",-0.047,0.010522,0.18679,{"v":7.935e-06,"d":"7.94E-06"},35384,true,"reported","textfile",0.000563569356195301,19.9514549895458]
["9271_101_STIM1_STIM1","STIM1","rs28479466","chr7",86861705,"T","A",0.0617,0.013924,0.09187,{"v":9.368e-06,"d":"9.37E-06"},35351,true,"reported","textfile",0.000555136056316659,19.6344042204647]
["9278_9_EPYC_Epiphycan","EPYC","rs390872","chr17",33945296,"T","C",-0.0567,0.011637,0.14873,{"v":1.102E-6,"d":"1.10E-06"},35373,true,"reported","textfile",6.70688378505364E-4,23.7388400002206]
["9278_9_EPYC_Epiphycan","EPYC","rs76838203","chr6",23505439,"A","G",0.1008,0.020528,0.041,{"v":9.095e-07,"d":"9.10E-07"},35362,true,"reported","textfile",0.000681388723640755,24.1103337774963]
["9282_12_CRISP2_CRIS2","CRISP2","rs12200464","chr6",48494645,"G","T",-0.0675,8.182E-3,0.48984,{"v":1.592E-16,"d":"1.59E-16"},35358,true,"reported","textfile",1.92116978600643E-3,68.0556253652627]
["9282_12_CRISP2_CRIS2","CRISP2","rs6997943","chr8",119451368,"C","A",-0.082,0.008302,0.27685,{"v":5.236E-23,"d":"5.24E-23"},35361,true,"reported","textfile",0.00275132046369776,97.5523380197644]
["9288_7_FKBP7_FKBP7","FKBP7","rs74432573","chr5",171678137,"A","G",-0.07,0.01481,0.07836,{"v":2.284e-06,"d":"2.28E-06"},35359,true,"reported","textfile",0.000631410332197545,22.3388801152231]
["9296_15_PTPRD_PTPRD","PTPRD","rs893912","chr15",66636131,"T","C",0.0549,0.010932,0.17128,{"v":5.117e-07,"d":"5.12E-07"},35366,true,"reported","textfile",0.000712606712253182,25.2185947119869]
["9297_12_B3GNT8_B3GN8","B3GNT8","rs113971049","chr19",42722429,"T","C",0.3235,0.033674,0.01532,{"v":7.481e-22,"d":"7.48E-22"},35367,true,"reported","textfile",0.00260272993842191,92.2857391284098]
["9306_7_DEFB118_DB118","DEFB118","rs2666035","chr2",54711701,"A","T",-0.0705,0.015556,0.06958,{"v":5.845e-06,"d":"5.85E-06"},35345,true,"reported","textfile",0.000580767201399643,20.5379829859687]
["9312_8_AZGP1_AZGP1","AZGP1","rs4713498","chr6",32043539,"T","G",0.0995,0.016924,0.06413,{"v":4.119e-09,"d":"4.12E-09"},35441,true,"reported","textfile",0.000974340609215895,34.5633333092352]
["9313_27_CBLN1_CBLN1","CBLN1","rs648997","chr12",111538972,"T","C",0.0453,0.007851,0.36916,{"v":7.94e-09,"d":"7.94E-09"},35371,true,"reported","textfile",0.00094035216581701,33.2906206600209]
["9314_9_PSG5_PSG5","PSG5","rs2070895","chr15",58431740,"A","G",0.0476,0.010035,0.19622,{"v":2.1e-06,"d":"2.10E-06"},35366,true,"reported","textfile",0.00063579484038133,22.4985531992855]
["9314_9_PSG5_PSG5","PSG5","rs10080411","chr6",35375278,"C","T",0.0783,0.01762,0.05467,{"v":8.837e-06,"d":"8.84E-06"},35353,true,"reported","textfile",0.000558268240970213,19.7463643546318]
["9319_59_TMED4_TMED4","TMED4","rs659164","chr16",888717,"G","A",-0.0349,0.007882,0.47269,{"v":9.519e-06,"d":"9.52E-06"},35307,true,"reported","textfile",0.000554978404860007,19.6043925981149]
["9326_33_ITIH2_ITI_heavy_chain_H2","ITIH2","rs12125040","chr1",64456825,"TATAATATTTCTTTCTTTCT","TGTAATATTTCTTTCTTTCT",0.052,0.011718,0.14203,{"v":9.096e-06,"d":"9.10E-06"},35342,true,"reported","textfile",0.000556886458217382,19.6913332702447]
["9326_33_ITIH2_ITI_heavy_chain_H2","ITIH2","rs111329206","chr6",31914359,"GAGGTGGGCGGATCATGAGGGCGGATCAT","GAGGTGGGCGGATCAT",-0.0401,0.008458,0.37248,{"v":2.126e-06,"d":"2.13E-06"},35441,true,"reported","textfile",0.0006338289338322,22.4765098483528]
["9332_6_DEFB136_DB136","DEFB136","rs62217525","chr21",41465921,"T","C",-0.0885,0.019321,0.04332,{"v":4.636e-06,"d":"4.64E-06"},35366,true,"reported","textfile",0.000592903244372082,20.9798693665883]
["9333_59_ERP27_ERP27","ERP27","rs8176743","chr9",133256028,"T","C",0.0874,0.015785,0.06488,{"v":3.076e-08,"d":"3.08E-08"},35370,true,"reported","textfile",0.00086600892363852,30.6555515924853]
["9339_204_FKBP2_FKBP2","FKBP2","rs4672","chr11",64242407,"A","G",-0.0854,0.014087,0.0878,{"v":1.342e-09,"d":"1.34E-09"},35365,true,"reported","textfile",0.00103813530097377,36.7497298401838]
["9341_1_PDGFD_PDGFD","PDGFD","rs1071960","chr22",42953626,"C","T",-0.0492,0.009029,0.29144,{"v":5.057e-08,"d":"5.06E-08"},35374,true,"reported","textfile",0.000838691682438579,29.6911038730782]
["9343_16_IL2RB_IL_2_sRb","IL2RB","rs7897395","chr10",88994850,"C","T",0.0515,0.008227,0.48555,{"v":3.858E-10,"d":"3.86E-10"},35357,true,"reported","textfile",0.00110706977604102,39.1838311671249]
["9348_1_C1RL_C1RL1","C1RL","rs11229075","chr11",57623550,"C","A",-0.0827,0.009693,0.24826,{"v":1.442e-17,"d":"1.44E-17"},35365,true,"reported","textfile",0.00205412995754431,72.7897172273973]
["9357_4_CREG1_CREG1","CREG1","rs78786231","chr5",145488397,"C","T",-0.1264,0.027227,0.02333,{"v":3.442e-06,"d":"3.44E-06"},35375,true,"reported","textfile",6.08882653725307E-4,21.5511282183657]
["9359_9_DLK2_EGFL9","DLK2","rs11247274","chr15",101192657,"T","C",0.0368,0.008216,0.43581,{"v":7.502e-06,"d":"7.50E-06"},35314,true,"reported","textfile",0.000567781462455088,20.060889203224]
["9361_7_PCDHAC2_PCDC2","PCDHAC2","rs4978871","chr9",110122305,"C","T",-0.0493,0.009597,0.21642,{"v":2.793e-07,"d":"2.79E-07"},35370,true,"reported","textfile",7.45527881074083E-4,26.3875027168155]
["9363_11_CT55_CX048","CT55","rs76407881","chr5",31474979,"G","A",-0.0954,0.021273,0.03726,{"v":7.308e-06,"d":"7.31E-06"},35385,true,"reported","textfile",0.000568032658446275,20.1101227602978]
["9368_64_LRTM1_LRTM1","LRTM1","rs16881504","chr6",18935483,"T","C",-0.0632,0.01317,0.09636,{"v":1.596e-06,"d":"1.60E-06"},35375,true,"reported","textfile",0.000650554273404669,23.02703665024]
["9370_69_GGH_GGH","GGH","rs35895091","chr4",82913620,"G","A",0.0426,0.008671,0.30813,{"v":8.976e-07,"d":"8.98E-07"},35360,true,"reported","textfile",0.000682137962368939,24.1354978127397]
["9370_69_GGH_GGH","GGH","rs12547350","chr8",61296995,"T","C",0.1591,0.016471,0.06507,{"v":4.49e-22,"d":"4.49E-22"},35367,true,"reported","textfile",0.00263122489800844,93.2987585344778]
["9377_25_KITLG_SCF","KITLG","rs9753199","chr2",169791230,"A","G",0.0436,0.009405,0.25406,{"v":3.555e-06,"d":"3.56E-06"},35366,true,"reported","textfile",0.00060730325326212,21.4897230270677]
["9377_25_KITLG_SCF","KITLG","rs739468","chr9",133461126,"G","T",0.0722,0.01389,0.0968,{"v":2.014e-07,"d":"2.01E-07"},35369,true,"reported","textfile",0.000763335540947512,27.0175115034492]
["9380_2_PLA2G12B_sPLA_2__XIII","PLA2G12B","rs1683166","chr12",25066995,"G","A",0.0728,0.016467,0.06542,{"v":9.823e-06,"d":"9.82E-06"},35364,true,"reported","textfile",5.52373006096094E-4,19.5438097144926]
["9384_17_CAMP_Cathelicidin_peptide","CAMP","rs11168293","chr12",47899933,"T","G",-0.0403,0.008504,0.37969,{"v":2.146e-06,"d":"2.15E-06"},35360,true,"reported","textfile",0.000634710370347739,22.4563425482508]
["9384_17_CAMP_Cathelicidin_peptide","CAMP","rs5112","chr19",44927023,"G","C",0.0642,0.008287,0.48777,{"v":9.391e-15,"d":"9.39E-15"},35367,true,"reported","textfile",0.00169410682024551,60.0137574137256]
["9386_42_TTC9B_TTC9B","TTC9B","rs151228478","chr16",1762309,"A","C",0.1243,0.028012,0.02032,{"v":9.108e-06,"d":"9.11E-06"},35321,true,"reported","textfile",0.000557158798003648,19.6892616320353]
["9392_43_MGAT4A_MGT4A","MGAT4A","rs193043799","chr10",120664901,"T","C",-0.1553,0.03401,0.01441,{"v":4.965e-06,"d":"4.97E-06"},35380,true,"reported","textfile",0.000589000880237943,20.8499537821886]
["9392_43_MGAT4A_MGT4A","MGAT4A","rs17732416","chr9",21638408,"T","C",-0.1034,0.019726,0.04293,{"v":1.59e-07,"d":"1.59E-07"},35353,true,"reported","textfile",0.000776603495632147,27.4750473919393]
["9398_30_GALP_GALP","GALP","rs10866931","chr8",2073005,"A","G",0.0434,0.009486,0.22292,{"v":4.763E-6,"d":"4.76E-06"},35286,true,"reported","textfile",0.00059286148265505,20.9309336983865]
["9409_11_TPSAB1_TRYB1","TPSAB1","rs141196266","chr16",1271903,"T","C",-0.4447,0.023979,0.03708,{"v":8.898e-77,"d":"8.90E-77"},35316,true,"reported","textfile",0.00964476426721144,343.912157015346]
["9409_11_TPSAB1_TRYB1","TPSAB1","rs4687679","chr3",52865268,"C","G",0.0462,0.008495,0.35434,{"v":5.366e-08,"d":"5.37E-08"},35351,true,"reported","textfile",0.000835973038331899,29.5755352820843]
["9443_137_CTSK_cathepsin_K","CTSK","rs4977155","chr14",106473508,"C","T",-0.0884,0.010598,0.16663,{"v":7.34e-17,"d":"7.34E-17"},34966,true,"reported","textfile",1.9858545819479E-3,69.5715786414449]
["9444_70_DGCR6_DGCR6","DGCR6","rs9267139","chr6",31471721,"A","G",0.0698,0.012641,0.10872,{"v":3.353e-08,"d":"3.35E-08"},35439,true,"reported","textfile",0.000859593349367161,30.4876164738831]
["9451_20_UMOD_Uromodulin","UMOD","rs76060115","chr11",134738095,"T","C",-0.0543,0.01162,0.14592,{"v":2.967e-06,"d":"2.97E-06"},35143,true,"reported","textfile",0.000620981694176151,21.8354771466358]
["9451_20_UMOD_Uromodulin","UMOD","rs6777831","chr3",81549380,"A","C",-0.0651,0.010674,0.19042,{"v":1.066E-9,"d":"1.07E-09"},35337,true,"reported","textfile",1.0515283605948E-3,37.1948660781668]
["9459_7_FAS_Fas__soluble","FAS","rs113136188","chr10",102405095,"T","C",-0.0956,0.020079,0.04411,{"v":1.925e-06,"d":"1.93E-06"},35369,true,"reported","textfile",0.000640516883683529,22.6676796567695]
["9470_15_METTL24_MET24","METTL24","rs75572402","chr7",82456963,"T","A",-0.0571,0.012801,0.10681,{"v":8.175e-06,"d":"8.18E-06"},35352,true,"reported","textfile",0.000562504591028433,19.8957287316085]
["9475_22_GPX5_GPX5","GPX5","rs28480228","chr1",241994977,"T","G",-0.035,0.007913,0.49653,{"v":9.736e-06,"d":"9.74E-06"},35360,true,"reported","textfile",0.000552969633854689,19.56271790279]
["9484_75_DSG2_Desmoglein_2","DSG2","rs76800900","chr18",32452052,"A","G",-0.0945,0.018418,0.05293,{"v":2.885e-07,"d":"2.89E-07"},35346,true,"reported","textfile",0.000744243525877126,26.3241347454598]
["9486_13_DEFB125_DB125","DEFB125","rs2416366","chr5",114308333,"A","C",0.0353,0.007847,0.45394,{"v":6.851e-06,"d":"6.85E-06"},35347,true,"reported","textfile",0.000572190937648691,20.2356673566717]
["9495_10_CXCL17_VCC1","CXCL17","rs10845787","chr12",13490616,"T","C",-0.0374,0.008119,0.40216,{"v":4.101e-06,"d":"4.10E-06"},35377,true,"reported","textfile",0.000599455158611605,21.2184457426437]
["9506_10_APOL1_Apo_L1","APOL1","rs1666546","chr3",104078273,"G","A",-0.0478,0.010673,0.21541,{"v":7.517e-06,"d":"7.52E-06"},35328,true,"reported","textfile",0.00056743643482939,20.0566403652865]
["9509_4_TMEM38B_TM38B","TMEM38B","rs112618169","chr16",605338,"C","G",-0.1042,0.022732,0.03268,{"v":4.563e-06,"d":"4.56E-06"},35315,true,"reported","textfile",0.00059462424603527,21.0104593287807]
["9513_9_FGF22_FGF22","FGF22","rs61980750","chr14",48918112,"T","G",0.0612,0.013775,0.09123,{"v":8.873e-06,"d":"8.87E-06"},35361,true,"reported","textfile",5.57895338294618E-4,19.7376328000875]
["9523_34_ITM2C_ITM2C","ITM2C","rs35100521","chr4",110176161,"TATTTATTTATTTATTTATTTATTTT","TATTTATTTATTTATTTT",0.15,0.033613,0.0136,{"v":8.099e-06,"d":"8.10E-06"},35357,true,"reported","textfile",0.000562921732933178,19.9133075014196]
["9524_46_SPATA31D4_S31D4","SPATA31D4","rs6095865","chr20",50296998,"TGGACGGGC","TGGACGGGT",0.0358,0.008082,0.40069,{"v":9.445e-06,"d":"9.45E-06"},35378,true,"reported","textfile",5.54312002025372E-4,19.6202171054735]
["9531_24_LST1_LST1","LST1","rs142077449","chr20",63266676,"A","G",0.1702,0.036618,0.01181,{"v":3.351e-06,"d":"3.35E-06"},35309,true,"reported","textfile",0.000611475148794275,21.6025625086037]
["9532_5_WBP1L_WBP1L","WBP1L","rs6547998","chr2",30197159,"T","C",-0.0362,0.007984,0.41674,{"v":5.791e-06,"d":"5.79E-06"},35360,true,"reported","textfile",0.000581047195348289,20.556611094347]
["9543_131_COG8_COG8","COG8","rs41446546","chr18",48197233,"T","C",0.1071,0.022633,0.03118,{"v":2.223e-06,"d":"2.22E-06"},35366,true,"reported","textfile",6.32752492136256E-4,22.3908269834814]
["9547_29_EMID1_EMID1","EMID1","rs2680791","chr5",23029108,"T","A",-0.0517,0.011345,0.13806,{"v":5.188e-06,"d":"5.19E-06"},35364,true,"reported","textfile",0.000586888698442214,20.7657453355658]
["9557_5_MANSC1_MANS1","MANSC1","rs150649461","chr1",92460097,"C","G",0.1267,0.025123,0.02756,{"v":4.576e-07,"d":"4.58E-07"},35352,true,"reported","textfile",0.000718925530960862,25.4323014502902]
["9561_21_VCAN_CSPG2","VCAN","rs211161","chr6",96614917,"G","T",0.1661,0.031055,0.01526,{"v":8.861e-08,"d":"8.86E-08"},35343,true,"reported","textfile",8.08763240142758E-4,28.6056368574364]
["9574_11_BIN1_BIN1","BIN1","rs60133623","chr16",84453433,"G","C",-0.0785,0.017327,0.05621,{"v":5.884e-06,"d":"5.88E-06"},35382,true,"reported","textfile",0.000579773444138768,20.5242838883881]
["9576_58_MNX1_MNX1","MNX1","rs6133987","chr20",10669706,"T","C",-0.0432,0.009163,0.24016,{"v":2.422e-06,"d":"2.42E-06"},35378,true,"reported","textfile",0.000627893614636287,22.2263202759514]
["9580_5_LAMC2_Laminin_gamma_2","LAMC2","rs12737538","chr1",183581298,"AAAAGAAAGAAAGAAAGA","GAAAGAAAGAAAGAAAGA",-0.1752,0.01126,0.15745,{"v":1.36e-54,"d":"1.36E-54"},35358,true,"reported","textfile",0.00680049033355915,242.084429052998]
["9580_5_LAMC2_Laminin_gamma_2","LAMC2","rs116889578","chr17",57204634,"T","C",0.1593,0.035663,0.01281,{"v":7.938e-06,"d":"7.94E-06"},35375,true,"reported","textfile",0.000563708354616591,19.9513023436693]
["9582_93_SUSD1_SUSD1","SUSD1","rs35276348","chr6",21313924,"GTGTGA","GTGTG",0.0368,0.00821,0.36865,{"v":7.377e-06,"d":"7.38E-06"},35369,true,"reported","textfile",0.000567727473520968,20.0902233277484]
["9590_10_COX7A2L_COX7R","COX7A2L","rs2006166","chr14",105918863,"C","T",-0.1806,0.012815,0.11033,{"v":4.172e-45,"d":"4.17E-45"},34966,true,"reported","textfile",0.00564797130799475,198.597340895953]
["9594_30_SLC30A5_ZNT5","SLC30A5","rs10850001","chr12",112115226,"ATA","ATT",0.0385,0.008385,0.37904,{"v":4.4e-06,"d":"4.40E-06"},35370,true,"reported","textfile",0.000595691609066685,21.0809785915284]
["9598_23_CSMD1_CSMD1","CSMD1","rs72673751","chr8",105566712,"C","T",-0.0552,0.011392,0.14705,{"v":1.263E-6,"d":"1.26E-06"},35365,true,"reported","textfile",0.000663462386835405,23.477596888129]
["9599_6_PIANP_PIANP","PIANP","rs485940","chr9",110102826,"CACT","CTCT",-0.0467,0.010246,0.19003,{"v":5.168e-06,"d":"5.17E-06"},35367,true,"reported","textfile",5.8704556326987E-4,20.7730610783806]
["9609_25_ZNF275_ZN275","ZNF275","rs10922098","chr1",196695521,"T","C",-0.0384,0.008065,0.40011,{"v":1.926e-06,"d":"1.93E-06"},35338,true,"reported","textfile",0.00064111098549806,22.6688310201549]
["9715_15_IGSF3_IGSF3","IGSF3","rs113856068","chr1",116602362,"TAA","TA",-0.11,0.008452,0.40687,{"v":1.005e-38,"d":"1.01E-38"},35353,true,"reported","textfile",0.00476830819013118,169.372081110868]
["9715_15_IGSF3_IGSF3","IGSF3","rs7889","chr6",31637671,"G","C",-0.05,0.008328,0.43895,{"v":1.925e-09,"d":"1.93E-09"},35439,true,"reported","textfile",1.01609802418026E-3,36.0440900115199]
["9728_4_CCNB1IP1_CIP1","CCNB1IP1","rs17822803","chr6",78520501,"C","T",-0.0398,0.008366,0.31502,{"v":1.959e-06,"d":"1.96E-06"},35341,true,"reported","textfile",0.000639990542601839,22.6311094810428]
["9739_4_MSH2_MSH2","MSH2","rs3220978","chr1",110871814,"TACACACACAC","TACACACAC",-0.0674,0.015104,0.07331,{"v":8.101e-06,"d":"8.10E-06"},35347,true,"reported","textfile",0.000563039268888646,19.911834103385]
["9739_4_MSH2_MSH2","MSH2","rs211161","chr6",96614917,"G","T",0.1512,0.030824,0.01526,{"v":9.327e-07,"d":"9.33E-07"},35343,true,"reported","textfile",0.000680340947848049,24.0602986442831]
["9747_48_MARK3_MARK3","MARK3","rs78212277","chr1",9748423,"C","T",0.1115,0.023891,0.02821,{"v":3.056E-6,"d":"3.06E-06"},35391,true,"reported","textfile",0.000615065039823282,21.7799327695224]
["9747_48_MARK3_MARK3","MARK3","rs1580881","chr9",83027397,"C","T",-0.0381,0.00793,0.4513,{"v":1.553E-6,"d":"1.55E-06"},35366,true,"reported","textfile",0.000652280296529293,23.0822965336895]
["9754_33_NQO2_Quinone_reductase_2","NQO2","rs114141799","chr6",2945983,"T","C",0.5098,0.044753,0.01004,{"v":4.621e-30,"d":"4.62E-30"},35363,true,"reported","textfile",0.00365607865197225,129.756999006402]
["9759_13_IDO1_INDO","IDO1","rs6784807","chr3",52129139,"T","G",0.1152,0.012296,0.11708,{"v":7.344e-21,"d":"7.34E-21"},35336,true,"reported","textfile",0.00247789210870645,87.7713276491865]
["9762_14_VASP_VASP","VASP","rs342200","chr7",106676033,"A","G",-0.0462,0.008157,0.42559,{"v":1.479E-8,"d":"1.48E-08"},35357,true,"reported","textfile",0.000906470686081893,32.0773482823305]
["9769_48_DNER_DNER","DNER","rs140118846","chr12",111280204,"A","G",-0.1185,0.023169,0.0313,{"v":3.143E-7,"d":"3.14E-07"},35370,true,"reported","textfile",0.000739036662382989,26.1575800858442]
["9772_153_NLGN2_NLGN2","NLGN2","rs114576150","chr17",7404631,"GTCTCCCCCC","TTCTCCCCCC",-0.2047,0.013475,0.10086,{"v":4.083e-52,"d":"4.08E-52"},35368,true,"reported","textfile",0.00648250936535292,230.756306130678]
["9778_45_TMEM52B_TM52B","TMEM52B","rs2822810","chr21",14617096,"G","A",-0.1441,0.032356,0.01643,{"v":8.445e-06,"d":"8.45E-06"},35276,true,"reported","textfile",0.000561946350927434,19.8332407999089]
["9786_310_IER3_IEX1","IER3","rs12625145","chr20",39897264,"A","G",-0.0377,0.008206,0.36625,{"v":4.345e-06,"d":"4.35E-06"},35376,true,"reported","textfile",0.000596282289836429,21.1054745413615]
["9789_52_SYNE2_Nesprin_2","SYNE2","rs185009887","chr17",5848332,"A","G",-0.149,0.025641,0.02519,{"v":6.21e-09,"d":"6.21E-09"},35374,true,"reported","textfile",0.000953683065738946,33.7658793486526]
["9793_145_IGDCC4_IGDC4","IGDCC4","rs182820178","chr6",58262452,"A","G",-0.1147,0.021011,0.03894,{"v":4.789e-08,"d":"4.79E-08"},35349,true,"reported","textfile",0.00084234553412565,29.7994890612693]
["9802_27_PNPLA2_PLPL2","PNPLA2","rs9966495","chr18",63872636,"C","T",-0.0435,0.009718,0.20913,{"v":7.595e-06,"d":"7.60E-06"},35369,true,"reported","textfile",0.000566181903410989,20.0354991149612]
["9805_51_SEMA4B_SEM4B","SEMA4B","rs28452703","chr1",203478100,"C","G",-0.0802,0.010588,0.17618,{"v":3.595e-14,"d":"3.60E-14"},35367,true,"reported","textfile",0.00161964068509014,57.3715140665601]
["9816_37_ISOC1_ISOC1","ISOC1","rs75853042","chr1",21351721,"A","G",-0.0462,0.009736,0.22017,{"v":2.08E-6,"d":"2.08E-06"},35371,true,"reported","textfile",0.000636207951715679,22.5163641341377]
["9816_37_ISOC1_ISOC1","ISOC1","rs7035907","chr9",82966233,"G","A",0.0401,0.007999,0.48492,{"v":5.349e-07,"d":"5.35E-07"},35365,true,"reported","textfile",0.000710125611161381,25.1300174565047]
["9826_135_FHIT_Fragile_histidine_triad_protein","FHIT","rs35567863","chr8",4398737,"T","G",-0.051,0.010964,0.1608,{"v":3.295e-06,"d":"3.30E-06"},35360,true,"reported","textfile",0.000611539301319357,21.6360379035527]
["9830_109_VAV3_VAV3","VAV3","rs871895","chr4",138820418,"T","C",-0.0376,0.008481,0.39244,{"v":9.27e-06,"d":"9.27E-06"},35365,true,"reported","textfile",0.000555477654605137,19.6542738097203]
["9831_12_G3BP2_G3BP2","G3BP2","rs12694703","chr2",226637502,"G","A",0.0377,0.008488,0.34623,{"v":8.932e-06,"d":"8.93E-06"},35356,true,"reported","textfile",0.00055765625621183,19.7263798212328]
["9835_16_ALDH1A3_AL1A3","ALDH1A3","rs610077","chr2",31235324,"A","G",0.0534,0.009036,0.30363,{"v":3.426E-9,"d":"3.43E-09"},35367,true,"reported","textfile",0.000986513875675252,34.9225147586382]
["9835_16_ALDH1A3_AL1A3","ALDH1A3","rs7775071","chr6",52039243,"C","G",0.0482,0.010847,0.18127,{"v":8.839e-06,"d":"8.84E-06"},35367,true,"reported","textfile",0.000557999962567793,19.7446862103763]
["9837_60_NQO1_NAD_P_H_dehydrogenase","NQO1","rs12376200","chr9",20710897,"A","G",0.048,0.010458,0.14525,{"v":4.433e-06,"d":"4.43E-06"},35357,true,"reported","textfile",0.000595457966691153,21.0649597104433]
["9840_2_CDC42_Cdc42Hs","CDC42","rs77265585","chr9",4764332,"C","G",0.0541,0.011514,0.14219,{"v":2.621E-6,"d":"2.62E-06"},35374,true,"reported","textfile",0.000623716089767449,22.0758545929592]
["9841_197_PAICS_Multifunctional_protein_ADE2","PAICS","rs140389157","chr7",139931572,"T","C",0.1241,0.028004,0.0203,{"v":9.36e-06,"d":"9.36E-06"},35382,true,"reported","textfile",0.000554727970884892,19.6371688967635]
["9844_138_ACTN2_ACTN2","ACTN2","rs10833719","chr11",22205338,"C","T",0.1038,0.008338,0.41016,{"v":1.418E-35,"d":"1.42E-35"},35360,true,"reported","textfile",4.36374507481251E-3,154.969545948098]
["9846_32_ARHGDIB_Rho_GDI_beta","ARHGDIB","rs35669853","chr2",226423002,"A","G",0.0439,0.009893,0.21491,{"v":9.105e-06,"d":"9.11E-06"},35358,true,"reported","textfile",0.000556600426856825,19.6901242234976]
["9849_13_APEX1_APEX1","APEX1","rs6083669","chr20",24893261,"TAGAGGTGGGCGAGAAA","TGGAGGTGGGCGAGAAA",-0.0672,0.013568,0.09931,{"v":7.318e-07,"d":"7.32E-07"},35366,true,"reported","textfile",0.000693138150592639,24.5291396400438]
["9855_10_RHOA_Rho_A","RHOA","rs34376304","chr2",239375689,"C","G",-0.0388,0.008491,0.34172,{"v":4.89e-06,"d":"4.89E-06"},35292,true,"reported","textfile",0.000591306457428294,20.8795510960358]
["9856_22_DHPS_DHYS","DHPS","rs117841447","chr12",24415521,"T","C",-0.073,0.015458,0.06694,{"v":2.331e-06,"d":"2.33E-06"},35361,true,"reported","textfile",0.000630290495315375,22.3004974154181]
["9865_40_UBE2B_UBE2B","UBE2B","rs139783923","chr1",150412392,"A","G",-0.115,0.022894,0.03057,{"v":5.085e-07,"d":"5.09E-07"},35362,true,"reported","textfile",0.000713026596910897,25.2306105631571]
["9872_23_CTNNA2_CTNA2","CTNNA2","rs73529549","chr16",17470220,"A","C",0.0741,0.01563,0.06762,{"v":2.129e-06,"d":"2.13E-06"},35378,true,"reported","textfile",0.0006349058937976,22.474700218614]
["9873_17_ESRRA_ERRalpha","ESRRA","rs10922098","chr1",196695521,"T","C",-0.1028,0.008105,0.40011,{"v":7.354e-37,"d":"7.35E-37"},35338,true,"reported","textfile",0.00453174682232128,160.862795174406]
["9876_20_ALDOC_aldolase_C","ALDOC","rs28944190","chr17",27762576,"G","T",-0.2346,0.031656,0.01694,{"v":1.254E-13,"d":"1.25E-13"},35358,true,"reported","textfile",0.00155089423607221,54.9185895345314]
["9876_20_ALDOC_aldolase_C","ALDOC","rs3747207","chr22",43928975,"A","G",0.0556,0.009677,0.22927,{"v":9.173e-09,"d":"9.17E-09"},35372,true,"reported","textfile",0.000932402348268002,33.0098495194472]
["9883_29_GLO1_Glyoxalase_I","GLO1","rs77875470","chr7",137636339,"G","C",-0.1561,0.035161,0.01358,{"v":9.016e-06,"d":"9.02E-06"},35374,true,"reported","textfile",0.000556874438442071,19.7087379289395]
["9885_41_RAP2A_RAP2A","RAP2A","rs35095923","chr14",106119900,"G","A",-0.0965,0.007978,0.43864,{"v":1.118E-33,"d":"1.12E-33"},34966,true,"reported","textfile",0.00416684352167971,146.299122442587]
["9889_42_AFAP1L1_AF1L1","AFAP1L1","rs143622154","chr16",14966771,"A","G",0.1057,0.023216,0.03019,{"v":5.291e-06,"d":"5.29E-06"},35379,true,"reported","textfile",0.000585565186722986,20.7276770167617]
["9895_77_ERCC4_XPF","ERCC4","rs11145290","chr9",77134015,"A","C",0.039,0.007995,0.39589,{"v":1.071E-6,"d":"1.07E-06"},35357,true,"reported","textfile",6.7255016917411E-4,23.7940138992239]
["9899_28_KIF1C_KIF1C","KIF1C","rs142928702","chr1",14000306,"T","C",0.1116,0.025036,0.0252,{"v":8.289e-06,"d":"8.29E-06"},35395,true,"reported","textfile",0.000561064578165207,19.8689063545636]
["9900_36_NEFH_NFH","NEFH","rs7513100","chr1",198065935,"C","T",0.0574,0.011165,0.14871,{"v":2.735e-07,"d":"2.74E-07"},35343,true,"reported","textfile",7.4727122995543E-4,26.4290622156833]
["9906_21_SPOCK3_TICN3","SPOCK3","rs144245963","chr16",28579926,"TGTCTCA","CGTCTCA",-0.1414,0.029921,0.01958,{"v":2.292e-06,"d":"2.29E-06"},35387,true,"reported","textfile",0.00063070876264328,22.331714374073]
["9906_21_SPOCK3_TICN3","SPOCK3","rs182863478","chr4",165031629,"A","C",-0.1434,0.03096,0.0172,{"v":3.626e-06,"d":"3.63E-06"},35363,true,"reported","textfile",0.000606294889053665,21.4521999310038]
["9913_4_RRBP1_RRBP1","RRBP1","rs117906965","chr21",31219450,"C","T",0.1299,0.028925,0.01906,{"v":7.09e-06,"d":"7.09E-06"},35372,true,"reported","textfile",0.000569855041878199,20.167265249015]
["9925_56_SCARF2_SREC_II","SCARF2","rs61851538","chr10",21324141,"A","G",-0.0518,0.011293,0.13933,{"v":4.501e-06,"d":"4.50E-06"},35364,true,"reported","textfile",0.000594594893708337,21.0385740600212]
["9926_4_S100P_S100P","S100P","rs2220796","chr11",25800600,"C","T",0.0356,0.007929,0.48712,{"v":7.128e-06,"d":"7.13E-06"},35363,true,"reported","textfile",0.000569726682406603,20.1575895331899]
["9930_48_GABBR2_GABR2","GABBR2","rs28606377","chr4",104904432,"A","G",0.0837,0.018543,0.04798,{"v":6.367e-06,"d":"6.37E-06"},35351,true,"reported","textfile",0.000576021880499128,20.3735330545862]
["9930_48_GABBR2_GABR2","GABBR2","rs117133926","chr6",74384414,"T","C",0.1695,0.036762,0.0115,{"v":4.012e-06,"d":"4.01E-06"},35343,true,"reported","textfile",0.000601141322009777,21.2577143516558]
["9934_29_PITPNA_PIPNA","PITPNA","rs10733084","chr1",196181819,"C","T",-0.053,0.011624,0.1337,{"v":5.123e-06,"d":"5.12E-06"},35337,true,"reported","textfile",0.000587970358917874,20.7881554515852]
["9937_7_GJA1_CXA1","GJA1","rs6939483","chr6",136985468,"G","A",-0.0361,0.008145,0.38554,{"v":9.319e-06,"d":"9.32E-06"},35360,true,"reported","textfile",0.000555237470001419,19.6429929900412]
["9940_35_DUSP28_DUS28","DUSP28","rs2206816","chr20",6003768,"T","G",-0.052,0.011536,0.14531,{"v":6.553e-06,"d":"6.55E-06"},35374,true,"reported","textfile",0.00057406706997372,20.3175640435699]
["9947_22_TOPBP1_TOPB1","TOPBP1","rs1233553","chr7",155805451,"A","G",0.0699,0.015603,0.066,{"v":7.463e-06,"d":"7.46E-06"},35340,true,"reported","textfile",0.00056757730776328,20.0684372913476]
["9951_36_FBXL4_FBXL4","FBXL4","rs10987760","chr9",127858745,"C","A",0.0679,0.014971,0.07541,{"v":5.752e-06,"d":"5.75E-06"},35357,true,"reported","textfile",0.000581446722414919,20.5690086536444]
["9954_2_NPIPB3_NPPL3","NPIPB3","rs1451915","chr1",196058002,"A","C",0.0712,0.011688,0.13641,{"v":1.116e-09,"d":"1.12E-09"},35335,true,"reported","textfile",0.00104910420180512,37.1069277962476]
["9957_9_RNF114_RN114","RNF114","rs75327431","chr12",42802980,"C","T",-0.0807,0.01753,0.05347,{"v":4.155E-6,"d":"4.16E-06"},35361,true,"reported","textfile",0.000598960931654418,21.1913523745298]
["9957_9_RNF114_RN114","RNF114","rs7777283","chr7",78198333,"A","G",0.0385,0.008086,0.43583,{"v":1.923e-06,"d":"1.92E-06"},35354,true,"reported","textfile",0.000640821439227171,22.6688462022079]
["9962_1_CDHR5_MUCDL","CDHR5","rs6972489","chr7",86893848,"A","G",0.0662,0.013681,0.09501,{"v":1.305E-6,"d":"1.31E-06"},35351,true,"reported","textfile",0.000661897949622865,23.4129275899851]
["9963_19_PCDHB10_PCDBA","PCDHB10","rs4665985","chr2",27531011,"C","A",0.056,0.009448,0.23221,{"v":3.086e-09,"d":"3.09E-09"},35373,true,"reported","textfile",0.000992186413478205,35.1294806245258]
["9963_19_PCDHB10_PCDBA","PCDHB10","rs75882252","chr2",50888610,"T","G",-0.0833,0.017505,0.05502,{"v":1.949e-06,"d":"1.95E-06"},35346,true,"reported","textfile",0.000640246709067575,22.6433770329119]
["9963_19_PCDHB10_PCDBA","PCDHB10","rs2064358","chr20",43886713,"A","G",-0.1202,0.02638,0.0242,{"v":5.2e-06,"d":"5.20E-06"},35368,true,"reported","textfile",0.000586670145853117,20.7603558592412]
["9963_19_PCDHB10_PCDBA","PCDHB10","rs73166733","chr22",27867984,"A","G",-0.1082,0.024434,0.0282,{"v":9.498e-06,"d":"9.50E-06"},35378,true,"reported","textfile",0.00055397663661531,19.6083400591788]
["9963_19_PCDHB10_PCDBA","PCDHB10","rs9882865","chr3",6896321,"G","A",0.0444,0.008676,0.30848,{"v":3.093E-7,"d":"3.09E-07"},35357,true,"reported","textfile",0.000740167267680208,26.1879972472022]
["9963_19_PCDHB10_PCDBA","PCDHB10","rs62269916","chr3",74348841,"A","G",0.0992,0.021998,0.03471,{"v":6.499e-06,"d":"6.50E-06"},35343,true,"reported","textfile",0.000575047508837726,20.3344472830878]
["9963_19_PCDHB10_PCDBA","PCDHB10","rs62262273","chr3",86478240,"T","C",0.125,0.027532,0.01991,{"v":5.619e-06,"d":"5.62E-06"},35335,true,"reported","textfile",0.000583023594721881,20.6119899487825]
["9963_19_PCDHB10_PCDBA","PCDHB10","rs1706435","chr3",165743688,"G","A",0.0807,0.008296,0.36981,2.31E-22,35339,true,"reported","textfile",0.00267050864480221,94.6204487076243]
["9963_19_PCDHB10_PCDBA","PCDHB10","rs33987386","chr4",126789785,"CA","C",0.0458,0.009774,0.21431,{"v":2.786e-06,"d":"2.79E-06"},35362,true,"reported","textfile",0.000620554429279668,21.9564297790796]
["9963_19_PCDHB10_PCDBA","PCDHB10","rs147758947","chr5",97902623,"GCCCA","GCCCG",0.0764,0.016304,0.06722,{"v":2.786e-06,"d":"2.79E-06"},35344,true,"reported","textfile",0.000620887552901696,21.9570407479507]
["9963_19_PCDHB10_PCDBA","PCDHB10","rs451652","chr6",32041507,"A","G",0.0665,0.012088,0.13221,{"v":3.767e-08,"d":"3.77E-08"},35437,true,"reported","textfile",0.000853309721517835,30.2628535691359]
["9963_19_PCDHB10_PCDBA","PCDHB10","rs4713498","chr6",32043539,"T","G",0.1023,0.016521,0.06413,{"v":5.934e-10,"d":"5.93E-10"},35441,true,"reported","textfile",1.08069475593825E-3,38.3401754822811]
["9963_19_PCDHB10_PCDBA","PCDHB10","rs1059611","chr8",19967052,"C","T",-0.0662,0.013707,0.09358,{"v":1.367E-6,"d":"1.37E-06"},35368,true,"reported","textfile",0.000659074220652247,23.3241912607649]
["9963_19_PCDHB10_PCDBA","PCDHB10","rs146451338","chr8",105357244,"T","G",0.1293,0.027744,0.02027,{"v":3.155e-06,"d":"3.16E-06"},35359,true,"reported","textfile",0.000613892365100451,21.7187253125057]
["9963_19_PCDHB10_PCDBA","PCDHB10","rs16873418","chr8",105579917,"G","A",-0.0481,0.009262,0.2507,{"v":2.066e-07,"d":"2.07E-07"},35362,true,"reported","textfile",0.000762101255452746,26.9684530847626]
["9963_19_PCDHB10_PCDBA","PCDHB10","rs12551103","chr9",83496327,"T","C",0.0799,0.017145,0.06088,{"v":3.159e-06,"d":"3.16E-06"},35364,true,"reported","textfile",0.000613748676110524,21.7167092861942]
["9963_19_PCDHB10_PCDBA","PCDHB10","rs1916675","chr9",104484123,"G","A",0.0418,0.008715,0.30309,{"v":1.618E-6,"d":"1.62E-06"},35363,true,"reported","textfile",0.000650109105735784,23.0034628485844]
["9964_10_MYZAP_MYZAP","MYZAP","rs4774967","chr15",57563562,"T","G",0.0716,0.00817,0.34582,{"v":1.889e-18,"d":"1.89E-18"},35359,true,"reported","textfile",0.00216740287346621,76.7993184606567]
["9964_10_MYZAP_MYZAP","MYZAP","rs72684863","chr1",49320605,"A","G",0.0707,0.015708,0.06613,{"v":6.763e-06,"d":"6.76E-06"},35370,true,"reported","textfile",5.72418041485591E-4,20.2568766929456]
["9964_10_MYZAP_MYZAP","MYZAP","rs11208703","chr1",65670271,"G","A",-0.0404,0.00863,0.24841,{"v":2.848e-06,"d":"2.85E-06"},35346,true,"reported","textfile",0.000619628922019298,21.913743008808]
["9964_10_MYZAP_MYZAP","MYZAP","rs10922098","chr1",196695521,"T","C",-0.1115,0.007926,0.40011,{"v":6.003e-45,"d":"6.00E-45"},35338,true,"reported","textfile",0.00556896262297053,197.886887927732]
["9964_10_MYZAP_MYZAP","MYZAP","rs1564943","chr11",12157560,"T","C",0.0451,0.008236,0.33715,{"v":4.344e-08,"d":"4.34E-08"},35376,true,"reported","textfile",8.46922582213662E-4,29.9844339174256]
["9964_10_MYZAP_MYZAP","MYZAP","rs67379953","chr11",122001694,"A","G",0.0662,0.01472,0.07357,{"v":6.88e-06,"d":"6.88E-06"},35370,true,"reported","textfile",0.000571501044360636,20.2244072067872]
["9964_10_MYZAP_MYZAP","MYZAP","rs73098434","chr12",52753391,"GGTAGGCTTGGAGGCAGCCAGT","GGTAGGCTTGGAGGCAGCCAAT",-0.0577,0.011365,0.13753,{"v":3.838e-07,"d":"3.84E-07"},35374,true,"reported","textfile",0.000728135548326293,25.7743778561507]
["9964_10_MYZAP_MYZAP","MYZAP","rs12809475","chr12",78914621,"G","A",0.1679,0.03748,0.01081,{"v":7.472e-06,"d":"7.47E-06"},35357,true,"reported","textfile",0.000567257690581111,20.0667786850295]
["9964_10_MYZAP_MYZAP","MYZAP","rs825958","chr12",90329300,"G","A",-0.0375,0.008079,0.36767,{"v":3.46e-06,"d":"3.46E-06"},35359,true,"reported","textfile",6.08951634094918E-4,21.5438220723496]
["9964_10_MYZAP_MYZAP","MYZAP","rs34469540","chr13",77565854,"T","A",0.0913,0.02002,0.03919,{"v":5.102e-06,"d":"5.10E-06"},35355,true,"reported","textfile",0.0005879050195363,20.7964324827118]
["9964_10_MYZAP_MYZAP","MYZAP","rs17245472","chr16",86245695,"T","C",0.0877,0.018851,0.04375,{"v":3.284e-06,"d":"3.28E-06"},35381,true,"reported","textfile",0.000611356742489774,21.6424214328125]
["9964_10_MYZAP_MYZAP","MYZAP","rs11569393","chr19",6721618,"ATTTTTTTTTCC","ATTTTTTTTTCA",-0.0368,0.007871,0.45686,{"v":2.93e-06,"d":"2.93E-06"},35372,true,"reported","textfile",0.000617600860893226,21.8580419953472]
["9964_10_MYZAP_MYZAP","MYZAP","rs10206294","chr2",142808210,"G","A",-0.067,0.014906,0.08134,{"v":6.964e-06,"d":"6.96E-06"},35352,true,"reported","textfile",0.000571169826006395,20.2023923462474]
["9964_10_MYZAP_MYZAP","MYZAP","rs78837218","chr2",168736637,"A","G",-0.1272,0.028701,0.01845,{"v":9.342e-06,"d":"9.34E-06"},35353,true,"reported","textfile",0.000555280816052256,19.6406381978696]
["9964_10_MYZAP_MYZAP","MYZAP","rs10932427","chr2",212208890,"C","A",0.0874,0.018987,0.04319,{"v":4.161e-06,"d":"4.16E-06"},35363,true,"reported","textfile",0.00059882637250932,21.187787164031]
["9964_10_MYZAP_MYZAP","MYZAP","rs6768807","chr3",152376412,"G","T",-0.0391,0.008724,0.2708,{"v":7.395e-06,"d":"7.40E-06"},35349,true,"reported","textfile",0.000567934625942079,20.0861928676075]
["9964_10_MYZAP_MYZAP","MYZAP","rs1619994","chr3",165744047,"G","A",0.0627,0.008654,0.2807,{"v":4.324e-13,"d":"4.32E-13"},35339,true,"reported","textfile",0.00148320921906119,52.4900178523527]
["9964_10_MYZAP_MYZAP","MYZAP","rs12630470","chr3",191667816,"A","G",0.1076,0.023325,0.0282,{"v":3.968E-6,"d":"3.97E-06"},35380,true,"reported","textfile",0.000601121507706858,21.2792681253917]
["9964_10_MYZAP_MYZAP","MYZAP","rs73202837","chr4",1979502,"T","G",-0.0755,0.016819,0.0567,{"v":7.153E-6,"d":"7.15E-06"},35278,true,"reported","textfile",0.000570875765846222,20.1497165008303]
["9964_10_MYZAP_MYZAP","MYZAP","rs431664","chr4",78343399,"G","A",-0.0632,0.012897,0.10325,{"v":9.566e-07,"d":"9.57E-07"},35359,true,"reported","textfile",0.000678675134820396,24.0122132338986]
["9964_10_MYZAP_MYZAP","MYZAP","rs4529191","chr5",126471334,"T","C",-0.0372,0.007922,0.41924,{"v":2.655E-6,"d":"2.66E-06"},35348,true,"reported","textfile",0.000623419704763713,22.0491387521494]
["9964_10_MYZAP_MYZAP","MYZAP","rs72827646","chr5",168790334,"A","G",-0.0764,0.017268,0.05282,{"v":9.674e-06,"d":"9.67E-06"},35370,true,"reported","textfile",0.000553130096424155,19.5739321813244]
["9964_10_MYZAP_MYZAP","MYZAP","rs7774739","chr6",32041524,"G","A",0.0691,0.010852,0.17585,{"v":1.918E-10,"d":"1.92E-10"},35437,true,"reported","textfile",0.00114283350909818,40.5426388811548]
["9964_10_MYZAP_MYZAP","MYZAP","rs3129882","chr6",32441753,"A","G",0.0625,0.007836,0.4259,{"v":1.507E-15,"d":"1.51E-15"},35439,true,"reported","textfile",0.00179188781529115,63.6131160780656]
["9964_10_MYZAP_MYZAP","MYZAP","rs76359966","chr6",32487803,"G","T",0.0488,0.007542,0.35973,{"v":9.785e-11,"d":"9.79E-11"},35428,true,"reported","textfile",1.1803397528703E-3,41.8641299820204]
["9964_10_MYZAP_MYZAP","MYZAP","rs74671299","chr6",32487867,"A","T",0.0515,0.007649,0.32992,{"v":1.668e-11,"d":"1.67E-11"},35430,true,"reported","textfile",0.00127784643994785,45.3294677734914]
["9964_10_MYZAP_MYZAP","MYZAP","rs77236357","chr6",32492067,"T","G",0.0398,0.007677,0.33345,{"v":2.168e-07,"d":"2.17E-07"},35436,true,"reported","textfile",0.000757895093418673,26.8756236434892]
["9964_10_MYZAP_MYZAP","MYZAP","rs144446194","chr7",128533031,"C","T",0.1024,0.020687,0.0365,{"v":7.423e-07,"d":"7.42E-07"},35354,true,"reported","textfile",6.92572817391061E-4,24.5008028304534]
["9964_10_MYZAP_MYZAP","MYZAP","rs7863118","chr9",108520274,"A","G",-0.0411,0.008871,0.25762,{"v":3.605e-06,"d":"3.61E-06"},35365,true,"reported","textfile",0.000606598455996238,21.4641613265149]
["9969_8_SLC22A16_S22AG","SLC22A16","rs34947804","chr1",7863963,"TGGGGGGG","CGGGGGGG",-0.0457,0.009727,0.23284,{"v":2.621E-6,"d":"2.62E-06"},35386,true,"reported","textfile",0.000623407852228843,22.0724235654338]
["9969_8_SLC22A16_S22AG","SLC22A16","rs3820296","chr1",21479954,"C","T",-0.0571,0.008239,0.49913,{"v":4.195e-12,"d":"4.20E-12"},35374,true,"reported","textfile",0.00135596896558696,48.028459351087]
["9969_8_SLC22A16_S22AG","SLC22A16","rs2186117","chr1",65991106,"A","G",0.1136,0.023368,0.03225,{"v":1.166e-06,"d":"1.17E-06"},35348,true,"reported","textfile",0.000668126146842698,23.6313755261769]
["9969_8_SLC22A16_S22AG","SLC22A16","rs1585364","chr1",89506503,"T","G",-0.0505,0.010662,0.18471,{"v":2.177e-06,"d":"2.18E-06"},35340,true,"reported","textfile",0.000634400111719639,22.4326624315013]
["9969_8_SLC22A16_S22AG","SLC22A16","rs116839211","chr1",166398240,"G","A",0.1418,0.028237,0.02197,{"v":5.118e-07,"d":"5.12E-07"},35355,true,"reported","textfile",0.000712778918200222,25.2168471321517]
["9969_8_SLC22A16_S22AG","SLC22A16","rs77141449","chr1",168868719,"T","A",-0.1437,0.025142,0.0268,{"v":1.093e-08,"d":"1.09E-08"},35361,true,"reported","textfile",0.000922971577551014,32.6655013399295]
["9969_8_SLC22A16_S22AG","SLC22A16","rs1591734","chr1",169302664,"T","C",-0.1268,0.012344,0.1303,{"v":9.434e-25,"d":"9.43E-25"},35364,true,"reported","textfile",0.00297489330131146,105.512064053536]
["9969_8_SLC22A16_S22AG","SLC22A16","rs61808983","chr1",169505159,"T","C",-0.407,0.015731,0.07171,{"v":1.382E-147,"d":"1.38E-147"},35363,true,"reported","textfile",0.018577323496794,669.347419717977]
["9969_8_SLC22A16_S22AG","SLC22A16","rs6670678","chr1",169568440,"G","A",-0.1716,0.008232,0.47186,{"v":1.637e-96,"d":"1.64E-96"},35360,true,"reported","textfile",0.0121396769466038,434.509502468209]
["9969_8_SLC22A16_S22AG","SLC22A16","rs143710785","chr1",170614619,"T","C",0.1789,0.03464,0.01419,{"v":2.41E-7,"d":"2.41E-07"},35360,true,"reported","textfile",0.000753746288780693,26.6710644945884]
["9969_8_SLC22A16_S22AG","SLC22A16","rs60642321","chr1",196853238,"G","A",-0.0532,0.011033,0.16758,{"v":1.423E-6,"d":"1.42E-06"},35338,true,"reported","textfile",6.57519157499301E-4,23.2493838646864]
["9969_8_SLC22A16_S22AG","SLC22A16","rs7894992","chr10",19795284,"A","G",-0.1054,0.008147,0.49304,{"v":2.778E-38,"d":"2.78E-38"},35358,true,"reported","textfile",0.00471136922518425,167.363682428421]
["9969_8_SLC22A16_S22AG","SLC22A16","rs113212038","chr10",19844688,"C","T",-0.0755,0.016542,0.06754,{"v":5.015e-06,"d":"5.02E-06"},35354,true,"reported","textfile",0.000588875508114177,20.8301933535476]
["9969_8_SLC22A16_S22AG","SLC22A16","rs10159712","chr10",19971440,"A","G",0.1872,9.11E-3,0.2838,7.84E-94,35360,true,"reported","textfile",0.0118006852494306,422.231247098856]
["9969_8_SLC22A16_S22AG","SLC22A16","rs10437425","chr10",20078274,"G","T",-0.0629,0.009186,0.27349,{"v":7.511e-12,"d":"7.51E-12"},35363,true,"reported","textfile",0.00132410941388276,46.8839124140954]
["9969_8_SLC22A16_S22AG","SLC22A16","rs11012153","chr10",20565668,"A","C",-0.0935,0.01448,0.0829,{"v":1.068E-10,"d":"1.07E-10"},35369,true,"reported","textfile",0.00117747486401466,41.6928457935376]
["9969_8_SLC22A16_S22AG","SLC22A16","rs79715583","chr10",35417931,"T","C",0.074,0.015724,0.07333,{"v":2.524e-06,"d":"2.52E-06"},35342,true,"reported","textfile",0.000626288111712526,22.1468922032189]
["9969_8_SLC22A16_S22AG","SLC22A16","rs139889371","chr10",71944217,"T","C",0.1041,0.021811,0.03704,{"v":1.817e-06,"d":"1.82E-06"},35370,true,"reported","textfile",0.000643629037475696,22.7785327225317]
["9969_8_SLC22A16_S22AG","SLC22A16","rs58467463","chr10",123516270,"A","C",-0.0597,0.013235,0.10972,{"v":6.462e-06,"d":"6.46E-06"},35380,true,"reported","textfile",0.000574768887696296,20.3458678807706]
["9969_8_SLC22A16_S22AG","SLC22A16","rs79871936","chr11",123818734,"C","T",0.1513,0.033609,0.01453,{"v":6.74e-06,"d":"6.74E-06"},35369,true,"reported","textfile",0.000572657720642799,20.2647903946506]
["9969_8_SLC22A16_S22AG","SLC22A16","rs12788297","chr11",132134284,"A","G",0.0373,0.008252,0.45147,{"v":6.184e-06,"d":"6.18E-06"},35372,true,"reported","textfile",0.00057728307572614,20.4302964528079]
["9969_8_SLC22A16_S22AG","SLC22A16","rs12433043","chr14",20006453,"A","C",-0.0409,0.008264,0.43801,{"v":7.458e-07,"d":"7.46E-07"},35335,true,"reported","textfile",0.000692723551284944,24.4929680933901]
["9969_8_SLC22A16_S22AG","SLC22A16","rs142366060","chr14",30108261,"T","C",0.1623,0.035211,0.01358,{"v":4.04e-06,"d":"4.04E-06"},35361,true,"reported","textfile",6.00474987098217E-4,21.2449521311627]
["9969_8_SLC22A16_S22AG","SLC22A16","rs17580","chr14",94380925,"A","T",0.1343,0.023058,0.03316,{"v":5.727e-09,"d":"5.73E-09"},35372,true,"reported","textfile",0.000958148493769787,33.9222147435993]
["9969_8_SLC22A16_S22AG","SLC22A16","rs11643777","chr16",23207951,"G","C",-0.0503,0.010462,0.18512,{"v":1.525E-6,"d":"1.53E-06"},35369,true,"reported","textfile",0.000653130573738144,23.1143657003284]
["9969_8_SLC22A16_S22AG","SLC22A16","rs369648654","chr17",47420860,"TTGGGGGGG","GTGGGGGGG",0.0436,0.009059,0.49143,{"v":1.486E-6,"d":"1.49E-06"},35360,true,"reported","textfile",0.000654659982512316,23.1626313094785]
["9969_8_SLC22A16_S22AG","SLC22A16","rs139431526","chr17",68871900,"ATATAC","A",0.0447,0.00829,0.43253,{"v":6.958e-08,"d":"6.96E-08"},35372,true,"reported","textfile",0.00082127678402553,29.0724363680271]
["9969_8_SLC22A16_S22AG","SLC22A16","rs9989554","chr18",2559435,"T","C",0.0391,0.008347,0.38413,{"v":2.809e-06,"d":"2.81E-06"},35345,true,"reported","textfile",0.000620433397252106,21.9415908548364]
["9969_8_SLC22A16_S22AG","SLC22A16","rs594793","chr19",7765060,"T","G",-0.0555,0.008285,0.43083,{"v":2.099E-11,"d":"2.10E-11"},35373,true,"reported","textfile",0.0012670053372221,44.8720989717725]
["9969_8_SLC22A16_S22AG","SLC22A16","rs6544941","chr2",46947977,"A","G",-0.071,0.008699,0.33068,{"v":3.301e-16,"d":"3.30E-16"},35358,true,"reported","textfile",0.00188049804168936,66.6121527848336]
["9969_8_SLC22A16_S22AG","SLC22A16","rs74795512","chr3",73548254,"A","G",0.0774,0.017358,0.05796,{"v":8.234e-06,"d":"8.23E-06"},35348,true,"reported","textfile",0.000562177536052278,19.8819043493029]
["9969_8_SLC22A16_S22AG","SLC22A16","rs28495065","chr3",120258800,"G","A",-0.0599,0.012754,0.116,{"v":2.644E-6,"d":"2.64E-06"},35362,true,"reported","textfile",0.000623380459214883,22.0564826181014]
["9969_8_SLC22A16_S22AG","SLC22A16","rs149062332","chr3",186623236,"C","T",0.139,0.028182,0.02045,{"v":8.129e-07,"d":"8.13E-07"},35367,true,"reported","textfile",0.000687367721991136,24.3254800380166]
["9969_8_SLC22A16_S22AG","SLC22A16","rs72613567","chr4",87310240,"TA","T",0.0461,0.009004,0.29348,{"v":3.054e-07,"d":"3.05E-07"},35364,true,"reported","textfile",0.000740709118633393,26.212371595776]
["9969_8_SLC22A16_S22AG","SLC22A16","rs3010276","chr5",72718742,"A","G",-0.0481,0.009664,0.23468,{"v":6.452e-07,"d":"6.45E-07"},35354,true,"reported","textfile",0.000700218442444127,24.7714678158959]
["9969_8_SLC22A16_S22AG","SLC22A16","rs9257052","chr6",31101840,"ATTTTTTTTTTTTTTTTTTTTTG","TTTTTTTTTTTTG",0.1052,0.015474,0.08168,{"v":1.058e-11,"d":"1.06E-11"},35435,true,"reported","textfile",0.00130265003348915,46.2170032174099]
["9969_8_SLC22A16_S22AG","SLC22A16","rs1071649","chr6",31271337,"T","G",-0.0523,0.009881,0.22009,{"v":1.205E-7,"d":"1.21E-07"},35439,true,"reported","textfile",7.89908763189628E-4,28.0141254443324]
["9969_8_SLC22A16_S22AG","SLC22A16","rs34283380","chr6",31559812,"A","G",0.2002,0.031052,0.01722,{"v":1.139E-10,"d":"1.14E-10"},35439,true,"reported","textfile",1.17154355568702E-3,41.564683820355]
["9969_8_SLC22A16_S22AG","SLC22A16","rs28366220","chr6",32589782,"T","C",-0.1092,0.010315,0.24416,3.43E-26,35439,true,"reported","textfile",3.15249263537559E-3,112.068175618101]
["9969_8_SLC22A16_S22AG","SLC22A16","rs34958241","chr6",32591798,"G","A",-0.1682,0.010955,0.17154,{"v":3.374e-53,"d":"3.37E-53"},35439,true,"reported","textfile",0.00660794534976194,235.723406748971]
["9969_8_SLC22A16_S22AG","SLC22A16","rs9271669","chr6",32624998,"G","A",0.0883,0.008202,0.46525,{"v":5.015e-27,"d":"5.02E-27"},35439,true,"reported","textfile",0.00325973594030642,115.893043234903]
["9969_8_SLC22A16_S22AG","SLC22A16","rs62398467","chr6",32796758,"T","C",-0.0476,0.010769,0.17682,{"v":9.862e-06,"d":"9.86E-06"},35438,true,"reported","textfile",0.000551003787162233,19.5361346860794]
["9969_8_SLC22A16_S22AG","SLC22A16","rs377757889","chr6",159403294,"T","C",0.0466,0.010533,0.19239,{"v":9.679E-6,"d":"9.68E-06"},35365,true,"reported","textfile",0.000553163734764089,19.5723558699336]
["9969_8_SLC22A16_S22AG","SLC22A16","rs9458073","chr6",160985839,"G","A",0.0509,0.010673,0.18065,{"v":1.853e-06,"d":"1.85E-06"},35388,true,"reported","textfile",0.000642284582037798,22.7424893702692]
["9969_8_SLC22A16_S22AG","SLC22A16","rs13234805","chr7",73634852,"A","G",0.0617,0.012582,0.12033,{"v":9.4E-7,"d":"9.40E-07"},35353,true,"reported","textfile",0.000679750257783483,24.0461967713579]
["9969_8_SLC22A16_S22AG","SLC22A16","rs10953607","chr7",109412302,"A","G",0.0401,0.008298,0.4235,{"v":1.349e-06,"d":"1.35E-06"},35365,true,"reported","textfile",6.59905174890334E-4,23.3516365654586]
["9970_7_UBXN4_UBXN4","UBXN4","rs10922098","chr1",196695521,"T","C",-0.0486,0.007996,0.40011,{"v":1.214e-09,"d":"1.21E-09"},35338,true,"reported","textfile",0.00104431429851161,36.9404675106212]
["9970_7_UBXN4_UBXN4","UBXN4","rs11601665","chr11",262930,"T","C",0.0428,0.008853,0.26367,{"v":1.335e-06,"d":"1.34E-06"},35352,true,"reported","textfile",0.000660701947566926,23.3712552803717]
["9970_7_UBXN4_UBXN4","UBXN4","rs75457068","chr11",30006277,"A","G",0.1527,0.029375,0.01766,{"v":2.012E-7,"d":"2.01E-07"},35368,true,"reported","textfile",0.000763449180507833,27.020772704618]
["9970_7_UBXN4_UBXN4","UBXN4","rs57490461","chr11",132905513,"A","G",-0.0427,0.008967,0.25242,{"v":1.919e-06,"d":"1.92E-06"},35271,true,"reported","textfile",0.000642487258353314,22.674451160824]
["9970_7_UBXN4_UBXN4","UBXN4","rs2481969","chr13",27993146,"A","T",0.0462,0.009813,0.19344,{"v":2.502e-06,"d":"2.50E-06"},35361,true,"reported","textfile",0.000626446039449001,22.1643903033996]
["9970_7_UBXN4_UBXN4","UBXN4","rs9534850","chr13",47864629,"A","G",0.0371,0.007943,0.41071,{"v":3e-06,"d":"3.00E-06"},35366,true,"reported","textfile",0.000616488431566829,21.8149455554996]
["9970_7_UBXN4_UBXN4","UBXN4","rs9898228","chr17",2421612,"C","T",-0.061,0.013728,0.09108,{"v":8.858e-06,"d":"8.86E-06"},35362,true,"reported","textfile",5.58040716357921E-4,19.7433373165155]
["9970_7_UBXN4_UBXN4","UBXN4","rs9797183","chr17",42085577,"T","A",0.0354,0.007941,0.4221,{"v":8.27e-06,"d":"8.27E-06"},35382,true,"reported","textfile",0.000561345048702879,19.871542615165]
["9970_7_UBXN4_UBXN4","UBXN4","rs193242515","chr18",73055080,"A","T",-0.0604,0.013547,0.09217,{"v":8.249e-06,"d":"8.25E-06"},35371,true,"reported","textfile",0.000561689454463425,19.8775593303732]
["9970_7_UBXN4_UBXN4","UBXN4","rs12478841","chr2",27588855,"G","A",0.0567,0.009437,0.21569,{"v":1.873E-9,"d":"1.87E-09"},35373,true,"reported","textfile",1.01949084107607E-3,36.0972113160266]
["9970_7_UBXN4_UBXN4","UBXN4","rs116279715","chr2",205092776,"A","G",0.0941,0.020871,0.0369,{"v":6.522e-06,"d":"6.52E-06"},35353,true,"reported","textfile",0.000574667730435249,20.326760071694]
["9970_7_UBXN4_UBXN4","UBXN4","rs6028088","chr20",61270827,"A","G",-0.0546,0.012207,0.11634,{"v":7.723e-06,"d":"7.72E-06"},35352,true,"reported","textfile",0.000565597787885644,20.0051966967554]
["9970_7_UBXN4_UBXN4","UBXN4","rs75222213","chr22",28177318,"A","G",-0.116,0.025356,0.02517,{"v":4.764e-06,"d":"4.76E-06"},35379,true,"reported","textfile",0.000591224057624471,20.9281066867347]
["9970_7_UBXN4_UBXN4","UBXN4","rs10935973","chr3",154064536,"TGA","CGA",0.047,0.010521,0.16468,{"v":7.921e-06,"d":"7.92E-06"},35353,true,"reported","textfile",0.000564170425513502,19.9552468724471]
["9970_7_UBXN4_UBXN4","UBXN4","rs1355538","chr3",165787389,"G","A",-0.0442,0.007984,0.39847,{"v":3.092e-08,"d":"3.09E-08"},35338,true,"reported","textfile",0.000866532831694106,30.6463602180438]
["9970_7_UBXN4_UBXN4","UBXN4","rs74969721","chr5",62175678,"C","T",-0.0501,0.010344,0.17472,{"v":1.277E-6,"d":"1.28E-06"},35359,true,"reported","textfile",0.000662995259616063,23.4570753239894]
["9970_7_UBXN4_UBXN4","UBXN4","rs749005","chr6",6283433,"T","G",-0.052,0.011733,0.12926,{"v":9.338e-06,"d":"9.34E-06"},35379,true,"reported","textfile",0.000554883668690222,19.6410180273938]
["9970_7_UBXN4_UBXN4","UBXN4","rs11755689","chr6",32618599,"G","A",0.0375,0.007993,0.33707,{"v":2.707e-06,"d":"2.71E-06"},35436,true,"reported","textfile",0.000620766879088924,22.0099166208867]
["9970_7_UBXN4_UBXN4","UBXN4","rs114577455","chr6",138683775,"G","A",-0.0814,0.018398,0.04686,{"v":9.673e-06,"d":"9.67E-06"},35368,true,"reported","textfile",0.000553167650844427,19.5741549290634]
["9970_7_UBXN4_UBXN4","UBXN4","rs62489766","chr7",104296033,"A","G",0.1089,0.024316,0.02656,{"v":7.518e-06,"d":"7.52E-06"},35365,true,"reported","textfile",0.000566828381346279,20.0561204278267]
["9970_7_UBXN4_UBXN4","UBXN4","rs6986061","chr8",17780165,"C","T",0.0471,8.038E-3,0.39936,{"v":4.635e-09,"d":"4.64E-09"},35372,true,"reported","textfile",0.000969761253202778,34.3337510672444]
["9970_7_UBXN4_UBXN4","UBXN4","rs7844716","chr8",28200087,"A","T",0.0425,0.009014,0.25401,{"v":2.418E-6,"d":"2.42E-06"},35369,true,"reported","textfile",0.0006281264679086,22.2289113581003]
["9970_7_UBXN4_UBXN4","UBXN4","rs117815264","chr9",94598328,"T","C",-0.0869,0.015264,0.07055,{"v":1.248E-8,"d":"1.25E-08"},35349,true,"reported","textfile",0.000916067931486239,32.409942883581]
["9971_5_CSMD2_CSMD2","CSMD2","rs72684863","chr1",49320605,"A","G",0.0712,0.015994,0.06613,{"v":8.526e-06,"d":"8.53E-06"},35370,true,"reported","textfile",0.000559973509657809,19.8162396588474]
["9971_5_CSMD2_CSMD2","CSMD2","rs7114094","chr11",65159733,"TGACTGAC","TGACTGAA",-0.045,0.009192,0.24819,{"v":9.797e-07,"d":"9.80E-07"},35363,true,"reported","textfile",0.000677269722817327,23.9651655495725]
["9971_5_CSMD2_CSMD2","CSMD2","rs116874287","chr12",43967867,"C","A",-0.1352,0.029309,0.018,{"v":3.972e-06,"d":"3.97E-06"},35357,true,"reported","textfile",0.000601470980804552,21.2778045082919]
["9971_5_CSMD2_CSMD2","CSMD2","rs11451044","chr12",54322000,"CA","C",0.0364,0.008019,0.43683,{"v":5.643E-6,"d":"5.64E-06"},35374,true,"reported","textfile",0.000582137097671269,20.603347391681]
["9971_5_CSMD2_CSMD2","CSMD2","rs7971747","chr12",131643007,"G","A",0.0823,0.018569,0.04942,{"v":9.335e-06,"d":"9.34E-06"},34884,true,"reported","textfile",0.000562797126885003,19.6425441474136]
["9971_5_CSMD2_CSMD2","CSMD2","rs2955075","chr15",38838840,"T","C",-0.1739,0.034892,0.01439,{"v":6.231e-07,"d":"6.23E-07"},35368,true,"reported","textfile",0.000701830158629816,24.8383576986258]
["9971_5_CSMD2_CSMD2","CSMD2","rs9806545","chr15",63036291,"T","C",0.0352,0.00795,0.49528,{"v":9.527e-06,"d":"9.53E-06"},35364,true,"reported","textfile",0.000554050052267502,19.6031790906832]
["9971_5_CSMD2_CSMD2","CSMD2","rs3985663","chr15",64872685,"C","A",0.069,0.010449,0.17379,{"v":4.007e-11,"d":"4.01E-11"},35362,true,"reported","textfile",1.23161987304406E-3,43.6037819952833]
["9971_5_CSMD2_CSMD2","CSMD2","rs117261643","chr16",6239283,"G","A",0.1222,0.027622,0.02155,{"v":9.685e-06,"d":"9.69E-06"},35379,true,"reported","textfile",5.52899795054004E-4,19.5707567170034]
["9971_5_CSMD2_CSMD2","CSMD2","rs117619561","chr16",27105584,"AAGAAAGAGAA","AAGAGAGAGAA",0.0914,0.020475,0.03971,{"v":8.048e-06,"d":"8.05E-06"},35374,true,"reported","textfile",0.000563009623496905,19.9259949292354]
["9971_5_CSMD2_CSMD2","CSMD2","rs185009887","chr17",5848332,"A","G",-0.143,0.025712,0.02519,{"v":2.672E-8,"d":"2.67E-08"},35374,true,"reported","textfile",0.000873648223554575,30.9297066468395]
["9971_5_CSMD2_CSMD2","CSMD2","rs150398841","chr2",19291604,"T","A",0.1405,0.031413,0.01621,{"v":7.725e-06,"d":"7.73E-06"},35372,true,"reported","textfile",5.65234492247643E-4,20.0036507441706]
["9971_5_CSMD2_CSMD2","CSMD2","rs148445004","chr2",27979337,"A","G",0.1597,0.035823,0.01259,{"v":8.27e-06,"d":"8.27E-06"},35369,true,"reported","textfile",0.000561589761278175,19.872905507385]
["9971_5_CSMD2_CSMD2","CSMD2","rs10184436","chr2",226667748,"A","G",0.0363,0.007968,0.47705,{"v":5.217e-06,"d":"5.22E-06"},35356,true,"reported","textfile",0.000586673687084046,20.7534370285906]
["9971_5_CSMD2_CSMD2","CSMD2","rs1963140","chr22",27289583,"G","A",-0.067,0.014886,0.07973,{"v":6.764E-6,"d":"6.76E-06"},35372,true,"reported","textfile",5.72381128564524E-4,20.256715078765]
["9971_5_CSMD2_CSMD2","CSMD2","rs192108024","chr3",141942626,"ACCATGTCCGGCTAAT","ACCATGCCCGGCTAAT",0.0526,0.011178,0.14867,{"v":2.532e-06,"d":"2.53E-06"},35358,true,"reported","textfile",0.000625869358228141,22.1420950883569]
["9971_5_CSMD2_CSMD2","CSMD2","rs58054649","chr3",191672173,"T","C",0.1048,0.023198,0.0296,{"v":6.252e-06,"d":"6.25E-06"},35380,true,"reported","textfile",0.000576518433024479,20.4078346163745]
["9971_5_CSMD2_CSMD2","CSMD2","rs6770410","chr3",195947629,"G","A",-0.0416,0.009236,0.26249,{"v":6.67e-06,"d":"6.67E-06"},35206,true,"reported","textfile",0.00057590645071917,20.2858934680245]
["9971_5_CSMD2_CSMD2","CSMD2","rs72669897","chr4",111019620,"A","G",-0.1703,0.037807,0.01199,{"v":6.656e-06,"d":"6.66E-06"},35353,true,"reported","textfile",0.000573600346691088,20.2889836239173]
["9971_5_CSMD2_CSMD2","CSMD2","rs6884904","chr5",119581786,"A","C",0.1866,0.039774,0.01002,{"v":2.712E-6,"d":"2.71E-06"},35363,true,"reported","textfile",0.000622021526071745,22.0089932509923]
["9971_5_CSMD2_CSMD2","CSMD2","rs28817896","chr6",32657591,"G","C",-0.0399,0.008534,0.4747,{"v":2.932E-6,"d":"2.93E-06"},35435,true,"reported","textfile",0.000616510173617112,21.8582808342873]
["9971_5_CSMD2_CSMD2","CSMD2","rs9274440","chr6",32665419,"G","A",-0.0354,0.007959,0.33315,{"v":8.665e-06,"d":"8.67E-06"},35436,true,"reported","textfile",0.00055795919036315,19.7817633680006]
["9971_5_CSMD2_CSMD2","CSMD2","rs73408396","chr6",36614372,"G","A",0.1233,0.026772,0.02171,{"v":4.113e-06,"d":"4.11E-06"},35354,true,"reported","textfile",0.000599605322880148,21.2099649823605]
["9971_5_CSMD2_CSMD2","CSMD2","rs342200","chr7",106676033,"A","G",-0.0359,0.007992,0.42559,{"v":7.053e-06,"d":"7.05E-06"},35357,true,"reported","textfile",0.000570367485519934,20.1768506701397]
["9971_5_CSMD2_CSMD2","CSMD2","rs17200107","chr8",103037128,"A","G",-0.043,0.009472,0.22728,{"v":5.63e-06,"d":"5.63E-06"},35359,true,"reported","textfile",0.000582506137228862,20.6076735903413]
["9971_5_CSMD2_CSMD2","CSMD2","rs143916426","chr8",126221897,"A","T",0.1439,0.032477,0.01493,{"v":9.387e-06,"d":"9.39E-06"},35367,true,"reported","textfile",0.000554792453080003,19.6311263038932]
["9971_5_CSMD2_CSMD2","CSMD2","rs4961253","chr8",140517837,"C","T",-0.0487,0.010908,0.15608,{"v":8.024e-06,"d":"8.02E-06"},35325,true,"reported","textfile",0.000563949874003703,19.9316418463407]
["9971_5_CSMD2_CSMD2","CSMD2","rs62549142","chr9",73951353,"T","C",-0.0428,0.009664,0.21669,{"v":9.473e-06,"d":"9.47E-06"},35360,true,"reported","textfile",0.000554396654615419,19.6132304232248]
["9974_8_DLL3_DLL3","DLL3","rs11208704","chr1",65670308,"C","T",-0.0409,0.00891,0.25373,{"v":4.421e-06,"d":"4.42E-06"},35346,true,"reported","textfile",0.000595788491652221,21.0701017731105]
["9974_8_DLL3_DLL3","DLL3","rs144545485","chr1",89252566,"A","C",0.1746,0.038192,0.01152,{"v":4.839e-06,"d":"4.84E-06"},35340,true,"reported","textfile",0.000591044753876825,20.8986915745172]
["9974_8_DLL3_DLL3","DLL3","rs7538567","chr1",180250107,"G","A",0.105,0.023049,0.03195,{"v":5.228e-06,"d":"5.23E-06"},35351,true,"reported","textfile",0.000586702369818413,20.7515170349328]
["9974_8_DLL3_DLL3","DLL3","rs857590","chr1",186286162,"G","A",-0.0426,0.00805,0.49682,{"v":1.211e-07,"d":"1.21E-07"},35357,true,"reported","textfile",0.000791422116554148,28.0028910380669]
["9974_8_DLL3_DLL3","DLL3","rs12757377","chr1",195297923,"G","A",0.0992,0.016456,0.06212,{"v":1.658e-09,"d":"1.66E-09"},35341,true,"reported","textfile",1.02718725428882E-3,36.3370953805453]
["9974_8_DLL3_DLL3","DLL3","rs9943101","chr1",195755176,"A","C",0.0698,0.012406,0.11922,{"v":1.842e-08,"d":"1.84E-08"},35338,true,"reported","textfile",0.000894986456739959,31.6535709526733]
["9974_8_DLL3_DLL3","DLL3","rs12035228","chr1",196110779,"A","G",0.0476,0.009261,0.25269,{"v":2.747e-07,"d":"2.75E-07"},35337,true,"reported","textfile",0.000747040081396254,26.4163953822932]
["9974_8_DLL3_DLL3","DLL3","rs72748418","chr1",196122755,"A","G",0.099,0.015485,0.07164,{"v":1.623E-10,"d":"1.62E-10"},35337,true,"reported","textfile",1.15535710121995E-3,40.8717646551407]
["9974_8_DLL3_DLL3","DLL3","rs10801548","chr1",196560692,"TGTTTTTTTTT","TGTTTTTTCTT",-0.119,0.008126,0.40817,{"v":1.453e-48,"d":"1.45E-48"},35338,true,"reported","textfile",0.0060321296397057,214.444892339807]
["9974_8_DLL3_DLL3","DLL3","rs1329424","chr1",196677046,"G","T",-0.3979,0.006621,0.39735,{"v":1e-200,"d":"1.00E-200"},35338,true,"reported","textfile",0.0927251623605118,3611.40439615388]
["9974_8_DLL3_DLL3","DLL3","rs35351085","chr1",197992799,"T","C",0.1439,0.018518,0.04877,{"v":7.796e-15,"d":"7.80E-15"},35343,true,"reported","textfile",0.00170564495098779,60.3821887882959]
["9974_8_DLL3_DLL3","DLL3","rs12739875","chr1",198644918,"A","C",-0.0551,0.008399,0.36121,{"v":5.376e-11,"d":"5.38E-11"},35343,true,"reported","textfile",0.00121623108901912,43.0351636209415]
["9974_8_DLL3_DLL3","DLL3","rs2012813","chr1",237671401,"C","T",0.0392,0.008308,0.37955,{"v":2.375e-06,"d":"2.38E-06"},35363,true,"reported","textfile",0.000629153668610063,22.2615087856417]
["9974_8_DLL3_DLL3","DLL3","rs34855206","chr10",38595311,"A","G",-0.0456,0.007828,0.45694,{"v":5.695e-09,"d":"5.70E-09"},35330,true,"reported","textfile",0.000959549728091594,33.9315317861189]
["9974_8_DLL3_DLL3","DLL3","rs34283456","chr10",38928587,"T","C",-0.0424,8.182E-3,0.42081,{"v":2.197e-07,"d":"2.20E-07"},35331,true,"reported","textfile",7.59498397394243E-4,26.8527134743907]
["9974_8_DLL3_DLL3","DLL3","rs3213017","chr10",60778611,"T","G",-0.1485,0.029879,0.0183,{"v":6.691e-07,"d":"6.69E-07"},35354,true,"reported","textfile",0.000698198487237416,24.6999583944029]
["9974_8_DLL3_DLL3","DLL3","rs7080386","chr10",63288546,"A","C",0.0826,0.008003,0.43502,{"v":5.669e-25,"d":"5.67E-25"},35351,true,"reported","textfile",0.00300431893040282,106.519688988899]
["9974_8_DLL3_DLL3","DLL3","rs141144647","chr11",61386029,"A","G",0.1562,0.034774,0.01269,{"v":7.059e-06,"d":"7.06E-06"},35365,true,"reported","textfile",0.000570205483356524,20.1756807917547]
["9974_8_DLL3_DLL3","DLL3","rs4310650","chr11",117128163,"C","T",-0.0825,0.018309,0.04924,{"v":6.609e-06,"d":"6.61E-06"},35378,true,"reported","textfile",0.000573582899194008,20.3027139314055]
["9974_8_DLL3_DLL3","DLL3","rs117528794","chr12",28414742,"A","C",-0.1524,0.033167,0.01552,{"v":4.33E-6,"d":"4.33E-06"},35356,true,"reported","textfile",0.000596808718789244,21.112175374411]
["9974_8_DLL3_DLL3","DLL3","rs61923082","chr12",46179199,"C","A",-0.077,0.016475,0.0616,{"v":2.957e-06,"d":"2.96E-06"},35361,true,"reported","textfile",0.000617359118464507,21.8426858510684]
["9974_8_DLL3_DLL3","DLL3","rs653178","chr12",111569952,"T","C",-0.038,0.008194,0.38124,{"v":3.53e-06,"d":"3.53E-06"},35371,true,"reported","textfile",0.000607664618522579,21.5055580592593]
["9974_8_DLL3_DLL3","DLL3","rs138784599","chr14",24428593,"A","G",-0.1578,0.030909,0.01668,{"v":3.303e-07,"d":"3.30E-07"},35375,true,"reported","textfile",0.000736254176220611,26.0627077528783]
["9974_8_DLL3_DLL3","DLL3","rs117265578","chr14",49522779,"A","G",-0.0636,0.014058,0.08612,{"v":6.065e-06,"d":"6.07E-06"},35362,true,"reported","textfile",0.000578467595249586,20.4664533480769]
["9974_8_DLL3_DLL3","DLL3","rs584877","chr15",33592952,"G","A",-0.0394,0.00838,0.33962,{"v":2.583e-06,"d":"2.58E-06"},35369,true,"reported","textfile",0.000624611930224445,22.1044568437037]
["9974_8_DLL3_DLL3","DLL3","rs12599588","chr16",70619500,"A","G",0.0431,0.009697,0.34013,{"v":8.805e-06,"d":"8.81E-06"},35373,true,"reported","textfile",0.000558168569641046,19.7540065423499]
["9974_8_DLL3_DLL3","DLL3","rs2113252","chr16",84652408,"C","A",0.0376,0.008164,0.38939,{"v":4.116e-06,"d":"4.12E-06"},35376,true,"reported","textfile",0.000599239796678958,21.2102185747877]
["9974_8_DLL3_DLL3","DLL3","rs118185092","chr17",14991484,"G","A",-0.0795,0.01714,0.0573,{"v":3.512E-6,"d":"3.51E-06"},35356,true,"reported","textfile",0.00060811443964121,21.5123598757465]
["9974_8_DLL3_DLL3","DLL3","rs2165877","chr17",35519350,"T","G",-0.0489,0.009855,0.20406,{"v":6.981e-07,"d":"6.98E-07"},35368,true,"reported","textfile",0.000695651516746867,24.6195381603325]
["9974_8_DLL3_DLL3","DLL3","rs4239252","chr17",35836561,"A","G",-0.194,0.010194,0.18458,{"v":9.316e-81,"d":"9.32E-81"},35370,true,"reported","textfile",0.0101357243802554,362.150962217957]
["9974_8_DLL3_DLL3","DLL3","rs111887239","chr17",36634959,"T","C",-0.1327,0.022529,0.03194,{"v":3.856e-09,"d":"3.86E-09"},35376,true,"reported","textfile",0.000979768728157404,34.6923294493414]
["9974_8_DLL3_DLL3","DLL3","rs8075641","chr17",57787927,"C","T",0.085,0.018747,0.04704,{"v":5.785e-06,"d":"5.79E-06"},35367,true,"reported","textfile",0.000580929863144884,20.5565265102512]
["9974_8_DLL3_DLL3","DLL3","rs79059610","chr19",7475347,"CTGGGGGCTGT","CTGGGGGCTGC",0.0826,0.018071,0.05042,{"v":4.855e-06,"d":"4.86E-06"},35369,true,"reported","textfile",5.90359391278947E-4,20.8915741283478]
["9974_8_DLL3_DLL3","DLL3","rs775824","chr19",55050202,"C","T",0.0623,0.010736,0.16338,{"v":6.525e-09,"d":"6.53E-09"},35381,true,"reported","textfile",0.000950840874368605,33.6718158330952]
["9974_8_DLL3_DLL3","DLL3","rs2709542","chr2",132710145,"A","G",0.039,0.008134,0.39379,{"v":1.628e-06,"d":"1.63E-06"},35356,true,"reported","textfile",0.00064979364432815,22.9877417900901]
["9974_8_DLL3_DLL3","DLL3","rs116279715","chr2",205092776,"A","G",0.1062,0.021191,0.0369,{"v":5.401e-07,"d":"5.40E-07"},35353,true,"reported","textfile",0.000709923303053397,25.1143279328807]
["9974_8_DLL3_DLL3","DLL3","rs188400754","chr2",211734716,"T","C",0.1384,0.029486,0.01919,{"v":2.683E-6,"d":"2.68E-06"},35356,true,"reported","textfile",0.000622740047987696,22.0300706638194]
["9974_8_DLL3_DLL3","DLL3","rs34731588","chr20",12473470,"A","C",-0.0764,0.016057,0.06606,{"v":1.954e-06,"d":"1.95E-06"},35376,true,"reported","textfile",0.000639545337759775,22.637754648357]
["9974_8_DLL3_DLL3","DLL3","rs8135668","chr22",23715854,"G","C",0.0629,0.013968,0.08938,{"v":6.695e-06,"d":"6.70E-06"},35369,true,"reported","textfile",0.000573008588414561,20.2772137640937]
["9974_8_DLL3_DLL3","DLL3","rs190506352","chr22",42971866,"G","A",-0.037,0.008013,0.42474,{"v":3.886e-06,"d":"3.89E-06"},35374,true,"reported","textfile",0.000602375505813771,21.3200690790402]
["9974_8_DLL3_DLL3","DLL3","rs1354034","chr3",56815721,"C","T",-0.0399,0.008188,0.38119,{"v":1.099E-6,"d":"1.10E-06"},35356,true,"reported","textfile",0.00067117444591549,23.7446381552536]
["9974_8_DLL3_DLL3","DLL3","rs62269916","chr3",74348841,"A","G",0.1035,0.021798,0.03471,{"v":2.054e-06,"d":"2.05E-06"},35343,true,"reported","textfile",0.00063748071305043,22.5435769754403]
["9974_8_DLL3_DLL3","DLL3","rs17420450","chr4",10349141,"C","T",0.0548,0.011381,0.14039,{"v":1.471E-6,"d":"1.47E-06"},35358,true,"reported","textfile",0.000655281489924094,23.1833239608227]
["9974_8_DLL3_DLL3","DLL3","rs115847899","chr4",37605885,"AAAAG","GAAAG",0.1596,0.033461,0.0132,{"v":1.845e-06,"d":"1.85E-06"},35365,true,"reported","textfile",0.000642887508600891,22.7490560506207]
["9974_8_DLL3_DLL3","DLL3","rs9357394","chr6",12441119,"CGGGGT","TGGGGT",0.039,0.008001,0.45396,{"v":1.09e-06,"d":"1.09E-06"},35377,true,"reported","textfile",0.000671163130938169,23.7583414797912]
["9974_8_DLL3_DLL3","DLL3","rs7761445","chr6",23274588,"G","A",0.0389,0.008346,0.34099,{"v":3.151E-6,"d":"3.15E-06"},35360,true,"reported","textfile",0.000613993042413872,21.7229037054058]
["9974_8_DLL3_DLL3","DLL3","rs211161","chr6",96614917,"G","T",0.1433,0.031397,0.01526,{"v":5.016e-06,"d":"5.02E-06"},35343,true,"reported","textfile",0.000589056245330834,20.8301068707802]
["9974_8_DLL3_DLL3","DLL3","rs12193045","chr6",124147849,"T","C",-0.0725,0.015675,0.07028,{"v":3.742e-06,"d":"3.74E-06"},35358,true,"reported","textfile",0.00060465903017666,21.3912590889009]
["9974_8_DLL3_DLL3","DLL3","rs9494145","chr6",135111414,"C","T",0.0438,0.009274,0.24334,{"v":2.325e-06,"d":"2.33E-06"},35372,true,"reported","textfile",6.30203254270407E-4,22.3043453745837]
["9974_8_DLL3_DLL3","DLL3","rs77009508","chr6",160583940,"G","A",0.0888,0.018782,0.0469,{"v":2.268e-06,"d":"2.27E-06"},35389,true,"reported","textfile",0.000631247591989637,22.3520682269815]
["9974_8_DLL3_DLL3","DLL3","rs150250191","chr8",12026154,"T","C",-0.1341,0.030074,0.01722,{"v":8.233e-06,"d":"8.23E-06"},35367,true,"reported","textfile",0.000561866137115523,19.8815667181822]
["9974_8_DLL3_DLL3","DLL3","rs6993770","chr8",105569300,"T","A",-0.0577,0.009551,0.22448,{"v":1.527E-9,"d":"1.53E-09"},35365,true,"reported","textfile",0.00103093744100116,36.4946644420943]
["9974_8_DLL3_DLL3","DLL3","rs414972","chr9",4827637,"T","A",0.0383,0.008159,0.38458,{"v":2.677e-06,"d":"2.68E-06"},35376,true,"reported","textfile",0.000622507403291222,22.0342933947882]
["9974_8_DLL3_DLL3","DLL3","rs476612","chr9",76685195,"T","G",0.0672,0.014351,0.08279,{"v":2.834e-06,"d":"2.83E-06"},35352,true,"reported","textfile",0.00061985619367517,21.9255071077975]
["9979_13_AMIGO1_AMGO1","AMIGO1","rs66653799","chr1",7031171,"A","G",-0.0399,0.008339,0.32721,{"v":1.712e-06,"d":"1.71E-06"},35386,true,"reported","textfile",0.000646555014667651,22.8925039021964]
["9979_13_AMIGO1_AMGO1","AMIGO1","rs6427397","chr1",157735935,"T","C",0.0419,0.008,0.38932,{"v":1.627e-07,"d":"1.63E-07"},35365,true,"reported","textfile",0.00077506419197738,27.4298549192351]
["9979_13_AMIGO1_AMGO1","AMIGO1","rs4657086","chr1",161669495,"A","G",-0.0465,0.009234,0.21934,{"v":4.754e-07,"d":"4.75E-07"},35350,true,"reported","textfile",0.000716845088031582,25.3572173684571]
["9979_13_AMIGO1_AMGO1","AMIGO1","rs118150242","chr10",119938701,"T","C",-0.1849,0.037042,0.01068,{"v":5.986e-07,"d":"5.99E-07"},35378,true,"reported","textfile",0.000703794596583581,24.9149726718813]
["9979_13_AMIGO1_AMGO1","AMIGO1","rs72849397","chr11",8181503,"T","C",0.1052,0.020215,0.04041,{"v":1.949E-7,"d":"1.95E-07"},35374,true,"reported","textfile",0.000765010594711448,27.0806717569393]
["9979_13_AMIGO1_AMGO1","AMIGO1","rs76837171","chr13",44933524,"A","G",-0.1353,0.030266,0.01641,{"v":7.811e-06,"d":"7.81E-06"},35360,true,"reported","textfile",0.000564843198727753,19.9830130896497]
["9979_13_AMIGO1_AMGO1","AMIGO1","rs8001787","chr13",51495458,"C","T",0.0407,0.009071,0.24981,{"v":7.235e-06,"d":"7.24E-06"},35367,true,"reported","textfile",0.000568896318476561,20.1304704534537]
["9979_13_AMIGO1_AMGO1","AMIGO1","rs12147883","chr14",102773293,"T","C",-0.0371,0.007824,0.48296,{"v":2.12E-6,"d":"2.12E-06"},35376,true,"reported","textfile",0.000635192647112461,22.4835861075324]
["9979_13_AMIGO1_AMGO1","AMIGO1","rs76755323","chr14",105777129,"A","G",0.0621,0.008072,0.43419,{"v":1.431e-14,"d":"1.43E-14"},34968,true,"reported","textfile",0.00168972349230832,59.1828743251422]
["9979_13_AMIGO1_AMGO1","AMIGO1","rs1141720","chr14",106714758,"C","T",-0.0508,0.008922,0.28003,{"v":1.244e-08,"d":"1.24E-08"},34968,true,"reported","textfile",0.000926253240111376,32.417397513217]
["9979_13_AMIGO1_AMGO1","AMIGO1","rs74922076","chr17",13117591,"A","G",-0.1538,0.034394,0.01399,{"v":7.76e-06,"d":"7.76E-06"},35362,true,"reported","textfile",0.000565151605449181,19.9950610095136]
["9979_13_AMIGO1_AMGO1","AMIGO1","rs79184516","chr17",13784780,"G","A",-0.1761,0.038587,0.01111,{"v":5.025e-06,"d":"5.03E-06"},35360,true,"reported","textfile",0.000588665652028041,20.8262998517891]
["9979_13_AMIGO1_AMGO1","AMIGO1","rs4793869","chr17",57545532,"C","T",0.0352,0.007865,0.45978,{"v":7.631e-06,"d":"7.63E-06"},35372,true,"reported","textfile",0.000565955644541764,20.0291867787552]
["9979_13_AMIGO1_AMGO1","AMIGO1","rs2739428","chr19",51012289,"T","A",-0.0365,0.008206,0.35922,{"v":8.673e-06,"d":"8.67E-06"},35370,true,"reported","textfile",0.000559042450380042,19.7832730744974]
["9979_13_AMIGO1_AMGO1","AMIGO1","rs6706289","chr2",106298427,"C","G",0.041,0.008055,0.37531,{"v":3.586e-07,"d":"3.59E-07"},35373,true,"reported","textfile",0.000731891590304582,25.9066983353075]
["9979_13_AMIGO1_AMGO1","AMIGO1","rs8184636","chr20",4139351,"G","C",-0.0569,0.012341,0.11312,{"v":4.013e-06,"d":"4.01E-06"},35372,true,"reported","textfile",0.00060062483457867,21.2568678017547]
["9979_13_AMIGO1_AMGO1","AMIGO1","rs2427273","chr20",62306274,"A","G",0.0556,0.012028,0.11656,{"v":3.793e-06,"d":"3.79E-06"},35337,true,"reported","textfile",0.000604324962088097,21.3667349866937]
["9979_13_AMIGO1_AMGO1","AMIGO1","rs1506626","chr4",134865598,"G","C",0.0526,0.011182,0.14471,{"v":2.552e-06,"d":"2.55E-06"},35352,true,"reported","textfile",0.000625528030390476,22.1262564679316]
["9979_13_AMIGO1_AMGO1","AMIGO1","rs55745908","chr6",30842386,"T","C",-0.1168,0.025914,0.02366,{"v":6.571e-06,"d":"6.57E-06"},35440,true,"reported","textfile",0.000572893886131593,20.3138512178979]
["9979_13_AMIGO1_AMGO1","AMIGO1","rs41547217","chr6",32521980,"G","C",0.0471,0.007937,0.48969,{"v":2.958e-09,"d":"2.96E-09"},35439,true,"reported","textfile",0.000992695969210444,35.2131229861622]
["9979_13_AMIGO1_AMGO1","AMIGO1","rs4713555","chr6",32607747,"T","G",-0.0571,0.008394,0.32441,{"v":1.03e-11,"d":"1.03E-11"},35439,true,"reported","textfile",1.30402563004695E-3,46.2710949457134]
["9979_13_AMIGO1_AMGO1","AMIGO1","rs9274484","chr6",32666041,"G","C",0.0461,0.008894,0.26829,{"v":2.18e-07,"d":"2.18E-07"},35439,true,"reported","textfile",0.000757525101408403,26.8647677545272]
["9979_13_AMIGO1_AMGO1","AMIGO1","rs67188382","chr6",72673462,"T","C",0.066,0.014558,0.07774,{"v":5.796e-06,"d":"5.80E-06"},35336,true,"reported","textfile",0.000581318999874323,20.5522729683264]
["9979_13_AMIGO1_AMGO1","AMIGO1","rs11153063","chr6",107417628,"T","C",-0.0743,0.016458,0.06101,{"v":6.349e-06,"d":"6.35E-06"},35376,true,"reported","textfile",0.000575790707371713,20.3797549560892]
["9979_13_AMIGO1_AMGO1","AMIGO1","rs148665430","chr8",21872012,"T","C",0.11,0.022204,0.03265,{"v":7.266e-07,"d":"7.27E-07"},35377,true,"reported","textfile",0.000693267346150362,24.5413460839396]
["9979_13_AMIGO1_AMGO1","AMIGO1","rs10821017","chr9",92798670,"T","C",-0.0476,0.009658,0.21368,{"v":8.281e-07,"d":"8.28E-07"},35359,true,"reported","textfile",0.00068650117226669,24.289296578408]
["9983_97_PRSS35_PRS35","PRSS35","rs72684863","chr1",49320605,"A","G",0.0799,0.016019,0.06613,{"v":6.103e-07,"d":"6.10E-07"},35370,true,"reported","textfile",0.000702881853252773,24.8770109854289]
["9983_97_PRSS35_PRS35","PRSS35","rs139783923","chr1",150412392,"A","G",-0.1146,0.023245,0.03057,{"v":8.218e-07,"d":"8.22E-07"},35362,true,"reported","textfile",0.000686870568483892,24.3044373042583]
["9983_97_PRSS35_PRS35","PRSS35","rs115041442","chr1",152992214,"T","C",-0.1143,0.025297,0.02598,{"v":6.234e-06,"d":"6.23E-06"},35362,true,"reported","textfile",0.000576988217102735,20.4140820415536]
["9983_97_PRSS35_PRS35","PRSS35","rs10922098","chr1",196695521,"T","C",-0.1629,0.008066,0.40011,{"v":1.059e-90,"d":"1.06E-90"},35338,true,"reported","textfile",0.0114103723387236,407.850644675473]
["9983_97_PRSS35_PRS35","PRSS35","rs35351085","chr1",197992799,"T","C",0.0892,0.018295,0.04877,{"v":1.084e-06,"d":"1.08E-06"},35343,true,"reported","textfile",0.000672155039357678,23.7706087804201]
["9983_97_PRSS35_PRS35","PRSS35","rs10431601","chr12",37857106,"T","A",0.0991,0.021435,0.0358,{"v":3.779e-06,"d":"3.78E-06"},35351,true,"reported","textfile",0.000604277072072267,21.3735057401511]
["9983_97_PRSS35_PRS35","PRSS35","rs8000179","chr13",31250685,"A","G",-0.0379,0.008335,0.34013,{"v":5.445e-06,"d":"5.45E-06"},35365,true,"reported","textfile",0.000584305150499682,20.6748634663295]
["9983_97_PRSS35_PRS35","PRSS35","rs496815","chr13",104630753,"C","A",-0.038,0.00799,0.43124,{"v":1.974e-06,"d":"1.97E-06"},35362,true,"reported","textfile",0.000639232887613485,22.6177329047288]
["9983_97_PRSS35_PRS35","PRSS35","rs8020723","chr14",39871770,"T","G",0.0403,0.008646,0.30371,{"v":3.142e-06,"d":"3.14E-06"},35359,true,"reported","textfile",0.000614062943055694,21.7247638500471]
["9983_97_PRSS35_PRS35","PRSS35","rs59228823","chr14",100718850,"C","G",-0.0465,0.008768,0.29146,{"v":1.138E-7,"d":"1.14E-07"},35380,true,"reported","textfile",0.000794331680538723,28.1242061420275]
["9983_97_PRSS35_PRS35","PRSS35","rs11648232","chr16",81410049,"T","C",-0.0485,0.009922,0.19845,{"v":1.019e-06,"d":"1.02E-06"},35375,true,"reported","textfile",0.000674986895322045,23.8924385311325]
["9983_97_PRSS35_PRS35","PRSS35","rs117113493","chr18",80006460,"T","C",-0.118,0.026651,0.02342,{"v":9.526e-06,"d":"9.53E-06"},34953,true,"reported","textfile",0.00056054312456026,19.6025308103754]
["9983_97_PRSS35_PRS35","PRSS35","rs10208529","chr2",27563321,"T","A",0.0548,0.00954,0.2164,{"v":9.249e-09,"d":"9.25E-09"},35373,true,"reported","textfile",0.000931939133405721,32.9943678302568]
["9983_97_PRSS35_PRS35","PRSS35","rs55960516","chr2",124681109,"C","A",-0.0423,0.008239,0.36736,{"v":2.835e-07,"d":"2.84E-07"},35362,true,"reported","textfile",0.000744854254254345,26.3576790598136]
["9983_97_PRSS35_PRS35","PRSS35","rs1838834","chr2",167886088,"CGTATATATATATGTGTGTATATATATACGTGTA","CGTATATATATATGTGTATATATATATACGTGTA",-0.1086,0.022953,0.03208,{"v":2.23e-06,"d":"2.23E-06"},35347,true,"reported","textfile",0.000632926404168143,22.3849517823621]
["9983_97_PRSS35_PRS35","PRSS35","rs77822343","chr2",207249875,"C","T",0.0632,0.012121,0.12453,{"v":1.848e-07,"d":"1.85E-07"},35364,true,"reported","textfile",0.000768178465497109,27.1852099898029]
["9983_97_PRSS35_PRS35","PRSS35","rs17796839","chr2",217290046,"A","G",0.0403,0.007931,0.49907,{"v":3.745e-07,"d":"3.75E-07"},35367,true,"reported","textfile",0.000729523063834508,25.8184182841174]
["9983_97_PRSS35_PRS35","PRSS35","rs12625145","chr20",39897264,"A","G",-0.0373,0.008189,0.36625,{"v":5.236e-06,"d":"5.24E-06"},35376,true,"reported","textfile",0.000586128135897054,20.7458564093672]
["9983_97_PRSS35_PRS35","PRSS35","rs11700422","chr21",23562609,"G","C",-0.0637,0.014195,0.08597,{"v":7.209e-06,"d":"7.21E-06"},35365,true,"reported","textfile",5.69098160690529E-4,20.1364778890286]
["9983_97_PRSS35_PRS35","PRSS35","rs62269916","chr3",74348841,"A","G",0.1041,0.021751,0.03471,{"v":1.702E-6,"d":"1.70E-06"},35343,true,"reported","textfile",0.000647676616945811,22.9043739469131]
["9983_97_PRSS35_PRS35","PRSS35","rs12485327","chr3",162196930,"T","G",0.068,0.015332,0.07334,{"v":9.201e-06,"d":"9.20E-06"},35340,true,"reported","textfile",0.00055630375602487,19.669604405217]
["9983_97_PRSS35_PRS35","PRSS35","rs1707652","chr3",165761011,"T","C",0.0689,0.00855,0.3102,{"v":7.734E-16,"d":"7.73E-16"},35339,true,"reported","textfile",1.83423353545133E-3,64.9354171620408]
["9983_97_PRSS35_PRS35","PRSS35","rs75360557","chr4",35251710,"G","A",0.0769,0.016784,0.05959,{"v":4.614e-06,"d":"4.61E-06"},35350,true,"reported","textfile",0.000593491486085917,20.9911951457668]
["9983_97_PRSS35_PRS35","PRSS35","rs202067139","chr4",76918735,"A","G",0.0492,0.01002,0.20931,{"v":9.098e-07,"d":"9.10E-07"},35359,true,"reported","textfile",0.000681394716200069,24.108500385464]
["9983_97_PRSS35_PRS35","PRSS35","rs6842553","chr4",181334720,"T","A",0.0397,8.966E-3,0.27282,{"v":9.521e-06,"d":"9.52E-06"},35372,true,"reported","textfile",0.000553966212422318,19.6046452444493]
["9983_97_PRSS35_PRS35","PRSS35","rs13174784","chr5",178841305,"C","T",0.0359,7.953E-3,0.46713,{"v":6.368e-06,"d":"6.37E-06"},35342,true,"reported","textfile",0.00057621623447555,20.3752222602133]
["9983_97_PRSS35_PRS35","PRSS35","rs9267139","chr6",31471721,"A","G",0.0665,0.012651,0.10872,{"v":1.468e-07,"d":"1.47E-07"},35439,true,"reported","textfile",0.000779064912407487,27.6292482788744]
["9983_97_PRSS35_PRS35","PRSS35","rs9501393","chr6",32007072,"GGAG","CGAG",0.1079,0.010607,0.1548,{"v":2.62e-24,"d":"2.62E-24"},35440,true,"reported","textfile",2.91137267266355E-3,103.474477540079]
["9983_97_PRSS35_PRS35","PRSS35","rs7774739","chr6",32041524,"G","A",0.0869,0.01106,0.17585,{"v":3.94e-15,"d":"3.94E-15"},35437,true,"reported","textfile",1.73906744592219E-3,61.7312096834106]
["9983_97_PRSS35_PRS35","PRSS35","rs9271766","chr6",32626382,"GGCATCTACAG","GGCATCTACAA",0.0582,0.010418,0.17434,{"v":2.32e-08,"d":"2.32E-08"},35437,true,"reported","textfile",0.000879909499690243,31.2070525034789]
["9983_97_PRSS35_PRS35","PRSS35","rs211161","chr6",96614917,"G","T",0.1395,0.031346,0.01526,{"v":8.574e-06,"d":"8.57E-06"},35343,true,"reported","textfile",0.000560063725891082,19.8043038088966]
["9983_97_PRSS35_PRS35","PRSS35","rs877653","chr6",167340203,"T","C",-0.0405,0.009065,0.26055,{"v":7.909E-6,"d":"7.91E-06"},35341,true,"reported","textfile",5.64482359890372E-4,19.9595089068559]
["9983_97_PRSS35_PRS35","PRSS35","rs11203644","chr8",14611652,"A","G",-0.0368,0.008138,0.38946,{"v":6.118e-06,"d":"6.12E-06"},35364,true,"reported","textfile",0.000577893534910451,20.4472875367773]
["9983_97_PRSS35_PRS35","PRSS35","rs6988322","chr8",138822671,"G","A",0.1041,0.023393,0.02919,{"v":8.582e-06,"d":"8.58E-06"},35367,true,"reported","textfile",5.59613637926642E-4,19.801817672501]
["9983_97_PRSS35_PRS35","PRSS35","rs11794541","chr9",21673751,"A","T",-0.0837,0.01642,0.05959,{"v":3.445e-07,"d":"3.45E-07"},35351,true,"reported","textfile",0.000734486480533289,25.9824463559509]
["9983_97_PRSS35_PRS35","PRSS35","rs57136797","chr9",134860694,"T","A",-0.0864,0.011626,0.13756,{"v":1.073e-13,"d":"1.07E-13"},35338,true,"reported","textfile",0.00156043851886485,55.2258320181258]
["9984_12_YIPF6_YIPF6","YIPF6","rs11208704","chr1",65670308,"C","T",-0.0452,0.008841,0.25373,{"v":3.18e-07,"d":"3.18E-07"},35346,true,"reported","textfile",0.000738946125770645,26.1366254273379]
["9984_12_YIPF6_YIPF6","YIPF6","rs2154363","chr1",102211206,"T","C",-0.0798,0.017169,0.0593,{"v":3.352e-06,"d":"3.35E-06"},35347,true,"reported","textfile",0.00061079837665285,21.6018630056515]
["9984_12_YIPF6_YIPF6","YIPF6","rs10305748","chr1",150812144,"T","C",-0.1118,0.023605,0.02964,{"v":2.177e-06,"d":"2.18E-06"},35363,true,"reported","textfile",0.000633944284549331,22.4311239287596]
["9984_12_YIPF6_YIPF6","YIPF6","rs115041442","chr1",152992214,"T","C",-0.1142,0.025448,0.02598,{"v":7.204E-6,"d":"7.20E-06"},35362,true,"reported","textfile",0.000569168450444195,20.1372578995816]
["9984_12_YIPF6_YIPF6","YIPF6","rs66542264","chr1",168777411,"C","T",-0.0504,0.011378,0.14862,{"v":9.442e-06,"d":"9.44E-06"},35361,true,"reported","textfile",0.000554579431442155,19.6202551062847]
["9984_12_YIPF6_YIPF6","YIPF6","rs1451915","chr1",196058002,"A","C",0.0566,0.01156,0.13641,{"v":9.762e-07,"d":"9.76E-07"},35335,true,"reported","textfile",0.000677981050060138,23.9713565672717]
["9984_12_YIPF6_YIPF6","YIPF6","rs10922098","chr1",196695521,"T","C",-0.1537,0.008126,0.40011,{"v":8.708e-80,"d":"8.71E-80"},35338,true,"reported","textfile",0.0100225317986762,357.741660809193]
["9984_12_YIPF6_YIPF6","YIPF6","rs176704","chr1",206938053,"A","T",-0.1224,0.02656,0.02338,{"v":4.056e-06,"d":"4.06E-06"},35374,true,"reported","textfile",0.000600014659950646,21.2364607395434]
["9984_12_YIPF6_YIPF6","YIPF6","rs58068569","chr12",3991507,"G","A",-0.047,0.009859,0.20781,{"v":1.87e-06,"d":"1.87E-06"},35377,true,"reported","textfile",0.000641992682019303,22.7250804617876]
["9984_12_YIPF6_YIPF6","YIPF6","rs2393326","chr12",117815540,"T","C",-0.0415,0.009369,0.2401,{"v":9.436e-06,"d":"9.44E-06"},35371,true,"reported","textfile",0.000554397851532142,19.6193745499392]
["9984_12_YIPF6_YIPF6","YIPF6","rs67298163","chr13",39113812,"T","G",0.049,0.010773,0.16633,{"v":5.4E-6,"d":"5.40E-06"},35349,true,"reported","textfile",0.000584908067194326,20.6868453538501]
["9984_12_YIPF6_YIPF6","YIPF6","rs1555405","chr14",100710432,"A","G",-0.0392,0.008725,0.30381,{"v":7.027e-06,"d":"7.03E-06"},35380,true,"reported","textfile",5.70211174536155E-4,20.1844403261658]
["9984_12_YIPF6_YIPF6","YIPF6","rs117848237","chr17",11840633,"T","A",-0.1088,0.02452,0.02741,{"v":9.117e-06,"d":"9.12E-06"},35364,true,"reported","textfile",0.000556434121223943,19.6875782350153]
["9984_12_YIPF6_YIPF6","YIPF6","rs1047286","chr19",6713251,"A","G",-0.0414,0.009327,0.24066,{"v":9.05e-06,"d":"9.05E-06"},35372,true,"reported","textfile",0.000556692379865545,19.7011769709384]
["9984_12_YIPF6_YIPF6","YIPF6","rs36124185","chr2",120800460,"T","C",-0.0365,0.008023,0.43275,{"v":5.385e-06,"d":"5.39E-06"},35357,true,"reported","textfile",0.000585035990103734,20.6960553673606]
["9984_12_YIPF6_YIPF6","YIPF6","rs76715859","chr2",178285681,"A","T",0.0835,0.018541,0.04927,{"v":6.682e-06,"d":"6.68E-06"},35370,true,"reported","textfile",0.000573089725374883,20.2806600449544]
["9984_12_YIPF6_YIPF6","YIPF6","rs190517278","chr2",182176999,"A","C",0.0469,0.010455,0.17848,{"v":7.261e-06,"d":"7.26E-06"},35358,true,"reported","textfile",0.000568804234440314,20.1220880417557]
["9984_12_YIPF6_YIPF6","YIPF6","rs2822807","chr21",14607358,"T","C",-0.1491,0.032639,0.01641,{"v":4.919e-06,"d":"4.92E-06"},35276,true,"reported","textfile",0.000591214976649659,20.8668538828712]
["9984_12_YIPF6_YIPF6","YIPF6","rs55964853","chr21",46120928,"C","G",-0.0453,0.010104,0.19813,{"v":7.34E-6,"d":"7.34E-06"},34731,true,"reported","textfile",5.78417154803057E-4,20.0994752504427]
["9984_12_YIPF6_YIPF6","YIPF6","rs138556670","chr22",23811447,"G","C",0.1738,0.039073,0.01109,{"v":8.663e-06,"d":"8.66E-06"},35368,true,"reported","textfile",0.000559104057359319,19.7843355948729]
["9984_12_YIPF6_YIPF6","YIPF6","rs62269916","chr3",74348841,"A","G",0.0993,0.021893,0.03471,{"v":5.741e-06,"d":"5.74E-06"},35343,true,"reported","textfile",0.000581743863022391,20.5713771354768]
["9984_12_YIPF6_YIPF6","YIPF6","rs1355538","chr3",165787389,"G","A",-0.0721,0.008134,0.39847,{"v":7.744E-19,"d":"7.74E-19"},35338,true,"reported","textfile",0.00221848084170358,78.5665373804151]
["9984_12_YIPF6_YIPF6","YIPF6","rs2726726","chr4",55668396,"G","C",-0.0515,0.011533,0.14122,{"v":7.987e-06,"d":"7.99E-06"},35358,true,"reported","textfile",0.000563634191060646,19.9390888113328]
["9984_12_YIPF6_YIPF6","YIPF6","rs75625727","chr4",107966068,"T","G",-0.1869,0.038813,0.0114,{"v":1.469E-6,"d":"1.47E-06"},35354,true,"reported","textfile",0.000655451962528922,23.1867355706569]
["9984_12_YIPF6_YIPF6","YIPF6","rs35100521","chr4",110176161,"TATTTATTTATTTATTTATTTATTTT","TATTTATTTATTTATTTT",0.1614,0.034216,0.0136,{"v":2.393e-06,"d":"2.39E-06"},35357,true,"reported","textfile",0.000628926584336115,22.2496928125064]
["9984_12_YIPF6_YIPF6","YIPF6","rs11746120","chr5",126035141,"G","T",0.0504,0.010913,0.16203,{"v":3.865e-06,"d":"3.87E-06"},35355,true,"reported","textfile",0.000602920425433346,21.3279048297986]
["9984_12_YIPF6_YIPF6","YIPF6","rs16881504","chr6",18935483,"T","C",-0.0595,0.013412,0.09636,{"v":9.155e-06,"d":"9.16E-06"},35375,true,"reported","textfile",0.000556043591231661,19.6798728197953]
["9984_12_YIPF6_YIPF6","YIPF6","rs3828879","chr6",31411614,"T","C",0.0584,0.011176,0.14779,{"v":1.735e-07,"d":"1.74E-07"},35439,true,"reported","textfile",7.69904672245966E-4,27.3041334502953]
["9984_12_YIPF6_YIPF6","YIPF6","rs1265941","chr6",31904575,"C","A",0.1009,0.015338,0.07271,{"v":4.757e-11,"d":"4.76E-11"},35441,true,"reported","textfile",1.21957614172157E-3,43.2733340122048]
["9984_12_YIPF6_YIPF6","YIPF6","rs453821","chr6",31967534,"T","C",0.1159,0.011494,0.13894,{"v":6.554e-24,"d":"6.55E-24"},35441,true,"reported","textfile",0.00286071337469825,101.671674805876]
["9984_12_YIPF6_YIPF6","YIPF6","rs211161","chr6",96614917,"G","T",0.1408,0.031539,0.01526,{"v":8.034e-06,"d":"8.03E-06"},35343,true,"reported","textfile",0.00056358733984599,19.9289718937526]
["9984_12_YIPF6_YIPF6","YIPF6","rs7777283","chr7",78198333,"A","G",0.0394,0.00806,0.43583,{"v":1.016e-06,"d":"1.02E-06"},35354,true,"reported","textfile",0.000675445575298264,23.8944914064387]
["9984_12_YIPF6_YIPF6","YIPF6","rs4978871","chr9",110122305,"C","T",-0.0445,0.009714,0.21642,{"v":4.632e-06,"d":"4.63E-06"},35370,true,"reported","textfile",5.929678742147E-4,20.9845309279212]
["9986_14_NPW_Neuropeptide_W","NPW","rs8051400","chr16",1142542,"T","C",-0.053,0.009948,0.23932,{"v":9.948e-08,"d":"9.95E-08"},35307,true,"reported","textfile",0.000803286309750758,28.3828226986564]
["9986_14_NPW_Neuropeptide_W","NPW","rs72775463","chr16",1227281,"G","C",-0.1572,0.021643,0.04125,3.78E-13,35317,true,"reported","textfile",1.49155098493868E-3,52.752806533653]
["9986_14_NPW_Neuropeptide_W","NPW","rs62038784","chr16",1968579,"A","G",0.1651,0.035442,0.01476,{"v":3.189e-06,"d":"3.19E-06"},35319,true,"reported","textfile",6.14020057357088E-4,21.6986697841457]
["9986_14_NPW_Neuropeptide_W","NPW","rs117550430","chr16",1969336,"A","G",-0.4192,0.024648,0.03019,{"v":7.242e-65,"d":"7.24E-65"},35319,true,"reported","textfile",0.00812322531976414,289.23748991965]
["9986_14_NPW_Neuropeptide_W","NPW","rs12933410","chr16",2016457,"GTTTG","TTTTG",-0.5038,0.008177,0.18983,{"v":1e-200,"d":"1.00E-200"},35319,true,"reported","textfile",0.0970475977910356,3795.80363571901]
["9986_14_NPW_Neuropeptide_W","NPW","rs2432380","chr16",2135082,"G","T",-0.1723,0.019205,0.05163,{"v":2.924e-19,"d":"2.92E-19"},35319,true,"reported","textfile",0.00227376159465838,80.4854429476536]
["9986_14_NPW_Neuropeptide_W","NPW","rs140216362","chr16",2491546,"A","G",-0.1945,0.025795,0.02828,{"v":4.696e-14,"d":"4.70E-14"},35319,true,"reported","textfile",0.00160716772587672,56.8517128127817]
["9986_14_NPW_Neuropeptide_W","NPW","rs143376348","chr16",2603223,"G","C",0.1395,0.027725,0.0238,{"v":4.864e-07,"d":"4.86E-07"},35320,true,"reported","textfile",0.000716264504297552,25.3151621148243]
["9986_14_NPW_Neuropeptide_W","NPW","rs149054188","chr1",94462170,"TTACA","TTATA",0.1869,0.03923,0.01252,{"v":1.896e-06,"d":"1.90E-06"},35353,true,"reported","textfile",0.000641618640016949,22.6964229912921]
["9986_14_NPW_Neuropeptide_W","NPW","rs6663556","chr1",109639544,"G","C",-0.1198,0.025574,0.02623,{"v":2.807E-6,"d":"2.81E-06"},35346,true,"reported","textfile",0.000620449587049155,21.9427845963068]
["9986_14_NPW_Neuropeptide_W","NPW","rs7535275","chr1",150381734,"G","A",0.0586,0.011091,0.17169,{"v":1.268E-7,"d":"1.27E-07"},35362,true,"reported","textfile",0.000788813417337228,27.9144617390019]
["9986_14_NPW_Neuropeptide_W","NPW","rs10922124","chr1",196796352,"T","C",-0.0491,0.010981,0.20176,{"v":7.772e-06,"d":"7.77E-06"},35336,true,"reported","textfile",0.000565478583209931,19.991925264714]
["9986_14_NPW_Neuropeptide_W","NPW","rs7532633","chr1",202303895,"C","T",0.0383,0.008314,0.4913,{"v":4.089e-06,"d":"4.09E-06"},35361,true,"reported","textfile",0.000599780593744711,21.2203695800855]
["9986_14_NPW_Neuropeptide_W","NPW","rs11002931","chr10",79334494,"C","A",-0.046,0.009603,0.24685,{"v":1.666E-6,"d":"1.67E-06"},35367,true,"reported","textfile",0.000648368502805709,22.9444285465083]
["9986_14_NPW_Neuropeptide_W","NPW","rs7121646","chr11",800485,"A","T",0.0386,0.008698,0.40766,{"v":9.091e-06,"d":"9.09E-06"},35357,true,"reported","textfile",0.000556696584235566,19.6929707451957]
["9986_14_NPW_Neuropeptide_W","NPW","rs17157266","chr11",62432345,"C","T",-0.0497,0.010661,0.18859,{"v":3.133e-06,"d":"3.13E-06"},35362,true,"reported","textfile",6.1420485246602E-4,21.7316312565682]
["9986_14_NPW_Neuropeptide_W","NPW","rs431607","chr12",52418532,"C","T",-0.0415,0.008929,0.32256,{"v":3.352e-06,"d":"3.35E-06"},35372,true,"reported","textfile",0.000610331502235417,21.6006087660641]
["9986_14_NPW_Neuropeptide_W","NPW","rs7397189","chr12",57334991,"AGG","AGT",0.0577,0.009031,0.30247,{"v":1.667E-10,"d":"1.67E-10"},35367,true,"reported","textfile",1.15287107999172E-3,40.8183440322753]
["9986_14_NPW_Neuropeptide_W","NPW","rs79009224","chr12",110945253,"C","T",0.1251,0.024346,0.03048,{"v":2.77e-07,"d":"2.77E-07"},35367,true,"reported","textfile",0.000745996961112443,26.4018782506842]
["9986_14_NPW_Neuropeptide_W","NPW","rs140118846","chr12",111280204,"A","G",0.1389,0.023616,0.0313,{"v":4.063e-09,"d":"4.06E-09"},35370,true,"reported","textfile",0.000977084674468943,34.5913294244677]
["9986_14_NPW_Neuropeptide_W","NPW","rs181707610","chr12",111370921,"CAAAAAAAAAACAAAAAAAAAAAA","CAAAAAAAAAACAAAAACAAAAAA",0.1738,0.029036,0.02068,{"v":2.154e-09,"d":"2.15E-09"},35368,true,"reported","textfile",1.01198888641393E-3,35.8262547285422]
["9986_14_NPW_Neuropeptide_W","NPW","rs112638795","chr13",37546856,"A","G",-0.1136,0.025377,0.02803,{"v":7.589e-06,"d":"7.59E-06"},35351,true,"reported","textfile",0.000566537010126912,20.0378689653492]
["9986_14_NPW_Neuropeptide_W","NPW","rs17580","chr14",94380925,"A","T",0.1584,0.023478,0.03316,{"v":1.513E-11,"d":"1.51E-11"},35372,true,"reported","textfile",0.00128519796210835,45.5159489245737]
["9986_14_NPW_Neuropeptide_W","NPW","rs12895360","chr14",94572585,"C","T",0.0388,0.008738,0.36399,{"v":8.988e-06,"d":"8.99E-06"},35371,true,"reported","textfile",0.000557121616970895,19.7158185793704]
["9986_14_NPW_Neuropeptide_W","NPW","rs339969","chr15",60591082,"A","C",0.0692,0.008781,0.33988,{"v":3.259e-15,"d":"3.26E-15"},35370,true,"reported","textfile",1.75277949685206E-3,62.1011548756607]
["9986_14_NPW_Neuropeptide_W","NPW","rs111807545","chr16",852631,"G","A",-0.1685,0.032805,0.01629,{"v":2.801e-07,"d":"2.80E-07"},35309,true,"reported","textfile",7.46637719894052E-4,26.3812352015982]
["9986_14_NPW_Neuropeptide_W","NPW","rs11078596","chr17",1714968,"T","C",0.0751,0.010089,0.21819,{"v":9.77e-14,"d":"9.77E-14"},35352,true,"reported","textfile",0.00156491040117348,55.4062885587384]
["9986_14_NPW_Neuropeptide_W","NPW","rs2937975","chr17",9688444,"G","A",-0.0463,0.00883,0.33654,{"v":1.575E-7,"d":"1.58E-07"},35364,true,"reported","textfile",0.000776858061322057,27.4926126222129]
["9986_14_NPW_Neuropeptide_W","NPW","rs2239908","chr17",28398249,"A","G",-0.0399,0.008484,0.41228,{"v":2.566e-06,"d":"2.57E-06"},35361,true,"reported","textfile",0.000625098377670994,22.1166786360035]
["9986_14_NPW_Neuropeptide_W","NPW","rs73306870","chr17",40204617,"A","C",0.0476,0.010707,0.18748,{"v":8.768e-06,"d":"8.77E-06"},35379,true,"reported","textfile",0.000558329017877809,19.7630399441455]
["9986_14_NPW_Neuropeptide_W","NPW","rs7405889","chr17",47494310,"T","C",0.0588,0.008466,0.42159,{"v":3.776e-12,"d":"3.78E-12"},35364,true,"reported","textfile",1.36221211202337E-3,48.2362527130547]
["9986_14_NPW_Neuropeptide_W","NPW","rs374087027","chr17",47508068,"ATTT","AT",-0.0534,0.008589,0.39344,{"v":5.068e-10,"d":"5.07E-10"},35364,true,"reported","textfile",1.09184624494546E-3,38.6520690301914]
["9986_14_NPW_Neuropeptide_W","NPW","rs77262773","chr17",69253570,"T","C",0.1674,0.027681,0.02263,{"v":1.471E-9,"d":"1.47E-09"},35371,true,"reported","textfile",0.00103288319402811,36.5698180400426]
["9986_14_NPW_Neuropeptide_W","NPW","rs72857806","chr17",69287948,"C","G",-0.1285,0.02784,0.02264,{"v":3.92e-06,"d":"3.92E-06"},35371,true,"reported","textfile",0.000601947969482347,21.3031211031128]
["9986_14_NPW_Neuropeptide_W","NPW","rs28537751","chr18",57696607,"A","T",0.0379,0.008377,0.45484,{"v":6.066E-6,"d":"6.07E-06"},35353,true,"reported","textfile",0.00057866036157341,20.4680665007436]
["9986_14_NPW_Neuropeptide_W","NPW","rs123698","chr19",807442,"C","G",-0.042,0.008431,0.42384,{"v":6.297e-07,"d":"6.30E-07"},35307,true,"reported","textfile",0.000702383718751609,24.815086903546]
["9986_14_NPW_Neuropeptide_W","NPW","rs720875","chr19",33741524,"C","A",-0.0784,0.017427,0.05991,{"v":6.833e-06,"d":"6.83E-06"},35368,true,"reported","textfile",0.000571910292575197,20.2377535867893]
["9986_14_NPW_Neuropeptide_W","NPW","rs28616221","chr19",35063575,"A","G",0.064,0.011019,0.17292,{"v":6.323e-09,"d":"6.32E-09"},35369,true,"reported","textfile",0.000952881230489788,33.732693729441]
["9986_14_NPW_Neuropeptide_W","NPW","rs281377","chr19",48703346,"T","C",-0.0584,0.008991,0.3353,{"v":8.279e-11,"d":"8.28E-11"},35377,true,"reported","textfile",1.19116266735526E-3,42.187631689585]
["9986_14_NPW_Neuropeptide_W","NPW","rs112606049","chr19",49753561,"CAATAATAATAATAATAATAATAAT","CAATAATAAT",-0.1124,0.022171,0.03623,{"v":3.986e-07,"d":"3.99E-07"},35370,true,"reported","textfile",0.000726125238282449,25.7002590342889]
["9986_14_NPW_Neuropeptide_W","NPW","rs11895352","chr2",20167374,"T","C",-0.0402,0.008412,0.43919,{"v":1.762E-6,"d":"1.76E-06"},35372,true,"reported","textfile",0.000645228663436087,22.8364725724099]
["9986_14_NPW_Neuropeptide_W","NPW","rs1260326","chr2",27508073,"C","T",0.0661,0.008845,0.34132,{"v":7.848e-14,"d":"7.85E-14"},35373,true,"reported","textfile",1.57634115409175E-3,55.8447934074692]
["9986_14_NPW_Neuropeptide_W","NPW","rs17050272","chr2",120548864,"A","G",0.0791,0.008534,0.41755,{"v":1.889e-20,"d":"1.89E-20"},35358,true,"reported","textfile",2.42385175919284E-3,85.90592602795]
["9986_14_NPW_Neuropeptide_W","NPW","rs2356127","chr2",190673448,"T","C",-0.0424,0.009173,0.29185,{"v":3.798e-06,"d":"3.80E-06"},35377,true,"reported","textfile",0.000603567323488281,21.364088734254]
["9986_14_NPW_Neuropeptide_W","NPW","rs12480846","chr20",17611671,"T","G",-0.0511,0.010375,0.19959,{"v":8.422e-07,"d":"8.42E-07"},35375,true,"reported","textfile",0.000685285311701561,24.2572204476948]
["9986_14_NPW_Neuropeptide_W","NPW","rs2618568","chr20",17863324,"A","C",0.0382,0.008632,0.36793,{"v":9.625e-06,"d":"9.63E-06"},35376,true,"reported","textfile",0.000553292494347872,19.5830038240943]
["9986_14_NPW_Neuropeptide_W","NPW","rs1291921","chr3",136317384,"G","A",-0.0509,0.00937,0.2763,{"v":5.558e-08,"d":"5.56E-08"},35361,true,"reported","textfile",0.000833814748109849,29.5074594332708]
["9986_14_NPW_Neuropeptide_W","NPW","rs2649728","chr3",157625703,"A","G",-0.0412,0.008596,0.40313,{"v":1.645e-06,"d":"1.65E-06"},35337,true,"reported","textfile",0.00064966534990702,22.9708485032951]
["9986_14_NPW_Neuropeptide_W","NPW","rs762861","chr4",3440284,"C","G",0.078,0.010155,0.21134,{"v":1.577e-14,"d":"1.58E-14"},35280,true,"reported","textfile",0.00166945659370626,58.9935769287595]
["9986_14_NPW_Neuropeptide_W","NPW","rs143427445","chr4",3545476,"A","C",0.0702,0.013466,0.10757,{"v":1.858e-07,"d":"1.86E-07"},35275,true,"reported","textfile",0.000769831219501957,27.1751769050695]
["9986_14_NPW_Neuropeptide_W","NPW","rs148611410","chr4",55313096,"A","G",-0.1843,0.040401,0.0105,{"v":5.073e-06,"d":"5.07E-06"},35360,true,"reported","textfile",0.000588164316646666,20.8085527562051]
["9986_14_NPW_Neuropeptide_W","NPW","rs1800760","chr4",99144475,"T","A",-0.0496,0.008395,0.46046,{"v":3.451e-09,"d":"3.45E-09"},35346,true,"reported","textfile",0.00098662696495149,34.905782435429]
["9986_14_NPW_Neuropeptide_W","NPW","rs765145","chr5",53490048,"A","G",-0.0439,0.009441,0.26725,{"v":3.317e-06,"d":"3.32E-06"},35365,true,"reported","textfile",0.00061101790948332,21.620636929437]
["9986_14_NPW_Neuropeptide_W","NPW","rs31226","chr5",54031741,"C","T",0.0401,0.008583,0.38119,{"v":2.98e-06,"d":"2.98E-06"},35366,true,"reported","textfile",0.000616817397425861,21.826593465144]
["9986_14_NPW_Neuropeptide_W","NPW","rs146662092","chr5",89861910,"C","A",0.1259,0.028256,0.02297,{"v":8.364e-06,"d":"8.36E-06"},35346,true,"reported","textfile",0.000561365807914108,19.8520573811468]
["9986_14_NPW_Neuropeptide_W","NPW","rs17714046","chr5",181234980,"C","T",-0.0865,0.016429,0.0713,{"v":1.402E-7,"d":"1.40E-07"},35300,true,"reported","textfile",7.84683161107704E-4,27.7194972435011]
["9986_14_NPW_Neuropeptide_W","NPW","rs72841818","chr6",3329034,"A","G",-0.1136,0.024508,0.03009,{"v":3.566e-06,"d":"3.57E-06"},35381,true,"reported","textfile",6.06886069255914E-4,21.4840606213071]
["9986_14_NPW_Neuropeptide_W","NPW","rs79589473","chr6",31605605,"A","G",-0.164,0.034919,0.01533,{"v":2.646e-06,"d":"2.65E-06"},35437,true,"reported","textfile",0.000622066633638825,22.05665187017]
["9986_14_NPW_Neuropeptide_W","NPW","rs9395819","chr6",52779189,"C","G",0.0457,0.008587,0.38928,{"v":1.026e-07,"d":"1.03E-07"},35366,true,"reported","textfile",8.00231893483507E-4,28.3220649007737]
["9986_14_NPW_Neuropeptide_W","NPW","rs9321204","chr6",129990686,"G","A",-0.0462,0.008551,0.3899,{"v":6.565e-08,"d":"6.57E-08"},35363,true,"reported","textfile",0.000824788673354159,29.1894273875674]
["9986_14_NPW_Neuropeptide_W","NPW","rs995104","chr7",41722069,"A","G",-0.0525,0.009534,0.26081,{"v":3.655E-8,"d":"3.66E-08"},35352,true,"reported","textfile",0.00085700226975008,30.3210154146969]
["9986_14_NPW_Neuropeptide_W","NPW","rs4725944","chr7",150779585,"C","G",0.0394,0.008705,0.35049,{"v":6.007e-06,"d":"6.01E-06"},35374,true,"reported","textfile",0.000578787687972278,20.4847344110239]
["9986_14_NPW_Neuropeptide_W","NPW","rs35570672","chr8",18415125,"C","T",0.0524,0.010777,0.18765,{"v":1.161E-6,"d":"1.16E-06"},35377,true,"reported","textfile",0.000667814249730189,23.6397160234255]
["9986_14_NPW_Neuropeptide_W","NPW","rs71557726","chr8",58456339,"TACACACACACACACACACACACACACACACACATAT","TACACACACACACACACACACACACACACACATAT",-0.0489,0.008375,0.47041,{"v":5.257e-09,"d":"5.26E-09"},35361,true,"reported","textfile",0.000963174653965995,34.089726950543]
["9986_14_NPW_Neuropeptide_W","NPW","rs117263769","chr9",77949171,"A","G",-0.1484,0.030405,0.01922,{"v":1.057E-6,"d":"1.06E-06"},35359,true,"reported","textfile",0.000673263885356903,23.8206287636371]
["9989_12_LRRC24_LRC24","LRRC24","rs203687","chr1",196705140,"T","C",-0.0385,0.007963,0.4315,{"v":1.331E-6,"d":"1.33E-06"},35339,true,"reported","textfile",0.00066103825211238,23.3745601933093]
["9989_12_LRRC24_LRC24","LRRC24","rs80167373","chr10",7724618,"A","G",-0.2027,0.021878,0.03467,{"v":1.954E-20,"d":"1.95E-20"},35361,true,"reported","textfile",0.00242166870949426,85.8356494053315]
["9989_12_LRRC24_LRC24","LRRC24","rs10825150","chr10",53886193,"T","C",-0.0353,0.007989,0.42221,{"v":9.933e-06,"d":"9.93E-06"},35356,true,"reported","textfile",0.000551901645888023,19.5227054019687]
["9989_12_LRRC24_LRC24","LRRC24","rs9663515","chr10",94231701,"A","G",-0.0358,7.986E-3,0.42758,{"v":7.36e-06,"d":"7.36E-06"},35379,true,"reported","textfile",0.000567695264321121,20.0947630677195]
["9989_12_LRRC24_LRC24","LRRC24","rs1940194","chr11",123775350,"C","T",0.1212,0.026927,0.02343,{"v":6.76e-06,"d":"6.76E-06"},35369,true,"reported","textfile",0.000572476710332981,20.2583812658103]
["9989_12_LRRC24_LRC24","LRRC24","rs5027249","chr14",22801387,"T","C",0.051,0.009877,0.20211,{"v":2.424E-7,"d":"2.42E-07"},35377,true,"reported","textfile",0.00075308164164428,26.6603404861465]
["9989_12_LRRC24_LRC24","LRRC24","rs151004250","chr14",51942099,"T","C",0.1271,0.028657,0.01926,{"v":9.2E-6,"d":"9.20E-06"},35369,true,"reported","textfile",0.000555859968745723,19.6700332987246]
["9989_12_LRRC24_LRC24","LRRC24","rs34418609","chr15",48943675,"T","A",0.0458,0.009489,0.222,{"v":1.387E-6,"d":"1.39E-06"},35359,true,"reported","textfile",0.000658421563369029,23.2951492446233]
["9989_12_LRRC24_LRC24","LRRC24","rs112582956","chr15",67250259,"G","C",0.0966,0.020341,0.03924,{"v":2.043e-06,"d":"2.04E-06"},35376,true,"reported","textfile",0.000637124257173848,22.5520019007265]
["9989_12_LRRC24_LRC24","LRRC24","rs75427216","chr15",88328127,"A","G",0.1283,0.025346,0.02521,{"v":4.151E-7,"d":"4.15E-07"},35349,true,"reported","textfile",0.000724340266098962,25.6218142975862]
["9989_12_LRRC24_LRC24","LRRC24","rs9933843","chr16",30892358,"T","C",-0.0399,0.008126,0.38908,{"v":9.112e-07,"d":"9.11E-07"},35366,true,"reported","textfile",0.000681255852657237,24.1083559319471]
["9989_12_LRRC24_LRC24","LRRC24","rs150500915","chr16",75118302,"A","G",-0.1235,0.027403,0.02138,{"v":6.581e-06,"d":"6.58E-06"},35365,true,"reported","textfile",5.74003675292983E-4,20.3101500701718]
["9989_12_LRRC24_LRC24","LRRC24","rs12934068","chr16",87789167,"A","G",-0.0497,0.010959,0.15483,{"v":5.753e-06,"d":"5.75E-06"},35326,true,"reported","textfile",0.000581866941766782,20.5658344301546]
["9989_12_LRRC24_LRC24","LRRC24","rs11555235","chr19",4961495,"T","G",-0.0846,0.018272,0.04728,{"v":3.658E-6,"d":"3.66E-06"},35360,true,"reported","textfile",0.000605889020521027,21.4360118317951]
["9989_12_LRRC24_LRC24","LRRC24","rs204480","chr19",44973854,"T","C",0.0511,0.009491,0.22902,{"v":7.278e-08,"d":"7.28E-08"},35369,true,"reported","textfile",0.000818915848501112,28.9863341823907]
["9989_12_LRRC24_LRC24","LRRC24","rs6542680","chr2",3592552,"T","C",-0.0576,0.010216,0.18362,{"v":1.718e-08,"d":"1.72E-08"},35332,true,"reported","textfile",0.000898926952332787,31.7876640138511]
["9989_12_LRRC24_LRC24","LRRC24","rs2315206","chr2",132281156,"G","T",0.0849,0.018822,0.04764,{"v":6.464e-06,"d":"6.46E-06"},35351,true,"reported","textfile",0.000575217715647243,20.3450738773348]
["9989_12_LRRC24_LRC24","LRRC24","rs12483267","chr21",46118157,"A","G",-0.0419,0.009133,0.25233,{"v":4.475e-06,"d":"4.48E-06"},34732,true,"reported","textfile",0.000605631194311394,21.0463176849501]
["9989_12_LRRC24_LRC24","LRRC24","rs72851229","chr3",29332728,"C","G",-0.0487,0.01052,0.17088,{"v":3.667e-06,"d":"3.67E-06"},35351,true,"reported","textfile",6.058450228148E-4,21.4289983634828]
["9989_12_LRRC24_LRC24","LRRC24","rs7614981","chr3",52532898,"A","C",-0.0441,0.007967,0.44683,{"v":3.102e-08,"d":"3.10E-08"},35352,true,"reported","textfile",0.00086595896346476,30.6381807657376]
["9989_12_LRRC24_LRC24","LRRC24","rs34325132","chr3",131408202,"G","A",0.0773,0.01731,0.05776,{"v":7.984e-06,"d":"7.98E-06"},35357,true,"reported","textfile",0.000563695495903898,19.940694737491]
["9989_12_LRRC24_LRC24","LRRC24","rs11951615","chr5",109961845,"G","A",-0.1058,0.02358,0.02872,{"v":7.23e-06,"d":"7.23E-06"},35349,true,"reported","textfile",0.000569192716124712,20.1307131921796]
["9989_12_LRRC24_LRC24","LRRC24","rs12210662","chr6",18789452,"A","C",-0.0678,0.014983,0.07442,{"v":6.035e-06,"d":"6.04E-06"},35374,true,"reported","textfile",0.00057853059599473,20.4756300199644]
["9989_12_LRRC24_LRC24","LRRC24","rs557011","chr6",32619236,"T","C",0.0373,0.008048,0.40141,{"v":3.579E-6,"d":"3.58E-06"},35439,true,"reported","textfile",6.05755148014898E-4,21.4791562897015]
["9989_12_LRRC24_LRC24","LRRC24","rs116448688","chr6",55473330,"G","A",0.0876,0.01848,0.04659,{"v":2.135e-06,"d":"2.14E-06"},35351,true,"reported","textfile",0.00063522358325282,22.4687911504299]
["9989_12_LRRC24_LRC24","LRRC24","rs211161","chr6",96614917,"G","T",0.1478,0.031216,0.01526,{"v":2.193E-6,"d":"2.19E-06"},35343,true,"reported","textfile",0.000633892436727576,22.4166023210577]
["9989_12_LRRC24_LRC24","LRRC24","rs148641858","chr6",116476465,"A","T",0.1299,0.029382,0.01855,{"v":9.822e-06,"d":"9.82E-06"},35353,true,"reported","textfile",0.00055257250902441,19.5447906805466]
["9989_12_LRRC24_LRC24","LRRC24","rs7842172","chr8",132024004,"A","G",0.0385,0.007854,0.47766,{"v":9.484E-7,"d":"9.48E-07"},35377,true,"reported","textfile",0.000678771777564382,24.0278610653064]
["9989_12_LRRC24_LRC24","LRRC24","rs2418072","chr9",110134386,"CT","CC",-0.0452,0.009405,0.23253,{"v":1.539E-6,"d":"1.54E-06"},35370,true,"reported","textfile",6.52590430549684E-4,23.0958905048097]
["9993_11_ZNF264_ZN264","ZNF264","rs10922098","chr1",196695521,"T","C",-0.1008,0.008068,0.40011,8.03E-36,35338,true,"reported","textfile",0.00439777672524521,156.086270932703]
["9993_11_ZNF264_ZN264","ZNF264","rs45555839","chr10",16509918,"GTGAGTTTTTTT","TTGAGTTTTTTT",0.0676,0.015111,0.07367,{"v":7.69e-06,"d":"7.69E-06"},35365,true,"reported","textfile",0.000565571640118862,20.0116279187468]
["9993_11_ZNF264_ZN264","ZNF264","rs1564943","chr11",12157560,"T","C",0.0372,0.008375,0.33715,{"v":8.932e-06,"d":"8.93E-06"},35376,true,"reported","textfile",0.000557397967491233,19.7283922677868]
["9993_11_ZNF264_ZN264","ZNF264","rs7939723","chr11",44284831,"TGC","CGC",0.041,0.009046,0.25923,{"v":5.838e-06,"d":"5.84E-06"},35372,true,"reported","textfile",0.000580420554354912,20.5413976569485]
["9993_11_ZNF264_ZN264","ZNF264","rs112768376","chr11",57887825,"TATATATATATATATATA","TATATATATATATA",0.0971,0.021098,0.03556,{"v":4.179e-06,"d":"4.18E-06"},35364,true,"reported","textfile",0.000598596890863988,21.1802616935298]
["9993_11_ZNF264_ZN264","ZNF264","rs56009368","chr14",49940297,"A","G",0.0454,0.010086,0.18946,{"v":6.756e-06,"d":"6.76E-06"},35358,true,"reported","textfile",0.000572713326823515,20.2604558162257]
["9993_11_ZNF264_ZN264","ZNF264","rs2058908","chr16",53772233,"C","T",0.0393,0.008804,0.2808,{"v":8.049e-06,"d":"8.05E-06"},35367,true,"reported","textfile",0.000563095675910687,19.9250983152849]
["9993_11_ZNF264_ZN264","ZNF264","rs6542680","chr2",3592552,"T","C",-0.0519,0.010243,0.18362,{"v":4.049e-07,"d":"4.05E-07"},35332,true,"reported","textfile",0.000726100427659732,25.671768391226]
["9993_11_ZNF264_ZN264","ZNF264","rs10208529","chr2",27563321,"T","A",0.0423,0.009525,0.2164,{"v":8.964e-06,"d":"8.96E-06"},35373,true,"reported","textfile",0.000557232965827002,19.7208763566878]
["9993_11_ZNF264_ZN264","ZNF264","rs11700422","chr21",23562609,"G","C",-0.0672,0.01417,0.08597,{"v":2.113e-06,"d":"2.11E-06"},35365,true,"reported","textfile",0.000635549058942243,22.489214370404]
["9993_11_ZNF264_ZN264","ZNF264","rs74579709","chr3",40224940,"A","G",-0.0725,0.01541,0.07024,{"v":2.541e-06,"d":"2.54E-06"},35352,true,"reported","textfile",0.000625727024774932,22.1332997295821]
["9993_11_ZNF264_ZN264","ZNF264","rs62269916","chr3",74348841,"A","G",0.1016,0.02171,0.03471,{"v":2.871e-06,"d":"2.87E-06"},35343,true,"reported","textfile",0.000619291786270986,21.8999534799127]
["9993_11_ZNF264_ZN264","ZNF264","rs1355538","chr3",165787389,"G","A",-0.0529,0.008076,0.39847,{"v":5.757e-11,"d":"5.76E-11"},35338,true,"reported","textfile",1.21268993477007E-3,42.9036403478499]
["9993_11_ZNF264_ZN264","ZNF264","rs76080039","chr5",65234901,"G","A",0.1016,0.022706,0.03275,{"v":7.659e-06,"d":"7.66E-06"},35368,true,"reported","textfile",5.65782956845701E-4,20.0208074834615]
["9993_11_ZNF264_ZN264","ZNF264","rs6457457","chr6",31910331,"T","C",0.0972,0.016005,0.06527,{"v":1.255e-09,"d":"1.26E-09"},35441,true,"reported","textfile",0.00103959332182554,36.8804884416649]
["9993_11_ZNF264_ZN264","ZNF264","rs9501393","chr6",32007072,"GGAG","CGAG",0.0725,0.010592,0.1548,{"v":7.666e-12,"d":"7.67E-12"},35440,true,"reported","textfile",1.32023914173422E-3,46.848485909606]
["9993_11_ZNF264_ZN264","ZNF264","rs211161","chr6",96614917,"G","T",0.1608,0.03126,0.01526,{"v":2.69e-07,"d":"2.69E-07"},35343,true,"reported","textfile",0.000748110428789961,26.4587647417022]
["9993_11_ZNF264_ZN264","ZNF264","rs10866931","chr8",2073005,"A","G",0.0442,0.009536,0.22292,{"v":3.568E-6,"d":"3.57E-06"},35286,true,"reported","textfile",0.000608478566333414,21.4826294540795]
["9993_11_ZNF264_ZN264","ZNF264","rs12551103","chr9",83496327,"T","C",0.0753,0.016906,0.06088,{"v":8.431e-06,"d":"8.43E-06"},35364,true,"reported","textfile",0.000560664785159723,19.8373502365266]
["9993_11_ZNF264_ZN264","ZNF264","rs4978872","chr9",110137081,"C","A",-0.0484,0.010934,0.15557,{"v":9.575e-06,"d":"9.58E-06"},35371,true,"reported","textfile",0.00055366201247096,19.5933197959546]
["9993_11_ZNF264_ZN264","ZNF264","rs67994841","chr9",110336154,"T","C",-0.0592,0.013049,0.10194,{"v":5.711E-6,"d":"5.71E-06"},35364,true,"reported","textfile",0.000581667609808417,20.5809012616898]
["9994_217_ATP4B_ATP4B","ATP4B","rs572515","chr1",196677131,"G","A",-0.0832,0.00806,0.3973,{"v":5.58e-25,"d":"5.58E-25"},35338,true,"reported","textfile",0.00300626342066157,106.549640519275]
["9994_217_ATP4B_ATP4B","ATP4B","rs2297936","chr10",97882531,"T","C",0.0404,0.008662,0.2894,{"v":3.1E-6,"d":"3.10E-06"},35367,true,"reported","textfile",0.000614697019583353,21.7521310677022]
["9994_217_ATP4B_ATP4B","ATP4B","rs55897720","chr11",120067073,"G","A",-0.0542,0.011929,0.12453,{"v":5.53e-06,"d":"5.53E-06"},35374,true,"reported","textfile",0.000583247585128022,20.6426733705423]
["9994_217_ATP4B_ATP4B","ATP4B","rs7961894","chr12",121927677,"T","C",0.0626,0.012908,0.10689,{"v":1.236e-06,"d":"1.24E-06"},35366,true,"reported","textfile",0.000664593493483471,23.5183144222922]
["9994_217_ATP4B_ATP4B","ATP4B","rs141805596","chr14",54390138,"A","G",-0.1076,0.024095,0.02718,{"v":7.984e-06,"d":"7.98E-06"},35364,true,"reported","textfile",0.000563591540577879,19.9409626157562]
["9994_217_ATP4B_ATP4B","ATP4B","rs1858681","chr14",106699142,"G","A",-0.0385,0.008279,0.32501,{"v":3.315E-6,"d":"3.32E-06"},34968,true,"reported","textfile",0.000618053969326396,21.6242400388565]
["9994_217_ATP4B_ATP4B","ATP4B","rs4985543","chr16",70623864,"C","A",0.0451,0.008909,0.37406,{"v":4.144E-7,"d":"4.14E-07"},35373,true,"reported","textfile",0.000723950296499034,25.6253974515503]
["9994_217_ATP4B_ATP4B","ATP4B","rs185009887","chr17",5848332,"A","G",-0.1222,0.025572,0.02519,{"v":1.764E-6,"d":"1.76E-06"},35374,true,"reported","textfile",0.000645131995118213,22.8343400947039]
["9994_217_ATP4B_ATP4B","ATP4B","rs704","chr17",28367840,"A","G",0.0375,0.007891,0.49189,{"v":2.011e-06,"d":"2.01E-06"},35360,true,"reported","textfile",0.000638276571927491,22.5825969727932]
["9994_217_ATP4B_ATP4B","ATP4B","rs8081905","chr17",75097657,"A","G",-0.0409,9.11E-3,0.25232,{"v":7.141e-06,"d":"7.14E-06"},35381,true,"reported","textfile",0.000569367161081803,20.1551164533494]
["9994_217_ATP4B_ATP4B","ATP4B","rs144744495","chr2",23889671,"A","G",0.0963,0.021219,0.03437,{"v":5.666e-06,"d":"5.67E-06"},35370,true,"reported","textfile",0.00058198911301377,20.595777467331]
["9994_217_ATP4B_ATP4B","ATP4B","rs55809330","chr2",89147749,"C","G",-0.0677,0.015007,0.07504,{"v":6.444e-06,"d":"6.44E-06"},35349,true,"reported","textfile",0.000575390224410612,20.3500274691141]
["9994_217_ATP4B_ATP4B","ATP4B","rs6730516","chr2",113091384,"T","C",0.0369,0.007917,0.44777,{"v":3.152e-06,"d":"3.15E-06"},35358,true,"reported","textfile",0.000614012209310934,21.7223534626384]
["9994_217_ATP4B_ATP4B","ATP4B","rs142974950","chr20",64232248,"T","C",0.1634,0.03648,0.01149,{"v":7.495e-06,"d":"7.50E-06"},34865,true,"reported","textfile",0.000575115316997404,20.0617831352479]
["9994_217_ATP4B_ATP4B","ATP4B","rs62208235","chr21",23527898,"A","G",-0.0678,0.015327,0.07039,{"v":9.702e-06,"d":"9.70E-06"},35365,true,"reported","textfile",0.000553007696801049,19.5668317905577]
["9994_217_ATP4B_ATP4B","ATP4B","rs185401629","chr21",45018947,"CCCCCA","GCCCCA",-0.0418,0.009122,0.25641,{"v":4.602e-06,"d":"4.60E-06"},35256,true,"reported","textfile",0.000595224516003373,20.9965427441756]
["9994_217_ATP4B_ATP4B","ATP4B","rs1707652","chr3",165761011,"T","C",0.0605,0.008508,0.3102,{"v":1.154e-12,"d":"1.15E-12"},35339,true,"reported","textfile",1.42882998022907E-3,50.5628106711262]
["9994_217_ATP4B_ATP4B","ATP4B","rs189017071","chr5",141128014,"C","T",0.1475,0.033224,0.01485,{"v":9.014e-06,"d":"9.01E-06"},35366,true,"reported","textfile",0.000556996279177612,19.7085940303798]
["9994_217_ATP4B_ATP4B","ATP4B","rs72838313","chr6",14328418,"T","C",-0.1146,0.025464,0.02296,{"v":6.782e-06,"d":"6.78E-06"},35380,true,"reported","textfile",0.000572149605641619,20.2530965495931]
["9994_217_ATP4B_ATP4B","ATP4B","rs6457457","chr6",31910331,"T","C",0.0883,0.01595,0.06527,{"v":3.094e-08,"d":"3.09E-08"},35441,true,"reported","textfile",0.000864009799217234,30.6461218240235]
["9994_217_ATP4B_ATP4B","ATP4B","rs9501393","chr6",32007072,"GGAG","CGAG",0.0678,0.010546,0.1548,{"v":1.287e-10,"d":"1.29E-10"},35440,true,"reported","textfile",1.16488738318066E-3,41.3294232088063]
["9994_217_ATP4B_ATP4B","ATP4B","rs211161","chr6",96614917,"G","T",0.1681,0.031134,0.01526,{"v":6.692e-08,"d":"6.69E-08"},35343,true,"reported","textfile",0.000824145903799875,29.1501643747559]
["9994_217_ATP4B_ATP4B","ATP4B","rs4876346","chr8",115914475,"T","C",-0.0399,0.008604,0.30202,{"v":3.528e-06,"d":"3.53E-06"},35349,true,"reported","textfile",0.000608000202760427,21.5040576383771]
["9994_217_ATP4B_ATP4B","ATP4B","rs117524630","chr9",104548151,"T","A",-0.0899,0.018497,0.04727,{"v":1.173E-6,"d":"1.17E-06"},35363,true,"reported","textfile",0.000667540597794409,23.6206708353378]
["9995_6_DUT_DUT","DUT","rs919129","chr15",48383030,"A","G",0.0811,0.011398,0.13803,{"v":1.115E-12,"d":"1.12E-12"},35355,true,"reported","textfile",0.00142992121711966,50.6243936834632]
["9995_6_DUT_DUT","DUT","rs55999465","chr1",9410839,"C","G",0.0431,0.008889,0.27512,{"v":1.243E-6,"d":"1.24E-06"},35385,true,"reported","textfile",6.63958719367885E-4,23.5084600143994]
["9995_6_DUT_DUT","DUT","rs4759076","chr12",54336088,"C","T",0.0428,0.007915,0.4756,{"v":6.388E-8,"d":"6.39E-08"},35372,true,"reported","textfile",0.000825975600610147,29.2389076178617]
["9995_6_DUT_DUT","DUT","rs77332371","chr15",42086452,"G","A",-0.0579,0.012245,0.11883,{"v":2.261E-6,"d":"2.26E-06"},35363,true,"reported","textfile",0.000631852852664954,22.3570751047676]
["9995_6_DUT_DUT","DUT","rs185009887","chr17",5848332,"A","G",-0.115,0.025601,0.02519,{"v":7.054e-06,"d":"7.05E-06"},35374,true,"reported","textfile",0.000570098618664557,20.1770312370397]
["9995_6_DUT_DUT","DUT","rs9869552","chr3",6060966,"A","T",0.148,0.033157,0.01476,{"v":8.061e-06,"d":"8.06E-06"},35356,true,"reported","textfile",0.000563203288570764,19.9227095996946]
["9995_6_DUT_DUT","DUT","rs78440020","chr3",11124771,"A","G",0.1191,0.026832,0.02257,{"v":9.046e-06,"d":"9.05E-06"},35365,true,"reported","textfile",0.00055680340960452,19.7012086740077]
["9995_6_DUT_DUT","DUT","rs1354034","chr3",56815721,"C","T",0.0476,8.123E-3,0.38119,{"v":4.634e-09,"d":"4.63E-09"},35356,true,"reported","textfile",9.70278219769867E-4,34.3365321710519]
["9995_6_DUT_DUT","DUT","rs11724167","chr4",26163543,"G","T",0.05,0.010988,0.14688,{"v":5.352e-06,"d":"5.35E-06"},35358,true,"reported","textfile",0.000585276058554324,20.7051385481279]
["9995_6_DUT_DUT","DUT","rs9357067","chr6",28242515,"G","C",-0.0461,0.010419,0.16973,{"v":9.663e-06,"d":"9.66E-06"},35444,true,"reported","textfile",0.000552035789223463,19.576059126908]
["9995_6_DUT_DUT","DUT","rs7758567","chr6",99774954,"A","G",0.0387,0.008066,0.41003,{"v":1.603e-06,"d":"1.60E-06"},35354,true,"reported","textfile",0.000650705155243812,23.0187070395169]
["9995_6_DUT_DUT","DUT","rs7784624","chr7",71266057,"A","G",0.0366,0.008144,0.37715,{"v":6.988e-06,"d":"6.99E-06"},35363,true,"reported","textfile",0.000570807368183669,20.1958472847796]
["9995_6_DUT_DUT","DUT","rs62478610","chr7",110140499,"CTCTATATATATATATAC","CTATATATATATATATAC",-0.176,0.037322,0.01129,{"v":2.408e-06,"d":"2.41E-06"},35362,true,"reported","textfile",0.000628471620319941,22.2367316492834]
["9995_6_DUT_DUT","DUT","rs4610723","chr8",140517207,"G","A",-0.0503,0.010254,0.17937,{"v":9.327e-07,"d":"9.33E-07"},35325,true,"reported","textfile",0.000680724588049462,24.0616139559191]
["9995_6_DUT_DUT","DUT","rs80204120","chr9",78454675,"A","G",0.1124,0.025003,0.02625,{"v":6.942e-06,"d":"6.94E-06"},35355,true,"reported","textfile",0.000571280452780183,20.2080222952644]
["9997_12_UBXN4_UBXN4","UBXN4","rs11211413","chr1",46972437,"G","A",-0.045,0.009389,0.2297,{"v":1.643E-6,"d":"1.64E-06"},35368,true,"reported","textfile",0.000649073482978931,22.9700420442267]
["9997_12_UBXN4_UBXN4","UBXN4","rs117014988","chr10",54640648,"G","T",0.121,0.026057,0.02356,{"v":3.424e-06,"d":"3.42E-06"},35356,true,"reported","textfile",0.000609528467680707,21.5624123505432]
["9997_12_UBXN4_UBXN4","UBXN4","rs4528202","chr10",65320967,"C","G",-0.0352,0.007945,0.48258,{"v":9.399e-06,"d":"9.40E-06"},35354,true,"reported","textfile",0.000554904066701871,19.6278601454599]
["9997_12_UBXN4_UBXN4","UBXN4","rs4980320","chr11",198986,"C","T",0.0411,0.007908,0.46986,{"v":2.023E-7,"d":"2.02E-07"},35352,true,"reported","textfile",0.000763492239088608,27.0100726326145]
["9997_12_UBXN4_UBXN4","UBXN4","rs7114094","chr11",65159733,"TGACTGAC","TGACTGAA",-0.0418,0.009146,0.24819,{"v":4.87E-6,"d":"4.87E-06"},35363,true,"reported","textfile",0.000590316091283286,20.886496939102]
["9997_12_UBXN4_UBXN4","UBXN4","rs80340147","chr12",55719934,"G","C",0.1505,0.031568,0.01571,{"v":1.866E-6,"d":"1.87E-06"},35372,true,"reported","textfile",6.42155598903163E-4,22.7276382133334]
["9997_12_UBXN4_UBXN4","UBXN4","rs2481969","chr13",27993146,"A","T",0.044,0.009883,0.19344,{"v":8.495e-06,"d":"8.50E-06"},35361,true,"reported","textfile",0.000560221606603894,19.8199793685918]
["9997_12_UBXN4_UBXN4","UBXN4","rs78257154","chr13",52809554,"A","C",0.0728,0.016095,0.06671,{"v":6.095e-06,"d":"6.10E-06"},35359,true,"reported","textfile",0.000578268600338183,20.4576729320497]
["9997_12_UBXN4_UBXN4","UBXN4","rs150716209","chr14",73584363,"A","C",0.1115,0.022961,0.03017,{"v":1.197e-06,"d":"1.20E-06"},35350,true,"reported","textfile",0.000666636527160024,23.5799872428586]
["9997_12_UBXN4_UBXN4","UBXN4","rs1555405","chr14",100710432,"A","G",-0.0381,0.008618,0.30381,{"v":9.836e-06,"d":"9.84E-06"},35380,true,"reported","textfile",0.000552127388688225,19.5439535090276]
["9997_12_UBXN4_UBXN4","UBXN4","rs202208968","chr16",84472302,"GGGGCCCAAG","AG",-0.1004,0.021168,0.03666,{"v":2.106e-06,"d":"2.11E-06"},35384,true,"reported","textfile",0.0006353672441795,22.4948563284327]
["9997_12_UBXN4_UBXN4","UBXN4","rs185009887","chr17",5848332,"A","G",-0.1194,0.025565,0.02519,{"v":3.005E-6,"d":"3.01E-06"},35374,true,"reported","textfile",0.000616261684096348,21.8118500973302]
["9997_12_UBXN4_UBXN4","UBXN4","rs79485909","chr17",78370388,"A","T",0.1403,0.031629,0.01706,{"v":9.174e-06,"d":"9.17E-06"},35380,true,"reported","textfile",5.55834024935993E-4,19.6752322977452]
["9997_12_UBXN4_UBXN4","UBXN4","rs190479104","chr18",68282078,"G","T",-0.1106,0.024645,0.02517,{"v":7.197e-06,"d":"7.20E-06"},35364,true,"reported","textfile",0.000569172578008476,20.1385430099781]
["9997_12_UBXN4_UBXN4","UBXN4","rs3771791","chr2",74843089,"A","G",-0.0401,0.00895,0.26111,{"v":7.454e-06,"d":"7.45E-06"},35351,true,"reported","textfile",0.000567537317056108,20.0732689498207]
["9997_12_UBXN4_UBXN4","UBXN4","rs41266967","chr2",240590368,"T","C",-0.1409,0.031717,0.01539,{"v":8.898e-06,"d":"8.90E-06"},35270,true,"reported","textfile",0.000559228613376133,19.7339105039571]
["9997_12_UBXN4_UBXN4","UBXN4","rs9869552","chr3",6060966,"A","T",0.1567,0.033129,0.01476,{"v":2.245e-06,"d":"2.25E-06"},35356,true,"reported","textfile",0.0006323878022992,22.3715858805149]
["9997_12_UBXN4_UBXN4","UBXN4","rs1354034","chr3",56815721,"C","T",0.0629,0.008103,0.38119,{"v":8.314e-15,"d":"8.31E-15"},35356,true,"reported","textfile",1.7014020393497E-3,60.2538837799112]
["9997_12_UBXN4_UBXN4","UBXN4","rs11709051","chr3",126038714,"A","G",0.0374,0.008295,0.34565,{"v":6.515e-06,"d":"6.52E-06"},35374,true,"reported","textfile",0.000574350156094539,20.3275888752195]
["9997_12_UBXN4_UBXN4","UBXN4","rs399118","chr3",154210003,"A","G",-0.0377,0.008375,0.33538,{"v":6.754E-6,"d":"6.75E-06"},35346,true,"reported","textfile",0.000572959456140865,20.2622884876348]
["9997_12_UBXN4_UBXN4","UBXN4","rs201827498","chr7",66964521,"TTTTTTTTTTTTTC","TTTTTTTTTTTTC",0.0826,0.017377,0.0568,{"v":2.001E-6,"d":"2.00E-06"},35356,true,"reported","textfile",6.38660287170139E-4,22.5936254439273]
["9997_12_UBXN4_UBXN4","UBXN4","rs117394363","chr8",60809208,"T","C",0.1032,0.021606,0.03355,{"v":1.784E-6,"d":"1.78E-06"},35360,true,"reported","textfile",0.000644789973686505,22.8131936081137]
["9999_1_IRF6_IRF6","IRF6","rs1370714","chr1",76031348,"C","T",0.0368,0.008022,0.49124,{"v":4.492e-06,"d":"4.49E-06"},35354,true,"reported","textfile",0.000594885429818781,21.0429078342252]
["9999_1_IRF6_IRF6","IRF6","rs10997936","chr10",68114979,"T","C",0.0437,0.009655,0.22017,{"v":6.007e-06,"d":"6.01E-06"},35363,true,"reported","textfile",0.000578972184464883,20.4848955996166]
["9999_1_IRF6_IRF6","IRF6","rs11605332","chr11",267236,"GAGCAAGGAGGAGGGGT","GAGCAAGGAGGAGGAGT",0.0493,0.008997,0.26947,{"v":4.26e-08,"d":"4.26E-08"},35349,true,"reported","textfile",0.000848696721279873,30.024364586863]
["9999_1_IRF6_IRF6","IRF6","rs11042076","chr11",8804318,"C","T",-0.0356,0.007988,0.46231,{"v":8.318e-06,"d":"8.32E-06"},35372,true,"reported","textfile",0.00056120362956483,19.8609183971991]
["9999_1_IRF6_IRF6","IRF6","rs621897","chr11",30760793,"T","G",-0.0813,0.017341,0.05591,{"v":2.753e-06,"d":"2.75E-06"},35368,true,"reported","textfile",0.000621087078977566,21.9790165182888]
["9999_1_IRF6_IRF6","IRF6","rs7114094","chr11",65159733,"TGACTGAC","TGACTGAA",-0.042,0.009233,0.24819,{"v":5.396e-06,"d":"5.40E-06"},35363,true,"reported","textfile",0.000584803223102249,20.6913271269127]
["9999_1_IRF6_IRF6","IRF6","rs1968681","chr11",80582906,"A","G",0.039,8.685E-3,0.30273,{"v":7.098e-06,"d":"7.10E-06"},35348,true,"reported","textfile",0.000570134137148608,20.1634570868628]
["9999_1_IRF6_IRF6","IRF6","rs10845498","chr12",12241640,"A","G",0.0512,0.011239,0.14769,{"v":5.223e-06,"d":"5.22E-06"},35377,true,"reported","textfile",0.000586285134842604,20.7520032360726]
["9999_1_IRF6_IRF6","IRF6","rs116874287","chr12",43967867,"C","A",-0.1331,0.02949,0.018,{"v":6.381e-06,"d":"6.38E-06"},35357,true,"reported","textfile",0.000575812400082611,20.3695764596306]
["9999_1_IRF6_IRF6","IRF6","rs10506328","chr12",54293448,"C","A",0.0427,0.008349,0.35611,{"v":3.144e-07,"d":"3.14E-07"},35373,true,"reported","textfile",7.3891402357964E-4,26.1554545602031]
["9999_1_IRF6_IRF6","IRF6","rs3812862","chr13",27970989,"A","G",-0.0693,0.015592,0.07099,{"v":8.807e-06,"d":"8.81E-06"},35361,true,"reported","textfile",0.000558336125792158,19.7532360171546]
["9999_1_IRF6_IRF6","IRF6","rs4773073","chr13",109719923,"C","G",0.0634,0.013553,0.09556,{"v":2.9e-06,"d":"2.90E-06"},35366,true,"reported","textfile",0.000618376612559521,21.8818017209798]
["9999_1_IRF6_IRF6","IRF6","rs77177655","chr15",59021626,"A","G",-0.128,0.027981,0.02099,{"v":4.772e-06,"d":"4.77E-06"},35374,true,"reported","textfile",5.91224555382105E-4,20.9251664452037]
["9999_1_IRF6_IRF6","IRF6","rs34567735","chr15",88958021,"G","A",-0.0372,0.008191,0.37406,{"v":5.59e-06,"d":"5.59E-06"},35356,true,"reported","textfile",0.000583036332852333,20.6246914561342]
["9999_1_IRF6_IRF6","IRF6","rs2077612","chr16",57693052,"A","G",0.0823,0.01804,0.04704,{"v":5.063e-06,"d":"5.06E-06"},35372,true,"reported","textfile",0.000588046307524581,20.8114359852298]
["9999_1_IRF6_IRF6","IRF6","rs115239150","chr16",84475168,"A","C",-0.0898,0.01824,0.05102,{"v":8.507e-07,"d":"8.51E-07"},35384,true,"reported","textfile",0.000684539771177627,24.236977358742]
["9999_1_IRF6_IRF6","IRF6","rs185009887","chr17",5848332,"A","G",-0.1342,0.025865,0.02519,{"v":2.121E-7,"d":"2.12E-07"},35374,true,"reported","textfile",0.000760440981536185,26.9187885488838]
["9999_1_IRF6_IRF6","IRF6","rs429358","chr19",44908684,"C","T",-0.0521,0.010624,0.17407,{"v":9.401e-07,"d":"9.40E-07"},35368,true,"reported","textfile",0.000679506498395288,24.0477674364928]
["9999_1_IRF6_IRF6","IRF6","rs11688253","chr2",105627359,"T","C",-0.057,0.011752,0.1307,{"v":1.232E-6,"d":"1.23E-06"},35367,true,"reported","textfile",6.64720607515172E-4,23.5234808272404]
["9999_1_IRF6_IRF6","IRF6","rs6728218","chr2",105628754,"T","C",-0.0574,0.011754,0.13069,{"v":1.043E-6,"d":"1.04E-06"},35367,true,"reported","textfile",0.000673847222867073,23.846676053127]
["9999_1_IRF6_IRF6","IRF6","rs10184436","chr2",226667748,"A","G",0.0366,0.008006,0.47705,{"v":4.837e-06,"d":"4.84E-06"},35356,true,"reported","textfile",0.000590760207430173,20.8980821288197]
["9999_1_IRF6_IRF6","IRF6","rs6084972","chr20",5041037,"T","C",-0.0559,0.01222,0.12243,{"v":4.775E-6,"d":"4.78E-06"},35368,true,"reported","textfile",0.000591308094645164,20.9245749457633]
["9999_1_IRF6_IRF6","IRF6","rs190939201","chr21",23428845,"TAACGT","TAACAT",-0.0745,0.016556,0.06388,{"v":6.799e-06,"d":"6.80E-06"},35361,true,"reported","textfile",0.000572306332242986,20.2477675273494]
["9999_1_IRF6_IRF6","IRF6","rs1354034","chr3",56815721,"C","T",0.0422,0.008205,0.38119,{"v":2.697e-07,"d":"2.70E-07"},35356,true,"reported","textfile",0.000747618084297736,26.4510650468401]
["9999_1_IRF6_IRF6","IRF6","rs9864801","chr3",165730789,"TAGAGAG","TATAGAG",-0.0485,0.008076,0.41936,{"v":1.909e-09,"d":"1.91E-09"},35339,true,"reported","textfile",1.01951496533579E-3,36.0633674729097]
["9999_1_IRF6_IRF6","IRF6","rs71585210","chr5",119299879,"G","C",0.1731,0.037312,0.01178,{"v":3.497e-06,"d":"3.50E-06"},35362,true,"reported","textfile",0.000608269457281462,21.5214988799161]
["9999_1_IRF6_IRF6","IRF6","rs72806804","chr5",141226874,"G","A",0.0964,0.020678,0.04023,{"v":3.131e-06,"d":"3.13E-06"},35365,true,"reported","textfile",0.000614181210370563,21.7326379201966]
["9999_1_IRF6_IRF6","IRF6","rs210142","chr6",33579060,"C","T",0.0432,0.008842,0.28614,{"v":1.029E-6,"d":"1.03E-06"},35367,true,"reported","textfile",0.000674489547981674,23.8694225403918]
["9999_1_IRF6_IRF6","IRF6","rs66629043","chr6",63635411,"A","G",-0.0983,0.022145,0.03185,{"v":9.045e-06,"d":"9.05E-06"},35350,true,"reported","textfile",0.000557088560278948,19.7029427127294]
["9999_1_IRF6_IRF6","IRF6","rs342292","chr7",106730198,"G","C",-0.0438,0.007977,0.45188,{"v":4.009e-08,"d":"4.01E-08"},35354,true,"reported","textfile",0.000852040591236759,30.1470254708081]
["9999_1_IRF6_IRF6","IRF6","rs35567863","chr8",4398737,"T","G",-0.0507,0.010841,0.1608,{"v":2.915E-6,"d":"2.92E-06"},35360,true,"reported","textfile",0.000618153638331367,21.8701954850306]
["9999_1_IRF6_IRF6","IRF6","rs4744117","chr9",90134441,"G","A",-0.0386,0.008653,0.30786,{"v":8.161e-06,"d":"8.16E-06"},35360,true,"reported","textfile",0.000562450888976783,19.8983303660446]

{"sheet":"Table S2","index":2,"n_rows":4254,"n_cols":2,"rows_kept":4254}
["Protein","N SNP"]
["ALDH1A1",3]
["ALDH3A1",3]
["ANAPC7",3]
["ANXA13",3]
["ARL3",3]
["ARPC1B",3]
["ASMTL",3]
["BAG5",3]
["BPGM",3]
["BRDT",3]
["CAPN3",3]
["CBR1",3]
["CCDC51",3]
["CHP1",3]
["CMPK1",3]
["COL6A5",3]
["DECR1",3]
["DYNLRB2",3]
["ECH1",3]
["EHD4",3]
["EIF1B",3]
["EQTN",3]
["FLII",3]
["GALK1",3]
["GCLM",3]
["GGA3",3]
["GLTP",3]
["GNGT2",3]
["GPR101",3]
["HMG20A",3]
["HNRNPM",3]
["IL5",3]
["ILF3",3]
["ILK",3]
["IRF9",3]
["ITGB7",3]
["KLRC4",3]
["KPNA4",3]
["L3MBTL2",3]
["LRCH4",3]
["LRP2",3]
["MADCAM1",3]
["MRPL55",3]
["MTRF1L",3]
["MUCL1",3]
["NFE2L1",3]
["NPDC1",3]
["NRG3",3]
["NRSN1",3]
["OLA1",3]
["OPHN1",3]
["PABPC3",3]
["PAIP1",3]
["PCMT1",3]
["PDK2",3]
["PELI2",3]
["PELO",3]
["PIWIL1",3]
["PLCB1",3]
["POLR3F",3]
["PPCS",3]
["PTPRH",3]
["PUS1",3]
["RAD23B",3]
["RGS7",3]
["RHOD",3]
["RHOG",3]
["RUNX3",3]
["SH3GL2",3]
["SMAD2",3]
["SNAP29",3]
["SPA17",3]
["SPINK13",3]
["SRA1",3]
["SRP19",3]
["STUB1",3]
["STX10",3]
["STX12",3]
["TARBP2",3]
["TAX1BP1",3]
["TBX22",3]
["TCEA1",3]
["TGM1",3]
["TLR4",3]
["TMEM119",3]
["TNFAIP8",3]
["TNS2",3]
["TOX3",3]
["TPK1",3]
["TRIB2",3]
["TSSC4",3]
["UBL4A",3]
["VAT1",3]
["VPS25",3]
["VRK1",3]
["VSIG10",3]
["WFDC10B",3]
["ZNF566",3]
["ACAD8",4]
["ACADL",4]
["ACLY",4]
["ADAM7",4]
["ANAPC10",4]
["AP1G2",4]
["APBB2",4]
["AQP4",4]
["ARHGAP25",4]
["ARHGAP30",4]
["B4GALT5",4]
["BMPR1B",4]
["BRAT1",4]
["BRPF1",4]
["BUB1",4]
["CALCOCO2",4]
["CARD9",4]
["CCDC25",4]
["CD300E",4]
["CD38",4]
["CEACAM20",4]
["CEACAM4",4]
["CHCHD10",4]
["CIRBP",4]
["CLC",4]
["CLINT1",4]
["CRAT",4]
["CRYGD",4]
["CSNK2B",4]
["CYTH2",4]
["DCP1B",4]
["DPYSL3",4]
["DPYSL5",4]
["DRG1",4]
["DTX3L",4]
["EHBP1",4]
["ERN1",4]
["FAM162B",4]
["FANCF",4]
["FANCL",4]
["FEN1",4]
["FEV",4]
["GALNT13",4]
["GATM",4]
["GCH1",4]
["GNAI3",4]
["GPCPD1",4]
["GPR68",4]
["HECW1",4]
["HMGB3",4]
["HNRNPDL",4]
["IGSF11",4]
["IMPA2",4]
["INTS3",4]
["ITPKC",4]
["KCNAB2",4]
["KLC1",4]
["KLF4",4]
["LCTL",4]
["LRP1B",4]
["MAPRE1",4]
["MAX",4]
["MPP7",4]
["MRAP2",4]
["MRRF",4]
["NAGS",4]
["NAPB",4]
["NHEJ1",4]
["NISCH",4]
["NMT2",4]
["NUDT16L1",4]
["OTUB2",4]
["P4HA1",4]
["PABPC4",4]
["PDRG1",4]
["PDZD7",4]
["PIAS4",4]
["PLEKHA1",4]
["PLSCR3",4]
["PMS2",4]
["PPARGC1A",4]
["PPP2R1A",4]
["PQBP1",4]
["PRR16",4]
["PSMB1",4]
["PSMD5",4]
["PTPN13",4]
["PTPN9",4]
["PTS",4]
["PURA",4]
["PYCR1",4]
["RAB39B",4]
["RAF1",4]
["RAG1",4]
["RGS4",4]
["RPL30",4]
["RPS6KA6",4]
["SAMHD1",4]
["SERF2",4]
["SETMAR",4]
["SH3BGRL",4]
["SIRT5",4]
["SLC3A2",4]
["SLC4A8",4]
["SMAD3",4]
["SMAD4",4]
["SNAI2",4]
["STMN2",4]
["STX6",4]
["STX8",4]
["SYK",4]
["TCL1B",4]
["TCTN2",4]
["TENM2",4]
["TENM3",4]
["TMED2",4]
["TMPRSS11B",4]
["TSSK1B",4]
["UBE2T",4]
["UBE3A",4]
["UBQLN4",4]
["UCK2",4]
["WFDC2",4]
["WRNIP1",4]
["XDH",4]
["ZNF334",4]
["ZNF415",4]
["ZPBP2",4]
["A4GNT",5]
["ACYP2",5]
["ADI1",5]
["AKR1C1",5]
["ANXA8",5]
["APMAP",5]
["ARAF",5]
["ARF6",5]
["ASCC1",5]
["BACH2",5]
["BET1L",5]
["BGLAP",5]
["BPTF",5]
["BTNL3",5]
["CACNB4",5]
["CACYBP",5]
["CALN1",5]
["CASP8",5]
["CKS1B",5]
["CLEC10A",5]
["CLIC2",5]
["CRABP2",5]
["CREB3L1",5]
["CSF2RA",5]
["CYB5A",5]
["DCAF5",5]
["DNAI1",5]
["DUSP6",5]
["EDF1",5]
["EEF1D",5]
["EIF3G",5]
["ERCC1",5]
["FOXM1",5]
["GAD1",5]
["GCA",5]
["GJD2",5]
["GNRH2",5]
["GOSR2",5]
["GRB10",5]
["GSTT2B",5]
["HERC1",5]
["IDI2",5]
["IL31",5]
["INPP5B",5]
["INPP5E",5]
["ITGB2",5]
["KIF16B",5]
["KMT2C",5]
["LDLRAP1",5]
["LRRC52",5]
["MILR1",5]
["N6AMT1",5]
["NAE1",5]
["NAT14",5]
["NLRP4",5]
["NRIP3",5]
["NT5C",5]
["NT5C2",5]
["OMP",5]
["PANK3",5]
["PAPLN",5]
["PIEZO1",5]
["PLD3",5]
["PLEKHA4",5]
["PPP1R3B",5]
["PRKAR1B",5]
["PUF60",5]
["RAB22A",5]
["RNPC3",5]
["S100A14",5]
["S100A2",5]
["SERPINB1",5]
["SFTA2",5]
["SH3GLB2",5]
["SHC4",5]
["SMS",5]
["SMTN",5]
["SMYD2",5]
["SOCS7",5]
["STAMBPL1",5]
["STAR",5]
["STAT1",5]
["TBX5",5]
["TEAD4",5]
["TRDMT1",5]
["TSPEAR",5]
["UBASH3B",5]
["UBE2C",5]
["ULK3",5]
["VPS4B",5]
["WWP1",5]
["ZNF175",5]
["ZNF41",5]
["ZNF774",5]
["ZWINT",5]
["A1CF",6]
["ADGRF1",6]
["ANKRD27",6]
["APRT",6]
["ARL1",6]
["BAG3",6]
["C6orf89",6]
["CBFB",6]
["CCM2",6]
["CD58",6]
["CD99L2",6]
["CDC25B",6]
["CDC42BPA",6]
["CDYL2",6]
["COMMD1",6]
["CRYBB2",6]
["CSGALNACT2",6]
["DLX4",6]
["DOT1L",6]
["DUSP4",6]
["ELMO1",6]
["EMC1",6]
["EXOSC3",6]
["FAM163B",6]
["HABP4",6]
["HIBCH",6]
["HOGA1",6]
["HTN1",6]
["JARID2",6]
["KCTD5",6]
["LAT",6]
["LMOD1",6]
["MAGEB10",6]
["MEGF10",6]
["MGAT1",6]
["MYNN",6]
["PDXK",6]
["PPIH",6]
["PPM1D",6]
["PSMB5",6]
["QDPR",6]
["RBBP9",6]
["RBM3",6]
["RGS3",6]
["SAT2",6]
["SATB2",6]
["SCIN",6]
["SLC41A2",6]
["SLC5A5",6]
["SORT1",6]
["STAP1",6]
["SUDS3",6]
["TALDO1",6]
["TARDBP",6]
["TBCE",6]
["THRA",6]
["TRABD",6]
["TRIAP1",6]
["TRIM3",6]
["USP21",6]
["ZHX3",6]
["ZNF18",6]
["ADH6",7]
["AGFG1",7]
["ANTXR1",7]
["ASF1A",7]
["ASPA",7]
["BMP15",7]
["CA8",7]
["CCDC50",7]
["CD37",7]
["CDKN2D",7]
["CSDC2",7]
["DSC1",7]
["EEF2K",7]
["ENO2",7]
["FZD10",7]
["GLRX2",7]
["JUN",7]
["KLHL13",7]
["LAMTOR3",7]
["LCN1",7]
["MVK",7]
["OTUD5",7]
["P4HA2",7]
["POMK",7]
["RIC3",7]
["RNF146",7]
["RPIA",7]
["SH2D3C",7]
["SIGLEC15",7]
["SLC14A2",7]
["SPDEF",7]
["SPIN1",7]
["SRL",7]
["STAT3",7]
["STAU1",7]
["THG1L",7]
["TJP1",7]
["TPPP2",7]
["TXNIP",7]
["UBA2",7]
["UROS",7]
["VDR",7]
["WNT10A",7]
["ADH5",8]
["AGA",8]
["CD7",8]
["CHFR",8]
["CLEC2A",8]
["CLEC4G",8]
["CYB5R1",8]
["ELL",8]
["FAH",8]
["GCNT4",8]
["GDA",8]
["GNG11",8]
["GPR135",8]
["GRAP",8]
["HNRNPC",8]
["KIAA1549L",8]
["MAGEA3",8]
["MAGEA6",8]
["MCTS1",8]
["MTMR1",8]
["NRBP1",8]
["NUCB1",8]
["OCRL",8]
["OSMR",8]
["OXSM",8]
["PCDHGB1",8]
["PCK1",8]
["PFKFB3",8]
["PGLYRP3",8]
["PGP",8]
["PKN1",8]
["PLEKHA7",8]
["PRND",8]
["PSMA7",8]
["RBM24",8]
["RERG",8]
["RHOB",8]
["RHPN2",8]
["RNF122",8]
["RUFY1",8]
["SCMH1",8]
["SPATA20",8]
["SVIP",8]
["TAX1BP3",8]
["TMEM106A",8]
["TMX2",8]
["UBE2F",8]
["ADH7",9]
["AKR7A3",9]
["APLP2",9]
["ARL11",9]
["ASL",9]
["BACH1",9]
["BTG2",9]
["CKMT2",9]
["COL28A1",9]
["EFS",9]
["ETS2",9]
["GABARAPL2",9]
["GALE",9]
["GUCA1A",9]
["HEBP1",9]
["HNF4A",9]
["HS3ST5",9]
["ITCH",9]
["MEOX2",9]
["MTHFD1",9]
["NAT1",9]
["NDC80",9]
["PACSIN1",9]
["PCDHB2",9]
["PDCD5",9]
["RNPEP",9]
["SCARA3",9]
["SERPINH1",9]
["SHISA2",9]
["SMARCC1",9]
["TMEM154",9]
["ALDOB",10]
["AXL",10]
["BIRC2",10]
["CARD18",10]
["CD1A",10]
["CDKN2C",10]
["CYB5D2",10]
["DES",10]
["EVL",10]
["FABP9",10]
["FGFBP3",10]
["HBQ1",10]
["HHIP",10]
["HSPB1",10]
["KERA",10]
["LRRK2",10]
["METTL1",10]
["PCOLCE",10]
["PITPNB",10]
["PMVK",10]
["PYGL",10]
["REG4",10]
["RELB",10]
["RGS19",10]
["S100A16",10]
["SCGB1A1",10]
["SMAP1",10]
["SOCS3",10]
["SUN5",10]
["TEAD3",10]
["TESC",10]
["TOMM20L",10]
["AAGAB",11]
["B3GALT2",11]
["C11orf87",11]
["CASQ1",11]
["CCNB2",11]
["CHI3L1",11]
["CRABP1",11]
["GAL3ST2",11]
["GRB7",11]
["GRIA4",11]
["KLRB1",11]
["KLRG2",11]
["KRT7",11]
["OBP2B",11]
["PCBD1",11]
["PDGFRB",11]
["RAB17",11]
["RBM19",11]
["RGS8",11]
["SFTPB",11]
["SPINK7",11]
["SULT1B1",11]
["TBCA",11]
["TEX29",11]
["TMEM190",11]
["TPMT",11]
["TPRKB",11]
["TXNDC5",11]
["ARFIP2",12]
["CNRIP1",12]
["DTX1",12]
["ECHS1",12]
["LRRN1",12]
["NAGPA",12]
["NCF2",12]
["NEFL",12]
["RECQL",12]
["SIGLEC5",12]
["STAT6",12]
["TAF10",12]
["TNR",12]
["ACADVL",13]
["APOF",13]
["ARL2",13]
["CLIC5",13]
["CLK2",13]
["GNPTG",13]
["HRG",13]
["HSPA1L",13]
["LILRB5",13]
["OLFM3",13]
["PLOD3",13]
["TAPBP",13]
["UCMA",13]
["ANGPTL3",14]
["CLGN",14]
["DNAJB9",14]
["EIF4A3",14]
["FAM24B",14]
["HOMER2",14]
["KLK13",14]
["KRT5",14]
["LILRB3",14]
["PIK3R1",14]
["PLK1",14]
["PSMA4",14]
["SLC25A18",14]
["STX3",14]
["TLR3",14]
["APOM",15]
["ASPRV1",15]
["CAV3",15]
["CHST9",15]
["COL11A2",15]
["DAP",15]
["DGCR2",15]
["DUT",15]
["F7",15]
["HSPE1",15]
["LILRA6",15]
["PEA15",15]
["SCARA5",15]
["SIRPA",15]
["TIMM21",15]
["AK1",16]
["ALAD",16]
["ANXA9",16]
["APAF1",16]
["CASP14",16]
["CTSK",16]
["EFNB1",16]
["EGFLAM",16]
["FH",16]
["FKBP6",16]
["FSTL4",16]
["GALNT2",16]
["GMFG",16]
["GPD1",16]
["GPD1L",16]
["HSD17B14",16]
["HSPD1",16]
["IL17RA",16]
["KPNA6",16]
["MRPL34",16]
["NDUFB4",16]
["PATE1",16]
["PDPK1",16]
["PHF3",16]
["PROK2",16]
["PRPS2",16]
["PSMB2",16]
["SIGLEC9",16]
["TGIF2",16]
["TMEM25",16]
["A2ML1",17]
["AIF1L",17]
["ATF6B",17]
["ATP1B4",17]
["C1orf198",17]
["CCNH",17]
["CD63",17]
["CLTC",17]
["CREB3L2",17]
["CS",17]
["CST8",17]
["CYGB",17]
["DAO",17]
["ETHE1",17]
["FRRS1L",17]
["G3BP1",17]
["GGA1",17]
["GLIPR1",17]
["GMFB",17]
["GSTO1",17]
["HTN3",17]
["ICAM1",17]
["IL11RA",17]
["IL4",17]
["ING4",17]
["MCEE",17]
["MRAP",17]
["NGF",17]
["NNMT",17]
["NRAS",17]
["PFN2",17]
["PRDX3",17]
["PTGFRN",17]
["PTPN7",17]
["QKI",17]
["RAMP3",17]
["RPS6KA1",17]
["RYK",17]
["SAA4",17]
["SHANK1",17]
["SIGLEC1",17]
["SIGLEC14",17]
["SLC26A7",17]
["SPEF1",17]
["SPINK14",17]
["STIP1",17]
["SYT7",17]
["SYT8",17]
["TBP",17]
["TINAGL1",17]
["U2AF2",17]
["VAPB",17]
["ZNF275",17]
["ZNF526",17]
["ADRM1",18]
["AP1S2",18]
["C1QL4",18]
["CCL15",18]
["CCL20",18]
["CCL27",18]
["CD27",18]
["CD83",18]
["CDK2AP1",18]
["CFL2",18]
["CLEC7A",18]
["CNEP1R1",18]
["CRIP1",18]
["DOC2B",18]
["EIF4EBP3",18]
["ENAH",18]
["FAAH2",18]
["FGF6",18]
["GCDH",18]
["GDF11",18]
["GEM",18]
["GMDS",18]
["HEXIM2",18]
["HPX",18]
["IFNA1",18]
["IFNA4",18]
["IGHG2",18]
["IL1RAP",18]
["IL2RA",18]
["KLK10",18]
["KLRC1",18]
["MBTPS1",18]
["MIF",18]
["MSLN",18]
["MYL7",18]
["NFATC4",18]
["NME2",18]
["OBP2A",18]
["P2RX6",18]
["PAFAH2",18]
["PDE11A",18]
["PHPT1",18]
["PSG8",18]
["PTH1R",18]
["PTPN6",18]
["RAB5B",18]
["RGS10",18]
["RNF150",18]
["RPN1",18]
["S100A13",18]
["SERPINB5",18]
["SFN",18]
["SHMT1",18]
["SLC6A16",18]
["SMR3A",18]
["ST8SIA3",18]
["TACO1",18]
["TCP1",18]
["TF",18]
["TXNDC11",18]
["UBE2J1",18]
["UCHL5",18]
["VHL",18]
["VPS29",18]
["ABHD14B",19]
["ABO",19]
["ACADM",19]
["ADH1B",19]
["AFAP1L1",19]
["AFP",19]
["ANXA11",19]
["AOC2",19]
["ARID3A",19]
["ASGR2",19]
["BLMH",19]
["BTC",19]
["C18orf32",19]
["C1QTNF9",19]
["CAB39",19]
["CD40LG",19]
["CHST1",19]
["CLEC12A",19]
["CREB3L4",19]
["CTSL",19]
["CUBN",19]
["DMBT1",19]
["DPYSL2",19]
["DUSP16",19]
["DUSP23",19]
["ECEL1",19]
["EPHA1",19]
["ETNK1",19]
["EVPL",19]
["FOXC2",19]
["FUT3",19]
["GLP1R",19]
["GPX5",19]
["HPGDS",19]
["IL18",19]
["IL22RA1",19]
["IL24",19]
["IRF4",19]
["KEAP1",19]
["KIN",19]
["MAGEA8",19]
["MDH2",19]
["MFAP1",19]
["MFRP",19]
["MSTN",19]
["MTIF3",19]
["MYL12B",19]
["NANS",19]
["NGRN",19]
["NUDT1",19]
["PAEP",19]
["PDGFRA",19]
["PRRG4",19]
["PSMD9",19]
["PTCHD3",19]
["RAB21",19]
["RAB2B",19]
["RAB32",19]
["SCAND1",19]
["SEPHS1",19]
["SERPINA6",19]
["SERPINB8",19]
["SIRPB1",19]
["SLTM",19]
["SQSTM1",19]
["STAMBP",19]
["TBX3",19]
["TICAM2",19]
["TMOD3",19]
["TPSG1",19]
["TYK2",19]
["ULBP1",19]
["USO1",19]
["ZG16",19]
["ABHD10",20]
["ACVR2B",20]
["AIDA",20]
["ANGPT4",20]
["ANGPTL4",20]
["ANXA4",20]
["ATOX1",20]
["BCL2",20]
["BTNL8",20]
["BTNL9",20]
["CA11",20]
["CCL24",20]
["CCNA1",20]
["CDC37",20]
["CDC42BPB",20]
["CFL1",20]
["CFTR",20]
["CHIT1",20]
["CHST14",20]
["CKB",20]
["CLCNKB",20]
["CMBL",20]
["CNPY4",20]
["COLGALT2",20]
["CPLX2",20]
["CRLF1",20]
["CRLF2",20]
["CRMP1",20]
["DCBLD1",20]
["DDIT3",20]
["DDR2",20]
["DEFB108B",20]
["DEFB136",20]
["DENR",20]
["DIDO1",20]
["DNAJB6",20]
["DUSP3",20]
["EBI3",20]
["EIF1AX",20]
["EIF4EBP2",20]
["EMC8",20]
["ERP27",20]
["FCAMR",20]
["FGF12",20]
["FIG4",20]
["GDF7",20]
["GFER",20]
["GPC2",20]
["GPX2",20]
["GSTA3",20]
["HERPUD2",20]
["HMGCR",20]
["HMOX2",20]
["HSF1",20]
["HTR7",20]
["IFNA21",20]
["IFNB1",20]
["IGFBP5",20]
["IL17RC",20]
["IL1RL2",20]
["JPH3",20]
["KLK11",20]
["KRT18",20]
["KRT72",20]
["LCMT1",20]
["LDOC1",20]
["LGALS13",20]
["LIPK",20]
["MEF2C",20]
["MFAP5",20]
["MLYCD",20]
["MMEL1",20]
["MOG",20]
["MXI1",20]
["NRG2",20]
["OSTM1",20]
["PAK6",20]
["PC",20]
["PCDHGA2",20]
["PDE3A",20]
["PIM1",20]
["PLA2G2D",20]
["PLBD2",20]
["PRDX4",20]
["PRKCZ",20]
["PRLR",20]
["PSG6",20]
["PTEN",20]
["PTK2",20]
["PTP4A3",20]
["PTPN4",20]
["PTPRR",20]
["QPRT",20]
["RBL1",20]
["RBM46",20]
["RNF41",20]
["RPS3",20]
["S100Z",20]
["SAYSD1",20]
["SCT",20]
["SEMA3B",20]
["SERPINC1",20]
["SOSTDC1",20]
["ST6GALNAC5",20]
["SULT4A1",20]
["TANK",20]
["TBC1D5",20]
["TFAM",20]
["TIAL1",20]
["TMPRSS11A",20]
["TMPRSS6",20]
["UBE2K",20]
["UBE2L6",20]
["UGP2",20]
["UNC13A",20]
["VASP",20]
["YEATS4",20]
["ACBD6",21]
["ACE",21]
["ACE2",21]
["ADPGK",21]
["AGAP2",21]
["ALDH6A1",21]
["AMH",21]
["ANPEP",21]
["APCDD1",21]
["ARF1",21]
["ARL14",21]
["ARL9",21]
["ARSA",21]
["B4GALT3",21]
["BCL2L10",21]
["C1orf43",21]
["CALB2",21]
["CALR",21]
["CANX",21]
["CDHR1",21]
["CDKN1A",21]
["CDKN1B",21]
["CDKN3",21]
["CFAP45",21]
["CHEK2",21]
["CLEC2B",21]
["CLEC2L",21]
["CLPP",21]
["COX5B",21]
["CPOX",21]
["CSRP2",21]
["CYTIP",21]
["DCLK3",21]
["DEFB129",21]
["DHH",21]
["DIRAS1",21]
["DLD",21]
["DNAJC19",21]
["DNAJC30",21]
["DUSP13",21]
["EHF",21]
["ENSA",21]
["ENTPD2",21]
["EXOSC1",21]
["FAF2",21]
["FKBP3",21]
["FOXJ2",21]
["FXR1",21]
["G0S2",21]
["GCNT1",21]
["GDI2",21]
["GMNN",21]
["GNPDA1",21]
["GPI",21]
["GPX1",21]
["HADH",21]
["HCK",21]
["HEXIM1",21]
["HSD17B10",21]
["IDH3G",21]
["IFNAR1",21]
["IFNW1",21]
["IL25",21]
["IL2RG",21]
["ISM1",21]
["ITGA2",21]
["JUP",21]
["KLK9",21]
["KLRF1",21]
["LAMA4",21]
["LCORL",21]
["LDHB",21]
["LGALS1",21]
["LGALS9",21]
["LIF",21]
["MAPK13",21]
["MCCD1",21]
["MED1",21]
["MMP14",21]
["MRPL52",21]
["MTX2",21]
["MUL1",21]
["MYL5",21]
["NDRG3",21]
["NFKBIA",21]
["NFU1",21]
["NQO2",21]
["NR1D1",21]
["NUDT12",21]
["NUTF2",21]
["PAICS",21]
["PCBD2",21]
["PDHX",21]
["PDIA6",21]
["PDILT",21]
["PEX5",21]
["POLM",21]
["PRDX6",21]
["PRKCI",21]
["PRKCQ",21]
["PRKCSH",21]
["PTK6",21]
["PTRH2",21]
["RAB3C",21]
["RAC2",21]
["RBM23",21]
["RIPPLY1",21]
["RND3",21]
["RPA2",21]
["RPRD1A",21]
["SAT1",21]
["SERPINI2",21]
["SKP1",21]
["SMIM13",21]
["SNRPB2",21]
["SPOCK1",21]
["ST6GAL1",21]
["SYT9",21]
["TAF15",21]
["TGFB3",21]
["TNFRSF14",21]
["TNFRSF6B",21]
["TOM1L1",21]
["TUFT1",21]
["TXLNA",21]
["UTS2B",21]
["VAMP1",21]
["VAPA",21]
["VCL",21]
["VWC2L",21]
["WFDC10A",21]
["WFDC8",21]
["XRCC6",21]
["YY1",21]
["ZNF264",21]
["AGR2",22]
["AIFM1",22]
["ANXA5",22]
["APOL3",22]
["ARL5A",22]
["ARPC3",22]
["ASIC4",22]
["BAIAP2",22]
["BCL10",22]
["BCL2L2",22]
["BLNK",22]
["CA2",22]
["CABLES2",22]
["CALB1",22]
["CAMK4",22]
["CCL2",22]
["CD200R1",22]
["CD244",22]
["CER1",22]
["CHST5",22]
["CINP",22]
["CPD",22]
["CRNN",22]
["CUTC",22]
["DCN",22]
["DCUN1D3",22]
["DDC",22]
["DDOST",22]
["DDX19A",22]
["DDX6",22]
["DEFB110",22]
["DEFB125",22]
["DRAXIN",22]
["DSCAML1",22]
["EDN1",22]
["EIF1AD",22]
["EIF4A2",22]
["EIF5A",22]
["ELF5",22]
["ENGASE",22]
["EPS15L1",22]
["EXOSC8",22]
["EZR",22]
["FAM162A",22]
["FAM171A1",22]
["FANK1",22]
["FASN",22]
["FATE1",22]
["FBXL5",22]
["FGF7",22]
["FXN",22]
["FYN",22]
["GLO1",22]
["GPC4",22]
["GSTK1",22]
["HAAO",22]
["HNRNPF",22]
["HS3ST3A1",22]
["HSF2BP",22]
["HTR2A",22]
["IFNA6",22]
["IFNA8",22]
["IFNLR1",22]
["IGFBP4",22]
["IGHG4",22]
["IL15",22]
["IL21R",22]
["IL32",22]
["IL6",22]
["ING1",22]
["INSL6",22]
["INSRR",22]
["IRF1",22]
["ISL1",22]
["JUND",22]
["KLK4",22]
["LANCL1",22]
["LDHC",22]
["LDLR",22]
["LRRC3",22]
["LSM1",22]
["LYPD1",22]
["MAGOHB",22]
["MAP3K3",22]
["MAPK1",22]
["MB",22]
["NCK2",22]
["NDUFA5",22]
["NFKB1",22]
["NRG4",22]
["NRGN",22]
["OLFM2",22]
["OLFM4",22]
["PCDH9",22]
["PDXP",22]
["PLA2G2A",22]
["PMP2",22]
["PNMT",22]
["PPA1",22]
["PPIF",22]
["PREP",22]
["PRL",22]
["PSMB9",22]
["PTGES2",22]
["PTTG1",22]
["RAB1A",22]
["RABIF",22]
["RAC1",22]
["RAC3",22]
["RAP1GAP",22]
["RBBP6",22]
["RFFL",22]
["RSPO4",22]
["RTF1",22]
["SDHAF2",22]
["SEC61G",22]
["SEMG1",22]
["SKIL",22]
["SLC26A5",22]
["SLC27A2",22]
["SNRPG",22]
["SPACA5",22]
["SPINK8",22]
["SPINT3",22]
["ST8SIA2",22]
["STX7",22]
["SUSD3",22]
["SYF2",22]
["SYNE2",22]
["SYNJ2BP",22]
["SYT2",22]
["TMPRSS15",22]
["TNFSF10",22]
["TOP1",22]
["TTC1",22]
["UBE2B",22]
["UBE2I",22]
["UBE2N",22]
["UNC5A",22]
["UNC93B1",22]
["VAMP4",22]
["VSIG2",22]
["VTI1A",22]
["ZFAND5",22]
["ACHE",23]
["ACP2",23]
["ACVRL1",23]
["ADAM19",23]
["ADAMTS1",23]
["ADAMTS3",23]
["ADSL",23]
["AGO1",23]
["AHSG",23]
["AMPD2",23]
["ANKRD1",23]
["ARL6IP5",23]
["ARPP19",23]
["ASTL",23]
["AURKA",23]
["B4GALT6",23]
["BCAT2",23]
["BDH2",23]
["BIRC3",23]
["BST2",23]
["C17orf78",23]
["CADM3",23]
["CASP2",23]
["CBX1",23]
["CCL3",23]
["CD200R1L",23]
["CD247",23]
["CD3G",23]
["CEBPA",23]
["CELA3B",23]
["CELF2",23]
["CFLAR",23]
["CHKB",23]
["CILP",23]
["CLEC3B",23]
["CNN2",23]
["CPN1",23]
["CRIP2",23]
["CSF2RB",23]
["CSK",23]
["CSRP1",23]
["DCK",23]
["DCUN1D2",23]
["DEFB104A",23]
["DEFB113",23]
["DGCR6",23]
["DNAJB1",23]
["DNAJB14",23]
["DSC3",23]
["DSTN",23]
["EIF3J",23]
["EIF4EBP1",23]
["EPHA10",23]
["EPOR",23]
["ERH",23]
["ERMAP",23]
["FGF18",23]
["FGF5",23]
["FGFR2",23]
["FLRT1",23]
["G6PD",23]
["GABARAP",23]
["GALP",23]
["GBP2",23]
["GCKR",23]
["GDNF",23]
["GGPS1",23]
["GLRX5",23]
["GMPR",23]
["GOLGA7",23]
["GPR107",23]
["GRHPR",23]
["GSKIP",23]
["GSTM3",23]
["GUCA2B",23]
["HDGFL1",23]
["HGD",23]
["HMGB1",23]
["HMGN1",23]
["HPD",23]
["HPRT1",23]
["HRK",23]
["HSD17B8",23]
["HTRA2",23]
["IFNA10",23]
["IFNA7",23]
["IFNL1",23]
["IL17D",23]
["IL36A",23]
["IL36B",23]
["IMPA1",23]
["IQCF3",23]
["KIAA0319L",23]
["KIF1C",23]
["KIF23",23]
["KIRREL3",23]
["KLK7",23]
["LAMP1",23]
["LAT2",23]
["LCAT",23]
["LRFN2",23]
["LRRC4B",23]
["LTB4R",23]
["LY6G6D",23]
["LY86",23]
["LZIC",23]
["MAPKAPK3",23]
["MCM6",23]
["MDH1",23]
["MEPE",23]
["MGAT4C",23]
["MNX1",23]
["MPDZ",23]
["MPZ",23]
["MPZL1",23]
["MRPL14",23]
["MYDGF",23]
["MYL12A",23]
["MYO6",23]
["NME4",23]
["NSF",23]
["OSCAR",23]
["PARP11",23]
["PDCD4",23]
["PDE2A",23]
["PEX26",23]
["PKP2",23]
["PLA2G2E",23]
["PLVAP",23]
["PMM2",23]
["PNLIPRP2",23]
["PPP1R14A",23]
["PRR27",23]
["PSMA6",23]
["PSME2",23]
["PSME3",23]
["RAB27A",23]
["RAB5A",23]
["RBM39",23]
["REPIN1",23]
["RMI1",23]
["RNGTT",23]
["RPS7",23]
["SATB1",23]
["SCO2",23]
["SEMA3A",23]
["SH3GL3",23]
["SLC16A3",23]
["SPAST",23]
["SPTAN1",23]
["SST",23]
["ST8SIA4",23]
["STMN4",23]
["STX18",23]
["SUB1",23]
["TAGLN",23]
["TBCB",23]
["TCF4",23]
["TMEM87B",23]
["TNFRSF9",23]
["TNFSF9",23]
["TNNI3",23]
["TNRC6B",23]
["TSLP",23]
["ULBP2",23]
["UPP1",23]
["USP8",23]
["VSIG1",23]
["VTI1B",23]
["WNK3",23]
["XPNPEP1",23]
["ZG16B",23]
["ZNF382",23]
["ZNF843",23]
["ACAN",24]
["ACSF2",24]
["ADAM11",24]
["ADAM30",24]
["ADAM32",24]
["ADAM9",24]
["ADAMDEC1",24]
["AGAP3",24]
["AGO3",24]
["AIF1",24]
["AKT1",24]
["ALPI",24]
["ANXA3",24]
["AREG",24]
["ARHGAP1",24]
["ARHGEF7",24]
["ARID1A",24]
["ARL2BP",24]
["ARPC5",24]
["ARPP21",24]
["ATAD1",24]
["ATP4B",24]
["BAG1",24]
["BATF3",24]
["BLVRB",24]
["BOLA3",24]
["BTN2A1",24]
["C1D",24]
["C1orf210",24]
["C8G",24]
["CAMKK1",24]
["CAT",24]
["CBX7",24]
["CCL26",24]
["CD200",24]
["CD33",24]
["CDC25A",24]
["CENPW",24]
["CERS5",24]
["CHD7",24]
["CNGA2",24]
["COG8",24]
["COL8A1",24]
["CPLX1",24]
["CPT1B",24]
["CRADD",24]
["CRK",24]
["CUL1",24]
["CUZD1",24]
["DCXR",24]
["DEFB115",24]
["DHPS",24]
["DHRS9",24]
["DNAJA2",24]
["DNAJC17",24]
["DNASE2B",24]
["EIF4H",24]
["ENPP7",24]
["ERBB4",24]
["ERCC4",24]
["EWSR1",24]
["FABP12",24]
["FABP5",24]
["FABP6",24]
["FBXL4",24]
["FGF10",24]
["FGR",24]
["FMR1",24]
["FSHB",24]
["FST",24]
["FSTL5",24]
["GALNT3",24]
["GAPDHS",24]
["GFAP",24]
["GHDC",24]
["GNAI1",24]
["GNAS",24]
["GRID1",24]
["GSTM1",24]
["GZMH",24]
["HINT2",24]
["HK2",24]
["HMGA1",24]
["HPGD",24]
["HS3ST3B1",24]
["HSD17B1",24]
["IDH1",24]
["IFNA14",24]
["IGSF9B",24]
["IL17A",24]
["IL19",24]
["IL20",24]
["IL20RA",24]
["ITPA",24]
["JAM2",24]
["JAM3",24]
["KLK15",24]
["KLRK1",24]
["LGALS4",24]
["LGALS8",24]
["LGI3",24]
["LMNB1",24]
["LRIT3",24]
["MAP4K3",24]
["MAPK12",24]
["MARK3",24]
["MATK",24]
["MDM1",24]
["MFNG",24]
["MIOX",24]
["MMGT1",24]
["MMP13",24]
["MPPED2",24]
["MSN",24]
["NAB2",24]
["NAMPT",24]
["NANOG",24]
["NAP1L2",24]
["NCL",24]
["NDUFV2",24]
["NEDD9",24]
["NFKBIB",24]
["NMS",24]
["NR1D2",24]
["NT5DC3",24]
["NTF4",24]
["NUDC",24]
["NXT1",24]
["NXT2",24]
["OSTN",24]
["PAFAH1B2",24]
["PAWR",24]
["PDIA4",24]
["PECR",24]
["PGR",24]
["PIN1",24]
["POLI",24]
["POLR2K",24]
["POTEM",24]
["PPFIA1",24]
["PPIL1",24]
["PPP1CC",24]
["PPP2R5A",24]
["PRDX5",24]
["PRIM1",24]
["PRKACA",24]
["PRPSAP1",24]
["PRPSAP2",24]
["PRSS37",24]
["PSTPIP1",24]
["PVR",24]
["RAB4A",24]
["RFNG",24]
["RNASE10",24]
["RNASE13",24]
["RNASE4",24]
["RNF149",24]
["RRBP1",24]
["RRM2B",24]
["SAP30",24]
["SEC22A",24]
["SLC3A1",24]
["SLIT1",24]
["SNCA",24]
["SNRPD3",24]
["SNX17",24]
["SORCS3",24]
["SOX2",24]
["SPN",24]
["SPRED1",24]
["SRP14",24]
["SSU72",24]
["SULF2",24]
["SUMO2",24]
["TBK1",24]
["TCEAL8",24]
["THTPA",24]
["TK2",24]
["TMED4",24]
["TNF",24]
["TNFRSF12A",24]
["TNFSF15",24]
["TNMD",24]
["TRAF4",24]
["UBXN2B",24]
["ULBP3",24]
["USP14",24]
["USP28",24]
["WBP2",24]
["WFDC1",24]
["WFDC11",24]
["WNT11",24]
["XCL1",24]
["XRCC4",24]
["ZNF75D",24]
["ABL1",25]
["ACADSB",25]
["AIP",25]
["ANXA10",25]
["ARHGDIB",25]
["ATF6",25]
["B4GALNT1",25]
["BAG4",25]
["BAMBI",25]
["BARD1",25]
["BID",25]
["BMPR2",25]
["BNIP3",25]
["BSG",25]
["BTLA",25]
["C22orf15",25]
["CA12",25]
["CA4",25]
["CA7",25]
["CAND1",25]
["CCDC90B",25]
["CD2",25]
["CD79B",25]
["CD80",25]
["CEACAM21",25]
["CISD2",25]
["CLEC1B",25]
["CLN5",25]
["CNOT1",25]
["COMMD9",25]
["COPS7B",25]
["COTL1",25]
["COX6A2",25]
["CPE",25]
["CRISP3",25]
["CSF2",25]
["CSMD1",25]
["DECR2",25]
["DEFA1",25]
["DEFB107A",25]
["DEFB135",25]
["DGKB",25]
["DLG4",25]
["EID3",25]
["EIF1AY",25]
["EIF4E",25]
["EIF4E2",25]
["EIF4G2",25]
["EMC4",25]
["EREG",25]
["ERP29",25]
["FABP1",25]
["FCGR2A",25]
["FCRL5",25]
["FCRLB",25]
["FHIT",25]
["FLT3LG",25]
["FREM2",25]
["G3BP2",25]
["GAPDH",25]
["GZMM",25]
["HAO1",25]
["HAPLN4",25]
["HDHD3",25]
["HHLA2",25]
["HNRNPK",25]
["HRAS",25]
["HRC",25]
["ID1",25]
["IFNA16",25]
["IGFBPL1",25]
["IL1B",25]
["IL27RA",25]
["ITGAL",25]
["ITGB6",25]
["KAT2A",25]
["KCNG4",25]
["KIR2DL1",25]
["KREMEN2",25]
["LHB",25]
["LILRB2",25]
["LMAN1",25]
["LMAN2L",25]
["MAD1L1",25]
["MAD2L1",25]
["MAN2B2",25]
["MAPT",25]
["MECP2",25]
["METAP1",25]
["METTL24",25]
["MFAP3L",25]
["MID2",25]
["MRPL2",25]
["MTPAP",25]
["NAPA",25]
["NBR1",25]
["NCALD",25]
["NCK1",25]
["NDE1",25]
["NENF",25]
["NFKBID",25]
["NMNAT1",25]
["NPM1",25]
["NUP210",25]
["PA2G4",25]
["PACSIN3",25]
["PCDHAC2",25]
["PFDN5",25]
["PHEX",25]
["PHGDH",25]
["PLA2R1",25]
["PLXNB3",25]
["POLE2",25]
["POMGNT1",25]
["PPCDC",25]
["PPIB",25]
["PPP1R2",25]
["PSG1",25]
["PVRIG",25]
["RAB14",25]
["RBKS",25]
["RNF34",25]
["RPSA",25]
["S100A7",25]
["SCO1",25]
["SEPSECS",25]
["SERPINA12",25]
["SHC2",25]
["SLC30A5",25]
["SLMAP",25]
["SMC3",25]
["SNAPIN",25]
["SNTA1",25]
["SNX3",25]
["SNX8",25]
["SPACA3",25]
["SPHK1",25]
["SPINK2",25]
["SRSF7",25]
["STMN1",25]
["STMN3",25]
["SUGT1",25]
["SYN3",25]
["TCEAL3",25]
["TGM2",25]
["TIMM8A",25]
["TIRAP",25]
["TLN2",25]
["TMOD2",25]
["TNFRSF10A",25]
["TNKS",25]
["TOLLIP",25]
["TPM4",25]
["TRAPPC5",25]
["UBQLN2",25]
["UBTD2",25]
["UFC1",25]
["UMODL1",25]
["VEGFB",25]
["WFIKKN1",25]
["WNT7A",25]
["XG",25]
["YWHAZ",25]
["ZFP91",25]
["ZPLD1",25]
["ACBD7",26]
["ACOT8",26]
["ADAMTS5",26]
["ADGRG5",26]
["AMIGO1",26]
["ANGPTL7",26]
["ANK2",26]
["AP2A2",26]
["APBB1",26]
["ARHGEF1",26]
["ARHGEF25",26]
["B3GNT6",26]
["BCL6",26]
["BMP2",26]
["BPNT1",26]
["BRAF",26]
["BRICD5",26]
["C19orf18",26]
["CA5A",26]
["CAMK2B",26]
["CASP3",26]
["CASS4",26]
["CCNA2",26]
["CD1D",26]
["CD207",26]
["CD300LF",26]
["CDH12",26]
["CDON",26]
["CDY1",26]
["CHMP2A",26]
["CHST4",26]
["CLEC2D",26]
["CLTA",26]
["COL23A1",26]
["COMT",26]
["CSAG1",26]
["CSNK1G2",26]
["CTLA4",26]
["DCTD",26]
["DDR1",26]
["DDX25",26]
["DEAF1",26]
["DEFB119",26]
["DLG2",26]
["DLL4",26]
["DNAJA4",26]
["DNAJC10",26]
["DNAJC15",26]
["DNAJC18",26]
["DNMT3L",26]
["DOCK9",26]
["DSC2",26]
["EDA2R",26]
["EDDM3B",26]
["EEF1B2",26]
["EIF2AK4",26]
["EIF4B",26]
["EIF4G3",26]
["ENPP6",26]
["EPHB1",26]
["ESD",26]
["EVA1B",26]
["FAHD1",26]
["FAIM",26]
["FGF1",26]
["FGF22",26]
["FGF23",26]
["FGF3",26]
["FIS1",26]
["FKBP4",26]
["FOXO3",26]
["GAP43",26]
["GCG",26]
["GH1",26]
["GLRX3",26]
["GOT1",26]
["GPN1",26]
["GRB2",26]
["GRPEL1",26]
["GSTP1",26]
["HAGH",26]
["HAPLN1",26]
["HDLBP",26]
["HMGA2",26]
["HNRNPH1",26]
["HOPX",26]
["HPCAL1",26]
["HSP90AB1",26]
["ID2",26]
["IDO1",26]
["IFNL2",26]
["IGDCC3",26]
["IK",26]
["IL11",26]
["IL13RA1",26]
["IL22",26]
["IL31RA",26]
["IL7",26]
["IRF3",26]
["KEL",26]
["KIAA2013",26]
["KPNB1",26]
["LYG1",26]
["MAFG",26]
["MAGEA10",26]
["MANF",26]
["MBD4",26]
["MDM4",26]
["MLEC",26]
["MMP7",26]
["MPL",26]
["MTHFSD",26]
["NAPG",26]
["NDNF",26]
["NOTCH2",26]
["NPLOC4",26]
["NPNT",26]
["NPS",26]
["NTRK1",26]
["OLR1",26]
["OPCML",26]
["OVCA2",26]
["PCDH8",26]
["PCNP",26]
["PCYOX1L",26]
["PDAP1",26]
["PDCL2",26]
["PDE1A",26]
["PDZD11",26]
["PFDN2",26]
["PGAM2",26]
["PGD",26]
["PGK2",26]
["PITPNA",26]
["PLA1A",26]
["PLIN3",26]
["PNOC",26]
["POLD4",26]
["POTEG",26]
["PPA2",26]
["PRKG1",26]
["PSG7",26]
["PSMA2",26]
["PSMA3",26]
["PTHLH",26]
["PTP4A1",26]
["RAB13",26]
["RAB1B",26]
["RAB27B",26]
["RAB6B",26]
["RALA",26]
["RALB",26]
["RAN",26]
["RBBP4",26]
["RBM17",26]
["RCVRN",26]
["RDX",26]
["RGS18",26]
["RLBP1",26]
["ROBO3",26]
["RXFP1",26]
["SAR1A",26]
["SEMA4F",26]
["SEMA5A",26]
["SERPINA5",26]
["SEZ6L2",26]
["SH3BP2",26]
["SIGLEC11",26]
["SIRT3",26]
["SMOC1",26]
["SMURF1",26]
["SNAP25",26]
["SNPH",26]
["SOD1",26]
["SORD",26]
["ST3GAL2",26]
["ST6GALNAC1",26]
["ST8SIA6",26]
["STOML1",26]
["SYT5",26]
["TCEA2",26]
["TGFB1",26]
["TKT",26]
["TLR2",26]
["TMEM52B",26]
["TMPRSS11D",26]
["TNFRSF4",26]
["TNFRSF8",26]
["TNNT2",26]
["TPD52L1",26]
["TRAPPC4",26]
["TSG101",26]
["TWF1",26]
["TXNDC12",26]
["TXNL4B",26]
["UBE2D4",26]
["UBE2L3",26]
["UBE2V1",26]
["UGDH",26]
["UGT1A8",26]
["VCAN",26]
["VSNL1",26]
["WBP1L",26]
["WFDC6",26]
["WWOX",26]
["ZYX",26]
["ABLIM3",27]
["AMN",27]
["ANKRD54",27]
["AOC1",27]
["APLN",27]
["APOH",27]
["ARG2",27]
["ARHGDIA",27]
["ARL8B",27]
["ATP1B3",27]
["ATP2A3",27]
["BTK",27]
["BTN3A1",27]
["C17orf67",27]
["CADM1",27]
["CALCB",27]
["CANT1",27]
["CASP10",27]
["CCL13",27]
["CCS",27]
["CD160",27]
["CD274",27]
["CD44",27]
["CD47",27]
["CD69",27]
["CDC42",27]
["CDH6",27]
["CDHR3",27]
["CEACAM3",27]
["CFHR3",27]
["CGA",27]
["CHIA",27]
["CHST6",27]
["CLIC4",27]
["CLPSL1",27]
["CMA1",27]
["CPVL",27]
["CRTAC1",27]
["CYB5R2",27]
["CYTL1",27]
["DCTN6",27]
["DDX39B",27]
["DNAJB12",27]
["DOK1",27]
["DPP10",27]
["DYNLT3",27]
["EIF2S1",27]
["EPHA3",27]
["EPHA7",27]
["ESRP1",27]
["ESRRA",27]
["FAXDC2",27]
["FCAR",27]
["FCRL6",27]
["FGF16",27]
["FKBP2",27]
["FUT2",27]
["GDF5",27]
["GDI1",27]
["GNPNAT1",27]
["GPC6",27]
["GSS",27]
["HEPHL1",27]
["HIF1A",27]
["HIF1AN",27]
["HIPK3",27]
["HMGB2",27]
["HNRNPAB",27]
["HS3ST1",27]
["HSPA6",27]
["HSPA9",27]
["IDE",27]
["IFNA2",27]
["IGFLR1",27]
["IL12RB2",27]
["IL13",27]
["IL16",27]
["IL2",27]
["IL3",27]
["ITM2C",27]
["JAG2",27]
["KRT17",27]
["LDHA",27]
["LETMD1",27]
["LRP12",27]
["LRRC74A",27]
["LRRTM3",27]
["LY6G6C",27]
["LYSMD4",27]
["MAMDC2",27]
["MAN1B1",27]
["MMAB",27]
["MRAS",27]
["MRPL32",27]
["MSMB",27]
["MVD",27]
["MYCBP",27]
["NCF4",27]
["NMI",27]
["NMU",27]
["NR3C2",27]
["NSDHL",27]
["NSFL1C",27]
["OIT3",27]
["OPALIN",27]
["OSBPL9",27]
["P4HB",27]
["PAPPA2",27]
["PATE4",27]
["PCDHB1",27]
["PDE4D",27]
["PEBP1",27]
["PFKM",27]
["PNKP",27]
["POLE3",27]
["PPIA",27]
["PRNP",27]
["PTGS2",27]
["PTPN2",27]
["PURB",27]
["RAB11A",27]
["RAMP1",27]
["RAP1GDS1",27]
["RAP2A",27]
["RELT",27]
["RHOA",27]
["RLN3",27]
["RNF13",27]
["RPRD1B",27]
["RTP4",27]
["SCGB1D2",27]
["SDCBP2",27]
["SLAMF6",27]
["SMNDC1",27]
["SOS1",27]
["STAU2",27]
["SUN3",27]
["TAGLN2",27]
["TAGLN3",27]
["TES",27]
["TGFB2",27]
["TGM4",27]
["THOC1",27]
["TIAM1",27]
["TMEM167B",27]
["TMEM230",27]
["TMEM237",27]
["TNFRSF10D",27]
["TNFRSF13B",27]
["TPI1",27]
["TSSK2",27]
["TSTD1",27]
["TTL",27]
["UBE2D3",27]
["UGT1A6",27]
["UQCRB",27]
["USP15",27]
["VIP",27]
["VSTM2L",27]
["VTA1",27]
["WSCD2",27]
["XCL2",27]
["AASDHPPT",28]
["ABHD14A",28]
["ACTN1",28]
["ACVR1B",28]
["ADAMTS6",28]
["ADH4",28]
["AGGF1",28]
["AKR1D1",28]
["ALDH3B1",28]
["ALDOC",28]
["ALKBH2",28]
["ALKBH3",28]
["AMMECR1L",28]
["ANXA1",28]
["APOBEC3G",28]
["ARG1",28]
["ARHGAP36",28]
["ARHGAP5",28]
["ARL4D",28]
["ARMC10",28]
["AZU1",28]
["BAD",28]
["BCL2L11",28]
["BIN1",28]
["BMP10",28]
["BNIP3L",28]
["BRD2",28]
["CALY",28]
["CAMK2D",28]
["CAPSL",28]
["CARTPT",28]
["CASQ2",28]
["CAV2",28]
["CBX3",28]
["CCNB1IP1",28]
["CCPG1",28]
["CD4",28]
["CDH1",28]
["CEBPG",28]
["CFC1",28]
["CHST3",28]
["CLEC4D",28]
["CNDP2",28]
["CNTNAP5",28]
["COL25A1",28]
["COL6A2",28]
["CRKL",28]
["CSF1",28]
["CSMD2",28]
["CTSG",28]
["CXCL13",28]
["CYB561D1",28]
["DBI",28]
["DDIT4",28]
["DERL1",28]
["DNASE1L2",28]
["DNM2",28]
["DUSP28",28]
["DYRK3",28]
["EDN3",28]
["ENDOU",28]
["ENO3",28]
["EPHB3",28]
["ETV5",28]
["EYS",28]
["FAM171A2",28]
["FAM172A",28]
["FCGR2B",28]
["FER",28]
["FGF4",28]
["FGF9",28]
["FGFR4",28]
["FGFRL1",28]
["FTMT",28]
["GALNT11",28]
["GAS7",28]
["GCNT2",28]
["GLYAT",28]
["GZMB",28]
["HEPACAM",28]
["HEPACAM2",28]
["HGFAC",28]
["HINT1",28]
["HSD17B11",28]
["HTR6",28]
["IFNG",28]
["IGSF3",28]
["IGSF8",28]
["IL10",28]
["IL20RB",28]
["IL21",28]
["ISCU",28]
["JPH4",28]
["KCNIP4",28]
["KIAA0040",28]
["KRT16",28]
["LAD1",28]
["LEMD1",28]
["LGR5",28]
["LRRC25",28]
["LRRC4C",28]
["LYZL2",28]
["MAP2K4",28]
["MAPRE3",28]
["METAP2",28]
["MICALL2",28]
["MSRB2",28]
["MXRA7",28]
["MYB",28]
["MYCT1",28]
["NAB1",28]
["NANP",28]
["NCR3LG1",28]
["NGFR",28]
["NTN1",28]
["NUP210L",28]
["OAZ1",28]
["OLFML1",28]
["OPTC",28]
["OSBPL11",28]
["PABPN1",28]
["PAPOLG",28]
["PARP16",28]
["PCDHAC1",28]
["PCDHGC5",28]
["PDCD1",28]
["PECAM1",28]
["PGAM1",28]
["PGM1",28]
["PGM2",28]
["PLA2G1B",28]
["PLA2G5",28]
["PLAT",28]
["PLD5",28]
["PLEK",28]
["PNP",28]
["POGLUT1",28]
["PON1",28]
["PPIE",28]
["PRKAR2A",28]
["PRKCA",28]
["PSMD4",28]
["PSME1",28]
["PXDN",28]
["RAB31",28]
["RAB3D",28]
["RAB5C",28]
["RANBP3",28]
["RCN1",28]
["RGS1",28]
["ROS1",28]
["RPS5",28]
["RPS6KA3",28]
["S100A11",28]
["S100A6",28]
["SCAMP5",28]
["SEMA4B",28]
["SERPINF2",28]
["SF3B4",28]
["SH2D1B",28]
["SHH",28]
["SORCS2",28]
["SPATA31D4",28]
["SPON2",28]
["SPSB1",28]
["ST13",28]
["STC2",28]
["STOM",28]
["STX1B",28]
["SV2A",28]
["SYNGR3",28]
["TAC4",28]
["TBPL1",28]
["TG",28]
["TMEM106B",28]
["TMEM234",28]
["TMPO",28]
["TNFRSF13C",28]
["TNFRSF18",28]
["TNFSF4",28]
["TXN",28]
["UAP1",28]
["UBC",28]
["UBD",28]
["UBE2E1",28]
["UBE2G1",28]
["UBE2S",28]
["VAMP7",28]
["YES1",28]
["YWHAQ",28]
["ACAT2",29]
["ADAMTS4",29]
["ANKRD46",29]
["ARHGEF10",29]
["ASRGL1",29]
["B3GALT1",29]
["BAG2",29]
["BCAP29",29]
["BIRC5",29]
["BMPER",29]
["BPI",29]
["C11orf68",29]
["C1QBP",29]
["CA9",29]
["CCT7",29]
["CD177",29]
["CD8B",29]
["CDH2",29]
["CHST12",29]
["CLEC6A",29]
["CLPSL2",29]
["CLSTN3",29]
["CLU",29]
["CNPY3",29]
["CNTF",29]
["COL20A1",29]
["COL6A3",29]
["COPS2",29]
["COX7A2L",29]
["CRCP",29]
["CTF1",29]
["CUL4B",29]
["CUL9",29]
["CXCL14",29]
["CYB5R3",29]
["DAPK1",29]
["DDX19B",29]
["DDX23",29]
["DEF6",29]
["DHX38",29]
["DHX58",29]
["DIABLO",29]
["DTYMK",29]
["EDDM3A",29]
["EFNA4",29]
["EFNA5",29]
["ELK3",29]
["ENOX2",29]
["ENTPD6",29]
["EPB41L1",29]
["ERLIN1",29]
["FBXO3",29]
["FGF19",29]
["FKBP1B",29]
["FKBP7",29]
["FURIN",29]
["GC",29]
["GJA1",29]
["GKN1",29]
["GLA",29]
["GLRX",29]
["GNMT",29]
["GRID2",29]
["GSTM4",29]
["HNRNPA2B1",29]
["HSPA8",29]
["ICAM2",29]
["ICAM3",29]
["IFNGR1",29]
["IHH",29]
["IL17RD",29]
["IL4R",29]
["IL7R",29]
["IVD",29]
["KRT19",29]
["KRT20",29]
["LBP",29]
["LRRC24",29]
["LRRTM1",29]
["MANSC4",29]
["MAP2K1",29]
["MAPK11",29]
["MAZ",29]
["MDM2",29]
["MGA",29]
["MTFR1",29]
["NAP1L4",29]
["NCR3",29]
["NDRG1",29]
["NDUFB8",29]
["NEURL4",29]
["NIT2",29]
["NMT1",29]
["NR4A1",29]
["OTOR",29]
["PAPSS1",29]
["PDCD1LG2",29]
["PDK1",29]
["PEX14",29]
["PGF",29]
["PGLS",29]
["PIAS3",29]
["PLA2G10",29]
["PLA2G2C",29]
["PMEPA1",29]
["PPM1L",29]
["PROK1",29]
["PSAPL1",29]
["PSIP1",29]
["PTGDS",29]
["PTK2B",29]
["RAB2A",29]
["RAB3B",29]
["RAPGEF5",29]
["RASA1",29]
["REXO2",29]
["RSRP1",29]
["S100A10",29]
["S100A12",29]
["SBSN",29]
["SCGB2A1",29]
["SDC3",29]
["SEC61B",29]
["SELPLG",29]
["SEMA4C",29]
["SIAE",29]
["SLC14A1",29]
["SLIT3",29]
["SLITRK1",29]
["SLITRK3",29]
["SNN",29]
["SNTB1",29]
["SPP1",29]
["STATH",29]
["SULT2B1",29]
["SUOX",29]
["SYT4",29]
["TBXAS1",29]
["TGFBR2",29]
["TIMELESS",29]
["TIMM50",29]
["TIMP3",29]
["TMCO5A",29]
["TNFAIP3",29]
["TOPBP1",29]
["TYMS",29]
["UNC45A",29]
["UTS2R",29]
["VAMP2",29]
["VAMP3",29]
["VAMP8",29]
["VPS26A",29]
["WDR5",29]
["WFDC13",29]
["YTHDC1",29]
["ABHD12",30]
["ACAT1",30]
["ADAM29",30]
["ADPRH",30]
["AIMP1",30]
["ALDOA",30]
["ALPL",30]
["APCS",30]
["APOC1",30]
["APTX",30]
["ARL6",30]
["ARMC5",30]
["ASPH",30]
["B3GALT6",30]
["BECN1",30]
["C4BPB",30]
["CA1",30]
["CAMK2A",30]
["CCDC134",30]
["CD70",30]
["CDNF",30]
["CEACAM19",30]
["CENPV",30]
["CHRD",30]
["CISD1",30]
["CKAP4",30]
["CLEC4A",30]
["CNP",30]
["COL6A1",30]
["COMMD7",30]
["CPZ",30]
["CXCL10",30]
["CXCL17",30]
["CYCS",30]
["DEFB118",30]
["DEFB121",30]
["DPY30",30]
["DYNLT1",30]
["ECI2",30]
["EFNA3",30]
["EIF4A1",30]
["EIF5",30]
["EMID1",30]
["ENPEP",30]
["EPDR1",30]
["EPHA5",30]
["F3",30]
["FAM209B",30]
["FAM210A",30]
["FBP2",30]
["FGL2",30]
["FIBP",30]
["FRS2",30]
["GALNT10",30]
["GDF15",30]
["GDF3",30]
["GMPR2",30]
["GNRH1",30]
["GRB14",30]
["GSR",30]
["GTF2I",30]
["HBZ",30]
["HK1",30]
["HSPA1A",30]
["IDI1",30]
["IGFBP1",30]
["IL12RB1",30]
["IL17B",30]
["IL1A",30]
["IL1RAPL2",30]
["INSL3",30]
["ISG15",30]
["ITPKA",30]
["ITSN1",30]
["JMJD6",30]
["JPH1",30]
["KCNIP3",30]
["KLK3",30]
["KLK8",30]
["LAIR2",30]
["LCN8",30]
["LGALS7",30]
["LIN7A",30]
["LOXL2",30]
["LRRC37A2",30]
["LRRC59",30]
["LRTM2",30]
["LST1",30]
["MACROD1",30]
["MAP2K6",30]
["MAPK14",30]
["MAPK8",30]
["MAPKAPK2",30]
["MAPRE2",30]
["MDGA1",30]
["MEMO1",30]
["MTCP1",30]
["MUSK",30]
["MYRF",30]
["MYSM1",30]
["NAIF1",30]
["NCR2",30]
["NEFH",30]
["NET1",30]
["NLGN4X",30]
["NRXN2",30]
["NUDT5",30]
["OLFM1",30]
["OOSP2",30]
["PCDHB7",30]
["PCDHGA10",30]
["PDE4A",30]
["PDE6D",30]
["PDGFC",30]
["PDIA3",30]
["PDIA5",30]
["PFDN1",30]
["PGK1",30]
["PGLYRP2",30]
["PGRMC1",30]
["PIK3C2A",30]
["PLBD1",30]
["PLXNA4",30]
["PPP1R8",30]
["PRDM1",30]
["PRG2",30]
["PRKCB",30]
["PRKCG",30]
["PSG11",30]
["PSG2",30]
["PSMB4",30]
["PSMB6",30]
["PSMD10",30]
["PTK7",30]
["RCAN1",30]
["RDH16",30]
["RPS19",30]
["RS1",30]
["S100A4",30]
["SCARB2",30]
["SERPINA4",30]
["SGTA",30]
["SIGLEC6",30]
["SIGLEC8",30]
["SIRPB2",30]
["SIRPG",30]
["SMCO2",30]
["SMURF2",30]
["SNX4",30]
["SPHK2",30]
["SPINK1",30]
["SPOP",30]
["SPR",30]
["SUSD1",30]
["SYT11",30]
["TIMP2",30]
["TMEFF1",30]
["TNFSF18",30]
["TRAT1",30]
["TRH",30]
["TRIP10",30]
["TTC9B",30]
["UBE2A",30]
["VAV1",30]
["YWHAB",30]
["ZNF23",30]
["ZNRF3",30]
["ZPBP",30]
["ADH1C",31]
["AGT",31]
["AKAP7",31]
["ARFIP1",31]
["ARL15",31]
["ARTN",31]
["ASAP2",31]
["ATXN3",31]
["B3GAT3",31]
["BCAR3",31]
["BMP1",31]
["BPIFA1",31]
["BRD1",31]
["C1orf226",31]
["C4BPA",31]
["CA5B",31]
["CASK",31]
["CCL16",31]
["CD226",31]
["CD320",31]
["CD72",31]
["CHEK1",31]
["CHST2",31]
["CLIC1",31]
["COA3",31]
["COL18A1",31]
["COX7A1",31]
["CREBBP",31]
["CRYGS",31]
["CSRP3",31]
["CSTL1",31]
["DBNL",31]
["DCUN1D5",31]
["DIXDC1",31]
["DLG3",31]
["DLL1",31]
["DPP7",31]
["FGF20",31]
["FHL1",31]
["FUT9",31]
["GDF9",31]
["GPR26",31]
["GUK1",31]
["HBD",31]
["HDAC2",31]
["HNRNPR",31]
["HS6ST3",31]
["ICOSLG",31]
["IFIT3",31]
["IFNA5",31]
["IGFBP6",31]
["IL1F10",31]
["INSL4",31]
["ITM2A",31]
["KCNE3",31]
["KIR2DS4",31]
["KLKB1",31]
["LIN7B",31]
["LRP8",31]
["LTA",31]
["LYZ",31]
["MAP2K3",31]
["MAPK3",31]
["MGP",31]
["MMP17",31]
["MRPL33",31]
["MSRA",31]
["MUC16",31]
["MYOM3",31]
["NACA",31]
["NCOA2",31]
["NIPAL4",31]
["NMB",31]
["NXPH3",31]
["OXT",31]
["PALM",31]
["PCDHGA12",31]
["PCNA",31]
["PDCD6",31]
["PDE7A",31]
["PIK3CG",31]
["PIR",31]
["PNPO",31]
["PRLH",31]
["PSMD11",31]
["PTPN1",31]
["QRFP",31]
["RAB18",31]
["RBP1",31]
["RMDN3",31]
["RNASE2",31]
["RNF114",31]
["RNF8",31]
["S100P",31]
["SBDS",31]
["SCP2D1",31]
["SDF2L1",31]
["SDSL",31]
["SERPINF1",31]
["SH2D1A",31]
["SH3BGRL2",31]
["SH3BGRL3",31]
["SH3GLB1",31]
["SHANK3",31]
["SLAMF8",31]
["SNUPN",31]
["SPAG11B",31]
["STAB2",31]
["SULT1E1",31]
["SUMO3",31]
["TAPBPL",31]
["TMEM132B",31]
["TNS4",31]
["TPM1",31]
["TPT1",31]
["TSNARE1",31]
["UFM1",31]
["USH1C",31]
["USP25",31]
["XXYLT1",31]
["ACOT13",32]
["AHSA1",32]
["AHSP",32]
["AKR1B1",32]
["AKR1C3",32]
["ALDH2",32]
["ALK",32]
["APBB3",32]
["APEX1",32]
["ARF5",32]
["ARL5B",32]
["ASAH1",32]
["ATAD2",32]
["B3GNT2",32]
["BATF",32]
["BCL2A1",32]
["BMP3",32]
["C14orf93",32]
["C1QL1",32]
["C6",32]
["CCDC80",32]
["CCNB1",32]
["CD164L2",32]
["CD96",32]
["CEACAM7",32]
["CETN2",32]
["COLEC11",32]
["CPB2",32]
["CSF3",32]
["CSF3R",32]
["CTCF",32]
["CTNNA2",32]
["DAG1",32]
["DAPP1",32]
["DCTPP1",32]
["DNER",32]
["DRGX",32]
["DSCAM",32]
["EGF",32]
["EPB41",32]
["EPHB2",32]
["FAM107A",32]
["FAM174A",32]
["FBL",32]
["FCN1",32]
["FDCSP",32]
["FETUB",32]
["FGFBP1",32]
["FKBP14",32]
["FNDC4",32]
["FOXG1",32]
["GALNT16",32]
["GFRA3",32]
["GIMAP6",32]
["GIPC1",32]
["GNS",32]
["GREM1",32]
["HDAC8",32]
["HIBADH",32]
["HK3",32]
["HMG20B",32]
["HMGCS2",32]
["HSP90B1",32]
["IL36G",32]
["IRF6",32]
["ITGB5",32]
["ITPRIPL1",32]
["KIR3DL2",32]
["LIMA1",32]
["LONP1",32]
["MGAT4A",32]
["MRPL21",32]
["MSH2",32]
["NAALAD2",32]
["NELL2",32]
["NFASC",32]
["NME1",32]
["NT5C3A",32]
["NUDCD3",32]
["OSTF1",32]
["PAK4",32]
["PF4V1",32]
["PLXDC1",32]
["PPARA",32]
["PSD",32]
["PTN",32]
["PTPN11",32]
["PYY",32]
["RARRES2",32]
["RBBP5",32]
["RFK",32]
["RGS5",32]
["RMDN1",32]
["RNF43",32]
["ROCK2",32]
["RPS4X",32]
["RRM1",32]
["S100A5",32]
["SCARF1",32]
["SEMA3C",32]
["SERF1A",32]
["SERPINB4",32]
["SERPINE1",32]
["SFRP2",32]
["SFXN5",32]
["SMIM10",32]
["SMIM24",32]
["SORBS3",32]
["SPACA1",32]
["SPATA9",32]
["SPINT2",32]
["SPTLC2",32]
["SRSF6",32]
["SRXN1",32]
["SSRP1",32]
["SUFU",32]
["SYT17",32]
["TFPI2",32]
["TMPRSS5",32]
["TNFSF11",32]
["TNNT3",32]
["TOR4A",32]
["TPST2",32]
["TRAF1",32]
["UCHL1",32]
["UGT1A1",32]
["VEGFC",32]
["ZNF10",32]
["ADAMTS15",33]
["ADH1A",33]
["AK4",33]
["ANP32B",33]
["B3GNT4",33]
["BMX",33]
["BRSK2",33]
["C1S",33]
["CABP7",33]
["CCDC167",33]
["CEL",33]
["CFI",33]
["CHRDL2",33]
["CHST11",33]
["CNTN5",33]
["COLEC10",33]
["COMP",33]
["CRYBB1",33]
["CT55",33]
["CTRC",33]
["CTSD",33]
["DHX9",33]
["DNAJC11",33]
["DUS2",33]
["ELAVL1",33]
["ENG",33]
["ENTPD3",33]
["ERBB3",33]
["F11",33]
["FBLN5",33]
["FGF17",33]
["GADD45GIP1",33]
["GOSR1",33]
["GP5",33]
["HAMP",33]
["HDHD2",33]
["HERC4",33]
["IER3",33]
["IGFBP2",33]
["IL10RB",33]
["IL17RB",33]
["IL34",33]
["INS",33]
["LDLRAD4",33]
["LGR4",33]
["LYG2",33]
["MMRN2",33]
["MREG",33]
["MSRB3",33]
["MTHFS",33]
["MX1",33]
["MZF1",33]
["NAALADL1",33]
["NRCAM",33]
["NTNG1",33]
["NUDT2",33]
["PAXIP1",33]
["PCDHA7",33]
["PDE9A",33]
["PGRMC2",33]
["PKDCC",33]
["PLCG1",33]
["POR",33]
["PPID",33]
["PPP1R1A",33]
["PSG9",33]
["PSMD7",33]
["PSPN",33]
["PTPRD",33]
["RBM22",33]
["RELL2",33]
["RFESD",33]
["RGS21",33]
["RNASEH1",33]
["RPS10",33]
["SCUBE3",33]
["SET",33]
["SLC26A11",33]
["SPRN",33]
["STARD5",33]
["STX1A",33]
["STXBP6",33]
["SULT1C2",33]
["TK1",33]
["TMEM185A",33]
["TMEM38B",33]
["TMEM59L",33]
["TNFSF13B",33]
["TP53I3",33]
["TPM2",33]
["TST",33]
["TWSG1",33]
["TXNRD1",33]
["VAV3",33]
["YIPF6",33]
["ZFAND1",33]
["ABCC6",34]
["ADAM12",34]
["ADGRE2",34]
["ADK",34]
["ADM2",34]
["AKR1B10",34]
["ANP32A",34]
["APOC2",34]
["ARF4",34]
["ARFGAP1",34]
["AURKB",34]
["BCL2L1",34]
["BDP1",34]
["C1QTNF3",34]
["C1RL",34]
["CAMK1D",34]
["CAPG",34]
["CBR3",34]
["CDKN2B",34]
["CNTN2",34]
["CRYZL1",34]
["CSN2",34]
["CSNK2A2",34]
["CSPG4",34]
["CXCL8",34]
["DEFB106A",34]
["DEFB112",34]
["DEFB128",34]
["DTD1",34]
["DUSP26",34]
["DYNLL1",34]
["DYNLRB1",34]
["EEA1",34]
["ERBB2",34]
["ERLEC1",34]
["ESAM",34]
["EVA1C",34]
["FADD",34]
["FOXRED1",34]
["GLCE",34]
["GORAB",34]
["GPHA2",34]
["GPX7",34]
["HGS",34]
["HNRNPD",34]
["HSPH1",34]
["IDS",34]
["IGF1R",34]
["IL18RAP",34]
["IL23R",34]
["ITGA5",34]
["ITIH2",34]
["KCNA10",34]
["KCNN1",34]
["KDSR",34]
["KPNA1",34]
["LRFN1",34]
["LRTM1",34]
["LSM4",34]
["LTA4H",34]
["LTBR",34]
["MINPP1",34]
["MMP20",34]
["MMP3",34]
["MPZL2",34]
["MST1R",34]
["MTAP",34]
["NAGK",34]
["NDUFS4",34]
["NNAT",34]
["NODAL",34]
["NPPA",34]
["PCDHB10",34]
["PET117",34]
["PLOD2",34]
["PMM1",34]
["POLR2J",34]
["POSTN",34]
["PPIL2",34]
["PPP2R3A",34]
["PTGES3",34]
["RAET1G",34]
["RHOC",34]
["RPP30",34]
["S100A9",34]
["SEMA6B",34]
["SERPINA9",34]
["SGTB",34]
["SMAD1",34]
["SNX5",34]
["SPTLC1",34]
["SRGN",34]
["SSMEM1",34]
["ST3GAL1",34]
["SULT1A3",34]
["TDO2",34]
["TEC",34]
["TSR3",34]
["UBE2M",34]
["VLDLR",34]
["VSTM4",34]
["WFDC3",34]
["WIF1",34]
["A2M",35]
["AK5",35]
["AMBP",35]
["ANXA6",35]
["ANXA7",35]
["ASGR1",35]
["BHMT2",35]
["BMP8B",35]
["BOLA2",35]
["BPHL",35]
["BTD",35]
["C1orf115",35]
["CA6",35]
["CD209",35]
["CD81",35]
["CETN3",35]
["CHGA",35]
["CLCA2",35]
["CRHBP",35]
["CTSE",35]
["CX3CL1",35]
["DAPK2",35]
["DCTN2",35]
["DDX46",35]
["DPP4",35]
["EDIL3",35]
["EGLN1",35]
["EMILIN3",35]
["F5",35]
["FARS2",35]
["FCGR1A",35]
["FCGR3A",35]
["FLT3",35]
["FOLR1",35]
["FSTL1",35]
["GBP1",35]
["GSTZ1",35]
["HCAR2",35]
["HSPA1B",35]
["IFIT2",35]
["IL17F",35]
["IMPDH1",35]
["ITIH5",35]
["JAKMIP3",35]
["JTB",35]
["KRTDAP",35]
["LNX1",35]
["LRFN5",35]
["LRP10",35]
["MAP2K2",35]
["MMP2",35]
["MOCS3",35]
["MTHFD2",35]
["MYL6B",35]
["NAP1L1",35]
["NCAM2",35]
["NEURL1",35]
["NR1H4",35]
["NXPH1",35]
["PARVA",35]
["PES1",35]
["PTGR2",35]
["QSOX2",35]
["RND1",35]
["ROBO4",35]
["RPL12",35]
["RRAS",35]
["SLAMF1",35]
["SLC30A3",35]
["SLC35G2",35]
["SMPD1",35]
["ST6GALNAC2",35]
["ST6GALNAC6",35]
["STX2",35]
["THSD7A",35]
["TMX3",35]
["TNFSF12",35]
["VIM",35]
["WFDC5",35]
["WFIKKN2",35]
["ZFYVE27",35]
["ZP4",35]
["ZWILCH",35]
["ACRV1",36]
["AKR7A2",36]
["APOA1",36]
["ARHGEF2",36]
["C1R",36]
["C5orf46",36]
["CBLN4",36]
["CCL14",36]
["CD9",36]
["CDH3",36]
["CTRL",36]
["EFEMP1",36]
["EFNA2",36]
["EPHA2",36]
["EXTL2",36]
["FAM20A",36]
["FAM3D",36]
["FCER1A",36]
["FJX1",36]
["FTCD",36]
["FUT5",36]
["GAL",36]
["GFRA1",36]
["GLUL",36]
["HGF",36]
["HMGCS1",36]
["HOMER1",36]
["HS6ST2",36]
["IFNL3",36]
["ITLN1",36]
["KCNIP1",36]
["KIR2DL3",36]
["LEAP2",36]
["LECT2",36]
["LGALS2",36]
["LRRC3B",36]
["MAPK9",36]
["MGAT4B",36]
["NDRG4",36]
["NDUFB11",36]
["NID2",36]
["NOTCH1",36]
["ODC1",36]
["PCOLCE2",36]
["PKLR",36]
["PNPLA2",36]
["PRDX1",36]
["PRSS22",36]
["PRSS35",36]
["PRSS8",36]
["PSMB3",36]
["PYCR2",36]
["RAB35",36]
["RAB3A",36]
["RLN2",36]
["RNASET2",36]
["ROBO2",36]
["RTN4R",36]
["SCN4B",36]
["SEC13",36]
["SLC6A14",36]
["SORCS1",36]
["SPINK9",36]
["SSR1",36]
["SULT2A1",36]
["SUMF2",36]
["SWAP70",36]
["TMEM70",36]
["TMUB2",36]
["TNNI2",36]
["TRIL",36]
["UBE2G2",36]
["YBX1",36]
["ZNF276",36]
["ABL2",37]
["ACVR2A",37]
["ANGPT2",37]
["APOE",37]
["ASB9",37]
["ATRN",37]
["C1orf162",37]
["C5orf63",37]
["CADM2",37]
["CCK",37]
["CCL1",37]
["CD68",37]
["CD86",37]
["CHI3L2",37]
["CHMP2B",37]
["CILP2",37]
["CNTN4",37]
["COL15A1",37]
["COLGALT1",37]
["DSG1",37]
["ECE1",37]
["EFHD1",37]
["ENPP2",37]
["FGF2",37]
["FOLH1",37]
["FSTL3",37]
["GALNT1",37]
["GM2A",37]
["HPSE",37]
["HSPA13",37]
["IL17C",37]
["IL3RA",37]
["KIR2DL4",37]
["LCN10",37]
["LIN7C",37]
["NEU1",37]
["NID1",37]
["NMRAL1",37]
["NTRK2",37]
["PBK",37]
["PDZK1",37]
["PGLYRP1",37]
["PI15",37]
["PPP3R1",37]
["PTH2",37]
["RELL1",37]
["RNASE6",37]
["ROR2",37]
["SEL1L2",37]
["SELP",37]
["SEMA6A",37]
["SEZ6L",37]
["SOD2",37]
["SOST",37]
["SPAG11A",37]
["STAT5B",37]
["STK16",37]
["STOML2",37]
["SYTL1",37]
["TEK",37]
["TGFBI",37]
["THBS4",37]
["TLR5",37]
["TMEM132D",37]
["TNFRSF19",37]
["TPO",37]
["VWA2",37]
["YWHAE",37]
["ACP1",38]
["ADAM17",38]
["ADAM22",38]
["BCAM",38]
["BCAN",38]
["BCCIP",38]
["C1GALT1C1",38]
["C20orf173",38]
["C7",38]
["CAPN2",38]
["CCL3L1",38]
["CFH",38]
["CFP",38]
["CLEC4M",38]
["CLMP",38]
["COL13A1",38]
["COL1A1",38]
["CXCL5",38]
["DNAJB4",38]
["GAA",38]
["GCK",38]
["GP6",38]
["GREM2",38]
["HERC5",38]
["HMBS",38]
["HSPA5",38]
["HTRA1",38]
["IL26",38]
["IL37",38]
["KISS1",38]
["KLK14",38]
["LRIG3",38]
["LRRC32",38]
["LRRTM2",38]
["MAGI2",38]
["MCF2L",38]
["MFAP2",38]
["MMP10",38]
["NADK",38]
["NDST1",38]
["NEO1",38]
["NFATC1",38]
["NHLRC3",38]
["NPFF",38]
["OCIAD1",38]
["PAK3",38]
["PDGFA",38]
["PDGFRL",38]
["PIP",38]
["PROS1",38]
["PSAT1",38]
["PSMA5",38]
["RABEPK",38]
["RACGAP1",38]
["RBP7",38]
["RNF24",38]
["S100A3",38]
["SERPINA1",38]
["SERPINA7",38]
["SERPIND1",38]
["SFRP1",38]
["SLITRK4",38]
["SPINK5",38]
["STAB1",38]
["TACSTD2",38]
["TFF2",38]
["TFIP11",38]
["TP53I11",38]
["TREM1",38]
["UGT2A1",38]
["UROD",38]
["VIT",38]
["ACAA1",39]
["AKR1A1",39]
["APOB",39]
["APOD",39]
["APP",39]
["ARSK",39]
["AS3MT",39]
["BPIFA2",39]
["C1QTNF1",39]
["C2orf66",39]
["C3orf18",39]
["CAPNS1",39]
["CBX5",39]
["CFD",39]
["CHL1",39]
["CHRDL1",39]
["CNDP1",39]
["COPE",39]
["CPA2",39]
["CRIPT",39]
["CROT",39]
["CTSC",39]
["DPT",39]
["EPHB6",39]
["ERP44",39]
["GBP6",39]
["GKN2",39]
["GLIPR2",39]
["GULP1",39]
["HYAL1",39]
["IGLON5",39]
["IQCF1",39]
["ISOC1",39]
["ITIH4",39]
["KIR3DL1",39]
["KIRREL2",39]
["KLK12",39]
["KYNU",39]
["MATN4",39]
["NBL1",39]
["NOTUM",39]
["NPIPB3",39]
["NPTN",39]
["NUDT9",39]
["PCSK1N",39]
["PDYN",39]
["PI3",39]
["POLR1C",39]
["PPP3R2",39]
["PRSS27",39]
["PSG4",39]
["RET",39]
["RGMA",39]
["RPS27A",39]
["RPS3A",39]
["SAA1",39]
["SIRT2",39]
["SMPDL3A",39]
["SNRPF",39]
["SNX7",39]
["SVEP1",39]
["SYNCRIP",39]
["TLR1",39]
["TMCC3",39]
["TRABD2A",39]
["TRADD",39]
["TRAPPC3",39]
["ACY1",40]
["ALB",40]
["ALDH5A1",40]
["ATG4B",40]
["B2M",40]
["BMP6",40]
["CCL25",40]
["CES1",40]
["CGB2",40]
["COL10A1",40]
["COX4I2",40]
["CPNE1",40]
["CST1",40]
["DEFB4A",40]
["DHFR",40]
["FAM20B",40]
["FGB",40]
["FRZB",40]
["GLT8D1",40]
["HSCB",40]
["IGFL3",40]
["IL18BP",40]
["IL9",40]
["KCNMB3",40]
["KLK5",40]
["KRT1",40]
["LAYN",40]
["LHCGR",40]
["LUM",40]
["MATN3",40]
["MIA",40]
["MICB",40]
["NR1H2",40]
["NTM",40]
["PCSK1",40]
["PTX3",40]
["RBP4",40]
["RCN3",40]
["SAA2",40]
["SCGN",40]
["SCN2B",40]
["SCUBE1",40]
["SECTM1",40]
["SERAC1",40]
["SERPINB13",40]
["SERPINE2",40]
["SHBG",40]
["SPINK4",40]
["SPON1",40]
["TFR2",40]
["TGM3",40]
["TNFRSF1A",40]
["TNFSF8",40]
["UNC5C",40]
["ACADS",41]
["ADAMTSL1",41]
["ADAMTSL2",41]
["ADGRF5",41]
["AFM",41]
["APLP1",41]
["ARSB",41]
["ATP13A1",41]
["AZGP1",41]
["CCL18",41]
["CD93",41]
["CDH5",41]
["CDHR5",41]
["CHAD",41]
["COL3A1",41]
["COX6C",41]
["DCP1A",41]
["DKK3",41]
["DVL2",41]
["EBAG9",41]
["EPO",41]
["FABP3",41]
["FIBCD1",41]
["FMOD",41]
["GAS1",41]
["GDF2",41]
["GHR",41]
["GPC5",41]
["HS3ST4",41]
["IL1RN",41]
["IL6R",41]
["LCP1",41]
["MAPK10",41]
["MCEMP1",41]
["MED4",41]
["NCF1",41]
["NETO1",41]
["NLGN1",41]
["NPL",41]
["NTN4",41]
["NTRK3",41]
["PF4",41]
["PLXND1",41]
["PRSS57",41]
["PTGR1",41]
["QPCTL",41]
["RBP5",41]
["REG1A",41]
["RNASE1",41]
["RNF148",41]
["SCG3",41]
["SCG5",41]
["THBS1",41]
["TIMP1",41]
["TMEM132A",41]
["UTS2",41]
["VBP1",41]
["ACP6",42]
["ANGPTL1",42]
["BOC",42]
["BRF1",42]
["CAMK1",42]
["CCL19",42]
["DDT",42]
["DKKL1",42]
["DLK2",42]
["ENPP5",42]
["FAM171B",42]
["GPC3",42]
["GSTA4",42]
["HAT1",42]
["IFNGR2",42]
["IGF2R",42]
["KLK6",42]
["LEP",42]
["LYPD3",42]
["MAT2B",42]
["NPTXR",42]
["NTF3",42]
["OAF",42]
["PDGFB",42]
["PLTP",42]
["PPIG",42]
["PRC1",42]
["REG1B",42]
["ROR1",42]
["SDF2",42]
["SLIT2",42]
["SMOC2",42]
["STC1",42]
["TCP11",42]
["THSD1",42]
["TIMP4",42]
["UNC5D",42]
["UST",42]
["WNT3A",42]
["YBX2",42]
["APOA2",43]
["CCL7",43]
["CD48",43]
["CHST15",43]
["CKAP2",43]
["CLPS",43]
["CLSTN1",43]
["CP",43]
["CPM",43]
["CXCL1",43]
["DEFB132",43]
["DHX8",43]
["ENOX1",43]
["FGG",43]
["GPT",43]
["GSTA1",43]
["HSD17B7",43]
["HSPB6",43]
["HSPG2",43]
["IGF2",43]
["IMPDH2",43]
["LACRT",43]
["LGMN",43]
["LIFR",43]
["LILRA2",43]
["LRP4",43]
["LRPAP1",43]
["MAP1LC3B",43]
["MMP12",43]
["MYBPC1",43]
["OMD",43]
["POFUT1",43]
["PRRG1",43]
["RRM2",43]
["SERPINA10",43]
["SERPINA11",43]
["SPARC",43]
["SPINK6",43]
["SSB",43]
["TOM1L2",43]
["TREML2",43]
["TYRO3",43]
["UBE2D1",43]
["VPS28",43]
["VWF",43]
["A1BG",44]
["ADAMTS13",44]
["ALCAM",44]
["APOA4",44]
["APOL1",44]
["ASIP",44]
["B4GALT2",44]
["BMP7",44]
["C2",44]
["C9",44]
["CDH7",44]
["CLSTN2",44]
["CRP",44]
["CRYZ",44]
["CST3",44]
["F13B",44]
["FTL",44]
["GFRAL",44]
["HAVCR1",44]
["IBSP",44]
["KAAG1",44]
["LAP3",44]
["MANBA",44]
["MMP19",44]
["MRC2",44]
["MUC1",44]
["MXRA8",44]
["NCR1",44]
["PIGR",44]
["PLA2G12B",44]
["REN",44]
["SOD3",44]
["STK17B",44]
["TAC1",44]
["TMED10",44]
["TNFRSF10B",44]
["TPSB2",44]
["TREML1",44]
["UBLCP1",44]
["ACP5",45]
["ANG",45]
["ATP1B1",45]
["ATP1B2",45]
["B4GALT7",45]
["CA13",45]
["CD74",45]
["CNTNAP2",45]
["CTHRC1",45]
["DEFB1",45]
["DPEP2",45]
["FCRL3",45]
["FLT1",45]
["GLTPD2",45]
["IGFBP7",45]
["KIF3A",45]
["LRRC15",45]
["MAP4K1",45]
["PLXNC1",45]
["PSG3",45]
["PSG5",45]
["PTPRU",45]
["RB1",45]
["SDCBP",45]
["SIGLEC7",45]
["SMIM9",45]
["SRC",45]
["SURF1",45]
["THBS3",45]
["TNFRSF21",45]
["TTC17",45]
["UBB",45]
["UBE2D2",45]
["UBXN4",45]
["VASN",45]
["VCAM1",45]
["VWC2",45]
["ACTN2",46]
["ADM",46]
["B3GNT8",46]
["CCL5",46]
["CD300A",46]
["CDH8",46]
["CPN2",46]
["CRH",46]
["CTSZ",46]
["EDC4",46]
["FASLG",46]
["FBP1",46]
["FOLR3",46]
["H6PD",46]
["IL10RA",46]
["KITLG",46]
["LAMC2",46]
["LCK",46]
["LSAMP",46]
["MARCKSL1",46]
["MYOC",46]
["PKD2",46]
["PTPRS",46]
["RAD51",46]
["ROBO1",46]
["SEMA7A",46]
["SFRP4",46]
["SLC22A16",46]
["SLITRK6",46]
["SLPI",46]
["TFF1",46]
["TGFBR3",46]
["AKR1C4",47]
["C1QL2",47]
["CD46",47]
["CDH15",47]
["CDSN",47]
["CHGB",47]
["COLEC12",47]
["CPXM1",47]
["CSNK2A1",47]
["CXCL6",47]
["DCLK1",47]
["EGFL6",47]
["EPHA4",47]
["ETFA",47]
["FABP4",47]
["FGFR1",47]
["FLRT2",47]
["GRAP2",47]
["HAVCR2",47]
["IFI16",47]
["IGDCC4",47]
["LRIG1",47]
["MAN1C1",47]
["MBD1",47]
["MDK",47]
["MYOM2",47]
["OGN",47]
["OMG",47]
["PARP1",47]
["PLXNB2",47]
["PPT1",47]
["TNC",47]
["TPP1",47]
["A4GALT",48]
["ADAM23",48]
["AGRP",48]
["CCL8",48]
["CD59",48]
["CEBPB",48]
["CFB",48]
["CGREF1",48]
["CRISPLD2",48]
["DNAJB11",48]
["DPEP1",48]
["FAM177A1",48]
["GAL3ST1",48]
["GZMK",48]
["ICAM4",48]
["KIR3DL3",48]
["KLRC3",48]
["LTBP4",48]
["LTF",48]
["LYN",48]
["MAP1LC3A",48]
["MGAT2",48]
["MICA",48]
["NRG1",48]
["PCSK2",48]
["PROC",48]
["SEMG2",48]
["SUMF1",48]
["ADAM10",49]
["CCL17",49]
["CNTFR",49]
["CRTAM",49]
["CTSH",49]
["CXCL16",49]
["FAP",49]
["FOLR2",49]
["FUT8",49]
["HBB",49]
["IDUA",49]
["LILRA4",49]
["LILRB4",49]
["MATN2",49]
["MET",49]
["OLFML3",49]
["PCDH10",49]
["PIANP",49]
["PLAU",49]
["PLXNA1",49]
["PRTN3",49]
["PSAP",49]
["SEMA4D",49]
["TLL1",49]
["TNFRSF11B",49]
["VTN",49]
["VWA1",49]
["ANGPT1",50]
["ASAH2",50]
["ASPN",50]
["B4GALT1",50]
["CCL22",50]
["CD36",50]
["CPA4",50]
["DKK4",50]
["EPHB4",50]
["FGL1",50]
["GHRH",50]
["GNLY",50]
["GRN",50]
["HBEGF",50]
["IL6ST",50]
["LGALS3",50]
["NRP1",50]
["NTS",50]
["PZP",50]
["RGMB",50]
["SCARF2",50]
["SELE",50]
["SLITRK5",50]
["TCN2",50]
["TNXB",50]
["UMOD",50]
["AMIGO2",51]
["ANTXR2",51]
["BOLA1",51]
["BTN3A3",51]
["CDH17",51]
["CFHR5",51]
["CLEC4C",51]
["CR1",51]
["CREG1",51]
["GPC1",51]
["KAZALD1",51]
["L1CAM",51]
["MAN1A2",51]
["MARCO",51]
["MBL2",51]
["MLF1",51]
["MYZAP",51]
["NPTX2",51]
["PCDHGC3",51]
["PCSK7",51]
["RIPK2",51]
["SERPING1",51]
["ADAM15",52]
["AMY2B",52]
["APOA5",52]
["CCDC126",52]
["CD79A",52]
["CST4",52]
["DKK2",52]
["DSG2",52]
["EHMT2",52]
["ENTPD5",52]
["EPYC",52]
["FAM151A",52]
["GDF10",52]
["GRP",52]
["HS6ST1",52]
["IGFALS",52]
["IGFBP3",52]
["LILRB1",52]
["LY9",52]
["MASP1",52]
["NPTX1",52]
["PLAUR",52]
["PPY",52]
["SPINT1",52]
["TP53I13",52]
["BST1",53]
["CELA2A",53]
["CNTN1",53]
["CRIM1",53]
["CTSO",53]
["DKK1",53]
["EFNB3",53]
["ELANE",53]
["F8",53]
["FCN3",53]
["FLT4",53]
["GAS6",53]
["ITM2B",53]
["LIPN",53]
["MMP16",53]
["NCAM1",53]
["NLGN3",53]
["PCSK9",53]
["PPIC",53]
["PTPRJ",53]
["SERPINA3",53]
["TOR1AIP1",53]
["UXS1",53]
["C1QC",54]
["CACNA2D3",54]
["CD55",54]
["CD8A",54]
["COL9A1",54]
["DLL3",54]
["DSG3",54]
["GFRA2",54]
["HTATIP2",54]
["KDR",54]
["LINGO1",54]
["LOXL3",54]
["MMP8",54]
["MMP9",54]
["MST1",54]
["PCDHGA1",54]
["RSPO2",54]
["SEMA6C",54]
["THBS2",54]
["AMY1A",55]
["ART4",55]
["BGN",55]
["BIRC7",55]
["C1QTNF5",55]
["CA3",55]
["CRELD1",55]
["ESM1",55]
["IL12B",55]
["ISLR2",55]
["KIT",55]
["KLB",55]
["OSM",55]
["SEMA3G",55]
["CFHR4",56]
["CNN1",56]
["CST2",56]
["CTSF",56]
["HDGF",56]
["ITIH3",56]
["MYL3",56]
["NQO1",56]
["NXPH2",56]
["QPCT",56]
["SHC1",56]
["SLC5A8",56]
["TCL1A",56]
["TCN1",56]
["TMEM132C",56]
["TPST1",56]
["AGRN",57]
["CCL11",57]
["CD248",57]
["CTRB1",57]
["EDAR",57]
["FGFR3",57]
["ICAM5",57]
["IL2RB",57]
["LGALS3BP",57]
["MFAP4",57]
["MRC1",57]
["NOTCH3",57]
["NRP2",57]
["PEF1",57]
["PRCP",57]
["RNF128",57]
["SPOCK2",57]
["TFPI",57]
["TIGIT",57]
["VNN2",57]
["WNT5A",57]
["AGR3",58]
["CTSB",58]
["F2",58]
["FBLN1",58]
["KCNE5",58]
["MFGE8",58]
["NCMAP",58]
["NRXN1",58]
["NT5E",58]
["POMGNT2",58]
["RNF215",58]
["RSPO3",58]
["TDGF1",58]
["THPO",58]
["VOPP1",58]
["CA10",59]
["DCUN1D1",59]
["IL1R1",59]
["INSR",59]
["JAG1",59]
["KL",59]
["LRP1",59]
["PEAR1",59]
["PENK",59]
["PMEL",59]
["RBL2",59]
["RPS6KB1",59]
["SIGLEC12",59]
["SYTL4",59]
["AMY2A",60]
["CCL23",60]
["CST5",60]
["CXCL12",60]
["DOK2",60]
["EDA",60]
["F9",60]
["GIP",60]
["LCT",60]
["NELL1",60]
["NOG",60]
["OTC",60]
["PSD2",60]
["SPOCK3",60]
["ALDH1A3",61]
["ANXA2",61]
["CELA1",61]
["CFHR1",61]
["CPQ",61]
["MANSC1",61]
["PARK7",61]
["REG3G",61]
["SNX1",61]
["TNFSF14",61]
["AKT2",62]
["ART3",62]
["CDCP1",62]
["CSF1R",62]
["CTSV",62]
["DNAJC4",62]
["FAM3B",62]
["FCN2",62]
["GABBR2",62]
["GZMA",62]
["IL15RA",62]
["NLGN2",62]
["SELL",62]
["TPSAB1",62]
["TXNDC15",62]
["CST6",63]
["CXCL11",63]
["CYP3A4",63]
["FCER2",63]
["IL5RA",63]
["PCYOX1",63]
["PRSS2",63]
["PTH",63]
["SLAMF7",63]
["TREM2",63]
["ECM1",64]
["EGFR",64]
["FABP2",64]
["GP1BA",64]
["PAPPA",64]
["PRG3",64]
["PSMA1",64]
["RETN",64]
["SPARCL1",64]
["ADIPOQ",65]
["CD300C",65]
["CD5L",65]
["CXCL9",65]
["ERAP1",65]
["IL22RA2",65]
["LAG3",65]
["MSMP",65]
["NAGLU",65]
["NPW",65]
["CCL28",66]
["CTSA",66]
["GGH",66]
["GHRL",66]
["ITIH1",66]
["LCN2",66]
["LRRTM4",66]
["MMP1",66]
["PRPF6",66]
["PRSS1",66]
["GSN",67]
["IAPP",67]
["IL1R2",67]
["INHBB",67]
["TIE1",67]
["TMEM9",67]
["CAST",68]
["CPB1",68]
["EFNB2",68]
["LPO",68]
["MSR1",68]
["REG3A",68]
["SEMA4A",68]
["STIM1",68]
["ZAP70",68]
["BCHE",69]
["BPIFB1",69]
["CD14",69]
["CST7",69]
["CTSS",69]
["DLK1",69]
["HMOX1",69]
["INHBA",69]
["KREMEN1",69]
["RNASE3",69]
["RSPO1",69]
["TNFAIP6",69]
["TNFRSF17",69]
["CTRB2",70]
["ENTPD1",70]
["LEFTY2",70]
["CD109",71]
["NCAN",71]
["GOLM1",72]
["GXYLT1",72]
["TP53",72]
["CEACAM8",73]
["F10",73]
["FN1",73]
["GRAMD1C",73]
["IL18R1",73]
["FAS",74]
["MANEA",74]
["MPO",74]
["PDE5A",74]
["ADCYAP1",75]
["C5",75]
["DEFA5",75]
["MDGA2",75]
["RAB26",75]
["PCDHA4",76]
["SFTPD",76]
["VEGFA",76]
["CD3E",77]
["COCH",77]
["FCGR3B",77]
["MAPKAPK5",77]
["PNLIPRP1",77]
["AXIN2",78]
["BMP4",78]
["CCL21",78]
["DDAH1",78]
["IGLL1",78]
["KPNA2",78]
["SIGIRR",78]
["TFF3",78]
["BDNF",79]
["FLRT3",79]
["FUT10",79]
["LMAN2",79]
["PLA2G7",79]
["LYVE1",80]
["NRXN3",80]
["UNC5B",80]
["PNLIP",81]
["DMKN",82]
["PAM",82]
["APOC3",83]
["FCRL1",83]
["CD163",84]
["INHBC",84]
["KNG1",84]
["CBLN1",85]
["HEXB",85]
["IL1RL1",85]
["ST3GAL6",85]
["FCRL4",86]
["IGF1",86]
["CR2",87]
["NEGR1",87]
["CTNNB1",88]
["TNFRSF1B",88]
["SCGB3A1",89]
["SEMA3E",89]
["CD5",90]
["GUSB",92]
["NPPB",93]
["NAAA",94]
["TIMD4",94]
["POMC",95]
["PDGFD",98]
["CFHR2",100]
["MLN",100]
["LILRA5",102]
["PRSS3",102]
["CDH11",103]
["CRISP2",103]
["FGF8",103]
["GPNMB",103]
["LEPR",106]
["HP",115]
["TFRC",116]
["PILRA",118]
["LY75",121]
["CLEC11A",127]
["PLG",127]
["C3",128]
["PPBP",129]
["RARRES1",130]
["LRP11",132]
["COL2A1",133]
["AGER",135]
["CAMP",146]
["ERAP2",156]

{"sheet":"Table S3","index":3,"n_rows":21579,"n_cols":14,"rows_kept":4500,"cut":true,"bounds":{"rows_first":2000,"rows_last":500,"rows_between":2000,"halvings":0}}
["id.exposure","id.outcome","outcome","exposure","method","nsnp","b","se","pval","lo_ci","up_ci","or","or_lci95","or_uci95"]
["10000_28_CRYBB2_CRBB2","FTjVRz","osteoporosis","CRYBB2","MR Egger",3,0.158049222664615,0.724580608593499,0.863278732109846,-1.26212877017864,1.57822721550787,1.1712238440473,0.28305083452344,4.84635664535137]
["10000_28_CRYBB2_CRBB2","FTjVRz","osteoporosis","CRYBB2","Weighted median",3,0.615614465815831,0.267090259687523,0.0211725676128234,0.092117556828285,1.13911137480338,1.85079349956711,1.09649371482791,3.12399107420098]
["10000_28_CRYBB2_CRBB2","FTjVRz","osteoporosis","CRYBB2","Inverse variance weighted",3,0.547693701891145,0.219674373506043,0.0126594992639933,0.1171319298193,0.97825547396299,1.72926022576437,1.12426774434711,2.65981208074877]
["10000_28_CRYBB2_CRBB2","FTjVRz","osteoporosis","CRYBB2","Simple mode",3,0.711688480798665,0.310563417272442,0.149004634029458,0.102984182944678,1.32039277865265,2.03742851488558,1.10847387614473,3.74489200206184]
["10000_28_CRYBB2_CRBB2","FTjVRz","osteoporosis","CRYBB2","Weighted mode",3,0.711688480798665,0.322540915355243,0.158083870227884,0.0795082867023885,1.34386867489494,2.03742851488558,1.08275453195683,3.8338467591234]
["10001_7_RAF1_c_Raf","FTjVRz","osteoporosis","RAF1","MR Egger",3,0.496602806785754,0.971527510234945,0.699176091923717,-1.40759111327474,2.40079672684625,1.64312974910434,0.244732105585826,11.0319623407353]
["10001_7_RAF1_c_Raf","FTjVRz","osteoporosis","RAF1","Weighted median",3,0.111893383980819,0.23304441256276,0.631129556642396,-0.34487366464219,0.568660432603828,1.11839361561327,0.70830983239162,1.76589992436101]
["10001_7_RAF1_c_Raf","FTjVRz","osteoporosis","RAF1","Inverse variance weighted",3,0.125518381014161,0.204134100362952,0.538632660233262,-0.274584455697225,0.525621217725546,1.13373600798662,0.759887824682749,1.69150931763129]
["10001_7_RAF1_c_Raf","FTjVRz","osteoporosis","RAF1","Simple mode",3,0.348636703740249,0.308939520617329,0.376274640346306,-0.256884756669715,0.954158164150214,1.4171342572358,0.773457344429698,2.5964838494255]
["10001_7_RAF1_c_Raf","FTjVRz","osteoporosis","RAF1","Weighted mode",3,0.0674574282202378,0.243900110431395,0.808065833192791,-0.410586788225296,0.545501644665772,1.06978471598915,0.663260942215647,1.72547374000487]
["10003_15_ZNF41_ZNF41","FTjVRz","osteoporosis","ZNF41","MR Egger",4,0.248779034897915,0.427489239043192,0.619456694337645,-0.589099873626741,1.08665794342257,1.28245862315853,0.554826473975909,2.9643504721894]
["10003_15_ZNF41_ZNF41","FTjVRz","osteoporosis","ZNF41","Weighted median",4,0.310415126586338,0.171309866775829,0.0699847100925955,-0.0253522122942864,0.646182465466962,1.36399122564137,0.974966456374779,1.90824212613884]
["10003_15_ZNF41_ZNF41","FTjVRz","osteoporosis","ZNF41","Inverse variance weighted",4,0.364916709301333,0.140700447378901,0.00949847102843646,0.0891438324386864,0.640689586163979,1.44039403172757,1.09323788809005,1.89778911729914]
["10003_15_ZNF41_ZNF41","FTjVRz","osteoporosis","ZNF41","Simple mode",4,0.31859437488815,0.217264293195728,0.238807972516375,-0.107243639775477,0.744432389551777,1.37519339878307,0.898306783063307,2.10524613607783]
["10003_15_ZNF41_ZNF41","FTjVRz","osteoporosis","ZNF41","Weighted mode",4,0.302151907050908,0.187343603161825,0.205180804375323,-0.0650415551462686,0.669345369248084,1.35276670590308,0.937028524210966,1.95295843543377]
["10008_43_GUCA1A_GUC1A","FTjVRz","osteoporosis","GUCA1A","MR Egger",6,1.28838050598182,0.779740817282088,0.173813492144187,-0.239911495891075,2.81667250785471,3.62690804105096,0.786697483945363,16.7211186087303]
["10008_43_GUCA1A_GUC1A","FTjVRz","osteoporosis","GUCA1A","Weighted median",6,0.0968978482054143,0.156458938057421,0.535706839912028,-0.209761670387131,0.403557366797959,1.10174782235522,0.810777455222556,1.4971411159074]
["10008_43_GUCA1A_GUC1A","FTjVRz","osteoporosis","GUCA1A","Inverse variance weighted",6,-0.025784910209656,0.186675578285534,0.890140163353345,-0.391669043649303,0.340099223229991,0.974544681678647,0.675927779538064,1.40508700091776]
["10008_43_GUCA1A_GUC1A","FTjVRz","osteoporosis","GUCA1A","Simple mode",6,0.0701983252805292,0.201714012276436,0.742005774167291,-0.325161138781285,0.465557789342344,1.07272090783397,0.722410935844824,1.59290244514143]
["10008_43_GUCA1A_GUC1A","FTjVRz","osteoporosis","GUCA1A","Weighted mode",6,0.115048617917471,0.177780872714142,0.546075598233243,-0.233401892602246,0.463499128437189,1.12192798204805,0.791835276828099,1.58962657226455]
["10011_65_OCRL_OCRL","FTjVRz","osteoporosis","OCRL","MR Egger",6,0.25709812294509,0.353353619393339,0.5071643514597,-0.435474971065855,0.949671216956035,1.29317201038032,0.646957308088314,2.58485966156333]
["10011_65_OCRL_OCRL","FTjVRz","osteoporosis","OCRL","Weighted median",6,0.138026920588581,0.0885303030841668,0.118974517855546,-0.0354924734563856,0.311546314633548,1.14800645486765,0.965129998295689,1.36553502921377]
["10011_65_OCRL_OCRL","FTjVRz","osteoporosis","OCRL","Inverse variance weighted",6,0.0935081499382693,0.123098400098095,0.447481064874683,-0.147764714253997,0.334781014130536,1.0980195520964,0.862634056564,1.39763428954829]
["10011_65_OCRL_OCRL","FTjVRz","osteoporosis","OCRL","Simple mode",6,0.294466522704212,0.126391703703421,0.0672285835979786,0.046738783445506,0.542194261962917,1.34241002236011,1.04784825801547,1.71977636489642]
["10011_65_OCRL_OCRL","FTjVRz","osteoporosis","OCRL","Weighted mode",6,0.0454810581026885,0.091712058892246,0.640983435655954,-0.134274577326114,0.225236693531491,1.04653118114004,0.874349954967789,1.25261916796085]
["10012_5_SPDEF_SPDEF","FTjVRz","osteoporosis","SPDEF","MR Egger",5,0.557303595132597,0.338659585834875,0.198394360418458,-0.106469193103757,1.22107638336895,1.74595833694781,0.899002743218863,3.39083560906935]
["10012_5_SPDEF_SPDEF","FTjVRz","osteoporosis","SPDEF","Weighted median",5,0.229058642816504,0.110454372757629,0.0380992648589328,0.0125680722115508,0.445549213421457,1.25741577525034,1.01264738234131,1.56134747338489]
["10012_5_SPDEF_SPDEF","FTjVRz","osteoporosis","SPDEF","Inverse variance weighted",5,0.144705323978785,0.129557640768544,0.264029179758821,-0.10922765192756,0.398638299885131,1.1556989633139,0.896526298325133,1.48979466224252]
["10012_5_SPDEF_SPDEF","FTjVRz","osteoporosis","SPDEF","Simple mode",5,0.242678412262374,0.116792423408594,0.106279909659041,0.0137652623815296,0.471591562143218,1.2746586436102,1.01386043981846,1.60254271092885]
["10012_5_SPDEF_SPDEF","FTjVRz","osteoporosis","SPDEF","Weighted mode",5,0.242678412262374,0.116966264217985,0.106652107583122,0.0134245343951241,0.471932290129624,1.2746586436102,1.01351504803797,1.60308883511448]
["10014_31_SNAI2_SLUG","FTjVRz","osteoporosis","SNAI2","MR Egger",4,1.48459276759048,1.59449808629369,0.450107979583231,-1.64062348154515,4.60980901672611,4.41316786181093,0.193859137009419,100.464960676961]
["10014_31_SNAI2_SLUG","FTjVRz","osteoporosis","SNAI2","Weighted median",4,0.350319249674163,0.217348613287136,0.107008718366789,-0.0756840323686241,0.776322531716949,1.41952065776939,0.927109096750363,2.17346470323397]
["10014_31_SNAI2_SLUG","FTjVRz","osteoporosis","SNAI2","Inverse variance weighted",4,0.0308822695043282,0.399414236417061,0.938369855688458,-0.751969633873111,0.813734172881767,1.03136407373503,0.471437079239945,2.25631775571459]
["10014_31_SNAI2_SLUG","FTjVRz","osteoporosis","SNAI2","Simple mode",4,0.431330480710152,0.262530880776521,0.198932352101831,-0.0832300456118299,0.945891007032134,1.53930417624395,0.920139448828441,2.57510679497435]
["10014_31_SNAI2_SLUG","FTjVRz","osteoporosis","SNAI2","Weighted mode",4,0.43838342588545,0.249034202080648,0.176576253547379,-0.0497236101926197,0.92649046196352,1.55019917997569,0.951492370954312,2.5256298116054]
["10015_119_KCNAB2_KCAB2","FTjVRz","osteoporosis","KCNAB2","Inverse variance weighted",2,0.261591962780575,0.511153011596897,0.608813103320094,-0.740267939949343,1.26345186551049,1.29899639539966,0.476986094767587,3.53761179575578]
["10023_32_VDR_VDR","FTjVRz","osteoporosis","VDR","MR Egger",4,0.542637579637915,0.353129798284043,0.264186816472434,-0.149496824998809,1.23477198427464,1.7205389411753,0.861141172139608,3.43759460570853]
["10023_32_VDR_VDR","FTjVRz","osteoporosis","VDR","Weighted median",4,0.239979738094462,0.152315592983504,0.11513120395044,-0.0585588241532059,0.538518300342131,1.27122339265216,0.943122760370152,1.71346613816405]
["10023_32_VDR_VDR","FTjVRz","osteoporosis","VDR","Inverse variance weighted",4,0.205370260650125,0.128972618683436,0.111304845661119,-0.0474160719694105,0.45815659326966,1.22797965334468,0.953690511140255,1.58115658215535]
["10023_32_VDR_VDR","FTjVRz","osteoporosis","VDR","Simple mode",4,0.00208785592464933,0.208640526203599,0.992644000620128,-0.406847575434404,0.411023287283703,1.0020900370135,0.665745658561001,1.50836048176754]
["10023_32_VDR_VDR","FTjVRz","osteoporosis","VDR","Weighted mode",4,0.27506503605715,0.18300836120636,0.229860460825985,-0.0836313519073164,0.633761424021616,1.31661629961615,0.919770265157721,1.88468636797871]
["10024_44_HOGA1_HOGA1","FTjVRz","osteoporosis","HOGA1","MR Egger",4,0.528198094761375,0.504708346039584,0.405148474966177,-0.461030263476209,1.51742645299896,1.69587375003551,0.630633591944553,4.56047348697588]
["10024_44_HOGA1_HOGA1","FTjVRz","osteoporosis","HOGA1","Weighted median",4,0.334215077733914,0.187882319093442,0.0752638210157689,-0.0340342676892317,0.70246442315706,1.3968435412124,0.966538383033069,2.01872156644611]
["10024_44_HOGA1_HOGA1","FTjVRz","osteoporosis","HOGA1","Inverse variance weighted",4,0.258189080225585,0.160223497993654,0.107085857702267,-0.0558489758419778,0.572227136293148,1.29458357563867,0.945681945925882,1.77220961184001]
["10024_44_HOGA1_HOGA1","FTjVRz","osteoporosis","HOGA1","Simple mode",4,0.351761909026357,0.275970602290564,0.292204701399141,-0.189140471463148,0.892664289515862,1.42157002043262,0.82767023447962,2.44162619217952]
["10024_44_HOGA1_HOGA1","FTjVRz","osteoporosis","HOGA1","Weighted mode",4,0.391735668139273,0.24611153333106,0.209689644105133,-0.0906429371896043,0.874114273468151,1.47954656841133,0.91334377377806,2.39675148716749]
["10035_6_DUSP4_DUS4","FTjVRz","osteoporosis","DUSP4","MR Egger",4,-0.21066623305888799,1.82813348281746,0.918785230453111,-3.79380785938112,3.37247539326334,0.810044387804156,0.0225097245846853,29.1505970117219]
["10035_6_DUSP4_DUS4","FTjVRz","osteoporosis","DUSP4","Weighted median",4,0.258079265333915,0.194155759790593,0.183769374381121,-0.122466023855648,0.638624554523478,1.29444141888916,0.884735964349668,1.89387416636492]
["10035_6_DUSP4_DUS4","FTjVRz","osteoporosis","DUSP4","Inverse variance weighted",4,0.111073236923588,0.254573413867056,0.662610941999502,-0.387890654255841,0.610037128103018,1.1174767444166,0.678486528822489,1.84049973177674]
["10035_6_DUSP4_DUS4","FTjVRz","osteoporosis","DUSP4","Simple mode",4,0.287220922386817,0.191395839328801,0.230424446959106,-0.0879149226976327,0.662356767471267,1.33271860833118,0.915838790502631,1.93935756752279]
["10035_6_DUSP4_DUS4","FTjVRz","osteoporosis","DUSP4","Weighted mode",4,0.262528058029175,0.199392066490095,0.2795077781394,-0.128280392291411,0.653336508349761,1.30021294906956,0.879606709623292,1.92194272102831]
["10036_201_ZHX3_ZHX3","FTjVRz","osteoporosis","ZHX3","MR Egger",4,0.139574462138235,0.2361972199803,0.614457670109443,-0.323372089023152,0.602521013299622,1.14978441793686,0.723704521754618,1.82671818123397]
["10036_201_ZHX3_ZHX3","FTjVRz","osteoporosis","ZHX3","Weighted median",4,0.0499136046981842,0.120518921595813,0.678760044117666,-0.18630348162961,0.286130691025978,1.05118027541567,0.830021660428994,1.33126642845906]
["10036_201_ZHX3_ZHX3","FTjVRz","osteoporosis","ZHX3","Inverse variance weighted",4,0.075199381149733,0.106844549485355,0.481544583521199,-0.134215935841563,0.284614698141029,1.07809908209182,0.874401229650562,1.32924976703396]
["10036_201_ZHX3_ZHX3","FTjVRz","osteoporosis","ZHX3","Simple mode",4,0.0205629703893193,0.16409421647016,0.908202460274746,-0.301061693892195,0.342187634670833,1.02077584487177,0.74003211587677,1.40802446693703]
["10036_201_ZHX3_ZHX3","FTjVRz","osteoporosis","ZHX3","Weighted mode",4,0.014109317484051,0.139746023997016,0.925948453817226,-0.2597928895501,0.288011524518202,1.01420932369022,0.771211295182568,1.33377267512228]
["10037_98_SIGLEC12_SIG12","FTjVRz","osteoporosis","SIGLEC12","MR Egger",4,0.771006538418398,1.2270913380201,0.593979682936619,-1.634092484101,3.1761055609378,2.16194123591202,0.195129373979909,23.9532870536346]
["10037_98_SIGLEC12_SIG12","FTjVRz","osteoporosis","SIGLEC12","Weighted median",4,0.0940897000773582,0.196249535526848,0.631626285311185,-0.290559389555263,0.47873878970998,1.09865829123106,0.747845113804525,1.61403747729273]
["10037_98_SIGLEC12_SIG12","FTjVRz","osteoporosis","SIGLEC12","Inverse variance weighted",4,0.256072383485829,0.161626325095323,0.113114494020016,-0.0607152137010041,0.572859980672662,1.29184623288905,0.941091211500002,1.77333149968495]
["10037_98_SIGLEC12_SIG12","FTjVRz","osteoporosis","SIGLEC12","Simple mode",4,0.13279768598997,0.280265784489185,0.667972050349993,-0.416523251608832,0.682118623588772,1.14201892852839,0.659335182013466,1.97806406922557]
["10037_98_SIGLEC12_SIG12","FTjVRz","osteoporosis","SIGLEC12","Weighted mode",4,0.109095894662635,0.223812794767669,0.659343681313585,-0.329577183081997,0.547768972407267,1.11526929358638,0.719227770820721,1.72939039297288]
["10041_3_HNF4A_HNF4A","FTjVRz","osteoporosis","HNF4A","MR Egger",5,-0.059919274756669,0.213530112371289,0.797246510689765,-0.478438295004396,0.358599745491058,0.941840560824,0.619750503895653,1.43132379310275]
["10041_3_HNF4A_HNF4A","FTjVRz","osteoporosis","HNF4A","Weighted median",5,0.132538241321381,0.0989972808780185,0.18063354854715,-0.0614964291995349,0.326572911842298,1.14172267623816,0.94035630355816,1.38620931715358]
["10041_3_HNF4A_HNF4A","FTjVRz","osteoporosis","HNF4A","Inverse variance weighted",5,0.154528515187725,0.0915598502515284,0.0914626315698052,-0.0249287913052706,0.333985821680721,1.16710755787411,0.975379365046925,1.3965233430803]
["10041_3_HNF4A_HNF4A","FTjVRz","osteoporosis","HNF4A","Simple mode",5,0.129623607811358,0.166698875334988,0.480235718998117,-0.197106187845218,0.456353403467934,1.13839981787634,0.821103437478444,1.57830802574724]
["10041_3_HNF4A_HNF4A","FTjVRz","osteoporosis","HNF4A","Weighted mode",5,0.0465966199653407,0.112891651370719,0.700951119022429,-0.174671016721269,0.267864256651951,1.04769930284866,0.839733233524451,1.3071696883813]
["10044_12_WNT10A_WN10A","FTjVRz","osteoporosis","WNT10A","MR Egger",6,0.117732837503655,0.23103120308849,0.637161911667475,-0.335088320549785,0.570553995557096,1.12494352849558,0.715274910089413,1.76924693492448]
["10044_12_WNT10A_WN10A","FTjVRz","osteoporosis","WNT10A","Weighted median",6,0.252357957297916,0.124685709447078,0.0429750360739493,0.00797396678164231,0.49674194781419,1.28705666616367,1.00800584352646,1.64335839177391]
["10044_12_WNT10A_WN10A","FTjVRz","osteoporosis","WNT10A","Inverse variance weighted",6,0.211984204696629,0.0976770694607817,0.0299874899318767,0.0205371485534964,0.403431260839761,1.23612835990185,1.0207494869058,1.49695232939623]
["10044_12_WNT10A_WN10A","FTjVRz","osteoporosis","WNT10A","Simple mode",6,0.234283537211955,0.169340138795591,0.225092288908045,-0.0976231348274039,0.566190209251314,1.26400283324311,0.906990652542081,1.76154314045974]
["10044_12_WNT10A_WN10A","FTjVRz","osteoporosis","WNT10A","Weighted mode",6,0.248155324081028,0.156891573982485,0.174561735155863,-0.0593521609246425,0.555662809086699,1.28165898923914,0.942374843118727,1.743095941803]
["10046_55_BIRC2_cIAP_1","FTjVRz","osteoporosis","BIRC2","MR Egger",3,0.0132703668198547,0.0670343180394302,0.875581012145564,-0.118116896537429,0.144657630177138,1.01335880892433,0.888592173194931,1.1556438449512]
["10046_55_BIRC2_cIAP_1","FTjVRz","osteoporosis","BIRC2","Weighted median",3,0.0277247624490222,0.0401772262889206,0.490155428396506,-0.0510226010772622,0.106472125975307,1.02811267026166,0.950257193453477,1.11234692042803]
["10046_55_BIRC2_cIAP_1","FTjVRz","osteoporosis","BIRC2","Inverse variance weighted",3,0.0284914760211167,0.0426019913737666,0.50363408592791,-0.0550084270714658,0.111991379113699,1.0289012404647,0.946477171889108,1.11850321811441]
["10046_55_BIRC2_cIAP_1","FTjVRz","osteoporosis","BIRC2","Simple mode",3,-0.011574100604838,0.100057097359911,0.918477703950242,-0.207686011430264,0.184537810220588,0.988492621632848,0.812462100479184,1.20266245335787]
["10046_55_BIRC2_cIAP_1","FTjVRz","osteoporosis","BIRC2","Weighted mode",3,0.0310130072059795,0.0418027742936804,0.535447587858022,-0.0509204304096339,0.112946444821593,1.03149892071819,0.950354286825314,1.11957197246628]
["10047_12_NCF2_NCF_2","FTjVRz","osteoporosis","NCF2","Inverse variance weighted",2,0.109082795951864,0.112594092410644,0.33263772134532,-0.111601625172998,0.329767217076726,1.11525468509215,0.894400493179723,1.39064437252055]
["10048_7_CBFB_PEBB","FTjVRz","osteoporosis","CBFB","MR Egger",5,1.67235079255333,1.85206869360344,0.433102170932035,-1.95770384690941,5.30240543201606,5.32467029130821,0.141182225029214,200.819286601224]
["10048_7_CBFB_PEBB","FTjVRz","osteoporosis","CBFB","Weighted median",5,0.109283577845066,0.19446130965364,0.574128906278607,-0.271860589076068,0.4904277447662,1.11547863052056,0.761960479300095,1.63301458402539]
["10048_7_CBFB_PEBB","FTjVRz","osteoporosis","CBFB","Inverse variance weighted",5,-0.0652829490148912,0.241130643144679,0.786593438255197,-0.537899009578461,0.407333111548679,0.936802358569095,0.583973887943846,1.50280462386874]
["10048_7_CBFB_PEBB","FTjVRz","osteoporosis","CBFB","Simple mode",5,0.109159686747206,0.203412984092962,0.619972201299122,-0.289529762075,0.507849135569411,1.11534044120878,0.748615512228312,1.66171322858776]
["10048_7_CBFB_PEBB","FTjVRz","osteoporosis","CBFB","Weighted mode",5,0.131776269713693,0.200239050835364,0.546425804773631,-0.26069226992362,0.524244809351006,1.14085304733335,0.770517994697002,1.68918271158822]
["10053_5_ILK_ILK1","FTjVRz","osteoporosis","ILK","MR Egger",3,-0.106631009767933,0.205948822985544,0.695854636278345,-0.510290702819599,0.297028683283733,0.898857281363263,0.600321038425269,1.34585390240381]
["10053_5_ILK_ILK1","FTjVRz","osteoporosis","ILK","Weighted median",3,0.033700364676051,0.109621398894129,0.758519859182741,-0.181157577156441,0.248558306508543,1.03427465507288,0.834303881103937,1.28217557937125]
["10053_5_ILK_ILK1","FTjVRz","osteoporosis","ILK","Inverse variance weighted",3,0.0352424907134088,0.108655160355066,0.745671749494242,-0.17772162358252,0.248206605009337,1.03587086741222,0.837175440954035,1.28172471558712]
["10053_5_ILK_ILK1","FTjVRz","osteoporosis","ILK","Simple mode",3,-0.0595467097607295,0.245026762823044,0.830640400783681,-0.539799164893896,0.420705745372436,0.942191523022775,0.582865300434374,1.52303605205938]
["10053_5_ILK_ILK1","FTjVRz","osteoporosis","ILK","Weighted mode",3,0.0131171633002776,0.11470798642201,0.91940351044412,-0.211710490086861,0.237944816687416,1.01320357068003,0.809198934771185,1.26863918318064]
["10056_5_FOXM1_FOXM1","FTjVRz","osteoporosis","FOXM1","Inverse variance weighted",2,-0.108401803124487,0.208167712282562,0.602546069232825,-0.516410519198308,0.299606912949334,0.89726699930694,0.596658402662122,1.34932829983321]
["10063_10_FANCL_FANCL","FTjVRz","osteoporosis","FANCL","MR Egger",3,0.404538019402035,0.810032974430791,0.705133665075226,-1.18312661048232,1.99220264928639,1.49861001136175,0.306319498043257,7.33166507682288]
["10063_10_FANCL_FANCL","FTjVRz","osteoporosis","FANCL","Weighted median",3,0.403749584358903,0.22959348293518,0.078655478631421,-0.0462536421940503,0.853752810911856,1.49742892038074,0.954799753970425,2.34844360010392]
["10063_10_FANCL_FANCL","FTjVRz","osteoporosis","FANCL","Inverse variance weighted",3,0.345444724521381,0.184318051038798,0.0609059788745973,-0.015818655514662,0.706708104557425,1.41261800586119,0.984305802300544,2.02730658075909]
["10063_10_FANCL_FANCL","FTjVRz","osteoporosis","FANCL","Simple mode",3,0.446403081558206,0.266212634509712,0.235564141477126,-0.07537368208083,0.968179845197242,1.56268122758688,0.927396869978298,2.63314735913394]
["10063_10_FANCL_FANCL","FTjVRz","osteoporosis","FANCL","Weighted mode",3,0.442312267076444,0.250164963380418,0.219076823602736,-0.0480110611491759,0.932635595302065,1.55630164632912,0.953123244380809,2.54119792864795]
["10064_12_RBBP9_RBBP9","FTjVRz","osteoporosis","RBBP9","MR Egger",5,0.0695449527722372,0.597365095235988,0.914676127883284,-1.1012906338903,1.24038053943477,1.07202025040379,0.332441746114773,3.45692871219324]
["10064_12_RBBP9_RBBP9","FTjVRz","osteoporosis","RBBP9","Weighted median",5,0.205850757985447,0.156617167527469,0.188726335323707,-0.101118890368393,0.512820406339286,1.2285698360752,0.903825570342839,1.6699946224594]
["10064_12_RBBP9_RBBP9","FTjVRz","osteoporosis","RBBP9","Inverse variance weighted",5,0.211643652110576,0.126305931155706,0.0938081366476245,-0.0359159729546077,0.459203277175759,1.23570746486471,0.964721352762389,1.58281241972101]
["10064_12_RBBP9_RBBP9","FTjVRz","osteoporosis","RBBP9","Simple mode",5,0.0955578681155321,0.210260483099716,0.673058329888544,-0.316552678759911,0.507668414990976,1.10027249088734,0.728656625821287,1.66141294994598]
["10064_12_RBBP9_RBBP9","FTjVRz","osteoporosis","RBBP9","Weighted mode",5,0.186575007086428,0.20492344694092,0.414081345876606,-0.215074948917776,0.588224963090632,1.20511501086153,0.806480993034497,1.80078910965936]
["10074_128_BRD2_BRD2","FTjVRz","osteoporosis","BRD2","MR Egger",3,0.871142420955929,0.999660881854822,0.543665226753838,-1.08819290747952,2.83047774939138,2.38963926870587,0.336824617320099,16.9535584422985]
["10074_128_BRD2_BRD2","FTjVRz","osteoporosis","BRD2","Weighted median",3,0.347330951994295,0.225563382530346,0.123599971879433,-0.0947732777651825,0.789435181753773,1.41528503927769,0.909579132906219,2.20215225914793]
["10074_128_BRD2_BRD2","FTjVRz","osteoporosis","BRD2","Inverse variance weighted",3,0.356470613341366,0.199487765457713,0.0739488511565496,-0.0345254069557507,0.747466633638483,1.42827955753815,0.966063794634603,2.11164366764513]
["10074_128_BRD2_BRD2","FTjVRz","osteoporosis","BRD2","Simple mode",3,0.255999910388786,0.274637820332507,0.449669720454525,-0.282290217462929,0.794290038240501,1.29175261218418,0.754054812899731,2.21286938633536]
["10074_128_BRD2_BRD2","FTjVRz","osteoporosis","BRD2","Weighted mode",3,0.317922273497429,0.290319863087583,0.387756601458672,-0.251104658154234,0.886949205149092,1.37426943991904,0.777940949434416,2.42771189107407]
["10075_75_ACBD6_ACBD6","FTjVRz","osteoporosis","ACBD6","MR Egger",3,-0.544742850754222,0.652843523149644,0.557309457041959,-1.82431615612752,0.734830454619079,0.579990908389978,0.161327929532551,2.08512843863876]
["10075_75_ACBD6_ACBD6","FTjVRz","osteoporosis","ACBD6","Weighted median",3,-0.01643751963117,0.185708796042555,0.92946947892312,-0.380426759874577,0.347551720612237,0.983696839211967,0.683569626868059,1.41559752429198]
["10075_75_ACBD6_ACBD6","FTjVRz","osteoporosis","ACBD6","Inverse variance weighted",3,0.0222792925512018,0.176774349957321,0.899706291143132,-0.324198433365147,0.368757018467551,1.02252932941839,0.72310673963874,1.44593622518741]
["10075_75_ACBD6_ACBD6","FTjVRz","osteoporosis","ACBD6","Simple mode",3,0.0419194578079561,0.298647943344376,0.901232861555343,-0.54343051114702,0.627269426762932,1.04281048512593,0.580752553089818,1.87249061946079]
["10075_75_ACBD6_ACBD6","FTjVRz","osteoporosis","ACBD6","Weighted mode",3,-0.0561013155867908,0.200911275157464,0.806291395459235,-0.44988741489542,0.337684783721838,0.945443342890754,0.637699943095156,1.40169859554631]
["10078_5_BAG3_BAG3","FTjVRz","osteoporosis","BAG3","MR Egger",3,-0.132390249763547,1.47451066095976,0.942993386570018,-3.02243114524467,2.75765064571757,0.8759990699357,0.048682719614257,15.7627670887861]
["10078_5_BAG3_BAG3","FTjVRz","osteoporosis","BAG3","Weighted median",3,0.112753950220293,0.168286815468395,0.502851032925822,-0.217088208097761,0.442596108538346,1.11935648164689,0.804858971094933,1.55674345196198]
["10078_5_BAG3_BAG3","FTjVRz","osteoporosis","BAG3","Inverse variance weighted",3,0.120055080353467,0.148421338079736,0.418584063907947,-0.170850742282816,0.41096090298975,1.12755895621485,0.84294738048427,1.50826638669891]
["10078_5_BAG3_BAG3","FTjVRz","osteoporosis","BAG3","Simple mode",3,0.0435033925420753,0.219622684946408,0.8612886124409,-0.386957069952885,0.473963855037036,1.04446353769251,0.679120248965125,1.60634892455575]
["10078_5_BAG3_BAG3","FTjVRz","osteoporosis","BAG3","Weighted mode",3,0.176058125858909,0.20442412132034,0.479870700433921,-0.224613151928958,0.576729403646776,1.19250737215146,0.798825182975552,1.78020656201458]
["10081_17_SATB2_SATB2","FTjVRz","osteoporosis","SATB2","MR Egger",6,0.398987086739437,0.230499632596238,0.158503335677208,-0.0527921931491886,0.850766366628063,1.49031437366532,0.948577112824756,2.34144056642844]
["10081_17_SATB2_SATB2","FTjVRz","osteoporosis","SATB2","Weighted median",6,0.246594608833254,0.104913355705172,0.018750240716434,0.0409644316511173,0.45222478601539,1.27966024465348,1.04181504924532,1.57180522870427]
["10081_17_SATB2_SATB2","FTjVRz","osteoporosis","SATB2","Inverse variance weighted",6,0.167238395503906,0.0802325541362141,0.0371219178532092,0.00998258939692626,0.324494201610885,1.18203602379558,1.01003258165471,1.38333078251936]
["10081_17_SATB2_SATB2","FTjVRz","osteoporosis","SATB2","Simple mode",6,0.254207647705924,0.165475319130298,0.185082351012216,-0.0701239777894604,0.578539273201309,1.2894395256304,0.93227823094663,1.78343142107878]
["10081_17_SATB2_SATB2","FTjVRz","osteoporosis","SATB2","Weighted mode",6,0.273045332472784,0.126340698645016,0.0830627857239267,0.0254175631285519,0.520673101817015,1.3139598085219,1.02574334371279,1.68316020668649]
["10082_251_NEFL_NFL","FTjVRz","osteoporosis","NEFL","MR Egger",8,-0.0170280170536144,0.0878008716806144,0.852622948986826,-0.189117725547619,0.15506169144039,0.983116140231445,0.827689060810969,1.16772999782863]
["10082_251_NEFL_NFL","FTjVRz","osteoporosis","NEFL","Weighted median",8,0.0450344141559129,0.0641337651696146,0.482557515491209,-0.0806677655765316,0.170736593888357,1.04606385869401,0.922500126835385,1.18617826126441]
["10082_251_NEFL_NFL","FTjVRz","osteoporosis","NEFL","Inverse variance weighted",8,0.06490882660521,0.0561355106805682,0.247563307838765,-0.0451167743287038,0.174934427539124,1.06706173230845,0.95588585238677,1.1911681062274]
["10082_251_NEFL_NFL","FTjVRz","osteoporosis","NEFL","Simple mode",8,0.0490655908269488,0.111550106771856,0.673304186881724,-0.169572618445888,0.267703800099786,1.05028923782047,0.844025460437623,1.3069599612665]
["10082_251_NEFL_NFL","FTjVRz","osteoporosis","NEFL","Weighted mode",8,0.0456904392575601,0.0610477584952674,0.478583532001011,-0.0739631673931641,0.165344045908284,1.04675032798916,0.928705899870611,1.17979895389711]
["10085_25_STAR_STAR","FTjVRz","osteoporosis","STAR","MR Egger",3,-0.748668907926083,0.678291758548629,0.468627579046051,-2.0781207546814,0.580782938829229,0.47299573477206,0.125165207452716,1.78743733714561]
["10085_25_STAR_STAR","FTjVRz","osteoporosis","STAR","Weighted median",3,0.129713684624578,0.184306824781384,0.481562263099669,-0.231527691946934,0.49095506119609,1.13850236592263,0.793320726603482,1.63387592652586]
["10085_25_STAR_STAR","FTjVRz","osteoporosis","STAR","Inverse variance weighted",3,0.230246227409952,0.170939895487059,0.177998719777404,-0.104795967744683,0.565288422564588,1.25890994990638,0.900508236570278,1.7599553203527]
["10085_25_STAR_STAR","FTjVRz","osteoporosis","STAR","Simple mode",3,0.0951370759669429,0.244108782867728,0.734321608639418,-0.383316138453805,0.573590290387691,1.09980960225864,0.681597386078027,1.77462705392748]
["10085_25_STAR_STAR","FTjVRz","osteoporosis","STAR","Weighted mode",3,0.0754268953347289,0.224257658441663,0.768625031139733,-0.364118115210931,0.514971905880389,1.0783443928306,0.694809122369963,1.67359148305775]
["10088_37_APRT_APT","FTjVRz","osteoporosis","APRT","Wald ratio",1,0.230267415730337,0.137860898876404,0.0948623809335359,-0.0399399460674157,0.50047477752809,1.25893662437633,0.960847140069096,1.64950423236113]
["10089_7_ASMTL_ASML","FTjVRz","osteoporosis","ASMTL","Inverse variance weighted",2,0.0574738549821895,0.262716792898272,0.826831286472632,-0.457451059098423,0.572398769062803,1.05915757859897,0.632894802711383,1.7725138071883]
["10339_48_ENO2_NSE","FTjVRz","osteoporosis","ENO2","MR Egger",3,-0.293110888984926,0.224475614226551,0.416069823364076,-0.733083092868966,0.146861314899113,0.745939419645818,0.480425507951065,1.15819332773275]
["10339_48_ENO2_NSE","FTjVRz","osteoporosis","ENO2","Weighted median",3,-0.0420901457694438,0.0849957674597157,0.620456943329206,-0.208681849990487,0.124501558451599,0.958783346414214,0.811653422114187,1.13258378553588]
["10339_48_ENO2_NSE","FTjVRz","osteoporosis","ENO2","Inverse variance weighted",3,-0.0249809380674624,0.0795799653386785,0.753589479599321,-0.180957670131272,0.130995793996347,0.975328503497273,0.834470680982573,1.13996298661342]
["10339_48_ENO2_NSE","FTjVRz","osteoporosis","ENO2","Simple mode",3,-0.0427369988187757,0.108268412706708,0.731158271840234,-0.254943087723924,0.169469090086372,0.958163355026215,0.774960601477753,1.18467572824275]
["10339_48_ENO2_NSE","FTjVRz","osteoporosis","ENO2","Weighted mode",3,-0.0471919791580748,0.0825281471140426,0.625140088520382,-0.208947147501598,0.114563189185449,0.953904250275848,0.811438121042097,1.12138349813506]
["10342_55_PIAS4_PIAS4","FTjVRz","osteoporosis","PIAS4","MR Egger",3,0.0936086013372826,0.720964811151782,0.917802421033309,-1.31948242852021,1.50669963119478,1.09812985523651,0.2672735993657,4.51181553967024]
["10342_55_PIAS4_PIAS4","FTjVRz","osteoporosis","PIAS4","Weighted median",3,0.303078560247235,0.20673451873,0.142640702135073,-0.102121096463564,0.708278216958034,1.35402083247544,0.902920204604581,2.03049218018152]
["10342_55_PIAS4_PIAS4","FTjVRz","osteoporosis","PIAS4","Inverse variance weighted",3,0.254212947232521,0.174946550858043,0.146198983558678,-0.0886822924492431,0.597108186914286,1.28944635906757,0.915136273097225,1.81685718487084]
["10342_55_PIAS4_PIAS4","FTjVRz","osteoporosis","PIAS4","Simple mode",3,0.320389229386614,0.258864185366533,0.341424212280044,-0.186984573931791,0.827763032705019,1.37766388726159,0.829456531539747,2.28819439487862]
["10342_55_PIAS4_PIAS4","FTjVRz","osteoporosis","PIAS4","Weighted mode",3,0.319389363781829,0.234029997774201,0.305592666932866,-0.139309431855606,0.778088159419263,1.37628709694311,0.869958793841637,2.17730562254295]
["10344_334_IL10RA_IL_10_Ra","FTjVRz","osteoporosis","IL10RA","MR Egger",8,0.353261983246121,0.196060971076433,0.121649372325224,-0.031017520063687,0.73754148655593,1.42370408119645,0.969458587951033,2.09078895788566]
["10344_334_IL10RA_IL_10_Ra","FTjVRz","osteoporosis","IL10RA","Weighted median",8,0.149576601518738,0.0802177925008303,0.0622331115082394,-0.00765027178288971,0.306803474820365,1.16134242799859,0.992378917064652,1.35907384959266]
["10344_334_IL10RA_IL_10_Ra","FTjVRz","osteoporosis","IL10RA","Inverse variance weighted",8,0.0417623848055982,0.0959015577248102,0.663220300134373,-0.14620466833503,0.229729437946226,1.04264670061555,0.8639808555645,1.25825952658892]
["10344_334_IL10RA_IL_10_Ra","FTjVRz","osteoporosis","IL10RA","Simple mode",8,0.146590950633068,0.101604003578539,0.192297493143587,-0.0525528963808684,0.345734797647004,1.15788023597008,0.948804131423683,1.41302782781776]
["10344_334_IL10RA_IL_10_Ra","FTjVRz","osteoporosis","IL10RA","Weighted mode",8,0.159643709547051,0.0839799193184629,0.0990639110365598,-4.95693231713654E-3,0.324244351411238,1.17309283474763,0.995055332997382,1.38298520022087]
["10346_5_STAT3_STAT3","FTjVRz","osteoporosis","STAT3","MR Egger",5,-0.0209564098510237,0.257511691556176,0.940264698732228,-0.525679325301129,0.483766505599082,0.979261649800327,0.591153642306211,1.62217283315482]
["10346_5_STAT3_STAT3","FTjVRz","osteoporosis","STAT3","Weighted median",5,0.141843090900714,0.107239040586347,0.185941331205522,-0.0683454286485269,0.352031610449955,1.15239581296097,0.933937808976461,1.42195347159721]
["10346_5_STAT3_STAT3","FTjVRz","osteoporosis","STAT3","Inverse variance weighted",5,0.176159804592537,0.112928744213456,0.118778791891575,-0.0451805340658359,0.39750014325091,1.19262863095552,0.955824907299036,1.48810000713848]
["10346_5_STAT3_STAT3","FTjVRz","osteoporosis","STAT3","Simple mode",5,0.0208422387637266,0.192174444858499,0.918857622182363,-0.355819673158932,0.397504150686385,1.02106095509188,0.700598945639702,1.48810597061519]
["10346_5_STAT3_STAT3","FTjVRz","osteoporosis","STAT3","Weighted mode",5,0.133794100177347,0.102970576291612,0.263655836937036,-0.0680282293542118,0.335616429708906,1.14315741950112,0.93423410037963,1.39880238286038]
["10356_21_JUN_c_Jun","FTjVRz","osteoporosis","JUN","MR Egger",4,0.191025612585626,0.373406592394335,0.659833749315417,-0.540851308507269,0.922902533678522,1.2104904554747,0.582252364935693,2.51658427004789]
["10356_21_JUN_c_Jun","FTjVRz","osteoporosis","JUN","Weighted median",4,0.260852403558204,0.10455253456224,0.0125978080357768,0.0559294358162138,0.465775371300194,1.29803606578969,1.05752305785227,1.59324906968236]
["10356_21_JUN_c_Jun","FTjVRz","osteoporosis","JUN","Inverse variance weighted",4,0.230398143119915,0.0905447944252461,0.0109410387982261,0.0529303460464323,0.407865940193397,1.25910121263274,1.05435620248363,1.50360557458555]
["10356_21_JUN_c_Jun","FTjVRz","osteoporosis","JUN","Simple mode",4,0.284519828455234,0.159092330606839,0.171665122382894,-0.0273011395341703,0.596340796444639,1.32912366750783,0.973068168103696,1.81546348080847]
["10356_21_JUN_c_Jun","FTjVRz","osteoporosis","JUN","Weighted mode",4,0.292650556400647,0.145216592073646,0.13728218076114,0.00802603593630113,0.577275076864992,1.33997446311002,1.0080583309051,1.78117823814307]
["10363_13_SMAD3_SMAD3","FTjVRz","osteoporosis","SMAD3","MR Egger",3,6.24116498526252,26.0886550934696,0.850511541878377,-44.8925989979379,57.3749289684629,513.456331708412,{"v":3.18707274891067e-20,"d":"3.19E-20"},{"v":8.27208618509154e+24,"d":"8.27E+24"}]
["10363_13_SMAD3_SMAD3","FTjVRz","osteoporosis","SMAD3","Weighted median",3,0.0601831409445472,0.296665997234972,0.839240568728441,-0.521282213635997,0.641648495525092,1.06203103010186,0.593758734125129,1.89960979784343]
["10363_13_SMAD3_SMAD3","FTjVRz","osteoporosis","SMAD3","Inverse variance weighted",3,0.0723372422186932,0.274902391903878,0.792444281467308,-0.466471445912908,0.611145930350295,1.07501782433477,0.627211518027275,1.84254161382795]
["10363_13_SMAD3_SMAD3","FTjVRz","osteoporosis","SMAD3","Simple mode",3,-0.154845359662093,0.38310305285272,0.725199542991639,-0.905727343253424,0.596036623929239,0.856547624056576,0.404247751273257,1.81491135069055]
["10363_13_SMAD3_SMAD3","FTjVRz","osteoporosis","SMAD3","Weighted mode",3,-0.151295755563993,0.346756555883587,0.705189411037555,-0.830938605095823,0.528347093967837,0.859593431520455,0.435640200254531,1.6961264527043]
["10364_6_SMAD2_SMAD2","FTjVRz","osteoporosis","SMAD2","Inverse variance weighted",2,0.336223022675317,0.382551689533851,0.379457847781059,-0.41357828881103,1.08602433416166,1.39965114394745,0.661279761547557,2.9624728271871]
["10366_11_PDGFRA_PDGFRA","FTjVRz","osteoporosis","PDGFRA","MR Egger",4,0.0605273367315494,0.207733470128817,0.798208517553742,-0.346630264720931,0.46768493818403,1.0623966396251,0.707066707440615,1.59629439204151]
["10366_11_PDGFRA_PDGFRA","FTjVRz","osteoporosis","PDGFRA","Weighted median",4,0.110944983169897,0.0829919701382943,0.181282746021677,-0.0517192783011596,0.273609244640954,1.11733343301977,0.949595401464423,1.31470097540329]
["10366_11_PDGFRA_PDGFRA","FTjVRz","osteoporosis","PDGFRA","Inverse variance weighted",4,0.11249505067062,0.0928938102479826,0.22589273758097,-0.0695768174154263,0.294566918756665,1.11906671826929,0.932788476232449,1.34254480179268]
["10366_11_PDGFRA_PDGFRA","FTjVRz","osteoporosis","PDGFRA","Simple mode",4,0.0732017811189444,0.123825748874442,0.595993432100565,-0.169496686674961,0.31590024891285,1.07594762092712,0.844089551218774,1.3714934408407]
["10366_11_PDGFRA_PDGFRA","FTjVRz","osteoporosis","PDGFRA","Weighted mode",4,0.10558699287859,0.087753797517654,0.315183852448571,-0.0664104502560117,0.277584436013192,1.11136278096518,0.935746707982631,1.31993756470431]
["10370_21_STAT1_STAT1","FTjVRz","osteoporosis","STAT1","MR Egger",4,-0.604806910793884,0.773027879307869,0.515912072963599,-2.11994155423731,0.91032773264954,0.546179877897652,0.120038644056545,2.48513686042448]
["10370_21_STAT1_STAT1","FTjVRz","osteoporosis","STAT1","Weighted median",4,-0.0773288973889196,0.196082754315565,0.693308862240426,-0.461651095847428,0.306993301069588,0.925585380924097,0.630242195704595,1.35933186197193]
["10370_21_STAT1_STAT1","FTjVRz","osteoporosis","STAT1","Inverse variance weighted",4,0.00163159079560835,0.17412997486723,0.992523963450503,-0.339663159944162,0.342926341535379,1.00163292256407,0.712010115901573,1.40906496854173]
["10370_21_STAT1_STAT1","FTjVRz","osteoporosis","STAT1","Simple mode",4,-0.0327793089267239,0.227107488475118,0.89438753433878,-0.477909986337955,0.412351368484508,0.967752110275682,0.620078009962421,1.51036503777935]
["10370_21_STAT1_STAT1","FTjVRz","osteoporosis","STAT1","Weighted mode",4,-0.0752698830739895,0.189718823245527,0.718093913787794,-0.447118776635222,0.296579010487243,0.927493137848517,0.639467949912428,1.34524884456507]
["10372_18_STAT6_STAT6","FTjVRz","osteoporosis","STAT6","MR Egger",4,0.183297446831838,0.111357931838087,0.241504131273164,-0.0349640995708116,0.401558993234488,1.20117163964821,0.9656400825287,1.49415225610446]
["10372_18_STAT6_STAT6","FTjVRz","osteoporosis","STAT6","Weighted median",4,0.184000079137102,0.0874036483668056,0.0352759743678872,0.0126889283381635,0.355311229936041,1.20201591822035,1.01276977437733,1.4266245934753]
["10372_18_STAT6_STAT6","FTjVRz","osteoporosis","STAT6","Inverse variance weighted",4,0.169471895021126,0.0817125699383829,0.0380792824809178,0.009315257941896,0.329628532100357,1.18467905118553,1.0093587799919,1.39045152441148]
["10372_18_STAT6_STAT6","FTjVRz","osteoporosis","STAT6","Simple mode",4,0.324139301273766,0.162510224154312,0.140060330358324,0.00561926193131396,0.642659340616218,1.38283992506618,1.00563507959763,1.90153097992779]
["10372_18_STAT6_STAT6","FTjVRz","osteoporosis","STAT6","Weighted mode",4,0.18839418798885,0.0927619064806768,0.135220959960937,6.58085128672381E-3,0.370207524690977,1.20730932839963,1.00660255266695,1.44803508651843]
["10390_21_ZNRF3_ZNRF3","FTjVRz","osteoporosis","ZNRF3","MR Egger",4,-0.293363456695782,0.345970899420734,0.485765380064607,-0.971466419560421,0.384739506168857,0.745751043224064,0.378527550709633,1.46923154583376]
["10390_21_ZNRF3_ZNRF3","FTjVRz","osteoporosis","ZNRF3","Weighted median",4,-0.0245768818453296,0.101698000236385,0.809039487947266,-0.223904962308644,0.174751198617985,0.975722670675222,0.799391103044288,1.19094986977462]
["10390_21_ZNRF3_ZNRF3","FTjVRz","osteoporosis","ZNRF3","Inverse variance weighted",4,0.00848329795971912,0.097029408286912,0.93032958655708,-0.181694342282628,0.198660938202067,1.00851938310001,0.833856176042899,1.21976831893861]
["10390_21_ZNRF3_ZNRF3","FTjVRz","osteoporosis","ZNRF3","Simple mode",4,0.0273035201503165,0.125133621107225,0.841276863503409,-0.217958377219844,0.272565417520477,1.02767967692107,0.804158912299602,1.31332937085339]
["10390_21_ZNRF3_ZNRF3","FTjVRz","osteoporosis","ZNRF3","Weighted mode",4,-0.0217898523093902,0.103515948088208,0.846765818366549,-0.224681110562278,0.181101405943498,0.978445831579529,0.798770897752451,1.19853671187712]
["10391_1_ANGPTL3_ANGL3","FTjVRz","osteoporosis","ANGPTL3","MR Egger",4,0.388237203987111,0.19465137695059,0.184250399181925,6.7205051639545E-3,0.769753902810268,1.47437947150206,1.00674313843271,2.15923480677587]
["10391_1_ANGPTL3_ANGL3","FTjVRz","osteoporosis","ANGPTL3","Weighted median",4,0.194676374974264,0.0966460283795485,0.0439755706759023,0.00525015935034917,0.384102590598179,1.21491774507526,1.00526396558803,1.46829606732732]
["10391_1_ANGPTL3_ANGL3","FTjVRz","osteoporosis","ANGPTL3","Inverse variance weighted",4,0.212476438939455,0.0844718581749358,0.0118913666034252,0.0469115969165804,0.378041280962329,1.23673697438728,1.04802935595772,1.45942318802595]
["10391_1_ANGPTL3_ANGL3","FTjVRz","osteoporosis","ANGPTL3","Simple mode",4,0.0933201275888847,0.141951609833344,0.557855783119672,-0.18490502768447,0.371545282862239,1.09781311928815,0.831183219498701,1.44997350356524]
["10391_1_ANGPTL3_ANGL3","FTjVRz","osteoporosis","ANGPTL3","Weighted mode",4,0.300918531432775,0.103092745426967,0.0615503941587433,0.0988567503959195,0.502980312469631,1.35109926493289,1.10390815382602,1.65364230472919]
["10418_36_STX12_STX12","FTjVRz","osteoporosis","STX12","Inverse variance weighted",2,0.0403480440687507,0.243872307867833,0.868591832400505,-0.437641679352202,0.518337767489704,1.04117308525549,0.645557057842675,1.67923405110477]
["10419_1_SCARA5_SCAR5","FTjVRz","osteoporosis","SCARA5","MR Egger",10,0.140791831429199,0.094498178283476,0.174583887524986,-0.0444245980064142,0.326008260864812,1.15118498250766,0.956547722979755,1.38542681364913]
["10419_1_SCARA5_SCAR5","FTjVRz","osteoporosis","SCARA5","Weighted median",10,-0.0114867241057122,0.0698954835441482,0.869462364232578,-0.148481871852243,0.125508423640818,0.988578996431047,0.862015633775636,1.13372471901012]
["10419_1_SCARA5_SCAR5","FTjVRz","osteoporosis","SCARA5","Inverse variance weighted",10,-0.0147037728272868,0.0706892055750474,0.835224349516209,-0.15325461575438,0.123847070099806,0.985403799754057,0.857911256278483,1.13184276516187]
["10419_1_SCARA5_SCAR5","FTjVRz","osteoporosis","SCARA5","Simple mode",10,-0.117238022857951,0.14501528168603,0.439676329032451,-0.401467974962569,0.166991929246668,0.889373476751016,0.66933675489112,1.18174472769967]
["10419_1_SCARA5_SCAR5","FTjVRz","osteoporosis","SCARA5","Weighted mode",10,0.0425697169840535,0.0639205696964356,0.52212679311192,-0.0827145996209603,0.167854033589067,1.04348880273004,0.920613853272811,1.18276395423772]
["10424_31_NPDC1_NPDC1","FTjVRz","osteoporosis","NPDC1","MR Egger",3,-0.466642283135973,4.23485784121542,0.930132240029919,-8.7669636519182,7.83367908564625,0.627104376105436,0.000155795913826134,2524.19905549936]
["10424_31_NPDC1_NPDC1","FTjVRz","osteoporosis","NPDC1","Weighted median",3,0.533307694593528,0.319711698701017,0.095297981752641,-0.0933272348604648,1.15994262404752,1.70456116196239,0.910895374799403,3.18975025590665]
["10424_31_NPDC1_NPDC1","FTjVRz","osteoporosis","NPDC1","Inverse variance weighted",3,0.392586749467071,0.512173975892148,0.443372584430217,-0.611274243281538,1.39644774221568,1.48080631886832,0.542658948811059,4.04082040626922]
["10424_31_NPDC1_NPDC1","FTjVRz","osteoporosis","NPDC1","Simple mode",3,0.65119140907924,0.390032022932861,0.23694921210877,-0.113271355869168,1.41565417402765,1.91782438180188,0.892908331322499,4.1191802455087]
["10424_31_NPDC1_NPDC1","FTjVRz","osteoporosis","NPDC1","Weighted mode",3,0.549311734182753,0.332112880469058,0.239950830945179,-0.1016295115366,1.20025297990211,1.73206048949789,0.90336417568322,3.3209569518414]
["10425_3_B4GALT5_B4GT5","FTjVRz","osteoporosis","B4GALT5","Wald ratio",1,0.292703333333333,0.299126666666667,0.327814052278043,-0.293584933333333,0.8789916,1.34004518471828,0.745585895079463,2.4084697805278]
["10426_21_GOSR2_GOSR2","FTjVRz","osteoporosis","GOSR2","MR Egger",5,0.415072036637292,0.274429456545703,0.227606943882906,-0.122809698192287,0.95295377146687,1.51447983479716,0.884431955547023,2.59335854569909]
["10426_21_GOSR2_GOSR2","FTjVRz","osteoporosis","GOSR2","Weighted median",5,0.229816943071502,0.108360405136747,0.0339338232067326,0.0174305490034779,0.442203337139527,1.25836963556391,1.01758334751905,1.55613212772195]
["10426_21_GOSR2_GOSR2","FTjVRz","osteoporosis","GOSR2","Inverse variance weighted",5,0.162795280193302,0.0939069726624352,0.0829925739188216,-0.0212623862250705,0.346852946611675,1.17679575162812,0.978962064706795,1.41460868707385]
["10426_21_GOSR2_GOSR2","FTjVRz","osteoporosis","GOSR2","Simple mode",5,0.255009962440687,0.15795747814067,0.181736362855941,-0.0545866947150257,0.5646066195964,1.29047447708429,0.946876416118313,1.75875578656072]
["10426_21_GOSR2_GOSR2","FTjVRz","osteoporosis","GOSR2","Weighted mode",5,0.255009962440687,0.147529823390947,0.15895533750633,-0.034148491405569,0.544168416286943,1.29047447708429,0.966427987731977,1.72317482227948]
["10430_31_SLC3A2_4F2","FTjVRz","osteoporosis","SLC3A2","MR Egger",3,-0.261528081059411,1.21806154697323,0.865356538584964,-2.64892871312695,2.12587255100813,0.769874256236069,0.0707269413336562,8.38020645653165]
["10430_31_SLC3A2_4F2","FTjVRz","osteoporosis","SLC3A2","Weighted median",3,0.108142820226358,0.19145133255798,0.572170340878132,-0.267101791587283,0.48338743204,1.11420686530014,0.765595136354726,1.62155802686128]
["10430_31_SLC3A2_4F2","FTjVRz","osteoporosis","SLC3A2","Inverse variance weighted",3,0.0991071603239111,0.232049117498072,0.669309687399291,-0.355709109972311,0.553923430620133,1.10418461800057,0.700676410373971,1.7400666735424]
["10430_31_SLC3A2_4F2","FTjVRz","osteoporosis","SLC3A2","Simple mode",3,0.427941360738626,0.353948483146735,0.35017992448746,-0.265797666228975,1.12168038770623,1.53409612006663,0.766594219709614,3.07000867616112]
["10430_31_SLC3A2_4F2","FTjVRz","osteoporosis","SLC3A2","Weighted mode",3,-0.131377974250606,0.202935011392134,0.583766049794902,-0.529130596579189,0.266374648077977,0.87688627131391,0.589116927369136,1.30522396674745]
["10435_2_AGA_ASPG","FTjVRz","osteoporosis","AGA","MR Egger",4,0.299299217006264,0.493729374985701,0.606020620666913,-0.668410357965709,1.26700879197824,1.34891318085797,0.512522658127835,3.55021722578853]
["10435_2_AGA_ASPG","FTjVRz","osteoporosis","AGA","Weighted median",4,-0.146586940966918,0.149454043219069,0.326683407044367,-0.439516865676294,0.146342983742457,0.863650642448682,0.644347652361086,1.15759315560295]
["10435_2_AGA_ASPG","FTjVRz","osteoporosis","AGA","Inverse variance weighted",4,-0.265583050959219,0.198127510595461,0.180094121579472,-0.653912971726324,0.122746869807885,0.766758760190689,0.520007017801132,1.13059819618435]
["10435_2_AGA_ASPG","FTjVRz","osteoporosis","AGA","Simple mode",4,-0.172950398520266,0.198280436528654,0.44726412308214,-0.561580054116428,0.215679257075896,0.841179337549725,0.57030723527274,1.24070436802753]
["10435_2_AGA_ASPG","FTjVRz","osteoporosis","AGA","Weighted mode",4,-0.126038707107085,0.14695213476051,0.454123657565422,-0.414064891237685,0.161987477023514,0.88158072268356,0.660958059487739,1.17584551614305]
["10438_19_CSF2RA_CSF2R","FTjVRz","osteoporosis","CSF2RA","MR Egger",4,-3.3482586804231,1.84976999476546,0.211991921957585,-6.97380787016341,0.277290509317205,0.0351455003956532,0.00093608163335821,1.31954965682804]
["10438_19_CSF2RA_CSF2R","FTjVRz","osteoporosis","CSF2RA","Weighted median",4,0.103054908141049,0.189248583133948,0.586064533520158,-0.267872314801489,0.473982131083587,1.10855227594968,0.765005454740343,1.60637828253174]
["10438_19_CSF2RA_CSF2R","FTjVRz","osteoporosis","CSF2RA","Inverse variance weighted",4,-0.0532863481744053,0.180707077514648,0.76808789625906,-0.407472220103116,0.300899523754306,0.948108484474711,0.665329933938264,1.35107358391655]
["10438_19_CSF2RA_CSF2R","FTjVRz","osteoporosis","CSF2RA","Simple mode",4,0.0241881203458973,0.199225089443953,0.911041200848309,-0.36629305496425,0.414669295656045,1.0244830258651,0.693299596547662,1.51387001451047]
["10438_19_CSF2RA_CSF2R","FTjVRz","osteoporosis","CSF2RA","Weighted mode",4,0.0686791418537496,0.180184104182607,0.728475823160722,-0.284481702344159,0.421839986051659,1.07109248525871,0.752404122569728,1.52476452157046]
["10440_26_CLMP_ACAM","FTjVRz","osteoporosis","CLMP","MR Egger",4,0.304639646089237,0.168596423291323,0.21251722141067,-0.0258093435617564,0.63508863574023,1.3561362259526,0.974520870576196,1.8871894064758]
["10440_26_CLMP_ACAM","FTjVRz","osteoporosis","CLMP","Weighted median",4,0.132224307254244,0.0885661763638365,0.135451947776052,-0.0413653984188755,0.305814012927364,1.14136430684999,0.959478473969797,1.35772976287966]
["10440_26_CLMP_ACAM","FTjVRz","osteoporosis","CLMP","Inverse variance weighted",4,0.0864455764532081,0.0951249546472344,0.363477809300623,-0.0999993346553714,0.272890487561788,1.09029202854384,0.904838020064876,1.31375636428386]
["10440_26_CLMP_ACAM","FTjVRz","osteoporosis","CLMP","Simple mode",4,0.0477894009513391,0.172248865111456,0.799459580854775,-0.289818374667114,0.385397176569792,1.04894972424733,0.74839948354063,1.47019813374686]
["10440_26_CLMP_ACAM","FTjVRz","osteoporosis","CLMP","Weighted mode",4,0.137239281854958,0.0925933958961606,0.234907215588574,-0.044243774101517,0.318722337811432,1.147102596521,0.956720705313443,1.37536938381]
["10442_1_TMEM190_TM190","FTjVRz","osteoporosis","TMEM190","MR Egger",7,-0.0192242628777177,0.078740422844132,0.816818704270347,-0.173555491652216,0.135106965896781,0.980959344807266,0.840670499672513,1.14465921730281]
["10442_1_TMEM190_TM190","FTjVRz","osteoporosis","TMEM190","Weighted median",7,0.0162500951146855,0.0430072195018693,0.705545184998501,-0.0680440551089784,0.100544245338349,1.01638284600704,0.934219315536854,1.10577256590305]
["10442_1_TMEM190_TM190","FTjVRz","osteoporosis","TMEM190","Inverse variance weighted",7,0.0105198757794692,0.0376725221043401,0.780056560113613,-0.0633182675450373,0.0843580191039757,1.01057540421929,0.938644686004567,1.08801835544404]
["10442_1_TMEM190_TM190","FTjVRz","osteoporosis","TMEM190","Simple mode",7,-0.0476321469564882,0.0633322411080453,0.480444366926503,-0.171763339528257,0.0764990456152806,0.953484464736923,0.84217845993754,1.07950116007726]
["10442_1_TMEM190_TM190","FTjVRz","osteoporosis","TMEM190","Weighted mode",7,0.0172441396756324,0.0457825654793731,0.719392149109613,-0.0724896886639388,0.106977968015204,1.01739367816983,0.930075336930195,1.11290973459886]
["10445_20_APOM_ApoM","FTjVRz","osteoporosis","APOM","MR Egger",10,0.0331528165165388,0.0970729680730792,0.741506147042467,-0.157110200906696,0.223415833939774,1.03370849490319,0.854609874845121,1.2503403996223]
["10445_20_APOM_ApoM","FTjVRz","osteoporosis","APOM","Weighted median",10,0.0329316332449492,0.066158885859194,0.618649097251471,-0.096739783039071,0.162603049528969,1.03347988116012,0.907792198328336,1.17656955714045]
["10445_20_APOM_ApoM","FTjVRz","osteoporosis","APOM","Inverse variance weighted",10,0.0566835491355902,0.0693075072988475,0.413439512363586,-0.0791591651701509,0.192526263441331,1.0583208508511,0.923892861177272,1.21230834267837]
["10445_20_APOM_ApoM","FTjVRz","osteoporosis","APOM","Simple mode",10,0.2592295880506,0.119834223879338,0.0587572007804519,0.0243545092470967,0.494104666854104,1.29593130101707,1.0246535026524,1.63903010394092]
["10445_20_APOM_ApoM","FTjVRz","osteoporosis","APOM","Weighted mode",10,0.0495252611327206,0.0547701926230147,0.389432118368882,-0.0578243164083882,0.156874838673829,1.05077213557394,0.943815745812389,1.16984918486208]
["10447_18_PABPC3_PABP3","FTjVRz","osteoporosis","PABPC3","Inverse variance weighted",2,0.00503911069553244,0.15764234216822,0.974499592134884,-0.30393987995418,0.314018101345244,1.00505182836678,0.737905228013188,1.36891451551736]
["10449_31_SHISA2_TMM46","FTjVRz","osteoporosis","SHISA2","MR Egger",5,0.341954598984126,0.208587610318977,0.199664921879048,-0.066877117241069,0.750786315209321,1.40769638521734,0.93531012776435,2.11866530055711]
["10449_31_SHISA2_TMM46","FTjVRz","osteoporosis","SHISA2","Weighted median",5,0.178444344752333,0.0879559609787026,0.0424794865436315,0.00605066123407624,0.35083802827059,1.19535635356822,1.0060690034603,1.42025726575554]
["10449_31_SHISA2_TMM46","FTjVRz","osteoporosis","SHISA2","Inverse variance weighted",5,0.103597480266377,0.0726970713888947,0.154140686089818,-0.0388887796558566,0.246083740188611,1.1091539087139,0.96185768133985,1.27900667331746]
["10449_31_SHISA2_TMM46","FTjVRz","osteoporosis","SHISA2","Simple mode",5,0.19771418343324,0.120071278333274,0.174977402501278,-0.0376255220999778,0.433053888966458,1.21861404395968,0.963073523122453,1.54195931305543]
["10449_31_SHISA2_TMM46","FTjVRz","osteoporosis","SHISA2","Weighted mode",5,0.196383344946251,0.113987774324255,0.160016264130845,-0.0270326927292893,0.419799382621791,1.21699334417323,0.973329420208933,1.52165625430701]
["10451_11_NUCB1_NUCB1","FTjVRz","osteoporosis","NUCB1","MR Egger",3,-0.911861540248651,0.462074084353896,0.298589164158785,-1.81752674558229,-0.0061963349150157,0.401775605997027,0.162426977801698,0.993822822778588]
["10451_11_NUCB1_NUCB1","FTjVRz","osteoporosis","NUCB1","Weighted median",3,-0.405254111729203,0.19934385005453,0.0420585724107508,-0.795968057836082,-0.0145401656223237,0.666807345760175,0.451144289697745,0.985565032104522]
["10451_11_NUCB1_NUCB1","FTjVRz","osteoporosis","NUCB1","Inverse variance weighted",3,-0.368925715041606,0.193547053712829,0.056633428741509,-0.748277940318752,0.0104265102355394,0.691476774865934,0.473180696937513,1.01048105570151]
["10451_11_NUCB1_NUCB1","FTjVRz","osteoporosis","NUCB1","Simple mode",3,-0.595303777196477,0.289300794677055,0.17586874298034,-1.16233333476351,-0.0282742196294489,0.55139503918457,0.312755565395614,0.972121755380336]
["10451_11_NUCB1_NUCB1","FTjVRz","osteoporosis","NUCB1","Weighted mode",3,-0.540807392986963,0.251612148758323,0.164610563001474,-1.03396720455327,-0.0476475814206503,0.582277935412716,0.355593446632995,0.953469748328693]
["10453_7_CEACAM20_CEA20","FTjVRz","osteoporosis","CEACAM20","MR Egger",3,-0.81795990998439,0.457480813402662,0.32464514305788,-1.71462230425361,0.078702484284828,0.441331091881568,0.180031705082826,1.08188239716871]
["10453_7_CEACAM20_CEA20","FTjVRz","osteoporosis","CEACAM20","Weighted median",3,-0.0937626385392898,0.199756622457216,0.638794910724181,-0.485285618555432,0.297760341476853,0.910498853931777,0.615521367331631,1.34683896775987]
["10453_7_CEACAM20_CEA20","FTjVRz","osteoporosis","CEACAM20","Inverse variance weighted",3,-0.0950010936612353,0.21566036930904,0.659565943384393,-0.517695417506954,0.327693230184483,0.909371939922848,0.595892249609491,1.38776318312745]
["10453_7_CEACAM20_CEA20","FTjVRz","osteoporosis","CEACAM20","Simple mode",3,0.0666455629088305,0.288015840368758,0.838525899343717,-0.497865484213935,0.631156610031596,1.06891654735325,0.607826691688802,1.87978349886382]
["10453_7_CEACAM20_CEA20","FTjVRz","osteoporosis","CEACAM20","Weighted mode",3,-0.120939746853999,0.289856592622906,0.717025568116203,-0.689058668394893,0.447179174686896,0.886087347534785,0.502048440766557,1.56389448448922]
["10455_196_IL31_IL_31","FTjVRz","osteoporosis","IL31","MR Egger",4,0.142906902289212,0.153737147963729,0.450734154170427,-0.158417907719697,0.444231712298122,1.15362239706225,0.853493026103843,1.55929175084053]
["10455_196_IL31_IL_31","FTjVRz","osteoporosis","IL31","Weighted median",4,-0.0177112916917245,0.0791268605959703,0.822886374815145,-0.172799938459826,0.137377355076377,0.982444631345129,0.841305910965576,1.14726099160661]
["10455_196_IL31_IL_31","FTjVRz","osteoporosis","IL31","Inverse variance weighted",4,-0.0247381604449015,0.100033954198804,0.804677887782296,-0.220804710674557,0.171328389784754,0.9755653201783,0.801873262288784,1.18688044444589]
["10455_196_IL31_IL_31","FTjVRz","osteoporosis","IL31","Simple mode",4,0.0424275020261888,0.242184074873345,0.872089415724294,-0.432253284725567,0.517108288777945,1.04334041356576,0.649044962688994,1.67717073724702]
["10455_196_IL31_IL_31","FTjVRz","osteoporosis","IL31","Weighted mode",4,-0.0127826028789981,0.0814922750560244,0.885319708642654,-0.172507461988806,0.14694225623081,0.98729874759666,0.841552009136672,1.15828707723711]
["10464_6_ANTXR1_ANTR1","FTjVRz","osteoporosis","ANTXR1","MR Egger",7,0.0104533797247536,0.297416936534302,0.97332234799353,-0.572483815882478,0.593390575331985,1.01050820717611,0.564122520649274,1.81011535507395]
["10464_6_ANTXR1_ANTR1","FTjVRz","osteoporosis","ANTXR1","Weighted median",7,0.165657878578542,0.111845007722136,0.138569833289517,-0.0535583365568452,0.38487409371393,1.18016927145901,0.947850645047895,1.46942929940794]
["10464_6_ANTXR1_ANTR1","FTjVRz","osteoporosis","ANTXR1","Inverse variance weighted",7,0.185436665540992,0.0970796252253983,0.0561138770419759,-0.00483939990078835,0.375712730982773,1.2037439588884,0.99517229112812,1.45602880172412]
["10464_6_ANTXR1_ANTR1","FTjVRz","osteoporosis","ANTXR1","Simple mode",7,0.16749028387277,0.139345066435676,0.274653320413842,-0.105626046341155,0.440606614086696,1.18233380242346,0.899761054110141,1.55364939832348]
["10464_6_ANTXR1_ANTR1","FTjVRz","osteoporosis","ANTXR1","Weighted mode",7,0.158794872305219,0.124568416717202,0.249532807746541,-0.085359224460497,0.402948969070936,1.17209749236297,0.918182391577967,1.49623053568101]
["10499_1_TMEM106A_T106A","FTjVRz","osteoporosis","TMEM106A","MR Egger",6,-0.158529272011743,0.464902519947429,0.75026593191258,-1.0697382111087,0.752679667085218,0.85339798274954,0.343098324992986,2.12268047935201]
["10499_1_TMEM106A_T106A","FTjVRz","osteoporosis","TMEM106A","Weighted median",6,0.00700545362078225,0.141678371277253,0.960563730357774,-0.270684154082633,0.284695061324197,1.00703004921188,0.76285740375477,1.32935659406889]
["10499_1_TMEM106A_T106A","FTjVRz","osteoporosis","TMEM106A","Inverse variance weighted",6,0.015919802644503,0.116641986347634,0.891438416302908,-0.212698490596859,0.244538095885865,1.01604719784027,0.808399840628654,1.27703131093674]
["10499_1_TMEM106A_T106A","FTjVRz","osteoporosis","TMEM106A","Simple mode",6,-0.0106552499000998,0.164031298251098,0.950724110225826,-0.332156594472252,0.310846094672053,0.989401316188247,0.717374977102365,1.36457918901645]
["10499_1_TMEM106A_T106A","FTjVRz","osteoporosis","TMEM106A","Weighted mode",6,-0.00428402274796236,0.159856276571998,0.97965659933245,-0.317602324829078,0.309034279333153,0.995725140587507,0.727892195519038,1.36210906189347]
["10506_53_PGRMC2_PGRC2","FTjVRz","osteoporosis","PGRMC2","MR Egger",3,-0.0553999509293885,0.576359971860977,0.938995269200239,-1.1850654957769,1.07426559391813,0.946106676029051,0.305726155070915,2.92784188588351]
["10506_53_PGRMC2_PGRC2","FTjVRz","osteoporosis","PGRMC2","Weighted median",3,0.297964248897408,0.170747581400678,0.0809749610428659,-0.0367010106479209,0.632629508442737,1.34711362622119,0.963964307330406,1.88255426902315]
["10506_53_PGRMC2_PGRC2","FTjVRz","osteoporosis","PGRMC2","Inverse variance weighted",3,0.340751661843522,0.165747431523522,0.0397970904211065,0.0158866960574183,0.665616627629626,1.40600403305358,1.01601356054204,1.94568991767029]
["10506_53_PGRMC2_PGRC2","FTjVRz","osteoporosis","PGRMC2","Simple mode",3,0.310740245545546,0.230512666363542,0.310030947062072,-0.141064580526996,0.762545071618088,1.36443475714537,0.868433226011269,2.14372521772005]
["10506_53_PGRMC2_PGRC2","FTjVRz","osteoporosis","PGRMC2","Weighted mode",3,0.292512093869615,0.182244708593932,0.249696623139428,-0.0646875349744927,0.649711722713723,1.33978893969866,0.937360309936021,1.91498870168866]
["10507_166_ACRV1_sperm_protein_10","FTjVRz","osteoporosis","ACRV1","MR Egger",3,-0.468995429733184,0.85807539309992,0.681560591262892,-2.15082320020903,1.21283234074266,0.625630442447827,0.116388307447886,3.36299632755397]
["10507_166_ACRV1_sperm_protein_10","FTjVRz","osteoporosis","ACRV1","Weighted median",3,0.0501399008714922,0.173645122089864,0.772773261843523,-0.290204538424641,0.390484340167625,1.05141818040693,0.748110534578334,1.47769632827497]
["10507_166_ACRV1_sperm_protein_10","FTjVRz","osteoporosis","ACRV1","Inverse variance weighted",3,0.0631123934312443,0.222589571231543,0.776765174121721,-0.373163166182579,0.499387953045068,1.06514654797925,0.688552875133576,1.64771248461058]
["10507_166_ACRV1_sperm_protein_10","FTjVRz","osteoporosis","ACRV1","Simple mode",3,0.432261101269573,0.37153374856199,0.364681999297329,-0.295945045911928,1.16046724845107,1.54073735112514,0.743828303303128,3.19142411576762]
["10507_166_ACRV1_sperm_protein_10","FTjVRz","osteoporosis","ACRV1","Weighted mode",3,-0.116746670005203,0.180218042764257,0.583543635368466,-0.469974033823147,0.236480693812742,0.889810580323226,0.625018497412836,1.26678309863233]
["10511_10_COL6A3_Collagen_alpha_3_VI_","FTjVRz","osteoporosis","COL6A3","MR Egger",11,-4.83878927485015E-3,0.34048762121847,0.988971411485662,-0.672194526863051,0.662516948313351,0.99517289880632,0.510586850846669,1.93966824033231]
["10511_10_COL6A3_Collagen_alpha_3_VI_","FTjVRz","osteoporosis","COL6A3","Weighted median",11,0.0434939160177926,0.137660251429769,0.7520395798372,-0.226320176784555,0.31330800882014,1.04445363985533,0.797462731732845,1.36794280459555]
["10511_10_COL6A3_Collagen_alpha_3_VI_","FTjVRz","osteoporosis","COL6A3","Inverse variance weighted",11,0.0775862663710047,0.14879788905837,0.602073889406355,-0.2140575961834,0.36923012892541,1.08067545438723,0.807301886176121,1.44662047458695]
["10511_10_COL6A3_Collagen_alpha_3_VI_","FTjVRz","osteoporosis","COL6A3","Simple mode",11,0.0120909428510951,0.294014873170402,0.968006863026537,-0.564178208562892,0.588360094265083,1.01216433379089,0.568827412230424,1.80103246884902]
["10511_10_COL6A3_Collagen_alpha_3_VI_","FTjVRz","osteoporosis","COL6A3","Weighted mode",11,0.0120909428510951,0.14542355232478,0.935378654155116,-0.272939219705474,0.297121105407664,1.01216433379089,0.761139048478588,1.34597829482819]
["10512_13_CSF2RB_IL3RB","FTjVRz","osteoporosis","CSF2RB","MR Egger",10,0.0549101214313805,0.112472336221752,0.638500698105944,-0.165535657563254,0.275355900426015,1.05644565858468,0.847439645033426,1.31699931208481]
["10512_13_CSF2RB_IL3RB","FTjVRz","osteoporosis","CSF2RB","Weighted median",10,0.0414694790153199,0.0741743388024053,0.576106298457291,-0.103912225037394,0.186851183068034,1.04234134808167,0.901304405909807,1.20544788064581]
["10512_13_CSF2RB_IL3RB","FTjVRz","osteoporosis","CSF2RB","Inverse variance weighted",10,0.0295544511596013,0.0767644910022592,0.700236236858543,-0.120903951204827,0.180012853524029,1.02999551839535,0.886119066174304,1.19723275168285]
["10512_13_CSF2RB_IL3RB","FTjVRz","osteoporosis","CSF2RB","Simple mode",10,-0.28651743507187,0.211505596170767,0.208553190986916,-0.701068403566572,0.128033533422833,0.750873986875037,0.496055033603453,1.1365911158485]
["10512_13_CSF2RB_IL3RB","FTjVRz","osteoporosis","CSF2RB","Weighted mode",10,0.0481548120954369,0.0721321739482253,0.521143210133047,-0.0932242488430847,0.189533873033959,1.04933309220536,0.910989189117002,1.20868606516016]
["10513_13_KCNIP3_CSEN","FTjVRz","osteoporosis","KCNIP3","MR Egger",13,-0.70447053864188,0.484514752129756,0.173884300738538,-1.6541194528162,0.245178375532442,0.494370254921713,0.191260395381599,1.27784922991367]
["10513_13_KCNIP3_CSEN","FTjVRz","osteoporosis","KCNIP3","Weighted median",13,0.00731236241302572,0.184186024951783,0.968331534564434,-0.353692246492469,0.368316971318521,1.00733916302048,0.702091005079924,1.44530008504993]
["10513_13_KCNIP3_CSEN","FTjVRz","osteoporosis","KCNIP3","Inverse variance weighted",13,0.109039229000316,0.136747703207809,0.425233150327201,-0.158986269286991,0.377064727287622,1.11520609790372,0.853008071297744,1.45799867861688]
["10513_13_KCNIP3_CSEN","FTjVRz","osteoporosis","KCNIP3","Simple mode",13,0.0799353960119937,0.248476567810156,0.75321316730106,-0.407078676895912,0.5669494689199,1.08321708527083,0.665591821542979,1.7628811169923]
["10513_13_KCNIP3_CSEN","FTjVRz","osteoporosis","KCNIP3","Weighted mode",13,0.0180868683623379,0.208396127117915,0.932269209285936,-0.390369540788776,0.426543277513451,1.01825142638184,0.6768067205906,1.53195282461718]
["10514_5_PTGDS_PGD2_synthase","FTjVRz","osteoporosis","PTGDS","MR Egger",17,-0.0327631542403366,0.178251223361033,0.856629439000315,-0.382135552027961,0.316609243547287,0.967767744133804,0.682402545886774,1.37246616711953]
["10514_5_PTGDS_PGD2_synthase","FTjVRz","osteoporosis","PTGDS","Weighted median",17,-0.061060422468564,0.109643428789824,0.577595773478943,-0.275961542896618,0.15384069795949,0.940766394630759,0.758842113069697,1.16630507720026]
["10514_5_PTGDS_PGD2_synthase","FTjVRz","osteoporosis","PTGDS","Inverse variance weighted",17,-0.0768823173568216,0.084026243395095,0.360202222354821,-0.241573754411208,0.0878091196975646,0.92599882118343,0.785390875611183,1.0917797028974]
["10514_5_PTGDS_PGD2_synthase","FTjVRz","osteoporosis","PTGDS","Simple mode",17,-0.205273417523462,0.15916650556124,0.215493868232885,-0.517239768423492,0.106692933376568,0.814424608007244,0.596163829234673,1.11259256197957]
["10514_5_PTGDS_PGD2_synthase","FTjVRz","osteoporosis","PTGDS","Weighted mode",17,-0.0833683776751097,0.108924562401379,0.455189614447895,-0.296860519981813,0.130123764631594,0.920012172843357,0.743147659382474,1.1389693387224]
["10521_10_MXRA8_MXRA8","FTjVRz","osteoporosis","MXRA8","MR Egger",24,0.219792003954377,0.222569592227116,0.33412483917562,-0.21644439681077,0.656028404719524,1.24581757850711,0.805377315224957,1.92712336140708]
["10521_10_MXRA8_MXRA8","FTjVRz","osteoporosis","MXRA8","Weighted median",24,-0.013837942563223,0.0988288514230887,0.888644773652723,-0.207542491352477,0.179866606226031,0.986257361652746,0.812578713470997,1.19705767243059]
["10521_10_MXRA8_MXRA8","FTjVRz","osteoporosis","MXRA8","Inverse variance weighted",24,-0.0535763746550782,0.0712377327436195,0.452003789508768,-0.193202330832572,0.086049581522416,0.947833547779051,0.824315172889927,1.0898603639016]
["10521_10_MXRA8_MXRA8","FTjVRz","osteoporosis","MXRA8","Simple mode",24,0.0869163140216451,0.144935376572211,0.554575273101595,-0.197157024059889,0.37098965210318,1.09080539078221,0.821061696748808,1.44916807746732]
["10521_10_MXRA8_MXRA8","FTjVRz","osteoporosis","MXRA8","Weighted mode",24,0.049898931892002,0.105394967108434,0.640357200520034,-0.156675203640528,0.256473067424532,1.05116485176438,0.854981708671805,1.29236395864111]
["10527_22_DHX9_DHX9","FTjVRz","osteoporosis","DHX9","MR Egger",14,0.248942893701537,0.152149884461586,0.127743675727505,-0.0492708798431714,0.547156667246245,1.28266878251197,0.951923237953836,1.72833180243314]
["10527_22_DHX9_DHX9","FTjVRz","osteoporosis","DHX9","Weighted median",14,0.0671267843719842,0.0958335532510127,0.483645199691,-0.120706980000001,0.254960548743969,1.06943105672471,0.886293623305187,1.29041071154531]
["10527_22_DHX9_DHX9","FTjVRz","osteoporosis","DHX9","Inverse variance weighted",14,0.0776283176560436,0.0690605168953766,0.260986632991314,-0.0577302954588946,0.212986930770982,1.08072089913429,0.943904488436725,1.23736847968589]
["10527_22_DHX9_DHX9","FTjVRz","osteoporosis","DHX9","Simple mode",14,0.0610812027776779,0.143800082044424,0.677954089400609,-0.220766958029394,0.34292936358475,1.06298522803583,0.801903535696968,1.40906922681207]
["10527_22_DHX9_DHX9","FTjVRz","osteoporosis","DHX9","Weighted mode",14,0.10237824619244,0.107321494053573,0.357516393601696,-0.107971882152563,0.312728374537443,1.10780241453645,0.897652836141088,1.36715012780275]
["10530_8_PSMB6_PSB6","FTjVRz","osteoporosis","PSMB6","MR Egger",13,-0.0956916550446266,0.497526427256932,0.850984708458104,-1.07084345246821,0.87946014237896,0.908744179556478,0.342719328013975,2.40959851509777]
["10530_8_PSMB6_PSB6","FTjVRz","osteoporosis","PSMB6","Weighted median",13,0.0685046176414756,0.164371060362541,0.676848023687204,-0.253662660669105,0.390671895952057,1.07090556999754,0.775953517540942,1.47797350476118]
["10530_8_PSMB6_PSB6","FTjVRz","osteoporosis","PSMB6","Inverse variance weighted",13,-0.0056254365453368,0.137682647999777,0.967409106903919,-0.275483426624899,0.264232553534226,0.994390356594513,0.759205014579266,1.30243104602798]
["10530_8_PSMB6_PSB6","FTjVRz","osteoporosis","PSMB6","Simple mode",13,0.164058733783738,0.234286053455223,0.497123746865088,-0.295141930988499,0.623259398555976,1.17828351810976,0.74442592286045,1.86499691428582]
["10530_8_PSMB6_PSB6","FTjVRz","osteoporosis","PSMB6","Weighted mode",13,0.261402092680289,0.255742070145256,0.326883336629091,-0.239852364804414,0.762656550164991,1.29874977823714,0.786744003597827,2.14396421041332]
["10531_18_NRAS_RASN","FTjVRz","osteoporosis","NRAS","MR Egger",11,-0.266638277134388,0.607030366069322,0.670837228962075,-1.45641779463026,0.923141240361484,0.765950083020592,0.233069684591579,2.51718506723568]
["10531_18_NRAS_RASN","FTjVRz","osteoporosis","NRAS","Weighted median",11,-0.17589510948377,0.193684829900301,0.363798346082494,-0.555517376088359,0.20372715712082,0.838705951023674,0.573775326755516,1.22596361237794]
["10531_18_NRAS_RASN","FTjVRz","osteoporosis","NRAS","Inverse variance weighted",11,-0.186143456762544,0.193394512192604,0.335795287157099,-0.565196700660047,0.192909787134959,0.830154495163012,0.568248360936062,1.21277338082265]
["10531_18_NRAS_RASN","FTjVRz","osteoporosis","NRAS","Simple mode",11,0.0372871678078042,0.311936432594318,0.90721924590512,-0.574108240077058,0.648682575692667,1.03799105565908,0.563206890265442,1.91301891054716]
["10531_18_NRAS_RASN","FTjVRz","osteoporosis","NRAS","Weighted mode",11,-0.206476064560003,0.255317895967982,0.437503435068436,-0.706899140657247,0.293947011537241,0.813445731405444,0.493171083069265,1.34171280648424]
["10534_40_PARP1_PARP","FTjVRz","osteoporosis","PARP1","MR Egger",15,0.256238377856925,0.285356415862339,0.38553649403261,-0.303060197233259,0.815536952947109,1.29206068989086,0.7385546360866,2.26038906912434]
["10534_40_PARP1_PARP","FTjVRz","osteoporosis","PARP1","Weighted median",15,0.210662778977576,0.150755084472067,0.162298056132765,-0.0848171865876754,0.506142744542827,1.23449598686242,0.918680216116048,1.6588801139339]
["10534_40_PARP1_PARP","FTjVRz","osteoporosis","PARP1","Inverse variance weighted",15,0.154438918478922,0.115841146956601,0.182467591592502,-0.072609729556015,0.38148756651386,1.16700299356249,0.929963696557891,1.464461453737]
["10534_40_PARP1_PARP","FTjVRz","osteoporosis","PARP1","Simple mode",15,0.337453668456352,0.206730599304707,0.124889927751352,-0.0677383061808735,0.742645643093579,1.40137467903574,0.93450499576218,2.10148795346012]
["10534_40_PARP1_PARP","FTjVRz","osteoporosis","PARP1","Weighted mode",15,0.194613454746791,0.149161766635085,0.213030472658576,-0.0977436078579745,0.486970517351557,1.21484130457924,0.906881391211124,1.62737862923929]
["10535_25_COX6A2_CX6A2","FTjVRz","osteoporosis","COX6A2","MR Egger",10,0.337377601229676,0.445362164069011,0.470451437267337,-0.535532240345586,1.21028744280494,1.4012680844046,0.585357656258829,3.35444872613523]
["10535_25_COX6A2_CX6A2","FTjVRz","osteoporosis","COX6A2","Weighted median",10,0.319626732293653,0.182991321535779,0.0806933824151148,-0.0390362579164741,0.678289722503781,1.37661382293885,0.961715838701654,1.97050473876432]
["10535_25_COX6A2_CX6A2","FTjVRz","osteoporosis","COX6A2","Inverse variance weighted",10,0.297954540070012,0.147779414542373,0.0437778750140281,0.00830688756695991,0.587602192573064,1.347100547391,1.00834148549149,1.79966798043285]
["10535_25_COX6A2_CX6A2","FTjVRz","osteoporosis","COX6A2","Simple mode",10,0.366799896722084,0.28483248214169,0.229949624252127,-0.191471768275629,0.925071561719798,1.44310911935608,0.825742936924412,2.52204873604546]
["10535_25_COX6A2_CX6A2","FTjVRz","osteoporosis","COX6A2","Weighted mode",10,0.382920641287779,0.204008788074391,0.0932544624111298,-0.0169365833380266,0.782777865913586,1.46656164100699,0.983206034302612,2.18754052745282]
["10539_30_CD99L2_C99L2","FTjVRz","osteoporosis","CD99L2","MR Egger",4,0.361671010028699,0.401824310510837,0.4630742323884,-0.42590463857254,1.14924665862994,1.4357265246262,0.653178627197107,3.15581460826517]
["10539_30_CD99L2_C99L2","FTjVRz","osteoporosis","CD99L2","Weighted median",4,0.219603212859329,0.155189488798812,0.157049441070742,-0.0845681851863417,0.523774610905,1.2455824014426,0.918908997259469,1.68838864720076]
["10539_30_CD99L2_C99L2","FTjVRz","osteoporosis","CD99L2","Inverse variance weighted",4,0.212872038554928,0.137237071365314,0.120871405955417,-0.0561126213210864,0.481856698430943,1.23722632384564,0.94543265401995,1.61907775229465]
["10539_30_CD99L2_C99L2","FTjVRz","osteoporosis","CD99L2","Simple mode",4,0.0776927959731194,0.232950842333589,0.760695630309163,-0.378890855000715,0.534276446946954,1.08079058444567,0.684620331474201,1.70621325970719]
["10539_30_CD99L2_C99L2","FTjVRz","osteoporosis","CD99L2","Weighted mode",4,0.084254051397022,0.22603289610986,0.734111293572294,-0.358770424978303,0.527278527772348,1.08790524255065,0.698534699063648,1.69431499731603]
["10546_2_TSPEAR_TSEAR","FTjVRz","osteoporosis","TSPEAR","MR Egger",4,0.424466736039781,0.284749956995705,0.274534628832362,-0.133643179671802,0.982576651751363,1.52877496166518,0.874902191800578,2.67133047021455]
["10546_2_TSPEAR_TSEAR","FTjVRz","osteoporosis","TSPEAR","Weighted median",4,0.206120232385694,0.115696554426302,0.0748211831228612,-0.0206450142898584,0.432885479061246,1.22890094880613,0.97956663501435,1.5416996536989]
["10546_2_TSPEAR_TSEAR","FTjVRz","osteoporosis","TSPEAR","Inverse variance weighted",4,0.172979596696501,0.098791092777858,0.0799521989848108,-0.0206509451481005,0.366610138541103,1.18884184853553,0.979560825360728,1.44283530357485]
["10546_2_TSPEAR_TSEAR","FTjVRz","osteoporosis","TSPEAR","Simple mode",4,0.233355218387051,0.149116736459946,0.215566734797132,-0.0589135850744427,0.525624021848545,1.26282998009333,0.94278823661233,1.69151406083812]
["10546_2_TSPEAR_TSEAR","FTjVRz","osteoporosis","TSPEAR","Weighted mode",4,0.217536736039759,0.133535402829647,0.201789120066727,-0.0441926535063489,0.479266125585868,1.24301109197389,0.956769614695436,1.61488884161729]
["10550_37_BMPR1B_BMP_RIB","FTjVRz","osteoporosis","BMPR1B","MR Egger",4,0.180623962617663,0.442952533867501,0.722948171342806,-0.68756300376264,1.04881092899797,1.19796461510602,0.502799898687522,2.85425518738621]
["10550_37_BMPR1B_BMP_RIB","FTjVRz","osteoporosis","BMPR1B","Weighted median",4,0.295363625155567,0.114539692301726,0.00991725700193744,0.0708658282441847,0.51986142206695,1.34361484202443,1.07343719125318,1.68179457393381]
["10550_37_BMPR1B_BMP_RIB","FTjVRz","osteoporosis","BMPR1B","Inverse variance weighted",4,0.25619478537863,0.10136548728579,0.011489875153353,0.0575184302984809,0.454871140458779,1.29200436699092,1.05920479193531,1.57597029114041]
["10550_37_BMPR1B_BMP_RIB","FTjVRz","osteoporosis","BMPR1B","Simple mode",4,0.330054498839942,0.188160731417046,0.177687467435575,-0.0387405347374683,0.698849532417352,1.39104393667889,0.962000282423003,2.01143728242718]
["10550_37_BMPR1B_BMP_RIB","FTjVRz","osteoporosis","BMPR1B","Weighted mode",4,0.339040634678136,0.173365716031978,0.145470250642474,-0.000756168744539709,0.678837438100812,1.40360037890357,0.999244117078997,1.97158431056593]
["10552_88_KLRC4_NKG2F","FTjVRz","osteoporosis","KLRC4","MR Egger",3,-1.44936162149556,1.36326408138263,0.480518457960935,-4.12135922100552,1.22263597801439,0.234720080530545,0.0162224495556215,3.39612806409834]
["10552_88_KLRC4_NKG2F","FTjVRz","osteoporosis","KLRC4","Weighted median",3,0.159387273153005,0.186449692468487,0.392631956116167,-0.206054124085229,0.524828670391239,1.17279204961898,0.813789029504144,1.69016924753528]
["10552_88_KLRC4_NKG2F","FTjVRz","osteoporosis","KLRC4","Inverse variance weighted",3,0.195881642147412,0.182071014980616,0.281993018194531,-0.160977547214596,0.55274083150942,1.21638292834276,0.851311185199921,1.73801008853917]
["10552_88_KLRC4_NKG2F","FTjVRz","osteoporosis","KLRC4","Simple mode",3,0.237770394713544,0.283482968217123,0.489885176463821,-0.317856222992017,0.793397012419104,1.26841792392698,0.727707408487314,2.21089411894764]
["10552_88_KLRC4_NKG2F","FTjVRz","osteoporosis","KLRC4","Weighted mode",3,0.119254384834441,0.194418115178643,0.602083761802902,-0.261805120915699,0.50031389058458,1.12665648616125,0.769660999924375,1.64923887001412]
["10557_6_TEX29_TEX29","FTjVRz","osteoporosis","TEX29","MR Egger",4,-0.0766474119074657,0.165219765216542,0.68830658462284,-0.400478151731887,0.247183327916956,0.926216368903195,0.669999607959824,1.28041382686251]
["10557_6_TEX29_TEX29","FTjVRz","osteoporosis","TEX29","Weighted median",4,0.0354171538055059,0.0703023158569281,0.61441345314113,-0.102375385274073,0.173209692885085,1.03605181162261,0.902690631289967,1.18911542798729]
["10557_6_TEX29_TEX29","FTjVRz","osteoporosis","TEX29","Inverse variance weighted",4,0.073417019051463,0.0915649609571955,0.422667184213442,-0.10605030442464,0.252884342527566,1.07617923059324,0.899379404174489,1.28773433212349]
["10557_6_TEX29_TEX29","FTjVRz","osteoporosis","TEX29","Simple mode",4,0.0348550279621968,0.115593859952926,0.782703391382305,-0.191708937545539,0.261418993469932,1.03546958378228,0.825547119296808,1.29877172831943]
["10557_6_TEX29_TEX29","FTjVRz","osteoporosis","TEX29","Weighted mode",4,0.0348550279621968,0.0736168608421112,0.668202667136025,-0.109434019288341,0.179144075212735,1.03546958378228,0.896341303648165,1.19619307352493]
["10558_26_PCDH9_PCDH9","FTjVRz","osteoporosis","PCDH9","MR Egger",14,-0.320576783879978,0.134704036427689,0.0347716557453171,-0.584596695278248,-0.0565568724817075,0.725730326778928,0.557330590550793,0.945012737747165]
["10558_26_PCDH9_PCDH9","FTjVRz","osteoporosis","PCDH9","Weighted median",14,-0.0156950692949713,0.0911230467948232,0.863248544186583,-0.194296241012825,0.162906102422882,0.984427456450903,0.823413939154816,1.17692617398379]
["10558_26_PCDH9_PCDH9","FTjVRz","osteoporosis","PCDH9","Inverse variance weighted",14,0.0693417563964199,0.0842189585376655,0.41030846877204,-0.0957274023374043,0.234410915130244,1.07180244190381,0.908711694992853,1.26416384954746]
["10558_26_PCDH9_PCDH9","FTjVRz","osteoporosis","PCDH9","Simple mode",14,0.0964722636782827,0.187448299233865,0.615427991545094,-0.270926402820092,0.463870930176658,1.10127903529056,0.762672624893976,1.59021770807508]
["10558_26_PCDH9_PCDH9","FTjVRz","osteoporosis","PCDH9","Weighted mode",14,-0.0609815123942599,0.0841452202637648,0.481466491710976,-0.225906144111239,0.103943119322719,0.940840633505922,0.797792975720718,1.10953734188517]
["10560_1_ITM2C_ITM2C","FTjVRz","osteoporosis","ITM2C","Inverse variance weighted",2,0.393976360365593,0.305093294492983,0.196589003617184,-0.204006496840654,0.991959217571841,1.48286549386226,0.815457073275417,2.69651235478916]
["10561_5_PGLYRP3_PGRP_I_alpha","FTjVRz","osteoporosis","PGLYRP3","MR Egger",4,0.476985973788626,0.340427366188261,0.296184692357483,-0.190251663940365,1.14422361151762,1.61121084471187,0.826751044334617,3.14000254841704]
["10561_5_PGLYRP3_PGRP_I_alpha","FTjVRz","osteoporosis","PGLYRP3","Weighted median",4,0.325272254916734,0.140345533763618,0.0204681843621908,0.050195008740043,0.600349501093426,1.38440750642776,1.05147612341835,1.82275574420339]
["10561_5_PGLYRP3_PGRP_I_alpha","FTjVRz","osteoporosis","PGLYRP3","Inverse variance weighted",4,0.230764484749751,0.111530759743399,0.038539909032852,0.0121641956526883,0.449364773846813,1.25956255832301,1.0122384803797,1.5673162689232]
["10561_5_PGLYRP3_PGRP_I_alpha","FTjVRz","osteoporosis","PGLYRP3","Simple mode",4,0.00202984500672787,0.216487028907434,0.993107575710264,-0.422284731651843,0.426344421665299,1.00203190653673,0.655547357735585,1.5316482171264]
["10561_5_PGLYRP3_PGRP_I_alpha","FTjVRz","osteoporosis","PGLYRP3","Weighted mode",4,0.365315732997066,0.18860950602419,0.148162422432009,-0.00435889881034607,0.734990364804477,1.44096889776238,0.995650587400923,2.08546189857508]
["10565_19_SLITRK3_SLIK3","FTjVRz","osteoporosis","SLITRK3","MR Egger",14,0.103204426962038,0.342944114198467,0.768613387967925,-0.568966036866956,0.775374890791032,1.10871803777093,0.566110473554066,2.17140601473295]
["10565_19_SLITRK3_SLIK3","FTjVRz","osteoporosis","SLITRK3","Weighted median",14,-0.0507923482200517,0.116939826998799,0.664037191476569,-0.279994409137699,0.178409712697595,0.950476018078885,0.755787966950366,1.19531495663839]
["10565_19_SLITRK3_SLIK3","FTjVRz","osteoporosis","SLITRK3","Inverse variance weighted",14,0.0601679146105105,0.0940190072814423,0.522201988139625,-0.124109339661116,0.244445168882137,1.06201485938575,0.883283257710594,1.27691264575703]
["10565_19_SLITRK3_SLIK3","FTjVRz","osteoporosis","SLITRK3","Simple mode",14,-0.0633107662389407,0.183072261364588,0.735007393915789,-0.422132398513533,0.295510866035652,0.938651727092081,0.655647226928401,1.34381269162168]
["10565_19_SLITRK3_SLIK3","FTjVRz","osteoporosis","SLITRK3","Weighted mode",14,-0.0311674979389576,0.143184126643981,0.831062299850099,-0.31180838616116,0.249473390283244,0.969313201514497,0.732121799457422,1.28334941443705]
["10569_28_SCGB1A1_Urinary_protein_1","FTjVRz","osteoporosis","SCGB1A1","MR Egger",5,-0.0861399205039585,0.221840534133638,0.723712058049056,-0.520947367405889,0.348667526397972,0.917465849954684,0.593957585289269,1.41717793775313]
["10569_28_SCGB1A1_Urinary_protein_1","FTjVRz","osteoporosis","SCGB1A1","Weighted median",5,0.0216925766050179,0.0771871183662966,0.778680625749253,-0.129594175392924,0.172979328602959,1.02192957111646,0.878451855971927,1.18884152981475]
["10569_28_SCGB1A1_Urinary_protein_1","FTjVRz","osteoporosis","SCGB1A1","Inverse variance weighted",5,0.0193055137142347,0.0921694531059346,0.834091698240818,-0.161346614373397,0.199957641801867,1.01949307015771,0.850997052171202,1.22135102283585]
["10569_28_SCGB1A1_Urinary_protein_1","FTjVRz","osteoporosis","SCGB1A1","Simple mode",5,0.160396604093705,0.144293183409097,0.328616903371335,-0.122418035388124,0.443211243575535,1.17397638251304,0.884778422491502,1.55770135399255]
["10569_28_SCGB1A1_Urinary_protein_1","FTjVRz","osteoporosis","SCGB1A1","Weighted mode",5,0.0198711987752068,0.0826100878349123,0.821735615018432,-0.142044573381221,0.181786970931635,1.02006994530671,0.867582584534769,1.19935866840389]
["10571_14_MGAT1_MGAT1","FTjVRz","osteoporosis","MGAT1","MR Egger",3,0.941645208651191,1.91749893433034,0.709391917573368,-2.81665270263628,4.69994311993867,2.56419658837193,0.0598057958211258,109.940918828066]
["10571_14_MGAT1_MGAT1","FTjVRz","osteoporosis","MGAT1","Weighted median",3,-0.0102299162217291,0.292326099046883,0.97208382500253,-0.58318907035362,0.562729237910161,0.989822231397808,0.5581156553901,1.75545702813968]
["10571_14_MGAT1_MGAT1","FTjVRz","osteoporosis","MGAT1","Inverse variance weighted",3,0.0846621454131919,0.290090915139254,0.770403655112584,-0.483916048259746,0.65324033908613,1.08834930077288,0.616364944650047,1.92175789809938]
["10571_14_MGAT1_MGAT1","FTjVRz","osteoporosis","MGAT1","Simple mode",3,-0.0453422367543406,0.364436468963692,0.912362113132392,-0.759637715923176,0.668953242414495,0.955670360337452,0.467835885803938,1.95219277815355]
["10571_14_MGAT1_MGAT1","FTjVRz","osteoporosis","MGAT1","Weighted mode",3,-0.0799541345313104,0.3304879737073,0.83138089509643,-0.727710562997617,0.567802293934997,0.923158686521485,0.483013554296512,1.76438518737077]
["10572_65_CST8_CST8","FTjVRz","osteoporosis","CST8","MR Egger",5,-0.0233310985054684,0.0381366666067896,0.583929293029702,-0.098078965054776,0.0514167680438393,0.976938967186334,0.906577313000194,1.05276155924155]
["10572_65_CST8_CST8","FTjVRz","osteoporosis","CST8","Weighted median",5,-0.0152429799450202,0.0289637589546334,0.598695286758549,-0.0720119474961017,0.0415259876060613,0.984872606235921,0.930519778363369,1.04240025098656]
["10572_65_CST8_CST8","FTjVRz","osteoporosis","CST8","Inverse variance weighted",5,-0.0140174031415336,0.0288036017745679,0.626503176684612,-0.0704724626196867,0.0424376563366195,0.986080383217062,0.931953402727735,1.04335100802199]
["10572_65_CST8_CST8","FTjVRz","osteoporosis","CST8","Simple mode",5,-0.00640657997493682,0.0434246130460947,0.88984886823225,-0.0915188215452824,0.0787056615954088,0.993613898403091,0.912544140499513,1.08188583465055]
["10572_65_CST8_CST8","FTjVRz","osteoporosis","CST8","Weighted mode",5,-0.0141868438062762,0.0328304896820901,0.687926381185695,-0.0785346035831727,0.0501609159706203,0.985913315255893,0.924470069401126,1.05144027629639]
["10574_10_AXL_AXL","FTjVRz","osteoporosis","AXL","Inverse variance weighted",2,-0.103871966299438,0.147295585426446,0.480689501056539,-0.392571313735271,0.184827381136395,0.901340692018115,0.675318185173047,1.20301075985317]
["10575_31_PUF60_PUF60","FTjVRz","osteoporosis","PUF60","MR Egger",3,-0.175514501340961,0.435986880139542,0.756353851943148,-1.03004878641446,0.679019783732542,0.839025230094308,0.356989543904455,1.97194385313206]
["10575_31_PUF60_PUF60","FTjVRz","osteoporosis","PUF60","Weighted median",3,-0.140751031508499,0.161320719744194,0.382940050529847,-0.456939642207119,0.175437579190121,0.86870556509051,0.633218558583963,1.19176759523096]
["10575_31_PUF60_PUF60","FTjVRz","osteoporosis","PUF60","Inverse variance weighted",3,-0.129627961973328,0.153452537913538,0.398254328366444,-0.430394936283863,0.171139012337207,0.878422176589049,0.650252235803619,1.18665569733847]
["10575_31_PUF60_PUF60","FTjVRz","osteoporosis","PUF60","Simple mode",3,-0.186165182117754,0.218446958935963,0.483860475584765,-0.614321221632242,0.241990857396734,0.830136459957637,0.541007995229425,1.27378254707448]
["10575_31_PUF60_PUF60","FTjVRz","osteoporosis","PUF60","Weighted mode",3,-0.155877788393485,0.19743564317942,0.5125475091458,-0.542851649025148,0.231096072238178,0.85566375602358,0.581088826063435,1.25998028276051]
["10580_14_SFTA2_SFTA2","FTjVRz","osteoporosis","SFTA2","MR Egger",3,2.03993084020869,1.76262410031275,0.453655636533138,-1.4148123964043,5.49467407682169,7.69007733634375,0.242971191442477,243.392186077124]
["10580_14_SFTA2_SFTA2","FTjVRz","osteoporosis","SFTA2","Weighted median",3,0.134447583046212,0.177029225222345,0.447574164636892,-0.212529698389584,0.481424864482008,1.14390469743124,0.808536303738746,1.61837873049678]
["10580_14_SFTA2_SFTA2","FTjVRz","osteoporosis","SFTA2","Inverse variance weighted",3,0.209359626374511,0.148637815957951,0.158976572025641,-0.0819704929030741,0.500689745652096,1.23288829796317,0.921299143158394,1.6498588613071]
["10580_14_SFTA2_SFTA2","FTjVRz","osteoporosis","SFTA2","Simple mode",3,0.103825823180782,0.220739401672672,0.684406240460101,-0.328823404097655,0.536475050459219,1.10940720506805,0.719770113977079,1.70996867299231]
["10580_14_SFTA2_SFTA2","FTjVRz","osteoporosis","SFTA2","Weighted mode",3,0.110939565323937,0.199009398571269,0.633279312964199,-0.27911885587575,0.500997986523624,1.11732737949575,0.756449989345813,1.65036749362701]
["10582_36_POMK_SG196","FTjVRz","osteoporosis","POMK","MR Egger",5,0.218848895562144,0.382857039062963,0.607599829633288,-0.531550901001264,0.969248692125553,1.24464319136786,0.587692809159698,2.63596329523478]
["10582_36_POMK_SG196","FTjVRz","osteoporosis","POMK","Weighted median",5,0.276188010055721,0.119458912656537,0.0207781427871994,0.042048541248908,0.510327478862535,1.31809565597061,1.04294510337992,1.66583663191686]
["10582_36_POMK_SG196","FTjVRz","osteoporosis","POMK","Inverse variance weighted",5,0.249435910542493,0.0960392105392606,0.00939789957536983,0.0611990578855418,0.437672763199443,1.28330131573507,1.06311051365717,1.54909790262732]
["10582_36_POMK_SG196","FTjVRz","osteoporosis","POMK","Simple mode",5,0.281730139158107,0.166653186293148,0.166192007751732,-0.0449101059764624,0.608370384292676,1.32542099249574,0.956083424156026,1.83743464530739]
["10582_36_POMK_SG196","FTjVRz","osteoporosis","POMK","Weighted mode",5,0.321214414493325,0.166751791208846,0.126351654320754,-0.00561909627601298,0.648047925262664,1.37880118415911,0.994396661317174,1.91180519745549]
["10584_7_NDUFS4_NDUS4","FTjVRz","osteoporosis","NDUFS4","MR Egger",4,-0.457437626851872,0.447837097288818,0.414486433477278,-1.33519833753796,0.420323083834212,0.632903303967509,0.263105986487102,1.52245335623568]
["10584_7_NDUFS4_NDUS4","FTjVRz","osteoporosis","NDUFS4","Weighted median",4,0.0137339552064562,0.16656900598362,0.934287250833749,-0.312741296521439,0.340209206934351,1.01382869920903,0.731439113937432,1.40524154608963]
["10584_7_NDUFS4_NDUS4","FTjVRz","osteoporosis","NDUFS4","Inverse variance weighted",4,0.0512280715388442,0.143126525478396,0.720402003771903,-0.229299918398812,0.3317560614765,1.05256292555606,0.795090035611537,1.39341289996549]
["10584_7_NDUFS4_NDUS4","FTjVRz","osteoporosis","NDUFS4","Simple mode",4,0.304600891095507,0.27992194889147,0.356128793794858,-0.244046128731774,0.853247910922788,1.35608366992008,0.783451493805496,2.34725817024284]
["10584_7_NDUFS4_NDUS4","FTjVRz","osteoporosis","NDUFS4","Weighted mode",4,-0.0785640966407082,0.177905594234987,0.688666605236285,-0.427259061341282,0.270130868059866,0.924442804354246,0.652294546037353,1.31013589445742]
["10600_24_CLGN_CLGN","FTjVRz","osteoporosis","CLGN","MR Egger",6,-0.166622431245274,0.0741674544367387,0.0879787713913827,-0.311990641941282,-0.0212542205492661,0.846519170194614,0.731988378186486,0.978970058626278]
["10600_24_CLGN_CLGN","FTjVRz","osteoporosis","CLGN","Weighted median",6,-0.067285753265882,0.048321914331608,0.163786775922335,-0.161996705355834,0.0274251988240697,0.93492800443177,0.850444006446002,1.02780473122926]
["10600_24_CLGN_CLGN","FTjVRz","osteoporosis","CLGN","Inverse variance weighted",6,-0.0537638307469963,0.0571234886161566,0.346609523068125,-0.165725868434663,0.0581982069406706,0.947655887258689,0.847278468129363,1.05992505939492]
["10600_24_CLGN_CLGN","FTjVRz","osteoporosis","CLGN","Simple mode",6,0.316854526113559,0.154824139977483,0.0960645910544555,0.0133992117576923,0.620309840469426,1.37280285043271,1.01348938348882,1.85950410222226]
["10600_24_CLGN_CLGN","FTjVRz","osteoporosis","CLGN","Weighted mode",6,-0.0698864083085383,0.0503813099915435,0.224049187780852,-0.168633775891964,0.028860959274887,0.93249973811266,0.844818239545628,1.02928147248319]
["10603_1_HTN3_HIS3","FTjVRz","osteoporosis","HTN3","MR Egger",10,-0.0193763894304891,0.131219139421176,0.886261494963165,-0.276565902695994,0.237813123835015,0.980810126194076,0.758383637958403,1.26847212346847]
["10603_1_HTN3_HIS3","FTjVRz","osteoporosis","HTN3","Weighted median",10,0.0405081031405573,0.0856079480253125,0.636083646221422,-0.127283474989055,0.20829968127017,1.04133974779067,0.880484042012642,1.23158219636782]
["10603_1_HTN3_HIS3","FTjVRz","osteoporosis","HTN3","Inverse variance weighted",10,-0.0357863065192934,0.0650576148928377,0.582270684537895,-0.163299231709255,0.0917266186706686,0.964846452851739,0.849337001823353,1.09606513737429]
["10603_1_HTN3_HIS3","FTjVRz","osteoporosis","HTN3","Simple mode",10,-0.0770898798443712,0.150603130604687,0.621061693948838,-0.372272015829559,0.218092256140816,0.925806638510284,0.68916675275933,1.24370180145506]
["10603_1_HTN3_HIS3","FTjVRz","osteoporosis","HTN3","Weighted mode",10,0.0219573146343252,0.0850602418983373,0.802106129466498,-0.144760759486416,0.188675388755066,1.02220015055196,0.865229266245599,1.20764887244562]
["10605_22_APMAP_APMAP","FTjVRz","osteoporosis","APMAP","MR Egger",4,-0.626846415025552,0.413399970024377,0.268699896502853,-1.43711035627333,0.183417526222227,0.534274025633062,0.237613385625385,1.20131588426668]
["10605_22_APMAP_APMAP","FTjVRz","osteoporosis","APMAP","Weighted median",4,0.0635590718810372,0.171913572051083,0.711594656519962,-0.273391529339085,0.400509673101159,1.06562243226381,0.760794855801144,1.49258523435739]
["10605_22_APMAP_APMAP","FTjVRz","osteoporosis","APMAP","Inverse variance weighted",4,0.0658371555504131,0.159695757600435,0.680144354663759,-0.24716652934644,0.378840840447266,1.06805277653722,0.78101062151291,1.46059055030407]
["10605_22_APMAP_APMAP","FTjVRz","osteoporosis","APMAP","Simple mode",4,0.0835530214272109,0.225900177055099,0.736049316263896,-0.359211325600782,0.526317368455204,1.08714285563057,0.698226782565284,1.69268727304667]
["10605_22_APMAP_APMAP","FTjVRz","osteoporosis","APMAP","Weighted mode",4,0.0352655528517508,0.185345374253198,0.861245131445053,-0.328011380684517,0.398542486388019,1.03589475708494,0.720354821527687,1.48965192664406]
["10606_34_TOR1AIP1_TOIP1","FTjVRz","osteoporosis","TOR1AIP1","Inverse variance weighted",2,-0.154400099358708,0.190922678928112,0.418684928931741,-0.528608550057808,0.219808351340391,0.856929095632299,0.589424554102502,1.24583794453444]
["10608_9_HTN1_HIS1","FTjVRz","osteoporosis","HTN1","MR Egger",3,-0.936966600947229,0.584706848849224,0.355176778415639,-2.08299202469171,0.20905882279725,0.391814564465784,0.124556976562504,1.23251749652477]
["10608_9_HTN1_HIS1","FTjVRz","osteoporosis","HTN1","Weighted median",3,-0.554005415905376,0.21381237542705,0.00956746672519429,-0.973077671742394,-0.134933160068359,0.574643508366171,0.377918138457868,0.873774312751585]
["10608_9_HTN1_HIS1","FTjVRz","osteoporosis","HTN1","Inverse variance weighted",3,-0.571177745902479,0.193232170611484,3.11743648715253E-3,-0.949912800300988,-0.19244269150397,0.564859785493472,0.386774748625733,0.824941593010974]
["10608_9_HTN1_HIS1","FTjVRz","osteoporosis","HTN1","Simple mode",3,-0.428834559957149,0.270508228665776,0.253775743163279,-0.95903068814207,0.101361568227772,0.651267666019367,0.383264208524406,1.10667670856958]
["10608_9_HTN1_HIS1","FTjVRz","osteoporosis","HTN1","Weighted mode",3,-0.672970171395638,0.250276980875014,0.114946454858246,-1.16351305391066,-0.182427288880611,0.510190970498461,0.312386819217966,0.833245227918986]
["10612_18_PLOD3_PLOD3","FTjVRz","osteoporosis","PLOD3","Inverse variance weighted",2,0.040154728388134,0.253470565758299,0.874126099512454,-0.456647580498132,0.5369570372744,1.04097182962543,0.63340352448776,1.71079305400149]
["10615_18_MPZ_MYP0","FTjVRz","osteoporosis","MPZ","MR Egger",14,-0.0794680039331045,0.120907920694003,0.523420145772986,-0.316447528493351,0.157511520627142,0.923607571305477,0.728733248288089,1.17059424388383]
["10615_18_MPZ_MYP0","FTjVRz","osteoporosis","MPZ","Weighted median",14,-0.0532215839109456,0.0559293918920514,0.34130736907063,-0.162843192019366,0.0564000241974752,0.948169890010809,0.849724421538945,1.05802083303064]
["10615_18_MPZ_MYP0","FTjVRz","osteoporosis","MPZ","Inverse variance weighted",14,-0.0590644290984026,0.0572254668408103,0.302008700637111,-0.171226344106391,0.0530974859095855,0.942646033366502,0.842630827363669,1.05453244216295]
["10615_18_MPZ_MYP0","FTjVRz","osteoporosis","MPZ","Simple mode",14,-0.0412982796179624,0.0969482768129153,0.677088766328954,-0.231316902171276,0.148720342935352,0.959542875175713,0.79348796812725,1.16034844419068]
["10615_18_MPZ_MYP0","FTjVRz","osteoporosis","MPZ","Weighted mode",14,-0.0460059710938252,0.0571367905304057,0.435190281368568,-0.15799408053342,0.06598213834577,0.955036259562577,0.85385483631869,1.06820763704013]
["10618_190_LRP2_megalin","FTjVRz","osteoporosis","LRP2","MR Egger",3,1.02154440746188,0.664178510633596,0.367008367603876,-0.280245473379973,2.32333428830372,2.77748101565859,0.755598239435017,10.2096595647339]
["10618_190_LRP2_megalin","FTjVRz","osteoporosis","LRP2","Weighted median",3,0.418420812248144,0.218099272220306,0.0550491763873725,-0.00905376130365571,0.845895385799944,1.51955998933233,0.990987100582311,2.33006318631479]
["10618_190_LRP2_megalin","FTjVRz","osteoporosis","LRP2","Inverse variance weighted",3,0.301141226129341,0.195214025140241,0.122922795244395,-0.0814782631455325,0.683760715404214,1.3514001810787,0.921752745641416,1.98131490039521]
["10618_190_LRP2_megalin","FTjVRz","osteoporosis","LRP2","Simple mode",3,0.456245710526667,0.277103316418788,0.241413791350901,-0.0868767896541568,0.999368210707491,1.57813806226582,0.916790046693359,2.71656498950314]
["10618_190_LRP2_megalin","FTjVRz","osteoporosis","LRP2","Weighted mode",3,0.453481773168711,0.272183240235785,0.23761762010016,-0.0799973776934274,0.986960924030849,1.57378220994398,0.923118767083872,2.68306802185415]
["10620_21_MSMB_PSP_94","FTjVRz","osteoporosis","MSMB","MR Egger",6,0.0340641025593954,0.259526322158195,0.901910550068512,-0.474607488870667,0.542735693989458,1.03465092837499,0.622129201182474,1.72070775901941]
["10620_21_MSMB_PSP_94","FTjVRz","osteoporosis","MSMB","Weighted median",6,-0.119098956847695,0.127064399848064,0.348598213086608,-0.368145180549901,0.129947266854511,0.887719950447394,0.692016707029356,1.13876833090519]
["10620_21_MSMB_PSP_94","FTjVRz","osteoporosis","MSMB","Inverse variance weighted",6,-0.144379574145823,0.109963743458252,0.189191592837413,-0.359908511323997,0.0711493630323506,0.865559141826017,0.697740158474308,1.07374159119176]
["10620_21_MSMB_PSP_94","FTjVRz","osteoporosis","MSMB","Simple mode",6,-0.303146339642858,0.21833123038897,0.223672023733276,-0.731075551205239,0.124782871919523,0.738491017950776,0.481390950933854,1.1329024414273]
["10620_21_MSMB_PSP_94","FTjVRz","osteoporosis","MSMB","Weighted mode",6,-0.0748593992661166,0.139996656339727,0.615755465928432,-0.349252845691981,0.199534047159748,0.927873936914095,0.705214797202137,1.22083377464595]
["10621_26_PRR16_PRR16","FTjVRz","osteoporosis","PRR16","Inverse variance weighted",2,0.198285335520888,0.229031275352299,0.386623660395016,-0.250615964169618,0.647186635211394,1.21931025671769,0.778321217406558,1.91015928756361]
["10624_45_SPINK13_ISK13","FTjVRz","osteoporosis","SPINK13","MR Egger",3,2.92227796075217,3.27639353595625,0.536329109075961,-3.49945336972208,9.34400929122643,18.5835719277694,0.0302138947387926,11430.1432695194]
["10624_45_SPINK13_ISK13","FTjVRz","osteoporosis","SPINK13","Weighted median",3,0.179698770451181,0.443938281033235,0.685636858217131,-0.690420260373961,1.04981780127632,1.19685678018752,0.501365320807373,2.85713050510568]
["10624_45_SPINK13_ISK13","FTjVRz","osteoporosis","SPINK13","Inverse variance weighted",3,-0.174135221703197,0.745681672101053,0.815353853448405,-1.63567129902126,1.28740085561487,0.840183278962769,0.194821543880209,3.6233566790882]
["10624_45_SPINK13_ISK13","FTjVRz","osteoporosis","SPINK13","Simple mode",3,0.79632902982335,0.521602891313474,0.266384556408493,-0.226012637151058,1.81867069679776,2.21738601150357,0.797708020845218,6.16365962924891]
["10624_45_SPINK13_ISK13","FTjVRz","osteoporosis","SPINK13","Weighted mode",3,0.769366123085053,0.536595675382692,0.288049291061597,-0.282361400665024,1.82109364683513,2.15839766162027,0.754001138773965,6.17861197565704]
["10627_87_APLP2_APLP2","FTjVRz","osteoporosis","APLP2","MR Egger",5,0.0445649841163054,0.117499344856673,0.729735250542244,-0.185733731802774,0.274863700035385,1.04557292013506,0.830494699870566,1.31635124401171]
["10627_87_APLP2_APLP2","FTjVRz","osteoporosis","APLP2","Weighted median",5,0.0278048572775359,0.0736461117869114,0.705767257072945,-0.11654152182481,0.172151236379882,1.02819502006753,0.889993142070138,1.1878574668931]
["10627_87_APLP2_APLP2","FTjVRz","osteoporosis","APLP2","Inverse variance weighted",5,0.0245176764126494,0.069324040978824,0.723587907022763,-0.111357443905846,0.160392796731144,1.02482070610079,0.894618915691747,1.17397191276782]
["10627_87_APLP2_APLP2","FTjVRz","osteoporosis","APLP2","Simple mode",5,2.61893904331767E-3,0.113874705266532,0.982753080538161,-0.220575483279084,0.22581336136572,1.00262237145995,0.802057094677103,1.25334172146021]
["10627_87_APLP2_APLP2","FTjVRz","osteoporosis","APLP2","Weighted mode",5,0.0266979744979919,0.0793990366417416,0.753581232412661,-0.128924137319822,0.182320086315805,1.02705755834033,0.879040649395792,1.19999823542752]
["10630_5_HTATIP2_HTAI2","FTjVRz","osteoporosis","HTATIP2","MR Egger",6,-0.0299496555791067,0.202177586239756,0.889403470222421,-0.426217724609029,0.366318413450816,0.97049439129675,0.652974158099479,1.44241445370486]
["10630_5_HTATIP2_HTAI2","FTjVRz","osteoporosis","HTATIP2","Weighted median",6,{"v":-7.30927557432148e-05,"d":"-7.31E-05"},0.087186095507799,0.99933109087931,-0.170957839951029,0.170811654439543,0.999926909915467,0.842857107619487,1.18626729980011]
["10630_5_HTATIP2_HTAI2","FTjVRz","osteoporosis","HTATIP2","Inverse variance weighted",6,0.0623426730647312,0.0992386767699246,0.529866750327071,-0.132165133404321,0.256850479533783,1.06432699844039,0.876196293855342,1.29285180450234]
["10630_5_HTATIP2_HTAI2","FTjVRz","osteoporosis","HTATIP2","Simple mode",6,5.0701152461482E-3,0.151740619634465,0.974638036438979,-0.292341499237402,0.302481729729699,1.00508299003014,0.746513558627569,1.3532129526289]
["10630_5_HTATIP2_HTAI2","FTjVRz","osteoporosis","HTATIP2","Weighted mode",6,-0.0173673907424912,0.0948659345148371,0.861932777822511,-0.203304622391572,0.168569840906589,0.982782553088892,0.816029622664862,1.18361088841574]
["10643_16_OLFM3_NOE3","FTjVRz","osteoporosis","OLFM3","MR Egger",5,0.146426947680579,0.229801576367333,0.569299346841999,-0.303984141999393,0.596838037360551,1.15769035576363,0.737872567541437,1.81636642800501]
["10643_16_OLFM3_NOE3","FTjVRz","osteoporosis","OLFM3","Weighted median",5,0.0764373291928948,0.121150675203584,0.528087732562267,-0.161017994206129,0.313892652591919,1.07943453918352,0.851276752919967,1.3687427976691]
["10643_16_OLFM3_NOE3","FTjVRz","osteoporosis","OLFM3","Inverse variance weighted",5,0.11684695253059,0.0955164891847928,0.221209958933669,-0.0703653662716038,0.304059271332784,1.12394739922126,0.932053216878521,1.35534938707355]
["10643_16_OLFM3_NOE3","FTjVRz","osteoporosis","OLFM3","Simple mode",5,0.00218609952753612,0.184128921696609,0.991095768750014,-0.358706586997817,0.363078786052889,1.0021884907853,0.698579293531531,1.43774912935804]
["10643_16_OLFM3_NOE3","FTjVRz","osteoporosis","OLFM3","Weighted mode",5,0.0314316098804296,0.139366190296582,0.832619441562604,-0.24172612310087,0.30458934286173,1.03193079931156,0.785271215749033,1.35606800963926]
["10647_18_ASCC1_ASCC1","FTjVRz","osteoporosis","ASCC1","Inverse variance weighted",2,0.169695537545751,0.245595609943371,0.489593762262207,-0.311671857943255,0.651062933034758,1.18494402542806,0.73222176156566,1.91757800313852]
["10666_7_GNPTG_GNPTG","FTjVRz","osteoporosis","GNPTG","MR Egger",10,-0.104961774089454,0.415739429443827,0.807043457514448,-0.919811055799354,0.709887507620447,0.900358938968723,0.398594346060169,2.0337624629992]
["10666_7_GNPTG_GNPTG","FTjVRz","osteoporosis","GNPTG","Weighted median",10,-0.0828381325799477,0.149286654175172,0.578967789729908,-0.375439974763284,0.209763709603389,0.920500134143607,0.686986955365444,1.23338658811602]
["10666_7_GNPTG_GNPTG","FTjVRz","osteoporosis","GNPTG","Inverse variance weighted",10,-0.111717083122974,0.154760548766456,0.470374066436352,-0.415047758705228,0.191613592459281,0.894297233493514,0.660308744461238,1.21120240878637]
["10666_7_GNPTG_GNPTG","FTjVRz","osteoporosis","GNPTG","Simple mode",10,0.0663255056384706,0.260247528444185,0.804562797242703,-0.443759650112132,0.576410661389074,1.06857448758314,0.64161961549888,1.77963922537771]
["10666_7_GNPTG_GNPTG","FTjVRz","osteoporosis","GNPTG","Weighted mode",10,-0.101622262773776,0.184538959664077,0.595254370939037,-0.463318623715366,0.260074098167815,0.903370723979607,0.629192125034084,1.29702619036949]
["10672_75_SFTPB_SP_B","FTjVRz","osteoporosis","SFTPB","Inverse variance weighted",2,-0.0120746528704833,0.0661344311193111,0.855129613858048,-0.141698137864333,0.117548832123366,0.987997953225541,0.867883198024474,1.1247365518768]
["10675_223_TMX2_TMX2","FTjVRz","osteoporosis","TMX2","MR Egger",4,0.1839702141927,0.379322025862292,0.675601326167194,-0.559500956497393,0.927441384882793,1.20198002061783,0.571494193160807,2.52803263314683]
["10675_223_TMX2_TMX2","FTjVRz","osteoporosis","TMX2","Weighted median",4,0.238723767478976,0.0954611315992767,0.0123933037948788,0.0516199495443935,0.425827585413558,1.26962777565905,1.05297548264679,1.53085681033435]
["10675_223_TMX2_TMX2","FTjVRz","osteoporosis","TMX2","Inverse variance weighted",4,0.207147127013805,0.0814002953019876,0.0109341668762486,0.0476025482219098,0.366691705805701,1.23016354875655,1.04875374343867,1.4429529965037]
["10675_223_TMX2_TMX2","FTjVRz","osteoporosis","TMX2","Simple mode",4,0.268215201851636,0.149415276354898,0.170515037284811,-0.0246387398039647,0.561069143507236,1.30762851381519,0.975662316329338,1.75254522135848]
["10675_223_TMX2_TMX2","FTjVRz","osteoporosis","TMX2","Weighted mode",4,0.274077666800691,0.131905671319912,0.129270268028452,0.0155425510136644,0.532612782587718,1.31531695473151,1.01566396467009,1.70337705341958]
["10677_9_NDUFB4_NDUB4","FTjVRz","osteoporosis","NDUFB4","MR Egger",8,0.25026339277797,0.122781111709312,0.0876518215474053,0.00961241382771896,0.490914371728221,1.28436366425325,1.0096587614627,1.63380944633638]
["10677_9_NDUFB4_NDUB4","FTjVRz","osteoporosis","NDUFB4","Weighted median",8,0.137298859168253,0.0784382601181789,0.0800481538651745,-0.0164401306633778,0.291037848999883,1.14717093984761,0.98369427075119,1.33781521795983]
["10677_9_NDUFB4_NDUB4","FTjVRz","osteoporosis","NDUFB4","Inverse variance weighted",8,0.0390071020944661,0.0661454060980551,0.555380075204241,-0.090637893857722,0.168652098046654,1.03977786822458,0.91334838008545,1.18370825286678]
["10677_9_NDUFB4_NDUB4","FTjVRz","osteoporosis","NDUFB4","Simple mode",8,-0.165457279977111,0.120562349552679,0.212301599430845,-0.401759485100361,0.0708449251461394,0.847506067910204,0.669141664878212,1.07341475332483]
["10677_9_NDUFB4_NDUB4","FTjVRz","osteoporosis","NDUFB4","Weighted mode",8,0.144946541338468,0.093160007219583,0.16368781452915,-0.0376470728119146,0.327540155488851,1.15597777159177,0.963052768426022,1.38755076795869]
["10695_12_WFDC10B_WF10B","FTjVRz","osteoporosis","WFDC10B","Wald ratio",1,1.07757874762808,0.654920303605313,0.099895883772094,-0.20606504743833,2.3612225426945,2.93755836329334,0.813780140247776,10.6039072606604]
["10700_10_IGSF11_IGS11","FTjVRz","osteoporosis","IGSF11","Wald ratio",1,0.234302973977695,0.327960966542751,0.474965434597207,-0.408500520446097,0.877106468401487,1.26402740160884,0.664646126578926,2.40393377486757]
["10702_1_COL28A1_COSA1","FTjVRz","osteoporosis","COL28A1","MR Egger",5,1.13788430636573,0.835733633684229,0.266577659613242,-0.50015361565536,2.77592222838682,3.12016007428457,0.606437494263865,16.0534250953216]
["10702_1_COL28A1_COSA1","FTjVRz","osteoporosis","COL28A1","Weighted median",5,-5.75615511137317E-3,0.2972391044736,0.984549609459687,-0.58834479987963,0.576832489656883,0.994260379808393,0.555245567083801,1.78039008586543]
["10702_1_COL28A1_COSA1","FTjVRz","osteoporosis","COL28A1","Inverse variance weighted",5,0.0679039680756046,0.230553972096613,0.768356565904553,-0.383981817233756,0.519789753384966,1.07026252417376,0.681143812145665,1.68167404625241]
["10702_1_COL28A1_COSA1","FTjVRz","osteoporosis","COL28A1","Simple mode",5,0.589861489080422,0.429530636453048,0.241615406389596,-0.252018558367553,1.4317415365284,1.80373856060774,0.777230313809264,4.18598288977918]
["10702_1_COL28A1_COSA1","FTjVRz","osteoporosis","COL28A1","Weighted mode",5,-0.182885267543701,0.345560236391303,0.624646201098984,-0.860183330870654,0.494412795783253,0.832863706754423,0.423084510755618,1.63953521434726]
["10703_203_SUDS3_SDS3","FTjVRz","osteoporosis","SUDS3","MR Egger",3,0.54602954536167,0.514110512904197,0.480838239088959,-0.461627059930556,1.5536861506539,1.72638485926206,0.630257344335675,4.72886941988877]
["10703_203_SUDS3_SDS3","FTjVRz","osteoporosis","SUDS3","Weighted median",3,0.0736134032821034,0.198392733968433,0.710601119415233,-0.315236355296026,0.462463161860232,1.07639059597721,0.729616405186436,1.58798062498624]
["10703_203_SUDS3_SDS3","FTjVRz","osteoporosis","SUDS3","Inverse variance weighted",3,0.174172502544187,0.15713949068363,0.267691601867832,-0.133820899195727,0.482165904284101,1.19026087114053,0.874746718415307,1.61957845801896]
["10703_203_SUDS3_SDS3","FTjVRz","osteoporosis","SUDS3","Simple mode",3,0.0414549765645222,0.247798952669823,0.882525220788267,-0.444230970668331,0.527140923797375,1.04232623168716,0.641317278239315,1.69408186887761]
["10703_203_SUDS3_SDS3","FTjVRz","osteoporosis","SUDS3","Weighted mode",3,0.044901409746244,0.22561134224084,0.860644040312844,-0.397296821045802,0.48709964053829,1.04592473684012,0.672134492358343,1.62758877512098]
["10708_3_GNRH2_GON2","FTjVRz","osteoporosis","GNRH2","MR Egger",3,-0.106291522107926,0.180640384142246,0.661408930130353,-0.460346675026728,0.247763630810876,0.899162484121748,0.631064833162826,1.28115707034397]
["10708_3_GNRH2_GON2","FTjVRz","osteoporosis","GNRH2","Weighted median",3,0.14708158582026,0.0938891541811168,0.117221080349578,-0.0369411563747291,0.331104328015249,1.15844847214333,0.963732843214876,1.39250506201956]
["10708_3_GNRH2_GON2","FTjVRz","osteoporosis","GNRH2","Inverse variance weighted",3,0.156338897581857,0.11490049279894,0.173625582693943,-0.0688660683040666,0.38154386346778,1.16922238259205,0.933451690474565,1.46454390077671]
["10708_3_GNRH2_GON2","FTjVRz","osteoporosis","GNRH2","Simple mode",3,0.610601719272128,0.33343594635205,0.208540082276813,-0.0429327355778902,1.26413617412215,1.84153915506904,0.957975825590201,3.54003344245465]
["10708_3_GNRH2_GON2","FTjVRz","osteoporosis","GNRH2","Weighted mode",3,0.115212030188148,0.0963923533285449,0.354499076731492,-0.0737169823358003,0.304141042712096,1.12211133382769,0.928934561531232,1.35546022039381]
["10710_23_ZPBP2_ZPBP2","FTjVRz","osteoporosis","ZPBP2","Inverse variance weighted",2,0.0367523855676495,0.804395905886507,0.963557793472764,-1.5398635899699,1.6133683611052,1.03743610487921,0.214410347154136,5.01969091507153]
["10714_7_ACE_ACE","FTjVRz","osteoporosis","ACE","MR Egger",5,0.139623666617097,0.0693311839716921,0.137468632876798,0.00373454603258061,0.275512787201614,1.14984099387183,1.00374152813858,1.31720594806916]
["10714_7_ACE_ACE","FTjVRz","osteoporosis","ACE","Weighted median",5,0.0819339771174859,0.0476395459418239,0.0854554976444592,-0.0114395329284889,0.175307487163461,1.08538414727385,0.98862564973847,1.19161256585345]
["10714_7_ACE_ACE","FTjVRz","osteoporosis","ACE","Inverse variance weighted",5,0.0427139608009507,0.0494706207676497,0.387906171353627,-0.0542484559036426,0.139676377505544,1.04363933039392,0.947196740641867,1.1499016046096]
["10714_7_ACE_ACE","FTjVRz","osteoporosis","ACE","Simple mode",5,-0.00030079466100319,0.0689118921400934,0.996726325554277,-0.135368103255586,0.13476651393358,0.999699250573175,0.873394353203478,1.14426958215487]
["10714_7_ACE_ACE","FTjVRz","osteoporosis","ACE","Weighted mode",5,0.0694687708005068,0.0474972777129035,0.217404336198281,-0.023625893516784,0.162563435117798,1.07193858489814,0.976651012898277,1.17652294895343]
["10716_35_PSMD5_PSMD5","FTjVRz","osteoporosis","PSMD5","MR Egger",3,-0.422520848089177,4.3222829068955,0.93796490972858,-8.89419534560435,8.049153649426,0.655392590501236,0.000137182919261071,3131.14380418214]
["10716_35_PSMD5_PSMD5","FTjVRz","osteoporosis","PSMD5","Weighted median",3,-0.117160986420709,0.293051030945956,0.689305881162404,-0.691541007074784,0.457219034233365,0.889441993554153,0.500803732036335,1.57967484922854]
["10716_35_PSMD5_PSMD5","FTjVRz","osteoporosis","PSMD5","Inverse variance weighted",3,0.034236370915516,0.319255991272139,0.914600177238085,-0.591505371977877,0.659978113808909,1.03482918134281,0.553493443751387,1.93474998963066]
["10716_35_PSMD5_PSMD5","FTjVRz","osteoporosis","PSMD5","Simple mode",3,-0.217493942257086,0.365729789238133,0.61237133178503,-0.934324329163827,0.499336444649655,0.804532478555988,0.392851213985563,1.64762761577015]
["10716_35_PSMD5_PSMD5","FTjVRz","osteoporosis","PSMD5","Weighted mode",3,-0.159786688373548,0.299991428014221,0.647538272108817,-0.747769887281422,0.428196510534326,0.852325580532245,0.473421158906343,1.53448759431841]
["10731_10_HS3ST5_HS3S5","FTjVRz","osteoporosis","HS3ST5","MR Egger",4,1.14081632290983E-3,0.129060222328748,0.993749714773288,-0.251817219441436,0.254098852087255,1.00114146730138,0.777386816280483,1.28929924789042]
["10731_10_HS3ST5_HS3S5","FTjVRz","osteoporosis","HS3ST5","Weighted median",4,0.0192306296013844,0.074342889125937,0.795886189270053,-0.126481433085452,0.164942692288221,1.01941672918199,0.881190510380537,1.1793255323271]
["10731_10_HS3ST5_HS3S5","FTjVRz","osteoporosis","HS3ST5","Inverse variance weighted",4,0.018306284158447,0.0743169969848601,0.805429097818771,-0.127355029931879,0.163967598248773,1.01847487134198,0.880421041281393,1.17817613950407]
["10731_10_HS3ST5_HS3S5","FTjVRz","osteoporosis","HS3ST5","Simple mode",4,0.130115976899442,0.155650942339261,0.464532656552918,-0.17495987008551,0.435191823884394,1.1389604687688,0.839490708783613,1.54525944819291]
["10731_10_HS3ST5_HS3S5","FTjVRz","osteoporosis","HS3ST5","Weighted mode",4,0.0130764686066257,0.0768533044866293,0.875720760468832,-0.137556008187168,0.163708945400419,1.01316233951007,0.8714855383051,1.17787144029709]
["10734_339_GAL3ST2_G3ST2","FTjVRz","osteoporosis","GAL3ST2","MR Egger",7,0.546644846448193,0.158857400989699,0.0184134257042801,0.235284340508382,0.858005352388004,1.72744743260947,1.26526848467373,2.35845171880537]
["10734_339_GAL3ST2_G3ST2","FTjVRz","osteoporosis","GAL3ST2","Weighted median",7,0.134212233076748,0.0838949111612541,0.109650486535487,-0.0302217927993102,0.298646258952806,1.14363551117337,0.97023031958438,1.34803268462795]
["10734_339_GAL3ST2_G3ST2","FTjVRz","osteoporosis","GAL3ST2","Inverse variance weighted",7,0.0171890453248351,0.108810475021536,0.874478594714064,-0.196079485717375,0.230457576367045,1.01733762706969,0.821946899042681,1.25917604733008]
["10734_339_GAL3ST2_G3ST2","FTjVRz","osteoporosis","GAL3ST2","Simple mode",7,0.117133154015591,0.111125196139685,0.332438013893878,-0.100672230418192,0.334938538449375,1.12426912067236,0.904229363199414,1.39785446827903]
["10734_339_GAL3ST2_G3ST2","FTjVRz","osteoporosis","GAL3ST2","Weighted mode",7,0.134860886047329,0.0762108960904889,0.127198809630665,-0.0145124702900293,0.284234242384687,1.14437757438969,0.985592328033567,1.32874414249846]
["10737_96_SERPINB1_Serpin_B1","FTjVRz","osteoporosis","SERPINB1","MR Egger",3,-2.23429840418361,1.53340755897276,0.382910649155726,-5.23977721977023,0.771180411403003,0.107067221422691,0.00530143775984451,2.16231717176884]
["10737_96_SERPINB1_Serpin_B1","FTjVRz","osteoporosis","SERPINB1","Weighted median",3,0.0286454178944188,0.174264816410659,0.869433057901972,-0.312913622270472,0.37020445805931,1.02905964364123,0.731313079004094,1.44803064593499]
["10737_96_SERPINB1_Serpin_B1","FTjVRz","osteoporosis","SERPINB1","Inverse variance weighted",3,0.0361605374897112,0.15407846866252,0.814450046661872,-0.265833261088828,0.338154336068251,1.03682228197742,0.766566933381429,1.40235692095784]
["10737_96_SERPINB1_Serpin_B1","FTjVRz","osteoporosis","SERPINB1","Simple mode",3,0.220700255833986,0.221059481409007,0.423275708806395,-0.212576327727668,0.653976839395641,1.24694960867089,0.80849860310507,1.92317379472628]
["10737_96_SERPINB1_Serpin_B1","FTjVRz","osteoporosis","SERPINB1","Weighted mode",3,0.00394074364624786,0.221405395259523,0.987415365881806,-0.430013831062418,0.437895318354914,1.00394851858615,0.650500097553644,1.54944270071875]
["10748_216_PCDHB2_PCDB2","FTjVRz","osteoporosis","PCDHB2","MR Egger",4,0.324963502960381,0.365673104694884,0.467940937277674,-0.391755782241591,1.04168278816235,1.38398013388121,0.675869153056604,2.83398199535441]
["10748_216_PCDHB2_PCDB2","FTjVRz","osteoporosis","PCDHB2","Weighted median",4,0.115278282577527,0.132337009041838,0.38370155915937,-0.144102255144476,0.37465882029953,1.12218567884744,0.865799211109183,1.45449508575666]
["10748_216_PCDHB2_PCDB2","FTjVRz","osteoporosis","PCDHB2","Inverse variance weighted",4,0.13974751476396,0.109359991397902,0.201296355669924,-0.0745980683759281,0.354093097903848,1.14998340836681,0.928116450722806,1.42488783437577]
["10748_216_PCDHB2_PCDB2","FTjVRz","osteoporosis","PCDHB2","Simple mode",4,0.0479224167223266,0.196695263844813,0.823221734990565,-0.337600300413507,0.43344513385816,1.04908926038368,0.713480408737489,1.5425627147911]
["10748_216_PCDHB2_PCDB2","FTjVRz","osteoporosis","PCDHB2","Weighted mode",4,0.023399990049513,0.174225817744225,0.901662844516122,-0.318082612729168,0.364882592828194,1.0236759178492,0.72754268164532,1.44034489140153]
["10752_8_CDYL2_CDYL2","FTjVRz","osteoporosis","CDYL2","MR Egger",4,-0.014583024846469,0.238489622054288,0.956802605358482,-0.482022684072874,0.452856634379936,0.985522792457087,0.617533053441012,1.57279868509126]
["10752_8_CDYL2_CDYL2","FTjVRz","osteoporosis","CDYL2","Weighted median",4,0.0152067439185528,0.107728914424906,0.887745522251353,-0.195941928354262,0.226355416191368,1.01532295476448,0.822059971667541,1.25402128555237]
["10752_8_CDYL2_CDYL2","FTjVRz","osteoporosis","CDYL2","Inverse variance weighted",4,0.0361762601165015,0.100419613155785,0.71865948317172,-0.160646181668838,0.232998701901841,1.03683858367536,0.851593327138892,1.26237984063325]
["10752_8_CDYL2_CDYL2","FTjVRz","osteoporosis","CDYL2","Simple mode",4,0.00557745091301931,0.160264724839353,0.974424128267422,-0.308541409772113,0.319696311598151,1.00559303384991,0.734517535365645,1.37670961010357]
["10752_8_CDYL2_CDYL2","FTjVRz","osteoporosis","CDYL2","Weighted mode",4,0.0123680126200348,0.105039326744014,0.913709509408722,-0.193509067798232,0.218245093038302,1.01244481278331,0.824062363729987,1.24389189950642]
["10753_31_ADAM7_ADAM7","FTjVRz","osteoporosis","ADAM7","Wald ratio",1,0.000812203177257525,0.0872090301003345,0.992569175388567,-0.170117495819398,0.171741902173913,1.00081253310357,0.843565695330742,1.18737133570193]
["10754_113_PROK2_Prokineticin_2","FTjVRz","osteoporosis","PROK2","MR Egger",9,-0.0505137054329701,0.071804564539785,0.504470861009906,-0.191250651930949,0.0902232410650085,0.95074089826738,0.82592554237205,1.09441857560459]
["10754_113_PROK2_Prokineticin_2","FTjVRz","osteoporosis","PROK2","Weighted median",9,1.28296337886309E-3,0.0390233490474049,0.973772822738725,-0.0752028007540504,0.0777687275117766,1.00128378672845,0.927555358326855,1.08087265365349]
["10754_113_PROK2_Prokineticin_2","FTjVRz","osteoporosis","PROK2","Inverse variance weighted",9,-0.00784665047498077,0.0548169326559537,0.886177385484069,-0.11528783848065,0.0995945375306885,0.99218405412495,0.891109611352008,1.10472290357886]
["10754_113_PROK2_Prokineticin_2","FTjVRz","osteoporosis","PROK2","Simple mode",9,-0.0717236486800475,0.13241765881946,0.602815662872772,-0.331262259966189,0.187814962606094,0.93078808478814,0.718016837274242,1.20661022668006]
["10754_113_PROK2_Prokineticin_2","FTjVRz","osteoporosis","PROK2","Weighted mode",9,0.00955836573595448,0.0409392667730539,0.821254617890101,-0.0706825971392312,0.0897993286111402,1.00960419280799,0.931757587721682,1.09395473626123]
["10758_2_KERA_KERA","FTjVRz","osteoporosis","KERA","MR Egger",6,0.164622622650174,0.15602629720255,0.350893700758432,-0.141188919866824,0.470434165167171,1.17894812643213,0.868325252310091,1.60068900578452]
["10758_2_KERA_KERA","FTjVRz","osteoporosis","KERA","Weighted median",6,0.101130254004428,0.102854476818053,0.325491158785255,-0.100464520558956,0.302725028567813,1.10642074811103,0.90441720006027,1.35354222782251]
["10758_2_KERA_KERA","FTjVRz","osteoporosis","KERA","Inverse variance weighted",6,0.0951199668275508,0.0883164266150631,0.28146420337601,-0.077980229337973,0.268220162993074,1.09979078562382,0.924982713883379,1.30763500116129]
["10758_2_KERA_KERA","FTjVRz","osteoporosis","KERA","Simple mode",6,0.119333911400472,0.145166989782534,0.448461844045827,-0.165193388573294,0.403861211374239,1.12674608884554,0.847729746988403,1.49759608323157]
["10758_2_KERA_KERA","FTjVRz","osteoporosis","KERA","Weighted mode",6,0.110828208425869,0.114616250431273,0.377979001384827,-0.113819642419427,0.335476059271165,1.11720296431201,0.892418895881516,1.39860604613784]
["10760_107_GRIA4_GRIA4","FTjVRz","osteoporosis","GRIA4","MR Egger",5,0.564069394208488,0.374862351979811,0.229449804008313,-0.170660815671942,1.29879960408892,1.75781119205384,0.843107493827801,3.66489470148255]
["10760_107_GRIA4_GRIA4","FTjVRz","osteoporosis","GRIA4","Weighted median",5,0.0693722820559577,0.0664916126758238,0.296798351490743,-0.0609512787886569,0.199695842900572,1.07183515987961,0.940869078940572,1.22103131633121]
["10760_107_GRIA4_GRIA4","FTjVRz","osteoporosis","GRIA4","Inverse variance weighted",5,0.0535976125732946,0.0762986338821092,0.482385195486769,-0.0959477098356395,0.203142934982229,1.05505997386036,0.908511521043433,1.22524758647394]
["10760_107_GRIA4_GRIA4","FTjVRz","osteoporosis","GRIA4","Simple mode",5,0.163144116679947,0.333376218399778,0.650202976264168,-0.490273271383617,0.816561504743511,1.17720633253225,0.61245900379458,2.26270614158337]
["10760_107_GRIA4_GRIA4","FTjVRz","osteoporosis","GRIA4","Weighted mode",5,0.0736184173692198,0.069882105854665,0.351555728492614,-0.0633505101059237,0.210587344844363,1.07639599310696,0.938614422184022,1.23440286723994]
["10761_5_TMED2_TMED2","FTjVRz","osteoporosis","TMED2","MR Egger",3,2.16817410146346,2.12254140033553,0.493229664241392,-1.99200704319418,6.3283552461211,8.74230689349202,0.136421346957894,560.234387977325]
["10761_5_TMED2_TMED2","FTjVRz","osteoporosis","TMED2","Weighted median",3,0.0935260242410082,0.210360375660163,0.656609530480848,-0.318780312052911,0.505832360534928,1.09803917860569,0.727035252645361,1.65836530397404]
["10761_5_TMED2_TMED2","FTjVRz","osteoporosis","TMED2","Inverse variance weighted",3,-0.143120392895475,0.413552309031439,0.729285846653427,-0.953682918597095,0.667442132806145,0.86664972414478,0.385319307386235,1.94924502863636]
["10761_5_TMED2_TMED2","FTjVRz","osteoporosis","TMED2","Simple mode",3,0.120526649350411,0.256950904949946,0.685185806271783,-0.383097124351484,0.624150423052305,1.12809080345231,0.681746681866028,1.86665941277548]
["10761_5_TMED2_TMED2","FTjVRz","osteoporosis","TMED2","Weighted mode",3,0.152090636833462,0.221518053427287,0.563260869730426,-0.282084747884021,0.586266021550945,1.16426575701154,0.754209764142949,1.79726492203399]
["10762_2_KLRG2_KLRG2","FTjVRz","osteoporosis","KLRG2","MR Egger",3,-0.0374022558163423,0.13948807425151,0.833220329298115,-0.310798881349303,0.235994369716618,0.963288568974179,0.732861253115054,1.26616718126677]
["10762_2_KLRG2_KLRG2","FTjVRz","osteoporosis","KLRG2","Weighted median",3,0.0608019991243558,0.0666810242013432,0.361856313721581,-0.0698928083102769,0.191496806558988,1.06268848010522,0.932493770131812,1.21106096568206]
["10762_2_KLRG2_KLRG2","FTjVRz","osteoporosis","KLRG2","Inverse variance weighted",3,0.0729391598665656,0.0722402009370048,0.312650791709277,-0.0686516339699638,0.214529953703095,1.07566509131618,0.93365187602879,1.23927924142099]
["10762_2_KLRG2_KLRG2","FTjVRz","osteoporosis","KLRG2","Simple mode",3,0.0997302483445061,0.129243880992415,0.521026050902485,-0.153587758400628,0.35304825508964,1.10487283659669,0.857625497054255,1.42339982806269]
["10762_2_KLRG2_KLRG2","FTjVRz","osteoporosis","KLRG2","Weighted mode",3,0.0572726151865153,0.0671361330254419,0.483478361215275,-0.0743142055433507,0.188859435916381,1.05894445538942,0.928379945883942,1.20787115724728]
["10772_21_CSGALNACT2_CGAT2","FTjVRz","osteoporosis","CSGALNACT2","MR Egger",6,0.329844409804138,0.387861474902514,0.443002545104408,-0.430364081004789,1.09005290061306,1.39075172429585,0.650272299827363,2.97443141764672]
["10772_21_CSGALNACT2_CGAT2","FTjVRz","osteoporosis","CSGALNACT2","Weighted median",6,0.0113949399127724,0.114390610231341,0.920650545064012,-0.212810656140656,0.235600535966201,1.01146010954001,0.808309171106018,1.26566862007867]
["10772_21_CSGALNACT2_CGAT2","FTjVRz","osteoporosis","CSGALNACT2","Inverse variance weighted",6,0.05337076456675,0.101965678872128,0.600682767121407,-0.146481966022621,0.253223495156121,1.05482066275316,0.863741308885534,1.28817114467599]
["10772_21_CSGALNACT2_CGAT2","FTjVRz","osteoporosis","CSGALNACT2","Simple mode",6,0.0233499743749341,0.157443355737276,0.887895944591692,-0.285239002870127,0.331938951619995,1.023624719288,0.751834542230932,1.39366776475613]
["10772_21_CSGALNACT2_CGAT2","FTjVRz","osteoporosis","CSGALNACT2","Weighted mode",6,3.73688172407127E-3,0.128261888694084,0.977884240708559,-0.247656420116334,0.255130183564477,1.00374387257186,0.780628105321467,1.29062962870221]
["10781_19_CLEC4G_CLC4G","FTjVRz","osteoporosis","CLEC4G","MR Egger",3,0.991288533194874,0.385567815658151,0.236153946332415,0.235575614504898,1.74700145188485,2.69470445241422,1.26563707816017,5.73737306781244]
["10781_19_CLEC4G_CLC4G","FTjVRz","osteoporosis","CLEC4G","Weighted median",3,-0.0203125196544754,0.158366358390853,0.897940967708655,-0.330710582100547,0.290085542791596,0.979892389818354,0.718413060554282,1.3365418146534]
["10781_19_CLEC4G_CLC4G","FTjVRz","osteoporosis","CLEC4G","Inverse variance weighted",3,-0.147302566108821,0.314019424566177,0.639007140657258,-0.762780638258528,0.468175506040886,0.863032813428482,0.466367822162626,1.59707767487131]
["10781_19_CLEC4G_CLC4G","FTjVRz","osteoporosis","CLEC4G","Simple mode",3,-0.0626372029264997,0.249869604946523,0.825463554054923,-0.552381628621685,0.427107222768685,0.939284181433719,0.575577365174927,1.5328170057964]
["10781_19_CLEC4G_CLC4G","FTjVRz","osteoporosis","CLEC4G","Weighted mode",3,0.0308389858049245,0.1542087912929,0.859984332333001,-0.271410245129159,0.333088216739008,1.03131943344859,0.762303700867808,1.39527037924372]
["10785_8_LRRC52_LRC52","FTjVRz","osteoporosis","LRRC52","Wald ratio",1,0.0652598187311178,0.0889128902316213,0.462964111165469,-0.10900944612286,0.239529083585096,1.06743632831063,0.896721946912547,1.27065063916451]
["10798_4_CD300E_CLM2","FTjVRz","osteoporosis","CD300E","MR Egger",3,0.0721774871695886,0.755026167447076,0.939326068059523,-1.40767380102668,1.55202877536586,1.07484609852685,0.244711870074813,4.72103839983403]
["10798_4_CD300E_CLM2","FTjVRz","osteoporosis","CD300E","Weighted median",3,0.242342333798938,0.197323625376223,0.219391951447512,-0.14441197193846,0.629096639536336,1.27423033026932,0.865531100074673,1.8759151859918]
["10798_4_CD300E_CLM2","FTjVRz","osteoporosis","CD300E","Inverse variance weighted",3,0.242362141802757,0.172385848641448,0.159745419056811,-0.0955141215344809,0.580238405139994,1.27425557047855,0.908905526422314,1.78646428225277]
["10798_4_CD300E_CLM2","FTjVRz","osteoporosis","CD300E","Simple mode",3,0.202480082469,0.235465391868324,0.480454826551468,-0.259032085592915,0.663992250530916,1.22443569714309,0.771798259041669,1.94253194908714]
["10798_4_CD300E_CLM2","FTjVRz","osteoporosis","CD300E","Weighted mode",3,0.300954607989456,0.240931284460542,0.337992572610814,-0.171270709553206,0.773179925532119,1.35114800882136,0.842593444499772,2.16664508092124]
["10800_15_SERPINH1_Collagen_binding_protein","FTjVRz","osteoporosis","SERPINH1","MR Egger",7,-0.0273677372929677,0.304778239933015,0.931935726442896,-0.624733087561678,0.569997612975743,0.973003366102401,0.535404315520327,1.76826283054243]
["10800_15_SERPINH1_Collagen_binding_protein","FTjVRz","osteoporosis","SERPINH1","Weighted median",7,-0.123879611221411,0.120643860571573,0.304504908673294,-0.360341577941695,0.112582355498872,0.883486196304696,0.697438055923832,1.11916442246189]
["10800_15_SERPINH1_Collagen_binding_protein","FTjVRz","osteoporosis","SERPINH1","Inverse variance weighted",7,-0.142006513219877,0.0961945306917921,0.139878640140973,-0.33054779337579,0.0465347669360351,0.867615605496303,0.718530019619808,1.04763450147708]
["10800_15_SERPINH1_Collagen_binding_protein","FTjVRz","osteoporosis","SERPINH1","Simple mode",7,-0.134599321569148,0.17667231962404,0.475015783796715,-0.480877068032267,0.21167842489397,0.874066060952484,0.618240914603771,1.23575043459981]
["10800_15_SERPINH1_Collagen_binding_protein","FTjVRz","osteoporosis","SERPINH1","Weighted mode",7,-0.111129215872296,0.144921600186078,0.472270676748374,-0.395175552237009,0.172917120492416,0.894823116108895,0.673561783591276,1.18876757652972]
["10809_14_KLRB1_KLRB1","FTjVRz","osteoporosis","KLRB1","MR Egger",4,0.1764500676907,0.334066559637166,0.650120668950488,-0.478320389198146,0.831220524579546,1.19297485728283,0.619823580386475,2.29611950100638]
["10809_14_KLRB1_KLRB1","FTjVRz","osteoporosis","KLRB1","Weighted median",4,0.114350988518643,0.0738813729788769,0.121678934064151,-0.0304565025199552,0.259158479557242,1.12114556505468,0.970002623819359,1.29583915257107]
["10809_14_KLRB1_KLRB1","FTjVRz","osteoporosis","KLRB1","Inverse variance weighted",4,0.066870267169649,0.154593185934194,0.665337092599298,-0.236132377261372,0.36987291160067,1.06915676444379,0.789676131849753,1.44755063607951]
["10809_14_KLRB1_KLRB1","FTjVRz","osteoporosis","KLRB1","Simple mode",4,0.164536664921278,0.148908126563221,0.349838690328184,-0.127323263142635,0.45639659298519,1.17884679108404,0.88044900987529,1.57837619358102]
["10809_14_KLRB1_KLRB1","FTjVRz","osteoporosis","KLRB1","Weighted mode",4,0.116078583818324,0.0737627464253466,0.213624892164816,-0.0284963991753553,0.260653566812003,1.12308412490442,0.97190579380217,1.29777799417983]
["10814_7_CD1A_CD1A","FTjVRz","osteoporosis","CD1A","MR Egger",3,0.2142083577074,0.407765370476942,0.692067111367029,-0.585011768427407,1.01342848384221,1.23888075825813,0.557099305590859,2.75503041877677]
["10814_7_CD1A_CD1A","FTjVRz","osteoporosis","CD1A","Weighted median",3,0.173716207727346,0.113163175815865,0.124760532614087,-0.0480836168717491,0.395516032326441,1.1897178851646,0.95305409234383,1.48515037882015]
["10814_7_CD1A_CD1A","FTjVRz","osteoporosis","CD1A","Inverse variance weighted",3,0.145771139935057,0.0892048113905396,0.10223418906656,-0.0290702903904006,0.320612570260514,1.15693138235893,0.971348185623777,1.3779716102804]
["10814_7_CD1A_CD1A","FTjVRz","osteoporosis","CD1A","Simple mode",3,0.199739513618759,0.133057319877269,0.272129888114668,-0.0610528333406879,0.460531860578206,1.22108464081008,0.940773534254322,1.58491671558779]
["10814_7_CD1A_CD1A","FTjVRz","osteoporosis","CD1A","Weighted mode",3,0.199739513618759,0.123478091339848,0.247147513092404,-0.0422775454073422,0.441756572644861,1.22108464081008,0.958603687596797,1.55543705841598]
["10815_2_HABP4_HABP4","FTjVRz","osteoporosis","HABP4","Wald ratio",1,0.81873185483871,0.507868951612903,0.106941758163067,-0.176691290322581,1.814155,2.26762233907823,0.838038455175035,6.13588915989855]
["10816_150_PILRA_PILRA_isoform_FDF03_M14","FTjVRz","osteoporosis","PILRA","MR Egger",5,0.0365647742374847,0.0341981947903329,0.363365588413312,-0.0304636875515678,0.103593236026537,1.03724148836832,0.969995654344881,1.10914920120868]
["10816_150_PILRA_PILRA_isoform_FDF03_M14","FTjVRz","osteoporosis","PILRA","Weighted median",5,0.0304088755481611,0.0208929428982965,0.145541520867713,-0.0105412925325002,0.0713590436288223,1.03087594776297,0.989514072182306,1.07396675757474]
["10816_150_PILRA_PILRA_isoform_FDF03_M14","FTjVRz","osteoporosis","PILRA","Inverse variance weighted",5,0.0299137109953628,0.0203872868533421,0.142301866160405,-0.0100453712371877,0.0698727932279133,1.03036562089362,0.990004914982351,1.0723717596275]
["10816_150_PILRA_PILRA_isoform_FDF03_M14","FTjVRz","osteoporosis","PILRA","Simple mode",5,0.0218581387190404,0.0439172242995919,0.644805490083888,-0.0642196209081598,0.10793589834624,1.02209877794337,0.937799016640777,1.1139763353724]
["10816_150_PILRA_PILRA_isoform_FDF03_M14","FTjVRz","osteoporosis","PILRA","Weighted mode",5,0.0303471243306327,0.0206548355661849,0.215697911262033,-0.0101363533790896,0.0708306020403551,1.03081229188351,0.989914846312075,1.07339937880188]
["10817_26_TOMM20L_TO20L","FTjVRz","osteoporosis","TOMM20L","MR Egger",6,0.400393138138961,0.169566410226889,0.0775548809245775,0.0680429740942576,0.732743302183664,1.49241130612809,1.07041130744681,2.08078099620563]
["10817_26_TOMM20L_TO20L","FTjVRz","osteoporosis","TOMM20L","Weighted median",6,0.169890891182023,0.0884789205558894,0.0548416784895586,-0.00352779310751986,0.343309575471567,1.18517553116421,0.996478422243612,1.40960507354264]
["10817_26_TOMM20L_TO20L","FTjVRz","osteoporosis","TOMM20L","Inverse variance weighted",6,0.0616493063216376,0.0864091567763672,0.475562378413424,-0.107712640960042,0.231011253603317,1.06358928527834,0.897885574899232,1.25987341748512]
["10817_26_TOMM20L_TO20L","FTjVRz","osteoporosis","TOMM20L","Simple mode",6,0.174050079839554,0.122793133601411,0.215550362084037,-0.0666244620192117,0.414724621698319,1.19011516510451,0.935546468607302,1.51395377326389]
["10817_26_TOMM20L_TO20L","FTjVRz","osteoporosis","TOMM20L","Weighted mode",6,0.171513515536539,0.105375628337982,0.164530061057291,-0.0350227160059056,0.378049747078983,1.18710018691982,0.965583481808361,1.45943554372521]
["10818_36_SMPD1_ASM","FTjVRz","osteoporosis","SMPD1","MR Egger",19,0.302005353553172,0.141828323070021,0.0481366054509191,0.0240218403359306,0.579988866770414,1.35256846773731,1.02431268897955,1.78601854648486]
["10818_36_SMPD1_ASM","FTjVRz","osteoporosis","SMPD1","Weighted median",19,0.137518700875963,0.0921217476053457,0.135491377644383,-0.0430399244305147,0.31807732618244,1.14742316358969,0.957873146763725,1.37448254060611]
["10818_36_SMPD1_ASM","FTjVRz","osteoporosis","SMPD1","Inverse variance weighted",19,0.0772603071921534,0.0646463353118747,0.23203906767015,-0.0494465100191211,0.203967124403428,1.08032325570782,0.951756066188696,1.22625783883553]
["10818_36_SMPD1_ASM","FTjVRz","osteoporosis","SMPD1","Simple mode",19,0.113557087839851,0.146109947942467,0.447133708988529,-0.172818410127384,0.399932585807086,1.12025584005293,0.841290370786001,1.49172413087316]
["10818_36_SMPD1_ASM","FTjVRz","osteoporosis","SMPD1","Weighted mode",19,0.144527640906515,0.103715806551939,0.180438845461437,-0.0587553399352855,0.347810621748315,1.15549363341385,0.942937440073079,1.41596407154695]
["10825_12_VSIG10_VSI10","FTjVRz","osteoporosis","VSIG10","Inverse variance weighted",2,0.75550294522713,0.326045483432501,0.0204944509395695,0.116453797699429,1.39455209275483,2.12868186455509,1.12350560072458,4.03316768297674]
["10832_24_B4GALT6_B4GT6","FTjVRz","osteoporosis","B4GALT6","MR Egger",8,0.32260966683082,0.771438700475109,0.690361210086985,-1.18941018610039,1.83462951976203,1.38072630243483,0.304400750923524,6.26281346695593]
["10832_24_B4GALT6_B4GT6","FTjVRz","osteoporosis","B4GALT6","Weighted median",8,0.0498054526073215,0.154786111630764,0.747627307919951,-0.253575326188976,0.353186231403619,1.05106659421855,0.776021287997307,1.42359623707387]
["10832_24_B4GALT6_B4GT6","FTjVRz","osteoporosis","B4GALT6","Inverse variance weighted",8,0.0186696593886544,0.173178567891671,0.914149717539126,-0.320760333679021,0.35809965245633,1.01884502713147,0.725597131347659,1.43060817699561]
["10832_24_B4GALT6_B4GT6","FTjVRz","osteoporosis","B4GALT6","Simple mode",8,-0.210124554809027,0.213368522326353,0.357531029469797,-0.628326858568678,0.208077748950625,0.810483290091631,0.533483648300419,1.23130889880217]
["10832_24_B4GALT6_B4GT6","FTjVRz","osteoporosis","B4GALT6","Weighted mode",8,0.0706677978822521,0.193416252730381,0.725628254696905,-0.308428057469294,0.449763653233798,1.07322463914426,0.734600799338732,1.56794156377608]
["10833_64_HHIP_HHIP","FTjVRz","osteoporosis","HHIP","MR Egger",4,-0.570161232792468,0.450842625416103,0.333407766192008,-1.45381277860803,0.313490313023094,0.565434264804152,0.233677626359463,1.36819220905128]
["10833_64_HHIP_HHIP","FTjVRz","osteoporosis","HHIP","Weighted median",4,0.0469305755375655,0.157606057984608,0.76587764920724,-0.261977298112267,0.355838449187398,1.0480492462984,0.769528493258741,1.42737693573267]
["10833_64_HHIP_HHIP","FTjVRz","osteoporosis","HHIP","Inverse variance weighted",4,0.0571315578034984,0.131841611193763,0.664771562179994,-0.201278000136277,0.315541115743274,1.0587950939903,0.817685083389299,1.37100098048896]
["10833_64_HHIP_HHIP","FTjVRz","osteoporosis","HHIP","Simple mode",4,0.166672242041892,0.218952300860778,0.501890070336791,-0.262474267645234,0.595818751729018,1.18136699941159,0.769146156055681,1.81451597503362]
["10833_64_HHIP_HHIP","FTjVRz","osteoporosis","HHIP","Weighted mode",4,-0.0208745102413664,0.196723719835156,0.922191917977289,-0.406453001118271,0.364703980635538,0.979341854231509,0.666008396530364,1.44008765121609]
["10835_25_A4GNT_A4GCT","FTjVRz","osteoporosis","A4GNT","MR Egger",4,-1.01458926109717,0.453484194883075,0.154710620099755,-1.903418283068,-0.125760239126342,0.362551313182902,0.149058224178394,0.881826248871272]
["10835_25_A4GNT_A4GCT","FTjVRz","osteoporosis","A4GNT","Weighted median",4,-0.215329853076206,0.14412056660536,0.135150726995225,-0.497806163622711,0.0671464574702985,0.806275443874458,0.607862749396986,1.06945209595398]
["10835_25_A4GNT_A4GCT","FTjVRz","osteoporosis","A4GNT","Inverse variance weighted",4,-0.187990221150052,0.176653420650771,0.28724925766724,-0.534230925625563,0.15825048332546,0.828622810171186,0.586119886636637,1.17145958905445]
["10835_25_A4GNT_A4GCT","FTjVRz","osteoporosis","A4GNT","Simple mode",4,-0.052720305317932,0.227465736962878,0.831624462900309,-0.498553149765172,0.393112539129308,0.948645306427292,0.607408853894599,1.48158511624642]
["10835_25_A4GNT_A4GCT","FTjVRz","osteoporosis","A4GNT","Weighted mode",4,-0.301214855998636,0.156859759600122,0.150596032264752,-0.608659984814875,0.00623027281760274,0.739918779678695,0.54407945553935,1.00624972133617]
["10842_7_GCNT4_GCNT4","FTjVRz","osteoporosis","GCNT4","MR Egger",4,-0.0722274116574305,0.489287065816586,0.896182590088617,-1.03123006065794,0.886775237343079,0.930319306297772,0.356568090326187,2.42728958409772]
["10842_7_GCNT4_GCNT4","FTjVRz","osteoporosis","GCNT4","Weighted median",4,0.127219524553454,0.157512141966921,0.419274389483275,-0.181504273701712,0.435943322808619,1.13566629705576,0.834014680965893,1.54642114545833]
["10842_7_GCNT4_GCNT4","FTjVRz","osteoporosis","GCNT4","Inverse variance weighted",4,0.118504767964387,0.137488576611623,0.388729084696364,-0.150972842194394,0.387982378123169,1.12581224192187,0.859871050552948,1.4740038093457]
["10842_7_GCNT4_GCNT4","FTjVRz","osteoporosis","GCNT4","Simple mode",4,0.216997800143776,0.208465663994189,0.374422417274209,-0.191594901284834,0.625590501572387,1.24234136916237,0.82564126697135,1.86934948539312]
["10842_7_GCNT4_GCNT4","FTjVRz","osteoporosis","GCNT4","Weighted mode",4,0.207776601790374,0.208078151895221,0.391601899107909,-0.200056575924259,0.615609779505007,1.23093814945177,0.818684433939194,1.85078482619382]
["10847_1_SIGLEC15_SIG15","FTjVRz","osteoporosis","SIGLEC15","MR Egger",4,0.156868059068088,0.262996461801469,0.611386234124189,-0.358605006062792,0.672341124198967,1.16984125377272,0.698650259473689,1.95881779255255]
["10847_1_SIGLEC15_SIG15","FTjVRz","osteoporosis","SIGLEC15","Weighted median",4,0.236814999109643,0.130855077180824,0.0703345374015685,-0.0196609521647724,0.493290950384059,1.26720666172798,0.980531063890003,1.63769694063248]
["10847_1_SIGLEC15_SIG15","FTjVRz","osteoporosis","SIGLEC15","Inverse variance weighted",4,0.229289564588643,0.109582826624238,0.036404006401904,0.0145072244051356,0.44407190477215,1.25770617345782,1.01461296490004,1.55904258419344]
["10847_1_SIGLEC15_SIG15","FTjVRz","osteoporosis","SIGLEC15","Simple mode",4,0.26841954371708,0.162104034652115,0.19632899912477,-0.0493043642010659,0.586143451635226,1.30789574436728,0.951891363949091,1.79704464492392]
["10847_1_SIGLEC15_SIG15","FTjVRz","osteoporosis","SIGLEC15","Weighted mode",4,0.241797336391656,0.158799345619614,0.22521467145454,-0.0694493810227872,0.553044053806099,1.273536067246,0.932907355005536,1.73853717185754]
["10848_137_BTNL3_BTNL3","FTjVRz","osteoporosis","BTNL3","MR Egger",3,0.641112641400227,1.45034640351343,0.735028932844986,-2.2015663094861,3.48379159228655,1.89859215677556,0.110629742171468,32.583029726153796]
["10848_137_BTNL3_BTNL3","FTjVRz","osteoporosis","BTNL3","Weighted median",3,0.119671410273348,0.163991408957187,0.465547934816507,-0.201751751282738,0.441094571829434,1.12712642855905,0.817297795889792,1.55440769857108]
["10848_137_BTNL3_BTNL3","FTjVRz","osteoporosis","BTNL3","Inverse variance weighted",3,0.190529686660609,0.135514924953018,0.159733542511465,-0.0750795662473074,0.456138939568525,1.20989029070678,0.927669672197477,1.57796957194793]
["10848_137_BTNL3_BTNL3","FTjVRz","osteoporosis","BTNL3","Simple mode",3,0.10436020640889,0.187060799709119,0.63303130089377,-0.262278961020984,0.470999373838764,1.11000021210398,0.769296390065346,1.60159398481802]
["10848_137_BTNL3_BTNL3","FTjVRz","osteoporosis","BTNL3","Weighted mode",3,0.10436020640889,0.195913166018669,0.647510156982032,-0.279629598987701,0.488350011805482,1.11000021210398,0.756063736370639,1.62962513819983]
["10851_77_EBI3_IL27B","FTjVRz","osteoporosis","EBI3","MR Egger",11,0.020787971976155,0.0297934407246081,0.502967750787172,-0.0376071718440768,0.0791831157963869,1.02100554689736,0.963091195930204,1.08240250892162]
["10851_77_EBI3_IL27B","FTjVRz","osteoporosis","EBI3","Weighted median",11,-1.05855194193933E-4,0.0229990148236565,0.996327671964334,-0.0451839242485607,0.0449722138601728,0.999894150408269,0.95582166688344,1.04599879523614]
["10851_77_EBI3_IL27B","FTjVRz","osteoporosis","EBI3","Inverse variance weighted",11,-0.00742976080347005,0.021760876610335,0.732781806504642,-0.0500810789597266,0.0352215573527865,0.99259777164064,0.951152302935025,1.03584918338075]
["10851_77_EBI3_IL27B","FTjVRz","osteoporosis","EBI3","Simple mode",11,-0.0438828293194966,0.0611003482145887,0.489068168120032,-0.163639511820091,0.0758738531810973,0.957066090988706,0.84904803850126,1.07882647504525]
["10851_77_EBI3_IL27B","FTjVRz","osteoporosis","EBI3","Weighted mode",11,1.806638872619E-3,0.0306497770040455,0.954157523019819,-0.0582669240553102,0.0618802018005482,1.00180827182787,0.943398098179843,1.06383489158933]
["10852_114_HNRNPDL_HNRDL","FTjVRz","osteoporosis","HNRNPDL","MR Egger",4,-0.447003668405948,0.527484019995787,0.485995876266002,-1.48087234759769,0.586865010785795,0.639541562172427,0.227439195783066,1.79834178685748]
["10852_114_HNRNPDL_HNRDL","FTjVRz","osteoporosis","HNRNPDL","Weighted median",4,-0.022021538062748,0.144112833542561,0.87854999412531,-0.304482691806167,0.260439615680671,0.97821916587854,0.737504793000046,1.29750036281059]
["10852_114_HNRNPDL_HNRDL","FTjVRz","osteoporosis","HNRNPDL","Inverse variance weighted",4,0.00654401851116137,0.128545280811249,0.959398611530306,-0.245404731878887,0.25849276890121,1.00656547738385,0.782387816861435,1.29497678571395]
["10852_114_HNRNPDL_HNRDL","FTjVRz","osteoporosis","HNRNPDL","Simple mode",4,-0.0796296536815039,0.191229257929486,0.705108740632357,-0.454438999223296,0.295179691860288,0.923458282440535,0.634803993607024,1.34336772924578]
["10852_114_HNRNPDL_HNRDL","FTjVRz","osteoporosis","HNRNPDL","Weighted mode",4,-0.0298670487275691,0.147752846347348,0.852737366204669,-0.319462627568372,0.259728530113234,0.970574564094216,0.726539354410963,1.29657805698689]
["10876_300_BRAT1_BRAT1","FTjVRz","osteoporosis","BRAT1","Wald ratio",1,0.394656179775281,0.403316853932584,0.327814052278043,-0.395844853932584,1.18515721348315,1.48387391734104,0.673111118379762,3.27120105795483]
["10880_38_FAM163B_F163B","FTjVRz","osteoporosis","FAM163B","MR Egger",6,0.0250781547941363,0.121229141044396,0.846218542704864,-0.21253096165288,0.262687271241152,1.02539525694808,0.808535282345155,1.30041997662976]
["10880_38_FAM163B_F163B","FTjVRz","osteoporosis","FAM163B","Weighted median",6,-0.00431189265401606,0.0819099987755664,0.958017283520469,-0.164855490254126,0.156231704946094,0.995697390208086,0.848016241845358,1.16909705728017]
["10880_38_FAM163B_F163B","FTjVRz","osteoporosis","FAM163B","Inverse variance weighted",6,-0.0178898380862063,0.0773945314011117,0.817197347348738,-0.169583119632385,0.133803443459973,0.982269235057078,0.844016597215392,1.14316810039387]
["10880_38_FAM163B_F163B","FTjVRz","osteoporosis","FAM163B","Simple mode",6,0.0244801027051711,0.136112730583713,0.864330755206332,-0.242300849238907,0.291261054649249,1.02478220051076,0.784820029522572,1.33811385920226]
["10880_38_FAM163B_F163B","FTjVRz","osteoporosis","FAM163B","Weighted mode",6,-0.00141893316963748,0.0872633590678933,0.987655573927941,-0.172455116942708,0.169617250603433,0.998582073040061,0.841596061368332,1.18485126341456]
["10882_12_DSC1_Desmocollin_1","FTjVRz","osteoporosis","DSC1","MR Egger",7,0.419189264479024,0.550269878683262,0.480555139687233,-0.65933969774017,1.49771822669822,1.52072814737543,0.517192725294016,4.47147452993509]
["10882_12_DSC1_Desmocollin_1","FTjVRz","osteoporosis","DSC1","Weighted median",7,-0.0123220263770535,0.135340485570465,0.927457117263481,-0.277589378095165,0.252945325341058,0.987753578934476,0.757607848030491,1.28781286418062]
["10882_12_DSC1_Desmocollin_1","FTjVRz","osteoporosis","DSC1","Inverse variance weighted",7,0.0148899179926152,0.159861561491215,0.925790291926261,-0.298438742530167,0.328218578515397,1.01500132508221,0.741975732014031,1.38849243373793]
["10882_12_DSC1_Desmocollin_1","FTjVRz","osteoporosis","DSC1","Simple mode",7,0.1161260901501,0.195397723744514,0.574017232486045,-0.266853448389147,0.499105628689348,1.12313747977881,0.765785290310109,1.64724736090592]
["10882_12_DSC1_Desmocollin_1","FTjVRz","osteoporosis","DSC1","Weighted mode",7,0.014938965506629,0.168472702916721,0.932227531600465,-0.315267532210144,0.345145463223402,1.01505110959482,0.729593658353022,1.41219532721204]
["10885_36_C6orf89_CF089","FTjVRz","osteoporosis","C6orf89","Inverse variance weighted",2,0.43579926661289,0.252657433417084,0.0845523018649636,-0.0594093028845946,0.931007836110375,1.54619838995616,0.942320995511675,2.53706483511477]
["10889_2_MRAP2_MRAP2","FTjVRz","osteoporosis","MRAP2","Inverse variance weighted",2,0.0174531784085693,0.228255954920828,0.939050598477169,-0.429928493236254,0.464834850053392,1.01760637508538,0.650555612186605,1.59175128953831]
["10890_135_LCTL_LCTL","FTjVRz","osteoporosis","LCTL","Inverse variance weighted",2,0.226102269252414,0.196961408673616,0.250988324737473,-0.159942091747874,0.612146630252702,1.25370387408012,0.852193136552393,1.84438636790976]
["10892_8_OSMR_OSMR","FTjVRz","osteoporosis","OSMR","MR Egger",5,-0.289798179973157,0.374434826671219,0.495349627666739,-1.02369044024875,0.444094080302433,0.748414597391768,0.359266638608697,1.55907715717282]
["10892_8_OSMR_OSMR","FTjVRz","osteoporosis","OSMR","Weighted median",5,0.0262341242491244,0.148428140389638,0.859707673223629,-0.264685030914565,0.317153279412814,1.02658126790855,0.76744763419179,1.37321304108336]
["10892_8_OSMR_OSMR","FTjVRz","osteoporosis","OSMR","Inverse variance weighted",5,0.103951480382567,0.141569848960221,0.462779948203853,-0.173525423579465,0.3814283843446,1.10954661883207,0.840695777394281,1.46437478629598]
["10892_8_OSMR_OSMR","FTjVRz","osteoporosis","OSMR","Simple mode",5,0.0851715705613189,0.283931086375566,0.779140805596096,-0.471333358734791,0.641676499857428,1.08890387452155,0.624169471380916,1.89966299589241]
["10892_8_OSMR_OSMR","FTjVRz","osteoporosis","OSMR","Weighted mode",5,-0.0583203838814585,0.156070460342581,0.727605082341308,-0.364218486152918,0.247577718390001,0.943347665629596,0.694739387223599,1.28091890947072]
["10895_28_TMPRSS11B_TM11B","FTjVRz","osteoporosis","TMPRSS11B","MR Egger",3,-0.720464749877307,0.694799591685646,0.488456462897524,-2.08227194958117,0.641342449826559,0.486526090467999,0.124646699240827,1.89902851938933]
["10895_28_TMPRSS11B_TM11B","FTjVRz","osteoporosis","TMPRSS11B","Weighted median",3,0.0409374240744459,0.228660453045862,0.857912967239626,-0.407237063895444,0.489111912044335,1.04178691272546,0.665486408799677,1.63086722309417]
["10895_28_TMPRSS11B_TM11B","FTjVRz","osteoporosis","TMPRSS11B","Inverse variance weighted",3,-0.0244647728297617,0.247535965496626,0.92127070375232,-0.509635265203149,0.460705719543626,0.97583206411518,0.600714640392476,1.58519229152321]
["10895_28_TMPRSS11B_TM11B","FTjVRz","osteoporosis","TMPRSS11B","Simple mode",3,0.205275345722274,0.31535295586075,0.581882262022539,-0.412816447764795,0.823367139209344,1.22786310527564,0.661783743565666,2.27815781205805]
["10895_28_TMPRSS11B_TM11B","FTjVRz","osteoporosis","TMPRSS11B","Weighted mode",3,0.158232476028057,0.297164328246881,0.647632652297797,-0.424209607335831,0.740674559391944,1.17143849442316,0.654286724237597,2.09734982444498]
["10900_272_STMN2_STMN2","FTjVRz","osteoporosis","STMN2","MR Egger",3,0.487245894260079,1.02864886978888,0.718380287994736,-1.52890589052613,2.50339767904629,1.62782683344492,0.216772710693105,12.223956563586]
["10900_272_STMN2_STMN2","FTjVRz","osteoporosis","STMN2","Weighted median",3,-0.0709515575968504,0.124933748822814,0.5700937316771,-0.315821705289566,0.173918590095865,0.931507015473022,0.729189449199906,1.18995868745432]
["10900_272_STMN2_STMN2","FTjVRz","osteoporosis","STMN2","Inverse variance weighted",3,-0.102965245931249,0.115752681914062,0.373719408454823,-0.32984050248281,0.123910010620312,0.902158326609196,0.719038409127459,1.13191400617659]
["10900_272_STMN2_STMN2","FTjVRz","osteoporosis","STMN2","Simple mode",3,-0.0585507768016496,0.15849272456918,0.747259623434864,-0.369196516957242,0.252094963353943,0.943130350041104,0.691289546982662,1.28671822256118]
["10900_272_STMN2_STMN2","FTjVRz","osteoporosis","STMN2","Weighted mode",3,-0.0623528771845021,0.156506722129818,0.728840527378952,-0.369106052558946,0.244400298189942,0.939551282075547,0.691352086904354,1.27685535108818]
["10902_53_ASPRV1_APRV1","FTjVRz","osteoporosis","ASPRV1","MR Egger",5,0.384067076276392,0.2274143127259,0.18983209029937,-0.0616649766663716,0.829799129219156,1.46824392271425,0.940197822241458,2.29285812580164]
["10902_53_ASPRV1_APRV1","FTjVRz","osteoporosis","ASPRV1","Weighted median",5,0.191930258654934,0.0873477579073613,0.0279981858973806,0.0207286531565058,0.363131864153362,1.2115860163799,1.02094498384974,1.4378254443761]
["10902_53_ASPRV1_APRV1","FTjVRz","osteoporosis","ASPRV1","Inverse variance weighted",5,0.155151499301015,0.107605032573914,0.149341591735628,-0.055754364543856,0.366057363145885,1.1678348738708,0.945771422355071,1.4420379601159]
["10902_53_ASPRV1_APRV1","FTjVRz","osteoporosis","ASPRV1","Simple mode",5,0.252668214239792,0.126537717958924,0.116544057836595,0.00465428704030091,0.500682141439284,1.28745604638098,1.00466513505763,1.64984631547691]
["10902_53_ASPRV1_APRV1","FTjVRz","osteoporosis","ASPRV1","Weighted mode",5,0.150725534190783,0.0961928270670573,0.192201431758835,-0.0378124068606494,0.339263475242215,1.16267749906407,0.962893556174639,1.40391319285627]
["10903_50_STX8_STX8","FTjVRz","osteoporosis","STX8","MR Egger",3,0.717446118944433,1.00377911190963,0.60494333825048,-1.24996094039845,2.68485317828731,2.04919312671096,0.286515987841955,14.656049396014]
["10903_50_STX8_STX8","FTjVRz","osteoporosis","STX8","Weighted median",3,0.0227098244800906,0.270842580950614,0.93317665051507,-0.508141634183114,0.553561283143295,1.02296965572339,0.601612556824541,1.73943662687884]
["10903_50_STX8_STX8","FTjVRz","osteoporosis","STX8","Inverse variance weighted",3,0.0209880365864271,0.253028143205443,0.933893332757226,-0.47494712409624,0.516923197269095,1.02120983440886,0.621917940068783,1.67686033591188]
["10903_50_STX8_STX8","FTjVRz","osteoporosis","STX8","Simple mode",3,-0.163805763949066,0.315189417653139,0.655066304454281,-0.781577022549217,0.453965494651086,0.848906894190354,0.45768366441707,1.57454366635908]
["10903_50_STX8_STX8","FTjVRz","osteoporosis","STX8","Weighted mode",3,0.00655863506570875,0.268116822117834,0.982705442812285,-0.518950336285246,0.532067606416664,1.00658019001058,0.59514492225126,1.7024486659301]
["10907_116_NTM_NTRI","FTjVRz","osteoporosis","NTM","MR Egger",8,0.0954315780454427,0.0704579313556675,0.22437466260487,-0.042665967411665603,0.233529123502551,1.1001335461712,0.958231417134809,1.26304961178386]
["10907_116_NTM_NTRI","FTjVRz","osteoporosis","NTM","Weighted median",8,0.0750284126823578,0.0458520544897771,0.101773641221004,-0.0148416141176053,0.164898439482321,1.07791477689971,0.985267979783829,1.17927334501795]
["10907_116_NTM_NTRI","FTjVRz","osteoporosis","NTM","Inverse variance weighted",8,0.0650048433672396,0.0410014166098968,0.112868849883034,-0.0153579331881582,0.145367619922637,1.06716419303977,0.984759398442682,1.15646463157112]
["10907_116_NTM_NTRI","FTjVRz","osteoporosis","NTM","Simple mode",8,-0.118909553883848,0.0806982808758576,0.18410436514386,-0.277078184400529,0.0392590766328328,0.887888103160884,0.757995231390941,1.04003989878406]
["10907_116_NTM_NTRI","FTjVRz","osteoporosis","NTM","Weighted mode",8,0.0782034094875539,0.0492721284174465,0.156495124674219,-0.0183699622106412,0.174776781185749,1.08134259164353,0.981797737098466,1.19098033772009]
["10908_2_GALNT13_GLT13","FTjVRz","osteoporosis","GALNT13","Inverse variance weighted",2,0.532701633359134,1.17800921273032,0.651121320369676,-1.7761964235923,2.84159969031057,1.70352840650861,0.16928079675542,17.1431673728156]
["10910_6_CEACAM4_CEAM4","FTjVRz","osteoporosis","CEACAM4","MR Egger",3,0.232319384451446,0.540562357377644,0.741591641741531,-0.827182836008736,1.29182160491163,1.26152257518914,0.437279440629002,3.639410088484]
["10910_6_CEACAM4_CEAM4","FTjVRz","osteoporosis","CEACAM4","Weighted median",3,0.314312306555468,0.191865424776759,0.101381753797861,-0.0617439260069799,0.690368539117917,1.36931731655036,0.9401235971734,1.99445043081801]
["10910_6_CEACAM4_CEAM4","FTjVRz","osteoporosis","CEACAM4","Inverse variance weighted",3,0.290320248152988,0.163153946958944,0.0751700745737732,-0.0294614878865421,0.610101984192517,1.33685554499868,0.970968270961357,1.84061910326301]
["10910_6_CEACAM4_CEAM4","FTjVRz","osteoporosis","CEACAM4","Simple mode",3,0.380199351994695,0.242913837295147,0.258019855220023,-0.0959117691037923,0.856310473093182,1.46257612784236,0.908544174199176,2.35445781336922]
["10910_6_CEACAM4_CEAM4","FTjVRz","osteoporosis","CEACAM4","Weighted mode",3,0.370700980532948,0.242014181016867,0.265269873402738,-0.103646814260112,0.845048775326007,1.44874980421757,0.901543653560796,2.32809136521629]
["10916_44_PLA2R1_PLA2R","FTjVRz","osteoporosis","PLA2R1","MR Egger",13,0.126119549919091,0.0810894705584669,0.148155104522384,-0.0328158123755045,0.285054912213686,1.13441777973048,0.96771678463085,1.329835050303]
["10916_44_PLA2R1_PLA2R","FTjVRz","osteoporosis","PLA2R1","Weighted median",13,0.0705904624240814,0.0633279375256083,0.26498705312893,-0.0535322951261109,0.194713219974274,1.07314164403435,0.947875328756213,1.21496250954426]
["10916_44_PLA2R1_PLA2R","FTjVRz","osteoporosis","PLA2R1","Inverse variance weighted",13,0.0576243213809696,0.0499305735165709,0.248463717794378,-0.0402396027115093,0.155488245473448,1.0593169582159,0.960559258974511,1.1682282040171]
["10916_44_PLA2R1_PLA2R","FTjVRz","osteoporosis","PLA2R1","Simple mode",13,0.055242620423904,0.124204869747151,0.664401888318171,-0.188198924280512,0.29868416512832,1.05679698410627,0.828449892041638,1.34808378435998]
["10916_44_PLA2R1_PLA2R","FTjVRz","osteoporosis","PLA2R1","Weighted mode",13,0.0686983793630731,0.057030783860087,0.251584360441763,-0.0430819570026975,0.180478715728844,1.07111309060858,0.957832885737685,1.19779062710868]
["10924_258_CYB5D2_NEUFC","FTjVRz","osteoporosis","CYB5D2","MR Egger",5,-0.368722843566801,0.463247978019114,0.48422418026376,-1.27668888048426,0.539243193350663,0.691617070009505,0.278959441001118,1.71470866808418]
["10924_258_CYB5D2_NEUFC","FTjVRz","osteoporosis","CYB5D2","Weighted median",5,-0.197102460212087,0.146926578692634,0.179757165179742,-0.485078554449649,0.0908736340254751,0.821106498256526,0.615648832909466,1.09513060926771]
["10924_258_CYB5D2_NEUFC","FTjVRz","osteoporosis","CYB5D2","Inverse variance weighted",5,-0.160593467656444,0.149322168650413,0.282158498096318,-0.453264918211253,0.132077982898364,0.851638219223304,0.6355497426215,1.14119730967114]
["10924_258_CYB5D2_NEUFC","FTjVRz","osteoporosis","CYB5D2","Simple mode",5,-0.101317452868622,0.211730896372363,0.657261094744129,-0.516310009758453,0.313675104021208,0.903646122294237,0.596718375477825,1.36844506201696]
["10924_258_CYB5D2_NEUFC","FTjVRz","osteoporosis","CYB5D2","Weighted mode",5,-0.215629525652033,0.149729098706277,0.223252640919724,-0.509098559116336,0.0778395078122689,0.80603386143499,0.601037134130847,1.08094916085228]
["10933_107_CALN1_CABP8","FTjVRz","osteoporosis","CALN1","MR Egger",3,0.215667570229642,0.467959539001554,0.725072631215556,-0.701533126213404,1.13286826667269,1.24068986819107,0.495824559152759,3.10454841458895]
["10933_107_CALN1_CABP8","FTjVRz","osteoporosis","CALN1","Weighted median",3,0.255486998020877,0.159301656303342,0.108759526476339,-0.0567442483336729,0.567718244375427,1.29109022618062,0.944835681768837,1.76423689780479]
["10933_107_CALN1_CABP8","FTjVRz","osteoporosis","CALN1","Inverse variance weighted",3,0.200746536312289,0.133690133911487,0.133205408685532,-0.0612861261542258,0.462779198778804,1.22231492010971,0.940554084148675,1.58848256480129]
["10933_107_CALN1_CABP8","FTjVRz","osteoporosis","CALN1","Simple mode",3,0.299411226450958,0.21103841425465,0.291761272045705,-0.114224065488157,0.713046518390072,1.34906428033642,0.892058054064348,2.04019729902955]
["10933_107_CALN1_CABP8","FTjVRz","osteoporosis","CALN1","Weighted mode",3,0.311711964662418,0.198729330076707,0.2573043778781,-0.0777975222879284,0.701221451612764,1.36576124886692,0.92515173018614,2.01621391177771]
["10938_13_CD58_sLFA_3","FTjVRz","osteoporosis","CD58","MR Egger",3,-0.0348011136589588,0.110705509385174,0.806100725789092,-0.251783912053899,0.182181684735981,0.965797481084598,0.777412709435654,1.1998321652684]
["10938_13_CD58_sLFA_3","FTjVRz","osteoporosis","CD58","Weighted median",3,0.0271166045430484,0.0893121628146331,0.761420435558134,-0.147935234573632,0.202168443659729,1.02748760550131,0.862486972469716,1.22405417491205]
["10938_13_CD58_sLFA_3","FTjVRz","osteoporosis","CD58","Inverse variance weighted",3,0.0503750675401574,0.085138573571929,0.554062717902566,-0.116496536660823,0.217246671741138,1.05166546799355,0.890033179458119,1.24265059112006]
["10938_13_CD58_sLFA_3","FTjVRz","osteoporosis","CD58","Simple mode",3,0.0800617312643029,0.163657499493106,0.673087872170839,-0.240706967742185,0.400830430270791,1.08335394241936,0.786071937076993,1.49306406856325]
["10938_13_CD58_sLFA_3","FTjVRz","osteoporosis","CD58","Weighted mode",3,0.0111070589101617,0.0950941543577813,0.917689719475045,-0.17527748363109,0.197491601451413,1.01116897129817,0.839224117501857,1.2183428326152]
["10939_16_PLEKHA4_PKHA4","FTjVRz","osteoporosis","PLEKHA4","MR Egger",4,0.451417285329432,0.909799338329897,0.668937788139894,-1.33178941779717,2.23462398845603,1.57053650721958,0.264004424159275,9.34296812776658]
["10939_16_PLEKHA4_PKHA4","FTjVRz","osteoporosis","PLEKHA4","Weighted median",4,0.237968745947625,0.193897850024172,0.219713896495364,-0.142071040099753,0.618008531995003,1.26866954114099,0.867559622774564,1.85522972988466]
["10939_16_PLEKHA4_PKHA4","FTjVRz","osteoporosis","PLEKHA4","Inverse variance weighted",4,0.263783813484433,0.160935801773016,0.101200275096274,-0.0516503579906786,0.579217984959546,1.30184672416965,0.949660850129669,1.78464226781576]
["10939_16_PLEKHA4_PKHA4","FTjVRz","osteoporosis","PLEKHA4","Simple mode",4,0.113515531128269,0.276068996951285,0.70854542547669,-0.42757970289625,0.654610765152788,1.1202092868714,0.652085426827761,1.924393330637]
["10939_16_PLEKHA4_PKHA4","FTjVRz","osteoporosis","PLEKHA4","Weighted mode",4,0.20614759491422,0.226782656295661,0.430362257340538,-0.238346411425275,0.650641601253715,1.22893457510345,0.787929695963189,1.91677023676394]
["10940_25_SRL_SRCA","FTjVRz","osteoporosis","SRL","MR Egger",7,0.0151753336565428,0.198398918397614,0.941996387359562,-0.37368654640278,0.404037213715866,1.0152910637053,0.68819259446828,1.49785968684578]
["10940_25_SRL_SRCA","FTjVRz","osteoporosis","SRL","Weighted median",7,-0.0228236322571036,0.0980767161335518,0.815985022712606,-0.215053995878865,0.169406731364658,0.97743485655181,0.80649789143916,1.18460185568201]
["10940_25_SRL_SRCA","FTjVRz","osteoporosis","SRL","Inverse variance weighted",7,-0.0650407481915517,0.0875670037318969,0.457630589081631,-0.23667207550607,0.106590579122966,0.937029280350859,0.789250060012967,1.1124786892261]
["10940_25_SRL_SRCA","FTjVRz","osteoporosis","SRL","Simple mode",7,-0.142736498701244,0.121452443148786,0.284417235527928,-0.380783287272865,0.0953102898703778,0.866982489811628,0.683325959007158,1.10000012107266]
["10940_25_SRL_SRCA","FTjVRz","osteoporosis","SRL","Weighted mode",7,-0.03779343005864,0.10815650716701,0.738701863366877,-0.24978018410598,0.1741933239887,0.96291182898839,0.778971994678626,1.19028565434922]
["10945_11_STX6_Syntaxin_6","FTjVRz","osteoporosis","STX6","MR Egger",3,0.536947398321183,0.785450828296037,0.618253684729864,-1.00253622513905,2.07643102178142,1.71077656382676,0.366947598265807,7.9759520573802]
["10945_11_STX6_Syntaxin_6","FTjVRz","osteoporosis","STX6","Weighted median",3,0.382307474429147,0.196760273607935,0.0520147688091584,-0.00334266184240528,0.7679576107007,1.46566266965047,0.99666291863208,2.15535967180892]
["10945_11_STX6_Syntaxin_6","FTjVRz","osteoporosis","STX6","Inverse variance weighted",3,0.337751820689156,0.176914569627666,0.0562461193529164,-0.00900073578107025,0.684504377159382,1.40179256431891,0.991039649584401,1.98278887651349]
["10945_11_STX6_Syntaxin_6","FTjVRz","osteoporosis","STX6","Simple mode",3,0.414815606753835,0.245639928322698,0.233333153872577,-0.0666386527586522,0.896269866266323,1.51409152669865,0.93553319260533,2.45044555269754]
["10945_11_STX6_Syntaxin_6","FTjVRz","osteoporosis","STX6","Weighted mode",3,0.411017325310666,0.241734227455727,0.231180534858474,-0.062781760502559,0.884816411123891,1.50835148898982,0.939148410602808,2.42253959933498]
["10948_14_PLD3_PLD3","FTjVRz","osteoporosis","PLD3","MR Egger",4,-0.0727780335481821,3.84246415773232,0.986608274226099,-7.60400778270354,7.45845171560717,0.929807193125636,4.98449746683798E-4,1734.46053918172]
["10948_14_PLD3_PLD3","FTjVRz","osteoporosis","PLD3","Weighted median",4,-0.0373712199787173,0.233032831884779,0.872590483120994,-0.494115570472885,0.41937313051545,0.963318465905728,0.610110268283826,1.52100778333936]
["10948_14_PLD3_PLD3","FTjVRz","osteoporosis","PLD3","Inverse variance weighted",4,0.0719612967372674,0.242037888680374,0.766226655723739,-0.402432965076265,0.5463555585508,1.07461375220056,0.66869116308487,1.72694777524973]
["10948_14_PLD3_PLD3","FTjVRz","osteoporosis","PLD3","Simple mode",4,0.0220800153995677,0.389816382899632,0.958391761693792,-0.74196009508371,0.786120125882846,1.02232558298784,0.476179642811645,2.1948640883937]
["10948_14_PLD3_PLD3","FTjVRz","osteoporosis","PLD3","Weighted mode",4,-0.0907976308304699,0.23714500696709,0.727327922520707,-0.555601844485966,0.374006582825026,0.913202496231983,0.573726862919939,1.45354671886908]
["10953_14_CLEC2A_CLC2A","FTjVRz","osteoporosis","CLEC2A","MR Egger",3,0.407404542919801,0.527748630164453,0.581478255998258,-0.626982772202527,1.44179185804213,1.50291197509763,0.534201178501923,4.22826548459914]
["10953_14_CLEC2A_CLC2A","FTjVRz","osteoporosis","CLEC2A","Weighted median",3,0.222624517546443,0.179835996040188,0.215741722605859,-0.129854034692325,0.575103069785211,1.2493513761337,0.878223611745053,1.77731370481563]
["10953_14_CLEC2A_CLC2A","FTjVRz","osteoporosis","CLEC2A","Inverse variance weighted",3,0.235991009331151,0.251616943869404,0.348296870101562,-0.257178200652882,0.729160219315183,1.26616292646413,0.773230411323445,2.07333872656179]
["10953_14_CLEC2A_CLC2A","FTjVRz","osteoporosis","CLEC2A","Simple mode",3,0.374313249476616,0.292023844282551,0.32843484298345,-0.198053485317184,0.946679984270415,1.45399254153026,0.820325976569414,2.57713929731534]
["10953_14_CLEC2A_CLC2A","FTjVRz","osteoporosis","CLEC2A","Weighted mode",3,0.270173947706532,0.214562716749356,0.335015297935987,-0.150368977122205,0.690716872535269,1.31019233586456,0.860390453455815,1.99514528556586]
["10955_4_CLEC10A_CLC10","FTjVRz","osteoporosis","CLEC10A","MR Egger",5,0.0367611893651925,0.660137104513648,0.959092231164751,-1.25710753548156,1.33062991421194,1.03744523829685,0.284475673426376,3.78342587083584]
["10955_4_CLEC10A_CLC10","FTjVRz","osteoporosis","CLEC10A","Weighted median",5,0.0982204756204808,0.176193804099624,0.577215206455438,-0.247119380414783,0.443560331655745,1.10320598832213,0.781047446197442,1.55824522389148]
["10955_4_CLEC10A_CLC10","FTjVRz","osteoporosis","CLEC10A","Inverse variance weighted",5,0.07941857125992,0.178665215645378,0.656673511161503,-0.270765251405021,0.429602393924861,1.08265739651225,0.762795540570465,1.53664642211474]
["10955_4_CLEC10A_CLC10","FTjVRz","osteoporosis","CLEC10A","Simple mode",5,0.254267037663965,0.272887962694901,0.404204544095394,-0.280593369218041,0.789127444545972,1.28951610766381,0.755335415672563,2.20147467922418]
["10955_4_CLEC10A_CLC10","FTjVRz","osteoporosis","CLEC10A","Weighted mode",5,0.0979689774593826,0.218782746487049,0.677485462746873,-0.330845205655234,0.526783160573999,1.10292856893145,0.718316351744124,1.69347589709121]
["10959_125_BET1L_BET1L","FTjVRz","osteoporosis","BET1L","MR Egger",4,0.341996798900518,0.777627730732876,0.703045824525697,-1.18215355333592,1.86614715113696,1.40775579114056,0.306617709484765,6.46334606967064]
["10959_125_BET1L_BET1L","FTjVRz","osteoporosis","BET1L","Weighted median",4,0.102137983774115,0.220489568107664,0.643197560727533,-0.330021569716906,0.534297537265136,1.10753628322127,0.718908226617758,1.70624924466718]
["10959_125_BET1L_BET1L","FTjVRz","osteoporosis","BET1L","Inverse variance weighted",4,0.229882417480959,0.183053059023731,0.20917980256842,-0.128901578205554,0.588666413167471,1.25845202926998,0.879060479997928,1.80158424364325]
["10959_125_BET1L_BET1L","FTjVRz","osteoporosis","BET1L","Simple mode",4,0.0440587445175488,0.316088473581402,0.897975441559114,-0.575474663701999,0.663592152737096,1.04504374367584,0.562437836611054,1.94175490179771]
["10959_125_BET1L_BET1L","FTjVRz","osteoporosis","BET1L","Weighted mode",4,0.0246212223515891,0.279602600770652,0.93537945265855,-0.523399875158889,0.572642319862068,1.02492682761718,0.592502684513354,1.77294555691711]
["10974_20_SPINK7_ISK7","FTjVRz","osteoporosis","SPINK7","MR Egger",9,-0.0769927887073203,0.22976311469999,0.747370329528012,-0.527328493519301,0.373342916104661,0.925896530493293,0.590179533962302,1.45258236832434]
["10974_20_SPINK7_ISK7","FTjVRz","osteoporosis","SPINK7","Weighted median",9,-0.0373265720767298,0.110610716814853,0.735770981402946,-0.254123577033842,0.179470432880383,0.963361477014347,0.775595950277064,1.19658352401625]
["10974_20_SPINK7_ISK7","FTjVRz","osteoporosis","SPINK7","Inverse variance weighted",9,-0.0160349635005383,0.0856943747452365,0.851568083549602,-0.183995938001202,0.151926011000125,0.984092912120715,0.83193918315577,1.16407410456697]
["10974_20_SPINK7_ISK7","FTjVRz","osteoporosis","SPINK7","Simple mode",9,0.128289147362726,0.186125760360091,0.510152635952613,-0.236517342943054,0.493095637668505,1.13688168151641,0.789372192146279,1.63737710883037]
["10974_20_SPINK7_ISK7","FTjVRz","osteoporosis","SPINK7","Weighted mode",9,-0.03882732477327,0.133720335550514,0.778923706753927,-0.300919182452278,0.223264532905738,0.961916794007084,0.74013758643439,1.25015123613762]
["10975_59_MUCL1_MUCL1","FTjVRz","osteoporosis","MUCL1","MR Egger",3,0.264797217001016,0.370654594180677,0.605086948437548,-0.46168578759311,0.991280221595143,1.30316668893348,0.630220331881873,2.69468205520249]
["10975_59_MUCL1_MUCL1","FTjVRz","osteoporosis","MUCL1","Weighted median",3,0.289073067911832,0.151571283796968,0.0564978402615477,-0.00800664833022485,0.586152784153889,1.33518928445728,0.992025319503221,1.79706141595486]
["10975_59_MUCL1_MUCL1","FTjVRz","osteoporosis","MUCL1","Inverse variance weighted",3,0.242824015602485,0.129985817096665,0.0617508024604402,-0.0119481859069785,0.497596217111948,1.27484425167846,0.988122910227934,1.64476286220578]
["10975_59_MUCL1_MUCL1","FTjVRz","osteoporosis","MUCL1","Simple mode",3,0.304750860921802,0.193060328624544,0.255192061714011,-0.0736473831823036,0.683149105025908,1.35628705680307,0.928999216840319,1.98010347813642]
["10975_59_MUCL1_MUCL1","FTjVRz","osteoporosis","MUCL1","Weighted mode",3,0.311204241282779,0.179718136753183,0.22547969491735,-0.0410433067534585,0.663451789319017,1.36506799595511,0.959787563764361,1.94148236956984]
["10977_55_UCMA_UCMA","FTjVRz","osteoporosis","UCMA","MR Egger",5,-0.0138031607731027,0.0728510565052674,0.861818200152526,-0.156591231523427,0.128984909977221,0.986291666045884,0.855053506310423,1.13767295652537]
["10977_55_UCMA_UCMA","FTjVRz","osteoporosis","UCMA","Weighted median",5,0.0229133231983082,0.0590912561736381,0.698192425566947,-0.0929055389020225,0.138732185298639,1.02317784992001,0.91127957670002,1.14881638888256]
["10977_55_UCMA_UCMA","FTjVRz","osteoporosis","UCMA","Inverse variance weighted",5,0.0341066423152771,0.0540297966332721,0.527873042403636,-0.0717917590859363,0.14000504371649,1.03469494310909,0.930724690592815,1.15027960052679]
["10977_55_UCMA_UCMA","FTjVRz","osteoporosis","UCMA","Simple mode",5,0.057201129105486,0.0956889465034955,0.58218327086752,-0.130349206041365,0.244751464252337,1.05886875830596,0.877788848224569,1.27730381809266]
["10977_55_UCMA_UCMA","FTjVRz","osteoporosis","UCMA","Weighted mode",5,0.0161590807457972,0.0583050897281517,0.795400252808078,-0.0981188951213801,0.130437056612974,1.0162903447733,0.906541114030423,1.13932622458508]
["10981_56_NRG3_NRG3","FTjVRz","osteoporosis","NRG3","Wald ratio",1,0.999893258426966,0.648192883895131,0.122931260589025,-0.27056479400749,2.27035131086142,2.71799169026591,0.762948463906171,9.68280189009338]
["10990_21_LRRK2_LRRK2","FTjVRz","osteoporosis","LRRK2","MR Egger",7,0.34324593863728,0.508960735253459,0.529971351154814,-0.654317102459499,1.34080897973406,1.40951537359231,0.519796909442254,3.82213428418582]
["10990_21_LRRK2_LRRK2","FTjVRz","osteoporosis","LRRK2","Weighted median",7,0.0505474722248302,0.115634339158836,0.662015607045102,-0.176095832526488,0.277190776976148,1.05184679567737,0.83853762030773,1.31941806161388]
["10990_21_LRRK2_LRRK2","FTjVRz","osteoporosis","LRRK2","Inverse variance weighted",7,-0.0229235872746275,0.127675087204883,0.857508779543269,-0.273166758196199,0.227319583646944,0.97733716191621,0.760965879750288,1.25523095513281]
["10990_21_LRRK2_LRRK2","FTjVRz","osteoporosis","LRRK2","Simple mode",7,0.0383117443880159,0.136544352253709,0.788455423357325,-0.229315186029254,0.305938674805285,1.03905510199057,0.795077896563373,1.35789903057201]
["10990_21_LRRK2_LRRK2","FTjVRz","osteoporosis","LRRK2","Weighted mode",7,0.0603794188307583,0.124645190652164,0.645269403290762,-0.183925154847483,0.304683992508999,1.06223950376625,0.831998072519019,1.35619636707245]
["11067_13_BGLAP_Osteocalcin","FTjVRz","osteoporosis","BGLAP","Wald ratio",1,0.0653078393881453,0.136555130656469,0.632470464623092,-0.202340216698534,0.332955895474825,1.06748758853521,0.816816985886408,1.39508576751756]
["11071_1_IL5_IL_5","FTjVRz","osteoporosis","IL5","MR Egger",3,7.56334302342658,2.45236416167417,0.199610500278727,2.75670926654521,12.3699767803079,1926.27434177488,15.7479353303995,235620.274145875]
["11071_1_IL5_IL_5","FTjVRz","osteoporosis","IL5","Weighted median",3,-0.226049307702906,0.311349186997601,0.467819478912521,-0.836293714218204,0.384195098812391,0.797678768988224,0.433313534778015,1.46843190305731]
["11071_1_IL5_IL_5","FTjVRz","osteoporosis","IL5","Inverse variance weighted",3,-0.335914029434625,0.57170075086583,0.556821164724645,-1.45644750113165,0.784619442262401,0.714684545009438,0.233062761009508,2.1915727620446]
["11071_1_IL5_IL_5","FTjVRz","osteoporosis","IL5","Simple mode",3,0.121634429392881,0.547182222257367,0.84472207993637,-0.950842726231558,1.19411158501732,1.12934117236946,0.386415243939968,3.3006241436142]
["11071_1_IL5_IL_5","FTjVRz","osteoporosis","IL5","Weighted mode",3,-0.127677918250114,0.383476356583141,0.770835140490231,-0.879291577153071,0.623935740652844,0.880136809502065,0.415076857479399,1.86625871686648]
["11094_104_CLC_LPPL","FTjVRz","osteoporosis","CLC","MR Egger",3,0.0863103837707955,0.545183248496611,0.90004346999474,-0.982248783282563,1.15486955082415,1.0901446390031,0.374468053794632,3.17360939579365]
["11094_104_CLC_LPPL","FTjVRz","osteoporosis","CLC","Weighted median",3,0.467912517960607,0.24059521486005,0.0517975808129949,-0.00365410316509107,0.939479139086306,1.59665771770382,0.996352564945419,2.55864837126487]
["11094_104_CLC_LPPL","FTjVRz","osteoporosis","CLC","Inverse variance weighted",3,0.428769679777396,0.200027833933837,0.0320689541666136,0.0367151252670749,0.820824234287717,1.53536736751673,1.03739745041826,2.27237203280653]
["11094_104_CLC_LPPL","FTjVRz","osteoporosis","CLC","Simple mode",3,0.616369616341471,0.304682133119247,0.180410210617214,0.0191926354277466,1.2135465972552,1.85219165509365,1.01937799802156,3.36539922762391]
["11094_104_CLC_LPPL","FTjVRz","osteoporosis","CLC","Weighted mode",3,0.591219309767323,0.319336994663884,0.205319167495555,-0.0346811997738889,1.21711981930854,1.80618937764759,0.965913300556788,3.377446056542]
["11096_57_N6AMT1_HEMK2","FTjVRz","osteoporosis","N6AMT1","Inverse variance weighted",2,0.151321376056735,0.226285345539571,0.503674558754581,-0.292197901200825,0.594840653314294,1.16337047742687,0.746620764205937,1.81274206750444]
["11098_1_PDXK_PDXK","FTjVRz","osteoporosis","PDXK","Inverse variance weighted",2,0.136109200491081,0.131882489354648,0.302049130713324,-0.122380478644029,0.394598879626191,1.1458070094515,0.884811652512298,1.4837888935803]
["11102_22_REG4_REG4","FTjVRz","osteoporosis","REG4","MR Egger",3,0.0206580646171151,0.36797439650777,0.964297673258226,-0.700571752538114,0.741887881772345,1.02087291937803,0.496301461035217,2.0998961303591]
["11102_22_REG4_REG4","FTjVRz","osteoporosis","REG4","Weighted median",3,0.0511023895968319,0.108757248187165,0.638443816685909,-0.162061816850011,0.264266596043675,1.05243064571625,0.850388634568721,1.30247538480387]
["11102_22_REG4_REG4","FTjVRz","osteoporosis","REG4","Inverse variance weighted",3,0.0515616323315931,0.104224608110799,0.620800259584309,-0.152718599565574,0.25584186422876,1.05291407784199,0.858371233867111,1.29154847177635]
["11102_22_REG4_REG4","FTjVRz","osteoporosis","REG4","Simple mode",3,0.0235429289865633,0.132452151195038,0.87529524065742,-0.236063287355712,0.283149145328839,1.02382225145492,0.789730692383974,1.32730310811394]
["11102_22_REG4_REG4","FTjVRz","osteoporosis","REG4","Weighted mode",3,0.0415938282032057,0.117680239350828,0.757532514783593,-0.189059440924417,0.272247097330828,1.04247097044085,0.827737303761904,1.31291137813028]
["11103_24_HSPB1_HSP_27","FTjVRz","osteoporosis","HSPB1","MR Egger",6,-0.107687888993941,0.119431237555548,0.418214963885806,-0.341773114602816,0.126397336614933,0.897907799607596,0.710509390628416,1.13473294967019]
["11103_24_HSPB1_HSP_27","FTjVRz","osteoporosis","HSPB1","Weighted median",6,-0.0823264795472486,0.0586189643383362,0.160189586365654,-0.197219649650388,0.0325666905558905,0.920971231337718,0.821010278885268,1.03310278904589]
["11103_24_HSPB1_HSP_27","FTjVRz","osteoporosis","HSPB1","Inverse variance weighted",6,-0.0795253804544525,0.0576422063458571,0.167698119603738,-0.192504104892332,0.0334533439834274,0.923554579436204,0.824890932108191,1.03401919938394]
["11103_24_HSPB1_HSP_27","FTjVRz","osteoporosis","HSPB1","Simple mode",6,-0.160338899245618,0.11913314691366,0.236143091661621,-0.393839867196392,0.0731620687051565,0.851855047008952,0.674462051092623,1.07590489329839]
["11103_24_HSPB1_HSP_27","FTjVRz","osteoporosis","HSPB1","Weighted mode",6,-0.084796980726115,0.058639756534006,0.207792648739047,-0.199730903532767,0.0301369420805367,0.918698779028852,0.818951100277247,1.03059565620386]
["11104_13_CHI3L1_YKL_40","FTjVRz","osteoporosis","CHI3L1","MR Egger",4,-0.148194475544028,0.142114743292095,0.406532339689461,-0.426739372396534,0.130350421308478,0.862263409489614,0.652633624401655,1.13922752298628]
["11104_13_CHI3L1_YKL_40","FTjVRz","osteoporosis","CHI3L1","Weighted median",4,-0.00290740736401639,0.0762005454922363,0.969564355364148,-0.1522604765288,0.146445661800767,0.997096815051688,0.858764563593274,1.15771202112281]
["11104_13_CHI3L1_YKL_40","FTjVRz","osteoporosis","CHI3L1","Inverse variance weighted",4,0.0581971095095381,0.0620745612603888,0.34848313304716,-0.0634690305608238,0.1798632495799,1.0599238962008,0.938503183767873,1.19705365433833]
["11104_13_CHI3L1_YKL_40","FTjVRz","osteoporosis","CHI3L1","Simple mode",4,0.0124836611574075,0.106531645522588,0.914120204366299,-0.196318364066865,0.22128568638168,1.01256190731586,0.821750577173525,1.24767982478779]
["11104_13_CHI3L1_YKL_40","FTjVRz","osteoporosis","CHI3L1","Weighted mode",4,-0.0052814889380251,0.0852335808239265,0.95448811367133,-0.172339307352921,0.161776329476871,0.99473243360331,0.841693531906868,1.17559726545677]
["11107_25_TENM3_TEN3","FTjVRz","osteoporosis","TENM3","Wald ratio",1,-0.0143757056451613,0.204629032258065,0.943992670830141,-0.415448608870968,0.386697197580645,0.985727131436255,0.66004411263398,1.47211066510697]
["11109_56_SVEP1_SVEP1","FTjVRz","osteoporosis","SVEP1","MR Egger",6,-0.03574485860822,0.11184037205894,0.765263444488396,-0.254951987843743,0.183462270627303,0.964886444550497,0.774953704266238,1.2013696376338]
["11109_56_SVEP1_SVEP1","FTjVRz","osteoporosis","SVEP1","Weighted median",6,-0.0420600431869259,0.0829379357423342,0.612065909015707,-0.204618397241901,0.120498310868049,0.958812208703429,0.814958247396523,1.12805883552393]
["11109_56_SVEP1_SVEP1","FTjVRz","osteoporosis","SVEP1","Inverse variance weighted",6,-0.0584065779462253,0.0726274634918549,0.421284883234386,-0.200756406390261,0.0839432504978103,0.943266358163968,0.818111694064064,1.08756717316186]
["11109_56_SVEP1_SVEP1","FTjVRz","osteoporosis","SVEP1","Simple mode",6,0.0304932401275302,0.153162749885795,0.850034821326869,-0.269705749648628,0.330692229903688,1.03096292084736,0.76360415207248,1.3919313315379]
["11109_56_SVEP1_SVEP1","FTjVRz","osteoporosis","SVEP1","Weighted mode",6,-0.0353261575509706,0.0913271431746297,0.714812624095892,-0.214327358173245,0.143675043071304,0.96529052811416,0.807084136184557,1.15450888190155]
["11110_4_TMEM119_TM119","FTjVRz","osteoporosis","TMEM119","MR Egger",3,0.712934867254299,1.29043641466803,0.678671252764435,-1.81632050549503,3.24219024000363,2.03996952139996,0.162623021947957,25.589708015465]
["11110_4_TMEM119_TM119","FTjVRz","osteoporosis","TMEM119","Weighted median",3,0.292140783994266,0.262930141045042,0.266526774097119,-0.223202292454017,0.807483860442549,1.33929155518207,0.799953008468336,2.24225904621123]
["11110_4_TMEM119_TM119","FTjVRz","osteoporosis","TMEM119","Inverse variance weighted",3,0.313562400438015,0.214360784208532,0.143527928949199,-0.106584736610707,0.733709537486737,1.3682908420458,0.898898875289901,2.08279249189471]
["11110_4_TMEM119_TM119","FTjVRz","osteoporosis","TMEM119","Simple mode",3,0.366670986272074,0.344437681622958,0.398594672562433,-0.308426869708923,1.04176884225307,1.4429230995003,0.734601671868968,2.83422588159168]
["11110_4_TMEM119_TM119","FTjVRz","osteoporosis","TMEM119","Weighted mode",3,0.210996548349697,0.338459737150795,0.596639034408404,-0.452384536465861,0.874377633165256,1.23490809258315,0.636109515383897,2.39738277803783]
["11116_16_C11orf87_CK087","FTjVRz","osteoporosis","C11orf87","MR Egger",7,0.185586221456103,0.221993930226888,0.441264577800822,-0.249521881788598,0.620694324700804,1.20392399938046,0.779173230938804,1.86021918968886]
["11116_16_C11orf87_CK087","FTjVRz","osteoporosis","C11orf87","Weighted median",7,0.0504525388468213,0.0942495003353802,0.592436694913212,-0.134276481810524,0.235181559504167,1.05174694504756,0.874348289783517,1.26513844579115]
["11116_16_C11orf87_CK087","FTjVRz","osteoporosis","C11orf87","Inverse variance weighted",7,0.044468996853797,0.0807521040596464,0.581849421604257,-0.11380512710311,0.202743120810704,1.04547256326927,0.892431849718092,1.22475781304094]
["11116_16_C11orf87_CK087","FTjVRz","osteoporosis","C11orf87","Simple mode",7,0.0315160372362386,0.138656892017141,0.827741113721393,-0.240251471117359,0.303283545589836,1.03201792617822,0.786430071749578,1.35429841534892]
["11116_16_C11orf87_CK087","FTjVRz","osteoporosis","C11orf87","Weighted mode",7,0.0343071294471415,0.10777614491365,0.761031877454279,-0.176934114583613,0.245548373477896,1.0349024069268,0.837834983811332,1.27832211898193]
["11117_2_SPATA20_SPT20","FTjVRz","osteoporosis","SPATA20","MR Egger",4,0.041045898735236,0.209859654211798,0.863002822410506,-0.370279023519887,0.45237082099036,1.04189992633688,0.690541626398871,1.57203478400265]
["11117_2_SPATA20_SPT20","FTjVRz","osteoporosis","SPATA20","Weighted median",4,-0.039033726424141,0.0877401768571191,0.656407493627512,-0.211004473064094,0.132937020215812,0.961718273281008,0.809770444718074,1.1421780619378]
["11117_2_SPATA20_SPT20","FTjVRz","osteoporosis","SPATA20","Inverse variance weighted",4,-0.107178428851351,0.135176739412515,0.427849914562419,-0.37212483809988,0.157767980397177,0.89836536438883,0.689268190221856,1.17089449271365]
["11117_2_SPATA20_SPT20","FTjVRz","osteoporosis","SPATA20","Simple mode",4,-0.0346078993467458,0.152940541785924,0.835522074984873,-0.334371361247157,0.265155562553666,0.965984105009269,0.715787916970691,1.30363375660163]
["11117_2_SPATA20_SPT20","FTjVRz","osteoporosis","SPATA20","Weighted mode",4,-0.0346078993467458,0.0996090144312987,0.751209189022324,-0.229841567632091,0.1606257689386,0.965984105009269,0.794659492315609,1.17424544745758]
["11118_107_RAB17_RAB17","FTjVRz","osteoporosis","RAB17","MR Egger",8,0.383111872034884,0.157160812843006,0.0506292729643659,0.0750766788625916,0.691147065207177,1.46684211950248,1.0779668049842,1.99600376709009]
["11118_107_RAB17_RAB17","FTjVRz","osteoporosis","RAB17","Weighted median",8,0.160077417999864,0.078394121191264,0.0411558051358547,0.00642494046498701,0.313729895534742,1.1736017253731,1.00644562466951,1.36852004324724]
["11118_107_RAB17_RAB17","FTjVRz","osteoporosis","RAB17","Inverse variance weighted",8,0.0439405834294697,0.0852577902594837,0.606284035191727,-0.123164685479118,0.211045852338058,1.04492026746518,0.88411804916642,1.23496897997835]
["11118_107_RAB17_RAB17","FTjVRz","osteoporosis","RAB17","Simple mode",8,0.166931079665142,0.106747579227625,0.161842217628746,-0.0422941756210036,0.376156334951287,1.18167282121529,0.958587745945213,1.45667484516196]
["11118_107_RAB17_RAB17","FTjVRz","osteoporosis","RAB17","Weighted mode",8,0.163049132899684,0.0787526412437604,0.0771716535945163,0.00869395606191392,0.317404309737455,1.1770945223348,1.0087318582583,1.37355780246983]
["11120_49_NAT14_NAT14","FTjVRz","osteoporosis","NAT14","MR Egger",4,0.104056249061266,0.688100574912096,0.893675720229534,-1.24462087776644,1.45273337588897,1.10966287065495,0.28805009362701,4.27478314971365]
["11120_49_NAT14_NAT14","FTjVRz","osteoporosis","NAT14","Weighted median",4,0.126534244703441,0.163754314672004,0.439695298807411,-0.194424212053687,0.447492701460569,1.1348883144244,0.823308572758029,1.564384884154]
["11120_49_NAT14_NAT14","FTjVRz","osteoporosis","NAT14","Inverse variance weighted",4,0.178958460355282,0.129058396115606,0.165549375851793,-0.0739959960313065,0.431912916741871,1.19597106292297,0.92867541222112,1.54020098360108]
["11120_49_NAT14_NAT14","FTjVRz","osteoporosis","NAT14","Simple mode",4,0.139480397164528,0.238053011533742,0.599092825425251,-0.327103505441607,0.606064299770663,1.14967626858243,0.721009110797837,1.83320224772059]
["11120_49_NAT14_NAT14","FTjVRz","osteoporosis","NAT14","Weighted mode",4,0.0532368729637828,0.213749539766732,0.81939104469536,-0.365712224979012,0.472185970906578,1.05467944057822,0.693702402711715,1.6034955595226]
["11128_29_TMEM132C_T132C","FTjVRz","osteoporosis","TMEM132C","Wald ratio",1,0.946473333333333,0.575238333333333,0.099895883772094,-0.1809938,2.07394046666667,2.57660678408863,0.834440532211051,7.95611222554134]
["11129_66_BMP15_BMP15","FTjVRz","osteoporosis","BMP15","MR Egger",4,0.63797000195806,0.470445699201594,0.307879437967087,-0.284103568477064,1.56004357239318,1.89263493178708,0.752688685848329,4.75902860288575]
["11129_66_BMP15_BMP15","FTjVRz","osteoporosis","BMP15","Weighted median",4,0.24869703744687,0.164524266509868,0.130632315700223,-0.0737705249124717,0.571164599806211,1.2823534691316,0.928884825312763,1.77032757450866]
["11129_66_BMP15_BMP15","FTjVRz","osteoporosis","BMP15","Inverse variance weighted",4,0.223941122097064,0.133439355894717,0.0933033891622256,-0.0376000154565802,0.485482259650709,1.25099736115876,0.963098088208658,1.62495847181779]
["11129_66_BMP15_BMP15","FTjVRz","osteoporosis","BMP15","Simple mode",4,0.228155191474432,0.216142105667361,0.368652762861184,-0.195483335633596,0.65179371858246,1.25628027429282,0.822437048842314,1.91897985359344]
["11129_66_BMP15_BMP15","FTjVRz","osteoporosis","BMP15","Weighted mode",4,0.285002794900493,0.19405095479998,0.238232589046632,-0.0953370765074676,0.665342666308455,1.32976574467922,0.909066457871428,1.94515694689988]
["11130_158_CACNB4_CACB4","FTjVRz","osteoporosis","CACNB4","Inverse variance weighted",2,-0.0824616960061743,0.16732754726972,0.622142589688598,-0.410423688654825,0.245500296642477,0.920846709287949,0.66336912861277,1.27826066277713]
["11134_30_MTRF1L_RF1ML","FTjVRz","osteoporosis","MTRF1L","MR Egger",3,0.182610592120298,0.332070476648383,0.679921533894217,-0.468247542110532,0.833468726351128,1.20034689252129,0.626098518724497,2.30128744805342]
["11134_30_MTRF1L_RF1ML","FTjVRz","osteoporosis","MTRF1L","Weighted median",3,0.147893215104031,0.118649522874508,0.212591450028885,-0.084659849730005,0.380446279938068,1.1593890845097,0.918824769745964,1.46293732335043]
["11134_30_MTRF1L_RF1ML","FTjVRz","osteoporosis","MTRF1L","Inverse variance weighted",3,0.170236530795089,0.123653628073441,0.168598562812014,-0.0721245802288553,0.412597641819033,1.1855852455789,0.930414977279977,1.51073704621955]
["11134_30_MTRF1L_RF1ML","FTjVRz","osteoporosis","MTRF1L","Simple mode",3,0.0441398192094962,0.188030949782906,0.836248966645981,-0.324400842365,0.412680480783992,1.04512847371011,0.72296039113841,1.51086219929649]
["11134_30_MTRF1L_RF1ML","FTjVRz","osteoporosis","MTRF1L","Weighted mode",3,0.145677999588967,0.126200945946776,0.367665060120353,-0.101675854466714,0.393031853644649,1.15682363038768,0.903322312110407,1.48146557865579]
["11135_5_MRPL55_RM55","FTjVRz","osteoporosis","MRPL55","Inverse variance weighted",2,0.0569797647507714,0.156461775254502,0.7157259132355,-0.249685314748052,0.363644844249595,1.05863438844807,0.779045898757166,1.43856320942413]
["11137_43_CSF2RB_IL3RB","FTjVRz","osteoporosis","CSF2RB","MR Egger",3,1.18653719427645,1.38019435847552,0.547941452455862,-1.51864374833557,3.89171813688848,3.27571836877005,0.219008716555246,48.9949943558103]
["11137_43_CSF2RB_IL3RB","FTjVRz","osteoporosis","CSF2RB","Weighted median",3,0.0812593771639148,0.159055870187328,0.609431061574634,-0.230490128403248,0.393008882731078,1.08465219409404,0.794144274435578,1.48143154842887]
["11137_43_CSF2RB_IL3RB","FTjVRz","osteoporosis","CSF2RB","Inverse variance weighted",3,-0.079939409997695,0.320231584399607,0.802873497272834,-0.707593315420925,0.547714495425535,0.923172279702674,0.492828854946029,1.72929618357018]
["11137_43_CSF2RB_IL3RB","FTjVRz","osteoporosis","CSF2RB","Simple mode",3,0.11368610348287,0.191740007317703,0.613350573635383,-0.262124310859829,0.489496517825568,1.12040037990424,0.769415371076025,1.63149458469231]
["11137_43_CSF2RB_IL3RB","FTjVRz","osteoporosis","CSF2RB","Weighted mode",3,0.124447659746089,0.145689141065595,0.482982235715311,-0.161103056742477,0.409998376234656,1.13252274238105,0.851204344239906,1.50681533839634]
["11138_16_RUNX3_RUNX3","FTjVRz","osteoporosis","RUNX3","Wald ratio",1,0.327187050359712,0.327294964028777,0.317470096346052,-0.314311079136691,0.968685179856115,1.38706090315756,0.730291814273391,2.63447831601743]
["11140_56_COL1A1_CO1A1","FTjVRz","osteoporosis","COL1A1","MR Egger",3,1.4352417895029,0.960005670612516,0.37530893485301,-0.446369324897629,3.31685290390344,4.20066056163703,0.639947379911007,27.5734376106776]
["11140_56_COL1A1_CO1A1","FTjVRz","osteoporosis","COL1A1","Weighted median",3,0.561581530980847,0.275154050641009,0.0412536760690063,0.0222795917244685,1.10088347023722,1.75344343367356,1.02252963533187,3.00682128796693]
["11140_56_COL1A1_CO1A1","FTjVRz","osteoporosis","COL1A1","Inverse variance weighted",3,0.434434843461694,0.262768475051926,0.0982700369276491,-0.0805913676400807,0.949461054563469,1.54409015966274,0.922570606633673,2.58431647835275]
["11140_56_COL1A1_CO1A1","FTjVRz","osteoporosis","COL1A1","Simple mode",3,0.654455060363355,0.34937895908911,0.201909437066716,-0.0303276994513002,1.33923782017801,1.92409371670494,0.97012757118054,3.81613381646119]
["11140_56_COL1A1_CO1A1","FTjVRz","osteoporosis","COL1A1","Weighted mode",3,0.664040842079883,0.342152904668469,0.191807583350425,-6.57885107031675E-3,1.33466053523008,1.9426263420168,0.993442742191486,3.79870620059365]
["11142_11_ANGPTL1_ANGL1","FTjVRz","osteoporosis","ANGPTL1","MR Egger",5,0.078941584908371,0.111967647946146,0.531595338117918,-0.140515005066074,0.298398174882816,1.08214110685206,0.86891062677359,1.34769830067245]
["11142_11_ANGPTL1_ANGL1","FTjVRz","osteoporosis","ANGPTL1","Weighted median",5,0.0579853274451267,0.0698293071159514,0.40632018650836,-0.0788801145021381,0.194850769392392,1.05969944709793,0.924150710072136,1.21512963842446]
["11142_11_ANGPTL1_ANGL1","FTjVRz","osteoporosis","ANGPTL1","Inverse variance weighted",5,0.0572963805925063,0.0674749966443578,0.395797936863447,-0.0749546128304351,0.189547374015448,1.05896962193337,0.927785594935068,1.20870238371851]
["11142_11_ANGPTL1_ANGL1","FTjVRz","osteoporosis","ANGPTL1","Simple mode",5,0.0188835007057458,0.162322532475337,0.912995222040245,-0.299268662945915,0.337035664357406,1.01906292159057,0.741360206659901,1.40078902108798]
["11142_11_ANGPTL1_ANGL1","FTjVRz","osteoporosis","ANGPTL1","Weighted mode",5,0.0597633410732236,0.0710771227413461,0.447772334434675,-0.0795478194998148,0.199074501646262,1.06158528318087,0.92353385598561,1.22027287485146]
["11143_32_OLFM3_NOE3","FTjVRz","osteoporosis","OLFM3","MR Egger",4,0.548058389412141,0.648847264403237,0.487229818976497,-0.723682248818203,1.81979902764248,1.72989098039644,0.484963208920346,6.17061820157262]
["11143_32_OLFM3_NOE3","FTjVRz","osteoporosis","OLFM3","Weighted median",4,0.494198928187105,0.186779707669354,0.00814758324772547,0.128110701155171,0.860287155219039,1.63918460838513,1.13667882739171,2.36383938507264]
["11143_32_OLFM3_NOE3","FTjVRz","osteoporosis","OLFM3","Inverse variance weighted",4,0.378748873494919,0.153327172827178,0.0135037306399089,0.0782276147536505,0.679270132236188,1.46045623041912,1.08136876614549,1.9724375881253]
["11143_32_OLFM3_NOE3","FTjVRz","osteoporosis","OLFM3","Simple mode",4,0.503207652083649,0.256724534370118,0.144837033306016,{"v":2.75647182190752e-05,"d":"2.76E-05"},1.00638773944908,1.65401828586856,1.00002756509813,2.73570108011883]
["11143_32_OLFM3_NOE3","FTjVRz","osteoporosis","OLFM3","Weighted mode",4,0.507452667357551,0.218397792401859,0.102752957687456,0.079392994249908,0.935512340465194,1.66105454269804,1.0826297057273,2.54851883263653]
["11145_72_KIAA1549L_K154L","FTjVRz","osteoporosis","KIAA1549L","MR Egger",4,-0.388743361213023,0.236140653114091,0.24146188081588,-0.851579041316642,0.0740923188905952,0.677908225235794,0.426740558683576,1.07690621969472]
["11145_72_KIAA1549L_K154L","FTjVRz","osteoporosis","KIAA1549L","Weighted median",4,-0.150572654523158,0.0720642718952567,0.0366697782463011,-0.291818627437861,-0.0093266816084549,0.860215229209666,0.746903991579645,0.990716676984492]
["11145_72_KIAA1549L_K154L","FTjVRz","osteoporosis","KIAA1549L","Inverse variance weighted",4,-0.0924032656154443,0.10356827371987,0.372287543910556,-0.29539708210639,0.110590550875502,0.91173740305535,0.744236005983827,1.11693748414018]
["11145_72_KIAA1549L_K154L","FTjVRz","osteoporosis","KIAA1549L","Simple mode",4,-0.124522442374056,0.0970375478876105,0.28955568720624,-0.314716036233772,0.0656711514856607,0.882918446358007,0.729996137292547,1.06787549015048]
["11145_72_KIAA1549L_K154L","FTjVRz","osteoporosis","KIAA1549L","Weighted mode",4,-0.147156509689733,0.0739149674557581,0.140562531916151,-0.292029845903019,-0.00228317347644699,0.863158874116529,0.746746248324654,0.997719430981595]
["11146_4_TBX22_TBX22","FTjVRz","osteoporosis","TBX22","MR Egger",3,-0.668964461969153,1.05256496687764,0.639574859832031,-2.73199179704933,1.39406287311102,0.512238745936815,0.0650895153643491,4.03119506068157]
["11146_4_TBX22_TBX22","FTjVRz","osteoporosis","TBX22","Weighted median",3,0.049270152492564,0.187311787914073,0.792521148666094,-0.317860951819019,0.416401256804147,1.05050410871276,0.727703967293008,1.51649425044022]
["11146_4_TBX22_TBX22","FTjVRz","osteoporosis","TBX22","Inverse variance weighted",3,0.072415579272054,0.240079534278301,0.762932899416734,-0.398140307913416,0.542971466457524,1.07510204136205,0.671567794775353,1.72111350236425]
["11146_4_TBX22_TBX22","FTjVRz","osteoporosis","TBX22","Simple mode",3,0.430843590039689,0.374727754254658,0.369175259328299,-0.303622808299441,1.16530998837882,1.53855488582759,0.738139233941237,3.20691683608896]
["11146_4_TBX22_TBX22","FTjVRz","osteoporosis","TBX22","Weighted mode",3,-0.102955380737444,0.19886290579207,0.656228040795635,-0.492726676089901,0.286815914615013,0.902167226619831,0.610958235740752,1.3321789562262]
["11149_3_TLR1_TLR1","FTjVRz","osteoporosis","TLR1","MR Egger",5,2.38965547549954,0.934840544493535,0.0834888876617079,0.557368008292217,4.22194294270687,10.9097346246189,1.74607080326297,68.1657979488488]
["11149_3_TLR1_TLR1","FTjVRz","osteoporosis","TLR1","Weighted median",5,0.414196388117411,0.244696553382407,0.0905137276367769,-0.0654088565121067,0.89380163274693,1.51315426322352,0.936684415553853,2.44440473898318]
["11149_3_TLR1_TLR1","FTjVRz","osteoporosis","TLR1","Inverse variance weighted",5,0.482324173835481,0.215563099612906,0.0252531528251779,0.0598204985941841,0.904827849076778,1.61983480826062,1.06164596249807,2.47150641432169]
["11149_3_TLR1_TLR1","FTjVRz","osteoporosis","TLR1","Simple mode",5,0.919366648604369,0.41980163706012,0.0936918126856429,0.0965554399665338,1.7421778572422,2.50770163054039,1.10137063940263,5.7097649445474]
["11149_3_TLR1_TLR1","FTjVRz","osteoporosis","TLR1","Weighted mode",5,0.164832284473133,0.352700733205129,0.664577558462865,-0.526461152608919,0.856125721555185,1.17919533275945,0.590691642870977,2.35402286384709]
["11152_46_KLK13_kallikrein_13","FTjVRz","osteoporosis","KLK13","MR Egger",6,0.302893953479597,0.291133102056813,0.356905943217644,-0.267726926551757,0.873514833510951,1.35377089413711,0.765116685630079,2.39531520908285]
["11152_46_KLK13_kallikrein_13","FTjVRz","osteoporosis","KLK13","Weighted median",6,-0.128402438576044,0.149661733915364,0.390919505156237,-0.421739437050156,0.164934559898069,0.879499363443179,0.655904921650885,1.17931594163075]
["11152_46_KLK13_kallikrein_13","FTjVRz","osteoporosis","KLK13","Inverse variance weighted",6,-0.049342453463431,0.145817689471429,0.735073414287452,-0.335145124827433,0.236460217900571,0.951855107799676,0.715234280568802,1.26675716035842]
["11152_46_KLK13_kallikrein_13","FTjVRz","osteoporosis","KLK13","Simple mode",6,-0.0441097618384849,0.236155711111139,0.859173455446931,-0.506974955616317,0.418755431939347,0.956848926211647,0.602314854898499,1.52006854910904]
["11152_46_KLK13_kallikrein_13","FTjVRz","osteoporosis","KLK13","Weighted mode",6,-0.0656298697406232,0.178372143889153,0.727981975888676,-0.415239271763364,0.283979532282117,0.936477418782425,0.660182298822654,1.3284057410406]
["11154_3_NFE2L1_NF2L1","FTjVRz","osteoporosis","NFE2L1","Inverse variance weighted",2,-0.258076727606535,0.220285399976959,0.241375279123763,-0.689836111561374,0.173682656348305,0.772535954998073,0.501658278321256,1.18967796915851]
["11155_16_COL6A5_CO6A5","FTjVRz","osteoporosis","COL6A5","MR Egger",3,0.320397992474031,0.817719970246676,0.762264713581098,-1.28233314920945,1.92312913415752,1.37767595990356,0.277389354117113,6.84233559192351]
["11155_16_COL6A5_CO6A5","FTjVRz","osteoporosis","COL6A5","Weighted median",3,0.157369756131438,0.238724681437292,0.509760767924733,-0.310530619485655,0.625270131748531,1.17042830694343,0.733057878212939,1.86875069814957]
["11155_16_COL6A5_CO6A5","FTjVRz","osteoporosis","COL6A5","Inverse variance weighted",3,0.226868577263613,0.201933791148451,0.261233686722261,-0.168921653387351,0.622658807914578,1.25466496560153,0.844575070389913,1.86387715088623]
["11155_16_COL6A5_CO6A5","FTjVRz","osteoporosis","COL6A5","Simple mode",3,0.0912794585986535,0.286005792528059,0.7798612436187,-0.469291894756342,0.651850811953649,1.09557513037248,0.625444992395303,1.91908941775019]
["11155_16_COL6A5_CO6A5","FTjVRz","osteoporosis","COL6A5","Weighted mode",3,0.129805971634686,0.259778189134465,0.666856302630999,-0.379359279068866,0.638971222338237,1.13860743975039,0.684299713931742,1.8945308253983]
["11160_56_RNF122_RN122","FTjVRz","osteoporosis","RNF122","MR Egger",4,0.922454635446157,0.548376686308955,0.234564860228709,-0.152363669719394,1.99727294061171,2.51545734879359,0.858675949510251,7.36893315482822]
["11160_56_RNF122_RN122","FTjVRz","osteoporosis","RNF122","Weighted median",4,0.167401776832538,0.128845854553259,0.193861341778538,-0.0851360980918487,0.419939651756925,1.18222916218881,0.918387285138484,1.52186971068409]
["11160_56_RNF122_RN122","FTjVRz","osteoporosis","RNF122","Inverse variance weighted",4,0.048355768212617,0.234492421308939,0.836623259305834,-0.411249377552904,0.507960913978138,1.04954398329842,0.662821618155706,1.66189898262967]
["11160_56_RNF122_RN122","FTjVRz","osteoporosis","RNF122","Simple mode",4,0.162375757588371,0.161984101597056,0.390003647235713,-0.155113081541859,0.479864596718601,1.17630216275201,0.856318338210343,1.61585559522978]
["11160_56_RNF122_RN122","FTjVRz","osteoporosis","RNF122","Weighted mode",4,0.165681000736462,0.136738553803249,0.312372685571965,-0.102326564717906,0.43368856619083,1.18019655983476,0.902734702224409,1.54293827014036]
["11162_37_EQTN_EQTN","FTjVRz","osteoporosis","EQTN","Wald ratio",1,-0.0175408364083641,0.249682656826568,0.943992670830141,-0.506918843788438,0.47183717097171,0.982612108496428,0.602348652834189,1.60293635790629]
["11163_7_FAM162B_F162B","FTjVRz","osteoporosis","FAM162B","MR Egger",3,-0.54766582242267,0.361601069858802,0.371501454535292,-1.25640391934592,0.161072274500581,0.578298086637064,0.284675905535406,1.17476987165145]
["11163_7_FAM162B_F162B","FTjVRz","osteoporosis","FAM162B","Weighted median",3,-0.208745701205981,0.15439975083249,0.176381037778412,-0.511369212837662,0.0938778104256996,0.811601598711136,0.599673935187661,1.09842552157005]
["11163_7_FAM162B_F162B","FTjVRz","osteoporosis","FAM162B","Inverse variance weighted",3,-0.181843427217056,0.141004474744447,0.1971795819645,-0.458212197716172,0.0945253432820597,0.833731869915887,0.632413265317668,1.0991370185195]
["11163_7_FAM162B_F162B","FTjVRz","osteoporosis","FAM162B","Simple mode",3,-0.132546606875581,0.248918697333897,0.647624020890992,-0.620427253650019,0.355334039898858,0.875862111958436,0.53771464796293,1.42665713510036]
["11163_7_FAM162B_F162B","FTjVRz","osteoporosis","FAM162B","Weighted mode",3,-0.258851260133014,0.144455780012701,0.215021473317893,-0.541984588957907,0.0242820686918795,0.771937832435643,0.581592883472481,1.0245792788722]
["11164_7_TENM2_TEN2","FTjVRz","osteoporosis","TENM2","MR Egger",3,0.324727910216012,0.441590330196895,0.596341335831578,-0.540789136969902,1.19024495740193,1.38365411660847,0.582288565585671,3.28788650088287]
["11164_7_TENM2_TEN2","FTjVRz","osteoporosis","TENM2","Weighted median",3,0.243578217018808,0.159663138632855,0.127115548126304,-0.0693615347015873,0.556517968739204,1.27580610368815,0.93298931108441,1.74458720466591]
["11164_7_TENM2_TEN2","FTjVRz","osteoporosis","TENM2","Inverse variance weighted",3,0.235597011797041,0.134549077042593,0.0799438899783966,-0.0281191792064408,0.499313202800524,1.26566415965622,0.972272485232813,1.64758932230268]
["11164_7_TENM2_TEN2","FTjVRz","osteoporosis","TENM2","Simple mode",3,0.251141472529612,0.189900700987515,0.316976628107536,-0.121063901405917,0.623346846465141,1.28549193326317,0.88597734258614,1.86516001149773]
["11164_7_TENM2_TEN2","FTjVRz","osteoporosis","TENM2","Weighted mode",3,0.273608605653644,0.204153764814853,0.312139808022482,-0.126532773383468,0.673749984690756,1.31470013532631,0.881145270958437,1.96157943848121]
["11167_6_MTMR1_MTMR1","FTjVRz","osteoporosis","MTMR1","MR Egger",7,0.487674938892542,0.244259407447231,0.102390268828474,0.00892650029596925,0.966423377489115,1.62852539365642,1.00896646031227,2.62852638031496]
["11167_6_MTMR1_MTMR1","FTjVRz","osteoporosis","MTMR1","Weighted median",7,0.175675542924789,0.103481526676832,0.0895736041897491,-0.0271482493618006,0.378499335211379,1.19205122644441,0.973216952037156,1.46009183614525]
["11167_6_MTMR1_MTMR1","FTjVRz","osteoporosis","MTMR1","Inverse variance weighted",7,0.12066528894935,0.103187805296894,0.242252385991697,-0.0815828094325625,0.322913387331263,1.12824721235085,0.921656384851469,1.38114572100816]
["11167_6_MTMR1_MTMR1","FTjVRz","osteoporosis","MTMR1","Simple mode",7,0.128848321833664,0.117582040697272,0.315183508161037,-0.101612477932989,0.359309121600316,1.13751757450018,0.903379563361559,1.43233950022278]
["11167_6_MTMR1_MTMR1","FTjVRz","osteoporosis","MTMR1","Weighted mode",7,0.162746245422093,0.125586381841769,0.242628048926354,-0.0834030629877749,0.408895553831961,1.1767380491324,0.9199802624869,1.50515450465509]
["11168_3_MEGF10_MEG10","FTjVRz","osteoporosis","MEGF10","MR Egger",4,0.538909180860583,0.430152149320244,0.336892175244479,-0.304189031807096,1.38200739352826,1.71413602961171,0.73772140045979,3.9828888333478]
["11168_3_MEGF10_MEG10","FTjVRz","osteoporosis","MEGF10","Weighted median",4,0.267383887343627,0.169940018871606,0.115625870728224,-0.0656985496447208,0.600466324331975,1.30654191497584,0.936413103811712,1.82296869687118]
["11168_3_MEGF10_MEG10","FTjVRz","osteoporosis","MEGF10","Inverse variance weighted",4,0.221000122102444,0.139058720206204,0.112002256499496,-0.0515549695017169,0.493555213706604,1.24732358286531,0.949751441163791,1.63812978105674]
["11168_3_MEGF10_MEG10","FTjVRz","osteoporosis","MEGF10","Simple mode",4,0.254679976251855,0.223434397447671,0.337117992467471,-0.183251442745579,0.69261139524929,1.29004870858253,0.832558788548615,1.99892871639333]
["11168_3_MEGF10_MEG10","FTjVRz","osteoporosis","MEGF10","Weighted mode",4,0.308084580348299,0.206730600757622,0.232932232008678,-0.0971073971366412,0.713276557833238,1.36081608236798,0.907458542450626,2.04066667886603]
["11173_29_MILR1_MILR1","FTjVRz","osteoporosis","MILR1","MR Egger",5,-0.88263905004381,0.771485899213157,0.335605731118245,-2.3947514125016,0.629473312413979,0.413689721946014,0.0911953461280491,1.87662192545956]
["11173_29_MILR1_MILR1","FTjVRz","osteoporosis","MILR1","Weighted median",5,0.045267324202044,0.188193639333164,0.809914844951063,-0.323592208890958,0.414126857295046,1.04630752585075,0.723545237542412,1.51304905602085]
["11173_29_MILR1_MILR1","FTjVRz","osteoporosis","MILR1","Inverse variance weighted",5,0.157991080537846,0.174767357767939,0.365991186750303,-0.184552940687314,0.500535101763007,1.17115574858171,0.831475919827507,1.64960374044329]
["11173_29_MILR1_MILR1","FTjVRz","osteoporosis","MILR1","Simple mode",5,0.021107605331919,0.300655291119141,0.947399995904139,-0.568176765261596,0.610391975925434,1.02133194648789,0.566557464851904,1.84115294498751]
["11173_29_MILR1_MILR1","FTjVRz","osteoporosis","MILR1","Weighted mode",5,-0.0278578682610835,0.21521755496574,0.903257008113234,-0.449684275993934,0.393968539471767,0.972526583873006,0.637829497919441,1.48285389657403]
["11174_8_THSD7A_THS7A","FTjVRz","osteoporosis","THSD7A","Inverse variance weighted",2,0.0857032138866685,0.0904174751875026,0.343200134527652,-0.0915150374808365,0.262921465254173,1.08948293691208,0.912547593631884,1.30072456286744]
["11177_16_KRT5_K2C5","FTjVRz","osteoporosis","KRT5","Inverse variance weighted",2,0.204105472251923,0.36714599888815,0.578262438316848,-0.515500685568851,0.923711630072698,1.22642750070514,0.597201509573163,2.51862125325318]
["11178_21_SVEP1_SVEP1","FTjVRz","osteoporosis","SVEP1","MR Egger",4,0.0262643655358039,0.195303287374514,0.905335389915005,-0.356530077718243,0.409058808789851,1.0266123135164,0.700101413699875,1.50540024864928]
["11178_21_SVEP1_SVEP1","FTjVRz","osteoporosis","SVEP1","Weighted median",4,0.0702525300583401,0.083859158673283,0.402174341703579,-0.0941114209412946,0.234616481057975,1.07277905600837,0.910181343328754,1.26442374527394]
["11178_21_SVEP1_SVEP1","FTjVRz","osteoporosis","SVEP1","Inverse variance weighted",4,0.0865875643561651,0.0799217230848698,0.27862886410047,-0.0700590128901797,0.24323414160251,1.09044684781355,0.932338798275359,1.27536720568324]
["11178_21_SVEP1_SVEP1","FTjVRz","osteoporosis","SVEP1","Simple mode",4,0.252914400882897,0.126595515295135,0.139621374239229,4.78719090443283E-3,0.501041610861362,1.28777303988136,1.00479866780955,1.65043949138636]
["11178_21_SVEP1_SVEP1","FTjVRz","osteoporosis","SVEP1","Weighted mode",4,0.0638595112284636,0.0875219237730222,0.518418957597791,-0.10768345936666,0.235402481823587,1.06594263527035,0.897911777013291,1.26541797398686]
["11179_7_TSSK1B_TSSK1","FTjVRz","osteoporosis","TSSK1B","Wald ratio",1,0.202178431372549,0.80918431372549,0.802699785794611,-1.38382282352941,1.78817968627451,1.22406640047468,0.250618648589324,5.97855970098337]
["11180_17_SMARCC1_SMRC1","FTjVRz","osteoporosis","SMARCC1","MR Egger",4,0.445554744349115,0.323231968359112,0.302009346501429,-0.187979913634744,1.07908940233297,1.5613561091087,0.828631351257505,2.94199935321234]
["11180_17_SMARCC1_SMRC1","FTjVRz","osteoporosis","SMARCC1","Weighted median",4,0.251963029683084,0.144999048567352,0.0822658979545288,-0.0322351055089258,0.536161164875094,1.28654847230085,0.968278907611129,1.70943202270435]
["11180_17_SMARCC1_SMRC1","FTjVRz","osteoporosis","SMARCC1","Inverse variance weighted",4,0.216819746101303,0.122566591476708,0.0768946291925374,-0.023410773193045,0.457050265395651,1.24212018495141,0.976861132980091,1.57940827183588]
["11180_17_SMARCC1_SMRC1","FTjVRz","osteoporosis","SMARCC1","Simple mode",4,0.235042599437061,0.181508518491175,0.285993791078739,-0.120714096805642,0.590799295679765,1.26496265428211,0.886287315748174,1.80543091195847]
["11180_17_SMARCC1_SMRC1","FTjVRz","osteoporosis","SMARCC1","Weighted mode",4,0.273265014880527,0.171766385197632,0.209860168185869,-0.0633971001068317,0.609927129867886,1.31424849408473,0.938570693155916,1.84029729118874]
["11185_145_GCH1_GCH1","FTjVRz","osteoporosis","GCH1","MR Egger",3,0.28678989379084,0.416623768591313,0.616197485797571,-0.529792692648134,1.10337248022981,1.33214429228281,0.588727004464832,3.01431461781651]
["11185_145_GCH1_GCH1","FTjVRz","osteoporosis","GCH1","Weighted median",3,0.276016118619483,0.151572189543258,0.0686036863428385,-0.0210653728853036,0.573097610124269,1.31786910608676,0.979154952292758,1.77375294554873]
["11185_145_GCH1_GCH1","FTjVRz","osteoporosis","GCH1","Inverse variance weighted",3,0.242132679559281,0.130464456374651,0.0634637754895248,-0.0135776549350353,0.497843014053596,1.27396321048066,0.986514105654387,1.64516883474424]
["11185_145_GCH1_GCH1","FTjVRz","osteoporosis","GCH1","Simple mode",3,0.300978021548682,0.17902417033999,0.234742196043887,-0.0499093523176988,0.651865395415063,1.35117964437563,0.951315655151627,1.91911740492074]
["11185_145_GCH1_GCH1","FTjVRz","osteoporosis","GCH1","Weighted mode",3,0.306930296744956,0.18683699893346,0.24214125968189,-0.0592702211646246,0.673130814654537,1.35924622088392,0.942452064250917,1.96036526319851]
["11187_11_CLEC12A_CL12A","FTjVRz","osteoporosis","CLEC12A","MR Egger",10,-0.0308292351633292,0.0951475562859209,0.754235621475231,-0.217318445483734,0.155659975157076,0.969641139549982,0.804673683800201,1.16842884070413]
["11187_11_CLEC12A_CL12A","FTjVRz","osteoporosis","CLEC12A","Weighted median",10,-0.0197674049789966,0.0457206325953509,0.665485630101632,-0.109379844865884,0.0698450349078911,0.980426689154408,0.89638986373596,1.07234199280216]
["11187_11_CLEC12A_CL12A","FTjVRz","osteoporosis","CLEC12A","Inverse variance weighted",10,-0.0227606816468787,0.0598603188086755,0.703774783260729,-0.140086906511883,0.0945655432181253,0.977496388609205,0.869282685789915,1.0991812046455]
["11187_11_CLEC12A_CL12A","FTjVRz","osteoporosis","CLEC12A","Simple mode",10,0.311126952814746,0.132071572169467,0.0428994039939741,0.0522666713625903,0.569987234266901,1.36496249601796,1.05365668511595,1.76824447835259]
["11187_11_CLEC12A_CL12A","FTjVRz","osteoporosis","CLEC12A","Weighted mode",10,-0.0270909541062134,0.048216362747067,0.58792696405945,-0.121595025090465,0.0674131168780379,0.973272714348607,0.885506903977122,1.06973731344276]
["11192_168_TINAGL1_TINAL","FTjVRz","osteoporosis","TINAGL1","MR Egger",11,-0.584366590735922,0.366841011666526,0.145631048824877,-1.30337497360231,0.134641792130468,0.557458849607186,0.271613555811519,1.14412687568883]
["11192_168_TINAGL1_TINAL","FTjVRz","osteoporosis","TINAGL1","Weighted median",11,-0.20740333629862,0.126534572243803,0.10119158109367,-0.455411097896473,0.0406044252992338,0.812691795773437,0.63418720132716,1.04144005671401]
["11192_168_TINAGL1_TINAL","FTjVRz","osteoporosis","TINAGL1","Inverse variance weighted",11,-0.0966178022255869,0.10283611336781,0.347457755638538,-0.298176584426494,0.10494097997532,0.907902938313102,0.74217027246397,1.11064505812254]
["11192_168_TINAGL1_TINAL","FTjVRz","osteoporosis","TINAGL1","Simple mode",11,-0.143150005042288,0.171639299448431,0.423746278596439,-0.479563031961212,0.193263021876636,0.866624061165882,0.619053839455479,1.21320185018521]
["11192_168_TINAGL1_TINAL","FTjVRz","osteoporosis","TINAGL1","Weighted mode",11,-0.175763614916225,0.148938394777732,0.26526724495275,-0.467682868680579,0.116155638848129,0.838816243551276,0.626452159759005,1.12317066751937]
["11196_31_COL6A3_Collagen_alpha_3_VI_","FTjVRz","osteoporosis","COL6A3","Inverse variance weighted",2,0.306859179920293,0.236465039511968,0.19439262701493,-0.156612297523164,0.77033065736375,1.35914955904594,0.855035493943209,2.16048051448198]
["11198_37_CREB3L1_CR3L1","FTjVRz","osteoporosis","CREB3L1","Inverse variance weighted",2,0.42149801708713,0.228940504213582,0.0656096865762056,-0.027225371171491,0.870221405345752,1.5242431885708,0.973141898678756,2.38743938685497]
["11201_19_PUS1_TRUA","FTjVRz","osteoporosis","PUS1","Wald ratio",1,0.788727777777778,0.479365277777778,0.0998958837720939,-0.150828166666667,1.72828372222222,2.2005949987551,0.859995461850382,5.6309812823041]
["11202_70_TBX5_TBX5","FTjVRz","osteoporosis","TBX5","Inverse variance weighted",2,0.507156856086358,0.243018541281671,0.0368966308760393,0.0308405151742822,0.983473196998434,1.66056325670979,1.03132101071814,2.67372651277076]
["11205_10_ITGB7_Integrin_beta_7","FTjVRz","osteoporosis","ITGB7","Wald ratio",1,0.449295532646048,0.418269759450172,0.282743597414087,-0.370513195876289,1.26910426116838,1.5672077498198,0.690379939571055,3.55766439653689]
["11207_3_MSR1_Macrophage_scavenger_receptor","FTjVRz","osteoporosis","MSR1","MR Egger",3,-0.374612841709479,0.684429676246153,0.681183725114129,-1.71609500715194,0.966869323732982,0.687555420049316,0.179766767004381,2.62969882318498]
["11207_3_MSR1_Macrophage_scavenger_receptor","FTjVRz","osteoporosis","MSR1","Weighted median",3,0.0775254778966914,0.13827493665648,0.575028098290657,-0.19349339795001,0.348544353743393,1.08060976377176,0.824075276763324,1.41700339093444]
["11207_3_MSR1_Macrophage_scavenger_receptor","FTjVRz","osteoporosis","MSR1","Inverse variance weighted",3,0.0600845140409622,0.186215054636792,0.74695126586557,-0.304896993047151,0.425066021129075,1.06192629043501,0.737199307135031,1.52969140828356]
["11207_3_MSR1_Macrophage_scavenger_receptor","FTjVRz","osteoporosis","MSR1","Simple mode",3,0.41075238072733,0.325087031564175,0.33374237054916,-0.226418201138453,1.04792296259311,1.50795191236821,0.797384564795004,2.8517218296037]
["11207_3_MSR1_Macrophage_scavenger_receptor","FTjVRz","osteoporosis","MSR1","Weighted mode",3,-0.135367165992154,0.168102375420311,0.505184501770203,-0.464847821815964,0.194113489831656,0.873395171804451,0.628230700922886,1.21423407835804]
["11208_15_NAGPA_NAGPA","FTjVRz","osteoporosis","NAGPA","Inverse variance weighted",2,0.183012641552383,0.193631107530371,0.344576501382791,-0.196504329207145,0.562529612311911,1.20082958833502,0.821597774420599,1.75510662895572]
["11211_7_TBCE_TBCE","FTjVRz","osteoporosis","TBCE","MR Egger",6,0.194964627890688,0.413216851642156,0.661640439532015,-0.614940401327939,1.00486965710931,1.21526799913695,0.540673117748937,2.73155121134045]
["11211_7_TBCE_TBCE","FTjVRz","osteoporosis","TBCE","Weighted median",6,0.0579789603545214,0.135949927897122,0.669763289100998,-0.208482898323837,0.32444081903288,1.05969269991702,0.811814917979661,1.38325693872695]
["11211_7_TBCE_TBCE","FTjVRz","osteoporosis","TBCE","Inverse variance weighted",6,0.0276967755165568,0.108454028747448,0.798431142783175,-0.184873120828442,0.240266671861556,1.02808389694443,0.831209740365115,1.27158820190457]
["11211_7_TBCE_TBCE","FTjVRz","osteoporosis","TBCE","Simple mode",6,0.0603573454469907,0.171471982951411,0.739191362502955,-0.275727741137776,0.396442432031757,1.06221605680481,0.759019552432426,1.48652685918049]
["11211_7_TBCE_TBCE","FTjVRz","osteoporosis","TBCE","Weighted mode",6,0.0771033958767247,0.167030799763863,0.663746876365299,-0.250276971660447,0.404483763413896,1.08015375406339,0.778585107194792,1.49852870500044]
["11212_7_TXNDC5_TXND5","FTjVRz","osteoporosis","TXNDC5","MR Egger",3,-0.260640340475148,0.466514724584127,0.675644912154565,-1.17500920066004,0.65372851970974,0.770558008310438,0.308816138362646,1.92269629210275]
["11212_7_TXNDC5_TXND5","FTjVRz","osteoporosis","TXNDC5","Weighted median",3,-0.222236458009694,0.143968283032343,0.122673451785805,-0.504414292753087,0.059941376733698,0.800726003870456,0.603859156553527,1.06177430004329]
["11212_7_TXNDC5_TXND5","FTjVRz","osteoporosis","TXNDC5","Inverse variance weighted",3,-0.201497935340156,0.163240701966661,0.217068462193571,-0.521449711194812,0.118453840514499,0.81750526542865,0.593659289315253,1.12575490863526]
["11212_7_TXNDC5_TXND5","FTjVRz","osteoporosis","TXNDC5","Simple mode",3,-0.266791467215103,0.188279622320482,0.292198640796153,-0.635819526963247,0.102236592533041,0.765832756052444,0.52950136980632,1.10764550138447]
["11212_7_TXNDC5_TXND5","FTjVRz","osteoporosis","TXNDC5","Weighted mode",3,-0.227926475698505,0.160186125628839,0.290735235898363,-0.54189128193103,0.0860383305340205,0.796182796467468,0.581647152707102,1.08984810196427]
["11214_40_DNAJB9_DNJB9","FTjVRz","osteoporosis","DNAJB9","MR Egger",4,2.14328688848458,1.93890793982611,0.384163982758862,-1.65697267357459,5.94354645054375,8.52742029531308,0.190715465024226,381.284742082559]
["11214_40_DNAJB9_DNJB9","FTjVRz","osteoporosis","DNAJB9","Weighted median",4,0.020952245075736,0.181580411981374,0.90813739581087,-0.334945362407757,0.376849852559229,1.02117328442024,0.715377171770994,1.45768542520315]
["11214_40_DNAJB9_DNJB9","FTjVRz","osteoporosis","DNAJB9","Inverse variance weighted",4,-0.0291529908410897,0.220798774712718,0.894957236338429,-0.461918589278016,0.403612607595837,0.971267858012661,0.630073632603331,1.49722382146152]
["11214_40_DNAJB9_DNJB9","FTjVRz","osteoporosis","DNAJB9","Simple mode",4,0.276360151021366,0.382927329031891,0.522640734119458,-0.47417741388114,1.02689771592387,1.31832257376,0.622396820936313,2.79238959779815]
["11214_40_DNAJB9_DNJB9","FTjVRz","osteoporosis","DNAJB9","Weighted mode",4,0.238746357633952,0.352216045058564,0.546470235366255,-0.451597090680833,0.929089805948738,1.26965645707122,0.636610614408867,2.5322033319842]
["11215_6_CDH15_CAD15","FTjVRz","osteoporosis","CDH15","MR Egger",3,0.764181948601243,0.389247748519217,0.299919041404575,1.25636150357711E-3,1.52710753569891,2.14723710566729,1.00125715105631,4.60483821073366]
["11215_6_CDH15_CAD15","FTjVRz","osteoporosis","CDH15","Weighted median",3,0.109015249910729,0.14433098694585,0.450060455663046,-0.173873484503137,0.391903984324596,1.11517935659741,0.840403214963202,1.47979562100493]
["11215_6_CDH15_CAD15","FTjVRz","osteoporosis","CDH15","Inverse variance weighted",3,0.0319917613734108,0.276393827857895,0.907853041661357,-0.509740141228063,0.573723663974884,1.03250899881399,0.600651643132393,1.77486375808828]
["11215_6_CDH15_CAD15","FTjVRz","osteoporosis","CDH15","Simple mode",3,0.0457505228890422,0.225320270140501,0.85788168587195,-0.39587720658634,0.487378252364425,1.04681322243957,0.673089341801076,1.6280423037781]
["11215_6_CDH15_CAD15","FTjVRz","osteoporosis","CDH15","Weighted mode",3,0.157798133775842,0.138787612900998,0.373423389944181,-0.114225587510115,0.429821855061798,1.17092979967097,0.892056696333434,1.53698369329321]
["11218_84_TPMT_TPMT","FTjVRz","osteoporosis","TPMT","MR Egger",8,0.164507623183779,0.340213139553474,0.645850153064484,-0.50231013034103,0.831325376708588,1.17881255582211,0.60513111202407,2.29636026664678]
["11218_84_TPMT_TPMT","FTjVRz","osteoporosis","TPMT","Weighted median",8,0.0202899941755717,0.111114187769914,0.85510804620411,-0.19749381385346,0.238073802204604,1.02049723537516,0.820785218109657,1.26880282981561]
["11218_84_TPMT_TPMT","FTjVRz","osteoporosis","TPMT","Inverse variance weighted",8,0.020700082018183,0.0863687807427447,0.810585408448023,-0.148582728237597,0.189982892273963,1.02091581470609,0.861928698378763,1.20922891032338]
["11218_84_TPMT_TPMT","FTjVRz","osteoporosis","TPMT","Simple mode",8,0.0597995151942613,0.169379179406634,0.734442625989502,-0.272183676442741,0.391782706831264,1.06162368578999,0.761714339259839,1.47961616598352]
["11218_84_TPMT_TPMT","FTjVRz","osteoporosis","TPMT","Weighted mode",8,0.0843344340158333,0.153464400131498,0.599721779366405,-0.216455790241903,0.38512465827357,1.08799269473783,0.805368139266252,1.46979753244441]
["11219_95_FGFBP3_FGFP3","FTjVRz","osteoporosis","FGFBP3","MR Egger",7,0.195698078276094,0.139763892436874,0.220346229625586,-0.078239150900179,0.469635307452367,1.21615966487561,0.924743246917005,1.59941079364604]
["11219_95_FGFBP3_FGFP3","FTjVRz","osteoporosis","FGFBP3","Weighted median",7,0.0737508033411288,0.0734077457019788,0.315054180833001,-0.0701283782347497,0.217629984917007,1.07653850226956,0.932274128516306,1.243127006767]
["11219_95_FGFBP3_FGFP3","FTjVRz","osteoporosis","FGFBP3","Inverse variance weighted",7,0.00585004198662531,0.0980953604386253,0.952445325725522,-0.18641686447308,0.198116948446331,1.00586718689876,0.829927555548032,1.2191049579159]
["11219_95_FGFBP3_FGFP3","FTjVRz","osteoporosis","FGFBP3","Simple mode",7,0.0666390702910074,0.167058373808865,0.703778495260636,-0.260795342374367,0.394073482956382,1.06890960730915,0.770438579611768,1.48300952059483]
["11219_95_FGFBP3_FGFP3","FTjVRz","osteoporosis","FGFBP3","Weighted mode",7,0.0764403501040745,0.0715446840962221,0.326416592078175,-0.0637872307245208,0.21666793093267,1.07943780006432,0.938204599408483,1.24193162657944]
["11223_1_TMEM154_TM154","FTjVRz","osteoporosis","TMEM154","MR Egger",7,0.17723753102714,0.497370612474875,0.736122810683326,-0.797608869423614,1.1520839314779,1.19391465122231,0.450404653887006,3.164781229727]
["11223_1_TMEM154_TM154","FTjVRz","osteoporosis","TMEM154","Weighted median",7,0.050719218001413,0.150196505875243,0.735600023155574,-0.243665933514064,0.34510436951689,1.05202746143598,0.783749414947257,1.4121372960641]
["11223_1_TMEM154_TM154","FTjVRz","osteoporosis","TMEM154","Inverse variance weighted",7,0.064360520503604,0.114801421183532,0.575053360979246,-0.160650265016118,0.289371306023326,1.06647681622102,0.851589849794696,1.33558754817372]
["11223_1_TMEM154_TM154","FTjVRz","osteoporosis","TMEM154","Simple mode",7,0.0371358617897984,0.221099705694215,0.872133353584399,-0.396219561370863,0.47049128495046,1.03783401324675,0.672858945885322,1.60078043940496]
["11223_1_TMEM154_TM154","FTjVRz","osteoporosis","TMEM154","Weighted mode",7,0.0371358617897984,0.200718669433114,0.859313202152656,-0.356272730299104,0.430544453878701,1.03783401324675,0.700281606176866,1.53809471725554]
["11226_16_UBE3A_UBE3A","FTjVRz","osteoporosis","UBE3A","MR Egger",3,-2.04020045522842,2.06267268214543,0.503486854320655,-6.08303891223346,2.00263800177662,0.130002648555737,0.00228123363984619,7.408574175088]
["11226_16_UBE3A_UBE3A","FTjVRz","osteoporosis","UBE3A","Weighted median",3,0.232660056266399,0.227757990683617,0.307006654744626,-0.21374560547349,0.679065718006288,1.26195241358719,0.807553796159444,1.97203443502121]
["11226_16_UBE3A_UBE3A","FTjVRz","osteoporosis","UBE3A","Inverse variance weighted",3,0.145211302169212,0.205749513954733,0.480332790415608,-0.258057745182065,0.548480349520489,1.15628386974651,0.772550619742674,1.73062107940745]
["11226_16_UBE3A_UBE3A","FTjVRz","osteoporosis","UBE3A","Simple mode",3,0.378380892590697,0.343827705349327,0.385867551621207,-0.295521409893984,1.05228319507538,1.4599189092829,0.744143482519493,2.86418314713377]
["11226_16_UBE3A_UBE3A","FTjVRz","osteoporosis","UBE3A","Weighted mode",3,0.378380892590697,0.332950914265294,0.373600565020738,-0.27420289936928,1.03096468455067,1.4599189092829,0.760177820012044,2.80376928341318]
["11228_37_RIC3_RIC3","FTjVRz","osteoporosis","RIC3","MR Egger",5,0.0218779276228735,0.383896558737223,0.958137206574723,-0.730559327502084,0.774315182747831,1.02211900435792,0.481639520506443,2.16910617710752]
["11228_37_RIC3_RIC3","FTjVRz","osteoporosis","RIC3","Weighted median",5,0.0202440910589977,0.160592505802994,0.899685417102392,-0.294517220314871,0.335005402432867,1.02045039244673,0.744891118971545,1.39794793752195]
["11228_37_RIC3_RIC3","FTjVRz","osteoporosis","RIC3","Inverse variance weighted",5,0.100349212736185,0.134741809555375,0.456421744310357,-0.163744733992349,0.36444315946472,1.10555692523129,0.848958704522337,1.43971209484748]
["11228_37_RIC3_RIC3","FTjVRz","osteoporosis","RIC3","Simple mode",5,0.00999561931498716,0.206052525819606,0.963635284637495,-0.39386733129144,0.413858569921414,1.01004574238223,0.674443527857108,1.51264317851177]
["11228_37_RIC3_RIC3","FTjVRz","osteoporosis","RIC3","Weighted mode",5,0.0547928988845776,0.180165616106164,0.776197174534243,-0.298331708683503,0.407917506452659,1.05632182659212,0.742055152781038,1.50368311189957]
["11237_49_PCOLCE_PCOC1","FTjVRz","osteoporosis","PCOLCE","MR Egger",7,0.348499593556379,0.262187829129541,0.241202473501217,-0.165388551537522,0.862387738650281,1.41693996701711,0.847564317681479,2.36881004573502]
["11237_49_PCOLCE_PCOC1","FTjVRz","osteoporosis","PCOLCE","Weighted median",7,0.123449818639501,0.131421895672345,0.347556304815322,-0.134137096878295,0.381036734157298,1.13139322826608,0.874470169254516,1.46380137593211]
["11237_49_PCOLCE_PCOC1","FTjVRz","osteoporosis","PCOLCE","Inverse variance weighted",7,0.0555297858482998,0.120920450790374,0.646072054245949,-0.181474297700833,0.292533869397433,1.05710050323873,0.834039681765413,1.33981811462764]
["11237_49_PCOLCE_PCOC1","FTjVRz","osteoporosis","PCOLCE","Simple mode",7,0.0464293062393961,0.163371079557668,0.785813646207314,-0.273778009693634,0.366636622172426,1.0475240230384,0.760500880347062,1.44287351559908]
["11237_49_PCOLCE_PCOC1","FTjVRz","osteoporosis","PCOLCE","Weighted mode",7,0.154645323180207,0.13112168195564,0.282879798442477,-0.102353173452846,0.411643819813261,1.16724389332734,0.902710681915572,1.50929675897796]
["11239_49_TMPRSS6_TMPS6","FTjVRz","osteoporosis","TMPRSS6","MR Egger",5,-0.0257013031756803,0.0974971005712396,0.809149636865824,-0.21679562029531,0.165393013943949,0.974626163875154,0.80509449746696,1.17985672774888]
["11239_49_TMPRSS6_TMPS6","FTjVRz","osteoporosis","TMPRSS6","Weighted median",5,5.96295025365025E-3,0.036338573607077,0.869656964074161,-0.0652606540162206,0.0771865545235211,1.00598076403147,0.936823244809262,1.08024358192284]
["11239_49_TMPRSS6_TMPS6","FTjVRz","osteoporosis","TMPRSS6","Inverse variance weighted",5,0.00862396842253208,0.0557341951261715,0.877031116986063,-0.100615054024764,0.117862990869828,1.00866126196724,0.904281065251288,1.12508995321119]
["11239_49_TMPRSS6_TMPS6","FTjVRz","osteoporosis","TMPRSS6","Simple mode",5,-0.0414579603818716,0.0974921535871719,0.692538254643708,-0.232542581412729,0.149626660648985,0.959389666868937,0.792516002177299,1.16140056524559]
["11239_49_TMPRSS6_TMPS6","FTjVRz","osteoporosis","TMPRSS6","Weighted mode",5,0.00561329169699543,0.037117224796309,0.88711362685933,-0.0671364689037703,0.0783630522977611,1.00562907573849,0.935067584980869,1.08151523399385]
["11241_8_ASL_ARLY","FTjVRz","osteoporosis","ASL","MR Egger",3,-0.174731025412765,0.345424294099034,0.701863081630359,-0.851762641846872,0.502300591021343,0.83968284374383,0.426662216082823,1.65251867050927]
["11241_8_ASL_ARLY","FTjVRz","osteoporosis","ASL","Weighted median",3,0.120232059785491,0.114662849116922,0.294375924371901,-0.104507124483677,0.344971244054659,1.12775852861808,0.900768379874404,1.41194931714649]
["11241_8_ASL_ARLY","FTjVRz","osteoporosis","ASL","Inverse variance weighted",3,0.106628301174628,0.108307792393388,0.324873000415649,-0.105654971916412,0.318911574265669,1.1125206549962,0.899735028380464,1.37562967846329]
["11241_8_ASL_ARLY","FTjVRz","osteoporosis","ASL","Simple mode",3,0.243605249172302,0.171811254000454,0.291982000891881,-0.0931448086685874,0.580355307013191,1.27584059194071,0.911061561131735,1.78667313548119]
["11241_8_ASL_ARLY","FTjVRz","osteoporosis","ASL","Weighted mode",3,0.0437882117597491,0.120899503648767,0.751902324716915,-0.193174815391835,0.280751238911333,1.04476106334871,0.824337854597262,1.32412417239143]
["11242_33_TGM1_TGM1","FTjVRz","osteoporosis","TGM1","Inverse variance weighted",2,0.677194749453682,0.347794673016813,0.0515214575114138,-0.00448280965927195,1.35887230856664,1.96834827003331,0.995527223134648,3.89180207442615]
["11243_90_ADGRF1_GPR110","FTjVRz","osteoporosis","ADGRF1","MR Egger",3,-0.204564116543821,0.31994193104671,0.637844558103387,-0.831650301395372,0.422522068307731,0.815002485099714,0.435330267038318,1.5258048911638]
["11243_90_ADGRF1_GPR110","FTjVRz","osteoporosis","ADGRF1","Weighted median",3,0.0105732634070943,0.123776430650806,0.931925690713801,-0.232028540668486,0.253175067482674,1.01062935788287,0.792923492417203,1.28810876305496]
["11243_90_ADGRF1_GPR110","FTjVRz","osteoporosis","ADGRF1","Inverse variance weighted",3,0.0191642665586853,0.114939899660866,0.867580191660207,-0.206117936776612,0.244446469893982,1.0193490798308,0.813737101092817,1.27691430703659]
["11243_90_ADGRF1_GPR110","FTjVRz","osteoporosis","ADGRF1","Simple mode",3,-0.0353390740414914,0.171241140907321,0.855603524265559,-0.370971710219841,0.300293562136859,0.965278060028726,0.690063463026323,1.35025513318226]
["11243_90_ADGRF1_GPR110","FTjVRz","osteoporosis","ADGRF1","Weighted mode",3,4.46437843007386E-3,0.136894386908928,0.976946072590362,-0.263848619911426,0.272777376771573,1.0044743586137,0.768089804359021,1.31360777266716]
["11247_20_NAGS_NAGS","FTjVRz","osteoporosis","NAGS","Inverse variance weighted",2,0.350196880864293,0.218219902480843,0.108540265950857,-0.0775141279981592,0.777907889726746,1.41934696334352,0.925413950057697,2.17691315570386]
["11248_43_UROS_HEM4","FTjVRz","osteoporosis","UROS","MR Egger",5,0.00836624748299381,0.12168581554609,0.949512432076545,-0.230137950987342,0.24687044595333,1.00840134233393,0.79442400336822,1.28001327113671]
["11248_43_UROS_HEM4","FTjVRz","osteoporosis","UROS","Weighted median",5,-0.0441376579380868,0.083490585025768,0.597045275221722,-0.207779204588592,0.119503888712418,0.956822234231,0.812386388098011,1.12693762639503]
["11248_43_UROS_HEM4","FTjVRz","osteoporosis","UROS","Inverse variance weighted",5,-0.0832951266516396,0.0770271530174415,0.279530978080411,-0.234268346565825,0.0676780932625457,0.920079567144943,0.791149485160349,1.07002080612623]
["11248_43_UROS_HEM4","FTjVRz","osteoporosis","UROS","Simple mode",5,-0.044102239370198,0.186125858920797,0.824337110877078,-0.40890892285496,0.320704444114564,0.956856124104422,0.664374738921249,1.37809821565878]
["11248_43_UROS_HEM4","FTjVRz","osteoporosis","UROS","Weighted mode",5,-0.0409256794828514,0.0902691782052311,0.673785939994668,-0.217853268765104,0.136001909799402,0.959900467596004,0.804243440642482,1.14568408161955]
["11252_30_LRCH4_LRCH4","FTjVRz","osteoporosis","LRCH4","MR Egger",3,0.400762059006653,0.734749125267041,0.682112809085862,-1.03934622651675,1.84087034453005,1.49296198937512,0.353685836810599,6.30202080416504]
["11252_30_LRCH4_LRCH4","FTjVRz","osteoporosis","LRCH4","Weighted median",3,0.297142627191589,0.190743030142644,0.119276768933255,-0.0767137118879925,0.670998966271171,1.34600726299394,0.926154962811607,1.95619051322945]
["11252_30_LRCH4_LRCH4","FTjVRz","osteoporosis","LRCH4","Inverse variance weighted",3,0.287547084290599,0.162778716592932,0.0773135653253008,-0.0314992002315478,0.606593368812746,1.33315336126575,0.968991731422447,1.83417239489252]
["11252_30_LRCH4_LRCH4","FTjVRz","osteoporosis","LRCH4","Simple mode",3,0.326580158269904,0.229235478349388,0.290298675992372,-0.122721379294896,0.775881695834703,1.38621936225544,0.884510071051641,2.17250677316448]
["11252_30_LRCH4_LRCH4","FTjVRz","osteoporosis","LRCH4","Weighted mode",3,0.315849238628959,0.24093290442991,0.320177257677943,-0.156379254053665,0.788077731311582,1.37142348235525,0.855234777601238,2.19916497459407]
["11254_13_PAPLN_PPN","FTjVRz","osteoporosis","PAPLN","MR Egger",5,0.805428915060773,0.808668363873592,0.392661967383276,-0.779561078131467,2.39041890825301,2.23765605740456,0.458607259891224,10.9180666534301]
["11254_13_PAPLN_PPN","FTjVRz","osteoporosis","PAPLN","Weighted median",5,0.275021389917831,0.196323311569424,0.161256070700921,-0.109772300758241,0.659815080593903,1.31655883565176,0.896038139274772,1.93443458683089]
["11254_13_PAPLN_PPN","FTjVRz","osteoporosis","PAPLN","Inverse variance weighted",5,0.262037430688468,0.154458074011552,0.0897920777550144,-0.0407003943741736,0.564775255751109,1.29957518551291,0.960116743238092,1.75905240138293]
["11254_13_PAPLN_PPN","FTjVRz","osteoporosis","PAPLN","Simple mode",5,0.362817419618999,0.282152929556785,0.267872188198121,-0.190202322312299,0.915837161550298,1.43737339909905,0.826791838583569,2.49886633130903]
["11254_13_PAPLN_PPN","FTjVRz","osteoporosis","PAPLN","Weighted mode",5,0.315669781690772,0.272709007795561,0.311466591798799,-0.218839873588527,0.850179436970071,1.37117739297803,0.803450361476934,2.34006670873593]
["11257_1_QDPR_DHPR","FTjVRz","osteoporosis","QDPR","MR Egger",3,-0.0335945011454156,0.0983114630981257,0.790377032360907,-0.226284968817742,0.159095966526911,0.966963527752602,0.797490809268512,1.17245045728037]
["11257_1_QDPR_DHPR","FTjVRz","osteoporosis","QDPR","Weighted median",3,-0.0133273600702877,0.0616900420724176,0.828958547171634,-0.134239842532226,0.107585122391651,0.986761055972943,0.874380325860721,1.11358564778588]
["11257_1_QDPR_DHPR","FTjVRz","osteoporosis","QDPR","Inverse variance weighted",3,-0.00676194669406547,0.0625692877373973,0.913939103286952,-0.129397750659364,0.115873857271233,0.99326086382402,0.878624422591302,1.12285422330372]
["11257_1_QDPR_DHPR","FTjVRz","osteoporosis","QDPR","Simple mode",3,-0.0832439981493396,0.136396623122197,0.603769070925846,-0.350581379468846,0.184093383170167,0.92012661063783,0.704278517601357,1.20212807638566]
["11257_1_QDPR_DHPR","FTjVRz","osteoporosis","QDPR","Weighted mode",3,-0.0205182408492738,0.0693038924617796,0.795094612839679,-0.156353870074362,0.115317388375814,0.979690825918841,0.855256487138667,1.12222956367231]
["11258_41_MADCAM1_MAdCAM_1","FTjVRz","osteoporosis","MADCAM1","Inverse variance weighted",2,0.208951580364703,0.203289283296314,0.304018794251577,-0.189495414896072,0.607398575625479,1.23238532543759,0.827376510496047,1.83564987776042]
["11260_47_SUN5_SPA4L","FTjVRz","osteoporosis","SUN5","MR Egger",3,0.516445331307562,0.392309754363114,0.413572908381573,-0.252481787244141,1.28537244985926,1.67605921286506,0.7768703616607,3.61601449053191]
["11260_47_SUN5_SPA4L","FTjVRz","osteoporosis","SUN5","Weighted median",3,0.204084240170401,0.150808543107898,0.17597031488448,-0.091500504321079,0.499668984661881,1.2264014613729,0.91256085592822,1.64817560898742]
["11260_47_SUN5_SPA4L","FTjVRz","osteoporosis","SUN5","Inverse variance weighted",3,0.207133414049823,0.137740830063353,0.1326352014773,-0.0628386128743483,0.477105440973994,1.23014667968377,0.939095019305928,1.61140334303491]
["11260_47_SUN5_SPA4L","FTjVRz","osteoporosis","SUN5","Simple mode",3,0.265589757230905,0.189867858254724,0.296774804163248,-0.106551244948354,0.637730759410164,1.30419991034139,0.898928981411671,1.89218218714381]
["11260_47_SUN5_SPA4L","FTjVRz","osteoporosis","SUN5","Weighted mode",3,0.219961869869437,0.178115725256088,0.342249543358917,-0.129144951632496,0.56906869137137,1.24602921842478,0.87884656606796,1.76662101567364]
["11262_39_TRABD_TRABD","FTjVRz","osteoporosis","TRABD","MR Egger",4,1.19992314244916,0.564921144655818,0.167620203575046,0.092677698923761,2.30716858597457,3.31986175648723,1.09710807916461,10.0459401325153]
["11262_39_TRABD_TRABD","FTjVRz","osteoporosis","TRABD","Weighted median",4,0.287158085548434,0.163613525012397,0.079242217088819,-0.0335244234758646,0.607840594572732,1.33263486713842,0.967031292677544,1.83646144913866]
["11262_39_TRABD_TRABD","FTjVRz","osteoporosis","TRABD","Inverse variance weighted",4,0.309878526738478,0.12267513031414,0.0115366409338398,0.0694352713227639,0.550321782154192,1.3632595044955,1.07190267611684,1.73381083750063]
["11262_39_TRABD_TRABD","FTjVRz","osteoporosis","TRABD","Simple mode",4,0.238271402592544,0.229176353391083,0.374915673882061,-0.210914250053978,0.687457055239066,1.26905357051941,0.809843507941043,1.98865206556094]
["11262_39_TRABD_TRABD","FTjVRz","osteoporosis","TRABD","Weighted mode",4,0.336293058874958,0.200992161765482,0.192888282864498,-0.0576515781853875,0.730237695935303,1.39974917362717,0.943978792948992,2.075573904525]
["11263_57_CASQ1_CASQ1","FTjVRz","osteoporosis","CASQ1","MR Egger",4,0.219575371686764,0.55380938473373,0.730053112010149,-0.865891022391347,1.30504176576488,1.24554772345076,0.420676553357202,3.68784311607705]
["11263_57_CASQ1_CASQ1","FTjVRz","osteoporosis","CASQ1","Weighted median",4,0.0696894546231391,0.128141751572841,0.586547045226402,-0.181468378459629,0.320847287705908,1.07217517050703,0.834044618662074,1.37829508221735]
["11263_57_CASQ1_CASQ1","FTjVRz","osteoporosis","CASQ1","Inverse variance weighted",4,-0.0323142940836254,0.216712368890678,0.881465696474862,-0.457070537109354,0.392441948942103,0.9682022340204,0.633135678927024,1.48059191285939]
["11263_57_CASQ1_CASQ1","FTjVRz","osteoporosis","CASQ1","Simple mode",4,0.163013389227135,0.145851860518598,0.345150267765109,-0.122856257389318,0.448883035843588,1.17705244940556,0.884390778063947,1.56656141494891]
["11263_57_CASQ1_CASQ1","FTjVRz","osteoporosis","CASQ1","Weighted mode",4,0.051820987639386,0.12945150153315,0.715728464524759,-0.201903955365587,0.305545930644359,1.05318719211201,0.817173409294667,1.3573658283695]
["11264_33_XDH_XDH","FTjVRz","osteoporosis","XDH","Inverse variance weighted",2,0.501272037013367,0.387443847265936,0.195737020838971,-0.258117903627867,1.2606619776546,1.65081983962689,0.772504145696004,3.5277560102288]
["11265_8_ALDH1A1_Retinal_dehydrogenase_1","FTjVRz","osteoporosis","ALDH1A1","Wald ratio",1,0.210924637681159,0.16683961352657,0.206145350206376,-0.116081004830918,0.537930280193237,1.23481929270949,0.890403093424046,1.71245888172292]
["11266_8_SELPLG_SELPL","FTjVRz","osteoporosis","SELPLG","MR Egger",16,-0.0505051451977662,0.0776503341698704,0.52595316026047,-0.202699800170712,0.10168950977518,0.950749036867922,0.81652332479949,1.10703969335751]
["11266_8_SELPLG_SELPL","FTjVRz","osteoporosis","SELPLG","Weighted median",16,-0.0402851817210084,0.0528829449829869,0.446191184793624,-0.143935753887663,0.0633653904456459,0.960515478632662,0.86594337976778,1.06541606096734]
["11266_8_SELPLG_SELPL","FTjVRz","osteoporosis","SELPLG","Inverse variance weighted",16,-0.0370981709001164,0.0418194203121802,0.375022963966232,-0.11906423471199,0.0448678929117568,0.963581535039,0.887750774515118,1.04588968134131]
["11266_8_SELPLG_SELPL","FTjVRz","osteoporosis","SELPLG","Simple mode",16,-0.101847020059589,0.0885021180479336,0.267835403432536,-0.275311171433539,0.0716171313143608,0.903167707643157,0.75933580284849,1.07424397094069]
["11266_8_SELPLG_SELPL","FTjVRz","osteoporosis","SELPLG","Weighted mode",16,-0.0423988140646908,0.0465786958914976,0.37707981923446,-0.133693058012026,0.0488954298826445,0.958487446063043,0.874858554219686,1.05011053481653]
["11270_17_CHCHD10_CHC10","FTjVRz","osteoporosis","CHCHD10","Inverse variance weighted",2,-0.182421111945255,0.349975183889944,0.602199498732313,-0.868372472369546,0.503530248479035,0.833250374836791,0.419633959640112,1.65455195228028]
["11273_176_GSTT2B_GSTT2","FTjVRz","osteoporosis","GSTT2B","Inverse variance weighted",2,0.0134135734059017,0.0671769727900089,0.841734634818548,-0.118253293262516,0.145080440074319,1.01350393897133,0.888470980397907,1.15613256591721]
["11275_94_LRP1B_LRP1B","FTjVRz","osteoporosis","LRP1B","Inverse variance weighted",2,0.121985037187351,0.121501631320401,0.315388930697184,-0.116158160200635,0.360128234575337,1.12973719760782,0.890334396694371,1.43351322873455]
["11277_23_ATF6_ATF6A","FTjVRz","osteoporosis","ATF6","MR Egger",13,-0.0878710138412997,0.123148189959999,0.490374629492123,-0.329241466162899,0.153499438480299,0.915879004819383,0.719469268287196,1.1659071324421]
["11277_23_ATF6_ATF6A","FTjVRz","osteoporosis","ATF6","Weighted median",13,-0.132097015936726,0.0789501334719652,0.0942937817398132,-0.286839277541778,0.0226452456683256,0.876255980160812,0.750632362621071,1.02290359569161]
["11277_23_ATF6_ATF6A","FTjVRz","osteoporosis","ATF6","Inverse variance weighted",13,-0.0913775893377302,0.061466425959764,0.137113606687101,-0.211851784218868,0.0290966055434073,0.91267303022444,0.809084607787132,1.02952404740125]
["11277_23_ATF6_ATF6A","FTjVRz","osteoporosis","ATF6","Simple mode",13,-0.254396568393152,0.163859081398286,0.146498387003119,-0.575560367933793,0.0667672311474878,0.775384248182059,0.56238963537389,1.06904660845883]
["11277_23_ATF6_ATF6A","FTjVRz","osteoporosis","ATF6","Weighted mode",13,-0.14608665868071,0.0829310737503238,0.10357880614794,-0.308631563231344,0.0164582458699249,0.86408281966286,0.734451319053825,1.01659442888386]
["11278_4_COL11A2_COL11A2","FTjVRz","osteoporosis","COL11A2","MR Egger",7,0.0790985080327327,0.392389119758542,0.848188173099588,-0.68998416669401,0.848181182759476,1.08231093314003,0.501584010736305,2.33539532943821]
["11278_4_COL11A2_COL11A2","FTjVRz","osteoporosis","COL11A2","Weighted median",7,0.205969929070716,0.147331426579132,0.162111855033728,-0.0827996670243818,0.494739525165815,1.22871625480016,0.920535542373659,1.64007098619697]
["11278_4_COL11A2_COL11A2","FTjVRz","osteoporosis","COL11A2","Inverse variance weighted",7,0.135576109622385,0.165093881732571,0.411528858821666,-0.188007898573454,0.459160117818224,1.14519635297963,0.828608162384398,1.58274410802803]
["11278_4_COL11A2_COL11A2","FTjVRz","osteoporosis","COL11A2","Simple mode",7,0.182684658886883,0.266692279692266,0.518915157364097,-0.340032209309959,0.705401527083725,1.20043580162697,0.711747397500869,2.02465947734782]
["11278_4_COL11A2_COL11A2","FTjVRz","osteoporosis","COL11A2","Weighted mode",7,0.217271256228084,0.163320142547326,0.231735067816612,-0.102836223164675,0.537378735620842,1.24268114142283,0.902274733081765,1.71151464473959]
["11280_6_GAD1_DCE1","FTjVRz","osteoporosis","GAD1","Wald ratio",1,0.55894094488189,0.339707677165354,0.099895883772094,-0.106886102362205,1.22476799212598,1.7488194230532,0.898628018770318,3.40337638106721]
["11281_6_GRB7_GRB7","FTjVRz","osteoporosis","GRB7","MR Egger",7,0.575926548988924,0.25264166337564,0.0715722455638765,0.0807488887726708,1.07110420920518,1.77877788846967,1.08409863304569,2.91860046684082]
["11281_6_GRB7_GRB7","FTjVRz","osteoporosis","GRB7","Weighted median",7,0.200959066649633,0.0870627823969084,0.0209875347910549,0.0303160131516926,0.371602120147573,1.22257472671944,1.0307802225967,1.45005591846509]
["11281_6_GRB7_GRB7","FTjVRz","osteoporosis","GRB7","Inverse variance weighted",7,0.119814107823485,0.105876019192186,0.257783553929119,-0.0877028897932,0.327331105440171,1.12728727821525,0.916032999049947,1.38726073072031]
["11281_6_GRB7_GRB7","FTjVRz","osteoporosis","GRB7","Simple mode",7,0.116025498972318,0.100269312557818,0.291197396834807,-0.0805023536410054,0.312553351585642,1.123024507739,0.922652731987897,1.36691086609059]
["11281_6_GRB7_GRB7","FTjVRz","osteoporosis","GRB7","Weighted mode",7,0.192407151760355,0.10274659851706,0.110274844800445,-0.00897618133308184,0.393790484853792,1.21216395119334,0.991063984314693,1.48258989109436]
["11283_13_DCAF5_DCAF5","FTjVRz","osteoporosis","DCAF5","MR Egger",4,0.270573614190831,0.434112392370794,0.596705193592745,-0.580286674855925,1.12143390323759,1.31071608048381,0.559737880786552,3.06925205995476]
["11283_13_DCAF5_DCAF5","FTjVRz","osteoporosis","DCAF5","Weighted median",4,0.322573996900893,0.127125218751138,0.0111663040120596,0.0734085681486629,0.571739425653123,1.38067705290274,1.0761701359456,1.77134549709207]
["11283_13_DCAF5_DCAF5","FTjVRz","osteoporosis","DCAF5","Inverse variance weighted",4,0.280929148258192,0.110000454667284,0.0106526662427712,0.0653282571103141,0.496530039406069,1.32435976741475,1.06750938442272,1.64301018720817]
["11283_13_DCAF5_DCAF5","FTjVRz","osteoporosis","DCAF5","Simple mode",4,0.346801430998214,0.184117040863805,0.156139627924769,-0.0140679690948428,0.707670831091271,1.41453581451658,0.986030522383086,2.02925926239503]
["11283_13_DCAF5_DCAF5","FTjVRz","osteoporosis","DCAF5","Weighted mode",4,0.357521528592642,0.171472602921037,0.128387209350691,0.0214352268674095,0.693607830317875,1.42978134729692,1.02166661164721,2.00092151174665]
["11287_14_CYB5A_Cytochrome_b5","FTjVRz","osteoporosis","CYB5A","Inverse variance weighted",2,0.0593504086782348,0.216876025617488,0.784345510665603,-0.365726601532043,0.484427418888512,1.06114701072208,0.693692429734024,1.62324530310379]
["11288_26_NT5C2_5NTC","FTjVRz","osteoporosis","NT5C2","MR Egger",4,0.137046586809745,0.511115686279366,0.813720461092263,-0.864740158297811,1.1388333319173,1.14688157682968,0.421160973594915,3.12312259144996]
["11288_26_NT5C2_5NTC","FTjVRz","osteoporosis","NT5C2","Weighted median",4,-0.080921808639199,0.197320445606284,0.681730013178694,-0.467669882027516,0.305826264749118,0.922265801843433,0.626460295328691,1.35774639764461]
["11288_26_NT5C2_5NTC","FTjVRz","osteoporosis","NT5C2","Inverse variance weighted",4,-0.0622894576796625,0.175502453338678,0.722648982933382,-0.406274266223471,0.281695350864146,0.939610869842121,0.666127446109894,1.32537488416266]
["11288_26_NT5C2_5NTC","FTjVRz","osteoporosis","NT5C2","Simple mode",4,-0.140965451232365,0.216682907565313,0.561711352683554,-0.56566395006038,0.283733047595649,0.868519317451419,0.567982909251074,1.32807834971815]
["11288_26_NT5C2_5NTC","FTjVRz","osteoporosis","NT5C2","Weighted mode",4,0.0190159757749188,0.210357969822283,0.933668214350377,-0.393285645076755,0.431317596626593,1.01919793096409,0.674835956483942,1.53928434384808]
["11292_13_SCARA3_SCAR3","FTjVRz","osteoporosis","SCARA3","MR Egger",6,0.27921750060194,0.218395378893544,0.270217002827221,-0.148837442029406,0.707272443233286,1.32209486902979,0.861709181209942,2.0284509911576]
["11292_13_SCARA3_SCAR3","FTjVRz","osteoporosis","SCARA3","Weighted median",6,0.154556571857227,0.0967994420709141,0.110339731666976,-0.0351703346017649,0.344283478316218,1.1671403034845,0.965440954250709,1.41097856064654]
["11292_13_SCARA3_SCAR3","FTjVRz","osteoporosis","SCARA3","Inverse variance weighted",6,0.111646703839469,0.0813739958219329,0.170057387427675,-0.0478463279715194,0.271139735650457,1.11811776414302,0.953280268334726,1.31145831506209]
["11292_13_SCARA3_SCAR3","FTjVRz","osteoporosis","SCARA3","Simple mode",6,0.207067464664751,0.148759064976652,0.222676456131329,-0.0845003026894865,0.498635232018989,1.23006555494179,0.918971377213815,1.64647268344922]
["11292_13_SCARA3_SCAR3","FTjVRz","osteoporosis","SCARA3","Weighted mode",6,0.207067464664751,0.124491814343786,0.15713800163145,-0.0369364914490692,0.451071420778571,1.23006555494179,0.963737338967432,1.56999340824065]
["11293_14_LRRN1_LRRN1","FTjVRz","osteoporosis","LRRN1","MR Egger",5,-0.263878250948027,0.13623337580663,0.148152532042065,-0.530895667529023,0.00313916563296834,0.768067045399102,0.588078011344555,1.0031440979732]
["11293_14_LRRN1_LRRN1","FTjVRz","osteoporosis","LRRN1","Weighted median",5,-0.0194831080002992,0.0509587910365594,0.702216118656664,-0.119362338431956,0.0803961224313572,0.980705461125106,0.887486172148267,1.08371626698419]
["11293_14_LRRN1_LRRN1","FTjVRz","osteoporosis","LRRN1","Inverse variance weighted",5,0.00503629020130236,0.0539184594224016,0.925581280700296,-0.100643890266605,0.110716470669209,1.00504899362789,0.904254989559763,1.11707813753311]
["11293_14_LRRN1_LRRN1","FTjVRz","osteoporosis","LRRN1","Simple mode",5,0.0132358112519095,0.0784836839495145,0.874260796933553,-0.140592209289139,0.167063831792958,1.01332379234016,0.868843545793238,1.18182970120953]
["11293_14_LRRN1_LRRN1","FTjVRz","osteoporosis","LRRN1","Weighted mode",5,-0.0154140702779474,0.0472013298831846,0.760373227602748,-0.107928676848989,0.0771005362930943,0.984704118467554,0.897691620342213,1.08015066527782]
["11300_32_SORT1_SORT","FTjVRz","osteoporosis","SORT1","Inverse variance weighted",2,0.273634879703486,0.228909967306426,0.231937772142993,-0.175028656217109,0.722298415624081,1.31473467827699,0.839432965451235,2.05916058268563]
["11302_237_TNR_TENR","FTjVRz","osteoporosis","TNR","MR Egger",10,-0.0315422393119756,0.219190696099546,0.889135851269204,-0.461156003667085,0.398071525043134,0.968950027806834,0.630554300941466,1.48895052334917]
["11302_237_TNR_TENR","FTjVRz","osteoporosis","TNR","Weighted median",10,0.0629832461688346,0.0913604825037616,0.490576200405444,-0.116083299538538,0.242049791876207,1.06500899610093,0.890401050211627,1.273857618998]
["11302_237_TNR_TENR","FTjVRz","osteoporosis","TNR","Inverse variance weighted",10,0.126709160017756,0.0731480608637819,0.083232876184144,-0.0166610392752568,0.270079359310768,1.13508684113281,0.983476988216001,1.31006841273431]
["11302_237_TNR_TENR","FTjVRz","osteoporosis","TNR","Simple mode",10,0.0886312079370486,0.137380867630372,0.534928553295587,-0.180635292618481,0.357897708492579,1.0926776111806,0.834739738931992,1.43031930347889]
["11302_237_TNR_TENR","FTjVRz","osteoporosis","TNR","Weighted mode",10,0.0458418973000319,0.119474754247022,0.710111326097956,-0.188328621024131,0.280012415624195,1.04690887875139,0.828342451755867,1.32314623992193]
["11303_7_SAMHD1_SAMH1","FTjVRz","osteoporosis","SAMHD1","MR Egger",3,0.350285476896916,0.805305656503659,0.73880338803043,-1.22811360985026,1.92868456364409,1.41947271742396,0.292844475904266,6.88045348743289]
["11303_7_SAMHD1_SAMH1","FTjVRz","osteoporosis","SAMHD1","Weighted median",3,0.175004531581289,0.171852187878634,0.308514816996388,-0.161825756660834,0.511834819823412,1.19125161485365,0.850589401166239,1.66834950911185]
["11303_7_SAMHD1_SAMH1","FTjVRz","osteoporosis","SAMHD1","Inverse variance weighted",3,0.186922385551971,0.159490994838177,0.241199725496749,-0.125679964330856,0.499524735434798,1.20553371458492,0.881897040134394,1.64793787807639]
["11303_7_SAMHD1_SAMH1","FTjVRz","osteoporosis","SAMHD1","Simple mode",3,0.0679208166937763,0.222357098982111,0.78887694115619,-0.36789909731116,0.503740730698713,1.07028055677029,0.692187021696818,1.65490024270095]
["11303_7_SAMHD1_SAMH1","FTjVRz","osteoporosis","SAMHD1","Weighted mode",3,0.295120376078684,0.218702672401166,0.309662779962693,-0.133536861827601,0.723777613984968,1.34328804870212,0.874995214460393,2.0622087435058]
["11307_33_WWP1_WWP1","FTjVRz","osteoporosis","WWP1","MR Egger",4,0.0544350257236456,0.544023112628758,0.929423234145817,-1.01185027502872,1.12072032647601,1.05594386499626,0.363545697359351,3.06706269424251]
["11307_33_WWP1_WWP1","FTjVRz","osteoporosis","WWP1","Weighted median",4,-0.0869557767521303,0.167829312250629,0.604374324515677,-0.415901228763362,0.241989675259102,0.916717634967953,0.659745431138436,1.27378104128909]
["11307_33_WWP1_WWP1","FTjVRz","osteoporosis","WWP1","Inverse variance weighted",4,-0.067892033976939,0.142775617618308,0.634419514296368,-0.347732244508822,0.211948176554944,0.934361347410424,0.706287963379239,1.23608382529641]
["11307_33_WWP1_WWP1","FTjVRz","osteoporosis","WWP1","Simple mode",4,-0.126824569612263,0.256557507311671,0.65500440199024,-0.629677283943138,0.376028144718612,0.880888193600277,0.532763704669379,1.45648812564269]
["11307_33_WWP1_WWP1","FTjVRz","osteoporosis","WWP1","Weighted mode",4,-0.0951517275423753,0.184821047192409,0.642200593831168,-0.457400980039497,0.267097524954746,0.909234968014702,0.632926498281138,1.30616782407723]
["11308_8_CREB3L4_CR3L4","FTjVRz","osteoporosis","CREB3L4","MR Egger",9,-0.0528195833037537,0.0985179185626219,0.60846774793354,-0.245914703686493,0.140275537078985,0.948551131506837,0.781988922853216,1.15059078560859]
["11308_8_CREB3L4_CR3L4","FTjVRz","osteoporosis","CREB3L4","Weighted median",9,0.0310723485798494,0.0660806772457054,0.638199008422922,-0.0984457788217333,0.160590475981432,1.03156013309749,0.906244828944567,1.17420400559461]
["11308_8_CREB3L4_CR3L4","FTjVRz","osteoporosis","CREB3L4","Inverse variance weighted",9,0.0108177404899155,0.0501274202709151,0.829139866440565,-0.0874320032410781,0.109067484220909,1.01087646380474,0.916281173682757,1.1152376087432]
["11308_8_CREB3L4_CR3L4","FTjVRz","osteoporosis","CREB3L4","Simple mode",9,0.0800267044928552,0.105890481901671,0.47146329244222,-0.12751864003442,0.28757204902013,1.08331599669298,0.880277007287579,1.33318664349427]
["11308_8_CREB3L4_CR3L4","FTjVRz","osteoporosis","CREB3L4","Weighted mode",9,0.0475090193157222,0.0703229043455663,0.518352471684052,-0.0903238732015878,0.185341911833032,1.04865565923511,0.91363523537993,1.20362990508846]
["11311_79_RAG1_RAG_1","FTjVRz","osteoporosis","RAG1","MR Egger",4,-0.161749478259198,0.141018842996427,0.370083238760391,-0.438146410532196,0.114647454013799,0.850654285240804,0.645231307282265,1.12147799530438]
["11311_79_RAG1_RAG_1","FTjVRz","osteoporosis","RAG1","Weighted median",4,0.0106160182513769,0.0698638532491292,0.879224049011485,-0.126317134116916,0.14754917061967,1.01067256810741,0.881335300966622,1.15899027169855]
["11311_79_RAG1_RAG_1","FTjVRz","osteoporosis","RAG1","Inverse variance weighted",4,0.0335879760387397,0.0752216687282289,0.655221702374069,-0.113846494668589,0.181022446746068,1.03415842088561,0.892394932748701,1.19844208011633]
["11311_79_RAG1_RAG_1","FTjVRz","osteoporosis","RAG1","Simple mode",4,0.111365641502024,0.180153759664027,0.580222565806535,-0.24173572743947,0.464467010443518,1.11780354750999,0.785263673774603,1.59116588803848]
["11311_79_RAG1_RAG_1","FTjVRz","osteoporosis","RAG1","Weighted mode",4,0.00791924909605446,0.074523745161886,0.922079571524265,-0.138147291421242,0.153985789613351,1.00795068928862,0.870970395830125,1.16647431060969]
["11312_40_PMS2_PMS2","FTjVRz","osteoporosis","PMS2","MR Egger",3,0.324814599736701,0.561190889851454,0.665977189233739,-0.775119544372149,1.42474874384555,1.38377407011992,0.460648709746514,4.15681328661476]
["11312_40_PMS2_PMS2","FTjVRz","osteoporosis","PMS2","Weighted median",3,0.282021959985058,0.182711029524841,0.12269957458442,-0.0760916578836296,0.640135577853746,1.32580783438735,0.926731260440426,1.89673801754297]
["11312_40_PMS2_PMS2","FTjVRz","osteoporosis","PMS2","Inverse variance weighted",3,0.260924445900911,0.145665095353224,0.0732511554696004,-0.0245791409914091,0.546428032793231,1.29812958271734,0.975720466377666,1.72707293901698]
["11312_40_PMS2_PMS2","FTjVRz","osteoporosis","PMS2","Simple mode",3,0.317047248443182,0.205459064632835,0.26277214249749,-0.0856525182371734,0.719747015123538,1.37306744569205,0.917913133884396,2.0539135358496]
["11312_40_PMS2_PMS2","FTjVRz","osteoporosis","PMS2","Weighted mode",3,0.317047248443182,0.208745822230323,0.268139702479681,-0.0920945631282513,0.726189060014616,1.37306744569205,0.912018902106833,2.06718764936128]
["11313_100_PCBD1_PHS","FTjVRz","osteoporosis","PCBD1","MR Egger",4,-0.119308300628866,0.194150921702275,0.601471493679059,-0.499844107165326,0.261227505907594,0.887534131247072,0.606625220867004,1.29852305349697]
["11313_100_PCBD1_PHS","FTjVRz","osteoporosis","PCBD1","Weighted median",4,-0.0824642507362694,0.108318659771891,0.446470981591601,-0.294768823889176,0.129840322416637,0.920844356776153,0.744703725278994,1.13864655247805]
["11313_100_PCBD1_PHS","FTjVRz","osteoporosis","PCBD1","Inverse variance weighted",4,-0.0524105422448451,0.100857330160977,0.603307330360771,-0.25009090936036,0.14526982487067,0.948939207230139,0.778729986008475,1.15635154058234]
["11313_100_PCBD1_PHS","FTjVRz","osteoporosis","PCBD1","Simple mode",4,-0.203206038250735,0.176664100877097,0.333416875545893,-0.549467675969846,0.143055599468376,0.816110074209668,0.577257016388061,1.15379395021293]
["11313_100_PCBD1_PHS","FTjVRz","osteoporosis","PCBD1","Weighted mode",4,-0.0608378220215841,0.124239520729728,0.6579313846411,-0.30434728265185,0.182671638608682,0.940975832960376,0.737604664661987,1.20042017172062]
["11315_148_PPM1D_PPM1D","FTjVRz","osteoporosis","PPM1D","MR Egger",3,0.493897040474872,0.530894173711167,0.522973344676891,-0.546655539999014,1.53444962094876,1.63868983338078,0.57888262625496,4.63877174445177]
["11315_148_PPM1D_PPM1D","FTjVRz","osteoporosis","PPM1D","Weighted median",3,0.385173547942955,0.232191523950395,0.0971437317823765,-0.0699218389998185,0.840268934885728,1.46986939211642,0.932466699587612,2.31699001244355]
["11315_148_PPM1D_PPM1D","FTjVRz","osteoporosis","PPM1D","Inverse variance weighted",3,0.414010064680151,0.191943665347798,0.0310107071060022,0.0378004805984664,0.790219648761835,1.51287235338411,1.03852400651809,2.20388045270875]
["11315_148_PPM1D_PPM1D","FTjVRz","osteoporosis","PPM1D","Simple mode",3,0.357695699758864,0.256250437271619,0.297520627621787,-0.144555157293509,0.859946556811237,1.43003039566952,0.865407177568959,2.3630344022375]
["11315_148_PPM1D_PPM1D","FTjVRz","osteoporosis","PPM1D","Weighted mode",3,0.353351406583334,0.266422265180308,0.315933126894592,-0.168836233170069,0.875539046336738,1.42383139925912,0.844647217257293,2.40016874749097]
["11320_29_CHFR_CHFR","FTjVRz","osteoporosis","CHFR","MR Egger",3,-0.413692688100038,0.379388776104268,0.472480828746093,-1.1572946892644,0.329909313064327,0.661204115939985,0.314335406605004,1.39084199154616]
["11320_29_CHFR_CHFR","FTjVRz","osteoporosis","CHFR","Weighted median",3,-0.113417714700984,0.140230631752569,0.418633561353448,-0.38826975293602,0.161434323534052,0.892777655865195,0.678229364223353,1.17519527295145]
["11320_29_CHFR_CHFR","FTjVRz","osteoporosis","CHFR","Inverse variance weighted",3,-0.0959779069057782,0.142241289981113,0.49983194720643,-0.37477083526876,0.182815021457203,0.908484087071525,0.687446799302214,1.20059230372436]
["11320_29_CHFR_CHFR","FTjVRz","osteoporosis","CHFR","Simple mode",3,-0.0865182268207606,0.177328454026886,0.673866949919823,-0.434081996713458,0.261045543071937,0.917118832471788,0.647859130987839,1.29828679205604]
["11320_29_CHFR_CHFR","FTjVRz","osteoporosis","CHFR","Weighted mode",3,-0.148113844587619,0.168231888134253,0.471499196271914,-0.477848345330754,0.181620656155516,0.862332937416011,0.620116233373551,1.19915921392204]
["11325_8_BTG2_BTG2","FTjVRz","osteoporosis","BTG2","MR Egger",5,0.5236845801003,0.393050209406313,0.274907099565248,-0.246693830336073,1.29406299053667,1.68823664705466,0.781379891730742,3.64757655862547]
["11325_8_BTG2_BTG2","FTjVRz","osteoporosis","BTG2","Weighted median",5,0.14386595302734,0.0943121996134502,0.127153745735703,-0.0409859582150224,0.328717864269703,1.15472931018175,0.959842607756683,1.38918586132491]
["11325_8_BTG2_BTG2","FTjVRz","osteoporosis","BTG2","Inverse variance weighted",5,0.120634038362152,0.0998643966218487,0.227055554263058,-0.0751001790166713,0.316368255740975,1.12821195451387,0.927650550553554,1.37213545935855]
["11325_8_BTG2_BTG2","FTjVRz","osteoporosis","BTG2","Simple mode",5,0.151726985105208,0.113342293426089,0.25169940659716,-0.0704239100099275,0.373877880220343,1.16384244673028,0.931998652596102,1.45335965565835]
["11325_8_BTG2_BTG2","FTjVRz","osteoporosis","BTG2","Weighted mode",5,0.151726985105208,0.106527145636373,0.227469786602176,-0.0570662203420831,0.360520190552498,1.16384244673028,0.94453152009516,1.43407521294223]
["11327_56_CLK2_CLK2","FTjVRz","osteoporosis","CLK2","MR Egger",9,0.364252767583196,0.144755134617822,0.040024275814966,0.0805327037322656,0.647972831434126,1.43943801144534,1.08386429247028,1.91166163807407]
["11327_56_CLK2_CLK2","FTjVRz","osteoporosis","CLK2","Weighted median",9,0.0975034598664261,0.070061760413602,0.164019714207339,-0.0398175905442339,0.234824510277086,1.10241525576626,0.960964712216271,1.26468680971989]
["11327_56_CLK2_CLK2","FTjVRz","osteoporosis","CLK2","Inverse variance weighted",9,0.0367333153028737,0.0721726093371542,0.610776920507311,-0.104724998997948,0.178191629603696,1.03741632088665,0.900572146779038,1.19505430707713]
["11327_56_CLK2_CLK2","FTjVRz","osteoporosis","CLK2","Simple mode",9,0.122158274133439,0.0939105644277601,0.229544612833515,-0.0619064321449704,0.306222980411849,1.12993292678309,0.939970833731224,1.35828514376402]
["11327_56_CLK2_CLK2","FTjVRz","osteoporosis","CLK2","Weighted mode",9,0.0941552729538806,0.0738755991990414,0.23825394072399,-0.0506409014762405,0.238951447384002,1.09873033577759,0.950619975477559,1.2699168773005]
["11330_15_CSNK2B_CSK2B","FTjVRz","osteoporosis","CSNK2B","MR Egger",3,-0.612374235369497,0.449281022570664,0.402960054525078,-1.492965039608,0.268216568869004,0.542062356444504,0.224705406388127,1.30763030136731]
["11330_15_CSNK2B_CSK2B","FTjVRz","osteoporosis","CSNK2B","Weighted median",3,0.0457287562071911,0.117281431097608,0.69660591492759,-0.184142848744122,0.275600361158504,1.04679043703718,0.831816971329644,1.31732130605717]
["11330_15_CSNK2B_CSK2B","FTjVRz","osteoporosis","CSNK2B","Inverse variance weighted",3,0.0799185400159559,0.171140666794813,0.640517233049918,-0.255517166901878,0.41535424693379,1.08319882672181,0.774515840408958,1.51490729691465]
["11330_15_CSNK2B_CSK2B","FTjVRz","osteoporosis","CSNK2B","Simple mode",3,0.182623983606177,0.255129949891134,0.54840029810585,-0.317430718180446,0.682678685392801,1.20036296705739,0.72801711737768,1.9791722176435]
["11330_15_CSNK2B_CSK2B","FTjVRz","osteoporosis","CSNK2B","Weighted mode",3,0.0139026069332857,0.120441079180532,0.91864865413855,-0.222161908260557,0.249967122127128,1.01399969758904,0.800785700018312,1.28398320135731]
["11333_82_ARHGAP25_RHG25","FTjVRz","osteoporosis","ARHGAP25","MR Egger",4,-0.213535454797337,0.192415042266332,0.382661094580201,-0.590668937639347,0.163598028044674,0.80772352196911,0.553956598346093,1.17774080115673]
["11333_82_ARHGAP25_RHG25","FTjVRz","osteoporosis","ARHGAP25","Weighted median",4,-0.153073520961741,0.0967843227086737,0.113742244801878,-0.342770793470742,0.0366237515472592,0.858066633608129,0.70980088391378,1.03730266388485]
["11333_82_ARHGAP25_RHG25","FTjVRz","osteoporosis","ARHGAP25","Inverse variance weighted",4,-0.125649228008253,0.0891358950636933,0.158646987706612,-0.300355582333091,0.0490571263165862,0.8819241468229,0.740554845638942,1.05028034767396]
["11333_82_ARHGAP25_RHG25","FTjVRz","osteoporosis","ARHGAP25","Simple mode",4,-0.128178252802297,0.134186204169903,0.409933247216522,-0.391183212975307,0.134826707370713,0.879696556791628,0.676256245769794,1.14433846174706]
["11333_82_ARHGAP25_RHG25","FTjVRz","osteoporosis","ARHGAP25","Weighted mode",4,-0.153208725912163,0.0943493074085083,0.202870855503398,-0.338133368432839,0.0317159166085136,0.857950626594011,0.713100176502997,1.03222422589032]
["11336_9_FANCF_FANCF","FTjVRz","osteoporosis","FANCF","Wald ratio",1,-0.0835191126279863,0.32580204778157,0.797681166565715,-0.722091126279864,0.555052901023891,0.919873505303123,0.485735459021672,1.7420331376732]
["11347_9_TALDO1_Transaldolase","FTjVRz","osteoporosis","TALDO1","Inverse variance weighted",2,0.0265229484139257,0.245785248805409,0.914066238313786,-0.455216139244677,0.508262036072528,1.02687781220838,0.634310853662072,1.66239949248549]
["11348_132_P4HA2_P4HA2","FTjVRz","osteoporosis","P4HA2","MR Egger",3,-0.141638345500726,0.309738656719305,0.726957428136858,-0.748726112670563,0.465449421669111,0.867935092363646,0.472968677945809,1.59272983536259]
["11348_132_P4HA2_P4HA2","FTjVRz","osteoporosis","P4HA2","Weighted median",3,-0.0538235599401704,0.166449373822031,0.746420387915842,-0.380064332631351,0.27241721275101,0.947599286227521,0.683817416023536,1.31313474359945]
["11348_132_P4HA2_P4HA2","FTjVRz","osteoporosis","P4HA2","Inverse variance weighted",3,-0.0121811619409999,0.147933115560992,0.934374469911048,-0.302130068440544,0.277767744558544,0.987892728085686,0.739241906594112,1.32017954271689]
["11348_132_P4HA2_P4HA2","FTjVRz","osteoporosis","P4HA2","Simple mode",3,-0.116255889600655,0.227044628247655,0.659560695028927,-0.561263360966059,0.328751581764748,0.890247389099634,0.57048787627013,1.38923270198198]
["11348_132_P4HA2_P4HA2","FTjVRz","osteoporosis","P4HA2","Weighted mode",3,-0.0755402494101202,0.190382522225544,0.729864023145633,-0.448689992972186,0.297609494151946,0.927242408822922,0.638463996343225,1.34663581602734]
["11350_30_STUB1_CHIP","FTjVRz","osteoporosis","STUB1","Wald ratio",1,-0.0942190288713911,0.227610236220472,0.678911459933242,-0.540335091863517,0.351897034120735,0.910083405867904,0.582553010889884,1.42176212319446]
["11351_233_NHEJ1_NHEJ1","FTjVRz","osteoporosis","NHEJ1","Wald ratio",1,0.00836678466076696,0.262629793510325,0.97458552142101,-0.506387610619469,0.523121179941003,1.00840188402486,0.60266872542692,1.68728576214828]
["11354_21_PLCB1_Phospholipase_C_beta_1","FTjVRz","osteoporosis","PLCB1","Inverse variance weighted",2,0.0471925458018167,0.223790024632965,0.832981938101359,-0.391435902478794,0.485820994082428,1.04832384000252,0.676085384503153,1.62550899443753]
["11358_15_GRB10_GRB10","FTjVRz","osteoporosis","GRB10","MR Egger",4,-0.328075935569802,0.392899278216991,0.491568051406817,-1.0981585208751,0.4420066497355,0.720308320605766,0.333484623587062,1.55582608623167]
["11358_15_GRB10_GRB10","FTjVRz","osteoporosis","GRB10","Weighted median",4,-0.00800163541882171,0.117744556583913,0.945819400439727,-0.238780966323291,0.222777695485648,0.992030292450722,0.787587371639259,1.24954276386065]
["11358_15_GRB10_GRB10","FTjVRz","osteoporosis","GRB10","Inverse variance weighted",4,0.0294367454728126,0.100555538051119,0.769720001534671,-0.16765210910738,0.226525600053006,1.02987428920029,0.845647976746492,1.25423471789818]
["11358_15_GRB10_GRB10","FTjVRz","osteoporosis","GRB10","Simple mode",4,0.00972122140013898,0.158252189232173,0.954881289396167,-0.30045306949492,0.319895512295198,1.00976862595844,0.740482654567771,1.3769838789339]
["11358_15_GRB10_GRB10","FTjVRz","osteoporosis","GRB10","Weighted mode",4,-0.0247741663958954,0.132735250177796,0.863848568553225,-0.284935256744376,0.235386923952585,0.975530194653558,0.752062943746622,1.2653982869304]
["11360_39_RRM1_RRM1","FTjVRz","osteoporosis","RRM1","MR Egger",15,0.0598172505893877,0.0622710594677646,0.354282976673409,-0.062234025967431,0.181868527146206,1.06164251427249,0.939662955525053,1.19945648754563]
["11360_39_RRM1_RRM1","FTjVRz","osteoporosis","RRM1","Weighted median",15,0.000643614705270617,0.04821166410624,0.989348739706113,-0.0938512469429598,0.095138476353501,1.00064382186966,0.910418179656049,1.09981114241831]
["11360_39_RRM1_RRM1","FTjVRz","osteoporosis","RRM1","Inverse variance weighted",15,-0.0481415500999624,0.0398573268154783,0.227106143468304,-0.1262619106583,0.029978810458375,0.952998880442915,0.88138397269404,1.03043269932561]
["11360_39_RRM1_RRM1","FTjVRz","osteoporosis","RRM1","Simple mode",15,-0.0239879626583087,0.110472182092835,0.831231597226527,-0.240513439560265,0.192537514243647,0.976297461713317,0.786224078871222,1.21232198219661]
["11360_39_RRM1_RRM1","FTjVRz","osteoporosis","RRM1","Weighted mode",15,0.00609706268942034,0.0444022886579226,0.892737738117138,-0.0809314230801079,0.0931255484589486,1.00611568760933,0.922256934816004,1.09759952854739]
["11363_58_AQP4_AQP4","FTjVRz","osteoporosis","AQP4","Inverse variance weighted",2,0.258020125202749,0.219902073703247,0.240659075649644,-0.172987939255616,0.689028189661113,1.29436486771751,0.841147759651564,1.99177896101794]
["11370_20_INPP5E_INP5E","FTjVRz","osteoporosis","INPP5E","MR Egger",4,0.427668654284539,0.321793510963123,0.31518436681847,-0.203046627203182,1.05838393577226,1.53367781919276,0.816240181541514,2.88171019544967]
["11370_20_INPP5E_INP5E","FTjVRz","osteoporosis","INPP5E","Weighted median",4,4.36658488033874E-3,0.158667731231261,0.978044742301877,-0.306622168332933,0.315355338093611,1.00437613230358,0.735928605516338,1.37074630280656]
["11370_20_INPP5E_INP5E","FTjVRz","osteoporosis","INPP5E","Inverse variance weighted",4,0.0783448725732328,0.126127402731313,0.534496571248227,-0.168864836780141,0.325554581926606,1.08149557252354,0.84462305764317,1.38479841723924]
["11370_20_INPP5E_INP5E","FTjVRz","osteoporosis","INPP5E","Simple mode",4,-0.0668630711010421,0.233014652213015,0.792829812249559,-0.523571789438552,0.389845647236468,0.935323265353639,0.592400833596212,1.47675283540889]
["11370_20_INPP5E_INP5E","FTjVRz","osteoporosis","INPP5E","Weighted mode",4,-0.0720916321761028,0.209884022984552,0.753897804261705,-0.483464317225825,0.339281052873619,0.930445633146753,0.616643438721239,1.40393787054179]
["11371_1_GPR101_GP101","FTjVRz","osteoporosis","GPR101","Wald ratio",1,-0.0186536452665941,0.368742110990207,0.959654431676833,-0.741388182807399,0.704080892274211,0.981519257217958,0.476452053685235,2.02198740636795]
["11372_2_ZNF18_ZNF18","FTjVRz","osteoporosis","ZNF18","MR Egger",4,0.295327513458872,0.229441237079272,0.326894697986064,-0.154377311216502,0.745032338134246,1.34356632268885,0.856948623676894,2.10650955446806]
["11372_2_ZNF18_ZNF18","FTjVRz","osteoporosis","ZNF18","Weighted median",4,0.165658016577433,0.114203448462263,0.146904708015998,-0.0581807424086037,0.389496775563469,1.18016943432107,0.943479405284984,1.476237728035]
["11372_2_ZNF18_ZNF18","FTjVRz","osteoporosis","ZNF18","Inverse variance weighted",4,0.152682965539426,0.095846314136463,0.111160689306893,-0.035175810168041,0.340541741246894,1.16495558932436,0.965435667929251,1.40570891482488]
["11372_2_ZNF18_ZNF18","FTjVRz","osteoporosis","ZNF18","Simple mode",4,0.00687164635632054,0.160281779447472,0.96849722510375,-0.307280641360725,0.321023934073366,1.00689531029049,0.73544417588865,1.3785385745423]
["11372_2_ZNF18_ZNF18","FTjVRz","osteoporosis","ZNF18","Weighted mode",4,0.188757160311924,0.127218191364641,0.234526290666995,-0.0605904947627726,0.438104815386621,1.2077476278117,0.941208590716232,1.54976733836947]
["11377_19_ADH7_ADH7","FTjVRz","osteoporosis","ADH7","MR Egger",5,0.336693473443609,1.8366175403456,0.86623500942023,-3.26307690563377,3.93646385252099,1.40030976581589,0.038270462071354,51.2370986423783]
["11377_19_ADH7_ADH7","FTjVRz","osteoporosis","ADH7","Weighted median",5,-0.18515107684945,0.192285067966954,0.335598271015276,-0.562029810064679,0.19172765636578,0.830978732719531,0.570050793873691,1.21134057114419]
["11377_19_ADH7_ADH7","FTjVRz","osteoporosis","ADH7","Inverse variance weighted",5,-0.209432240112511,0.239090086144344,0.381054307452159,-0.678048808955426,0.259184328730404,0.811044593861647,0.507606463914213,1.29587264937464]
["11377_19_ADH7_ADH7","FTjVRz","osteoporosis","ADH7","Simple mode",5,-0.149214186677408,0.25807438277522,0.594131105262153,-0.65503997691684,0.356611603562024,0.861384598034113,0.519421297309978,1.42848094518464]
["11377_19_ADH7_ADH7","FTjVRz","osteoporosis","ADH7","Weighted mode",5,-0.143681335136727,0.236385110801521,0.576121217785552,-0.606996152307708,0.319633482034253,0.866163720028999,0.544985466139891,1.37662311475642]
["11378_37_SYK_KSYK","FTjVRz","osteoporosis","SYK","MR Egger",3,0.489676507869481,0.483810965963482,0.496164229261882,-0.458592985418943,1.43794600115791,1.63178826390312,0.632172495967078,4.21203540995342]
["11378_37_SYK_KSYK","FTjVRz","osteoporosis","SYK","Weighted median",3,0.0866965180038847,0.178282354410791,0.626763191121304,-0.262736896641266,0.436129932649035,1.09056566244779,0.768944182496132,1.54670974978886]
["11378_37_SYK_KSYK","FTjVRz","osteoporosis","SYK","Inverse variance weighted",3,0.0878848409068782,0.171886555963812,0.609144080885938,-0.249012808782193,0.424782490595949,1.09186237690685,0.77956998797857,1.52925775554286]
["11378_37_SYK_KSYK","FTjVRz","osteoporosis","SYK","Simple mode",3,-0.140227691451425,0.238251631213683,0.615766210680015,-0.607200888630245,0.326745505727394,0.869160312493911,0.544873899241006,1.38644858905303]
["11378_37_SYK_KSYK","FTjVRz","osteoporosis","SYK","Weighted mode",3,0.198796969734674,0.180950901386317,0.386518783197386,-0.155866796982507,0.553460736451855,1.21993425717862,0.855673161027269,1.73926174107328]
["11380_84_RBM24_RBM24","FTjVRz","osteoporosis","RBM24","MR Egger",5,0.502723173960813,0.316893346887273,0.210835803646921,-0.118387785938241,1.12383413385987,1.65321714427774,0.888351495593544,3.07662782095923]
["11380_84_RBM24_RBM24","FTjVRz","osteoporosis","RBM24","Weighted median",5,0.222167805568823,0.105682024085103,0.0355332290991542,0.0150310383620215,0.429304572775624,1.24878091267462,1.01514457255149,1.53618884445287]
["11380_84_RBM24_RBM24","FTjVRz","osteoporosis","RBM24","Inverse variance weighted",5,0.141432309606086,0.125397738591309,0.259374952626555,-0.104347258032879,0.387211877245051,1.15192252753205,0.900912394029494,1.472868525541]
["11380_84_RBM24_RBM24","FTjVRz","osteoporosis","RBM24","Simple mode",5,0.233986007992021,0.123920757013728,0.132026091154923,-0.00889867575488593,0.476870691738928,1.26362681140766,0.991140800278621,1.61102511172924]
["11380_84_RBM24_RBM24","FTjVRz","osteoporosis","RBM24","Weighted mode",5,0.233986007992021,0.113665964832336,0.108632212962834,0.0112007169206423,0.4567712990634,1.26362681140766,1.01126367980732,1.57896773155397]
["11383_41_KRT7_Keratin_7","FTjVRz","osteoporosis","KRT7","MR Egger",4,-0.0756683133531406,0.40094598768165,0.867724273406058,-0.861522449209175,0.710185822502894,0.927123670107149,0.422518329704843,2.03436925511233]
["11383_41_KRT7_Keratin_7","FTjVRz","osteoporosis","KRT7","Weighted median",4,0.150363634338989,0.118110920077181,0.202992706728016,-0.0811337690122849,0.381861037690263,1.1622568023791,0.922070338755936,1.46500849002371]
["11383_41_KRT7_Keratin_7","FTjVRz","osteoporosis","KRT7","Inverse variance weighted",4,0.112673776739161,0.102417386121805,0.271269794192521,-0.0880643000595755,0.313411853537898,1.11926674253852,0.91570199513746,1.36808486560602]
["11383_41_KRT7_Keratin_7","FTjVRz","osteoporosis","KRT7","Simple mode",4,0.184164526526083,0.190708993415605,0.405436808445505,-0.189625100568503,0.557954153620669,1.20221360285353,0.827269218574193,1.74709455451164]
["11383_41_KRT7_Keratin_7","FTjVRz","osteoporosis","KRT7","Weighted mode",4,0.210521642672944,0.164847092422617,0.29145193573222,-0.112578658475385,0.533621943821272,1.23432176695541,0.893527060867924,1.7050969031649]
["11387_3_ATF6B_ATF6B","FTjVRz","osteoporosis","ATF6B","MR Egger",9,0.314962480542962,0.157263718051936,0.0852707232372252,0.00672559316116644,0.623199367924757,1.3702079005361,1.00674826075202,1.86488496070419]
["11387_3_ATF6B_ATF6B","FTjVRz","osteoporosis","ATF6B","Weighted median",9,0.12404351748455,0.0865000591181154,0.15156423733245,-0.0454965983869564,0.293583633356056,1.13206513455426,0.955522852885426,1.34122534589658]
["11387_3_ATF6B_ATF6B","FTjVRz","osteoporosis","ATF6B","Inverse variance weighted",9,0.0607960182504722,0.0833818069383016,0.46592330884862,-0.102632323348599,0.224224359849543,1.06268212431845,0.902458725491261,1.2513517410242]
["11387_3_ATF6B_ATF6B","FTjVRz","osteoporosis","ATF6B","Simple mode",9,-0.32507258395689,0.190002950038363,0.125468075055974,-0.697478366032082,0.0473331981183019,0.72247491165103,0.497839090292369,1.04847129954906]
["11387_3_ATF6B_ATF6B","FTjVRz","osteoporosis","ATF6B","Weighted mode",9,0.133980025960662,0.0831944850988203,0.145966895857635,-0.0290811648330259,0.29704121675435,1.14336998169957,0.971337622811096,1.34587077072986]
["11388_75_WFDC2_HE4","FTjVRz","osteoporosis","WFDC2","MR Egger",3,0.87741622356785,0.730097958801181,0.441820431738377,-0.553575775682465,2.30840822281816,2.40467852111248,0.574890451375727,10.0584011720182]
["11388_75_WFDC2_HE4","FTjVRz","osteoporosis","WFDC2","Weighted median",3,0.00567765712054286,0.152787164907894,0.970356982767011,-0.29378518609893,0.305140500340016,1.00569380556304,0.745436604390419,1.35681562267117]
["11388_75_WFDC2_HE4","FTjVRz","osteoporosis","WFDC2","Inverse variance weighted",3,0.0126056135621483,0.140204531914586,0.928359731486597,-0.262195268990441,0.287406496114738,1.01268539920532,0.769360776736608,1.33296594884084]
["11388_75_WFDC2_HE4","FTjVRz","osteoporosis","WFDC2","Simple mode",3,-0.263574167559193,0.264380431785903,0.423825327515786,-0.781759813859563,0.254611478741177,0.768300637343033,0.457600011466077,1.28996034648367]
["11388_75_WFDC2_HE4","FTjVRz","osteoporosis","WFDC2","Weighted mode",3,0.117374180921349,0.157670691531589,0.534203006011311,-0.191660374480566,0.426408736323264,1.12454013243901,0.825587211368689,1.53174672772541]
["11390_24_CA8_Carbonic_Anhydrase_VIII","FTjVRz","osteoporosis","CA8","MR Egger",3,-0.168519330790941,0.114083511715479,0.378856112839222,-0.39212301375328,0.0550843521713983,0.844914930387189,0.675620998173758,1.05662973992941]
["11390_24_CA8_Carbonic_Anhydrase_VIII","FTjVRz","osteoporosis","CA8","Weighted median",3,-0.0817108440501228,0.054197831525006,0.131646569725554,-0.187938593839135,0.024516905738889,0.921538388482683,0.828665590842956,1.02481991629866]
["11390_24_CA8_Carbonic_Anhydrase_VIII","FTjVRz","osteoporosis","CA8","Inverse variance weighted",3,-0.0725381777608478,0.0489357600677722,0.138256680568245,-0.168452267493681,0.0233759119719858,0.930030239510426,0.844971595068364,1.02365126999783]
["11390_24_CA8_Carbonic_Anhydrase_VIII","FTjVRz","osteoporosis","CA8","Simple mode",3,-0.0759847015778926,0.0714765554057678,0.399128013308848,-0.216078750173197,0.0641093470174123,0.926830385493383,0.80567185257726,1.06620897915934]
["11390_24_CA8_Carbonic_Anhydrase_VIII","FTjVRz","osteoporosis","CA8","Weighted mode",3,-0.0922932634816934,0.0681893964287469,0.308575148043472,-0.225944480482037,0.0413579535186505,0.911837701631534,0.797762391819621,1.04222510692717]
["11391_69_MVK_MVK","FTjVRz","osteoporosis","MVK","MR Egger",4,-0.119481821255477,0.210681968424706,0.627798181501232,-0.532418479367901,0.293454836856947,0.887380139129271,0.587183160704197,1.34105261189152]
["11391_69_MVK_MVK","FTjVRz","osteoporosis","MVK","Weighted median",4,0.0845782906090708,0.131133190100965,0.518940118620179,-0.172442761988821,0.341599343206963,1.08825804128177,0.841606459313095,1.40719638176382]
["11391_69_MVK_MVK","FTjVRz","osteoporosis","MVK","Inverse variance weighted",4,0.130934708796483,0.12239487996561,0.28472160548237,-0.108959255936112,0.370828673529078,1.13989335387333,0.896766954683988,1.44893481123251]
["11391_69_MVK_MVK","FTjVRz","osteoporosis","MVK","Simple mode",4,0.221004140587917,0.254457780260367,0.449008026832029,-0.277733108722401,0.719741389898236,1.24732859522708,0.757498964404438,2.0539019821557]
["11391_69_MVK_MVK","FTjVRz","osteoporosis","MVK","Weighted mode",4,0.0523445136563584,0.145369980123892,0.742646471820384,-0.232580647386471,0.337269674699188,1.05373870736152,0.792485834858148,1.40111685856275]
["11396_39_DNAI1_DNAI1","FTjVRz","osteoporosis","DNAI1","MR Egger",4,0.324992973464648,0.449492935201918,0.544788580575226,-0.556013179531111,1.20599912646041,1.38402092107466,0.573490917484519,3.34009458837514]
["11396_39_DNAI1_DNAI1","FTjVRz","osteoporosis","DNAI1","Weighted median",4,0.279741890285969,0.138015608878977,0.0426740838203039,0.00923129688317448,0.550252483688763,1.32278834375002,1.00927403671771,1.73369069123327]
["11396_39_DNAI1_DNAI1","FTjVRz","osteoporosis","DNAI1","Inverse variance weighted",4,0.228638273621866,0.11547023663317,0.0476965177077492,0.00231660982085238,0.454959937422879,1.25688730747715,1.00231929523467,1.57611023873115]
["11396_39_DNAI1_DNAI1","FTjVRz","osteoporosis","DNAI1","Simple mode",4,0.302675084004983,0.180943710746897,0.19296832046206,-0.0519745890589347,0.6573247570689,1.35347462743581,0.949352990489277,1.92962321229788]
["11396_39_DNAI1_DNAI1","FTjVRz","osteoporosis","DNAI1","Weighted mode",4,0.307524418267884,0.187903797218832,0.200233479935024,-0.0607670242810266,0.675815860816794,1.36005401825985,0.94104245428156,1.96563600735416]
["11401_181_RNF146_RN146","FTjVRz","osteoporosis","RNF146","MR Egger",3,0.881343429921197,1.15219349980615,0.584296280518001,-1.37695582969886,3.13964268954125,2.41414075779506,0.252345567888942,23.0956130801245]
["11401_181_RNF146_RN146","FTjVRz","osteoporosis","RNF146","Weighted median",3,0.210983219601735,0.210021057619368,0.315098522618457,-0.200658053332227,0.622624492535697,1.23489163291412,0.818192161808048,1.863813192333]
["11401_181_RNF146_RN146","FTjVRz","osteoporosis","RNF146","Inverse variance weighted",3,0.204609435373905,0.187772054616236,0.27585886280856,-0.163423791673917,0.572642662421728,1.22704573070675,0.849231215024957,1.77294616425684]
["11401_181_RNF146_RN146","FTjVRz","osteoporosis","RNF146","Simple mode",3,0.376518544127934,0.313593851073171,0.352797591709685,-0.238125403975481,0.991162492231348,1.45720256172439,0.788103853540263,2.69436483067219]
["11401_181_RNF146_RN146","FTjVRz","osteoporosis","RNF146","Weighted mode",3,0.0874972318222891,0.294991154708733,0.794731441332519,-0.490685431406828,0.665679895051406,1.09143924314098,0.612206624691222,1.94581302034912]
["11402_17_KMT2C_KMT2C","FTjVRz","osteoporosis","KMT2C","Inverse variance weighted",2,0.122808669280829,0.116618845885709,0.292305526667366,-0.105764268655161,0.351381607216819,1.130668068716,0.899636695649944,1.42102949756889]
["11405_150_CARD9_CARD9","FTjVRz","osteoporosis","CARD9","MR Egger",3,0.211320557281734,0.489169124495702,0.740396725799659,-0.747450926729842,1.17009204129331,1.23530827866382,0.473572185664826,3.22228920854612]
["11405_150_CARD9_CARD9","FTjVRz","osteoporosis","CARD9","Weighted median",3,0.377702544618245,0.157397627536653,0.0164098069041449,0.0692031946464044,0.686201894590085,1.4589289120701,1.07165394137027,1.98615755357787]
["11405_150_CARD9_CARD9","FTjVRz","osteoporosis","CARD9","Inverse variance weighted",3,0.351413256959924,0.137260187171709,0.0104612541681154,0.0823832901033741,0.620443223816474,1.42107447349917,1.08587193404216,1.85975214564532]
["11405_150_CARD9_CARD9","FTjVRz","osteoporosis","CARD9","Simple mode",3,0.404343917659491,0.195303607007354,0.174259606941277,0.0215488479250773,0.787138987393906,1.49831915677575,1.02178270108318,2.19710149054329]
["11405_150_CARD9_CARD9","FTjVRz","osteoporosis","CARD9","Weighted mode",3,0.403448509990278,0.184604647890229,0.16044453403255,0.0416234001254296,0.765273619855126,1.49697815077497,1.04250179876713,2.14958246263729]
["11406_82_ACAD8_ACAD8","FTjVRz","osteoporosis","ACAD8","Inverse variance weighted",2,0.307199341962649,0.283643640187799,0.278787642699698,-0.248742192805438,0.863140876730735,1.35961196877847,0.779780980620018,2.37059475876914]
["11407_57_PLSCR3_PLS3","FTjVRz","osteoporosis","PLSCR3","Inverse variance weighted",2,0.184060350714043,0.226048000219177,0.415499804784098,-0.258993729715545,0.627114431143631,1.20208836779856,0.771827862608779,1.87220041410845]
["11416_23_FBXL4_FBXL4","FTjVRz","osteoporosis","FBXL4","MR Egger",6,0.333677791370392,0.180772469717888,0.138655719033561,-0.0206362492766694,0.687991832017453,1.39609323780768,0.979575220966454,1.98971583492012]
["11416_23_FBXL4_FBXL4","FTjVRz","osteoporosis","FBXL4","Weighted median",6,0.028172941025769,0.0898315551430134,0.753809932245305,-0.147896907054537,0.204242789106075,1.02857355160581,0.862520030089127,1.22659592143462]
["11416_23_FBXL4_FBXL4","FTjVRz","osteoporosis","FBXL4","Inverse variance weighted",6,-0.0290230796843542,0.119112789884719,0.807493782505166,-0.262484147858404,0.204437988489695,0.97139404473995,0.769138556765241,1.22683537557232]
["11416_23_FBXL4_FBXL4","FTjVRz","osteoporosis","FBXL4","Simple mode",6,-0.0304640048317169,0.136339613833132,0.832033639871408,-0.297689647944655,0.236761638281221,0.969995346584564,0.742531750246587,1.2671390443348]
["11416_23_FBXL4_FBXL4","FTjVRz","osteoporosis","FBXL4","Weighted mode",6,0.0313564877184735,0.0846954048151356,0.726379008231186,-0.134646505719192,0.197359481156139,1.03185328135062,0.874024819861286,1.2181818754335]
["11421_10_EHD4_EHD4","FTjVRz","osteoporosis","EHD4","MR Egger",3,0.259201444852621,0.403881935315659,0.636762836602236,-0.53240714836607,1.05081003807131,1.29589482987911,0.587189814115361,2.8599668620571]
["11421_10_EHD4_EHD4","FTjVRz","osteoporosis","EHD4","Weighted median",3,0.211808911655657,0.187702135351283,0.259137934345101,-0.156087273632857,0.579705096944172,1.23591169419316,0.855484525870519,1.78551180021531]
["11421_10_EHD4_EHD4","FTjVRz","osteoporosis","EHD4","Inverse variance weighted",3,0.178189399917288,0.17223682849424,0.300874261795268,-0.159394783931423,0.515773583765999,1.19505164248375,0.852659676175899,1.67493370228111]
["11421_10_EHD4_EHD4","FTjVRz","osteoporosis","EHD4","Simple mode",3,0.218771693317092,0.23556818569263,0.4510873134727,-0.242941950640463,0.680485337274646,1.24454710582826,0.784317041552051,1.9748359611828]
["11421_10_EHD4_EHD4","FTjVRz","osteoporosis","EHD4","Weighted mode",3,0.225674259972526,0.206837361934473,0.389159232280412,-0.179726969419041,0.631075489364092,1.25316739200562,0.835498296858085,1.87963101575648]
["11425_31_RUFY1_RUFY1","FTjVRz","osteoporosis","RUFY1","MR Egger",7,0.504716983048079,0.494711605481666,0.354421215968442,-0.464917763695985,1.47435172979214,1.65651663182432,0.628186762823151,4.36820307893546]
["11425_31_RUFY1_RUFY1","FTjVRz","osteoporosis","RUFY1","Weighted median",7,0.377916043216322,0.166221080138931,0.0229915697681576,0.0521227261440187,0.703709360288626,1.45924042460009,1.05350502718959,2.0212363129083]
["11425_31_RUFY1_RUFY1","FTjVRz","osteoporosis","RUFY1","Inverse variance weighted",7,0.435201946221278,0.126102099115735,0.000558126368839796,0.188041831954438,0.682362060488119,1.54527508990878,1.20688400061017,1.97854566162559]
["11425_31_RUFY1_RUFY1","FTjVRz","osteoporosis","RUFY1","Simple mode",7,0.770710249402368,0.285497056260669,0.0355978617258755,0.211136019131456,1.33028447967328,2.16130077135651,1.23508033819156,3.78211917056828]
["11425_31_RUFY1_RUFY1","FTjVRz","osteoporosis","RUFY1","Weighted mode",7,0.362722199272253,0.2258031943029,0.159317261683891,-0.0798520615614309,0.805296460105936,1.43723653842165,0.923252920879597,2.23735968840074]
["11429_80_HNRNPC_hnRNP_C1_C2","FTjVRz","osteoporosis","HNRNPC","MR Egger",4,0.375720802331615,0.34351501325901,0.388219048577719,-0.297568623656045,1.04901022831928,1.45604055388793,0.742621620061536,2.85482409519749]
["11429_80_HNRNPC_hnRNP_C1_C2","FTjVRz","osteoporosis","HNRNPC","Weighted median",4,0.258749343282504,0.12388811411767,0.0367461973159881,0.01592863961187,0.501570046953137,1.2953090862096,1.01605617665587,1.65131187365974]
["11429_80_HNRNPC_hnRNP_C1_C2","FTjVRz","osteoporosis","HNRNPC","Inverse variance weighted",4,0.216600880840701,0.108137073480339,0.0451749830845725,4.65221681923653E-3,0.428549544862166,1.24184835774128,1.00466305518085,1.53502941675018]
["11429_80_HNRNPC_hnRNP_C1_C2","FTjVRz","osteoporosis","HNRNPC","Simple mode",4,0.306090126857669,0.179547058525449,0.186779584774668,-0.0458221078522106,0.658002361567549,1.35810470274146,0.95521187176894,1.93093117675849]
["11429_80_HNRNPC_hnRNP_C1_C2","FTjVRz","osteoporosis","HNRNPC","Weighted mode",4,0.280351660392623,0.149842343111774,0.158100360657811,-0.0133393321064545,0.5740426528917,1.32359518650877,0.986749242504608,1.77543001026525]
["11430_49_DTX1_DTX1","FTjVRz","osteoporosis","DTX1","MR Egger",8,0.232088087080438,0.309980484894995,0.482335102355616,-0.375473663313752,0.839649837474629,1.26123082207619,0.68696381216056,2.31555601386351]
["11430_49_DTX1_DTX1","FTjVRz","osteoporosis","DTX1","Weighted median",8,0.273370153898335,0.101572554385735,7.11574862313982E-3,0.0742879473022945,0.472452360494376,1.3143866801448,1.07711691375623,1.60392277094355]
["11430_49_DTX1_DTX1","FTjVRz","osteoporosis","DTX1","Inverse variance weighted",8,0.239347416665206,0.0814626254835892,0.00330203333780715,0.0796806707173714,0.399014162613041,1.27041982494293,1.08294119761891,1.49035472577521]
["11430_49_DTX1_DTX1","FTjVRz","osteoporosis","DTX1","Simple mode",8,0.327102334217244,0.169541099857446,0.0950146686487081,-0.00519822150334975,0.659402889937837,1.38694340168568,0.994815265869811,1.93363739527817]
["11430_49_DTX1_DTX1","FTjVRz","osteoporosis","DTX1","Weighted mode",8,0.333039365534524,0.154122311076912,0.0675204401672299,0.030959635823777,0.63511909524527,1.39520222026995,1.03144386966414,1.88724689020649]
["11431_235_RECQL_RECQ1","FTjVRz","osteoporosis","RECQL","Wald ratio",1,-0.0559586126266563,0.135182385035074,0.678911459933242,-0.320916087295401,0.208998862042089,0.94557827008145,0.725484125771159,1.23244359606052]
["11432_11_PQBP1_PQBP1","FTjVRz","osteoporosis","PQBP1","MR Egger",4,0.38307552441597,0.735392249895581,0.654360576130355,-1.05829328537937,1.82444433421131,1.46678880425306,0.347047616405337,6.19934929554249]
["11432_11_PQBP1_PQBP1","FTjVRz","osteoporosis","PQBP1","Weighted median",4,-0.0655911835634053,0.184215700954966,0.721798310738433,-0.426653957435139,0.295471590308328,0.936513648214593,0.652689371458271,1.34375991343729]
["11432_11_PQBP1_PQBP1","FTjVRz","osteoporosis","PQBP1","Inverse variance weighted",4,-1.60721010679727E-3,0.173392347105919,0.992604346220113,-0.341456210434398,0.338241790220803,0.998394080763707,0.710734589697383,1.40247956825687]
["11432_11_PQBP1_PQBP1","FTjVRz","osteoporosis","PQBP1","Simple mode",4,-0.15004680013077,0.294514441962446,0.64553254543675,-0.727295106377164,0.427201506115624,0.860667696121775,0.483214267166272,1.53296153172704]
["11432_11_PQBP1_PQBP1","FTjVRz","osteoporosis","PQBP1","Weighted mode",4,-0.159325014976271,0.190137625434686,0.463567094015429,-0.531994760828256,0.213344730875713,0.852719167425903,0.587432013813669,1.23781128947148]
["11433_11_TCTN2_TECT2","FTjVRz","osteoporosis","TCTN2","Inverse variance weighted",2,0.00976536014188437,0.0837518062178324,0.907177988330947,-0.154388180045067,0.173918900328836,1.00981319685869,0.85693930969983,1.18995905661879]
["11439_88_RHPN2_RHPN2","FTjVRz","osteoporosis","RHPN2","MR Egger",5,0.32007952244395,0.229889296952456,0.258081570705951,-0.130503499582865,0.770662544470764,1.37723728125588,0.877653421522489,2.16119766911029]
["11439_88_RHPN2_RHPN2","FTjVRz","osteoporosis","RHPN2","Weighted median",5,0.17042669896689,0.118892084069979,0.151727257827605,-0.0626017858102694,0.403455183744049,1.18581072759664,0.939317448759859,1.49698814127189]
["11439_88_RHPN2_RHPN2","FTjVRz","osteoporosis","RHPN2","Inverse variance weighted",5,0.134774699393783,0.0979374414937978,0.168781237269718,-0.0571826859340603,0.326732084721627,1.14427894856633,0.944421521078206,1.38642998164338]
["11439_88_RHPN2_RHPN2","FTjVRz","osteoporosis","RHPN2","Simple mode",5,0.0751217405225161,0.166276610559599,0.674835836963697,-0.250780416174297,0.401023897219329,1.07801538105222,0.778193231446134,1.49335295505666]
["11439_88_RHPN2_RHPN2","FTjVRz","osteoporosis","RHPN2","Weighted mode",5,0.215534314074664,0.148445040867901,0.220155567997209,-0.0754179660264215,0.506486594175749,1.24052454964481,0.927355802095097,1.65945061733021]
["11440_58_SOCS3_SOCS_3","FTjVRz","osteoporosis","SOCS3","MR Egger",6,0.171477647341953,0.0811446939972467,0.102117615425177,0.0124340471073494,0.330521247576556,1.18705760854293,1.01251167126492,1.391693356225]
["11440_58_SOCS3_SOCS_3","FTjVRz","osteoporosis","SOCS3","Weighted median",6,0.0670924393761406,0.0517651259910992,0.19494330037044,-0.0343672075664138,0.168552086318695,1.06939432775024,0.966216637426474,1.18358987407874]
["11440_58_SOCS3_SOCS_3","FTjVRz","osteoporosis","SOCS3","Inverse variance weighted",6,0.047411864535194,0.0516378291957958,0.358534343448344,-0.0537982806885657,0.148622009758954,1.04855378227368,0.947623241131077,1.16023434905219]
["11440_58_SOCS3_SOCS_3","FTjVRz","osteoporosis","SOCS3","Simple mode",6,-0.0701003813039478,0.169923862591557,0.697036527099621,-0.4031511519834,0.262950389375505,0.932300229695945,0.66821109025827,1.30076218572662]
["11440_58_SOCS3_SOCS_3","FTjVRz","osteoporosis","SOCS3","Weighted mode",6,0.0842947340267584,0.0551619872265829,0.187019312476097,-0.0238227609373441,0.192412228990861,1.08794950229711,0.976458761057263,1.21217010564476]
["11441_11_PYGL_PYGL","FTjVRz","osteoporosis","PYGL","MR Egger",7,-0.133480646603692,0.185555118164479,0.504128688057356,-0.49716867820607,0.230207384998687,0.875044403894878,0.608250376575255,1.25886105175803]
["11441_11_PYGL_PYGL","FTjVRz","osteoporosis","PYGL","Weighted median",7,-0.102495549289351,0.0967014408717119,0.289182134238337,-0.292030373397906,0.0870392748192045,0.902582166876048,0.74674585441993,1.09093952532952]
["11441_11_PYGL_PYGL","FTjVRz","osteoporosis","PYGL","Inverse variance weighted",7,-0.0795252943021173,0.08259602548808,0.335636713342003,-0.241413504258754,0.0823629156545196,0.923554659002591,0.785516744703737,1.08584981022536]
["11441_11_PYGL_PYGL","FTjVRz","osteoporosis","PYGL","Simple mode",7,-0.03584369898895,0.135077026371716,0.799615690442943,-0.300594670677514,0.228907272699614,0.964791079519992,0.740377808771514,1.25722545448227]
["11441_11_PYGL_PYGL","FTjVRz","osteoporosis","PYGL","Weighted mode",7,-0.118985593663756,0.10499316012168,0.300344191598517,-0.324772187502248,0.0868010001747365,0.887820590911777,0.722691973153678,1.09067961306846]
["11444_49_POLR3F_RPC6","FTjVRz","osteoporosis","POLR3F","MR Egger",3,0.167089143754999,2.02024877481271,0.947466520575759,-3.79259845487792,4.12677674238792,1.18185961601667,0.0225369644156306,61.9778301199389]
["11444_49_POLR3F_RPC6","FTjVRz","osteoporosis","POLR3F","Weighted median",3,-0.0369288223226638,0.25956024126107,0.886863130521524,-0.545666895194361,0.471809250549034,0.963744730019248,0.579455218554473,1.60289160387043]
["11444_49_POLR3F_RPC6","FTjVRz","osteoporosis","POLR3F","Inverse variance weighted",3,0.0963566593252943,0.249972504273405,0.699889945828998,-0.39358944905058,0.586302767701168,1.10115172999889,0.674630969778147,1.79733096581422]
["11444_49_POLR3F_RPC6","FTjVRz","osteoporosis","POLR3F","Simple mode",3,-0.0381927049450471,0.313164372674799,0.914081998625356,-0.651994875387652,0.575609465497558,0.962527439220948,0.521005398547192,1.77821395677787]
["11444_49_POLR3F_RPC6","FTjVRz","osteoporosis","POLR3F","Weighted mode",3,-0.0529522540247315,0.261456775120378,0.858237557284667,-0.565407533260672,0.459503025211209,0.948425294891937,0.568128568284866,1.58328693574838]
["11448_34_GALK1_GALK1","FTjVRz","osteoporosis","GALK1","Inverse variance weighted",2,0.13021551544073,0.291168229558207,0.654718057547614,-0.440474214493355,0.700905245374815,1.139073844875,0.643731082081827,2.01557647314811]
["11454_87_EIF3G_EIF3G","FTjVRz","osteoporosis","EIF3G","MR Egger",5,-0.0156632239971235,0.494195675022199,0.976706498302288,-0.984286747040633,0.952960299046386,0.984458806335634,0.373705678582834,2.59337547410846]
["11454_87_EIF3G_EIF3G","FTjVRz","osteoporosis","EIF3G","Weighted median",5,-0.0723394669613944,0.181181520138665,0.689697842316939,-0.427455246433177,0.282776312510389,0.93021506492563,0.652166588124024,1.32680833819416]
["11454_87_EIF3G_EIF3G","FTjVRz","osteoporosis","EIF3G","Inverse variance weighted",5,-0.0647081342509782,0.148208739972748,0.662400491765784,-0.355197264597563,0.225780996095607,0.937341001190704,0.701035140153072,1.25330115737329]
["11454_87_EIF3G_EIF3G","FTjVRz","osteoporosis","EIF3G","Simple mode",5,-0.0930061821215086,0.227842518639609,0.70403013019634,-0.539577518655143,0.353565154412125,0.911187867204616,0.5829945046542,1.42413577265769]
["11454_87_EIF3G_EIF3G","FTjVRz","osteoporosis","EIF3G","Weighted mode",5,-0.0723385221608305,0.190590960493361,0.723570759596504,-0.445896804727818,0.301219760406157,0.930215943793763,0.640249839409112,1.35150631648219]
["11456_2_MAGEB10_MAGBA","FTjVRz","osteoporosis","MAGEB10","MR Egger",4,0.442708889156308,0.418768304134137,0.401266170492645,-0.378076986946601,1.26349476525922,1.55691903235135,0.685177748892531,3.53776356166823]
["11456_2_MAGEB10_MAGBA","FTjVRz","osteoporosis","MAGEB10","Weighted median",4,0.220861011910093,0.132612144653759,0.095819830744465,-0.0390587916112741,0.48078081543146,1.2471500795101,0.961694167934623,1.61733675079101]
["11456_2_MAGEB10_MAGBA","FTjVRz","osteoporosis","MAGEB10","Inverse variance weighted",4,0.183669115745152,0.11649507609894,0.114881705626507,-0.0446612334087697,0.411999464899074,1.20161816078009,0.956321396703916,1.50983362841516]
["11456_2_MAGEB10_MAGBA","FTjVRz","osteoporosis","MAGEB10","Simple mode",4,0.253012320210796,0.19727578123414,0.289772927779068,-0.133648211008119,0.63967285142971,1.28789914392582,0.87489778988448,1.8958605497722]
["11456_2_MAGEB10_MAGBA","FTjVRz","osteoporosis","MAGEB10","Weighted mode",4,0.278478907966181,0.175351485031422,0.210465072957252,-0.0652100026954072,0.622167818627768,1.32111874002098,0.936870697345737,1.86296223179933]
["11457_53_GALE_GALE","FTjVRz","osteoporosis","GALE","MR Egger",5,0.0937530421261898,0.394942449717859,0.827646654268901,-0.680334159320814,0.867840243573194,1.0982884814349,0.506447729857405,2.3817612703925]
["11457_53_GALE_GALE","FTjVRz","osteoporosis","GALE","Weighted median",5,0.196802507151593,0.12804014105827,0.124284109629163,-0.0541561693226156,0.447761183625801,1.21750356871321,0.947284158224293,1.56480494998252]
["11457_53_GALE_GALE","FTjVRz","osteoporosis","GALE","Inverse variance weighted",5,0.186385903427287,0.107605596154172,0.0832520364484542,-0.0245210650348914,0.397292871889464,1.2048871407495,0.97577713392254,1.48779159858727]
["11457_53_GALE_GALE","FTjVRz","osteoporosis","GALE","Simple mode",5,0.215765730615517,0.173003190920585,0.280369294514741,-0.123320523588831,0.554851984819864,1.24081166076478,0.88398028061595,1.74168317014614]
["11457_53_GALE_GALE","FTjVRz","osteoporosis","GALE","Weighted mode",5,0.15647097155127,0.171950710314216,0.414309142974564,-0.180552420664593,0.493494363767133,1.16937681663138,0.834808918311621,1.63803010399142]
["11459_81_ELL_ELL","FTjVRz","osteoporosis","ELL","MR Egger",5,0.227405536585289,0.221103542138568,0.379383693152857,-0.205957406006305,0.660768479176882,1.2553388505586,0.813867741422099,1.9362797534747]
["11459_81_ELL_ELL","FTjVRz","osteoporosis","ELL","Weighted median",5,0.101473345962113,0.103133840536805,0.325164873191918,-0.100668981490024,0.30361567341425,1.10680041729852,0.904232300980435,1.35474829023906]
["11459_81_ELL_ELL","FTjVRz","osteoporosis","ELL","Inverse variance weighted",5,0.132697180135346,0.0868811559944253,0.126676157883288,-0.0375898856137278,0.302984245884419,1.1419041547078,0.963107844290357,1.35389313488534]
["11459_81_ELL_ELL","FTjVRz","osteoporosis","ELL","Simple mode",5,0.0202515492294255,0.134693007351773,0.887762910363362,-0.24374674518005,0.284249843638901,1.02045800316805,0.783686081410399,1.32876487273532]
["11459_81_ELL_ELL","FTjVRz","osteoporosis","ELL","Weighted mode",5,0.0119620048215646,0.137395307789161,0.934805892879569,-0.257332798445191,0.28125680808832,1.01203383572939,0.77311088084872,1.32479377801121]
["11464_9_RELB_RELB","FTjVRz","osteoporosis","RELB","MR Egger",7,0.476630111121639,0.236533535062492,0.0999980601948321,0.0130243823991554,0.940235839844122,1.61063757693195,1.01310956910057,2.56058523514716]
["11464_9_RELB_RELB","FTjVRz","osteoporosis","RELB","Weighted median",7,0.0704299651557536,0.0818491319266378,0.389521648458817,-0.0899943334204564,0.230854263731964,1.07296942155294,0.91393636414966,1.25967564564389]
["11464_9_RELB_RELB","FTjVRz","osteoporosis","RELB","Inverse variance weighted",7,0.0839052209921179,0.0813400759285779,0.302289509728128,-0.0755213278278948,0.243331769812131,1.08752581430629,0.927259953882393,1.27549172357827]
["11464_9_RELB_RELB","FTjVRz","osteoporosis","RELB","Simple mode",7,0.180403083890398,0.106426706801472,0.140991595102066,-0.0281932614404858,0.388999429221283,1.19770003942718,0.972200459782943,1.4755037091467]
["11464_9_RELB_RELB","FTjVRz","osteoporosis","RELB","Weighted mode",7,0.0363368323477624,0.0911501914786287,0.703952433491542,-0.14231754295035,0.214991207645875,1.03700508452755,0.867345793210369,1.23985099570912]
["11465_4_GPR135_GP135","FTjVRz","osteoporosis","GPR135","MR Egger",4,0.265339265191376,0.3779465410761,0.55534789585766,-0.475435955317779,1.00611448570053,1.30387325955932,0.621614001455836,2.73495364166861]
["11465_4_GPR135_GP135","FTjVRz","osteoporosis","GPR135","Weighted median",4,0.138265795822192,0.147490837518535,0.348525353168117,-0.150816245714137,0.427347837358522,1.14828071793377,0.860005713876565,1.53318586830661]
["11465_4_GPR135_GP135","FTjVRz","osteoporosis","GPR135","Inverse variance weighted",4,0.157663613353851,0.124257905560724,0.204497525518833,-0.085881881545168,0.401209108252871,1.17077229629415,0.917702622434281,1.49362956611582]
["11465_4_GPR135_GP135","FTjVRz","osteoporosis","GPR135","Simple mode",4,0.148661989534261,0.215814461970998,0.540415061609823,-0.274334355928896,0.571658334997417,1.16028073588803,0.760077896219092,1.77120186334798]
["11465_4_GPR135_GP135","FTjVRz","osteoporosis","GPR135","Weighted mode",4,0.0347237310770273,0.18793493629078,0.865198484124316,-0.333628744052902,0.403076206206957,1.03533363877601,0.716319670805606,1.49642092388117]
["11468_15_RBM19_RBM19","FTjVRz","osteoporosis","RBM19","MR Egger",3,0.445268693361196,1.02894882613982,0.739998553681495,-1.57147100587286,2.46200839259525,1.56090954552421,0.207739371651769,11.728343019121]
["11468_15_RBM19_RBM19","FTjVRz","osteoporosis","RBM19","Weighted median",3,0.15667461337419,0.175689327061875,0.372515790908214,-0.187676467667086,0.501025694415465,1.16961497490667,0.82888283425354,1.65041322246455]
["11468_15_RBM19_RBM19","FTjVRz","osteoporosis","RBM19","Inverse variance weighted",3,0.176092731249202,0.241112470260351,0.465185806069464,-0.296487710461087,0.648673172959491,1.19254864004854,0.743424763555525,1.91300092302535]
["11468_15_RBM19_RBM19","FTjVRz","osteoporosis","RBM19","Simple mode",3,0.149847995923307,0.164913212311173,0.459448550515833,-0.173381900206592,0.473077892053206,1.1616576526085,0.840816445546956,1.6049263891194]
["11468_15_RBM19_RBM19","FTjVRz","osteoporosis","RBM19","Weighted mode",3,0.149847995923307,0.175206136071369,0.482509349551177,-0.193556030776577,0.493252022623191,1.1616576526085,0.824023664215773,1.63763318999844]
["11480_1_ALDH3A1_Aldehyde_dehydrogenase__class_3","FTjVRz","osteoporosis","ALDH3A1","Inverse variance weighted",2,-0.20910003882529,0.244711937251321,0.392842294127928,-0.688735435837879,0.2705353581873,0.811314068677184,0.502210745397468,1.31066593868392]
["11481_25_HAVCR2_TIMD3","FTjVRz","osteoporosis","HAVCR2","Wald ratio",1,0.376287719298246,0.374173684210526,0.314584022397006,-0.357092701754386,1.10966814035088,1.45686624200822,0.699707630603095,3.0333515803933]
["11490_42_UBL4A_UBL4A","FTjVRz","osteoporosis","UBL4A","Inverse variance weighted",2,0.0527623991058673,0.252225227905561,0.834301764139324,-0.441599047589032,0.547123845800766,1.054179141454,0.643007399143549,1.72827507701603]
["11510_31_APOL1_Apo_L1","FTjVRz","osteoporosis","APOL1","MR Egger",7,0.0519266051303402,0.0718525472402846,0.502252829938126,-0.0889043874606176,0.192757597721298,1.05329843297514,0.914933048464666,1.2125888235971]
["11510_31_APOL1_Apo_L1","FTjVRz","osteoporosis","APOL1","Weighted median",7,-0.00515337080497442,0.054518362056818,0.924691794483919,-0.112009360436338,0.101702618826389,0.994859885029833,0.894035888895169,1.10705420569266]
["11510_31_APOL1_Apo_L1","FTjVRz","osteoporosis","APOL1","Inverse variance weighted",7,-0.00875721310285333,0.0486974084079552,0.857286705657204,-0.104204133582445,0.0866897073767388,0.991281019602431,0.901041345848637,1.09055823503698]
["11510_31_APOL1_Apo_L1","FTjVRz","osteoporosis","APOL1","Simple mode",7,-0.0422560364631603,0.0915319282167293,0.660593495629133,-0.22165861576795,0.137146542841629,0.95862430637175,0.801188830887178,1.1469962202907]
["11510_31_APOL1_Apo_L1","FTjVRz","osteoporosis","APOL1","Weighted mode",7,0.00806457437392116,0.0528845635307749,0.883796222571874,-0.0955891701463976,0.11171831889424,1.0080971806468,0.90883731688374,1.11819784107527]
["11513_92_CD38_CD38","FTjVRz","osteoporosis","CD38","MR Egger",3,0.495698224173,0.636160834734326,0.578602034344132,-0.751177011906278,1.74257346025228,1.64164407456179,0.471810898754138,5.71202419159928]
["11513_92_CD38_CD38","FTjVRz","osteoporosis","CD38","Weighted median",3,0.236164221411475,0.14731762784122,0.108913578640579,-0.0525783291573162,0.524906771980266,1.26638226017372,0.948780001007169,1.69030125759427]
["11513_92_CD38_CD38","FTjVRz","osteoporosis","CD38","Inverse variance weighted",3,0.237818976380095,0.128406998922767,0.0640155191847534,-0.0138587415085275,0.489496694268718,1.26847954728048,0.986236848753149,1.63149487255838]
["11513_92_CD38_CD38","FTjVRz","osteoporosis","CD38","Simple mode",3,0.20786286131657,0.182276011363733,0.372287774776446,-0.149398120956347,0.565123843589486,1.23104433417297,0.861226174449396,1.75966569254383]
["11513_92_CD38_CD38","FTjVRz","osteoporosis","CD38","Weighted mode",3,0.230781643869893,0.178937675880506,0.326159995749136,-0.119936200855898,0.581499488595685,1.25958417149371,0.886977023286975,1.78871858393582]
["11514_196_CD59_CD59","FTjVRz","osteoporosis","CD59","MR Egger",31,-0.0451486951924682,0.123943320156266,0.718299902007008,-0.28807760269875,0.197780212313814,0.955855340171692,0.749703410973605,1.21869451033738]
["11514_196_CD59_CD59","FTjVRz","osteoporosis","CD59","Weighted median",31,0.0599717182842289,0.0888198942276186,0.49954494678426,-0.114115274401904,0.234058710970361,1.06180651641061,0.892155107308218,1.26371868418003]
["11514_196_CD59_CD59","FTjVRz","osteoporosis","CD59","Inverse variance weighted",31,-0.0703814504612987,0.0619869632858757,0.256197947350508,-0.191875898501615,0.0511129975790176,0.932038225678336,0.825409296666303,1.05244180994101]
["11514_196_CD59_CD59","FTjVRz","osteoporosis","CD59","Simple mode",31,-0.389338410736353,0.178668120529817,0.0373088222652341,-0.739527926974794,-0.0391488944979115,0.67750495626391,0.477339201301988,0.961607520417684]
["11514_196_CD59_CD59","FTjVRz","osteoporosis","CD59","Weighted mode",31,0.0258452371987674,0.0915700216125628,0.779693292786108,-0.153632005161856,0.205322479559391,1.02618212136382,0.857587550743171,1.22792098053918]
["11516_7_FABP1_FABPL","FTjVRz","osteoporosis","FABP1","MR Egger",15,0.399444605973172,0.191058643742798,0.0567630391250429,0.024969664237287,0.773919547709057,1.49099637715854,1.02528401728,2.16824817244058]
["11516_7_FABP1_FABPL","FTjVRz","osteoporosis","FABP1","Weighted median",15,0.186923944140337,0.121045614517798,0.122529272859421,-0.0503254603145473,0.424173348595221,1.20553559351721,0.950919887446755,1.528326504075]
["11516_7_FABP1_FABPL","FTjVRz","osteoporosis","FABP1","Inverse variance weighted",15,0.159957480882231,0.084914093293069,0.0595979109723679,-0.00647414197218443,0.326389103736646,1.17346097540565,0.993546770131307,1.38595454406036]
["11516_7_FABP1_FABPL","FTjVRz","osteoporosis","FABP1","Simple mode",15,0.157767712396981,0.179367136047437,0.393934577328277,-0.193791874255996,0.509327299049957,1.17089417891373,0.823829346522862,1.66417132868673]
["11516_7_FABP1_FABPL","FTjVRz","osteoporosis","FABP1","Weighted mode",15,0.218993128363732,0.121895931277675,0.0940079663309389,-0.0199228969405121,0.457909153667975,1.24482272268917,0.980274252537031,1.58076538980069]
["11530_37_HMBS_HEM3","FTjVRz","osteoporosis","HMBS","MR Egger",19,-0.167469094683571,0.398338156417912,0.679445385620002,-0.948211881262678,0.613273691895535,0.84580275668675,0.387433180970519,1.84646627691225]
["11530_37_HMBS_HEM3","FTjVRz","osteoporosis","HMBS","Weighted median",19,0.0119973261623127,0.13573259083885,0.929567163073717,-0.254038551881834,0.278033204206459,1.01206958275267,0.775661898244212,1.32053004363335]
["11530_37_HMBS_HEM3","FTjVRz","osteoporosis","HMBS","Inverse variance weighted",19,-0.0387012798499748,0.0982331447413496,0.693600423820796,-0.23123824354302,0.15383568384307,0.962038046377063,0.793550385257151,1.16629922922548]
["11530_37_HMBS_HEM3","FTjVRz","osteoporosis","HMBS","Simple mode",19,-0.0695899354834655,0.195364154991978,0.725827038787191,-0.452503679267742,0.313323808300812,0.93277623993001,0.636033732028542,1.36796441755219]
["11530_37_HMBS_HEM3","FTjVRz","osteoporosis","HMBS","Weighted mode",19,-0.0375659977798932,0.164570280316695,0.822011595298365,-0.360123747200615,0.284991751640828,0.963130851125297,0.697589995920412,1.32975105981189]
["11534_6_LRIT3_LRIT3","FTjVRz","osteoporosis","LRIT3","MR Egger",16,-0.741506245854481,0.514829662277796,0.171771790031902,-1.75057238391896,0.267559892209999,0.476395805624462,0.17367450650045,1.30677189294902]
["11534_6_LRIT3_LRIT3","FTjVRz","osteoporosis","LRIT3","Weighted median",16,-0.096282224869807,0.163147421502259,0.555086909374099,-0.416051171014234,0.22348672127462,0.908207661106621,0.659646514839541,1.25042903606245]
["11534_6_LRIT3_LRIT3","FTjVRz","osteoporosis","LRIT3","Inverse variance weighted",16,-0.135393612062614,0.128363065044416,0.291530164951687,-0.386985219549669,0.116197995424441,0.873372074239619,0.679101132273013,1.123218242191]
["11534_6_LRIT3_LRIT3","FTjVRz","osteoporosis","LRIT3","Simple mode",16,-0.0557141117314996,0.248964198543935,0.82594498750365,-0.543683940877613,0.432255717414614,0.945809493080888,0.580605391775061,1.54072905604104]
["11534_6_LRIT3_LRIT3","FTjVRz","osteoporosis","LRIT3","Weighted mode",16,-0.117576297191259,0.20852107471906,0.581183718325553,-0.526277603640617,0.291125009258099,0.889072675410661,0.590800073663486,1.33793182736145]
["11536_9_MYSM1_MYSM1","FTjVRz","osteoporosis","MYSM1","MR Egger",18,0.213256539208604,0.558959899197349,0.707833659026147,-0.8823048632182,1.30881794163541,1.23770212964386,0.413827994704159,3.70179538680094]
["11536_9_MYSM1_MYSM1","FTjVRz","osteoporosis","MYSM1","Weighted median",18,0.00926526225225812,0.147721448288517,0.949988538381412,-0.280268776393235,0.298799300897751,1.00930831766506,0.755580631924378,1.34823900595936]
["11536_9_MYSM1_MYSM1","FTjVRz","osteoporosis","MYSM1","Inverse variance weighted",18,0.072710857907377,0.108240976833244,0.50174297206208,-0.139441456685781,0.284863172500535,1.07541954289906,0.86984394526122,1.32958009255546]
["11536_9_MYSM1_MYSM1","FTjVRz","osteoporosis","MYSM1","Simple mode",18,-0.0346615371388548,0.261169043232163,0.895975571357765,-0.546552861873895,0.477229787596185,0.965932293144213,0.578942067889313,1.61160372805595]
["11536_9_MYSM1_MYSM1","FTjVRz","osteoporosis","MYSM1","Weighted mode",18,-0.0346615371388548,0.226268895917749,0.880054141587211,-0.478148573137643,0.408825498859934,0.965932293144213,0.619930085181619,1.50504906479171]
["11537_12_TFR2_TFR2","FTjVRz","osteoporosis","TFR2","MR Egger",13,0.114415776865775,0.420367635499302,0.790524537768439,-0.709504788712856,0.938336342444406,1.12121820457581,0.491887725510749,2.55572602663925]
["11537_12_TFR2_TFR2","FTjVRz","osteoporosis","TFR2","Weighted median",13,0.0940724710331559,0.16694625311438,0.573101565847436,-0.233142185071028,0.42128712713734,1.09863936256186,0.792040949119141,1.52392177489395]
["11537_12_TFR2_TFR2","FTjVRz","osteoporosis","TFR2","Inverse variance weighted",13,-0.0693866980300041,0.14552134653976,0.633494170886084,-0.354608537247934,0.215835141187926,0.932965834263345,0.701447980226329,1.24089778920149]
["11537_12_TFR2_TFR2","FTjVRz","osteoporosis","TFR2","Simple mode",13,0.169181307267841,0.26791832096217,0.53957868793992,-0.355938601818011,0.694301216353694,1.18433484797472,0.700515629300994,2.00230940389857]
["11537_12_TFR2_TFR2","FTjVRz","osteoporosis","TFR2","Weighted mode",13,0.223584454313453,0.19760513421632,0.279962186003064,-0.163721608750535,0.610890517377441,1.25055125026407,0.848978337124674,1.84207106489147]
["11538_216_MLYCD_DCMC","FTjVRz","osteoporosis","MLYCD","MR Egger",13,-0.238409445059252,0.746899010486976,0.755555303776039,-1.70233150561373,1.22551261549522,0.787880031456418,0.182258092531578,3.40591155841387]
["11538_216_MLYCD_DCMC","FTjVRz","osteoporosis","MLYCD","Weighted median",13,-0.0666520074931305,0.173726039096482,0.701229288414687,-0.407155044122235,0.273851029135974,0.935520698891372,0.665540994082505,1.31501888814636]
["11538_216_MLYCD_DCMC","FTjVRz","osteoporosis","MLYCD","Inverse variance weighted",13,0.0326012795754022,0.135473489147838,0.809828772132021,-0.23292675915436,0.298129318305164,1.03313852367642,0.792211593646611,1.34733601182367]
["11538_216_MLYCD_DCMC","FTjVRz","osteoporosis","MLYCD","Simple mode",13,-0.0973757117855549,0.248430917036202,0.701957640781469,-0.584300309176511,0.389548885605401,0.907215090692702,0.557495800073599,1.47631465684928]
["11538_216_MLYCD_DCMC","FTjVRz","osteoporosis","MLYCD","Weighted mode",13,-0.0609805751555201,0.206013606971775,0.772288030194103,-0.4647672448202,0.34280609450916,0.940841515298624,0.62828132390491,1.40889554285619]
["11540_37_FOXO3_FOXO3A","FTjVRz","osteoporosis","FOXO3","MR Egger",13,0.032226108846672,0.33785396000472,0.925724722378063,-0.629967652762579,0.694419870455923,1.03275099304324,0.532609029158973,2.00254700021889]
["11540_37_FOXO3_FOXO3A","FTjVRz","osteoporosis","FOXO3","Weighted median",13,0.0824359748044654,0.142268990476068,0.562294070467342,-0.196411246528628,0.361283196137559,1.08592914438747,0.821674254501536,1.43516983788847]
["11540_37_FOXO3_FOXO3A","FTjVRz","osteoporosis","FOXO3","Inverse variance weighted",13,0.0590896457915713,0.106054195884734,0.577414959868165,-0.148776578142508,0.266955869725651,1.06087033903881,0.861761629776182,1.30598281167917]
["11540_37_FOXO3_FOXO3A","FTjVRz","osteoporosis","FOXO3","Simple mode",13,-0.220800067240851,0.260710236844892,0.413612902354219,-0.73179213145684,0.290191996975138,0.801876985742763,0.481046119249659,1.3366841026945]
["11540_37_FOXO3_FOXO3A","FTjVRz","osteoporosis","FOXO3","Weighted mode",13,-0.204399011989977,0.235672458392694,0.402787345157022,-0.666317030439657,0.257519006459704,0.815137056830295,0.513596659642094,1.29371639971526]
["11542_11_TMEM230_TM230","FTjVRz","osteoporosis","TMEM230","MR Egger",13,0.0225396606950386,0.353546977113444,0.950310728031425,-0.670412414447312,0.715491735837389,1.02279559814435,0.511497585287418,2.04519212929545]
["11542_11_TMEM230_TM230","FTjVRz","osteoporosis","TMEM230","Weighted median",13,-0.132103356030644,0.151375668990068,0.382834506481429,-0.428799667251178,0.16459295518989,0.876250424633213,0.65129039090701,1.17891315055424]
["11542_11_TMEM230_TM230","FTjVRz","osteoporosis","TMEM230","Inverse variance weighted",13,-0.0733439415999409,0.112875413299531,0.51583573873092,-0.294579751667021,0.147891868467139,0.929281156606652,0.744844541378966,1.15938752323463]
["11542_11_TMEM230_TM230","FTjVRz","osteoporosis","TMEM230","Simple mode",13,-0.19131685066374,0.208882083406582,0.377753640865745,-0.600725734140641,0.218092032813161,0.825870868957441,0.548413489244788,1.24370152370208]
["11542_11_TMEM230_TM230","FTjVRz","osteoporosis","TMEM230","Weighted mode",13,-0.151773262258453,0.196372680105093,0.454545962946083,-0.536663715264436,0.23311719074753,0.859183067885879,0.584695713308758,1.2625294274254]
["11543_84_LIMA1_LIMA1","FTjVRz","osteoporosis","LIMA1","MR Egger",18,0.307308799142874,0.210714605590601,0.164077640836203,-0.105691827814705,0.720309426100453,1.35976079621574,0.89970186844884,2.05506900426139]
["11543_84_LIMA1_LIMA1","FTjVRz","osteoporosis","LIMA1","Weighted median",18,0.273946001697255,0.119235848641859,0.0215894796198688,0.0402437383592114,0.507648265035298,1.31514378478909,1.0410644906217,1.66137947288596]
["11543_84_LIMA1_LIMA1","FTjVRz","osteoporosis","LIMA1","Inverse variance weighted",18,0.274730621023996,0.086026720387527,0.00140535065250006,0.106118249064443,0.443342992983549,1.3161760769453,1.11195335617678,1.55790659374361]
["11543_84_LIMA1_LIMA1","FTjVRz","osteoporosis","LIMA1","Simple mode",18,0.25008356168907,0.170971021163056,0.16178513869484,-0.0850196397905203,0.585186763168661,1.28413271650338,0.918494245189745,1.79532625515112]
["11543_84_LIMA1_LIMA1","FTjVRz","osteoporosis","LIMA1","Weighted mode",18,0.284965808545602,0.135227343886413,0.0502435248370542,0.0199202145282324,0.550011402562971,1.329716562401,1.02011994602862,1.73327278150675]
["11544_39_PHF3_PHF3","FTjVRz","osteoporosis","PHF3","MR Egger",6,-1.02607627088347,1.64664188834224,0.566966211016939,-4.25349437203426,2.20134183026731,0.35841051095017,0.0142144763552706,9.03713166415244]
["11544_39_PHF3_PHF3","FTjVRz","osteoporosis","PHF3","Weighted median",6,-0.111879294867013,0.243483808772891,0.645879620024041,-0.589107560061878,0.365348970327853,0.894152179744609,0.554822209354595,1.44101679251823]
["11544_39_PHF3_PHF3","FTjVRz","osteoporosis","PHF3","Inverse variance weighted",6,-0.172688346480785,0.194212146185677,0.37390969658175,-0.553344153004712,0.207967460043142,0.841399799195649,0.575023624463847,1.23117310657727]
["11544_39_PHF3_PHF3","FTjVRz","osteoporosis","PHF3","Simple mode",6,-0.0972530501348368,0.292203684734139,0.752767045463225,-0.66997227221375,0.475466171944076,0.907326378018487,0.51172276652932,1.60876398334131]
["11544_39_PHF3_PHF3","FTjVRz","osteoporosis","PHF3","Weighted mode",6,-0.0999877160004052,0.274951011518259,0.73098488163465,-0.638891698576192,0.438916266575382,0.904848533126705,0.527877146952142,1.55102540928103]
["11546_7_CYGB_CYGB","FTjVRz","osteoporosis","CYGB","MR Egger",7,-0.296326705038193,1.0112241807138,0.78126565264402,-2.27832609923725,1.68567268916086,0.743544468610293,0.102455563704462,5.39607959598669]
["11546_7_CYGB_CYGB","FTjVRz","osteoporosis","CYGB","Weighted median",7,0.260648716069691,0.259279525109681,0.314761680569333,-0.247539153145284,0.768836585284667,1.29777169900847,0.780719652582525,2.15725501103522]
["11546_7_CYGB_CYGB","FTjVRz","osteoporosis","CYGB","Inverse variance weighted",7,0.418114378950829,0.261836364632232,0.11029831286741,-0.0950848957283466,0.931313653630004,1.51909441689142,0.909295735867583,2.53784083264055]
["11546_7_CYGB_CYGB","FTjVRz","osteoporosis","CYGB","Simple mode",7,0.596094616009066,0.393937837116505,0.181001388201282,-0.176023544739285,1.36821277675742,1.81501660422639,0.838598238527741,3.9283236265807]
["11546_7_CYGB_CYGB","FTjVRz","osteoporosis","CYGB","Weighted mode",7,0.396937517166122,0.275049907951967,0.199083094899889,-0.142160302419734,0.936035336751977,1.48726299874115,0.867482185846065,2.54985204712552]
["11547_84_MUSK_MUSK","FTjVRz","osteoporosis","MUSK","MR Egger",17,0.0125170527342308,0.266946315401913,0.963219673051465,-0.510697725453518,0.53573183092198,1.01259571891908,0.600076743895086,1.70869826302171]
["11547_84_MUSK_MUSK","FTjVRz","osteoporosis","MUSK","Weighted median",17,-0.0860011435117549,0.127805844688714,0.501007972017903,-0.336500599101635,0.164498312078125,0.917593181940961,0.714265455658421,1.17880157982496]
["11547_84_MUSK_MUSK","FTjVRz","osteoporosis","MUSK","Inverse variance weighted",17,-0.002742315815033,0.0935868635936985,0.97662344601018,-0.186172568458682,0.180687936828616,0.997261440898166,0.830130328309372,1.19804125639853]
["11547_84_MUSK_MUSK","FTjVRz","osteoporosis","MUSK","Simple mode",17,-0.131670373503158,0.169877103224656,0.44958960526642,-0.464629495823483,0.201288748817167,0.876629907905666,0.628367874987959,1.22297785425364]
["11547_84_MUSK_MUSK","FTjVRz","osteoporosis","MUSK","Weighted mode",17,-0.0976335054851805,0.150124644650469,0.524695736307435,-0.3918778090001,0.196610798029739,0.906981246501191,0.675786683966501,1.21727018454485]
["11548_84_CDC25A_MPIP1","FTjVRz","osteoporosis","CDC25A","MR Egger",10,-0.728544767199634,0.875335859157612,0.429381540868575,-2.44420305114855,0.987113516749285,0.482610790376921,0.0867952787437246,2.68347746973595]
["11548_84_CDC25A_MPIP1","FTjVRz","osteoporosis","CDC25A","Weighted median",10,0.195953769000061,0.224960541778763,0.383722268141269,-0.244968892886313,0.636876430886436,1.21647066537905,0.782728886299619,1.89056633226298]
["11548_84_CDC25A_MPIP1","FTjVRz","osteoporosis","CDC25A","Inverse variance weighted",10,0.163070186476327,0.177170481331815,0.357356469903469,-0.18418395693403,0.510324329886684,1.17711930464542,0.831782777542445,1.6658313862458]
["11548_84_CDC25A_MPIP1","FTjVRz","osteoporosis","CDC25A","Simple mode",10,0.386741616442299,0.401600867207275,0.36070647652047,-0.400396083283959,1.17387931616856,1.47217605603923,0.670054596044124,3.23451604208158]
["11548_84_CDC25A_MPIP1","FTjVRz","osteoporosis","CDC25A","Weighted mode",10,0.243873295907021,0.344421341058663,0.496830705212935,-0.431192532567958,0.918939124382,1.27618262268347,0.649733803813816,2.50662975649324]
["11549_6_ISL1_ISL1","FTjVRz","osteoporosis","ISL1","MR Egger",12,0.177230746049576,0.904340165413069,0.848552572530184,-1.59527597816004,1.94973747025919,1.19390655056567,0.202852537906638,7.02684258325447]
["11549_6_ISL1_ISL1","FTjVRz","osteoporosis","ISL1","Weighted median",12,0.0199293376304264,0.211637597224526,0.92497627319352,-0.394880352929645,0.434739028190498,1.02012925272959,0.673760647914119,1.5445599197525]
["11549_6_ISL1_ISL1","FTjVRz","osteoporosis","ISL1","Inverse variance weighted",12,-9.46871862971581E-3,0.190799556586268,0.960420010176825,-0.383435849538801,0.364498412279369,0.990575968531921,0.681515796199113,1.43979164519067]
["11549_6_ISL1_ISL1","FTjVRz","osteoporosis","ISL1","Simple mode",12,0.342865521957737,0.357909223448412,0.358660936920243,-0.35863655600115,1.04436759991662,1.4089792724115,0.698628217448784,2.8416009266485]
["11549_6_ISL1_ISL1","FTjVRz","osteoporosis","ISL1","Weighted mode",12,0.0920665003275456,0.258573945279685,0.72853428070446,-0.414738432420637,0.598871433075729,1.09643773312487,0.66051302690518,1.82006357732682]
["11551_16_HMG20B_HM20B","FTjVRz","osteoporosis","HMG20B","MR Egger",12,-0.40285123927498,0.69189588943914,0.573295504700009,-1.75896718257569,0.953264704025734,0.668411525311153,0.172222646548914,2.59416503068248]
["11551_16_HMG20B_HM20B","FTjVRz","osteoporosis","HMG20B","Weighted median",12,0.117081499373946,0.188333901360865,0.534159011526878,-0.25205294729335,0.486215946041241,1.12421104845368,0.777203586153246,1.62615111919482]
["11551_16_HMG20B_HM20B","FTjVRz","osteoporosis","HMG20B","Inverse variance weighted",12,0.0382384983222007,0.138291043674133,0.782158369014255,-0.232811947279099,0.309288943923501,1.03897899807937,0.792302554166855,1.36245598701262]
["11551_16_HMG20B_HM20B","FTjVRz","osteoporosis","HMG20B","Simple mode",12,0.329933446679977,0.254679868210048,0.221679989023041,-0.169239095011718,0.829105988371672,1.39087555799725,0.844307009656737,2.29126940284516]
["11551_16_HMG20B_HM20B","FTjVRz","osteoporosis","HMG20B","Weighted mode",12,0.145136456400589,0.210912105229324,0.505619022786474,-0.268251269848885,0.558524182650063,1.15619733003014,0.764715606985087,1.74809073302317]
["11556_19_ARFGAP1_ARFG1","FTjVRz","osteoporosis","ARFGAP1","MR Egger",18,0.271782247615336,0.223372749652252,0.241354613787979,-0.166028341703078,0.709592836933749,1.31230121347811,0.84702222779673,2.0331632611056]
["11556_19_ARFGAP1_ARFG1","FTjVRz","osteoporosis","ARFGAP1","Weighted median",18,0.0586733541095267,0.0937184351491571,0.531275653159876,-0.125014778782821,0.242361487001875,1.06042879945195,0.882483860450905,1.27425473609515]
["11556_19_ARFGAP1_ARFG1","FTjVRz","osteoporosis","ARFGAP1","Inverse variance weighted",18,-0.0425573976465509,0.0857720662492541,0.619775531726434,-0.210670647495089,0.125555852201987,0.958335457742423,0.810040811922778,1.13377849121747]
["11556_19_ARFGAP1_ARFG1","FTjVRz","osteoporosis","ARFGAP1","Simple mode",18,0.0743475681522701,0.121481842349622,0.548632737736316,-0.163756842852988,0.312451979157529,1.07718113429657,0.848948424661935,1.36677230604028]
["11556_19_ARFGAP1_ARFG1","FTjVRz","osteoporosis","ARFGAP1","Weighted mode",18,0.0843745668510247,0.0963015501590541,0.393160868943732,-0.104376471460721,0.273125605162771,1.08803635984553,0.900886075674705,1.31406528784377]
["11557_3_SMURF1_SMUF1","FTjVRz","osteoporosis","SMURF1","MR Egger",13,0.70148239807584,0.571164354031056,0.245016764475798,-0.41799973582503,1.82096453197671,2.01674010431785,0.658362402347672,6.17781427654509]
["11557_3_SMURF1_SMUF1","FTjVRz","osteoporosis","SMURF1","Weighted median",13,0.342443872738057,0.199493900916257,0.0860590260324068,-0.0485641730578061,0.733451918533921,1.40838530263299,0.952596206332896,2.08225599418297]
["11557_3_SMURF1_SMUF1","FTjVRz","osteoporosis","SMURF1","Inverse variance weighted",13,0.132545808496747,0.143470958029016,0.355563823600444,-0.148657269240125,0.413748886233619,1.14173131588656,0.861864451744012,1.51247727532824]
["11557_3_SMURF1_SMUF1","FTjVRz","osteoporosis","SMURF1","Simple mode",13,0.383017956676715,0.37077255105454,0.321962274817809,-0.343696243390185,1.10973215674361,1.46670436696809,0.709144302606362,3.033545770835]
["11557_3_SMURF1_SMUF1","FTjVRz","osteoporosis","SMURF1","Weighted mode",13,0.377326132707286,0.323709098251522,0.266409088390236,-0.257143699865698,1.01179596528027,1.45837985719224,0.773257088841505,2.75053644972145]
["11560_76_NFATC4_NFAC4","FTjVRz","osteoporosis","NFATC4","MR Egger",10,-0.0148025306881901,0.310673696738811,0.963165927551946,-0.623722976296259,0.594117914919879,0.985306488187887,0.535945406686121,1.81143240254267]
["11560_76_NFATC4_NFAC4","FTjVRz","osteoporosis","NFATC4","Weighted median",10,0.157741120643194,0.149021893183273,0.289823127208402,-0.134341789996021,0.449824031282408,1.170863043198,0.874291189547795,1.56803623588607]
["11560_76_NFATC4_NFAC4","FTjVRz","osteoporosis","NFATC4","Inverse variance weighted",10,0.233294436589385,0.110552940271896,0.0348367543494256,0.0166106736564682,0.449978199522302,1.26275322534967,1.01674939793296,1.56827799590802]
["11560_76_NFATC4_NFAC4","FTjVRz","osteoporosis","NFATC4","Simple mode",10,0.272961294403537,0.223569449106603,0.253134475840252,-0.165234825845404,0.711157414652478,1.31384939051625,0.847694620107987,2.03634679283445]
["11560_76_NFATC4_NFAC4","FTjVRz","osteoporosis","NFATC4","Weighted mode",10,0.0539836712539825,0.169565230401403,0.757471590076694,-0.278364180332768,0.386331522840733,1.0554673675558,0.757021079118898,1.47157244983425]
["11562_9_POLE2_DPOE2","FTjVRz","osteoporosis","POLE2","MR Egger",11,0.242016996956963,0.2675570432659,0.389278364009602,-0.2823948078442,0.766428801758126,1.27381584362527,0.753975950143565,2.15206705619959]
["11562_9_POLE2_DPOE2","FTjVRz","osteoporosis","POLE2","Weighted median",11,0.0224453448501074,0.152476529448029,0.8829700209135249,-0.27640865286803,0.321299342568245,1.0226991368623,0.758502903031963,1.37891828806201]
["11562_9_POLE2_DPOE2","FTjVRz","osteoporosis","POLE2","Inverse variance weighted",11,-0.08951647899824,0.116214498427065,0.441140068164453,-0.317296895915287,0.138263937918807,0.914373197045847,0.728114548796503,1.14827858454112]
["11562_9_POLE2_DPOE2","FTjVRz","osteoporosis","POLE2","Simple mode",11,-0.0196785795569983,0.22251784785595,0.931276182430131,-0.455813561354661,0.416456402240664,0.980513779836687,0.633932015507904,1.51657788048353]
["11562_9_POLE2_DPOE2","FTjVRz","osteoporosis","POLE2","Weighted mode",11,0.0369344933507083,0.14378515062159,0.802484755465579,-0.244884401867608,0.318753388569024,1.03762504727175,0.782795022654518,1.37541209073437]
["11563_51_SYTL4_SYTL4","FTjVRz","osteoporosis","SYTL4","MR Egger",16,0.260733975528381,0.28323391286676,0.372870676061582,-0.294404493690468,0.815872444747229,1.29788235103803,0.744975092765887,2.2611475383451]
["11563_51_SYTL4_SYTL4","FTjVRz","osteoporosis","SYTL4","Weighted median",16,0.221588848508666,0.121034912199045,0.0671327057505674,-0.0156395794014624,0.458817276418795,1.24805813139849,0.984482083741246,1.58220157083051]
["11563_51_SYTL4_SYTL4","FTjVRz","osteoporosis","SYTL4","Inverse variance weighted",16,0.150089342065848,0.0914471699918757,0.100741731480824,-0.0291471111182285,0.329325795249924,1.16193804803672,0.971273568815279,1.39003064720704]
["11563_51_SYTL4_SYTL4","FTjVRz","osteoporosis","SYTL4","Simple mode",16,0.210366478379547,0.174146276190473,0.245753445321391,-0.13096022295378,0.551693179712873,1.23413025914859,0.877252668216983,1.73619021261209]
["11563_51_SYTL4_SYTL4","FTjVRz","osteoporosis","SYTL4","Weighted mode",16,0.226807839167298,0.147854217901304,0.145849974467457,-0.0629864279192573,0.516602106253853,1.25458876195426,0.938956217192249,1.67632199755663]
["11565_58_ZNF23_ZNF23","FTjVRz","osteoporosis","ZNF23","MR Egger",13,-0.506588568017371,0.426459602187139,0.25989172523373,-1.34244938830416,0.329272252269421,0.602547626856296,0.261205091693239,1.38995622281566]
["11565_58_ZNF23_ZNF23","FTjVRz","osteoporosis","ZNF23","Weighted median",13,-0.295249309553473,0.167000571423263,0.0770686128227736,-0.622570429543069,0.0320718104361231,0.744345991764644,0.536563464926576,1.03259165349975]
["11565_58_ZNF23_ZNF23","FTjVRz","osteoporosis","ZNF23","Inverse variance weighted",13,-0.243025237646425,0.121384402642595,0.0452726265213348,-0.480938666825912,-0.00511180846693837,0.784251720854155,0.618202832882156,0.994901234591959]
["11565_58_ZNF23_ZNF23","FTjVRz","osteoporosis","ZNF23","Simple mode",13,-0.335206202061653,0.255860886149496,0.214682550804538,-0.836693538914665,0.166281134791359,0.715190597371164,0.433140319955589,1.18090504855463]
["11565_58_ZNF23_ZNF23","FTjVRz","osteoporosis","ZNF23","Weighted mode",13,-0.352683073347209,0.206075235329377,0.112701759141695,-0.756590534592788,0.0512243878983686,0.702799894103499,0.469263640790252,1.05255904829981]
["11566_48_KRT72_Keratin_72","FTjVRz","osteoporosis","KRT72","MR Egger",10,0.0725795008974501,0.635369627502413,0.911868822005154,-1.17274496900728,1.31790397080218,1.07527828828108,0.309516161846604,3.73558327407057]
["11566_48_KRT72_Keratin_72","FTjVRz","osteoporosis","KRT72","Weighted median",10,-0.0800988186639596,0.170073091109194,0.637664279186245,-0.413442077237981,0.253244439910061,0.923025129769633,0.661369841638939,1.2881981253862]
["11566_48_KRT72_Keratin_72","FTjVRz","osteoporosis","KRT72","Inverse variance weighted",10,-0.0510516443078935,0.132484334330629,0.699984797580008,-0.310720939595926,0.208617650980139,0.95022959531542,0.732918375832197,1.2319738644676]
["11566_48_KRT72_Keratin_72","FTjVRz","osteoporosis","KRT72","Simple mode",10,-0.073267312632042,0.258518153129479,0.783271850582433,-0.579962892765821,0.433428267501737,0.929352369191009,0.559919143230687,1.54253669759796]
["11566_48_KRT72_Keratin_72","FTjVRz","osteoporosis","KRT72","Weighted mode",10,-0.0488789783588339,0.216731281543371,0.826606465935179,-0.473672290183841,0.375914333466174,0.952296371194725,0.622711287735321,1.45632237033754]
["11567_23_ZNF10_ZNF10","FTjVRz","osteoporosis","ZNF10","MR Egger",13,0.0264986023304912,0.160465586843107,0.871832823735774,-0.288013947881998,0.341011152542981,1.02685281205981,0.749751134725756,1.40636892536459]
["11567_23_ZNF10_ZNF10","FTjVRz","osteoporosis","ZNF10","Weighted median",13,-1.31477663916163E-4,0.0885472629199901,0.99881527721894,-0.173684112987097,0.173421157659264,0.999868530978893,0.840562378464146,1.18936691060167]
["11567_23_ZNF10_ZNF10","FTjVRz","osteoporosis","ZNF10","Inverse variance weighted",13,-0.0120552498545588,0.0999097647043669,0.903959251550721,-0.207878388675118,0.183767888966,0.988017123551541,0.812305816291988,1.20173685433783]
["11567_23_ZNF10_ZNF10","FTjVRz","osteoporosis","ZNF10","Simple mode",13,0.174172044247477,0.204154541114169,0.410288686437636,-0.225970856336293,0.574314944831248,1.19026032564801,0.797741350432537,1.77591351137002]
["11567_23_ZNF10_ZNF10","FTjVRz","osteoporosis","ZNF10","Weighted mode",13,-0.00506420359474102,0.0920902865435666,0.957050024836054,-0.185561165220132,0.17543275803065,0.994948597865433,0.830638027869282,1.19176184954318]
["11568_2_FKBP1B_FKB1B","FTjVRz","osteoporosis","FKBP1B","MR Egger",9,-0.0331143773457105,0.515151314222047,0.950543746068981,-1.04281095322092,0.976582198529502,0.967427901425228,0.352462532478252,2.65536520399872]
["11568_2_FKBP1B_FKB1B","FTjVRz","osteoporosis","FKBP1B","Weighted median",9,-0.106889107872322,0.199484262620865,0.592077933341276,-0.497878262609218,0.284100046864574,0.898625317938774,0.607818924688696,1.32856584295093]
["11568_2_FKBP1B_FKB1B","FTjVRz","osteoporosis","FKBP1B","Inverse variance weighted",9,-0.129483877012109,0.179727355006297,0.471250357536915,-0.481749492824451,0.222781738800233,0.878548753132965,0.617701781113235,1.24954781616535]
["11568_2_FKBP1B_FKB1B","FTjVRz","osteoporosis","FKBP1B","Simple mode",9,-0.141861574458254,0.264753951497519,0.606651853768643,-0.660779319393391,0.377056170476882,0.867741365741276,0.516448699134379,1.45798620285151]
["11568_2_FKBP1B_FKB1B","FTjVRz","osteoporosis","FKBP1B","Weighted mode",9,-0.119363725707374,0.200361491975646,0.567815242545437,-0.51207224997964,0.273344798564892,0.88748494096137,0.599252490301211,1.31435335385475]
["11570_94_BCAP29_BAP29","FTjVRz","osteoporosis","BCAP29","MR Egger",12,0.431517574503961,0.226561857504909,0.0859627416051154,-0.0125436662056599,0.875578815213582,1.53959219744476,0.987534677660052,2.40026420140433]
["11570_94_BCAP29_BAP29","FTjVRz","osteoporosis","BCAP29","Weighted median",12,0.237966709819801,0.131909858097579,0.071229731325441,-0.0205766120514532,0.496510031691056,1.26866695797027,0.979633641856535,1.64297731465744]
["11570_94_BCAP29_BAP29","FTjVRz","osteoporosis","BCAP29","Inverse variance weighted",12,0.173732863331696,0.0985126885021918,0.0778063841157312,-0.0193520061325996,0.366817732795992,1.1897377008,0.980834041871126,1.44313485898654]
["11570_94_BCAP29_BAP29","FTjVRz","osteoporosis","BCAP29","Simple mode",12,0.0115159255796443,0.199783187118373,0.955067474068522,-0.380059121172368,0.403090972331656,1.01158248911882,0.683820979719238,1.49644302038227]
["11570_94_BCAP29_BAP29","FTjVRz","osteoporosis","BCAP29","Weighted mode",12,0.260330257380706,0.147077025311088,0.104397417129713,-0.0279407122290272,0.548601226990438,1.29735847813498,0.97244601924906,1.73083028514885]
["11571_75_KLRC3_NKG2E","FTjVRz","osteoporosis","KLRC3","MR Egger",8,0.107627999214421,0.216123865048881,0.63621302747698,-0.315974776281385,0.531230774710227,1.11363339582397,0.729077839989977,1.70102459884322]
["11571_75_KLRC3_NKG2E","FTjVRz","osteoporosis","KLRC3","Weighted median",8,0.0481327513475259,0.121890100437849,0.692926676489758,-0.190771845510659,0.287037348205711,1.04930994338788,0.826321095513554,1.3324739780586]
["11571_75_KLRC3_NKG2E","FTjVRz","osteoporosis","KLRC3","Inverse variance weighted",8,0.0237402885397593,0.0964121052794532,0.805498285736319,-0.165227437807969,0.212708014887488,1.02402433249767,0.847700882930709,1.23702340608866]
["11571_75_KLRC3_NKG2E","FTjVRz","osteoporosis","KLRC3","Simple mode",8,0.169962187818228,0.173458904444643,0.359807173435335,-0.170017264893272,0.509941640529729,1.18526003320521,0.843650250939105,1.66519401226969]
["11571_75_KLRC3_NKG2E","FTjVRz","osteoporosis","KLRC3","Weighted mode",8,0.0660242911991091,0.124258771156738,0.611616455386617,-0.177522900268098,0.309571482666316,1.06825266598904,0.837341823763938,1.36284098800062]
["11572_4_DNM2_DYN2","FTjVRz","osteoporosis","DNM2","MR Egger",16,0.232291155141627,0.279029815020074,0.419104318101175,-0.314607282297717,0.779189592580971,1.26148696378016,0.730075531562924,2.17970510034843]
["11572_4_DNM2_DYN2","FTjVRz","osteoporosis","DNM2","Weighted median",16,0.0372614587099688,0.141726552682329,0.792619237448512,-0.240522584547396,0.315045501967334,1.03796437018851,0.786216888895015,1.37032166186994]
["11572_4_DNM2_DYN2","FTjVRz","osteoporosis","DNM2","Inverse variance weighted",16,-0.0997538546532108,0.119680772393623,0.40456312349108,-0.334328168544711,0.13482045923829,0.905060166969192,0.715818834452903,1.14433131179115]
["11572_4_DNM2_DYN2","FTjVRz","osteoporosis","DNM2","Simple mode",16,-0.200148639177545,0.245388293797706,0.42746819207927,-0.681109695021048,0.280812416665959,0.818609066656123,0.506055113826151,1.3242051818131]
["11572_4_DNM2_DYN2","FTjVRz","osteoporosis","DNM2","Weighted mode",16,0.0663802345250897,0.135013600609325,0.630079258228532,-0.198246422669188,0.331006891719367,1.06863297107547,0.820167720314977,1.39236938809421]
["11573_3_SRSF6_SRSF6","FTjVRz","osteoporosis","SRSF6","MR Egger",17,-2.23366672025034,0.947272016759999,0.0323706422801547,-4.09031987309994,-0.377013567400745,0.107134875431969,0.0167338799843294,0.685906767860898]
["11573_3_SRSF6_SRSF6","FTjVRz","osteoporosis","SRSF6","Weighted median",17,-0.220027609022785,0.16603795112519,0.185116575900469,-0.545461993228158,0.105406775182587,0.80249664150856,0.579573962233073,1.11116251177194]
["11573_3_SRSF6_SRSF6","FTjVRz","osteoporosis","SRSF6","Inverse variance weighted",17,-0.211792641687582,0.128831346323991,0.100185969800151,-0.464302080482604,0.0407167971074404,0.809132460513913,0.628573645954393,1.04155709179192]
["11573_3_SRSF6_SRSF6","FTjVRz","osteoporosis","SRSF6","Simple mode",17,-0.238559124953848,0.228794516616716,0.312596492478177,-0.686996377522611,0.209878127614915,0.787762110481775,0.503084879034649,1.23352771783061]
["11573_3_SRSF6_SRSF6","FTjVRz","osteoporosis","SRSF6","Weighted mode",17,-0.204329351954233,0.197396748259083,0.316005342152635,-0.591226978542036,0.18256827463357,0.81519384128459,0.553647554143574,1.20029609793236]
["11582_63_DNAJA2_DNJA2","FTjVRz","osteoporosis","DNAJA2","MR Egger",10,1.12120398086601,0.915440333834008,0.255499134024082,-0.673059073448643,2.91546703518067,3.06854645136289,0.510145615489865,18.4574306595385]
["11582_63_DNAJA2_DNJA2","FTjVRz","osteoporosis","DNAJA2","Weighted median",10,-0.588177544253087,0.234265106835839,0.012048018722603,-1.04733715365133,-0.129017934854842,0.555338442795785,0.350870821331266,0.878958201416465]
["11582_63_DNAJA2_DNJA2","FTjVRz","osteoporosis","DNAJA2","Inverse variance weighted",10,-0.515667629922464,0.175411003647222,0.00328458234791222,-0.85947319707102,-0.171862062773909,0.597101818474835,0.423385064070711,0.842095321450475]
["11582_63_DNAJA2_DNJA2","FTjVRz","osteoporosis","DNAJA2","Simple mode",10,-0.625459457838301,0.370542602479305,0.125690432772694,-1.35172295869774,0.100804043021137,0.535015554948712,0.258793984951703,1.10605988037356]
["11582_63_DNAJA2_DNJA2","FTjVRz","osteoporosis","DNAJA2","Weighted mode",10,-0.547310099715386,0.336340636112919,0.138126829573274,-1.20653774649671,0.111917547065935,0.578503836990927,0.299231503344832,1.11842063977989]
["11587_5_MGA_MGAP","FTjVRz","osteoporosis","MGA","MR Egger",13,0.0789283403687351,0.168928418995896,0.649454511145975,-0.252171360863222,0.410028041600692,1.08212677448619,0.777111560150764,1.50686003928793]
["11587_5_MGA_MGAP","FTjVRz","osteoporosis","MGA","Weighted median",13,0.00317772924822436,0.105964794857247,0.976076194630071,-0.204513268671981,0.210868727168429,1.00318278358216,0.81504392729524,1.23475025525969]
["11587_5_MGA_MGAP","FTjVRz","osteoporosis","MGA","Inverse variance weighted",13,0.0454189326019904,0.0816985541150085,0.578256571545281,-0.114710233463426,0.205548098667407,1.04646616688595,0.891624469412406,1.22819805423091]
["11587_5_MGA_MGAP","FTjVRz","osteoporosis","MGA","Simple mode",13,0.0556906678388023,0.16997508809517,0.74882917345012,-0.277460504827732,0.388841840505336,1.05727058535306,0.757705489720867,1.47527120473232]
["11587_5_MGA_MGAP","FTjVRz","osteoporosis","MGA","Weighted mode",13,-0.00537333297509845,0.10421678051119,0.959728264242525,-0.20963822277703,0.198891556826833,0.994641077556118,0.810877549939826,1.22004965267001]
["11590_5_RBM23_RBM23","FTjVRz","osteoporosis","RBM23","MR Egger",11,-0.348776556550306,0.484188184780882,0.489604823136309,-1.29778539872084,0.600232285620223,0.705550763354756,0.273136011095578,1.82254210154766]
["11590_5_RBM23_RBM23","FTjVRz","osteoporosis","RBM23","Weighted median",11,0.0762109538117923,0.192853422342707,0.692713348712237,-0.301781753979914,0.454203661603498,1.0791902094345,0.739499440088799,1.57491871528589]
["11590_5_RBM23_RBM23","FTjVRz","osteoporosis","RBM23","Inverse variance weighted",11,0.0693397303524044,0.157971247742323,0.660705787989131,-0.240283915222549,0.378963375927358,1.07180027038708,0.786404557143507,1.46076953543416]
["11590_5_RBM23_RBM23","FTjVRz","osteoporosis","RBM23","Simple mode",11,0.092375690201318,0.280779647852529,0.748944378181841,-0.457952419589638,0.642703799992274,1.09677679298341,0.632577573791877,1.90161552268805]
["11590_5_RBM23_RBM23","FTjVRz","osteoporosis","RBM23","Weighted mode",11,0.0601057401261431,0.235722012910541,0.803901533808209,-0.401909405178517,0.522120885430804,1.06194883121213,0.669041354626964,1.68559882332175]
["11591_43_PRC1_PRC1","FTjVRz","osteoporosis","PRC1","MR Egger",9,0.160850074222126,0.381497050710261,0.685941990928713,-0.586884145169986,0.908584293614238,1.17450886645764,0.556057181736454,2.48080795050573]
["11591_43_PRC1_PRC1","FTjVRz","osteoporosis","PRC1","Weighted median",9,0.105657085588687,0.161255172938472,0.512328230423211,-0.210403053370718,0.421717224548093,1.11144068212452,0.810257603089277,1.52457735067414]
["11591_43_PRC1_PRC1","FTjVRz","osteoporosis","PRC1","Inverse variance weighted",9,0.00243971009852289,0.142996294357237,0.986387671136741,-0.277833026841662,0.282712447038708,1.00244268861295,0.757423280313742,1.32672360365965]
["11591_43_PRC1_PRC1","FTjVRz","osteoporosis","PRC1","Simple mode",9,0.202807080014096,0.223053775437324,0.389798991059904,-0.234378319843058,0.639992479871251,1.22483615008018,0.791062484642638,1.89646661757819]
["11591_43_PRC1_PRC1","FTjVRz","osteoporosis","PRC1","Weighted mode",9,0.121137532520304,0.171220861963845,0.49934864404959,-0.214455356928831,0.45673042196944,1.12878014567059,0.806980837030694,1.5789031892608]
["11592_1_ELAVL1_ELAV1","FTjVRz","osteoporosis","ELAVL1","MR Egger",20,0.233562064202082,0.318805895870664,0.473226117512916,-0.39129749170442,0.858421620108583,1.26309121820689,0.676178968481132,2.35943367048967]
["11592_1_ELAVL1_ELAV1","FTjVRz","osteoporosis","ELAVL1","Weighted median",20,0.0157904571205001,0.133059050822362,0.905534783220596,-0.24500528249133,0.27658619673233,1.01591578518205,0.782700403622851,1.31862060860695]
["11592_1_ELAVL1_ELAV1","FTjVRz","osteoporosis","ELAVL1","Inverse variance weighted",20,0.032798134372915,0.0888964501331453,0.712166762119517,-0.14143890788805,0.20703517663388,1.03334192197061,0.868108208528788,1.23002583918836]
["11592_1_ELAVL1_ELAV1","FTjVRz","osteoporosis","ELAVL1","Simple mode",20,-0.050557612668626,0.261237833499808,0.848597088892286,-0.56258376632825,0.461468540990998,0.95069915477914,0.569735098114765,1.58640197152766]
["11592_1_ELAVL1_ELAV1","FTjVRz","osteoporosis","ELAVL1","Weighted mode",20,-0.0347244425461375,0.175753835926738,0.845476508669846,-0.379201960962543,0.309753075870268,0.965871532691006,0.684407375135202,1.36308849313405]
["11593_21_CXCL9_MIG","FTjVRz","osteoporosis","CXCL9","MR Egger",12,0.0578781028074592,0.3555439823878,0.873928368580915,-0.638988102672629,0.754744308287548,1.05958582730021,0.527826259885661,2.12706758026529]
["11593_21_CXCL9_MIG","FTjVRz","osteoporosis","CXCL9","Weighted median",12,-0.132242536221978,0.136954402912943,0.334246697169933,-0.400673165931346,0.13618809348739,0.876128476418041,0.669868961262035,1.14589740916557]
["11593_21_CXCL9_MIG","FTjVRz","osteoporosis","CXCL9","Inverse variance weighted",12,-0.0972863523149645,0.131556059844593,0.459600458803118,-0.355136229610367,0.160563524980438,0.907296162575134,0.701077929129675,1.17417236004773]
["11593_21_CXCL9_MIG","FTjVRz","osteoporosis","CXCL9","Simple mode",12,-0.0149819586567812,0.208344716134188,0.943964765044288,-0.423337602279789,0.393373684966226,0.985129712505997,0.654857514399018,1.4819720765559]
["11593_21_CXCL9_MIG","FTjVRz","osteoporosis","CXCL9","Weighted mode",12,-0.0959846277808354,0.156427336399489,0.55195363205415,-0.402582207123833,0.210612951562163,0.908477981284002,0.668591373693072,1.23443447665051]
["11596_47_ZNF75D_ZN75D","FTjVRz","osteoporosis","ZNF75D","MR Egger",13,0.134219275420526,0.252538107009471,0.605651538529228,-0.360755414318038,0.629193965159089,1.14364356507615,0.697149490399619,1.87609776949039]
["11596_47_ZNF75D_ZN75D","FTjVRz","osteoporosis","ZNF75D","Weighted median",13,0.219894740997374,0.144478370516733,0.128011402786208,-0.0632828652154229,0.50307234721017,1.24594557669621,0.938677916801352,1.65379450427337]
["11596_47_ZNF75D_ZN75D","FTjVRz","osteoporosis","ZNF75D","Inverse variance weighted",13,0.160165446815906,0.104192213621751,0.124241577191744,-0.0440512918827262,0.364382185514538,1.17370504069078,0.956904874761669,1.43962431259017]
["11596_47_ZNF75D_ZN75D","FTjVRz","osteoporosis","ZNF75D","Simple mode",13,0.128346363132627,0.191443873165038,0.515290285267354,-0.246883628270848,0.503576354536102,1.13694673093801,0.78123160151405,1.65462823890564]
["11596_47_ZNF75D_ZN75D","FTjVRz","osteoporosis","ZNF75D","Weighted mode",13,0.163436206468858,0.137379489993853,0.257182512935267,-0.105827593919094,0.43270000685681,1.17755023270384,0.899579727722522,1.5414137377811]
["11601_26_DHX8_DHX8","FTjVRz","osteoporosis","DHX8","MR Egger",13,0.129161103083569,0.564227484977164,0.823133975825661,-0.976724767471672,1.23504697363881,1.13787342431759,0.376542345178965,3.43854003764934]
["11601_26_DHX8_DHX8","FTjVRz","osteoporosis","DHX8","Weighted median",13,-0.0633056416481725,0.187758387938178,0.735992179687022,-0.431312082007001,0.304700798710656,0.938656537310382,0.649656133144878,1.35621915977361]
["11601_26_DHX8_DHX8","FTjVRz","osteoporosis","DHX8","Inverse variance weighted",13,-0.0530693657243331,0.171239216753666,0.756626644366625,-0.388698230561518,0.282559499112852,0.948314229697351,0.677938820366043,1.32652069955356]
["11601_26_DHX8_DHX8","FTjVRz","osteoporosis","DHX8","Simple mode",13,-0.226362259994572,0.325109829020926,0.499528006750324,-0.863577524875586,0.410853004886443,0.797429172647367,0.421650914174411,1.50810365639581]
["11601_26_DHX8_DHX8","FTjVRz","osteoporosis","DHX8","Weighted mode",13,-0.174073773751247,0.267291887211519,0.52716032187244,-0.697965872685825,0.349818325183331,0.840234908090759,0.497596449572646,1.41880976317379]
["11606_22_DNAJB6_DNJB6","FTjVRz","osteoporosis","DNAJB6","MR Egger",11,0.220008548036687,0.569941195041663,0.708448759648609,-0.897076194244973,1.33709329031835,1.24608738214251,0.407760129955326,3.80795877248936]
["11606_22_DNAJB6_DNJB6","FTjVRz","osteoporosis","DNAJB6","Weighted median",11,0.163163888035386,0.190791592356204,0.392443574510117,-0.210787632982774,0.537115409053545,1.17722960772716,0.809946054446084,1.71106401679707]
["11606_22_DNAJB6_DNJB6","FTjVRz","osteoporosis","DNAJB6","Inverse variance weighted",11,0.145727878169714,0.135980896040571,0.283864211540642,-0.120794678069805,0.412250434409234,1.15688133254757,0.886215900473264,1.51021259817424]
["11606_22_DNAJB6_DNJB6","FTjVRz","osteoporosis","DNAJB6","Simple mode",11,0.0140085053837606,0.251522370404914,0.956681952757253,-0.478975340609871,0.506992351377392,1.01410708427174,0.619417758968642,1.66029010870221]
["11606_22_DNAJB6_DNJB6","FTjVRz","osteoporosis","DNAJB6","Weighted mode",11,0.144416893933237,0.216283518114849,0.519424123884484,-0.279498801571867,0.568332589438342,1.15536567307704,0.756162634021199,1.76532108102997]
["11607_15_BRD1_BRD1","FTjVRz","osteoporosis","BRD1","MR Egger",17,-0.343163834095523,0.445143322664575,0.452735194265168,-1.21564474651809,0.529317078327045,0.709521958149065,0.296518773203085,1.69777246700967]
["11607_15_BRD1_BRD1","FTjVRz","osteoporosis","BRD1","Weighted median",17,-0.0803479513330968,0.167341186303189,0.631124642995415,-0.408336676487347,0.247640773821154,0.922795202697735,0.66475503375312,1.28099968091134]
["11607_15_BRD1_BRD1","FTjVRz","osteoporosis","BRD1","Inverse variance weighted",17,-0.0341377146641498,0.118737897817056,0.773725832952266,-0.266863994385579,0.198588565057279,0.966438402732621,0.765777214383755,1.21968004366388]
["11607_15_BRD1_BRD1","FTjVRz","osteoporosis","BRD1","Simple mode",17,-0.0385125886300348,0.26895261875041,0.887924292078214,-0.565659721380838,0.488634544120768,0.962219591637123,0.567985311073861,1.63008888518582]
["11607_15_BRD1_BRD1","FTjVRz","osteoporosis","BRD1","Weighted mode",17,-0.114017318996393,0.217342446181241,0.607055514893307,-0.540008513511625,0.311973875518839,0.892242503003903,0.582743291161088,1.36611900341313]
["11608_5_MAP1LC3B_MLP3B","FTjVRz","osteoporosis","MAP1LC3B","MR Egger",18,-0.0360854626647228,0.147894523399195,0.810336128546711,-0.325958728527145,0.2537878031977,0.964557856275845,0.721834978009662,1.28889827515535]
["11608_5_MAP1LC3B_MLP3B","FTjVRz","osteoporosis","MAP1LC3B","Weighted median",18,-0.0392147604510963,0.0858384244784931,0.647783250597326,-0.207458072428943,0.12902855152675,0.961544185307598,0.812647313386799,1.13772260741947]
["11608_5_MAP1LC3B_MLP3B","FTjVRz","osteoporosis","MAP1LC3B","Inverse variance weighted",18,-0.0261632212502138,0.068964132429838,0.704409913094258,-0.161332920812696,0.109006478312269,0.974176070395307,0.851008705430779,1.11516957473478]
["11608_5_MAP1LC3B_MLP3B","FTjVRz","osteoporosis","MAP1LC3B","Simple mode",18,-0.0274435556772903,0.146469848611896,0.853591275734874,-0.314524458956606,0.259637347602026,0.972929597355792,0.730136001361832,1.29645983713355]
["11608_5_MAP1LC3B_MLP3B","FTjVRz","osteoporosis","MAP1LC3B","Weighted mode",18,-0.0377715322129892,0.0801909807308522,0.643614278695606,-0.19494585444546,0.119402790019481,0.962932914913864,0.822879212101065,1.12682370023297]
["11614_29_ERH_ERH","FTjVRz","osteoporosis","ERH","MR Egger",15,0.842160395746538,0.608722694839771,0.189812573144926,-0.350936086139414,2.03525687763249,2.32137665564112,0.704028749613031,7.65421807038067]
["11614_29_ERH_ERH","FTjVRz","osteoporosis","ERH","Weighted median",15,0.189185834243292,0.180037383537966,0.293343945209291,-0.163687437491121,0.542059105977705,1.20826546871993,0.849007348279339,1.71954394253447]
["11614_29_ERH_ERH","FTjVRz","osteoporosis","ERH","Inverse variance weighted",15,0.148496990988796,0.12684139174976,0.241707422605162,-0.100112136840733,0.397106118818325,1.16008930704745,0.904735958115328,1.48751377488004]
["11614_29_ERH_ERH","FTjVRz","osteoporosis","ERH","Simple mode",15,-0.251365803334299,0.281522766861369,0.387012572196372,-0.803150426382582,0.300418819713983,0.777737820429331,0.447915613791266,1.35042427346157]
["11614_29_ERH_ERH","FTjVRz","osteoporosis","ERH","Weighted mode",15,0.152439026796298,0.250651376956955,0.55281303323496,-0.338837672039333,0.643715725631929,1.16467144618027,0.712598114299758,1.90354079014169]
["11615_16_DAPP1_DAPP1","FTjVRz","osteoporosis","DAPP1","MR Egger",12,0.00648154736397889,0.392225241831695,0.987140561621835,-0.762279926626144,0.775243021354101,1.00650259804785,0.466601396427948,2.1711196915235]
["11615_16_DAPP1_DAPP1","FTjVRz","osteoporosis","DAPP1","Weighted median",12,0.134151292672915,0.173267691707561,0.438787120388956,-0.205453383073905,0.473755968419735,1.14356581968701,0.814278052822207,1.60601502081988]
["11615_16_DAPP1_DAPP1","FTjVRz","osteoporosis","DAPP1","Inverse variance weighted",12,0.0634309731171257,0.128741850807957,0.622225328436543,-0.188903054466469,0.315765000700721,1.06548593609013,0.82786676078935,1.37130796134805]
["11615_16_DAPP1_DAPP1","FTjVRz","osteoporosis","DAPP1","Simple mode",12,0.221788511779208,0.239568616229191,0.37442367873008,-0.247765976030007,0.691342999588422,1.24830734764567,0.780542587580723,1.99639489116924]
["11615_16_DAPP1_DAPP1","FTjVRz","osteoporosis","DAPP1","Weighted mode",12,0.171329666903785,0.173559251251931,0.344783578774415,-0.16884646555,0.51150579935757,1.18688196023446,0.844638574550276,1.66780067827242]
["11616_9_HSF1_HSF1","FTjVRz","osteoporosis","HSF1","MR Egger",12,0.145450822617856,0.742707878874515,0.848658818086464,-1.31025661997619,1.60115826521191,1.15656085654843,0.26975082405182,4.95877267326928]
["11616_9_HSF1_HSF1","FTjVRz","osteoporosis","HSF1","Weighted median",12,-0.0485723064467881,0.214333985534969,0.820719461727597,-0.468666918095327,0.37152230520175,0.952588458528915,0.625836003091852,1.44994018694913]
["11616_9_HSF1_HSF1","FTjVRz","osteoporosis","HSF1","Inverse variance weighted",12,0.0534805407777893,0.148076539625581,0.717973695033347,-0.236749476888349,0.343710558443927,1.0549364633248,0.789188973331486,1.41017041451336]
["11616_9_HSF1_HSF1","FTjVRz","osteoporosis","HSF1","Simple mode",12,-0.116069906437656,0.306141375123985,0.711801815026631,-0.716107001680666,0.483967188805354,0.890412975522576,0.488650874936733,1.62249840866778]
["11616_9_HSF1_HSF1","FTjVRz","osteoporosis","HSF1","Weighted mode",12,-0.0876486729772996,0.259924875520547,0.742306804819553,-0.597101428997572,0.421804083042972,0.916082664788762,0.550404713296514,1.52470977891932]
["11617_1_ITGAL_LFA_1_alpha_L_chain","FTjVRz","osteoporosis","ITGAL","MR Egger",7,1.29312747846667,1.05162880077995,0.273531943882902,-0.768064971062028,3.35431992799537,3.64416580237919,0.463909879394939,28.6261297400058]
["11617_1_ITGAL_LFA_1_alpha_L_chain","FTjVRz","osteoporosis","ITGAL","Weighted median",7,0.0632802550140122,0.253288364689377,0.802715084801583,-0.433164939777167,0.559725449805191,1.0653253601721,0.64845352720358,1.75019191879499]
["11617_1_ITGAL_LFA_1_alpha_L_chain","FTjVRz","osteoporosis","ITGAL","Inverse variance weighted",7,-0.163056981994399,0.317563555651888,0.607627825348969,-0.7854815510721,0.459367587083302,0.849542778393514,0.455900109730877,1.5830725128507]
["11617_1_ITGAL_LFA_1_alpha_L_chain","FTjVRz","osteoporosis","ITGAL","Simple mode",7,-0.509641980702273,0.507199414673001,0.353773643470015,-1.50375283346136,0.484468872056809,0.60071060630738,0.222294359109176,1.62331259315921]
["11617_1_ITGAL_LFA_1_alpha_L_chain","FTjVRz","osteoporosis","ITGAL","Weighted mode",7,0.174266234393021,0.264695330322109,0.534734634091003,-0.344536613038313,0.693069081824355,1.19037244172135,0.708548609594529,1.99984380862807]
["11618_83_MYB_MYB","FTjVRz","osteoporosis","MYB","MR Egger",9,0.202187542064103,0.408365507365282,0.635680880575148,-0.598208852371851,1.00258393650006,1.2240775526169,0.549795519631607,2.72531477852814]
["11618_83_MYB_MYB","FTjVRz","osteoporosis","MYB","Weighted median",9,0.215860578620188,0.18904460716184,0.253516388257863,-0.154666851417018,0.586388008657393,1.24092935485642,0.856700538517609,1.79748417855431]
["11618_83_MYB_MYB","FTjVRz","osteoporosis","MYB","Inverse variance weighted",9,0.202681376629303,0.148417995977817,0.172060819753276,-0.0882178954872182,0.493580648745825,1.22468219370692,0.915561358298788,1.63817144748186]
["11618_83_MYB_MYB","FTjVRz","osteoporosis","MYB","Simple mode",9,0.440668161382909,0.30259507730277,0.18340725245113,-0.152418190130521,1.03375451289634,1.55374502418594,0.858629135420633,2.81160223965601]
["11618_83_MYB_MYB","FTjVRz","osteoporosis","MYB","Weighted mode",9,0.226387896410466,0.21564723999989,0.324483111662151,-0.196280693989319,0.649056486810251,1.25406201709996,0.821781533164545,1.91373434333177]
["11626_7_UBE2V1_UB2V1","FTjVRz","osteoporosis","UBE2V1","MR Egger",11,-0.480523679248059,0.528251202869889,0.386719505144666,-1.51589603687304,0.554848678376923,0.618459432617564,0.219611316822819,1.74167741137964]
["11626_7_UBE2V1_UB2V1","FTjVRz","osteoporosis","UBE2V1","Weighted median",11,0.132114696727007,0.190531201797058,0.48805737223599,-0.241326458795225,0.50555585224924,1.14123920816274,0.785585123348871,1.65790681561763]
["11626_7_UBE2V1_UB2V1","FTjVRz","osteoporosis","UBE2V1","Inverse variance weighted",11,0.113441469429585,0.162907170646201,0.486205589262042,-0.20585658503697,0.43273952389614,1.1201263253409,0.813949800493268,1.54147465109194]
["11626_7_UBE2V1_UB2V1","FTjVRz","osteoporosis","UBE2V1","Simple mode",11,0.358288716441627,0.343897525718933,0.322015341690522,-0.315750433967482,1.03232786685074,1.43087867904924,0.72924142134804,2.80759393833247]
["11626_7_UBE2V1_UB2V1","FTjVRz","osteoporosis","UBE2V1","Weighted mode",11,0.0488297248606484,0.268785573578778,0.85947289540459,-0.477989999353757,0.575649449075054,1.05004153954744,0.620028397635654,1.77828505755484]
["11633_89_AHSA1_AHSA1","FTjVRz","osteoporosis","AHSA1","MR Egger",11,0.344151567122434,0.811196323355494,0.681342974182863,-1.24579322665433,1.9340963608992,1.41079244905557,0.287712596291057,6.91779004454412]
["11633_89_AHSA1_AHSA1","FTjVRz","osteoporosis","AHSA1","Weighted median",11,0.264703520168838,0.181894829475304,0.145598435985328,-0.091810345602758,0.621217385940434,1.30304459206306,0.912278150702145,1.86119245276011]
["11633_89_AHSA1_AHSA1","FTjVRz","osteoporosis","AHSA1","Inverse variance weighted",11,0.117056782271019,0.159279578547639,0.462391909437112,-0.195131191682354,0.429244756224392,1.12418326155689,0.822726716073629,1.53609695768235]
["11633_89_AHSA1_AHSA1","FTjVRz","osteoporosis","AHSA1","Simple mode",11,0.438919243769667,0.326562828902019,0.208627458346392,-0.201143900878289,1.07898238841762,1.55103002699189,0.817794741704635,2.94168453518785]
["11633_89_AHSA1_AHSA1","FTjVRz","osteoporosis","AHSA1","Weighted mode",11,0.374917943654419,0.282644222331182,0.214180348413001,-0.179064732114697,0.928900619423535,1.45487202823814,0.836051778245764,2.53172431854759]
["11634_32_RGS10_RGS10","FTjVRz","osteoporosis","RGS10","MR Egger",6,0.385193787194034,0.803082508642108,0.656527734761363,-1.1888479297445,1.95923550413257,1.46989914147316,0.304571950304931,7.09390173303998]
["11634_32_RGS10_RGS10","FTjVRz","osteoporosis","RGS10","Weighted median",6,0.104841693240164,0.241587191084761,0.66430992597091,-0.368669201285967,0.578352587766296,1.11053479127491,0.691654170921684,1.78309851148378]
["11634_32_RGS10_RGS10","FTjVRz","osteoporosis","RGS10","Inverse variance weighted",6,-0.0791705063815378,0.254419933907792,0.755663453775527,-0.57783357684081,0.419492564077734,0.923882383172451,0.561112658213368,1.52118945356573]
["11634_32_RGS10_RGS10","FTjVRz","osteoporosis","RGS10","Simple mode",6,-0.638757151838311,0.565990030808797,0.310301727026638,-1.74809761222355,0.470583308546931,0.527948175878515,0.174104843526664,1.60092775575634]
["11634_32_RGS10_RGS10","FTjVRz","osteoporosis","RGS10","Weighted mode",6,0.216353542655104,0.252006782792998,0.429829019216163,-0.277579751619172,0.710286836929379,1.24154123920433,0.757615141159356,2.03457476613551]
["11638_42_B3GALT2_B3GT2","FTjVRz","osteoporosis","B3GALT2","MR Egger",6,-0.087356268501332,0.508070221670767,0.871835043924039,-1.08317390297604,0.908461365973372,0.916350570626827,0.338519391072192,2.48050300938016]
["11638_42_B3GALT2_B3GT2","FTjVRz","osteoporosis","B3GALT2","Weighted median",6,0.24579995909828,0.20182542882473,0.223268059961607,-0.149777881398191,0.64137779959475,1.27864376690459,0.860899176911153,1.89909565079382]
["11638_42_B3GALT2_B3GT2","FTjVRz","osteoporosis","B3GALT2","Inverse variance weighted",6,0.329913478266489,0.145572353047403,0.0234318216659393,0.0445916662935796,0.615235290239398,1.3908477846963,1.04560081866926,1.85009185690634]
["11638_42_B3GALT2_B3GT2","FTjVRz","osteoporosis","B3GALT2","Simple mode",6,0.104754398167867,0.289909434437631,0.732615480952034,-0.463468093329891,0.672976889665624,1.11043785129127,0.629098086957785,1.96006353721929]
["11638_42_B3GALT2_B3GT2","FTjVRz","osteoporosis","B3GALT2","Weighted mode",6,0.156030191216526,0.236479535452908,0.538554851412667,-0.307469698271173,0.619530080704225,1.16886149190755,0.735305148227434,1.85805470090597]
["11643_73_DTX3L_DTX3L","FTjVRz","osteoporosis","DTX3L","MR Egger",3,0.681114189372086,2.11982450767131,0.802082567068396,-3.47374184566367,4.83597022440785,1.97607823148029,0.0310008131044961,125.960734119065]
["11643_73_DTX3L_DTX3L","FTjVRz","osteoporosis","DTX3L","Weighted median",3,0.236299261797585,0.276989281382822,0.393604440291327,-0.306599729712747,0.779198253307916,1.26655328447043,0.73594511892407,2.17972397826087]
["11643_73_DTX3L_DTX3L","FTjVRz","osteoporosis","DTX3L","Inverse variance weighted",3,0.156544771268177,0.234288258116678,0.504024031805629,-0.302660214640511,0.615749757176866,1.16946311949393,0.738850104171934,1.85104391287765]
["11643_73_DTX3L_DTX3L","FTjVRz","osteoporosis","DTX3L","Simple mode",3,0.38572942195359,0.378856812299254,0.415730565205022,-0.356829930152948,1.12828877406013,1.47068668144443,0.699891518056869,3.09036366233301]
["11643_73_DTX3L_DTX3L","FTjVRz","osteoporosis","DTX3L","Weighted mode",3,0.38572942195359,0.371408397496477,0.408092121116964,-0.342231037139504,1.11368988104668,1.47068668144443,0.710184106848989,3.04557549812636]
["11645_9_P4HA1_P4HA1","FTjVRz","osteoporosis","P4HA1","Inverse variance weighted",2,-0.31810358767181,0.506797151046495,0.530217271917701,-1.31142600372294,0.67521882837932,0.727527421639343,0.269435566187139,1.96446280915104]
["11646_4_CHST9_Carbohydrate_sulfotransferase_9","FTjVRz","osteoporosis","CHST9","MR Egger",10,-0.134704418462646,0.13173847442017,0.336460015109737,-0.392911828326179,0.123502991400887,0.873974204151783,0.675088268624682,1.13145338916769]
["11646_4_CHST9_Carbohydrate_sulfotransferase_9","FTjVRz","osteoporosis","CHST9","Weighted median",10,-0.0745287868066807,0.0608514323071264,0.220663265830033,-0.193797594128648,0.044740020515287,0.928180754314458,0.823824634337389,1.0457559494718]
["11646_4_CHST9_Carbohydrate_sulfotransferase_9","FTjVRz","osteoporosis","CHST9","Inverse variance weighted",10,-0.0795279801002323,0.0711423574522784,0.263622081340022,-0.218967000706698,0.0599110405062333,0.92355217852456,0.803348227640015,1.06174209030517]
["11646_4_CHST9_Carbohydrate_sulfotransferase_9","FTjVRz","osteoporosis","CHST9","Simple mode",10,-0.0952251397229902,0.158704591800913,0.56329648748413,-0.40628613965278,0.215835860206799,0.909168221543041,0.666119536939707,1.24089868143074]
["11646_4_CHST9_Carbohydrate_sulfotransferase_9","FTjVRz","osteoporosis","CHST9","Weighted mode",10,-0.0813586762038527,0.0621783965622792,0.223139685166915,-0.20322833346592,0.0405109810582144,0.921862981824525,0.816091879062782,1.04134274468503]
["11647_6_FZD10_Frizzled_10","FTjVRz","osteoporosis","FZD10","MR Egger",5,0.201966786674367,0.264603348447752,0.500829854313382,-0.316655776283227,0.72058934963196,1.22380736072396,0.728581507000166,2.05564434695678]
["11647_6_FZD10_Frizzled_10","FTjVRz","osteoporosis","FZD10","Weighted median",5,0.277971227023847,0.104608741872091,0.00787817844401788,0.0729380929545488,0.483004361093145,1.32044820343783,1.07566394367678,1.62093697405379]
["11647_6_FZD10_Frizzled_10","FTjVRz","osteoporosis","FZD10","Inverse variance weighted",5,0.244908405595869,0.0872887548040279,0.00502032250420768,0.073822446179974,0.415994365011763,1.27750429560116,1.07661563130683,1.5158773268956]
["11647_6_FZD10_Frizzled_10","FTjVRz","osteoporosis","FZD10","Simple mode",5,0.280248129433104,0.144256080449898,0.123990343773321,-0.00249378824869495,0.562990047114904,1.32345816052244,0.997509318658027,1.7559149272007]
["11647_6_FZD10_Frizzled_10","FTjVRz","osteoporosis","FZD10","Weighted mode",5,0.277784403382473,0.138336794995393,0.115057240662196,0.00664428519150251,0.548924521573444,1.32020153553864,1.00666640742269,1.73138994366655]
["11649_3_SMAP1_SMAP1","FTjVRz","osteoporosis","SMAP1","MR Egger",7,-0.012034133247433,0.0992190590345082,0.908186103826788,-0.206503488955069,0.182435222460203,0.988037987341258,0.813423423454234,1.20013640655172]
["11649_3_SMAP1_SMAP1","FTjVRz","osteoporosis","SMAP1","Weighted median",7,-0.0117258839353027,0.0736373644692106,0.873481181131706,-0.156055118294956,0.13260335042435,0.988342596316556,0.855512034706793,1.14179701519749]
["11649_3_SMAP1_SMAP1","FTjVRz","osteoporosis","SMAP1","Inverse variance weighted",7,0.0130721359034118,0.0611943013747087,0.830845832730232,-0.106868694791017,0.133012966597841,1.01315794978785,0.89864366183768,1.14226480952328]
["11649_3_SMAP1_SMAP1","FTjVRz","osteoporosis","SMAP1","Simple mode",7,-0.0862577026850809,0.121082448553609,0.502972610490461,-0.323579301850155,0.151063896479993,0.917357795189359,0.723554576430584,1.16307097184868]
["11649_3_SMAP1_SMAP1","FTjVRz","osteoporosis","SMAP1","Weighted mode",7,-0.0228515172340206,0.0805888201124077,0.786280073390737,-0.18080560465434,0.135102570186299,0.977407601183406,0.834597584813265,1.14465418572335]
["11654_77_NRSN1_NRSN1","FTjVRz","osteoporosis","NRSN1","Inverse variance weighted",2,0.258755149802564,0.381490163392112,0.497597497586734,-0.488965570445976,1.0064758700511,1.29531660746963,0.613260440913935,2.73594218972639]
["11656_110_EVL_EVL","FTjVRz","osteoporosis","EVL","MR Egger",5,0.497818329051163,0.404497340467617,0.306125915183393,-0.294996458265367,1.29063311636769,1.64512822424879,0.744534224403888,3.63508726061169]
["11656_110_EVL_EVL","FTjVRz","osteoporosis","EVL","Weighted median",5,0.0376158075435059,0.114219857914116,0.741907715159904,-0.186255113968162,0.261486729055174,1.03833223682505,0.830061807606564,1.29885970436206]
["11656_110_EVL_EVL","FTjVRz","osteoporosis","EVL","Inverse variance weighted",5,0.076606868846653,0.0849964411321529,0.367431482557955,-0.0899861557723668,0.243199893465673,1.0796175616559,0.913943838030182,1.27532352748061]
["11656_110_EVL_EVL","FTjVRz","osteoporosis","EVL","Simple mode",5,0.0105895318780054,0.182962903437171,0.956621747400255,-0.34801775885885,0.369196822614861,1.01064579941092,0.70608633681545,1.44657229379854]
["11656_110_EVL_EVL","FTjVRz","osteoporosis","EVL","Weighted mode",5,-0.000865873162787079,0.170296520082457,0.99618664330786,-0.334647052524404,0.33291530619883,0.999134501597207,0.715590607685098,1.39502914314549]
["11657_86_SOCS7_SOCS7","FTjVRz","osteoporosis","SOCS7","MR Egger",3,-0.675885987872762,1.80967301564407,0.772445408256883,-4.22284509853514,2.87107312278962,0.508705513971953,0.014656884846293,17.6559550449712]
["11657_86_SOCS7_SOCS7","FTjVRz","osteoporosis","SOCS7","Weighted median",3,-0.0193528488548605,0.262530624429802,0.941235938859885,-0.533912872737273,0.495207175027552,0.980833215300793,0.586306333407861,1.64083814453367]
["11657_86_SOCS7_SOCS7","FTjVRz","osteoporosis","SOCS7","Inverse variance weighted",3,0.055811896482858,0.224939785503715,0.80404212259301,-0.385070083104422,0.496693876070138,1.05739876460186,0.680402949782622,1.64327939456869]
["11657_86_SOCS7_SOCS7","FTjVRz","osteoporosis","SOCS7","Simple mode",3,-0.117498804791486,0.325169349675475,0.752442657857173,-0.754830730155417,0.519833120572444,0.889141574455393,0.470090180088064,1.68174697730745]
["11657_86_SOCS7_SOCS7","FTjVRz","osteoporosis","SOCS7","Weighted mode",3,-0.102763346586723,0.341364941557302,0.791799649731637,-0.771838632039035,0.566311938865588,0.90234049017273,0.462162539793437,1.76175758547864]
["11659_31_CLINT1_EPN4","FTjVRz","osteoporosis","CLINT1","MR Egger",4,-0.437522038071046,1.47529628553773,0.794760701840117,-3.329102757725,2.4540586815829,0.645634297736583,0.0358252345664925,11.6354757047058]
["11659_31_CLINT1_EPN4","FTjVRz","osteoporosis","CLINT1","Weighted median",4,0.0629775390681239,0.233718186351033,0.787576257569144,-0.395110106179901,0.521065184316149,1.06500291800467,0.673605866996757,1.68382027373868]
["11659_31_CLINT1_EPN4","FTjVRz","osteoporosis","CLINT1","Inverse variance weighted",4,0.0337532308616121,0.334497282586755,0.919624016757824,-0.621861443008428,0.689367904731653,1.03432933467405,0.536944016085072,1.99245571329315]
["11659_31_CLINT1_EPN4","FTjVRz","osteoporosis","CLINT1","Simple mode",4,0.171040784437394,0.388195043606471,0.689315063666482,-0.589821501031288,0.931903069906077,1.18653914036618,0.554426240414642,2.53933711825762]
["11659_31_CLINT1_EPN4","FTjVRz","osteoporosis","CLINT1","Weighted mode",4,0.104656815706124,0.289871935892338,0.741993358837451,-0.463492178642859,0.672805810055107,1.11032949731893,0.629082935115942,1.95972823899491]
["11666_72_RGS8_RGS8","FTjVRz","osteoporosis","RGS8","MR Egger",5,0.418703340344998,0.239813344868391,0.179155231951867,-0.0513308155970476,0.888737496287044,1.51998936837714,0.949964355519694,2.43205723094274]
["11666_72_RGS8_RGS8","FTjVRz","osteoporosis","RGS8","Weighted median",5,0.199211135803624,0.0833228894580847,0.0168101850800032,0.0358982724657775,0.362523999141469,1.22043961719856,1.03655039541155,1.4369517061796]
["11666_72_RGS8_RGS8","FTjVRz","osteoporosis","RGS8","Inverse variance weighted",5,0.144621298071674,0.0794303768453676,0.0686478558550461,-0.0110622405452467,0.300304836688594,1.15560185873987,0.988998721040049,1.35027035678944]
["11666_72_RGS8_RGS8","FTjVRz","osteoporosis","RGS8","Simple mode",5,0.21420209173915,0.117402278833451,0.142129967298756,-0.0159063747744145,0.444310558252714,1.23887299549495,0.984219463511039,1.55941469953405]
["11666_72_RGS8_RGS8","FTjVRz","osteoporosis","RGS8","Weighted mode",5,0.223587381146966,0.105107733156288,0.100521670129275,0.0175762241606409,0.429598538133291,1.25055491042474,1.01773159493085,1.53664049713784]
["11667_29_TNS2_TENC1","FTjVRz","osteoporosis","TNS2","MR Egger",3,0.8739333374424,1.20604304621901,0.600798189818006,-1.48991103314687,3.23777770803167,2.39631786770857,0.225392707127335,25.4770413660954]
["11667_29_TNS2_TENC1","FTjVRz","osteoporosis","TNS2","Weighted median",3,0.304077802156057,0.325701814120055,0.350506164249623,-0.33429775351925,0.942453357831365,1.35537450304622,0.715840606432074,2.56626967931317]
["11667_29_TNS2_TENC1","FTjVRz","osteoporosis","TNS2","Inverse variance weighted",3,0.365927701375062,0.288834951358831,0.205187703989185,-0.200188803288246,0.932044206038371,1.44185099504178,0.818576188611212,2.53969553576932]
["11667_29_TNS2_TENC1","FTjVRz","osteoporosis","TNS2","Simple mode",3,0.386900414433955,0.455704041404611,0.485286403416404,-0.506279506719082,1.28008033558699,1.47240985320306,0.602733879788436,3.59692867533915]
["11667_29_TNS2_TENC1","FTjVRz","osteoporosis","TNS2","Weighted mode",3,0.207580212376694,0.348931788981631,0.612251042729464,-0.476326094027303,0.891486518780691,1.23069642996667,0.621060924964674,2.43875220908296]
["11671_19_BRPF1_BRPF1","FTjVRz","osteoporosis","BRPF1","Inverse variance weighted",2,0.155715809407679,0.169089866203465,0.357099700063199,-0.175700328351112,0.487131947166471,1.16849408087413,0.838869331029935,1.62764135787575]
["11672_17_KIF16B_KI16B","FTjVRz","osteoporosis","KIF16B","MR Egger",5,0.389284327290297,0.267895144351286,0.242142577224262,-0.135790155638223,0.914358810218817,1.47592413719099,0.873025812812873,2.49517485826031]
["11672_17_KIF16B_KI16B","FTjVRz","osteoporosis","KIF16B","Weighted median",5,0.227216980974734,0.110926375995245,0.0405248884349627,0.00980128402405372,0.444632677925414,1.25510217168945,1.00984947392059,1.55991709859864]
["11672_17_KIF16B_KI16B","FTjVRz","osteoporosis","KIF16B","Inverse variance weighted",5,0.157953624256605,0.0922941630107772,0.0870045115712939,-0.0229429352445183,0.338850183757728,1.17111188226415,0.977318252609157,1.40333308737329]
["11672_17_KIF16B_KI16B","FTjVRz","osteoporosis","KIF16B","Simple mode",5,0.251502619027245,0.152195686860776,0.1737775230584,-0.0468009272198754,0.549806165274365,1.28595626801399,0.954277349327574,1.73291708580292]
["11672_17_KIF16B_KI16B","FTjVRz","osteoporosis","KIF16B","Weighted mode",5,0.251502619027245,0.148078608763731,0.164655708596516,-0.0387314541496682,0.541736692204158,1.28595626801399,0.962009017990693,1.71898962724742]
["11678_105_GJD2_CXD2","FTjVRz","osteoporosis","GJD2","MR Egger",4,1.12480810555818,1.093138379859,0.411659121179138,-1.01774311896546,3.26735933008182,3.07962582913363,0.36140967909329,26.2419514365549]
["11678_105_GJD2_CXD2","FTjVRz","osteoporosis","GJD2","Weighted median",4,0.0612187008825405,0.233286572645349,0.792998849642219,-0.396022981502344,0.518460383267425,1.0631313965389,0.672991229410149,1.67943996431777]
["11678_105_GJD2_CXD2","FTjVRz","osteoporosis","GJD2","Inverse variance weighted",4,0.152184587918234,0.198294649762689,0.442803942472283,-0.236472925616636,0.540842101453103,1.16437514618091,0.78940725472729,1.71745252266801]
["11678_105_GJD2_CXD2","FTjVRz","osteoporosis","GJD2","Simple mode",4,-0.0308824850591187,0.345709205935994,0.934448626336463,-0.708472528693666,0.646707558575429,0.969589507635057,0.492395743702048,1.90924439404752]
["11678_105_GJD2_CXD2","FTjVRz","osteoporosis","GJD2","Weighted mode",4,-0.0189310978107984,0.332465193393827,0.95817206936668,-0.670562876862699,0.632700681241102,0.981246969977998,0.511420629914862,1.88268826044677]
["11681_8_AGFG1_NUPL","FTjVRz","osteoporosis","AGFG1","MR Egger",3,1.36524850942451,0.920693235633609,0.377720562823256,-0.439310232417365,3.16980725126638,3.91669626699645,0.644480809773278,23.8028959361886]
["11681_8_AGFG1_NUPL","FTjVRz","osteoporosis","AGFG1","Weighted median",3,0.147083192172871,0.18438687014863,0.425051574005763,-0.214315073318444,0.508481457664186,1.15845033302155,0.807094051156883,1.66276429884983]
["11681_8_AGFG1_NUPL","FTjVRz","osteoporosis","AGFG1","Inverse variance weighted",3,0.151230376690511,0.170954136110002,0.376358684837091,-0.183839730085093,0.486300483466114,1.16326461626746,0.832069148792467,1.62628859563376]
["11681_8_AGFG1_NUPL","FTjVRz","osteoporosis","AGFG1","Simple mode",3,-0.128112219053441,0.261280369391874,0.672418614481327,-0.640221743061514,0.383997304954633,0.87975464837111,0.52717551356915,1.46814148496875]
["11681_8_AGFG1_NUPL","FTjVRz","osteoporosis","AGFG1","Weighted mode",3,0.373082973812756,0.203147881545571,0.207691796943581,-0.0250868740165644,0.771252821642076,1.45220482980558,0.975225186619151,2.16247375134112]
["11682_7_TXNIP_TXNIP","FTjVRz","osteoporosis","TXNIP","MR Egger",4,0.157838951382345,0.29006468759207,0.640892966925226,-0.410687836298113,0.726365739062802,1.17097759519822,0.663193924361731,2.06755291037363]
["11682_7_TXNIP_TXNIP","FTjVRz","osteoporosis","TXNIP","Weighted median",4,0.234469664940815,0.100552517118089,0.0197105317081814,0.0373867313893601,0.43155259849227,1.26423812111585,1.03809440691113,1.53964612104819]
["11682_7_TXNIP_TXNIP","FTjVRz","osteoporosis","TXNIP","Inverse variance weighted",4,0.173360165061963,0.0896421664827604,0.0531238063451264,-0.00233848124424771,0.349058811368173,1.18929437023688,0.997664250872934,1.41773256668217]
["11682_7_TXNIP_TXNIP","FTjVRz","osteoporosis","TXNIP","Simple mode",4,0.249956019895693,0.148362478526228,0.190621585437593,-0.0408344380157144,0.5407464778071,1.28396894635778,0.959988054318682,1.71728830144779]
["11682_7_TXNIP_TXNIP","FTjVRz","osteoporosis","TXNIP","Weighted mode",4,0.250714152205301,0.148710105130621,0.1903966470285,-0.0407576538507164,0.542185958261318,1.28494273378376,0.960061769029866,1.71976208444596]
["11683_19_GGA3_GGA3","FTjVRz","osteoporosis","GGA3","MR Egger",3,-2.16233205246451,2.92646273196342,0.594885564106051,-7.8981990071128,3.57353490218379,0.115056490157724,0.000371411848566861,35.6423629954053]
["11683_19_GGA3_GGA3","FTjVRz","osteoporosis","GGA3","Weighted median",3,0.0382750719792041,0.232302171445043,0.869129615169649,-0.417037184053079,0.493587328011487,1.03901699803578,0.658996415330846,1.6381823893007]
["11683_19_GGA3_GGA3","FTjVRz","osteoporosis","GGA3","Inverse variance weighted",3,0.0449948563053663,0.220261186457124,0.838135048855963,-0.386717069150598,0.47670678176133,1.04602247947466,0.679283257930085,1.61076107027938]
["11683_19_GGA3_GGA3","FTjVRz","osteoporosis","GGA3","Simple mode",3,-0.13466507310021,0.31698449292028,0.712299444213242,-0.755954679223959,0.48662453302354,0.874008591660095,0.469562119480227,1.6268156791294]
["11683_19_GGA3_GGA3","FTjVRz","osteoporosis","GGA3","Weighted mode",3,-0.115255310842066,0.261910930943165,0.702885545894314,-0.628600735490668,0.398090113806537,0.891138597514808,0.533337559446987,1.48897820135541]
["11690_47_ANAPC7_APC7","FTjVRz","osteoporosis","ANAPC7","Wald ratio",1,0.530973741794311,0.394698030634573,0.17853943023406,-0.242634398249453,1.30458188183807,1.70058743571559,0.784558297230968,3.68614752622054]
["11692_21_SHC4_SHC4","FTjVRz","osteoporosis","SHC4","MR Egger",4,-0.639737121291083,0.31457107955827,0.17899624587971,-1.25629643722529,-0.0231778053568739,0.527431056215628,0.28470650474983,0.977088736715627]
["11692_21_SHC4_SHC4","FTjVRz","osteoporosis","SHC4","Weighted median",4,-0.17550802057219,0.162816377062629,0.281055777115975,-0.494628119614943,0.143612078470562,0.839030667640437,0.60979763691557,1.15443619099925]
["11692_21_SHC4_SHC4","FTjVRz","osteoporosis","SHC4","Inverse variance weighted",4,-0.11659411589767,0.152205513166189,0.443657956864976,-0.414916921703401,0.181728689908062,0.889946334936879,0.660395142929578,1.19928877058994]
["11692_21_SHC4_SHC4","FTjVRz","osteoporosis","SHC4","Simple mode",4,0.223751473399593,0.29964678585087,0.509428134251334,-0.363556226868112,0.811059173667298,1.25076013363433,0.695199637218903,2.25029017297426]
["11692_21_SHC4_SHC4","FTjVRz","osteoporosis","SHC4","Weighted mode",4,-0.258954984852977,0.178211733741015,0.242154520732705,-0.608249982985366,0.090340013279412,0.77185776755257,0.544302574848057,1.09454638074704]
["11696_7_CRABP2_RABP2","FTjVRz","osteoporosis","CRABP2","MR Egger",4,-0.0648044591737071,0.0950575204324984,0.56575949702504,-0.251117199221404,0.12150828087399,0.937250716239609,0.777931193285891,1.12919871663872]
["11696_7_CRABP2_RABP2","FTjVRz","osteoporosis","CRABP2","Weighted median",4,-0.0214111587876727,0.061682047293404,0.728500114885303,-0.142307971482745,0.0994856539073991,0.97881643284502,0.867354095022261,1.10460262389475]
["11696_7_CRABP2_RABP2","FTjVRz","osteoporosis","CRABP2","Inverse variance weighted",4,-0.0144536570442776,0.0617365524484414,0.814893135098871,-0.135457299843223,0.106549985754668,0.985650295621981,0.873316452881784,1.11243353088552]
["11696_7_CRABP2_RABP2","FTjVRz","osteoporosis","CRABP2","Simple mode",4,0.0286298453658596,0.126966731133441,0.836085276923883,-0.220224947655685,0.277484638387405,1.02904361870531,0.802338293543018,1.31980584464195]
["11696_7_CRABP2_RABP2","FTjVRz","osteoporosis","CRABP2","Weighted mode",4,-0.028744827244528,0.069450183082674,0.706764109717516,-0.164867186086569,0.107377531597513,0.97166437511123,0.848006323647486,1.11335450164965]
["11708_2_LCN1_LCN1","FTjVRz","osteoporosis","LCN1","MR Egger",4,-0.926875823838347,0.602973950571176,0.264072224685573,-2.10870476695785,0.254953119281157,0.395788293190967,0.121395099593532,1.29040112452253]
["11708_2_LCN1_LCN1","FTjVRz","osteoporosis","LCN1","Weighted median",4,0.0393880279957084,0.171503968927456,0.81835404696237,-0.296759751102105,0.375535807093522,1.04017402199395,0.743222549312791,1.45577121823267]
["11708_2_LCN1_LCN1","FTjVRz","osteoporosis","LCN1","Inverse variance weighted",4,0.034012944002073,0.173623168229115,0.844687691862665,-0.306288465726992,0.374314353731138,1.03459799848008,0.736174227789903,1.45399414710898]
["11708_2_LCN1_LCN1","FTjVRz","osteoporosis","LCN1","Simple mode",4,0.346360233175491,0.381996034370856,0.431401807836086,-0.402351994191388,1.09507246054237,1.41391186204841,0.668745309792179,2.98939928903943]
["11708_2_LCN1_LCN1","FTjVRz","osteoporosis","LCN1","Weighted mode",4,-0.125730717619137,0.172607418173782,0.519066177174725,-0.46404125723975,0.212579822001476,0.8818522820955,0.628737613953506,1.23686483865199]
["11709_29_CPT1B_CPT1B","FTjVRz","osteoporosis","CPT1B","MR Egger",8,0.182775049167836,0.132262956829663,0.2162487430598,-0.0764603462183027,0.442010444553975,1.20054431426051,0.926389648413379,1.55583199032044]
["11709_29_CPT1B_CPT1B","FTjVRz","osteoporosis","CPT1B","Weighted median",8,0.109493133830853,0.067015700526073,0.102291818822143,-0.0218576392002499,0.240843906861956,1.11571241023872,0.97837950802669,1.27232241900833]
["11709_29_CPT1B_CPT1B","FTjVRz","osteoporosis","CPT1B","Inverse variance weighted",8,0.11139838507233,0.0621278257212885,0.0729647051936057,-0.0103721533413952,0.233168923486056,1.11784014898827,0.989681451946901,1.26259474321961]
["11709_29_CPT1B_CPT1B","FTjVRz","osteoporosis","CPT1B","Simple mode",8,-0.047369718274316,0.142850063612952,0.749894885491374,-0.327355842955701,0.232616406407069,0.95373471924402,0.720827196104095,1.26189733074404]
["11709_29_CPT1B_CPT1B","FTjVRz","osteoporosis","CPT1B","Weighted mode",8,0.116679792014243,0.0771568727598146,0.174231745280698,-0.0345476785949935,0.26790726262348,1.12375953529581,0.966042279049878,1.30722590569253]
["11825_27_PPARGC1A_PRGC1","FTjVRz","osteoporosis","PPARGC1A","Inverse variance weighted",2,0.202043414049883,0.400619540591382,0.614031321206367,-0.583170885509226,0.987257713608992,1.22390114146319,0.558125804728729,2.68386444665993]
["11838_130_PIEZO1_FA38A","FTjVRz","osteoporosis","PIEZO1","MR Egger",3,0.198575926269887,1.51324519578139,0.916934063566814,-2.76738465746163,3.1645365100014,1.21966462848453,0.0628261018402198,23.6777670809428]
["11838_130_PIEZO1_FA38A","FTjVRz","osteoporosis","PIEZO1","Weighted median",3,0.299723949877142,0.266522938215957,0.260770895785242,-0.222661009026134,0.822108908780418,1.3494862303137,0.800386126984267,2.27529316714665]
["11838_130_PIEZO1_FA38A","FTjVRz","osteoporosis","PIEZO1","Inverse variance weighted",3,0.355199725684807,0.234028886198561,0.129074865507617,-0.103496891264374,0.813896342633987,1.42646552763663,0.901678825818588,2.25668369187705]
["11838_130_PIEZO1_FA38A","FTjVRz","osteoporosis","PIEZO1","Simple mode",3,0.267739535821261,0.327885167868813,0.499968600323814,-0.374915393201613,0.910394464844134,1.30700666725819,0.687347430596401,2.48530270459456]
["11838_130_PIEZO1_FA38A","FTjVRz","osteoporosis","PIEZO1","Weighted mode",3,0.263459922206347,0.330295442145655,0.508731243088751,-0.383919144399136,0.91083898881183,1.3014251356484,0.681186502696911,2.48640772679996]
["11872_9_PCDHGB1_PCDGD","FTjVRz","osteoporosis","PCDHGB1","Inverse variance weighted",2,0.178438873660921,0.167944024344335,0.288013221784261,-0.150731414053976,0.507609161375818,1.19534981368223,0.860078672683587,1.66131450813897]
["11910_27_DLX4_DLX4","FTjVRz","osteoporosis","DLX4","MR Egger",3,-0.885306844210328,1.29415720115067,0.618052843975387,-3.42185495846564,1.65124127004499,0.412587553751687,0.0326518109757481,5.21344710825494]
["11910_27_DLX4_DLX4","FTjVRz","osteoporosis","DLX4","Weighted median",3,-0.163902545687957,0.194346225600698,0.399030838623105,-0.544821147865326,0.217016056489412,0.848824739480579,0.579945498555137,1.24236404998283]
["11910_27_DLX4_DLX4","FTjVRz","osteoporosis","DLX4","Inverse variance weighted",3,-0.156255470233569,0.173675777390911,0.36828184418116,-0.496659993919755,0.184149053452616,0.855340648381497,0.608559862692653,1.20219500105805]
["11910_27_DLX4_DLX4","FTjVRz","osteoporosis","DLX4","Simple mode",3,-0.120028537164977,0.247775284179695,0.675943999309485,-0.605668094157179,0.365611019827225,0.886895126883471,0.545709719348857,1.44139445972889]
["11910_27_DLX4_DLX4","FTjVRz","osteoporosis","DLX4","Weighted mode",3,-0.187916205687138,0.220604735257187,0.484037498184396,-0.620301486791225,0.24446907541695,0.828684143341836,0.537782278897907,1.27694317267854]
["11926_23_AAGAB_P34","FTjVRz","osteoporosis","AAGAB","MR Egger",9,-0.0583637053249415,0.0772880284156009,0.474797560468312,-0.209848241019519,0.0931208303696362,0.943306799332214,0.810707268743619,1.097594349987]
["11926_23_AAGAB_P34","FTjVRz","osteoporosis","AAGAB","Weighted median",9,-7.36959519134782E-3,0.0554737153925318,0.894313263647941,-0.11609807736071,0.101358886978015,0.992657493689751,0.890387892120469,1.1066737412969]
["11926_23_AAGAB_P34","FTjVRz","osteoporosis","AAGAB","Inverse variance weighted",9,-0.0188060643736799,0.0467629182692385,0.687568022329105,-0.110461384181387,0.0728492554340274,0.98136966632973,0.895420906933201,1.07556838860361]
["11926_23_AAGAB_P34","FTjVRz","osteoporosis","AAGAB","Simple mode",9,-0.0468727759673051,0.080098930217672,0.574553159664842,-0.203866679193942,0.110121127259332,0.954208788158371,0.815571096535444,1.11641329035144]
["11926_23_AAGAB_P34","FTjVRz","osteoporosis","AAGAB","Weighted mode",9,-0.0222188827827349,0.0524423907855608,0.682959473631228,-0.125005968722434,0.0805682031569642,0.978026138538254,0.882491635221255,1.08390276971207]
["11934_9_INTS3_INT3","FTjVRz","osteoporosis","INTS3","Wald ratio",1,0.776859097127223,0.472151846785226,0.099895883772094,-0.148558522571819,1.70227671682627,2.17463122214304,0.86194956218927,5.4864242175703]
["11952_1_IGDCC3_IGDC3","FTjVRz","osteoporosis","IGDCC3","MR Egger",5,0.637961200433555,0.646841672992831,0.396718161182895,-0.629848478632394,1.9057708794995,1.89261827378766,0.532672506159085,6.72458947825849]
["11952_1_IGDCC3_IGDC3","FTjVRz","osteoporosis","IGDCC3","Weighted median",5,0.123344120023013,0.222821812806442,0.57988345642941,-0.313386633077613,0.560074873123639,1.131273647887,0.730967241813135,1.75080358352191]
["11952_1_IGDCC3_IGDC3","FTjVRz","osteoporosis","IGDCC3","Inverse variance weighted",5,0.202620138457533,0.169670075618864,0.232399433891893,-0.12993320975544,0.535173486670505,1.22460719870467,0.878154081087747,1.70774448746137]
["11952_1_IGDCC3_IGDC3","FTjVRz","osteoporosis","IGDCC3","Simple mode",5,0.0484808831722687,0.306488305292956,0.88197801634375,-0.552236195201925,0.649197961546462,1.04967530516654,0.57566107944676,1.91400510754586]
["11952_1_IGDCC3_IGDC3","FTjVRz","osteoporosis","IGDCC3","Weighted mode",5,0.0237070162721937,0.332671380866937,0.946609546465765,-0.628328890227002,0.675742922771389,1.0239902614529,0.533482564445026,1.96549264293423]
["11955_1_ARHGAP1_RHG01","FTjVRz","osteoporosis","ARHGAP1","MR Egger",4,-0.112826334468861,1.00796787056771,0.921097151601285,-2.08844336078158,1.86279069184386,0.893305783069156,0.123879821996405,6.44168847843481]
["11955_1_ARHGAP1_RHG01","FTjVRz","osteoporosis","ARHGAP1","Weighted median",4,-0.0452816469799727,0.163353879491555,0.781626767193647,-0.36545525078342,0.274891956823475,0.955728265943181,0.693880689235169,1.31638844039539]
["11955_1_ARHGAP1_RHG01","FTjVRz","osteoporosis","ARHGAP1","Inverse variance weighted",4,0.0199714359482228,0.229463501385332,0.930643414190797,-0.429777026767027,0.469719898663473,1.02017219935905,0.650654157011148,1.59954609546472]
["11955_1_ARHGAP1_RHG01","FTjVRz","osteoporosis","ARHGAP1","Simple mode",4,-0.150546452105498,0.232929849496318,0.564111436993271,-0.607088957118281,0.305996052907285,0.86023776922368,0.544934891213775,1.3579769464764]
["11955_1_ARHGAP1_RHG01","FTjVRz","osteoporosis","ARHGAP1","Weighted mode",4,-0.0485919839575544,0.173478784237208,0.797602123976833,-0.388610401062482,0.291426433147374,0.952569714143689,0.677998366007907,1.33833517276236]
["11967_23_CRABP1_RABP1","FTjVRz","osteoporosis","CRABP1","MR Egger",7,0.164393173479302,0.161016541844634,0.354100161258732,-0.151199248536181,0.479985595494784,1.17867764879364,0.859676392330744,1.6160511236084]
["11967_23_CRABP1_RABP1","FTjVRz","osteoporosis","CRABP1","Weighted median",7,0.180810314151545,0.0904724195478094,0.0456610629440549,0.00348437183783906,0.358136256465252,1.19818787845167,1.00349044931807,1.4306605439485]
["11967_23_CRABP1_RABP1","FTjVRz","osteoporosis","CRABP1","Inverse variance weighted",7,0.140418335103509,0.0744078392871591,0.0591409100377588,-0.00542102989932244,0.286257700106341,1.15075509943138,0.994593637367396,1.33143552212185]
["11967_23_CRABP1_RABP1","FTjVRz","osteoporosis","CRABP1","Simple mode",7,0.179913082951317,0.126455258936108,0.204658961347394,-0.0679392245634541,0.427765390466089,1.19711330904408,0.934317255390795,1.53382618850494]
["11967_23_CRABP1_RABP1","FTjVRz","osteoporosis","CRABP1","Weighted mode",7,0.196839179430466,0.124409013566159,0.164691845554808,-0.0470024871592055,0.440680846020137,1.2175482181623,0.954085024626068,1.55376473300291]
["11969_5_S100A2_S100A2","FTjVRz","osteoporosis","S100A2","MR Egger",3,-0.812181487177002,0.402531320808929,0.292931312482637,-1.6011428759625,-0.0232200983915023,0.443888671801077,0.201665907122239,0.977047413541697]
["11969_5_S100A2_S100A2","FTjVRz","osteoporosis","S100A2","Weighted median",3,-0.130047169440881,0.199832003242911,0.51518690234912,-0.521717895796986,0.261623556915224,0.878054012626891,0.593500100381885,1.29903743671501]
["11969_5_S100A2_S100A2","FTjVRz","osteoporosis","S100A2","Inverse variance weighted",3,-0.0737181913730092,0.279006632537614,0.79161299965427,-0.620571191146733,0.473134808400715,0.928933438415461,0.537637256232475,1.60501773826709]
["11969_5_S100A2_S100A2","FTjVRz","osteoporosis","S100A2","Simple mode",3,0.0453416652403731,0.41237956325641,0.922486614166956,-0.762922278742191,0.853605609222937,1.04638531232997,0.466301770276651,2.34809793068184]
["11969_5_S100A2_S100A2","FTjVRz","osteoporosis","S100A2","Weighted mode",3,-0.252053083237214,0.213056329496557,0.358368802743862,-0.669643489050464,0.165537322576037,0.777203480497195,0.511891040020454,1.18002700354516]
["11988_24_PTPRH_PTPRH","FTjVRz","osteoporosis","PTPRH","MR Egger",3,0.368961025587227,0.548644343437663,0.623103703023187,-0.706381887550593,1.44430393872505,1.44623123656313,0.493426243329625,4.23890058116279]
["11988_24_PTPRH_PTPRH","FTjVRz","osteoporosis","PTPRH","Weighted median",3,0.302576873907699,0.216424174590661,0.162091037428708,-0.121614508289997,0.726768256105395,1.35334170908805,0.885489651637491,2.06838530317142]
["11988_24_PTPRH_PTPRH","FTjVRz","osteoporosis","PTPRH","Inverse variance weighted",3,0.293826346858365,0.169592348398093,0.0831766019747622,-0.0385746560018966,0.626227349718627,1.34155091890656,0.962159871049285,1.87054035630929]
["11988_24_PTPRH_PTPRH","FTjVRz","osteoporosis","PTPRH","Simple mode",3,0.324521603826521,0.253802102700056,0.329342316823138,-0.172930517465589,0.821973725118632,1.38336868936712,0.84119606124837,2.2749856054738]
["11988_24_PTPRH_PTPRH","FTjVRz","osteoporosis","PTPRH","Weighted mode",3,0.340286842559589,0.246924471031226,0.302096500414734,-0.143685120661615,0.824258805780792,1.40535064713068,0.866160441150887,2.28019007513942]
["11989_35_EMC1_EMC1","FTjVRz","osteoporosis","EMC1","MR Egger",6,-0.357227256605779,0.519092752101429,0.529173579057547,-1.37464905072458,0.660194537513022,0.699613487880663,0.252928345250058,1.93516876070431]
["11989_35_EMC1_EMC1","FTjVRz","osteoporosis","EMC1","Weighted median",6,-0.109108868953874,0.159475654680532,0.493866199293611,-0.421681152127717,0.203463414219969,0.896632796709808,0.65594315213249,1.22564031581393]
["11989_35_EMC1_EMC1","FTjVRz","osteoporosis","EMC1","Inverse variance weighted",6,0.102685726668211,0.150139945382083,0.494017207966834,-0.191588566280672,0.396960019617094,1.10814309452347,0.82564649742878,1.48729646618041]
["11989_35_EMC1_EMC1","FTjVRz","osteoporosis","EMC1","Simple mode",6,-0.0519689305556857,0.250667525863874,0.843937535773813,-0.54327728124888,0.439339420137508,0.949358362421457,0.580841548562582,1.55168187008999]
["11989_35_EMC1_EMC1","FTjVRz","osteoporosis","EMC1","Weighted mode",6,-0.107272486358555,0.172877380872806,0.562106646629027,-0.446112152869255,0.231567180152146,0.898280870355809,0.64011197764081,1.26057400928682]
["12001_7_TJP1_ZO1","FTjVRz","osteoporosis","TJP1","MR Egger",3,0.257945958336989,0.387895864515754,0.62640649551292,-0.502329936113889,1.01822185278787,1.294268872292,0.605119127053402,2.76826799698266]
["12001_7_TJP1_ZO1","FTjVRz","osteoporosis","TJP1","Weighted median",3,0.195983914864027,0.11405039787859,0.0857241419922638,-0.0275548649780087,0.419522694706063,1.21650733749101,0.972821307269621,1.52123528865029]
["12001_7_TJP1_ZO1","FTjVRz","osteoporosis","TJP1","Inverse variance weighted",3,0.162056299426873,0.0971373627136067,0.0952520267963801,-0.0283329314917958,0.352445530345543,1.17592644344222,0.972064681977108,1.42254216825793]
["12001_7_TJP1_ZO1","FTjVRz","osteoporosis","TJP1","Simple mode",3,0.220221961600932,0.139260225354542,0.25459555164396,-0.0527280800939699,0.493172003295834,1.24635334247086,0.948637930951167,1.63750215293494]
["12001_7_TJP1_ZO1","FTjVRz","osteoporosis","TJP1","Weighted mode",3,0.223191512640351,0.139652080785267,0.251102058727675,-0.0505265656987731,0.496909590979475,1.25005995309538,0.950728671565338,1.64363391267035]
["12008_3_CD7_CD7","FTjVRz","osteoporosis","CD7","Wald ratio",1,1.00934404536862,0.654319470699433,0.122931260589025,-0.273122117202268,2.29181020793951,2.74380061586983,0.760999850781752,9.8928295608914]
["12014_19_PTS_PTPS","FTjVRz","osteoporosis","PTS","MR Egger",4,1.10927957791517,1.67487764346181,0.575885228109384,-2.17348060326997,4.39203975910032,3.03217316287409,0.113780900730381,80.8050738800219]
["12014_19_PTS_PTPS","FTjVRz","osteoporosis","PTS","Weighted median",4,0.354862976828839,0.254850998361611,0.163791273783052,-0.144644979959919,0.854370933617597,1.42598524787349,0.865329447879736,2.34989567515034]
["12014_19_PTS_PTPS","FTjVRz","osteoporosis","PTS","Inverse variance weighted",4,0.268019431529585,0.236010255553768,0.256113035636926,-0.1945606693558,0.730599532414969,1.30737254401638,0.823196233956283,2.07632505876921]
["12014_19_PTS_PTPS","FTjVRz","osteoporosis","PTS","Simple mode",4,0.351532382554218,0.337297244972541,0.373916773870242,-0.309570217591962,1.0126349827004,1.42124376992393,0.733762246571573,2.75284516610866]
["12014_19_PTS_PTPS","FTjVRz","osteoporosis","PTS","Weighted mode",4,0.393439091113539,0.295920179628454,0.27572538823976,-0.186564460958231,0.97344264318531,1.48206900980984,0.82980507019733,2.64704161100916]
["12018_84_TPK1_TPK1","FTjVRz","osteoporosis","TPK1","Inverse variance weighted",2,0.458515569910226,0.372591440483737,0.218467942486506,-0.271763653437898,1.18879479325835,1.58172428232287,0.762034344005419,3.28312198127387]
["12020_39_BPGM_PMGE","FTjVRz","osteoporosis","BPGM","Inverse variance weighted",2,0.0306355438830074,0.262991709392133,0.907265296833801,-0.484828206525574,0.546099294291589,1.03110964118193,0.615802978610967,1.72650527695808]
["12022_12_SMAD4_SMAD4","FTjVRz","osteoporosis","SMAD4","MR Egger",3,-0.973480790295316,2.5428511366144,0.767240372053158,-5.95746901805955,4.01050743746891,0.377765823347356,0.00258644995290198,55.1748612530428]
["12022_12_SMAD4_SMAD4","FTjVRz","osteoporosis","SMAD4","Weighted median",3,-0.117776046928055,0.23608553413889,0.61787080109544,-0.580503693840279,0.34495159998417,0.888895101113555,0.55961642022026,1.411921580987]
["12022_12_SMAD4_SMAD4","FTjVRz","osteoporosis","SMAD4","Inverse variance weighted",3,0.000521816642919164,0.204600216329101,0.997965060843737,-0.400494607362118,0.401538240647957,1.00052195281291,0.669988582784734,1.49412124890222]
["12022_12_SMAD4_SMAD4","FTjVRz","osteoporosis","SMAD4","Simple mode",3,-0.120547637149069,0.298093189669383,0.725068445329469,-0.704810288901059,0.463715014602921,0.886434859110047,0.49420232102888,1.58996978769658]
["12022_12_SMAD4_SMAD4","FTjVRz","osteoporosis","SMAD4","Weighted mode",3,-0.121713005017904,0.278411914011418,0.704663973415134,-0.667400356480282,0.423974346444475,0.885402438099404,0.513040568274841,1.52802239407392]
["12030_82_DES_Desmin","FTjVRz","osteoporosis","DES","MR Egger",6,0.525044555606307,0.222014294312511,0.0772479308606301,0.0898965387537852,0.960192572458829,1.69053416947599,1.09406108492619,2.6121994626641]
["12030_82_DES_Desmin","FTjVRz","osteoporosis","DES","Weighted median",6,0.19024422173911,0.10079279854376,0.0590960200909853,-0.00730966340665987,0.387798106884879,1.20954495876234,0.99271698720769,1.47373221786253]
["12030_82_DES_Desmin","FTjVRz","osteoporosis","DES","Inverse variance weighted",6,0.0746447273896682,0.120642081388982,0.53609504951362,-0.161813752132736,0.311103206912073,1.07750127618519,0.850599612151894,1.3649300841362]
["12030_82_DES_Desmin","FTjVRz","osteoporosis","DES","Simple mode",6,0.191309718148161,0.110088323187997,0.14275209645519,-0.0244633953003134,0.407082831596636,1.21083441140408,0.975833408353511,1.50242854906351]
["12030_82_DES_Desmin","FTjVRz","osteoporosis","DES","Weighted mode",6,0.186755077069015,0.0954821660781636,0.107850253062984,-0.000389968444185956,0.373900122582215,1.20533203543977,0.999610107583625,1.45339198216925]
["12033_3_BUB1_BUB1","FTjVRz","osteoporosis","BUB1","MR Egger",4,1.14357735358025,1.6761703305867,0.565492533614236,-2.14171649436968,4.42887120153017,3.1379739524155,0.117453062373383,83.8367287072935]
["12033_3_BUB1_BUB1","FTjVRz","osteoporosis","BUB1","Weighted median",4,0.308443375137806,0.273900661492484,0.260117260199459,-0.228401921387463,0.845288671663074,1.36130442368973,0.79580434476301,2.32864993280364]
["12033_3_BUB1_BUB1","FTjVRz","osteoporosis","BUB1","Inverse variance weighted",4,0.327266573569767,0.247388756207013,0.18587402927347,-0.157615388595979,0.812148535735514,1.38717121107909,0.854178245493307,2.25274288943676]
["12033_3_BUB1_BUB1","FTjVRz","osteoporosis","BUB1","Simple mode",4,0.757263649773599,0.430813980228768,0.17703644210834,-0.0871317514747874,1.60165905102198,2.13243314587193,0.916556330029597,4.9612565781597]
["12033_3_BUB1_BUB1","FTjVRz","osteoporosis","BUB1","Weighted mode",4,0.0285757102885398,0.33160763682074,0.936757891747892,-0.62137525788011,0.678526678457189,1.02898791285728,0.537205133751052,1.97097171691783]
["12041_33_HSPA1L_HS71L","FTjVRz","osteoporosis","HSPA1L","MR Egger",8,0.173017490810117,0.179336414957953,0.371920443741632,-0.17848188250747,0.524516864127705,1.18888689949719,0.836539212733037,1.68964232433071]
["12041_33_HSPA1L_HS71L","FTjVRz","osteoporosis","HSPA1L","Weighted median",8,0.0241605446184531,0.0793853243405431,0.760864891541025,-0.131434691089011,0.179755780325917,1.02445477538992,0.876836538507317,1.19692501478764]
["12041_33_HSPA1L_HS71L","FTjVRz","osteoporosis","HSPA1L","Inverse variance weighted",8,0.0366184059620379,0.06699417833799,0.584659845617306,-0.0946901835804225,0.167926995504498,1.03729711890988,0.909654716782989,1.18285025410959]
["12041_33_HSPA1L_HS71L","FTjVRz","osteoporosis","HSPA1L","Simple mode",8,0.0120759121757106,0.0963210582105153,0.903754158621791,-0.176713361916899,0.200865186268321,1.01214912039169,0.838019958534355,1.22245995632534]
["12041_33_HSPA1L_HS71L","FTjVRz","osteoporosis","HSPA1L","Weighted mode",8,0.0152591429547126,0.0884114129510771,0.867856002986112,-0.158027226429398,0.188545512338824,1.01537615810259,0.853826535004144,1.20749203752279]
["12046_51_TARDBP_TADBP","FTjVRz","osteoporosis","TARDBP","MR Egger",4,0.633371055503743,0.615148010157091,0.411415273755516,-0.572319044404157,1.83906115541164,1.8839507893373,0.564215479609238,6.2906295642629]
["12046_51_TARDBP_TADBP","FTjVRz","osteoporosis","TARDBP","Weighted median",4,0.225876252202319,0.165210325632229,0.171561307146693,-0.09793598603685,0.549688490441489,1.25342054764831,0.906706943801103,1.73271317707216]
["12046_51_TARDBP_TADBP","FTjVRz","osteoporosis","TARDBP","Inverse variance weighted",4,0.217468270162234,0.141365496963876,0.123965380593153,-0.059608103886963,0.494544644211431,1.242925991042,0.94213367977311,1.63975139873969]
["12046_51_TARDBP_TADBP","FTjVRz","osteoporosis","TARDBP","Simple mode",4,0.0992367846097484,0.239383352291804,0.706329733516762,-0.369954585882186,0.568428155101683,1.10432775642002,0.690765700439935,1.76548979317151]
["12046_51_TARDBP_TADBP","FTjVRz","osteoporosis","TARDBP","Weighted mode",4,0.295288076365298,0.229048162161182,0.287736506577264,-0.153646321470619,0.744222474201214,1.34351333738285,0.857575273342886,2.10480425897717]
["12329_21_RPS6KA1_KS6A1","FTjVRz","osteoporosis","RPS6KA1","Inverse variance weighted",2,0.11138719918079,0.147744283514924,0.450897955683579,-0.17819159650846,0.400965994870041,1.11782764501954,0.836782083603417,1.49326648891556]
["12332_7_EEF2K_EF2K","FTjVRz","osteoporosis","EEF2K","MR Egger",4,0.226812186004411,0.229286799042828,0.426826295557302,-0.222589940119532,0.676214312128355,1.25459421545911,0.800443011572511,1.96641937365564]
["12332_7_EEF2K_EF2K","FTjVRz","osteoporosis","EEF2K","Weighted median",4,0.113913048427782,0.0681875765532504,0.0948039502424459,-0.0197346016165885,0.247560698472153,1.12065467796147,0.980458850973912,1.28089710852163]
["12332_7_EEF2K_EF2K","FTjVRz","osteoporosis","EEF2K","Inverse variance weighted",4,0.087778922799805,0.0908300138859473,0.333839672969606,-0.0902479044166517,0.265805750016262,1.0917467350351,0.913704645775115,1.30448163853722]
["12332_7_EEF2K_EF2K","FTjVRz","osteoporosis","EEF2K","Simple mode",4,0.0660281855387607,0.128159320047336,0.641969592641598,-0.185164081754019,0.31722045283154,1.06825682613585,0.830967925990683,1.37330528759619]
["12332_7_EEF2K_EF2K","FTjVRz","osteoporosis","EEF2K","Weighted mode",4,0.120990501243193,0.0736029258678913,0.198757912626188,-0.0232712334578737,0.26525223594426,1.12861419188469,0.976997453434725,1.30375978938888]
["12333_87_RPIA_RPIA","FTjVRz","osteoporosis","RPIA","MR Egger",3,-0.0401121689467275,0.201341046095022,0.874808561330709,-0.43474061929297,0.354516281399515,0.960681674456946,0.647432576820349,1.42549095099595]
["12333_87_RPIA_RPIA","FTjVRz","osteoporosis","RPIA","Weighted median",3,-0.0116706348618374,0.0998319899573468,0.906937113373686,-0.207341335178237,0.184000065454562,0.988397202837735,0.812742185137383,1.20201590177372]
["12333_87_RPIA_RPIA","FTjVRz","osteoporosis","RPIA","Inverse variance weighted",3,-0.0110236116448148,0.0915289807555347,0.904135807778448,-0.190420413925663,0.168373190636033,0.989036925711069,0.82661154187889,1.1833781538987]
["12333_87_RPIA_RPIA","FTjVRz","osteoporosis","RPIA","Simple mode",3,0.030589532083178,0.115615536902246,0.816104457117121,-0.196016920245223,0.257195984411579,1.03106219906298,0.821998326147268,1.29329856828215]
["12333_87_RPIA_RPIA","FTjVRz","osteoporosis","RPIA","Weighted mode",3,-0.0118241190007876,0.112962454538548,0.926186917863511,-0.233230529896342,0.209582291894766,0.988245511185546,0.791970979490623,1.23316285024298]
["12334_25_SHMT1_cSHMT","FTjVRz","osteoporosis","SHMT1","MR Egger",6,-0.101685995321775,0.0768528363647919,0.256359154258941,-0.252317554596767,0.0489455639532169,0.903313151696214,0.776997959614449,1.0501631824519]
["12334_25_SHMT1_cSHMT","FTjVRz","osteoporosis","SHMT1","Weighted median",6,-0.0561113425054396,0.0516048764323662,0.276892602494968,-0.157256900312877,0.0450342153019982,0.945433863054794,0.854484513279424,1.04606365068013]
["12334_25_SHMT1_cSHMT","FTjVRz","osteoporosis","SHMT1","Inverse variance weighted",6,-0.0436528558266681,0.0495705116260198,0.378522744768104,-0.140811058613667,0.0535053469603308,0.957286216131022,0.868653420775246,1.05496263259586]
["12334_25_SHMT1_cSHMT","FTjVRz","osteoporosis","SHMT1","Simple mode",6,0.00998467678060755,0.131718207831542,0.942515157177728,-0.248183010569216,0.268152364130431,1.01003468998244,0.780217142228071,1.30754634800079]
["12334_25_SHMT1_cSHMT","FTjVRz","osteoporosis","SHMT1","Weighted mode",6,-0.0607097869509262,0.0538680528774549,0.31090062556286,-0.166291170590738,0.0448715966888853,0.941096318580664,0.846799635139946,1.04589355509076]
["12338_27_EGFLAM_EGFLA","FTjVRz","osteoporosis","EGFLAM","MR Egger",9,0.168576595887651,0.165075215035901,0.341144506478913,-0.154970825582715,0.492124017358017,1.18361888371188,0.856440163261841,1.63578697260493]
["12338_27_EGFLAM_EGFLA","FTjVRz","osteoporosis","EGFLAM","Weighted median",9,0.0531873121773934,0.0863544780699948,0.537948375319555,-0.116067464839796,0.222442089194583,1.05462717113103,0.890415149555646,1.24912347980926]
["12338_27_EGFLAM_EGFLA","FTjVRz","osteoporosis","EGFLAM","Inverse variance weighted",9,0.0475804476348155,0.0728374547681307,0.513600604820659,-0.0951809637107206,0.190341858980352,1.04873056562134,0.909208385856694,1.20966306116078]
["12338_27_EGFLAM_EGFLA","FTjVRz","osteoporosis","EGFLAM","Simple mode",9,0.0173945948353319,0.1254956650106,0.893186141695,-0.228576908585444,0.263366098256107,1.01754676181398,0.795665101373839,1.30130303652923]
["12338_27_EGFLAM_EGFLA","FTjVRz","osteoporosis","EGFLAM","Weighted mode",9,0.0520047417785083,0.0844231006098298,0.555011134397232,-0.113464535416758,0.217474018973775,1.05338073739966,0.892735856354869,1.24293313640982]
["12341_8_DUSP6_DUS6","FTjVRz","osteoporosis","DUSP6","MR Egger",4,-0.648678788224176,0.799111655535269,0.502184817862976,-2.2149376330733,0.917580056624951,0.522735965631224,0.109160322029974,2.50322539071822]
["12341_8_DUSP6_DUS6","FTjVRz","osteoporosis","DUSP6","Weighted median",4,0.0944950347590302,0.167151236026923,0.571851660347983,-0.23312138785374,0.4221114573718,1.09910370580469,0.792057421538151,1.52517850759816]
["12341_8_DUSP6_DUS6","FTjVRz","osteoporosis","DUSP6","Inverse variance weighted",4,0.172122050186653,0.145514877238453,0.236869206244743,-0.113087109200716,0.457331209574021,1.18782279836146,0.893072861864415,1.57985205973201]
["12341_8_DUSP6_DUS6","FTjVRz","osteoporosis","DUSP6","Simple mode",4,0.129639788314986,0.223221538684474,0.60214904552462,-0.307874427506582,0.567154004136554,1.13841823790774,0.735007608952483,1.76324172514077]
["12341_8_DUSP6_DUS6","FTjVRz","osteoporosis","DUSP6","Weighted mode",4,0.0736826931774603,0.184732182011635,0.716689187899414,-0.288392383565344,0.435757769920265,1.07646518155295,0.749467455823242,1.54613422916807]
["12345_4_ANAPC10_APC10","FTjVRz","osteoporosis","ANAPC10","MR Egger",3,0.0134474048714723,1.2887981400019,0.993357708310491,-2.51259694953226,2.5394917592752,1.01353822787497,0.0810574635304076,12.6732282830263]
["12345_4_ANAPC10_APC10","FTjVRz","osteoporosis","ANAPC10","Weighted median",3,0.28428956823913,0.283058105053293,0.315209668145891,-0.270504317665324,0.839083454143585,1.32881765843713,0.762994605633757,2.31424489286875]
["12345_4_ANAPC10_APC10","FTjVRz","osteoporosis","ANAPC10","Inverse variance weighted",3,0.31855752527768,0.231308443466794,0.168451040624923,-0.134807023917236,0.771922074472596,1.37514272437568,0.873884534231657,2.16392147741348]
["12345_4_ANAPC10_APC10","FTjVRz","osteoporosis","ANAPC10","Simple mode",3,0.33384171675792,0.354843171891779,0.446112877512756,-0.361650900149967,1.02933433366581,1.39632211169132,0.696525482345115,2.79920187992786]
["12345_4_ANAPC10_APC10","FTjVRz","osteoporosis","ANAPC10","Weighted mode",3,0.210561318175457,0.362954246781629,0.620476306635913,-0.500829005516536,0.921951641867451,1.2343707402633,0.606028050811344,2.51419240805484]
["12347_29_CCM2_CCM2","FTjVRz","osteoporosis","CCM2","MR Egger",5,0.475935009483946,0.654127055794902,0.51950797604097,-0.806154019874063,1.75802403884195,1.60951840912724,0.446572275799493,5.80096358351322]
["12347_29_CCM2_CCM2","FTjVRz","osteoporosis","CCM2","Weighted median",5,0.211470530559509,0.147582912929062,0.151888403119939,-0.0777919787814524,0.500733039900471,1.23549355578839,0.925156858784963,1.64993029225269]
["12347_29_CCM2_CCM2","FTjVRz","osteoporosis","CCM2","Inverse variance weighted",5,0.146071354286895,0.12369834577501,0.237655370535729,-0.0963774034321243,0.388520112005914,1.15727876190556,0.908121223320729,1.47479664428528]
["12347_29_CCM2_CCM2","FTjVRz","osteoporosis","CCM2","Simple mode",5,0.252905080970719,0.195455748071346,0.26534604558184,-0.130188185249118,0.635998347190557,1.28776103800565,0.877930201860468,1.88890698541997]
["12347_29_CCM2_CCM2","FTjVRz","osteoporosis","CCM2","Weighted mode",5,0.218545982952976,0.179505195074634,0.29032801662569,-0.133284199393307,0.570376165299259,1.24426623034729,0.875216320812733,1.76893233725918]
["12350_86_ETS2_ETS2","FTjVRz","osteoporosis","ETS2","MR Egger",4,-0.0470608317234598,0.186069478780078,0.82395127575233,-0.411757010132412,0.317635346685493,0.954029360574908,0.662485233695007,1.37387518173423]
["12350_86_ETS2_ETS2","FTjVRz","osteoporosis","ETS2","Weighted median",4,-0.00143303109846746,0.0772427420716225,0.985198249428513,-0.152828805558848,0.149962743361913,0.998567995200299,0.858276641425107,1.16179095749672]
["12350_86_ETS2_ETS2","FTjVRz","osteoporosis","ETS2","Inverse variance weighted",4,0.0115873722198532,0.0884337597168905,0.895752499612539,-0.161742796825252,0.184917541264958,1.01165476587089,0.850659968850209,1.20311922834764]
["12350_86_ETS2_ETS2","FTjVRz","osteoporosis","ETS2","Simple mode",4,-0.0199658697654794,0.137985148958097,0.894125172727025,-0.29041676172335,0.250485022192392,0.980232128288262,0.747951784938669,1.28464834856611]
["12350_86_ETS2_ETS2","FTjVRz","osteoporosis","ETS2","Weighted mode",4,-0.00831315324629023,0.0796866698042254,0.923496481622086,-0.164499026062572,0.147872719569991,0.991721305459212,0.848318583153156,1.15936532245476]
["12355_223_MRRF_RRFM","FTjVRz","osteoporosis","MRRF","Wald ratio",1,0.396495098039216,0.294733660130719,0.17853943023406,-0.181182875816993,0.974173071895425,1.48660515067678,0.834282774600236,2.64897579250356]
["12357_41_SNAP29_SNP29","FTjVRz","osteoporosis","SNAP29","MR Egger",3,0.0451073129933492,0.737732906461185,0.961123460671842,-1.40084918367057,1.49106380965727,1.04614011831278,0.246387646713579,4.44181825566806]
["12357_41_SNAP29_SNP29","FTjVRz","osteoporosis","SNAP29","Weighted median",3,0.026454143314814,0.216188317952224,0.902609004473528,-0.397274959871546,0.450183246501174,1.02680716020937,0.672149186168216,1.56859959954391]
["12357_41_SNAP29_SNP29","FTjVRz","osteoporosis","SNAP29","Inverse variance weighted",3,0.0975380161287019,0.242271586670231,0.687244103056156,-0.377314293744952,0.572390326002355,1.1024533517752,0.68570052863847,1.77249884181026]
["12357_41_SNAP29_SNP29","FTjVRz","osteoporosis","SNAP29","Simple mode",3,-0.0120998971610067,0.246046342470212,0.965247396041293,-0.494350728402621,0.470150934080608,0.987973012232983,0.609966812884224,1.60023570509562]
["12357_41_SNAP29_SNP29","FTjVRz","osteoporosis","SNAP29","Weighted mode",3,0.0172159865479156,0.21767844402666,0.944162827873738,-0.409433763744338,0.443865736840169,1.01736503575886,0.664026139380041,1.55872119273944]
["12363_70_TRIB2_TRIB2","FTjVRz","osteoporosis","TRIB2","MR Egger",3,-0.592160308472556,1.59880514593695,0.774183777952451,-3.72581839450898,2.54149777756387,0.553131059377838,0.0240933744707412,12.698676527026]
["12363_70_TRIB2_TRIB2","FTjVRz","osteoporosis","TRIB2","Weighted median",3,0.574454445719191,0.273693714331663,0.0358261328579913,0.0380147656291305,1.11089412580925,1.77616127016265,1.03874657051188,3.03707270587778]
["12363_70_TRIB2_TRIB2","FTjVRz","osteoporosis","TRIB2","Inverse variance weighted",3,0.523671072396043,0.229380666259083,0.0224316494763195,0.0740849665282404,0.973257178263845,1.68821384300733,1.07689830191908,2.6465507231673]
["12363_70_TRIB2_TRIB2","FTjVRz","osteoporosis","TRIB2","Simple mode",3,0.742884477530812,0.360809470065349,0.175713951420929,0.035697916202727,1.4500710388589,2.10198992109403,1.03634273685141,4.26341737271652]
["12363_70_TRIB2_TRIB2","FTjVRz","osteoporosis","TRIB2","Weighted mode",3,0.706469440645691,0.36264504864868,0.190752902605645,-4.31485470572313E-3,1.4172537359971,2.02682279357381,0.9956944409053,4.12577440204978]
["12366_16_CRYGD_CRGD","FTjVRz","osteoporosis","CRYGD","Inverse variance weighted",2,-0.0263761686753478,0.277820527623745,0.924362805422844,-0.570904402817887,0.518152065467192,0.97396864419571,0.56501420711368,1.67892224289781]
["12370_30_APOF_Apo_F","FTjVRz","osteoporosis","APOF","MR Egger",7,-0.0324796866106664,0.237127236745703,0.896397810832833,-0.497249070632245,0.432289697410912,0.968042113847934,0.608201479817251,1.54078141089817]
["12370_30_APOF_Apo_F","FTjVRz","osteoporosis","APOF","Weighted median",7,0.0169469749437617,0.125407726550097,0.892505126525905,-0.228852169094428,0.262746118981951,1.01709138956723,0.795446116333403,1.30049650565923]
["12370_30_APOF_Apo_F","FTjVRz","osteoporosis","APOF","Inverse variance weighted",7,-0.0376905478228761,0.107732767432429,0.72644960676325,-0.248846771990436,0.173465676344684,0.963010900606467,0.779699436024596,1.18941986083164]
["12370_30_APOF_Apo_F","FTjVRz","osteoporosis","APOF","Simple mode",7,-0.142633078221022,0.207785568140961,0.518067562435854,-0.549892791777306,0.264626635335261,0.867072158193761,0.577011667459976,1.30294441154769]
["12370_30_APOF_Apo_F","FTjVRz","osteoporosis","APOF","Weighted mode",7,0.0494222836632152,0.132316838571001,0.721607219143574,-0.209918719935946,0.308763287262377,1.05066393528958,0.810650132987235,1.36173999114804]
["12376_85_CDKN2D_p19_INK4d","FTjVRz","osteoporosis","CDKN2D","MR Egger",7,-0.056345344690489,0.287104686266358,0.852138834103579,-0.619070529772551,0.506379840391573,0.945212655347573,0.538444673374559,1.65927347415268]
["12376_85_CDKN2D_p19_INK4d","FTjVRz","osteoporosis","CDKN2D","Weighted median",7,-0.0580423478791306,0.117008246635107,0.619856679770163,-0.28737851128394,0.171293815525679,0.943609986709015,0.750227705435396,1.18683940964329]
["12376_85_CDKN2D_p19_INK4d","FTjVRz","osteoporosis","CDKN2D","Inverse variance weighted",7,-0.033197294197049,0.0997540166712895,0.739291634353977,-0.228715166872776,0.162320578478678,0.967347688675285,0.795555101683992,1.17623725723667]
["12376_85_CDKN2D_p19_INK4d","FTjVRz","osteoporosis","CDKN2D","Simple mode",7,-0.101131108670307,0.171330329017751,0.576549800645393,-0.436938553545098,0.234676336204484,0.903814527196607,0.646011125284564,1.26449942980749]
["12376_85_CDKN2D_p19_INK4d","FTjVRz","osteoporosis","CDKN2D","Weighted mode",7,-0.0603298465648864,0.134524757348629,0.669557325167404,-0.323998370968199,0.203338677838426,0.941453947013687,0.723251420578447,1.22548744341044]
["12378_71_TAPBP_TPSN","FTjVRz","osteoporosis","TAPBP","MR Egger",6,0.00065309208990445,0.172977039977079,0.997168308506017,-0.338381906265171,0.339688090444979,1.00065330540098,0.712922966153544,1.40450944232066]
["12378_71_TAPBP_TPSN","FTjVRz","osteoporosis","TAPBP","Weighted median",6,0.0219192493802878,0.0923005694401101,0.812286869081485,-0.158989866722328,0.202828365482904,1.02216124098411,0.853005002661885,1.22486222156931]
["12378_71_TAPBP_TPSN","FTjVRz","osteoporosis","TAPBP","Inverse variance weighted",6,0.0166436364883639,0.112459341147391,0.882345196339898,-0.203776672160522,0.23706394513725,1.01678291342482,0.815644506974064,1.26752216706284]
["12378_71_TAPBP_TPSN","FTjVRz","osteoporosis","TAPBP","Simple mode",6,0.411849341178769,0.210135625340823,0.107298724093508,{"v":-1.64844892434068e-05,"d":"-1.65E-05"},0.823715166846781,1.50960698358662,0.999983515646625,2.27895081192402]
["12378_71_TAPBP_TPSN","FTjVRz","osteoporosis","TAPBP","Weighted mode",6,0.160576494860937,0.101642085715618,0.174984081459047,-0.0386419931416737,0.359794982863548,1.17418758902168,0.962095084136867,1.43303558758899]
["12381_26_CBR1_CBR1","FTjVRz","osteoporosis","CBR1","Wald ratio",1,0.681993984962406,0.513790977443609,0.184384223703413,-0.325036330827068,1.68902430075188,1.97781754140088,0.722501104102572,5.4141955006863]
["12384_92_COPS7B_CSN7B","FTjVRz","osteoporosis","COPS7B","MR Egger",14,0.0399983989861348,0.0218603004904392,0.0922305239693423,-0.00284778997512605,0.0828445879473956,1.04080910784124,0.997156261132265,1.08637295997642]
["12384_92_COPS7B_CSN7B","FTjVRz","osteoporosis","COPS7B","Weighted median",14,0.0341210924564518,0.0187423565537108,0.0686777630751836,-0.00261392638882139,0.070856111301725,1.03470989470512,0.997389486942049,1.07342676077643]
["12384_92_COPS7B_CSN7B","FTjVRz","osteoporosis","COPS7B","Inverse variance weighted",14,0.0311346534916668,0.0180812787131531,0.0850826281916273,-0.00430465278611336,0.0665739597694469,1.03162440636287,0.995704598951757,1.06884001231283]
["12384_92_COPS7B_CSN7B","FTjVRz","osteoporosis","COPS7B","Simple mode",14,0.0400226740837873,0.0651316937199237,0.549496719505986,-0.0876354456072631,0.167680793774838,1.04083437389064,0.916094782233294,1.18255907017756]
["12384_92_COPS7B_CSN7B","FTjVRz","osteoporosis","COPS7B","Weighted mode",14,0.0337126613661558,0.0202164542032232,0.119292796520081,-0.00591158887216164,0.0733369116044733,1.03428737330599,0.994105850188228,1.07609302407551]
["12385_4_CAPN3_CAN3","FTjVRz","osteoporosis","CAPN3","MR Egger",3,-2.89884447118022,1.7168599950013,0.340404683117518,-6.26389006138277,0.466201119022318,0.0550868377218835,1.90382537547059E-3,1.59392753626211]
["12385_4_CAPN3_CAN3","FTjVRz","osteoporosis","CAPN3","Weighted median",3,-0.386448052949299,0.236808785334252,0.102700735405474,-0.850593272204433,0.0776971663058349,0.679466020713712,0.427161433753993,1.08079530787044]
["12385_4_CAPN3_CAN3","FTjVRz","osteoporosis","CAPN3","Inverse variance weighted",3,-0.352074643534159,0.436137632085635,0.41951910962935,-1.206904402422,0.502755115353685,0.703227628621702,0.299121808452465,1.6532699511794]
["12385_4_CAPN3_CAN3","FTjVRz","osteoporosis","CAPN3","Simple mode",3,0.341818015936828,0.606255252196039,0.629666596385017,-0.846442278367409,1.53007831024107,1.40750413088502,0.428938263486213,4.61853848700086]
["12385_4_CAPN3_CAN3","FTjVRz","osteoporosis","CAPN3","Weighted mode",3,-0.610618836888056,0.269080930475568,0.151315982610116,-1.13801746062017,-0.0832202131559435,0.54301472753268,0.320453704555353,0.920148496103459]
["12386_11_RNPEP_AMPB","FTjVRz","osteoporosis","RNPEP","MR Egger",4,0.122220935279868,0.138687414323485,0.47112975405565,-0.149606396794163,0.394048267353898,1.13000373189401,0.861046820524556,1.48297212608774]
["12386_11_RNPEP_AMPB","FTjVRz","osteoporosis","RNPEP","Weighted median",4,0.00296833666188434,0.0674350484537016,0.964890283993836,-0.129204358307371,0.135141031631139,1.0029727465354,0.878794358266506,1.14469821162382]
["12386_11_RNPEP_AMPB","FTjVRz","osteoporosis","RNPEP","Inverse variance weighted",4,-0.0187080106976156,0.0610607337176262,0.759312552731742,-0.138387048784163,0.100971027388932,0.981465897950946,0.870761599296092,1.10624459050485]
["12386_11_RNPEP_AMPB","FTjVRz","osteoporosis","RNPEP","Simple mode",4,-0.00163103019139421,0.104352173419346,0.988510889234753,-0.206161290093312,0.202899229710524,0.998370299215483,0.813701823655265,1.22494902356013]
["12386_11_RNPEP_AMPB","FTjVRz","osteoporosis","RNPEP","Weighted mode",4,0.007626785772198,0.0726181045118367,0.922983497055813,-0.134704699071002,0.149958270615398,1.00765594378297,0.873973958907353,1.16178576111189]
["12391_27_PDZD7_PDZD7","FTjVRz","osteoporosis","PDZD7","MR Egger",4,0.244017846665048,0.420655597857398,0.620500086025707,-0.580467125135453,1.06850281846555,1.27636710918247,0.559636885042131,2.91101791348182]
["12391_27_PDZD7_PDZD7","FTjVRz","osteoporosis","PDZD7","Weighted median",4,0.399349765856231,0.138908695304486,0.00404144810910416,0.127088723059438,0.671610808653024,1.49085497759306,1.13551775992205,1.95738775971814]
["12391_27_PDZD7_PDZD7","FTjVRz","osteoporosis","PDZD7","Inverse variance weighted",4,0.316158326075257,0.119052376075189,0.00791618654212,0.0828156689678855,0.549500983182628,1.37184743765345,1.08634154363332,1.73238831123224]
["12391_27_PDZD7_PDZD7","FTjVRz","osteoporosis","PDZD7","Simple mode",4,0.400196140601393,0.197181140260578,0.135397981038766,0.01372110569066,0.786671175512127,1.49211733373261,1.01381567208484,2.19607390073864]
["12391_27_PDZD7_PDZD7","FTjVRz","osteoporosis","PDZD7","Weighted mode",4,0.403836110588653,0.188300490991212,0.121320516018313,0.034767148245878,0.772905072931428,1.49755849286517,1.03537859100727,2.16604965471694]
["12392_30_ARL1_ARL1","FTjVRz","osteoporosis","ARL1","MR Egger",5,0.0773886843587402,0.262600520138077,0.787438638396143,-0.437308335111891,0.592085703829372,1.08046195344901,0.645772286440313,1.80775492749293]
["12392_30_ARL1_ARL1","FTjVRz","osteoporosis","ARL1","Weighted median",5,0.0438579409917609,0.124757647752149,0.725179436434862,-0.200667048602452,0.288382930585974,1.04483391627525,0.818184801981558,1.33426813839019]
["12392_30_ARL1_ARL1","FTjVRz","osteoporosis","ARL1","Inverse variance weighted",5,0.0802278812293933,0.103069776194765,0.436342573679831,-0.121788880112346,0.282244642571133,1.08353395659333,0.885335260654373,1.32610310157876]
["12392_30_ARL1_ARL1","FTjVRz","osteoporosis","ARL1","Simple mode",5,0.0103074504886665,0.156700580360281,0.950710920394562,-0.296825687017483,0.317440587994816,1.01036075524441,0.743173545869234,1.37360763365718]
["12392_30_ARL1_ARL1","FTjVRz","osteoporosis","ARL1","Weighted mode",5,0.0489739695726402,0.154400697782796,0.766967338776495,-0.25365139808164,0.351599337226921,1.05019301341128,0.775962256834515,1.42133893202111]
["12396_19_HIBCH_HIBCH","FTjVRz","osteoporosis","HIBCH","Inverse variance weighted",2,0.0679435505044524,0.0964547143698001,0.48117822148911,-0.121107689660356,0.256994790669261,1.07030488860241,0.885938548034215,1.29303839087717]
["12399_194_CCDC50_CCD50","FTjVRz","osteoporosis","CCDC50","MR Egger",5,-1.08079965228824,1.41220628439744,0.49977627348501,-3.84872396970722,1.68712466513073,0.339324075852968,0.0213069073584668,5.40392026474538]
["12399_194_CCDC50_CCD50","FTjVRz","osteoporosis","CCDC50","Weighted median",5,0.0160544507866081,0.194080194509457,0.934073619977817,-0.364342730451927,0.396451632025143,1.01618401591869,0.69465307517744,1.48654053528068]
["12399_194_CCDC50_CCD50","FTjVRz","osteoporosis","CCDC50","Inverse variance weighted",5,-0.0710038259955325,0.182173313529394,0.696714205920106,-0.428063520513144,0.286055868522079,0.931458328365372,0.651770012718145,1.33116682349792]
["12399_194_CCDC50_CCD50","FTjVRz","osteoporosis","CCDC50","Simple mode",5,0.00432233361925194,0.245909243446716,0.986818138543043,-0.477659783536311,0.486304450774814,1.00433168837648,0.62023317462826,1.62629504763545]
["12399_194_CCDC50_CCD50","FTjVRz","osteoporosis","CCDC50","Weighted mode",5,0.0308245360609409,0.235720722684944,0.902272442547773,-0.43118808040155,0.492837152523432,1.03130453125448,0.649736696543271,1.63695392586647]
["12400_25_UBE2T_UBE2T","FTjVRz","osteoporosis","UBE2T","Inverse variance weighted",2,0.359817308238193,0.218844706493593,0.100141651314033,-0.0691183164892492,0.788752932965634,1.43306758100249,0.933216258674558,2.20065035583195]
["12401_3_STAMBPL1_STALP","FTjVRz","osteoporosis","STAMBPL1","MR Egger",4,-0.541083063291007,0.535591050982358,0.418723109270838,-1.59084152321643,0.508675396634415,0.582117440800038,0.20375407578338,1.66308680491792]
["12401_3_STAMBPL1_STALP","FTjVRz","osteoporosis","STAMBPL1","Weighted median",4,-0.0709695273569462,0.141760989520569,0.616632919602812,-0.348821066817261,0.206882012103368,0.931490276665823,0.705519359800825,1.22983745728526]
["12401_3_STAMBPL1_STALP","FTjVRz","osteoporosis","STAMBPL1","Inverse variance weighted",4,0.0191545380893595,0.147499974594692,0.896676165014528,-0.269945412116237,0.308254488294956,1.01933916317278,0.763421166745351,1.36104731547793]
["12401_3_STAMBPL1_STALP","FTjVRz","osteoporosis","STAMBPL1","Simple mode",4,-0.0197095163831645,0.205776057941716,0.929733752965699,-0.423030589948928,0.383611557182599,0.98048344632154,0.655058594596366,1.46757526187856]
["12401_3_STAMBPL1_STALP","FTjVRz","osteoporosis","STAMBPL1","Weighted mode",4,-0.0803739947554085,0.15362748916942,0.637036648941382,-0.381483873527471,0.220735884016654,0.922771170265508,0.682847397889107,1.24699403601075]
["12403_30_RAB39B_RB39B","FTjVRz","osteoporosis","RAB39B","MR Egger",3,0.374965612615895,0.527415322979691,0.60654553811811,-0.658768420424298,1.40869964565609,1.45494138212981,0.517488270176916,4.09063267213785]
["12403_30_RAB39B_RB39B","FTjVRz","osteoporosis","RAB39B","Weighted median",3,0.228352598012175,0.16554727970183,0.167777638507657,-0.0961200702034112,0.552825266227762,1.25652829671202,0.908354943157839,1.73815684312697]
["12403_30_RAB39B_RB39B","FTjVRz","osteoporosis","RAB39B","Inverse variance weighted",3,0.237668712388346,0.137150359106366,0.0831123359497084,-0.0311459914601303,0.506483416236823,1.26828895480021,0.969334048252511,1.65944534370588]
["12403_30_RAB39B_RB39B","FTjVRz","osteoporosis","RAB39B","Simple mode",3,0.198437070588651,0.195053704092329,0.416031000591903,-0.183868189432313,0.580742330609616,1.21949528287924,0.832045468984608,1.78736475397143]
["12403_30_RAB39B_RB39B","FTjVRz","osteoporosis","RAB39B","Weighted mode",3,0.207862808799425,0.199948661634352,0.407713844662995,-0.184036568003905,0.599762185602755,1.23104426952204,0.831905382151182,1.82168552582779]
["12408_333_RAB22A_RB22A","FTjVRz","osteoporosis","RAB22A","MR Egger",3,0.338949695792285,0.587451733986229,0.666842026689309,-0.812455702820724,1.49035509440529,1.40347274285256,0.443766967270604,4.43867138657254]
["12408_333_RAB22A_RB22A","FTjVRz","osteoporosis","RAB22A","Weighted median",3,-0.0656674854202764,0.178557266354906,0.713046913656581,-0.415639727475892,0.28430475663534,0.936442193210359,0.659917977977709,1.32883784119948]
["12408_333_RAB22A_RB22A","FTjVRz","osteoporosis","RAB22A","Inverse variance weighted",3,-0.17174635465509,0.202648250301718,0.396711091425308,-0.568936925246458,0.225444215936277,0.842192764353345,0.56612695418722,1.2528791414771]
["12408_333_RAB22A_RB22A","FTjVRz","osteoporosis","RAB22A","Simple mode",3,-0.041581303265261,0.276389205710062,0.894216384021973,-0.583304146456982,0.50014153992646,0.959271340278653,0.558051433310536,1.64895464710319]
["12408_333_RAB22A_RB22A","FTjVRz","osteoporosis","RAB22A","Weighted mode",3,0.00586476180431039,0.181686420300162,0.977180831733623,-0.350240621984008,0.361970145592629,1.00588199318934,0.704518546671169,1.4361560657321]
["12411_60_MAX_MAX","FTjVRz","osteoporosis","MAX","MR Egger",3,0.00183929319849567,0.177223174378453,0.993393141820255,-0.345518128583272,0.349196714980263,1.00184098573576,0.707853499306434,1.41792809060551]
["12411_60_MAX_MAX","FTjVRz","osteoporosis","MAX","Weighted median",3,-0.0479080169601898,0.106959121090171,0.654218441002917,-0.257547894296925,0.161731860376545,0.953221463252885,0.772944605788498,1.17554498886638]
["12411_60_MAX_MAX","FTjVRz","osteoporosis","MAX","Inverse variance weighted",3,-0.050658050378129,0.103088701659056,0.623141764425718,-0.252711905629878,0.15139580487362,0.950603673528646,0.776691610074949,1.16345706893751]
["12411_60_MAX_MAX","FTjVRz","osteoporosis","MAX","Simple mode",3,-0.128532485815683,0.170826026118095,0.530301288506176,-0.46335149700715,0.206286525375784,0.879384994415548,0.629171441757735,1.229105323412]
["12411_60_MAX_MAX","FTjVRz","osteoporosis","MAX","Weighted mode",3,-0.036882492184321,0.112364379090987,0.773909182238548,-0.257116675202656,0.183351690834014,0.963789381480263,0.773277986136146,1.20123679777244]
["12415_122_EDF1_EDF1","FTjVRz","osteoporosis","EDF1","MR Egger",4,0.258638611047576,0.52931824747847,0.673432334433973,-0.778825154010226,1.29610237610538,1.29516566168057,0.458944884253673,3.65502296408493]
["12415_122_EDF1_EDF1","FTjVRz","osteoporosis","EDF1","Weighted median",4,0.289389133345494,0.114612983428966,0.0115723138069373,0.0647476858247202,0.514030580866268,1.33561135833546,1.06688979900118,1.67201683077739]
["12415_122_EDF1_EDF1","FTjVRz","osteoporosis","EDF1","Inverse variance weighted",4,0.248473369879435,0.0983137848883543,0.0114926820542301,0.0557783514982607,0.44116838826061,1.28206668032444,1.05736329477151,1.55452244363497]
["12415_122_EDF1_EDF1","FTjVRz","osteoporosis","EDF1","Simple mode",4,0.337330836797624,0.166312109458255,0.135566022924223,0.011359102259445,0.663302571335803,1.40120255643068,1.01142386183277,1.94119268709966]
["12415_122_EDF1_EDF1","FTjVRz","osteoporosis","EDF1","Weighted mode",4,0.337330836797624,0.14887378083746,0.108335619345942,0.0455382263562026,0.629123447239045,1.40120255643068,1.04659101121008,1.87596547564249]
["12417_46_TPRKB_TPRKB","FTjVRz","osteoporosis","TPRKB","MR Egger",3,0.522484023714816,0.461051609733789,0.460287815330202,-0.381177131363411,1.42614517879304,1.68621103993891,0.683056888105757,4.16262206080209]
["12417_46_TPRKB_TPRKB","FTjVRz","osteoporosis","TPRKB","Weighted median",3,0.0530494463690945,0.13833997934988,0.701370160497381,-0.218096913156671,0.32419580589486,1.0544817841258,0.804047515107764,1.38291806411977]
["12417_46_TPRKB_TPRKB","FTjVRz","osteoporosis","TPRKB","Inverse variance weighted",3,-0.00153641101160317,0.181488266316248,0.993245491800718,-0.357253412991449,0.354180590968242,0.998464768663562,0.699595188759774,1.42501250763276]
["12417_46_TPRKB_TPRKB","FTjVRz","osteoporosis","TPRKB","Simple mode",3,0.0238540762414143,0.198121507267355,0.915170340187489,-0.364464078002601,0.412172230485429,1.02414086050251,0.694568785842455,1.51009449824128]
["12417_46_TPRKB_TPRKB","FTjVRz","osteoporosis","TPRKB","Weighted mode",3,0.0669175527106145,0.147756416557005,0.695014955005221,-0.222685023741114,0.356520129162343,1.06920732129507,0.800366906170346,1.428350281724]
["12420_10_GPD1L_GPD1L","FTjVRz","osteoporosis","GPD1L","MR Egger",10,0.323066713198159,0.119721241647326,0.0271373689200733,0.0884130795694004,0.557720346826918,1.38135750260853,1.09243929318981,1.74668611968475]
["12420_10_GPD1L_GPD1L","FTjVRz","osteoporosis","GPD1L","Weighted median",10,0.117277758972043,0.0737216642412186,0.111650514855048,-0.0272167029407455,0.261772220884832,1.12443170731473,0.973150334133842,1.29923057113273]
["12420_10_GPD1L_GPD1L","FTjVRz","osteoporosis","GPD1L","Inverse variance weighted",10,0.0329395302676042,0.0718996291068841,0.646857516302358,-0.107983742781889,0.173862803317097,1.03348804260638,0.897642189476674,1.18989230534392]
["12420_10_GPD1L_GPD1L","FTjVRz","osteoporosis","GPD1L","Simple mode",10,0.109889650066159,0.0988395126674675,0.295040402375249,-0.0838357947620774,0.303615094894395,1.11615489604392,0.919582243919442,1.35474750649051]
["12420_10_GPD1L_GPD1L","FTjVRz","osteoporosis","GPD1L","Weighted mode",10,0.118845174684197,0.0786613415807263,0.165112362086262,-0.0353310548140268,0.27302140418242,1.12619554120938,0.965285800844094,1.31392836808624]
["12423_38_A1CF_A1CF","FTjVRz","osteoporosis","A1CF","Inverse variance weighted",2,0.0925031949426391,0.0644086809735945,0.150947880010122,-0.0337378197656062,0.218744209650884,1.09691664614047,0.96682495380438,1.24451290158105]
["12425_104_ARF6_ARF6","FTjVRz","osteoporosis","ARF6","MR Egger",4,0.322118115869063,0.413220071409352,0.517266472799232,-0.487793224093266,1.13202945583139,1.38004777187278,0.613979816151177,3.10194537760192]
["12425_104_ARF6_ARF6","FTjVRz","osteoporosis","ARF6","Weighted median",4,0.113125707062077,0.161971298679147,0.484907961679609,-0.204338038349051,0.430589452473206,1.11977268743622,0.815186760219786,1.53816393091328]
["12425_104_ARF6_ARF6","FTjVRz","osteoporosis","ARF6","Inverse variance weighted",4,0.181515020458427,0.138574540976002,0.190238873868229,-0.0900910798545367,0.45312112077139,1.19903254659297,0.913847948342478,1.57321472395585]
["12425_104_ARF6_ARF6","FTjVRz","osteoporosis","ARF6","Simple mode",4,0.103011222357534,0.22073324192393,0.672531305017101,-0.329625931813369,0.535648376528437,1.10850384903273,0.719192710233913,1.70855567059448]
["12425_104_ARF6_ARF6","FTjVRz","osteoporosis","ARF6","Weighted mode",4,0.1103472536411,0.194035430782733,0.609349529507035,-0.269962190693057,0.490656697975258,1.11666576939436,0.763408357732118,1.63338851075907]
["12427_8_CDC25B_MPIP2","FTjVRz","osteoporosis","CDC25B","MR Egger",4,0.857581888228416,0.471067058828447,0.210282559512319,-0.0657095470753409,1.78087332353217,2.35745321046151,0.936402805730197,5.93503736373527]
["12427_8_CDC25B_MPIP2","FTjVRz","osteoporosis","CDC25B","Weighted median",4,0.262914206112475,0.155756461582215,0.0914145578652814,-0.0423684585886666,0.568196870813616,1.3007151207578,0.958516541847337,1.76508151033813]
["12427_8_CDC25B_MPIP2","FTjVRz","osteoporosis","CDC25B","Inverse variance weighted",4,0.211196506966214,0.128779118363434,0.101007180567999,-0.0412105650261172,0.463603578958545,1.23515504778645,0.959627044778764,1.58979261826043]
["12427_8_CDC25B_MPIP2","FTjVRz","osteoporosis","CDC25B","Simple mode",4,0.252176457769548,0.207356043727791,0.310888592732759,-0.154241387936924,0.658594303476019,1.28682308718366,0.857065110860735,1.93207451420567]
["12427_8_CDC25B_MPIP2","FTjVRz","osteoporosis","CDC25B","Weighted mode",4,0.274257749487704,0.1696260006722,0.204335917956783,-0.0582092118298089,0.606724710805216,1.31555384187199,0.943452545354742,1.83441331457049]
["12430_78_PAIP1_PAIP1","FTjVRz","osteoporosis","PAIP1","Inverse variance weighted",2,0.291042230033419,0.315303329720292,0.355978684259511,-0.326952296218353,0.909036756285191,1.33782107898601,0.721118142268514,2.481930677474]
["12431_13_PELO_PELO","FTjVRz","osteoporosis","PELO","MR Egger",3,-0.734794710925362,1.36773212538999,0.686152384400184,-3.41554967668975,1.94596025483903,0.479603906311586,0.0328583402729091,7.00035074927319]
["12431_13_PELO_PELO","FTjVRz","osteoporosis","PELO","Weighted median",3,-0.144512642342682,0.238143413674411,0.543963528740955,-0.611273733144526,0.322248448459163,0.865443971094691,0.542659225641545,1.38022764879501]
["12431_13_PELO_PELO","FTjVRz","osteoporosis","PELO","Inverse variance weighted",3,-0.040334330670032,0.254404600511576,0.874028128281176,-0.538967347672722,0.458298686332658,0.960468271466467,0.58335033953287,1.58138126950006]
["12431_13_PELO_PELO","FTjVRz","osteoporosis","PELO","Simple mode",3,-0.145585983633368,0.27474496052899,0.649129139872853,-0.684086106270188,0.392914139003452,0.864515552689777,0.504551125047556,1.48129119873049]
["12431_13_PELO_PELO","FTjVRz","osteoporosis","PELO","Weighted mode",3,-0.145585983633368,0.239149895946383,0.604614488746004,-0.614319779688278,0.323147812421542,0.864515552689777,0.541008775333201,1.38146953417198]
["12432_23_CACYBP_CYBP","FTjVRz","osteoporosis","CACYBP","MR Egger",4,-0.112801725601015,0.17367006323064,0.582635877991661,-0.453195049533069,0.227591598331038,0.893327766583612,0.635594149193233,1.25557244282726]
["12432_23_CACYBP_CYBP","FTjVRz","osteoporosis","CACYBP","Weighted median",4,-0.0681777714126532,0.089211207162731,0.444730922646944,-0.243031737451606,0.1066761946263,0.93409440353473,0.784246623387323,1.11257393872639]
["12432_23_CACYBP_CYBP","FTjVRz","osteoporosis","CACYBP","Inverse variance weighted",4,-0.053356863400102,0.0868257677058115,0.538866491280038,-0.223535368103493,0.116821641303288,0.948041630748074,0.799686607968713,1.12391895109319]
["12432_23_CACYBP_CYBP","FTjVRz","osteoporosis","CACYBP","Simple mode",4,-0.0907794688781385,0.13295929066941,0.543755277309967,-0.351379678590182,0.169820740833905,0.913219081922803,0.703716517031706,1.18509239360422]
["12432_23_CACYBP_CYBP","FTjVRz","osteoporosis","CACYBP","Weighted mode",4,-0.0685917447148462,0.0943245906367619,0.519720277319686,-0.2534679423629,0.116284452933207,0.933707793418593,0.77610462460675,1.12331535704012]
["12433_8_ARL11_ARL11","FTjVRz","osteoporosis","ARL11","MR Egger",3,0.130185565998836,0.239204036661816,0.682699832505794,-0.338654345858324,0.599025477855996,1.13903973075992,0.712728764166052,1.82034397021664]
["12433_8_ARL11_ARL11","FTjVRz","osteoporosis","ARL11","Weighted median",3,0.0152379620396307,0.0876410919611956,0.861969375252343,-0.156538578204313,0.187014502283574,1.01535465173417,0.855098528900834,1.20564476952548]
["12433_8_ARL11_ARL11","FTjVRz","osteoporosis","ARL11","Inverse variance weighted",3,-0.00362384857148,0.0881378410621678,0.967203662560425,-0.176374017053329,0.169126319910369,0.99638270964337,0.838304384559379,1.18426972632152]
["12433_8_ARL11_ARL11","FTjVRz","osteoporosis","ARL11","Simple mode",3,0.0598549490215264,0.113404050365933,0.650344968156041,-0.162416989695702,0.282126887738755,1.06168253728517,0.850086653248394,1.32594695572396]
["12433_8_ARL11_ARL11","FTjVRz","osteoporosis","ARL11","Weighted mode",3,0.0165586891404601,0.0924505174708883,0.874354709420842,-0.164644325102481,0.197761703383401,1.01669654408141,0.848195332231824,1.21867195381424]
["12436_84_GSTO1_GST_omega_1","FTjVRz","osteoporosis","GSTO1","MR Egger",8,-0.0679441698012998,0.0990508799096438,0.51835632076082,-0.262083894424202,0.126195554821602,0.934312634981168,0.769446468731264,1.13450400431994]
["12436_84_GSTO1_GST_omega_1","FTjVRz","osteoporosis","GSTO1","Weighted median",8,0.0195341242691301,0.0765286370305885,0.798528101179249,-0.130462004310823,0.169530252849084,1.019726163677,0.877689840745581,1.18474818849911]
["12436_84_GSTO1_GST_omega_1","FTjVRz","osteoporosis","GSTO1","Inverse variance weighted",8,-0.0180267039957498,0.0565117978464844,0.749734020673807,-0.128789827774859,0.0927364197833596,0.982134805084455,0.879158720874302,1.09717250418562]
["12436_84_GSTO1_GST_omega_1","FTjVRz","osteoporosis","GSTO1","Simple mode",8,0.0236312750941381,0.123724846942452,0.853948308049836,-0.218869424913068,0.266131975101345,1.02391270616128,0.803426618805365,1.30490726259159]
["12436_84_GSTO1_GST_omega_1","FTjVRz","osteoporosis","GSTO1","Weighted mode",8,0.0649687208413011,0.0912098152075443,0.499325815459623,-0.113802516965486,0.243739958648088,1.06712564506975,0.89243417909108,1.27601247133467]
["12437_18_ULK3_ULK3","FTjVRz","osteoporosis","ULK3","MR Egger",5,-0.658499381810085,0.695741335240132,0.413733512313054,-2.02215239888074,0.705153635260574,0.517627513234035,0.132370244669719,2.0241576430216]
["12437_18_ULK3_ULK3","FTjVRz","osteoporosis","ULK3","Weighted median",5,-0.152855545964016,0.179859343225106,0.395402047017287,-0.505379858685224,0.199668766757192,0.858253691066821,0.603276372127822,1.2209982559598]
["12437_18_ULK3_ULK3","FTjVRz","osteoporosis","ULK3","Inverse variance weighted",5,-0.0231130770125879,0.168291806784782,0.890762616877482,-0.352965018310761,0.306738864285585,0.977151984098702,0.70260177114417,1.35898604194111]
["12437_18_ULK3_ULK3","FTjVRz","osteoporosis","ULK3","Simple mode",5,-0.148336642591723,0.247885236680892,0.581803940618434,-0.634191706486272,0.337518421302825,0.862140832759743,0.530364004895725,1.40146542497318]
["12437_18_ULK3_ULK3","FTjVRz","osteoporosis","ULK3","Weighted mode",5,-0.182466394002016,0.182613571999334,0.37424712166141,-0.540388995120712,0.175456207116679,0.833212644400284,0.582521610231415,1.19178979559697]
["12439_67_IRF9_ISGF3","FTjVRz","osteoporosis","IRF9","Inverse variance weighted",2,0.49875711738524797,0.267926839539265,0.0626676475092925,-0.0263794881117111,1.02389372288221,1.64667337660581,0.973965411174142,2.78401386549606]
["12442_4_RHOD_RHOD","FTjVRz","osteoporosis","RHOD","Inverse variance weighted",2,-0.0200095618037057,0.170408073059546,0.906526092712259,-0.354009385000416,0.313990261393004,0.980189300884257,0.701868380289444,1.36887640553312]
["12445_50_ANKRD27_ANR27","FTjVRz","osteoporosis","ANKRD27","MR Egger",6,1.18770597091156,0.606572645921057,0.121825287164882,-0.00117641509371635,2.37658835691683,3.2795491901138,0.998824276611249,10.7681032011622]
["12445_50_ANKRD27_ANR27","FTjVRz","osteoporosis","ANKRD27","Weighted median",6,0.319541245734703,0.150305640649402,0.0335079942060465,0.0249421900618763,0.614140301407531,1.37649614599009,1.02525584883402,1.84806713571095]
["12445_50_ANKRD27_ANR27","FTjVRz","osteoporosis","ANKRD27","Inverse variance weighted",6,0.214016015077248,0.175074373651018,0.221545387248179,-0.129129757278748,0.557161787433244,1.23864249158979,0.878859919675025,1.74571076416715]
["12445_50_ANKRD27_ANR27","FTjVRz","osteoporosis","ANKRD27","Simple mode",6,0.473873386050497,0.191347107701798,0.0560804214292966,0.098833054954973,0.848913717146022,1.60620360637001,1.10388199654545,2.33710671357053]
["12445_50_ANKRD27_ANR27","FTjVRz","osteoporosis","ANKRD27","Weighted mode",6,0.365558839652281,0.170546307571377,0.0849449142167147,0.0312880768123823,0.699829602492179,1.44131924947607,1.0317826937472,2.01340959826106]
["12449_16_PPIH_PPIH","FTjVRz","osteoporosis","PPIH","MR Egger",4,-0.135106708308442,0.177164850075869,0.525367175156289,-0.482349814457145,0.212136397840261,0.873622683915217,0.617331072654766,1.23631650447967]
["12449_16_PPIH_PPIH","FTjVRz","osteoporosis","PPIH","Weighted median",4,0.0289783591679011,0.0769960630836754,0.706648112132164,-0.121933924476103,0.179890642811905,1.02940231711137,0.885206857077113,1.19708644595594]
["12449_16_PPIH_PPIH","FTjVRz","osteoporosis","PPIH","Inverse variance weighted",4,0.0106846208814997,0.0629987332515628,0.865324276586526,-0.112792896291563,0.134162138054563,1.01074190528211,0.893335654085725,1.14357822216202]
["12449_16_PPIH_PPIH","FTjVRz","osteoporosis","PPIH","Simple mode",4,0.0293503617369543,0.0983004451509327,0.78474879713615,-0.163318510758874,0.222019234232782,1.02978532865415,0.849320627570993,1.24859539340777]
["12449_16_PPIH_PPIH","FTjVRz","osteoporosis","PPIH","Weighted mode",4,0.0246660095647633,0.0806580998859686,0.779742444149416,-0.133423866211735,0.182755885341262,1.02497273226146,0.875094090669715,1.20052130745793]
["12450_42_PMVK_PMVK","FTjVRz","osteoporosis","PMVK","MR Egger",4,0.781610061137178,3.31804688306413,0.835695320811078,-5.72176182966851,7.28498195194287,2.18498739824467,0.00327393769756678,1458.23481431434]
["12450_42_PMVK_PMVK","FTjVRz","osteoporosis","PMVK","Weighted median",4,0.194169495568291,0.263105549317111,0.460519991859099,-0.321517381093247,0.709856372229829,1.21430208433639,0.725048027790542,2.03369914199626]
["12450_42_PMVK_PMVK","FTjVRz","osteoporosis","PMVK","Inverse variance weighted",4,0.174155009316733,0.213393756035098,0.414431245813065,-0.244096752512058,0.592406771145525,1.1902400498185,0.783411833533096,1.80833543170124]
["12450_42_PMVK_PMVK","FTjVRz","osteoporosis","PMVK","Simple mode",4,-0.110654018619971,0.334252746182033,0.762382599342323,-0.765789401136756,0.544481363896813,0.895248434642083,0.464966740789474,1.7237141701109]
["12450_42_PMVK_PMVK","FTjVRz","osteoporosis","PMVK","Weighted mode",4,0.385835777072461,0.303699326164846,0.293501393320744,-0.209414902210638,0.98108645635556,1.47084310481932,0.811058655795132,2.66735263046253]
["12451_62_BACH1_BACH1","FTjVRz","osteoporosis","BACH1","MR Egger",6,0.394663117079906,0.218728099710055,0.145499342335995,-0.0340439583518021,0.823370192511614,1.48388421146213,0.966529016681121,2.27816476797308]
["12451_62_BACH1_BACH1","FTjVRz","osteoporosis","BACH1","Weighted median",6,0.209005928694493,0.0947265193939054,0.0273550181933094,0.0233419506824379,0.394669906706547,1.23245230534179,1.02361650607097,1.48389428651611]
["12451_62_BACH1_BACH1","FTjVRz","osteoporosis","BACH1","Inverse variance weighted",6,0.142360991643785,0.0772667281438501,0.0654076356210909,-9.08179551816116E-3,0.293803778805731,1.15299279418398,0.990959319426774,1.34152064305644]
["12451_62_BACH1_BACH1","FTjVRz","osteoporosis","BACH1","Simple mode",6,0.208946820327739,0.143917534106449,0.206258485599232,-0.073131546520901,0.491025187176379,1.23237945925185,0.929478552313556,1.63399050769439]
["12451_62_BACH1_BACH1","FTjVRz","osteoporosis","BACH1","Weighted mode",6,0.245576358790368,0.127256539881027,0.111522581648484,-0.00384645937644482,0.494999176957182,1.27835789372645,0.996160928772649,1.64049688885731]
["12455_48_MYNN_MYNN","FTjVRz","osteoporosis","MYNN","MR Egger",3,-0.227008404793768,0.619175878068221,0.776283914779441,-1.44059312580748,0.986576316219945,0.796914084363462,0.236787272381083,2.68203629135428]
["12455_48_MYNN_MYNN","FTjVRz","osteoporosis","MYNN","Weighted median",3,0.0156967029254176,0.188471188147769,0.933625433289867,-0.35370682584421,0.385100231695045,1.01582054328008,0.702080769122824,1.46976163075805]
["12455_48_MYNN_MYNN","FTjVRz","osteoporosis","MYNN","Inverse variance weighted",3,0.155015570178785,0.163051889045834,0.341750026101608,-0.164566132351049,0.474597272708619,1.16767614188988,0.848261657551649,1.60736673666735]
["12455_48_MYNN_MYNN","FTjVRz","osteoporosis","MYNN","Simple mode",3,0.00869730193455354,0.273038985369201,0.9774817440668,-0.52645910938908,0.543853713258187,1.00873523335227,0.590692849785094,1.72263261926477]
["12455_48_MYNN_MYNN","FTjVRz","osteoporosis","MYNN","Weighted mode",3,1.75213578687551E-3,0.230463488239175,0.994624184492795,-0.449956301161908,0.453460572735659,1.00175367167368,0.637656015839946,1.57374884543328]
["12456_5_PFKFB3_F263","FTjVRz","osteoporosis","PFKFB3","MR Egger",7,0.298920813956241,0.263975275986512,0.308838205765109,-0.218470726977323,0.816312354889805,1.34840284455861,0.803747007204658,2.26214245890286]
["12456_5_PFKFB3_F263","FTjVRz","osteoporosis","PFKFB3","Weighted median",7,0.194968580473149,0.129750183736839,0.132930382685736,-0.0593417796510562,0.449278940597354,1.21527280259342,0.942384626220575,1.56718174684822]
["12456_5_PFKFB3_F263","FTjVRz","osteoporosis","PFKFB3","Inverse variance weighted",7,0.177907584196313,0.102118774320789,0.0814798680877747,-0.0222452134724324,0.378060381865059,1.19471490559463,0.978000386774516,1.45945106459254]
["12456_5_PFKFB3_F263","FTjVRz","osteoporosis","PFKFB3","Simple mode",7,0.288679250393424,0.187462290958637,0.174504792473966,-0.0787468398855046,0.656105340672352,1.33466356705182,0.924273884111536,1.92727163218271]
["12456_5_PFKFB3_F263","FTjVRz","osteoporosis","PFKFB3","Weighted mode",7,0.313289349326305,0.168611667656623,0.112527107337665,-0.017189519280676,0.643768217933286,1.36791727971336,0.982957377605941,1.90364071400108]
["12457_10_ADI1_MTND","FTjVRz","osteoporosis","ADI1","MR Egger",3,0.117620891016864,0.496067358561055,0.851790166921879,-0.854671131762804,1.08991291379653,1.12481760206836,0.425423076216262,2.97401506560414]
["12457_10_ADI1_MTND","FTjVRz","osteoporosis","ADI1","Weighted median",3,-0.00861216652174954,0.171330407262899,0.959910081435814,-0.344419764757031,0.327195431713532,0.99142481195328,0.708631407119045,1.38707252865448]
["12457_10_ADI1_MTND","FTjVRz","osteoporosis","ADI1","Inverse variance weighted",3,-0.0241015344914272,0.155956989975128,0.877184271530426,-0.329777234842677,0.281574165859823,0.976186588117099,0.719083902429881,1.32521427833329]
["12457_10_ADI1_MTND","FTjVRz","osteoporosis","ADI1","Simple mode",3,-0.00783719607380512,0.193341903931175,0.971348893624093,-0.386787327778908,0.371112935631297,0.992193434675382,0.679235534096674,1.44934674703402]
["12459_13_PLEKHA1_PKHA1","FTjVRz","osteoporosis","PLEKHA1","Weighted mode",3,0.0164987553640641,0.134529322278466,0.913604262559578,-0.247178716301729,0.280176227029857,1.01663561144405,0.781001103429383,1.32336300412113]
["12461_8_SIRT5_SIRT5","FTjVRz","osteoporosis","SIRT5","Simple mode",3,0.141701823826605,0.28193493568982,0.66512448179715,-0.410890650125442,0.694294297778653,1.15223302887454,0.663059433102474,2.00229555081863]
["12469_19_MAPRE1_MARE1","FTjVRz","osteoporosis","MAPRE1","Weighted mode",4,-0.0263172955194462,0.222845185974168,0.913454395134428,-0.463093860028816,0.410459268989924,0.974025986491488,0.629333560469834,1.50750997873439]
["12471_47_STAU1_STAU1","FTjVRz","osteoporosis","STAU1","Simple mode",5,-0.0139246687727759,0.152033091770624,0.931427493412338,-0.311909528643199,0.284060191097647,0.986171830999054,0.732047754586074,1.32851289299553]
["12480_9_OTUD5_OTUD5","FTjVRz","osteoporosis","OTUD5","Inverse variance weighted",6,0.116611442814452,0.11117391183412,0.294219480700171,-0.101289424380424,0.334512310009328,1.12368272985564,0.903671450483864,1.39725878990615]
["12482_5_BPTF_BPTF","FTjVRz","osteoporosis","BPTF","MR Egger",5,0.626451093453664,0.950666217226479,0.556984616765196,-1.23685469231023,2.48975687921756,1.87095892481944,0.290295853280292,12.0583441299855]
["12484_67_PITPNB_PIPNB","FTjVRz","osteoporosis","PITPNB","Simple mode",7,0.199332158087507,0.10545876126263,0.107630739940307,-0.00736701398724846,0.406031330162263,1.22058732652625,0.99266005594465,1.5008495735821]
["12494_99_GABARAPL2_GBRL2","FTjVRz","osteoporosis","GABARAPL2","Simple mode",5,-0.0638677420395092,0.17927694784194,0.739648160994134,-0.415250559809711,0.287515075730693,0.93812906636313,0.660174846696327,1.33311068962945]
["12498_12_TAX1BP3_TX1B3","FTjVRz","osteoporosis","TAX1BP3","MR Egger",6,-0.641170220311157,2.13389757983969,0.778788689948608,-4.82360947679696,3.54126903617464,0.526675736638952,0.00803772274328123,34.5106867235564]
["12500_88_UBA2_SAE2","FTjVRz","osteoporosis","UBA2","Inverse variance weighted",4,0.120903558609073,0.0853492472365704,0.156607397876376,-0.046380965974605,0.288188083192751,1.12851607145943,0.954678192995043,1.334008185048]
["12504_26_LMOD1_LMOD1","FTjVRz","osteoporosis","LMOD1","MR Egger",4,-0.390623437414218,0.594655900525042,0.578735324346253,-1.5561490024433,0.774902127614863,0.676634903460982,0.21094686487775,2.17037969655051]
["12504_26_LMOD1_LMOD1","FTjVRz","osteoporosis","LMOD1","Inverse variance weighted",4,0.0459347802747842,0.125546699331391,0.714456083480771,-0.200136750414741,0.29200631096431,1.04700612327845,0.818618798962997,1.33911146869731]
["12511_83_SLC41A2_S41A2","FTjVRz","osteoporosis","SLC41A2","Weighted median",3,0.130720687210278,0.151601888174857,0.388542850906484,-0.166419013612441,0.427860388032997,1.13964941819431,0.846691384635496,1.53397190518217]
["12514_16_METTL1_METTL1","FTjVRz","osteoporosis","METTL1","Inverse variance weighted",7,0.120808268978529,0.0861015930385854,0.16059005540163,-0.0479508533770983,0.289567391334156,1.12840854070328,0.953180631535427,1.33584946295122]
["12516_13_TEAD4_TEAD4","FTjVRz","osteoporosis","TEAD4","MR Egger",3,0.427392535013457,0.62947548094111,0.620275815439525,-0.806379407631118,1.66116447765803,1.53325439965109,0.446471635217891,5.26543876164078]
["12521_3_CDKN2C_CDN2C","FTjVRz","osteoporosis","CDKN2C","Inverse variance weighted",5,0.109159769998047,0.0782857884453544,0.163204301919401,-0.0442803753548479,0.262599915350941,1.11534053406181,0.95668568877737,1.30030638224669]
["12527_50_THRA_THA","FTjVRz","osteoporosis","THRA","MR Egger",5,1.38383181496451,1.05503782697559,0.280988401579574,-0.684042325907656,3.45170595583667,3.99016193369625,0.504573214962275,31.5541764505057]
["12529_32_FKBP6_FKBP6","FTjVRz","osteoporosis","FKBP6","Weighted median",9,0.0154998913755371,0.0547962579360292,0.777281054478591,-0.0919007741790801,0.122900556930154,1.01562063773706,0.912195658417654,1.13077196792046]
["12533_135_CYTH2_CYH2","FTjVRz","osteoporosis","CYTH2","Simple mode",4,0.291385010842828,0.188908493503574,0.220634170995068,-0.0788756364241777,0.661645658109833,1.3382797369834,0.924154848500328,1.93797896242894]
["12540_25_RHOG_RHOG","FTjVRz","osteoporosis","RHOG","Simple mode",3,0.177766685951651,0.28296060980809,0.59402401181771,-0.376836109272206,0.732369481175508,1.19454658421993,0.686028498392992,2.08000330192417]
["12549_33_HPGDS_PTGD2","FTjVRz","osteoporosis","HPGDS","MR Egger",5,0.147147176415583,0.221407385353391,0.553828124385762,-0.286811298877062,0.581105651708229,1.15852445796022,0.750653364606072,1.78801425927981]
["12556_7_UBE2C_UBE2C","FTjVRz","osteoporosis","UBE2C","Inverse variance weighted",3,0.0142957870228627,0.119532726780874,0.904802187568113,-0.219988357467649,0.248579931513375,1.01439846046864,0.802528141367936,1.28220330672415]
["12562_1_PKN1_PKN1","FTjVRz","osteoporosis","PKN1","Simple mode",3,-0.0511936702039194,0.191807626704465,0.814546266890253,-0.427136618544671,0.324749278136832,0.950094647688971,0.652374419695661,1.38368368273596]
["12563_2_TNFAIP8_TFIP8","FTjVRz","osteoporosis","TNFAIP8","Inverse variance weighted",3,-0.181848741318734,0.438064457598738,0.678055022125263,-1.04045507821226,0.676757595574792,0.83372743939173,0.353293869028005,1.96748798700379]
["12572_236_EFS_EFS","FTjVRz","osteoporosis","EFS","Simple mode",6,0.161515264544671,0.170108604314688,0.385976041515023,-0.171897599912117,0.49492812900146,1.17529039829424,0.842065396324382,1.64038033904735]
["12573_80_TRIM3_TRIM3","FTjVRz","osteoporosis","TRIM3","Simple mode",3,-0.0487867880898619,0.269649772093323,0.873099932997165,-0.577300341392776,0.479726765213052,0.952384167700256,0.561411943160647,1.61563289476826]
["12580_7_PSMB5_PSB5","FTjVRz","osteoporosis","PSMB5","Weighted mode",3,0.227566798912369,0.187259990689646,0.348262443098067,-0.139462782839337,0.594596380664075,1.25554130574668,0.869825395033477,1.81229931827341]
["12587_65_ARL2_ARL2","FTjVRz","osteoporosis","ARL2","MR Egger",8,0.0636870264448647,0.113481855876128,0.594978176601817,-0.158737411072346,0.286111463962075,1.06575879224109,0.853220375779206,1.33124083236044]
["12603_87_PABPC4_PABP4","FTjVRz","osteoporosis","PABPC4","MR Egger",4,-0.16537071047008,0.39820534131444,0.718242791706354,-0.945853179446382,0.615111758506221,0.847579439268524,0.388348098903286,1.84986332596842]
["12603_87_PABPC4_PABP4","FTjVRz","osteoporosis","PABPC4","Simple mode",4,-0.1086348833849,0.20958362129779,0.640027773763307,-0.519418781128568,0.302149014358768,0.897057888451835,0.594866194970678,1.35276279277112]
["12612_37_PSMB1_PSB1","FTjVRz","osteoporosis","PSMB1","Inverse variance weighted",2,-0.25142462420204,0.0892361182794136,4.83959717111292E-3,-0.426327416029691,-0.0765218323743898,0.777692074561277,0.652902536364638,0.926332690025953]
["12623_84_JARID2_JARD2","FTjVRz","osteoporosis","JARID2","Simple mode",4,0.0200610011802644,0.147338100244299,0.900320898192849,-0.268721675298562,0.308843677659091,1.0202635754108,0.76435596519147,1.36184946636647]
["12633_3_PTPN9_PTN9","FTjVRz","osteoporosis","PTPN9","Weighted median",3,0.442155247708375,0.277834881853117,0.111512447384762,-0.102401120723734,0.986711616140485,1.55605729601245,0.902667400439595,2.68239919520127]
["12637_7_CRAT_CACP","FTjVRz","osteoporosis","CRAT","Weighted median",3,0.173748747435344,0.212373982908049,0.413285055086953,-0.242504259064432,0.59000175393512,1.18975659886705,0.784660405652381,1.80399157947927]
["12650_43_GNAI3_GNAI3","FTjVRz","osteoporosis","GNAI3","MR Egger",3,-0.0551539264971944,0.261156335526557,0.867498524145641,-0.567020344129245,0.456712491134856,0.946339470022147,0.567213022854457,1.57887487846271]
["12651_21_PDK2_PDK2","FTjVRz","osteoporosis","PDK2","Weighted median",3,0.0257503381925495,0.181587607803125,0.887232697075455,-0.330161373101576,0.381662049486675,1.02608474232096,0.718807727839609,1.46471699961857]
["12656_1_KLC1_KLC1","FTjVRz","osteoporosis","KLC1","MR Egger",3,-1.37054260177391,0.909103392511049,0.372855216375714,-3.15238525109557,0.411300047547744,0.253969118065683,0.0427500355895523,1.50877799378544]
["12656_1_KLC1_KLC1","FTjVRz","osteoporosis","KLC1","Weighted median",3,-0.0765043798993776,0.194730904308564,0.694413795131665,-0.458176952344164,0.305168192545408,0.926348856965155,0.632435555351275,1.35685319640832]
["12663_1_TST_THTR","FTjVRz","osteoporosis","TST","MR Egger",10,0.0288795262561839,0.0572382374982917,0.627476281468027,-0.0833074192404678,0.141066471752836,1.02930058331045,0.92006825705465,1.15150118774319]
["12667_2_GDA_GUAD","FTjVRz","osteoporosis","GDA","Inverse variance weighted",5,-0.00739578951654891,0.0797693963649626,0.92613027952177,-0.163743806391876,0.148952227358778,0.992631492037098,0.848959492017199,1.16061754211923]
["12668_7_VPS4B_VPS4B","FTjVRz","osteoporosis","VPS4B","Weighted mode",4,0.352949786224764,0.190516719157063,0.161009526803954,-0.0204629833230792,0.726362555772607,1.42325967439786,0.979744962706035,2.0675463287632]
["12681_63_USP21_UBP21","FTjVRz","osteoporosis","USP21","MR Egger",6,0.760040418209674,0.424954744815017,0.148205707684125,-0.0728708816277592,1.59295171804711,2.13836264754004,0.929720866321078,4.91824479586899]
["12687_2_DECR1_DECR","FTjVRz","osteoporosis","DECR1","Wald ratio",1,0.263232456140351,0.256733918128655,0.305215831777277,-0.239966023391813,0.766430935672515,1.30112913925844,0.786654588467229,2.15207164853135]
["12693_2_SH3BGRL_SH3L1","FTjVRz","osteoporosis","SH3BGRL","MR Egger",4,0.420863265041774,0.696651779085204,0.607162477868743,-0.944574221965227,1.78630075204877,1.52327597909081,0.388845097361873,5.96733692726914]
["12701_1_EIF1B_EIF1B","FTjVRz","osteoporosis","EIF1B","Inverse variance weighted",2,-0.0604014737244393,0.19881586216043,0.761275611392835,-0.450080563558882,0.329277616110003,0.941386515756596,0.637576784097838,1.38996367833925]
["12704_26_SH2D3C_SH2D3","FTjVRz","osteoporosis","SH2D3C","Simple mode",5,0.0380281980147227,0.20588972948881,0.862449473313885,-0.365515671783344,0.44157206781279,1.03876052345006,0.693838765536646,1.55515009923621]
["12706_2_CDC42BPA_MRCKA","FTjVRz","osteoporosis","CDC42BPA","Simple mode",3,-0.0851240549920656,0.338796248420009,0.825075539997982,-0.749164701895284,0.578916591911153,0.918398345434799,0.472761284463629,1.78410447009069]
["12715_30_DCP1B_DCP1B","FTjVRz","osteoporosis","DCP1B","Wald ratio",1,0.041143635125936,0.0651283185840708,0.527562092756174,-0.0865078692988428,0.168795139550715,1.04200176285163,0.91712833159939,1.18387758438607]
["12724_81_CIRBP_CIRBP","FTjVRz","osteoporosis","CIRBP","Inverse variance weighted",4,-0.0647901089232986,0.126099703576109,0.607391377542205,-0.311945527932472,0.182365310085875,0.937264166118586,0.732021401861537,1.20005250509893]
["12727_7_PTGFRN_FPRP","FTjVRz","osteoporosis","PTGFRN","Inverse variance weighted",4,0.0164288916722276,0.0309867501524757,0.59597960836934,-0.0443051386266248,0.0771629219710799,1.01656458800799,0.95666199840298,1.0802180533114]
["12732_13_MPP7_MPP7","FTjVRz","osteoporosis","MPP7","Weighted median",3,0.0376075231656222,0.256788556499488,0.883563579161642,-0.465698047573374,0.540913093904618,1.03832363492406,0.627696790003936,1.71757445316097]
["12738_43_NISCH_NISCH","FTjVRz","osteoporosis","NISCH","Weighted median",3,0.280596019535142,0.19412304657927,0.148330281456968,-0.0998851517602278,0.661077190830511,1.32391865861366,0.904941342988386,1.9368775978753]
["12748_6_BRDT_BRDT","FTjVRz","osteoporosis","BRDT","Simple mode",3,0.416611428380545,0.32687599523887,0.330532735621553,-0.22406552228764,1.05728837904873,1.51681300792314,0.799262763128976,2.87855484721686]
["12754_14_CSDC2_CSDC2","FTjVRz","osteoporosis","CSDC2","MR Egger",6,0.187013436575497,0.309752052527399,0.578575459195965,-0.420100586378205,0.794127459529199,1.2056434846608,0.656980733178904,2.21250965012577]
["12754_14_CSDC2_CSDC2","FTjVRz","osteoporosis","CSDC2","Weighted mode",6,0.22079328285192,0.165492891506992,0.239688487068169,-0.103572784501785,0.545159350205625,1.24706561407023,0.901610397090063,1.724883220974]
["12759_47_ILF3_DRBP76","FTjVRz","osteoporosis","ILF3","MR Egger",3,3.86925950026046,2.28330883131433,0.339394451065247,-0.606025809115629,8.34454480963655,47.9068978975303,0.545514545729618,4207.16713079533]
["12760_34_ZNF774_ZN774","FTjVRz","osteoporosis","ZNF774","Weighted mode",4,0.430693558927401,0.229701383181587,0.157469696492486,-0.0195211521085099,0.880908269963311,1.53832407204181,0.980668151770125,2.41309044894732]
["12764_3_ELMO1_ELMO1","FTjVRz","osteoporosis","ELMO1","Simple mode",4,0.124599011484151,0.152214870532697,0.47300044623325,-0.173742134759936,0.422940157728238,1.1326941646387,0.840513608959626,1.52644294741954]
["12781_2_TARBP2_TRBP2","FTjVRz","osteoporosis","TARBP2","Inverse variance weighted",3,0.0641556827889368,0.24247674741168,0.791329263843394,-0.411098742137955,0.539410107715829,1.06625838391959,0.662921470085623,1.71499490148052]
["12786_61_GPCPD1_GDE5","FTjVRz","osteoporosis","GPCPD1","Inverse variance weighted",4,0.077435378515436,0.163196585919585,0.635149520531183,-0.242429929886951,0.397300686917823,1.08051240588668,0.784718730982545,1.48780322576623]
["12794_6_NLRP4_NALP4","FTjVRz","osteoporosis","NLRP4","Weighted median",3,0.2109447826045,0.203705820621869,0.300418498241784,-0.188318625814363,0.610208191023362,1.23484416830004,0.82835073125381,1.84081459996612]
["12795_2_ZNF566_ZN566","FTjVRz","osteoporosis","ZNF566","Weighted median",3,0.343876230641011,0.284695727906691,0.227096187241357,-0.214127396056103,0.901879857338125,1.41040405989794,0.807245538573783,2.46423116278984]
["12807_89_ARHGAP30_RHG30","FTjVRz","osteoporosis","ARHGAP30","Inverse variance weighted",2,4.24142302923128E-3,0.174752956450538,0.98063647224256,-0.338274371613824,0.346757217672287,1.00425043059435,0.712999634198308,1.41447327456614]
["12814_17_RNPC3_RBM40","FTjVRz","osteoporosis","RNPC3","Weighted median",3,0.095301011748313,0.24875867365311,0.701640958483722,-0.392265988611783,0.582868012108409,1.09998991518462,0.675524408262272,1.79116816314665]
["12826_5_SLC5A5_SC5A5","FTjVRz","osteoporosis","SLC5A5","MR Egger",3,0.556988525814833,1.01469975990645,0.680408404090047,-1.43182300360181,2.54580005523147,1.74540832569612,0.238873058627741,12.7534274518456]
["12827_37_RGS3_RGS3","FTjVRz","osteoporosis","RGS3","Weighted mode",4,0.327339561610459,0.223855202217933,0.239835051626252,-0.11141663473669,0.766095757957608,1.38727246168288,0.894565964021981,2.15135044294665]
["12842_43_STX10_STX10","FTjVRz","osteoporosis","STX10","Inverse variance weighted",2,-0.0673636342390686,0.131528997127859,0.608540402270825,-0.325160468609673,0.190433200131536,0.934855194164229,0.722411419984288,1.20977355822372]
["12846_3_FBXL5_FBXL5","FTjVRz","osteoporosis","FBXL5","Simple mode",10,-0.0168693728245719,0.29596528701355,0.955792315919021,-0.596961335371131,0.563222589721987,0.983272118305755,0.550481826890245,1.75632329971585]
["12847_27_RNGTT_MCE1","FTjVRz","osteoporosis","RNGTT","Simple mode",13,0.385647057763693,0.251755497810078,0.151492704545627,-0.107793717944061,0.879087833471446,1.47056555451565,0.897812779995861,2.40870156708829]
["12851_5_POLM_DPOLM","FTjVRz","osteoporosis","POLM","Simple mode",7,0.207356644002819,0.220695633911887,0.383710796826517,-0.22520679846448,0.639920086470118,1.23042131592163,0.798351103904812,1.896329330879]
["12854_3_TEAD3_TEAD3","FTjVRz","osteoporosis","TEAD3","Simple mode",7,0.0114912206241746,0.235436486542457,0.962656335533075,-0.449964292999042,0.472946734247391,1.01155749832717,0.637650919817284,1.60471590429937]
["12856_14_TMEM237_TM237","FTjVRz","osteoporosis","TMEM237","Simple mode",9,0.192020890104617,0.352249736097502,0.600529289806211,-0.498388592646487,0.88243037285572,1.21169582915315,0.607508815569937,2.41676621763872]
["12859_33_ECI2_PECI","FTjVRz","osteoporosis","ECI2","Simple mode",19,-0.161155326433768,0.164129362227464,0.339173284064752,-0.482848876399598,0.160538223532062,0.851159853214384,0.617023063074833,1.1741426521622]
["12861_13_TMOD3_TMOD3","FTjVRz","osteoporosis","TMOD3","Weighted mode",8,0.0713260931536539,0.252919147914092,0.786090289488494,-0.424395436757967,0.567047623065274,1.07393137044278,0.654165149810123,1.76305415957402]
["12867_40_DYNLT3_DYLT3","FTjVRz","osteoporosis","DYNLT3","Simple mode",16,0.206983099052786,0.238060506521293,0.398297379537258,-0.259615493728948,0.67358169183452,1.2299617840859,0.771348116979007,1.96124934645162]
["12869_68_DDX6_DDX6","FTjVRz","osteoporosis","DDX6","Simple mode",9,-0.141424935837068,0.285782036975676,0.633995426174335,-0.701557728309393,0.418707856635258,0.868120337865671,0.495812360979411,1.51999623310582]
["12872_35_CNGA2_CNGA2","FTjVRz","osteoporosis","CNGA2","Inverse variance weighted",9,0.0540599090875515,0.196239892509767,0.782948493367972,-0.330570280231592,0.438690098406695,1.05554783716868,0.718513862320532,1.5506746563707]
["12873_11_SPN_LEUK","FTjVRz","osteoporosis","SPN","Simple mode",10,0.118229388381875,0.204937464550643,0.578146211675891,-0.283448042137385,0.519906818901135,1.12550225890015,0.753182254863552,1.68187092381622]
["12876_39_SPEF1_SPEF1","FTjVRz","osteoporosis","SPEF1","Simple mode",8,0.180953133787087,0.349494317925234,0.62058374306928,-0.504055729346372,0.865961996920547,1.19835901542835,0.604075717172913,2.37729193383112]
["12880_1_SV2A_SV2A","FTjVRz","osteoporosis","SV2A","Simple mode",13,-0.0763344809458697,0.245497826743458,0.76118305137988,-0.557510221363048,0.404841259471308,0.926506256037127,0.572633019905312,1.49906451887437]
["12881_17_RDH16_RDH16","FTjVRz","osteoporosis","RDH16","Simple mode",14,0.105534614206188,0.196056676701518,0.599475220986377,-0.278736472128788,0.489805700541164,1.11130457078266,0.756739298837226,1.63199909260703]
["12888_18_SAP30_SAP30","FTjVRz","osteoporosis","SAP30","Inverse variance weighted",9,0.439963800971222,0.191458364630007,0.0215640249940717,0.0647054062964088,0.815222195646035,1.55265101303535,1.06684469235727,2.25967770712063]
["12891_1_MICALL2_MILK2","FTjVRz","osteoporosis","MICALL2","Simple mode",13,-0.0962415918994814,0.157005791695339,0.551329717658728,-0.403972943622347,0.211489759823384,0.908244565031317,0.667662185544788,1.23551731364842]
["12893_159_IFI16_IP16","FTjVRz","osteoporosis","IFI16","Inverse variance weighted",12,0.0951455900799995,0.134726621963342,0.480056156941775,-0.168918588968151,0.35920976912815,1.0998189662018,0.84457765852594,1.43219720082147]
["12895_28_DGKB_DGKB","FTjVRz","osteoporosis","DGKB","Simple mode",10,-0.0439888507155228,0.132461709405786,0.747426678297634,-0.303613801150863,0.215636099719817,0.956964626884428,0.738145882500931,1.24065082366276]
["12925_105_AXIN2_AXIN2","FTjVRz","osteoporosis","AXIN2","Inverse variance weighted",18,0.0378704100253506,0.0661252627468415,0.566843003105609,-0.0917351049584587,0.16747592500916,1.03859663244598,0.912346793680323,1.18231682557553]
["12925_105_AXIN2_AXIN2","FTjVRz","osteoporosis","AXIN2","Weighted mode",18,0.0196466890385227,0.10528877247427,0.85418439382348,-0.186719305011046,0.226012683088092,1.01984095537808,0.829676589764686,1.25359156458961]
["12934_1_HERC5_HERC5","FTjVRz","osteoporosis","HERC5","Inverse variance weighted",24,-0.0601295848251435,0.0435419192182816,0.167291711399204,-0.145471746492976,0.0252125768426885,0.941642503098658,0.864614318115573,1.02553310194359]
["12940_35_ALDH3B1_AL3B1","FTjVRz","osteoporosis","ALDH3B1","Inverse variance weighted",13,0.110624156481393,0.102972088949236,0.282682843866241,-0.0912011378591094,0.312449450821895,1.11697502013179,0.912834086939051,1.36676885038552]
["12945_33_RAB18_RAB18","FTjVRz","osteoporosis","RAB18","Inverse variance weighted",17,0.108571817949157,0.0891938642322923,0.223506609707962,-0.0662481559461362,0.28339179184445,1.11468496005153,0.935898586673011,1.32762521266547]
["12957_62_UQCRB_UCR6","FTjVRz","osteoporosis","UQCRB","Inverse variance weighted",14,0.0678888016757223,0.0926026686483342,0.463485682518487,-0.113612428875013,0.249390032226457,1.07024629226743,0.892603836324455,1.28324244138228]
["12963_1_GPR107_GP107","FTjVRz","osteoporosis","GPR107","Inverse variance weighted",10,-0.0352037572801379,0.0948147997519013,0.710421778788597,-0.221040764793864,0.150633250233589,0.965408687167436,0.80168399914111,1.16257020753423]
["12968_2_CSRP2_CSRP2","FTjVRz","osteoporosis","CSRP2","Inverse variance weighted",12,0.0025219353121969,0.153957979319717,0.986930698407972,-0.299235704154449,0.304279574778843,1.00252511806606,0.741384641399021,1.35564800810654]
["12976_49_SORBS3_Vinexin_b","FTjVRz","osteoporosis","SORBS3","Inverse variance weighted",10,-0.123757097901599,0.130619694114112,0.343403795897366,-0.379771698365259,0.13225750256206,0.883594441762233,0.68401755371336,1.14140219541834]
["12980_31_RBM22_RBM22","FTjVRz","osteoporosis","RBM22","Weighted median",10,0.107207645276731,0.199594001380027,0.591178790876977,-0.283996597428122,0.498411887981584,1.11316537401519,0.752769206053169,1.6461049946547]
["12988_49_EWSR1_EWS","FTjVRz","osteoporosis","EWSR1","Inverse variance weighted",10,-0.181110565227186,0.145858983490504,0.214353683760749,-0.466994172868575,0.104773042414202,0.834343104260943,0.626883743335695,1.11045855476111]
["12991_49_CUL9_CUL9","FTjVRz","osteoporosis","CUL9","Weighted median",15,0.218356626614695,0.128301735270706,0.0887742570225734,-0.033114774515889,0.46982802774528,1.24403064295575,0.967427517191792,1.59971906226654]
["13007_66_LCN10_LCN10","FTjVRz","osteoporosis","LCN10","Inverse variance weighted",20,0.106717480195783,0.0569876363726969,0.0611177432953136,-0.00497828709470292,0.218413247486269,1.11261987292324,0.995034084038964,1.24410108304919]
["13011_20_RPS10_RS10","FTjVRz","osteoporosis","RPS10","Weighted median",16,0.150663139944793,0.0748967360946547,0.0442609001302716,0.00386553719926938,0.297460742690316,1.16260495694131,1.00387301802422,1.34643551687919]
["13025_4_FRS2_FRS2","FTjVRz","osteoporosis","FRS2","Simple mode",15,0.133566330631786,0.175194049809362,0.458479963857888,-0.209814006994563,0.476946668258136,1.14289707270583,0.810735022991556,1.61114751645947]
["13039_1_PPP1R8_PP1R8","FTjVRz","osteoporosis","PPP1R8","Weighted median",18,0.0884167800115249,0.0919813485900242,0.336428073650898,-0.0918666632249225,0.268700223247972,1.09244333570567,0.912226774812643,1.30826289545475]
["13041_47_TRAF4_TRAF4","FTjVRz","osteoporosis","TRAF4","Weighted median",11,0.032861239341548,0.162906386489408,0.840136763383696,-0.286435278177692,0.352157756860788,1.03340713303774,0.750935678883895,1.42213285723822]
["13042_7_KCNA10_KCA10","FTjVRz","osteoporosis","KCNA10","Inverse variance weighted",14,0.0621816898053552,0.0735030130510922,0.397566855288262,-0.0818842157747855,0.206247595385496,1.06415567340175,0.921378633631816,1.22905747528506]
["13044_5_TSG101_TS101","FTjVRz","osteoporosis","TSG101","Weighted median",15,0.002833046754975,0.117674768886781,0.980792603707295,-0.227809500263115,0.233475593773065,1.00283706362436,0.796275935744132,1.26298200288938]
["13055_53_PSD_PSD1","FTjVRz","osteoporosis","PSD","Inverse variance weighted",19,0.0397327259940221,0.0537131013931748,0.459469111864471,-0.0655449527366006,0.145010404724645,1.04053262969936,0.93655694501568,1.156051598604]
["13062_4_GMFG_GMFG","FTjVRz","osteoporosis","GMFG","Weighted median",8,-0.155370161121637,0.178311122794416,0.383566860367651,-0.504859961798693,0.194119639555419,0.856098224546376,0.603590095180161,1.21424154558517]
["13066_42_EDC4_EDC4","FTjVRz","osteoporosis","EDC4","Inverse variance weighted",20,0.0126300577138697,0.067572605886095,0.851730479706412,-0.119812249822877,0.145072365250616,1.01271015374341,0.887086971819254,1.15612323038825]
["13073_14_ANP32A_AN32A","FTjVRz","osteoporosis","ANP32A","MR Egger",16,0.418675360875017,0.218321173520438,0.0757803014012223,-0.00923413922504135,0.846584860975075,1.51994684047519,0.990808364509493,2.33167026099362]
["13076_4_FXR1_FXR1","FTjVRz","osteoporosis","FXR1","Inverse variance weighted",13,0.0756575903951089,0.119744410332412,0.527500808157206,-0.159041453856419,0.310356634646637,1.07859319025248,0.852960999713434,1.36391144548212]
["13082_9_UNC45A_UN45A","FTjVRz","osteoporosis","UNC45A","MR Egger",12,-0.325866483045127,0.452811506795299,0.488217424507393,-1.21337703636391,0.56164407027366,0.72190156709637,0.297191954837909,1.75355309621497]
["13088_397_BTC_BTC","FTjVRz","osteoporosis","BTC","Inverse variance weighted",10,0.0164273588491754,0.189183990355993,0.930804485822712,-0.35437326224857,0.387227979946921,1.01656302979555,0.701613032815043,1.47289224289472]
["13093_6_SECTM1_SECTM1","FTjVRz","osteoporosis","SECTM1","MR Egger",17,-0.152854130769635,0.0991402278337579,0.143952584447966,-0.347168977323801,0.0414607157845303,0.858254905663482,0.706685904275189,1.04233221384389]
["13093_6_SECTM1_SECTM1","FTjVRz","osteoporosis","SECTM1","Simple mode",17,0.192260741922795,0.13876977610577,0.184921635999526,-0.0797280192445141,0.464249503090105,1.2119864914574,0.923367450414111,1.59081983539319]
["13097_11_BCL2L2_Apoptosis_regulator_Bcl_W","FTjVRz","osteoporosis","BCL2L2","MR Egger",9,0.179684374749431,0.281481486038555,0.543555666790795,-0.372019337886136,0.731388087384999,1.19683955071829,0.689340911999265,2.07796300093254]
["13104_32_EFNB1_EFNB1","FTjVRz","osteoporosis","EFNB1","MR Egger",9,0.0755569457205229,0.290347119806393,0.802175175707731,-0.493523409100008,0.644637300541054,1.07848464105438,0.610471659008153,1.90529585415964]
["13105_7_SNAP25_SNP25","FTjVRz","osteoporosis","SNAP25","Weighted median",11,0.125621016258971,0.171983055873429,0.465129401724705,-0.21146577325295,0.462707805770893,1.13385237523094,0.80939698360446,1.58836916230109]
["13109_82_NEGR1_NEGR1","FTjVRz","osteoporosis","NEGR1","MR Egger",22,-0.164410104540146,0.183979753404766,0.382146777187313,-0.525010421213487,0.196190212133195,0.848394020287015,0.591549199674195,1.21675832552083]
["13112_179_FSTL1_FSTL1","FTjVRz","osteoporosis","FSTL1","Weighted median",16,-0.0495928278482917,0.158336741404379,0.754120271902587,-0.359932841000875,0.260747185304292,0.951616817494723,0.697723182888214,1.29789949588628]
["13113_7_SPP1_Osteopontin","FTjVRz","osteoporosis","SPP1","MR Egger",13,0.182865229933763,0.118210119483501,0.150145755561223,-0.0488266042538991,0.414557064121426,1.2006525851482,0.952346248170919,1.51370012008946]
["13118_5_SMOC1_SMOC1","FTjVRz","osteoporosis","SMOC1","Weighted median",15,0.209570289617633,0.188951151371072,0.267376617835293,-0.160773967069668,0.579914546304934,1.23314804956952,0.851484512896823,1.78588581368758]
["13118_5_SMOC1_SMOC1","FTjVRz","osteoporosis","SMOC1","Weighted mode",15,0.403053454565103,0.333809628404419,0.247268573712713,-0.251213417107558,1.05732032623776,1.49638687823554,0.777856345991782,2.87864681042169]
["13124_20_ISLR2_ISLR2","FTjVRz","osteoporosis","ISLR2","Weighted median",22,1.42393328154501E-3,0.0386585976136747,0.97061772535748,-0.0743469180412575,0.0771947846043475,1.0014249475559,0.928349576753634,1.08025247245142]
["13125_45_VTN_Vitronectin","FTjVRz","osteoporosis","VTN","Weighted mode",19,-0.0386131435128112,0.0233878416857284,0.116079044379067,-0.0844533132168388,0.00722702619121638,0.962122840623355,0.919014560208774,1.00725320416998]
["13129_40_LDLR_LDLR","FTjVRz","osteoporosis","LDLR","Inverse variance weighted",9,-0.319833304021009,0.188371792718076,0.0895298068504806,-0.689042017748439,0.0493754097064204,0.726270093287831,0.502056800267243,1.0506146876679]
["13130_150_HK2_HXK2","FTjVRz","osteoporosis","HK2","Weighted mode",13,0.00964679999224094,0.10368386679368,0.927406704914821,-0.193573578923373,0.212867178907855,1.0096934803519,0.824009204254423,1.23722031137696]
["13133_73_LTBP4_LTBP4","FTjVRz","osteoporosis","LTBP4","Inverse variance weighted",16,-0.0783819574915561,0.0846342403345618,0.354380583205969,-0.244265068547297,0.087501153564185,0.924611196915044,0.783279983855835,1.09144352349238]
["13229_20_MDM4_MDM4","FTjVRz","osteoporosis","MDM4","Weighted mode",15,0.0669138631516355,0.0842759452115239,0.440455279765639,-0.0982669894629514,0.232094715766222,1.06920337639888,0.906406870361643,1.26123918240672]
["13230_174_IGHG2_IgG2__Kappa","FTjVRz","osteoporosis","IGHG2","Weighted mode",10,0.114432002975711,0.280642356102327,0.692985963989406,-0.43562701498485,0.664491020936271,1.12123639773326,0.646858949641361,1.94350106819868]
["13236_25_WNT3A_WNT3A","FTjVRz","osteoporosis","WNT3A","Weighted median",25,0.0476133301822981,0.0919482257187302,0.604578551104188,-0.132605192226413,0.227831852591009,1.04876505112094,0.875810800772383,1.2558741356954]
["13240_170_SHANK1_SHAN1","FTjVRz","osteoporosis","SHANK1","Weighted mode",3,0.106649971845613,0.155525075259209,0.563694540735342,-0.198179175662436,0.411479119353662,1.11254476432651,0.820222875993709,1.50904819757774]
["13374_4_DEFB113_DB113","FTjVRz","osteoporosis","DEFB113","Weighted median",7,0.050925460540858,0.105804080930039,0.63029015726273,-0.156450538082018,0.258301459163734,1.05224445662725,0.855173815193951,1.29472906774122]
["13377_3_CYB561D1_C56D1","FTjVRz","osteoporosis","CYB561D1","Weighted mode",15,0.0340178908587472,0.115063763766695,0.771841691499016,-0.191507086123976,0.25954286784147,1.03460311650076,0.825713773975581,1.29633735370476]
["13381_49_B4GALT1_B4GT1","FTjVRz","osteoporosis","B4GALT1","Weighted median",20,-0.0472934106629569,0.0509083883645137,0.352893994366898,-0.147073851857404,0.05248703053149,0.953807499239114,0.863230223906788,1.05388889361108]
["13386_248_RNF34_RNF34","FTjVRz","osteoporosis","RNF34","Simple mode",12,0.264967734148162,0.216820378338806,0.247225770313494,-0.160000207395899,0.689935675692223,1.30338892014611,0.852143612235103,1.99358729299603]
["13388_57_PCSK1_NEC1","FTjVRz","osteoporosis","PCSK1","Weighted median",15,-0.114719601080226,0.0785335971618495,0.144078297493467,-0.268645451517451,0.0392062493569995,0.891616117055169,0.764414229513787,1.03998495776065]
["13392_13_ATP1B1_AT1B1","FTjVRz","osteoporosis","ATP1B1","Simple mode",21,0.017399297209115,0.122135050122591,0.888142462145912,-0.221985401031164,0.256783995449394,1.01755154671044,0.800927056958453,1.29276585329109]
["13397_88_DEFB4A_HBD_2","FTjVRz","osteoporosis","DEFB4A","Inverse variance weighted",18,0.0191256615827393,0.0662386626987396,0.772781388709998,-0.11070211730679,0.148953440472269,1.01930972864367,0.895205375403554,1.16061895008089]
["13405_61_SPINK2_ISK2","FTjVRz","osteoporosis","SPINK2","Simple mode",14,0.15651715804486,0.150425655577761,0.317075310349841,-0.138317126887551,0.451351442977271,1.1694308272935,0.870822486727269,1.57043310280602]
["13411_21_RNF41_RNF41","FTjVRz","osteoporosis","RNF41","Inverse variance weighted",7,-0.12189262444299,0.132176306993264,0.356425706663523,-0.380958186149786,0.137172937263807,0.885243416904578,0.683206456515087,1.14702649499271]
["13416_8_TMEM132D_T132D","FTjVRz","osteoporosis","TMEM132D","Simple mode",12,-0.452473650730493,0.25907455753955,0.108549639358383,-0.960259783508011,0.0553124820470264,0.636052831477919,0.382793429637118,1.05687081623788]
["13427_66_MAN1C1_MA1C1","FTjVRz","osteoporosis","MAN1C1","Simple mode",24,-0.0505106360293006,0.154258048637043,0.746294990651086,-0.352856411357905,0.251835139299304,0.950743816479461,0.702678082725514,1.28638394564389]
["13430_50_SLC14A1_UT1","FTjVRz","osteoporosis","SLC14A1","MR Egger",12,0.484358751348517,0.544362133185486,0.394489223954305,-0.582591029695036,1.55130853239207,1.62313384266892,0.55844953106988,4.71763932932283]
["13434_172_PARVA_PARVA","FTjVRz","osteoporosis","PARVA","Simple mode",18,-0.157428796779575,0.231245730211567,0.505174856503042,-0.610670427994247,0.295812834435097,0.854337643034343,0.542986713524851,1.34421854186322]
["13438_115_CHRD_CHRD","FTjVRz","osteoporosis","CHRD","MR Egger",10,0.871900415872078,0.254209767255173,0.00895687541779667,0.373649272051939,1.37015155969222,2.39145128978761,1.45302744374406,3.9359471812111]
["13438_115_CHRD_CHRD","FTjVRz","osteoporosis","CHRD","Simple mode",10,-0.107228331336975,0.30044900487535,0.72939620998274,-0.696108380892661,0.48165171821871,0.89832053484271,0.498521589848271,1.61874590740534]
["13449_25_SF3B4_SF3B4","FTjVRz","osteoporosis","SF3B4","MR Egger",9,0.0175445265261729,0.602421894908132,0.977579162545381,-1.16320238749377,1.19829144054611,1.01769933575804,0.312483882388132,3.31444914882331]
["13449_25_SF3B4_SF3B4","FTjVRz","osteoporosis","SF3B4","Inverse variance weighted",9,-0.0164704053086896,0.141437072331626,0.907295584328007,-0.293687067078676,0.260746256461297,0.983664490206848,0.745509749488107,1.29789829034199]
["13451_2_FNDC4_FNDC4","FTjVRz","osteoporosis","FNDC4","Weighted median",11,0.15698230243173,0.172209760123194,0.361991905665757,-0.180548827409731,0.494513432273191,1.16997490800688,0.834811917998215,1.639700219719]
["13457_33_ELF5_ELF5","FTjVRz","osteoporosis","ELF5","Inverse variance weighted",9,-0.0557351820743337,0.1913819811876,0.770879385027393,-0.43084386520203,0.319373501053362,0.945789564760563,0.64996038428606,1.37626526544775]
["13460_4_CHAD_CHAD","FTjVRz","osteoporosis","CHAD","Weighted median",23,0.272776365691812,0.137449428367269,0.0471936666371326,3.37548609196547E-3,0.542177245291659,1.3136064445056,1.00338118946055,1.71974710027637]
["13463_1_PXDN_PXDN","FTjVRz","osteoporosis","PXDN","Inverse variance weighted",14,0.00925139257356701,0.0852098288486305,0.913542053646421,-0.157759871969749,0.176262657116883,1.00929431898007,0.854054839853844,1.19275130212923]
["13470_43_PTH1R_PTH1R","FTjVRz","osteoporosis","PTH1R","Inverse variance weighted",12,0.116176748701335,0.108273602940524,0.283274544204391,-0.0960395130620915,0.328393010464761,1.12319437773755,0.908428120582806,1.38873465230454]
["13472_35_HDHD2_HDHD2","FTjVRz","osteoporosis","HDHD2","Weighted mode",14,-0.0468120723105294,0.0572334387650213,0.428143330884472,-0.158989612289971,0.0653654676689124,0.954266713879274,0.853005219693985,1.06754910778229]
["13474_40_GSTK1_GSTK1","FTjVRz","osteoporosis","GSTK1","Inverse variance weighted",10,0.0617080575148212,0.124289662330021,0.619551674665412,-0.181899680652019,0.305315795681662,1.06365177425354,0.833684970953492,1.35705348697694]
["13476_16_KIN_KIN17","FTjVRz","osteoporosis","KIN","MR Egger",9,0.432014498551809,0.87748511943175,0.637548589394433,-1.28785633553442,2.15188533263804,1.54035744795149,0.275861504213604,8.60105897785005]
["13477_65_LTB4R_LT4R1","FTjVRz","osteoporosis","LTB4R","Inverse variance weighted",14,0.071715744643191,0.0845753344140992,0.3964652255338,-0.0940519108084434,0.237483400094825,1.0743499109381,0.91023550995313,1.26805394704073]
["13482_14_CNOT1_CNOT1","FTjVRz","osteoporosis","CNOT1","MR Egger",17,0.0532164676515371,0.348198187880952,0.880566245334023,-0.629251980595129,0.735684915898203,1.05465791973449,0.532990339047437,2.08691086154881]
["13484_69_COL1A1_CO1A1","FTjVRz","osteoporosis","COL1A1","Weighted median",9,-0.109855074077653,0.194332247848673,0.571873037924561,-0.490746279861052,0.271036131705746,0.895963974293147,0.612169373997779,1.31132244984553]
["13487_24_UNC93B1_UN93B","FTjVRz","osteoporosis","UNC93B1","MR Egger",9,0.107857711485397,0.361635418340383,0.774170877371278,-0.600947708461754,0.816663131432548,1.11388924046456,0.548291769042703,2.26293610460179]
["13491_40_PDE6D_PDE6D","FTjVRz","osteoporosis","PDE6D","Weighted median",11,0.37848289396936,0.181470399349931,0.0370107604864489,0.0228009112434952,0.734164876695225,1.46006783061934,1.02306283896221,2.08374108492882]
["13493_5_GRID1_GRID1","FTjVRz","osteoporosis","GRID1","MR Egger",14,0.296479220317984,0.413691511167885,0.487293952165427,-0.514356141571071,1.10731458220704,1.345114608653,0.597885424286991,3.02622080571614]
["13494_6_CERS5_CERS5","FTjVRz","osteoporosis","CERS5","Weighted median",9,0.00413251743755861,0.189379174281005,0.982590428894135,-0.367050664153211,0.375315699028328,1.00414106806222,0.692774545319546,1.45545082650815]
["13496_19_HMGCS1_HMCS1","FTjVRz","osteoporosis","HMGCS1","Weighted median",22,-0.0372057799801314,0.123993687373991,0.764129949115378,-0.280233407233153,0.20582184727289,0.963477850495295,0.755607356649316,1.22853431775924]
["13499_30_F8_Coagulation_Factor_VIII","FTjVRz","osteoporosis","F8","Weighted median",21,-0.0253794125904737,0.0417546441069479,0.543305198043767,-0.107218515040092,0.0564596898591442,0.974939937359057,0.898329353067058,1.05808396242701]
["13501_10_SLC35G2_S35G2","FTjVRz","osteoporosis","SLC35G2","Weighted median",22,-0.0392277671619755,0.0651479091598954,0.547084984660784,-0.166917669115371,0.0884621347914196,0.961531678861717,0.84626928256777,1.09249288435634]
["13502_2_SLC26A11_S2611","FTjVRz","osteoporosis","SLC26A11","Weighted mode",19,0.225561019930403,0.127117702196739,0.0929078123637338,-0.0235896763752046,0.474711716236011,1.25302549131194,0.97668638504682,1.60755069991301]
["13509_5_SCAMP5_SCAM5","FTjVRz","osteoporosis","SCAMP5","Weighted median",10,-0.0519751412850863,0.139872441879337,0.710198451852247,-0.326125127368587,0.222174844798414,0.949352466231874,0.721714875498345,1.24878970316112]
["13510_7_ATP2A3_AT2A3","FTjVRz","osteoporosis","ATP2A3","Weighted mode",15,-0.0447722064628566,0.219565452768019,0.841356023692348,-0.475120493888174,0.385576080962461,0.956215276686175,0.621810127630893,1.47046118218064]
["13512_28_HNRNPR_HNRPR","FTjVRz","osteoporosis","HNRNPR","Weighted median",11,0.129472161637619,0.156132298690837,0.406964939578925,-0.176547143796421,0.435491467071659,1.13822742463421,0.838159264214029,1.54572254403741]
["13514_121_RAB35_Rab_1C","FTjVRz","osteoporosis","RAB35","Weighted mode",18,0.0641922323265207,0.0831517527020021,0.450720187734194,-0.0987852029694034,0.227169667622445,1.06629735588267,0.905937279763684,1.25504279000302]
["13516_46_EMC4_TMM85","FTjVRz","osteoporosis","EMC4","MR Egger",12,0.0301645639106116,0.114187097751823,0.797014932762122,-0.193642147682961,0.253971275504185,1.03062412353511,0.823952704902466,1.28913477398955]
["13517_3_PTCHD3_PTHD3","FTjVRz","osteoporosis","PTCHD3","MR Egger",10,1.03853508656051,0.469451813822486,0.0578794113123192,0.118409531468436,1.95866064165258,2.82507549055157,1.12570502861424,7.08982488702215]
["13519_112_ARHGEF25_ARHGP","FTjVRz","osteoporosis","ARHGEF25","MR Egger",16,-0.203276493837869,0.310942598167055,0.523870802704181,-0.812723986245298,0.406170998569559,0.816052576720757,0.443647927917768,1.50105920949105]
["13524_25_HS6ST2_H6ST2","FTjVRz","osteoporosis","HS6ST2","MR Egger",19,0.178612148627886,0.419521992624768,0.67563017276962,-0.643650956916659,1.00087525417243,1.19555695582747,0.525370812116073,2.72066205747198]
["13529_39_NAP1L2_NP1L2","FTjVRz","osteoporosis","NAP1L2","MR Egger",10,0.0355882155793061,0.429395444966443,0.935983351974973,-0.806026856554922,0.877203287713534,1.03622905564266,0.446629067023124,2.40416653334944]
["13532_25_CNEP1R1_NEPR1","FTjVRz","osteoporosis","CNEP1R1","MR Egger",7,0.165209112442225,1.21186549254405,0.896882266318249,-2.21004725294411,2.54046547782856,1.17963977027484,0.109695464959369,12.685574450407]
["13534_20_MYOM2_MYOM2","FTjVRz","osteoporosis","MYOM2","MR Egger",27,0.298259705304203,0.228885476441797,0.204416899830616,-0.150355828521719,0.746875239130125,1.34751169837632,0.860401766460525,2.1103952223747]
["13540_1_GPR26_GPR26","FTjVRz","osteoporosis","GPR26","MR Egger",20,0.261563254791966,0.16632843619466,0.133230356155674,-0.0644404801495674,0.5875669897335,1.29895910436121,0.937591917932042,1.79960462812477]
["13540_1_GPR26_GPR26","FTjVRz","osteoporosis","GPR26","Weighted mode",20,0.172024214020549,0.116694871515594,0.156821392770315,-0.0566977341500152,0.400746162191114,1.18770659201755,0.94487963105139,1.49293825622241]
["13547_5_HTR7_5HT7R","FTjVRz","osteoporosis","HTR7","MR Egger",10,0.360766696622463,0.284914404304146,0.241055816206173,-0.197665535813663,0.919198929058589,1.43442876476155,0.820644283364239,2.50728107523062]
["13549_15_ADAM29_ADA29","FTjVRz","osteoporosis","ADAM29","Weighted mode",16,-0.0472159421385863,0.139701598052738,0.740064217215811,-0.321031074321952,0.22659919004478,0.953881392160764,0.725400709304724,1.25432702041698]
["13553_4_DCUN1D3_DCNL3","FTjVRz","osteoporosis","DCUN1D3","MR Egger",7,-1.10117386953909,1.17411372564152,0.391365112219031,-3.40243677179646,1.20008903271829,0.332480565725904,0.0332920459197482,3.3204125349306]
["13556_28_HTR2A_5HT2A","FTjVRz","osteoporosis","HTR2A","Weighted mode",10,-0.344603283309476,0.326934345556813,0.319336500727806,-0.985394600600829,0.296188033981877,0.708501372041283,0.373291896663558,1.34472298667871]
["13561_5_HTR6_5HT6R","FTjVRz","osteoporosis","HTR6","Weighted mode",14,-0.021088293060191,0.117493307389229,0.86032418413402,-0.25137517554308,0.209198589422698,0.9791325101472,0.777730531342259,1.23268977337506]
["13566_2_SSU72_SSU72","FTjVRz","osteoporosis","SSU72","Weighted mode",9,0.127824678265449,0.0724633592816015,0.115741183015074,-0.0142035059264898,0.269852862457388,1.13635375771972,0.985896887986571,1.30977171996237]
["13568_30_PSMD4_PSMD4","FTjVRz","osteoporosis","PSMD4","Weighted mode",13,0.392347022608277,0.239360165727586,0.127115957295607,-0.0767989022177916,0.861492947434345,1.48045137236782,0.92607606672552,2.36669140332654]
["13572_43_PSMD11_PSD11","FTjVRz","osteoporosis","PSMD11","Weighted mode",18,-0.249346510587861,0.255979189413473,0.343670177259067,-0.751065721838268,0.252372700662547,0.779309887466356,0.471863409543059,1.28707564184928]
["13573_5_ARPC3_p21_ARC","FTjVRz","osteoporosis","ARPC3","Weighted mode",6,0.263671650162776,0.245038281941394,0.331065905897898,-0.216603382442357,0.743946682767909,1.30170071290549,0.805249281981822,2.10422385203307]
["13577_25_U2AF2_U2AF2","FTjVRz","osteoporosis","U2AF2","MR Egger",7,-1.6451690550368,1.28048944085567,0.25516213780097,-4.15492835911392,0.864590249040314,0.192979935805811,0.0156869149138505,2.37403312430373]
["13580_2_UAP1_Sperm_associated_antigen_2","FTjVRz","osteoporosis","UAP1","Weighted mode",9,-0.180985185916507,0.211513583171595,0.417071735378657,-0.595551808932832,0.233581437099818,0.834447720182425,0.551258292675022,1.26311568818091]
["13583_19_APAF1_Apaf_1","FTjVRz","osteoporosis","APAF1","Weighted mode",6,0.092497838034763,0.244284100130732,0.720493952000761,-0.386298998221471,0.571294674290997,1.09691077007479,0.679567305884827,1.77055786393288]
["13589_10_APBB3_APBB3","FTjVRz","osteoporosis","APBB3","Simple mode",14,0.220148034295704,0.295853960052884,0.4700467953871,-0.359725727407949,0.800021795999358,1.24626120633262,0.697867705809304,2.22558943690976]
["13591_31_PRIM1_PRI1","FTjVRz","osteoporosis","PRIM1","Weighted mode",5,-0.21472688307704,0.249407900131392,0.437815466792091,-0.703566367334569,0.274112601180488,0.80676175037756,0.494817452462528,1.31536290531619]
["13595_20_THTPA_THTPA","FTjVRz","osteoporosis","THTPA","Simple mode",10,0.292174444231688,0.211168485437253,0.199828489648881,-0.121715787225329,0.706064675688705,1.33933663681252,0.885399974729593,2.02600257274248]
["13596_3_RAB27B_RB27B","FTjVRz","osteoporosis","RAB27B","Weighted mode",15,0.206392556943372,0.136847058352822,0.15373587298953,-0.0618276774281594,0.474612791314904,1.22923565428564,0.940044863783115,1.60739168095244]
["13597_20_RAB31_RAB31","FTjVRz","osteoporosis","RAB31","Weighted mode",13,-0.117735528064313,0.135485799448763,0.401900195419349,-0.383287694983888,0.147816638855261,0.888931118862732,0.681616773348493,1.15930030624194]
["13604_27_NEURL1_NEUL1","FTjVRz","osteoporosis","NEURL1","Simple mode",19,-0.286358339884376,0.142242315008311,0.0592983953188164,-0.565153277300665,-0.00756340246808596,0.750993456816058,0.568273036724606,0.992465128085695]
["13605_16_ANXA10_ANX10","FTjVRz","osteoporosis","ANXA10","Weighted mode",14,0.192017054902812,0.188485557025376,0.326913575670171,-0.177414636866924,0.561448746672548,1.21169118206403,0.837432482145128,1.75321061935747]
["13610_9_MAGEA10_MAGE_10","FTjVRz","osteoporosis","MAGEA10","Simple mode",12,-0.0289651486520182,0.153507558414168,0.853772913074609,-0.329839963143788,0.271909665839752,0.971450320229799,0.719038796933036,1.31246843522196]
["13613_23_AK5_Adenylate_kinase_isoenzyme_5","FTjVRz","osteoporosis","AK5","Weighted mode",21,0.0535880195475071,0.158343489821774,0.738566969673677,-0.256765220503171,0.363941259598185,1.05504985269137,0.773549806081783,1.43898968484313]
["13618_15_MAD1L1_MD1L1","FTjVRz","osteoporosis","MAD1L1","Simple mode",12,0.0339885025241885,0.208782779578697,0.873633069850329,-0.375225745450058,0.443202750498435,1.03457271168501,0.687134143874571,1.55768812437103]
["13622_16_PPP2R5A_2A5A","FTjVRz","osteoporosis","PPP2R5A","Weighted mode",16,0.168271556486183,0.183591262924417,0.373877019647516,-0.191567318845674,0.528110431818041,1.18325788837773,0.825664040485437,1.69572509126709]
["13624_17_NADK_NADK","FTjVRz","osteoporosis","NADK","Simple mode",21,-0.146559514186706,0.167995340259852,0.393342331978568,-0.475830381096015,0.182711352722604,0.863674329929867,0.621368869215965,1.20046784629075]
["13629_25_ATG4B_ATG4B","FTjVRz","osteoporosis","ATG4B","Simple mode",19,0.101460294613426,0.254208238139185,0.694498306036448,-0.396787852139377,0.59970844136623,1.10678597215461,0.672476674988662,1.82158762336089]
["13631_1_RBBP5_RB_binding_protein_5","FTjVRz","osteoporosis","RBBP5","Simple mode",14,0.218024972618717,0.202017757643295,0.300099607363533,-0.177929832362142,0.613979777599576,1.24361812363252,0.837001151822037,1.84777050074609]
["13634_209_PIR_PIR","FTjVRz","osteoporosis","PIR","Simple mode",15,0.0781404100546581,0.158430759724134,0.629507104808938,-0.232383879004645,0.388664699113961,1.08127446981934,0.792641786356152,1.47500989628341]
["13639_101_USO1_USO1","FTjVRz","osteoporosis","USO1","Simple mode",9,-0.529242602485605,0.287277252341824,0.102687085099156,-1.09230601707558,0.0338208121043705,0.589050946488894,0.335442065996098,1.03439923829797]
["13642_90_IFIT3_CIG49","FTjVRz","osteoporosis","IFIT3","Simple mode",14,0.145640767023621,0.179674643913002,0.432195897418229,-0.206521535045862,0.497803069093105,1.15678055967809,0.813408744473731,1.64510311985263]
["13650_11_KCNIP1_KCIP1","FTjVRz","osteoporosis","KCNIP1","Simple mode",13,0.0520774681485507,0.166218534575055,0.759426035759767,-0.273710859618556,0.377865795915658,1.05345734874277,0.760551949752912,1.45916710354984]
["13651_54_ZFP91_ZFP91","FTjVRz","osteoporosis","ZFP91","Inverse variance weighted",9,-0.0895572537939181,0.142275163347545,0.529044592245418,-0.368416573955106,0.18930206636727,0.914335914425664,0.691828923741503,1.20840591614378]
["13654_1_ROCK2_ROCK2","FTjVRz","osteoporosis","ROCK2","Simple mode",17,-0.216683531740716,0.240362980768232,0.380700829588778,-0.68779497404645,0.254427910565018,0.805184744403222,0.502683277579163,1.28972357254829]
["13657_2_PNKP_PNKP","FTjVRz","osteoporosis","PNKP","Inverse variance weighted",16,0.0518154508046374,0.0868114902764101,0.550592050616179,-0.118335070137126,0.221965971746401,1.05318136080472,0.888398326988673,1.24852889188367]
["13658_31_PDGFC_PDGF_CC","FTjVRz","osteoporosis","PDGFC","Weighted mode",14,0.217985234300304,0.121525792390569,0.0961365430131333,-0.0202053187852102,0.456175787385819,1.24356870532144,0.979997440765005,1.57802771775368]
["13665_35_PPP2R3A_PP2A__subunit_B","FTjVRz","osteoporosis","PPP2R3A","Inverse variance weighted",16,-0.089994449722599,0.112719727442931,0.424643450413424,-0.310925115510745,0.130936216065547,0.913936257856909,0.732768746828164,1.13989507200062]
["13669_6_FGFR3_FGFR_3","FTjVRz","osteoporosis","FGFR3","Weighted mode",14,-0.164282124004668,0.129717200908151,0.227569557120477,-0.418527837784645,0.0899635897753079,0.848502605156254,0.658014811662595,1.09413444529896]
["13673_21_CCT7_TCPH","FTjVRz","osteoporosis","CCT7","Inverse variance weighted",12,-0.0439955867225708,0.093863826797247,0.639271816502106,-0.227968687245175,0.139977513800033,0.956958180785667,0.796149189069512,1.15024793386137]
["13676_46_INHBB_Inhibin_bB_chain","FTjVRz","osteoporosis","INHBB","Inverse variance weighted",17,0.0283988456287763,0.0512807115172017,0.579721232803297,-0.0721113489449391,0.128909040202492,1.02880593735316,0.930427287946144,1.13758664480871]
["13682_47_CSF1R_M_CSF_R","FTjVRz","osteoporosis","CSF1R","Inverse variance weighted",41,0.0933889025144295,0.0461951634788936,0.043215991035941,2.84638209579798E-3,0.183931422933061,1.09788862390007,1.00285043688757,1.2019333952031]
["13686_2_IL5RA_IL_5_Ra","FTjVRz","osteoporosis","IL5RA","Inverse variance weighted",42,0.0716910794939264,0.0332674697081475,0.0311625815992764,6.48683886595722E-3,0.136895320121896,1.07432341226398,1.00650792397243,1.14670810497279]
["13686_2_IL5RA_IL_5_Ra","FTjVRz","osteoporosis","IL5RA","Simple mode",42,0.0712620281943539,0.0811448318239259,0.384948603815162,-0.0877818421805409,0.230305898569249,1.07386257127707,0.91596067891275,1.25898507276385]
["13691_10_SLC5A8_SC5A8","FTjVRz","osteoporosis","SLC5A8","Inverse variance weighted",30,-0.0325868775659182,0.0385415311727225,0.397831545017545,-0.108128278664454,0.042954523532618,0.967938354050182,0.897512457346289,1.04389042132246]
["13694_24_CRLF2_TSLP_R","FTjVRz","osteoporosis","CRLF2","Simple mode",9,0.330464312844171,0.320004300280158,0.331956400724375,-0.296744115704939,0.957672741393281,1.39161412279178,0.743234169983379,2.60562544749101]
["13700_10_ANXA2_annexin_II","FTjVRz","osteoporosis","ANXA2","Weighted median",9,0.0231019089374881,0.148681444596446,0.876522884584476,-0.268313722471547,0.314517540346523,1.02337082486674,0.764667849981131,1.36959837557481]
["13704_5_HMGCS2_HMCS2","FTjVRz","osteoporosis","HMGCS2","Simple mode",19,-0.125998656986127,0.19714903732554,0.530805184121803,-0.512410770144185,0.260413456171931,0.881616030805181,0.599049665581656,1.29746642128245]
["13713_164_SEC22A_SC22A","FTjVRz","osteoporosis","SEC22A","Weighted median",10,0.215926022410188,0.180336702659122,0.231170441127102,-0.137533914801691,0.569385959622067,1.24101056863396,0.871504792583731,1.76718159735561]
["13720_95_PRTN3_Proteinase_3","FTjVRz","osteoporosis","PRTN3","Simple mode",24,0.181413883398343,0.146587474177776,0.228357288370284,-0.105897565990098,0.468725332786784,1.19891128609833,0.899516784468101,1.59795603234231]
["13726_4_CD80_B7","FTjVRz","osteoporosis","CD80","Weighted median",10,0.0527752555814387,0.192643448567848,0.784120721250758,-0.324805903611543,0.430356414774421,1.0541926945695,0.72266760720289,1.53780552249342]
["13727_44_SPOP_SPOP","FTjVRz","osteoporosis","SPOP","Weighted median",14,0.176535647321031,0.153178303104806,0.249121962405035,-0.123693826764389,0.476765121406451,1.19307695599883,0.883650349556053,1.61085504424977]
["13733_5_IL12B_IL_12_p40","FTjVRz","osteoporosis","IL12B","Weighted median",27,-0.0284727165323545,0.0942791170015636,0.762648641084287,-0.213259785855419,0.15631435279071,0.971928811372673,0.807946216951408,1.16919368462506]
["13738_8_INHBA_Inhibin_bA_chain","FTjVRz","osteoporosis","INHBA","Weighted median",22,0.123870841055632,0.110981694853603,0.264363245405007,-0.0936532808574303,0.341394962968695,1.13186967046603,0.910598429420352,1.40690880802022]
["13740_51_FRZB_sFRP_3","FTjVRz","osteoporosis","FRZB","Inverse variance weighted",15,0.00680552933136168,0.0520468393674095,0.895966920410504,-0.0952062758287609,0.108817334491484,1.00682873956888,0.909185372157972,1.11495866724715]
["13744_37_IL3RA_IL_3_Ra","FTjVRz","osteoporosis","IL3RA","Weighted median",10,-0.0499362836623522,0.0478379859538163,0.296548970998172,-0.143698736131832,0.0438261688071278,0.951290035286834,0.866148648049481,1.04480072014651]
["13748_4_CCL8_MCP_2","FTjVRz","osteoporosis","CCL8","Inverse variance weighted",25,-0.0182020797490392,0.034711080527839,0.6000085879265,-0.0862357975836036,0.0498316380855252,0.981962577555889,0.917377890225045,1.0510941172603]
["13929_27_CROT_OCTC","FTjVRz","osteoporosis","CROT","MR Egger",21,0.0173998853415999,0.0482641066366076,0.722439691117322,-0.077197763666151,0.111997534349351,1.01755214516574,0.925706764339393,1.11851010278648]
["13931_22_PSMD9_PSMD9","FTjVRz","osteoporosis","PSMD9","Inverse variance weighted",9,-0.12600108774757,0.108966433098422,0.247546456376704,-0.339575296620477,0.0875731211253366,0.88161388780953,0.71207267822528,1.09152207484745]
["13932_45_ARHGEF7_COOL_1","FTjVRz","osteoporosis","ARHGEF7","MR Egger",17,0.315879535323583,0.142322479978127,0.0422929405828732,0.0369274745664538,0.594831596080712,1.3714650325831,1.03761776443097,1.81272564915046]
["13936_24_PGK2_PGK2","FTjVRz","osteoporosis","PGK2","Inverse variance weighted",12,0.00218138243261722,0.151466468624708,0.988509462088527,-0.29469289607181,0.299055660937044,1.00218376337821,0.744760271154114,1.34858468487114]
["13939_14_UGP2_UGPA1","FTjVRz","osteoporosis","UGP2","MR Egger",9,0.142829283882705,0.174283524891172,0.439495989305369,-0.198766424903993,0.484424992669402,1.15353285820505,0.819741342135909,1.62324136475979]
["13940_19_IFI16_IP16","FTjVRz","osteoporosis","IFI16","Simple mode",10,-0.259108512262632,0.302223584791563,0.413503297846042,-0.851466738454096,0.333249713928831,0.771739275325031,0.426788485560993,1.39549572968526]
["13942_140_SPSB1_SPSB1","FTjVRz","osteoporosis","SPSB1","MR Egger",13,0.146852853469117,0.247029548898204,0.564221610192569,-0.337325062371362,0.631030769309596,1.15818352780244,0.713676812715982,1.87954696043451]
["13946_8_DDX23_DDX23","FTjVRz","osteoporosis","DDX23","MR Egger",13,0.0107714935230826,0.232741880179704,0.963915932441958,-0.445402591629138,0.466945578675303,1.01082971491545,0.640566337468477,1.59511459280566]
["13947_371_NUDT12_NUD12","FTjVRz","osteoporosis","NUDT12","Weighted median",7,0.141106113621488,0.130951014611095,0.281235144740003,-0.115557875016258,0.397770102259235,1.15154683630682,0.890869011686523,1.48850178737035]
["13954_9_GNPNAT1_GNA1","FTjVRz","osteoporosis","GNPNAT1","MR Egger",10,-0.205245229349046,0.33703725409132,0.559436451570058,-0.865838247368033,0.455347788669941,0.814447565473706,0.420698755157958,1.57672165361409]
["13955_33_DAPK1_DAPK1","FTjVRz","osteoporosis","DAPK1","Inverse variance weighted",15,-0.00193277874527452,0.121142595513748,0.987270630189166,-0.239372265952221,0.235506708461672,0.998069087868787,0.787121809175679,1.26554987112154]
["13961_18_KIF3A_KIF3A","FTjVRz","osteoporosis","KIF3A","MR Egger",25,-0.122494763097484,0.228858014053395,0.597619209445095,-0.571056470642137,0.326066944447169,0.884710538074195,0.564928293165073,1.38550811784323]
["13961_18_KIF3A_KIF3A","FTjVRz","osteoporosis","KIF3A","Inverse variance weighted",25,-0.0834442716901707,0.0776489833697573,0.282538426697374,-0.235636279094895,0.0687477357145537,0.919942352075178,0.790067985921881,1.07116595814742]
["13967_14_TXNRD1_Thioredoxin_reductase_1","FTjVRz","osteoporosis","TXNRD1","Weighted mode",14,0.0701510393217808,0.184934562217129,0.710567422239135,-0.292320702623793,0.432622781267354,1.07267018439663,0.746529083743036,1.54129470579282]
["13969_24_KPNA6_IMA7","FTjVRz","osteoporosis","KPNA6","Inverse variance weighted",9,-0.286123723851942,0.221995172767285,0.197442023497392,-0.721234262475821,0.148986814771937,0.751169672591995,0.48615184652306,1.16065768557191]
["13973_62_TTL_TTL","FTjVRz","osteoporosis","TTL","Weighted mode",9,0.163111848316634,0.204176923323008,0.447428986759853,-0.237074921396461,0.563298618029729,1.17716834662349,0.78893217790285,1.75645683508035]
["13976_9_ARHGEF1_ARHG1","FTjVRz","osteoporosis","ARHGEF1","Inverse variance weighted",14,0.11537057312112,0.125080899900728,0.356336848672108,-0.129787990684306,0.360529136926547,1.12228925075304,0.878281615067674,1.43408804277289]
["13977_28_BARD1_BARD1","FTjVRz","osteoporosis","BARD1","Weighted mode",13,-0.119506363158258,0.186145186209861,0.532941999781356,-0.484350928129585,0.245338201813069,0.887358361399401,0.616096958218321,1.27805348012513]
["13979_3_SLC26A7_S26A7","FTjVRz","osteoporosis","SLC26A7","Simple mode",9,-0.118211880607499,0.292571147353673,0.696765455636437,-0.691651329420699,0.4552275682057,0.888507775101988,0.500748485241308,1.57653211079861]
["13984_23_DDX25_DDX25","FTjVRz","osteoporosis","DDX25","Weighted mode",14,-0.0164933301804913,0.187875685525567,0.931382658445814,-0.384729673810602,0.351743013449619,0.983641940082995,0.680634604696777,1.42154315930099]
["13985_12_SMURF2_SMUF2","FTjVRz","osteoporosis","SMURF2","Weighted mode",13,0.110378969555273,0.216713926144353,0.619756688724119,-0.314380325687658,0.535138264798205,1.11670118603169,0.730241245834918,1.7076843385624]
["13991_47_EIF4G3_IF4G3","FTjVRz","osteoporosis","EIF4G3","MR Egger",13,0.160388005258116,0.246580310561905,0.528753555768753,-0.322909403443219,0.64368541395945,1.17396628772654,0.724039446877504,1.90348309151118]
["13992_12_NSF_NSF","FTjVRz","osteoporosis","NSF","Weighted mode",9,0.155814232353152,0.269316771627111,0.578809706961615,-0.372046640035987,0.68367510474229,1.16860909316317,0.689322091767306,1.98114528597562]
["13994_1_FBL_FBRL","FTjVRz","osteoporosis","FBL","Weighted median",20,0.171322872131974,0.092792897592347,0.0648496816408112,-0.0105512071490263,0.353196951412974,1.18687389566977,0.989504261578367,1.42361149812065]
["13996_16_PPCDC_COAC","FTjVRz","osteoporosis","PPCDC","Weighted mode",16,-0.204478250063141,0.179941361558271,0.273635343821193,-0.557163318717352,0.148206818591071,0.815072469499468,0.572831702274657,1.1597527299867]
["14006_36_GNMT_GNMT","FTjVRz","osteoporosis","GNMT","Weighted median",14,0.0330136632463346,0.0792782963436183,0.677097204278372,-0.122371797587157,0.188399124079826,1.0335646609934,0.884819333645915,1.20731528780302]
["14007_22_PAPSS1_PAPS1","FTjVRz","osteoporosis","PAPSS1","Simple mode",12,-0.0925436766803256,0.178707450155683,0.614818103293239,-0.442810278985465,0.257722925624813,0.911609394022848,0.642229039875319,1.29398024018353]
["14011_17_S100A11_S100A11","FTjVRz","osteoporosis","S100A11","Weighted median",17,-0.0375806255271697,0.0776252195505169,0.628294269967717,-0.189726055846183,0.114564804791843,0.963116762793653,0.827185705596125,1.12138530985088]
["14011_17_S100A11_S100A11","FTjVRz","osteoporosis","S100A11","Simple mode",17,0.223983049521344,0.146825741845524,0.146656615707063,-0.0637954044958823,0.51176150353857,1.25104981335548,0.938196930769938,1.66822719640784]
["14021_81_MED4_MED4","FTjVRz","osteoporosis","MED4","Weighted median",20,0.121754511270448,0.0647986081421179,0.0602488624788802,-5.25076068810321E-3,0.248759783228999,1.12947679392054,0.994763000459765,1.28243393392737]
["14024_196_EDA_EDA","FTjVRz","osteoporosis","EDA","Simple mode",19,0.222262301446479,0.146865855405083,0.147546467758097,-0.0655947751474838,0.510119378040441,1.24889892289862,0.936510284653125,1.6654900060121]
["14026_24_IL17F_IL_17F","FTjVRz","osteoporosis","IL17F","Inverse variance weighted",13,0.148341659146096,0.112791852269183,0.188449203958428,-0.072730371301503,0.369413689593696,1.15990912223227,0.929851510881572,1.4468860415811]
["14028_22_PIK3C2A_P3C2A","FTjVRz","osteoporosis","PIK3C2A","Simple mode",13,0.0915996501580232,0.131959913640872,0.500807504977317,-0.167041780578085,0.350241080894131,1.0959259804485,0.846164257366811,1.41940969990812]
["14035_13_TIAM1_TIAM1","FTjVRz","osteoporosis","TIAM1","Simple mode",12,0.0885621700729453,0.237615271419896,0.716444254288777,-0.377163761910051,0.554288102055942,1.09260217765609,0.685803756166558,1.74070134187032]
["14036_116_MPDZ_MPDZ","FTjVRz","osteoporosis","MPDZ","Weighted median",8,0.167221510796266,0.258782234575769,0.518158770575036,-0.339991668972241,0.674434690564773,1.18201606563139,0.711776252565627,1.96292300336599]
["14039_33_KLK5_kallikrein_5","FTjVRz","osteoporosis","KLK5","Simple mode",10,0.313154329055714,0.332535743774582,0.370926518112083,-0.338615728742466,0.964924386853894,1.36773259562044,0.71275628822676,2.62458919552523]
["14045_12_NCOA2_NCOA2","FTjVRz","osteoporosis","NCOA2","Weighted median",17,0.156225757070009,0.119756935196449,0.192055093148906,-0.0784978359150318,0.390949350055049,1.16909010365642,0.924504060634729,1.47838363146723]
["14051_54_FOXC2_FOXC2","FTjVRz","osteoporosis","FOXC2","Simple mode",10,-0.183819357042782,0.283368061432262,0.532736589153053,-0.739220757450014,0.371582043364451,0.832086100745122,0.477485847879138,1.45002680629914]
["14052_26_UNC13A_UN13A","FTjVRz","osteoporosis","UNC13A","Weighted median",11,-0.0173606848544904,0.181214031458039,0.923677749074343,-0.372540186512246,0.337818816803265,0.982789143540719,0.688981963219433,1.40188648211953]
["14060_67_NCF4_NCF4","FTjVRz","osteoporosis","NCF4","Inverse variance weighted",12,0.198092063567225,0.108485467980492,0.0678535956018509,-0.0145394536745392,0.410723580808989,1.21907462101387,0.985565733775613,1.50790848410164]
["14061_48_TNFSF11_sRANKL","FTjVRz","osteoporosis","TNFSF11","Weighted median",17,-0.0116291216069014,0.126822809619552,0.926939718031091,-0.260201828461224,0.236943585247421,0.988438235274483,0.770895981351711,1.26736961741507]
["14065_11_CD5_CD5","FTjVRz","osteoporosis","CD5","Inverse variance weighted",6,-0.449139905846985,0.170586700304752,0.00846560802808649,-0.783489838444299,-0.11478997324967,0.638176807780935,0.456809036596531,0.891553374302398]
["14067_6_PKP2_PKP2","FTjVRz","osteoporosis","PKP2","Weighted median",11,0.203737879750212,0.166906462664019,0.222210609669241,-0.123398787071265,0.530874546571689,1.22597675800188,0.883911099947981,1.70041875393267]
["14069_61_CA4_Carbonic_Anhydrase_IV","FTjVRz","osteoporosis","CA4","Inverse variance weighted",14,-0.0218383305394405,0.11337465046371,0.847255852610779,-0.244052645448313,0.200375984369432,0.978398399407137,0.783446388290825,1.22186207284818]
["14074_2_SHC2_SHC2","FTjVRz","osteoporosis","SHC2","Inverse variance weighted",10,0.0443828256568309,0.169469314922296,0.793403943956835,-0.287777031590869,0.376542682904531,1.04538247752855,0.749928784027041,1.45723773723603]
["14082_56_TLN2_TLN2","FTjVRz","osteoporosis","TLN2","Inverse variance weighted",11,0.113982820281534,0.183480106542112,0.534450190357631,-0.245638188541005,0.473603829104073,1.12073287084357,0.782205184532425,1.60577070137944]
["14083_25_SEPHS1_SPS1","FTjVRz","osteoporosis","SEPHS1","Inverse variance weighted",7,0.0761713699517466,0.180721040840272,0.673400307535966,-0.278041870095187,0.430384609998681,1.07914749176576,0.757265114088135,1.53784888187626]
["14091_42_CBR3_Carbonyl_reductase_3","FTjVRz","osteoporosis","CBR3","MR Egger",12,-0.305711081920388,0.5524166534797,0.592141733134717,-1.3884477227406,0.777025558899825,0.736599405601447,0.249462238799786,2.1749932452417]
["14094_29_HBEGF_HB_EGF","FTjVRz","osteoporosis","HBEGF","Inverse variance weighted",26,-0.120037470110258,0.0826769087302088,0.146533225850941,-0.282084211221468,0.0420092710009507,0.886887204333218,0.754210168899196,1.04290414747129]
["14099_20_PSMA4_PSA4","FTjVRz","osteoporosis","PSMA4","MR Egger",7,-1.03527925357039,1.19215300352582,0.42488121466795,-3.371899140481,1.30134063334022,0.355127196539223,0.0343243885689727,3.67421914795037]
["14100_63_C1QC_C1QC","FTjVRz","osteoporosis","C1QC","Inverse variance weighted",26,-0.0356993316191006,0.036806227210162,0.332083177531774,-0.107839536951018,0.0364408737128169,0.964930373925138,0.897771644048259,1.03711298156489]
["14107_1_MTHFS_MTHFS","FTjVRz","osteoporosis","MTHFS","MR Egger",13,-0.126056978291882,0.115225181614138,0.297330313375,-0.351898334255592,0.0997843776718283,0.881564615306414,0.703351625108117,1.10493264423877]
["14111_15_THBS2_TSP2","FTjVRz","osteoporosis","THBS2","Weighted median",12,0.135393241231863,0.219023549725188,0.536464927916117,-0.293892916229505,0.564679398693231,1.14498695191273,0.745356302733224,1.75888379187641]
["14115_34_ADM_Adrenomedullin","FTjVRz","osteoporosis","ADM","MR Egger",12,-0.123833976259584,0.182412349988444,0.512625823979277,-0.481362182236934,0.233694229717766,0.883526515083505,0.617941069889536,1.26325816634125]
["14115_34_ADM_Adrenomedullin","FTjVRz","osteoporosis","ADM","Weighted median",12,-0.0618643900183333,0.124834002533111,0.620195542885617,-0.306539034983232,0.182810254946565,0.940010352934781,0.735989788269584,1.20058658110201]
["14120_2_RNF43_RNF43","FTjVRz","osteoporosis","RNF43","Weighted median",15,0.120539416341199,0.10028463539173,0.229374018952922,-0.0760184690265928,0.31709730170899,1.12810520586914,0.926799089324286,1.3731361739219]
["14124_6_EFNA2_Ephrin_A2","FTjVRz","osteoporosis","EFNA2","Weighted median",14,0.121763089234365,0.14227764660454,0.392101108000295,-0.157101098110533,0.400627276579263,1.12948648257327,0.854617654220018,1.49276077789438]
["14128_121_IFNA10_IFN10","FTjVRz","osteoporosis","IFNA10","Weighted median",8,0.259102600837447,0.188462155750491,0.169185512091628,-0.110283224433516,0.628488426108409,1.29576674476121,0.895580449107794,1.87477457608832]
["14129_1_IFNA7_IFNA7","FTjVRz","osteoporosis","IFNA7","Weighted median",10,-0.299222938108125,0.212375324553767,0.15885451412145,-0.715478574233508,0.117032698017258,0.74139410601011,0.488958053068096,1.12415618676799]
["14133_93_IL1R2_IL_1_sRII","FTjVRz","osteoporosis","IL1R2","Weighted median",31,0.0586842289767298,0.0987476388413216,0.552321587876511,-0.13486114315226,0.25222960110572,1.06044033153702,0.873837241548897,1.28689147507274]
["14134_49_AMIGO2_AMGO2","FTjVRz","osteoporosis","AMIGO2","MR Egger",32,0.0765468737351243,0.12407670786734,0.541933869716682,-0.166643473684862,0.319737221155111,1.07955279182283,0.846501357553527,1.37676593183583]
["14136_234_CD93_C1QR1","FTjVRz","osteoporosis","CD93","Weighted median",19,0.180953312845724,0.14188664170482,0.202189914973437,-0.097144504895722,0.459051130587171,1.1983592300049,0.907424869322428,1.58257161852998]
["14149_9_IL36B_IL_1F8","FTjVRz","osteoporosis","IL36B","MR Egger",13,0.19998350404071,0.422288729213813,0.645065706125567,-0.627702405218364,1.02766941329978,1.22138261011618,0.533816887987429,2.79454530919474]
["14153_8_EFNA3_Ephrin_A3","FTjVRz","osteoporosis","EFNA3","Weighted median",16,0.0835028325959873,0.121162347694676,0.490709140026787,-0.153975368885578,0.320981034077552,1.08708829457046,0.85729313683675,1.37847943651174]
["14156_33_YWHAB_14_3_3_protein_beta_alpha","FTjVRz","osteoporosis","YWHAB","MR Egger",13,0.243529173120111,0.142387953028705,0.115225467096137,-0.0355512148161507,0.522609561056372,1.27574353471716,0.96507330691232,1.68642273567775]
["14175_78_SCP2D1_SCP2D","FTjVRz","osteoporosis","SCP2D1","MR Egger",13,0.0177798179552717,0.0895335067033425,0.84621171870983,-0.15770585518328,0.193265491093823,1.01793881986231,0.85410097439777,1.21320484584777]
["14178_18_CDKN3_CDKN3","FTjVRz","osteoporosis","CDKN3","MR Egger",9,-1.16818790223938,1.44179291517937,0.444473943615069,-3.99410201599094,1.65772621151219,0.310929866388362,0.0184239834271186,5.24736586931483]
["14192_31_PDCL2_PDCL2","FTjVRz","osteoporosis","PDCL2","MR Egger",13,-0.139170906974612,0.67609525782173,0.840672015076649,-1.4643176123052,1.18597579835598,0.87007931312729,0.231235730068568,3.27387990994114]
["14197_2_PRDM1_PRDM1","FTjVRz","osteoporosis","PRDM1","Weighted median",12,0.171042832796989,0.0980321489423349,0.0810261913208134,-0.0211001791299875,0.363185844723965,1.18654157082751,0.979120872179009,1.43790306110889]
["14204_55_FOXJ2_FOXJ2","FTjVRz","osteoporosis","FOXJ2","MR Egger",8,-0.0237376434935996,0.057783660080147,0.695485905993347,-0.136993617250688,0.0895183302634885,0.976541878268238,0.871975791717232,1.09364737997326]
["14208_3_RBP7_RET7","FTjVRz","osteoporosis","RBP7","MR Egger",19,0.206834480109075,0.162096673505153,0.219116359395019,-0.110874999961024,0.524543960179174,1.22977900204752,0.895050623299533,1.68968810758637]
["14208_3_RBP7_RET7","FTjVRz","osteoporosis","RBP7","Weighted mode",19,0.073360181998346,0.109366339144109,0.510880091508006,-0.140997842724107,0.287718206720799,1.07611806547539,0.868491185270744,1.33338151322916]
["14227_21_MYL6B_MYL6B","FTjVRz","osteoporosis","MYL6B","MR Egger",20,-0.426475704558149,0.291890005317429,0.161229692579552,-0.99858011498031,0.145628705864012,0.652805725586436,0.368402158690581,1.15676660764726]
["14245_195_SNX7_SNX7","FTjVRz","osteoporosis","SNX7","Weighted mode",16,0.233198469058124,0.0871659351109119,0.0172924037468866,0.062353236240737,0.404043701875512,1.26263204785468,1.06433824117319,1.49786940523008]
["14250_115_BLMH_BLMH","FTjVRz","osteoporosis","BLMH","MR Egger",10,0.106868785127376,0.42814589817652,0.80917994950359,-0.732297175298602,0.946034745553355,1.11278823053335,0.480803231209245,2.57547696362016]
["14254_27_PTPN4_PTN4","FTjVRz","osteoporosis","PTPN4","Weighted mode",4,-0.0359398359190508,0.0910025116466539,0.719297012985243,-0.214304758746493,0.142425086908391,0.964698331925724,0.807102376029479,1.15306669793063]
["14268_4_SRXN1_SRXN1","FTjVRz","osteoporosis","SRXN1","MR Egger",14,-0.0731928814457998,0.0861356829082308,0.412102736871966,-0.242018819945932,0.0956330570543325,0.929421544564656,0.785041402976043,1.10035522231853]
["14273_19_PREP_PPCE","FTjVRz","osteoporosis","PREP","Weighted mode",9,-0.131188204609061,0.139247039995904,0.373704012497263,-0.404112403001032,0.14173599378291,0.877052693497733,0.667569080283572,1.15227240129947]
["14283_12_RAB14_RAB14","FTjVRz","osteoporosis","RAB14","Weighted mode",10,-0.0305203641078471,0.112542565803129,0.792362734497992,-0.251103793081979,0.190063064866285,0.969940679889483,0.777941622409838,1.20932586122618]
["14286_2_NFATC1_NF_ATc1","FTjVRz","osteoporosis","NFATC1","MR Egger",21,0.228326404794622,0.135152543681054,0.107486319173583,-0.0365725808202437,0.493225390409487,1.25649538462402,0.964088117050544,1.63758957678212]
["14287_6_RAB5C_RAB5C","FTjVRz","osteoporosis","RAB5C","Weighted mode",12,0.267881952204284,0.211025111753003,0.230487016028341,-0.145727266831602,0.68149117124017,1.30719281967559,0.864393419795436,1.97682331757662]
["14314_6_PPIL2_PPIL2","FTjVRz","osteoporosis","PPIL2","MR Egger",14,0.197027649707154,0.131853698417637,0.160923470821735,-0.0614055991914149,0.455460898605722,1.21777771143751,0.940441720007977,1.57690000658564]
["14318_1_VPS29_VPS29","FTjVRz","osteoporosis","VPS29","Weighted mode",6,0.0225339747072022,0.0301846679354397,0.488936347424296,-0.0366279744462597,0.0816959238606641,1.02278978255755,0.964034714193044,1.08512579879426]
["14324_52_SMC3_CSPG6","FTjVRz","osteoporosis","SMC3","Weighted mode",8,-0.0874528663083378,0.196990843469587,0.670482240073182,-0.473554919508727,0.298649186892052,0.916262057446414,0.622784380068928,1.34803663159153]
["14331_262_DYNLT1_DYLT1","FTjVRz","osteoporosis","DYNLT1","Simple mode",12,0.0530956860131635,0.203178609395925,0.798669943718371,-0.34513438840285,0.451325760429177,1.05453054411549,0.708125183260661,1.57039277060025]
["14334_3_RCVRN_RECO","FTjVRz","osteoporosis","RCVRN","Weighted mode",9,0.179368864848255,0.137825362693972,0.229339997765219,-0.0907688460319309,0.449506575728441,1.19646199555425,0.91322878296019,1.5675385330776]
["14337_1_TRAPPC3_TPPC3","FTjVRz","osteoporosis","TRAPPC3","Weighted mode",22,0.164425397058675,0.117555856541107,0.176498585375989,-0.065984081761894,0.394834875879245,1.17871563061837,0.936145765964219,1.484139103522]
["14587_16_GDF11_GDF_11","FTjVRz","osteoporosis","GDF11","Weighted mode",6,0.420436916435943,0.28093091884852,0.194756012068494,-0.130187684507155,0.971061517379042,1.52262667092648,0.87793064147707,2.6407461700119]
["14597_5_SEMA6C_SEM6C","FTjVRz","osteoporosis","SEMA6C","Weighted mode",10,-0.702534968096631,0.300957279549435,0.0444306293297363,-1.29241123601352,-0.112658700179739,0.495328070085964,0.274607839841612,0.893455544301278]
["14603_51_KIAA0040_KIAA0040","FTjVRz","osteoporosis","KIAA0040","Simple mode",14,-0.116136449115063,0.240943333121523,0.637814360421963,-0.588385382033248,0.356112483803122,0.890353727030486,0.555223034480116,1.42776814002206]
["14616_16_ZNF382_ZN382","FTjVRz","osteoporosis","ZNF382","Weighted mode",8,-0.111576189865123,0.219482502412702,0.626825821740812,-0.541761894594018,0.318609514863772,0.894423242820952,0.581722415352183,1.37521421933521]
["14623_26_SUMO3_SUMO3","FTjVRz","osteoporosis","SUMO3","Simple mode",14,0.414706524931109,0.240793067604596,0.108713566779262,-0.0572478875739001,0.886660937436117,1.51392637584279,0.944359945253776,2.42701216097911]
["14624_51_CTCF_CTCF","FTjVRz","osteoporosis","CTCF","Weighted mode",14,0.057346284677563,0.178726443500402,0.753415657658649,-0.292957544583225,0.407650113938351,1.05902247016212,0.746053814050476,1.5032810920425]
["14631_22_DUSP16_DUS16","FTjVRz","osteoporosis","DUSP16","Simple mode",9,0.219666804324945,0.211941697290063,0.330302782728862,-0.195738922363578,0.635072531013469,1.2456616123716,0.822226871706771,1.88715901405079]
["14634_13_LHCGR_LSHR","FTjVRz","osteoporosis","LHCGR","MR Egger",20,-0.100663031992526,0.236887328620422,0.675916438479998,-0.564962196088553,0.363636132103501,0.90423768072425,0.568381633400335,1.43855067650588]
["14645_253_GSTA4_GSTA4","FTjVRz","osteoporosis","GSTA4","Simple mode",18,0.0363023871020582,0.121117124779672,0.768017240719795,-0.201087177466099,0.273691951670215,1.0369693652478,0.817841131128526,1.31480971491203]
["14663_44_RNF8_RNF8","FTjVRz","osteoporosis","RNF8","Simple mode",18,0.120009700561164,0.151329710353674,0.438686240661015,-0.176596531732038,0.416615932854366,1.1275077889846,0.83811787028044,1.51681984038302]
["14670_1_SKIL_SKIL","FTjVRz","osteoporosis","SKIL","Simple mode",12,0.268629635433375,0.232934199623994,0.273254560707877,-0.187921395829653,0.725180666696403,1.30817055129527,0.828679842364193,2.06510416181219]
["14675_20_EIF4B_IF4B","FTjVRz","osteoporosis","EIF4B","Simple mode",11,0.133602009988227,0.300325176417657,0.665896508984582,-0.45503533579038,0.722239355766834,1.14293785126534,0.634425549623913,2.05903897254674]
["14687_6_PLIN3_M6PBP","FTjVRz","osteoporosis","PLIN3","Simple mode",10,3.55619388706074E-3,0.230516323964765,0.988028036085586,-0.448255801083878,0.455368188858,1.00356252464679,0.638741272422571,1.57675381936044]
["14689_3_SEC13_SEC13","FTjVRz","osteoporosis","SEC13","Simple mode",17,0.0419940270942389,0.170424277627703,0.808499279308109,-0.292037557056058,0.376025611244536,1.04288824965893,0.746740490072253,1.45648443567245]
["14708_59_C8G_CO8G","FTjVRz","osteoporosis","C8G","Simple mode",14,-0.044886462088809,0.0878286363968305,0.617871633665545,-0.217030589426597,0.127257665248979,0.956106029952338,0.804905347335378,1.13570961298426]
["14713_46_AZU1_Azurocidin","FTjVRz","osteoporosis","AZU1","Inverse variance weighted",14,0.176225821647144,0.0983241047070235,0.0730856905854438,-0.0164894235786216,0.368941066872911,1.19270736738392,0.983645782787943,1.4462023719351]
["14713_46_AZU1_Azurocidin","FTjVRz","osteoporosis","AZU1","Weighted mode",14,0.11371643159976,0.11052645975298,0.322308071918925,-0.10291542951608,0.3303482927156,1.1204343600532,0.902203270022393,1.391452676908]
["15295_81_IGF2_IGF_II","FTjVRz","osteoporosis","IGF2","Inverse variance weighted",18,-0.116146938059458,0.076704523129096,0.129971984316349,-0.266487803392486,0.0341939272735705,0.890344388208729,0.766065347067584,1.03478526035566]
["15297_3_S100A3_S100A3","FTjVRz","osteoporosis","S100A3","Weighted mode",19,0.0799043225617191,0.189993154155464,0.679051591778189,-0.29248225958299,0.452290904706428,1.08318342650154,0.746408486516237,1.57190915784436]
["15300_66_CCDC134_CC134","FTjVRz","osteoporosis","CCDC134","Inverse variance weighted",13,0.067767307115718,0.13575923998664,0.617657721324804,-0.198320803258096,0.333855417489532,1.07011627106365,0.820106718025658,1.39634124245687]
["15304_1_REG3A_PAP1","FTjVRz","osteoporosis","REG3A","Weighted mode",44,0.139032243551128,0.0796673385037134,0.0881004285121288,-0.0171157399161498,0.295180227018407,1.14916115244262,0.983029902251996,1.34336844816012]
["15308_108_VWC2_VWC2","FTjVRz","osteoporosis","VWC2","Inverse variance weighted",16,0.0512573406564881,0.0556465911672569,0.356986347889274,-0.0578099780313355,0.160324659344312,1.05259373359502,0.94382927869544,1.17389192411461]
["15310_61_PRC1_PRC1","FTjVRz","osteoporosis","PRC1","Inverse variance weighted",10,0.0373894913501699,0.141365125417285,0.791403299572216,-0.23968615446771,0.314465137168049,1.03809727201496,0.786874779451413,1.36952660614718]
["15314_49_CLIC4_CLIC4","FTjVRz","osteoporosis","CLIC4","Inverse variance weighted",10,0.153043979703841,0.120602005344945,0.204440960782735,-0.0833359507722514,0.389423910179933,1.1653762307172,0.920042006472418,1.4761301653256]
["15316_262_TXNL4B_TXN4B","FTjVRz","osteoporosis","TXNL4B","Inverse variance weighted",13,0.0332173390122597,0.123895054336592,0.78861566756682,-0.20961696748746,0.27605164551198,1.03377519450692,0.810894785560129,1.3179159267125]
["15318_75_S100A10_Calpactin_I_light_chain","FTjVRz","osteoporosis","S100A10","Simple mode",17,0.167995606812522,0.192984327598058,0.396892537632896,-0.21025367527967,0.546244888904715,1.18293141379692,0.810378646863702,1.72675666512587]
["15321_8_CPLX2_CPLX2","FTjVRz","osteoporosis","CPLX2","Inverse variance weighted",10,-0.086985862771968,0.151922642660829,0.566938038049608,-0.384754242387192,0.210782516843256,0.916690054997889,0.68061788267878,1.23464381162701]
["15323_112_AGO3_AGO3","FTjVRz","osteoporosis","AGO3","Simple mode",8,0.260187090597643,0.201317612371364,0.237236035170512,-0.134395429650231,0.654769610845517,1.29717275279035,0.874244294128447,1.92469903650808]
["15325_14_GAP43_NEUM","FTjVRz","osteoporosis","GAP43","Weighted median",10,0.0159129894789754,0.150390748503042,0.915732340762468,-0.278852877586987,0.310678856544937,1.01604027536611,0.756651215379206,1.36435099843019]
["15331_47_RBBP4_RBBP4","FTjVRz","osteoporosis","RBBP4","Simple mode",14,-0.287644976913228,0.285617630963166,0.332265917229371,-0.847455533601033,0.272165579774578,0.750027822169951,0.428503859663973,1.31280435716527]
["15343_337_KNG1_Kininogen__HMW__Two_Chain","FTjVRz","osteoporosis","KNG1","Weighted median",17,-0.0838922563019391,0.0600702143913109,0.162542932032772,-0.201629876508908,0.0338453639050302,0.919530324355664,0.817397409943914,1.03442463497364]
["15346_31_IFNG_IFN_g","FTjVRz","osteoporosis","IFNG","Simple mode",13,-0.0945217217562746,0.210857868130439,0.661943185112462,-0.507803143291934,0.318759699779385,0.909807971784369,0.60181623166414,1.3754207712768]
["15358_28_SCG5_7B2","FTjVRz","osteoporosis","SCG5","Weighted median",20,0.135482384208146,0.077250827624275,0.0794650433059498,-0.0159292379354327,0.286894006351725,1.14508902400686,0.984196961400203,1.33228299245664]
["15361_37_ANKRD1_ANKR1","FTjVRz","osteoporosis","ANKRD1","Weighted mode",12,-0.0609985352367808,0.241224411791025,0.805031570120667,-0.533798382347189,0.411801311873628,0.940824617860296,0.586373463691494,1.50953447995333]
["15364_101_APOC1_Apo_C_I","FTjVRz","osteoporosis","APOC1","Weighted median",18,0.000614927484631689,0.115779750813025,0.995762308729781,-0.226313384108898,0.227543239078161,1.0006151165913,0.797468148656928,1.25551172575012]
["15370_5_BOLA1_BOLA1","FTjVRz","osteoporosis","BOLA1","Weighted median",13,0.0441780000921321,0.149908037557686,0.768222546287975,-0.249641753520933,0.337997753705197,1.0451683783995,0.77907983569166,1.40213735378793]
["15374_15_GKN1_CA11_protein","FTjVRz","osteoporosis","GKN1","Inverse variance weighted",15,0.0765955206654523,0.100897824795288,0.447769133794691,-0.121164215933313,0.274355257264217,1.0796053100297,0.885888470645383,1.31568212485619]
["15375_49_CPB1_Carboxypeptidase_B1","FTjVRz","osteoporosis","CPB1","Weighted median",39,-0.0216530780056485,0.0759127835378851,0.775463146837354,-0.170442133739903,0.127135977728606,0.978579666979305,0.843291886364391,1.13557141970596]
["15383_200_EDN3_Endothelin_3","FTjVRz","osteoporosis","EDN3","Inverse variance weighted",13,-0.00869659661880483,0.0961126275168087,0.927903090522131,-0.19707734655175,0.17968415331414,0.991341109393741,0.821127119505161,1.19683928569581]
["15385_116_FABP2_FABP2","FTjVRz","osteoporosis","FABP2","Weighted median",30,-0.0154748602145541,0.0504584241278036,0.759082870460486,-0.114373371505049,0.083423651075941,0.984644260186025,0.89192487437197,1.08700222067464]
["15385_116_FABP2_FABP2","FTjVRz","osteoporosis","FABP2","Simple mode",30,-0.123999500452821,0.126158370566627,0.333792302566634,-0.37126990676341,0.123270905857767,0.883380282172768,0.689857719164385,1.13119082566312]
["15389_1_FXN_FRDA","FTjVRz","osteoporosis","FXN","MR Egger",7,0.985614371678403,0.742920255257168,0.24197618741902,-0.470509328625647,2.44173807198245,2.67945756167991,0.624684017790293,11.4929990529289]
["15389_1_FXN_FRDA","FTjVRz","osteoporosis","FXN","Simple mode",7,-0.0225005198960877,0.372494056998569,0.953794798257094,-0.752588871613283,0.707587831821108,0.977750728864425,0.471145237977251,2.02909084234674]
["15394_79_UNC5B_UNC5B","FTjVRz","osteoporosis","UNC5B","MR Egger",21,-0.0366197330690928,0.0918463082146175,0.694554686104145,-0.216638497169743,0.143399031031558,0.964042659199464,0.805221006369256,1.15419026752288]
["15395_15_GSTM1_GST_M1_1","FTjVRz","osteoporosis","GSTM1","Simple mode",7,-0.00410966740626506,0.0720698958145319,0.956378162834952,-0.145366663202748,0.137147328390218,0.995898765720426,0.864705179406817,1.14699712131231]
["15402_2_ID1_ID_1","FTjVRz","osteoporosis","ID1","MR Egger",8,0.331114842636701,0.384667431810152,0.422416984216122,-0.422833323711197,1.0850630089846,1.39251970376013,0.655187828287118,2.95962629591226]
["15405_23_IFNA4_IFNA4","FTjVRz","osteoporosis","IFNA4","Simple mode",7,0.234574574906235,0.272165453853082,0.421857008570987,-0.298869714645806,0.768018864458277,1.26437075925083,0.741656030059314,2.15549169973131]
["15413_3_LCAT_LCAT","FTjVRz","osteoporosis","LCAT","MR Egger",15,0.40805472693804,0.226012947498011,0.0942045253001429,-0.0349306501580627,0.851040104034142,1.50388946218347,0.965672383162603,2.34208159402819]
["15414_316_LDHA_LDHA","FTjVRz","osteoporosis","LDHA","MR Egger",10,0.206871298927194,0.285488726140384,0.489332035989288,-0.35268660430796,0.766429202162347,1.22982428189049,0.702797412549039,2.1520679178965]
["15417_3_SERPINB5_Maspin","FTjVRz","osteoporosis","SERPINB5","Inverse variance weighted",9,-0.134506656572215,0.128150448151783,0.293902250212302,-0.385681534949711,0.11666822180528,0.874147060034174,0.679987043309786,1.12374653323838]
["15422_12_PMP2_MYP2","FTjVRz","osteoporosis","PMP2","MR Egger",8,-1.58595173463094,0.973483704752521,0.154403956462526,-3.49397979594588,0.322076326684,0.204752829995846,0.0303797261519231,1.37999010200604]
["15426_5_NEU1_NEUR1","FTjVRz","osteoporosis","NEU1","Inverse variance weighted",27,0.0143567347998964,0.0554365761268275,0.795653868654136,-0.0942989544086855,0.123012424008478,1.01446028768393,0.910010669869478,1.1308984711524]
["15430_165_OPTC_OPT","FTjVRz","osteoporosis","OPTC","MR Egger",13,0.243204624799193,0.225818810041975,0.304537420638397,-0.199400242883078,0.685809492481463,1.27532956147584,0.819221939955672,1.98537833405948]
["15432_1_OTOR_Otoraplin","FTjVRz","osteoporosis","OTOR","Inverse variance weighted",16,-0.0579249750959182,0.0425167345640767,0.173070378618714,-0.141257774841509,0.0254078246496722,0.943720747339436,0.868265465855146,1.02573335458154]
["15433_4_SRC_p60_Src","FTjVRz","osteoporosis","SRC","Weighted mode",6,0.307988720596196,0.350132407051797,0.419318927777982,-0.378270797225326,0.994248238417718,1.3606856411278,0.68504496726968,2.70269179751889]
["15436_40_RAMP1_RAMP1","FTjVRz","osteoporosis","RAMP1","Inverse variance weighted",10,0.0817323225284409,0.197511334234566,0.67901267649892,-0.305389892571308,0.46885453762819,1.08516529664654,0.736836031483888,1.59816250933667]
["15439_21_RND3_RND3","FTjVRz","osteoporosis","RND3","Weighted mode",10,-0.0305488453184133,0.155338747422775,0.848463158502311,-0.335012790267051,0.273915099630225,0.969913055198136,0.715328937045915,1.31510314475563]
["15441_6_GM2A_SAP3","FTjVRz","osteoporosis","GM2A","Inverse variance weighted",18,-0.0116437632881619,0.0645112185661658,0.85676628047135,-0.138085751677847,0.114798225101523,0.988423762982846,0.871023996774066,1.12164709450891]
["15444_45_SERPINB4_SCCA2","FTjVRz","osteoporosis","SERPINB4","Weighted mode",14,0.14224259428087,0.145226589015761,0.345232883218214,-0.142401520190022,0.426886708751762,1.15285629095866,0.867272958963066,1.53247903542621]
["15446_25_NRG1_SMDF","FTjVRz","osteoporosis","NRG1","Weighted mode",17,0.109362259285696,0.0806447713339587,0.193898525631574,-0.0487014925288627,0.267426011100256,1.11556640143913,0.952465405306681,1.30659695258868]
["15449_33_TIMD4_TIM_4","FTjVRz","osteoporosis","TIMD4","Weighted median",52,-0.0252954243945363,0.0493115682219979,0.607971323868459,-0.121946098109652,0.0713552493205797,0.975021824244261,0.885196080958812,1.07396268262155]
["15453_3_AMBP_a1_Microglobulin","FTjVRz","osteoporosis","AMBP","Weighted mode",15,0.00853588116463744,0.0806318190454975,0.917193382785236,-0.149502484164538,0.166574246493812,1.0085724156757,0.861136298812788,1.18125123637722]
["15460_9_DPP4_CD26","FTjVRz","osteoporosis","DPP4","Weighted median",17,0.0505082936311094,0.113424748879938,0.656101356423694,-0.171804214173568,0.272820801435787,1.05180558660636,0.842144036895221,1.31366481688215]
["15460_9_DPP4_CD26","FTjVRz","osteoporosis","DPP4","Weighted mode",17,0.102293018068994,0.11892981881324,0.402431549609133,-0.130809426804956,0.335395462942944,1.10770800263884,0.877384964515531,1.39849332816828]
["15465_79_CNPY4_CNPY4","FTjVRz","osteoporosis","CNPY4","Inverse variance weighted",9,-0.0211319912624246,0.140042135766383,0.88005666792304,-0.295614577364535,0.253350594839685,0.979089724751587,0.744074155783049,1.28833488122606]
["15468_14_CFHR1_FHR1","FTjVRz","osteoporosis","CFHR1","Weighted mode",20,-0.0365822880695703,0.0484457542830745,0.459436729412891,-0.131535966464396,0.0583713903252557,0.964078758452242,0.876747741054302,1.06010863669993]
["15470_11_HEXB_Hexosaminidase_B","FTjVRz","osteoporosis","HEXB","Inverse variance weighted",45,0.0622968283880138,0.0440892001425659,0.157663803130417,-0.0241180038914154,0.148711660667443,1.06427820583168,0.976170511042107,1.16033836977835]
["15474_7_PIN1_PIN1","FTjVRz","osteoporosis","PIN1","Simple mode",9,0.457948124219552,0.352031059471847,0.229518369104502,-0.232032752345268,1.14792900078437,1.58082699430022,0.792920152886772,3.15165906278224]
["15475_4_PLTP_PLTP","FTjVRz","osteoporosis","PLTP","Inverse variance weighted",15,-0.0261777119593783,0.0955242379687457,0.78405187277678,-0.21340521837812,0.161049794459363,0.974161953995474,0.807828723838737,1.17474346307315]
["15480_2_VNN2_VNN2","FTjVRz","osteoporosis","VNN2","Simple mode",25,-0.188528217341155,0.101131700362745,0.0745733980214211,-0.386746350052134,0.00968991536982516,0.828177134152203,0.67926336819509,1.00973701460604]
["15483_377_AGRN_Agrin","FTjVRz","osteoporosis","AGRN","Inverse variance weighted",32,0.0747307169791037,0.0507605120840855,0.140961074750781,-0.0247598867057038,0.174221320663911,1.07759393406129,0.975544125021971,1.19031897885658]
["15483_377_AGRN_Agrin","FTjVRz","osteoporosis","AGRN","Simple mode",32,0.090204569520109,0.106767396063353,0.404657022080217,-0.119059526764063,0.299468665804281,1.09439814130978,0.887754954009374,1.34914177194179]
["15491_20_CD248_CD248","FTjVRz","osteoporosis","CD248","Simple mode",32,0.084710336809187,0.151740996157774,0.580679527468236,-0.21270201566005,0.382122689278425,1.08840175110883,0.808396990973155,1.46539186197454]
["15495_9_FOLR3_FOLR3","FTjVRz","osteoporosis","FOLR3","MR Egger",17,-0.0374599606300018,0.0893803344814124,0.681077661635152,-0.21264541621357,0.137725494953567,0.963232984190576,0.808442747090253,1.1476604684402]
["15495_9_FOLR3_FOLR3","FTjVRz","osteoporosis","FOLR3","Simple mode",17,0.00855642442357218,0.113191684438946,0.940680542562433,-0.213299277076762,0.230412125923906,1.00859313525281,0.807914310798532,1.25911881852129]
["15503_15_LEFTY2_Lefty_A","FTjVRz","osteoporosis","LEFTY2","Weighted median",21,0.0150788760224836,0.0810017962504918,0.852323341181921,-0.14368464462848,0.173842396673448,1.01519313585444,0.866160853472055,1.18986802388341]
["15504_39_BIRC7_Livin_B","FTjVRz","osteoporosis","BIRC7","Simple mode",14,-0.23986139889815,0.246011845942498,0.347355119686285,-0.722044616945446,0.242321819149146,0.786736896110857,0.485758050779934,1.27420419014847]
["15509_2_NAGLU_NAG","FTjVRz","osteoporosis","NAGLU","Weighted median",18,0.0212580920267511,0.0559844489381033,0.704157554546376,-0.0884714278919313,0.130987611945433,1.02148565492209,0.915329263249008,1.13995365941638]
["15511_37_NPTXR_NPTXR","FTjVRz","osteoporosis","NPTXR","Simple mode",18,-0.229430726594905,0.262198713186927,0.393754771085347,-0.743340204441282,0.284478751251472,0.794986038120257,0.475522916112286,1.32906907194544]
["15515_2_SAA1_SAA","FTjVRz","osteoporosis","SAA1","Weighted median",17,-0.00766220427013608,0.0595500675519893,0.89762014220743,-0.124380336672035,0.109055928131763,0.992367075586529,0.883043923018917,1.11522472103244]
["15516_12_SAA4_SAA_4","FTjVRz","osteoporosis","SAA4","Inverse variance weighted",11,-0.0164423060653649,0.0616983456051707,0.789857941584532,-0.137371063451499,0.10448645132077,0.983692130823047,0.871646729872927,1.11014035282878]
["15523_9_ALAD_HEM2","FTjVRz","osteoporosis","ALAD","Weighted median",4,-0.0915097077305791,0.0729407666721089,0.209632857624598,-0.234473610407913,0.0514541949467543,0.912552457295617,0.790987107443067,1.05280096158357]
["15525_294_ADH1C_ADH1G","FTjVRz","osteoporosis","ADH1C","Inverse variance weighted",16,-0.134680078489121,0.117064812240206,0.249948501062958,-0.364127110479925,0.0947669535016835,0.873995476919662,0.694802872403118,1.09940261333986]
["15526_33_GSS_GSHB","FTjVRz","osteoporosis","GSS","Inverse variance weighted",13,0.0454344858475287,0.100810881490631,0.652212778500893,-0.152154841874107,0.243023813569165,1.04648244295777,0.85885528368292,1.27509898841487]
["15529_33_CSRP1_Cysteine_rich_protein_1","FTjVRz","osteoporosis","CSRP1","Inverse variance weighted",12,-0.113505551959174,0.150416733228506,0.450484694058582,-0.408322349087046,0.181311245168697,0.89269924016769,0.66476455803282,1.19878823828124]
["15530_33_EPHB4_EphB4","FTjVRz","osteoporosis","EPHB4","Inverse variance weighted",27,0.0835069474983571,0.04096289248811,0.0414899777465303,0.00321967822166144,0.163794216775053,1.08709276784186,1.00322486695277,1.17797188329634]
["15535_3_PRSS27_Marapsin","FTjVRz","osteoporosis","PRSS27","MR Egger",22,-0.0245302202873019,0.0518190910124115,0.641066778492778,-0.126095638671628,0.0770351980970246,0.975768200477477,0.881530534342411,1.08008009248744]
["15540_6_VIM_Vimentin","FTjVRz","osteoporosis","VIM","Inverse variance weighted",19,0.101119799376844,0.101479291506309,0.319027915328398,-0.0977796119755216,0.30001921072921,1.10640918095462,0.906848740334701,1.34988473959711]
["15544_25_KLK14_kallikrein_14","FTjVRz","osteoporosis","KLK14","Weighted median",19,0.0683711715799537,0.102432420529155,0.504468201767607,-0.132396372657189,0.269138715817097,1.0707626714018,0.875993706302984,1.30883668480486]
["15548_35_PHGDH_SERA","FTjVRz","osteoporosis","PHGDH","Inverse variance weighted",7,0.0246292418464199,0.0565449861474019,0.663149482315829,-0.0861989310024878,0.135457414695328,1.02493504704553,0.917411711434881,1.14506043204877]
["15556_49_AMY2B_Alpha_amylase_2B","FTjVRz","osteoporosis","AMY2B","Weighted median",21,-0.117778339222346,0.08867864231235,0.184129301693189,-0.291588478154552,0.05603179970986,0.888893063506725,0.747075910780789,1.05763131557084]
["15559_5_ANTXR2_ANTR2","FTjVRz","osteoporosis","ANTXR2","Weighted median",24,0.169011710003542,0.0863401870565694,0.0502876318684585,-0.000215056627334093,0.338238476634418,1.18413400505618,0.999784966495685,1.40247492102736]
["15562_24_GUSB_BGLR","FTjVRz","osteoporosis","GUSB","Weighted median",40,-0.0243444921161052,0.0547824970771644,0.65676462386308,-0.131718186387347,0.0830292021551371,0.975949444951444,0.876587994703406,1.08657353837398]
["15567_2_CD247_CD3_zeta","FTjVRz","osteoporosis","CD247","Weighted median",10,0.233184820989933,0.206778733817947,0.25944573286209,-0.172101497293243,0.638471139273109,1.26261481548399,0.841893718898218,1.89358363947172]
["15569_15_COL2A1_Collagen_II","FTjVRz","osteoporosis","COL2A1","Weighted median",17,0.157176968639334,0.162354579459817,0.332989815366419,-0.161038007101908,0.475391944380576,1.17020268475472,0.851259716577506,1.6086445731424]
["15573_110_NCAN_CSPG3","FTjVRz","osteoporosis","NCAN","Weighted median",41,-0.0259785098347017,0.0712903266992263,0.715556038697225,-0.165707550165185,0.113750530495782,0.97435602845587,0.847293988946822,1.12047256627933]
["15574_37_CCNA2_Cyclin_A","FTjVRz","osteoporosis","CCNA2","Inverse variance weighted",15,0.0325040702241383,0.0930220121360884,0.726771448539143,-0.149819073562595,0.214827214010872,1.03303809783202,0.860863715341097,1.23964768470878]
["15579_26_ENPP6_ENPP6","FTjVRz","osteoporosis","ENPP6","Weighted median",16,0.201339923262987,0.134348185887496,0.133966358272524,-0.0619825210765056,0.464662367602479,1.22304044106899,0.939899315075735,1.59147676405074]
["15582_25_FCN1_FCN1","FTjVRz","osteoporosis","FCN1","Weighted median",17,0.076674113517019,0.0477809391105313,0.108559655200008,-0.0169765271396224,0.17032475417366,1.07969016262394,0.983166762100196,1.18568984652891]
["15584_9_CFHR2_FHR2","FTjVRz","osteoporosis","CFHR2","Weighted mode",35,0.0515873724379077,0.118783805568812,0.666817036575134,-0.181228886476964,0.28440363135278,1.0529411803111,0.834244389582241,1.32896923616127]
["15585_304_FBLN5_fibulin_5","FTjVRz","osteoporosis","FBLN5","Weighted median",15,0.134747252384833,0.135940176317441,0.321575901292919,-0.131695493197352,0.401189997967018,1.1442475419628,0.876607887507032,1.4936010227006]
["15589_1_GC_Gc_Globulin__Mixed_Type","FTjVRz","osteoporosis","GC","MR Egger",19,0.128941182867577,0.196485943869926,0.520456493428754,-0.256171267117478,0.514053632852633,1.1376232104629,0.774009395081817,1.67205537453083]
["15594_47_HTRA1_HTRA1","FTjVRz","osteoporosis","HTRA1","Weighted median",23,-0.0180886437182526,0.121241227001438,0.881399382219074,-0.25572144864107,0.219544161204565,0.982073973811123,0.774357637125619,1.24550884991235]
["15602_43_IL6R_IL_6_sRa","FTjVRz","osteoporosis","IL6R","MR Egger",11,-0.00338408321384027,0.0413625456880784,0.936584326040654,-0.0844546727624739,0.0776865063347934,0.996621636342122,0.919013310767389,1.08078378668516]
["15604_18_MAPK9_JNK2","FTjVRz","osteoporosis","MAPK9","MR Egger",17,-0.14116933065861,0.131919294649894,0.301483833575993,-0.399731148172402,0.117392486855181,0.868342262280861,0.670500287033067,1.12456071838469]
["15607_56_PKLR_KPYR","FTjVRz","osteoporosis","PKLR","MR Egger",13,-0.0760727256155037,0.535626212075071,0.889627525994285,-1.12590010128264,0.973754650051635,0.926748805731214,0.324360378730462,2.64786763502312]
["15608_5_RPS6KB1_KS6B1","FTjVRz","osteoporosis","RPS6KB1","MR Egger",13,0.365961300237896,0.292488277681334,0.236817684956624,-0.207315724017519,0.93923832449331,1.44189944040943,0.812763000674663,2.55803228558292]
["15613_16_PNLIP_LIPP","FTjVRz","osteoporosis","PNLIP","MR Egger",38,-0.0446179865001404,0.0543080680081371,0.416728545440096,-0.151061799796089,0.0618258267958083,0.956362755542294,0.859794561888698,1.06377704713472]
["15615_8_LILRB3_LIRB3","FTjVRz","osteoporosis","LILRB3","MR Egger",4,0.714342161489599,0.643463137675903,0.382527696350928,-0.54684558835517,1.97552991133437,2.04284237975198,0.578772621016921,7.21043953526736]
["15617_8_XCL2_lymphotactin_beta","FTjVRz","osteoporosis","XCL2","Weighted median",13,0.126839205230019,0.159698564395405,0.427054933662907,-0.186169980984975,0.439848391445014,1.13523446334057,0.830132476252549,1.55247183265733]
["15620_4_NLGN1_NLGN1","FTjVRz","osteoporosis","NLGN1","MR Egger",16,-0.29179406946865,0.155803235809318,0.0821230941214694,-0.597168411654913,0.0135802727176136,0.746922334250103,0.550367846960921,1.01367290346312]
["15622_13_OPCML_OBCAM","FTjVRz","osteoporosis","OPCML","MR Egger",14,0.173701215169185,0.0872393398688101,0.0697362368889643,0.00271210902631749,0.344690321312053,1.18970004838372,1.00271579012109,1.4115527241805]
["15626_223_HSPG2_Perlecan","FTjVRz","osteoporosis","HSPG2","Weighted mode",19,-0.197478941584387,0.148913988565388,0.201380030518226,-0.489350359172546,0.0943924760037732,0.820797425139045,0.613024510604393,1.09899098887688]
["15633_6_RBP4_RBP","FTjVRz","osteoporosis","RBP4","MR Egger",25,-0.0021775131291987,0.429508219192932,0.995998633654172,-0.844013622747346,0.839658596488949,0.997824855932649,0.429981272853098,2.31557629594062]
["15634_139_SLIT1_SLIT1","FTjVRz","osteoporosis","SLIT1","MR Egger",12,0.426772917605902,0.61911233147453,0.506294938074162,-0.786687252084177,1.64023308729598,1.53230466280198,0.455350761748427,5.15637125680687]
["15636_49_SORCS1_SORC1","FTjVRz","osteoporosis","SORCS1","MR Egger",18,0.569440198820182,0.383880297919328,0.157404077270451,-0.182965185101701,1.32184558274206,1.76727745046785,0.832797148980435,3.7503365504503]
["15640_54_TAGLN_TAGL","FTjVRz","osteoporosis","TAGLN","MR Egger",11,0.181613039022964,0.125641171444162,0.182224985134427,-0.0646436570075933,0.427869735053522,1.19915007980215,0.937401440303025,1.53398624331606]
["15641_20_TMEFF1_TEFF1","FTjVRz","osteoporosis","TMEFF1","Weighted mode",12,-0.00336195596702549,0.14436047965288,0.98183714662263,-0.28630849608667,0.279584584152619,0.996643689079033,0.751030890114899,1.32258027739591]
["15666_21_BMP2_BMP_2","FTjVRz","osteoporosis","BMP2","MR Egger",11,0.451154263359962,0.310480980405579,0.180160704148389,-0.157388458234973,1.0596969849549,1.57012347593486,0.854372106466559,2.88549650792965]
["15668_19_BMP8B_BMP_8","FTjVRz","osteoporosis","BMP8B","Weighted mode",16,0.139630881081045,0.0797860424993213,0.100528373773102,-0.0167497622176247,0.296011524379715,1.14984928938815,0.983389735114588,1.34448565110594]
["15670_15_C1QL2_C1QL2","FTjVRz","osteoporosis","C1QL2","MR Egger",23,0.236988773870021,0.141691101034028,0.109245315693324,-0.0407257841566742,0.514703331896716,1.26742688939642,0.960092366392269,1.67314206028044]
["15674_3_CD79A_CD79A","FTjVRz","osteoporosis","CD79A","Weighted mode",16,-0.0647209233488457,0.181992478919319,0.727073657334478,-0.421426182030711,0.29198433533302,0.93732901352156,0.656110419344782,1.33908204120077]
["15678_71_DKK2_DKK2","FTjVRz","osteoporosis","DKK2","Weighted median",24,-0.0401931844325047,0.0927640902804167,0.664808551754455,-0.222010801382122,0.141624432517112,0.960603847517049,0.800906713388483,1.15214385950211]
["15686_49_INHBC_INHBC","FTjVRz","osteoporosis","INHBC","Weighted mode",13,0.118709820389427,0.231550610511486,0.617485397875785,-0.335129376213086,0.57254901699194,1.12604311612206,0.715245544606351,1.77278014372495]
["15693_9_PGR_PgR","FTjVRz","osteoporosis","PGR","Weighted mode",14,-0.142261712126533,0.266091600127585,0.60192738122949,-0.6638012483766,0.379277824123534,0.867394219192356,0.514890383587467,1.46122894400592]
["16015_19_GPT_ALT","FTjVRz","osteoporosis","GPT","Weighted mode",29,0.141289393745165,0.0859893779812047,0.111546078307025,-0.0272497870979959,0.309828574588327,1.15175791129573,0.97311813880774,1.36319140845282]
["16021_30_CDH8_Cadherin_8","FTjVRz","osteoporosis","CDH8","Weighted mode",20,0.101521184126265,0.0733047826948318,0.182124959703793,-0.0421561899556054,0.245198558208135,1.10685336586504,0.958720026439376,1.27787502059052]
["16049_43_OLR1_OLR1","FTjVRz","osteoporosis","OLR1","Weighted mode",14,-0.254624386960182,0.215629881847323,0.258820456190937,-0.677258955380935,0.168010181460571,0.775207621373937,0.508007557075751,1.18294865473158]
["16057_6_IGF2R_IGF_II_receptor","FTjVRz","osteoporosis","IGF2R","Weighted mode",18,0.0517592395848245,0.0412156475567813,0.226169202047046,-0.0290234296264668,0.132541908796116,1.05312216185958,0.971393704808325,1.14172686348491]
["16070_7_WIF1_WIF_1","FTjVRz","osteoporosis","WIF1","Weighted mode",17,0.196426391046843,0.124969023641775,0.135560288432939,-0.0485128952910367,0.441365677384722,1.21704573211868,0.952645054591394,1.55482916426161]
["16079_2_TEC_TEC","FTjVRz","osteoporosis","TEC","Simple mode",16,0.417175260181782,0.189912923711593,0.0441757026753359,0.0449459297070589,0.789404590656504,1.51766847648107,1.04597130240496,2.20208489392437]
["16288_17_EPHA4_EPHA4","FTjVRz","osteoporosis","EPHA4","Weighted mode",19,-0.0364737203631789,0.0307995642842954,0.251725106708131,-0.0968408663603979,0.0238934256340402,0.964183431953806,0.907700440315535,1.02418116061622]
["16292_288_GIP_GIP","FTjVRz","osteoporosis","GIP","Simple mode",15,0.0865794011883563,0.216235927453215,0.694910011874551,-0.337243016619946,0.510401818996658,1.09043794634928,0.713735369268475,1.66596047503871]
["16296_43_LGR5_LGR5","FTjVRz","osteoporosis","LGR5","MR Egger",10,0.864113578218672,0.393773016552531,0.0595070534355005,0.0923184657757103,1.63590869066163,2.37290176164896,1.09671403235715,5.13412120599464]
["16299_13_TIGIT_TIGIT","FTjVRz","osteoporosis","TIGIT","Simple mode",13,0.0256219526764619,0.158730564644879,0.874450111360506,-0.285489954027501,0.336733859380425,1.0259530163578,0.751645892154373,1.4003663197796]
["16300_4_TREM2_TREM2","FTjVRz","osteoporosis","TREM2","Simple mode",23,0.0346534932756117,0.0809236199860178,0.672650758107449,-0.123956801896983,0.193263788448207,1.03526092177126,0.883418002040359,1.21320278019162]
["16304_6_LGR4_LGR4","FTjVRz","osteoporosis","LGR4","Simple mode",11,0.0387449315445854,0.357148982154738,0.915757709498981,-0.661267073478702,0.738756936567873,1.03950530481972,0.516196860594154,2.09333175235623]
["16305_10_CDH11_Cadherin_11","FTjVRz","osteoporosis","CDH11","Simple mode",30,0.00881949405313787,0.166392690366388,0.958092090883837,-0.317310179064983,0.334949167171259,1.0088585003785,0.72810487720619,1.39786932576437]
["16308_14_BTLA_BTLA","FTjVRz","osteoporosis","BTLA","Weighted mode",11,0.114394655367322,0.262939749713647,0.672758047613574,-0.400967254071425,0.629756564806069,1.12119452301733,0.669671989710039,1.87715355839859]
["16315_105_FLT1_VEGF_sR1","FTjVRz","osteoporosis","FLT1","Simple mode",9,0.100768668135813,0.221585340279133,0.66136661742495,-0.333538598811287,0.535075935082914,1.10602075432418,0.716384246525958,1.70757790240087]
["16317_20_DSG3_Desmoglein_3","FTjVRz","osteoporosis","DSG3","Weighted mode",28,-0.0718685603268261,0.101148253194813,0.483470159785601,-0.27011913658866,0.126382015935008,0.930653212526488,0.763288553325353,1.13471556492305]
["16320_139_CD320_CD320","FTjVRz","osteoporosis","CD320","Simple mode",12,0.45398866364765,0.268021542516482,0.118384820830721,-0.0713335596846543,0.979310886979954,1.57458014737849,0.931151245805012,2.66262076294063]
["16324_38_TLR1_TLR1","FTjVRz","osteoporosis","TLR1","Weighted mode",11,0.0962233906647283,0.138096589255528,0.501814049902014,-0.174445924276106,0.366892705605563,1.10100499076084,0.839922272406084,1.44324305891748]
["16551_14_STAT5B_STA5B","FTjVRz","osteoporosis","STAT5B","Inverse variance weighted",15,0.0823695875638116,0.0734159137228039,0.261880206337236,-0.061525603332884,0.226264778460507,1.08585705494096,0.940328869878143,1.25390762905946]
["16561_9_A1BG_Alpha_1B_glycoprotein","FTjVRz","osteoporosis","A1BG","Weighted mode",21,-0.0387047771911948,0.035814765473493,0.292693410073758,-0.108901717519241,0.0314921631368514,0.962034681807632,0.896818554719341,1.03199328797379]
["16587_1_CSN2_Beta_casein","FTjVRz","osteoporosis","CSN2","Inverse variance weighted",13,0.157996572464802,0.0927570898937951,0.0885050418692574,-0.0238073237270366,0.33980046865664,1.17116218050119,0.976473834972864,1.40466728744906]
["16588_10_HSPA5_BiP","FTjVRz","osteoporosis","HSPA5","MR Egger",16,0.138546211315664,0.502651151493353,0.786858124857944,-0.846650045611308,1.12374246824264,1.14860275878844,0.428849153422802,3.07634581289645]
["16593_3_FADD_FADD","FTjVRz","osteoporosis","FADD","Inverse variance weighted",17,-0.0582417955137239,0.0706172699700908,0.409511913428232,-0.196651644655102,0.0801680536276541,0.94342180469604,0.821476749291075,1.08346913329444]
["16597_11_GLRX5_GLRX5","FTjVRz","osteoporosis","GLRX5","Inverse variance weighted",10,0.0255675740239631,0.106910547619151,0.810989877148051,-0.183977099309573,0.2351122473575,1.02589722793211,0.831954855949123,1.26505075936855]
["16597_11_GLRX5_GLRX5","FTjVRz","osteoporosis","GLRX5","Simple mode",10,-0.153291321563696,0.248485753982684,0.552583536227155,-0.640323399369757,0.333740756242366,0.857879766529432,0.52712192557647,1.39618114540718]
["16606_85_AKR1B1_Aldose_reductase","FTjVRz","osteoporosis","AKR1B1","Inverse variance weighted",14,-0.0842830361280285,0.162292026467136,0.603530988568027,-0.402375408003615,0.233809335747558,0.919171060656503,0.668729652098371,1.2634035833424]
["16609_106_KIRREL2_KIRR2","FTjVRz","osteoporosis","KIRREL2","Simple mode",17,-0.198395010486431,0.141634808408253,0.180384325360425,-0.475999234966606,0.0792092139937441,0.820045862437165,0.621263957534954,1.08243075804454]
["16610_13_LRP10_LRP10","FTjVRz","osteoporosis","LRP10","Inverse variance weighted",18,-0.0124864407707604,0.09206372990134,0.89211518702864,-0.192931351377387,0.167958469835866,0.987591191378455,0.824538575633787,1.18288748411633]
["16614_27_RSPO1_RSPO1","FTjVRz","osteoporosis","RSPO1","Simple mode",23,-0.0446153249000121,0.196052467522956,0.822083462419381,-0.428878161245005,0.339647511444981,0.956365301000914,0.651239270529434,1.40445244988836]
["16617_14_CASP14_Caspase_14","FTjVRz","osteoporosis","CASP14","Inverse variance weighted",7,0.195729761445791,0.175769874157852,0.265469312324901,-0.148779191903598,0.54023871479518,1.21619819727906,0.861759377340109,1.7164165473085]
["16620_26_LY75_LY75","FTjVRz","osteoporosis","LY75","Simple mode",41,0.00837994723664703,0.139678617015637,0.952458772362754,-0.265390142114002,0.282150036587296,1.00841515727853,0.766906689005607,1.32597765022448]
["16748_1_BMP3_BMP_3","FTjVRz","osteoporosis","BMP3","Weighted median",14,0.245429006760075,0.116273982021337,0.0347910699249218,0.0175320019982549,0.473326011521895,1.27816953897294,1.01768658963411,1.60532465200869]
["16748_1_BMP3_BMP_3","FTjVRz","osteoporosis","BMP3","Weighted mode",14,0.221366853948937,0.124966899555269,0.0999189035922257,-0.0235682691793911,0.466301977077265,1.24778110003396,0.976707293387307,1.59408830480041]
["16753_46_COL6A2_CO6A2","FTjVRz","osteoporosis","COL6A2","Weighted median",10,0.146744561988927,0.104235837307279,0.159186463651546,-0.0575576791333402,0.351046803111194,1.15805811318468,0.944067435824478,1.42055381069429]
["16755_195_GDF3_GDF_3","FTjVRz","osteoporosis","GDF3","Weighted mode",13,0.240436751732706,0.137114645262406,0.104988946165385,-0.02830795298161,0.509181456447021,1.27180449185487,0.972088963007919,1.66392863930608]
["16760_2_IL26_IL_26","FTjVRz","osteoporosis","IL26","Weighted median",20,0.0331420191336214,0.0179632904357773,0.0650395770783016,-2.06603012050212E-3,0.0683500683877449,1.033697333617,0.997936102650685,1.07074007512976]
["16763_11_LECT2_LECT2","FTjVRz","osteoporosis","LECT2","Weighted median",16,-0.0318385530586748,0.0818633728836228,0.697333066939513,-0.192290763910575,0.128613657793226,0.968662957127325,0.825066933923022,1.13725067134759]
["16768_3_JUP_PLAK","FTjVRz","osteoporosis","JUP","Inverse variance weighted",11,0.192878085014436,0.117668964624673,0.101180251648734,-0.0377530856499234,0.423509255678795,1.21273493394419,0.962950677880439,1.52731189020589]
["16769_20_RAC3_RAC3","FTjVRz","osteoporosis","RAC3","Weighted median",10,0.299713268097365,0.173162418535658,0.0834835739440932,-0.0396850722325239,0.639111608427254,1.34947181547596,0.96109206607572,1.89479680984122]
["16773_29_SCUBE3_SCUB3","FTjVRz","osteoporosis","SCUBE3","Simple mode",15,-0.0121258416060861,0.151585649155015,0.937374789072252,-0.309233713949915,0.284982030737743,0.987947380153934,0.734009201788275,1.32973813349354]
["16792_4_SIGLEC5_Siglec_5","FTjVRz","osteoporosis","SIGLEC5","Weighted median",8,0.0730836662343002,0.0486925412208226,0.133375950335883,-0.0223537145585121,0.168521047027113,1.07582054300303,0.977894278426904,1.18355313685768]
["16802_31_OCIAD1_OCAD1","FTjVRz","osteoporosis","OCIAD1","Simple mode",14,-0.0286532042539354,0.122753700833195,0.819070345562045,-0.269250457886998,0.211944049379127,0.971753405985705,0.763951893908055,1.23607872377167]
["16805_5_PDE5A_PDE5A","FTjVRz","osteoporosis","PDE5A","Weighted median",17,0.24978004919021,0.090846075682946,0.00596887405562823,0.0717217408516358,0.427838357528784,1.28374302531479,1.07435635298342,1.5339381113799]
["16809_1_NME4_NDKM","FTjVRz","osteoporosis","NME4","Simple mode",11,-0.256856458706353,0.241179085706394,0.311913563757176,-0.729567466690885,0.215854549278178,0.773479232006979,0.482117476865865,1.24092187289148]
["16814_13_FHL1_SLIM_1","FTjVRz","osteoporosis","FHL1","MR Egger",14,0.093661213762443,0.157921868865626,0.564134595471402,-0.215865649214183,0.403188076739069,1.09818763203121,0.805843560316587,1.4965883386504]
["16823_75_APOL3_APOL3","FTjVRz","osteoporosis","APOL3","Simple mode",10,0.195604592804995,0.310682478766737,0.544607915688197,-0.413333065577811,0.8045422511878,1.21604597693057,0.661441942593214,2.2356728879506]
["16831_7_DOK1_DOK1","FTjVRz","osteoporosis","DOK1","MR Egger",9,0.66664094610351,0.603239785815301,0.305646229395079,-0.515709034094479,1.8489909263015,1.94768394488251,0.597077096480233,6.35340523278421]
["16831_7_DOK1_DOK1","FTjVRz","osteoporosis","DOK1","Weighted mode",9,0.239493222408331,0.254578428149387,0.374369804125196,-0.259480496764466,0.738466941581129,1.27060507295437,0.771452253662268,2.0927247846555]
["16845_15_MPZL1_MPZL1","FTjVRz","osteoporosis","MPZL1","MR Egger",11,0.25034001099782,0.593825109891305,0.68322789988105,-0.913557204389138,1.41423722638478,1.28446207368078,0.401094906791133,4.11334771593963]
["16851_50_SCO2_SCO2","FTjVRz","osteoporosis","SCO2","MR Egger",14,-0.171720864367951,0.181430075766292,0.362571203473914,-0.527323812869883,0.18388208413398,0.842214232362346,0.590182296392259,1.20187409471573]
["16851_50_SCO2_SCO2","FTjVRz","osteoporosis","SCO2","Inverse variance weighted",14,-0.00469075388194629,0.0955714026209072,0.960854629305515,-0.192010703018924,0.182629195255032,0.995320230522287,0.825298035263922,1.20036922294397]
["16856_79_MAPRE2_MARE2","FTjVRz","osteoporosis","MAPRE2","MR Egger",14,0.130924498916602,0.166023205360326,0.445650955400651,-0.194480983589636,0.45632998142284,1.13988171575852,0.823261833592533,1.57827105897841]
["16858_384_RCN3_RCN3","FTjVRz","osteoporosis","RCN3","Inverse variance weighted",22,0.160664107776067,0.0692008655092717,0.0202487380869008,0.0250304113778949,0.29629780417424,1.17429046752594,1.02534630224416,1.34487060528155]
["16859_100_SH3GLB1_SHLB1","FTjVRz","osteoporosis","SH3GLB1","MR Egger",9,-0.209072155578287,0.270875003312626,0.465462887328844,-0.739987162071034,0.321842850914461,0.811336691063149,0.477120040714908,1.37966794536437]
["16872_248_GSTZ1_MAAI","FTjVRz","osteoporosis","GSTZ1","Inverse variance weighted",8,0.00996946206046824,0.051197129799583,0.845606695491717,-0.0903769123467144,0.110315836467651,1.01001932270421,0.913586778233162,1.11663068746328]
["16872_248_GSTZ1_MAAI","FTjVRz","osteoporosis","GSTZ1","Weighted mode",8,0.00921630247246097,0.054780279482717,0.871151329490293,-0.0981530453136643,0.116585650258586,1.00925890336174,0.90651015600568,1.12365374757982]
["16877_19_MSRB2_MSRB2","FTjVRz","osteoporosis","MSRB2","Simple mode",14,0.0895228643130641,0.181225345270152,0.629557132942437,-0.265678812416435,0.444724541042563,1.09365233863594,0.766685337770055,1.56006040402795]
["16885_49_MAPRE3_MARE3","FTjVRz","osteoporosis","MAPRE3","Weighted mode",12,-0.0570182527975305,0.107632579458342,0.606812558856702,-0.267978108535881,0.15394160294082,0.944576828039578,0.764924526237395,1.16642276913005]
["16887_29_PTRH2_PTH2","FTjVRz","osteoporosis","PTRH2","Simple mode",9,0.148398378743135,0.194053673586881,0.466389929314589,-0.231946821487152,0.528743578973422,1.1599749136761,0.792988292123518,1.69679907474384]
["16892_23_ENPP2_ENPP2","FTjVRz","osteoporosis","ENPP2","Weighted mode",13,-0.0451015307490166,0.108974483569285,0.686268723210251,-0.258691518544815,0.168488457046781,0.955900423619991,0.772061152860425,1.18351456551275]
["16902_17_LAMP1_LAMP1","FTjVRz","osteoporosis","LAMP1","Simple mode",10,-0.250418217097015,0.293411959532792,0.41553548582956,-0.825505657781286,0.324669223587257,0.778475143367548,0.438013451547642,1.3835729169957]
["16908_5_OMG_OMGP","FTjVRz","osteoporosis","OMG","Weighted mode",16,0.551428597454797,0.219364302282453,0.0238489309320675,0.12147456498119,0.981382629928404,1.73573090824976,1.12916064533765,2.66814274682115]
["16913_8_RNASET2_RNT2","FTjVRz","osteoporosis","RNASET2","Weighted mode",20,0.0174289282300961,0.0423007925896207,0.684933360863524,-0.0654806252455605,0.100338481705753,1.01758169824838,0.936617193311959,1.10554506152993]
["16916_19_SLITRK6_SLIK6","FTjVRz","osteoporosis","SLITRK6","Weighted median",21,0.0991174802360977,0.114551193086875,0.38689171738028,-0.125402858214177,0.323637818686373,1.10419601314766,0.882141453061091,1.38214662877515]
["16916_19_SLITRK6_SLIK6","FTjVRz","osteoporosis","SLITRK6","Weighted mode",21,0.107160546511387,0.16471008531772,0.52270873687345,-0.215671220711344,0.429992313734118,1.11311294653509,0.806000254505957,1.53724570782364]
["16922_53_PLXNB3_PLXB3","FTjVRz","osteoporosis","PLXNB3","Inverse variance weighted",9,0.10038697390673,0.13880180967674,0.469532655550775,-0.171664573059681,0.372438520873141,1.10559867314311,0.842261643037721,1.45126925363388]
["16926_44_ALPL_Alkaline_phosphatase__liver","FTjVRz","osteoporosis","ALPL","Weighted mode",12,0.0199762219909247,0.0611136446104966,0.749901592444745,-0.0998065214456486,0.139758965427498,1.02017708195844,0.905012501608436,1.14999657651529]
["17137_160_HBB_Beta_globin","FTjVRz","osteoporosis","HBB","Inverse variance weighted",21,0.102544814046792,0.0663541573477336,0.122245535613165,-0.0275093343547656,0.23259896244835,1.10798695417645,0.972865601438408,1.26187531845109]
["17140_57_PDGFD_PDGFD","FTjVRz","osteoporosis","PDGFD","Simple mode",36,-0.0346755444104221,0.110146571262157,0.754773027447628,-0.25056282408425,0.181211735263405,0.965918763163027,0.778362578561453,1.19866895291232]
["17150_8_HSPE1_HSP_10","FTjVRz","osteoporosis","HSPE1","Inverse variance weighted",6,-0.348264084253182,0.234515455166336,0.137534072490577,-0.807914376379201,0.111386207872838,0.705912431239661,0.445786840914309,1.11782653690865]
["17151_84_IRF3_IRF_3","FTjVRz","osteoporosis","IRF3","Simple mode",15,0.0845076794739232,0.239521513284741,0.729479831834125,-0.384954486564169,0.553969845512015,1.08818120085907,0.680481606555733,1.7401474404233]
["17154_2_PTGES3_TEBP","FTjVRz","osteoporosis","PTGES3","Inverse variance weighted",21,0.00475026231777822,0.0626002615736972,0.939512605502231,-0.117946250366668,0.127446775002225,1.0047615627,0.888743820985343,1.13592440705811]
["17156_72_DCLK1_DCAK1","FTjVRz","osteoporosis","DCLK1","Simple mode",23,0.0847791625606087,0.093692359365288,0.375338749183305,-0.0988578617953557,0.268416186916573,1.08847666375513,0.905871457815852,1.30789135402955]
["17158_17_UBE2G1_UB2G1","FTjVRz","osteoporosis","UBE2G1","Simple mode",12,-0.26186387776543,0.281838851875989,0.372763766157958,-0.814268027442367,0.290540271911508,0.769615778397209,0.442963445810342,1.33714971734156]
["17163_117_ANXA3_Annexin_III","FTjVRz","osteoporosis","ANXA3","Weighted median",10,-0.00445867961902888,0.175213196856844,0.979698288820134,-0.347876545458443,0.338959186220385,0.995551245536435,0.706186052708498,1.40348606247293]
["17166_4_FGF8_FGF_8F","FTjVRz","osteoporosis","FGF8","Simple mode",12,0.0993678359568955,0.282076858259496,0.731290607240448,-0.453502806231716,0.652238478145507,1.10447248954372,0.635398570933001,1.91983352806049]
["17170_15_CALCB_CALCB","FTjVRz","osteoporosis","CALCB","Weighted median",12,-0.0760215548463527,0.0661729589867884,0.250625622833354,-0.205720554460458,0.0536774447677525,0.926796229393756,0.814060530085015,1.0551442049755]
["17175_5_MAP2K6_MP2K6","FTjVRz","osteoporosis","MAP2K6","Simple mode",11,0.223760145010839,0.232686199981297,0.358906622530311,-0.232304806952503,0.679825096974182,1.250770979787,0.79270446464683,1.97353252523224]
["17196_5_CLPP_ClpP_endopeptidase","FTjVRz","osteoporosis","CLPP","Weighted median",12,0.200960639286873,0.174088459577815,0.248352877649685,-0.140252741485644,0.54217402005939,1.22257664938749,0.86913854027104,1.71974155370148]
["17196_5_CLPP_ClpP_endopeptidase","FTjVRz","osteoporosis","CLPP","Simple mode",12,0.033321353908901,0.278294164073253,0.906852473861931,-0.512135207674676,0.578777915492478,1.03388272811938,0.599214763933272,1.78385707402663]
["17200_50_KIR2DL1_KI2L1","FTjVRz","osteoporosis","KIR2DL1","Inverse variance weighted",16,0.0746876112598198,0.0716789791577952,0.297423871653464,-0.0658031878894587,0.215178410409098,1.07754748460079,0.93631512431447,1.24008312096807]
["17204_17_PNMT_PNMT","FTjVRz","osteoporosis","PNMT","Inverse variance weighted",9,0.187500711642495,0.199775731809832,0.347958752698567,-0.204059722704777,0.579061145989766,1.20623110782599,0.815413671023109,1.78436238830963]
["17209_27_SULT2B1_ST2B1","FTjVRz","osteoporosis","SULT2B1","Inverse variance weighted",11,0.168809850707491,0.0906188826062831,0.0624826505851575,-0.00880315920082361,0.346422860615806,1.18389500072292,0.991235475153891,1.41400041450204]
["17231_1_LCP1_L_plastin","FTjVRz","osteoporosis","LCP1","Inverse variance weighted",21,-0.0144492329867314,0.0554063509274294,0.794257091012751,-0.123045680804493,0.0941472148310303,0.985654656205255,0.884223269607929,1.09872148210924]
["17320_19_AASDHPPT_ADPPT","FTjVRz","osteoporosis","AASDHPPT","Inverse variance weighted",16,-0.0185366002489059,0.113028023883158,0.869731113638668,-0.240071527059896,0.202998326562085,0.981634145880222,0.786571597900612,1.2250704181665]
["17326_44_DUSP23_DUS23","FTjVRz","osteoporosis","DUSP23","Inverse variance weighted",10,-0.129969900201096,0.132274674073762,0.325816235497793,-0.389228261385671,0.129288460983478,0.878121861814231,0.67757958710512,1.13801835071584]
["17331_138_KREMEN1_KREM1","FTjVRz","osteoporosis","KREMEN1","Inverse variance weighted",30,0.099229266082239,0.0514703237128726,0.0538684625058138,-1.65256839499127E-3,0.200111100559469,1.10431945353261,0.99834879634428,1.22153846422831]
["17335_18_VAMP2_VAMP2","FTjVRz","osteoporosis","VAMP2","MR Egger",16,0.276990856925721,0.254426684324066,0.294678722958775,-0.221685444349448,0.77566715820089,1.31915430985398,0.801167336415668,2.17204073869467]
["17336_54_CREB3L2_CR3L2","FTjVRz","osteoporosis","CREB3L2","Inverse variance weighted",8,0.23068699558032,0.195093031280011,0.237028737167873,-0.151695345728502,0.613069336889142,1.25946495964799,0.859250015057232,1.84608898083691]
["17341_89_ACAT2_THIC","FTjVRz","osteoporosis","ACAT2","Weighted median",20,0.0466569508694473,0.0790622654612511,0.555104038783044,-0.108305089434605,0.201618991173499,1.04776251340159,0.897353781505698,1.22338180003831]
["17342_13_AGR3_AGR3","FTjVRz","osteoporosis","AGR3","Inverse variance weighted",34,-0.101892495383072,0.0879274701478782,0.246527780927786,-0.274230336872913,0.0704453461067693,0.903126636733356,0.76015696291648,1.07298592496997]
["17346_61_FDCSP_FDSCP","FTjVRz","osteoporosis","FDCSP","Weighted median",12,0.138997367531752,0.210924248015261,0.509900980520604,-0.27441415857816,0.552408893641665,1.14912107497488,0.760017242409526,1.73743327291501]
["17348_5_SYNJ2BP_SYJ2B","FTjVRz","osteoporosis","SYNJ2BP","Inverse variance weighted",13,0.202688381330418,0.119934823141535,0.0910302991795908,-0.0323838720269907,0.437760634687827,1.22469077226969,0.968134870843718,1.54923403014645]
["17355_56_SYT4_SYT4","FTjVRz","osteoporosis","SYT4","Weighted median",12,0.0763223603884163,0.179469637020337,0.670642671522611,-0.275438128171444,0.428082848948277,1.07931044501866,0.75923940617122,1.53431319193628]
["17357_33_SEPSECS_SPCS","FTjVRz","osteoporosis","SEPSECS","Weighted median",12,-0.0144228506526416,0.159440871552265,0.92792252914617,-0.326926958895082,0.298081257589799,0.985680660418717,0.721136413703475,1.34727125944714]
["17364_8_SNRPB2_RU2B","FTjVRz","osteoporosis","SNRPB2","Weighted median",6,0.232531277678511,0.209466475204249,0.266950705237976,-0.178023013721818,0.64308556907884,1.261789911601,0.83692316255029,1.90234163930477]
["17366_6_DCUN1D1_DCNL1","FTjVRz","osteoporosis","DCUN1D1","Weighted median",28,-0.145750798236805,0.09037915558852,0.106818517528151,-0.322893943190304,0.0313923467166939,0.864373079642937,0.724050640797002,1.03189028323902]
["17372_5_EIF4EBP1_4EBP1","FTjVRz","osteoporosis","EIF4EBP1","Weighted median",11,-0.118088115500357,0.240642900595669,0.623624994767112,-0.589748200667869,0.353571969667155,0.888617748167244,0.55446688154904,1.42414547853925]
["17380_2_UBE2K_UBE2K","FTjVRz","osteoporosis","UBE2K","Weighted median",6,0.2178134097393,0.237283185915847,0.358646567328484,-0.24726163465576,0.682888454134361,1.24335504803088,0.780936346788185,1.97958742965665]
["17383_4_STARD5_STAR5","FTjVRz","osteoporosis","STARD5","Weighted median",14,7.63193690122749E-3,0.0386470887117899,0.843453756753122,-0.0681163569738808,0.0833802307763357,1.00766113436212,0.934151772179897,1.08695502373721]
["17387_27_NFKBIB_IKB_beta","FTjVRz","osteoporosis","NFKBIB","MR Egger",13,0.149398279857709,0.18580013822595,0.438382555971413,-0.214769991065152,0.513566550780571,1.16113535395124,0.806726973251207,1.67124114464889]
["17396_23_ADH1A_ADH1A","FTjVRz","osteoporosis","ADH1A","Weighted median",14,-0.0953913240185958,0.167530123757121,0.569086047025985,-0.423750366582552,0.232967718545361,0.909017144616211,0.654587268371471,1.26234072847455]
["17398_55_HMOX1_HO_1","FTjVRz","osteoporosis","HMOX1","MR Egger",34,-0.0682143562232282,0.132000524062302,0.608867779952782,-0.326935383385339,0.190506670938883,0.934060230493029,0.721130338522374,1.20986244452898]
["17400_71_ACOT8_ACOT8","FTjVRz","osteoporosis","ACOT8","Weighted median",10,-0.0146444235285361,0.169976101203157,0.931342582635574,-0.347797581886724,0.318508734829652,0.985462284514056,0.706241817883198,1.37507563218279]
["17403_14_ACADSB_acyl_Coenzyme_A_dehydrogenase","FTjVRz","osteoporosis","ACADSB","Weighted median",10,0.0529227909800934,0.161241942491655,0.742745511581047,-0.26311141630355,0.368956998263736,1.05434823678267,0.768656251701825,1.44622541213383]
["17405_2_UCHL5_UCHL5","FTjVRz","osteoporosis","UCHL5","Weighted median",5,-0.265279122684657,0.300626392777177,0.377549038746202,-0.854506852527924,0.323948607158611,0.766991835274939,0.425492970134626,1.38257625077164]
["17410_5_CETN3_CETN3","FTjVRz","osteoporosis","CETN3","Weighted median",19,0.198438182376944,0.113658554337313,0.0808257115527518,-0.0243325841241895,0.421208948878078,1.21949663870057,0.97596106661874,1.5238026419992]
["17427_26_NLGN3_NLGN3","FTjVRz","osteoporosis","NLGN3","MR Egger",12,0.0991301296634797,0.406009745434332,0.812045612832903,-0.696648971387811,0.89490923071477,1.10420998068329,0.498252166645545,2.44711365662356]
["17435_43_ETFA_ETFA","FTjVRz","osteoporosis","ETFA","Weighted median",19,0.0609317227493988,0.0908378631634203,0.502364190949343,-0.117110489050905,0.238973934549702,1.06282634484911,0.889486909169472,1.26994543445283]
["17447_52_SFRP4_SFRP4","FTjVRz","osteoporosis","SFRP4","MR Egger",25,0.00283836070140094,0.10320699618999,0.978296874699226,-0.199447351830979,0.205124073233781,1.00284239266095,0.819183348180999,1.22767737741629]
["17451_13_BCL2L11_BIM","FTjVRz","osteoporosis","BCL2L11","Weighted median",15,-0.100425726934791,0.125092614199932,0.4220839821838,-0.345607250766658,0.144755796897075,0.904452286361775,0.707790416668131,1.15575729628535]
["17453_34_CP_Ceruloplasmin","FTjVRz","osteoporosis","CP","MR Egger",18,0.102130293486757,0.106615409241807,0.352349328861324,-0.106835908627184,0.311096495600698,1.10752776598174,0.898673125399,1.36492092369614]
["17456_53_GOLM1_GOLM1","FTjVRz","osteoporosis","GOLM1","MR Egger",19,-0.0240935924131977,0.0352717155017104,0.503756691957262,-0.0932261547965501,0.0450389699701548,0.976194341098136,0.910987452815655,1.04606862437749]
["17460_51_MX1_Mx1","FTjVRz","osteoporosis","MX1","Weighted mode",18,-0.196828476845234,0.14024778962816,0.178489862277222,-0.471714144516428,0.0780571908259605,0.821331498601232,0.623931841766743,1.08118449073599]
["17466_72_ACSF2_ACSF2","FTjVRz","osteoporosis","ACSF2","MR Egger",7,0.240619899738994,0.483018742761333,0.63950722052185,-0.706096836073219,1.18733663555121,1.27203744164343,0.493566915257679,3.27833816028373]
["17468_1_SUFU_SUFU","FTjVRz","osteoporosis","SUFU","MR Egger",16,0.311274619302114,0.169198017156453,0.087109121699322,-0.0203534943245339,0.642902732928762,1.36516407011764,0.979852239873559,1.90199385427811]
["17474_106_YEATS4_YETS4","FTjVRz","osteoporosis","YEATS4","MR Egger",5,2.03688999272283,1.37327886206198,0.234647759616286,-0.654736576918651,4.72851656236431,7.66672850212308,0.519578913639829,113.12762004428]
["17495_141_SIRT3_SIR3","FTjVRz","osteoporosis","SIRT3","MR Egger",11,0.0770838832101581,0.283450825741754,0.791797640019487,-0.47847973524368,0.632647501663997,1.08013267758898,0.619724821818614,1.88258814254339]
["17509_6_HPD_HPPD","FTjVRz","osteoporosis","HPD","MR Egger",12,-0.0802335071482027,0.342183143128061,0.81934705571729,-0.750912467679203,0.590445453382797,0.922900817285904,0.471935730114655,1.80479218714815]
["17511_10_RPP30_RPP30","FTjVRz","osteoporosis","RPP30","MR Egger",20,0.233756794559453,0.249982796669709,0.362117485549093,-0.256209486913177,0.723723076032083,1.26333720436091,0.773979813166179,2.06209627792936]
["17512_2_NMI_NMI","FTjVRz","osteoporosis","NMI","Weighted mode",11,0.0843067695710746,0.286703609792841,0.774728540339665,-0.477632305622893,0.646245844765043,1.08796259644036,0.620250217575882,1.90836307301808]
["17515_6_HSPA13_STCH","FTjVRz","osteoporosis","HSPA13","MR Egger",18,-0.0173176293106639,0.080781605636541,0.832962230911575,-0.175649576358284,0.141014317736957,0.982831458972711,0.838911906400591,1.151441133898]
["17515_6_HSPA13_STCH","FTjVRz","osteoporosis","HSPA13","Weighted mode",18,0.0288627372987946,0.0619400326527335,0.647145536166756,-0.092539726700563,0.150265201298152,1.02928330257188,0.911612994868617,1.16214240353821]
["17673_34_CA5B_Carbonic_Anhydrase_VB","FTjVRz","osteoporosis","CA5B","Weighted median",17,0.0524618680666249,0.0909421504109525,0.564026759659789,-0.125784746738842,0.230708482872092,1.05386237550246,0.881804637680094,1.2594920224298]
["17676_13_TRIP10_CIP4","FTjVRz","osteoporosis","TRIP10","Weighted mode",12,0.220750101713943,0.214083086345277,0.324613445601073,-0.1988527475228,0.640352950950686,1.24701176552051,0.819670582970614,1.89715036217462]
["17677_47_CD160_BY55","FTjVRz","osteoporosis","CD160","Weighted mode",8,0.0760000127969271,0.147472528952992,0.622179316989086,-0.213046143950937,0.365046169544791,1.07896258796469,0.808118846559719,1.44058051756058]
["17682_1_CD46_CD46","FTjVRz","osteoporosis","CD46","Weighted mode",24,-0.0846118779823977,0.11972977719477,0.486857294221253,-0.319282241284147,0.150058485319351,0.918868848433171,0.726670423966669,1.16190219496209]
["17686_27_TBCB_TBCB","FTjVRz","osteoporosis","TBCB","Weighted mode",12,-0.0506780035579895,0.210777981528008,0.814416645684027,-0.463802847352885,0.362446840236906,0.950584706151803,0.628887529086831,1.43684083683737]
["17691_1_TPP1_TPP1","FTjVRz","osteoporosis","TPP1","MR Egger",22,0.223631009568275,0.146026798167418,0.141326464885595,-0.0625815148398637,0.509843533976413,1.25060947135143,0.939336489829054,1.66503065383795]
["17694_32_PSME2_PSME2","FTjVRz","osteoporosis","PSME2","Weighted mode",13,0.2284574703494,0.221984517083918,0.32370276302199,-0.206632183135079,0.663547123833878,1.25666007868131,0.8133187473295,1.94166746867268]
["17697_2_OVCA2_OVCA2","FTjVRz","osteoporosis","OVCA2","MR Egger",9,-0.0324346653715023,0.461330982381214,0.945915948235913,-0.936643390838683,0.871774060095678,0.968085697284545,0.39194122336131,2.39114913519305]
["17698_15_WBP2_WBP2","FTjVRz","osteoporosis","WBP2","Weighted mode",15,-0.0478216555327571,0.314406123329835,0.881277059032398,-0.664057657259233,0.568414346193719,0.953303788373917,0.514758378043954,1.76546541385377]
["17703_40_GMNN_GEMI","FTjVRz","osteoporosis","GMNN","MR Egger",14,0.160599460336862,0.225436692532474,0.489841874789689,-0.281256457026788,0.602455377700511,1.17421455510813,0.754834727985213,1.82659828742643]
["17704_74_HSPH1_HS105","FTjVRz","osteoporosis","HSPH1","Simple mode",12,0.263539623321855,0.280700226080707,0.367958433799002,-0.286632819796331,0.813712066440041,1.30152886481707,0.750787352485196,2.25626787710892]
["17711_13_VAMP1_VAMP1","FTjVRz","osteoporosis","VAMP1","MR Egger",7,-0.186140776011801,0.370058032187706,0.636330243325299,-0.911454519099705,0.539172967076103,0.830156720603275,0.401939170450637,1.7145882547106]
["17721_82_GAS7_GAS7","FTjVRz","osteoporosis","GAS7","Simple mode",14,0.170256031165226,0.216763657922718,0.446272054159367,-0.254600738363301,0.595112800693753,1.18560836515544,0.775225954163246,1.81323546764348]
["17722_5_FKBP4_FKBP52_protein","FTjVRz","osteoporosis","FKBP4","Weighted median",11,-0.0411911840426792,0.114711557030578,0.719531603102603,-0.266025835822613,0.183643467737254,0.959645643474856,0.766419326171471,1.20158734206323]
["17725_37_USH1C_USH1C","FTjVRz","osteoporosis","USH1C","Simple mode",14,-0.0211637269432741,0.140124697117207,0.882266634290931,-0.295808133293,0.253480679406452,0.979058653165601,0.743930149756039,1.28850248461201]
["17728_61_CHMP2A_CHM2A","FTjVRz","osteoporosis","CHMP2A","Simple mode",9,-0.272586908148235,0.264073090761197,0.332153177809492,-0.790170166040181,0.244996349743711,0.761407253805177,0.453767572881187,1.27761664956816]
["17734_13_ENSA_a_endosulfine","FTjVRz","osteoporosis","ENSA","Simple mode",4,0.035981458792852,0.383630181311255,0.93118740965298,-0.715933696577209,0.787896614162913,1.03663662581832,0.488735567965823,2.1987667041723]
["17735_130_GABARAP_GBRAP","FTjVRz","osteoporosis","GABARAP","Simple mode",15,-0.368351109062431,0.297136370400343,0.235475728728144,-0.950738395047103,0.214036176922241,0.691874215730246,0.386455561203197,1.23866746515947]
["17737_7_IVD_IVD","FTjVRz","osteoporosis","IVD","Weighted mode",17,0.190608053665425,0.137284768836505,0.184039337572831,-0.0784700932541236,0.459686200584974,1.20998510990032,0.924529709193169,1.58357698148842]
["17738_7_CRNN_CRNN","FTjVRz","osteoporosis","CRNN","Simple mode",8,0.179845179186974,0.282016424962499,0.543949133358177,-0.372907013739525,0.732597372113472,1.19703202330388,0.688729272226022,2.08047736984345]
["17743_14_UBE2A_UBE2A","FTjVRz","osteoporosis","UBE2A","Weighted mode",16,0.169805775976288,0.114707541168039,0.159480145588235,-0.0550210047130679,0.394632556665644,1.18507465899798,0.94646526751332,1.48383886403884]
["17744_31_RAB11A_RB11A","FTjVRz","osteoporosis","RAB11A","Inverse variance weighted",12,0.0343745269744719,0.119869645728265,0.774291573789009,-0.200569978652927,0.269319032601871,1.0349721591406,0.818264226993817,1.30907271130679]
["17748_21_TP53I3_QORX","FTjVRz","osteoporosis","TP53I3","Weighted mode",18,0.0953905525680485,0.0763774030519195,0.228613235526605,-0.0543091574137136,0.245090262549811,1.10008841359307,0.947139246114395,1.27773663976707]
["17751_68_CRYBB1_CRBB1","FTjVRz","osteoporosis","CRYBB1","Inverse variance weighted",18,-0.0547273281140834,0.059779217484104,0.359933990759626,-0.171894594382927,0.0624399381547604,0.946743263032532,0.842067927180314,1.06443052533641]
["17755_5_UGDH_UGDH","FTjVRz","osteoporosis","UGDH","Weighted mode",11,-0.0863433808894383,0.0892058866420213,0.35591481318812,-0.2611869187078,0.0885001569289235,0.917279200987667,0.770136953156373,1.09253442406072]
["17756_69_DCTD_DCTD","FTjVRz","osteoporosis","DCTD","Inverse variance weighted",11,-0.060362528130114,0.106753916442314,0.571777112598083,-0.269600204357049,0.148875148096821,0.941423179327879,0.763684751148713,1.16052808602332]
["17760_128_WDR5_WDR5","FTjVRz","osteoporosis","WDR5","Inverse variance weighted",13,0.112938583642365,0.107139424332943,0.291824674937248,-0.0970546880502032,0.322931855334934,1.11956317134494,0.907506375021974,1.38117122824794]
["17761_2_NUDT5_NUDT5","FTjVRz","osteoporosis","NUDT5","Simple mode",13,0.12395424315739,0.265579415453331,0.649051906851542,-0.396581411131139,0.644489897445918,1.13196407471216,0.672615516082218,1.9050150283514]
["17765_3_SNUPN_SPN1","FTjVRz","osteoporosis","SNUPN","Inverse variance weighted",15,-0.0228416728945038,0.10344564868628,0.825241587219593,-0.225595144319613,0.179911798530606,0.977417223163039,0.798041127755542,1.19711177144794]
["17768_50_HAO1_HAOX1","FTjVRz","osteoporosis","HAO1","Simple mode",12,-0.0372504426765587,0.22108821358084,0.869258394096964,-0.470583341295004,0.396082455941887,0.963434819937481,0.62463778496956,1.48599184135683]
["17771_35_CRCP_RPC9","FTjVRz","osteoporosis","CRCP","Inverse variance weighted",17,0.0489322918373814,0.0808738580092926,0.545149356564658,-0.109580469860832,0.207445053535595,1.05014924465699,0.896210043562891,1.23053010170407]
["17771_35_CRCP_RPC9","FTjVRz","osteoporosis","CRCP","Weighted mode",17,0.0557582013180402,0.13962530537873,0.694921350000328,-0.217907397224271,0.329423799860352,1.05734198892522,0.804199909362396,1.39016688329487]
["17774_38_SNRPD3_SMD3","FTjVRz","osteoporosis","SNRPD3","Inverse variance weighted",11,0.0982680239995257,0.151729199035939,0.51720875686709,-0.199121206110915,0.395657254109966,1.10325844522573,0.819450564897382,1.48536012921576]
["17775_8_TAGLN3_TAGL3","FTjVRz","osteoporosis","TAGLN3","Weighted mode",12,0.310859102236783,0.399902474725462,0.453353304257546,-0.472949748225122,1.09466795269869,1.36459693898402,0.623161385356504,2.98819029811876]
["17778_19_RAB32_RAB32","FTjVRz","osteoporosis","RAB32","Weighted median",8,0.0419283183387567,0.188776677856889,0.824231839231744,-0.328073970260745,0.411930606938259,1.04281972502129,0.720309736235623,1.50972966792963]
["17781_191_MAP1LC3A_MLP3A","FTjVRz","osteoporosis","MAP1LC3A","Weighted mode",27,-0.00868464864674401,0.065006297464774,0.894749939738653,-0.136096991677701,0.118727694384213,0.991352953980378,0.872757978122876,1.12606324319072]
["17783_9_MMAB_MMAB","FTjVRz","osteoporosis","MMAB","Weighted median",12,0.00527767193313566,0.0562981486330296,0.925311694746917,-0.105066699387602,0.115622043253874,1.00529162337657,0.900264473494607,1.12257150846812]
["17786_5_GGPS1_GGPPS","FTjVRz","osteoporosis","GGPS1","Weighted mode",9,0.475469898535796,0.402816059231521,0.271758955516156,-0.314049577557985,1.26498937462958,1.60876997855902,0.730482811707717,3.54305508963622]
["17791_25_HPCAL1_HPCL1","FTjVRz","osteoporosis","HPCAL1","Weighted median",15,-0.053541738691793,0.157801322242103,0.734384935742301,-0.362832330286315,0.255748852902729,0.947866377475553,0.695703072055346,1.29142834872684]
["17792_158_ALDH5A1_SSDH","FTjVRz","osteoporosis","ALDH5A1","Weighted median",23,-0.0256336566496037,0.046531992676628,0.581714280699969,-0.116836362295795,0.0655690489965872,0.974692096179384,0.889730774753109,1.06776646297099]
["17795_176_LSM1_LSM1","FTjVRz","osteoporosis","LSM1","Inverse variance weighted",8,0.158343038995632,0.198149363893152,0.424226921898616,-0.230029714234947,0.54671579222621,1.17156801929963,0.794509993895954,1.72756999205904]
["17797_1_CUL1_CUL1","FTjVRz","osteoporosis","CUL1","Weighted median",12,0.0705236144902897,0.133217582386848,0.596537232041666,-0.190582846987933,0.331630075968512,1.07306990913047,0.826477283739111,1.39323736119135]
["17799_9_PGLS_6PGL","FTjVRz","osteoporosis","PGLS","Simple mode",13,0.0320935998300094,0.201642127785593,0.87618927224034,-0.363124970629752,0.427312170289771,1.03261415329114,0.695499511055943,1.53313118503604]
["17802_4_NANS_SIAS","FTjVRz","osteoporosis","NANS","Weighted median",8,-0.0473945786131706,0.168797158315885,0.778880450923339,-0.378237008912304,0.283447851685963,0.953711009370441,0.685068114174513,1.32769964121069]
["17805_35_SMNDC1_SPF30","FTjVRz","osteoporosis","SMNDC1","Simple mode",14,0.0252291804899413,0.228290313949972,0.913689991903954,-0.422219834852004,0.472678195831887,1.02555012967482,0.655589902041725,1.60428503428826]
["17806_6_SDCBP_Syntenin_1","FTjVRz","osteoporosis","SDCBP","Weighted median",23,-0.0446618387763087,0.0937578347106186,0.633822814390959,-0.228427194809121,0.139103517256504,0.956320817778161,0.795784232318403,1.14924306033494]
["17812_2_PTP4A1_TP4A1","FTjVRz","osteoporosis","PTP4A1","Simple mode",9,0.0492739396358948,0.246520965423683,0.84656379883949,-0.433907152594525,0.532455031866314,1.05050808712992,0.647972415250044,1.70310836565398]
["17813_21_BPHL_BPHL","FTjVRz","osteoporosis","BPHL","MR Egger",17,-0.0431354245142003,0.145206321959989,0.770492549319911,-0.327739815555779,0.241468966527378,0.957781674165939,0.720550471342163,1.27311794503357]
["17817_22_DDIT4_DDIT4","FTjVRz","osteoporosis","DDIT4","Simple mode",12,0.280181506040491,0.191666118511049,0.171763049042632,-0.0954840862411641,0.655847098322147,1.32336999018694,0.908932826076371,1.92677399328542]
["17819_30_FAHD1_FAHD1","FTjVRz","osteoporosis","FAHD1","MR Egger",10,-0.0937562124063886,0.126054894030902,0.478287137734646,-0.340823804706957,0.15331137989418,0.910504704937218,0.711184204477094,1.16568789421069]
["17819_30_FAHD1_FAHD1","FTjVRz","osteoporosis","FAHD1","Weighted mode",10,-0.0895138119859495,0.0987886843114479,0.388490101879513,-0.283139633236387,0.104112009264488,0.914375635693653,0.753414578798568,1.10972474740724]
["17822_57_RERG_RERG","FTjVRz","osteoporosis","RERG","MR Egger",4,0.44050604975329,0.390112144924848,0.376044084139407,-0.324113754299413,1.20512585380599,1.5534931644633,0.723167974234487,3.33717904832394]
["17828_3_S100A14_S100A14","FTjVRz","osteoporosis","S100A14","Weighted mode",4,0.0132053106970598,0.192279500319661,0.949567518895231,-0.363662509929476,0.390073131323595,1.01329288587359,0.69512575319958,1.47708881139271]
["17835_28_ANXA13_ANX13","FTjVRz","osteoporosis","ANXA13","Weighted median",3,0.667659209366564,0.285343377766283,0.0192917564970492,0.108386188944649,1.22693222978848,1.9496682099723,1.11447806139584,3.41075007274322]
["17836_17_S100A16_S100A16","FTjVRz","osteoporosis","S100A16","Weighted mode",4,0.0114673305726914,0.0936622287128238,0.910297457245287,-0.172110637704443,0.195045298849826,1.01153333245512,0.841886023678609,1.21536603992652]
["17849_6_DRG1_DRG1","FTjVRz","osteoporosis","DRG1","Weighted median",3,-0.114340031847248,0.224730649986326,0.610901536861853,-0.554812105820447,0.32613204212595,0.891954611337773,0.57418013616718,1.38559831414139]
["17857_6_ACADL_ACADL","FTjVRz","osteoporosis","ACADL","Simple mode",3,-0.014157960112597,0.404408076875281,0.9752524144183,-0.806797790788148,0.778481870562954,0.985941792485347,0.44628487807637,2.17816302080232]
["18160_2_PCMT1_PIMT","FTjVRz","osteoporosis","PCMT1","MR Egger",3,0.326457233722414,0.488855220905753,0.625166930649727,-0.631698999252862,1.28461346669769,1.38604897234038,0.531687696189094,3.61327103767054]
["18173_11_AKR7A3_ARK73","FTjVRz","osteoporosis","AKR7A3","MR Egger",3,-0.160363379959565,0.320814163833223,0.704902145790166,-0.789159141072681,0.468432381153552,0.851834193244481,0.454226575219126,1.59748797707493]
["18175_65_VAT1_VAT1","FTjVRz","osteoporosis","VAT1","Simple mode",3,-0.0139116822642696,0.191036586990268,0.948575143117978,-0.388343392765195,0.360520028236656,0.986184638011085,0.678179421367744,1.43407498016912]
["18179_56_SMS_SPSY","FTjVRz","osteoporosis","SMS","Weighted mode",3,0.207651206598967,0.286645381402796,0.54409163743973,-0.354173740950514,0.769476154148447,1.23078380540411,0.70175303352418,2.15863516547637]
["18183_3_LDLRAP1_ARH","FTjVRz","osteoporosis","LDLRAP1","Inverse variance weighted",4,-0.119405144295035,0.157080225219122,0.44716260310523,-0.427282385724514,0.188472097134443,0.887448183349774,0.652279331846813,1.20740339250205]
["18185_118_ALDOB_ALDOB","FTjVRz","osteoporosis","ALDOB","Simple mode",6,0.147711686182614,0.247741206030616,0.576984247746398,-0.337861077637393,0.633284450002622,1.15917864096106,0.713294373555125,1.8837876359002]
["18194_18_FABP9_FABP9","FTjVRz","osteoporosis","FABP9","Weighted median",5,0.12597533909119,0.0863357586754524,0.144528554369751,-0.0432427479126964,0.295193426095077,1.13425419619882,0.957678887297467,1.34338617950029]
["18198_51_HBQ1_HBAT","FTjVRz","osteoporosis","HBQ1","Inverse variance weighted",4,0.273114549448881,0.140461647799592,0.0518464433876511,-0.00219028023831952,0.548419379136082,1.31405075999422,0.997812116675152,1.73051556599161]
["18202_22_CD37_CD37","FTjVRz","osteoporosis","CD37","Inverse variance weighted",4,0.236728159227038,0.136398218389244,0.0826405386248384,-0.0306123488158794,0.504068667269956,1.26709662242821,0.969851464282533,1.65544303400799]
["18205_123_MAGEA6_MAGE_6","FTjVRz","osteoporosis","MAGEA6","MR Egger",4,0.234837351957573,0.538184518956666,0.705168392212932,-0.820004305197492,1.28967900911264,1.26470305052809,0.440429758364826,3.63162065150501]
["18213_30_UBE2F_UBE2F","FTjVRz","osteoporosis","UBE2F","Inverse variance weighted",6,0.0477780430370731,0.137142028429629,0.727552065516567,-0.221020332685,0.316576418759146,1.04893781043395,0.801700379403197,1.37242111694775]
["18215_5_THG1L_THG1","FTjVRz","osteoporosis","THG1L","MR Egger",4,0.0230590477338005,0.120971950764832,0.86642284893109,-0.21404597576527,0.260164071232871,1.02332696290137,0.807311267416102,1.29714289304126]
["18216_22_IL11RA_IL_11_RA","FTjVRz","osteoporosis","IL11RA","Inverse variance weighted",8,-0.0764911868376372,0.124289508785586,0.538272407470319,-0.320098624057387,0.167116250382112,0.926361078423437,0.72607742484079,1.18189165267878]
["18222_34_SH3GLB2_SHLB2","FTjVRz","osteoporosis","SH3GLB2","Weighted mode",3,-0.118565571940878,0.130208187538373,0.458633697440487,-0.37377361951609,0.136642475634334,0.888193573170821,0.688132674005291,1.14641820280123]
["18225_13_HEBP1_HEBP1","FTjVRz","osteoporosis","HEBP1","Weighted median",6,0.00842317025535366,0.058285081114721,0.885092433965324,-0.1058155887295,0.122661929240207,1.00845874496773,0.899590527412535,1.13050216661021]
["18241_18_CPOX_HEM6","FTjVRz","osteoporosis","CPOX","Inverse variance weighted",10,-0.0260394384327304,0.074730315858429,0.727505675441324,-0.172510857515251,0.12043198064979,0.974296664117587,0.841549151629421,1.12798401361667]
["18241_18_CPOX_HEM6","FTjVRz","osteoporosis","CPOX","Simple mode",10,-0.0502172357701447,0.137780626404919,0.723921813282566,-0.320267263523785,0.219832791983496,0.951022805887388,0.725954989855276,1.24586839398711]
["18255_6_CYB5R1_NB5R1","FTjVRz","osteoporosis","CYB5R1","Inverse variance weighted",5,0.165200396911903,0.118133401533205,0.16198625532713,-0.0663410700931794,0.396741863916985,1.17962948913346,0.935811632493811,1.48697203936762]
["18271_43_OXSM_OXSM","FTjVRz","osteoporosis","OXSM","Wald ratio",1,0.144277602523659,0.225512092534175,0.522317147802959,-0.297726098843323,0.586281303890641,1.1552047517716,0.742504684790284,1.79729238865693]
["18276_34_TCL1B_TCL1B","FTjVRz","osteoporosis","TCL1B","Simple mode",4,0.310389931111454,0.323651074673352,0.408294049626566,-0.323966175248316,0.944746037471224,1.36395685966764,0.723274706553441,2.57216006335894]
["18277_28_TRIAP1_TRIA1","FTjVRz","osteoporosis","TRIAP1","Simple mode",5,0.207998764243271,0.232300784275684,0.421192805903523,-0.247310772937069,0.663308301423611,1.23121164806985,0.780897973861089,1.94120381033608]
["18286_3_ZWINT_ZWINT","FTjVRz","osteoporosis","ZWINT","Simple mode",3,0.0490697636713267,0.12771970358936,0.737832724315839,-0.201260855363818,0.299400382706471,1.05029362052315,0.817699102534174,1.34904965150739]
["18290_6_ANXA8_Annexin_A8","FTjVRz","osteoporosis","ANXA8","Weighted median",3,0.248928737259357,0.140219383068626,0.0758515826183151,-0.0259012535551503,0.523758728073865,1.28265062461404,0.9744313064854,1.68836183102195]
["18291_8_CDKN1A_p21","FTjVRz","osteoporosis","CDKN1A","Simple mode",12,0.117628515185297,0.262395813698195,0.662647838311362,-0.396667279663164,0.631924310033759,1.12482617789991,0.672557762054897,1.88122716273944]
["18295_102_GRHPR_GRHPR","FTjVRz","osteoporosis","GRHPR","Inverse variance weighted",10,0.0963076294958598,0.0665381114423231,0.147783381892686,-0.0341070689310934,0.226722327922813,1.10109774204091,0.966468020399752,1.25448148509466]
["18300_39_PURB_PURB","FTjVRz","osteoporosis","PURB","Simple mode",13,0.040844430815979,0.240372938096171,0.867903231773349,-0.430286527852516,0.511975389484474,1.04169003807023,0.650322732449629,1.66858404492081]
["18301_10_NAIF1_NAIF1","FTjVRz","osteoporosis","NAIF1","Inverse variance weighted",12,0.130162339492365,0.133356298969177,0.329039970084456,-0.131216006487222,0.391540685471951,1.13901327515348,0.877028310124561,1.47925811059804]
["18303_39_NRGN_NEUG","FTjVRz","osteoporosis","NRGN","Simple mode",9,-0.0933550879655773,0.171282881269943,0.600590059913788,-0.429069535254665,0.24235935932351,0.910870003888113,0.651114652183721,1.2742520248938]
["18306_1_PALM_PALM","FTjVRz","osteoporosis","PALM","Inverse variance weighted",15,0.181612247789438,0.0710200639689625,0.0105519640128291,0.0424129224102713,0.320811573168604,1.19914913099478,1.04332520217414,1.37824585792524]
["18308_30_STXBP6_STXB6","FTjVRz","osteoporosis","STXBP6","Inverse variance weighted",16,-0.00903842751567691,0.0705602890673194,0.898073711140833,-0.147336594087623,0.129259739056269,0.991002296284904,0.86300344666585,1.13798566510501]
["18311_44_DCTN6_DCTN6","FTjVRz","osteoporosis","DCTN6","Inverse variance weighted",12,0.14491467869295,0.135105409708717,0.283448577399429,-0.119891924336135,0.409721281722034,1.15594093966859,0.887016296412108,1.50639786597687]
["18312_68_NDRG3_NDRG3","FTjVRz","osteoporosis","NDRG3","Inverse variance weighted",9,0.133828244083987,0.188557192067542,0.477859913559695,-0.235743852368394,0.503400340536369,1.14319645202768,0.789983000293522,1.65433702680069]
["18315_38_RTP4_RTP4","FTjVRz","osteoporosis","RTP4","Simple mode",15,0.111291846574801,0.161217946707919,0.501278246877827,-0.20469532897272,0.427279022122321,1.11772106232209,0.814895553659605,1.53308036538909]
["18319_7_PDHX_ODPX","FTjVRz","osteoporosis","PDHX","Inverse variance weighted",10,-0.0912584764405953,0.152175577855912,0.548711521674098,-0.389522609038184,0.207005656156993,0.912781747827913,0.677380172494316,1.22998952877495]
["18321_38_MTHFD2_MTDC","FTjVRz","osteoporosis","MTHFD2","Inverse variance weighted",18,-0.127448023317788,0.11088510279565,0.250403397702537,-0.344782824797263,0.0898867781616865,0.880339171754459,0.708374178069487,1.09405040629432]
["18323_39_CRMP1_DRP_1","FTjVRz","osteoporosis","CRMP1","Weighted median",12,-0.135186507917887,0.192041868780216,0.481468340582942,-0.51158857072711,0.241215554891336,0.873552971947769,0.599542406405346,1.27279536300699]
["18327_6_SNX5_SNX5","FTjVRz","osteoporosis","SNX5","Inverse variance weighted",15,-0.00575018480721331,0.0728547818140179,0.937090955438088,-0.148545557162688,0.137045187548262,0.994266315862995,0.861960737790442,1.14687997204359]
["18329_4_PRPS2_PRPS2","FTjVRz","osteoporosis","PRPS2","Weighted median",7,0.228981525034327,0.332631406830528,0.491204586946279,-0.422976032353508,0.880939082422162,1.25731880987341,0.655094333993065,2.41316480334299]
["18330_7_PGM2_PGM2","FTjVRz","osteoporosis","PGM2","Inverse variance weighted",12,-0.0242962273457624,0.0597599564213371,0.684328483049356,-0.141425741931583,0.0928332872400583,0.975996550064021,0.86811963807891,1.09727878964337]
["18338_26_IDH1_IDH","FTjVRz","osteoporosis","IDH1","Weighted median",8,0.00926660903635198,0.152647102510993,0.951593279980945,-0.289921711885195,0.308454929957899,1.00930967698636,0.748322150015773,1.36132015340831]
["18338_26_IDH1_IDH","FTjVRz","osteoporosis","IDH1","Inverse variance weighted",8,-0.020476513306071,0.124679409185398,0.869547471655447,-0.264848155309452,0.22389512869731,0.979731706863029,0.767322454971025,1.25093982486019]
["18340_2_PSMB4_Proteasome_beta_chain","FTjVRz","osteoporosis","PSMB4","Inverse variance weighted",11,-0.0578306623658668,0.07740547849268,0.454995173435947,-0.20954540021152,0.0938840754797859,0.943809756416803,0.810952821167707,1.09843240328691]
["18343_10_DECR2_DECR2","FTjVRz","osteoporosis","DECR2","Weighted median",16,0.0602163515493927,0.037860730897092,0.111728933126778,-0.0139906810089076,0.134423384107693,1.06206630138042,0.986106733739911,1.14387701648673]
["18373_13_RDX_Radixin","FTjVRz","osteoporosis","RDX","Inverse variance weighted",13,-0.0794274756314731,0.141008296700568,0.573242678763985,-0.355803737164587,0.196948785901641,0.923645004310259,0.700610110469499,1.2176816766398]
["18381_16_ALDH2_ALDH_E2","FTjVRz","osteoporosis","ALDH2","Weighted median",16,0.0194635838910854,0.125566977554209,0.876816907559896,-0.226647692115165,0.265574859897335,1.0196542343449,0.797201593228379,1.30418048138501]
["18382_109_COMT_Catechol_O_methyltransferase","FTjVRz","osteoporosis","COMT","Weighted median",12,-0.0402465803063392,0.0485965927054866,0.407570267924522,-0.135495902009093,0.0550027413964145,0.960552556604575,0.873282741625881,1.05654351107612]
["18386_36_GLRX_GLRX1","FTjVRz","osteoporosis","GLRX","MR Egger",10,-0.222821961188286,0.299740935820753,0.47851103629889,-0.810314195396962,0.36467027302039,0.800257313473257,0.444718315821849,1.44003911011387]
["18389_11_IFNA1_IFNA1","FTjVRz","osteoporosis","IFNA1","Weighted median",9,0.339541885660221,0.204143198756878,0.0962617065538924,-0.0605787839032598,0.739662555223701,1.4043041113305,0.941219613142351,2.09522837132113]
["18395_5_ADPRH_ADPRH","FTjVRz","osteoporosis","ADPRH","MR Egger",12,0.0236796101667984,0.110044751392516,0.833950844439371,-0.192008102562533,0.23936732289613,1.02396219825243,0.825300181418262,1.27044511446504]
["18397_5_AKR1C4_AK1C4","FTjVRz","osteoporosis","AKR1C4","Weighted median",30,-0.032367163557025,0.0675478213380442,0.631814808974554,-0.164760893379592,0.100026566265542,0.96815104703127,0.848096465325777,1.10520027872973]
["18399_1_AKAP7_AKA7A","FTjVRz","osteoporosis","AKAP7","Weighted median",16,0.189343223718489,0.0950167967666875,0.0462905566049059,0.00311030205578144,0.375576145381196,1.20845565195398,1.00311514406396,1.45582994273527]
["18402_1_AMMECR1L_AMERL","FTjVRz","osteoporosis","AMMECR1L","Weighted median",15,-0.257686918787281,0.181602834763079,0.155911062783643,-0.613628474922916,0.0982546373483532,0.772837155027921,0.541382906582149,1.10324367638863]
["18403_25_AMPD2_AMPD2","FTjVRz","osteoporosis","AMPD2","Weighted median",14,-0.0282437470121859,0.152155145229167,0.852739114219675,-0.326467831661352,0.26998033763698,0.972151378925871,0.721467583088865,1.30993869398989]
["18407_36_ARL2BP_AR2BP","FTjVRz","osteoporosis","ARL2BP","MR Egger",7,1.24429591511571,1.3258837686496,0.391090352934158,-1.3544362714375,3.84302810166893,3.47049041906708,0.258092747703551,46.6665718273907]
["18408_26_ARF4_ARF4","FTjVRz","osteoporosis","ARF4","Weighted median",17,0.0344444090965238,0.102913993657108,0.737858032582681,-0.167267018471407,0.236155836664455,1.03504448771855,0.845973690574314,1.26637164192336]
["18410_26_ARL14_ARL14","FTjVRz","osteoporosis","ARL14","MR Egger",11,-0.0884938508541967,0.308528038985983,0.780739338839905,-0.693208807266723,0.516221105558329,0.915308739085584,0.499969187596055,1.67568343936292]
["18413_24_ARL4D_ARL4D","FTjVRz","osteoporosis","ARL4D","Weighted median",14,0.0563974711210077,0.167107542774573,0.735745986395414,-0.271133312717155,0.38392825495917,1.05801813182599,0.762514836704199,1.46804011330577]
["18414_26_ARL5A_ARL5A","FTjVRz","osteoporosis","ARL5A","MR Egger",11,0.978663271144547,0.493828148823538,0.0788322070679427,0.0107600994504121,1.94656644283868,2.66089696581027,1.01081819751383,7.00459556433878]
["18417_3_AS3MT_AS3MT","FTjVRz","osteoporosis","AS3MT","MR Egger",22,0.192474157833133,0.157595886727485,0.236168986423288,-0.116413780152737,0.501362095819003,1.21224517626053,0.890106838543974,1.65096851718473]
["18419_20_ARPC5_p16_ARC","FTjVRz","osteoporosis","ARPC5","MR Egger",6,-0.45296088465668,1.17976324189707,0.720557521718717,-2.76529683877493,1.85937506946157,0.6357430004458,0.0629574083740746,6.41972363624583]
["18429_10_CDH1_Cadherin_E","FTjVRz","osteoporosis","CDH1","MR Egger",13,0.269607044683579,0.342959523651618,0.448401251325398,-0.402593621673593,0.941807711040751,1.30944979436311,0.668583742067124,2.56461331030308]
["18434_141_TBPL1_TBPL1","FTjVRz","osteoporosis","TBPL1","MR Egger",14,-0.0129497272412272,0.21633189292321,0.953252129230796,-0.436960237370718,0.411060782888264,0.987133759710271,0.645997117443847,1.50841703971603]
["18458_4_PTGES2_PGES2","FTjVRz","osteoporosis","PTGES2","MR Egger",11,1.08820676254067,0.502195841628898,0.0584078733959267,0.103902912948032,2.07251061213331,2.96894527221202,1.10949273230787,7.94474427160479]
["18813_15_DDX19A_DD19A","FTjVRz","osteoporosis","DDX19A","MR Egger",10,-0.483416767982466,0.48079616127035,0.344119090203495,-1.42577724407235,0.458943708107419,0.616672760347277,0.240321602058731,1.58240162389312]
["18817_50_CBX1_CBX1","FTjVRz","osteoporosis","CBX1","MR Egger",11,0.204733516488664,0.521674139109406,0.703854637475787,-0.817747796165771,1.2272148291431,1.22719799335514,0.441424714233689,3.41171408472072]
["18819_21_PPIC_PPIC","FTjVRz","osteoporosis","PPIC","Weighted median",22,0.0309903287203554,0.0984416816286194,0.752906667368073,-0.161955367271739,0.223936024712449,1.03147552815,0.850479162898504,1.25099098436031]
["18829_4_EIF4A1_IF4A1","FTjVRz","osteoporosis","EIF4A1","Weighted mode",16,0.0963425677440104,0.218293106148057,0.665258726021516,-0.331511920306181,0.524197055794202,1.10113621313911,0.717837599321763,1.68910204903163]
["18831_6_LRIG1_LRIG1","FTjVRz","osteoporosis","LRIG1","Weighted median",18,-0.0490212088793134,0.0322990416081636,0.129082599331838,-0.112327330431314,0.0142849126726871,0.952160935217992,0.893751657498991,1.01438742960454]
["18832_65_SAA2_SAA2","FTjVRz","osteoporosis","SAA2","Weighted mode",25,0.0545898443100858,0.0548705832335558,0.329718417089375,-0.0529564988276835,0.162136187447855,1.0561073573883,0.94842126902199,1.17602038963115]
["18839_24_TG_Thyroglobulin","FTjVRz","osteoporosis","TG","Weighted median",10,0.0676092335120705,0.126334810616979,0.592539791076073,-0.180006995297208,0.315225462321349,1.0699471272973,0.835264368468331,1.37056828763208]
["18841_1_SERPINB13_SPB13","FTjVRz","osteoporosis","SERPINB13","Weighted mode",15,0.00185444534926971,0.100658288043744,0.985561252040474,-0.195435799216469,0.199144689915008,1.00185616589644,0.822476145482178,1.22035852669779]
["18842_24_UBE2D2_UB2D2","FTjVRz","osteoporosis","UBE2D2","Weighted mode",16,-0.00551604788326987,0.0703424236677605,0.938532811493498,-0.14338719827208,0.132355102505541,0.994499137574788,0.866418528182278,1.14151360164464]
["18863_176_CHST2_CHST2","FTjVRz","osteoporosis","CHST2","Weighted mode",16,-0.441116860821076,0.286175119209282,0.144043176972129,-1.00202009447127,0.119786372829116,0.643317523566051,0.367137040058895,1.1272560133425]
["18866_8_PPP3R2_CANB2","FTjVRz","osteoporosis","PPP3R2","Weighted mode",18,0.118389858806904,0.074641814543044,0.131139678073632,-0.0279080976974624,0.26468781531127,1.12568288321805,0.972477735637655,1.30302412809403]
["18870_1_CD3E_CD3E","FTjVRz","osteoporosis","CD3E","MR Egger",18,0.195433348452038,0.111399221525397,0.0984991941069464,-0.0229091257377394,0.413775822641815,1.21583775375312,0.977351295815828,1.51251801658222]
["18871_24_AIF1L_AIF1L","FTjVRz","osteoporosis","AIF1L","Weighted mode",7,-0.0584133829682668,0.0513861755387341,0.298994552291805,-0.159130287024186,0.0423035210876521,0.94325993923745,0.852885231851248,1.04321106726047]
["18875_125_COL2A1_Chondrocalcin","FTjVRz","osteoporosis","COL2A1","MR Egger",48,-0.0681587643502573,0.0484021015683411,0.165801370095601,-0.163026883424206,0.0267093547236912,0.934112158094072,0.849568348801275,1.02706924655366]
["18877_15_CNN2_CNN2","FTjVRz","osteoporosis","CNN2","Weighted mode",7,7.05704358417991E-3,0.454489384963645,0.988114858878323,-0.883742150944565,0.897856238112925,1.0070820031954,0.413233632043942,2.45433595553086]
["18880_81_COL3A1_Collagen_Type_III","FTjVRz","osteoporosis","COL3A1","MR Egger",18,-0.121289992699492,0.330813578260749,0.718689924338371,-0.769684606090561,0.527104620691576,0.885777053465342,0.463159122844108,1.69402036956061]
["18883_4_DSTN_DEST","FTjVRz","osteoporosis","DSTN","Simple mode",10,-0.0435939643517871,0.272254016642382,0.876320848549311,-0.577211836970855,0.490023908267281,0.957342593788239,0.56146163279898,1.63235524627438]
["18886_28_DSCAML1_DSCL1","FTjVRz","osteoporosis","DSCAML1","MR Egger",12,0.681952822272217,0.531245055891157,0.228197810796361,-0.359287487274452,1.72319313181889,1.97773613078573,0.698173606469939,5.60238910031571]
["18887_7_ENTPD2_ENTP2","FTjVRz","osteoporosis","ENTPD2","Simple mode",6,0.189954213851639,0.462036309347911,0.698009162028927,-0.715636952470267,1.09554538017354,1.20919423204327,0.488880618885908,2.99081336899537]
["18891_98_GBP2_GBP2","FTjVRz","osteoporosis","GBP2","MR Egger",9,-0.322057090801981,0.279406827186333,0.286893708937839,-0.869694472087194,0.225580290483232,0.724656817910026,0.419079570196038,1.25304963803852]
["18891_98_GBP2_GBP2","FTjVRz","osteoporosis","GBP2","Simple mode",9,-0.0879393763690889,0.24948152927172,0.733578097738233,-0.576923173741659,0.401044421003482,0.915816395155566,0.56162372952153,1.49338360462489]
["18895_54_GSTM4_GSTM4","FTjVRz","osteoporosis","GSTM4","Simple mode",8,-0.145252081922305,0.167517467516829,0.414626587601421,-0.47358631825529,0.18308215441068,0.864804264109997,0.622764825727007,1.20091306433333]
["18896_23_HS6ST3_H6ST3","FTjVRz","osteoporosis","HS6ST3","Weighted mode",11,0.148073105994322,0.158559722772429,0.372374824695446,-0.162703950639638,0.458850162628282,1.15959766680477,0.849842746577469,1.58225360429841]
["18898_36_HDGFL1_HDGL1","FTjVRz","osteoporosis","HDGFL1","Simple mode",8,0.414762416899782,0.276232281539609,0.176920389019246,-0.12665285491785,0.956177688717415,1.51401099453309,0.881039468034903,2.60173281076697]
["18904_23_CAMK4_KCC4","FTjVRz","osteoporosis","CAMK4","Weighted mode",11,0.459192639181267,0.238902167609493,0.0835192350424612,-0.00905560933333843,0.927440887695873,1.58279558186077,0.990985269210426,2.52803137624238]
["18907_97_KIR3DL1_KI3L1","FTjVRz","osteoporosis","KIR3DL1","Simple mode",20,0.220518607651416,0.198631037044876,0.280769677553229,-0.168798224956542,0.609835440259374,1.24672312311168,0.844679321399189,1.840128562786]
["18909_11_EXOSC8_EXOS8","FTjVRz","osteoporosis","EXOSC8","MR Egger",5,-0.220434873176567,0.429267352597995,0.643018564230976,-1.06179888426864,0.620929137915504,0.802169879936598,0.345833136649934,1.86065604502454]
["18914_188_PAFAH2_PAFA2","FTjVRz","osteoporosis","PAFAH2","Simple mode",8,0.277787483826512,0.283902488253665,0.360443210993211,-0.278661393150671,0.834236360803696,1.32020560235185,0.756796116183351,2.30305467378871]
["18917_53_AMY2A_Pancreatic_alpha_amylase","FTjVRz","osteoporosis","AMY2A","MR Egger",22,0.24299140111797,0.144005772384349,0.107066939548253,-0.0392599127553536,0.525242714991294,1.27505766000092,0.961500770352137,1.69086919788073]
["18921_30_PHEX_PHEX","FTjVRz","osteoporosis","PHEX","Inverse variance weighted",12,0.0378175136037854,0.124833651571778,0.761933101271138,-0.2068564434769,0.28249147068447,1.03854169585366,0.813136372639684,1.32643046150457]
["18925_24_PSMA5_Proteasome_subunit_alpha_type_5","FTjVRz","osteoporosis","PSMA5","MR Egger",22,0.171753231684823,0.144164978082629,0.247456861918985,-0.11081012535713,0.454316588726775,1.18738478811464,0.895108691237732,1.57509657636829]
["18926_7_PSMA3_PSA3","FTjVRz","osteoporosis","PSMA3","Inverse variance weighted",13,-0.0551465523437094,0.195875309968268,0.778296966891919,-0.439062159881515,0.328769055194096,0.946346448500378,0.644640707594374,1.38925697685353]
["18930_28_SLIT2_SLIT2","FTjVRz","osteoporosis","SLIT2","MR Egger",20,-0.0547869830573919,0.17717381516112,0.760699451789896,-0.402047660773187,0.292473694658403,0.946686786801408,0.66894886231056,1.33973749384793]
["18932_84_NMNAT1_NMNA1","FTjVRz","osteoporosis","NMNAT1","Inverse variance weighted",8,0.178872765797457,0.150045610633316,0.233213170510711,-0.115216631043843,0.472962162638756,1.19586857910278,0.891173067242586,1.60474066267536]
["18933_4_TGM4_TGM4","FTjVRz","osteoporosis","TGM4","Inverse variance weighted",13,0.322042190946435,0.14488861325016,0.0262368414649749,0.0380605089761212,0.606023872916748,1.37994299583008,1.03879408734347,1.83312813861913]
["18938_3_VLDLR_VLDLR","FTjVRz","osteoporosis","VLDLR","Simple mode",13,-0.0538186564820977,0.145685880176156,0.71825431623782,-0.339362981627364,0.231725668663168,0.947603932752282,0.712223877981473,1.26077381161735]
["18943_4_PTGR2_PTGR2","FTjVRz","osteoporosis","PTGR2","Inverse variance weighted",17,0.157584123703741,0.0760108360900293,0.0381555572365286,0.00860288496728329,0.306565362440198,1.17067923571268,1.00863999612684,1.3587502758085]
["18945_11_RGS1_RGS1","FTjVRz","osteoporosis","RGS1","Weighted mode",13,-0.0250644292277826,0.137283183122488,0.858179912777788,-0.294139468147859,0.244010609692293,0.975247075588125,0.74517255635937,1.2763578721819]
["18950_13_RAC2_RAC2","FTjVRz","osteoporosis","RAC2","Inverse variance weighted",9,0.229899611954979,0.129945179009711,0.0768597323311796,-0.024792938904055,0.484592162814012,1.25847366787674,0.97551188167691,1.62351274493617]
["19109_32_TCEAL8_TCAL8","FTjVRz","osteoporosis","TCEAL8","Weighted mode",11,0.287852835184543,0.216741427497161,0.213661557423586,-0.136960362709892,0.712666033078979,1.33356103641806,0.87200478935392,2.03942118158554]
["19112_2_TCEAL3_TCAL3","FTjVRz","osteoporosis","TCEAL3","Inverse variance weighted",10,0.12597451527749,0.135069922931379,0.350994775297248,-0.138762533668014,0.390711564222993,1.13425326178506,0.870434702854295,1.47803213457747]
["19113_66_SH3BGRL2_SH3L2","FTjVRz","osteoporosis","SH3BGRL2","Weighted mode",15,0.0834200657348514,0.126947493297513,0.521759102612722,-0.165397021128274,0.332237152597977,1.0869983234079,0.847557139188971,1.39408341981785]
["19117_3_PPP1R14A_PP14A","FTjVRz","osteoporosis","PPP1R14A","Weighted median",9,0.107708294975434,0.0773574105296743,0.16381759395464,-0.0439122296627276,0.259328819613596,1.1137228194551,0.957037953330767,1.29605990468627]
["19118_47_OSTF1_OSTF1","FTjVRz","osteoporosis","OSTF1","Weighted mode",11,-0.131269457716214,0.302076828710598,0.6731117412154,-0.723340041988986,0.460801126556557,0.876981433136351,0.48512919504153,1.58534353719951]
["19120_33_DAO_OXDA","FTjVRz","osteoporosis","DAO","Weighted median",8,0.154443528868482,0.18481519014411,0.403343564026752,-0.207794243813974,0.516681301550939,1.16700837391331,0.812374170527895,1.67645475963223]
["19122_47_MYL12B_ML12B","FTjVRz","osteoporosis","MYL12B","MR Egger",9,0.500856373692131,0.327399657647164,0.169917009553328,-0.14084695529631,1.14255970268057,1.65013379696085,0.868622239558728,3.1347822147125]
["19123_6_NFKBID_IKBD","FTjVRz","osteoporosis","NFKBID","Weighted median",12,2.94074102951294E-3,0.0479354814522966,0.95108214547525,-0.0910128026169883,0.0968942846760142,1.0029450692501,0.913006021958034,1.10174389625146]
["19126_4_RPRD1B_C20orf77","FTjVRz","osteoporosis","RPRD1B","Weighted median",13,0.125043317464419,0.135320955835754,0.355460329259088,-0.14018575597366,0.390272390902497,1.13319753924776,0.869196761911127,1.47738316481266]
["19127_1_HSPB6_HSPB6","FTjVRz","osteoporosis","HSPB6","Simple mode",23,0.105080196256503,0.222742311471359,0.641745692775965,-0.331494734227361,0.541655126740368,1.11079968876054,0.717849936241336,1.71884942277922]
["19130_81_SERPINB8_SPB8","FTjVRz","osteoporosis","SERPINB8","Weighted median",10,0.0683100141584786,0.0793866991570033,0.389529034114546,-0.0872879161892479,0.223907944506205,1.07069718832021,0.91641320744767,1.25095585676866]
["19131_184_TIAL1_TIAR","FTjVRz","osteoporosis","TIAL1","Weighted mode",10,-0.1912340935502,0.212635422031661,0.39189225668731,-0.607999520732257,0.225531333631856,0.825939218474877,0.544438919171167,1.25298829417524]
["19139_3_HSF2BP_HSF2B","FTjVRz","osteoporosis","HSF2BP","Weighted median",8,-0.182700873199754,0.237400376971803,0.441543346013551,-0.648005612064488,0.282603865664981,0.833017296271311,0.523087977490801,1.3265795540089]
["19139_3_HSF2BP_HSF2B","FTjVRz","osteoporosis","HSF2BP","Weighted mode",8,-0.0920316974279483,0.24505249363548,0.718366526430648,-0.572334584953489,0.388271190097593,0.912076238616035,0.564206711458874,1.47442958077717]
["19143_38_CYB5R2_NB5R2","FTjVRz","osteoporosis","CYB5R2","Weighted median",14,0.0118566595579843,0.0861907551620616,0.890585792701398,-0.157077220559656,0.180790539675625,1.01192722837361,0.854638060640164,1.19816418514858]
["19144_9_TCF4_ITF2","FTjVRz","osteoporosis","TCF4","Weighted mode",12,-0.188223086163891,0.24259787503194,0.454187220542643,-0.663714921226493,0.28726874889871,0.828429875373782,0.514934834525534,1.33278234913779]
["19148_58_TIMM8A_TIM8A","FTjVRz","osteoporosis","TIMM8A","MR Egger",14,0.45502606292004,0.707416782662189,0.532179449818284,-0.93151083109785,1.84156295693793,1.57621446325018,0.393958056435748,6.30638717389508]
["19150_20_PRPSAP2_KPRB","FTjVRz","osteoporosis","PRPSAP2","Weighted mode",8,-0.470661674040293,0.320584874755908,0.185513402083318,-1.09900802856187,0.157684680481286,0.624588857293397,0.333201446133647,1.17079696136312]
["19153_53_MPPED2_MPPD2","FTjVRz","osteoporosis","MPPED2","MR Egger",12,-0.115765323038444,0.255996166675598,0.660765116278615,-0.617517809722617,0.385987163645729,0.890684221839829,0.539281376629544,1.47106578757194]
["19161_1_USP15_UBP15","FTjVRz","osteoporosis","USP15","MR Egger",11,-0.446737798590828,0.33234483117234,0.211783095367568,-1.09813366768861,0.204658070506958,0.639711619574887,0.333492911845597,1.22710540969036]
["19166_15_RPS19_RS19","FTjVRz","osteoporosis","RPS19","Inverse variance weighted",12,-0.0425252939969087,0.112767807251067,0.706095641201234,-0.263550196209,0.178499608215182,0.958366224302055,0.768319054767409,1.19542241492503]
["19168_71_PSTPIP1_PPIP1","FTjVRz","osteoporosis","PSTPIP1","MR Egger",15,1.27106357394616,0.82906787311261,0.149214725767942,-0.353909457354554,2.89603660524688,3.56464180708075,0.701938519848772,18.1022566129089]
["19173_5_ZFAND1_ZFAN1","FTjVRz","osteoporosis","ZFAND1","Inverse variance weighted",10,-0.0707144911822868,0.121504844704901,0.560574045243444,-0.308863986803892,0.167435004439319,0.931727870678962,0.734280635090645,1.18226844548718]
["19175_18_MARCKSL1_MARCKSL1","FTjVRz","osteoporosis","MARCKSL1","MR Egger",29,-0.117711720892859,0.0923541599012932,0.213322525299121,-0.298725874299394,0.0633024325136755,0.888952282050207,0.741762717792413,1.0653489866869]
["19180_38_GULP1_GULP1","FTjVRz","osteoporosis","GULP1","Simple mode",22,0.0501495494723883,0.13087868233831,0.705440766197621,-0.206372667910699,0.306671766855476,1.05142832517027,0.813529843316832,1.3588948605292]
["19187_21_STAMBP_STABP","FTjVRz","osteoporosis","STAMBP","MR Egger",7,0.441227955966816,0.213712569291719,0.0938838680363082,0.0223513201550463,0.860104591778585,1.5546150457292,1.02260298240834,2.36340787381211]
["19189_2_USP14_UBP14","FTjVRz","osteoporosis","USP14","Simple mode",6,0.243904228504812,0.401184602838146,0.569767765349451,-0.542417593057954,1.03022605006758,1.27622209893779,0.581341105883678,2.80169908739101]
["19194_9_DTD1_Histidyl_tRNA_synthetase_related","FTjVRz","osteoporosis","DTD1","MR Egger",17,-0.229733614006489,0.169872109479704,0.196287795871675,-0.562682948586708,0.103215720573731,0.794745283319566,0.569678593303195,1.10873055927263]
["19195_85_RPS5_RS5","FTjVRz","osteoporosis","RPS5","Simple mode",14,0.265393069870067,0.240325425982073,0.289481007198529,-0.205644765054796,0.736430904794931,1.30394341592845,0.814122229586818,2.08846825470677]
["19197_95_ACAT1_THIL","FTjVRz","osteoporosis","ACAT1","Weighted mode",13,-0.13668808465178,0.212554590896707,0.532272988084575,-0.553295082809326,0.279918913505767,0.87224224945075,0.575051841677758,1.32302252872922]
["19200_16_NDUFA5_NDUA5","FTjVRz","osteoporosis","NDUFA5","Simple mode",10,-0.435054860608239,0.281359670118278,0.156444480605275,-0.986519814040063,0.116410092823585,0.647229158718721,0.372872099829487,1.12345649912479]
["19202_10_BTK_BTK","FTjVRz","osteoporosis","BTK","Weighted mode",10,0.201279739388833,0.200021140437927,0.340561932132207,-0.190761695869504,0.59332117464717,1.22296683597195,0.826329482418715,1.80998973618778]
["19206_20_NUDT1_8ODP","FTjVRz","osteoporosis","NUDT1","Weighted mode",5,0.0745373412484942,0.163850633348169,0.672769665831309,-0.246609900113918,0.395684582610906,1.07738557369356,0.78144547587085,1.48540072243612]
["19209_6_NFKBIA_IKB_alpha","FTjVRz","osteoporosis","NFKBIA","Inverse variance weighted",8,0.0236213950097049,0.127659383005839,0.853201945554891,-0.22659099568174,0.27383378570115,1.02390258986727,0.797246792996756,1.31499621289937]
["19213_1_SPINK4_ISK4","FTjVRz","osteoporosis","SPINK4","Weighted mode",21,-0.0965552869083846,0.0757047995042866,0.216777449139577,-0.244936693936786,0.0518261201200172,0.907959697927434,0.782754089753283,1.05319259758875]
["19219_71_NUTF2_NTF_2","FTjVRz","osteoporosis","NUTF2","Inverse variance weighted",5,0.441120867903426,0.231416085748314,0.0566267700758628,-0.0124546601632681,0.894696395970121,1.55444857392837,0.987622578125213,2.44659288123484]
["19222_124_RAB5B_RAB5B","FTjVRz","osteoporosis","RAB5B","Weighted mode",10,-0.161407598567329,0.200859459157203,0.442342661249955,-0.555092138515446,0.232276941380788,0.850945156384364,0.574019369467251,1.26146903343359]
["19224_5_EIF1AY_IF1AY","FTjVRz","osteoporosis","EIF1AY","Simple mode",9,-0.467477403697843,0.242374056615373,0.0898947877240324,-0.942530554663974,0.00757574726828847,0.626580886965209,0.389640579946611,1.00760451584356]
["19228_11_BAG2_BAG_2","FTjVRz","osteoporosis","BAG2","Weighted mode",12,-0.21882328496232,0.374706954803897,0.571011645252273,-0.953248916377958,0.515602346453319,0.803463689725206,0.38548657311494,1.67464691569]
["19229_92_HOMER1_HOME1","FTjVRz","osteoporosis","HOMER1","Simple mode",21,0.149370276579472,0.125276892494157,0.247090663864166,-0.0961724327090762,0.394912985868019,1.16110283881012,0.908307380662239,1.48425503413833]
["19236_24_SUB1_TCP4","FTjVRz","osteoporosis","SUB1","Simple mode",12,0.328747808592432,0.342399080877736,0.357619037342065,-0.34235438992793,0.999850007112795,1.3892274601775,0.710096509061941,2.7178741360956]
["19237_17_DDT_D_dopachrome_decarboxylase","FTjVRz","osteoporosis","DDT","Simple mode",13,-0.129558907298678,0.180241931543721,0.486022521827669,-0.482833093124372,0.223715278527016,0.878482837841106,0.617032801796513,1.25071486334995]
["19239_5_ARF1_ARF1","FTjVRz","osteoporosis","ARF1","Simple mode",10,0.172130269361024,0.218629546997148,0.45133246779489,-0.256383642753387,0.600644181475435,1.18783256132429,0.773845031798334,1.82329295371107]
["19241_31_RBP5_RBP_III","FTjVRz","osteoporosis","RBP5","Simple mode",21,0.0905971798679763,0.18064108800576,0.621473112436147,-0.263459352623313,0.444653712359266,1.09482789770263,0.76838885479569,1.55994991091676]
["19242_21_PFDN1_PFD1","FTjVRz","osteoporosis","PFDN1","Simple mode",15,0.351080960161807,0.239239043940431,0.164346985576565,-0.117827565961439,0.819989486285052,1.4206023334514,0.888849307276803,2.27047596626981]
["19250_50_MYCBP_MYCBP","FTjVRz","osteoporosis","MYCBP","Simple mode",15,0.155150962076885,0.2114128591185,0.475135648999394,-0.259218241795375,0.569520165949144,1.16783424648189,0.771654597380871,1.76741878022243]
["19253_82_RAB2B_RAB2B","FTjVRz","osteoporosis","RAB2B","Weighted median",11,0.139591219168345,0.176605963698047,0.429288035409246,-0.206556469679826,0.485738908016516,1.1498036850704,0.813380328833327,1.62537556827536]
["19253_82_RAB2B_RAB2B","FTjVRz","osteoporosis","RAB2B","Simple mode",11,0.176896258196867,0.251786357358615,0.498354728004748,-0.316605002226019,0.670397518619752,1.19350727010818,0.728618500978443,1.95501432078409]
["19255_124_NXT2_NXT2","FTjVRz","osteoporosis","NXT2","Inverse variance weighted",9,0.0221424583419672,0.148707056440748,0.881632659874831,-0.269323372281899,0.313608288965833,1.02238942199845,0.763896192848706,1.36835363233883]
["19259_176_EIF2S1_IF2A","FTjVRz","osteoporosis","EIF2S1","Simple mode",11,-0.0696726023863998,0.232555162457633,0.770619890379645,-0.525480720803361,0.386135516030561,0.932699133394247,0.591271059737874,1.4712840398785]
["19261_12_SDCBP2_SDCB2","FTjVRz","osteoporosis","SDCBP2","Inverse variance weighted",17,-0.107782481484536,0.0970498742313227,0.266745482942574,-0.298000234977929,0.082435272008856,0.897822868289502,0.742301165323363,1.0859283812015]
["19262_219_ACADVL_ACADV","FTjVRz","osteoporosis","ACADVL","Simple mode",5,-0.100291573509976,0.30825072031849,0.761218200440693,-0.704462985334216,0.503879838314264,0.904573629872715,0.494373989066451,1.65513046794036]
["19265_9_TCP1_TCPA","FTjVRz","osteoporosis","TCP1","Inverse variance weighted",6,-0.0379278780362307,0.216489594763784,0.860926472948646,-0.462247483773246,0.386391727700785,0.962782376142916,0.629866438928275,1.47166104831465]
["19266_35_G3BP1_G3BP1","FTjVRz","osteoporosis","G3BP1","Inverse variance weighted",9,0.00441616566599188,0.170334214358298,0.979315983539423,-0.329438894476272,0.338271225808255,1.00442593129584,0.719327238703826,1.40252085167445]
["19272_9_PEF1_PEF1","FTjVRz","osteoporosis","PEF1","Inverse variance weighted",28,0.0246153278483852,0.0326444268431811,0.450822918409456,-0.0393677487642497,0.0885984044610201,1.02492078620051,0.961397091536767,1.09264176814467]
["19274_80_SNTA1_Alpha_1_syntrophin","FTjVRz","osteoporosis","SNTA1","Inverse variance weighted",12,0.0890914087038816,0.122317663530682,0.466392665519526,-0.150651211816255,0.328834029224018,1.09318057797915,0.86014765568401,1.38934724541044]
["19274_80_SNTA1_Alpha_1_syntrophin","FTjVRz","osteoporosis","SNTA1","Simple mode",12,0.364905739829262,0.268422674275833,0.201221297632029,-0.16120270175137,0.891014181409894,1.44037823145213,0.851119530201173,2.43760056727963]
["19277_4_TSTD1_KAT","FTjVRz","osteoporosis","TSTD1","Inverse variance weighted",11,-0.0979473332871878,0.138037998835551,0.477972129879423,-0.368501811004867,0.172607144430492,0.906696655228802,0.691769956798223,1.18839914414336]
["19278_19_RAB1B_RAB1B","FTjVRz","osteoporosis","RAB1B","Inverse variance weighted",12,0.0893804651613163,0.126262387486044,0.479010699226838,-0.158093814311331,0.336854744633963,1.09349661455836,0.853769682396509,1.40053561364958]
["19281_86_MAFG_MAFG","FTjVRz","osteoporosis","MAFG","Weighted median",12,-0.0333696813776425,0.177592967133383,0.850955206708793,-0.381451896959073,0.314712534203788,0.967180944707255,0.682869233354741,1.36986546488451]
["19286_30_MYL5_MLR5","FTjVRz","osteoporosis","MYL5","Inverse variance weighted",10,-0.0627363183970553,0.138526856264799,0.650633719856625,-0.334248956676062,0.208776319881951,0.939191088453644,0.715875538046164,1.23216935591653]
["19287_59_DENR_DENR","FTjVRz","osteoporosis","DENR","Inverse variance weighted",8,0.167673967806434,0.204237779699391,0.411660908382438,-0.232632080404372,0.567980016017239,1.18255099809426,0.792445075968203,1.76469878544598]
["19290_5_HPRT1_HPRT","FTjVRz","osteoporosis","HPRT1","Inverse variance weighted",12,-0.222564852789144,0.122402668756471,0.0690181927331878,-0.462474083551827,0.0173443779735401,0.80046309280269,0.629723727502478,1.01749566509184]
["19293_6_VPS26A_VP26A","FTjVRz","osteoporosis","VPS26A","Inverse variance weighted",17,-0.0133975094084353,0.0728658474191479,0.854119035601462,-0.156214570349965,0.129419551533095,0.98669183776579,0.855375632429875,1.13816754394561]
["19296_51_MYL7_MLRA","FTjVRz","osteoporosis","MYL7","Inverse variance weighted",8,0.0818257010897007,0.050170779233224,0.102902263693528,-0.0165090262074183,0.18016042838682,1.08526663255189,0.983626500933783,1.19740944617942]
["19297_4_G6PD_G6PD","FTjVRz","osteoporosis","G6PD","Inverse variance weighted",10,0.0185898580353007,0.140791655750697,0.894954182437101,-0.257361787236065,0.294541503306667,1.01876372516349,0.773088469623911,1.342510680846]
["19310_81_COPE_COPE","FTjVRz","osteoporosis","COPE","Weighted median",26,0.14410862710688,0.0834981178386185,0.0843670737093216,-0.0195476838568118,0.307764938070573,1.15500956705838,0.980642133274714,1.36038117752653]
["19311_15_CRYGS_CRBS","FTjVRz","osteoporosis","CRYGS","Inverse variance weighted",10,0.0782852221517974,0.186486436476101,0.674638553517995,-0.28722819334136,0.443798637644955,1.0814310627809,0.750340486596847,1.55861660731068]
["19323_1_EBAG9_RCAS1","FTjVRz","osteoporosis","EBAG9","Weighted median",11,-0.0216534430385013,0.120395032950724,0.857267744593608,-0.25762770762192,0.214320821544917,0.978579309765643,0.772882916971301,1.23902009537747]
["19327_31_HAT1_Hat1","FTjVRz","osteoporosis","HAT1","Inverse variance weighted",22,0.0395002523243922,0.0563960128904764,0.483672168243468,-0.0710359329409415,0.150036437589726,1.04029076137566,0.931428422563767,1.16187657793904]
["19328_51_CHEK2_Chk2","FTjVRz","osteoporosis","CHEK2","Weighted median",13,0.0777702840064218,0.18468990273367,0.673692475491652,-0.284221925351571,0.439762493364415,1.0808743360273,0.752599605239751,1.55233848403399]
["19333_4_HNRNPK_hnRNP_K","FTjVRz","osteoporosis","HNRNPK","Weighted median",13,0.354995901345919,0.195413028950524,0.0692716456541689,-0.028013635397107,0.738005438088945,1.4261748088723,0.972375107990118,2.09175920768491]
["19334_62_TXNDC12_TXD12","FTjVRz","osteoporosis","TXNDC12","Weighted median",11,0.146938774723736,0.179016152532863,0.411752825925266,-0.203932884240675,0.497810433688147,1.15828304465948,0.815517103400213,1.64511523541553]
["19341_36_ACBD6_ACBD6","FTjVRz","osteoporosis","ACBD6","Weighted median",3,-0.00374891714388476,0.0586610402188054,0.949043381973305,-0.118724555972743,0.111226721684974,0.996258101272764,0.888052375799842,1.11764827323126]
["19356_20_TOM1L2_TM1L2","FTjVRz","osteoporosis","TOM1L2","Weighted median",20,0.123691370684979,0.0777897942936731,0.111818585564577,-0.0287766261306198,0.276159367500579,1.13166655162419,0.971633477757699,1.31805790288378]
["19360_22_LRRTM1_LRRT1","FTjVRz","osteoporosis","LRRTM1","Weighted median",13,0.142576326820933,0.0893704079771692,0.110635874840642,-0.0325896728143191,0.317742326456184,1.15324110082518,0.967935648425827,1.37402216644818]
["19364_163_PCNA_PCNA","FTjVRz","osteoporosis","PCNA","Weighted median",13,0.180476397453577,0.143574014915227,0.208743898693437,-0.100928671780268,0.461881466687422,1.19778785030351,0.903997511119388,1.587057172932]
["19365_11_BCAT2_BCAT2","FTjVRz","osteoporosis","BCAT2","Weighted median",8,-0.187407627793576,0.201128756725197,0.351450554261862,-0.581619990974961,0.20680473538781,0.829105700966243,0.558992070558551,1.2297424231579]
["19370_30_HS3ST4_HS3S4","FTjVRz","osteoporosis","HS3ST4","Weighted median",11,0.0340283571192445,0.140392305808778,0.808485343587382,-0.241140562265959,0.309197276504449,1.03461394498315,0.785731174471523,1.36233109991284]
["19372_7_MDGA2_MDGA2","FTjVRz","osteoporosis","MDGA2","MR Egger",29,0.140564330689935,0.137021941796784,0.314064513525791,-0.127998675231762,0.409127336611632,1.15092311686156,0.879854544747227,1.50550341398404]
["19373_3_MYL12A_MLRM","FTjVRz","osteoporosis","MYL12A","Inverse variance weighted",8,-0.131754642562252,0.227007015800069,0.561645586471908,-0.576688393530387,0.313179108405883,0.87655603824066,0.561755603139454,1.36776648756527]
["19379_154_RAB3D_RAB3D","FTjVRz","osteoporosis","RAB3D","MR Egger",10,0.0887502305538687,0.811603232687709,0.915616726034327,-1.50199210551404,1.67949256662178,1.09280767226918,0.222686103776476,5.36283399959751]
["19379_154_RAB3D_RAB3D","FTjVRz","osteoporosis","RAB3D","Inverse variance weighted",10,0.154772170842432,0.152099084962828,0.308880146735438,-0.143342035684711,0.452886377369575,1.16739196487752,0.866457658768369,1.57284546552195]
["19388_2_CDH12_Cadherin_12","FTjVRz","osteoporosis","CDH12","MR Egger",9,0.171383023637408,0.461870822491934,0.721566188408553,-0.733883788446782,1.0766498357216,1.18694529006858,0.480040987333901,2.9348308973376]
["19392_6_DDAH1_DDAH1","FTjVRz","osteoporosis","DDAH1","MR Egger",35,-0.0128141452216108,0.0921620653725913,0.890264191062571,-0.19345179335189,0.167823502908668,0.987267606372439,0.824109562797258,1.18272784420068]
["19446_1_GMPR2_GMPR2","FTjVRz","osteoporosis","GMPR2","MR Egger",9,0.0297726006679115,0.181950599753579,0.874646486446633,-0.326850574849104,0.386395776184927,1.03022023592137,0.721191499124252,1.47166700632312]
["19467_3_RBKS_RBSK","FTjVRz","osteoporosis","RBKS","MR Egger",12,0.45938674276073,0.298505564342967,0.154835367945055,-0.125684163351485,1.04445764887295,1.58310283796755,0.881893337038304,2.84185682136758]
["19482_11_HDHD3_HDHD3","FTjVRz","osteoporosis","HDHD3","Weighted median",13,0.0232660200159067,0.0917902468575679,0.79990549424172,-0.156642863824926,0.20317490385674,1.02353878513813,0.855009359069708,1.22528675688639]
["19488_1_PDCD6_PDCD6","FTjVRz","osteoporosis","PDCD6","MR Egger",15,-0.113541548702459,0.321507888420692,0.729634242612962,-0.743697010007017,0.516613912602098,0.892667106480669,0.475353277155045,1.67634178891473]
["19492_5_KAAG1_KAAG1","FTjVRz","osteoporosis","KAAG1","Weighted median",18,-0.112966168604794,0.0678440986590913,0.0958958647868635,-0.245940601976613,0.0200082647670253,0.893180877160116,0.781968670939468,1.02020977178799]
["19504_22_DTYMK_KTHY","FTjVRz","osteoporosis","DTYMK","MR Egger",9,-0.591012959297231,0.595186969217406,0.353793057118203,-1.75757941896335,0.575553500368884,0.553766058055606,0.17246181678851,1.77811444158969]
["19506_6_GLYAT_GLYAT","FTjVRz","osteoporosis","GLYAT","Weighted median",15,0.0312224005040991,0.115593863252007,0.787080007539882,-0.195341571469834,0.257786372478033,1.03171493229411,0.82255364920747,1.29406234176241]
["19516_10_HMGA2_HMGA2","FTjVRz","osteoporosis","HMGA2","Weighted mode",13,0.30711155017909,0.193742017056045,0.138915934046406,-0.0726228032507584,0.686845903608938,1.35949261125817,0.929951538575875,1.98743706892072]
["19523_215_PARK7_PARK7","FTjVRz","osteoporosis","PARK7","Weighted median",8,0.150873161728138,0.142501297810404,0.289713929342296,-0.128429381980254,0.430175705436531,1.16284915495025,0.879475667055559,1.53752765178332]
["19545_145_PARK7_Oxidized_PARK7","FTjVRz","osteoporosis","PARK7","Weighted mode",11,0.222353096887573,0.0895843072722541,0.0324285472866907,0.046767854633955,0.397938339141191,1.24901232237521,1.04787872065243,1.48875222933604]
["19556_12_CR1_Complement_receptor_type_1","FTjVRz","osteoporosis","CR1","Weighted mode",25,0.0577562292670255,0.0608070185975324,0.351667029902031,-0.061425527184138,0.176937985718189,1.05945669969282,0.94042297907896,1.19355707324732]
["19557_3_KLB_KLOTB","FTjVRz","osteoporosis","KLB","MR Egger",21,0.0243065961330914,0.0915890336504342,0.793568939833224,-0.15520790982176,0.203821102087942,1.02460440948842,0.856237138865341,1.22607879089933]
["19560_23_PLXNA4_PLXA4","FTjVRz","osteoporosis","PLXNA4","Weighted mode",13,-0.12364635728252,0.170202767427751,0.481484646093643,-0.457243781440912,0.209951066875873,0.883692296975902,0.633026001260334,1.23361769371207]
["19562_8_USP28_UBP28","FTjVRz","osteoporosis","USP28","MR Egger",10,-0.327387085867294,0.384724341195761,0.419528734549544,-1.08144679461099,0.426672622876398,0.720804675715536,0.339104555920339,1.5321509884268]
["19563_3_SEZ6L_SEZ6L","FTjVRz","osteoporosis","SEZ6L","Weighted mode",18,-0.142073066672665,0.216277908206914,0.520039561339783,-0.565977766758216,0.281831633412886,0.867557864603514,0.56780469469488,1.32555552193851]
["19570_12_FGF8_FGF_8","FTjVRz","osteoporosis","FGF8","MR Egger",11,-0.943828775977517,0.450020314691574,0.0654039311279861,-1.825868592773,-0.0617889591820313,0.389135068445004,0.161077672447201,0.940081261376143]
["19572_10_CEBPG_CEBPG","FTjVRz","osteoporosis","CEBPG","Weighted mode",13,0.141091364076072,0.201920498242356,0.49802931010573,-0.254672812478946,0.53685554063109,1.15152985163972,0.775170082451651,1.71061942306074]
["19579_5_DEFA1_HNP_1","FTjVRz","osteoporosis","DEFA1","MR Egger",13,-0.0246877610964537,0.142533583475687,0.865635090475453,-0.304053584708801,0.254678062515893,0.97561448927384,0.737821329450226,1.29004623977229]
["19579_5_DEFA1_HNP_1","FTjVRz","osteoporosis","DEFA1","Weighted mode",13,0.0954461698837574,0.108767279103519,0.397429606488995,-0.117737697159139,0.308630036926654,1.10014959925915,0.888929190688933,1.36155855092581]
["19584_33_FGF9_FGF9","FTjVRz","osteoporosis","FGF9","Weighted median",15,0.162419182495446,0.191112258574432,0.395401418307641,-0.21216084431044,0.536999209301332,1.17635324467322,0.808834590661308,1.71086520313357]
["19587_12_KPNA1_IMA5","FTjVRz","osteoporosis","KPNA1","Simple mode",22,0.053383011572786,0.148088901369796,0.722089122025012,-0.236871235112014,0.343637258257586,1.05483358122729,0.789092888933609,1.41006705254748]
["19596_18_BRF1_BRF_1","FTjVRz","osteoporosis","BRF1","Weighted median",19,0.0652360276673482,0.103014547051494,0.526557306015245,-0.136672484553581,0.267144539888277,1.06741093316696,0.872255856621631,1.30622923491426]
["19606_28_IHH_ihh","FTjVRz","osteoporosis","IHH","Simple mode",12,0.382529594270115,0.237153576292166,0.135039756618105,-0.0822914152625294,0.84735060380276,1.46598825856811,0.921003525101367,2.33345640454853]
["19612_3_CD81_CD81","FTjVRz","osteoporosis","CD81","Simple mode",13,0.187360053624943,0.203010409267221,0.374239230619509,-0.21054034853881,0.585260455788695,1.20606145368154,0.810146366271777,1.79545856232165]
["19615_213_NT5C3A_5NT3","FTjVRz","osteoporosis","NT5C3A","Weighted mode",14,0.0862668835084748,0.14656956706458,0.566234143048033,-0.201009467938102,0.373543234955051,1.09009721845675,0.817904687646244,1.45287337710076]
["19616_100_EFHD1_EFHD1","FTjVRz","osteoporosis","EFHD1","Simple mode",15,-0.0944716356355837,0.141964870369582,0.516572015962509,-0.372722781559965,0.183779510288797,0.90985354167745,0.68885617000994,1.20175082019089]
["19622_7_INHBA_Activin_A","FTjVRz","osteoporosis","INHBA","Weighted mode",9,0.356766562737683,0.209807547981069,0.127466649471388,-0.0544562313052118,0.767989356780577,1.42870231856583,0.946999956902833,2.15542809711533]
["19631_13_KNG1_Kininostatin","FTjVRz","osteoporosis","KNG1","Simple mode",20,-0.054105904936914,0.0790216627742107,0.501802813818583,-0.208988363974367,0.100776554100539,0.947331774077272,0.811404677114102,1.10602947639922]
["19637_9_CRH_CRH","FTjVRz","osteoporosis","CRH","MR Egger",11,0.142866279954442,0.150671042143434,0.367791013763329,-0.15244896264669,0.438181522555574,1.15357553517886,0.858602713648214,1.54988622119406]
["19638_9_PDYN_Dynorphin_A__1_17_","FTjVRz","osteoporosis","PDYN","Simple mode",16,-0.0197774119644831,0.156159138628945,0.900900240102365,-0.325849323677215,0.286294499748248,0.980416878087849,0.721913954577236,1.33148451937382]
["2190_55_F11_Coagulation_Factor_XI","FTjVRz","osteoporosis","F11","MR Egger",13,-0.110635891357075,0.0624038250023807,0.10389985833902,-0.232947388361741,0.0116756056475916,0.895264663192904,0.792195251117924,1.01174403157662]
["2192_63_CCL27_CTACK","FTjVRz","osteoporosis","CCL27","Inverse variance weighted",9,0.212859131847559,0.225312142081506,0.344796755441498,-0.228752666632193,0.654470930327311,1.23721035543057,0.795525269118437,1.92412425224517]
["2212_69_PLAT_tPA","FTjVRz","osteoporosis","PLAT","MR Egger",14,-0.0616558258300418,0.176054177748096,0.732251761919626,-0.406722014216309,0.283410362556225,0.940206425877213,0.665829255644997,1.32764986783957]
["2278_61_TIMP2_TIMP_2","FTjVRz","osteoporosis","TIMP2","Inverse variance weighted",14,0.20770372213296,0.131962096913715,0.115495540735702,-0.0509419878179215,0.466349432083841,1.23084844237008,0.950333799870758,1.59416395406635]
["2381_52_C5_C5","FTjVRz","osteoporosis","C5","MR Egger",18,0.141979808803872,0.257394532705921,0.588841489446479,-0.362513475299733,0.646473092907476,1.15255337687078,0.695924935818356,1.90879679426082]
["2418_55_APOE_Apo_E","FTjVRz","osteoporosis","APOE","Inverse variance weighted",17,0.0886806827155506,0.0918945973081302,0.334531750817971,-0.0914327280083845,0.268794093439486,1.09273167250072,0.912622708034174,1.30838570810743]
["2436_49_CXCL16_CXCL16__soluble","FTjVRz","osteoporosis","CXCL16","Inverse variance weighted",25,-0.0496665790685496,0.0646300242797998,0.442204843225962,-0.176341426656957,0.077008268519858,0.951546637181189,0.838331705676752,1.08005100677888]
["2436_49_CXCL16_CXCL16__soluble","FTjVRz","osteoporosis","CXCL16","Weighted mode",25,-0.0503011554252835,0.0976376882769518,0.611138900374382,-0.241671024448109,0.141068713597542,0.950942999730188,0.785314484327083,1.15150376923293]
["2447_7_PLA2G2E_GIIE","FTjVRz","osteoporosis","PLA2G2E","Inverse variance weighted",12,-0.113562772211751,0.166727929995951,0.495791599113263,-0.440349515003816,0.213223970580313,0.892648161153084,0.643811360024369,1.23766182003968]
["2449_1_PLA2G5_GV","FTjVRz","osteoporosis","PLA2G5","Weighted mode",14,-0.035085123710016,0.243814900038095,0.887785698413529,-0.512962327784683,0.442792080364651,0.965523223840434,0.598719346265012,1.55704855971464]
["2474_54_APCS_SAP","FTjVRz","osteoporosis","APCS","Inverse variance weighted",13,0.0311638675302105,0.0864551542372143,0.718501065911075,-0.13828823477473,0.20061596983515,1.03165454471827,0.870847646992268,1.22215533717496]
["2500_2_ANGPT4_Angiopoietin_4","FTjVRz","osteoporosis","ANGPT4","Weighted mode",9,0.110855390886419,0.20660378776736,0.606166185778934,-0.294088033137607,0.515798814910446,1.11723333305026,0.745210885303161,1.67497596330844]
["2514_65_EFNB3_Ephrin_B3","FTjVRz","osteoporosis","EFNB3","Inverse variance weighted",9,0.067980275659352,0.156577376071671,0.664169280138417,-0.238911381441122,0.374871932759826,1.07034419643702,0.787484665036776,1.45480508981456]
["2515_14_GFRA2_GFRa_2","FTjVRz","osteoporosis","GFRA2","MR Egger",20,-0.0940847388183416,0.191256714518996,0.628715024209677,-0.468947899275574,0.280778421638891,0.910205629223264,0.625660179655757,1.32416016618726]
["2558_51_POMC_b_Endorphin","FTjVRz","osteoporosis","POMC","Weighted median",12,-0.0562639612948089,0.134555830472223,0.675840488434357,-0.319993389020367,0.207465466430749,0.945289583093383,0.726153837646054,1.23055522064239]
["2567_5_CFI_Factor_I","FTjVRz","osteoporosis","CFI","MR Egger",16,0.11924736428894,0.122469242853189,0.346733700909493,-0.12079235170331,0.35928708028119,1.12664857644589,0.886217962138641,1.43230792991869]
["2578_67_CCL2_MCP_1","FTjVRz","osteoporosis","CCL2","Weighted median",14,0.06494328502398761,0.112072723357897,0.562269049763058,-0.154719252757491,0.284605822805466,1.067098502202,0.856655647437194,1.32923796954859]
["2580_83_MPO_Myeloperoxidase","FTjVRz","osteoporosis","MPO","MR Egger",46,0.0480506291314885,0.116062202308409,0.680879831766088,-0.179431287392993,0.27553254565597,1.04922377526823,0.835745375213774,1.31723197427988]
["2597_8_VEGFA_VEGF","FTjVRz","osteoporosis","VEGFA","Weighted median",12,-0.0485746900079707,0.0628811373743443,0.439827655083811,-0.171821719261685,0.074672339245744,0.952586187978748,0.842129295218675,1.0775310284061]
["2599_51_TNFSF9_4_1BB_ligand","FTjVRz","osteoporosis","TNFSF9","Weighted median",10,-0.130843489677132,0.199422417842384,0.511751908254034,-0.521711428648205,0.26002444929394,0.877355078772635,0.593503938647747,1.29696179607831]
["2605_49_TNFRSF8_CD30","FTjVRz","osteoporosis","TNFRSF8","Simple mode",14,0.129150841439056,0.173781543521445,0.47059129662902,-0.211460983862975,0.469762666741088,1.13786174792492,0.809400860131542,1.59961450643918]
["2609_59_CST3_Cystatin_C","FTjVRz","osteoporosis","CST3","Weighted median",27,-0.0399491654268307,0.0860776299505977,0.642571629274321,-0.208661320130002,0.128762989276341,0.960838281714803,0.811670085416752,1.13742051135793]
["2614_28_EFNA4_Ephrin_A4","FTjVRz","osteoporosis","EFNA4","Simple mode",11,-0.207346611187532,0.319446432977184,0.530909989581078,-0.833461619822813,0.418768397447749,0.812737897113372,0.434542459004605,1.52008825769835]
["2616_23_ERBB2_ERBB2","FTjVRz","osteoporosis","ERBB2","Weighted median",18,0.0486663708945475,0.129630917771555,0.707346230017925,-0.205410227937701,0.302742969726796,1.04987002510655,0.814313193860738,1.35356651215665]
["2617_56_ERBB3_ERBB3","FTjVRz","osteoporosis","ERBB3","Weighted mode",12,0.131688638419945,0.181385452302476,0.482991256507518,-0.223826848092909,0.487204124932798,1.14075307728516,0.799453549292306,1.62775884163315]
["2619_72_TACSTD2_GA733_1_protein","FTjVRz","osteoporosis","TACSTD2","Weighted median",9,-0.189083613352334,0.236223773564972,0.423454304977881,-0.652082209539679,0.273914982835011,0.827717295583419,0.520959898969371,1.31510299115788]
["2622_18_HMOX2_HO_2","FTjVRz","osteoporosis","HMOX2","Weighted mode",10,-0.291000006996569,0.190452304454045,0.160876234468632,-0.664286523726497,0.0822865097333596,0.747515672788046,0.514640580592933,1.08576684803981]
["2632_5_IL12RB1_IL_12_Rb1","FTjVRz","osteoporosis","IL12RB1","MR Egger",10,0.0455979808135094,0.342280801498312,0.897311012253529,-0.625272390123183,0.716468351750202,1.04665355155649,0.535115648447968,2.04719047212155]
["2634_2_IL2RG_IL_2_sRg","FTjVRz","osteoporosis","IL2RG","Weighted mode",10,-0.177509282140118,0.251919217802131,0.498868526908335,-0.671270949032295,0.316252384752058,0.837353226869701,0.511058635374116,1.3719764778768]
["2637_77_MRC1_Macrophage_mannose_receptor","FTjVRz","osteoporosis","MRC1","MR Egger",23,0.0435690207869058,0.106775355014396,0.687371903285807,-0.165710675041311,0.252848716615123,1.04453208625062,0.847291341262201,1.28768845623012]
["2640_3_MST1R_MSP_R","FTjVRz","osteoporosis","MST1R","Weighted mode",14,0.197195037260466,0.0854035793976448,0.0380198638945919,0.0298040216410817,0.364586052879849,1.21798156933027,1.03025260695232,1.43991783492461]
["2643_57_CDH3_P_Cadherin","FTjVRz","osteoporosis","CDH3","MR Egger",18,-0.0270859024222699,0.114113732517209,0.815390969926512,-0.250748818155999,0.196577013311459,0.97327763102717,0.778217821198593,1.21722906010929]
["2647_66_GDI2_Rab_GDP_dissociation_inhibitor_beta","FTjVRz","osteoporosis","GDI2","MR Egger",9,-0.500037992218431,0.890756577296722,0.592059061245504,-2.24592088372001,1.24584489928314,0.606507616705055,0.105830038327029,3.47587031939396]
["2647_66_GDI2_Rab_GDP_dissociation_inhibitor_beta","FTjVRz","osteoporosis","GDI2","Simple mode",9,0.600103402555342,0.42294517389796,0.193700620887849,-0.22886913828466,1.42907594339534,1.82230722187207,0.795432618371461,4.17483962084179]
["2654_19_TNFRSF1A_TNF_sR_I","FTjVRz","osteoporosis","TNFRSF1A","MR Egger",19,-0.131467233939298,0.223133748473529,0.563485088174473,-0.568809380947416,0.30587491306882,0.876808004211415,0.566199165057705,1.35781245133212]
["2665_26_TNFRSF17_BCMA","FTjVRz","osteoporosis","TNFRSF17","Simple mode",45,0.0814115223008178,0.147502239822455,0.583786140300526,-0.207692867751193,0.370515912352829,1.08481723120509,0.812456529997377,1.44848171153633]
["2666_53_DCN_Bone_proteoglycan_II","FTjVRz","osteoporosis","DCN","MR Egger",9,2.60187499830007,1.93162010351292,0.219957423465127,-1.18410040458524,6.38785040118539,13.4890062024126,0.306021351112872,594.577102764361]
["2677_1_EGFR_ERBB1","FTjVRz","osteoporosis","EGFR","Weighted mode",18,-0.0202383265256398,0.115014461003294,0.862401833458394,-0.245666670092096,0.205190017040816,0.979965093797711,0.782182906432758,1.22775833780576]
["2687_2_MIA_MIA","FTjVRz","osteoporosis","MIA","MR Egger",22,-0.00515545563720081,0.0293577343635159,0.862367647395075,-0.062696614989692,0.0523857037152904,0.994857810916046,0.939228378280283,1.05378211181489]
["2687_2_MIA_MIA","FTjVRz","osteoporosis","MIA","Weighted mode",22,-0.0128701281154777,0.0262645354346833,0.62920057483652,-0.064348617567457,0.0386083613365015,0.987212337821874,0.937678051502755,1.03936334905762]
["2695_25_PECAM1_PECAM_1","FTjVRz","osteoporosis","PECAM1","Weighted mode",10,0.154017077215916,0.122244043543997,0.239388594677914,-0.0855812481303169,0.39361540256215,1.16651080736527,0.917978555982825,1.48233033858085]
["2696_87_PSPN_Persephin","FTjVRz","osteoporosis","PSPN","Weighted mode",15,-0.12079708679967,0.164923571809835,0.475982820801055,-0.444047287546946,0.202453113947606,0.886213765821129,0.641435088218301,1.22440267636805]
["2700_56_PROS1_Protein_S","FTjVRz","osteoporosis","PROS1","Weighted mode",23,-0.0798927061836352,0.107993452055124,0.467247732992038,-0.291559872211678,0.131774459844408,0.923215396376019,0.747097281897285,1.14085098254033]
["2705_5_CCL25_TECK","FTjVRz","osteoporosis","CCL25","Weighted mode",22,0.0590519317081037,0.0480034448654474,0.232240246644704,-0.0350348202281731,0.153138683644381,1.06083033004075,0.965571794242014,1.16548660166466]
["2714_78_AIMP1_EMAP_2","FTjVRz","osteoporosis","AIMP1","Weighted mode",14,0.304075853450887,0.122853383488234,0.0278653117229724,0.0632832218139481,0.544868485087825,1.35537186182349,1.065328520784,1.7243815855704]
["2719_3_CSF3R_G_CSF_R","FTjVRz","osteoporosis","CSF3R","Weighted mode",18,0.0617963347341757,0.0985659043034053,0.539018586154428,-0.131392837700499,0.25498550716885,1.0637456746191,0.876873237855616,1.29044291856604]
["2731_29_POR_NADPH_P450_Oxidoreductase","FTjVRz","osteoporosis","POR","Inverse variance weighted",18,-0.0146137268404518,0.0668400985685173,0.826932732503502,-0.145620320034746,0.116392866353842,0.985492535406721,0.864485868846383,1.12343714610209]
["2731_29_POR_NADPH_P450_Oxidoreductase","FTjVRz","osteoporosis","POR","Weighted mode",18,-0.126999561552634,0.0950029928441392,0.198905182450684,-0.313205427527147,0.0592063044218791,0.880734058752601,0.731099709136105,1.0609941059386]
["2741_22_SIGLEC6_Siglec_6","FTjVRz","osteoporosis","SIGLEC6","Simple mode",11,-0.176955655726969,0.150907536916355,0.268128529200701,-0.472734428083024,0.118823116629086,0.837816936082222,0.623295579001328,1.12617069980005]
["2743_5_SHH_Sonic_Hedgehog","FTjVRz","osteoporosis","SHH","Weighted mode",8,-0.429393940605112,0.199543263820999,0.068423023092263,-0.820498737694271,-0.0382891435159544,0.650903461364366,0.44021204940537,0.96243461892605]
["2750_3_APOA1_Apo_A_I","FTjVRz","osteoporosis","APOA1","Simple mode",16,0.240770340741265,0.170298424019727,0.177834542204003,-0.0930145703373992,0.57455525181993,1.27222882262649,0.911180223996126,1.77634032707944]
["2752_62_GDF5_BMP_14","FTjVRz","osteoporosis","GDF5","Weighted mode",17,0.0680278858326857,0.114478432550435,0.560659577491834,-0.156349841966166,0.292405613631537,1.07039515692285,0.855259932211271,1.33964628624841]
["2761_49_FGF18_FGF_18","FTjVRz","osteoporosis","FGF18","Simple mode",9,-0.171363680504409,0.239924525559351,0.495387548193947,-0.641615750600737,0.298888389591919,0.842515111427166,0.52644113890957,1.34835912416233]
["2763_66_FGF20_FGF_20","FTjVRz","osteoporosis","FGF20","Simple mode",17,0.341406307263283,0.250626311072914,0.19200122591098,-0.149821262439628,0.832633876966195,1.40692476849873,0.860861831018345,2.29936702138791]
["2773_50_IL10_IL_10","FTjVRz","osteoporosis","IL10","Simple mode",8,-0.227993016090024,0.341755619700883,0.526066079901199,-0.897834030703754,0.441847998523706,0.79612981991503,0.407451231524438,1.55557927211694]
["2778_10_IL22_IL_22","FTjVRz","osteoporosis","IL22","Simple mode",12,0.0816602769820882,0.20255115261396,0.694556810241911,-0.315339982141273,0.478660536105449,1.0850871181361,0.729540801257492,1.61391117798404]
["2783_18_CCL3L1_LD78_beta","FTjVRz","osteoporosis","CCL3L1","Weighted mode",21,0.136430298798105,0.0778906237117948,0.095170807029375,-0.0162353236770132,0.289095921273222,1.14617498521744,0.983895758842667,1.33521979836919]
["2788_55_MMP3_MMP_3","FTjVRz","osteoporosis","MMP3","Inverse variance weighted",13,0.0964629562053681,0.0769912235443682,0.21023901852474,-0.0544398419415937,0.24736575435233,1.10126878521347,0.947015477756661,1.28064742949975]
["2794_60_SOD1_SOD","FTjVRz","osteoporosis","SOD1","Simple mode",13,-0.147011315428064,0.323118299837576,0.657247559056047,-0.780323183109712,0.486300552253585,0.863284208930688,0.458257886162041,1.62628870750204]
["2797_56_APOB_Apo_B","FTjVRz","osteoporosis","APOB","Inverse variance weighted",21,4.1259507231671E-4,0.046246648981744,0.992881670819564,-0.0902308369319015,0.0910560270765349,1.00041268020137,0.913720240548304,1.09533037169792]
["2806_49_ACVR1B_Activin_RIB","FTjVRz","osteoporosis","ACVR1B","Simple mode",18,0.452589232939363,0.263702075460189,0.104273539860802,-0.0642668349626063,0.969445300841333,1.57237817268246,0.937754740392184,2.636481599543]
["2809_25_ADAMTS4_ADAMTS_4","FTjVRz","osteoporosis","ADAMTS4","Simple mode",17,-0.419054740115031,0.314216299257405,0.20099419506613,-1.03491868665954,0.196809206429483,0.657668193449893,0.355255266742988,1.21751172513527]
["2813_11_AGRP_ART","FTjVRz","osteoporosis","AGRP","Simple mode",21,0.116912779769937,0.251726806728791,0.647346380824362,-0.376471761418493,0.610297320958366,1.12402138801093,0.686278496944419,1.84097867896383]
["2819_23_CDH5_Cadherin_5","FTjVRz","osteoporosis","CDH5","Simple mode",15,-0.182901180125481,0.0986056311398286,0.0847934500236821,-0.376168217159545,0.0103658569085834,0.832850453848022,0.686486844461953,1.01041976852231]
["2827_23_CX3CL1_Fractalkine_CX3CL_1","FTjVRz","osteoporosis","CX3CL1","Simple mode",17,0.194706395892982,0.133094448692532,0.162856063163806,-0.0661587235443798,0.455571515330344,1.21495421856962,0.93598229007426,1.5770744477473]
["2828_82_SPINT1_HAI_1","FTjVRz","osteoporosis","SPINT1","Simple mode",32,-0.0466197569141538,0.113517531486233,0.684129715458623,-0.26911411862717,0.175874604798862,0.954450251708611,0.764056057644456,1.19228854201499]
["2834_54_KLK8_kallikrein_8","FTjVRz","osteoporosis","KLK8","Inverse variance weighted",13,-0.0357227721055867,0.105602012943232,0.735154169258672,-0.242702717474321,0.171257173263147,0.96490775575284,0.784504698647166,1.18679592195881]
["2835_1_XRCC6_Ku70","FTjVRz","osteoporosis","XRCC6","Simple mode",13,-0.297030036093895,0.280460607270046,0.31041668828052,-0.846732826343186,0.252672754155395,0.743021694557388,0.428813654445353,1.28746189133604]
["2837_3_MET_Met","FTjVRz","osteoporosis","MET","Inverse variance weighted",20,0.0663644810166927,0.0453375954889449,0.143252769655145,-0.0224972061416394,0.155226168175025,1.06861613648959,0.977753968895621,1.16792207804154]
["2843_13_SPINT2_SPINT2","FTjVRz","osteoporosis","SPINT2","Inverse variance weighted",10,0.0436412082544971,0.0625424284901542,0.485311263247259,-0.0789419515862051,0.166224368095199,1.04460749109835,0.924093565053845,1.18083801437922]
["2846_24_RPS27A_Ubiquitin1","FTjVRz","osteoporosis","RPS27A","Weighted median",9,0.257189748898478,0.290839974795761,0.376534364014756,-0.312856601701213,0.827236099498169,1.29329050392713,0.731354780081064,2.28698898688088]
["2849_49_AIF1_AIF1","FTjVRz","osteoporosis","AIF1","Inverse variance weighted",10,-0.130876421323312,0.110365802423785,0.23568463921613,-0.347193394073931,0.0854405514273063,0.877326186501344,0.706668649512697,1.08919680822371]
["2855_49_MAPK3_ERK_1","FTjVRz","osteoporosis","MAPK3","Weighted median",11,0.0721113961514548,0.0753960756096616,0.338852840106448,-0.0756649120434819,0.219887704346391,1.07477506320128,0.927126823547206,1.24593680944289]
["2855_49_MAPK3_ERK_1","FTjVRz","osteoporosis","MAPK3","Inverse variance weighted",11,0.0697793820775609,0.0691481591589656,0.312912983991975,-0.0657510098740117,0.205309774029134,1.07227159282625,0.936363980654092,1.22790537925112]
["2864_2_MAP2K1_MEK1","FTjVRz","osteoporosis","MAP2K1","Inverse variance weighted",15,-0.037408535651029,0.12482171924705,0.764409259733129,-0.282059105375247,0.207242034073189,0.963282519700205,0.754229104221407,1.23028030550195]
["2871_73_RAD51_RAD51","FTjVRz","osteoporosis","RAD51","Inverse variance weighted",18,0.0136772100688739,0.0560351990116549,0.807166944965107,-0.0961517799939696,0.123506200131717,1.01377117099225,0.908326139869515,1.13145701970289]
["2876_74_TOP1_Topoisomerase_I","FTjVRz","osteoporosis","TOP1","Inverse variance weighted",11,-0.0815582525084395,0.123225533154652,0.508059902848886,-0.323080297491557,0.159963792474678,0.92167901817528,0.723915723417373,1.17346838183645]
["2877_3_UBE2I_UBC9","FTjVRz","osteoporosis","UBE2I","Inverse variance weighted",11,-0.0636698672857557,0.163516719093688,0.696996298591411,-0.384162636709384,0.256822902137872,0.938314716788286,0.681020659213286,1.29281615150788]
["2888_49_C7_C7","FTjVRz","osteoporosis","C7","Inverse variance weighted",11,-0.0183191301586129,0.0513738115843607,0.721402514988889,-0.11901180086396,0.0823735405467342,0.981847645160574,0.887797323924689,1.08586134732384]
["2889_37_CTF1_Cardiotrophin_1","FTjVRz","osteoporosis","CTF1","Weighted median",11,0.153862735240006,0.138743999641556,0.267443739831829,-0.118075504057444,0.425800974537456,1.16633077967561,0.888628954989913,1.53081607343547]
["2906_55_IL4_IL_4","FTjVRz","osteoporosis","IL4","Inverse variance weighted",9,-0.152059900027798,0.243190979428709,0.531794199856773,-0.628714219708068,0.324594419652471,0.858936828860228,0.533277037485652,1.38346942416833]
["2913_1_CCL23_MPIF_1","FTjVRz","osteoporosis","CCL23","Weighted median",19,-0.0316010511258383,0.0331232613405251,0.340061334202726,-0.0965226433532674,0.0333205411015908,0.968893043773839,0.907989337443645,1.03388188777228]
["2925_9_SERPINE1_PAI_1","FTjVRz","osteoporosis","SERPINE1","Weighted median",15,0.00754131910145223,0.129994994902131,0.95373876695943,-0.247248870906724,0.262331509109629,1.00756982646433,0.780946314527341,1.29995741873217]
["2942_50_CYCS_Cytochrome_c","FTjVRz","osteoporosis","CYCS","Weighted median",11,0.0291650720559336,0.112807279685312,0.795991017186939,-0.191937196127277,0.250267340239145,1.02959453773543,0.825358702586882,1.28436873423896]
["2946_52_CFD_Factor_D","FTjVRz","osteoporosis","CFD","Weighted median",17,0.0868328588482971,0.101789438385409,0.393624067850347,-0.112674440387105,0.286340158083699,1.09071436122773,0.893441481236417,1.33154531412853]
["2948_58_GHR_Growth_hormone_receptor","FTjVRz","osteoporosis","GHR","Weighted median",23,-0.00476877591131284,0.106785699614243,0.964380358253553,-0.214068747155229,0.204531195332603,0.995242576647428,0.807292884025722,1.22694973035369]
["2950_57_IGFBP4_IGFBP_4","FTjVRz","osteoporosis","IGFBP4","Weighted median",10,0.365362707167693,0.180042122226103,0.0424259180026961,0.0124801476045316,0.718245266730855,1.44103658767108,1.01255834963231,2.05083138938193]
["2952_75_IGF1_IGF_I","FTjVRz","osteoporosis","IGF1","Inverse variance weighted",28,0.1248068578398,0.0787375729586235,0.112943814836587,-0.0295187851591024,0.279132500838702,1.13292961546084,0.970912638721491,1.32198249605485]
["2961_1_PROC_Protein_C","FTjVRz","osteoporosis","PROC","Weighted median",12,-0.0626348119687391,0.0701831040176451,0.372152538735916,-0.200193695843324,0.0749240719058454,0.939286427225207,0.818572183691921,1.0778023123023]
["2966_65_CLEC11A_SCGF_beta","FTjVRz","osteoporosis","CLEC11A","Inverse variance weighted",31,0.0523877608415146,0.0710458039892239,0.460891244011861,-0.0868620149773642,0.191637536660394,1.05378427957993,0.916803592070049,1.21123141040764]
["2968_61_TNFSF15_TNFSF15","FTjVRz","osteoporosis","TNFSF15","MR Egger",16,-0.348108376021204,0.45585366458519,0.457758306885516,-1.24158155860818,0.545364806565768,0.706022356174147,0.288926901569744,1.72523764561041]
["2972_57_BMP7_BMP_7","FTjVRz","osteoporosis","BMP7","Inverse variance weighted",22,0.120541940174835,0.0743796009558704,0.105096646512917,-0.0252420776986709,0.266325958048341,1.1281080530226,0.975073839824399,1.30516041690096]
["2976_58_DSG1_Desmoglein_1","FTjVRz","osteoporosis","DSG1","MR Egger",18,0.161141627971171,0.1165293420637,0.185709766708243,-0.0672558824736816,0.389539138416023,1.17485134884452,0.934955931889018,1.47630026700086]
["2977_7_EDAR_EDAR","FTjVRz","osteoporosis","EDAR","Inverse variance weighted",21,0.0130774489791378,0.0617417301685795,0.832256111868447,-0.107936342151278,0.134091240109554,1.01316333278706,0.897684739290954,1.14349714769015]
["2982_82_LGALS4_Galectin_4","FTjVRz","osteoporosis","LGALS4","MR Egger",10,0.395108591275902,0.543749755309601,0.488162128728723,-0.670640929130916,1.46085811168272,1.48454539084643,0.511380713932471,4.30965610833421]
["2992_59_IL17RA_IL_17_sR","FTjVRz","osteoporosis","IL17RA","MR Egger",5,-0.0655385807604411,0.0706247870864778,0.421865565192327,-0.203963163449938,0.0728860019290553,0.936562912753219,0.815492410561023,1.07560791269823]
["2994_71_IL1RL2_IL_1Rrp2","FTjVRz","osteoporosis","IL1RL2","MR Egger",13,0.102354882664167,0.194900947832082,0.609891325832905,-0.279650975086714,0.484360740415048,1.10777653266577,0.756047574850086,1.62313707119333]
["2997_8_JAM2_JAM_B","FTjVRz","osteoporosis","JAM2","MR Egger",10,0.0687136587248013,0.363538062331211,0.854789269804519,-0.643820943444373,0.781248260893976,1.07112945665797,0.525281513745934,2.18419701226213]
["2998_53_JAM3_JAM_C","FTjVRz","osteoporosis","JAM3","Weighted median",9,-0.312191687207175,0.199695624072824,0.117973197590297,-0.70359511038991,0.0792117359755607,0.731841230180563,0.494803230101506,1.08243348791868]
["3000_66_MBL2_MBL","FTjVRz","osteoporosis","MBL2","MR Egger",20,-0.115715810274729,0.0669421666936023,0.100996290323224,-0.24692245699419,0.0154908364447311,0.89072832316903,0.781201267877242,1.01561144140409]
["3005_5_PTPN1_PTP_1B","FTjVRz","osteoporosis","PTPN1","Weighted median",12,0.291143469022817,0.163128813610524,0.0743025543031675,-0.0285890056538104,0.610875943699445,1.33795652549616,0.9718157931966,1.84204421933654]
["3009_3_TGFBR3_TGF_b_R_III","FTjVRz","osteoporosis","TGFBR3","MR Egger",31,-0.0749434417066759,0.132648605243363,0.57643412614942,-0.334934707983667,0.185047824570315,0.927795959400662,0.715384793743371,1.20327598490861]
["3022_4_CTLA4_CTLA_4","FTjVRz","osteoporosis","CTLA4","Weighted median",12,-0.137644863781096,0.193255550314676,0.476314471303717,-0.51642574239786,0.241136014835668,0.87140810538022,0.596649319681331,1.27269412881911]
["3024_18_SERPINF2_a2_Antiplasmin","FTjVRz","osteoporosis","SERPINF2","Weighted mode",14,-0.335907441562382,0.0975059869343394,0.00434972831862984,-0.527019175953688,-0.144795707171077,0.714689253275423,0.590362115095342,0.865199029014406]
["3028_36_CCL23_Ck_b_8_1","FTjVRz","osteoporosis","CCL23","Weighted median",4,-0.0418905805960526,0.034572206201681,0.225633460276997,-0.109652104751347,0.0258709435592421,0.958974705272632,0.896145845953963,1.0262085011104]
["3028_36_CCL23_Ck_b_8_1","FTjVRz","osteoporosis","CCL23","Weighted mode",4,-0.0438747893888143,0.0339936643616519,0.287286655914814,-0.110502371537652,0.0227527927600235,0.957073785764669,0.895384206749609,1.02301361191427]
["3030_3_CLEC4M_DC_SIGNR","FTjVRz","osteoporosis","CLEC4M","Inverse variance weighted",20,0.111063622690322,0.0766148636219391,0.147160203506578,-0.0391015100086789,0.261228755389322,1.11746600078615,0.961653086778442,1.29852467597881]
["3035_80_IL19_IL_19","FTjVRz","osteoporosis","IL19","Weighted mode",10,-3.05335267667362E-3,0.0271229138789597,0.912838724852934,-0.0562142638794346,0.0501075585260874,0.996951304063848,0.945336562709816,1.05138417562688]
["3037_62_IL1B_IL_1b","FTjVRz","osteoporosis","IL1B","Weighted mode",8,-0.02038288472973,0.0499029635867986,0.695148694638896,-0.118192693359855,0.0774269239003952,0.979823442042389,0.888524823284256,1.08050327060886]
["3041_55_MRC2_MRC2","FTjVRz","osteoporosis","MRC2","MR Egger",16,-0.80154481628204,0.678866095570674,0.257388980408068,-2.13212236360056,0.529032731036481,0.448635369293686,0.118585345363273,1.6972897786375]
["3043_49_SPARC_ON","FTjVRz","osteoporosis","SPARC","Weighted mode",17,0.0469379022084211,0.127410073908507,0.717403679573638,-0.202785842652252,0.296661647069094,1.0480569250384,0.81645307212879,1.34536001592467]
["3045_72_PTN_PTN","FTjVRz","osteoporosis","PTN","MR Egger",11,0.0092383899158913,0.205009016868051,0.965040852370231,-0.392579283145489,0.411056062977272,1.00928119555687,0.675312803306847,1.50840992013866]
["3046_31_RETN_resistin","FTjVRz","osteoporosis","RETN","Weighted mode",31,0.1026381135805,0.100448646343577,0.315046599816437,-0.0942412332529103,0.299517460413911,1.10809033366518,0.910063198253096,1.34920760439401]
["3050_7_VWF_vWF","FTjVRz","osteoporosis","VWF","Weighted median",19,-0.097351602554823,0.0648640402479261,0.133392736691121,-0.224485121440758,0.0297819163311121,0.907236963214311,0.798927463501088,1.03022983315081]
["3052_8_FASLG_Fas_ligand__soluble","FTjVRz","osteoporosis","FASLG","Weighted mode",12,-0.063563188122949,0.178056321457465,0.727858102305764,-0.41255357817958,0.285427201933682,0.938414820756131,0.66195772925061,1.33033022639028]
["3059_50_TNFSF13B_BAFF","FTjVRz","osteoporosis","TNFSF13B","Weighted median",21,-0.113217331523934,0.123669867430988,0.3599395220772,-0.35561027168867,0.129175608640803,0.892956571413511,0.700745667450328,1.13788992992539]
["3060_43_C9_C9","FTjVRz","osteoporosis","C9","Simple mode",20,0.0923354273137116,0.213516536740361,0.670282246869764,-0.326156984697396,0.510827839324819,1.09673263447165,0.721691883956477,1.6666703592688]
["3067_67_GDF9_GDF_9","FTjVRz","osteoporosis","GDF9","Weighted median",12,-0.0372345517211995,0.207090436586932,0.857310754207871,-0.443131807431586,0.368662703989187,0.963450129958841,0.642022578163509,1.44579985889734]
["3072_4_IL13_IL_13","FTjVRz","osteoporosis","IL13","Simple mode",12,0.109864524476733,0.173478821694775,0.539480015264633,-0.230153966045026,0.449883014998492,1.11612685234657,0.794411280723858,1.56812872721793]
["3074_6_LBP_LBP","FTjVRz","osteoporosis","LBP","Weighted median",8,0.086826297599799,0.0703734292568883,0.217279766751347,-0.0511056237437021,0.2247582189433,1.09070720480324,0.950178303842331,1.25201996488345]
["3077_66_F10_Coagulation_Factor_Xa","FTjVRz","osteoporosis","F10","Simple mode",21,0.0728011618191173,0.15872972308765,0.651431619239377,-0.238309095432678,0.383911419070912,1.07551666187559,0.787959098890487,1.46801539775452]
["3081_70_ULBP1_ULBP_1","FTjVRz","osteoporosis","ULBP1","Simple mode",10,0.106178247077333,0.251611690391462,0.682931952070107,-0.386980666089934,0.599337160244599,1.11202007317,0.679104224539716,1.82091142780203]
["3082_9_ULBP2_ULBP_2","FTjVRz","osteoporosis","ULBP2","MR Egger",9,1.17118459621103E-3,0.435808865465964,0.997930765193848,-0.853014191717079,0.855356560909501,1.00117187070072,0.426128561059259,2.35221293825218]
["3091_70_AURKA_Aurora_kinase_A","FTjVRz","osteoporosis","AURKA","Simple mode",10,0.265764429976409,0.164440983886098,0.140513444919342,-0.0565398984403422,0.588068758393161,1.30442773841752,0.945028778568605,1.80050783990967]
["3132_1_VEGFC_VEGF_C","FTjVRz","osteoporosis","VEGFC","MR Egger",12,-0.60218440896993,0.685751045966617,0.40047527634066,-1.9462564590645,0.74188764112464,0.547614115446941,0.142807678564172,2.09989562502398]
["3132_1_VEGFC_VEGF_C","FTjVRz","osteoporosis","VEGFC","Simple mode",12,0.179015813588085,0.341623897938868,0.610664221282738,-0.490567026372097,0.848598653548267,1.19603965769682,0.612279117329543,2.33637049230537]
["3166_92_CD33_Siglec_3","FTjVRz","osteoporosis","CD33","MR Egger",11,0.0340567561157171,0.0624460717918826,0.598747047230284,-0.0883375445963728,0.156451056827807,1.03464332739814,0.915451818751177,1.16935352904734]
["3168_8_ADAMTS5_ADAMTS_5","FTjVRz","osteoporosis","ADAMTS5","Simple mode",15,0.131367450295982,0.184302718029307,0.487692359319694,-0.229865877041459,0.492600777633424,1.14038673977914,0.794640174847501,1.63656703678953]
["3171_57_APP_amyloid_precursor_protein","FTjVRz","osteoporosis","APP","MR Egger",26,-0.146997880432553,0.132029771159926,0.276577009190583,-0.405776231906008,0.111780471040901,0.86329580722807,0.666459283064098,1.11826734163126]
["3172_28_ARSB_ARSB","FTjVRz","osteoporosis","ARSB","Inverse variance weighted",16,0.158857480052871,0.0778409370471645,0.0412710992782737,0.00628924344042875,0.311425716665314,1.1721708770442,1.00630906225863,1.36537035839338]
["3173_49_NAAA_ASAHL","FTjVRz","osteoporosis","NAAA","Weighted median",41,-0.0150221629193733,0.0456258503548527,0.741969189958103,-0.104448829614885,0.074404503776138,0.985090106888511,0.900820891579487,1.07724246602244]
["3175_51_ADAMTS13_ATS13","FTjVRz","osteoporosis","ADAMTS13","Inverse variance weighted",20,0.0638541186664137,0.0714339401587343,0.371380494790051,-0.0761564040447055,0.203864641377533,1.06593688712405,0.92667126009138,1.22613217466101]
["3179_51_CTSA_Cathepsin_A","FTjVRz","osteoporosis","CTSA","Simple mode",41,0.0778741151877869,0.100053580583855,0.440957910618074,-0.118230902756569,0.273979133132143,1.08098657031313,0.888490873935389,1.31518735811158]
["3182_38_ENTPD1_CD39","FTjVRz","osteoporosis","ENTPD1","Weighted mode",10,0.174537773569628,0.0807041976192689,0.0588098205695279,0.0163575462358608,0.332718000903395,1.19069571836318,1.01649206335105,1.39475392366028]
["3186_2_C2_C2","FTjVRz","osteoporosis","C2","Inverse variance weighted",18,0.0609340305668019,0.0663337545452362,0.358306065355278,-0.069080128341861,0.190948189475465,1.06282879766108,0.933251897155069,1.21039673916677]
["3189_61_TMPRSS15_Enterokinase","FTjVRz","osteoporosis","TMPRSS15","Weighted mode",10,0.148233169611232,0.173976770395173,0.416293884558758,-0.192761300363306,0.48922763958577,1.15978329105693,0.824678801177132,1.63105597026971]
["3194_36_GP6_GPVI","FTjVRz","osteoporosis","GP6","Inverse variance weighted",17,0.0636566335523226,0.106077102709595,0.548441073846247,-0.144254487758484,0.271567754863129,1.06572640124088,0.86566741826391,1.31201976456457]
["3195_50_GNLY_Granulysin","FTjVRz","osteoporosis","GNLY","MR Egger",28,0.104839514117733,0.0765994059031519,0.18281208100322,-0.0452953214524448,0.254974349687911,1.11053237128627,0.955715196952673,1.29042852055409]
["3197_70_IDE_IDE","FTjVRz","osteoporosis","IDE","Inverse variance weighted",13,0.147911626434246,0.105004674669159,0.158947726282941,-0.0578975359173055,0.353720788785798,1.15941043060148,0.943746642616854,1.42435743438534]
["3199_54_KLK12_kallikrein_12","FTjVRz","osteoporosis","KLK12","MR Egger",19,0.237439526742305,0.0973454029465687,0.0259804153941843,0.0466425369670299,0.428236516517579,1.2679983144833,1.04774741116381,1.53454898423138]
["3201_49_KLK5_kallikrein_5","FTjVRz","osteoporosis","KLK5","Inverse variance weighted",5,0.3709681352717,0.194377758140532,0.0563278296344755,-0.0100122706837427,0.751948541227142,1.44913689629747,0.990037685235304,2.12112909996103]
["3206_4_LYVE1_LYVE1","FTjVRz","osteoporosis","LYVE1","MR Egger",50,0.00601298965150004,0.0505856815737566,0.905876473801918,-0.0931349462330629,0.105160925536063,1.00603110396263,0.911070546461949,1.11088936643891]
["3209_69_MEPE_MEPE","FTjVRz","osteoporosis","MEPE","Weighted median",12,-0.0709642534512216,0.172294677053803,0.680429414809302,-0.408661820476676,0.266733313574233,0.93149518927068,0.664538927784202,1.30569218951186]
["3213_65_NID1_Nidogen","FTjVRz","osteoporosis","NID1","MR Egger",21,2.83570389932983E-3,0.1479520655106,0.984908230986075,-0.287150344501446,0.292821752300105,1.00283972831075,0.750398902007026,1.34020388088062]
["3220_40_RET_RET","FTjVRz","osteoporosis","RET","Weighted median",22,-0.00134819563950096,0.0612366825936427,0.98243507738231,-0.121372093523041,0.118675702244039,0.998652712767957,0.885704333425001,1.12600469827469]
["3222_11_SEMA3A_Semaphorin_3A","FTjVRz","osteoporosis","SEMA3A","Inverse variance weighted",11,0.175894602453455,0.127461551988336,0.167592295699829,-0.0739300394436843,0.425719244350593,1.19231238522783,0.928736666502358,1.53069096466439]
["3222_11_SEMA3A_Semaphorin_3A","FTjVRz","osteoporosis","SEMA3A","Weighted mode",11,2.24215291243235E-3,0.181296080664651,0.990375787168695,-0.353098165190284,0.357582471015148,1.00224466841697,0.702508228138413,1.42986848429102]
["3280_49_ACAN_Aggrecan","FTjVRz","osteoporosis","ACAN","Weighted median",14,0.045830696800005,0.143807573112797,0.749958110887597,-0.236032146501077,0.327693540101087,1.04689715291413,0.789755285655591,1.38776361321837]
["3280_49_ACAN_Aggrecan","FTjVRz","osteoporosis","ACAN","Weighted mode",14,-0.0449321900496855,0.152843457378507,0.773417996460343,-0.344505366511558,0.254640986412187,0.956062310172822,0.708570749623514,1.28999841077078]
["3285_23_C1R_C1r","FTjVRz","osteoporosis","C1R","Weighted median",13,-0.0757773488410835,0.0916047504438847,0.408111962120448,-0.255322659711097,0.103767962028931,0.92702258623636,0.774666503961389,1.10934301534636]
["3291_30_FCER2_CD23","FTjVRz","osteoporosis","FCER2","Weighted mode",33,0.0716986523358472,0.0882253260408576,0.422408694991861,-0.101222986704234,0.244620291375928,1.07433154797616,0.903731490309505,1.27713628146516]
["3292_75_CD48_CD48","FTjVRz","osteoporosis","CD48","Weighted median",20,-0.0727765906392097,0.0810614151889306,0.369294473293523,-0.231656964409514,0.0861037831310942,0.929808534753745,0.793218178707991,1.08991943768749]
["3296_92_CNTN2_CNTN2","FTjVRz","osteoporosis","CNTN2","Weighted mode",15,0.0804288016839738,0.0459084865399395,0.101649159457816,-0.0095518319343076,0.170409435302255,1.08375168260052,0.990493641910993,1.18579025633462]
["3299_29_CNTN5_Contactin_5","FTjVRz","osteoporosis","CNTN5","Weighted median",19,0.116888816952821,0.112118300658348,0.297157241947542,-0.102863052337542,0.336640686243184,1.12399445361469,0.902250526121705,1.40023584933457]
["3302_58_CST7_CYTF","FTjVRz","osteoporosis","CST7","MR Egger",26,-0.113913166073815,0.21370330090409,0.598905225696093,-0.532771635845832,0.304945303698202,0.892335437507856,0.586975829779547,1.35655080266489]
["3310_62_FCGR2B_FCG2B","FTjVRz","osteoporosis","FCGR2B","MR Egger",5,-1.04957826309293,1.76629698085279,0.594192306932956,-4.51152034556441,2.41236381937854,0.350085361899824,0.0109817514204228,11.1603109489991]
["3311_27_FCGR3B_FCG3B","FTjVRz","osteoporosis","FCGR3B","MR Egger",37,0.0470343297931785,0.0666557543675951,0.485088330249529,-0.083610948767308,0.177679608353665,1.04815799150908,0.919789031550662,1.19444257050139]
["3313_21_FCN2_FCN2","FTjVRz","osteoporosis","FCN2","MR Egger",12,0.0584551438735727,0.195287863769784,0.770818408762138,-0.324309069115203,0.441219356862349,1.0601974282781,0.723026742607577,1.5546016774895]
["3316_58_SERPIND1_Heparin_cofactor_II","FTjVRz","osteoporosis","SERPIND1","MR Egger",18,0.0193350331013475,0.161945550888938,0.90645089343695,-0.29807824664097,0.336748312843666,1.0195231654125,0.742243259433676,1.400386560069]
["3317_33_HTRA2_HTRA2","FTjVRz","osteoporosis","HTRA2","Simple mode",12,-0.048820457921685,0.278582765562861,0.864070663431068,-0.594842678424892,0.497201762581522,0.952352101625332,0.551649345385429,1.64411420598441]
["3321_2_IL24_IL24","FTjVRz","osteoporosis","IL24","MR Egger",9,0.141299257314444,0.279373336310132,0.628550876913291,-0.406272481853414,0.688870996482302,1.15176927179571,0.666128634728824,1.99146589155841]
["3323_37_LRP8_LRP8","FTjVRz","osteoporosis","LRP8","Simple mode",16,0.102027249806979,0.122831166269942,0.419207886982451,-0.138721836082107,0.342776335696066,1.10741364812494,0.870470128166248,1.4088536164209]
["3326_58_CADM1_Nectin_like_protein_2","FTjVRz","osteoporosis","CADM1","MR Egger",10,-0.227373952157489,0.208940660281782,0.30819107643036,-0.636897646309781,0.182149741994803,0.796622827758097,0.528930811755618,1.1997938399522]
["3326_58_CADM1_Nectin_like_protein_2","FTjVRz","osteoporosis","CADM1","Weighted mode",10,-0.0673300505712222,0.133040581841195,0.624959237299531,-0.328089590979964,0.193429489837519,0.934886590557755,0.720298484567363,1.21340382623416]
["3331_8_RGMB_RGMB","FTjVRz","osteoporosis","RGMB","MR Egger",27,-0.0981982367856716,0.196056669750438,0.620846417461382,-0.48246930949653,0.286072835925187,0.906469190402995,0.617257309061205,1.33118941013364]
["3336_50_TFPI_TFPI","FTjVRz","osteoporosis","TFPI","Weighted mode",32,0.0368700843808754,0.0899382965230713,0.684662913118012,-0.139408976804344,0.213149145566095,1.03755821706364,0.869872198148253,1.23756921544101]
["3340_53_THBS4_TSP4","FTjVRz","osteoporosis","THBS4","MR Egger",13,-0.156380070596276,0.271455968380049,0.576158534494753,-0.688433768621172,0.375673627428621,0.855234079265885,0.502362268768901,1.45597186693621]
["3342_76_ABL2_ABL2","FTjVRz","osteoporosis","ABL2","Weighted mode",11,0.0637750029562465,0.197461085057559,0.753366141756913,-0.323248723756569,0.450798729669062,1.06585255810615,0.723793807263124,1.56956534336363]
["3343_1_ACY1_Aminoacylase_1","FTjVRz","osteoporosis","ACY1","Weighted mode",21,0.231080729996263,0.156109615241394,0.154388890584404,-0.0748941158768686,0.537055575869394,1.2599609519865,0.927841724834951,1.71096164145141]
["3348_49_BMP1_BMP_1","FTjVRz","osteoporosis","BMP1","Weighted mode",11,0.308272928579074,0.178168202824201,0.114271582742137,-0.0409367489563596,0.657482606114507,1.36107241380853,0.959889842062017,1.92992782552114]
["3351_1_CAMK2B_CAMK2B","FTjVRz","osteoporosis","CAMK2B","Weighted mode",12,-0.045808502284777,0.213753855694328,0.834230193538659,-0.46476605944566,0.373149054876106,0.955224868056885,0.628282068654036,1.45230079621568]
["3352_80_CA6_Carbonic_anhydrase_6","FTjVRz","osteoporosis","CA6","Weighted mode",23,-0.0157719604902278,0.047176245827588,0.741304301652475,-0.1082374023123,0.0766934813318446,0.984351765557152,0.897414522856538,1.07971107406558]
["3361_26_CD207_CLC4K","FTjVRz","osteoporosis","CD207","Simple mode",8,-0.28402633071776,0.316475955462292,0.399284259204017,-0.904319203423852,0.336266541988332,0.752746824081082,0.404817389603925,1.39971205712913]
["3364_76_CTSV_Cathepsin_V","FTjVRz","osteoporosis","CTSV","Weighted mode",31,0.0647132412840998,0.0793713417628015,0.421313838831695,-0.090854588570991,0.220281071139191,1.06685305110505,0.91315048376243,1.24642701601882]
["3365_7_DKK4_Dkk_4","FTjVRz","osteoporosis","DKK4","Simple mode",24,0.0802488852740293,0.155049435645089,0.609701079086815,-0.223648008590345,0.384145779138404,1.08355671542793,0.799596535952835,1.46835948226048]
["3367_8_FETUB_FETUB","FTjVRz","osteoporosis","FETUB","Weighted mode",17,-0.0457250050721298,0.128395658834471,0.726398730919467,-0.297380496387693,0.205930486243434,0.955304630000723,0.742761340580545,1.22866779171291]
["3376_49_IL17RD_IL_17_RD","FTjVRz","osteoporosis","IL17RD","Simple mode",8,0.0657183485018453,0.170142244066065,0.71077951684906,-0.267760449867642,0.399197146871333,1.06792589187667,0.765091036811657,1.49062746218177]
["3376_49_IL17RD_IL_17_RD","FTjVRz","osteoporosis","IL17RD","Weighted mode",8,0.0449614288152438,0.0816358320866633,0.598929617354281,-0.115044802074616,0.204967659705104,1.04598751415297,0.891326209748915,1.22748536708251]
["3379_29_PRKCI_KPCI","FTjVRz","osteoporosis","PRKCI","Weighted mode",10,0.174454838574678,0.162959031595262,0.312242747748641,-0.144944863352034,0.493854540501391,1.19059697211461,0.865069988855279,1.63862019058624]
["3387_1_PAK3_PAK3","FTjVRz","osteoporosis","PAK3","Simple mode",20,0.140093427545871,0.106789394695279,0.20519565671051,-0.0692137860568759,0.349400641148618,1.15038127113569,0.933127169174575,1.41821727273293]
["3391_10_PIK3CG_PK3CG","FTjVRz","osteoporosis","PIK3CG","Weighted mode",15,0.1416856945866,0.147324859168067,0.352506250936708,-0.147071029382811,0.430442418556011,1.15221444438136,0.863232660355601,1.53793778527118]
["3397_7_PTPN11_SHP_2","FTjVRz","osteoporosis","PTPN11","Simple mode",15,0.245182098424522,0.305218717940855,0.435228561237404,-0.353046588739554,0.843410785588597,1.2778539872173,0.702544461953827,2.32428109689443]
["3399_31_STAB2_STAB2","FTjVRz","osteoporosis","STAB2","Weighted mode",18,0.130185900749943,0.0935232206333333,0.181862060996334,-0.0531196116913904,0.313491413191276,1.13904011205479,0.94826658192887,1.36819371429364]
["3401_8_PTPN2_TCPTP","FTjVRz","osteoporosis","PTPN2","Simple mode",12,0.176667936186867,0.204002413717693,0.404978112160139,-0.223176794699811,0.576512667073544,1.19323479723628,0.799973405733564,1.77982076795404]
["3405_6_UFC1_UFC1","FTjVRz","osteoporosis","UFC1","Simple mode",12,0.0890487299498215,0.227358497542952,0.702785610006082,-0.356573925234363,0.534671385134006,1.0931339233897,0.700070716664851,1.70688724156052]
["3413_50_BCL2A1_BFL1","FTjVRz","osteoporosis","BCL2A1","Inverse variance weighted",12,0.0574514855428549,0.0995104778560714,0.563709076236093,-0.137589051055045,0.252492022140755,1.05913388610277,0.871456742399353,1.28722922678024]
["3414_40_BMX_BMX","FTjVRz","osteoporosis","BMX","Simple mode",17,-0.209523460837301,0.26018268161194,0.432455427467999,-0.719481516796703,0.300434595122101,0.810970613160296,0.487004694265709,1.35044557712366]
["3419_49_CAMK2D_CAMK2D","FTjVRz","osteoporosis","CAMK2D","Inverse variance weighted",14,0.11863568279148,0.126183848943194,0.347124622292531,-0.128684661137181,0.365956026720141,1.12595963708475,0.879251183902889,1.44189183654718]
["3421_54_TNFSF8_CD30_Ligand","FTjVRz","osteoporosis","TNFSF8","Simple mode",20,0.0837909400870878,0.125053610583287,0.510894400992755,-0.161314136656155,0.328896016830331,1.08740153797333,0.851024691061658,1.38943337038983]
["3423_59_CMA1_Chymase","FTjVRz","osteoporosis","CMA1","Simple mode",12,0.198488244012115,0.178055866673548,0.288719430622321,-0.150501254668039,0.547477742692269,1.21955769022455,0.860276650645118,1.7288868164334]
["3431_54_EPHA1_EphA1","FTjVRz","osteoporosis","EPHA1","Simple mode",10,0.0721103911861647,0.114230913141096,0.543562378579167,-0.151782198570383,0.296002980942713,1.07477398309019,0.859175389992284,1.34447416462654]
["3434_34_FN1_FN1_3","FTjVRz","osteoporosis","FN1","Simple mode",6,0.121134584462365,0.278598129317311,0.68183321583418,-0.424917748999565,0.667186917924295,1.12877681796622,0.653823560560239,1.94874761577296]
["3437_80_FLT3_Flt_3","FTjVRz","osteoporosis","FLT3","Inverse variance weighted",17,0.030390999623539,0.0776694188583853,0.695585433066545,-0.121841061338896,0.182623060585974,1.03085752006694,0.885289063979874,1.20036185909863]
["3440_7_GZMA_granzyme_A","FTjVRz","osteoporosis","GZMA","Simple mode",27,-0.0646801082828974,0.194784949452929,0.742506796474913,-0.446458609210637,0.317098392644843,0.937367271447807,0.639890245199485,1.3731376719262]
["3445_53_IL15RA_IL_15_Ra","FTjVRz","osteoporosis","IL15RA","Inverse variance weighted",20,0.125519926387217,0.110210058667634,0.254738466984174,-0.0904917886013456,0.34153164137578,1.13373776003306,0.913481834833666,1.40710111521683]
["3448_13_INSR_IR","FTjVRz","osteoporosis","INSR","Simple mode",31,0.0127432072910134,0.099828398899723,0.899276909102326,-0.182920454552444,0.20840686913447,1.0128247479521,0.832834401287481,1.23171421410838]
["3450_4_KLK6_Kallikrein_6","FTjVRz","osteoporosis","KLK6","Inverse variance weighted",20,0.025666824439571,0.0622073191130086,0.679898705013146,-0.0962595210219258,0.147593169901068,1.0259990537114,0.90822828114928,1.15904126755953]
["3453_87_LYN_LYN","FTjVRz","osteoporosis","LYN","Inverse variance weighted",5,-0.110286364639343,0.293838399742393,0.707415062381424,-0.686209628134433,0.465636898855746,0.895577636805264,0.503480836494652,1.59302846386334]
["3459_49_PDGFRB_PDGF_Rb","FTjVRz","osteoporosis","PDGFRB","Inverse variance weighted",7,0.0195526275780071,0.0210265060392857,0.35242090244414,-0.0216593242589928,0.060764579415007,1.01974503215974,0.978573554541878,1.06264871535516]
["3469_74_RPS6KA3_RPS6KA3","FTjVRz","osteoporosis","RPS6KA3","Inverse variance weighted",14,0.000158373059135619,0.148883905840069,0.999151262225506,-0.2916540823874,0.291970828505671,1.00015838560081,0.747026901046424,1.33906395457298]
["3470_1_SELE_sE_Selectin","FTjVRz","osteoporosis","SELE","Inverse variance weighted",21,0.0424365514941455,0.049593873449837,0.392174071036266,-0.054767440467535,0.139640543455826,1.04334985528412,0.946705287693782,1.1498603997166]
["3472_40_BIRC5_Survivin","FTjVRz","osteoporosis","BIRC5","Inverse variance weighted",16,0.0963716874507069,0.0763922215330461,0.207115091755919,-0.0533570667540635,0.246100441655477,1.10116827836953,0.948041437960073,1.27902803478342]
["3473_78_MPL_Thrombopoietin_Receptor","FTjVRz","osteoporosis","MPL","Simple mode",10,0.281756561484586,0.337777617137446,0.425782774037956,-0.380287568104808,0.94380069107398,1.3254560136646,0.683664780756349,2.56972963009157]
["3477_63_NTRK1_TrkA","FTjVRz","osteoporosis","NTRK1","Inverse variance weighted",10,-0.0218318307966079,0.0801370942146782,0.785290619252892,-0.178900535457377,0.135236873864161,0.978404758765788,0.83618906642392,1.14480792731417]
["3481_87_XPNPEP1_XPNPEP1","FTjVRz","osteoporosis","XPNPEP1","Simple mode",13,0.174394760412251,0.220520857911609,0.444391899225905,-0.257826121094503,0.606615641919006,1.19052544538495,0.772729581800229,1.83421324806413]
["3485_28_B2M_b2_Microglobulin","FTjVRz","osteoporosis","B2M","Weighted median",22,-0.158225189803598,0.133742389247181,0.236785609779739,-0.420360272728073,0.103909893120877,0.853657525351706,0.656810146400859,1.10950047678594]
["3487_32_CXCL13_BLC","FTjVRz","osteoporosis","CXCL13","Simple mode",16,-0.258304757393153,0.255827868343086,0.328658547669582,-0.759727379345602,0.243117864559297,0.772359813872575,0.467793939917817,1.27521891837692]
["3494_71_FGF17_FGF_17","FTjVRz","osteoporosis","FGF17","Weighted median",15,0.219619177893988,0.161294774909825,0.173323739494286,-0.0965185809292688,0.535756936717245,1.24560228736755,0.907993026088812,1.70874116178897]
["3497_13_IFNA2_IFN_aA","FTjVRz","osteoporosis","IFNA2","Inverse variance weighted",13,0.158397113398064,0.0838815239457766,0.0589798784420052,-0.00601067353565829,0.322804900331786,1.17163137285307,0.994007354424372,1.3809958927804]
["3504_58_HAMP_LEAP_1","FTjVRz","osteoporosis","HAMP","Weighted median",15,0.0662797850208561,0.116000341845534,0.567744947835401,-0.16108088499639,0.293640455038102,1.06852563281445,0.851223217135717,1.34130155874199]
["3516_60_CXCL12_SDF_1","FTjVRz","osteoporosis","CXCL12","Weighted median",35,0.112759797309145,0.0887068252772147,0.203674823843035,-0.0611055802341959,0.286625174852486,1.11936302664283,0.940723912681598,1.33192488096035]
["3519_3_CCL17_TARC","FTjVRz","osteoporosis","CCL17","Weighted median",23,-0.0187489951663331,0.0621014976158335,0.762721506861044,-0.140467930493367,0.102969940160701,0.98142567391684,0.868951531332841,1.10845808850319]
["3520_58_TGFB3_TGF_b3","FTjVRz","osteoporosis","TGFB3","Weighted median",7,-0.241482344235223,0.171122712279009,0.158196033177163,-0.576882860302079,0.0939181718316343,0.785462671610733,0.56164637096219,1.09846985646312]
["3534_14_CD40LG_CD40_ligand__soluble","FTjVRz","osteoporosis","CD40LG","Inverse variance weighted",10,-0.149421833584927,0.197603009400138,0.449546166807895,-0.536723732009198,0.237880064839344,0.861205752755124,0.584660622828387,1.26855703910852]
["3554_24_ADIPOQ_Adiponectin","FTjVRz","osteoporosis","ADIPOQ","Weighted median",36,-0.0125174943805223,0.0722363286937739,0.862427172446574,-0.154100698620319,0.129065709859275,0.987560523583169,0.857185699248017,1.13776488407989]
["3580_25_SERPINA1_a1_Antitrypsin","FTjVRz","osteoporosis","SERPINA1","Inverse variance weighted",17,-0.0292251359829319,0.0685524876462194,0.669876392673626,-0.163588011769522,0.105137739803658,0.971197788282903,0.849091765644144,1.11086360995392]
["3583_54_ARSA_Arylsulfatase_A","FTjVRz","osteoporosis","ARSA","Weighted median",10,-0.0163378580653037,0.105631499723995,0.877082720812137,-0.223375597524333,0.190699881393726,0.983794880864712,0.799814384568413,1.21009622518589]
["3587_53_BMP10_BMP10","FTjVRz","osteoporosis","BMP10","Inverse variance weighted",9,0.0411959872920109,0.135571145027095,0.761227027224856,-0.224523456961095,0.306915431545117,1.04205631532893,0.798896836788113,1.3592260155674]
["3593_72_CASP3_Caspase_3","FTjVRz","osteoporosis","CASP3","MR Egger",11,-0.173682093726401,0.437562723623234,0.700666623767102,-1.03130503202794,0.683940844575136,0.840564075780433,0.356541358930014,1.98167182515087]
["3603_60_CLEC7A_CLC7A","FTjVRz","osteoporosis","CLEC7A","Inverse variance weighted",9,-0.112644413977602,0.161449108185492,0.485359515670992,-0.429084666021167,0.203795838065963,0.89346830847896,0.651104800394486,1.22604781560909]
["3605_77_MASP1_MASP3","FTjVRz","osteoporosis","MASP1","MR Egger",14,0.38952901988183,0.246750289941093,0.140403631674286,-0.0941015484027122,0.873159588166373,1.47628532908171,0.910190329173539,2.39446443563163]
["3616_3_GNS_GNS","FTjVRz","osteoporosis","GNS","Weighted median",16,-0.00635378812860247,0.118615428971825,0.957280716889211,-0.238840028913379,0.226132452656175,0.993666354499946,0.787540856062848,1.25374171570144]
["3620_67_IL22RA1_IL22RA1","FTjVRz","osteoporosis","IL22RA1","Weighted median",11,-0.016741086720527,0.123075360680682,0.891803054036441,-0.257968793654664,0.22448662021361,0.983398266546388,0.77261934235674,1.25167996402544]
["3623_84_LY86_LY86","FTjVRz","osteoporosis","LY86","MR Egger",7,0.884527096659263,0.756902369505177,0.295239844273478,-0.599001547570885,2.36805574088941,2.42183882496473,0.549359872053429,10.6766139874448]
["3628_3_MAP2K2_MP2K2","FTjVRz","osteoporosis","MAP2K2","Weighted median",13,-0.0439734115484436,0.0511316382271423,0.38978685754293,-0.144191422473642,0.0562445993767552,0.956979401735247,0.865722013547736,1.05785640311092]
["3640_14_LRPAP1_RAP","FTjVRz","osteoporosis","LRPAP1","MR Egger",11,-0.146785168603179,0.11589776014212,0.237127031459029,-0.373944778481734,0.0803744412753769,0.863479459990382,0.688014904007566,1.08369277101748]
["3640_14_LRPAP1_RAP","FTjVRz","osteoporosis","LRPAP1","Inverse variance weighted",11,0.029524438588809,0.0779070211584547,0.704710000770731,-0.123173322881762,0.18222220005938,1.02996460604582,0.884110412715824,1.19988077784137]
["3708_62_A2M_a2_Macroglobulin","FTjVRz","osteoporosis","A2M","MR Egger",15,-0.0651273229342723,0.102854770684655,0.537585495701186,-0.266722673476196,0.136468027607651,0.936948160793494,0.765885442363334,1.14621822985095]
["3710_49_PLG_Angiostatin","FTjVRz","osteoporosis","PLG","Inverse variance weighted",31,-0.027659894259469,0.049877687433948,0.579199442226467,-0.125420161630007,0.0701003731110691,0.97271913791221,0.882126189132767,1.07261583763983]
["3723_1_NPPB_BNP_32","FTjVRz","osteoporosis","NPPB","MR Egger",12,0.89984247170435,0.425809117312441,0.0607090118738835,0.0652566017719667,1.73442834163673,2.459215684587,1.06743289441708,5.66568803992247]
["3728_52_SCT_Secretin","FTjVRz","osteoporosis","SCT","Inverse variance weighted",11,0.059268192595999,0.182081795619036,0.744800321556259,-0.297612126817311,0.416148512009309,1.06105977095849,0.742589314376144,1.51611101284472]
["3730_81_TNFRSF4_TNR4","FTjVRz","osteoporosis","TNFRSF4","Weighted mode",13,-0.0379467824936697,0.187934829819748,0.843365998044916,-0.406299048940376,0.330405483953037,0.962764175436501,0.666110937866535,1.39153225808408]
["3761_4_PTGS2_COX_2","FTjVRz","osteoporosis","PTGS2","Inverse variance weighted",15,0.0854308933923837,0.131215890000179,0.515000494959594,-0.171752251007968,0.342614037792735,1.0891862887737,0.842187798502256,1.40862498098689]
["3795_6_ADAM9_ADAM_9","FTjVRz","osteoporosis","ADAM9","Weighted mode",11,0.222711796947418,0.197176303957978,0.285049992248141,-0.16375375881022,0.609177352705055,1.24946042353214,0.848951042859222,1.83891799545382]
["3796_79_ANGPTL4_ANGL4","FTjVRz","osteoporosis","ANGPTL4","Weighted mode",5,-0.00662191341297036,0.0654777017569097,0.924311927985225,-0.134958208856513,0.121714382030573,0.993399963140804,0.873752426038049,1.12943146978476]
["3800_71_CKB_CK_BB","FTjVRz","osteoporosis","CKB","MR Egger",11,0.551457303831917,0.314236466792359,0.113165448958679,-0.064446171081106,1.16736077874494,1.73578073551097,0.937586582175809,3.21350029858473]
["3803_10_CST5_CYTD","FTjVRz","osteoporosis","CST5","Weighted mode",27,-0.0146030559937071,0.051518388675048,0.779074234616908,-0.115579097796801,0.0863729858093868,0.985503051502642,0.890850105169621,1.09021288641606]
["3807_1_FGF23_FGF23","FTjVRz","osteoporosis","FGF23","MR Egger",11,0.56243107051035,0.43187761099305,0.225154799840799,-0.284049047036027,1.40891118805673,1.75493368610776,0.752729724638871,4.09149810592819]
["3807_1_FGF23_FGF23","FTjVRz","osteoporosis","FGF23","Weighted mode",11,-0.371535263863292,0.407554982303709,0.383418590836607,-1.17034302917856,0.427272501451979,0.689674684806503,0.310260494606769,1.53307036871001]
["3810_50_FGR_FGR","FTjVRz","osteoporosis","FGR","Weighted median",14,0.0151200883582771,0.0752006589765211,0.840649122988948,-0.132273203235704,0.162513379952258,1.01523497519699,0.876101608586009,1.17646405937633]
["3815_14_IL12RB2_IL_12_RB2","FTjVRz","osteoporosis","IL12RB2","Weighted mode",12,-0.0173431590886939,0.325343117069071,0.958442878396849,-0.655015668544073,0.620329350366686,0.98280636782401,0.519433923749959,1.85954038131014]
["3820_68_MAPKAPK2_MAPK2","FTjVRz","osteoporosis","MAPKAPK2","Weighted median",14,-0.0631134427356068,0.0938977144316082,0.501487571113415,-0.247152963021559,0.120926077550345,0.93883696341442,0.781021217028608,1.12854148473271]
["3821_28_MAPKAPK5_MAPK5","FTjVRz","osteoporosis","MAPKAPK5","Weighted mode",9,-0.0418678133753443,0.125687734268389,0.74761348202227,-0.288215772541386,0.204480145790697,0.958996538709943,0.749599831727216,1.22688709673074]
["3825_18_MAPK8_MK08","FTjVRz","osteoporosis","MAPK8","Weighted median",14,-0.139892006630814,0.151898251499906,0.357072022831454,-0.43761257957063,0.157828566309001,0.869452125393333,0.645575843685382,1.17096543457315]
["3827_22_PAK6_PAK6","FTjVRz","osteoporosis","PAK6","Simple mode",8,0.110233388278328,0.378248867498381,0.779168469708002,-0.631134392018499,0.851601168575154,1.11653862708012,0.531987975670791,2.34339602166765]
["3835_11_TLR2_TLR2","FTjVRz","osteoporosis","TLR2","Weighted median",8,0.0718062548929378,0.108902693548714,0.509663590823489,-0.141643024462541,0.285255534248416,1.07444715501758,0.867931031337992,1.33010187128084]
["3835_11_TLR2_TLR2","FTjVRz","osteoporosis","TLR2","Simple mode",8,0.0942882436081964,0.241821446347805,0.708196220296737,-0.379681791233501,0.568258278449894,1.09887644438312,0.684079054534326,1.76518990314955]
["3839_60_AIP_AIP","FTjVRz","osteoporosis","AIP","Simple mode",12,0.399799409200102,0.279750666988955,0.180745600610038,-0.14851189809825,0.948110716498454,1.49152548134288,0.861989751070736,2.5808291325178]
["3845_51_DYNLRB1_DLRB1","FTjVRz","osteoporosis","DYNLRB1","MR Egger",14,0.0512062753929952,0.0770891154361765,0.519091739698431,-0.0998883908619107,0.202300941647901,1.05253998399104,0.904938411796106,1.22421637037269]
["3847_56_ETHE1_ETHE1","FTjVRz","osteoporosis","ETHE1","Simple mode",7,0.374646552836452,0.410484422909012,0.396594083111242,-0.429902916065212,1.17919602173811,1.45447724290134,0.650572251771566,3.25175880827559]
["3853_56_MDH1_MDHC","FTjVRz","osteoporosis","MDH1","MR Egger",10,-0.728543230964829,0.647215991515111,0.292944411378078,-1.99708657433445,0.540000112404789,0.482611531780984,0.135730147448712,1.71600705507226]
["3855_56_PRDX1_Peroxiredoxin_1","FTjVRz","osteoporosis","PRDX1","Simple mode",14,0.268639623430623,0.230808668906402,0.26537916159126,-0.183745367625925,0.72102461448717,1.30818361736438,0.832147668588147,2.05653929145064]
["3858_5_ACP1_PPAC","FTjVRz","osteoporosis","ACP1","Weighted median",20,0.0442789975415799,0.108225389632521,0.682439217496517,-0.16784276613816,0.25640076122132,1.04527394307075,0.84548676338288,1.29227051608837]
["3860_7_PSMA6_PSA6","FTjVRz","osteoporosis","PSMA6","Simple mode",12,0.193097768270087,0.334787721681761,0.575703279063919,-0.463086166226165,0.849281702766339,1.2130013807686,0.629338402456677,2.33796689349149]
["3866_7_SBDS_SBDS","FTjVRz","osteoporosis","SBDS","Weighted median",10,-0.147946014816208,0.177205918635457,0.40378420427358,-0.495269615341703,0.199377585709288,0.862477674701051,0.609406579781452,1.22064277616514]
["3867_49_SEZ6L2_SE6L2","FTjVRz","osteoporosis","SEZ6L2","Simple mode",9,-0.201940745829088,0.287800191689757,0.502783278524195,-0.766029121541012,0.362147629882836,0.81714334565921,0.464855292133198,1.43641098349333]
["3873_51_TPO_TMA","FTjVRz","osteoporosis","TPO","Weighted median",18,0.148151023011488,0.103562283604247,0.15255923111662,-0.0548310528528366,0.351133098875812,1.15968802271616,0.946645067427652,1.42067640376113]
["3874_8_UBE2L3_UB2L3","FTjVRz","osteoporosis","UBE2L3","Inverse variance weighted",11,0.039138527973742,0.108972180716988,0.719474852237215,-0.174446946231554,0.252724002179038,1.03991453092547,0.83992141404338,1.28752787290418]
["3881_49_DYNLL1_DLC8","FTjVRz","osteoporosis","DYNLL1","Weighted median",11,-0.0466670584205648,0.170983309777227,0.784904400870772,-0.381794345583929,0.2884602287428,0.954405105841653,0.682635425760651,1.33437127884423]
["3888_8_ING1_ING1","FTjVRz","osteoporosis","ING1","Inverse variance weighted",10,0.0457395838495139,0.137605498784651,0.739589893819157,-0.223967193768402,0.31544636146743,1.04680177137098,0.799341357316919,1.37087107843835]
["3889_64_LMNB1_Lamin_B1","FTjVRz","osteoporosis","LMNB1","Inverse variance weighted",10,0.0121055957723949,0.091793105874225,0.895079889129899,-0.167808891741086,0.192020083285876,1.01217916506388,0.845515404222316,1.21169485153464]
["3892_21_MED1_MED_1","FTjVRz","osteoporosis","MED1","Weighted mode",11,-0.202476071536212,0.311165599580533,0.529905225677728,-0.812360646714057,0.407408503641632,0.816706024884843,0.443809152035708,1.50291792772569]
["3894_15_NAGK_NAGK","FTjVRz","osteoporosis","NAGK","Inverse variance weighted",19,0.0173781166967361,0.0839415524400616,0.835989247546976,-0.147147326085785,0.181903559479257,1.01752999467556,0.863166801062172,1.19949850804081]
["3896_5_PGAM1_Phosphoglycerate_mutase_1","FTjVRz","osteoporosis","PGAM1","MR Egger",14,-0.0283153019648815,0.232185662870589,0.904956166382956,-0.483399201191236,0.426768597261473,0.972081819168642,0.616683593404066,1.53229804273237]
["3898_5_PSMD7_PSD7","FTjVRz","osteoporosis","PSMD7","Inverse variance weighted",13,7.61155303412439E-3,0.211446232214271,0.971284287173953,-0.406823062105846,0.422046168174095,1.00764059454082,0.665761978403091,1.52507893316765]
["3905_62_UBE2N_UBE2N","FTjVRz","osteoporosis","UBE2N","MR Egger",11,-0.433162644375045,0.830909060821161,0.614733222303046,-2.06174440358452,1.19541911483443,0.64845501566689,0.127231832537805,3.30494263075715]
["4123_60_FGF4_FGF_4","FTjVRz","osteoporosis","FGF4","Inverse variance weighted",8,0.130825962821904,0.193334646482117,0.498608108487078,-0.248109944283046,0.509761869926854,1.13976940179942,0.780274151879776,1.66489468624402]
["4125_52_AGER_sRAGE","FTjVRz","osteoporosis","AGER","MR Egger",75,-2.19830806663498E-3,0.066795113787852,0.97383521388268,-0.133116731090825,0.128720114957555,0.99780410644294,0.875362904077966,1.13737174627372]
["4127_75_C6_C6","FTjVRz","osteoporosis","C6","Weighted median",12,0.326427037355875,0.15369735560708,0.0336843709150457,0.0251802203659979,0.627673854345752,1.38600711932948,1.02549991984251,1.87324805947036]
["4129_72_CFB_Factor_B","FTjVRz","osteoporosis","CFB","MR Egger",28,0.0284719012524429,0.0428345623206994,0.512098800127233,-0.0554838408961279,0.112427643401014,1.02888110015805,0.9460273105005,1.11899128757962]
["4130_71_FGF6_FGF_6","FTjVRz","osteoporosis","FGF6","Weighted median",7,0.0416368178664484,0.194936613642369,0.830865571833327,-0.340438944872596,0.423712580605492,1.04251578688012,0.711457963388255,1.52762246235647]
["4132_27_FST_FST","FTjVRz","osteoporosis","FST","Inverse variance weighted",7,0.139976858319392,0.186152527695482,0.452082855915151,-0.224882095963753,0.504835812602537,1.15024717989637,0.798610372595027,1.65671348665349]
["4133_54_GZMB_Granzyme_B","FTjVRz","osteoporosis","GZMB","Weighted mode",10,0.0727528208595429,0.12123522933757,0.56324460295585,-0.164868228642095,0.310373870361181,1.07546467162476,0.848005439554268,1.36393495367305]
["4138_25_IL20_IL_20","FTjVRz","osteoporosis","IL20","Weighted median",14,-0.0793496647755023,0.155877565733653,0.610716323437623,-0.384869693613462,0.226170364062457,0.923716876714848,0.680539309045402,1.25378924771399]
["4140_3_IL7_IL_7","FTjVRz","osteoporosis","IL7","Weighted mode",9,-0.0304712966760299,0.200079727245714,0.882724541486542,-0.422627562077629,0.361684968725569,0.9699882735553,0.655322654675534,1.43574656563742]
["4143_74_XCL1_Lymphotactin","FTjVRz","osteoporosis","XCL1","Weighted median",10,0.162112598814693,0.189816551330693,0.393077948213447,-0.209927841793466,0.534153039422851,1.17599264924476,0.810642738385949,1.706002713145]
["4145_58_NTF3_Neurotrophin_3","FTjVRz","osteoporosis","NTF3","Weighted mode",22,0.0944515763562224,0.139044227611005,0.504372150593675,-0.178075109761348,0.366978262473793,1.099055941551,0.836879563303814,1.4433665435561]
["4149_8_PDGFB_PDGF_BB","FTjVRz","osteoporosis","PDGFB","Weighted median",20,-0.0322557281578822,0.126088634226653,0.798091460475273,-0.279389451242122,0.214877994926358,0.968258939341026,0.75624532517564,1.23971063675146]
["4150_75_PLG_Plasmin","FTjVRz","osteoporosis","PLG","MR Egger",15,0.0959493123024125,0.165270637566833,0.571465067093316,-0.22798113732858,0.419879761933405,1.10070327046546,0.796139277007408,1.52177856890496]
["4152_58_KLKB1_Prekallikrein","FTjVRz","osteoporosis","KLKB1","Weighted median",22,-0.0818919866194799,0.0558247485890571,0.142390282803822,-0.191308493854032,0.027524520615072,0.921371473769369,0.825877770631974,1.02790681970569]
["4154_57_SELP_P_Selectin","FTjVRz","osteoporosis","SELP","MR Egger",11,0.17927657107683,0.115418752990856,0.154776880444696,-0.0469441847852471,0.405497326938907,1.19635157465997,0.954140651669541,1.50004832902466]
["4156_74_TGFB2_TGF_b2","FTjVRz","osteoporosis","TGFB2","MR Egger",13,-0.0119564531921672,0.298181361994919,0.968733581905846,-0.596391922702209,0.572479016317874,0.988114741167801,0.550795367475007,1.77265605226321]
["4158_54_PLAU_uPA","FTjVRz","osteoporosis","PLAU","MR Egger",24,-0.102423380167104,0.0754704835137077,0.188500813393834,-0.250345527853971,0.0454987675197629,0.90264730778934,0.778531732193122,1.04654971476131]
["4159_130_CFH_Factor_H","FTjVRz","osteoporosis","CFH","MR Egger",17,0.0409768899893419,0.0718926893346522,0.577133875187262,-0.0999327811065763,0.18188656108526,1.04182802861043,0.904898242250174,1.19947811866587]
["4162_54_TF_Transferrin","FTjVRz","osteoporosis","TF","Weighted median",8,-0.162971129230805,0.109522632160968,0.136747395990824,-0.377635488266301,0.0516932298046921,0.849615717119781,0.685480320752061,1.05305264779155]
["4188_1_AKR7A2_Aflatoxin_B1_aldehyde_reductase","FTjVRz","osteoporosis","AKR7A2","Simple mode",16,-0.109108624744029,0.270958321169081,0.692866475607831,-0.640186934235427,0.421969684747369,0.896633015676391,0.5271938642493,1.52496229436533]
["4192_10_AKR1A1_AK1A1","FTjVRz","osteoporosis","AKR1A1","MR Egger",11,-0.637967985281577,0.635685828979095,0.34179415808729,-1.8839122100806,0.607976239517449,0.528364979364661,0.151994307410999,1.8367105727462]
["4194_26_ANP32B_AN32B","FTjVRz","osteoporosis","ANP32B","Weighted mode",15,-0.122627787162253,0.11756478681922,0.314595588987616,-0.353054769327924,0.107799195003417,0.884592858109583,0.702538714750279,1.11382406149194]
["4217_49_HSD17B10_ERAB","FTjVRz","osteoporosis","HSD17B10","MR Egger",10,-2.18029392358741,0.841897253137149,0.0321261552196749,-3.83041253973622,-0.530175307438601,0.113008309950649,0.0217006613978584,0.588501791892954]
["4217_49_HSD17B10_ERAB","FTjVRz","osteoporosis","HSD17B10","Weighted mode",10,-0.259314697737561,0.286282842332425,0.38864815327288,-0.820429068709113,0.301799673233991,0.771580170299163,0.440242719600474,1.35229029963099]
["4230_1_EIF4G2_IF4G2","FTjVRz","osteoporosis","EIF4G2","MR Egger",14,0.198555413813518,0.457453962529174,0.671957384579,-0.698054352743664,1.0951651803707,1.21963961042365,0.497552424157722,2.9896764784786]
["4234_8_IL1RL1_IL_1_R4","FTjVRz","osteoporosis","IL1RL1","Weighted mode",40,7.99495069052991E-3,0.0338566402355405,0.814558839681914,-0.0583640641711295,0.0743539655521894,1.00802699565117,0.943306460830226,1.07718802547712]
["4249_64_NME2_NDP_kinase_B","FTjVRz","osteoporosis","NME2","MR Egger",8,1.11169389365072,1.9689890633917,0.592809397521333,-2.74752467059702,4.97091245789846,3.03950263051841,0.0640862997340954,144.158365817042]
["4250_23_NSFL1C_NSF1C","FTjVRz","osteoporosis","NSFL1C","Weighted mode",12,-0.0306178759698521,0.251198413470454,0.905186539866998,-0.522966766371942,0.461731014432237,0.969846103778974,0.592759358212111,1.58681841456255]
["4258_15_PA2G4_PA2G4","FTjVRz","osteoporosis","PA2G4","Weighted mode",11,-0.105575913674919,0.187334439960226,0.585462398853871,-0.472751415996961,0.261599588647124,0.899806162661456,0.623284990599612,1.29900630141059]
["4261_55_PON1_paraoxonase_1","FTjVRz","osteoporosis","PON1","MR Egger",11,-0.094038351445616,0.459729265671043,0.842473501880289,-0.995107712160861,0.807031009269629,0.910247852250344,0.369683622977598,2.24124386645219]
["4271_75_PFDN5_PFD5","FTjVRz","osteoporosis","PFDN5","Weighted mode",13,0.207445765391824,0.200814763248956,0.321965077867128,-0.186151170576129,0.601042701359778,1.2305309776649,0.830148091530688,1.8240197170133]
["4278_14_P4HB_Protein_disulfide_isomerase","FTjVRz","osteoporosis","P4HB","MR Egger",16,-0.187002806858543,0.377904032665024,0.628386822841269,-0.927694710881989,0.553689097164903,0.829441408257434,0.395464319952495,1.73965896547814]
["4280_47_PSMA2_PSA2","FTjVRz","osteoporosis","PSMA2","Simple mode",10,0.214594096252353,0.129160549937129,0.130989142552651,-0.0385605816244207,0.467748774129126,1.23935873450019,0.962173412945799,1.59639629625522]
["4284_18_RBM39_RBM39","FTjVRz","osteoporosis","RBM39","Weighted mode",9,-0.0512212369654947,0.185754552891419,0.78973135687672,-0.415300160632676,0.312857686701686,0.950068457017341,0.660142102292712,1.36732692837561]
["4294_16_SPHK1_Sphingosine_kinase_1","FTjVRz","osteoporosis","SPHK1","Simple mode",12,-0.308407165375182,0.246123988711648,0.236166796939645,-0.790810183250011,0.173995852499647,0.734616146848087,0.453477246742054,1.19005063007472]
["4297_62_SPON1_Spondin_1","FTjVRz","osteoporosis","SPON1","Weighted mode",14,-0.11300911316864,0.0686064123511577,0.123461052617169,-0.247477681376909,0.0214594550396295,0.893142520720517,0.780767646275288,1.02169136506169]
["4304_18_LCORL_transcription_factor_MLR1__isoform_CRA_b","FTjVRz","osteoporosis","LCORL","Weighted mode",5,0.184070439314874,0.264320159627537,0.524530064323651,-0.333997073555099,0.702137952184847,1.20210049524944,0.716055877722214,2.01806262002297]
["4314_12_DCTPP1_XTP3A","FTjVRz","osteoporosis","DCTPP1","Weighted mode",18,-0.0889266979880302,0.188500600489638,0.643097712606095,-0.458387874947722,0.280534478971661,0.914912636053514,0.632302174464374,1.32383718642036]
["4318_12_PTPN6_PTP_1C","FTjVRz","osteoporosis","PTPN6","Weighted mode",10,-0.139108774885062,0.313275433786783,0.667493635418436,-0.753128625107157,0.474911075337032,0.87013337465255,0.470891004306859,1.6078712117228]
["4324_33_CST2_CYTT","FTjVRz","osteoporosis","CST2","Weighted mode",29,0.0157390744715349,0.0370172751032497,0.673954052442614,-0.0568147847308346,0.0882929336739043,1.01586358607896,0.94476903881434,1.09230804897704]
["4332_6_CLEC1B_CLC1B","FTjVRz","osteoporosis","CLEC1B","Weighted mode",15,0.0800724156397126,0.102512431598354,0.447751628720219,-0.12085195029306,0.280996781572486,1.08336551744142,0.886165146371774,1.3244493412842]
["4342_10_ICAM1_sICAM_1","FTjVRz","osteoporosis","ICAM1","Simple mode",4,0.059669855184147,0.0559209336990926,0.364199850875852,-0.0499351748660745,0.169274885234369,1.06148604457562,0.951291090074269,1.18444568080716]
["4359_87_DYRK3_DYRK3","FTjVRz","osteoporosis","DYRK3","Weighted mode",14,0.239379372322619,0.110505471346797,0.0494675868219165,0.0227886484828963,0.455970096162342,1.27046042269228,1.02305029346446,1.57770316468174]
["4374_45_GDF15_MIC_1","FTjVRz","osteoporosis","GDF15","Simple mode",14,-0.178178238101986,0.145991106572347,0.24396199592631,-0.464320806983786,0.107964330779814,0.836793261753281,0.628561875079483,1.11400800888083]
["4392_54_FGF12_FGF_12","FTjVRz","osteoporosis","FGF12","Weighted mode",10,-0.286821544576534,0.237887066105797,0.258672245811711,-0.753080194143896,0.179437104990829,0.75064567367669,0.470913810564048,1.19654364507727]
["4394_71_FGF8_FGF_8A","FTjVRz","osteoporosis","FGF8","Simple mode",9,-0.335306137414954,0.354332727103802,0.371695755802171,-1.02979828253841,0.359186007708498,0.71511912811735,0.357078982370788,1.43216317018706]
["4397_26_IFNL2_IFN_lambda_2","FTjVRz","osteoporosis","IFNL2","Simple mode",12,0.217202750960141,0.266892725506778,0.433011595826073,-0.305906991033145,0.740312492953426,1.24259601413413,0.736455113199999,2.09659058192013]
["4413_3_SLPI_SLPI","FTjVRz","osteoporosis","SLPI","Simple mode",18,-0.239586558645787,0.212091877250127,0.274317647199795,-0.655286638056036,0.176113520764463,0.786953152794587,0.519293192061003,1.19257343281441]
["4429_51_CHST6_CHST6","FTjVRz","osteoporosis","CHST6","Simple mode",10,0.0796959565104942,0.308368948013726,0.80187791831852,-0.52470718159641,0.684099094617398,1.08295775136054,0.591728608027473,1.98198544961584]
["4435_66_ENPP7_ENPP7","FTjVRz","osteoporosis","ENPP7","Simple mode",11,0.023203680819782,0.140390646142001,0.872017556530345,-0.251961985618539,0.298369347258103,1.02347498054184,0.77727428510851,1.34765945029159]
["4436_1_ENTPD3_ENTP3","FTjVRz","osteoporosis","ENTPD3","Simple mode",19,0.00667623085244884,0.116312752393878,0.954859782509339,-0.221296763839552,0.23464922554445,1.00669856656009,0.801478795069531,1.26446514885803]
["4453_83_LRRTM3_LRRT3","FTjVRz","osteoporosis","LRRTM3","Simple mode",9,0.0622853877477085,0.250029293154069,0.809550400304538,-0.427772026834268,0.552342802329685,1.06426602987719,0.651960027249606,1.73731844746505]
["4459_68_PCSK7_PCSK7","FTjVRz","osteoporosis","PCSK7","Simple mode",21,-0.0548531600758264,0.118962672650211,0.649705072418933,-0.288019998470239,0.178313678318586,0.946624139965379,0.749746598304081,1.19520017082059]
["4459_68_PCSK7_PCSK7","FTjVRz","osteoporosis","PCSK7","Weighted mode",21,-0.0389538531764275,0.0372731833903662,0.308448775410792,-0.112009292621545,0.0341015862686902,0.961795091910716,0.894035949524029,1.03468971165648]
["4468_21_SPHK2_SPHK2","FTjVRz","osteoporosis","SPHK2","Inverse variance weighted",15,0.100521475886509,0.0977159921868385,0.303615692497754,-0.0910018687996945,0.292044820572713,1.10574738835451,0.913016004653641,1.33916303834854]
["4468_21_SPHK2_SPHK2","FTjVRz","osteoporosis","SPHK2","Weighted mode",15,0.24726267164167,0.180574491344065,0.192468739364247,-0.106663331392696,0.601188674676037,1.28051542369519,0.898828229305007,1.82428599465456]
["4472_5_TPM2_Tropomyosin_2","FTjVRz","osteoporosis","TPM2","Inverse variance weighted",14,0.0404162595105657,0.058989638422692,0.49325452608815,-0.0752034317979107,0.156035950819042,1.04124411176003,0.927554772998926,1.16886822410453]
["4474_19_RPS27A_Ubiquitin","FTjVRz","osteoporosis","RPS27A","Inverse variance weighted",11,-0.021387670844221,0.148900154236542,0.8857865947071,-0.313231973147843,0.270456631459401,0.978839423500045,0.731080301898125,1.31056275830478]
["4480_59_C3_C3b","FTjVRz","osteoporosis","C3","Inverse variance weighted",6,6.87795466647367E-3,0.290312859000053,0.981098665329466,-0.56213524897363,0.575891158306577,1.00690166211843,0.569990691508557,1.77871493742041]
["4493_92_IL11_IL_11","FTjVRz","osteoporosis","IL11","Inverse variance weighted",12,-0.156048297151853,0.164444638169854,0.342650503565704,-0.478359787964767,0.16626319366106,0.855517870296711,0.619799160582944,1.18088386197334]
["4498_62_NCAM1_NCAM_120","FTjVRz","osteoporosis","NCAM1","Inverse variance weighted",18,0.00511708071489515,0.051789270667629,0.921292457238779,-0.0963898897936578,0.106624051223448,1.00513019533239,0.90810988426161,1.11251592684778]
["4499_21_PDGFA_PDGF_AA","FTjVRz","osteoporosis","PDGFA","Inverse variance weighted",16,-0.112312819596792,0.0932922644699031,0.22863543160985,-0.295165657957802,0.0705400187642185,0.893764626675493,0.744408260098973,1.07308751220759]
["4533_76_ADAMTS15_ATS15","FTjVRz","osteoporosis","ADAMTS15","Simple mode",14,0.244351309720371,0.349733311320413,0.497062304727338,-0.441125980467639,0.929828599908381,1.2767928014307799,0.64331165676436,2.53407479973987]
["4540_11_CBX5_CBX5","FTjVRz","osteoporosis","CBX5","Inverse variance weighted",16,0.0727916620725768,0.0638806558909233,0.254496921645955,-0.0524144234736329,0.197997747618787,1.07550644478843,0.948935524187117,1.21895964825674]
["4541_49_CDON_CDON","FTjVRz","osteoporosis","CDON","Simple mode",16,-0.229276644768801,0.150556386164418,0.148594612367212,-0.524367161651061,0.0658138721134575,0.795108540458187,0.591929841766239,1.06802790888724]
["4543_65_COL23A1_CONA1","FTjVRz","osteoporosis","COL23A1","Inverse variance weighted",11,0.130593906619041,0.114697088508768,0.254870750083052,-0.0942123868581447,0.355400200096227,1.13950494192586,0.910089450674016,1.42675152614043]
["4546_27_ADGRE2_EMR2","FTjVRz","osteoporosis","ADGRE2","Inverse variance weighted",10,0.101529654343236,0.172399609864438,0.555914644478834,-0.236373580991063,0.439432889677534,1.10686274119291,0.789485681991034,1.55182691185904]
["4548_4_FUT3_Fucosyltransferase_3","FTjVRz","osteoporosis","FUT3","MR Egger",10,-0.096054478482287,0.0608459283884621,0.153069215629633,-0.215312498123673,0.0232035411590988,0.908414525675991,0.806289436867939,1.02347483760264]
["4551_72_ADGRG5_GP114","FTjVRz","osteoporosis","ADGRG5","Inverse variance weighted",10,0.123011900016539,0.101980878952664,0.227730692881366,-0.0768706227306817,0.32289442276376,1.13089787857088,0.926009650456772,1.38111952842527]
["4556_10_IL34_IL_34","FTjVRz","osteoporosis","IL34","MR Egger",21,0.19347318251516,0.111350871423113,0.0984803745490984,-0.0247745254741405,0.411720890504461,1.21345684425463,0.975529844361951,1.50941308600505]
["4560_34_LCK_LCK","FTjVRz","osteoporosis","LCK","MR Egger",7,-0.028130879319239,0.184872981401766,0.885007607777423,-0.3904819228667,0.334220164228222,0.972261109601613,0.67673066391877,1.39685064626719]
["4562_1_NXPH1_NXPH1","FTjVRz","osteoporosis","NXPH1","Weighted median",19,-0.00610187396570853,0.0884254794692862,0.944984975638275,-0.17941581372551,0.167212065794092,0.993916704659887,0.835758307359865,1.1820049015398]
["4564_2_PLXNC1_PLXC1","FTjVRz","osteoporosis","PLXNC1","MR Egger",18,-0.0466630682297488,0.0441442505921505,0.306184400348062,-0.133185799390364,0.0398596629308661,0.954408914107739,0.875302446338583,1.04066472010746]
["4567_82_SH2D1A_SH21A","FTjVRz","osteoporosis","SH2D1A","Weighted median",11,-0.0209696933584645,0.0729526986041488,0.773773656627415,-0.163956982622596,0.122017595905667,0.979248641857311,0.848778533321388,1.12977398100182]
["4588_1_PPY_PH","FTjVRz","osteoporosis","PPY","MR Egger",23,0.692984037713946,0.303359713611978,0.0328594658111124,0.0983989990344689,1.28756907639342,1.99967374092214,1.10340295400246,3.6239662542399]
["4693_72_HIBADH_3HIDH","FTjVRz","osteoporosis","HIBADH","Weighted median",12,0.12556120332885,0.216433159472792,0.561821238774062,-0.298647789237823,0.549770195895523,1.13378455822624,0.741820640641328,1.73285475497277]
["4697_59_CSF2_GM_CSF","FTjVRz","osteoporosis","CSF2","MR Egger",6,1.45716953682994,2.06008344879065,0.518390912390859,-2.58059402279973,5.49493309645961,4.2937889008703,0.0757290059031065,243.455237598473]
["4703_87_LTA_TNF_b","FTjVRz","osteoporosis","LTA","Inverse variance weighted",20,0.105509839580224,0.111531981318941,0.344145909806874,-0.113092843804901,0.324112522965349,1.11127703896863,0.893067740459728,1.38280289544797]
["4717_55_IL3_IL_3","FTjVRz","osteoporosis","IL3","MR Egger",16,0.00991000798328523,0.332068953711494,0.97661334956239,-0.640945141291242,0.660765157257813,1.0099592747225,0.526794293639414,1.93627332132075]
["4717_55_IL3_IL_3","FTjVRz","osteoporosis","IL3","Inverse variance weighted",16,0.0560001154655944,0.106655728163023,0.599545008722411,-0.153045111733931,0.265045342665119,1.05759780585276,0.858091010964869,1.30349007815253]
["4721_54_TFF3_TFF3","FTjVRz","osteoporosis","TFF3","Weighted mode",21,-0.231561391086602,0.0880977069083084,0.0161027026646835,-0.404232896626886,-0.0588898855463174,0.79329399282797,0.667488647310508,0.942810580513429]
["4763_31_AFM_Afamin","FTjVRz","osteoporosis","AFM","MR Egger",16,0.0882080927183428,0.149537777864404,0.564676294232106,-0.204885951895888,0.381302137332574,1.0922153804495,0.814740230691619,1.46418992502406]
["4775_34_GSN_Gelsolin","FTjVRz","osteoporosis","GSN","MR Egger",10,0.280366957497743,0.161216850783504,0.120214657813602,-0.0356180700379256,0.596351985033411,1.32361543383834,0.965008788879065,1.81548379339642]
["4775_34_GSN_Gelsolin","FTjVRz","osteoporosis","GSN","Weighted mode",10,-0.00888491032721772,0.109066875869669,0.936856648060801,-0.222655987031769,0.204886166377334,0.991154443849521,0.80039014652898,1.22738533929101]
["4811_33_ITIH4_ITI_heavy_chain_H4","FTjVRz","osteoporosis","ITIH4","MR Egger",16,-0.017438130441996,0.756534367849409,0.981935688406316,-1.50024549142684,1.46536923054285,0.982713033805323,0.22307539033008,4.32914139646646]
["4829_43_SFN_STRATIFIN","FTjVRz","osteoporosis","SFN","Weighted mode",9,-0.06933954537177,0.244424571901771,0.783855238376267,-0.548411706299241,0.409732615555701,0.933009827119654,0.577866904244377,1.50641493933647]
["4834_61_EPHA2_Epithelial_cell_kinase","FTjVRz","osteoporosis","EPHA2","MR Egger",16,-0.336581902049453,0.188452814293953,0.0957638502025435,-0.705949418065601,0.0327856139666959,0.714207386131995,0.493639681272331,1.03332898419098]
["4834_61_EPHA2_Epithelial_cell_kinase","FTjVRz","osteoporosis","EPHA2","Weighted mode",16,-0.187629924169672,0.11466697087387,0.122580303000911,-0.412377187082457,0.0371173387431131,0.82892141425741,0.662074502999344,1.03781478957692]
["4851_25_IL1A_IL_1a","FTjVRz","osteoporosis","IL1A","Weighted median",15,-0.128390597133889,0.143846662507081,0.372097242577205,-0.410330055647768,0.15354886137999,0.879509778045678,0.663431244767087,1.16596475637732]
["4866_59_NTRK2_TrkB","FTjVRz","osteoporosis","NTRK2","Weighted mode",18,-0.148443254519485,0.14342053004074,0.315158952035764,-0.429547493399335,0.132660984360364,0.862048923162977,0.650803520992363,1.14186282334998]
["4874_3_ANG_Angiogenin","FTjVRz","osteoporosis","ANG","Weighted median",26,0.0235961583139034,0.0619444734400702,0.703259383173834,-0.0978150096286342,0.145007326256441,1.02387675027513,0.906816640585696,1.15604803974139]
["4878_3_F10_Coagulation_Factor_X","FTjVRz","osteoporosis","F10","Simple mode",4,0.303709985787353,0.336501628079733,0.433289632197042,-0.355833205248923,0.96325317682363,1.35487606579059,0.700589465135868,2.62020661885941]
["4883_56_INS_Insulin","FTjVRz","osteoporosis","INS","Weighted median",12,0.238280053793364,0.171428947654115,0.164539830710439,-0.0977206836087002,0.574280791195429,1.26906454940419,0.906902181024493,1.77585285850247]
["4886_3_CCL7_MCP_3","FTjVRz","osteoporosis","CCL7","Simple mode",14,-0.0593145809734321,0.165241750366032,0.725390420501382,-0.383188411690854,0.26455924974399,0.942410258184798,0.681684449865856,1.30285661482627]
["4890_10_POMC_ACTH","FTjVRz","osteoporosis","POMC","Weighted mode",13,-0.212302342893609,0.223129787718883,0.360135144318074,-0.64963672682262,0.225032041035401,0.808720149809511,0.522235456439762,1.25236284255119]
["4900_8_C3_C3a","FTjVRz","osteoporosis","C3","MR Egger",9,-0.782330954937623,0.600578286917058,0.23391674978346,-1.95946439729506,0.394802487419811,0.45733873192305,0.140933885279958,1.48409103532129]
["4905_63_COTL1_Coactosin_like_protein","FTjVRz","osteoporosis","COTL1","Simple mode",10,0.108702859237934,0.192022747618278,0.585166591959925,-0.26766172609389,0.485067444569758,1.11483103937627,0.765166573214633,1.624284554323]
["4908_6_ENG_Endoglin","FTjVRz","osteoporosis","ENG","MR Egger",12,-0.0557409185204577,0.0414089277362325,0.207987909600145,-0.136902416883473,0.025420579842558,0.945784139305241,0.872055319856082,1.02574643809177]
["4909_68_LGALS8_Galectin_8","FTjVRz","osteoporosis","LGALS8","Simple mode",8,0.193929814680574,0.172520191216944,0.298036191275741,-0.144209760104636,0.532069389465784,1.21401107421104,0.865706138402465,1.7024517014824]
["4912_17_GOT1_GOT1","FTjVRz","osteoporosis","GOT1","MR Egger",9,0.056490391049148,0.772047736729873,0.943718079223853,-1.4567231729414,1.5697039550397,1.05811644736244,0.232998521031377,4.80522542041431]
["4920_10_LYZ_Lysozyme","FTjVRz","osteoporosis","LYZ","Simple mode",17,-0.0555440753826133,0.1317913154342,0.67903060101546,-0.313855053633645,0.202766902868418,0.945970328747401,0.730624921912382,1.2247869406483]
["4922_13_CCL19_MIP_3b","FTjVRz","osteoporosis","CCL19","Weighted median",21,0.0135663019445864,0.0725915487386984,0.851750472355393,-0.128713133583262,0.155845737472435,1.01365874176799,0.879226149827356,1.16864591091202]
["4924_32_MMP1_MMP_1","FTjVRz","osteoporosis","MMP1","Simple mode",42,2.68026011096878E-3,0.131082704631543,0.983785904107808,-0.254241840966855,0.259602361188792,1.00268385521932,0.775504230673223,1.29641447944741]
["4929_55_SHBG_SHBG","FTjVRz","osteoporosis","SHBG","Weighted median",22,-0.0421211403657419,0.0971359708313847,0.664556627585499,-0.232507643195256,0.148265362463772,0.958753629771984,0.792543691757444,1.15982062839039]
["4931_59_F3_TF","FTjVRz","osteoporosis","F3","Inverse variance weighted",13,-0.0761527453517647,0.112362239489247,0.497934521434103,-0.296382734750689,0.144077244047159,0.92667465050318,0.743502809194583,1.15497331989294]
["4959_2_AGR2_AGR2","FTjVRz","osteoporosis","AGR2","Weighted median",7,0.288981871454572,0.153954815412304,0.0605103643498178,-0.0127695667535442,0.590733309662689,1.33506752547684,0.987311618230886,1.80531178269396]
["4962_52_CDNF_ARMEL","FTjVRz","osteoporosis","CDNF","Inverse variance weighted",13,0.0662015911458164,0.174902516715497,0.705054995777696,-0.276607341616557,0.40901052390819,1.06844208392118,0.758352212010206,1.50532756233126]
["4962_52_CDNF_ARMEL","FTjVRz","osteoporosis","CDNF","Simple mode",13,0.362841275495728,0.362684210048137,0.336847960340064,-0.34801977619862,1.07370232719008,1.43740768931069,0.706084912400839,2.92619319433433]
["4967_1_C1QBP_C1QBP","FTjVRz","osteoporosis","C1QBP","Weighted mode",16,0.131459226017719,0.112234206249761,0.259751260098068,-0.0885198182318124,0.35143827026725,1.140491404398,0.915284971226518,1.42111001971627]
["4968_50_CAPG_CAPG","FTjVRz","osteoporosis","CAPG","Inverse variance weighted",14,0.0320747410103809,0.176149879858056,0.855513836606873,-0.313179023511409,0.37732850553217,1.03259467959071,0.731119013359184,1.45838331767636]
["4971_1_CTSZ_CATZ","FTjVRz","osteoporosis","CTSZ","Weighted mode",19,-0.00646442032688599,0.0599312186078589,0.915296816318619,-0.123929608798289,0.111000768144517,0.993556429087544,0.883442025239908,1.11739576517556]
["4976_57_CRK_CRK","FTjVRz","osteoporosis","CRK","Inverse variance weighted",11,-0.162225007234008,0.136725873879131,0.235425600405316,-0.430207720037105,0.105757705569089,0.850249870643675,0.650373984983009,1.11155252089069]
["4979_34_DPT_DERM","FTjVRz","osteoporosis","DPT","MR Egger",12,0.0474277400547589,0.10482677997298,0.66060910656537,-0.158032748692282,0.2528882288018,1.0485704287419,0.853821819962579,1.28773933662197]
["4981_6_DSC3_DSC3","FTjVRz","osteoporosis","DSC3","Inverse variance weighted",12,-0.0662546602563708,0.166488917272314,0.690665290854727,-0.392572938110107,0.260063617597365,0.935892499318053,0.675317088204072,1.29701259686636]
["4985_11_FABP5_FABPE","FTjVRz","osteoporosis","FABP5","MR Egger",10,-0.454273538376824,0.454828712841318,0.347149492406414,-1.34573781554581,0.437190738792158,0.634909037503236,0.260347548511011,1.5483513795646]
["4987_17_FCAR_FCAR","FTjVRz","osteoporosis","FCAR","Inverse variance weighted",10,0.126064270210084,0.203650512556415,0.53590146924399,-0.273090734400489,0.525219274820658,1.13435507117899,0.761023733463974,1.69082956408272]
["4989_7_FGG_Fibrinogen_g_chain_dimer","FTjVRz","osteoporosis","FGG","MR Egger",19,-0.215890632814334,0.192735565624716,0.278230670509311,-0.593652341438778,0.161871075810109,0.805823427694786,0.55230638497629,1.17570865426379]
["4991_12_GPC5_GPC5","FTjVRz","osteoporosis","GPC5","Weighted median",20,0.045870396399672,0.0689570644267461,0.505921123130372,-0.0892854498767504,0.181026242676094,1.04693871513699,0.914584468286239,1.19844662932724]
["4993_16_GSTA3_GSTA3","FTjVRz","osteoporosis","GSTA3","MR Egger",9,-0.123709509647888,0.318042704458515,0.708858516141698,-0.747073210386578,0.499654191090802,0.883636491479234,0.473751095405506,1.64815122676475]
["4995_16_HPGD_HPG_","FTjVRz","osteoporosis","HPGD","Weighted median",8,0.124093457099839,0.216093553372016,0.565793209291536,-0.299449907509311,0.54763682170899,1.13212167086325,0.74122585132888,1.72916186792506]
["4997_19_EIF4A3_IF4A3","FTjVRz","osteoporosis","EIF4A3","Inverse variance weighted",8,-0.045369897998515,0.163652685492241,0.781601328451945,-0.366129161563308,0.275389365566278,0.955643925671874,0.693413233088297,1.31704338638899]
["5000_52_LGALS3BP_LG3BP","FTjVRz","osteoporosis","LGALS3BP","Weighted mode",33,0.00159105819333716,0.0469356610036811,0.973168494244577,-0.0904028373738777,0.0935849537605521,1.00159232459798,0.913563093778131,1.09810388743354]
["5004_69_MAPK11_MK11","FTjVRz","osteoporosis","MAPK11","Weighted median",13,0.0676137592018605,0.157145579683469,0.667005122487353,-0.240391576977739,0.37561909538146,1.06995196955704,0.78631989600606,1.4558924719745]
["5005_4_MAPK12_MK12","FTjVRz","osteoporosis","MAPK12","Weighted mode",11,-0.111273718395558,0.203023294155962,0.595656518784401,-0.509199374941245,0.286651938150128,0.894693821252686,0.600976543130686,1.33196052813939]
["5007_1_MAPK14_MAPK14","FTjVRz","osteoporosis","MAPK14","Weighted median",9,0.0283496602280548,0.19708479787831,0.885622877608694,-0.357936543613433,0.414635864069542,1.0287553363653,0.699117437065325,1.51381940428012]
["5009_11_MSN_Moesin","FTjVRz","osteoporosis","MSN","MR Egger",7,0.274003729689072,0.406480121241493,0.530156522484386,-0.522697307944253,1.0707047673224,1.31521970759015,0.592919103738195,2.91743488838119]
["5013_2_CLIC1_NCC27","FTjVRz","osteoporosis","CLIC1","Weighted median",12,-0.0749014692486092,0.17666554214474,0.671585300600349,-0.4211659318523,0.271362993355081,0.927834902094917,0.656281194419632,1.31175114092181]
["5014_49_NCK1_NCK1","FTjVRz","osteoporosis","NCK1","MR Egger",8,0.436827532266868,0.564465988031639,0.468388908191085,-0.669525804275144,1.54318086880888,1.5477891103562,0.511951285347397,4.6794513437184]
["5017_19_PRDX5_Peroxiredoxin_5","FTjVRz","osteoporosis","PRDX5","Weighted median",12,0.105809322646413,0.178358399517644,0.553020600204842,-0.24377314040817,0.455391785700996,1.1116098974639,0.783665396110503,1.57679102621174]
["5019_16_UCHL1_PGP9_5","FTjVRz","osteoporosis","UCHL1","MR Egger",11,1.43834537054619,0.810297989313532,0.109624014399877,-0.149838688508337,3.02652942960071,4.21371790390443,0.860846829711636,20.6255258901661]
["5021_13_PPA1_PPase","FTjVRz","osteoporosis","PPA1","MR Egger",13,0.201271982696876,0.172371870458972,0.267630148138547,-0.13657688340271,0.539120848796462,1.22295734983172,0.872339249271531,1.71449889564911]
["5024_67_RB1_Rb","FTjVRz","osteoporosis","RB1","MR Egger",15,0.328115042726086,0.232501501422861,0.181656801127108,-0.127587900062722,0.783817985514895,1.38834868251968,0.880216041388414,2.18981701493847]
["5029_3_FAP_SEPR","FTjVRz","osteoporosis","FAP","MR Egger",26,-0.474897350104048,0.311980621577332,0.141026715164531,-1.08637936839562,0.136584668187523,0.621948896177874,0.337436016158303,1.1463519332074]
["5029_3_FAP_SEPR","FTjVRz","osteoporosis","FAP","Weighted median",26,-0.0990354714183486,0.139342183879372,0.477248002318112,-0.372146151821919,0.174075208985221,0.905710580614842,0.689253499507797,1.19014507205762]
["5032_64_SSRP1_SSRP1","FTjVRz","osteoporosis","SSRP1","Simple mode",20,-0.294629386813347,0.247126140782817,0.247852165311637,-0.778996622747669,0.189737849120974,0.744807571828667,0.458866196300269,1.20893263336031]
["5033_27_TPM1_Tropomyosin_1_alpha_chain","FTjVRz","osteoporosis","TPM1","MR Egger",11,-0.0793428962741878,0.154621650492178,0.620209563392125,-0.382401331238856,0.22371553869048,0.923723128914901,0.682221201576456,1.2507151887403]
["5036_50_TNFAIP6_TSG_6","FTjVRz","osteoporosis","TNFAIP6","Simple mode",40,0.094341464781122,0.0936851812573747,0.320139562243355,-0.0892814904833323,0.277964420045576,1.0989349294327,0.914588089493132,1.3204392152062]
["5061_27_ICOSLG_B7_H2","FTjVRz","osteoporosis","ICOSLG","MR Egger",17,0.407207327851291,0.180869396118607,0.0397817278575509,0.0527033114588212,0.761711344243761,1.50261560743454,1.05411685432919,2.14193868016912]
["5062_60_CD226_CD226","FTjVRz","osteoporosis","CD226","Weighted mode",11,-0.0315813720731952,0.13940828598691,0.825346040884799,-0.304821612607538,0.241658868461148,0.968912110858664,0.737254879637398,1.27335973555077]
["5065_8_CD83_CD83","FTjVRz","osteoporosis","CD83","MR Egger",5,-0.112566318979731,3.01290840856452,0.972543994919232,-6.01786679976618,5.79273416180672,0.893538086609235,2.43485809886407E-3,327.908354328236]
["5069_9_CD55_DAF","FTjVRz","osteoporosis","CD55","Weighted mode",29,0.00607041932694363,0.0785078124122129,0.938916899732101,-0.147804893000994,0.159945731654881,1.00608888166148,0.86259939770477,1.17344718822686]
["5078_82_EPHB6_EphB6","FTjVRz","osteoporosis","EPHB6","MR Egger",18,-0.157391942536028,0.191999678637157,0.424401860056465,-0.533711312664856,0.2189274275928,0.854369129582113,0.586424521265458,1.24474093956325]
["5082_51_IL1RAPL2_IL_1_sR9","FTjVRz","osteoporosis","IL1RAPL2","Weighted mode",15,0.0124938043252669,0.137520633668642,0.928898529975114,-0.257046637665271,0.282034246315805,1.01257217795334,0.773332146518617,1.32582412380098]
["5087_5_IL22RA2_IL_22BP","FTjVRz","osteoporosis","IL22RA2","Weighted mode",34,-0.0316668079058016,0.101719242652004,0.757518773262761,-0.231036523503729,0.167702907692126,0.968829334581831,0.7937104764183,1.18258522148018]
["5089_11_IL7R_IL_7_Ra","FTjVRz","osteoporosis","IL7R","Weighted mode",14,0.305140097503815,0.203844808768339,0.158293657369009,-0.0943957276821298,0.704675922689761,1.35681507609683,0.909922609419103,2.02319090839925]
["5090_49_LILRB1_ILT_2","FTjVRz","osteoporosis","LILRB1","Weighted mode",24,-0.0154326626494248,0.122143592676265,0.900554080931351,-0.254834104294905,0.223968778996055,0.984685810652982,0.775045063943878,1.25103196034486]
["5093_47_JAG2_JAG2","FTjVRz","osteoporosis","JAG2","Weighted mode",15,-0.15234619685,0.216382444122362,0.492940904619378,-0.576455787329829,0.27176339362983,0.858690953174047,0.561886286174196,1.3122764716033]
["5095_21_KIR2DL4_KI2L4","FTjVRz","osteoporosis","KIR2DL4","Simple mode",15,0.0574798255578641,0.218052883705296,0.795924626808395,-0.369903826504517,0.484863477620245,1.05916390239833,0.690800764166904,1.62395328774217]
["5098_79_KLRF1_KLRF1","FTjVRz","osteoporosis","KLRF1","Weighted mode",11,0.254762301134014,0.145782089352789,0.111119391326658,-0.0309705939974531,0.540495196265481,1.29015491606215,0.96950408189636,1.71685683280832]
["5102_55_MICB_MICB","FTjVRz","osteoporosis","MICB","Simple mode",13,-0.0336505882114243,0.109979610429417,0.764869818802137,-0.249210624653082,0.181909448230233,0.966909295126281,0.779415791914196,1.19950557160962]
["5103_30_CD200R1_MO2R1","FTjVRz","osteoporosis","CD200R1","Weighted mode",13,-0.0554221616651016,0.172344707003553,0.753305218946825,-0.393217787392065,0.282373464061862,0.946085662537077,0.674881750843227,1.32627394316096]
["5106_52_NOTCH2_NOTC2","FTjVRz","osteoporosis","NOTCH2","Weighted mode",12,-0.104233869279764,0.250044810474979,0.68479923644483,-0.594321697810723,0.385853959251195,0.901014553154257,0.55193681887775,1.47086984819467]
["5109_24_NRCAM_Nr_CAM","FTjVRz","osteoporosis","NRCAM","Weighted mode",16,-0.0295533190406836,0.0907436454839392,0.749165959017755,-0.207410864189205,0.148304226107837,0.970879109918343,0.812685677941547,1.15986570412237]
["5110_84_NRXN1_NRX1B","FTjVRz","osteoporosis","NRXN1","Weighted mode",7,-0.162407301246462,0.257645423925495,0.551700608609276,-0.667392332140433,0.342577729647509,0.850094889309681,0.513044685103235,1.40857383735498]
["5112_73_CD200_OX2G","FTjVRz","osteoporosis","CD200","Weighted mode",15,0.116867022879914,0.0857401660565887,0.194392327586339,-0.0511837025910002,0.284917748350827,1.12396995746456,0.950104117911853,1.32965265749967]
["5116_62_ROBO2_ROBO2","FTjVRz","osteoporosis","ROBO2","Weighted mode",15,-0.0628491951269081,0.14847045525935,0.678499154072599,-0.353851287435234,0.228152897181418,0.939085081617838,0.701979352743452,1.25627739202107]
["5121_3_SEMA6B_SEM6B","FTjVRz","osteoporosis","SEMA6B","Simple mode",9,-0.0820465095886007,0.132049960607966,0.551672019158264,-0.340864432380214,0.176771413203013,0.921229111712966,0.711155311304544,1.19335827600116]
["5128_53_SLAMF6_SLAF6","FTjVRz","osteoporosis","SLAMF6","Weighted mode",12,-0.0808606916165786,0.102089396327772,0.445072459693302,-0.280955908419012,0.119234525185855,0.922322169705806,0.755061626607134,1.12663411138154]
["5132_71_IL27RA_TCCR","FTjVRz","osteoporosis","IL27RA","Inverse variance weighted",8,-0.0201668594830176,0.0302665987429337,0.505214620408612,-0.0794893930191676,0.0391556740531324,0.980035131507502,0.923587816394917,1.03993236153544]
["5133_17_TGFBR2_TGF_b_R_II","FTjVRz","osteoporosis","TGFBR2","Simple mode",11,0.236369970441725,0.23501787788705,0.3382501412077,-0.224265070216894,0.697005011100343,1.26664284390218,0.799103287811678,2.00773056309426]
["5139_32_UNC5C_UNC5H3","FTjVRz","osteoporosis","UNC5C","Inverse variance weighted",22,0.0368328852382412,0.0758441389266959,0.62722301425913,-0.111821627058083,0.185487397534565,1.0375196215054,0.894203745028479,1.20380502876827]
["5139_32_UNC5C_UNC5H3","FTjVRz","osteoporosis","UNC5C","Simple mode",22,0.297745765159257,0.188705841009794,0.129550434987999,-0.0721176832199397,0.667609213538453,1.34681933595041,0.9304213943825,1.94957073713224]
["5196_7_NMT1_NMT1","FTjVRz","osteoporosis","NMT1","Simple mode",12,-0.126451159589186,0.263210534536492,0.640341993975627,-0.642343807280709,0.389441488102338,0.881217187501965,0.526057999412334,1.47615611285516]
["5204_13_PSME3_PSME3","FTjVRz","osteoporosis","PSME3","Simple mode",12,0.198287694140899,0.363462106560877,0.596262788073632,-0.514098034718421,0.910673423000218,1.21931313261065,0.598039762529121,2.48599609676355]
["5224_20_CSNK2A1_CSK21","FTjVRz","osteoporosis","CSNK2A1","Simple mode",10,-0.16096682963742,0.27212917215651,0.568737010865127,-0.69434000706418,0.372406347789341,0.851320309242143,0.499403942315259,1.45122256257767]
["5227_60_PDK1_PDK1","FTjVRz","osteoporosis","PDK1","Simple mode",14,-0.337993189753772,0.278911513791877,0.247144207270676,-0.884659756785851,0.208673377278306,0.71320014495034,0.41285462036762,1.23204251972344]
["5230_99_HMGCR_HMGR","FTjVRz","osteoporosis","HMGCR","Simple mode",6,0.152484628465721,0.304956717675839,0.638285388317265,-0.445230538178924,0.750199795110366,1.16472455835354,0.64067655859862,2.11742302512075]
["5236_2_NR1D1_NR1D1","FTjVRz","osteoporosis","NR1D1","Simple mode",9,0.10127565899858,0.231436094728974,0.67325226806586,-0.352339086670208,0.554890404667369,1.10658163891032,0.70304168948848,1.74175008663339]
["5242_37_MAP2K4_MP2K4","FTjVRz","osteoporosis","MAP2K4","Simple mode",16,0.0851974850344233,0.0817727836962816,0.313969337660769,-0.0750771710102888,0.245472141079135,1.08893209325736,0.927671894188879,1.27822467313473]
["5248_68_PPIF_Cyclophilin_F","FTjVRz","osteoporosis","PPIF","Inverse variance weighted",10,0.00968937689045382,0.180541022871064,0.957199231412708,-0.344171027936833,0.36354978171774,1.00973647088364,0.708807691765277,1.43842646246307]
["5250_53_IMPDH2_IMDH2","FTjVRz","osteoporosis","IMPDH2","Simple mode",14,0.0494324123976666,0.181376655964987,0.789487744514376,-0.306065833293708,0.404930658089041,1.05067457723948,0.736338142295222,1.49919853916077]
["5252_33_PDE11A_PDE11","FTjVRz","osteoporosis","PDE11A","Inverse variance weighted",10,0.112609331006,0.139725518181444,0.420281791907322,-0.16125268462963,0.38647134664163,1.11919461289694,0.851076989860463,1.47177822507328]
["5255_22_PDE4D_PDE4D","FTjVRz","osteoporosis","PDE4D","Inverse variance weighted",11,0.184763447430119,0.126792405902528,0.145057799416051,-0.0637496681388353,0.433276562999073,1.20293384937522,0.938239841461026,1.54230270558468]
["5256_86_PDE5A_PDE5A","FTjVRz","osteoporosis","PDE5A","Inverse variance weighted",8,-0.191631947071406,0.149706893003982,0.200528400492869,-0.485057457359212,0.101793563216399,0.825610681007733,0.615661821445581,1.1071548906404]
["5261_13_ABL2_ABL2","FTjVRz","osteoporosis","ABL2","Inverse variance weighted",11,0.133057384400344,0.142572434034802,0.350684892986163,-0.146384586307867,0.412499355108556,1.14231554754282,0.863825423863294,1.51058856814172]
["5264_65_CALR_calreticulin","FTjVRz","osteoporosis","CALR","Inverse variance weighted",8,0.122912123795623,0.253592304833995,0.627900542663466,-0.374128793679007,0.619953041270252,1.13078504748333,0.687888310457204,1.85884075099635]
["5265_12_GRAP2_GRB2_related_adapter_protein_2","FTjVRz","osteoporosis","GRAP2","Inverse variance weighted",12,-0.27843853967837,0.124884837484623,0.0257765074744429,-0.523212821148232,-0.0336642582085084,0.756964789619699,0.592613524883062,0.966896077569378]
["5272_55_SHC1_SHC1","FTjVRz","osteoporosis","SHC1","Simple mode",11,0.341168717742844,0.336920001061681,0.335119794430681,-0.31919448433805,1.00153191982374,1.40659053762413,0.726734197142123,2.7224492095104]
["5301_7_CCL11_Eotaxin","FTjVRz","osteoporosis","CCL11","Inverse variance weighted",26,-0.0384499233156253,0.0647195770092928,0.55244499719676,-0.165300294253839,0.0884004476225885,0.962279891319693,0.847639124706988,1.09242549364193]
["5315_22_TNNT2_Troponin_T","FTjVRz","osteoporosis","TNNT2","Inverse variance weighted",11,0.148630666752091,0.156162027363482,0.341212554913295,-0.157446906880335,0.454708240384516,1.16024439323646,0.854322171033644,1.57571358637213]
["5337_64_CD86_B7_2","FTjVRz","osteoporosis","CD86","MR Egger",16,0.0330319793613969,0.195738263417923,0.868402551860566,-0.350615016937732,0.416678975660525,1.03358359205602,0.704254827853068,1.51691546797648]
["5339_49_S100A9_calgranulin_B","FTjVRz","osteoporosis","S100A9","Inverse variance weighted",19,-0.00286483421680301,0.114181330784013,0.979983004477714,-0.226660242553469,0.220930574119863,0.9971392655048,0.797191588061752,1.24723683704303]
["5343_74_CPE_CBPE","FTjVRz","osteoporosis","CPE","MR Egger",7,0.120054763903384,0.215453549772235,0.601400003702623,-0.302234193650196,0.542343721456965,1.12755859939878,0.739164936882918,1.72003342101105]
["5346_24_CPNE1_CPNE1","FTjVRz","osteoporosis","CPNE1","Weighted median",13,-0.11872208066669,0.04894737323056,0.0152871205176944,-0.214658932198587,-0.0227852291347921,0.888054574003985,0.806816572409782,0.977472393822927]
["5350_14_GPC6_GPC6","FTjVRz","osteoporosis","GPC6","MR Egger",14,0.59190503841591,0.514726473222324,0.272570232556617,-0.416958849099846,1.60076892593167,1.8074283582023,0.659048039806196,4.95684240407498]
["5351_52_HNRNPA2B1_hnRNP_A2_B1","FTjVRz","osteoporosis","HNRNPA2B1","MR Egger",14,0.242640307027268,0.781349785987437,0.761477965493441,-1.28880527350811,1.77408588756264,1.2746100733683,0.275599852921834,5.89489008033947]
["5352_11_TNFRSF14_HVEM","FTjVRz","osteoporosis","TNFRSF14","Weighted median",8,0.307996516979506,0.240435044279882,0.200194797898214,-0.163256169809064,0.779249203768076,1.36069624959597,0.849373576676041,2.17983503902986]
["5354_11_KRT18_Keratin_18","FTjVRz","osteoporosis","KRT18","MR Egger",7,-0.170477251506166,1.10140112692098,0.88304715238882,-2.32922346027128,1.98826895725895,0.843262272357027,0.0973713304455244,7.30288121490304]
["5357_60_NLGN4X_NLGNX","FTjVRz","osteoporosis","NLGN4X","Weighted median",10,0.0538624926493854,0.201907274780001,0.789647440131815,-0.341875765919417,0.449600751218188,1.05533947524206,0.710436459647305,1.56768616373814]
["5360_9_AKT2_PKB_beta","FTjVRz","osteoporosis","AKT2","MR Egger",19,-0.0124580513863261,0.468955059660709,0.979115607142527,-0.931609968321316,0.906693865548664,0.987619228882433,0.393919002463754,2.47612259159313]
["5364_7_SET_SET","FTjVRz","osteoporosis","SET","Weighted median",16,-0.17184693481885,0.125731310589541,0.171694537477252,-0.41828030357435,0.0745864339366495,0.842108060727012,0.658177713000357,1.07743846674587]
["5383_14_TNFRSF13C_BAFF_Receptor","FTjVRz","osteoporosis","TNFRSF13C","MR Egger",14,0.198393685241807,0.16689685778476,0.257542114621736,-0.128724156016323,0.525511526499936,1.21944237580112,0.879216458669384,1.69132378407699]
["5404_53_TNFRSF21_DR6","FTjVRz","osteoporosis","TNFRSF21","Weighted median",20,0.141549488473203,0.0972702077356712,0.145608545629934,-0.0491001186887122,0.332199095635119,1.1520575164176,0.952085803344437,1.39403036624646]
["5404_53_TNFRSF21_DR6","FTjVRz","osteoporosis","TNFRSF21","Weighted mode",20,0.117310975780569,0.122010810671984,0.34838832089704,-0.121830213136518,0.356452164697657,1.12446905796778,0.885298667826895,1.42825320796054]
["5412_53_CD27_CD27","FTjVRz","osteoporosis","CD27","Inverse variance weighted",10,0.0546716024027693,0.030589827430181,0.0738974434331138,-0.0052844593603855,0.114627664165924,1.05619370624132,0.994729478832235,1.12145580164507]
["5440_26_TNNI2_Troponin_I__skeletal__fast_twitch","FTjVRz","osteoporosis","TNNI2","Weighted mode",18,-0.332973669632297,0.169258880935799,0.0656932821551738,-0.664721076266464,-1.22626299813067E-3,0.716789067226936,0.51441699080574,0.998774488555108]
["5451_1_ALCAM_ALCAM","FTjVRz","osteoporosis","ALCAM","MR Egger",20,-0.1203700896081,0.196702517932979,0.548230095697721,-0.505907024756739,0.26516684554054,0.886592257411938,0.602958429104439,1.30364846556718]
["5452_71_ASGR1_ASGR1","FTjVRz","osteoporosis","ASGR1","MR Egger",20,0.637019979496045,0.233387837793395,0.013762224270478,0.17957981742099,1.0944601415711,1.89083773991098,1.19671441891414,2.98756938344218]
["5457_5_COLEC12_COLEC12","FTjVRz","osteoporosis","COLEC12","Weighted mode",19,-0.0243451875721528,0.0466771907324153,0.608331752448013,-0.115832481407687,0.0671421062633813,0.975948766221737,0.890624406948538,1.06944744255674]
["5460_60_DDX19B_DEAD_box_protein_19B","FTjVRz","osteoporosis","DDX19B","MR Egger",11,-0.660272716261586,0.554232449543116,0.263993415488694,-1.74656831736609,0.426022884842921,0.516710399946406,0.174371304865574,1.53115581499262]
["5462_62_FCN3_Ficolin_3","FTjVRz","osteoporosis","FCN3","Weighted mode",24,-0.0336410522543789,0.0814228621818084,0.683312601824161,-0.193229862130723,0.125947757621966,0.966918515575749,0.824292478735533,1.13422291223304]
["5464_52_GRB2_GRB2_adapter_protein","FTjVRz","osteoporosis","GRB2","Weighted median",10,0.287498470361651,0.184970003797925,0.12011339755424,-0.0750427370822819,0.650039677805585,1.33308855301827,0.927703838126071,1.91561683497836]
["5465_32_HS6ST1_H6ST1","FTjVRz","osteoporosis","HS6ST1","Weighted mode",25,-0.00916696813243334,0.0879397157435398,0.917843948266959,-0.181528810989771,0.163194874724905,0.990874920425194,0.83399421675849,1.17726608674069]
["5475_10_PRKCB_PKC_B_II","FTjVRz","osteoporosis","PRKCB","Weighted median",17,-0.301902006558035,0.151253504214851,0.0459339140569236,-0.598358874819144,-0.00544513829692578,0.739410518721229,0.549713044148983,0.994569659597567]
["5478_50_FOLH1_PSMA","FTjVRz","osteoporosis","FOLH1","Weighted mode",17,-0.117672215408468,0.180145717238509,0.522900175756554,-0.470757821195946,0.23541339037901,0.888987401234406,0.624528807738159,1.26543177794425]
["5481_16_RASA1_RASA1","FTjVRz","osteoporosis","RASA1","Weighted median",9,-0.0499298805212709,0.134050133899175,0.709541682872785,-0.312668142963653,0.212808381921111,0.951296126550641,0.731492623268095,1.23714756868926]
["5484_63_RPS3A_RS3A","FTjVRz","osteoporosis","RPS3A","Simple mode",15,0.210943905548918,0.266147661187505,0.441246070490786,-0.310705510378591,0.732593321476428,1.23484308527355,0.732929684276346,2.08046894260181]
["5487_7_SLAMF7_SLAF7","FTjVRz","osteoporosis","SLAMF7","Weighted median",25,-0.0610293007154001,0.0483592816346379,0.20694962501711,-0.155813492719291,0.0337548912884902,0.940795673385879,0.855718773270324,1.03433105210371]
["5488_74_SRC_SRCN1","FTjVRz","osteoporosis","SRC","Simple mode",9,-0.367639047528802,0.337082101271852,0.307183141656727,-1.02831996602163,0.293041870964028,0.692367048188072,0.357607248504288,1.34049891723858]
["5490_53_SPOCK1_Testican_1","FTjVRz","osteoporosis","SPOCK1","Weighted mode",11,0.425656011535977,0.290841439262302,0.174033256237699,-0.144393209418135,0.99570523249009,1.53059417782647,0.865547339771878,2.706632473521]
["5493_17_WNK3_WNK3","FTjVRz","osteoporosis","WNK3","MR Egger",10,0.0768598099495479,0.8542051768722,0.930516528141149,-1.59738233671996,1.75110195661906,1.07989067585209,0.202425707413858,5.76094749372951]
["5508_62_CTSD_Cathepsin_D","FTjVRz","osteoporosis","CTSD","Simple mode",18,0.0566062129649056,0.14112392823996,0.693335912281754,-0.219996686385416,0.333209112315227,1.05823900753391,0.802521457204877,1.39543907145707]
["5526_53_TNFRSF18_GITR","FTjVRz","osteoporosis","TNFRSF18","MR Egger",16,0.412725449468209,0.242834213365706,0.111302828392154,-0.0632296087285741,0.888680507664992,1.51093014230927,0.938727908820671,2.43191863530162]
["5532_53_FGFR1_bFGF_R","FTjVRz","osteoporosis","FGFR1","Simple mode",30,0.00929067445816401,0.153981741019171,0.952301756241373,-0.292513537939412,0.31109488685574,1.00933396674175,0.746385140450675,1.36491872788825]
["5583_62_RYK_RYK","FTjVRz","osteoporosis","RYK","MR Egger",4,0.872460517166868,1.30953867131779,0.573824494841485,-1.69423527861599,3.43915631294973,2.39279111993672,0.183739684982233,31.1606572320053]
["5584_21_TCN2_Holo_TC_II","FTjVRz","osteoporosis","TCN2","Simple mode",15,-0.00926911483538173,0.0592624804052045,0.877944628582319,-0.125423576429583,0.106885346758819,0.990773710988231,0.882123176853774,1.11280666027451]
["5593_11_PDIA5_PDIA5","FTjVRz","osteoporosis","PDIA5","MR Egger",9,0.0109128896616344,0.036016802407801,0.770700382634226,-0.0596800430576556,0.0815058223809244,1.01097265243904,0.942065905895333,1.08491953438041]
["5593_11_PDIA5_PDIA5","FTjVRz","osteoporosis","PDIA5","Simple mode",9,0.132337987105901,0.146697173425567,0.393344518308081,-0.155188472808211,0.419864447020012,1.14149406435034,0.856253781719953,1.52175526317644]
["5598_3_GREM2_GREM2","FTjVRz","osteoporosis","GREM2","Weighted median",17,0.0170212012681826,0.127170574044459,0.893524795573131,-0.232233123858957,0.266275526395322,1.0171668873246,0.792761290191815,1.30509459716339]
["5601_2_PGLYRP2_PGRP_L","FTjVRz","osteoporosis","PGLYRP2","Inverse variance weighted",18,0.0225190430392684,0.0708318804271982,0.750543783395209,-0.11631144259804,0.161349528676577,1.02277451071417,0.890197934562442,1.17509562666058]
["5604_30_HPSE_HPSE","FTjVRz","osteoporosis","HPSE","Weighted median",19,-0.00976881106983509,0.103248684217326,0.924621121128873,-0.212136232135795,0.192598609996124,0.990278748771332,0.808854498084494,1.21239605218302]
["5610_32_FAM171A1_CJ038","FTjVRz","osteoporosis","FAM171A1","Inverse variance weighted",9,0.163348885961023,0.144555609069811,0.258473170473249,-0.119980107815807,0.446677879737852,1.17744741290872,0.886938079677327,1.56311070855118]
["5612_16_HINT2_HINT2","FTjVRz","osteoporosis","HINT2","Simple mode",11,0.199726124765644,0.250493049988,0.4437781184977,-0.291240253210837,0.690692502742125,1.22106829199663,0.747336106548471,1.9950966648804]
["5613_75_LAT2_NTAL","FTjVRz","osteoporosis","LAT2","Weighted mode",12,0.243957647889303,0.27054631902378,0.386522617394935,-0.286313137397305,0.774228433175912,1.27629027575776,0.75102740435533,2.16891801623676]
["5617_41_NPFF_NPFF","FTjVRz","osteoporosis","NPFF","Inverse variance weighted",20,0.130210141225541,0.0947604014533545,0.169411053547718,-0.0555202456230338,0.315940528074116,1.13906772326349,0.945992871261495,1.37154868455876]
["5618_50_FAM3B_FAM3B","FTjVRz","osteoporosis","FAM3B","Weighted mode",14,-0.0898911553999642,0.100643046359262,0.388002664957227,-0.287151526264117,0.107369215464188,0.914030667159484,0.750398015214139,1.11334524288367]
["5621_64_THSD1_THSD1","FTjVRz","osteoporosis","THSD1","Inverse variance weighted",13,0.0501176977697028,0.0411537480126174,0.223293856730071,-0.0305436483350273,0.130779043874433,1.05139483592121,0.969918095833268,1.13971592627324]
["5626_20_CTRC_CTRC","FTjVRz","osteoporosis","CTRC","MR Egger",12,0.155500101906618,0.192032494654477,0.43692288347128,-0.220883587616158,0.531883791429394,1.16824205511884,0.801810015472694,1.7021357591096]
["5627_53_GNRH1_GON1","FTjVRz","osteoporosis","GNRH1","Inverse variance weighted",8,-0.128945398777097,0.236760971507041,0.586013041381103,-0.592996902930897,0.335106105376704,0.879021959909266,0.552668506510387,1.39808872208318]
["5630_48_CD300A_CM35H","FTjVRz","osteoporosis","CD300A","MR Egger",29,0.0639932360947219,0.0412329148589983,0.132307750936281,-0.0168232770289148,0.144809749218359,1.06608518783789,0.983317444061051,1.15581965375648]
["5632_6_CRTAC1_CRAC1","FTjVRz","osteoporosis","CRTAC1","Inverse variance weighted",12,-0.0248159051853734,0.031604810991704,0.432339884300801,-0.0867613347291133,0.0371295243583666,0.975489478053871,0.916895900730047,1.0378274360657]
["5636_10_MFAP4_MFAP4","FTjVRz","osteoporosis","MFAP4","MR Egger",20,0.176861173052159,0.171056367637581,0.314858862486523,-0.1584093075175,0.512131653621818,1.19346539646748,0.853500366348004,1.66884480514038]
["5638_23_COLGALT1_GT251","FTjVRz","osteoporosis","COLGALT1","Weighted median",23,0.0728822636655174,0.0832684602101431,0.38142780712047,-0.0903239183463631,0.236088445677398,1.07560389179991,0.913635194134073,1.266286302764]
["5643_2_LCN8_LCN8","FTjVRz","osteoporosis","LCN8","Inverse variance weighted",15,0.0651496168945174,0.127859699354459,0.610373846569396,-0.185455393840223,0.315754627629258,1.06731870134827,0.830725890246275,1.37129373674634]
["5643_2_LCN8_LCN8","FTjVRz","osteoporosis","LCN8","Weighted mode",15,0.164131871539721,0.234318346277925,0.495113970021613,-0.295132087165012,0.623395830244454,1.17836969827366,0.744433250893902,1.86525137632179]
["5649_83_PSG4_PSG4","FTjVRz","osteoporosis","PSG4","Weighted median",12,-0.102121743214797,0.195212081982166,0.600882197379847,-0.484737423899842,0.280493937470248,0.902919620640014,0.615858885359941,1.32378351716112]
["5649_83_PSG4_PSG4","FTjVRz","osteoporosis","PSG4","Weighted mode",12,-0.139214845059435,0.232911866589312,0.562133443003762,-0.595722103574487,0.317292413455618,0.870041084348484,0.551164424334476,1.37340411505753]
["5653_23_PRSS37_PRS37","FTjVRz","osteoporosis","PRSS37","Weighted median",11,-0.224591789642193,0.186432857860244,0.228327161339332,-0.590000191048271,0.140816611763884,0.798842247890458,0.554327178831248,1.15121350961027]
["5654_70_TMX3_TMX3","FTjVRz","osteoporosis","TMX3","Weighted mode",9,-0.0467922282257849,0.055719954423187,0.425417500386396,-0.156003338895231,0.0624188824436617,0.954285650616703,0.855556333753286,1.06440811323074]
["5657_28_ST3GAL1_SIA4A","FTjVRz","osteoporosis","ST3GAL1","Weighted median",17,-0.129382905680234,0.109350846565862,0.236733574334312,-0.343710564949325,0.0849447535888558,0.878637465849331,0.709134146627018,1.08865692064915]
["5660_51_SOD3_SOD3","FTjVRz","osteoporosis","SOD3","Weighted mode",17,-0.000888765703173977,0.100363689266839,0.993043941163842,-0.197601596666179,0.195824065259831,0.999111629132083,0.820696756337626,1.21631289481581]
["5663_18_PF4V1_PF4V","FTjVRz","osteoporosis","PF4V1","Weighted median",15,-0.0304300500577659,0.0554291551463041,0.583012335099756,-0.139071194144522,0.0782110940289901,0.970028283116464,0.870166075523596,1.08135090129741]
["5664_57_DEFB106A_D106A","FTjVRz","osteoporosis","DEFB106A","MR Egger",15,-0.0502884363976726,0.198299802413092,0.803772640336509,-0.438956049127334,0.338379176331988,0.950955094877377,0.644709114535325,1.40267226270723]
["5669_26_SIRPB2_SIRB2","FTjVRz","osteoporosis","SIRPB2","Weighted median",13,-0.0202808241034611,0.188543970265345,0.914340374973725,-0.389827005823538,0.349265357616616,0.979923448539793,0.677174011526306,1.41802542426839]
["5676_54_ASIP_ASIP","FTjVRz","osteoporosis","ASIP","MR Egger",14,0.266089407287507,0.377712725797798,0.494582191497466,-0.474227535276178,1.00640634985119,1.3048517167244,0.622365626321146,2.73575199308974]
["5680_54_OBP2B_OBP2B","FTjVRz","osteoporosis","OBP2B","MR Egger",4,0.254252959196443,0.0930145465274386,0.111828378676947,0.0719444480026631,0.436561470390222,1.28949795338096,1.07459564647118,1.54737735745915]
["5687_5_PRKCSH_GLU2B","FTjVRz","osteoporosis","PRKCSH","Weighted median",11,-0.140809493157482,0.130057254348972,0.278953539802737,-0.395721711681467,0.114102725366504,0.86865478061518,0.673194011901874,1.12086726047051]
["5689_1_DEFB112_DB112","FTjVRz","osteoporosis","DEFB112","Simple mode",12,0.284202560920185,0.27603726021619,0.325314277109498,-0.256830469103547,0.825235590943918,1.32870204660491,0.773499334686226,2.28241841910341]
["5691_2_CRISPLD2_CRLD2","FTjVRz","osteoporosis","CRISPLD2","MR Egger",23,-0.157269682817141,0.07062436448,0.0370316121223507,-0.295693437197941,-0.0188459284363414,0.854473590897297,0.744015480532672,0.981330545727615]
["5701_81_CLEC3B_Tetranectin","FTjVRz","osteoporosis","CLEC3B","Simple mode",14,-0.13127480579305,0.191951349609384,0.506049042255806,-0.507499451027443,0.244949839441342,0.876976742984804,0.601999026353603,1.27755722861334]
["5707_55_ELK3_ELK3","FTjVRz","osteoporosis","ELK3","MR Egger",13,0.0409808675838893,0.398983026789805,0.920039087002584,-0.741025864924128,0.822987600091907,1.04183217258815,0.476624712061526,2.27729332611617]
["5708_1_LEAP2_LEAP2","FTjVRz","osteoporosis","LEAP2","Simple mode",18,0.165609086161348,0.138417768898439,0.247943850838966,-0.105689740879592,0.436907913202288,1.18011168955235,0.899703746070219,1.54791352809307]
["5714_88_IFNA6_IFNA6","FTjVRz","osteoporosis","IFNA6","MR Egger",12,-0.0546411800177673,0.277373095899762,0.847777512681321,-0.598292447981301,0.489010087945766,0.946824826675568,0.549749561061065,1.63070116996354]
["5715_4_ABHD14A_ABHEA","FTjVRz","osteoporosis","ABHD14A","Weighted mode",12,-0.0488283209379681,0.212278062286458,0.822297311928331,-0.464893323019426,0.36723668114349,0.95234461329469,0.628202116320264,1.44373958461648]
["5717_2_CILP_CILP","FTjVRz","osteoporosis","CILP","MR Egger",10,-0.362804141036758,0.690560975073311,0.613567780080258,-1.71630365218045,0.990695370106931,0.695722683679279,0.179729263474753,2.69310652716212]
["5723_4_INSL3_INSL3","FTjVRz","osteoporosis","INSL3","Weighted mode",16,-0.00734785322807574,0.113034429575261,0.949028108867126,-0.228895335195587,0.214199628739436,0.992679076247143,0.79541178076695,1.23886994415488]
["5728_60_FCRL1_FCRL1","FTjVRz","osteoporosis","FCRL1","MR Egger",38,0.017609371811058,0.173148540001934,0.919558399586724,-0.321761766592733,0.356980510214849,1.0177653309011,0.724870858215838,1.42900801852321]
["5730_60_CXCL14_BRAK","FTjVRz","osteoporosis","CXCL14","Weighted mode",12,0.470577955610149,0.321080676818304,0.170747866621737,-0.158740170953727,1.09989608217402,1.6009191861142,0.853218020995427,3.00385385376466]
["5735_54_C1GALT1C1_C1GLC","FTjVRz","osteoporosis","C1GALT1C1","Weighted mode",11,-0.0848749006659104,0.0539605653199442,0.146816154364429,-0.190637608693001,0.0208878073611803,0.918627196864175,0.826432025673069,1.02110748446765]
["5739_75_KRTDAP_KTDAP","FTjVRz","osteoporosis","KRTDAP","MR Egger",16,0.113278517345397,0.125563885011975,0.382231945826514,-0.132826697278075,0.359383731968868,1.1199438132924,0.87561682573973,1.43244637158759]
["5739_75_KRTDAP_KTDAP","FTjVRz","osteoporosis","KRTDAP","Simple mode",16,-0.400891213834762,0.174762902629141,0.0366526993308435,-0.743426502987879,-0.0583559246816452,0.669722913662733,0.475481880946415,0.943314138894492]
["5743_82_CARTPT_CART","FTjVRz","osteoporosis","CARTPT","Weighted mode",12,-0.0403187558540503,0.250575577163609,0.875085603378676,-0.531446887094724,0.450809375386624,0.960483230699545,0.587753940563826,1.56958205260192]
["5745_64_PI15_PI15","FTjVRz","osteoporosis","PI15","Simple mode",18,0.236473243013882,0.140842415503607,0.111438145672289,-0.0395778913731877,0.512524377400951,1.26677366012143,0.961195082269846,1.6695003288905]
["5749_53_CLPS_COL","FTjVRz","osteoporosis","CLPS","Weighted mode",19,0.0764003109991584,0.0411518831610243,0.07982035236161,-0.00425737999644915,0.157058001994766,1.07939458120622,0.995751669798408,1.17006347794849]
["5752_63_SUSD3_SUSD3","FTjVRz","osteoporosis","SUSD3","Simple mode",10,-3.3948913916082E-3,0.270612605523041,0.990264326550118,-0.533795598216768,0.527005815433552,0.99661086473652,0.586375096233965,1.69385299970954]
["5754_76_INSL6_INSL6","FTjVRz","osteoporosis","INSL6","Weighted mode",8,-0.181064412195685,0.162655377361908,0.302391705555709,-0.499868951825026,0.137740127433655,0.834381612613149,0.606610149657047,1.14767726168202]
["5756_66_PAPPA2_PAPP2","FTjVRz","osteoporosis","PAPPA2","Weighted mode",16,0.154631984132969,0.208323474444638,0.469389286747343,-0.253682025778522,0.56294599404446,1.16722832350975,0.775938491261666,1.75583757546052]
["5762_35_SPAG11B_Sperm_associated_antigen_11","FTjVRz","osteoporosis","SPAG11B","Weighted mode",11,-0.243538194749873,0.128462025538866,0.0872244934830157,-0.495323764806051,0.00824737530630504,0.783849536523525,0.60937358163501,1.00828147859576]
["5763_67_DEFB104A_HBD_4","FTjVRz","osteoporosis","DEFB104A","Weighted mode",8,-0.0531009595765335,0.231255675287923,0.824952200405373,-0.506362083140863,0.400160163987796,0.948284269271023,0.602684110236282,1.49206365336948]
["5792_8_AFP_AFP","FTjVRz","osteoporosis","AFP","Simple mode",9,0.0303799073359969,0.232334708965869,0.899194135314706,-0.424996122237106,0.4857559369091,1.03084608556233,0.653772320298977,1.62540324685699]
["5798_3_BID_BID","FTjVRz","osteoporosis","BID","Weighted mode",13,0.0957277034359028,0.179756268157658,0.604072257601652,-0.256594582153106,0.448049989024911,1.10045937188737,0.773681814606924,1.56525693936598]
["5803_24_C3_C3d","FTjVRz","osteoporosis","C3","Simple mode",8,0.0455300373878349,0.246716053993527,0.858819148800431,-0.438033428439479,0.529093503215149,1.04658244074449,0.645304210983977,1.69739292976951]
["5810_25_TDGF1_Cripto","FTjVRz","osteoporosis","TDGF1","Weighted mode",26,0.00790245886578589,0.0507031472945614,0.877397141464401,-0.0914757098315545,0.107280627563126,1.00793376570652,0.912583482689311,1.11324661833398]
["5825_49_IFNGR1_IFN_g_R1","FTjVRz","osteoporosis","IFNGR1","Inverse variance weighted",16,0.0524770022146838,0.0974933163270459,0.590395793953431,-0.138609897786326,0.243563902215694,1.05387832493237,0.870567572562702,1.27578784090567]
["5834_18_IL9_IL_9","FTjVRz","osteoporosis","IL9","Simple mode",23,0.101347920395363,0.283530802113552,0.724161671164655,-0.454372451747198,0.657068292537924,1.10666160493439,0.634846239616282,1.92912839583992]
["5852_6_S100A12_S100A12","FTjVRz","osteoporosis","S100A12","Inverse variance weighted",14,0.012635085949855,0.0750769503514912,0.866351096217411,-0.134515736739068,0.159785908638778,1.01271524590185,0.874139122669051,1.17325965934411]
["5858_6_YWHAZ_14_3_3_protein_zeta_delta","FTjVRz","osteoporosis","YWHAZ","Simple mode",11,-0.0414431319386299,0.349731082880964,0.908018076537824,-0.726916054385319,0.644029790508059,0.959403893229636,0.483397465215328,1.90413871933352]
["5864_10_ALDOA_aldolase_A","FTjVRz","osteoporosis","ALDOA","Inverse variance weighted",9,-0.202010466440332,0.167542448905275,0.227922742838794,-0.530393666294671,0.126372733414008,0.817086375911683,0.588373301343916,1.13470503195087]
["5867_60_ARG1_ARGI1","FTjVRz","osteoporosis","ARG1","Simple mode",14,0.160724219827244,0.168856254687374,0.358540694023948,-0.170234039360009,0.491682479014497,1.17436105865629,0.843467388926469,1.63506486936456]
["5879_51_DCTN2_Dynactin_subunit_2","FTjVRz","osteoporosis","DCTN2","Simple mode",17,-0.199979754178255,0.227452124468251,0.392297232491689,-0.645785918136027,0.245826409779517,0.818747329122663,0.524250362290469,1.27867758835058]
["5882_34_EEF1B2_EF_1_beta","FTjVRz","osteoporosis","EEF1B2","Simple mode",14,-0.0383856567900454,0.299446826329559,0.899961591052541,-0.625301436395981,0.54853012281589,0.962341735692184,0.535100105558597,1.73070722026541]
["5897_58_GRP_Gastrin_releasing_peptide","FTjVRz","osteoporosis","GRP","Simple mode",19,-0.193264543953591,0.251564831130996,0.452301002090253,-0.686331612970343,0.299802525063161,0.824263891265529,0.503419423213249,1.34959227061129]
["5900_11_HINT1_HINT1","FTjVRz","osteoporosis","HINT1","Inverse variance weighted",13,0.0332180973043879,0.133651231344088,0.803714192575478,-0.228738316130025,0.295174510738801,1.03377597841081,0.79553668538745,1.34336076911241]
["5915_58_PEX5_PEX5","FTjVRz","osteoporosis","PEX5","Simple mode",11,0.0733376526918346,0.299161783567477,0.811302489205254,-0.513019443100419,0.659694748484088,1.07609382155475,0.598685151197052,1.93420182624032]
["5936_53_TNF_TNF_a","FTjVRz","osteoporosis","TNF","Inverse variance weighted",6,0.0203212842140384,0.228650817302157,0.92918145074509,-0.427834317698189,0.468476886126266,1.02052916727249,0.651919417361092,1.59755907481585]
["5947_90_THPO_Tpo","FTjVRz","osteoporosis","THPO","Simple mode",22,0.162233673123628,0.168662464133787,0.347053802221896,-0.168344756578595,0.492812102825852,1.17613504036186,0.84506244362129,1.63691292117925]
["5954_62_PTH_PTH","FTjVRz","osteoporosis","PTH","Inverse variance weighted",25,-0.00785662123606265,0.0827450867777709,0.924354779243346,-0.170036991320494,0.154323748848368,0.992174161344117,0.843633608897974,1.16686859799815]
["5980_55_BOLA3_BOLA3","FTjVRz","osteoporosis","BOLA3","Inverse variance weighted",9,-0.0118568479037747,0.121746762884995,0.922417138060041,-0.250480503158365,0.226766807350816,0.988213167523372,0.778426656727045,1.25453728495453]
["5988_49_TNFSF14_LIGHT","FTjVRz","osteoporosis","TNFSF14","Inverse variance weighted",17,0.0918952703100547,0.089502512618587,0.304545747843102,-0.0835296544223758,0.267320195042485,1.09625000614536,0.919863808236878,1.30645870096481]
["6022_57_NELL2_NELL2","FTjVRz","osteoporosis","NELL2","Inverse variance weighted",14,0.00767310274590628,0.129713182124742,0.952829146199198,-0.246564734218588,0.2619109397104,1.00770261643768,0.781480771352489,1.29941081137277]
["6027_31_RLN3_REL3","FTjVRz","osteoporosis","RLN3","Simple mode",12,0.344088274620194,0.253494630491193,0.201856661995053,-0.152761201142544,0.840937750382932,1.41070315929705,0.858334666677838,2.31854016959752]
["6039_24_CRHBP_CRHBP","FTjVRz","osteoporosis","CRHBP","Inverse variance weighted",15,0.0204553861126068,0.0454743021465684,0.652838086504187,-0.0686742460946673,0.109585018319881,1.02066603134802,0.93363076441483,1.11581493161343]
["6054_6_NXPH3_NXPH3","FTjVRz","osteoporosis","NXPH3","Simple mode",19,0.0991764397888271,0.160104293207587,0.543382585546429,-0.214627974898044,0.412980854475698,1.10426111796998,0.806841549659509,1.51131609071806]
["6069_71_SUMF2_SUMF2","FTjVRz","osteoporosis","SUMF2","Inverse variance weighted",20,-0.236568570981496,0.10640762793573,0.0262003326874922,-0.445127521735527,-0.0280096202274656,0.789331755193036,0.640742562218725,0.97237901224897]
["6081_52_PCOLCE2_PCOC2","FTjVRz","osteoporosis","PCOLCE2","Simple mode",17,0.0714257206120033,0.0995142548225838,0.483264176198158,-0.123622218840261,0.266473660064267,1.07403836882555,0.883713628188838,1.30535320596296]
["6107_3_CELA1_ELA1","FTjVRz","osteoporosis","CELA1","Weighted median",30,-0.107158634432211,0.0734001510922921,0.144310991430192,-0.251022930573104,0.0367056617086816,0.898383147185393,0.778004531264635,1.03738763299336]
["6117_4_PCSK2_NEC2","FTjVRz","osteoporosis","PCSK2","Simple mode",8,-0.100761945339636,0.230361268934802,0.674992684045799,-0.552270032451849,0.350746141772576,0.904148243971984,0.575641600988494,1.42012676928463]
["6123_69_TP53_p53","FTjVRz","osteoporosis","TP53","Weighted median",17,-0.0849055188996351,0.131102175410264,0.517225191778767,-0.341865782703752,0.172054744904482,0.918599070552547,0.710443552123101,1.18774285430321]
["6168_11_TP53_p53_R175H","FTjVRz","osteoporosis","TP53","Inverse variance weighted",13,0.126805372451132,0.0724482606163221,0.080068508454126,-0.0151932183568594,0.268803963259123,1.13519605585371,0.984921616280342,1.30839862170211]
["6213_10_CGB2_CGB2","FTjVRz","osteoporosis","CGB2","Weighted median",20,3.93768362365277E-3,0.122584380357584,0.974374575817978,-0.236327701877211,0.244203069124517,1.0039454464857,0.789521903725427,1.27660354293336]
["6214_84_IFNA8_IFNA8","FTjVRz","osteoporosis","IFNA8","Weighted median",11,-0.253722286198706,0.219978180833727,0.248747262726821,-0.684879520632811,0.177434948235398,0.775907252280822,0.504150965705343,1.19415037378673]
["6223_5_GUCA2B_GUC2B","FTjVRz","osteoporosis","GUCA2B","Weighted median",11,0.0811419722385511,0.101893702577872,0.425834777830564,-0.118569684814079,0.280853629291181,1.08452485805924,0.888189920150789,1.32425975690956]
["6228_58_SPACA1_sperm_acrosome_associated_1","FTjVRz","osteoporosis","SPACA1","Weighted median",18,0.00171640394311476,0.129494759689551,0.989424652311915,-0.252093325048405,0.255526132934635,1.00171787780749,0.777172205050769,1.29114075387397]
["6230_56_CER1_CER1","FTjVRz","osteoporosis","CER1","Inverse variance weighted",13,0.0221654111967495,0.11883729589276,0.852037796252145,-0.210755688753059,0.255086511146558,1.0224128890237,0.809971927962156,1.29057326501646]
["6234_74_VIT_VITRN","FTjVRz","osteoporosis","VIT","Weighted median",21,0.0209583599457736,0.0641998141882643,0.744080017518015,-0.104873275863224,0.146789995754772,1.02117952878125,0.900438622663672,1.15811072932109]
["6238_55_PSG8_PSG8","FTjVRz","osteoporosis","PSG8","Inverse variance weighted",9,-0.153033917645744,0.193514431084151,0.42905255007483,-0.53232220257068,0.226254367279192,0.85810061656508,0.587239695539745,1.25389457446774]
["6240_70_RSPO1_RSPO1","FTjVRz","osteoporosis","RSPO1","Weighted median",14,-0.11720174884095,0.147511093963351,0.426887900611325,-0.406323493009117,0.171919995327217,0.88940573848476,0.666094655603984,1.1875828172384]
["6255_74_CPXM1_CPXM1","FTjVRz","osteoporosis","CPXM1","Inverse variance weighted",25,0.0293113481509168,0.0416805645288133,0.48190757134727,-0.0523825583255572,0.111005254627391,1.02974515381932,0.948965762639883,1.11740077836377]
["6256_9_LY6G6C_LY66C","FTjVRz","osteoporosis","LY6G6C","MR Egger",11,0.0728405344042391,0.523816628870531,0.892466770808943,-0.953840058182002,1.09952112699048,1.07555900858055,0.385258763227282,3.00272775432319]
["6262_14_IL17RB_IL_17B_R","FTjVRz","osteoporosis","IL17RB","Weighted median",14,0.00631828682244962,0.150144265948446,0.966433776309637,-0.287964474436504,0.300601048081403,1.00633828930158,0.749788228415223,1.3506703814955]
["6274_15_WSCD2_WSCD2","FTjVRz","osteoporosis","WSCD2","Weighted median",10,-0.135420214846115,0.239145441218622,0.57121216692145,-0.604145279634615,0.333304849942385,0.873348840420456,0.546541367096507,1.3955726738779]
["6281_51_ST3GAL2_SIA4B","FTjVRz","osteoporosis","ST3GAL2","Weighted median",13,0.15407886680536,0.13487905464921,0.253309247314948,-0.110284080307091,0.418441813917811,1.16658288781603,0.895579682604481,1.51959190296438]
["6283_60_MCEMP1_MCEM1","FTjVRz","osteoporosis","MCEMP1","Weighted median",22,0.164436943670188,0.0938451193558789,0.0797366294601138,-0.0194994902673344,0.348373377607711,1.17872924086841,0.980689395077958,1.41676113788074]
["6290_3_UTS2B_UTS2B","FTjVRz","osteoporosis","UTS2B","MR Egger",6,-2.20492034623293,2.03678423285895,0.33990566064967,-6.19701744263647,1.78717675017061,0.110259307523911,2.03549256511527E-3,5.97256659346423]
["6291_55_CLSTN3_Alcadein_beta","FTjVRz","osteoporosis","CLSTN3","Weighted median",12,-0.172530975065634,0.194905459274207,0.37604693935201,-0.55454567524308,0.209483725111812,0.841532221892257,0.574333135693343,1.23304130733812]
["6304_8_C1QTNF1_C1QT1","FTjVRz","osteoporosis","C1QTNF1","MR Egger",20,0.0260831606430977,0.115837764578611,0.824383792971483,-0.200958857930981,0.253125179217176,1.02642630319578,0.817946082855807,1.28804450314592]
["6315_58_PLBD1_PLBL1","FTjVRz","osteoporosis","PLBD1","Inverse variance weighted",13,-0.0322332886491547,0.110612353164557,0.770739545431602,-0.249033500851685,0.184566923553376,0.968280666839722,0.779553857229094,1.20269746737979]
["6324_11_DNASE1L2_DNSL2","FTjVRz","osteoporosis","DNASE1L2","MR Egger",11,-1.29112400946087,0.349171562641864,0.00493828870617621,-1.97550027223892,-0.606747746682816,0.274961549948304,0.138691911171766,0.545120860410818]
["6342_10_NPNT_Nephronectin","FTjVRz","osteoporosis","NPNT","Inverse variance weighted",11,0.0369401468837511,0.122980498884399,0.763891877968514,-0.204101630929671,0.277981924697174,1.03763091353583,0.815379499199647,1.32046232923691]
["6352_8_INSRR_INSRR","FTjVRz","osteoporosis","INSRR","MR Egger",10,0.470141047746385,0.389399251059887,0.261779451883562,-0.293081484330995,1.23336357982376,1.60021988470881,0.745961354058793,3.43275648997715]
["6354_13_HEPHL1_HPHL1","FTjVRz","osteoporosis","HEPHL1","Inverse variance weighted",17,0.0980524654029928,0.0864804990065841,0.256874202894896,-0.071449312649912,0.267554243455898,1.10302065401356,0.931043468525096,1.30676451133678]
["6359_50_POMGNT2_AGO61","FTjVRz","osteoporosis","POMGNT2","Weighted mode",23,0.0250306692114195,0.0597132444201143,0.679148352131114,-0.0920072898520046,0.142068628274844,1.02534656661284,0.912098500457773,1.15265575059831]
["6364_7_TAPBPL_TPSNR","FTjVRz","osteoporosis","TAPBPL","MR Egger",15,0.0911214216587746,0.0496607019341915,0.0895022863475963,-0.0062135541322407,0.18845639744979,1.09540200271211,0.993805710074854,1.20738443679834]
["6367_66_FMOD_fibromodulin","FTjVRz","osteoporosis","FMOD","MR Egger",19,0.163780759580304,0.0884113779351869,0.081400155700657,-0.00950554117266206,0.33706706033327,1.17795603120596,0.99053949367733,1.40083300091667]
["6368_9_CSTL1_CST1L","FTjVRz","osteoporosis","CSTL1","Weighted mode",15,-0.0753002329299819,0.164712574588449,0.654568463933597,-0.398136879123342,0.247536413263379,0.927464988992508,0.671570097444288,1.28086600204565]
["6372_7_YBX2_YBOX2","FTjVRz","osteoporosis","YBX2","MR Egger",17,0.0571170088283985,0.1393717060501,0.687732544005907,-0.216051535029798,0.330285552686595,1.0587796897189,0.80569377935063,1.39136537986523]
["6372_7_YBX2_YBOX2","FTjVRz","osteoporosis","YBX2","Weighted mode",17,0.00418493974916867,0.0668164731209002,0.950834249045354,-0.126775347567796,0.135145227066133,1.00419370883796,0.880931553785243,1.14470301414083]
["6375_75_XXYLT1_XXLT1","FTjVRz","osteoporosis","XXYLT1","Weighted median",15,-0.105234981672045,0.0952294877308845,0.269130479534586,-0.291884777624579,0.0814148142804886,0.900112987678952,0.746854585375275,1.08482080240723]
["6382_17_MANBA_MANBA","FTjVRz","osteoporosis","MANBA","Weighted mode",18,0.101485087652964,0.0601223189774776,0.109674488669173,-0.0163546575428923,0.21932483284882,1.10681341308315,0.983778353763483,1.24523570445959]
["6384_19_WFDC3_WFDC3","FTjVRz","osteoporosis","WFDC3","Weighted median",15,-0.00491967055246148,0.146795269731856,0.973264843595454,-0.292638399226899,0.282799058121976,0.995092411205834,0.746291951659035,1.3268385176045]
["6385_63_VWA1_VWA1","FTjVRz","osteoporosis","VWA1","Weighted mode",21,0.0385241442356099,0.0261579456602938,0.156381962684531,-0.0127454292585659,0.0897937177297857,1.03927582057534,0.987335449747729,1.09394859822821]
["6393_63_HSP90B1_Endoplasmin","FTjVRz","osteoporosis","HSP90B1","Weighted median",16,0.0157616814528081,0.0259470791125535,0.543549035854042,-0.0350945936077967,0.066617956513413,1.01588655194762,0.965514080477493,1.06888703882769]
["6393_63_HSP90B1_Endoplasmin","FTjVRz","osteoporosis","HSP90B1","Weighted mode",16,0.0141153586406819,0.0257121924560265,0.59110136204865,-0.03628053857313,0.0645112558544938,1.01421545070611,0.964369712627564,1.06663758409452]
["6400_33_TP53I13_P5I13","FTjVRz","osteoporosis","TP53I13","Weighted median",35,-0.056473870127512,0.0911762643885004,0.535657995659179,-0.235179348328973,0.122231608073949,0.945091179284514,0.790429074781841,1.13001579225551]
["6400_33_TP53I13_P5I13","FTjVRz","osteoporosis","TP53I13","Simple mode",35,-0.0420411422545675,0.129373767238724,0.747203419871245,-0.295613726042466,0.211531441533331,0.958830331319396,0.744074789230068,1.23556881319601]
["6404_20_C1QL1_C1QRF","FTjVRz","osteoporosis","C1QL1","Weighted mode",21,-0.0790986543660591,0.0693672907143078,0.267638431926559,-0.215058544166102,0.0568612354339842,0.923948768368674,0.806494223263436,1.05850891667347]
["6408_2_INHBC_INHBC","FTjVRz","osteoporosis","INHBC","MR Egger",15,-0.118354076861798,0.233739050921704,0.621088026115779,-0.576482616668339,0.339774462944742,0.888381441606741,0.561871211339045,1.40463075855125]
["6409_57_ADGRF5_GP116","FTjVRz","osteoporosis","ADGRF5","Simple mode",8,0.016561688457422,0.14604110408981,0.912893943664669,-0.269678875558606,0.30280225247345,1.01669959348117,0.76362467351495,1.35364675767583]
["6413_79_LIPK_LIPK","FTjVRz","osteoporosis","LIPK","MR Egger",10,-0.660569005422469,0.498801566019495,0.221982105544024,-1.63822007482068,0.317082063975741,0.516557326933643,0.194325619712192,1.37311525059858]
["6415_90_CPN2_CPN2","FTjVRz","osteoporosis","CPN2","Simple mode",20,-0.0579092167697166,0.109564921372766,0.603245858837609,-0.272656462660338,0.156838029120905,0.943735618915992,0.761354296336863,1.16980612402913]
["6420_4_SDHAF2_SDHF2","FTjVRz","osteoporosis","SDHAF2","MR Egger",11,0.0997864574558194,0.787865120379969,0.90199852244748,-1.44442917848892,1.64400209340056,1.10493494226238,0.235880683902244,5.17584232178309]
["6421_52_IFNA16_IFN16","FTjVRz","osteoporosis","IFNA16","Simple mode",14,0.171393282107912,0.251075418749494,0.506819176228576,-0.320714538641096,0.663501102856921,1.18695746637428,0.725630360856675,1.94157811329497]
["6425_87_MMP19_MMP19","FTjVRz","osteoporosis","MMP19","Weighted median",24,0.0467299677578112,0.0655062820380028,0.47561918027672,-0.0816623450366743,0.175122280552297,1.04783902055319,0.921583083269197,1.19139189176408]
["6431_68_PCYOX1_PCYOX","FTjVRz","osteoporosis","PCYOX1","Simple mode",30,0.164967709386547,0.116468368080367,0.167306268844735,-0.0633102920509727,0.393245710824067,1.17935503599895,0.938652172189542,1.48178243458559]
["6439_59_C14orf93_CN093","FTjVRz","osteoporosis","C14orf93","Weighted median",14,-0.180287220097655,0.0752239506838394,0.0165446761583925,-0.32772616343798,-0.0328482767573295,0.835030339469253,0.720560308449227,0.967685368813606]
["6440_31_MFAP5_MFAP5","FTjVRz","osteoporosis","MFAP5","Inverse variance weighted",10,-0.115121418019365,0.125078180128658,0.357366019629387,-0.360274651071535,0.130031815032805,0.891257922565253,0.697484734832065,1.13886461576336]
["6447_73_PTX3_PTX3","FTjVRz","osteoporosis","PTX3","Weighted median",18,0.0846433039199281,0.0952354097566385,0.37412145954646,-0.102018099203083,0.27130470704294,1.08832879484004,0.903013207701538,1.31167468601352]
["6450_8_FABP6_FABP6","FTjVRz","osteoporosis","FABP6","Inverse variance weighted",13,-0.0299963298558333,0.112202197105658,0.789206057152446,-0.249912636182923,0.189919976471257,0.970449095230058,0.778868825052717,1.20915283310909]
["6453_70_LILRB4_LIRB4","FTjVRz","osteoporosis","LILRB4","Simple mode",24,3.76942386006474E-3,0.147860680177595,0.979881567277326,-0.286037509288022,0.293576357008152,1.00377653707295,0.751234437149531,1.34121558670986]
["6455_52_HAPLN4_HPLN4","FTjVRz","osteoporosis","HAPLN4","Weighted mode",11,-0.0824485080646742,0.240628217560629,0.738963425905254,-0.554079814483507,0.389182798354159,0.92085885344056,0.574600757296546,1.47577429579026]
["6457_50_PCDHGA1_PCDG1","FTjVRz","osteoporosis","PCDHGA1","Inverse variance weighted",17,-0.181181064019198,0.18496217342939,0.327304646293046,-0.543706923940802,0.181344795902405,0.834284286153296,0.580592047837996,1.19882845918091]
["6458_6_RPN1_RPN1","FTjVRz","osteoporosis","RPN1","MR Egger",7,0.0719798784466602,0.0927726429587729,0.472907059502622,-0.109854501752535,0.253814258645855,1.07463372054654,0.895964487075981,1.28893237398789]
["6462_12_TIMP4_TIMP_4","FTjVRz","osteoporosis","TIMP4","Inverse variance weighted",25,-0.00705600388021666,0.0450091096240926,0.875427416905164,-0.0952738587434381,0.0811618509830048,0.99296883126853,0.909123928836822,1.08454641726603]
["6464_40_PVRIG_PVRIG","FTjVRz","osteoporosis","PVRIG","MR Egger",13,0.586437957007919,1.19282534942275,0.632638526544716,-1.75149972786067,2.9243756418765,1.79757396216638,0.173513525153093,18.6225952507595]
["6469_62_LY6G6D_LY66D","FTjVRz","osteoporosis","LY6G6D","Inverse variance weighted",11,0.0280453667405128,0.165489424458863,0.865427566501435,-0.296313905198859,0.352404638679885,1.02844234043989,0.743553985920939,1.42248399932853]
["6471_53_CFHR4_FHR4","FTjVRz","osteoporosis","CFHR4","MR Egger",19,-1.20180726626317E-3,0.0370012299861892,0.974467410355358,-0.0737242180391939,0.0713206035066676,0.998798914614873,0.92892784006059,1.07392547495485]
["6472_40_PMEL_GP100","FTjVRz","osteoporosis","PMEL","Inverse variance weighted",28,-0.0811897808235787,0.0593450947703101,0.171282060002228,-0.197506166573387,0.0351266049262291,0.922018693372511,0.820775079242359,1.03575083165668]
["6480_1_CANT1_CANT1","FTjVRz","osteoporosis","CANT1","MR Egger",13,0.114186623055795,0.19521666416928,0.570403058552531,-0.268438038715994,0.496811284827584,1.12096130258857,0.764572795254318,1.64347234128714]
["6485_59_IGLL1_IGLL1","FTjVRz","osteoporosis","IGLL1","Weighted median",39,-0.0936610965165049,0.0632712785791123,0.13879057739551,-0.217672802531565,0.0303506094985553,0.910591312521285,0.804388592524177,1.03081588444371]
["6491_59_KLK15_kallikrein_15","FTjVRz","osteoporosis","KLK15","Weighted median",9,0.238253176470969,0.203971674107554,0.242778563635669,-0.161531304779836,0.638037657721775,1.26903044080554,0.850839895692852,1.8927629837805]
["6494_60_SPACA5_sperm_acrosome_associated_5","FTjVRz","osteoporosis","SPACA5","Weighted median",9,-0.0653322483484649,0.186706846875628,0.726399587148378,-0.431277668224696,0.300613171527766,0.936756175975522,0.649678490654318,1.35068675637469]
["6496_60_DLK1_DLK1","FTjVRz","osteoporosis","DLK1","Inverse variance weighted",26,0.012300284725101,0.0608057116451107,0.839691337331235,-0.106878910099316,0.131479479549518,1.01237624434943,0.898634481962511,1.14051450361085]
["6504_65_LOXL2_Lysyl_oxidase_like_protein_2","FTjVRz","osteoporosis","LOXL2","Weighted mode",10,-0.436513091526208,0.250866315540356,0.115847074379962,-0.928211069985306,0.0551848869328899,0.646286036960244,0.395260171062455,1.05673597328829]
["6507_16_NCAM2_NCAM2","FTjVRz","osteoporosis","NCAM2","Weighted median",13,0.0119561566733797,0.0683178424264629,0.861073488908464,-0.121946814482488,0.145859127829247,1.01202791722286,0.885195446828613,1.15703318279352]
["6510_56_RNF128_RN128","FTjVRz","osteoporosis","RNF128","Weighted mode",15,0.185589897302277,0.144076856954697,0.21858403084674,-0.096800742328928,0.467980536933482,1.20392842482802,0.907736861647248,1.59676632441543]
["6520_87_MGP_MGP","FTjVRz","osteoporosis","MGP","Weighted median",16,-0.252261817606467,0.0744868093136367,0.000707479006968194,-0.398255963861195,-0.106267671351739,0.777041268349125,0.671490128456922,0.899183930082678]
["6521_35_NPTX2_NPTX2","FTjVRz","osteoporosis","NPTX2","Weighted mode",29,0.0254315529504567,0.0777418845823832,0.746004133570544,-0.126942540831014,0.177805646731928,1.02575769377987,0.880784280276006,1.19459312559357]
["6526_77_OBP2A_OBP2A","FTjVRz","osteoporosis","OBP2A","Weighted median",8,0.136094349892741,0.166618765659027,0.414042244767676,-0.190478430798951,0.462667130584434,1.14578999365817,0.826563585852949,1.58830455640319]
["6528_95_EXTL2_EXTL2","FTjVRz","osteoporosis","EXTL2","MR Egger",18,0.159283255333386,0.189594814825136,0.413217042764897,-0.21232258172388,0.530889092390652,1.17267006469152,0.808703782425292,1.70044348809592]
["6531_29_FAM162A_F162A","FTjVRz","osteoporosis","FAM162A","Weighted median",12,-0.0794015116338297,0.192864732564676,0.680562741063891,-0.457416387460594,0.298613364192935,0.923668986138305,0.632916746591179,1.34798834214581]
["6538_90_KIAA2013_K2013","FTjVRz","osteoporosis","KIAA2013","MR Egger",18,0.0592067340434736,0.111305492443514,0.602082981384774,-0.158952031145813,0.27736549923276,1.06099456176467,0.853037277208489,1.3196486134557]
["6543_182_PRLH_PRRP","FTjVRz","osteoporosis","PRLH","MR Egger",18,0.373066041143032,0.348482814387293,0.300258894354467,-0.309960275056062,1.05609235734213,1.45218024030901,0.73347609294223,2.87511409115557]
["6547_83_TMPRSS11D_TM11D","FTjVRz","osteoporosis","TMPRSS11D","MR Egger",10,0.243023307461366,0.207587872389615,0.275407822459311,-0.163848922422281,0.649895537345012,1.27509834307749,0.848870257455497,1.91534073698441]
["6550_4_ICAM4_ICAM4","FTjVRz","osteoporosis","ICAM4","MR Egger",27,0.0283764908806879,0.0450915782838038,0.534856439412996,-0.0600030025555676,0.116755984316943,1.02878293891267,0.94176170588815,1.12384516038443]
["6553_68_CFAP45_CCD19","FTjVRz","osteoporosis","CFAP45","Weighted median",7,0.301238917525203,0.25916640371016,0.245098262340836,-0.20672723374671,0.809205068797116,1.35153220769758,0.813241444559011,2.24612176453257]
["6553_68_CFAP45_CCD19","FTjVRz","osteoporosis","CFAP45","Weighted mode",7,0.000135922032919789,0.397397322564464,0.999738187389093,-0.77876283019343,0.77903467425927,1.00013593127074,0.458973488341907,2.17936745024725]
["6558_5_COLEC10_COL10","FTjVRz","osteoporosis","COLEC10","MR Egger",15,0.0484028602055925,0.142880100707431,0.740195649006178,-0.231642137180972,0.328447857592157,1.04959340958009,0.793229940022404,1.38881082249978]
["6558_5_COLEC10_COL10","FTjVRz","osteoporosis","COLEC10","Weighted mode",15,0.0488351712854,0.0883521921604394,0.589163355985067,-0.124335125349061,0.222005467919861,1.05004725853524,0.883083847505434,1.24857820497118]
["6572_10_LRRTM4_LRRT4","FTjVRz","osteoporosis","LRRTM4","MR Egger",15,0.0930823461885041,0.0632806342613261,0.165093656980016,-0.0309476969636951,0.217112389340703,1.09755211078,0.969526280918197,1.24248373621887]
["6577_64_LAMA4_LAMA4","FTjVRz","osteoporosis","LAMA4","Weighted mode",8,0.0561271939083499,0.105195722349687,0.610167921370495,-0.150056421897037,0.262310809713737,1.05773221227489,0.860659415018209,1.2999305106774]
["6584_1_HRC_SRCH","FTjVRz","osteoporosis","HRC","MR Egger",9,-1.12394101666444,0.660337983592493,0.132529599874788,-2.41820346450572,0.170321431176851,0.324996451015466,0.0890815118863619,1.18568590649188]
["6586_19_ADAM11_ADA11","FTjVRz","osteoporosis","ADAM11","Weighted mode",10,0.0011002676058165,0.0687439336122331,0.987579355293947,-0.13363784227416,0.135838377485793,1.00110087312228,0.874906861513934,1.14549674056959]
["6593_5_GALNT3_GALT3","FTjVRz","osteoporosis","GALNT3","MR Egger",13,-0.128740575096358,0.262120553111252,0.63297231065626,-0.642496859194412,0.385015709001695,0.879202022862493,0.525977491389916,1.46963740779634]
["6594_64_SAYSD1_SMDC1","FTjVRz","osteoporosis","SAYSD1","MR Egger",15,0.489082426840731,0.304290197800751,0.13199659902596,-0.10732636084874,1.0854912145302,1.63081913735095,0.898232477235463,2.96089389568234]
["6599_5_APCDD1_APCD1","FTjVRz","osteoporosis","APCDD1","Weighted mode",15,0.136699894874672,0.23503251109524,0.570068967992303,-0.323963826871997,0.597363616621342,1.14648403115343,0.723276405076628,1.81732132344421]
["6605_17_IGFALS_IGFALS","FTjVRz","osteoporosis","IGFALS","MR Egger",26,-0.0323541481631992,0.163373226025236,0.844683007114277,-0.352565671172661,0.287857374846263,0.968163647980433,0.70288240918297,1.33356709034779]
["6606_61_KISS1_KISS1","FTjVRz","osteoporosis","KISS1","Simple mode",10,-0.0980688739768776,0.142192959050926,0.507781326697369,-0.376767073716693,0.180629325762938,0.906586461388639,0.686075860386287,1.19797103998152]
["6612_90_BRICD5_CP079","FTjVRz","osteoporosis","BRICD5","MR Egger",13,-0.356688216748728,0.206312763855756,0.111757817835191,-0.761061233906009,0.0476848004085532,0.699990709094662,0.467170386794766,1.04884000927504]
["6620_82_LINGO1_LIGO1","FTjVRz","osteoporosis","LINGO1","Simple mode",32,-0.0634020744190216,0.172253631741055,0.715319555406179,-0.401019192631489,0.274215043793446,0.938566024423888,0.669637208814421,1.31549766143146]
["6621_10_RLN2_REL2","FTjVRz","osteoporosis","RLN2","Weighted mode",14,0.109787440959124,0.113345026529725,0.350414756846381,-0.112368811039137,0.331943692957385,1.11604082067855,0.893714584905897,1.39367437262087]
["6625_31_ATAD1_ATAD1","FTjVRz","osteoporosis","ATAD1","Simple mode",11,-0.168132598919422,0.201057467774999,0.422551204447625,-0.562205235758419,0.225940037919576,0.845241749111028,0.569950801088616,1.25350050052687]
["6627_25_PNLIPRP1_LIPR1","FTjVRz","osteoporosis","PNLIPRP1","Weighted mode",44,-0.171284295466567,0.118646241179744,0.156082529539558,-0.403830928178867,0.0612623372457318,0.842581997175998,0.667757010619316,1.06317778873883]
["6629_3_DEFB1_HBD_1","FTjVRz","osteoporosis","DEFB1","Weighted mode",23,-0.0219988007036251,0.0463325510750283,0.639607382337787,-0.112810600810681,0.0688129994034303,0.978241408251881,0.893319838147567,1.07123586867053]
["6641_60_UBB_PolyUbiquitin_K48","FTjVRz","osteoporosis","UBB","Weighted mode",13,-0.117750953321055,0.113641220688037,0.32055534828907,-0.340487745869608,0.104985839227498,0.888917406977753,0.711423244377478,1.1106948819468]
["6649_51_NTN1_NET1","FTjVRz","osteoporosis","NTN1","Weighted mode",14,-0.05827165972492,0.144029688104617,0.692363495098018,-0.340569848409969,0.224026528960129,0.943393630568718,0.711364837119568,1.2511042094818]
["6651_74_UBB_PolyUbiquitin_K48","FTjVRz","osteoporosis","UBB","Weighted mode",9,0.263715700158304,0.265348828698556,0.349403821578511,-0.256368004090866,0.783799404407474,1.301758054079,0.773857133794259,2.18977632609131]
["6895_1_TFRC_TR","FTjVRz","osteoporosis","TFRC","Weighted mode",34,0.103325383439607,0.169212505985223,0.545630822096237,-0.228331128291429,0.434981895170643,1.10885215251025,0.795860684210611,1.544935087912]
["6896_3_C1orf162_CA162","FTjVRz","osteoporosis","C1orf162","Simple mode",22,0.0593883774099297,0.173376909742314,0.735349985982033,-0.280430365685006,0.399207120504865,1.06118730189312,0.755458548049179,1.49064232922795]
["6899_37_PCBD2_PHS2","FTjVRz","osteoporosis","PCBD2","Weighted mode",13,0.155269212776566,0.180830022296654,0.407359754607016,-0.199157630924876,0.509696056478008,1.16797235186402,0.819420717106609,1.66478511738835]
["6904_14_LRRTM2_LRRT2","FTjVRz","osteoporosis","LRRTM2","Simple mode",14,-0.0544438257999018,0.173790986137499,0.759043599944605,-0.3950741586294,0.286186507029597,0.947011704988697,0.673630081912909,1.33134073650462]
["6911_103_CLEC6A_CLC6A","FTjVRz","osteoporosis","CLEC6A","Weighted mode",15,-0.279377877375959,0.259297686830074,0.299499262194042,-0.787601343562903,0.228845588810986,0.756254077908472,0.454934719676507,1.25714790631911]
["6913_189_HMGB2_HMG_2","FTjVRz","osteoporosis","HMGB2","Simple mode",14,0.327823204751466,0.286394148108449,0.272989042149744,-0.233509325541094,0.889155735044026,1.38794356876877,0.791750212206679,2.43307462427775]
["6918_183_CCK_CCKN","FTjVRz","osteoporosis","CCK","Simple mode",19,-0.114004400300888,0.224894137464023,0.618361343589873,-0.554796909730373,0.326788109128598,0.892254029687571,0.574188861526543,1.38650765773677]
["6919_3_HBZ_HBAZ","FTjVRz","osteoporosis","HBZ","Simple mode",20,0.0717222283929511,0.0854393901008715,0.411654295295655,-0.095738976204757,0.239183432990659,1.07435687677666,0.908701177745096,1.27021151391209]
["6921_24_B4GALT3_B4GT3","FTjVRz","osteoporosis","B4GALT3","Simple mode",11,0.411670702590404,0.28363207991223,0.177299659524165,-0.144248174037567,0.967589579218375,1.50933733361175,0.865672883863649,2.63159356045286]
["6927_7_NDST1_NDST1","FTjVRz","osteoporosis","NDST1","Simple mode",22,-0.146284417081242,0.136754529657666,0.296902231329808,-0.414323295210268,0.121754461047783,0.863911956921844,0.660787287364505,1.1294767371952]
["6930_95_ST8SIA6_SIA8F","FTjVRz","osteoporosis","ST8SIA6","Simple mode",16,0.0565919723937633,0.223405700658417,0.803463939425224,-0.381283200896733,0.49446714568426,1.05822393771334,0.682984440422717,1.63962432534542]
["6930_95_ST8SIA6_SIA8F","FTjVRz","osteoporosis","ST8SIA6","Weighted mode",16,0.0680115496500373,0.151864266375726,0.660665784212319,-0.229642412446385,0.36566551174646,1.07037767089489,0.794817768634626,1.44147300621943]
["6936_7_PMEPA1_PMEPA","FTjVRz","osteoporosis","PMEPA1","Simple mode",11,-0.0540236936836851,0.334402170137173,0.874875224730898,-0.709451947152544,0.601404559785174,0.947409658611091,0.491913718312408,1.82467987335035]
["6937_251_C1orf43_CA043","FTjVRz","osteoporosis","C1orf43","Weighted mode",8,0.394012606231621,0.424660365267843,0.384372115751057,-0.438321709693351,1.22634692215659,1.48291924258037,0.645118208688681,3.40875431881717]
["6941_11_SUMF1_SUMF1","FTjVRz","osteoporosis","SUMF1","Inverse variance weighted",28,-0.0817298860907286,0.074962217274698,0.275589353431949,-0.228655831949137,0.0651960597676794,0.921520840678344,0.795602307285658,1.06736827184642]
["6948_82_FIG4_FIG4","FTjVRz","osteoporosis","FIG4","Simple mode",5,0.0803939968974622,0.330413813093188,0.81973146551565,-0.567217076765186,0.728005070560111,1.08371396351098,0.56710144451724,2.07094509467956]
["6955_68_SNX1_SNX1","FTjVRz","osteoporosis","SNX1","Inverse variance weighted",17,0.120783928377239,0.104647964151849,0.248421127430051,-0.0843260813603846,0.325893938114864,1.12838107489517,0.919131495576172,1.38526843689914]
["6965_19_CNTNAP2_CNTP2","FTjVRz","osteoporosis","CNTNAP2","Inverse variance weighted",18,0.0752649609826645,0.0558858092599785,0.178056454557719,-0.0342712251668934,0.184801147132222,1.07816978596785,0.966309381668627,1.20297920047785]
["6969_14_WFDC5_WFDC5","FTjVRz","osteoporosis","WFDC5","Inverse variance weighted",20,0.0761200150955464,0.0729436220973141,0.296695551047714,-0.0668494842151893,0.219089514406282,1.07909207372451,0.935335973570413,1.24494271200764]
["6974_6_CD74_HG2A","FTjVRz","osteoporosis","CD74","Inverse variance weighted",10,-0.0664694816863938,0.165618916834141,0.688169881544394,-0.39108255868131,0.258143595308522,0.935691471146354,0.676324317290561,1.29452469295125]
["6986_17_HS3ST3B1_HS3SB","FTjVRz","osteoporosis","HS3ST3B1","Inverse variance weighted",11,0.0997098342237643,0.13787189119857,0.469553086859309,-0.170519072525433,0.369938740972961,1.10485028181941,0.843227007006709,1.4476459305658]
["6991_24_FUT9_FUT9","FTjVRz","osteoporosis","FUT9","Inverse variance weighted",12,0.0440258928385033,0.116897211414043,0.706455608798742,-0.185092641533022,0.273144427210028,1.0450094127981,0.831027292643515,1.31409002147548]
["6992_67_HBD_HBD","FTjVRz","osteoporosis","HBD","Simple mode",18,0.0357429585359439,0.118893937310331,0.767342992395801,-0.197289158592305,0.268775075664193,1.03638941719757,0.820953213312786,1.30836082575864]
["6997_32_RAB26_RAB26","FTjVRz","osteoporosis","RAB26","Inverse variance weighted",34,0.0231119957044537,0.0526317598214989,0.660569944203801,-0.0800462535456841,0.126270244954592,1.02338114742183,0.923073649969974,1.13458874373946]
["7003_4_GALNT10_GLT10","FTjVRz","osteoporosis","GALNT10","Simple mode",8,-0.425292962690426,0.313995439403999,0.217681585273262,-1.04072402392227,0.190138098541413,0.653578283027531,0.353198864933603,1.20941660479435]
["7006_4_COL25A1_COPA1","FTjVRz","osteoporosis","COL25A1","Inverse variance weighted",12,0.110402610462618,0.133049705030235,0.406660518997662,-0.150374811396642,0.371180032321879,1.11672758617302,0.860385433716431,1.44944399666678]
["7011_8_KCNIP4_KCIP4","FTjVRz","osteoporosis","KCNIP4","Simple mode",15,0.187374253742358,0.257084387381036,0.478113580267579,-0.316511145524473,0.691259653009189,1.20607858001739,0.72868688991696,1.9962285054182]
["7015_8_LILRB5_LIRB5","FTjVRz","osteoporosis","LILRB5","Weighted median",3,0.0256403178998192,0.0546193442565479,0.638757610161511,-0.0814135968430147,0.132694232642653,1.02597185838712,0.921812353910615,1.14190078895861]
["7018_10_TSR3_TSR3","FTjVRz","osteoporosis","TSR3","Inverse variance weighted",17,0.0636076623803346,0.0742734101504562,0.391777205473308,-0.0819682215145595,0.209183546275229,1.06567421264787,0.921301235789063,1.23267122998049]
["7020_13_CHST5_CHST5","FTjVRz","osteoporosis","CHST5","Inverse variance weighted",9,-0.11421390624709,0.120302209128277,0.342421483382857,-0.350006236138512,0.121578423644332,0.892067116743199,0.70468369519988,1.12927792454287]
["7045_4_BNIP3_BNIP3","FTjVRz","osteoporosis","BNIP3","Weighted median",12,-0.111229362083744,0.157107966964053,0.478957426054394,-0.419160977333287,0.1967022531658,0.89473350745096,0.657598328321689,1.217381515246]
["7048_4_CEACAM19_CEA19","FTjVRz","osteoporosis","CEACAM19","Inverse variance weighted",13,0.114321930768405,0.0896845409680854,0.20241131559933,-0.0614597695290421,0.290103631065853,1.12111298756019,0.940390777342289,1.33656599060695]
["7054_87_CLEC2D_CLC2D","FTjVRz","osteoporosis","CLEC2D","Weighted median",14,0.0286427120189546,0.132689392194595,0.829094646058103,-0.231428496682451,0.28871392072036,1.02905685913775,0.793399424165926,1.33470984107621]
["7059_14_LILRA6_LIRA6","FTjVRz","osteoporosis","LILRA6","Inverse variance weighted",4,-0.0156854961155579,0.0452095226816729,0.728628014587972,-0.104296160571637,0.072925168340521,0.984436880596673,0.90095842954177,1.07565004122532]
["7066_199_FAM209B_F209B","FTjVRz","osteoporosis","FAM209B","Weighted median",14,0.141505242464431,0.16949620206626,0.403797723998891,-0.190707313585439,0.4737177985143,1.15200654359831,0.826374421325288,1.60595372054833]
["7069_9_TSNARE1_TSNA1","FTjVRz","osteoporosis","TSNARE1","Simple mode",17,-0.00229876322125211,0.151245455427611,0.988061417958353,-0.29873985585937,0.294142329416866,0.997703876911521,0.741752346864987,1.34197489257889]
["7076_17_ECEL1_ECEL1","FTjVRz","osteoporosis","ECEL1","Weighted median",13,0.00997451710355104,0.149465494817774,0.946793004364561,-0.282977852739286,0.302926886946388,1.0100244284083,0.753536476443714,1.35381547924006]
["7076_17_ECEL1_ECEL1","FTjVRz","osteoporosis","ECEL1","Simple mode",13,0.293165681197194,0.230996272478854,0.228456210884573,-0.159587012861359,0.745918375255747,1.34066489499674,0.852495786071462,2.10837682724445]
["7084_1_DRAXIN_DRAXI","FTjVRz","osteoporosis","DRAXIN","MR Egger",13,0.706709085872162,0.399490334412121,0.104570928573896,-0.0762919695755947,1.48971014131992,2.02730857018589,0.92654564392485,4.43580957473319]
["7084_1_DRAXIN_DRAXI","FTjVRz","osteoporosis","DRAXIN","Simple mode",13,-0.362927162097421,0.298828151564837,0.24791538474164,-0.948630339164503,0.22277601496966,0.695637100401186,0.387271090410916,1.24954066398582]
["7090_17_GALNT1_GALT1","FTjVRz","osteoporosis","GALNT1","MR Egger",20,-0.216699601972306,0.238834783852507,0.376224707722758,-0.684815778323219,0.251416574378608,0.805171805001877,0.504183102476505,1.28584562311902]
["7096_30_RMDN1_RMD1","FTjVRz","osteoporosis","RMDN1","Weighted median",11,0.140062422332241,0.0608041695862793,0.0212507108079819,0.0208862499431337,0.259238594721348,1.15034560387156,1.02110589417767,1.29594297309617]
["7099_33_FSTL5_FSTL5","FTjVRz","osteoporosis","FSTL5","Weighted median",11,0.0249466202466467,0.171729581710883,0.884500164582051,-0.311643359906683,0.361536600399977,1.02526039091693,0.732242628745535,1.43553356212538]
["7104_71_CABP7_CABP7","FTjVRz","osteoporosis","CABP7","MR Egger",20,0.211915779228929,0.203188495721835,0.310776579335184,-0.186333672385868,0.610165230843726,1.23604378013443,0.829996601825625,1.84073551993888]
["7106_37_OOSP2_PLACL","FTjVRz","osteoporosis","OOSP2","Weighted median",9,0.269789041693283,0.226840964993132,0.234309354520128,-0.174819249693257,0.714397333079822,1.30968813199775,0.839608766596849,2.04295508972381]
["7108_7_SMIM24_CS077","FTjVRz","osteoporosis","SMIM24","MR Egger",16,-0.417288355227398,0.368438231312808,0.276413079170849,-1.1394272886005,0.304850578145706,0.658830915212636,0.320002238275944,1.35642230872655]
["7115_5_SEMG1_Semenogelin","FTjVRz","osteoporosis","SEMG1","Weighted median",8,-0.023209285506128,0.0341217090523385,0.49638341701323,-0.0900878352487115,0.0436692642364555,0.977057978300503,0.913850913423665,1.0446367989984]
["7117_21_SERPINI2_SPI2","FTjVRz","osteoporosis","SERPINI2","MR Egger",11,0.355037394203949,0.267788775296102,0.21756559217966,-0.16982860537641,0.879903393784308,1.42623398616888,0.843809428602567,2.41066680976997]
["7118_24_IGDCC3_IGDC3","FTjVRz","osteoporosis","IGDCC3","Inverse variance weighted",8,0.104603267469202,0.202137626939722,0.604817369422795,-0.291586481332652,0.500793016271057,1.11027004272381,0.747077402559819,1.65002925205093]
["7123_25_MRPL52_RM52","FTjVRz","osteoporosis","MRPL52","MR Egger",12,0.369362003063668,0.360794458563063,0.330082328149656,-0.337795135719936,1.07651914184727,1.44681125899491,0.713341411104685,2.93444735798081]
["7127_3_APOA2_Apo_A_II","FTjVRz","osteoporosis","APOA2","Inverse variance weighted",20,-0.0478264845661403,0.113363443184786,0.673108004046042,-0.270018833208322,0.174365864076041,0.953299184849214,0.763365117587189,1.19049104405845]
["7128_9_VWA2_VWA2","FTjVRz","osteoporosis","VWA2","Weighted mode",13,-0.0356113618391873,0.0513827549253447,0.501465400043819,-0.136321561492863,0.0650988378144883,0.965015262371518,0.872562005030692,1.06726450526254]
["7137_8_MSRA_MSRA","FTjVRz","osteoporosis","MSRA","MR Egger",15,0.208948318298838,0.227507748566078,0.375123595505413,-0.236966868890675,0.654863505488351,1.23238130532204,0.789017428607261,1.92487976392121]
["7139_14_SLITRK4_SLIK4","FTjVRz","osteoporosis","SLITRK4","Weighted median",19,-0.0747506627963454,0.145757071855101,0.608060337975232,-0.360434523632343,0.210933198039652,0.927974836136001,0.697373235074496,1.23482986325056]
["7141_21_MGAT4B_MGT4B","FTjVRz","osteoporosis","MGAT4B","MR Egger",20,0.222665883433535,0.235041846466235,0.356008376474748,-0.238016135640287,0.683347902507356,1.24940305773058,0.788189973041281,1.98049715685075]
["7143_9_GCNT2_GNT2C","FTjVRz","osteoporosis","GCNT2","Weighted median",15,-0.00860840767755156,0.173878681325098,0.960514361467845,-0.349410623074743,0.33219380771964,0.991428538571686,0.705103539034391,1.3940229947512]
["7144_234_KAZALD1_KAZD1","FTjVRz","osteoporosis","KAZALD1","Weighted mode",25,0.0117244282026501,0.0682017095092268,0.864951096772658,-0.121950922435434,0.145399778840735,1.01179342871115,0.885191810494837,1.1565018228205]
["7147_35_WFDC8_WFDC8","FTjVRz","osteoporosis","WFDC8","Weighted median",5,-0.110489608616676,0.308673862340658,0.720381217684655,-0.715490378804366,0.494511161571014,0.895395634540409,0.488952281162179,1.63969649645237]
["7155_46_C4BPB_C4b_binding_protein_beta_chain","FTjVRz","osteoporosis","C4BPB","Weighted mode",11,0.175780125220947,0.224755943412629,0.45228052268279,-0.264741523867806,0.6163017743097,1.19217590041804,0.76740428003309,1.85206600291084]
["7157_22_PCDHA4_PCDA4","FTjVRz","osteoporosis","PCDHA4","Weighted median",47,0.0581918418268345,0.0703303195128278,0.408006066711285,-0.0796555844183081,0.196039268071977,1.05991831287273,0.923434336797329,1.21657467693834]
["7161_25_H6PD_G6PE","FTjVRz","osteoporosis","H6PD","Weighted mode",18,0.000224129289824182,0.0668897734491193,0.997365518971121,-0.13087982667045,0.131328085250098,1.00022415440867,0.877323198906213,1.14034184928636]
["7167_102_VAPA_VAPA","FTjVRz","osteoporosis","VAPA","Inverse variance weighted",9,0.20939153492512,0.13488384383775,0.120570344900073,-0.0549807989968704,0.473763868847111,1.23292763826946,0.946503321592247,1.60602770907504]
["7179_69_NFASC_NFASC","FTjVRz","osteoporosis","NFASC","Weighted mode",14,6.40114100505063E-3,0.0479649060553752,0.895877579564226,-0.0876100748634848,0.100412356873586,1.00642167209222,0.916118024534127,1.10562673687375]
["7180_114_IFNA14_IFN14","FTjVRz","osteoporosis","IFNA14","Inverse variance weighted",13,-0.15065206604965,0.136837601043622,0.270916163281105,-0.418853764095149,0.11754963199585,0.860146920917472,0.657800382268761,1.12473745152298]
["7185_29_GP5_GPV","FTjVRz","osteoporosis","GP5","Simple mode",13,0.0750260501090373,0.166956322191696,0.661169566549777,-0.252208341386687,0.402260441604761,1.07791223025003,0.777082822689845,1.49520069443914]
["7185_29_GP5_GPV","FTjVRz","osteoporosis","GP5","Weighted mode",13,0.205193836042622,0.126094487441144,0.129627222572985,-0.0419513593420195,0.452339031427264,1.22776302662602,0.958916421763849,1.57198481049802]
["7191_32_SLMAP_SLMAP","FTjVRz","osteoporosis","SLMAP","MR Egger",15,-0.0134283550132209,0.497098970518224,0.978859293550632,-0.987742337228939,0.960885627202498,0.986661403128707,0.372416533567859,2.61401048739026]
["7192_37_IFNLR1_CRF2_12","FTjVRz","osteoporosis","IFNLR1","Weighted mode",13,-0.306943790422427,0.190913389603175,0.133863618817335,-0.68113403404465,0.067246453199795,0.735691952678943,0.506042797088681,1.06955904194346]
["7196_21_IFNW1_IFN_w","FTjVRz","osteoporosis","IFNW1","MR Egger",5,-1.69986386999404,1.16461694124464,0.240510674633586,-3.98251307483353,0.582785334845457,0.182708394454719,0.0186387398833669,1.79102008038705]
["7197_2_DNAJC15_DJC15","FTjVRz","osteoporosis","DNAJC15","Simple mode",10,-0.0644459216758588,0.275781287422276,0.820458373472689,-0.604977245023519,0.476085401671802,0.937586816014851,0.546086852691821,1.60976048632499]
["7200_4_LRFN2_LRFN2","FTjVRz","osteoporosis","LRFN2","Inverse variance weighted",2,0.038163695783254,0.537875098624261,0.943435392688987,-1.0160714975203,1.09239888908681,1.0389012827191,0.362014324491662,2.98141759100541]
["7201_5_ISCU_ISCU","FTjVRz","osteoporosis","ISCU","Inverse variance weighted",6,-0.175701961488312,0.172838341862455,0.309358889976791,-0.514465111538723,0.163061188562099,0.838867961042344,0.5978202762813,1.17710871307453]
["7204_1_CEACAM21_CEA21","FTjVRz","osteoporosis","CEACAM21","MR Egger",12,-0.641108835524241,0.629573402618501,0.332528709587321,-1.8750727046565001,0.592855033608021,0.526708067509121,0.153343817630046,1.8091462223048]
["7207_4_IK_RED","FTjVRz","osteoporosis","IK","Inverse variance weighted",8,0.144931372402014,0.145102511377385,0.317881621926105,-0.13946954989766,0.429332294701689,1.1559602367714,0.869819508894213,1.53623143115672]
["7210_25_APLP1_Amyloid_like_protein_1","FTjVRz","osteoporosis","APLP1","MR Egger",18,0.150537579768002,0.139107967388737,0.295220363247463,-0.122114036313922,0.423189195849927,1.16245898922144,0.885047435200549,1.52682313724295]
["7211_2_RNASE1_RNase_1","FTjVRz","osteoporosis","RNASE1","Inverse variance weighted",19,-0.0329131355729357,0.0665200806407664,0.620751920538399,-0.163292493628838,0.0974662224829663,0.967622607922026,0.849342724743654,1.10237420547096]
["7221_56_CKAP4_CKAP4","FTjVRz","osteoporosis","CKAP4","MR Egger",16,0.204646453301375,0.174456149190709,0.260346930394399,-0.137287599112415,0.546580505715165,1.22709115423735,0.87171948432731,1.72733629095089]
["7223_60_S100A13_S100A13","FTjVRz","osteoporosis","S100A13","Weighted median",12,0.0394854341369766,0.0371526409261152,0.287877453223939,-0.0333337420782093,0.112304610352162,1.0402753462664,0.967215705137462,1.11885362313868]
["7225_51_MMGT1_MMGT1","FTjVRz","osteoporosis","MMGT1","Inverse variance weighted",9,0.172094395477742,0.130216898199796,0.18630204141992,-0.0831307249938593,0.427319515949342,1.18778994992195,0.920230842185665,1.53314244693717]
["7227_75_COCH_COCH","FTjVRz","osteoporosis","COCH","Weighted mode",48,-0.0344935171658862,0.0516197170624731,0.507259346619875,-0.135668162608334,0.0666811282765611,0.966094602697238,0.873132322373529,1.06895456443937]
["7231_37_TMPRSS11A_TM11A","FTjVRz","osteoporosis","TMPRSS11A","Inverse variance weighted",10,0.281512472248886,0.131342274904635,0.0320850002765636,0.0240816134358017,0.53894333106197,1.3251325236011,1.02437391715409,1.71419456870188]
["7234_12_COLGALT2_GT252","FTjVRz","osteoporosis","COLGALT2","Weighted mode",5,-0.190811172332423,0.20523919946747,0.405151929059648,-0.593080003288665,0.211457658623818,0.826288599570096,0.552622581467989,1.23547765269715]
["7242_14_VSTM4_CJ072","FTjVRz","osteoporosis","VSTM4","Weighted median",16,0.111253124989468,0.0837348761858003,0.183968270190059,-0.0528672323347009,0.275373482313636,1.11767778322852,0.948505935041409,1.31702246762228]
["7245_2_CELF2_CELF2","FTjVRz","osteoporosis","CELF2","Weighted mode",13,0.112729176577229,0.158135365125005,0.489559943401231,-0.19721613906778,0.422674492222239,1.11932875145244,0.821013161114732,1.52603747804354]
["7249_307_BCL2L10_B2L10","FTjVRz","osteoporosis","BCL2L10","Weighted median",13,0.287178108947806,0.139833905167556,0.0400038930733386,0.0131036548193958,0.561252563076217,1.33266155128574,1.01318988393141,1.75286670192962]
["7251_64_C1QTNF3_C1QT3","FTjVRz","osteoporosis","C1QTNF3","MR Egger",18,0.0838040754972858,0.215819555012339,0.702907451972666,-0.339202252326899,0.506810403321471,1.08741582153239,0.712338362427411,1.65998804962503]
["7257_18_PTH2_TIP39","FTjVRz","osteoporosis","PTH2","Weighted median",12,0.23110974018986,0.199933920532067,0.24770953792061,-0.160760744052992,0.622980224432712,1.25999750422783,0.851495772165177,1.86447632807786]
["7262_191_CHST14_CHSTE","FTjVRz","osteoporosis","CHST14","MR Egger",10,-0.0714026882454097,0.397987817769605,0.862077138360968,-0.851458811073836,0.708653434583017,0.931086878884365,0.426791868889019,2.03125419958753]
["7267_2_SPTLC2_LCB2","FTjVRz","osteoporosis","SPTLC2","Weighted median",12,0.163193923061727,0.133259446471848,0.220713507670105,-0.0979945920230956,0.42438243814655,1.17726496638044,0.906653806903511,1.52864609458838]
["7551_33_LRRC32_LRC32","FTjVRz","osteoporosis","LRRC32","MR Egger",19,-0.00195315229077208,0.0435396004910616,0.964742256486581,-0.0872907692532528,0.0833844646717087,0.998048753869954,0.916410592865864,1.0869596258008]
["7628_40_CRELD1_CREL1","FTjVRz","osteoporosis","CRELD1","MR Egger",24,-0.0128205396317509,0.0549126933411642,0.81755414517266,-0.120449418580433,0.094808339316931,0.98726129339863,0.886521927748906,1.09944811395483]
["7628_40_CRELD1_CREL1","FTjVRz","osteoporosis","CRELD1","Weighted median",24,0.0258374492364874,0.0628844000455833,0.68116627788436,-0.0974159748528558,0.149090873325831,1.02617412952728,0.907178564165789,1.16077846821636]
["7655_11_NPPB_N_terminal_pro_BNP","FTjVRz","osteoporosis","NPPB","Simple mode",22,0.00902646494818171,0.170461935319768,0.958269888341333,-0.325078928278564,0.343131858174928,1.009067326335,0.722470328052329,1.40935458459841]
["7696_3_NBR1_NBR1","FTjVRz","osteoporosis","NBR1","MR Egger",16,0.521018435779691,0.375464053302904,0.186930582902702,-0.214891108694001,1.25692798025338,1.68374155944513,0.806629270309972,3.51460794115902]
["7732_45_VAMP4_VAMP4","FTjVRz","osteoporosis","VAMP4","Simple mode",7,0.0462834112179848,0.355887574493446,0.90077685032941,-0.651256234789169,0.743823057225139,1.04737120564655,0.521390376449238,2.1039637322963]
["7737_76_ITGB6_ITB6","FTjVRz","osteoporosis","ITGB6","MR Egger",8,0.668022998898229,0.797146351589331,0.434127549111705,-0.894383850216859,2.23042984801332,1.95037760788525,0.408859439702081,9.30386446773003]
["7737_76_ITGB6_ITB6","FTjVRz","osteoporosis","ITGB6","Weighted mode",8,0.0835748184745326,0.28785888912809,0.779974425256429,-0.480628604216523,0.647778241165589,1.08716655239309,0.618394544185368,1.91128968351311]
["7741_111_RTF1_RTF1","FTjVRz","osteoporosis","RTF1","MR Egger",10,0.215936252177842,0.516386043766215,0.686823295980402,-0.79618039360394,1.22805289795962,1.24102326394867,0.451048505798112,3.41457453436543]
["7743_5_TIMM50_TIM50","FTjVRz","osteoporosis","TIMM50","Weighted mode",10,0.0503976066886962,0.0887713511889753,0.584105066267061,-0.123594241641695,0.224389455019088,1.05168917190488,0.883738352366343,1.25155835020666]
["7748_11_NDUFV2_NDUV2","FTjVRz","osteoporosis","NDUFV2","MR Egger",9,-0.190869096759894,0.418258782186446,0.661965584996403,-1.01065630984533,0.62891811632554,0.826240738662212,0.363980017494535,1.87558032148105]
["7751_121_SFRP2_SARP_1","FTjVRz","osteoporosis","SFRP2","Weighted mode",18,0.174977672721417,0.0998727142415622,0.097789871296893,-0.0207728471920447,0.370728192634879,1.19121961962314,0.979441422171843,1.44878922828131]
["7753_21_HTATIP2_HTAI2","FTjVRz","osteoporosis","HTATIP2","MR Egger",17,0.0984950300373866,0.108897038144814,0.380039481265702,-0.114943164726448,0.311933224801222,1.10350891998269,0.891416806385149,1.36606347082402]
["7755_37_ITGB5_ITB5","FTjVRz","osteoporosis","ITGB5","Weighted mode",14,0.166872773315146,0.155949744067485,0.304066044970868,-0.138788725057126,0.472534271687417,1.18160392419478,0.870411905258848,1.60405415555212]
["7758_217_RNF215_RN215","FTjVRz","osteoporosis","RNF215","Weighted mode",14,0.150648791664826,0.143039482099543,0.311433331434207,-0.129708593250279,0.431006176579931,1.16258827567957,0.87835135114266,1.53880505447993]
["7763_25_CDH11_Cadherin_11","FTjVRz","osteoporosis","CDH11","MR Egger",22,0.22155336092284,0.127438327906177,0.0974924630731645,-0.0282257617732676,0.471332483618947,1.24801384161431,0.972168863457917,1.60212758030625]
["7765_15_ITM2A_ITM2A","FTjVRz","osteoporosis","ITM2A","Simple mode",17,0.00607550128684942,0.158795962644955,0.96995385859724,-0.305164585497263,0.317315588070962,1.00609399457783,0.737002064557703,1.37343594353842]
["7767_1_CLPSL2_CF126","FTjVRz","osteoporosis","CLPSL2","Weighted mode",18,0.17388387815663,0.121600572158088,0.170850647249555,-0.0644532432732237,0.412220999586483,1.18991738239756,0.93757995140682,1.51016814598832]
["7770_25_NFU1_NFU1","FTjVRz","osteoporosis","NFU1","Simple mode",6,-0.134515295384556,0.302467182944355,0.675107869912808,-0.727350973955491,0.458320383186379,0.874139508474382,0.483187271909439,1.58141558087037]
["7776_20_UNC5B_UNC5B","FTjVRz","osteoporosis","UNC5B","Weighted mode",19,0.105858100097403,0.088585895617258,0.247604042964566,-0.0677702553124229,0.279486455507229,1.11166412028361,0.934475139616078,1.32245050075238]
["7784_1_KNG1_Kininogen__HMW","FTjVRz","osteoporosis","KNG1","Simple mode",14,0.137884889643593,0.139150486754313,0.339818102147349,-0.13485006439486,0.410619843682046,1.14784341400471,0.873846922633331,1.50775206612113]
["7786_83_CLEC2B_CLC2B","FTjVRz","osteoporosis","CLEC2B","Weighted mode",7,-0.163684772321914,0.307564749320372,0.613711364258288,-0.766511680989843,0.439142136346015,0.849009611030596,0.464631025934879,1.5513757786019]
["7787_25_LILRA5_LIRA5","FTjVRz","osteoporosis","LILRA5","Weighted mode",25,0.149225260455559,0.109030320620975,0.183781903224839,-0.0644741679615531,0.362924688872671,1.16093447238519,0.937560333043808,1.43752759334083]
["7790_21_LIF_LIF","FTjVRz","osteoporosis","LIF","Weighted mode",8,-0.0164660322241388,0.182583829637606,0.930667702339358,-0.374330338313847,0.341398273865569,0.983668791864239,0.687749684229018,1.4069134661579]
["7795_14_KLRC3_NKG2E","FTjVRz","osteoporosis","KLRC3","Weighted mode",11,-0.0151834479942805,0.0317670015327864,0.642953020128619,-0.0774467709985418,0.0470798750099808,0.984931239368655,0.92547628526411,1.0482057311792]
["7803_4_CHST1_CHST1","FTjVRz","osteoporosis","CHST1","Weighted mode",8,0.218075117157476,0.163672213416128,0.22446955693269,-0.102722421138135,0.538872655453088,1.24368048585327,0.902377419617742,1.71407342123813]
["7805_52_GOSR1_GOS_28","FTjVRz","osteoporosis","GOSR1","Weighted mode",18,0.13487777775376,0.0993611793186101,0.192387006375456,-0.0598701337107158,0.329625689218236,1.14439690504298,0.941886844991497,1.39044757152732]
["7809_22_SPATA9_SPAT9","FTjVRz","osteoporosis","SPATA9","Simple mode",13,0.0666727114765195,0.175293983245848,0.710334013430155,-0.276903495685342,0.410248918638381,1.06894556730041,0.758127656170251,1.50719290682967]
["7809_22_SPATA9_SPAT9","FTjVRz","osteoporosis","SPATA9","Weighted mode",13,0.0666727114765195,0.0910670882106769,0.478146723570196,-0.111818781416407,0.245164204369446,1.06894556730041,0.894206289615543,1.27783112143225]
["7821_6_C1D_C1D","FTjVRz","osteoporosis","C1D","Inverse variance weighted",13,0.167424256022353,0.109798651616253,0.127301554925647,-0.0477811011455032,0.382629613190209,1.18225573804125,0.953342449808861,1.46613489246356]
["7821_6_C1D_C1D","FTjVRz","osteoporosis","C1D","Simple mode",13,0.332599736685744,0.241797698262795,0.194100668632676,-0.141323751909333,0.806523225280822,1.39458898393211,0.868208182135342,2.24010608759918]
["7824_88_MSRB3_MSRB3","FTjVRz","osteoporosis","MSRB3","Simple mode",13,0.119983042948688,0.227411175562219,0.607391887852371,-0.325742861153261,0.565708947050636,1.12747773271951,0.721990815450247,1.76069558029707]
["7827_20_ADAM32_ADA32","FTjVRz","osteoporosis","ADAM32","Simple mode",10,-0.0731160460215527,0.249880560155852,0.77645857111875,-0.562881943927022,0.416649851883916,0.929492959806912,0.569565241196296,1.51687129031257]
["7835_2_BNIP3L_BNI3L","FTjVRz","osteoporosis","BNIP3L","Simple mode",11,0.143820971586943,0.27240150377217,0.609032618955398,-0.390085975806511,0.677727918980397,1.15467736996229,0.676998666489602,1.96939801316951]
["7841_84_ESAM_ESAM","FTjVRz","osteoporosis","ESAM","Simple mode",9,0.0159373740645872,0.14606073036409,0.9157988247358,-0.270341657449029,0.302216405578203,1.01606505138926,0.763118724595676,1.35285396017724]
["7849_3_QPCT_Glutaminyl_cyclase","FTjVRz","osteoporosis","QPCT","Simple mode",31,-0.161257619316294,0.11638757687115,0.176108108130844,-0.389377269983749,0.0668620313511602,0.851072790072554,0.677478629442726,1.069147959099]
["7851_30_ANKRD46_ANR46","FTjVRz","osteoporosis","ANKRD46","Simple mode",10,0.201881521750843,0.169293156913431,0.263557635758647,-0.129933065799482,0.533696109301167,1.22370301733142,0.878154207503268,1.70522336718457]
["7853_19_SCO1_SCO1","FTjVRz","osteoporosis","SCO1","Simple mode",7,0.0959490600463581,0.183603201538582,0.619986560673308,-0.263913214969263,0.45581133506198,1.10070299280643,0.768040191156085,1.57745270667329]
["7856_51_FAM151A_F151A","FTjVRz","osteoporosis","FAM151A","Inverse variance weighted",34,-0.0556249816526438,0.0527763753341458,0.291894350461713,-0.15906667730757,0.047816714002282,0.945893796912537,0.852939485364659,1.04897837465585]
["7859_21_PCDHGC3_PCDGK","FTjVRz","osteoporosis","PCDHGC3","Simple mode",23,-0.00209072803957966,0.246256015878974,0.993302513720619,-0.484752519162369,0.48057106308321,0.997911456009938,0.615849588878554,1.61699754618535]
["7860_9_HERC4_HERC4","FTjVRz","osteoporosis","HERC4","Inverse variance weighted",15,0.062112781922767,0.0918863875051336,0.49905733919952,-0.117984537587295,0.242210101432829,1.06408234721395,0.88870979410599,1.27406184691751]
["7863_50_PGRMC1_PGRC1","FTjVRz","osteoporosis","PGRMC1","Simple mode",14,-0.26972205361838,0.318360173642525,0.412197080740335,-0.893707993957729,0.35426388672097,0.763591702394972,0.4091358633143,1.42513121006587]
["7866_11_DNAJC30_DJC30","FTjVRz","osteoporosis","DNAJC30","Inverse variance weighted",10,0.181209491979909,0.147625854886447,0.219637889367498,-0.108137183597527,0.470556167557344,1.19866626396106,0.89750446509351,1.60088430558243]
["7871_16_TMEM132A_T132A","FTjVRz","osteoporosis","TMEM132A","Inverse variance weighted",16,-0.0752077741414289,0.0705570119443437,0.286462088426872,-0.213499517552342,0.0630839692694847,0.927550745246215,0.807752549848794,1.06511627251175]
["7875_86_PLEK_PLEK","FTjVRz","osteoporosis","PLEK","Inverse variance weighted",9,-0.189403695431494,0.118229879204157,0.109156677572235,-0.421134258671642,0.0423268678086528,0.827452400506837,0.656301981261657,1.04323542310252]
["7878_2_SEC61B_SC61B","FTjVRz","osteoporosis","SEC61B","Inverse variance weighted",13,0.091420390735817,0.166083029889196,0.582010816259117,-0.234102347847007,0.416943129318641,1.09572954299762,0.791280825862172,1.51731621967408]
["7881_244_PARP16_PAR16","FTjVRz","osteoporosis","PARP16","Inverse variance weighted",15,0.146531577451193,0.0901249594879082,0.103977054564086,-0.0301133431451072,0.323176498047493,1.15781149097706,0.970335546432841,1.38150916305869]
["7887_57_COX5B_COX5B","FTjVRz","osteoporosis","COX5B","Inverse variance weighted",7,0.218784972744601,0.202036429009765,0.278853418828842,-0.177206428114538,0.614776373603741,1.24456363281107,0.837606861070422,1.84924301376472]
["7888_58_COA3_CCD56","FTjVRz","osteoporosis","COA3","Simple mode",15,0.0589702067136817,0.149487340070069,0.69916849293959,-0.234024979823654,0.351965393251018,1.06074363723048,0.791342048063875,1.42185931693867]
["7891_45_UGT1A6_UGT_1A6","FTjVRz","osteoporosis","UGT1A6","Inverse variance weighted",15,0.121611244843115,0.0849302708900977,0.152173824177963,-0.0448520861014765,0.288074575787706,1.12931498940637,0.956138897606038,1.33385677383392]
["7895_108_MRAP_MRAP","FTjVRz","osteoporosis","MRAP","Simple mode",8,0.0305562289250549,0.262519865075787,0.910607776346122,-0.483982706623488,0.545095164473598,1.0310278620073,0.616323860140698,1.72477251163482]
["7898_29_MDM1_MDM1","FTjVRz","osteoporosis","MDM1","Weighted median",11,0.0679436243455031,0.128565574760999,0.597170060144005,-0.184044902186054,0.31993215087706,1.07030496763485,0.831898448929088,1.37703433059471]
["7905_30_HP_HPT","FTjVRz","osteoporosis","HP","Inverse variance weighted",12,0.0528236485454849,0.139344320205953,0.70462310917424,-0.220291219058184,0.325938516149153,1.05424371131309,0.802285123220882,1.38533019081945]
["7916_10_S100A7_S100A7","FTjVRz","osteoporosis","S100A7","Weighted median",7,-0.0638550963334528,0.0415229040849921,0.124090606020367,-0.145239988340037,0.0175297956731317,0.938140929742556,0.864814722754751,1.0176843442891]
["7916_10_S100A7_S100A7","FTjVRz","osteoporosis","S100A7","Inverse variance weighted",7,-0.0671199877986722,0.0469905438297504,0.153184748320882,-0.159221453704983,0.0249814781076386,0.935082996055006,0.852807480679771,1.025296129924]
["7918_114_AMY1A_Amylase__alpha_1A","FTjVRz","osteoporosis","AMY1A","Inverse variance weighted",23,1.02158704889962E-3,0.0358052746757916,0.977238047650107,-0.0691567513156519,0.0711999254134512,1.00102210904669,0.933180391358941,1.07379588349585]
["7921_65_FJX1_FJX1","FTjVRz","osteoporosis","FJX1","Weighted median",17,0.00219569126275407,0.0679462456686935,0.974220749368357,-0.130978950247885,0.135370332773393,1.00219810355804,0.877236239802091,1.14496072232713]
["7923_41_SEMA4C_SEM4C","FTjVRz","osteoporosis","SEMA4C","Inverse variance weighted",10,-0.0336139906038371,0.0764763850059366,0.660274469784191,-0.183507705215473,0.116279724007799,0.966944682340776,0.832345462312051,1.12331004497814]
["7926_13_SPINT3_SPIT3","FTjVRz","osteoporosis","SPINT3","Weighted median",9,-0.154887702551145,0.181640420357335,0.393816785738191,-0.510902926451522,0.201127521349232,0.856511356123412,0.599953620181346,1.22278069252523]
["7927_16_ST6GALNAC5_SIA7E","FTjVRz","osteoporosis","ST6GALNAC5","Inverse variance weighted",6,-0.0013805298173339,0.334968612472343,0.996711631276267,-0.657919010263126,0.655157950628458,0.998620422675589,0.517928016708038,1.92544661886273]
["7930_3_EXOSC1_EXOS1","FTjVRz","osteoporosis","EXOSC1","Weighted median",11,0.181080634715148,0.152107538448802,0.233858684069151,-0.117050140644504,0.479211410074801,1.19851181705594,0.889540589906712,1.61480048456627]
["7934_11_NDRG4_NDRG4","FTjVRz","osteoporosis","NDRG4","Inverse variance weighted",16,0.0151932456437908,0.101661851678063,0.881199476924489,-0.184063983645214,0.214450474932795,1.01530924974876,0.831882575244257,1.2391807489449]
["7944_1_KIR3DL3_KI3L3","FTjVRz","osteoporosis","KIR3DL3","Weighted median",6,-0.426208307310218,0.298889716611047,0.153876482131172,-1.01203215186787,0.159615537247434,0.652980307381196,0.363479582829562,1.17305978649033]
["7944_1_KIR3DL3_KI3L3","FTjVRz","osteoporosis","KIR3DL3","Simple mode",6,-0.532639170504396,0.452719489390394,0.292339426391261,-1.41996936970957,0.354691028700776,0.587053588883332,0.241721420780966,1.42574007345872]
["7952_2_VTI1A_VTI1A","FTjVRz","osteoporosis","VTI1A","MR Egger",12,0.222811203778237,0.682651494297379,0.750856885530232,-1.11518572504463,1.5608081326011,1.24958463460669,0.327854382474952,4.76266855808898]
["7955_195_ITIH1_ITI_heavy_chain_H1","FTjVRz","osteoporosis","ITIH1","Weighted median",34,0.0579815065283591,0.065087526791653,0.37302379902597,-0.0695900459832808,0.185553059039999,1.05969539808228,0.932776136858414,1.20388407501383]
["7957_2_SCG3_SCG3","FTjVRz","osteoporosis","SCG3","Weighted median",21,0.101810664064029,0.111718391184302,0.362129338441397,-0.117157382657203,0.320778710785261,1.10717382408938,0.889445198898527,1.37820056622572]
["7960_53_POTEG_POTEG","FTjVRz","osteoporosis","POTEG","Weighted median",11,0.245975189668903,0.161472192532311,0.127676545224919,-0.0705103076944262,0.562460687032232,1.27886784401349,0.931918133548942,1.75498566190935]
["7967_38_POTEM_POTEM","FTjVRz","osteoporosis","POTEM","Weighted median",11,0.233921248341361,0.196149017807698,0.233038192052888,-0.150530826561728,0.618373323244449,1.26354498202643,0.860251211011613,1.85590662491102]
["7969_163_WFDC11_WFD11","FTjVRz","osteoporosis","WFDC11","MR Egger",8,0.644508837635631,0.785589943401951,0.443345302980866,-0.895247451432193,2.18426512670345,1.90505111003914,0.408506500614301,8.88411745322]
["7975_97_UNC5A_UNC5A","FTjVRz","osteoporosis","UNC5A","Weighted median",8,-0.0679070212343182,0.32784880027022,0.835909049929847,-0.71049066976395,0.574676627295313,0.934347344001362,0.491403021692317,1.77655594431614]
["7976_19_FRRS1L_FRS1L","FTjVRz","osteoporosis","FRRS1L","MR Egger",6,1.8671977424833,0.9878905889802,0.131737528615377,-0.06906781191789,3.80346329688449,6.47013997330317,0.93326339155189,44.8562663585502]
["7981_230_B3GALT6_B3GT6","FTjVRz","osteoporosis","B3GALT6","Inverse variance weighted",14,-1.51029590384498E-3,0.0888319199013298,0.98643523934697,-0.175620858910451,0.172600267102761,0.998490844019068,0.838935998155424,1.18839097116107]
["7986_98_NAALAD2_NALD2","FTjVRz","osteoporosis","NAALAD2","MR Egger",10,-0.0368003671151336,0.0727544675737667,0.626625941694216,-0.179399123559716,0.105798389329449,0.96386853600014,0.835772256420984,1.11159774394699]
["7989_5_C1orf226_CA226","FTjVRz","osteoporosis","C1orf226","Inverse variance weighted",10,0.0701104319352881,0.143313067501281,0.624691814508443,-0.210783180367223,0.351004044237799,1.07262662694826,0.80994966083251,1.42049307071235]
["7993_23_ASTL_ASTL","FTjVRz","osteoporosis","ASTL","MR Egger",11,0.0460650834374953,0.256096511776791,0.861236295178469,-0.455884079645015,0.548014246520006,1.04714256037659,0.63388731328215,1.72981461969089]
["7997_118_DOC2B_DOC2B","FTjVRz","osteoporosis","DOC2B","Inverse variance weighted",8,-0.32554534335548,0.169497756130589,0.0547762355834266,-0.657760945371435,0.00667025866047477,0.722133435570675,0.518009889414332,1.00669255438095]
["7999_23_ENTPD1_CD39","FTjVRz","osteoporosis","ENTPD1","Weighted mode",17,-0.0731260798020965,0.0835991752992531,0.394666004920416,-0.236980463388633,0.0907283037844396,0.929483633525325,0.789006702384348,1.0949714652368]
["8004_15_GAPDHS_G3PT","FTjVRz","osteoporosis","GAPDHS","MR Egger",7,0.741966122609734,0.480009076903597,0.182832880560126,-0.198851668121316,1.68278391334078,2.10006043441833,0.819671467724735,5.38051402527333]
["8005_1_MXRA7_MXRA7","FTjVRz","osteoporosis","MXRA7","Weighted median",16,0.0287104237390502,0.0742375666924412,0.698950822589464,-0.116795206978135,0.174216054456235,1.02912654070686,0.889767392659282,1.19031271040614]
["8007_19_CTSB_Cathepsin_B","FTjVRz","osteoporosis","CTSB","MR Egger",20,-0.0331861264948254,0.236794907930438,0.890100076207648,-0.497304146038483,0.430931893048833,0.967358491786542,0.608167983796087,1.5386907508523]
["8009_121_SURF1_SURF1","FTjVRz","osteoporosis","SURF1","Weighted median",23,0.0167287161218094,0.0388737456516757,0.666952292690712,-0.0594638253554751,0.0929212575990938,1.01686942462251,0.942269619243231,1.09737532189839]
["8013_9_LMAN2L_LMA2L","FTjVRz","osteoporosis","LMAN2L","Weighted mode",8,0.164183238008555,0.106751865906477,0.167938707373398,-0.04505041916814,0.37341689518525,1.17843022851864,0.955949282450419,1.45268983300745]
["8017_23_FOXRED1_FXRD1","FTjVRz","osteoporosis","FOXRED1","Weighted median",16,0.0663441218849414,0.126079052333674,0.598741955444557,-0.180770820689059,0.313459064458942,1.06859438061434,0.834626615931584,1.36814945567726]
["8019_73_STMN3_STMN3","FTjVRz","osteoporosis","STMN3","Weighted mode",7,-0.0827981432836447,0.163908490629176,0.631468577199394,-0.40405878491683,0.23846249834954,0.920536945032234,0.667604875018343,1.269296104445]
["8028_22_SPINK5_SPINK5","FTjVRz","osteoporosis","SPINK5","Weighted median",17,-0.119570904979451,0.114786183835175,0.297558315057418,-0.344551825296393,0.105410015337491,0.887301091522876,0.708537831052201,1.11116611211644]
["8028_22_SPINK5_SPINK5","FTjVRz","osteoporosis","SPINK5","Weighted mode",17,-0.119194542566388,0.124134244895939,0.351238141289583,-0.362497662562428,0.124108577429652,0.887635101153188,0.695935940383556,1.13213878904572]
["8033_1_DNAJC18_DJC18","FTjVRz","osteoporosis","DNAJC18","Inverse variance weighted",11,-0.0556464742600807,0.111393275308971,0.617392202155034,-0.273977293865664,0.162684345345503,0.945873467406951,0.760349339659126,1.17666521121139]
["8036_75_FSHB_FSHB","FTjVRz","osteoporosis","FSHB","Weighted mode",9,0.229646050317344,0.249145089742234,0.383621203774596,-0.258678325577435,0.717970426212123,1.25815460768501,0.77207133870522,2.05026781526909]
["8038_41_NSDHL_NSDHL","FTjVRz","osteoporosis","NSDHL","Inverse variance weighted",10,0.00312361028267265,0.0573506082160394,0.956564562466061,-0.109283581820765,0.11553080238611,1.00312849383672,0.896476157107223,1.12246908874206]
["8042_88_SPINK9_ISK9","FTjVRz","osteoporosis","SPINK9","Simple mode",16,0.102022664320108,0.240880241116105,0.67791108769644,-0.370102608267457,0.574147936907673,1.10740857010584,0.690663459220474,1.77561694450723]
["8044_90_XG_XG","FTjVRz","osteoporosis","XG","Weighted mode",11,-0.175681158557497,0.292134083478167,0.560976810296339,-0.748263962174704,0.396901645059709,0.838885412136016,0.473187311171683,1.48720964844149]
["8046_9_LGALS1_Galectin_1","FTjVRz","osteoporosis","LGALS1","MR Egger",10,0.0933610720293452,0.234479851647527,0.700925025944361,-0.366219437199807,0.552941581258498,1.09785806955227,0.693350637592789,1.73835902865199]
["8051_10_AGGF1_AGGF1","FTjVRz","osteoporosis","AGGF1","Simple mode",11,-0.245608973662854,0.285925037285058,0.410459912182061,-0.806022046741568,0.31480409941586,0.782228036895394,0.446631215230741,1.36999090264909]
["8055_33_DGCR2_IDD","FTjVRz","osteoporosis","DGCR2","MR Egger",7,0.777017117859684,0.820793337971192,0.387278602786137,-0.831737824563852,2.38577206028322,2.1749748861139,0.435292167221345,10.8674497531694]
["8059_1_THPO_Tpo","FTjVRz","osteoporosis","THPO","Simple mode",8,0.303961120506699,0.284468979355773,0.32074242697151,-0.253598079030616,0.861520320044015,1.35521636493979,0.7760036315087,2.36675618673318]
["8062_15_EVA1B_F176B","FTjVRz","osteoporosis","EVA1B","MR Egger",13,0.238948011924871,0.305230832030049,0.450244188477294,-0.359304418854024,0.837200442703767,1.26991251456046,0.69816178538804,2.3098912435331]
["8062_15_EVA1B_F176B","FTjVRz","osteoporosis","EVA1B","Simple mode",13,0.209854807818644,0.203281314768875,0.322272221092056,-0.188576569128352,0.60828618476564,1.23349895255094,0.828137091275731,1.83727994069241]
["8066_38_SYT9_SYT9","FTjVRz","osteoporosis","SYT9","Weighted median",8,-0.102485100476693,0.140607682694838,0.466079539316524,-0.378076158558576,0.17310595760519,0.902591597837289,0.685178316485809,1.18899208116336]
["8069_85_CD3E_CD3E","FTjVRz","osteoporosis","CD3E","Simple mode",24,0.0220085189500772,0.122998982068915,0.859557542231995,-0.219069485904996,0.263086523805151,1.0222524929513,0.803265900556328,1.30093927629866]
["8071_114_PCDHB7_PCDB7","FTjVRz","osteoporosis","PCDHB7","Weighted median",15,0.119651891388757,0.116400909842992,0.303983143935931,-0.108493891903506,0.347797674681021,1.12710442852308,0.897184374888969,1.4159457390835]
["8074_32_TMEM70_TMM70","FTjVRz","osteoporosis","TMEM70","Simple mode",14,0.0446894138794336,0.191295844002628,0.818922999649713,-0.330250440365718,0.419629268124585,1.04570302862036,0.718743708452904,1.5213974205347]
["8080_24_MSMP_PSMP","FTjVRz","osteoporosis","MSMP","Weighted median",39,-0.056751709016889,0.0816909147342034,0.48723542059208,-0.216865901895928,0.10336248386215,0.944828632675419,0.805037916125366,1.10889329215679]
["8081_55_PLD5_PLD5","FTjVRz","osteoporosis","PLD5","Inverse variance weighted",15,-0.0824432717466364,0.135770527993725,0.543701540422885,-0.348553506614338,0.183666963121065,0.920863675363009,0.705708153959675,1.20161557415068]
["8087_250_RNF13_RNF13","FTjVRz","osteoporosis","RNF13","Simple mode",11,0.0940173179436505,0.204371845172242,0.6553341420381,-0.306551498593944,0.494586134481245,1.09857877087769,0.735980615236539,1.63981943387904]
["8089_173_NR4A1_NR4A1","FTjVRz","osteoporosis","NR4A1","MR Egger",9,-0.157686737280141,0.874116233864241,0.861953488191902,-1.87095455565405,1.55558108109377,0.854117303173554,0.153976612396915,4.73783879398481]
["8097_77_LIPN_LIPN","FTjVRz","osteoporosis","LIPN","Inverse variance weighted",31,0.0066992112945888,0.0367644231504459,0.855410118400143,-0.0653590580802852,0.0787574806694628,1.00672170120408,0.936731062130313,1.08194189842531]
["8099_42_SPON2_SPON2","FTjVRz","osteoporosis","SPON2","MR Egger",16,-0.0306015603019243,0.0987446495748436,0.761197438350142,-0.224141073468618,0.162937952864769,0.969861927595032,0.799202380164341,1.17696366019947]
["8100_15_ADM2_ADM2","FTjVRz","osteoporosis","ADM2","Inverse variance weighted",20,0.0528343092002183,0.0784485785320228,0.50063580275935,-0.100924904722546,0.206593523122983,1.0542549503012,0.904000916536607,1.22948271390341]
["8107_12_TMEM234_TM234","FTjVRz","osteoporosis","TMEM234","MR Egger",13,0.0530461349574991,0.671053263208085,0.938413313388081,-1.26221826093035,1.36831053084534,1.05447829230838,0.283025505224874,3.92870765504378]
["8221_19_MIF_MIF","FTjVRz","osteoporosis","MIF","Inverse variance weighted",8,0.158132989060132,0.193676539613843,0.414225752249275,-0.221473028583001,0.537739006703264,1.1713219573563,0.801337535065283,1.71213136505981]
["8222_49_CDHR3_CDHR3","FTjVRz","osteoporosis","CDHR3","Weighted median",8,-0.0761462528725915,0.191278102281121,0.690562484562119,-0.451051333343589,0.298758827598406,0.92668066693858,0.636958144147475,1.34818443938273]
["8229_1_GXYLT1_GXLT1","FTjVRz","osteoporosis","GXYLT1","Inverse variance weighted",34,-0.00751538035743305,0.0334009912594112,0.821975610033965,-0.0729813232258791,0.0579505625110129,0.992512789500286,0.929618192132651,1.05966260735684]
["8233_2_ITIH5_ITIH5","FTjVRz","osteoporosis","ITIH5","Weighted median",16,0.0298900895451711,0.0492456410601064,0.543878061158662,-0.0666313669326375,0.12641154602298,1.03034128245089,0.935540008762233,1.13474907366826]
["8237_56_SOSTDC1_SOSD1","FTjVRz","osteoporosis","SOSTDC1","Inverse variance weighted",10,0.32555845946849,0.158281073500077,0.0397018523085219,0.015327555408339,0.635789363528641,1.38480378686351,1.01544562485309,1.88851227596649]
["8242_9_CLEC2L_CLC2L","FTjVRz","osteoporosis","CLEC2L","Inverse variance weighted",11,0.00662160468512981,0.168684131364421,0.96868751332879,-0.323999292789136,0.337242502159396,1.00664357597773,0.723250753870452,1.40107878717641]
["8244_16_FUT8_FUT8","FTjVRz","osteoporosis","FUT8","Weighted mode",21,-0.00257433719585975,0.0557362486700573,0.963618615157499,-0.111817384589172,0.106668710197452,0.997428973568522,0.894207538668114,1.11256561177707]
["8249_124_ALK_ALK","FTjVRz","osteoporosis","ALK","Inverse variance weighted",12,0.0980659096123394,0.10282542453115,0.34022910775317,-0.103471922468715,0.299603741693394,1.10303548335383,0.901701339934013,1.34932402077461]
["8250_2_PTPRJ_PTPRJ","FTjVRz","osteoporosis","PTPRJ","Weighted mode",20,0.157236437700232,0.145552411478225,0.293542716764741,-0.12804628879709,0.442519164197554,1.17027227767873,0.879812652732703,1.55662367397147]
["8258_22_UXS1_UXS1","FTjVRz","osteoporosis","UXS1","Weighted median",28,0.0975909109831205,0.109559625474446,0.373060000408957,-0.117145954946794,0.312327776913035,1.10251166742703,0.889455363278762,1.36660256039377]
["8261_51_STOM_STOM","FTjVRz","osteoporosis","STOM","Weighted mode",17,0.136048717778373,0.183792662487622,0.469884525904964,-0.224184900697366,0.496282336254111,1.14573771003105,0.799167354106363,1.64260325880691]
["8268_98_HS3ST3A1_HS3SA","FTjVRz","osteoporosis","HS3ST3A1","Weighted median",9,0.0193250295081431,0.134187001845661,0.885488104397712,-0.243681494109353,0.282331553125639,1.01951296656851,0.783737219434688,1.32621835894312]
["8272_22_HSD17B7_DHB7","FTjVRz","osteoporosis","HSD17B7","Weighted mode",11,-0.179544138989206,0.182651838562325,0.34879879699601,-0.537541742571362,0.17845346459295,0.835651065335764,0.584182559820585,1.19536725507736]
["8273_84_IL31RA_IL31R","FTjVRz","osteoporosis","IL31RA","Weighted median",11,0.156748718047062,0.149651227151757,0.294902739372534,-0.136567687170382,0.450065123264505,1.16970165205332,0.872347271542823,1.56841432242516]
["8285_64_ADCYAP1_PACA","FTjVRz","osteoporosis","ADCYAP1","MR Egger",11,0.27263421182367,0.371154249645079,0.481308434178577,-0.454828117480684,1.00009654112802,1.31341972354017,0.63455702783581,2.71854426712091]
["8289_8_GPNMB_GPNMB","FTjVRz","osteoporosis","GPNMB","Weighted median",29,0.0120225911047476,0.085075288230255,0.887619459063322,-0.154724973826552,0.178770156036047,1.01209515295543,0.856650746465092,1.19574587760849]
["8298_8_SSMEM1_CG045","FTjVRz","osteoporosis","SSMEM1","MR Egger",15,0.00959934309950081,0.427342546416758,0.982419854133491,-0.827992047877346,0.847190734076347,1.00964556457368,0.436925732047639,2.33308338532958]
["8300_82_PEX14_PEX14","FTjVRz","osteoporosis","PEX14","MR Egger",17,-0.202332482911324,0.416311142694839,0.63398158962478,-1.01830232259321,0.61363735677056,0.816823302999594,0.361207633987082,1.84713789395445]
["8305_18_SULF2_SULF2","FTjVRz","osteoporosis","SULF2","Weighted median",9,-0.0640955094246061,0.150609972582212,0.670419155545639,-0.359291055685742,0.23110003683653,0.937915415491075,0.698171115103804,1.25998527808617]
["8305_18_SULF2_SULF2","FTjVRz","osteoporosis","SULF2","Weighted mode",9,-0.200176997104202,0.184906899180777,0.310541786751109,-0.562594519498525,0.162240525290121,0.818585852929397,0.569728971689183,1.17614309946259]
["8309_12_HYAL1_HYAL1","FTjVRz","osteoporosis","HYAL1","Weighted median",19,0.117525911075479,0.134243331635697,0.381318625551029,-0.145591018930489,0.380642841081446,1.12471077203189,0.864511199608063,1.46322490824648]
["8310_6_ZG16B_U773","FTjVRz","osteoporosis","ZG16B","Weighted mode",10,-0.00435012088466546,0.0790701356428774,0.957327676793011,-0.159327586744705,0.150627344975374,0.995659327186142,0.852716974432485,1.16256334227723]
["8320_5_SLTM_SLTM","FTjVRz","osteoporosis","SLTM","MR Egger",11,-0.556209355543738,0.995127973641346,0.58984233905921,-2.50666018388078,1.3942414727933,0.573378423357734,0.0815401139693737,4.03191509513567]
["8321_27_ZNF843_ZN843","FTjVRz","osteoporosis","ZNF843","Weighted mode",10,-0.191996369794603,0.174448443046645,0.299638776375847,-0.533915318166027,0.149922578576821,0.825309864530569,0.586304899639248,1.16174429534968]
["8325_37_ADH4_ADH4","FTjVRz","osteoporosis","ADH4","MR Egger",14,0.596835883410595,0.452726371999401,0.212007601406128,-0.29050780570823,1.48417957252942,1.81636251564684,0.747883691527465,4.41134473932535]
["8327_26_DPEP2_DPEP2","FTjVRz","osteoporosis","DPEP2","Weighted mode",16,0.0750038352836238,0.0489953511892185,0.146624720736779,-0.0210270530472446,0.171034723614492,1.07788828488399,0.979192474070874,1.18653194898438]
["8336_267_GRAMD1C_GRM1C","FTjVRz","osteoporosis","GRAMD1C","MR Egger",23,0.0958128526053508,0.0838031856602412,0.265777487507363,-0.068441391288722,0.260067096499424,1.10055307907839,0.933848190138632,1.297017109054]
["8337_65_PTPRU_PTPRU","FTjVRz","osteoporosis","PTPRU","MR Egger",24,0.0145481855586348,0.148512478039756,0.922851603567953,-0.276536271399286,0.305632642516556,1.01465452546861,0.758406110181936,1.35748353320487]
["8343_224_PAPOLG_PAPOG","FTjVRz","osteoporosis","PAPOLG","MR Egger",15,-0.258284316280924,0.55022961387263,0.646550960159227,-1.33673435947128,0.82016572690943,0.772375601927573,0.262702160143528,2.27087615163517]
["8346_9_DPP7_DPP2","FTjVRz","osteoporosis","DPP7","MR Egger",7,{"v":-4.49220888209155e-05,"d":"-4.49E-05"},0.476987760490912,0.999928498268428,-0.934940932651008,0.934851088473366,0.999955078920161,0.392609055222717,2.54683417653473]
["8347_222_DEFB129_DB129","FTjVRz","osteoporosis","DEFB129","Weighted mode",9,-0.0556491679473159,0.1993483165123,0.787206364893637,-0.446371868311424,0.335073532416793,0.945870919523097,0.639945752262083,1.39804318293696]
["8353_15_SCN2B_SCN2B","FTjVRz","osteoporosis","SCN2B","MR Egger",22,0.0220284147736149,0.155754342106042,0.88894475561409,-0.283250095754228,0.327306925301458,1.02227283170884,0.753331359323617,1.38722718696896]
["8356_88_OXT_NEU1","FTjVRz","osteoporosis","OXT","Simple mode",19,0.0135824330127376,0.163622082353957,0.934758975434465,-0.307116848401017,0.334281714426493,1.01367509329812,0.735564646332755,1.39693662534741]
["8360_169_NCR1_NKp46","FTjVRz","osteoporosis","NCR1","MR Egger",29,-0.0512691658685094,0.0508979446730336,0.322736301541944,-0.151029137427655,0.0484908056906364,0.950022922369629,0.859822645274089,1.04968572064071]
["8364_74_UST_UST","FTjVRz","osteoporosis","UST","Simple mode",21,1.4470476629036E-3,0.155461084575479,0.992665539165502,-0.303256678105035,0.306150773430842,1.00144809514156,0.738409538482766,1.3581870696353]
["8367_142_VSIG1_VSIG1","FTjVRz","osteoporosis","VSIG1","Weighted mode",11,0.0712084900446355,0.180208806352987,0.701033886302,-0.282000770407218,0.424417750496489,1.07380508020095,0.754273103435422,1.52870007562729]
["8369_102_DAG1_DAG1","FTjVRz","osteoporosis","DAG1","Simple mode",14,-0.213492794846446,0.191904681353157,0.286075414729268,-0.589625970298634,0.162640380605742,0.807757980149877,0.55453465838281,1.17661348056877]
["8372_29_CDHR1_CDHR1","FTjVRz","osteoporosis","CDHR1","Weighted mode",10,-0.0273356541408303,0.237752934192012,0.910989195001394,-0.493331405157174,0.438660096875514,0.973034583618202,0.610588883227067,1.55062813445451]
["8374_5_NGFR_NGF_R","FTjVRz","osteoporosis","NGFR","Weighted mode",8,0.0783214179474215,0.0809443666365765,0.365479924433556,-0.0803295406602684,0.236972376555111,1.08147020674705,0.922812192134692,1.26740610716898]
["8378_3_LDOC1_LDOC1","FTjVRz","osteoporosis","LDOC1","Weighted mode",12,-0.0548712711896979,0.117570868666261,0.649816038550691,-0.285310173775569,0.175567631396173,0.946606995703038,0.751781035389906,1.19192259731478]
["8386_11_PATE1_PATE","FTjVRz","osteoporosis","PATE1","Weighted mode",10,0.10112453830709,0.274449508271424,0.721045775537542,-0.436796497904902,0.639045574519081,1.10641442416298,0.646102901327038,1.89467169313369]
["8389_8_LRRC74A_CN16B","FTjVRz","osteoporosis","LRRC74A","Weighted mode",14,0.212348041575969,0.0945126804554481,0.0426612269102255,0.0271031878832905,0.397592895268647,1.23657819081436,1.02747382014218,1.48823803781795]
["8391_12_DEFB115_DB115","FTjVRz","osteoporosis","DEFB115","Weighted mode",16,-0.435589916952578,0.314159163138115,0.185849826012891,-1.05134187670328,0.180162042798127,0.64688294728068,0.349468490711894,1.19741137929233]
["8396_42_FAAH2_FAAH2","FTjVRz","osteoporosis","FAAH2","Simple mode",7,0.298610138108847,0.316866633730591,0.382375100157764,-0.322448464003112,0.919668740220805,1.34798399342908,0.724373262143163,2.50845930061662]
["8398_277_RARRES1_RAR_responsive_protein_TIG1","FTjVRz","osteoporosis","RARRES1","Weighted mode",59,-0.0218856416872359,0.0463625221886177,0.638659054441274,-0.112756185176927,0.0689849018024548,0.978352111350839,0.893368450035316,1.07142003251492]
["8399_6_STK17B_DRAK2","FTjVRz","osteoporosis","STK17B","Simple mode",10,-0.026844044398364,0.342642094871216,0.93926840088194,-0.698422550345947,0.644734461549219,0.973513054500102,0.497369260270459,1.90548098361922]
["8402_22_CYTL1_CYTL1","FTjVRz","osteoporosis","CYTL1","Weighted mode",11,0.116212680951254,0.20136515034176,0.576616697029285,-0.278463013718595,0.510888375621104,1.12323473736374,0.756946263859691,1.66677125637342]
["8404_102_BOLA2_BolA_like_protein_2","FTjVRz","osteoporosis","BOLA2","Simple mode",14,-0.0585122124691857,0.204611434509293,0.779409102472589,-0.459550624107401,0.342526199169029,0.943166721934804,0.631567392908455,1.40850125474129]
["8406_17_IGF1_IGF_I","FTjVRz","osteoporosis","IGF1","Simple mode",10,0.323323649360338,0.305327286753296,0.317218362109521,-0.275117832676122,0.921765131396799,1.38171246890373,0.759482626081929,2.51372352857233]
["8424_269_CTNNB1_b_Catenin","FTjVRz","osteoporosis","CTNNB1","Simple mode",16,0.110599654337663,0.12373188215494,0.385511529221104,-0.131914834686019,0.353114143361345,1.11694765218459,0.876415632113571,1.42349361650706]
["8427_118_RSPO3_RSPO3","FTjVRz","osteoporosis","RSPO3","Simple mode",11,-0.326733854847389,0.378872673335264,0.408680986451498,-1.06932429458451,0.415856584889728,0.721275681510055,0.343240368454166,1.51566848352007]
["8429_16_AXIN2_AXIN2","FTjVRz","osteoporosis","AXIN2","Weighted mode",12,-0.169771610398205,0.204998790898989,0.425184087347662,-0.571569240560223,0.232026019763813,0.843857522873112,0.564638689186912,1.26115254329272]
["8450_36_ADCYAP1_PACAP_38","FTjVRz","osteoporosis","ADCYAP1","Simple mode",13,-5.01577140428056E-3,0.218905080496677,0.982096275989248,-0.434069729177767,0.424038186369206,0.994996786572356,0.6478670786716,1.52811994602237]
["8458_111_SNCA_a_Synuclein","FTjVRz","osteoporosis","SNCA","Weighted mode",10,-0.0987475424116109,0.216554038050386,0.659197070556431,-0.523193456990367,0.325698372167145,0.905971398509427,0.592625000456018,1.38499755205323]
["8462_18_GH1_HGH","FTjVRz","osteoporosis","GH1","Simple mode",14,-0.0079829197482848,0.234633804403719,0.973375750006367,-0.467865176379573,0.451899336883004,0.992048859136582,0.626337963117009,1.57129376928784]
["8465_52_CTSH_Cathepsin_H","FTjVRz","osteoporosis","CTSH","Weighted mode",23,0.0421034282003157,0.0460964993159744,0.37094673872253,-0.0482457104589942,0.132452566859625,1.04300234902814,0.952899620906916,1.14162486395246]
["8469_41_IGFBP2_IGFBP_2","FTjVRz","osteoporosis","IGFBP2","Inverse variance weighted",22,0.109633886734861,0.0939188194759484,0.243078713122403,-0.0744469994379975,0.29371477290772,1.11586946105292,0.928256670880481,1.34140124512055]
["8476_11_CHGA_CgA","FTjVRz","osteoporosis","CHGA","Simple mode",18,-0.0264749982741035,0.17257563435285,0.87988049734121,-0.36472324160569,0.311773245057483,0.973872392021764,0.694388802216933,1.36584494582027]
["8484_24_LEP_Leptin","FTjVRz","osteoporosis","LEP","Inverse variance weighted",23,-0.0246478715139103,0.0865505435796443,0.775812627452286,-0.194286936930013,0.144991193902193,0.97565340690474,0.823421600301934,1.15602939011532]
["8520_8_ADAM30_ADA30","FTjVRz","osteoporosis","ADAM30","Simple mode",13,-0.156666818032551,0.266527279476767,0.567558525451133,-0.679060285807013,0.365726649741912,0.854988878243302,0.507093291301109,1.44156113768359]
["8535_102_DMKN_Dermokine","FTjVRz","osteoporosis","DMKN","Inverse variance weighted",10,-0.0749754375847207,0.148087402121803,0.612651817643895,-0.365226745743456,0.215275870574014,0.927766274229199,0.694039262586508,1.2402039855632]
["8569_147_ARL8B_ARL8B","FTjVRz","osteoporosis","ARL8B","Inverse variance weighted",7,0.106342817989686,0.185476898645314,0.56640905804733,-0.257191903355129,0.469877539334502,1.11220309438756,0.773219816049942,1.59979826886042]
["8569_147_ARL8B_ARL8B","FTjVRz","osteoporosis","ARL8B","Simple mode",7,0.314663777301346,0.341965759626187,0.392980027067183,-0.355589111565981,0.984916666168673,1.36979867611589,0.700760495471506,2.67758874139496]
["8597_1_TMEM9_TMEM9","FTjVRz","osteoporosis","TMEM9","Inverse variance weighted",12,-0.056565770706476,0.11389665859808,0.619442109524361,-0.279803221558712,0.16667168014576,0.945004328848827,0.755932478035916,1.18136633560622]
["8606_39_GPNMB_GPNMB","FTjVRz","osteoporosis","GPNMB","Simple mode",23,-0.0305937413304394,0.101687530338445,0.766346006445621,-0.229901300793792,0.168713818132913,0.969869510947435,0.794612026209322,1.18378131369689]
["8631_13_ERMAP_ERMAP","FTjVRz","osteoporosis","ERMAP","Inverse variance weighted",11,-0.0175374350320415,0.0875078779795216,0.84116010722083,-0.189052875871904,0.153978005807821,0.982615450735672,0.827742737918608,1.16646523103584]
["8646_61_LRRTM4_LRRT4","FTjVRz","osteoporosis","LRRTM4","Simple mode",14,0.172148431183239,0.189189527703833,0.379423491237117,-0.198663043116273,0.542959905482751,1.18785413472399,0.819826092842092,1.72109360472949]
["8654_13_ADAM10_ADAM_10","FTjVRz","osteoporosis","ADAM10","Inverse variance weighted",14,0.180362261036109,0.0859148819991779,0.0357892850137652,0.0119690923177206,0.348755429754498,1.19765114689096,1.01204100854073,1.41730251792608]
["8664_36_PKDCC_PKDCC","FTjVRz","osteoporosis","PKDCC","Simple mode",15,-0.173789986426913,0.157586207647773,0.288700339385095,-0.482658953416548,0.135078980562722,0.840473389944602,0.617140261064527,1.14462718408046]
["8681_93_PGRMC2_PGRC2","FTjVRz","osteoporosis","PGRMC2","Weighted median",15,0.096347318372595,0.122994737393292,0.43342451675519,-0.144722366918258,0.337417003663448,1.1011414442407,0.865262485256853,1.40132329886528]
["8690_25_CAV3_CAV3","FTjVRz","osteoporosis","CAV3","Inverse variance weighted",7,-0.11436703578743,0.186134196660481,0.538929082267768,-0.479190061241973,0.250455989667113,0.891930525374013,0.619284771473992,1.28461105252186]
["8696_15_GAL3ST1_G3ST1","FTjVRz","osteoporosis","GAL3ST1","Inverse variance weighted",24,0.0222859451940482,0.0450642346401611,0.620926766388797,-0.0660399547006676,0.110611845088764,1.02253613196344,0.93609346221035,1.11696126869841]
["8700_325_GALNT11_GLT11","FTjVRz","osteoporosis","GALNT11","Weighted median",13,0.0963923435790553,0.119714805620995,0.420714001926082,-0.138248675438095,0.331033362596206,1.10119102447774,0.870882097828914,1.39240624582062]
["8748_45_CD74_HG2A","FTjVRz","osteoporosis","CD74","Inverse variance weighted",12,-0.0214127468702578,0.128947531362676,0.868111442375201,-0.274149908341103,0.231324414600587,0.978814878404923,0.760218103683651,1.2602680224852]
["8750_46_VCL_Vinculin","FTjVRz","osteoporosis","VCL","Weighted median",11,0.215090473411456,0.217454927056947,0.322601157949316,-0.21112118362016,0.641302130443071,1.23997407657617,0.809675941474056,1.89895195327377]
["8756_41_KCNE5_KCE1L","FTjVRz","osteoporosis","KCNE5","Inverse variance weighted",13,-0.0163413337379202,0.136020068622885,0.904372929595044,-0.282940668238774,0.250258000762934,0.983791461521726,0.753564496842168,1.28435673896374]
["8758_2_PCDHA7_PCDA7","FTjVRz","osteoporosis","PCDHA7","Weighted median",13,-0.0993516314817537,0.145945500090252,0.496033021666508,-0.385404811658647,0.18670154869514,0.905424276361618,0.680175237599962,1.20526751770271]
["8760_10_DCUN1D5_DCNL5","FTjVRz","osteoporosis","DCUN1D5","Simple mode",13,0.113503622891976,0.138965902861323,0.429975241931958,-0.158869546716218,0.385876792500169,1.12019594723394,0.853107642403701,1.47090343331555]
["8768_4_BCL10_Bcl_10","FTjVRz","osteoporosis","BCL10","Weighted median",12,-0.17373183630416,0.199906855311328,0.384812167071151,-0.565549272714362,0.218085600106042,0.840522264996429,0.568048047758575,1.24369352336017]
["8772_5_EFNB2_EFNB2","FTjVRz","osteoporosis","EFNB2","Simple mode",11,-0.0132863666038725,0.261015836772311,0.960405605119525,-0.524877406677601,0.498304673469856,0.98680150755827,0.591627889549776,1.64592851777206]
["8775_61_FAM24B_FA24B","FTjVRz","osteoporosis","FAM24B","Weighted median",8,-0.127522392999002,0.244930897484623,0.602613111251839,-0.607586952068862,0.352542166070858,0.880273703645347,0.544663583949986,1.42267964329455]
["8780_2_PCDH10_PCD10","FTjVRz","osteoporosis","PCDH10","Weighted median",10,0.0069496665653415,0.0243984349420962,0.775766211837183,-0.0408712659211671,0.0547705990518501,1.0069738715377,0.959952700620387,1.05629827105472]
["8786_6_FAM171B_F171B","FTjVRz","osteoporosis","FAM171B","Weighted median",9,-0.0485706608083064,0.105832500967801,0.646277980613569,-0.256002362705196,0.158861041088583,0.95259002614643,0.774140139725157,1.17217505119399]
["8791_151_CA5A_Carbonic_Anhydrase_VA","FTjVRz","osteoporosis","CA5A","Weighted median",13,0.0780861650636267,0.178717101487593,0.662164947330127,-0.272199353852056,0.428371683979309,1.08121581768622,0.761702397645968,1.53475641934141]
["8800_14_TTC17_TTC17","FTjVRz","osteoporosis","TTC17","Weighted median",9,-0.00991208517663299,0.182907572517955,0.956782377310742,-0.368410927311825,0.348586756958559,0.990136877631594,0.691832830263676,1.41706347770804]
["8804_39_COL20A1_COKA1","FTjVRz","osteoporosis","COL20A1","MR Egger",17,0.0533741767401308,0.29760700961902,0.860067337770902,-0.529935562113149,0.636683915593411,1.05482426199029,0.588642899360832,1.89020240436351]
["8807_13_SNX1_SNX1","FTjVRz","osteoporosis","SNX1","Inverse variance weighted",14,0.0163592882309239,0.114810929352359,0.886693810660719,-0.2086701332997,0.241388709761547,1.01649383407675,0.811662932062072,1.27301577280485]
["8814_33_PSAPL1_SAPL1","FTjVRz","osteoporosis","PSAPL1","MR Egger",17,0.0438962677374724,0.244698270137672,0.860032719506329,-0.435712341732365,0.523504877207309,1.04487396212648,0.646803757625799,1.68793329330272]
["8814_33_PSAPL1_SAPL1","FTjVRz","osteoporosis","PSAPL1","Inverse variance weighted",17,-0.048458101880788,0.0853287577155005,0.570103664795484,-0.215702467003169,0.118786263241593,0.952697254692789,0.805975070380251,1.12612919735962]
["8818_13_IFNGR2_INGR2","FTjVRz","osteoporosis","IFNGR2","MR Egger",14,-0.216691750202558,0.433375344847026,0.626111045579744,-1.06610742610273,0.632723925697613,0.805178127050317,0.344346305450344,1.88273202302078]
["8828_21_ESRP1_ESRP1","FTjVRz","osteoporosis","ESRP1","Inverse variance weighted",14,0.0123529025105241,0.0838150948025054,0.882829888821397,-0.151924683302387,0.176630488323435,1.0124295147469,0.859052979338129,1.19319011397921]
["8832_55_BST2_BST_2","FTjVRz","osteoporosis","BST2","MR Egger",12,0.388484467154655,0.767336626571422,0.623636644192034,-1.11549532092533,1.89246425523464,1.47474407631515,0.327752895819402,6.63570060972102]
["8837_8_MFAP3L_MFA3L","FTjVRz","osteoporosis","MFAP3L","Inverse variance weighted",13,0.088355559267854,0.0832820826668189,0.288726629693698,-0.074877322759111,0.251588441294819,1.09237645755943,0.927857306321127,1.28606663643288]
["8840_61_C1S_C1s","FTjVRz","osteoporosis","C1S","MR Egger",10,0.100323091601054,0.293429971344247,0.741235735230067,-0.474799652233669,0.675445835435778,1.10552804720661,0.622009662228824,1.96490880669125]
["8841_65_CILP2_CILP2","FTjVRz","osteoporosis","CILP2","MR Egger",13,-0.160339956035567,0.442912709761143,0.724201126937329,-1.02844886716741,0.707768955096274,0.851854146777576,0.357561155491003,2.02945839121054]
["8843_34_MYRF_MRF","FTjVRz","osteoporosis","MYRF","Weighted median",16,0.0492625366784602,0.0935885863510474,0.598628836104794,-0.134171092569593,0.232696165926513,1.05049610829922,0.874440441541903,1.26199798308267]
["8852_10_SUN3_SUN3","FTjVRz","osteoporosis","SUN3","MR Egger",13,-0.0408025828188553,0.166315553431285,0.81071603224106,-0.366781067544174,0.285175901906463,0.960018635414216,0.692961340166288,1.32999595637097]
["8853_2_CLEC4A_CLC4A","FTjVRz","osteoporosis","CLEC4A","Weighted median",19,0.0751746486659912,0.109867850489769,0.493831266812704,-0.140166338293955,0.290515635625938,1.07807241835353,0.869213639859315,1.33711677534506]
["8859_51_CA11_CAH11","FTjVRz","osteoporosis","CA11","Weighted mode",8,0.110474502596049,0.098883113463391,0.300772477873051,-0.0833363997921975,0.304285404984295,1.11680787298761,0.920041593355298,1.35565591183599]
["8864_59_CENPW_CENPW","FTjVRz","osteoporosis","CENPW","Weighted median",12,0.265612824964507,0.178640648930909,0.13705298896353,-0.0845228469400751,0.615748496869089,1.30422999562449,0.918950659926332,1.85104157999409]
["8866_53_QPCTL_QPCTL","FTjVRz","osteoporosis","QPCTL","Weighted mode",18,-0.00433012365105023,0.0816530239514968,0.958325577326272,-0.164370050595984,0.155709803293884,0.995679237817387,0.848428002494287,1.16848706278679]
["8870_38_NPM1_NPM1","FTjVRz","osteoporosis","NPM1","Weighted median",13,-0.00306766307365372,0.139675222263265,0.982477606246998,-0.276831098709653,0.270695772562345,0.996937037396998,0.758182544306588,1.31087620520581]
["8870_38_NPM1_NPM1","FTjVRz","osteoporosis","NPM1","Weighted mode",13,-0.0269255564779409,0.152619938406695,0.86290462784181,-0.326060635755064,0.272209522799182,0.973433704660564,0.721761421556069,1.31286204702696]
["8876_51_NRXN2_NRX2B","FTjVRz","osteoporosis","NRXN2","Inverse variance weighted",19,0.0716830224384529,0.0742524501390059,0.334346476662417,-0.0738517798339987,0.217217824710904,1.07431475641552,0.928809351915508,1.24261474485792]
["8878_48_YTHDC1_YTDC1","FTjVRz","osteoporosis","YTHDC1","Weighted mode",12,7.30476745696462E-3,0.193842363277718,0.970614791452943,-0.372626264567362,0.387235799481291,1.00733151235285,0.688922659544439,1.47290376027127]
["8885_6_CACNA2D3_CA2D3","FTjVRz","osteoporosis","CACNA2D3","Inverse variance weighted",26,-0.0397254283012547,0.0681166550125571,0.559760695950658,-0.173234072125867,0.0937832155233572,0.961053280960857,0.840940751016036,1.09832162102942]
["8888_33_SMIM9_CX068","FTjVRz","osteoporosis","SMIM9","Simple mode",19,0.00296614921966354,0.173987522820227,0.986585824910061,-0.338049395507982,0.343981693947309,1.00297055259287,0.7131600601248,1.4105528136172]
["8890_9_TMEM132B_T132B","FTjVRz","osteoporosis","TMEM132B","Weighted mode",13,-0.0360971412334929,0.0653825830081652,0.591020188222649,-0.164247003929497,0.0920527214625108,0.964546591686365,0.848532405154817,1.09642262556141]
["8893_29_PARP1_PARP","FTjVRz","osteoporosis","PARP1","MR Egger",11,0.0395285307177928,0.62028298726422,0.950580866538125,-1.17622612432008,1.25528318575566,1.04032017954301,0.308440561267946,3.50883188487074]
["8893_29_PARP1_PARP","FTjVRz","osteoporosis","PARP1","Weighted mode",11,-0.0775595270681819,0.221637120777677,0.733642467181617,-0.511968283792429,0.356849229656065,0.925371938078638,0.599314795536567,1.42882042986567]
["8897_3_LRRC37A2_L37A2","FTjVRz","osteoporosis","LRRC37A2","Weighted median",14,0.0473522515788298,0.175521891733562,0.787329704702288,-0.296670656218952,0.391375159376612,1.0484912767459,0.743288769588879,1.47901327504289]
["8900_28_NEO1_NEO1","FTjVRz","osteoporosis","NEO1","Simple mode",19,-0.129610922677551,0.183029397286558,0.487926251133319,-0.488348541359204,0.229126696004102,0.878437144411852,0.613638957209518,1.25750134931375]
["8905_20_KCNMB3_KCMB3","FTjVRz","osteoporosis","KCNMB3","Weighted median",24,0.0702082405763489,0.0692203046444122,0.310452817213583,-0.065463556526699,0.205880037679397,1.07273154423183,0.936633180303951,1.22860580875063]
["8908_14_KCNE5_KCE1L","FTjVRz","osteoporosis","KCNE5","Simple mode",17,0.257662340008229,0.188424403456148,0.190385588970154,-0.111649490765821,0.626974170782279,1.29390184596764,0.894357683194467,1.87193783701685]
["8909_77_GNPDA1_GNPI1","FTjVRz","osteoporosis","GNPDA1","Weighted median",10,0.23404087093574,0.172315821034187,0.174397427208526,-0.103698138291266,0.571779880162746,1.26369613959605,0.901497383893617,1.77141715745501]
["8916_32_STIM1_STIM1","FTjVRz","osteoporosis","STIM1","Simple mode",18,0.150942947884981,0.192130684229756,0.442899132007088,-0.225633193205341,0.527519088975303,1.16293030855542,0.798010763757528,1.69472263279864]
["8922_4_TMCC3_TMCC3","FTjVRz","osteoporosis","TMCC3","Weighted median",22,0.0659134224131068,0.0751161494662146,0.380222337536219,-0.0813142305406738,0.213141075366887,1.06813423667799,0.921903955546657,1.23755922805121]
["8922_4_TMCC3_TMCC3","FTjVRz","osteoporosis","TMCC3","Simple mode",22,0.0820776182989509,0.109483880835511,0.461765419723586,-0.132510788138651,0.296666024736553,1.0855400643329,0.875893484794875,1.34536590547633]
["8924_55_CALY_CALY","FTjVRz","osteoporosis","CALY","Inverse variance weighted",13,0.0216309055813236,0.139764384663682,0.877005058302561,-0.252307288359493,0.29556909952214,1.02186654961699,0.777005936500811,1.34389094879848]
["8929_7_BDP1_BDP1","FTjVRz","osteoporosis","BDP1","Inverse variance weighted",15,0.157808539167218,0.102362600404186,0.123155731913136,-0.0428221576249865,0.358439235959423,1.1709419837172,0.958081762452959,1.43109407042794]
["8932_1_ENTPD6_ENTP6","FTjVRz","osteoporosis","ENTPD6","Simple mode",9,0.0329824572161062,0.229202201911538,0.889137417748786,-0.416253858530508,0.48221877296272,1.03353240804659,0.659512826274789,1.61966408525543]
["8941_4_NLGN3_NLGN3","FTjVRz","osteoporosis","NLGN3","MR Egger",11,-0.27414498729902,0.916774281543151,0.771705479618066,-2.0710225791236,1.52273260452556,0.760221844758136,0.126056812710711,4.58473636465628]
["8946_38_NR1H4_NR1H4","FTjVRz","osteoporosis","NR1H4","Simple mode",17,0.0643224744872626,0.165886781390852,0.703311484985307,-0.260815617038807,0.389460566013332,1.06643624179849,0.770422959386443,1.47618427509873]
["8950_4_CLCA2_CLCA2","FTjVRz","osteoporosis","CLCA2","MR Egger",18,0.170594418819162,0.1842555779636,0.36827518266205,-0.190546513989494,0.531735351627818,1.18600962827603,0.826507312682488,1.70188311316709]
["8953_47_HDGF_HDGF","FTjVRz","osteoporosis","HDGF","Inverse variance weighted",13,-0.0568199420501011,0.0839477172081416,0.49850166229529,-0.221357467778059,0.107717583677856,0.944764166351338,0.801430143626723,1.113733164543]
["8955_60_GLT8D1_GL8D1","FTjVRz","osteoporosis","GLT8D1","MR Egger",17,0.12283174697211,0.08593244506365,0.17338549924484,-0.0455958453526444,0.291259339296863,1.13069416222572,0.955428024847407,1.33811156386742]
["8956_96_SCARF2_SREC_II","FTjVRz","osteoporosis","SCARF2","Inverse variance weighted",16,-0.00696383613610476,0.0862998177199343,0.935685689667828,-0.176111478867176,0.162183806594966,0.993060355183393,0.838524500365083,1.17607639205247]
["8958_51_CHL1_CHL1","FTjVRz","osteoporosis","CHL1","Weighted median",19,0.00603040758185718,0.072524934129063,0.933732715329499,-0.136118463311106,0.148179278474821,1.00604862709494,0.872739238784701,1.1597207907015]
["8959_61_ADAM17_ADAM_17","FTjVRz","osteoporosis","ADAM17","Inverse variance weighted",13,0.122158076715712,0.0965070070836881,0.205586523943039,-0.0669956571683163,0.311311810599741,1.12993270371432,0.935199262740946,1.36521484328503]
["8963_8_VTI1B_Vti1_rp1","FTjVRz","osteoporosis","VTI1B","Weighted median",14,-0.0431944439691717,0.147515253423291,0.76966477973871,-0.332324340678821,0.245935452740478,0.957725148081633,0.717254650263736,1.27881702674318]
["8969_49_CD14_CD14","FTjVRz","osteoporosis","CD14","Inverse variance weighted",11,0.0809675272263219,0.181345021232307,0.655248158388636,-0.274468714389001,0.436403768841644,1.08433568460777,0.759975780183626,1.5471333528941]
["8971_9_NRXN1_NRX1A","FTjVRz","osteoporosis","NRXN1","Weighted median",20,0.0294747258601502,0.0169329228093805,0.0817404546209154,-0.00371380284623563,0.062663254566536,1.02991340496751,0.996293084790475,1.06466825668558]
["8974_172_COL15A1_COFA1","FTjVRz","osteoporosis","COL15A1","Weighted median",23,0.0274645652361902,0.0772111836228716,0.722059936817937,-0.123869354664638,0.178798485137019,1.0278451930103,0.883495257877497,1.19577975249402]
["8978_30_MAP4K3_M4K3","FTjVRz","osteoporosis","MAP4K3","Inverse variance weighted",11,0.213308628245445,0.206770362548332,0.30224974396654,-0.191961282349286,0.618578538840177,1.23776660203482,0.825338823053347,1.85628752497665]
["8980_19_CD200R1L_MO2R2","FTjVRz","osteoporosis","CD200R1L","MR Egger",7,0.014233525511446,0.89178282314374,0.987882999996933,-1.73366080785028,1.76212785887318,1.01433530445343,0.176636592301608,5.82481860895405]
["8983_7_GOLM1_GOLM1","FTjVRz","osteoporosis","GOLM1","Inverse variance weighted",12,0.134360478236302,0.0768851222699575,0.0805422438850052,-0.0163343614128143,0.285055317885419,1.14380506216944,0.983798320859545,1.3298355897796]
["8989_40_SCUBE1_SCUB1","FTjVRz","osteoporosis","SCUBE1","MR Egger",25,-0.0119907130504806,0.144992029979107,0.934806309307163,-0.29617509180953,0.272193665708569,0.988080889076659,0.743657208334034,1.31284122901958]
["8991_115_FCRL4_FCRL4","FTjVRz","osteoporosis","FCRL4","Weighted median",7,-0.258149332601454,0.22050642885303,0.241714906071558,-0.690341933153393,0.174043267950485,0.772479867065142,0.501404592897457,1.19010705819964]
["8994_65_SLAMF8_SLAMF8","FTjVRz","osteoporosis","SLAMF8","MR Egger",15,0.123476000851411,0.203142637169155,0.553771507633245,-0.274683568000133,0.521635569702955,1.13142285103113,0.759812514182654,1.68478097417553]
["9000_177_SLC3A1_SLC31","FTjVRz","osteoporosis","SLC3A1","Weighted median",13,0.228923215334167,0.140231551247364,0.102581391651159,-0.0459306251106657,0.503777055779,1.25724549812801,0.955108220419453,1.65496035817698]
["9003_99_MARCO_MARCO","FTjVRz","osteoporosis","MARCO","MR Egger",20,0.278407172790189,0.269214450900419,0.314762705497572,-0.249253150974632,0.80606749655501,1.32102397273477,0.77938264693238,2.23908543949319]
["9004_24_LDLRAD4_CR001","FTjVRz","osteoporosis","LDLRAD4","Weighted median",16,-0.0796912803494349,0.117258384744202,0.496744363109377,-0.30951771444807,0.1501351537492,0.923401374537155,0.733800772407742,1.16199127959396]
["9005_16_PLXNA1_PLXA1","FTjVRz","osteoporosis","PLXNA1","Weighted median",19,-0.0617522908350924,0.0668125141920296,0.35534974433247,-0.19270481865147,0.0692002369812857,0.940115733233995,0.824725381763001,1.07165077178148]
["9012_1_PRPF6_PRP6","FTjVRz","osteoporosis","PRPF6","Weighted median",16,-0.112241028494953,0.155013853916265,0.469022177969489,-0.416068182170832,0.191586125180926,0.893828793326097,0.659635293584821,1.21116914080955]
["9015_1_PRG3_PRG3","FTjVRz","osteoporosis","PRG3","Weighted median",41,0.0611034827214038,0.0727582188092691,0.401011819722285,-0.0815026261447636,0.203709591587571,1.06300891155073,0.921730289253536,1.22594207786248]
["9017_58_LCT_LPH","FTjVRz","osteoporosis","LCT","MR Egger",24,0.0153830296984464,0.0261783054061237,0.562767465983733,-0.0359264488975561,0.0666925082944488,1.01550195754076,0.964711246449473,1.06896672923066]
["9021_1_HAVCR1_TIM_1","FTjVRz","osteoporosis","HAVCR1","Weighted median",17,0.115496343170924,0.105465267640325,0.273467310435285,-0.0912155814041132,0.322208267745962,1.12243041000462,0.91282090247405,1.38017219137786]
["9025_5_AHSP_AHSP","FTjVRz","osteoporosis","AHSP","Weighted mode",17,0.0714105298161161,0.102773996587796,0.497128538107793,-0.130026503495964,0.272847563128196,1.07402205345184,0.878072158630252,1.31369997324633]
["9028_5_MTPAP_PAPD1","FTjVRz","osteoporosis","MTPAP","Weighted median",10,0.0816730360383463,0.130379049592272,0.531034506510593,-0.173869901162506,0.337215973239199,1.08510096291201,0.840406226419585,1.4010416185621]
["9032_30_ROS1_ROS1","FTjVRz","osteoporosis","ROS1","Weighted mode",16,0.241625108229888,0.121272620039726,0.0648492218029366,0.00393077295202479,0.479319443507751,1.27331674735727,1.00393850857236,1.61497494642984]
["9038_12_JTB_JTB","FTjVRz","osteoporosis","JTB","MR Egger",18,0.25957685121661,0.207176464813353,0.228235000679526,-0.146489019817563,0.665642722250783,1.29638140837192,0.863735216252946,1.94574069037402]
["9039_47_TOR1AIP1_TOIP1","FTjVRz","osteoporosis","TOR1AIP1","Weighted mode",25,0.0491877943335577,0.0669779123318579,0.469827071375128,-0.0820889138368838,0.180464502503999,1.05041759469095,0.921190048513216,1.19777360276216]
["9043_7_TFIP11_TFP11","FTjVRz","osteoporosis","TFIP11","MR Egger",22,0.199591461743882,0.14868763134205,0.194521064323167,-0.0918362956865348,0.4910192191743,1.22090387032166,0.912254477314871,1.63398075606474]
["9045_3_SLC27A2_S27A2","FTjVRz","osteoporosis","SLC27A2","MR Egger",10,-0.773411099760215,0.600030083145453,0.233434029820361,-1.9494700627253,0.402647863204873,0.461436375202492,0.142349487901463,1.49578007971061]
["9049_2_SLC16A3_MOT4","FTjVRz","osteoporosis","SLC16A3","MR Egger",10,0.429177389162362,0.287892144244054,0.174360947851109,-0.135091213555985,0.993445991880708,1.53599347882889,0.873636220587318,2.70052444187675]
["9053_16_CRIP2_CRIP2","FTjVRz","osteoporosis","CRIP2","MR Egger",12,-0.172882253639762,0.587322880180972,0.774505199720864,-1.32403509879447,0.978270591514943,0.841236661568311,0.266059556460234,2.65985229090003]
["9057_19_ADRM1_ADRM1","FTjVRz","osteoporosis","ADRM1","MR Egger",10,-1.42264308408978,0.913049499758754,0.157820470639241,-3.21222010361694,0.36693393543738,0.241075989975534,0.0402671167914284,1.44330256481277]
["9058_1_TIMM21_TIM21","FTjVRz","osteoporosis","TIMM21","MR Egger",10,-0.391558061173459,0.700637931703524,0.591553152692778,-1.76480840731237,0.981692284965449,0.676002799839421,0.171219587763593,2.66896907859455]
["9059_14_RAPGEF5_RPGF5","FTjVRz","osteoporosis","RAPGEF5","Weighted mode",13,0.169765846310395,0.0941747775790307,0.0965926758855691,-0.0148167177445056,0.354348410365295,1.1850273403075,0.985292509688408,1.42525167244027]
["9068_17_JAKMIP3_JKIP3","FTjVRz","osteoporosis","JAKMIP3","MR Egger",19,-0.0293061827859092,0.106600503244451,0.786693992828034,-0.238243169145033,0.179630803573215,0.971119078996715,0.788011047821074,1.19677543633318]
["9068_17_JAKMIP3_JKIP3","FTjVRz","osteoporosis","JAKMIP3","Weighted mode",19,-0.0348019213973942,0.0614690775597759,0.578269700328328,-0.155281313414555,0.0856774706197665,0.965796700973166,0.856174290289747,1.08945489042305]
["9076_25_PENK_PENK","FTjVRz","osteoporosis","PENK","Weighted mode",24,-0.0612849061394793,0.0541141640733725,0.26908839352622,-0.167348667723289,0.0447788554443308,0.940555231639227,0.845904620275174,1.04579656211849]
["9077_10_MAN1A2_MA1A2","FTjVRz","osteoporosis","MAN1A2","Weighted mode",24,-0.15650627348258,0.0703771124717604,0.0362625553809031,-0.29444541392723,-0.0185671330379293,0.855126153067058,0.744944608832418,0.981604174309508]
["9081_39_SLC30A3_ZNT3","FTjVRz","osteoporosis","SLC30A3","Weighted mode",18,0.13789029774673,0.0891854845707244,0.140491041653383,-0.0369132520118902,0.312693847505349,1.14784962167707,0.963759735941024,1.3671029249813]
["9087_8_NHLRC3_NHLC3","FTjVRz","osteoporosis","NHLRC3","Weighted mode",19,-0.00687749043772268,0.0607723032006472,0.911149849082798,-0.125991204710991,0.112236223835546,0.993146105375324,0.881622600874888,1.11877711125301]
["9092_33_ANGPTL1_ANGL1","FTjVRz","osteoporosis","ANGPTL1","Weighted mode",14,0.139754705889035,0.149170510153042,0.365900463681157,-0.152619494010927,0.432128905788998,1.14999167807107,0.858456307439898,1.54053368607266]
["9094_5_CLEC4C_CLC4C","FTjVRz","osteoporosis","CLEC4C","MR Egger",32,-0.00139058069730563,0.0562081144551788,0.980426296156781,-0.111558485029456,0.108777323634845,0.998610385712024,0.894439078577667,1.11491405768819]
["9099_19_SYT5_SYT5","FTjVRz","osteoporosis","SYT5","Weighted mode",13,-0.0518511259458982,0.138044402737,0.713760955413593,-0.322418155310418,0.218715903418622,0.949470207800712,0.724395217282475,1.24447767460838]
["9102_28_ZFYVE27_ZFY27","FTjVRz","osteoporosis","ZFYVE27","MR Egger",15,0.480418200759362,0.727504059391258,0.520549663357832,-0.945489755647503,1.90632615716623,1.61675038707392,0.388489259493682,6.72832452951296]
["9106_87_LYSMD4_LYSM4","FTjVRz","osteoporosis","LYSMD4","Weighted mode",14,0.0394366400782711,0.173640302726546,0.823865451717194,-0.300898353265759,0.379771633422301,1.04022458824844,0.740153003058785,1.46195069063403]
["9111_40_JPH4_JPH4","FTjVRz","osteoporosis","JPH4","Weighted mode",12,0.253547577235155,0.112403086897799,0.0454335398767907,0.0332375269154699,0.47385762755484,1.2885886855138,1.03379606447114,1.60617829521689]
["9115_78_ADAMDEC1_ADEC1","FTjVRz","osteoporosis","ADAMDEC1","Simple mode",7,0.199277485719028,0.205076070494219,0.368715367162585,-0.202671612449641,0.601226583887698,1.22052059595035,0.816546341055604,1.82435515320932]
["9116_28_HEPACAM2_HECA2","FTjVRz","osteoporosis","HEPACAM2","Weighted mode",15,0.115181194374298,0.117327652380505,0.342906697776544,-0.114781004291493,0.345143393040088,1.12207673314495,0.891561370643184,1.41219240371187]
["9121_28_FUT2_FUT2","FTjVRz","osteoporosis","FUT2","Simple mode",9,0.0402293310867399,0.156477791996971,0.803595869872626,-0.266467141227323,0.346925803400803,1.04104949182997,0.766081175799838,1.4147117546752]
["9125_23_MASP1_MASP3","FTjVRz","osteoporosis","MASP1","Simple mode",8,0.348512621798844,0.370451950711306,0.378142008017393,-0.377573201595316,1.07459844519301,1.41695842737481,0.685523018368999,2.92881658399362]
["9128_34_FLRT3_FLRT3","FTjVRz","osteoporosis","FLRT3","Simple mode",12,-0.0558025897471746,0.176318909406729,0.757557951826824,-0.401387652184363,0.289782472690014,0.945725813435693,0.669390520038082,1.33613681016534]
["9170_24_IL17A_IL_17","FTjVRz","osteoporosis","IL17A","Simple mode",10,-0.232743640350753,0.222598293121494,0.323024606345172,-0.669036294868882,0.203549014167376,0.79235667576907,0.512201951663877,1.22574523505098]
["9172_69_MMP8_MMP_8","FTjVRz","osteoporosis","MMP8","Simple mode",22,0.0204038515800709,0.163283161638274,0.901743774940722,-0.299631145230947,0.340438848391089,1.02061343315655,0.741091525417197,1.40556428486103]
["9173_21_PGM1_PGM1","FTjVRz","osteoporosis","PGM1","Simple mode",10,-0.226859531639685,0.194403397389147,0.273217434159463,-0.607890190522412,0.154171127243043,0.797032732308263,0.544498446046431,1.16669052222897]
["9176_3_MUC1_MUC1","FTjVRz","osteoporosis","MUC1","Weighted mode",21,0.094228245106438,0.0748117870210951,0.222337387346652,-0.0524028574549085,0.240859347667784,1.09881051542068,0.948946499656629,1.27234206484342]
["9177_6_FAM3B_FAM3B","FTjVRz","osteoporosis","FAM3B","Simple mode",10,-0.173540551317428,0.148569121092798,0.272785313245428,-0.464736028659312,0.117654926024456,0.84068305966505,0.628300936741917,1.12485588589548]
["9182_3_LRP1_sLRP1","FTjVRz","osteoporosis","LRP1","Weighted mode",15,-0.185728649515064,0.206193009371648,0.382954223413094,-0.589866947883493,0.218409648853365,0.830498920694299,0.554401044059787,1.24409660599415]
["9185_15_TFF1_TFF1","FTjVRz","osteoporosis","TFF1","Simple mode",16,-0.0312478778359306,0.165961986927752,0.853178112088137,-0.356533372214324,0.294037616542463,0.969235291350472,0.70009910722231,1.34183437788749]
["9187_2_HMGN1_HMGN1","FTjVRz","osteoporosis","HMGN1","Simple mode",16,0.0814030035752999,0.136218697136353,0.559027583242675,-0.185585642811951,0.348391649962551,1.08480798998422,0.830617696099523,1.41678702567949]
["9190_7_CD63_CD63","FTjVRz","osteoporosis","CD63","Simple mode",7,0.499837958089871,0.329101443489355,0.179616959172719,-0.145200871149265,1.14487678732901,1.6484541304007,0.864848552538903,3.14205419209844]
["9197_4_LGALS9_LEG9","FTjVRz","osteoporosis","LGALS9","Simple mode",9,0.3080107162873,0.158951164563105,0.0886510896689247,-0.0035335662563859,0.619554998830986,1.36071557067801,0.996472669441945,1.85810100072539]
["9199_6_UBE2G2_UB2G2","FTjVRz","osteoporosis","UBE2G2","Simple mode",18,0.403052066685215,0.18926246064826,0.048115950815414,0.0320976438146266,0.774006489555804,1.49638480143173,1.03261832917534,2.16843669213591]
["9207_60_CRYZL1_QORL1","FTjVRz","osteoporosis","CRYZL1","Inverse variance weighted",19,0.0404643520294692,0.0513651436002967,0.430826321843787,-0.0602113294271124,0.141140033486051,1.04129418901632,0.941565532053072,1.15158589728201]
["9211_19_SERPINF1_PEDF","FTjVRz","osteoporosis","SERPINF1","Simple mode",9,0.0295724266574462,0.16372819249837,0.861158351800371,-0.291334830639359,0.350479683954252,1.03001403324398,0.747265428763586,1.4197484158138]
["9213_24_FTCD_FTCD","FTjVRz","osteoporosis","FTCD","Inverse variance weighted",17,0.0123898427631333,0.0317218394131955,0.696109419037645,-0.0497849624867299,0.0745646480129965,1.0124669148397,0.951433996505247,1.07741499400938]
["9216_100_PLXNB2_PLXB2","FTjVRz","osteoporosis","PLXNB2","Simple mode",23,-0.035623006477723,0.119883899061538,0.769142689126747,-0.270595448638338,0.199349435682892,0.965004025183033,0.762925076361124,1.2206084155224]
["9221_6_ITPRIPL1_IPIL1","FTjVRz","osteoporosis","ITPRIPL1","Inverse variance weighted",16,0.118511685844042,0.104438018891394,0.256477497201122,-0.0861868311830908,0.323210202871175,1.12582003018241,0.91742281201806,1.38155572736616]
["9221_6_ITPRIPL1_IPIL1","FTjVRz","osteoporosis","ITPRIPL1","Weighted mode",16,0.0833485931157432,0.089344508662396,0.365650987055881,-0.091766643862553,0.258463830094039,1.08692063556707,0.912318019716048,1.29493931117269]
["9229_9_CTRL_CTRL","FTjVRz","osteoporosis","CTRL","Inverse variance weighted",20,0.107650850846671,0.0731703891515402,0.141227525517005,-0.035763111890348,0.25106481358369,1.11365884445556,0.964868832366744,1.28539339258364]
["9233_71_TFPI2_TFPI__2","FTjVRz","osteoporosis","TFPI2","Weighted mode",16,-0.0760427129862332,0.150238962595826,0.620112138406882,-0.370511079674052,0.218425653701585,0.92677662031694,0.690381400556174,1.24411651773084]
["9237_54_ACP2_Lysosomal_acid_phosphatase","FTjVRz","osteoporosis","ACP2","Weighted median",10,-0.0433370680261505,0.059928545607799,0.469590395907253,-0.160797017417437,0.0741228813651356,0.957588563175922,0.851464886108885,1.0769391331166]
["9243_10_LYG1_LYG1","FTjVRz","osteoporosis","LYG1","Inverse variance weighted",8,-0.170729969144877,0.2117677448195,0.420119880063385,-0.585794748991098,0.244334810701344,0.843049192032455,0.556663278385226,1.27677173577584]
["9248_36_MYDGF_CS010","FTjVRz","osteoporosis","MYDGF","Inverse variance weighted",9,0.0424500485543576,0.116916056874688,0.7165440597655,-0.18670542292003,0.271605520028746,1.04336393753497,0.829688107490564,1.31206931414388]
["9249_17_TMEM9_TMEM9","FTjVRz","osteoporosis","TMEM9","Inverse variance weighted",14,-0.085397924484992,0.112413552056168,0.447448028521058,-0.305728486515081,0.134932637545097,0.91814685858449,0.736586585498906,1.14445968814052]
["9254_18_FCER1A_FCERA","FTjVRz","osteoporosis","FCER1A","Inverse variance weighted",19,0.0280234025210129,0.0789039025591317,0.7224707498975,-0.126628246494885,0.182675051536911,1.02841975175466,0.881061149293551,1.2004242686755]
["9255_5_IL17C_IL_17C","FTjVRz","osteoporosis","IL17C","Weighted median",17,0.214324631597102,0.157927121788602,0.174745949012166,-0.0952125271085571,0.523861790302762,1.23902481611769,0.909179688603589,1.68853584632249]
["9263_57_SIAE_SIAE","FTjVRz","osteoporosis","SIAE","Inverse variance weighted",15,0.128651776934181,0.0877949981438937,0.142821176436698,-0.0434264194278508,0.300729973296212,1.13729402319249,0.957503005117973,1.35084452819028]
["9265_10_GLIPR1_GLIP1","FTjVRz","osteoporosis","GLIPR1","Weighted median",9,0.0573667611920364,0.126254168778438,0.649558810445892,-0.190091409613701,0.304824931997774,1.05904415547308,0.826883545383195,1.35638752216543]
["9265_10_GLIPR1_GLIP1","FTjVRz","osteoporosis","GLIPR1","Simple mode",9,0.0804009851369714,0.214164029289333,0.717108226693518,-0.339360512270121,0.500162482544064,1.08372153679018,0.712225636718836,1.64898918089142]
["9271_101_STIM1_STIM1","FTjVRz","osteoporosis","STIM1","Weighted median",15,0.0700588883990067,0.0846634793900102,0.407954664282554,-0.0958815312054133,0.235999308003427,1.07257134140361,0.908571647080947,1.2661734339789]
["9276_7_CPA2_CBPA2","FTjVRz","osteoporosis","CPA2","Simple mode",22,0.046996338636865,0.1575698297746,0.768437931563836,-0.261840527721351,0.355833204995081,1.0481181715314,0.769633749169367,1.42736945031314]
["9278_9_EPYC_Epiphycan","FTjVRz","osteoporosis","EPYC","Weighted median",28,0.117402207211367,0.0914860876841867,0.19939422435371,-0.061910524649639,0.296714939072373,1.12457164956855,0.93996698690407,1.34543171476552]
["9287_6_SPR_SPRE","FTjVRz","osteoporosis","SPR","Simple mode",16,0.0991509534558013,0.159522806121561,0.543571096721966,-0.213513746542458,0.41181565345406,1.10423297476202,0.807741056427517,1.50955612921873]
["9288_7_FKBP7_FKBP7","FTjVRz","osteoporosis","FKBP7","MR Egger",10,0.0465364846784163,0.0977226688335236,0.646658986787887,-0.14499994623529,0.238072915592123,1.04763630104481,0.865022339618415,1.26880170487968]
["9294_45_MFAP2_MFAP2","FTjVRz","osteoporosis","MFAP2","Weighted median",18,-0.159272309580944,0.104467668391821,0.127356741687686,-0.364028939628914,0.0454843204670252,0.852764111511113,0.694871085140583,1.04653459531161]
["9297_12_B3GNT8_B3GN8","FTjVRz","osteoporosis","B3GNT8","Inverse variance weighted",21,0.0491478383899019,0.0439729968504468,0.263702723076739,-0.0370392354369738,0.135334912216778,1.0503756251032,0.963638325836523,1.14492016789928]
["9310_2_CD8B_CD8B","FTjVRz","osteoporosis","CD8B","Weighted median",16,0.13609214430705,0.0955315707304042,0.154279313001295,-0.0511497343245425,0.323334022938642,1.14578746652294,0.950136391849835,1.38172680228057]
["9312_8_AZGP1_AZGP1","FTjVRz","osteoporosis","AZGP1","Inverse variance weighted",23,0.120970110433616,0.0784269775374092,0.122962982143486,-0.0327467655397059,0.274686986406938,1.12859117876225,0.967783604719609,1.31611864735917]
["9315_16_MUL1_MUL1","FTjVRz","osteoporosis","MUL1","MR Egger",11,0.0273984573979544,0.371664776156858,0.942847043965515,-0.701064503869487,0.755861418665395,1.02777724663247,0.496056968071594,2.12944507724962]
["9316_67_WFDC1_WFDC1","FTjVRz","osteoporosis","WFDC1","Inverse variance weighted",13,-0.0182422849212646,0.058523027459135,0.755259991968006,-0.132947418741169,0.09646284889864,0.981923098374979,0.875511126375636,1.10126866703992]
["9319_59_TMED4_TMED4","FTjVRz","osteoporosis","TMED4","MR Egger",14,0.166061234695902,0.216509882930364,0.457911628298018,-0.258298135847611,0.590420605239414,1.18064539597159,0.772364928105189,1.80474734197027]
["9321_400_NMB_NMB","FTjVRz","osteoporosis","NMB","Simple mode",10,-0.0616306126605579,0.190397658895277,0.753564818947276,-0.434810024095301,0.311548798774185,0.940230131760027,0.647387643449647,1.36553842139904]
["9329_28_TREML1_TRML1","FTjVRz","osteoporosis","TREML1","MR Egger",23,0.107770228900993,0.283103301811587,0.707268293816731,-0.447112242649717,0.662652700451703,1.11379179881735,0.639472128200394,1.93993157231716]
["9329_28_TREML1_TRML1","FTjVRz","osteoporosis","TREML1","Simple mode",23,-0.0132284566718672,0.170343975795102,0.938802614840353,-0.347102649230268,0.320645735886534,0.986858654821157,0.706732778958483,1.37801731232935]
["9335_28_PSG9_PSG9","FTjVRz","osteoporosis","PSG9","MR Egger",10,0.353866662232541,0.537068553993741,0.528473750969269,-0.69878770359519,1.40652102806027,1.42456522546892,0.497187677423798,4.08173044861182]
["9337_43_TAC1_TKN1","FTjVRz","osteoporosis","TAC1","Simple mode",25,0.0229681271835211,0.127714372115724,0.858788141547185,-0.227352042163298,0.27328829653034,1.02323392568034,0.796640281950835,1.31427909231412]
["9340_17_FKBP14_FKB14","FTjVRz","osteoporosis","FKBP14","Weighted mode",18,-0.07396570811949,0.163570646703987,0.656845806221509,-0.394564175659305,0.246632759420325,0.928703540286079,0.673973709397464,1.27970906537433]
["9345_436_WFDC13_WFD13","FTjVRz","osteoporosis","WFDC13","MR Egger",13,0.321896207232542,0.255747274587665,0.234214134151683,-0.179368450959283,0.823160865424366,1.37974156133003,0.835797892122613,2.27768793628657]
["9350_3_FSTL4_FSTL4","FTjVRz","osteoporosis","FSTL4","Weighted median",8,0.322866488958807,0.199648067903987,0.105839835878083,-0.0684437241330083,0.714176702050622,1.38108094904058,0.933846011618758,2.04250440015963]
["9357_4_CREG1_CREG1","FTjVRz","osteoporosis","CREG1","MR Egger",19,0.0401034564697092,0.0893103775010775,0.659078235332314,-0.134944883432403,0.215151796371821,1.04091845837094,0.873764069237269,1.24005011778884]
["9361_7_PCDHAC2_PCDC2","FTjVRz","osteoporosis","PCDHAC2","Weighted median",11,-0.165391000164317,0.221892188235042,0.456050199550403,-0.600299689105,0.269517688776365,0.84756224231532,0.548647187868893,1.30933279251626]
["9361_7_PCDHAC2_PCDC2","FTjVRz","osteoporosis","PCDHAC2","Weighted mode",11,-0.253124792976602,0.287144422228203,0.398726774118153,-0.81592786054388,0.309678274590675,0.776370990131356,0.442228810275079,1.36298653618387]
["9365_91_EYS_EYS","FTjVRz","osteoporosis","EYS","Inverse variance weighted",17,0.0986157001459352,0.110505810565242,0.372177044772877,-0.117975688561938,0.315207088853809,1.10364208855842,0.888717658356288,1.37054310577148]
["9369_174_LRRC4C_NGL1","FTjVRz","osteoporosis","LRRC4C","Weighted mode",14,0.240732653677925,0.125730315320723,0.0777992598882315,-0.00569876435069186,0.487164071706542,1.27218087696174,0.994317442805334,1.62769364594563]
["9372_157_MPZL2_MPZL2","FTjVRz","osteoporosis","MPZL2","Inverse variance weighted",12,0.097534196233818,0.0570430298561355,0.0872963004081738,-0.0142701422842076,0.209338534751844,1.10244914052732,0.985831193597712,1.23286229462262]
["9374_24_NNAT_NNAT","FTjVRz","osteoporosis","NNAT","Weighted mode",24,0.19531678400447,0.107063260474966,0.0811243893344826,-0.0145272065264644,0.405160774535404,1.21569603855665,0.985577804219006,1.49954356909801]
["9379_248_SMIM10_CX069","FTjVRz","osteoporosis","SMIM10","Inverse variance weighted",16,-0.0456406003643966,0.14667947669262,0.755679951902681,-0.333132374681931,0.241851173953138,0.955385265611779,0.716675318208955,1.27360463316802]
["9379_248_SMIM10_CX069","FTjVRz","osteoporosis","SMIM10","Weighted mode",16,0.129597343174641,0.208194598876843,0.542972903732807,-0.278464070623971,0.537658756973253,1.13836991861133,0.756945463839538,1.71199397249295]
["9384_17_CAMP_Cathelicidin_peptide","FTjVRz","osteoporosis","CAMP","Weighted mode",22,0.0329860830639035,0.118561282286428,0.783564707769155,-0.199394030217496,0.265366196345303,1.03353615548459,0.819227029523433,1.30390837484362]
["9386_42_TTC9B_TTC9B","FTjVRz","osteoporosis","TTC9B","Weighted median",9,-0.0220873302471922,0.103504819376614,0.831019488078969,-0.224956776225356,0.180782115730972,0.978154808819871,0.798550734390409,1.19815409192232]
["9388_18_MCEE_MCEE","FTjVRz","osteoporosis","MCEE","Weighted mode",8,-0.152339594367894,0.212588967883672,0.496831644739209,-0.569013971419891,0.264334782684104,0.858696622684417,0.566083337951976,1.30256419925255]
["9394_19_CPQ_Aminopeptidase","FTjVRz","osteoporosis","CPQ","Weighted median",31,0.0366777684908904,0.0643835639058908,0.568897498971929,-0.0895140167646555,0.162869553746436,1.03735869731774,0.914375448449013,1.17688315967592]
["9401_57_TRABD2A_CB089","FTjVRz","osteoporosis","TRABD2A","Weighted mode",18,-0.2130129505416,0.175210322682487,0.240691686076226,-0.556425182999274,0.130399281916074,0.808145671224584,0.573254685905011,1.13928318769513]
["9409_11_TPSAB1_TRYB1","FTjVRz","osteoporosis","TPSAB1","Weighted median",27,8.46404208868228E-3,0.0268493691948364,0.752578109645131,-0.044160721533197,0.0610888057105616,1.0084999633678,0.956800166724876,1.0629933098719]
["9416_77_CPM_CBPM","FTjVRz","osteoporosis","CPM","Simple mode",25,-0.133167334318167,0.13451437259712,0.332057654508794,-0.396815504608522,0.130480835972188,0.875318609010671,0.672458079605262,1.13937610464898]
["9444_70_DGCR6_DGCR6","FTjVRz","osteoporosis","DGCR6","Weighted median",13,0.181380510131342,0.129740953561872,0.162106917353502,-0.0729117588499281,0.435672779112612,1.19887127517952,0.929682862691417,1.54600282755524]
["9445_44_C19orf18_CS018","FTjVRz","osteoporosis","C19orf18","Simple mode",11,0.148204547553049,0.345079507213911,0.676680738058553,-0.528151286586216,0.824560381692314,1.15975009614714,0.589694138051102,2.2808778292396]
["9450_18_CDK2AP1_CDKA1","FTjVRz","osteoporosis","CDK2AP1","Inverse variance weighted",10,-0.129736698610788,0.122205313884096,0.288404167453574,-0.369259113823617,0.10978571660204,0.878326665108189,0.691246275777598,1.11603889622731]
["9457_3_CAV2_CAV2","FTjVRz","osteoporosis","CAV2","Simple mode",15,0.151165645102596,0.164788930934601,0.374503164980023,-0.171820659529222,0.474151949734414,1.16318931873877,0.842130187650901,1.60665109868838]
["9459_7_FAS_Fas__soluble","FTjVRz","osteoporosis","FAS","Inverse variance weighted",11,-0.26692881566971,0.146717088448148,0.0688590049403648,-0.554494309028081,0.0206366776886595,0.765727577330146,0.57436263777037,1.02085108627541]
["9470_15_METTL24_MET24","FTjVRz","osteoporosis","METTL24","Simple mode",14,-0.475254279383169,0.268225821984536,0.0998431243710708,-1.00097689047286,0.0504683317065217,0.621726944019679,0.367520238729488,1.05176355527066]
["9474_22_ASGR2_ASGR2","FTjVRz","osteoporosis","ASGR2","Simple mode",13,0.0097330848222601,0.313063019326934,0.975708988561079,-0.60387043305853,0.62333660270305,1.00978060534096,0.546691602764876,1.86514090534017]
["9484_75_DSG2_Desmoglein_2","FTjVRz","osteoporosis","DSG2","MR Egger",29,-0.00678654446436337,0.0602111296005161,0.911092373026388,-0.124800358481375,0.111227269552648,0.99323643212193,0.882673103194303,1.11764888555479]
["9486_13_DEFB125_DB125","FTjVRz","osteoporosis","DEFB125","Simple mode",6,0.540367645573934,0.324777691787483,0.157035548500767,-0.0961966303295316,1.1769319214774,1.71663786049734,0.908285402050901,3.2444048285252]
["9503_1_NMS_NMS","FTjVRz","osteoporosis","NMS","MR Egger",13,-0.314651047487181,1.11519249657286,0.783066748705985,-2.50042834076999,1.87112624579563,0.730043580368142,0.0820498458016144,6.49560793234604]
["9504_19_RAB27A_RB27A","FTjVRz","osteoporosis","RAB27A","Inverse variance weighted",11,0.0178020204035,0.114975083999181,0.876952404026607,-0.207549144234895,0.243153185041895,1.01796142084716,0.812573307498343,1.27526396051999]
["9506_10_APOL1_Apo_L1","FTjVRz","osteoporosis","APOL1","Weighted median",13,0.0135111730009643,0.0488672636795622,0.782173888067758,-0.0822686638109776,0.109291009812906,1.01360286137269,0.921024479506818,1.11548692075268]
["9511_61_NXPH2_NXPH2","FTjVRz","osteoporosis","NXPH2","Inverse variance weighted",31,0.0472686863635522,0.038635362220244,0.2211573115627,-0.0284566235881259,0.12299399631523,1.04840366300742,0.971944452694685,1.1308776314943]
["9518_95_PLA1A_PLA1A","FTjVRz","osteoporosis","PLA1A","Weighted median",8,-0.320609213688326,0.208695335930217,0.124475898010375,-0.729652072111552,0.0884336447348987,0.725706791865136,0.482076688839393,1.09246175961569]
["9524_46_SPATA31D4_S31D4","FTjVRz","osteoporosis","SPATA31D4","Inverse variance weighted",10,0.117049517414753,0.141956365379518,0.409629533156806,-0.161184958729102,0.395283993558607,1.12417509455675,0.851134631767923,1.48480580633483]
["9526_3_CLPSL1_COLL1","FTjVRz","osteoporosis","CLPSL1","Weighted median",13,0.0573606834629589,0.0890140173648763,0.519315715493643,-0.117106790572199,0.231828157498116,1.05903771890918,0.889490198923949,1.26090303347822]
["9531_24_LST1_LST1","FTjVRz","osteoporosis","LST1","Inverse variance weighted",11,0.165512219560575,0.15452661725077,0.284128076493796,-0.137359950250934,0.468384389372084,1.17999738168085,0.871656416711684,1.59741131262068]
["9541_15_B3GALT1_B3GT1","FTjVRz","osteoporosis","B3GALT1","Weighted median",12,0.02931762527135,0.15153026052421,0.846585390949947,-0.267681685356102,0.326316935898802,1.02975161767395,0.765151301206772,1.38585452632664]
["9541_15_B3GALT1_B3GT1","FTjVRz","osteoporosis","B3GALT1","Inverse variance weighted",12,0.040412964657099,0.112993644612644,0.720600038033865,-0.181054578783683,0.261880508097881,1.04124068101891,0.834389817471653,1.29937126880813]
["9547_29_EMID1_EMID1","FTjVRz","osteoporosis","EMID1","Inverse variance weighted",14,-0.131174528078596,0.167016316646673,0.432219386142324,-0.458526508706076,0.196177452548883,0.87706468861764,0.63221452211344,1.21674280028944]
["9557_5_MANSC1_MANS1","FTjVRz","osteoporosis","MANSC1","MR Egger",29,0.185098931885141,0.0883401102710243,0.0456576562038898,0.0119523157539334,0.358245548016349,1.20333748268467,1.01202403011262,1.43081691160312]
["9561_21_VCAN_CSPG2","FTjVRz","osteoporosis","VCAN","Inverse variance weighted",12,0.0655384491243234,0.156533489960205,0.675445309506871,-0.241267191197678,0.372344089446325,1.06773378995351,0.785631684471571,1.45113221467806]
["9573_108_TXNDC11_TXD11","FTjVRz","osteoporosis","TXNDC11","MR Egger",5,-0.278699667813243,1.07906868514494,0.81289785307191,-2.39367429069733,1.83627495507085,0.756767150621696,0.0912936275448375,6.27312700416916]
["9574_11_BIN1_BIN1","FTjVRz","osteoporosis","BIN1","Weighted median",12,-0.0893644793831562,0.127908860882759,0.484766127386506,-0.340065846713364,0.161336887947052,0.914512191983161,0.711723456569195,1.17508077268848]
["9578_263_MANSC4_MANS4","FTjVRz","osteoporosis","MANSC4","MR Egger",10,-0.676230834195444,0.359265351384899,0.0965692156606842,-1.38039092290985,0.0279292545189577,0.508530118990027,0.251480224460443,1.02832293264749]
["9580_5_LAMC2_Laminin_gamma_2","FTjVRz","osteoporosis","LAMC2","Weighted median",20,-4.36337082612468E-3,0.0661288210834288,0.947391446378553,-0.133975860149645,0.125249118497396,0.995646134845742,0.874611177331443,1.13343077647131]
["9582_93_SUSD1_SUSD1","FTjVRz","osteoporosis","SUSD1","MR Egger",10,-0.206070417174461,1.6636962763814,0.90447929471069,-3.466915118882,3.05477428453308,0.813775770474886,0.0312131712162437,21.2163961176544]
["9583_17_RNF24_RNF24","FTjVRz","osteoporosis","RNF24","Weighted median",16,0.0908627774429003,0.124022949324878,0.463784895494305,-0.152222203233861,0.333947758119662,1.09511871995635,0.858797431971686,1.39647018744041]
["9590_10_COX7A2L_COX7R","FTjVRz","osteoporosis","COX7A2L","Weighted median",11,0.254643669282275,0.187002450579406,0.173288474782482,-0.111881133853361,0.621168472417912,1.29000187167357,0.894150535412469,1.8611014175076]
["9598_23_CSMD1_CSMD1","FTjVRz","osteoporosis","CSMD1","Weighted median",13,-0.0206807709840134,0.18854769990196,0.912659548043746,-0.390234262791854,0.348872720823828,0.979531609575978,0.676898283841171,1.4174687646034]
["9599_6_PIANP_PIANP","FTjVRz","osteoporosis","PIANP","Weighted median",11,0.205011843538131,0.192609554428051,0.28715168607058,-0.172502883140849,0.582526570217111,1.22753960328918,0.841555862484192,1.790556687699]
["9606_4_NUP210L_P210L","FTjVRz","osteoporosis","NUP210L","Weighted median",13,0.0390670898843269,0.106873790944085,0.714705250875268,-0.17040554036608,0.248539720134734,1.03984024407172,0.843322745824254,1.28215174859811]
["9607_39_PRR27_CD040","FTjVRz","osteoporosis","PRR27","Weighted median",12,0.0845445521621994,0.131612004783123,0.52062829471971,-0.173414977212722,0.342504081537121,1.08822132576503,0.840788634316191,1.4084701023735]
["9713_67_PDGFRL_PGFRL","FTjVRz","osteoporosis","PDGFRL","Weighted mode",18,-0.0227386863188059,0.0512864376249558,0.663091454895222,-0.123260104063719,0.0777827314261075,0.977517889199417,0.884033691898238,1.08088779020752]
["9719_145_MMP16_MMP_16","FTjVRz","osteoporosis","MMP16","Weighted median",12,-0.172022249966388,0.2023976162464,0.395368279788062,-0.568721577809332,0.224677077876556,0.841960439368611,0.566248881303767,1.25191837876938]
["9723_105_MMRN2_EMILIN_3","FTjVRz","osteoporosis","MMRN2","MR Egger",18,0.29196458532686,0.211157767157429,0.185757037231216,-0.121904638301701,0.70583380895542,1.33905559458336,0.885232781779127,2.02553489013514]
["9735_44_CD96_TACT","FTjVRz","osteoporosis","CD96","MR Egger",16,0.0705659323321503,0.141518295852231,0.625779317724546,-0.206809927538223,0.347941792202523,1.07311532009403,0.813174197321048,1.41614981637921]
["9738_7_FAF2_FAF2","FTjVRz","osteoporosis","FAF2","MR Egger",10,-0.122772496140851,0.388106132440661,0.759842767794022,-0.883460515724546,0.637915523442844,0.884464858842156,0.413350029578875,1.89253182665468]
["9742_59_DDX39B_BAT1","FTjVRz","osteoporosis","DDX39B","MR Egger",12,0.672770485534315,0.610269153282584,0.296104973413293,-0.52335705489955,1.86889802596818,1.95965901375667,0.592528056175171,6.48115040321814]
["9745_20_EIF4E2_IF4E2","FTjVRz","osteoporosis","EIF4E2","MR Egger",8,0.438042966716798,0.629695378037804,0.512681625790284,-0.796159974237298,1.67224590767089,1.54967149028513,0.451057716016958,5.32411184317762]
["9751_72_YBX1_NSEP1","FTjVRz","osteoporosis","YBX1","MR Egger",17,0.121149314498157,0.214684017861893,0.580880910383599,-0.299631360511152,0.541929989507467,1.12879344501161,0.741091365874878,1.71932193542288]
["9754_33_NQO2_Quinone_reductase_2","FTjVRz","osteoporosis","NQO2","MR Egger",4,-0.00855977094994564,0.0595886412693276,0.898945708474656,-0.125353507837828,0.108233965937936,0.991476759584104,0.88218498814802,1.11430842510602]
["9757_29_ENAH_ENAH","FTjVRz","osteoporosis","ENAH","MR Egger",10,0.807187691406584,0.737517995019911,0.305605691896938,-0.638347578832441,2.25272296164561,2.24159505684253,0.528164453487565,9.51360578259585]
["9758_17_RPS4X_RS4X","FTjVRz","osteoporosis","RPS4X","Weighted median",12,-0.0304988022959884,0.0890674233713616,0.732032007704129,-0.205070952103857,0.14407334751188,0.969961593793407,0.814589517520914,1.15496881950742]
["9762_14_VASP_VASP","FTjVRz","osteoporosis","VASP","Weighted mode",6,-0.134860199897069,0.3070165306332,0.678807327466641,-0.736612599938141,0.466892200144002,0.873838065800801,0.478732831638244,1.59502945020386]
["9767_22_RIPPLY1_RIPP1","FTjVRz","osteoporosis","RIPPLY1","MR Egger",8,-0.0147892458777503,0.70760581999897,0.984002821394774,-1.40169665307573,1.37211816132023,0.985319577884755,0.246178929174536,3.94369523751838]
["9769_48_DNER_DNER","FTjVRz","osteoporosis","DNER","Weighted mode",21,0.213930752085986,0.0891995145816376,0.0263407590443012,0.039099703505976,0.388761800665995,1.23853688572806,1.03987415758103,1.47515312898755]
["9773_15_RNF149_RN149","FTjVRz","osteoporosis","RNF149","MR Egger",14,0.30607173995529,0.137955650355745,0.0465534681640209,0.0356786652580294,0.57646481465255,1.35807973163244,1.03632278646672,1.77973560125909]
["9778_45_TMEM52B_TM52B","FTjVRz","osteoporosis","TMEM52B","Weighted mode",10,0.0299462321153687,0.141501232499983,0.837108690746391,-0.247396183584598,0.307288647815335,1.03039913008251,0.780831279707724,1.35973339550665]
["9779_63_HERPUD2_HERP2","FTjVRz","osteoporosis","HERPUD2","Weighted mode",8,-0.0604665063494962,0.303580847163276,0.847785769233261,-0.655484966789518,0.534551954090525,0.941325296910916,0.519190211512255,1.706683398409]
["9789_52_SYNE2_Nesprin_2","FTjVRz","osteoporosis","SYNE2","Weighted mode",13,0.207372595800088,0.237584027175498,0.399879692408746,-0.258292097463889,0.673037289064064,1.23044094350957,0.772369591955079,1.96018192745315]
["9793_145_IGDCC4_IGDC4","FTjVRz","osteoporosis","IGDCC4","Weighted mode",19,0.0301851663144719,0.207678211441492,0.886053017855779,-0.376864128110853,0.437234460739797,1.03064535708826,0.68600927694047,1.54841907798248]
["9800_20_NDUFB8_NDUB8","FTjVRz","osteoporosis","NDUFB8","Weighted mode",14,0.139602007731182,0.171189654788261,0.429485041636471,-0.195929715653808,0.475133731116173,1.14981608986662,0.822070011301035,1.60822925339875]
["9802_27_PNPLA2_PLPL2","FTjVRz","osteoporosis","PNPLA2","Weighted mode",20,0.010976319443222,0.135871336531544,0.93645809692756,-0.255331500158603,0.277284139045047,1.01103678024736,0.774659655593097,1.31954125096437]
["9815_5_ARHGAP1_RHG01","FTjVRz","osteoporosis","ARHGAP1","MR Egger",10,-0.189328593136686,0.331662928403825,0.583778424580801,-0.839387932808184,0.460730746534812,0.82751454641458,0.43197484015838,1.58523196461317]
["9819_110_NUP210_PO210","FTjVRz","osteoporosis","NUP210","Weighted mode",13,0.211530997569245,0.169128970319474,0.23487820751966,-0.119961784256924,0.543023779395414,1.23556826464795,0.886954331688353,1.72120354122308]
["9823_2_DHFR_DYR","FTjVRz","osteoporosis","DHFR","Weighted mode",23,-0.0560871739727573,0.0607576319470856,0.365953967055835,-0.175172132589045,0.0629977846435304,0.945456713080137,0.839312535294516,1.06502447981982]
["9828_86_LDHC_LDHC","FTjVRz","osteoporosis","LDHC","MR Egger",9,-0.258689449746609,0.738846511126673,0.736542558107706,-1.70682861155489,1.18944971206167,0.772062750100805,0.18144029881158,3.28527286384283]
["9828_86_LDHC_LDHC","FTjVRz","osteoporosis","LDHC","Weighted median",9,-0.347527772360566,0.20725982083624,0.093586784269012,-0.753757021199596,0.058701476478464,0.706432394361952,0.470595191193424,1.06045862164121]
["9828_86_LDHC_LDHC","FTjVRz","osteoporosis","LDHC","Inverse variance weighted",9,-0.349218584630336,0.156701661774276,0.025843395064519,-0.656353841707916,-0.0420833275527546,0.705238959023679,0.518739296082515,0.958789883629114]
["9828_86_LDHC_LDHC","FTjVRz","osteoporosis","LDHC","Simple mode",9,-0.358972027335465,0.252708534670232,0.193241937924974,-0.85428075528912,0.136336700618189,0.698393887016255,0.425589183796716,1.14606771034541]
["9828_86_LDHC_LDHC","FTjVRz","osteoporosis","LDHC","Weighted mode",9,-0.311141445654242,0.251500268380176,0.251115443383454,-0.804081971679387,0.181799080370903,0.732610244005099,0.447498554392894,1.19937319205278]
["9829_91_SULT2A1_SULT_2A1","FTjVRz","osteoporosis","SULT2A1","MR Egger",18,-0.268526887835848,0.237931447664192,0.275709769857243,-0.734872525257665,0.197818749585968,0.764504866652138,0.479566587705827,1.21874147640436]
["9829_91_SULT2A1_SULT_2A1","FTjVRz","osteoporosis","SULT2A1","Weighted median",18,-0.172404307408994,0.132263558306482,0.192407317203596,-0.431640881689699,0.0868322668717107,0.84163882355814,0.649442561527501,1.09071371555055]
["9829_91_SULT2A1_SULT_2A1","FTjVRz","osteoporosis","SULT2A1","Inverse variance weighted",18,-0.0301284702756869,0.0866743237690182,0.728136487100853,-0.200010144862963,0.139753204311589,0.970320868151344,0.81872244720882,1.1499899512708]
["9829_91_SULT2A1_SULT_2A1","FTjVRz","osteoporosis","SULT2A1","Simple mode",18,-0.244887501577783,0.242009041274487,0.325775201698815,-0.719225222475778,0.229450219320211,0.782792596220581,0.487129526799365,1.25790824613705]
["9829_91_SULT2A1_SULT_2A1","FTjVRz","osteoporosis","SULT2A1","Weighted mode",18,-0.206648623973221,0.142039158477459,0.16392136763467,-0.48504537458904,0.0717481266425986,0.813305375797537,0.615669260390814,1.07438470109956]
["9830_109_VAV3_VAV3","FTjVRz","osteoporosis","VAV3","MR Egger",15,0.182226108140906,0.22366565201589,0.42990251820226,-0.256158569810238,0.62061078609205,1.19988546708243,0.774019222979307,1.86006379605655]
["9830_109_VAV3_VAV3","FTjVRz","osteoporosis","VAV3","Weighted median",15,0.0218814274111106,0.117841566884721,0.852691685106484,-0.209088043682943,0.252850898505164,1.02212258156425,0.811323800563293,1.2876912658278]
["9830_109_VAV3_VAV3","FTjVRz","osteoporosis","VAV3","Inverse variance weighted",15,0.00630760970631442,0.0985961843976053,0.948990788816427,-0.186940911712992,0.199556131125621,1.00632754456815,0.829492748242956,1.22086073579507]
["9830_109_VAV3_VAV3","FTjVRz","osteoporosis","VAV3","Simple mode",15,-0.044042306616485,0.186534715916847,0.816768259994051,-0.409650349813505,0.321565736580535,0.956913472845364,0.66388233614214,1.37928567256973]
["9830_109_VAV3_VAV3","FTjVRz","osteoporosis","VAV3","Weighted mode",15,0.0236153677640025,0.139183266584084,0.867696176128753,-0.249183834740803,0.296414570268808,1.02389641857338,0.779436672674586,1.34502764973838]
["9831_12_G3BP2_G3BP2","FTjVRz","osteoporosis","G3BP2","MR Egger",12,-0.398979709154766,0.520844180232919,0.461360255795368,-1.41983430241129,0.621874884101756,0.671004316460051,0.24175407164519,1.86241658576416]
["9831_12_G3BP2_G3BP2","FTjVRz","osteoporosis","G3BP2","Weighted median",12,-0.055834631212238,0.171431313508584,0.74465376123,-0.391840005689062,0.280170743264586,0.945695511480544,0.675812231423596,1.32335574712894]
["9831_12_G3BP2_G3BP2","FTjVRz","osteoporosis","G3BP2","Inverse variance weighted",12,-0.071720756269587,0.133081280118991,0.589938982745081,-0.33256006530281,0.189118552763636,0.930790777013226,0.717085595606954,1.2081841775661]
["9831_12_G3BP2_G3BP2","FTjVRz","osteoporosis","G3BP2","Simple mode",12,0.134480386977998,0.236234399085294,0.580613229982012,-0.328539035229178,0.597499809185175,1.14394222261839,0.719974823295053,1.81756884594953]
["9831_12_G3BP2_G3BP2","FTjVRz","osteoporosis","G3BP2","Weighted mode",12,-0.01038408113586,0.19565848368536,0.95862574039966,-0.393874709159165,0.373106546887445,0.989669647300359,0.674438551920328,1.45223906314199]
["9832_33_HGD_HGD","FTjVRz","osteoporosis","HGD","MR Egger",9,0.232330092908767,0.422302814600521,0.59932320519752,-0.595383423708254,1.06004360952579,1.26153608422212,0.551351124241947,2.88649686528272]
["9832_33_HGD_HGD","FTjVRz","osteoporosis","HGD","Weighted median",9,0.116383383770683,0.164026516459602,0.477989403116387,-0.205108588490136,0.437875356031503,1.12342649306644,0.814558859892099,1.54941177055117]
["9832_33_HGD_HGD","FTjVRz","osteoporosis","HGD","Inverse variance weighted",9,-0.0225814062125834,0.12265914695457,0.853935919396477,-0.26299333424354,0.217830521818373,0.977671645407944,0.768747021574507,1.24337632460282]
["9832_33_HGD_HGD","FTjVRz","osteoporosis","HGD","Simple mode",9,0.246416219208031,0.280346007579864,0.405043129015027,-0.303061955648503,0.795894394064565,1.27943198690204,0.738553337402011,2.21642246566285]
["9832_33_HGD_HGD","FTjVRz","osteoporosis","HGD","Weighted mode",9,0.266555230854044,0.232133896484626,0.284026425475107,-0.188427206255824,0.721537667963912,1.3054596889978,0.828260793448557,2.05759467679558]
["9834_62_ADH1B_ADH1B","FTjVRz","osteoporosis","ADH1B","MR Egger",7,-1.40231234025511,2.56147821190411,0.607601511462333,-6.42280963558717,3.61818495507695,0.246027406614045,1.62408672660415E-3,37.2698599241652]
["9834_62_ADH1B_ADH1B","FTjVRz","osteoporosis","ADH1B","Weighted median",7,0.283175211995726,0.220827861596946,0.199725288374688,-0.149647396734288,0.715997820725741,1.32733770693285,0.861011518380167,2.04622743207931]
["9834_62_ADH1B_ADH1B","FTjVRz","osteoporosis","ADH1B","Inverse variance weighted",7,0.230229472592267,0.178011115199612,0.195892371617064,-0.118672313198972,0.579131258383506,1.25888885727639,0.888098771331113,1.78448749861381]
["9834_62_ADH1B_ADH1B","FTjVRz","osteoporosis","ADH1B","Simple mode",7,0.345952678303275,0.275224781041815,0.255475854141009,-0.193487892538683,0.885393249145233,1.41333573279026,0.824079813649176,2.42393741540205]
["9834_62_ADH1B_ADH1B","FTjVRz","osteoporosis","ADH1B","Weighted mode",7,0.336332063658086,0.263960058047107,0.249725563450024,-0.181029650114243,0.853693777430415,1.3998037716049,0.834410617958861,2.34830496739426]
["9835_16_ALDH1A3_AL1A3","FTjVRz","osteoporosis","ALDH1A3","MR Egger",33,-0.0925016877517203,0.171903373525032,0.594348812947445,-0.429432299860783,0.244428924357342,0.911647672328236,0.650878493670949,1.27689190308637]
["9835_16_ALDH1A3_AL1A3","FTjVRz","osteoporosis","ALDH1A3","Weighted median",33,-0.0401847127588441,0.0922369518480191,0.663077434088407,-0.220969138380962,0.140599712863273,0.960611985473833,0.801741422946756,1.1509638397432]
["9835_16_ALDH1A3_AL1A3","FTjVRz","osteoporosis","ALDH1A3","Inverse variance weighted",33,0.0169793315495246,0.0681287306740341,0.80318732524232,-0.116552980571582,0.150511643670631,1.01712429972477,0.889982943922523,1.16242883996288]
["9835_16_ALDH1A3_AL1A3","FTjVRz","osteoporosis","ALDH1A3","Simple mode",33,-0.0977306897795871,0.153745609784795,0.529514965721348,-0.399072084957786,0.203610705398612,0.906893106451693,0.670942334760337,1.22582085511624]
["9835_16_ALDH1A3_AL1A3","FTjVRz","osteoporosis","ALDH1A3","Weighted mode",33,-0.0499340808618691,0.0959676776346859,0.606420808767574,-0.238030729025853,0.138162567302115,0.951292130791291,0.788178470765034,1.14816218873253]
["9836_20_DCK_DCK","FTjVRz","osteoporosis","DCK","MR Egger",10,0.289713481041914,0.668085344174589,0.676000787368369,-1.01973379354028,1.59916075562411,1.33604463106455,0.360690945653567,4.94887736358892]
["9836_20_DCK_DCK","FTjVRz","osteoporosis","DCK","Weighted median",10,0.136133408135634,0.186543777578271,0.465532896989111,-0.229492395917778,0.501759212189046,1.14583474707604,0.79493701338127,1.65162427400659]
["9836_20_DCK_DCK","FTjVRz","osteoporosis","DCK","Inverse variance weighted",10,0.129498212053459,0.163984441162656,0.429704064052189,-0.191911292625346,0.450907716732264,1.13825707631816,0.825380082544535,1.56973641500304]
["9836_20_DCK_DCK","FTjVRz","osteoporosis","DCK","Simple mode",10,0.145605425228085,0.261098727803442,0.590672517886552,-0.366148081266662,0.657358931722831,1.15673967769849,0.69340011403973,1.9296891576302]
["9836_20_DCK_DCK","FTjVRz","osteoporosis","DCK","Weighted mode",10,0.0851082273414665,0.216070408157858,0.702830895811229,-0.338389772647936,0.508606227330869,1.08883490202852,0.712917358050668,1.66297177434023]
["9837_60_NQO1_NAD_P_H_dehydrogenase","FTjVRz","osteoporosis","NQO1","MR Egger",23,-0.0945617837994414,0.0751564963504635,0.222130102887862,-0.24186851664635,0.0527449490474672,0.909771523748226,0.785159406157131,1.05416074612692]
["9837_60_NQO1_NAD_P_H_dehydrogenase","FTjVRz","osteoporosis","NQO1","Weighted median",23,-0.172039216691018,0.056605533335326,0.00237156138626523,-0.282986062028257,-0.0610923713537788,0.841946154178874,0.753530290470421,0.940736338673333]
["9837_60_NQO1_NAD_P_H_dehydrogenase","FTjVRz","osteoporosis","NQO1","Inverse variance weighted",23,-0.119172742799377,0.0474521695040992,0.0120243555995733,-0.212178995027411,-0.0261664905713424,0.887654451602501,0.80881990986681,0.974172885506103]
["9837_60_NQO1_NAD_P_H_dehydrogenase","FTjVRz","osteoporosis","NQO1","Simple mode",23,-0.131184715008821,0.108901383980816,0.241149913373954,-0.344631427611219,0.0822619975935779,0.877055754066363,0.708481432045483,1.08574023389724]
["9837_60_NQO1_NAD_P_H_dehydrogenase","FTjVRz","osteoporosis","NQO1","Weighted mode",23,-0.131184715008821,0.0512606911960011,0.0178883428738012,-0.231655669752983,-0.0307137602646586,0.877055754066363,0.793219205653751,0.969753115227384]
["9838_4_SMAD1_SMAD1","FTjVRz","osteoporosis","SMAD1","MR Egger",12,0.0790018430516884,0.260132070292508,0.767582081959982,-0.430857014721627,0.588860700825004,1.08220631663066,0.649951837675441,1.80193430323083]
["9838_4_SMAD1_SMAD1","FTjVRz","osteoporosis","SMAD1","Weighted median",12,0.070113805562414,0.135056927686434,0.603661298184349,-0.194597772702996,0.334825383827824,1.07263024559665,0.823165691187227,1.39769630353439]
["9838_4_SMAD1_SMAD1","FTjVRz","osteoporosis","SMAD1","Inverse variance weighted",12,-0.0255087672025295,0.099353021081615,0.797372710473084,-0.220240688522495,0.169223154117436,0.974813832537979,0.802325664142202,1.18438440969397]
["9838_4_SMAD1_SMAD1","FTjVRz","osteoporosis","SMAD1","Simple mode",12,0.19201118869243,0.223787087270447,0.409193910362831,-0.246611502357646,0.630633879742507,1.21168407404948,0.78144422380574,1.87880113586985]
["9838_4_SMAD1_SMAD1","FTjVRz","osteoporosis","SMAD1","Weighted mode",12,0.0911759543084263,0.15537450020164,0.569176040253017,-0.213358066086789,0.395709974703642,1.09546173951454,0.807866815712121,1.48543844034788]
["9839_148_TIRAP_Tirap","FTjVRz","osteoporosis","TIRAP","MR Egger",14,0.149306273376659,0.216751305481821,0.504026779230252,-0.27552628536771,0.574138832121027,1.16102852688777,0.759172476704078,1.77560077796739]
["9839_148_TIRAP_Tirap","FTjVRz","osteoporosis","TIRAP","Weighted median",14,-0.0926727639853994,0.128387594592541,0.47040500560306,-0.34431244938678,0.158966921415981,0.911491724417883,0.708707458241526,1.17229916804282]
["9839_148_TIRAP_Tirap","FTjVRz","osteoporosis","TIRAP","Inverse variance weighted",14,-0.0102805582037554,0.0868338533940219,0.905755927067873,-0.180474910856038,0.159913794448528,0.989772106107389,0.834873626698794,1.1734097122003]
["9839_148_TIRAP_Tirap","FTjVRz","osteoporosis","TIRAP","Simple mode",14,-0.119896212342517,0.206043045142611,0.570588574133843,-0.523740580822034,0.283948156136999,0.887012492888722,0.592300849878366,1.32836406144317]
["9839_148_TIRAP_Tirap","FTjVRz","osteoporosis","TIRAP","Weighted mode",14,-0.144526800223825,0.137163553037186,0.31121939349793,-0.413367364176708,0.124313763729059,0.865431718328549,0.661419256450384,1.13237111224821]
["9840_2_CDC42_Cdc42Hs","FTjVRz","osteoporosis","CDC42","MR Egger",14,0.22988254956225,0.34650717743415,0.519598524706703,-0.449271518208683,0.909036617333183,1.25845219548796,0.638092821351029,2.48193033260477]
["9840_2_CDC42_Cdc42Hs","FTjVRz","osteoporosis","CDC42","Weighted median",14,0.192511628980516,0.136151412342454,0.15737585151201,-0.0743451392106942,0.459368397171726,1.21229060132926,0.928351228131703,1.58307379527994]
["9840_2_CDC42_Cdc42Hs","FTjVRz","osteoporosis","CDC42","Inverse variance weighted",14,0.0718332479502722,0.0984131900363577,0.465442240115059,-0.121056604520989,0.264723100421533,1.07447615802267,0.885983807484444,1.30307010625523]
["9840_2_CDC42_Cdc42Hs","FTjVRz","osteoporosis","CDC42","Simple mode",14,0.32036119717556,0.207098254980225,0.14587712662205,-0.0855513825856822,0.726273776936801,1.37762526883802,0.918005972321763,2.06736278255479]
["9840_2_CDC42_Cdc42Hs","FTjVRz","osteoporosis","CDC42","Weighted mode",14,0.240439790481518,0.18489358285031,0.21603816596765,-0.121951631905089,0.602831212868126,1.27180835655513,0.885191182478332,1.82728491632151]
["9841_197_PAICS_Multifunctional_protein_ADE2","FTjVRz","osteoporosis","PAICS","MR Egger",6,-0.0810055187965194,0.44303105206273,0.863813905964397,-0.949346380839471,0.787335343246432,0.922188602059317,0.38699388742696,2.19753294663763]
["9841_197_PAICS_Multifunctional_protein_ADE2","FTjVRz","osteoporosis","PAICS","Weighted median",6,-0.0902912022433595,0.190366380640771,0.63528438884232,-0.463409308299271,0.282826903812552,0.913665085206149,0.629135069595092,1.32687546485371]
["9841_197_PAICS_Multifunctional_protein_ADE2","FTjVRz","osteoporosis","PAICS","Inverse variance weighted",6,-0.168401989205273,0.140033738022071,0.229138292323026,-0.442868115728533,0.106064137317986,0.84501407986194,0.642191896513485,1.11189318806661]
["9841_197_PAICS_Multifunctional_protein_ADE2","FTjVRz","osteoporosis","PAICS","Simple mode",6,-0.0124988672899464,0.289796166933977,0.967267412194937,-0.580499354480541,0.555501619900648,0.987578919133818,0.559618848602492,1.74281499623024]
["9841_197_PAICS_Multifunctional_protein_ADE2","FTjVRz","osteoporosis","PAICS","Weighted mode",6,-0.0608567911017701,0.256222217900891,0.821682306716813,-0.563052338187516,0.441338755983975,0.94095798368364,0.569468198816186,1.55478730664603]
["9842_2_CTNNB1_b_Catenin","FTjVRz","osteoporosis","CTNNB1","MR Egger",19,-0.0453093128457692,0.0791964527308754,0.574733744838731,-0.200534360198285,0.109915734506747,0.955701825258991,0.818293372820133,1.11618401069971]
["9842_2_CTNNB1_b_Catenin","FTjVRz","osteoporosis","CTNNB1","Weighted median",19,-0.0667201527038778,0.0466924398633428,0.15302481793694,-0.15823733483603,0.0247970294282741,0.93545694980831,0.853647157716332,1.02510703284677]
["9842_2_CTNNB1_b_Catenin","FTjVRz","osteoporosis","CTNNB1","Inverse variance weighted",19,-0.0295110874006631,0.0563305000886322,0.600353794595234,-0.139918867574382,0.080896692773056,0.970920112601216,0.869428771402514,1.08425887900267]
["9842_2_CTNNB1_b_Catenin","FTjVRz","osteoporosis","CTNNB1","Simple mode",19,-0.0885835223380314,0.132703986330971,0.512903541872267,-0.348683335546734,0.171516290870671,0.915226665672661,0.705616538570756,1.18710348152406]
["9842_2_CTNNB1_b_Catenin","FTjVRz","osteoporosis","CTNNB1","Weighted mode",19,-0.0671256242941558,0.0507623252822478,0.202608669572419,-0.166619781847361,0.0323685332590499,0.935077725478776,0.846521412963708,1.03289809247158]
["9843_5_ACTN1_ACTN1","FTjVRz","osteoporosis","ACTN1","MR Egger",11,0.42590730829912,1.11235555011903,0.71068927989953,-1.75430956993418,2.60612418653242,1.53097885952165,0.173026663871773,13.546445477555]
["9843_5_ACTN1_ACTN1","FTjVRz","osteoporosis","ACTN1","Weighted median",11,-0.120424432542766,0.195368541716877,0.537633041043877,-0.503346774307845,0.262497909222313,0.886544078695916,0.604504131541573,1.30017374979138]
["9843_5_ACTN1_ACTN1","FTjVRz","osteoporosis","ACTN1","Inverse variance weighted",11,-0.0940524452458748,0.152472568357549,0.537334787460636,-0.392898679226671,0.204793788734921,0.910235023489332,0.675097145485864,1.2272719615639]
["9843_5_ACTN1_ACTN1","FTjVRz","osteoporosis","ACTN1","Simple mode",11,-0.113287378176138,0.270799953393662,0.684538258420403,-0.644055286827716,0.41748053047544,0.892894024985729,0.525158431921064,1.51813184630548]
["9843_5_ACTN1_ACTN1","FTjVRz","osteoporosis","ACTN1","Weighted mode",11,-0.0157443803323727,0.246617435140192,0.950354715315096,-0.499114553207149,0.467625792542404,0.984378914508616,0.607067948175111,1.5961999809775]
["9844_138_ACTN2_ACTN2","FTjVRz","osteoporosis","ACTN2","MR Egger",26,-0.229702645334892,0.235011669631535,0.338116511695705,-0.6903255178127,0.230920227142917,0.794769895906355,0.50141282369223,1.25975874088676]
["9844_138_ACTN2_ACTN2","FTjVRz","osteoporosis","ACTN2","Weighted median",26,0.0177795230406574,0.109090497071272,0.870534515045083,-0.196037851219036,0.231596897300351,1.01793851965732,0.821981121101889,1.26061147050809]
["9844_138_ACTN2_ACTN2","FTjVRz","osteoporosis","ACTN2","Inverse variance weighted",26,0.0867855129847073,0.0802222401405025,0.279335347976003,-0.0704500776906775,0.244021103660092,1.09066272163683,0.931974264671991,1.27637126631059]
["9844_138_ACTN2_ACTN2","FTjVRz","osteoporosis","ACTN2","Simple mode",26,0.0767541349190339,0.191734363270647,0.69232485661054,-0.299045217091435,0.452553486929503,1.07977656440144,0.741525879033469,1.57232196744135]
["9844_138_ACTN2_ACTN2","FTjVRz","osteoporosis","ACTN2","Weighted mode",26,0.0122864658078989,0.166696402687903,0.941831179994145,-0.31443848346039,0.339011415076188,1.0123622545026,0.730198777865436,1.40355936685839]
["9846_32_ARHGDIB_Rho_GDI_beta","FTjVRz","osteoporosis","ARHGDIB","MR Egger",8,-0.357203589553723,0.60385555981471,0.575753274964638,-1.54076048679056,0.826353307683109,0.699630045865438,0.214218129408086,2.28497094260967]
["9846_32_ARHGDIB_Rho_GDI_beta","FTjVRz","osteoporosis","ARHGDIB","Weighted median",8,-0.358683017709418,0.223352319235109,0.108294379925595,-0.796453563410231,0.0790875279913951,0.698595758742406,0.450925309792635,1.08229904938649]
["9846_32_ARHGDIB_Rho_GDI_beta","FTjVRz","osteoporosis","ARHGDIB","Inverse variance weighted",8,-0.280917005717007,0.170059494101617,0.0985600607305106,-0.614233614156176,0.0523996027221619,0.755091001115959,0.541055393650617,1.05379675844149]
["9846_32_ARHGDIB_Rho_GDI_beta","FTjVRz","osteoporosis","ARHGDIB","Simple mode",8,-0.519248171121534,0.312012303803677,0.140021093289843,-1.13079228657674,0.0922959443336743,0.594967693754495,0.322777422869476,1.09668933305378]
["9846_32_ARHGDIB_Rho_GDI_beta","FTjVRz","osteoporosis","ARHGDIB","Weighted mode",8,-0.369337417166458,0.244024766128726,0.173913075290598,-0.847625958778761,0.108951124445844,0.691192151002581,0.428430838040072,1.11510784749554]
["9847_21_TGIF2_TGIF2","FTjVRz","osteoporosis","TGIF2","MR Egger",8,-0.111590511483702,0.380107615362303,0.778971954307551,-0.856601437593815,0.633420414626412,0.894410433324147,0.424602671642203,1.88404378179041]
["9847_21_TGIF2_TGIF2","FTjVRz","osteoporosis","TGIF2","Weighted median",8,0.0235279907473889,0.181502539435278,0.896859966588954,-0.332216986545756,0.379272968040534,1.02380695746749,0.717331654648197,1.46122184817411]
["9847_21_TGIF2_TGIF2","FTjVRz","osteoporosis","TGIF2","Inverse variance weighted",8,0.047246940559931,0.137735644210095,0.731578717554894,-0.222714922091856,0.317208803211718,1.04838086487514,0.800342976877588,1.37328928920488]
["9847_21_TGIF2_TGIF2","FTjVRz","osteoporosis","TGIF2","Simple mode",8,0.13853934101075,0.289889454817581,0.647281812384675,-0.429643990431708,0.706722672453208,1.14859486756437,0.650740723413868,2.02733611456521]
["9847_21_TGIF2_TGIF2","FTjVRz","osteoporosis","TGIF2","Weighted mode",8,-0.000997232003564719,0.194769901845457,0.996057667276336,-0.38274623962066,0.380751775613531,0.999003265067024,0.681985938340252,1.46338431264936]
["9848_22_CCNH_Cyclin_H","FTjVRz","osteoporosis","CCNH","MR Egger",12,-0.0193892872538625,0.513895488007719,0.970645526407835,-1.02662444374899,0.987845869241267,0.980797475959886,0.358214093873524,2.68544344095218]
["9848_22_CCNH_Cyclin_H","FTjVRz","osteoporosis","CCNH","Weighted median",12,-0.060116952328529,0.169181366385554,0.722334690616487,-0.391712430444215,0.271478525787157,0.941654398469525,0.675898453834296,1.3119026994762]
["9848_22_CCNH_Cyclin_H","FTjVRz","osteoporosis","CCNH","Inverse variance weighted",12,-0.117363218743044,0.12546986312908,0.349587498523039,-0.36328415047604,0.128557712989952,0.889262137821149,0.695388810361573,1.13718704986217]
["9848_22_CCNH_Cyclin_H","FTjVRz","osteoporosis","CCNH","Simple mode",12,-0.222813693551614,0.285042522634192,0.450896798118278,-0.78149703791463,0.335869650811403,0.80026392973732,0.45772027354179,1.39915663399198]
["9848_22_CCNH_Cyclin_H","FTjVRz","osteoporosis","CCNH","Weighted mode",12,0.0778462261798132,0.232420090072084,0.743972182214398,-0.377697150361471,0.533389602721097,1.08095642309044,0.685438053902431,1.70470078509355]
["9849_13_APEX1_APEX1","FTjVRz","osteoporosis","APEX1","MR Egger",13,0.622169332981313,0.797394331710605,0.451705237000842,-0.940723557171472,2.1850622231341,1.86296505298493,0.390345296015881,8.89120177459994]
["9849_13_APEX1_APEX1","FTjVRz","osteoporosis","APEX1","Weighted median",13,-0.102443203949137,0.182614356291921,0.574810416032257,-0.460367342281302,0.255480934383029,0.902629414083219,0.63105179092004,1.29108239750079]
["9849_13_APEX1_APEX1","FTjVRz","osteoporosis","APEX1","Inverse variance weighted",13,-0.0946532176619373,0.137997555527355,0.492772997183644,-0.365128426495552,0.175821991171678,0.909688343626619,0.694107503359457,1.19222581304036]
["9849_13_APEX1_APEX1","FTjVRz","osteoporosis","APEX1","Simple mode",13,-0.107728598330946,0.293017386069778,0.719534941686831,-0.68204267502771,0.466585478365819,0.897871247120402,0.505583194702468,1.59454029495575]
["9849_13_APEX1_APEX1","FTjVRz","osteoporosis","APEX1","Weighted mode",13,-0.107728598330946,0.233109868155243,0.652249889771896,-0.564623939915222,0.349166743253331,0.897871247120402,0.568573924516636,1.41788559348883]
["9850_38_EIF1AX_IF1AX","FTjVRz","osteoporosis","EIF1AX","MR Egger",13,-0.651567050981745,0.372929669803603,0.108431471413484,-1.38250920379681,0.0793751018333172,0.521228345059879,0.250948082519552,1.08261033503889]
["9850_38_EIF1AX_IF1AX","FTjVRz","osteoporosis","EIF1AX","Weighted median",13,-0.116453763020348,0.173993986301274,0.503305637029419,-0.457481976170844,0.224574450130149,0.890071250231555,0.632875235759411,1.25178990380014]
["9850_38_EIF1AX_IF1AX","FTjVRz","osteoporosis","EIF1AX","Inverse variance weighted",13,-0.0623702945352989,0.126855155277405,0.622955880259959,-0.311006398879014,0.186265809808416,0.939534917723787,0.73270918733689,1.20474245018082]
["9850_38_EIF1AX_IF1AX","FTjVRz","osteoporosis","EIF1AX","Simple mode",13,-0.155768688996853,0.268904508053499,0.573119984031093,-0.682821524781711,0.371284146788005,0.855757113515613,0.505189574660981,1.4495949126108]
["9850_38_EIF1AX_IF1AX","FTjVRz","osteoporosis","EIF1AX","Weighted mode",13,-0.148286159376595,0.194979310562844,0.461624787966941,-0.53044560807977,0.23387328932658,0.862184357499499,0.588342740978027,1.26348438510706]
["9853_3_IFIT2_IFIT2","FTjVRz","osteoporosis","IFIT2","MR Egger",15,-0.251739040995945,0.206552111645994,0.244587331467598,-0.656581179822094,0.153103097830204,0.777447593549031,0.518621380273081,1.16544512761298]
["9853_3_IFIT2_IFIT2","FTjVRz","osteoporosis","IFIT2","Weighted median",15,0.112555781214893,0.118062930343235,0.340410678427651,-0.118847562257847,0.343959124687632,1.11913468186388,0.887943146494201,1.41052097884371]
["9853_3_IFIT2_IFIT2","FTjVRz","osteoporosis","IFIT2","Inverse variance weighted",15,0.126630015697237,0.0882531220833812,0.151329770491999,-0.0463461035861904,0.299606134980664,1.13499700901093,0.954711475937176,1.34932725009848]
["9853_3_IFIT2_IFIT2","FTjVRz","osteoporosis","IFIT2","Simple mode",15,0.253302896981905,0.204633566217711,0.236134527849533,-0.147778892804809,0.654384686768619,1.28827343187764,0.862621825749904,1.92395831607785]
["9853_3_IFIT2_IFIT2","FTjVRz","osteoporosis","IFIT2","Weighted mode",15,0.0606329703210722,0.115967754229712,0.609258817304246,-0.166663827969164,0.287929768611308,1.0625088703232,0.846484127799583,1.33366363578501]
["9855_10_RHOA_Rho_A","FTjVRz","osteoporosis","RHOA","MR Egger",12,-0.27193045929716,0.449736102431636,0.558884085934197,-1.15341322006317,0.609552301468846,0.761907242812787,0.315557860728845,1.83960762476268]
["9855_10_RHOA_Rho_A","FTjVRz","osteoporosis","RHOA","Weighted median",12,-0.125082193233444,0.159513531664667,0.432953359906088,-0.437728715296192,0.187564328829303,0.88242437029154,0.645500873619806,1.20630784729666]
["9855_10_RHOA_Rho_A","FTjVRz","osteoporosis","RHOA","Inverse variance weighted",12,-0.185047238904457,0.114447820926128,0.105906362936093,-0.409364967919667,0.0392704901107525,0.831065024323563,0.664071823177312,1.04005176932422]
["9855_10_RHOA_Rho_A","FTjVRz","osteoporosis","RHOA","Simple mode",12,-0.162601268047249,0.210361270970816,0.455833608852031,-0.574909359150048,0.24970682305555,0.849930015114214,0.562755875166131,1.28364902521683]
["9855_10_RHOA_Rho_A","FTjVRz","osteoporosis","RHOA","Weighted mode",12,-0.162601268047249,0.193512845062282,0.418651511150457,-0.541886444369322,0.216683908274823,0.849930015114214,0.581649966467902,1.24195146950449]
["9856_22_DHPS_DHYS","FTjVRz","osteoporosis","DHPS","MR Egger",12,0.232710494180697,0.264393824950893,0.399427527715205,-0.285501402723054,0.750922391084448,1.26201606544009,0.75163728683865,2.11895361940816]
["9856_22_DHPS_DHYS","FTjVRz","osteoporosis","DHPS","Weighted median",12,0.215098913079099,0.157837768116016,0.172950339277439,-0.0942631124282935,0.524460938586491,1.23998454158943,0.910043287038592,1.68954783281154]
["9856_22_DHPS_DHYS","FTjVRz","osteoporosis","DHPS","Inverse variance weighted",12,0.125230142566386,0.110411660825664,0.256705966151871,-0.0911767126519148,0.341636997784687,1.13340926877116,0.912856383373055,1.40724937014697]
["9856_22_DHPS_DHYS","FTjVRz","osteoporosis","DHPS","Simple mode",12,0.0741706421674539,0.233450170171916,0.756650740499837,-0.383391691369501,0.531732975704409,1.07699056982196,0.681545891353491,1.70187906962796]
["9856_22_DHPS_DHYS","FTjVRz","osteoporosis","DHPS","Weighted mode",12,0.171180660197399,0.187712371081519,0.381356377130461,-0.196735587122379,0.539096907517176,1.18670512003821,0.821407795400048,1.71445784884358]
["9859_180_SAT1_SSAT_1","FTjVRz","osteoporosis","SAT1","MR Egger",10,0.110307670225964,0.201660183754698,0.599302212019118,-0.284946289933245,0.505561630385173,1.11662156882445,0.752054646139897,1.65791639525625]
["9859_180_SAT1_SSAT_1","FTjVRz","osteoporosis","SAT1","Weighted median",10,0.0313250129054642,0.105594368717418,0.766730527324062,-0.175639949780675,0.238289975591603,1.03182080447264,0.838919982290037,1.26907714086907]
["9859_180_SAT1_SSAT_1","FTjVRz","osteoporosis","SAT1","Inverse variance weighted",10,-0.0254750633009188,0.120432943258534,0.832474484373895,-0.261523632087645,0.210573505485807,0.974846688121157,0.769877681392518,1.23438578401426]
["9859_180_SAT1_SSAT_1","FTjVRz","osteoporosis","SAT1","Simple mode",10,0.182552638782228,0.216205376872135,0.420351632775875,-0.241209899887156,0.606315177451612,1.20027733042773,0.785676695629724,1.83366221494455]
["9859_180_SAT1_SSAT_1","FTjVRz","osteoporosis","SAT1","Weighted mode",10,0.0450205521239346,0.0911764981040531,0.633291824801538,-0.133685384160009,0.223726488407879,1.04604935822385,0.874865267780526,1.25072888379315]
["9863_1_TPM4_Tropomyosin_4","FTjVRz","osteoporosis","TPM4","MR Egger",14,-0.524366156085151,0.432054307136563,0.248225713034674,-1.37119259807281,0.322460285902512,0.591930436991008,0.253804092717648,1.38052006366248]
["9863_1_TPM4_Tropomyosin_4","FTjVRz","osteoporosis","TPM4","Weighted median",14,-0.0601390932441723,0.185624671791853,0.745951495285932,-0.423963449956205,0.30368526346786,0.94163354960973,0.654447801567533,1.35484257052566]
["9863_1_TPM4_Tropomyosin_4","FTjVRz","osteoporosis","TPM4","Inverse variance weighted",14,-0.174148896475147,0.145079911857515,0.229997487019459,-0.458505523715878,0.110207730765583,0.840171789726589,0.632227789268195,1.11650997984357]
["9863_1_TPM4_Tropomyosin_4","FTjVRz","osteoporosis","TPM4","Simple mode",14,-0.124650216884821,0.241506687828599,0.614425912267011,-0.598003325028875,0.348702891259234,0.882805639092578,0.549908529256823,1.4172280569405]
["9863_1_TPM4_Tropomyosin_4","FTjVRz","osteoporosis","TPM4","Weighted mode",14,-0.194124613928959,0.16943163243275,0.272556648688554,-0.526210613497149,0.137961385639231,0.823555271415882,0.590839652770872,1.14793122278797]
["9864_38_TTC1_TTC1","FTjVRz","osteoporosis","TTC1","MR Egger",12,0.431399928493645,0.435032368558288,0.344756161223217,-0.421263513880599,1.28406337086789,1.53941108121923,0.656217156294082,3.61128393893825]
["9864_38_TTC1_TTC1","FTjVRz","osteoporosis","TTC1","Weighted median",12,3.31739573362912E-3,0.16781077922325,0.984227911586913,-0.32559173154394,0.332226523011198,1.00332290438063,0.722099937885727,1.39406860136592]
["9864_38_TTC1_TTC1","FTjVRz","osteoporosis","TTC1","Inverse variance weighted",12,0.0379868504636965,0.131709627614282,0.773030143377269,-0.220164019660297,0.29613772058769,1.03871757413424,0.802387179896125,1.34465533080302]
["9864_38_TTC1_TTC1","FTjVRz","osteoporosis","TTC1","Simple mode",12,-0.272808944102857,0.281615028570182,0.353497640181787,-0.824774400100414,0.2791565118947,0.761238212786008,0.438333869388137,1.32201423863168]
["9864_38_TTC1_TTC1","FTjVRz","osteoporosis","TTC1","Weighted mode",12,-0.0663308127334976,0.205511966857125,0.752929745248491,-0.469134267773462,0.336472642306467,0.93582123149955,0.625543587172807,1.40000056795947]
["9865_40_UBE2B_UBE2B","FTjVRz","osteoporosis","UBE2B","MR Egger",11,-0.337029200776697,0.690758860667525,0.637278319297796,-1.69091656768505,1.01685816613165,0.713887993514471,0.184350476843449,2.76449551967745]
["9865_40_UBE2B_UBE2B","FTjVRz","osteoporosis","UBE2B","Weighted median",11,-0.000409322403278498,0.214651819167371,0.998478504261918,-0.421126887971327,0.42030824316477,0.999590761357708,0.656306818684704,1.52243076217634]
["9865_40_UBE2B_UBE2B","FTjVRz","osteoporosis","UBE2B","Inverse variance weighted",11,0.0884558948350868,0.161563800356707,0.584036485704332,-0.228209153864059,0.405120943534233,1.09248606726971,0.795957764782387,1.49948384196585]
["9865_40_UBE2B_UBE2B","FTjVRz","osteoporosis","UBE2B","Simple mode",11,-0.0410607779070786,0.309346428814576,0.897036708224164,-0.647379778383647,0.56525822256949,0.959770795314874,0.523415446024888,1.75990217051322]
["9865_40_UBE2B_UBE2B","FTjVRz","osteoporosis","UBE2B","Weighted mode",11,0.0156234684779137,0.321956046610002,0.962251994879524,-0.61541038287769,0.646657319833517,1.01574615294783,0.540419071062452,1.90914847842052]
["9867_23_FBP2_F16P2","FTjVRz","osteoporosis","FBP2","MR Egger",20,0.0400337058207581,0.128450239724227,0.758874631655413,-0.211728764038727,0.291796175680243,1.04084585616502,0.809184147643911,1.33883010369183]
["9867_23_FBP2_F16P2","FTjVRz","osteoporosis","FBP2","Weighted median",20,0.0145368363054709,0.0903664382276904,0.872199387348282,-0.162581382620802,0.191655055231744,1.01464300996287,0.849946916503059,1.21125262963739]
["9867_23_FBP2_F16P2","FTjVRz","osteoporosis","FBP2","Inverse variance weighted",20,0.00949534533706429,0.0622862766120937,0.878834524755884,-0.112585756822639,0.131576447496768,1.00954056915385,0.893520718325076,1.14062510232325]
["9867_23_FBP2_F16P2","FTjVRz","osteoporosis","FBP2","Simple mode",20,0.184391793668173,0.138191409536174,0.197871009156368,-0.0864633690227276,0.455246956359074,1.20248685755297,0.917169144971476,1.57656267714128]
["9867_23_FBP2_F16P2","FTjVRz","osteoporosis","FBP2","Weighted mode",20,0.0570223789774951,0.0997252727717373,0.574164259783153,-0.13843915565511,0.2524839136101,1.05867950229516,0.870716227815905,1.28721878928492]
["9869_28_NFKB1_NF_kappa_B_p105","FTjVRz","osteoporosis","NFKB1","MR Egger",11,1.10415145080798,0.418465016556869,0.0269767122238643,0.283960018356516,1.92434288325944,3.0166635949904,1.32837981888272,6.85064551266254]
["9869_28_NFKB1_NF_kappa_B_p105","FTjVRz","osteoporosis","NFKB1","Weighted median",11,0.390814726057924,0.180410704134008,0.0302920720450967,0.037209745955268,0.744419706160581,1.47818461894971,1.03791069557949,2.10521943458685]
["9869_28_NFKB1_NF_kappa_B_p105","FTjVRz","osteoporosis","NFKB1","Inverse variance weighted",11,0.169882477654968,0.17942669076949,0.343737046541835,-0.181793836253232,0.521558791563168,1.18516555969976,0.833773216508087,1.68465162479205]
["9869_28_NFKB1_NF_kappa_B_p105","FTjVRz","osteoporosis","NFKB1","Simple mode",11,0.439164661688005,0.303038713959753,0.177904761229687,-0.154791217673112,1.03312054104912,1.55141072426545,0.856594000504045,2.80982032789113]
["9869_28_NFKB1_NF_kappa_B_p105","FTjVRz","osteoporosis","NFKB1","Weighted mode",11,0.478116672251658,0.223027875736329,0.0576689028170865,0.0409820358084531,0.915251308694863,1.61303366867553,1.0418333896828,2.49740279208466]
["9872_23_CTNNA2_CTNA2","FTjVRz","osteoporosis","CTNNA2","MR Egger",12,-0.425497570827303,0.309478040843357,0.199186589796246,-1.03207453088028,0.181079389225676,0.653444569272666,0.356267106295581,1.19851032432302]
["9872_23_CTNNA2_CTNA2","FTjVRz","osteoporosis","CTNNA2","Weighted median",12,0.100048353427353,0.144803637104629,0.489613106470802,-0.18376677529772,0.383863482152426,1.10522435816934,0.832129854434653,1.46794502730675]
["9872_23_CTNNA2_CTNA2","FTjVRz","osteoporosis","CTNNA2","Inverse variance weighted",12,0.13896849387531,0.135940058345664,0.306649471787754,-0.127474020482192,0.405411008232812,1.14908789612675,0.880316285729767,1.49991885238203]
["9872_23_CTNNA2_CTNA2","FTjVRz","osteoporosis","CTNNA2","Simple mode",12,0.142383869476398,0.212506039853189,0.516662172360494,-0.274127968635853,0.558895707588649,1.15301917246187,0.760234782827738,1.74874031298551]
["9872_23_CTNNA2_CTNA2","FTjVRz","osteoporosis","CTNNA2","Weighted mode",12,0.0611787494700642,0.140514981517901,0.671699554817419,-0.214230614305023,0.336588113245151,1.06308892378639,0.807162220402896,1.40016223667305]
["9873_17_ESRRA_ERRalpha","FTjVRz","osteoporosis","ESRRA","MR Egger",10,1.17505652555813,0.495847718914199,0.0452610296402923,0.203194996486297,2.14691805462996,3.23832598684841,1.22531137636663,8.55844106189051]
["9873_17_ESRRA_ERRalpha","FTjVRz","osteoporosis","ESRRA","Weighted median",10,0.180111562210091,0.160740526454913,0.262495977188092,-0.134939869641538,0.49516299406172,1.19735093478744,0.873768450118559,1.64076565232107]
["9873_17_ESRRA_ERRalpha","FTjVRz","osteoporosis","ESRRA","Inverse variance weighted",10,0.101304446593618,0.120559036078335,0.400746298995315,-0.134991264119919,0.337600157307156,1.10661349519295,0.873723544398803,1.40157997983879]
["9873_17_ESRRA_ERRalpha","FTjVRz","osteoporosis","ESRRA","Simple mode",10,0.13424242605308,0.257901335370096,0.61526383670973,-0.371244191272308,0.639729043378468,1.14367004145457,0.689875459422522,1.89596708486424]
["9873_17_ESRRA_ERRalpha","FTjVRz","osteoporosis","ESRRA","Weighted mode",10,0.264178595469422,0.221747717971702,0.263986182517096,-0.170446931755114,0.698804122693958,1.30236077126516,0.8432878402468,2.01134594569036]
["9874_28_CDKN2B_p15_INK4b","FTjVRz","osteoporosis","CDKN2B","MR Egger",18,0.12681291338769,0.292670471166192,0.67058465520887,-0.446821210098047,0.700447036873427,1.13520461632742,0.639658262489841,2.01465313043082]
["9874_28_CDKN2B_p15_INK4b","FTjVRz","osteoporosis","CDKN2B","Weighted median",18,0.0791410062229816,0.120594344900349,0.511658122187076,-0.157223909781702,0.315505922227665,1.08235693037337,0.854512703642402,1.37095273099359]
["9874_28_CDKN2B_p15_INK4b","FTjVRz","osteoporosis","CDKN2B","Inverse variance weighted",18,0.0399791690309384,0.0921186913632171,0.66429114508567,-0.140573466040967,0.220531804102844,1.04078909332117,0.868859830896057,1.24673957554138]
["9874_28_CDKN2B_p15_INK4b","FTjVRz","osteoporosis","CDKN2B","Simple mode",18,0.124874394967275,0.199558672638627,0.539788022250051,-0.266260603404434,0.516009393338984,1.13300613285655,0.766239416878865,1.6753287142542]
["9874_28_CDKN2B_p15_INK4b","FTjVRz","osteoporosis","CDKN2B","Weighted mode",18,0.108373002540545,0.159633186656541,0.506347117942086,-0.204508043306276,0.421254048387366,1.11446336553465,0.815048186208953,1.52387136630031]
["9875_107_THOC1_THOC1","FTjVRz","osteoporosis","THOC1","MR Egger",14,0.127602071346259,0.408920950779922,0.760361126775016,-0.673882992182388,0.929087134874905,1.13610082566386,0.509725470066935,2.53219656829117]
["9875_107_THOC1_THOC1","FTjVRz","osteoporosis","THOC1","Weighted median",14,0.0464168532753199,0.150628692870514,0.757965056762854,-0.248815384750888,0.341649091301527,1.0475109783406,0.779723909021638,1.40726638884383]
["9875_107_THOC1_THOC1","FTjVRz","osteoporosis","THOC1","Inverse variance weighted",14,0.0672093636153403,0.110912225650588,0.544535379732909,-0.150178598659812,0.284597325890492,1.06951937317869,0.86055426886037,1.32922667517456]
["9875_107_THOC1_THOC1","FTjVRz","osteoporosis","THOC1","Simple mode",14,0.00484905639080213,0.241047050636112,0.984255811071942,-0.467603162855977,0.477301275637581,1.00486083209073,0.626502093634956,1.61171894256816]
["9875_107_THOC1_THOC1","FTjVRz","osteoporosis","THOC1","Weighted mode",14,-0.00702732195649847,0.191060718474286,0.971218764719608,-0.381506330166099,0.367451686253102,0.992997311933241,0.682832063604034,1.44405002937653]
["9876_20_ALDOC_aldolase_C","FTjVRz","osteoporosis","ALDOC","MR Egger",16,-0.112788299192175,0.15384461500711,0.475575937129062,-0.414323744606111,0.18874714622176,0.893339760847954,0.660786990409511,1.20773553337861]
["9876_20_ALDOC_aldolase_C","FTjVRz","osteoporosis","ALDOC","Weighted median",16,-0.148241609294486,0.0890141137282483,0.0958385694661819,-0.322709272201852,0.0262260536128809,0.862222768739025,0.724184364291573,1.026572982778]
["9876_20_ALDOC_aldolase_C","FTjVRz","osteoporosis","ALDOC","Inverse variance weighted",16,-0.105227606625201,0.0954985240445608,0.270515242572239,-0.29240471375254,0.0819495005021381,0.90011962607888,0.746466369626447,1.08540099624024]
["9876_20_ALDOC_aldolase_C","FTjVRz","osteoporosis","ALDOC","Simple mode",16,-0.308944918816922,0.224928017925562,0.189770063585957,-0.749803833951025,0.13191399631718,0.734221210685419,0.472459224110525,1.14101018396934]
["9876_20_ALDOC_aldolase_C","FTjVRz","osteoporosis","ALDOC","Weighted mode",16,-0.150003412426509,0.0941191397025172,0.131839242375467,-0.334476926243443,0.0344701013904244,0.860705039327354,0.715712358810113,1.03507108072735]
["9877_28_CRKL_CRKL","FTjVRz","osteoporosis","CRKL","MR Egger",13,-0.141655761979722,0.235106109648408,0.559045172603301,-0.602463736890602,0.319152212931159,0.867919976121976,0.547461172896299,1.37596074798579]
["9877_28_CRKL_CRKL","FTjVRz","osteoporosis","CRKL","Weighted median",13,0.151550638871247,0.147095868344128,0.302876327205662,-0.136757263083244,0.439858540825738,1.16363722559339,0.872181911187153,1.55248758936498]
["9877_28_CRKL_CRKL","FTjVRz","osteoporosis","CRKL","Inverse variance weighted",13,-0.0212858454961941,0.106228909822866,0.841185633914839,-0.229494508749011,0.186922817756623,0.978939099239677,0.794935333815293,1.20553423562232]
["9877_28_CRKL_CRKL","FTjVRz","osteoporosis","CRKL","Simple mode",13,0.273037321739117,0.275621925457274,0.341424899736023,-0.267181652157141,0.813256295635375,1.31394928278199,0.765533997932164,2.25523977039134]
["9877_28_CRKL_CRKL","FTjVRz","osteoporosis","CRKL","Weighted mode",13,0.268147778217379,0.207392407743395,0.220367379071643,-0.138341340959674,0.674636897394433,1.30754035172067,0.870801400824058,1.96331995993568]
["9880_33_TDO2_T23O","FTjVRz","osteoporosis","TDO2","MR Egger",17,0.116845003186693,0.118503962428656,0.339771157724733,-0.115422763173472,0.349112769546857,1.12394520826339,0.89098938677224,1.41780906701322]
["9880_33_TDO2_T23O","FTjVRz","osteoporosis","TDO2","Weighted median",17,0.0252090686825922,0.0943095303094696,0.789237115479405,-0.159637610723968,0.210055748089153,1.0255295042156,0.852452652698042,1.23374683706829]
["9880_33_TDO2_T23O","FTjVRz","osteoporosis","TDO2","Inverse variance weighted",17,0.0183217825020221,0.0698003683735762,0.792944977210968,-0.118486939510187,0.155130504514231,1.01849065613778,0.888263416736352,1.167810355684]
["9880_33_TDO2_T23O","FTjVRz","osteoporosis","TDO2","Simple mode",17,-0.185317624821565,0.15593307245511,0.25200013917857,-0.49094644683358,0.120311197190451,0.830840346421024,0.612046850170532,1.12784778003297]
["9880_33_TDO2_T23O","FTjVRz","osteoporosis","TDO2","Weighted mode",17,0.0660185634304717,0.0894237518689036,0.471043442011276,-0.109251990232579,0.241289117093523,1.06824654730244,0.896504478660155,1.27288899608072]
["9883_29_GLO1_Glyoxalase_I","FTjVRz","osteoporosis","GLO1","MR Egger",11,-0.0210430150725048,0.226693827945482,0.928075522708021,-0.46536291784565,0.42327688770064,0.97917684430061,0.627907185111122,1.52695703306027]
["9883_29_GLO1_Glyoxalase_I","FTjVRz","osteoporosis","GLO1","Weighted median",11,-0.00632201413672197,0.112922189471815,0.955353295593846,-0.22764950550148,0.215005477228036,0.993697927748227,0.796403345914875,1.239868687991]
["9883_29_GLO1_Glyoxalase_I","FTjVRz","osteoporosis","GLO1","Inverse variance weighted",11,-0.0462554059375866,0.116736578111028,0.69192985428237,-0.275059099035201,0.182548287160028,0.954798069950016,0.759527234571772,1.20027210728561]
["9883_29_GLO1_Glyoxalase_I","FTjVRz","osteoporosis","GLO1","Simple mode",11,0.079495322964648,0.235068113287134,0.74222014802305,-0.381238179078134,0.54022882500743,1.08274049550202,0.683015190316503,1.71639957239709]
["9883_29_GLO1_Glyoxalase_I","FTjVRz","osteoporosis","GLO1","Weighted mode",11,1.8586138122636E-3,0.117551440598962,0.987696125723126,-0.228542209761702,0.23225943738623,1.00186034210549,0.795692710495948,1.26144695287974]
["9884_8_PPIL1_PPIL1","FTjVRz","osteoporosis","PPIL1","MR Egger",9,0.0136384975693815,0.262406214969794,0.960000910857542,-0.500677683771415,0.527954678910178,1.01373192613594,0.606119762972432,1.69546099772039]
["9884_8_PPIL1_PPIL1","FTjVRz","osteoporosis","PPIL1","Weighted median",9,-0.116081893562979,0.187173508492554,0.535137081918604,-0.482941970208385,0.250778183082427,0.890402302094621,0.616965624721401,1.28502501242822]
["9884_8_PPIL1_PPIL1","FTjVRz","osteoporosis","PPIL1","Inverse variance weighted",9,-0.046709453823158,0.140358689907574,0.739295574926709,-0.321812486042003,0.228393578395687,0.954364644310651,0.724834094097454,1.25657979077863]
["9884_8_PPIL1_PPIL1","FTjVRz","osteoporosis","PPIL1","Simple mode",9,-0.0945457253752233,0.295914563448837,0.757528675184192,-0.674538269734943,0.485446818984496,0.9097861333626,0.509391567819706,1.62490088322748]
["9884_8_PPIL1_PPIL1","FTjVRz","osteoporosis","PPIL1","Weighted mode",9,-0.122730276522887,0.240233231423106,0.623231674156825,-0.593587410112174,0.3481268570664,0.884502201398887,0.552342248126866,1.41641192020456]
["9885_41_RAP2A_RAP2A","FTjVRz","osteoporosis","RAP2A","MR Egger",10,-0.605593549279467,0.56085317549011,0.311718515064333,-1.70486577324008,0.493678674681149,0.545750400729428,0.18179678653136,1.63833203864114]
["9885_41_RAP2A_RAP2A","FTjVRz","osteoporosis","RAP2A","Weighted median",10,-0.0888198959941751,0.180244008692217,0.62217097097005,-0.44209815303092,0.264458361042569,0.915010355765485,0.642686550726718,1.30272517794462]
["9885_41_RAP2A_RAP2A","FTjVRz","osteoporosis","RAP2A","Inverse variance weighted",10,-0.00994004964141723,0.132199098758872,0.940063544252739,-0.269050283208806,0.249170183925971,0.990109189370894,0.764104833039332,1.28296035372181]
["9885_41_RAP2A_RAP2A","FTjVRz","osteoporosis","RAP2A","Simple mode",10,-0.202468314882268,0.281944393984177,0.49090669532719,-0.755079327091255,0.350142697326719,0.816712359815421,0.469973331634412,1.41927006018746]
["9885_41_RAP2A_RAP2A","FTjVRz","osteoporosis","RAP2A","Weighted mode",10,-0.17962232718191,0.237009500198148,0.467907964359095,-0.644160947570279,0.28491629320646,0.8355857298435,0.525102946222566,1.3296507226645]
["9886_28_XRCC4_XRCC4","FTjVRz","osteoporosis","XRCC4","MR Egger",12,0.0131592400079017,0.129432937225483,0.9210295764214,-0.240529316954045,0.266847796969848,1.01324620384736,0.786211595781023,1.30584167814417]
["9886_28_XRCC4_XRCC4","FTjVRz","osteoporosis","XRCC4","Weighted median",12,0.0808137322538435,0.0971812778358624,0.405647651431809,-0.109661572304447,0.271289036812134,1.08416893205418,0.896137361685744,1.31165413192949]
["9886_28_XRCC4_XRCC4","FTjVRz","osteoporosis","XRCC4","Inverse variance weighted",12,0.114460277426541,0.0760425657449866,0.1322692600377,-0.0345831514336322,0.263503706286715,1.12126810052485,0.966008011395784,1.30148211859859]
["9886_28_XRCC4_XRCC4","FTjVRz","osteoporosis","XRCC4","Simple mode",12,0.145486420146244,0.15031619835597,0.353908661930962,-0.149133328631458,0.440106168923945,1.15660202798915,0.861454250725474,1.55287207651717]
["9886_28_XRCC4_XRCC4","FTjVRz","osteoporosis","XRCC4","Weighted mode",12,0.0721568624138127,0.100955899351934,0.489662896175477,-0.125716700315978,0.270030425143604,1.07482393031718,0.881864643372915,1.31000430719609]
["9887_40_RBBP6_RBBP6","FTjVRz","osteoporosis","RBBP6","MR Egger",13,0.38060050387508,0.401987401786129,0.364077203390109,-0.407294803625733,1.16849581137589,1.46316296070293,0.665447984903225,3.21714979704131]
["9887_40_RBBP6_RBBP6","FTjVRz","osteoporosis","RBBP6","Weighted median",13,0.272537811960943,0.144897765137853,0.0599858936482362,-0.0114618077092483,0.556537431631135,1.31329311616168,0.988603628564129,1.74462115970857]
["9887_40_RBBP6_RBBP6","FTjVRz","osteoporosis","RBBP6","Inverse variance weighted",13,0.232680640950396,0.110091215326431,0.0345557759523617,0.0169018589105909,0.4484594229902,1.2619783907462,1.01704550347347,1.56589793993611]
["9887_40_RBBP6_RBBP6","FTjVRz","osteoporosis","RBBP6","Simple mode",13,0.317495975389325,0.211517281741294,0.159191641693496,-0.0970778968236115,0.732069847602261,1.37368371631208,0.90748531315656,2.07938015646476]
["9887_40_RBBP6_RBBP6","FTjVRz","osteoporosis","RBBP6","Weighted mode",13,0.282757087243623,0.228605932700626,0.239793008639342,-0.165310540849603,0.73082471533685,1.32678283019511,0.847630439336021,2.07679266435914]
["9889_42_AFAP1L1_AF1L1","FTjVRz","osteoporosis","AFAP1L1","MR Egger",9,0.749164709725509,0.646113223731289,0.284272215658378,-0.517217208787818,2.01554662823884,2.11523244540799,0.596177278625168,7.50482861142334]
["9889_42_AFAP1L1_AF1L1","FTjVRz","osteoporosis","AFAP1L1","Weighted median",9,0.338128206193906,0.206618794475967,0.101738478456233,-0.0668446309789898,0.743101043366802,1.40232027802645,0.935340512987834,2.10244518959455]
["9889_42_AFAP1L1_AF1L1","FTjVRz","osteoporosis","AFAP1L1","Inverse variance weighted",9,0.28457144322326,0.162524081055959,0.0799546253225623,-0.0339757556464205,0.60311864209294,1.32919227168808,0.966594938822897,1.82781020689684]
["9889_42_AFAP1L1_AF1L1","FTjVRz","osteoporosis","AFAP1L1","Simple mode",9,0.343774883221033,0.292887215218664,0.274254174531366,-0.230284058607547,0.917833825049614,1.41026112632844,0.7943079404467,2.50386071089089]
["9889_42_AFAP1L1_AF1L1","FTjVRz","osteoporosis","AFAP1L1","Weighted mode",9,0.343774883221033,0.230091083947822,0.173509685155654,-0.107203641316698,0.794753407758765,1.41026112632844,0.89834271466874,2.21389500015762]
["9893_27_OAZ1_Ornithine_decarboxylase_antizyme","FTjVRz","osteoporosis","OAZ1","MR Egger",15,-0.353413425265826,0.378138013880141,0.367023284624152,-1.0945639324709,0.387737081939251,0.702286790248438,0.33468552062019,1.47364228617813]
["9893_27_OAZ1_Ornithine_decarboxylase_antizyme","FTjVRz","osteoporosis","OAZ1","Weighted median",15,-0.0851684983517861,0.133859322795975,0.524611033783507,-0.347532771031897,0.177195774328325,0.918357529633768,0.706428863147421,1.19386479832866]
["9893_27_OAZ1_Ornithine_decarboxylase_antizyme","FTjVRz","osteoporosis","OAZ1","Inverse variance weighted",15,-0.0769811959211409,0.0948042136712116,0.416790575809261,-0.262797454716716,0.108835062874434,0.925907264276013,0.76889761812625,1.11497843383659]
["9893_27_OAZ1_Ornithine_decarboxylase_antizyme","FTjVRz","osteoporosis","OAZ1","Simple mode",15,0.218205127547696,0.262840028466768,0.420367659745428,-0.296961328247169,0.73337158334256,1.24384218774978,0.743072747731948,2.08208872246821]
["9893_27_OAZ1_Ornithine_decarboxylase_antizyme","FTjVRz","osteoporosis","OAZ1","Weighted mode",15,-0.296822428189295,0.193988434115531,0.14826902183597301,-0.677039759055735,0.0833949026771451,0.74317596774808,0.508118922670455,1.0869709715505]
["9894_13_MYO6_MYO6","FTjVRz","osteoporosis","MYO6","MR Egger",17,0.151158133328374,0.437815437708108,0.734696272821302,-0.706960124579518,1.00927639123627,1.16318058115605,0.493141008479312,2.74361499269897]
["9894_13_MYO6_MYO6","FTjVRz","osteoporosis","MYO6","Weighted median",17,0.337319890921692,0.155280957300936,0.0298315530667005,0.0329692146118563,0.641670567231527,1.40118721912528,1.03351872147655,1.89965172593594]
["9894_13_MYO6_MYO6","FTjVRz","osteoporosis","MYO6","Inverse variance weighted",17,0.26468693211708,0.112465723051949,0.0185981180835894,0.044254114935259,0.485119749298901,1.3030229772712,1.04524793425432,1.62436951430854]
["9894_13_MYO6_MYO6","FTjVRz","osteoporosis","MYO6","Simple mode",17,0.392146811636136,0.212574089563075,0.0836667770186313,-0.0244984039074905,0.808792027179762,1.48015499942889,0.975799246383032,2.24519421433778]
["9894_13_MYO6_MYO6","FTjVRz","osteoporosis","MYO6","Weighted mode",17,0.392146811636136,0.195087655697033,0.0615909316697053,0.00977500646995061,0.774518616802321,1.48015499942889,1.00982293789506,2.16954749205947]
["9895_77_ERCC4_XPF","FTjVRz","osteoporosis","ERCC4","MR Egger",13,-0.569477917079063,0.442371863299266,0.224406739002347,-1.43652676914562,0.297570934987499,0.565820766958649,0.237752094208942,1.34658389187654]
["9895_77_ERCC4_XPF","FTjVRz","osteoporosis","ERCC4","Weighted median",13,-0.106657519761058,0.18666339444688,0.567735586440848,-0.472517772876943,0.259202733354828,0.89883345297876,0.623430633863087,1.29589649964353]
["9895_77_ERCC4_XPF","FTjVRz","osteoporosis","ERCC4","Inverse variance weighted",13,-0.0116018967828253,0.165852486341667,0.944230983060084,-0.336672770012493,0.313468976446843,0.988465145697863,0.71414249051014,1.36816301682532]
["9895_77_ERCC4_XPF","FTjVRz","osteoporosis","ERCC4","Simple mode",13,-0.170481881198268,0.29884249738033,0.578881851132746,-0.756213176063715,0.415249413667178,0.843258368321381,0.469440754843136,1.51474849255823]
["9895_77_ERCC4_XPF","FTjVRz","osteoporosis","ERCC4","Weighted mode",13,-0.151901414319997,0.221531743884998,0.505941992444135,-0.586103632334592,0.282300803694599,0.859072968859345,0.556491360923185,1.32617757911013]
["9896_21_FOXG1_FOXGB","FTjVRz","osteoporosis","FOXG1","MR Egger",15,0.279833209570616,0.26812092639207,0.315652394164912,-0.245683806157842,0.805350225299074,1.32290914535099,0.782169503009889,2.23747998371033]
["9896_21_FOXG1_FOXGB","FTjVRz","osteoporosis","FOXG1","Weighted median",15,0.11651530524376,0.127813526304666,0.361977284320856,-0.133999206313385,0.367029816800905,1.12357470692038,0.874590758754038,1.44344095726519]
["9896_21_FOXG1_FOXGB","FTjVRz","osteoporosis","FOXG1","Inverse variance weighted",15,0.17728009041375,0.0965366371841611,0.0662981982622749,-0.0119317184672061,0.366491899294705,1.19396546457881,0.988139182216424,1.44266471390127]
["9896_21_FOXG1_FOXGB","FTjVRz","osteoporosis","FOXG1","Simple mode",15,0.0924515953963705,0.17477088176101,0.605100452296516,-0.250099332855209,0.43500252364795,1.09686004719949,0.778723426408076,1.54496695789912]
["9896_21_FOXG1_FOXGB","FTjVRz","osteoporosis","FOXG1","Weighted mode",15,0.0924515953963705,0.143150100520495,0.528829526333899,-0.188122601623799,0.37302579241654,1.09686004719949,0.828513123951335,1.45212179307992]
["9897_9_MCM6_MCM6","FTjVRz","osteoporosis","MCM6","MR Egger",10,0.176728381166318,0.31106370075364,0.585527450251063,-0.432956472310817,0.786413234643453,1.19330692446893,0.648588722758889,2.19550751657896]
["9897_9_MCM6_MCM6","FTjVRz","osteoporosis","MCM6","Weighted median",10,0.281383302251561,0.154390878110695,0.0683733343853828,-0.0212228188454014,0.583989423348524,1.32496136729094,0.979000800436822,1.79317792593241]
["9897_9_MCM6_MCM6","FTjVRz","osteoporosis","MCM6","Inverse variance weighted",10,0.128118425544721,0.113697301195749,0.259811032697003,-0.094728284798947,0.35096513588839,1.13668760757568,0.909620058490109,1.42043780274682]
["9897_9_MCM6_MCM6","FTjVRz","osteoporosis","MCM6","Simple mode",10,0.223034363872538,0.238529937508264,0.374176834096239,-0.244484313643659,0.690553041388736,1.24986352314883,0.783108272384433,1.99481844540026]
["9897_9_MCM6_MCM6","FTjVRz","osteoporosis","MCM6","Weighted mode",10,0.274873454793704,0.233063085549909,0.268477146898763,-0.181930192884117,0.731677102471526,1.31636408476259,0.833659533752237,2.07856365038325]
["9898_161_ARID1A_ARI1A","FTjVRz","osteoporosis","ARID1A","MR Egger",10,0.15761068488139,0.385419860237552,0.693317676989842,-0.597812241184212,0.913033610946993,1.17071033074479,0.550013617932861,2.49187044434212]
["9898_161_ARID1A_ARI1A","FTjVRz","osteoporosis","ARID1A","Weighted median",10,0.210412678457021,0.16728237165015,0.208453475171252,-0.117460769977273,0.538286126891315,1.23418727737929,0.889175393433131,1.7130683629961]
["9898_161_ARID1A_ARI1A","FTjVRz","osteoporosis","ARID1A","Inverse variance weighted",10,0.16469413857749,0.130559952379694,0.207148731018157,-0.0912033680867105,0.42059164524169,1.17903244301561,0.912832051113545,1.52286228336042]
["9898_161_ARID1A_ARI1A","FTjVRz","osteoporosis","ARID1A","Simple mode",10,0.264757071415999,0.259880943445315,0.334918627782403,-0.244609577736818,0.774123720568816,1.3031143735945,0.783010183180503,2.16869091506709]
["9898_161_ARID1A_ARI1A","FTjVRz","osteoporosis","ARID1A","Weighted mode",10,0.330576845625442,0.223927215174316,0.173981642915913,-0.108320496116218,0.769474187367102,1.39177073381125,0.897339956368193,2.15863091991717]
["9899_28_KIF1C_KIF1C","FTjVRz","osteoporosis","KIF1C","MR Egger",9,0.202648923739998,0.256125848836953,0.454790796095976,-0.29935773998043,0.704655587460426,1.22464244987615,0.741294171432339,2.02314976676645]
["9899_28_KIF1C_KIF1C","FTjVRz","osteoporosis","KIF1C","Weighted median",9,0.0276484904354419,0.151085481225601,0.854798811268245,-0.268479052766736,0.32377603363762,1.02803425702851,0.764541437669952,1.3823376753065]
["9899_28_KIF1C_KIF1C","FTjVRz","osteoporosis","KIF1C","Inverse variance weighted",9,0.00275241728571869,0.107166850116659,0.979509803284945,-0.207294608942933,0.21279944351437,1.00275620866386,0.812780162407228,1.23713651061051]
["9899_28_KIF1C_KIF1C","FTjVRz","osteoporosis","KIF1C","Simple mode",9,-0.0486250577578404,0.218399355344206,0.829392646819741,-0.476687794232485,0.379437678716804,0.952538209564196,0.620836327721567,1.46146254683518]
["9899_28_KIF1C_KIF1C","FTjVRz","osteoporosis","KIF1C","Weighted mode",9,0.0426736649421846,0.14855605240474,0.781216211573742,-0.248496197771106,0.333843527655475,1.04359727689815,0.779972826464712,1.39632464028991]
["9900_36_NEFH_NFH","FTjVRz","osteoporosis","NEFH","MR Egger",18,0.379334741398615,0.217391717382759,0.100169118436765,-0.0467530246715929,0.805422507468822,1.46131211554261,0.954323062739261,2.23764171946356]
["9900_36_NEFH_NFH","FTjVRz","osteoporosis","NEFH","Weighted median",18,0.259006727287492,0.107744782186307,0.0162216030296466,0.0478269542023304,0.470186500372654,1.29564252095846,1.04898911645925,1.60029262055818]
["9900_36_NEFH_NFH","FTjVRz","osteoporosis","NEFH","Inverse variance weighted",18,0.135642242616908,0.104567742639074,0.194572358715239,-0.0693105329556781,0.340595018189494,1.14527209074812,0.933036896381647,1.40578380869309]
["9900_36_NEFH_NFH","FTjVRz","osteoporosis","NEFH","Simple mode",18,0.24451696861256,0.147432817835461,0.115552219904758,-0.0444513543449429,0.533485291570063,1.27700433103222,0.956522129607454,1.70486391375418]
["9900_36_NEFH_NFH","FTjVRz","osteoporosis","NEFH","Weighted mode",18,0.28885781788598,0.110831191071388,0.018438685976023,0.0716286833860582,0.506086952385901,1.33490191585844,1.07425638075574,1.65878756401607]
["9901_28_EGLN1_EGLN1","FTjVRz","osteoporosis","EGLN1","MR Egger",18,-0.107792442689166,0.204778737336039,0.605841553315986,-0.509158767867803,0.29357388248947,0.897813924936733,0.601000947524802,1.34121226785094]
["9901_28_EGLN1_EGLN1","FTjVRz","osteoporosis","EGLN1","Weighted median",18,-0.06711387369977,0.142638807212664,0.637986242070813,-0.346685935836592,0.212458188437052,0.935088713262404,0.707027345343841,1.23671440352212]
["9901_28_EGLN1_EGLN1","FTjVRz","osteoporosis","EGLN1","Inverse variance weighted",18,0.128203528623448,0.100802520407222,0.203434024135361,-0.0693694113747081,0.325776468621603,1.136784347307,0.932981962261524,1.38510571967517]
["9901_28_EGLN1_EGLN1","FTjVRz","osteoporosis","EGLN1","Simple mode",18,0.267452070080977,0.261116712068562,0.320066344897505,-0.244336685573405,0.77924082573536,1.30663100161712,0.783223889681454,2.17981677637709]
["9901_28_EGLN1_EGLN1","FTjVRz","osteoporosis","EGLN1","Weighted mode",18,-0.159625892736063,0.174616037561002,0.373420288148933,-0.501873326355628,0.182621540883501,0.852462641786441,0.605395493442718,1.20036003490713]
["9906_21_SPOCK3_TICN3","FTjVRz","osteoporosis","SPOCK3","MR Egger",34,0.0342387118523243,0.0573523081362177,0.554715341429251,-0.0781718120946624,0.146649235799311,1.03483160381537,0.92480552011934,1.15794772517891]
["9906_21_SPOCK3_TICN3","FTjVRz","osteoporosis","SPOCK3","Weighted median",34,0.0415123925044091,0.0525885423714819,0.429889398066183,-0.0615611505436954,0.144585935552514,1.04238607954552,0.940295444403668,1.15556099446954]
["9906_21_SPOCK3_TICN3","FTjVRz","osteoporosis","SPOCK3","Inverse variance weighted",34,0.0514384900388073,0.040524810054187,0.204331019189806,-0.0279901376673992,0.130867117745014,1.05278442757122,0.972397956866028,1.13981630988675]
["9906_21_SPOCK3_TICN3","FTjVRz","osteoporosis","SPOCK3","Simple mode",34,0.00657315408074544,0.120439017438117,0.956804850346437,-0.229487320097964,0.242633628259455,1.00659480466959,0.794941048348553,1.27460156057199]
["9906_21_SPOCK3_TICN3","FTjVRz","osteoporosis","SPOCK3","Weighted mode",34,0.0345284485432886,0.047445458804916,0.471898746017007,-0.0584646507143467,0.127521547800924,1.03513147593984,0.943211581666,1.13600934648068]
["9907_216_TNKS_Tankyrase_1","FTjVRz","osteoporosis","TNKS","MR Egger",11,0.149937944866172,0.366306931965268,0.691872393198463,-0.568023641785753,0.867899531518097,1.16176214718584,0.566644224742506,2.38190248430957]
["9907_216_TNKS_Tankyrase_1","FTjVRz","osteoporosis","TNKS","Weighted median",11,0.0251885774677237,0.139716911639197,0.856930437636578,-0.248656569345102,0.29903372428055,1.02550849008547,0.779847751024398,1.34855510175663]
["9907_216_TNKS_Tankyrase_1","FTjVRz","osteoporosis","TNKS","Inverse variance weighted",11,-0.155327301184916,0.152063434418624,0.307034727761401,-0.453371632645419,0.142717030275586,0.856134917648433,0.635481923909014,1.15340337724828]
["9907_216_TNKS_Tankyrase_1","FTjVRz","osteoporosis","TNKS","Simple mode",11,0.0653872476424038,0.200364017684369,0.750892556281404,-0.327326227018959,0.458100722303767,1.06757235922676,0.72084854439286,1.58106824387767]
["9907_216_TNKS_Tankyrase_1","FTjVRz","osteoporosis","TNKS","Weighted mode",11,0.0304139520757669,0.13713165321358,0.828943705999467,-0.238364088222851,0.299191992374384,1.03088118104646,0.787915768012551,1.34876855189275]
["9910_9_MTAP_MTAP","FTjVRz","osteoporosis","MTAP","MR Egger",16,0.183373179080016,0.521555627125139,0.730382028404611,-0.838875850085257,1.20562220824529,1.20126261052159,0.432196103658537,3.33883588311394]
["9910_9_MTAP_MTAP","FTjVRz","osteoporosis","MTAP","Weighted median",16,0.169110392400506,0.142014135910302,0.233732221277165,-0.109237313983686,0.447458098784698,1.18425086400399,0.896517636079568,1.56433075318746]
["9910_9_MTAP_MTAP","FTjVRz","osteoporosis","MTAP","Inverse variance weighted",16,0.186963274963439,0.125235841322172,0.135466109016456,-0.058498974028018,0.432425523954896,1.20558300915682,0.943179208074612,1.54099070412571]
["9910_9_MTAP_MTAP","FTjVRz","osteoporosis","MTAP","Simple mode",16,0.244680190591904,0.208201615809467,0.258229646487087,-0.163394976394651,0.652755357578459,1.27721278321829,0.84925568621215,1.92082610702556]
["9910_9_MTAP_MTAP","FTjVRz","osteoporosis","MTAP","Weighted mode",16,0.10423245077655,0.152839676134154,0.505651216748652,-0.195333314446393,0.403798215999492,1.10985841238303,0.822560441080274,1.49750174457657]
["9913_4_RRBP1_RRBP1","FTjVRz","osteoporosis","RRBP1","MR Egger",15,0.12725767128128,0.391387376670897,0.750244736752605,-0.639861586993678,0.894376929556238,1.1357096198352,0.527365413223881,2.4458114018157]
["9913_4_RRBP1_RRBP1","FTjVRz","osteoporosis","RRBP1","Weighted median",15,0.214393406004152,0.150898978503049,0.155382354567793,-0.0813685918618235,0.510155403870128,1.23911003224505,0.92185384099182,1.66555000775221]
["9913_4_RRBP1_RRBP1","FTjVRz","osteoporosis","RRBP1","Inverse variance weighted",15,0.168662347415544,0.113767937775429,0.138204079247909,-0.0543228106242969,0.391647505455386,1.18372038519149,0.947126314711094,1.47941613336476]
["9913_4_RRBP1_RRBP1","FTjVRz","osteoporosis","RRBP1","Simple mode",15,0.293087170891065,0.242371125434796,0.246592789203416,-0.181960234961136,0.768134576743265,1.34055964311715,0.833634489264513,2.15574113103201]
["9913_4_RRBP1_RRBP1","FTjVRz","osteoporosis","RRBP1","Weighted mode",15,0.155911801359701,0.199743449688982,0.448058649131025,-0.235585360030705,0.547408962750106,1.16872311875403,0.790108216468613,1.72876790778748]
["9916_146_LRRC4B_LRC4B","FTjVRz","osteoporosis","LRRC4B","MR Egger",10,0.105039956562508,0.310803130142987,0.744088794660842,-0.504134178517747,0.714214091642762,1.11075499142029,0.604028329792228,2.04258076999381]
["9916_146_LRRC4B_LRC4B","FTjVRz","osteoporosis","LRRC4B","Weighted median",10,0.161021581120941,0.157197849017184,0.305682110613017,-0.14708620295274,0.469129365194623,1.1747103201058,0.863219562133838,1.59860178881017]
["9916_146_LRRC4B_LRC4B","FTjVRz","osteoporosis","LRRC4B","Inverse variance weighted",10,0.142564630213762,0.109666193256344,0.193605410287527,-0.0723811085686726,0.357510368996196,1.15322761189594,0.930176330081708,1.42976539160311]
["9916_146_LRRC4B_LRC4B","FTjVRz","osteoporosis","LRRC4B","Simple mode",10,0.263468937400072,0.212790176616414,0.246979145757752,-0.1535998087681,0.680537683568243,1.301436868301,0.85761516241413,1.97493933923153]
["9916_146_LRRC4B_LRC4B","FTjVRz","osteoporosis","LRRC4B","Weighted mode",10,0.172460381054936,0.1504836251347,0.281335109867584,-0.122487524209076,0.467408286318949,1.18822474347159,0.884716942418233,1.5958528353023]
["9918_23_CALB1_Calbindin_D28","FTjVRz","osteoporosis","CALB1","MR Egger",7,0.123453710510246,0.120624853831819,0.353034237974861,-0.112971003000118,0.35987842402061,1.13139763151086,0.893176559181097,1.43315516672537]
["9918_23_CALB1_Calbindin_D28","FTjVRz","osteoporosis","CALB1","Weighted median",7,0.0795177262187665,0.0763949960171847,0.297933050994996,-0.0702164659749154,0.229251918412448,1.08276475268421,0.932192010211971,1.25765882652084]
["9918_23_CALB1_Calbindin_D28","FTjVRz","osteoporosis","CALB1","Inverse variance weighted",7,0.0840274702010904,0.0725153815103539,0.246556574914817,-0.0581026775592031,0.226157617961384,1.08765877160362,0.943553060737584,1.25377326689136]
["9918_23_CALB1_Calbindin_D28","FTjVRz","osteoporosis","CALB1","Simple mode",7,-0.101852012317452,0.168660875488347,0.568033308835795,-0.432427328274612,0.228723303639708,0.903163198808322,0.648932010429789,1.25699418517117]
["9918_23_CALB1_Calbindin_D28","FTjVRz","osteoporosis","CALB1","Weighted mode",7,0.077797458975386,0.0767494234434825,0.349865092319794,-0.0726314109738396,0.228226328924612,1.08090370915294,0.929943533845003,1.25636964604705]
["9923_6_SOS1_SOS1","FTjVRz","osteoporosis","SOS1","MR Egger",8,0.0413752841571975,0.416062538364483,0.924024430525241,-0.77410729103719,0.856857859351585,1.0422431695103,0.461115239022271,2.35574696402174]
["9923_6_SOS1_SOS1","FTjVRz","osteoporosis","SOS1","Weighted median",8,-0.122210933764962,0.182747108113773,0.503659137854447,-0.480395265667957,0.235973398138032,0.884961680514801,0.618538856306886,1.26614062802066]
["9923_6_SOS1_SOS1","FTjVRz","osteoporosis","SOS1","Inverse variance weighted",8,-0.0291323839228306,0.151273206197467,0.847286926324101,-0.325627868069866,0.267363100224205,0.971287873056242,0.722073844174071,1.3065147560153]
["9923_6_SOS1_SOS1","FTjVRz","osteoporosis","SOS1","Simple mode",8,-0.313759284509794,0.320282038336672,0.359902452074146,-0.94151207964967,0.313993510630083,0.73069489657167,0.390037621295872,1.36888085334432]
["9923_6_SOS1_SOS1","FTjVRz","osteoporosis","SOS1","Weighted mode",8,-0.196049850577841,0.200171362114853,0.360005749572596,-0.588385720322954,0.196286019167272,0.821971257914662,0.555222846653911,1.21687490511167]
["9925_56_SCARF2_SREC_II","FTjVRz","osteoporosis","SCARF2","MR Egger",9,0.0232039365283995,0.2238552832205,0.920349644743165,-0.415552418583781,0.46196029164058,1.02347524225325,0.659975597200549,1.58718227756994]
["9925_56_SCARF2_SREC_II","FTjVRz","osteoporosis","SCARF2","Weighted median",9,0.20684791735782,0.159706758400471,0.195260479060882,-0.106177329107103,0.519873163822742,1.22979552700489,0.899265168046818,1.68181432127092]
["9925_56_SCARF2_SREC_II","FTjVRz","osteoporosis","SCARF2","Inverse variance weighted",9,0.24479561145043,0.110411274526263,0.0266145419421994,0.0283895133789546,0.461201709521906,1.27736020872207,1.02879633632394,1.58597872602915]
["9925_56_SCARF2_SREC_II","FTjVRz","osteoporosis","SCARF2","Simple mode",9,0.236075838810898,0.210302103860317,0.294184163652353,-0.176116284755323,0.64826796237712,1.26627033896226,0.838520470519809,1.91222591183923]
["9925_56_SCARF2_SREC_II","FTjVRz","osteoporosis","SCARF2","Weighted mode",9,0.175408654903913,0.150026855876383,0.275985053654379,-0.118643982613796,0.469461292421623,1.19173312470246,0.888123932045406,1.59913249634227]
["9926_4_S100P_S100P","FTjVRz","osteoporosis","S100P","MR Egger",14,0.417243251030834,0.780994133545708,0.602928344825051,-1.11350525071875,1.94799175278042,1.51777166755735,0.328405796536146,7.0145864023635]
["9926_4_S100P_S100P","FTjVRz","osteoporosis","S100P","Weighted median",14,-0.0379291302668958,0.177993111718373,0.831254231154,-0.386795629234908,0.310937368701116,0.962781170518056,0.679229895476179,1.36470374534129]
["9926_4_S100P_S100P","FTjVRz","osteoporosis","S100P","Inverse variance weighted",14,-0.0792995938368707,0.137037729819489,0.56281200639229,-0.347893544283068,0.189294356609327,0.923763129243839,0.706174048477664,1.20839659966258]
["9926_4_S100P_S100P","FTjVRz","osteoporosis","S100P","Simple mode",14,-0.012685956996207,0.253992467459564,0.960924511973674,-0.510511193216952,0.485139279224538,0.987394170566745,0.600188687992503,1.62440123843415]
["9926_4_S100P_S100P","FTjVRz","osteoporosis","S100P","Weighted mode",14,-0.0235185182849666,0.213350530428286,0.913907260833601,-0.441685557924407,0.394648521354474,0.976755886657513,0.642951774763877,1.48386255325367]
["9927_96_TNS4_TENS4","FTjVRz","osteoporosis","TNS4","MR Egger",13,8.82982565478483E-3,0.176234265862683,0.960938690208365,-0.336589335436074,0.354248986745643,1.00886892355649,0.714202077172098,1.4251099758042]
["9927_96_TNS4_TENS4","FTjVRz","osteoporosis","TNS4","Weighted median",13,-0.0187988752977347,0.0837303612486536,0.822355172568031,-0.182910383345096,0.145312632749626,0.981376721496151,0.83284278897766,1.15640104259865]
["9927_96_TNS4_TENS4","FTjVRz","osteoporosis","TNS4","Inverse variance weighted",13,-0.0229620934839798,0.104400655750008,0.825916292578944,-0.227587378753996,0.181663191786036,0.977299529091399,0.796452825401426,1.19921022200012]
["9927_96_TNS4_TENS4","FTjVRz","osteoporosis","TNS4","Simple mode",13,0.00944596470826609,0.20128984532033,0.963343208024475,-0.385082132119581,0.403974061536113,1.00949071863658,0.680394751646556,1.49776509672841]
["9927_96_TNS4_TENS4","FTjVRz","osteoporosis","TNS4","Weighted mode",13,-0.00835816559214875,0.0885413247153313,0.926350559548045,-0.181899162034198,0.165182830849901,0.991676666761469,0.833685403317487,1.17960876787071]
["9929_16_HSD17B7_DHB7","FTjVRz","osteoporosis","HSD17B7","MR Egger",10,1.05941406481765,0.933220755309797,0.289146588545224,-0.769698615589547,2.88852674522486,2.88468025833379,0.463152634262298,17.9668203897293]
["9929_16_HSD17B7_DHB7","FTjVRz","osteoporosis","HSD17B7","Weighted median",10,0.210481211541414,0.231624100082939,0.363498492930883,-0.243502024621147,0.664464447703975,1.23427186293855,0.783877888974916,1.94344942377951]
["9929_16_HSD17B7_DHB7","FTjVRz","osteoporosis","HSD17B7","Inverse variance weighted",10,0.285078186381224,0.176871652191739,0.107009828200467,-0.0615902519145847,0.631746624677032,1.32986600146694,0.940268080915354,1.88089292591532]
["9929_16_HSD17B7_DHB7","FTjVRz","osteoporosis","HSD17B7","Simple mode",10,0.637086162989115,0.332429764591681,0.0875523966858459,-0.0144761756105791,1.28864850158881,1.89096288629871,0.985628100440352,3.62788016672981]
["9929_16_HSD17B7_DHB7","FTjVRz","osteoporosis","HSD17B7","Weighted mode",10,0.00341139691681147,0.297376280975828,0.991097414840992,-0.579446113795811,0.586268907629434,1.00341722235368,0.560208572447839,1.7972701090891]
["9930_48_GABBR2_GABR2","FTjVRz","osteoporosis","GABBR2","MR Egger",12,1.09298184946708,0.699691707230813,0.149330149293161,-0.278413896705309,2.46437759563948,2.98315614604315,0.756983443712463,11.7561627874325]
["9930_48_GABBR2_GABR2","FTjVRz","osteoporosis","GABBR2","Weighted median",12,0.0170113491656726,0.181632602536696,0.925380822125349,-0.338988551806252,0.373011250137597,1.01715686614152,0.712490605773001,1.45210067607329]
["9930_48_GABBR2_GABR2","FTjVRz","osteoporosis","GABBR2","Inverse variance weighted",12,0.00421077336045601,0.133364317960092,0.974812206282766,-0.257183289841324,0.265604836562236,1.00421965112298,0.773226476218186,1.30421957695224]
["9930_48_GABBR2_GABR2","FTjVRz","osteoporosis","GABBR2","Simple mode",12,-0.218277033107325,0.27689467458558,0.44717497445833,-0.760990595295061,0.324436529080411,0.803902703151172,0.467203388227539,1.38325100463316]
["9930_48_GABBR2_GABR2","FTjVRz","osteoporosis","GABBR2","Weighted mode",12,0.168178006453241,0.221962534080817,0.464561234414625,-0.26686856034516,0.603224573251643,1.18314719974083,0.765773717883928,1.82800383920562]
["9931_20_KRT1_Keratin_1","FTjVRz","osteoporosis","KRT1","MR Egger",19,0.0811687671031006,0.322229613162632,0.804140494534683,-0.550401274695658,0.71273880890186,1.08455391814524,0.576718341465331,2.03956960754107]
["9931_20_KRT1_Keratin_1","FTjVRz","osteoporosis","KRT1","Weighted median",19,0.029481907124673,0.131881029336617,0.823108045453828,-0.229004910375095,0.287968724624441,1.02992080107467,0.795324628153259,1.33371559101509]
["9931_20_KRT1_Keratin_1","FTjVRz","osteoporosis","KRT1","Inverse variance weighted",19,-0.0204323813803817,0.126022711769712,0.871201488080793,-0.267436896449018,0.226572133688254,0.979774945264002,0.765338624683968,1.25429308335702]
["9931_20_KRT1_Keratin_1","FTjVRz","osteoporosis","KRT1","Simple mode",19,0.167061162839841,0.203042480087303,0.421394907982669,-0.230902098131272,0.565024423810955,1.18182654696568,0.793817178416282,1.75949075566662]
["9931_20_KRT1_Keratin_1","FTjVRz","osteoporosis","KRT1","Weighted mode",19,0.0939526943946221,0.138152260890151,0.505115943578789,-0.176825736950073,0.364731125739317,1.09850777911252,0.837925791304836,1.44012674307541]
["9932_49_SEMA4F_SEM4F","FTjVRz","osteoporosis","SEMA4F","MR Egger",10,2.58678675098096,1.26151988781345,0.0744466645492374,0.114207770866611,5.05936573109532,13.2870084687617,1.1209850087168,157.490593251589]
["9932_49_SEMA4F_SEM4F","FTjVRz","osteoporosis","SEMA4F","Weighted median",10,-0.0964618736547618,0.214362802048776,0.652715106944713,-0.516612965670363,0.323689218360839,0.908044517358544,0.596537623499552,1.38221767248773]
["9932_49_SEMA4F_SEM4F","FTjVRz","osteoporosis","SEMA4F","Inverse variance weighted",10,0.0843931860830765,0.1628039260008,0.604197935306327,-0.234702508878491,0.403488881044644,1.0880566184356,0.790806072424036,1.4970385865812]
["9932_49_SEMA4F_SEM4F","FTjVRz","osteoporosis","SEMA4F","Simple mode",10,-0.188798477055498,0.34020280180587,0.592445700818671,-0.855595968595003,0.477999014484007,0.827953341478936,0.425029811167142,1.61284389389939]
["9932_49_SEMA4F_SEM4F","FTjVRz","osteoporosis","SEMA4F","Weighted mode",10,-0.175525465593361,0.313117914878348,0.588769380098054,-0.789236578754923,0.438185647568201,0.839016030860347,0.454191402327799,1.54989261450748]
["9933_49_ATP1B4_AT1B4","FTjVRz","osteoporosis","ATP1B4","MR Egger",9,0.710873799445566,1.5302121036095,0.656350543588711,-2.28834192362905,3.71008952252019,2.03576933580913,0.101434508660172,40.8574640264216]
["9933_49_ATP1B4_AT1B4","FTjVRz","osteoporosis","ATP1B4","Weighted median",9,-0.139178593542609,0.256289712104957,0.587094126861459,-0.641506429268325,0.363149242183108,0.870072625229192,0.526498693302217,1.43785043116655]
["9933_49_ATP1B4_AT1B4","FTjVRz","osteoporosis","ATP1B4","Inverse variance weighted",9,-0.212309499416302,0.230383699226583,0.356764705131071,-0.663861549900404,0.239242551067801,0.808714362206116,0.514859335848867,1.27028660859406]
["9933_49_ATP1B4_AT1B4","FTjVRz","osteoporosis","ATP1B4","Simple mode",9,-0.218326438104868,0.361966085915997,0.563102123790006,-0.927779966500222,0.491127090290486,0.803862987321186,0.395430605834588,1.63415702489971]
["9933_49_ATP1B4_AT1B4","FTjVRz","osteoporosis","ATP1B4","Weighted mode",9,-0.262389672532322,0.375213592290276,0.504181035038549,-0.997808313421263,0.473028968356619,0.769211224813809,0.368686601803714,1.60484787210838]
["9934_29_PITPNA_PIPNA","FTjVRz","osteoporosis","PITPNA","MR Egger",15,0.378621115236527,0.240840534738385,0.139944125758607,-0.0934263328507071,0.850668563323762,1.46026965699307,0.910805111370975,2.34121157700236]
["9934_29_PITPNA_PIPNA","FTjVRz","osteoporosis","PITPNA","Weighted median",15,0.138300139378118,0.125953722054156,0.272194253301849,-0.108569155848028,0.385169434604265,1.14832015465402,0.897116851795011,1.46986334605822]
["9934_29_PITPNA_PIPNA","FTjVRz","osteoporosis","PITPNA","Inverse variance weighted",15,0.16226354143726,0.0960545489767356,0.0911647613816049,-0.0260033745571422,0.350530457431662,1.17617017005675,0.974331801664862,1.41982050320797]
["9934_29_PITPNA_PIPNA","FTjVRz","osteoporosis","PITPNA","Simple mode",15,0.160953740319689,0.184858008645567,0.39860845592359,-0.201367956625623,0.523275437265001,1.17463062951962,0.817611530618131,1.68754605841056]
["9934_29_PITPNA_PIPNA","FTjVRz","osteoporosis","PITPNA","Weighted mode",15,0.141870498415122,0.15534166269277,0.376555149502285,-0.162599160462707,0.446340157292951,1.15242739769864,0.849931806415463,1.56258290011243]
["9936_27_LNX1_LNX1","FTjVRz","osteoporosis","LNX1","MR Egger",19,0.0519933113399526,0.164895028759196,0.756362773444588,-0.271200945028073,0.375187567707978,1.05336869686468,0.762463267807565,1.45526434961906]
["9936_27_LNX1_LNX1","FTjVRz","osteoporosis","LNX1","Weighted median",19,0.106888022493481,0.101938300550402,0.29438248940357,-0.0929110465853079,0.30668709157227,1.11280963785385,0.911274557674549,1.35891568536765]
["9936_27_LNX1_LNX1","FTjVRz","osteoporosis","LNX1","Inverse variance weighted",19,0.138326342066402,0.0758363168714468,0.0681502779111881,-0.0103128390016338,0.286965523134438,1.14835024412329,0.989740155989776,1.33237827645708]
["9936_27_LNX1_LNX1","FTjVRz","osteoporosis","LNX1","Simple mode",19,0.067382317850158,0.138345076705478,0.632094290943099,-0.203774032492579,0.338538668192895,1.06970436708078,0.815646660007564,1.40289599535795]
["9936_27_LNX1_LNX1","FTjVRz","osteoporosis","LNX1","Weighted mode",19,0.0994760502913596,0.104430854855002,0.353433235161152,-0.105208425224444,0.304160525807163,1.10459201576622,0.900136891799747,1.35548662921141]
["9937_7_GJA1_CXA1","FTjVRz","osteoporosis","GJA1","MR Egger",17,0.257577598938945,0.215785059245509,0.251141826563363,-0.165361117182253,0.680516315060143,1.29379220398731,0.847587570381043,1.97489713817515]
["9937_7_GJA1_CXA1","FTjVRz","osteoporosis","GJA1","Weighted median",17,0.181203451564358,0.137243145398098,0.186731649413988,-0.087793113415913,0.450200016544629,1.19865902354058,0.915950354962528,1.56862590524794]
["9937_7_GJA1_CXA1","FTjVRz","osteoporosis","GJA1","Inverse variance weighted",17,0.153145274860196,0.0925945162850498,0.098140800247782,-0.0283399770585013,0.334630526778894,1.1654942836637,0.972057833254676,1.39742397909042]
["9937_7_GJA1_CXA1","FTjVRz","osteoporosis","GJA1","Simple mode",17,0.0981048613465485,0.227691768260072,0.672313470445792,-0.348171004443192,0.544380727136289,1.10307844933559,0.705978140492685,1.72354070982914]
["9937_7_GJA1_CXA1","FTjVRz","osteoporosis","GJA1","Weighted mode",17,0.139198885461733,0.157805006259639,0.390785715484318,-0.17009892680716,0.448496697730626,1.14935266680938,0.843581359657897,1.5659563094632]
["9940_35_DUSP28_DUS28","FTjVRz","osteoporosis","DUSP28","MR Egger",15,0.249630355320046,0.254650057942142,0.344836002889152,-0.249483758246552,0.748744468886643,1.28355087123554,0.77920293634847,2.1143437251021]
["9940_35_DUSP28_DUS28","FTjVRz","osteoporosis","DUSP28","Weighted median",15,-0.0179997095630413,0.137877930646688,0.896132757327042,-0.288240453630551,0.252241034504468,0.982161317614205,0.749581331015241,1.28690618870023]
["9940_35_DUSP28_DUS28","FTjVRz","osteoporosis","DUSP28","Inverse variance weighted",15,-0.0802897161714961,0.0986214405923719,0.415576041247265,-0.273587739732545,0.113008307389553,0.922848943390272,0.760645594586924,1.11964123420584]
["9940_35_DUSP28_DUS28","FTjVRz","osteoporosis","DUSP28","Simple mode",15,0.00942455214013638,0.21494286245867,0.965645788927638,-0.411863458278856,0.430712562559129,1.00946910307922,0.662414717123079,1.53835330606373]
["9940_35_DUSP28_DUS28","FTjVRz","osteoporosis","DUSP28","Weighted mode",15,0.00942455214013638,0.156519021714329,0.95283673423811,-0.297352730419949,0.316201834700221,1.00946910307922,0.742781964354288,1.3719071261476]
["9941_70_PCDHB1_PCDB1","FTjVRz","osteoporosis","PCDHB1","MR Egger",15,0.262342940696034,0.207365317450396,0.228034189033313,-0.144093081506743,0.668778962898811,1.29997227939266,0.865807153673927,1.95185258058724]
["9941_70_PCDHB1_PCDB1","FTjVRz","osteoporosis","PCDHB1","Weighted median",15,0.107075207473011,0.10815219197402,0.322153613134417,-0.104903088796069,0.31905350374209,1.11301795859978,0.90041177834764,1.37582493471929]
["9941_70_PCDHB1_PCDB1","FTjVRz","osteoporosis","PCDHB1","Inverse variance weighted",15,0.0976326640123432,0.0833218665635976,0.241296156014762,-0.0656781944523081,0.260943522476995,1.10255770158992,0.936432164874613,1.2981543468213]
["9941_70_PCDHB1_PCDB1","FTjVRz","osteoporosis","PCDHB1","Simple mode",15,0.119519904648279,0.151983262099947,0.444740149991095,-0.178367289067618,0.417407098364175,1.12695567550031,0.836635080131778,1.51802037077182]
["9941_70_PCDHB1_PCDB1","FTjVRz","osteoporosis","PCDHB1","Weighted mode",15,0.129766608713341,0.126974544805124,0.324122272467188,-0.119103499104701,0.378636716531383,1.13856262171738,0.887715918204387,1.46029243926827]
["9942_2_NXT1_NXT1","FTjVRz","osteoporosis","NXT1","MR Egger",13,-0.0766029124948942,0.120522294464097,0.538040957692839,-0.312826609644525,0.159620784654736,0.926257585904585,0.731376715244026,1.17306594202897]
["9942_2_NXT1_NXT1","FTjVRz","osteoporosis","NXT1","Weighted median",13,-0.0734270299417959,0.0832815938600454,0.377954333409208,-0.236658953907485,0.089804894023893,0.92920394738387,0.789260416303383,1.09396082458781]
["9942_2_NXT1_NXT1","FTjVRz","osteoporosis","NXT1","Inverse variance weighted",13,-0.0860738826720364,0.0755801484045401,0.254768865585742,-0.234210973544935,0.0620632082008621,0.917526439410854,0.791194877098412,1.06402959799909]
["9942_2_NXT1_NXT1","FTjVRz","osteoporosis","NXT1","Simple mode",13,-0.0310806129926662,0.177781899531414,0.864132632237994,-0.379533136074238,0.317371910088906,0.969397423898725,0.684180753974012,1.3735133004007]
["9942_2_NXT1_NXT1","FTjVRz","osteoporosis","NXT1","Weighted mode",13,-0.0697208808772865,0.081248280653802,0.407638798960945,-0.228967510958738,0.0895257492041655,0.932654105174592,0.79535437338639,1.09365549370839]
["9947_22_TOPBP1_TOPB1","FTjVRz","osteoporosis","TOPBP1","MR Egger",14,0.349662868897456,0.421631334998638,0.423119502726453,-0.476734547699874,1.17606028549479,1.4185892174207,0.620807302149093,3.2415781206436]
["9947_22_TOPBP1_TOPB1","FTjVRz","osteoporosis","TOPBP1","Weighted median",14,4.35460803213116E-3,0.175187883663161,0.980169194992507,-0.339013643947665,0.347722860011928,1.00436410311514,0.712472728082261,1.41583980953417]
["9947_22_TOPBP1_TOPB1","FTjVRz","osteoporosis","TOPBP1","Inverse variance weighted",14,0.0193757184752664,0.12444826182659,0.87627504518243,-0.224542874704851,0.263294311655383,1.01956464593753,0.798881324164659,1.30120962376066]
["9947_22_TOPBP1_TOPB1","FTjVRz","osteoporosis","TOPBP1","Simple mode",14,-0.148379634071189,0.289442703256701,0.616802698016913,-0.715687332454323,0.418928064311946,0.862103768846557,0.488855989708537,1.52033098480098]
["9947_22_TOPBP1_TOPB1","FTjVRz","osteoporosis","TOPBP1","Weighted mode",14,0.0131874122016793,0.230766036040204,0.955297724391824,-0.43911401843712,0.465488842840478,1.01327474961786,0.644607278325198,1.59279262387596]
["9950_229_LAG3_LAG_3","FTjVRz","osteoporosis","LAG3","MR Egger",31,-0.278946065876324,0.184980569907866,0.14237890245577,-0.641507982895742,0.0836158511430935,0.756580707632118,0.526497875320047,1.08721116265314]
["9950_229_LAG3_LAG_3","FTjVRz","osteoporosis","LAG3","Weighted median",31,-0.123195387302923,0.105484943974419,0.242848935142497,-0.329945877492783,0.0835551028869379,0.884090905546534,0.718962644439848,1.08714511847699]
["9950_229_LAG3_LAG_3","FTjVRz","osteoporosis","LAG3","Inverse variance weighted",31,-0.0230195675531191,0.0709214453457924,0.745500195322762,-0.162025600430872,0.115986465324634,0.977243361324805,0.850419433157645,1.12298067285155]
["9950_229_LAG3_LAG_3","FTjVRz","osteoporosis","LAG3","Simple mode",31,0.0235695745147009,0.168133496070219,0.889451831806908,-0.305972077782929,0.353111226812331,1.02384953210298,0.736407181290201,1.42348946482421]
["9950_229_LAG3_LAG_3","FTjVRz","osteoporosis","LAG3","Weighted mode",31,-0.0832929331654348,0.108796198358524,0.449903889813726,-0.296533481948143,0.129947615617273,0.920081585328995,0.743390736677319,1.13876872806524]
["9951_36_FBXL4_FBXL4","FTjVRz","osteoporosis","FBXL4","MR Egger",6,-0.0692739611682128,0.382381934294867,0.865047877114814,-0.818742552386152,0.680194630049726,0.933071019832692,0.440985822584665,1.97426194554014]
["9951_36_FBXL4_FBXL4","FTjVRz","osteoporosis","FBXL4","Weighted median",6,0.0134145400595387,0.142518708247918,0.925010047317913,-0.26592212810638,0.292751208225457,1.01350491867908,0.766498813891138,1.34010934077266]
["9951_36_FBXL4_FBXL4","FTjVRz","osteoporosis","FBXL4","Inverse variance weighted",6,-0.0309716189007119,0.173606193645206,0.85840761010223,-0.371239758445315,0.309296520643891,0.969503088248976,0.689878517527858,1.36246630999978]
["9951_36_FBXL4_FBXL4","FTjVRz","osteoporosis","FBXL4","Simple mode",6,-0.278120812226259,0.290391445806595,0.382176803308394,-0.847288046007185,0.291046421554668,0.757205336325766,0.428575634754934,1.33782668650324]
["9951_36_FBXL4_FBXL4","FTjVRz","osteoporosis","FBXL4","Weighted mode",6,-6.43026488039267E-3,0.152821798390672,0.968065974510842,-0.30596098972611,0.293100459965325,0.993590365030541,0.736415346660138,1.34057745803217]
["9952_57_TFAM_TFAM","FTjVRz","osteoporosis","TFAM","MR Egger",8,0.338157152753736,0.476006786554118,0.5041165419405,-0.594816148892336,1.27113045439981,1.40236087096179,0.551663980578829,3.56488021991439]
["9952_57_TFAM_TFAM","FTjVRz","osteoporosis","TFAM","Weighted median",8,-0.179768364771909,0.206565630925437,0.384151565187574,-0.584637001385765,0.225100271841947,0.835463711827101,0.557308127176797,1.25244829519324]
["9952_57_TFAM_TFAM","FTjVRz","osteoporosis","TFAM","Inverse variance weighted",8,-0.125447088049331,0.158931111721755,0.429926533456484,-0.436952067023971,0.18605789092531,0.882102436952884,0.646002395485856,1.20449198751501]
["9952_57_TFAM_TFAM","FTjVRz","osteoporosis","TFAM","Simple mode",8,-0.25401307876183,0.295056869759649,0.417804975214375,-0.832324543490741,0.324298385967082,0.775681657024486,0.43503684797575,1.38305993123091]
["9952_57_TFAM_TFAM","FTjVRz","osteoporosis","TFAM","Weighted mode",8,-0.0894486110513844,0.257120580576571,0.738152500746011,-0.593404948981463,0.414507726878694,0.914435255783266,0.552443038312865,1.51362544014148]
["9954_2_NPIPB3_NPPL3","FTjVRz","osteoporosis","NPIPB3","MR Egger",19,0.198160826297481,0.127282106911865,0.137922932999448,-0.0513121032497749,0.447633755844738,1.21915845079535,0.949982131748928,1.56460556306393]
["9954_2_NPIPB3_NPPL3","FTjVRz","osteoporosis","NPIPB3","Weighted median",19,0.0560481886737129,0.0782061555441281,0.473576295415712,-0.0972358761927782,0.209332253540204,1.05764864919428,0.907341960522937,1.23285455077795]
["9954_2_NPIPB3_NPPL3","FTjVRz","osteoporosis","NPIPB3","Inverse variance weighted",19,0.0718276273592241,0.0613270555741488,0.24150935344237,-0.0483734015661075,0.192028656284556,1.07447011884857,0.952777951867547,1.21170523943753]
["9954_2_NPIPB3_NPPL3","FTjVRz","osteoporosis","NPIPB3","Simple mode",19,0.0873326541074233,0.0978791653797367,0.384032290667056,-0.104510510036861,0.279175818251707,1.09125963134489,0.900765330280309,1.32203976215692]
["9954_2_NPIPB3_NPPL3","FTjVRz","osteoporosis","NPIPB3","Weighted mode",19,0.114117944217176,0.0839046018322891,0.190593120855246,-0.0503350753741107,0.278570963808462,1.12088431891178,0.950910744339353,1.32124036231728]
["9955_40_RNF148_RN148","FTjVRz","osteoporosis","RNF148","MR Egger",3,3.57309973327644,5.27030994483372,0.62071109456947,-6.75670775859764,13.9029072251505,35.6268559215882,0.00116305192544333,1091329.48846956]
["9955_40_RNF148_RN148","FTjVRz","osteoporosis","RNF148","Weighted median",3,0.208332220383494,0.30626288470752,0.496352600306572,-0.391943033643246,0.808607474410234,1.23162227161248,0.675742607458649,2.24477989576039]
["9955_40_RNF148_RN148","FTjVRz","osteoporosis","RNF148","Inverse variance weighted",3,0.311177627845373,0.259284009182437,0.23008419855309,-0.197019030152204,0.81937428584295,1.36503166728686,0.821175006078612,2.26907959801881]
["9955_40_RNF148_RN148","FTjVRz","osteoporosis","RNF148","Simple mode",3,0.200892948372249,0.413451150488809,0.675065616372954,-0.609471306585818,1.01125720333032,1.2224938948568,0.543638211051782,2.74905496446015]
["9955_40_RNF148_RN148","FTjVRz","osteoporosis","RNF148","Weighted mode",3,0.107851383854016,0.35781342149934803,0.791547374985257,-0.593462922284707,0.809165689992739,1.11388219220635,0.552411012293416,2.24603331668449]
["9956_7_ADAM15_ADA15","FTjVRz","osteoporosis","ADAM15","MR Egger",10,0.458074464464504,0.304717127979188,0.171174046957166,-0.139171106374704,1.05532003530371,1.58102672898691,0.870079139633413,2.87289443443524]
["9956_7_ADAM15_ADA15","FTjVRz","osteoporosis","ADAM15","Weighted median",10,0.0921897861824323,0.133905989494582,0.491159067397061,-0.170265953226948,0.354645525591812,1.09657291672107,0.843440471049981,1.4256751993288]
["9956_7_ADAM15_ADA15","FTjVRz","osteoporosis","ADAM15","Inverse variance weighted",10,0.148339155130307,0.152012503648409,0.329146127636357,-0.149605352020575,0.446283662281189,1.15990621780515,0.861047720124001,1.5624946244667]
["9956_7_ADAM15_ADA15","FTjVRz","osteoporosis","ADAM15","Simple mode",10,0.145354041429003,0.187243348086426,0.457495895591016,-0.221642920820391,0.512351003678397,1.1564489286301,0.801201405602543,1.66921090649351]
["9956_7_ADAM15_ADA15","FTjVRz","osteoporosis","ADAM15","Weighted mode",10,0.225341309424233,0.141188330184115,0.144945716384145,-0.0513878177366314,0.502070436585098,1.25275021868825,0.949910207062205,1.65213837977075]
["9957_9_RNF114_RN114","FTjVRz","osteoporosis","RNF114","MR Egger",14,0.151058375050551,0.442774017976787,0.73887965871777,-0.716778700183951,1.01889545028505,1.16306455005211,0.488322759085209,2.77013332354609]
["9957_9_RNF114_RN114","FTjVRz","osteoporosis","RNF114","Weighted median",14,0.121019949247278,0.160273818702105,0.450199506877163,-0.193116735408848,0.435156633903405,1.12864742780939,0.824385733516223,1.54520507149907]
["9957_9_RNF114_RN114","FTjVRz","osteoporosis","RNF114","Inverse variance weighted",14,0.203843091232056,0.134637048071853,0.130020940869558,-0.0600455229887764,0.467731705452889,1.22610575161898,0.941721662623771,1.59636904811624]
["9957_9_RNF114_RN114","FTjVRz","osteoporosis","RNF114","Simple mode",14,0.201739734897471,0.231974017028437,0.400256157144787,-0.252929338478265,0.656408808273206,1.22352952463091,0.776522750164363,1.92785658543382]
["9957_9_RNF114_RN114","FTjVRz","osteoporosis","RNF114","Weighted mode",14,0.0546460165029892,0.216818097555808,0.804953794914691,-0.370317454706394,0.479609487712373,1.05616668292072,0.690515088574779,1.61544342849063]
["9959_60_TMEM59L_TM59L","FTjVRz","osteoporosis","TMEM59L","MR Egger",16,0.280461484729434,0.223095268470049,0.229272376187454,-0.156805241471862,0.717728210930729,1.32374055745482,0.854870535933067,2.04977126921123]
["9959_60_TMEM59L_TM59L","FTjVRz","osteoporosis","TMEM59L","Weighted median",16,0.0822005202668389,0.122553443435015,0.502391252441102,-0.158004228865791,0.322405269399468,1.08567348754185,0.853846171159983,1.38044411436545]
["9959_60_TMEM59L_TM59L","FTjVRz","osteoporosis","TMEM59L","Inverse variance weighted",16,0.0334572927799766,0.0928654515398321,0.718639945117437,-0.148558992238094,0.215473577798047,1.03402328252345,0.861949157360725,1.24044920709065]
["9959_60_TMEM59L_TM59L","FTjVRz","osteoporosis","TMEM59L","Simple mode",16,0.0867946130084745,0.171743374433036,0.620640752646912,-0.249822400880276,0.423411626897225,1.09067264673868,0.778939109687898,1.52716278788543]
["9959_60_TMEM59L_TM59L","FTjVRz","osteoporosis","TMEM59L","Weighted mode",16,0.115835227991659,0.135562842013319,0.406281740002987,-0.149867942354447,0.381538398337764,1.12281084909177,0.860821646999303,1.46453589687575]
["9960_2_TBC1D5_TBCD5","FTjVRz","osteoporosis","TBC1D5","MR Egger",9,0.753045316710354,0.816492553530012,0.387059939089385,-0.847280088208469,2.35337072162918,2.12345677859168,0.42857904528714,10.5209732956635]
["9960_2_TBC1D5_TBCD5","FTjVRz","osteoporosis","TBC1D5","Weighted median",9,-0.117397748216645,0.18738181639686,0.530976398204896,-0.484666108354491,0.2498706119212,0.889231432597757,0.615902807238348,1.28385928985359]
["9960_2_TBC1D5_TBCD5","FTjVRz","osteoporosis","TBC1D5","Inverse variance weighted",9,-0.0122653484166637,0.137633259502904,0.928989589811253,-0.282026537042355,0.257495840209028,0.987809564379253,0.754253668605958,1.29368642950399]
["9960_2_TBC1D5_TBCD5","FTjVRz","osteoporosis","TBC1D5","Simple mode",9,-0.244151949731654,0.269684872267387,0.391743364543205,-0.772734299375732,0.284430399912424,0.783368592571488,0.461748781224977,1.32900481122968]
["9960_2_TBC1D5_TBCD5","FTjVRz","osteoporosis","TBC1D5","Weighted mode",9,-0.133204893687824,0.244750094204848,0.601106059237308,-0.612915078329325,0.346505290953677,0.875285733212868,0.541769265100573,1.41411697583798]
["9962_1_CDHR5_MUCDL","FTjVRz","osteoporosis","CDHR5","MR Egger",21,0.00694780993690902,0.23988031303532,0.977195649883264,-0.463217603612318,0.477113223486136,1.00697200196311,0.629255689297971,1.6114158838498]
["9962_1_CDHR5_MUCDL","FTjVRz","osteoporosis","CDHR5","Weighted median",21,0.0430216596790978,0.110100313839534,0.695982291384868,-0.17277495544639,0.258818274804585,1.04396050645529,0.841326929585007,1.29539837691392]
["9962_1_CDHR5_MUCDL","FTjVRz","osteoporosis","CDHR5","Inverse variance weighted",21,0.0393555486195212,0.081590269723435,0.629553137704827,-0.120561380038411,0.199272477277454,1.04014023833923,0.886422677017577,1.22051448305957]
["9962_1_CDHR5_MUCDL","FTjVRz","osteoporosis","CDHR5","Simple mode",21,0.0438146531603394,0.157193140152029,0.783312645309242,-0.264283901537637,0.351913207858316,1.04478868865973,0.76775554173437,1.4217851185879]
["9962_1_CDHR5_MUCDL","FTjVRz","osteoporosis","CDHR5","Weighted mode",21,0.0638672485468952,0.130823744268208,0.630722555834614,-0.192547290218793,0.320281787312584,1.06595088283986,0.824855309693182,1.37751587614768]
["9963_19_PCDHB10_PCDBA","FTjVRz","osteoporosis","PCDHB10","MR Egger",19,0.0349945638423382,0.159411246425015,0.828856275962761,-0.277451479150691,0.347440606835368,1.03561407902291,0.757712328556771,1.41544024064288]
["9963_19_PCDHB10_PCDBA","FTjVRz","osteoporosis","PCDHB10","Weighted median",19,-0.0690462830341051,0.101372854194591,0.495800527400112,-0.267737077255503,0.129644511187292,0.93328348388727,0.76510891919669,1.13842361452441]
["9963_19_PCDHB10_PCDBA","FTjVRz","osteoporosis","PCDHB10","Inverse variance weighted",19,-0.0359002479336565,0.0710786749631278,0.613504320061148,-0.175214450861387,0.103413954994074,0.96473652314515,0.839277017789593,1.10895036961863]
["9963_19_PCDHB10_PCDBA","FTjVRz","osteoporosis","PCDHB10","Simple mode",19,-0.168877274316826,0.142644546075049,0.251850779332186,-0.448460584623922,0.11070603599027,0.844612552678234,0.63861048211594,1.11706648124221]
["9963_19_PCDHB10_PCDBA","FTjVRz","osteoporosis","PCDHB10","Weighted mode",19,-0.0722666212263312,0.0987336141680544,0.473630932375247,-0.265784504995718,0.121251262543055,0.930282829593954,0.766604309101348,1.12890852916263]
["9964_10_MYZAP_MYZAP","FTjVRz","osteoporosis","MYZAP","MR Egger",14,-0.0132173093991214,0.309460893377431,0.966634555957778,-0.619760660418885,0.593326041620643,0.986869655665058,0.538073204399913,1.80999854538125]
["9964_10_MYZAP_MYZAP","FTjVRz","osteoporosis","MYZAP","Weighted median",14,-0.171275851709157,0.152319676757975,0.260822195247535,-0.469822418154788,0.127270714736474,0.842589111764017,0.625113267194168,1.13572443350935]
["9964_10_MYZAP_MYZAP","FTjVRz","osteoporosis","MYZAP","Inverse variance weighted",14,-0.114489521306371,0.105623539762427,0.278391647835453,-0.321511659240728,0.0925326166279849,0.891821283491164,0.725052176420295,1.09694891975165]
["9964_10_MYZAP_MYZAP","FTjVRz","osteoporosis","MYZAP","Simple mode",14,-0.362636509978266,0.206809590179145,0.10304993639197,-0.767983306729389,0.0427102867728573,0.695839318184671,0.463947765832608,1.04363549604074]
["9964_10_MYZAP_MYZAP","FTjVRz","osteoporosis","MYZAP","Weighted mode",14,-0.171289603531105,0.162570280107036,0.31124059140959,-0.489927352540896,0.147348145478687,0.842577524708249,0.612670901551988,1.15875730893226]
["9969_8_SLC22A16_S22AG","FTjVRz","osteoporosis","SLC22A16","MR Egger",25,0.0305606550633167,0.11734048604433,0.796838663939181,-0.19942669758357,0.260548007710204,1.03103242548927,0.819200267971278,1.29764100913056]
["9969_8_SLC22A16_S22AG","FTjVRz","osteoporosis","SLC22A16","Weighted median",25,0.0270202064794893,0.0769841250912728,0.725600251360736,-0.123868678699405,0.177909091658384,1.02738856245966,0.883495855089776,1.19471670658339]
["9969_8_SLC22A16_S22AG","FTjVRz","osteoporosis","SLC22A16","Inverse variance weighted",25,0.00306530109371923,0.0593561737066447,0.958813555834111,-0.113272799371304,0.119403401558743,1.0030700039331,0.892907042408345,1.12682438933011]
["9969_8_SLC22A16_S22AG","FTjVRz","osteoporosis","SLC22A16","Simple mode",25,0.0424755147285234,0.134734100026039,0.755293357001421,-0.221603321322513,0.30655435077956,1.04339050836105,0.801233133404103,1.35873531379395]
["9969_8_SLC22A16_S22AG","FTjVRz","osteoporosis","SLC22A16","Weighted mode",25,0.0424755147285234,0.0848901559365715,0.621380030120767,-0.123909190907157,0.208860220364203,1.04339050836105,0.883460063447152,1.23227273985663]
["9970_7_UBXN4_UBXN4","FTjVRz","osteoporosis","UBXN4","MR Egger",16,0.208549467665781,1.08119027742958,0.849816292013373,-1.9105834760962,2.32768241142776,1.23188986726995,0.147994010431233,10.2541490744149]
["9970_7_UBXN4_UBXN4","FTjVRz","osteoporosis","UBXN4","Weighted median",16,-0.0391457732300066,0.189165909266156,0.836057625536329,-0.409910955391672,0.331619408931658,0.961610521857059,0.66370934724401,1.39322249955634]
["9970_7_UBXN4_UBXN4","FTjVRz","osteoporosis","UBXN4","Inverse variance weighted",16,-0.0984364073106868,0.166864514621957,0.555245519027844,-0.425490855969723,0.228618041348349,0.906253321867788,0.653448957074617,1.25686187804661]
["9970_7_UBXN4_UBXN4","FTjVRz","osteoporosis","UBXN4","Simple mode",16,0.0749359951929449,0.25936648918898,0.776597728103938,-0.433422323617456,0.583294314003346,1.07781516332532,0.648286647221526,1.79193190430933]
["9970_7_UBXN4_UBXN4","FTjVRz","osteoporosis","UBXN4","Weighted mode",16,-0.0111147948640777,0.206553777030356,0.957796160654979,-0.415960197843576,0.39373060811542,0.988946746251702,0.659706527704248,1.48250112110499]
["9971_5_CSMD2_CSMD2","FTjVRz","osteoporosis","CSMD2","MR Egger",11,0.115293111743688,0.377878729878458,0.767223520724148,-0.62534919881809,0.855935422305465,1.12220232004873,0.535074548491824,2.35357493768363]
["9971_5_CSMD2_CSMD2","FTjVRz","osteoporosis","CSMD2","Weighted median",11,-0.0752058655559362,0.172712240535032,0.663242881695054,-0.413721857004598,0.263310125892726,0.9275525155578,0.661184829621514,1.30123020156119]
["9971_5_CSMD2_CSMD2","FTjVRz","osteoporosis","CSMD2","Inverse variance weighted",11,-0.0316825509216218,0.142005156522419,0.823451098897358,-0.310012657705564,0.24664755586232,0.968814082406347,0.733437672527426,1.27972800065537]
["9971_5_CSMD2_CSMD2","FTjVRz","osteoporosis","CSMD2","Simple mode",11,-0.119593054606533,0.314528954666916,0.711726746805696,-0.736069805753689,0.496883696540623,0.887281438352246,0.478992755571382,1.64359135224355]
["9971_5_CSMD2_CSMD2","FTjVRz","osteoporosis","CSMD2","Weighted mode",11,-0.0989816659004275,0.181947333353883,0.598351756996124,-0.455598439274038,0.257635107473183,0.905759314152773,0.634068402951503,1.29386661022005]
["9974_8_DLL3_DLL3","FTjVRz","osteoporosis","DLL3","MR Egger",23,0.0614410781904009,0.0755414137276031,0.425147560916857,-0.0866200927157012,0.209502249096503,1.06336783912552,0.917025414099305,1.23306414838797]
["9974_8_DLL3_DLL3","FTjVRz","osteoporosis","DLL3","Weighted median",23,0.056393877947781,0.0653033282280579,0.387825136597501,-0.0716006453792125,0.184388401274775,1.0580143301904,0.930902581836559,1.20248277825141]
["9974_8_DLL3_DLL3","FTjVRz","osteoporosis","DLL3","Inverse variance weighted",23,0.0356108447159345,0.0479177944801839,0.457381576031612,-0.0583080324652259,0.129529721897095,1.03625250487685,0.943359317381223,1.13829294318573]
["9974_8_DLL3_DLL3","FTjVRz","osteoporosis","DLL3","Simple mode",23,-0.0108653056111514,0.110515057826579,0.922572322724935,-0.227474818951245,0.205744207728943,0.989193508617607,0.796542479019956,1.22843893861773]
["9974_8_DLL3_DLL3","FTjVRz","osteoporosis","DLL3","Weighted mode",23,0.0479768244361409,0.0643115039188786,0.463560634939408,-0.0780737232448612,0.174027372117143,1.04914634048471,0.924896237678216,1.19008814060654]
["9979_13_AMIGO1_AMGO1","FTjVRz","osteoporosis","AMIGO1","MR Egger",14,0.17911572404813,0.188909966166681,0.361755146647199,-0.191147809638564,0.549379257734825,1.19615916053894,0.826010486816032,1.73217744832324]
["9979_13_AMIGO1_AMGO1","FTjVRz","osteoporosis","AMIGO1","Weighted median",14,0.16552759258818,0.128639008974526,0.19817778645362,-0.0866048650018916,0.417660050178251,1.1800155219526,0.917039378406189,1.51840440534748]
["9979_13_AMIGO1_AMGO1","FTjVRz","osteoporosis","AMIGO1","Inverse variance weighted",14,0.255013599646043,0.097900122462709,0.00919186942057346,0.0631293596191334,0.446897839672953,1.2904791708135,1.06516461960901,1.56345456809746]
["9979_13_AMIGO1_AMGO1","FTjVRz","osteoporosis","AMIGO1","Simple mode",14,0.182696980711857,0.204868776427953,0.388721442598591,-0.218845821086931,0.584239782510645,1.20045059327794,0.803445582971402,1.7936269206581]
["9979_13_AMIGO1_AMGO1","FTjVRz","osteoporosis","AMIGO1","Weighted mode",14,0.154518952007639,0.125030240421598,0.238379753711125,-0.0905403192186938,0.399578223233971,1.16709639666772,0.913437504071993,1.49119561332072]
["9983_97_PRSS35_PRS35","FTjVRz","osteoporosis","PRSS35","MR Egger",16,0.383622328160312,0.259863775577504,0.162014882825062,-0.125710671971596,0.89295532829222,1.46759106918413,0.881869959572708,2.44233690349608]
["9983_97_PRSS35_PRS35","FTjVRz","osteoporosis","PRSS35","Weighted median",16,0.0391918484203181,0.138063545521263,0.776511396770359,-0.231412700801357,0.309796397641993,1.03996998111096,0.793411956707871,1.36314754582171]
["9983_97_PRSS35_PRS35","FTjVRz","osteoporosis","PRSS35","Inverse variance weighted",16,0.047353838268245,0.106927469131375,0.657867412107682,-0.162224001229249,0.256931677765739,1.04849294037723,0.850250725999522,1.29295678604515]
["9983_97_PRSS35_PRS35","FTjVRz","osteoporosis","PRSS35","Simple mode",16,0.00888516237283277,0.200329510748677,0.965208292903218,-0.383760678694575,0.40153100344024,1.00892475259635,0.681294455949217,1.49411043567552]
["9983_97_PRSS35_PRS35","FTjVRz","osteoporosis","PRSS35","Weighted mode",16,0.125723193571633,0.166467200268622,0.461798193711982,-0.200552518954867,0.451998906098133,1.13396823513862,0.818278513764875,1.57145022956437]
["9984_12_YIPF6_YIPF6","FTjVRz","osteoporosis","YIPF6","MR Egger",17,0.220601695908014,0.190143945366386,0.264107940195897,-0.152080437010101,0.59328382882613,1.24682671546604,0.858919189070909,1.8099221418972]
["9984_12_YIPF6_YIPF6","FTjVRz","osteoporosis","YIPF6","Weighted median",17,0.23570609484329,0.111953200642724,0.0352566388192278,0.0162778215835506,0.45513436810303,1.26580222968869,1.01641102710506,1.57638518469089]
["9984_12_YIPF6_YIPF6","FTjVRz","osteoporosis","YIPF6","Inverse variance weighted",17,0.170468035417922,0.0816628466426242,0.0368464520339766,0.0104088559983787,0.330527214837465,1.18585974581683,1.01046321658677,1.39170166084714]
["9984_12_YIPF6_YIPF6","FTjVRz","osteoporosis","YIPF6","Simple mode",17,0.277701061409319,0.170176969166922,0.122236782987268,-0.0558457981578479,0.611247920976485,1.32009151192256,0.945684951009168,1.84272954538439]
["9984_12_YIPF6_YIPF6","FTjVRz","osteoporosis","YIPF6","Weighted mode",17,0.251491458425176,0.142879967694939,0.0974812048382991,-0.0285532782569041,0.531536195107257,1.2859419160479,0.971850514265406,1.70154420579679]
["9986_14_NPW_Neuropeptide_W","FTjVRz","osteoporosis","NPW","MR Egger",32,0.442270836351373,0.185475474618626,0.0236243005612348,0.0787389060988666,0.805802766603879,1.55623716895916,1.08192180200578,2.23849276496702]
["9986_14_NPW_Neuropeptide_W","FTjVRz","osteoporosis","NPW","Weighted median",32,0.0872055684267498,0.104029232038468,0.401873769134123,-0.116691726368648,0.291102863222148,1.09112095668382,0.88985947109546,1.3379021978032]
["9986_14_NPW_Neuropeptide_W","FTjVRz","osteoporosis","NPW","Inverse variance weighted",32,0.115099209710196,0.0720614756349403,0.110213028542235,-0.0261412825342869,0.256339701954679,1.1219847438318,0.974197442801819,1.29219161340725]
["9986_14_NPW_Neuropeptide_W","FTjVRz","osteoporosis","NPW","Simple mode",32,0.150090263489566,0.184746742455069,0.422751118516683,-0.21201335172237,0.512193878701501,1.16193911867449,0.808953896566557,1.66894865237227]
["9986_14_NPW_Neuropeptide_W","FTjVRz","osteoporosis","NPW","Weighted mode",32,0.0176593215459409,0.128089835743821,0.891237398601364,-0.233396756511948,0.268715399603829,1.01781616927923,0.791839343776027,1.30828275026867]
["9989_12_LRRC24_LRC24","FTjVRz","osteoporosis","LRRC24","MR Egger",15,-0.119799301953136,0.429250487747053,0.784566684842348,-0.961130257937359,0.721531654031087,0.887098457780173,0.382460362729041,2.05758230259662]
["9989_12_LRRC24_LRC24","FTjVRz","osteoporosis","LRRC24","Weighted median",15,-0.0797973780035244,0.183410788045233,0.663508268552337,-0.439282522572182,0.279687766565133,0.923303409014581,0.64449866848417,1.32271675146042]
["9989_12_LRRC24_LRC24","FTjVRz","osteoporosis","LRRC24","Inverse variance weighted",15,-0.0688681589962024,0.126973348171901,0.587554832092667,-0.317735921413128,0.179999603420723,0.933449738916497,0.727794958103598,1.19721688833031]
["9989_12_LRRC24_LRC24","FTjVRz","osteoporosis","LRRC24","Simple mode",15,0.178021028927997,0.315257863133826,0.581224426803718,-0.439884382814302,0.795926440670295,1.19485044739464,0.644110887066325,2.21649349561787]
["9989_12_LRRC24_LRC24","FTjVRz","osteoporosis","LRRC24","Weighted mode",15,-0.289994835534986,0.241223392623603,0.249232520867355,-0.762792685077247,0.182803014007275,0.74826743196956,0.466362203947857,1.20057788775894]
["9993_11_ZNF264_ZN264","FTjVRz","osteoporosis","ZNF264","MR Egger",9,0.59759849661041,0.40965536482804,0.187988634544849,-0.205326018452548,1.40052301167337,1.81774822599026,0.814381769642871,4.05732143849404]
["9993_11_ZNF264_ZN264","FTjVRz","osteoporosis","ZNF264","Weighted median",9,0.273616837024543,0.179546716526331,0.127525907150137,-0.0782947273670661,0.625528401416152,1.31471095715529,0.924691854382685,1.86923340210246]
["9993_11_ZNF264_ZN264","FTjVRz","osteoporosis","ZNF264","Inverse variance weighted",9,0.0889630719087932,0.132102777054234,0.500668478278878,-0.169958371117505,0.347884514935091,1.09304029168946,0.843699938150929,1.41606870551038]
["9993_11_ZNF264_ZN264","FTjVRz","osteoporosis","ZNF264","Simple mode",9,0.19110424582696,0.306822225504693,0.550721099612667,-0.410267316162238,0.792475807816157,1.21058564400526,0.663472869407809,2.20885837092283]
["9993_11_ZNF264_ZN264","FTjVRz","osteoporosis","ZNF264","Weighted mode",9,0.319670086444882,0.27117746471546,0.272338642576185,-0.21183774439742,0.851177917287183,1.37667350615646,0.809095967270304,2.34240438615356]
["9994_217_ATP4B_ATP4B","FTjVRz","osteoporosis","ATP4B","MR Egger",14,-0.0405551743672059,0.393056234663831,0.91952512682661,-0.810945394308314,0.729835045573902,0.960256181522604,0.444437698676978,2.07473834217326]
["9994_217_ATP4B_ATP4B","FTjVRz","osteoporosis","ATP4B","Weighted median",14,0.323592122702385,0.163980731563388,0.048455181996677,0.00218988883814514,0.644994356566625,1.38208347166795,1.00219228839598,1.90597627299146]
["9994_217_ATP4B_ATP4B","FTjVRz","osteoporosis","ATP4B","Inverse variance weighted",14,0.147655814270582,0.127260764645218,0.245942199001399,-0.101775284434044,0.397086912975209,1.15911387724325,0.903232499267543,1.48748520619819]
["9994_217_ATP4B_ATP4B","FTjVRz","osteoporosis","ATP4B","Simple mode",14,0.344193830045557,0.263075069774347,0.213415601683121,-0.171433306712163,0.859820966803276,1.41085207452835,0.842456452337111,2.36273764736323]
["9994_217_ATP4B_ATP4B","FTjVRz","osteoporosis","ATP4B","Weighted mode",14,0.344193830045557,0.219485023823647,0.140847939537985,-0.0859968166487919,0.774384476739906,1.41085207452835,0.917597152249505,2.16925648834154]
["9995_6_DUT_DUT","FTjVRz","osteoporosis","DUT","MR Egger",10,0.543590422428927,0.501924142753498,0.310361871311628,-0.440180897367928,1.52736174222578,1.72217912559692,0.64391992712676,4.60600893945917]
["9995_6_DUT_DUT","FTjVRz","osteoporosis","DUT","Weighted median",10,0.0914666493415933,0.192683439350049,0.635001481359479,-0.286192891784503,0.46912619046769,1.09578023109096,0.751117717535571,1.59859671369407]
["9995_6_DUT_DUT","FTjVRz","osteoporosis","DUT","Inverse variance weighted",10,0.20089695068923,0.146900751190671,0.171446945966158,-0.0870285216444853,0.488822423022945,1.22249878767466,0.91665095086777,1.63039517326765]
["9995_6_DUT_DUT","FTjVRz","osteoporosis","DUT","Simple mode",10,-0.0714773527805939,0.290879244702305,0.811404401512626,-0.641600672397112,0.498645966835924,0.931017362310581,0.526449076756104,1.64649035812694]
["9995_6_DUT_DUT","FTjVRz","osteoporosis","DUT","Weighted mode",10,-0.091355542615533,0.323230262162457,0.783850676330309,-0.724886856453949,0.542175771222883,0.912693151895002,0.484379370254682,1.71974456525274]
["9997_12_UBXN4_UBXN4","FTjVRz","osteoporosis","UBXN4","MR Egger",8,-0.294313398691591,0.485536713331005,0.566618160806249,-1.24596535682036,0.657338559437178,0.745042959362232,0.287663076536134,1.92964984585189]
["9997_12_UBXN4_UBXN4","FTjVRz","osteoporosis","UBXN4","Weighted median",8,-0.12494988718035,0.192602231490314,0.516502700851182,-0.502450260901365,0.252550486540665,0.88254112810084,0.605046320603339,1.28730448606451]
["9997_12_UBXN4_UBXN4","FTjVRz","osteoporosis","UBXN4","Inverse variance weighted",8,-0.0474781047915441,0.153864741368889,0.757648340105344,-0.349052997874567,0.254096788291479,0.953631352861304,0.705355746923944,1.28929658704282]
["9997_12_UBXN4_UBXN4","FTjVRz","osteoporosis","UBXN4","Simple mode",8,-0.170246921731039,0.275792273423713,0.556574949886833,-0.710799777641515,0.370305934179438,0.843456523136602,0.491251148621043,1.4481775939225]
["9997_12_UBXN4_UBXN4","FTjVRz","osteoporosis","UBXN4","Weighted mode",8,-0.160988757444321,0.229249071026353,0.505200565825034,-0.610316936655972,0.28833942176733,0.851301641859459,0.543178688553636,1.33421008722261]
["9999_1_IRF6_IRF6","FTjVRz","osteoporosis","IRF6","MR Egger",17,-0.232672456740133,0.400191549967245,0.569603543218573,-1.01704789467593,0.551702981195668,0.792413080585676,0.361661027242212,1.73620722993399]
["9999_1_IRF6_IRF6","FTjVRz","osteoporosis","IRF6","Weighted median",17,0.0234840498774515,0.157184058405171,0.88123423910713,-0.284596704596684,0.331564804351586,1.0237619714875,0.7523175993761,1.39314642530382]
["9999_1_IRF6_IRF6","FTjVRz","osteoporosis","IRF6","Inverse variance weighted",17,0.101811052818906,0.114832408687474,0.37529129558911,-0.123260468208543,0.326882573846354,1.10717425450868,0.884033369982004,1.38663863997783]
["9999_1_IRF6_IRF6","FTjVRz","osteoporosis","IRF6","Simple mode",17,0.145959423287824,0.295720106400647,0.628314259524493,-0.433651985257444,0.725570831833092,1.15714923378677,0.648137777742401,2.0659100506644]
["9999_1_IRF6_IRF6","FTjVRz","osteoporosis","IRF6","Weighted mode",17,0.133628873151676,0.269906463408169,0.627264328109805,-0.395387795128336,0.662645541431688,1.14296855460404,0.673418840060749,1.93991768435792]

{"sheet":"Table S4","index":4,"n_rows":8679,"n_cols":8,"rows_kept":8679}
["id.exposure","id.outcome","outcome","exposure","method","Q","Q_df","Q_pval"]
["10000_28_CRYBB2_CRBB2","FTjVRz","osteoporosis","CRYBB2","MR Egger",0.367605685815638,1,0.544312275815369]
["10000_28_CRYBB2_CRBB2","FTjVRz","osteoporosis","CRYBB2","Inverse variance weighted",0.686052593261635,2,0.709619550711505]
["10001_7_RAF1_c_Raf","FTjVRz","osteoporosis","RAF1","MR Egger",1.37399451356057,1,0.241126754914173]
["10001_7_RAF1_c_Raf","FTjVRz","osteoporosis","RAF1","Inverse variance weighted",1.58739610714742,2,0.45216955239339]
["10003_15_ZNF41_ZNF41","FTjVRz","osteoporosis","ZNF41","MR Egger",0.520182151760766,2,0.770981364799337]
["10003_15_ZNF41_ZNF41","FTjVRz","osteoporosis","ZNF41","Inverse variance weighted",0.602955539455586,3,0.895755438016125]
["10008_43_GUCA1A_GUC1A","FTjVRz","osteoporosis","GUCA1A","MR Egger",6.00068036617212,4,0.199097469077024]
["10008_43_GUCA1A_GUC1A","FTjVRz","osteoporosis","GUCA1A","Inverse variance weighted",10.4448859786739,5,0.0635674277685204]
["10011_65_OCRL_OCRL","FTjVRz","osteoporosis","OCRL","MR Egger",15.7147981939399,4,0.00342673991768438]
["10011_65_OCRL_OCRL","FTjVRz","osteoporosis","OCRL","Inverse variance weighted",16.6971116629884,5,5.11154073460707E-3]
["10012_5_SPDEF_SPDEF","FTjVRz","osteoporosis","SPDEF","MR Egger",5.21487116819316,3,0.156722635663416]
["10012_5_SPDEF_SPDEF","FTjVRz","osteoporosis","SPDEF","Inverse variance weighted",8.16253408974526,4,0.0858025634324198]
["10014_31_SNAI2_SLUG","FTjVRz","osteoporosis","SNAI2","MR Egger",10.2280069279293,2,6.01196599097438E-3]
["10014_31_SNAI2_SLUG","FTjVRz","osteoporosis","SNAI2","Inverse variance weighted",14.7750552523814,3,0.00201932797471313]
["10015_119_KCNAB2_KCAB2","FTjVRz","osteoporosis","KCNAB2","Inverse variance weighted",2.14532941316766,1,0.143004338844554]
["10023_32_VDR_VDR","FTjVRz","osteoporosis","VDR","MR Egger",0.437105172927488,2,0.803681215580307]
["10023_32_VDR_VDR","FTjVRz","osteoporosis","VDR","Inverse variance weighted",1.48968867405382,3,0.684652215751632]
["10024_44_HOGA1_HOGA1","FTjVRz","osteoporosis","HOGA1","MR Egger",1.27033862987618,2,0.52984576991872]
["10024_44_HOGA1_HOGA1","FTjVRz","osteoporosis","HOGA1","Inverse variance weighted",1.58861857240434,3,0.661973226826121]
["10035_6_DUSP4_DUS4","FTjVRz","osteoporosis","DUSP4","MR Egger",7.5087979343021,2,0.0234145192761494]
["10035_6_DUSP4_DUS4","FTjVRz","osteoporosis","DUSP4","Inverse variance weighted",7.62851303342492,3,0.0543467400450214]
["10036_201_ZHX3_ZHX3","FTjVRz","osteoporosis","ZHX3","MR Egger",0.570586916348388,2,0.751793601967044]
["10036_201_ZHX3_ZHX3","FTjVRz","osteoporosis","ZHX3","Inverse variance weighted",0.663979668539907,3,0.881641774637203]
["10037_98_SIGLEC12_SIG12","FTjVRz","osteoporosis","SIGLEC12","MR Egger",1.8971544733509,2,0.387291656015793]
["10037_98_SIGLEC12_SIG12","FTjVRz","osteoporosis","SIGLEC12","Inverse variance weighted",2.07635952398084,3,0.556710178212355]
["10041_3_HNF4A_HNF4A","FTjVRz","osteoporosis","HNF4A","MR Egger",3.79436331673452,3,0.284542452699769]
["10041_3_HNF4A_HNF4A","FTjVRz","osteoporosis","HNF4A","Inverse variance weighted",5.33918201080936,4,0.25423130106696]
["10044_12_WNT10A_WN10A","FTjVRz","osteoporosis","WNT10A","MR Egger",3.99840166972642,4,0.406222203407065]
["10044_12_WNT10A_WN10A","FTjVRz","osteoporosis","WNT10A","Inverse variance weighted",4.20105707935724,5,0.520846797470863]
["10046_55_BIRC2_cIAP_1","FTjVRz","osteoporosis","BIRC2","MR Egger",1.90207469556178,1,0.167846278338531]
["10046_55_BIRC2_cIAP_1","FTjVRz","osteoporosis","BIRC2","Inverse variance weighted",2.22043974427329,2,0.329486508207742]
["10047_12_NCF2_NCF_2","FTjVRz","osteoporosis","NCF2","Inverse variance weighted",1.22589330266185,1,0.268207182043486]
["10048_7_CBFB_PEBB","FTjVRz","osteoporosis","CBFB","MR Egger",8.70375318677258,3,0.0335003141774469]
["10048_7_CBFB_PEBB","FTjVRz","osteoporosis","CBFB","Inverse variance weighted",11.3027912622585,4,0.0233637657459031]
["10053_5_ILK_ILK1","FTjVRz","osteoporosis","ILK","MR Egger",0.119180505851866,1,0.729925002055239]
["10053_5_ILK_ILK1","FTjVRz","osteoporosis","ILK","Inverse variance weighted",0.776768383803621,2,0.678151752797313]
["10056_5_FOXM1_FOXM1","FTjVRz","osteoporosis","FOXM1","Inverse variance weighted",1.17390007431465,1,0.278601327022436]
["10063_10_FANCL_FANCL","FTjVRz","osteoporosis","FANCL","MR Egger",0.767422843816854,1,0.381015498847776]
["10063_10_FANCL_FANCL","FTjVRz","osteoporosis","FANCL","Inverse variance weighted",0.773035393163222,2,0.679418701879744]
["10064_12_RBBP9_RBBP9","FTjVRz","osteoporosis","RBBP9","MR Egger",1.64544283277073,3,0.649130412990804]
["10064_12_RBBP9_RBBP9","FTjVRz","osteoporosis","RBBP9","Inverse variance weighted",1.70467581015745,4,0.789868082729381]
["10074_128_BRD2_BRD2","FTjVRz","osteoporosis","BRD2","MR Egger",0.419724151381951,1,0.517074719450103]
["10074_128_BRD2_BRD2","FTjVRz","osteoporosis","BRD2","Inverse variance weighted",0.695784340186574,2,0.706175018895492]
["10075_75_ACBD6_ACBD6","FTjVRz","osteoporosis","ACBD6","MR Egger",0.258784377113935,1,0.610956536542222]
["10075_75_ACBD6_ACBD6","FTjVRz","osteoporosis","ACBD6","Inverse variance weighted",1.07283587187128,2,0.584839437090168]
["10078_5_BAG3_BAG3","FTjVRz","osteoporosis","BAG3","MR Egger",0.714794053266175,1,0.397856881664166]
["10078_5_BAG3_BAG3","FTjVRz","osteoporosis","BAG3","Inverse variance weighted",0.744405633273698,2,0.689214444192349]
["10081_17_SATB2_SATB2","FTjVRz","osteoporosis","SATB2","MR Egger",3.66966507638157,4,0.452553327400581]
["10081_17_SATB2_SATB2","FTjVRz","osteoporosis","SATB2","Inverse variance weighted",4.81989456184679,5,0.438253744740136]
["10082_251_NEFL_NFL","FTjVRz","osteoporosis","NEFL","MR Egger",1.3583994827932,6,0.968340057167284]
["10082_251_NEFL_NFL","FTjVRz","osteoporosis","NEFL","Inverse variance weighted",2.83140181258934,7,0.900148554016871]
["10085_25_STAR_STAR","FTjVRz","osteoporosis","STAR","MR Egger",0.533482999825651,1,0.465146203694231]
["10085_25_STAR_STAR","FTjVRz","osteoporosis","STAR","Inverse variance weighted",2.71842368584473,2,0.256863145700167]
["10089_7_ASMTL_ASML","FTjVRz","osteoporosis","ASMTL","Inverse variance weighted",0.98568274224322,1,0.320799844174642]
["10339_48_ENO2_NSE","FTjVRz","osteoporosis","ENO2","MR Egger",0.260598324273385,1,0.609709395744733]
["10339_48_ENO2_NSE","FTjVRz","osteoporosis","ENO2","Inverse variance weighted",1.89245621539983,2,0.388202523520668]
["10342_55_PIAS4_PIAS4","FTjVRz","osteoporosis","PIAS4","MR Egger",0.308419119189811,1,0.578651900938431]
["10342_55_PIAS4_PIAS4","FTjVRz","osteoporosis","PIAS4","Inverse variance weighted",0.361147249826879,2,0.83479121700325]
["10344_334_IL10RA_IL_10_Ra","FTjVRz","osteoporosis","IL10RA","MR Egger",11.095646537542,6,0.0854649611793125]
["10344_334_IL10RA_IL_10_Ra","FTjVRz","osteoporosis","IL10RA","Inverse variance weighted",16.8174383143228,7,0.0186120690236043]
["10346_5_STAT3_STAT3","FTjVRz","osteoporosis","STAT3","MR Egger",4.5199412539086,3,0.210518455037026]
["10346_5_STAT3_STAT3","FTjVRz","osteoporosis","STAT3","Inverse variance weighted",5.63151090053147,4,0.228409140090095]
["10356_21_JUN_c_Jun","FTjVRz","osteoporosis","JUN","MR Egger",2.21675716002166,2,0.33009374800223]
["10356_21_JUN_c_Jun","FTjVRz","osteoporosis","JUN","Inverse variance weighted",2.2299390722672,3,0.526075407374976]
["10363_13_SMAD3_SMAD3","FTjVRz","osteoporosis","SMAD3","MR Egger",0.917691408623023,1,0.338081863959309]
["10363_13_SMAD3_SMAD3","FTjVRz","osteoporosis","SMAD3","Inverse variance weighted",0.973609215267976,2,0.614587106842414]
["10364_6_SMAD2_SMAD2","FTjVRz","osteoporosis","SMAD2","Inverse variance weighted",0.0990394108287108,1,0.75298543788979]
["10366_11_PDGFRA_PDGFRA","FTjVRz","osteoporosis","PDGFRA","MR Egger",4.07281071588344,2,0.130496958638677]
["10366_11_PDGFRA_PDGFRA","FTjVRz","osteoporosis","PDGFRA","Inverse variance weighted",4.25163792225757,3,0.235542532894085]
["10370_21_STAT1_STAT1","FTjVRz","osteoporosis","STAT1","MR Egger",0.985435985421589,2,0.610963540945765]
["10370_21_STAT1_STAT1","FTjVRz","osteoporosis","STAT1","Inverse variance weighted",1.6337693525569,3,0.651757315013926]
["10372_18_STAT6_STAT6","FTjVRz","osteoporosis","STAT6","MR Egger",1.76308361609149,2,0.41414388880301]
["10372_18_STAT6_STAT6","FTjVRz","osteoporosis","STAT6","Inverse variance weighted",1.79647944799576,3,0.61570134691616]
["10390_21_ZNRF3_ZNRF3","FTjVRz","osteoporosis","ZNRF3","MR Egger",0.894788840288462,2,0.639291709013761]
["10390_21_ZNRF3_ZNRF3","FTjVRz","osteoporosis","ZNRF3","Inverse variance weighted",1.72096318984421,3,0.63228329980606]
["10391_1_ANGPTL3_ANGL3","FTjVRz","osteoporosis","ANGPTL3","MR Egger",0.350992954065607,2,0.839040353079897]
["10391_1_ANGPTL3_ANGL3","FTjVRz","osteoporosis","ANGPTL3","Inverse variance weighted",1.35548616847212,3,0.716001371088784]
["10418_36_STX12_STX12","FTjVRz","osteoporosis","STX12","Inverse variance weighted",0.509635662342265,1,0.475296617606754]
["10419_1_SCARA5_SCAR5","FTjVRz","osteoporosis","SCARA5","MR Egger",10.7120510851161,8,0.218554543177423]
["10419_1_SCARA5_SCAR5","FTjVRz","osteoporosis","SCARA5","Inverse variance weighted",16.7748221200593,9,0.0523612478342975]
["10424_31_NPDC1_NPDC1","FTjVRz","osteoporosis","NPDC1","MR Egger",5.53624220086389,1,0.0186265380387183]
["10424_31_NPDC1_NPDC1","FTjVRz","osteoporosis","NPDC1","Inverse variance weighted",5.77072892907457,2,0.055834436155729]
["10426_21_GOSR2_GOSR2","FTjVRz","osteoporosis","GOSR2","MR Egger",1.66116786268586,3,0.645601290414869]
["10426_21_GOSR2_GOSR2","FTjVRz","osteoporosis","GOSR2","Inverse variance weighted",2.61831455543609,4,0.623582232150768]
["10430_31_SLC3A2_4F2","FTjVRz","osteoporosis","SLC3A2","MR Egger",3.65097316507633,1,0.0560364601835049]
["10430_31_SLC3A2_4F2","FTjVRz","osteoporosis","SLC3A2","Inverse variance weighted",3.9937607098859,2,0.135758140523385]
["10435_2_AGA_ASPG","FTjVRz","osteoporosis","AGA","MR Egger",4.01115422976865,2,0.134582603655305]
["10435_2_AGA_ASPG","FTjVRz","osteoporosis","AGA","Inverse variance weighted",7.05441990914568,3,0.0701833044203516]
["10438_19_CSF2RA_CSF2R","FTjVRz","osteoporosis","CSF2RA","MR Egger",0.803872162829967,2,0.669023507359633]
["10438_19_CSF2RA_CSF2R","FTjVRz","osteoporosis","CSF2RA","Inverse variance weighted",3.99973431466314,3,0.261492820594581]
["10440_26_CLMP_ACAM","FTjVRz","osteoporosis","CLMP","MR Egger",1.52353691722846,2,0.466840109158293]
["10440_26_CLMP_ACAM","FTjVRz","osteoporosis","CLMP","Inverse variance weighted",3.76723193062194,3,0.287720682726564]
["10442_1_TMEM190_TM190","FTjVRz","osteoporosis","TMEM190","MR Egger",4.6386155228784,5,0.461554006798662]
["10442_1_TMEM190_TM190","FTjVRz","osteoporosis","TMEM190","Inverse variance weighted",4.82366975187163,6,0.566619748260341]
["10445_20_APOM_ApoM","FTjVRz","osteoporosis","APOM","MR Egger",20.0414623998204,8,0.0101803178924405]
["10445_20_APOM_ApoM","FTjVRz","osteoporosis","APOM","Inverse variance weighted",20.3790640948886,9,0.0157118650334106]
["10447_18_PABPC3_PABP3","FTjVRz","osteoporosis","PABPC3","Inverse variance weighted",1.03248690725452,1,0.309575279601226]
["10449_31_SHISA2_TMM46","FTjVRz","osteoporosis","SHISA2","MR Egger",2.55887465752326,3,0.464745006896463]
["10449_31_SHISA2_TMM46","FTjVRz","osteoporosis","SHISA2","Inverse variance weighted",4.04303973956741,4,0.400212390375374]
["10451_11_NUCB1_NUCB1","FTjVRz","osteoporosis","NUCB1","MR Egger",1.03190775296259,1,0.309711012206665]
["10451_11_NUCB1_NUCB1","FTjVRz","osteoporosis","NUCB1","Inverse variance weighted",2.679210875734,2,0.261949003350491]
["10453_7_CEACAM20_CEA20","FTjVRz","osteoporosis","CEACAM20","MR Egger",0.479165262835306,1,0.488800661714756]
["10453_7_CEACAM20_CEA20","FTjVRz","osteoporosis","CEACAM20","Inverse variance weighted",3.35754944669351,2,0.186602475680074]
["10455_196_IL31_IL_31","FTjVRz","osteoporosis","IL31","MR Egger",2.76289202359637,2,0.251215030396234]
["10455_196_IL31_IL_31","FTjVRz","osteoporosis","IL31","Inverse variance weighted",5.23401217688519,3,0.155442008538718]
["10464_6_ANTXR1_ANTR1","FTjVRz","osteoporosis","ANTXR1","MR Egger",1.87317460665079,5,0.866400696437793]
["10464_6_ANTXR1_ANTR1","FTjVRz","osteoporosis","ANTXR1","Inverse variance weighted",2.26059999001849,6,0.89423954045244]
["10499_1_TMEM106A_T106A","FTjVRz","osteoporosis","TMEM106A","MR Egger",2.73170379193715,4,0.603678366198665]
["10499_1_TMEM106A_T106A","FTjVRz","osteoporosis","TMEM106A","Inverse variance weighted",2.88196612294777,5,0.718177155808302]
["10506_53_PGRMC2_PGRC2","FTjVRz","osteoporosis","PGRMC2","MR Egger",1.00744796383791,1,0.315515005092091]
["10506_53_PGRMC2_PGRC2","FTjVRz","osteoporosis","PGRMC2","Inverse variance weighted",1.52665219674709,2,0.466113506482544]
["10507_166_ACRV1_sperm_protein_10","FTjVRz","osteoporosis","ACRV1","MR Egger",2.94077046293012,1,0.0863695267171097]
["10507_166_ACRV1_sperm_protein_10","FTjVRz","osteoporosis","ACRV1","Inverse variance weighted",4.18960496617713,2,0.123094554509207]
["10511_10_COL6A3_Collagen_alpha_3_VI_","FTjVRz","osteoporosis","COL6A3","MR Egger",23.2359424932343,9,0.00568761580803975]
["10511_10_COL6A3_Collagen_alpha_3_VI_","FTjVRz","osteoporosis","COL6A3","Inverse variance weighted",23.4275721140828,10,0.00927374687539747]
["10512_13_CSF2RB_IL3RB","FTjVRz","osteoporosis","CSF2RB","MR Egger",11.3719031548783,8,0.181503757281711]
["10512_13_CSF2RB_IL3RB","FTjVRz","osteoporosis","CSF2RB","Inverse variance weighted",11.5215554090785,9,0.24164428534032]
["10513_13_KCNIP3_CSEN","FTjVRz","osteoporosis","KCNIP3","MR Egger",9.0518565389281,11,0.617105621229417]
["10513_13_KCNIP3_CSEN","FTjVRz","osteoporosis","KCNIP3","Inverse variance weighted",12.1125019329318,12,0.43668730969805]
["10514_5_PTGDS_PGD2_synthase","FTjVRz","osteoporosis","PTGDS","MR Egger",11.7141688277393,15,0.700522706260468]
["10514_5_PTGDS_PGD2_synthase","FTjVRz","osteoporosis","PTGDS","Inverse variance weighted",11.7929327795105,16,0.758106747996173]
["10521_10_MXRA8_MXRA8","FTjVRz","osteoporosis","MXRA8","MR Egger",20.4731566623911,22,0.553468692086507]
["10521_10_MXRA8_MXRA8","FTjVRz","osteoporosis","MXRA8","Inverse variance weighted",22.1539083897655,23,0.510977207679416]
["10527_22_DHX9_DHX9","FTjVRz","osteoporosis","DHX9","MR Egger",7.99619070532367,12,0.785428000019597]
["10527_22_DHX9_DHX9","FTjVRz","osteoporosis","DHX9","Inverse variance weighted",9.59294331488099,13,0.726833652027991]
["10530_8_PSMB6_PSB6","FTjVRz","osteoporosis","PSMB6","MR Egger",16.1973870968997,11,0.133959710446019]
["10530_8_PSMB6_PSB6","FTjVRz","osteoporosis","PSMB6","Inverse variance weighted",16.2500256481221,12,0.180050941072459]
["10531_18_NRAS_RASN","FTjVRz","osteoporosis","NRAS","MR Egger",19.6166311938318,9,0.020431456284262]
["10531_18_NRAS_RASN","FTjVRz","osteoporosis","NRAS","Inverse variance weighted",19.6598172429877,10,0.0326394835744437]
["10534_40_PARP1_PARP","FTjVRz","osteoporosis","PARP1","MR Egger",21.2978657246058,13,0.0672422857233855]
["10534_40_PARP1_PARP","FTjVRz","osteoporosis","PARP1","Inverse variance weighted",21.5507144630682,14,0.0883295493739496]
["10535_25_COX6A2_CX6A2","FTjVRz","osteoporosis","COX6A2","MR Egger",11.2005758325997,8,0.190591249090533]
["10535_25_COX6A2_CX6A2","FTjVRz","osteoporosis","COX6A2","Inverse variance weighted",11.2130952917108,9,0.26138474908593]
["10539_30_CD99L2_C99L2","FTjVRz","osteoporosis","CD99L2","MR Egger",1.18203660634714,2,0.55376309880618]
["10539_30_CD99L2_C99L2","FTjVRz","osteoporosis","CD99L2","Inverse variance weighted",1.33727271358883,3,0.720301901255952]
["10546_2_TSPEAR_TSEAR","FTjVRz","osteoporosis","TSPEAR","MR Egger",1.06219188368668,2,0.587960246217128]
["10546_2_TSPEAR_TSEAR","FTjVRz","osteoporosis","TSPEAR","Inverse variance weighted",1.94894520557252,3,0.583070644595305]
["10550_37_BMPR1B_BMP_RIB","FTjVRz","osteoporosis","BMPR1B","MR Egger",2.28092053946972,2,0.319671852671279]
["10550_37_BMPR1B_BMP_RIB","FTjVRz","osteoporosis","BMPR1B","Inverse variance weighted",2.3162241031067,3,0.509419926875734]
["10552_88_KLRC4_NKG2F","FTjVRz","osteoporosis","KLRC4","MR Egger",0.852005053538535,1,0.355985736032158]
["10552_88_KLRC4_NKG2F","FTjVRz","osteoporosis","KLRC4","Inverse variance weighted",2.33110610404588,2,0.311750200267969]
["10557_6_TEX29_TEX29","FTjVRz","osteoporosis","TEX29","MR Egger",3.79459961320624,2,0.149973029167458]
["10557_6_TEX29_TEX29","FTjVRz","osteoporosis","TEX29","Inverse variance weighted",6.00290799051427,3,0.111468830717386]
["10558_26_PCDH9_PCDH9","FTjVRz","osteoporosis","PCDH9","MR Egger",15.3669117423059,12,0.221981679873184]
["10558_26_PCDH9_PCDH9","FTjVRz","osteoporosis","PCDH9","Inverse variance weighted",29.1767801202403,13,0.00617816963131805]
["10560_1_ITM2C_ITM2C","FTjVRz","osteoporosis","ITM2C","Inverse variance weighted",1.04246663114156,1,0.30724849190867]
["10561_5_PGLYRP3_PGRP_I_alpha","FTjVRz","osteoporosis","PGLYRP3","MR Egger",2.29545434032114,2,0.317357249330773]
["10561_5_PGLYRP3_PGRP_I_alpha","FTjVRz","osteoporosis","PGLYRP3","Inverse variance weighted",2.98021160981963,3,0.394686230134509]
["10565_19_SLITRK3_SLIK3","FTjVRz","osteoporosis","SLITRK3","MR Egger",15.8125274967857,12,0.199974329282229]
["10565_19_SLITRK3_SLIK3","FTjVRz","osteoporosis","SLITRK3","Inverse variance weighted",15.8351154546603,13,0.258148328611291]
["10569_28_SCGB1A1_Urinary_protein_1","FTjVRz","osteoporosis","SCGB1A1","MR Egger",6.81550697069562,3,0.0780165547306519]
["10569_28_SCGB1A1_Urinary_protein_1","FTjVRz","osteoporosis","SCGB1A1","Inverse variance weighted",7.46532683153994,4,0.11324798789289]
["10571_14_MGAT1_MGAT1","FTjVRz","osteoporosis","MGAT1","MR Egger",2.70437017931681,1,0.100073596258539]
["10571_14_MGAT1_MGAT1","FTjVRz","osteoporosis","MGAT1","Inverse variance weighted",3.26583497360112,2,0.195358785219972]
["10572_65_CST8_CST8","FTjVRz","osteoporosis","CST8","MR Egger",2.51398284696621,3,0.472769369154847]
["10572_65_CST8_CST8","FTjVRz","osteoporosis","CST8","Inverse variance weighted",2.65282851219892,4,0.617493881028031]
["10574_10_AXL_AXL","FTjVRz","osteoporosis","AXL","Inverse variance weighted",0.232540513179408,1,0.629646441309128]
["10575_31_PUF60_PUF60","FTjVRz","osteoporosis","PUF60","MR Egger",0.371048830919134,1,0.542433119799421]
["10575_31_PUF60_PUF60","FTjVRz","osteoporosis","PUF60","Inverse variance weighted",0.383692123606705,2,0.825433924521836]
["10580_14_SFTA2_SFTA2","FTjVRz","osteoporosis","SFTA2","MR Egger",0.0391720093663288,1,0.843108282607205]
["10580_14_SFTA2_SFTA2","FTjVRz","osteoporosis","SFTA2","Inverse variance weighted",1.12548059368663,2,0.569645924165811]
["10582_36_POMK_SG196","FTjVRz","osteoporosis","POMK","MR Egger",2.34012194538392,3,0.504878211420042]
["10582_36_POMK_SG196","FTjVRz","osteoporosis","POMK","Inverse variance weighted",2.34693319210989,4,0.67223775868906]
["10584_7_NDUFS4_NDUS4","FTjVRz","osteoporosis","NDUFS4","MR Egger",0.924766541031948,2,0.629780917222668]
["10584_7_NDUFS4_NDUS4","FTjVRz","osteoporosis","NDUFS4","Inverse variance weighted",2.36163375031559,3,0.500816442202835]
["10600_24_CLGN_CLGN","FTjVRz","osteoporosis","CLGN","MR Egger",3.91195938544879,4,0.418051955171902]
["10600_24_CLGN_CLGN","FTjVRz","osteoporosis","CLGN","Inverse variance weighted",7.68331385963037,5,0.174574139798799]
["10603_1_HTN3_HIS3","FTjVRz","osteoporosis","HTN3","MR Egger",8.27531517539863,8,0.407049149520676]
["10603_1_HTN3_HIS3","FTjVRz","osteoporosis","HTN3","Inverse variance weighted",8.2970087840368,9,0.504514197322991]
["10605_22_APMAP_APMAP","FTjVRz","osteoporosis","APMAP","MR Egger",1.36146301919601,2,0.506246532687087]
["10605_22_APMAP_APMAP","FTjVRz","osteoporosis","APMAP","Inverse variance weighted",4.48067300070372,3,0.214020703717987]
["10606_34_TOR1AIP1_TOIP1","FTjVRz","osteoporosis","TOR1AIP1","Inverse variance weighted",0.0180674389556692,1,0.893074283536465]
["10608_9_HTN1_HIS1","FTjVRz","osteoporosis","HTN1","MR Egger",0.000758545923397249,1,0.97802767074854]
["10608_9_HTN1_HIS1","FTjVRz","osteoporosis","HTN1","Inverse variance weighted",0.440109635018158,2,0.802474807086731]
["10612_18_PLOD3_PLOD3","FTjVRz","osteoporosis","PLOD3","Inverse variance weighted",0.00173504400163159,1,0.966774636888049]
["10615_18_MPZ_MYP0","FTjVRz","osteoporosis","MPZ","MR Egger",23.4498285418522,12,0.0241409093689772]
["10615_18_MPZ_MYP0","FTjVRz","osteoporosis","MPZ","Inverse variance weighted",23.5232371656427,13,0.0358094859688248]
["10618_190_LRP2_megalin","FTjVRz","osteoporosis","LRP2","MR Egger",0.88823682128496,1,0.345955560227329]
["10618_190_LRP2_megalin","FTjVRz","osteoporosis","LRP2","Inverse variance weighted",2.16665371640777,2,0.33846761672128]
["10620_21_MSMB_PSP_94","FTjVRz","osteoporosis","MSMB","MR Egger",2.9760828943695,4,0.561835816285879]
["10620_21_MSMB_PSP_94","FTjVRz","osteoporosis","MSMB","Inverse variance weighted",3.55228735416168,5,0.61549107719993]
["10621_26_PRR16_PRR16","FTjVRz","osteoporosis","PRR16","Inverse variance weighted",0.0489738318774939,1,0.82485860040364]
["10624_45_SPINK13_ISK13","FTjVRz","osteoporosis","SPINK13","MR Egger",6.78584043191086,1,0.00918837597702042]
["10624_45_SPINK13_ISK13","FTjVRz","osteoporosis","SPINK13","Inverse variance weighted",13.1878973785492,2,0.00136862500478483]
["10627_87_APLP2_APLP2","FTjVRz","osteoporosis","APLP2","MR Egger",0.697412462930542,3,0.873812394594878]
["10627_87_APLP2_APLP2","FTjVRz","osteoporosis","APLP2","Inverse variance weighted",0.742066056106328,4,0.946041788250608]
["10630_5_HTATIP2_HTAI2","FTjVRz","osteoporosis","HTATIP2","MR Egger",9.63714911233822,4,0.0470041564514787]
["10630_5_HTATIP2_HTAI2","FTjVRz","osteoporosis","HTATIP2","Inverse variance weighted",10.3352502051064,5,0.0662746166255765]
["10643_16_OLFM3_NOE3","FTjVRz","osteoporosis","OLFM3","MR Egger",2.63100487131095,3,0.452079901289405]
["10643_16_OLFM3_NOE3","FTjVRz","osteoporosis","OLFM3","Inverse variance weighted",2.65103391575604,4,0.617809824591857]
["10647_18_ASCC1_ASCC1","FTjVRz","osteoporosis","ASCC1","Inverse variance weighted",0.789219959582087,1,0.374336096835005]
["10666_7_GNPTG_GNPTG","FTjVRz","osteoporosis","GNPTG","MR Egger",23.9187613743002,8,0.00236477406117599]
["10666_7_GNPTG_GNPTG","FTjVRz","osteoporosis","GNPTG","Inverse variance weighted",23.9196965577476,9,0.00443009075119462]
["10672_75_SFTPB_SP_B","FTjVRz","osteoporosis","SFTPB","Inverse variance weighted",1.81338880005682,1,0.178102245566413]
["10675_223_TMX2_TMX2","FTjVRz","osteoporosis","TMX2","MR Egger",2.2151324595062,2,0.330362008689561]
["10675_223_TMX2_TMX2","FTjVRz","osteoporosis","TMX2","Inverse variance weighted",2.21948958878009,3,0.528119739189479]
["10677_9_NDUFB4_NDUB4","FTjVRz","osteoporosis","NDUFB4","MR Egger",4.92965801417776,6,0.552866227878245]
["10677_9_NDUFB4_NDUB4","FTjVRz","osteoporosis","NDUFB4","Inverse variance weighted",8.78117019750023,7,0.268751350362327]
["10702_1_COL28A1_COSA1","FTjVRz","osteoporosis","COL28A1","MR Egger",0.777195261763517,3,0.85491348556184]
["10702_1_COL28A1_COSA1","FTjVRz","osteoporosis","COL28A1","Inverse variance weighted",2.55135577557471,4,0.635463956248261]
["10703_203_SUDS3_SDS3","FTjVRz","osteoporosis","SUDS3","MR Egger",0.989035872229667,1,0.319978129951751]
["10703_203_SUDS3_SDS3","FTjVRz","osteoporosis","SUDS3","Inverse variance weighted",1.5661141919633,2,0.457006760042569]
["10708_3_GNRH2_GON2","FTjVRz","osteoporosis","GNRH2","MR Egger",0.484867931573982,1,0.486225578326431]
["10708_3_GNRH2_GON2","FTjVRz","osteoporosis","GNRH2","Inverse variance weighted",3.28852150137946,2,0.193155299950353]
["10710_23_ZPBP2_ZPBP2","FTjVRz","osteoporosis","ZPBP2","Inverse variance weighted",3.91323540727803,1,0.0479072840853519]
["10714_7_ACE_ACE","FTjVRz","osteoporosis","ACE","MR Egger",2.85821720271965,3,0.414005776435719]
["10714_7_ACE_ACE","FTjVRz","osteoporosis","ACE","Inverse variance weighted",5.85425813481045,4,0.21029995175551]
["10716_35_PSMD5_PSMD5","FTjVRz","osteoporosis","PSMD5","MR Egger",3.20484992708487,1,0.0734202441375673]
["10716_35_PSMD5_PSMD5","FTjVRz","osteoporosis","PSMD5","Inverse variance weighted",3.24102950512005,2,0.197796856435766]
["10731_10_HS3ST5_HS3S5","FTjVRz","osteoporosis","HS3ST5","MR Egger",1.20997612988395,2,0.546080944108569]
["10731_10_HS3ST5_HS3S5","FTjVRz","osteoporosis","HS3ST5","Inverse variance weighted",1.23644153840673,3,0.74427804288322]
["10734_339_GAL3ST2_G3ST2","FTjVRz","osteoporosis","GAL3ST2","MR Egger",5.00242858688853,5,0.415583870543228]
["10734_339_GAL3ST2_G3ST2","FTjVRz","osteoporosis","GAL3ST2","Inverse variance weighted",18.1564495741204,6,0.00585288556256091]
["10737_96_SERPINB1_Serpin_B1","FTjVRz","osteoporosis","SERPINB1","MR Egger",0.0126439869133549,1,0.910470192816553]
["10737_96_SERPINB1_Serpin_B1","FTjVRz","osteoporosis","SERPINB1","Inverse variance weighted",2.2250833330893,2,0.328722395674835]
["10748_216_PCDHB2_PCDB2","FTjVRz","osteoporosis","PCDHB2","MR Egger",1.10383504012468,2,0.575844557555008]
["10748_216_PCDHB2_PCDB2","FTjVRz","osteoporosis","PCDHB2","Inverse variance weighted",1.38558395489076,3,0.708917384576662]
["10752_8_CDYL2_CDYL2","FTjVRz","osteoporosis","CDYL2","MR Egger",2.72229288866595,2,0.256366698264953]
["10752_8_CDYL2_CDYL2","FTjVRz","osteoporosis","CDYL2","Inverse variance weighted",2.80356495630775,3,0.422913397956059]
["10754_113_PROK2_Prokineticin_2","FTjVRz","osteoporosis","PROK2","MR Egger",17.8348175725183,7,0.012737920769622]
["10754_113_PROK2_Prokineticin_2","FTjVRz","osteoporosis","PROK2","Inverse variance weighted",20.0433747142497,8,0.010173189648272]
["10758_2_KERA_KERA","FTjVRz","osteoporosis","KERA","MR Egger",4.00259132020856,4,0.405655266251485]
["10758_2_KERA_KERA","FTjVRz","osteoporosis","KERA","Inverse variance weighted",4.29484859108438,5,0.50779167831873]
["10760_107_GRIA4_GRIA4","FTjVRz","osteoporosis","GRIA4","MR Egger",3.13153801441786,3,0.371785862004314]
["10760_107_GRIA4_GRIA4","FTjVRz","osteoporosis","GRIA4","Inverse variance weighted",5.13471219092124,4,0.273752363650827]
["10761_5_TMED2_TMED2","FTjVRz","osteoporosis","TMED2","MR Egger",4.76288100199003,1,0.0290798344126932]
["10761_5_TMED2_TMED2","FTjVRz","osteoporosis","TMED2","Inverse variance weighted",10.6098157068917,2,0.00496715591365178]
["10762_2_KLRG2_KLRG2","FTjVRz","osteoporosis","KLRG2","MR Egger",1.28887573855113,1,0.256255241121965]
["10762_2_KLRG2_KLRG2","FTjVRz","osteoporosis","KLRG2","Inverse variance weighted",2.41829567972761,2,0.298451499566889]
["10772_21_CSGALNACT2_CGAT2","FTjVRz","osteoporosis","CSGALNACT2","MR Egger",5.64615091275863,4,0.227178264305377]
["10772_21_CSGALNACT2_CGAT2","FTjVRz","osteoporosis","CSGALNACT2","Inverse variance weighted",6.4223105525807,5,0.267266531999878]
["10781_19_CLEC4G_CLC4G","FTjVRz","osteoporosis","CLEC4G","MR Egger",0.119653264123365,1,0.729410857174078]
["10781_19_CLEC4G_CLC4G","FTjVRz","osteoporosis","CLEC4G","Inverse variance weighted",10.1509726682515,2,0.00624804706210632]
["10798_4_CD300E_CLM2","FTjVRz","osteoporosis","CD300E","MR Egger",0.301128721246821,1,0.583175677733319]
["10798_4_CD300E_CLM2","FTjVRz","osteoporosis","CD300E","Inverse variance weighted",0.354729060952069,2,0.837474443915689]
["10800_15_SERPINH1_Collagen_binding_protein","FTjVRz","osteoporosis","SERPINH1","MR Egger",1.69759182153483,5,0.889203009210855]
["10800_15_SERPINH1_Collagen_binding_protein","FTjVRz","osteoporosis","SERPINH1","Inverse variance weighted",1.85472497005372,6,0.932562755075869]
["10809_14_KLRB1_KLRB1","FTjVRz","osteoporosis","KLRB1","MR Egger",14.0136223830724,2,0.00090569206705118]
["10809_14_KLRB1_KLRB1","FTjVRz","osteoporosis","KLRB1","Inverse variance weighted",15.0880897014969,3,1.74289676925418E-3]
["10814_7_CD1A_CD1A","FTjVRz","osteoporosis","CD1A","MR Egger",1.29767452050517,1,0.254638436462215]
["10814_7_CD1A_CD1A","FTjVRz","osteoporosis","CD1A","Inverse variance weighted",1.33664854392138,2,0.512566781055112]
["10816_150_PILRA_PILRA_isoform_FDF03_M14","FTjVRz","osteoporosis","PILRA","MR Egger",0.911478539050488,3,0.82265692691971]
["10816_150_PILRA_PILRA_isoform_FDF03_M14","FTjVRz","osteoporosis","PILRA","Inverse variance weighted",0.970157549007782,4,0.914286813109226]
["10817_26_TOMM20L_TO20L","FTjVRz","osteoporosis","TOMM20L","MR Egger",3.24950154038641,4,0.516972900153586]
["10817_26_TOMM20L_TO20L","FTjVRz","osteoporosis","TOMM20L","Inverse variance weighted",8.01213805698719,5,0.155567942951561]
["10818_36_SMPD1_ASM","FTjVRz","osteoporosis","SMPD1","MR Egger",16.1783839972244,17,0.511226120681666]
["10818_36_SMPD1_ASM","FTjVRz","osteoporosis","SMPD1","Inverse variance weighted",19.2931826368277,18,0.37398217907334]
["10825_12_VSIG10_VSI10","FTjVRz","osteoporosis","VSIG10","Inverse variance weighted",0.380050054707744,1,0.537576449137154]
["10832_24_B4GALT6_B4GT6","FTjVRz","osteoporosis","B4GALT6","MR Egger",16.5689263471812,6,0.0110051535116946]
["10832_24_B4GALT6_B4GT6","FTjVRz","osteoporosis","B4GALT6","Inverse variance weighted",17.023607862407,7,0.0172445870808182]
["10833_64_HHIP_HHIP","FTjVRz","osteoporosis","HHIP","MR Egger",0.121246130016754,2,0.941177935820489]
["10833_64_HHIP_HHIP","FTjVRz","osteoporosis","HHIP","Inverse variance weighted",2.23821883951522,3,0.524459734840705]
["10835_25_A4GNT_A4GCT","FTjVRz","osteoporosis","A4GNT","MR Egger",1.60376895705222,2,0.448483010674082]
["10835_25_A4GNT_A4GCT","FTjVRz","osteoporosis","A4GNT","Inverse variance weighted",5.24224072303741,3,0.15489451797775]
["10842_7_GCNT4_GCNT4","FTjVRz","osteoporosis","GCNT4","MR Egger",0.53832137571182,2,0.764020476971626]
["10842_7_GCNT4_GCNT4","FTjVRz","osteoporosis","GCNT4","Inverse variance weighted",0.703305388638049,3,0.872426214221378]
["10847_1_SIGLEC15_SIG15","FTjVRz","osteoporosis","SIGLEC15","MR Egger",0.813567138001107,2,0.665788271930207]
["10847_1_SIGLEC15_SIG15","FTjVRz","osteoporosis","SIGLEC15","Inverse variance weighted",0.905326931584925,3,0.824142111176385]
["10848_137_BTNL3_BTNL3","FTjVRz","osteoporosis","BTNL3","MR Egger",1.08531332469921,1,0.297511962440842]
["10848_137_BTNL3_BTNL3","FTjVRz","osteoporosis","BTNL3","Inverse variance weighted",1.19106707811062,2,0.551268364188514]
["10851_77_EBI3_IL27B","FTjVRz","osteoporosis","EBI3","MR Egger",2.81660707375433,9,0.971124044022265]
["10851_77_EBI3_IL27B","FTjVRz","osteoporosis","EBI3","Inverse variance weighted",4.73936668830023,10,0.907894811674539]
["10852_114_HNRNPDL_HNRDL","FTjVRz","osteoporosis","HNRNPDL","MR Egger",0.263257450020695,2,0.876666418980393]
["10852_114_HNRNPDL_HNRDL","FTjVRz","osteoporosis","HNRNPDL","Inverse variance weighted",1.04924644429912,3,0.789338109351943]
["10880_38_FAM163B_F163B","FTjVRz","osteoporosis","FAM163B","MR Egger",3.11092793461406,4,0.539436518637892]
["10880_38_FAM163B_F163B","FTjVRz","osteoporosis","FAM163B","Inverse variance weighted",3.32297974465933,5,0.650325373806439]
["10882_12_DSC1_Desmocollin_1","FTjVRz","osteoporosis","DSC1","MR Egger",13.7021931162803,5,0.017615994041063]
["10882_12_DSC1_Desmocollin_1","FTjVRz","osteoporosis","DSC1","Inverse variance weighted",15.3288163723695,6,0.0178477913703406]
["10885_36_C6orf89_CF089","FTjVRz","osteoporosis","C6orf89","Inverse variance weighted",0.689569013640086,1,0.406311013834786]
["10889_2_MRAP2_MRAP2","FTjVRz","osteoporosis","MRAP2","Inverse variance weighted",0.00139663844178128,1,0.970188695905848]
["10890_135_LCTL_LCTL","FTjVRz","osteoporosis","LCTL","Inverse variance weighted",1.18344382222465,1,0.276656015358741]
["10892_8_OSMR_OSMR","FTjVRz","osteoporosis","OSMR","MR Egger",3.9666369702435,3,0.265089343840125]
["10892_8_OSMR_OSMR","FTjVRz","osteoporosis","OSMR","Inverse variance weighted",5.65445319002391,4,0.226482821374969]
["10895_28_TMPRSS11B_TM11B","FTjVRz","osteoporosis","TMPRSS11B","MR Egger",1.91811060348588,1,0.166065095950536]
["10895_28_TMPRSS11B_TM11B","FTjVRz","osteoporosis","TMPRSS11B","Inverse variance weighted",4.1020965086749,2,0.128600027371377]
["10900_272_STMN2_STMN2","FTjVRz","osteoporosis","STMN2","MR Egger",0.0571368037263399,1,0.811079947568241]
["10900_272_STMN2_STMN2","FTjVRz","osteoporosis","STMN2","Inverse variance weighted",0.390574712489316,2,0.822598245347666]
["10902_53_ASPRV1_APRV1","FTjVRz","osteoporosis","ASPRV1","MR Egger",5.26719214364211,3,0.153245465591609]
["10902_53_ASPRV1_APRV1","FTjVRz","osteoporosis","ASPRV1","Inverse variance weighted",7.51673781330596,4,0.110973486806177]
["10903_50_STX8_STX8","FTjVRz","osteoporosis","STX8","MR Egger",0.0595066251389887,1,0.807277445552283]
["10903_50_STX8_STX8","FTjVRz","osteoporosis","STX8","Inverse variance weighted",0.573580324159111,2,0.750669231181921]
["10907_116_NTM_NTRI","FTjVRz","osteoporosis","NTM","MR Egger",3.92126023853965,6,0.687331294132781]
["10907_116_NTM_NTRI","FTjVRz","osteoporosis","NTM","Inverse variance weighted",4.20323668709107,7,0.756093584912063]
["10908_2_GALNT13_GLT13","FTjVRz","osteoporosis","GALNT13","Inverse variance weighted",4.8542672815803,1,0.0275778248648307]
["10910_6_CEACAM4_CEAM4","FTjVRz","osteoporosis","CEACAM4","MR Egger",0.959795165575327,1,0.327238491069538]
["10910_6_CEACAM4_CEAM4","FTjVRz","osteoporosis","CEACAM4","Inverse variance weighted",0.972461756186691,2,0.614939814790717]
["10916_44_PLA2R1_PLA2R","FTjVRz","osteoporosis","PLA2R1","MR Egger",9.11330914842093,11,0.611434104594639]
["10916_44_PLA2R1_PLA2R","FTjVRz","osteoporosis","PLA2R1","Inverse variance weighted",10.2625229174456,12,0.592941602112137]
["10924_258_CYB5D2_NEUFC","FTjVRz","osteoporosis","CYB5D2","MR Egger",5.41830662171984,3,0.143607258225622]
["10924_258_CYB5D2_NEUFC","FTjVRz","osteoporosis","CYB5D2","Inverse variance weighted",5.83668279327444,4,0.211681404107793]
["10933_107_CALN1_CABP8","FTjVRz","osteoporosis","CALN1","MR Egger",1.40934070750385,1,0.235165870367208]
["10933_107_CALN1_CABP8","FTjVRz","osteoporosis","CALN1","Inverse variance weighted",1.41095978256051,2,0.493871512746283]
["10938_13_CD58_sLFA_3","FTjVRz","osteoporosis","CD58","MR Egger",0.14332202056268,1,0.705000556903781]
["10938_13_CD58_sLFA_3","FTjVRz","osteoporosis","CD58","Inverse variance weighted",1.59225131825388,2,0.45107319437783]
["10939_16_PLEKHA4_PKHA4","FTjVRz","osteoporosis","PLEKHA4","MR Egger",1.40226041120135,2,0.496024377340668]
["10939_16_PLEKHA4_PKHA4","FTjVRz","osteoporosis","PLEKHA4","Inverse variance weighted",1.44616762596038,3,0.694749351156544]
["10940_25_SRL_SRCA","FTjVRz","osteoporosis","SRL","MR Egger",6.81184738057062,5,0.235013742080016]
["10940_25_SRL_SRCA","FTjVRz","osteoporosis","SRL","Inverse variance weighted",7.09896014070073,6,0.311792364587012]
["10945_11_STX6_Syntaxin_6","FTjVRz","osteoporosis","STX6","MR Egger",0.550415485271674,1,0.458147976772744]
["10945_11_STX6_Syntaxin_6","FTjVRz","osteoporosis","STX6","Inverse variance weighted",0.618169170975885,2,0.734118671613942]
["10948_14_PLD3_PLD3","FTjVRz","osteoporosis","PLD3","MR Egger",5.53543314945391,2,0.0628052522326696]
["10948_14_PLD3_PLD3","FTjVRz","osteoporosis","PLD3","Inverse variance weighted",5.53938377369548,3,0.136301916132163]
["10953_14_CLEC2A_CLC2A","FTjVRz","osteoporosis","CLEC2A","MR Egger",4.31203735017159,1,0.0378436134383917]
["10953_14_CLEC2A_CLC2A","FTjVRz","osteoporosis","CLEC2A","Inverse variance weighted",5.05510008371686,2,0.0798544208150181]
["10955_4_CLEC10A_CLC10","FTjVRz","osteoporosis","CLEC10A","MR Egger",6.64830780718663,3,0.0839935679372033]
["10955_4_CLEC10A_CLC10","FTjVRz","osteoporosis","CLEC10A","Inverse variance weighted",6.65856128112278,4,0.155069907723731]
["10959_125_BET1L_BET1L","FTjVRz","osteoporosis","BET1L","MR Egger",2.33425270894398,2,0.31126010854674]
["10959_125_BET1L_BET1L","FTjVRz","osteoporosis","BET1L","Inverse variance weighted",2.36019055732608,3,0.501088154209439]
["10974_20_SPINK7_ISK7","FTjVRz","osteoporosis","SPINK7","MR Egger",7.08862836877068,7,0.419710671204191]
["10974_20_SPINK7_ISK7","FTjVRz","osteoporosis","SPINK7","Inverse variance weighted",7.17159470222456,8,0.518237287618825]
["10975_59_MUCL1_MUCL1","FTjVRz","osteoporosis","MUCL1","MR Egger",0.636400685416253,1,0.425017174347585]
["10975_59_MUCL1_MUCL1","FTjVRz","osteoporosis","MUCL1","Inverse variance weighted",0.640407885418119,2,0.726000959372086]
["10977_55_UCMA_UCMA","FTjVRz","osteoporosis","UCMA","MR Egger",1.10685672705382,3,0.77541910560644]
["10977_55_UCMA_UCMA","FTjVRz","osteoporosis","UCMA","Inverse variance weighted",2.06803510012188,4,0.723246897989312]
["10990_21_LRRK2_LRRK2","FTjVRz","osteoporosis","LRRK2","MR Egger",10.4577202475145,5,0.0632573687905856]
["10990_21_LRRK2_LRRK2","FTjVRz","osteoporosis","LRRK2","Inverse variance weighted",11.6192505093145,6,0.0710222344116028]
["11071_1_IL5_IL_5","FTjVRz","osteoporosis","IL5","MR Egger",0.501400615991528,1,0.478885349340371]
["11071_1_IL5_IL_5","FTjVRz","osteoporosis","IL5","Inverse variance weighted",10.9804750191814,2,0.00412686388809348]
["11094_104_CLC_LPPL","FTjVRz","osteoporosis","CLC","MR Egger",1.01528207538498,1,0.313640734159023]
["11094_104_CLC_LPPL","FTjVRz","osteoporosis","CLC","Inverse variance weighted",1.47931017947979,2,0.477278505388471]
["11096_57_N6AMT1_HEMK2","FTjVRz","osteoporosis","N6AMT1","Inverse variance weighted",0.467582421525799,1,0.494101475132446]
["11098_1_PDXK_PDXK","FTjVRz","osteoporosis","PDXK","Inverse variance weighted",0.047454906653679,1,0.827552630928141]
["11102_22_REG4_REG4","FTjVRz","osteoporosis","REG4","MR Egger",0.0820108151371667,1,0.774590687009863]
["11102_22_REG4_REG4","FTjVRz","osteoporosis","REG4","Inverse variance weighted",0.0896791320554083,2,0.956150868610511]
["11103_24_HSPB1_HSP_27","FTjVRz","osteoporosis","HSPB1","MR Egger",5.6182824307763,4,0.229526346973835]
["11103_24_HSPB1_HSP_27","FTjVRz","osteoporosis","HSPB1","Inverse variance weighted",5.72760753826366,5,0.333632493842038]
["11104_13_CHI3L1_YKL_40","FTjVRz","osteoporosis","CHI3L1","MR Egger",0.432666226313292,2,0.805466945542645]
["11104_13_CHI3L1_YKL_40","FTjVRz","osteoporosis","CHI3L1","Inverse variance weighted",3.03250672685954,3,0.386640382371307]
["11109_56_SVEP1_SVEP1","FTjVRz","osteoporosis","SVEP1","MR Egger",3.83393664039881,4,0.428946322707042]
["11109_56_SVEP1_SVEP1","FTjVRz","osteoporosis","SVEP1","Inverse variance weighted",3.90493298756524,5,0.563182986738324]
["11110_4_TMEM119_TM119","FTjVRz","osteoporosis","TMEM119","MR Egger",1.39636606133092,1,0.237332959195223]
["11110_4_TMEM119_TM119","FTjVRz","osteoporosis","TMEM119","Inverse variance weighted",1.53547251512047,2,0.464062397901984]
["11116_16_C11orf87_CK087","FTjVRz","osteoporosis","C11orf87","MR Egger",2.75194306021336,5,0.738163232236457]
["11116_16_C11orf87_CK087","FTjVRz","osteoporosis","C11orf87","Inverse variance weighted",3.21765595812595,6,0.781074600640798]
["11117_2_SPATA20_SPT20","FTjVRz","osteoporosis","SPATA20","MR Egger",5.37477056085934,2,0.0680586612375561]
["11117_2_SPATA20_SPT20","FTjVRz","osteoporosis","SPATA20","Inverse variance weighted",7.7365588542276,3,0.0517818602114748]
["11118_107_RAB17_RAB17","FTjVRz","osteoporosis","RAB17","MR Egger",7.29167622536464,6,0.294713395073011]
["11118_107_RAB17_RAB17","FTjVRz","osteoporosis","RAB17","Inverse variance weighted",14.1667552394562,7,0.0482937021180009]
["11120_49_NAT14_NAT14","FTjVRz","osteoporosis","NAT14","MR Egger",2.20735507005424,2,0.331649186789709]
["11120_49_NAT14_NAT14","FTjVRz","osteoporosis","NAT14","Inverse variance weighted",2.2209609035011,3,0.527831536269306]
["11129_66_BMP15_BMP15","FTjVRz","osteoporosis","BMP15","MR Egger",0.526588105297491,2,0.768515879952184]
["11129_66_BMP15_BMP15","FTjVRz","osteoporosis","BMP15","Inverse variance weighted",1.36889220389337,3,0.712842494201576]
["11130_158_CACNB4_CACB4","FTjVRz","osteoporosis","CACNB4","Inverse variance weighted",0.148394699834785,1,0.700074184984842]
["11134_30_MTRF1L_RF1ML","FTjVRz","osteoporosis","MTRF1L","MR Egger",2.33698173183677,1,0.126334124023352]
["11134_30_MTRF1L_RF1ML","FTjVRz","osteoporosis","MTRF1L","Inverse variance weighted",2.34146871869318,2,0.31013910406872]
["11135_5_MRPL55_RM55","FTjVRz","osteoporosis","MRPL55","Inverse variance weighted",2.36137021749223,1,0.12437290323392]
["11137_43_CSF2RB_IL3RB","FTjVRz","osteoporosis","CSF2RB","MR Egger",5.93643301415274,1,0.0148310045270549]
["11137_43_CSF2RB_IL3RB","FTjVRz","osteoporosis","CSF2RB","Inverse variance weighted",11.2364035852682,2,0.0036311648290495]
["11140_56_COL1A1_CO1A1","FTjVRz","osteoporosis","COL1A1","MR Egger",1.53724279797669,1,0.215028676171762]
["11140_56_COL1A1_CO1A1","FTjVRz","osteoporosis","COL1A1","Inverse variance weighted",3.33200294516278,2,0.189001283567827]
["11142_11_ANGPTL1_ANGL1","FTjVRz","osteoporosis","ANGPTL1","MR Egger",0.162841919945562,3,0.98335243687243]
["11142_11_ANGPTL1_ANGL1","FTjVRz","osteoporosis","ANGPTL1","Inverse variance weighted",0.22152453137146,4,0.994300543672776]
["11143_32_OLFM3_NOE3","FTjVRz","osteoporosis","OLFM3","MR Egger",1.69876216230783,2,0.427679548984996]
["11143_32_OLFM3_NOE3","FTjVRz","osteoporosis","OLFM3","Inverse variance weighted",1.77087833158181,3,0.621292547401937]
["11145_72_KIAA1549L_K154L","FTjVRz","osteoporosis","KIAA1549L","MR Egger",4.22126980613044,2,0.121161016507329]
["11145_72_KIAA1549L_K154L","FTjVRz","osteoporosis","KIAA1549L","Inverse variance weighted",8.1308578765785,3,0.0433832836993305]
["11146_4_TBX22_TBX22","FTjVRz","osteoporosis","TBX22","MR Egger",2.72041803809031,1,0.0990720653298]
["11146_4_TBX22_TBX22","FTjVRz","osteoporosis","TBX22","Inverse variance weighted",4.16838953243408,2,0.124407256769677]
["11149_3_TLR1_TLR1","FTjVRz","osteoporosis","TLR1","MR Egger",0.80160826498416,3,0.849082319045915]
["11149_3_TLR1_TLR1","FTjVRz","osteoporosis","TLR1","Inverse variance weighted",5.14386758314269,4,0.27285175203732]
["11152_46_KLK13_kallikrein_13","FTjVRz","osteoporosis","KLK13","MR Egger",6.76197453897508,4,0.149014275856882]
["11152_46_KLK13_kallikrein_13","FTjVRz","osteoporosis","KLK13","Inverse variance weighted",9.91013294355433,5,0.0778220051974584]
["11154_3_NFE2L1_NF2L1","FTjVRz","osteoporosis","NFE2L1","Inverse variance weighted",0.184705269514958,1,0.667360404523226]
["11155_16_COL6A5_CO6A5","FTjVRz","osteoporosis","COL6A5","MR Egger",2.0037116909581,1,0.156914554893331]
["11155_16_COL6A5_CO6A5","FTjVRz","osteoporosis","COL6A5","Inverse variance weighted",2.03350564507933,2,0.361767759080147]
["11160_56_RNF122_RN122","FTjVRz","osteoporosis","RNF122","MR Egger",4.90590056922239,2,0.0860393710474392]
["11160_56_RNF122_RN122","FTjVRz","osteoporosis","RNF122","Inverse variance weighted",11.9305212653793,3,7.62499472247822E-3]
["11163_7_FAM162B_F162B","FTjVRz","osteoporosis","FAM162B","MR Egger",0.500672055945652,1,0.479204975405339]
["11163_7_FAM162B_F162B","FTjVRz","osteoporosis","FAM162B","Inverse variance weighted",1.70769214324975,2,0.425774220675932]
["11164_7_TENM2_TEN2","FTjVRz","osteoporosis","TENM2","MR Egger",0.685778539605433,1,0.407603978222381]
["11164_7_TENM2_TEN2","FTjVRz","osteoporosis","TENM2","Inverse variance weighted",0.73068742298987,2,0.693958088509989]
["11167_6_MTMR1_MTMR1","FTjVRz","osteoporosis","MTMR1","MR Egger",5.73716197957037,5,0.332640005096084]
["11167_6_MTMR1_MTMR1","FTjVRz","osteoporosis","MTMR1","Inverse variance weighted",8.75076626340028,6,0.188087567590868]
["11168_3_MEGF10_MEG10","FTjVRz","osteoporosis","MEGF10","MR Egger",0.707543437140563,2,0.702035210666016]
["11168_3_MEGF10_MEG10","FTjVRz","osteoporosis","MEGF10","Inverse variance weighted",1.31750184144522,3,0.724981346115273]
["11173_29_MILR1_MILR1","FTjVRz","osteoporosis","MILR1","MR Egger",3.28275320627164,3,0.350050299863134]
["11173_29_MILR1_MILR1","FTjVRz","osteoporosis","MILR1","Inverse variance weighted",5.36074135775038,4,0.252244303234327]
["11174_8_THSD7A_THS7A","FTjVRz","osteoporosis","THSD7A","Inverse variance weighted",0.460882224173994,1,0.49721195296094]
["11177_16_KRT5_K2C5","FTjVRz","osteoporosis","KRT5","Inverse variance weighted",12.8504962412516,1,0.000337389758552063]
["11178_21_SVEP1_SVEP1","FTjVRz","osteoporosis","SVEP1","MR Egger",0.518819187715425,2,0.771506953808651]
["11178_21_SVEP1_SVEP1","FTjVRz","osteoporosis","SVEP1","Inverse variance weighted",0.633408577570965,3,0.888743436478849]
["11180_17_SMARCC1_SMRC1","FTjVRz","osteoporosis","SMARCC1","MR Egger",0.462437896604498,2,0.793565697150622]
["11180_17_SMARCC1_SMRC1","FTjVRz","osteoporosis","SMARCC1","Inverse variance weighted",1.04730087836046,3,0.789808613647487]
["11185_145_GCH1_GCH1","FTjVRz","osteoporosis","GCH1","MR Egger",0.672925518209259,1,0.412033493918309]
["11185_145_GCH1_GCH1","FTjVRz","osteoporosis","GCH1","Inverse variance weighted",0.685664009800934,2,0.709757437316583]
["11187_11_CLEC12A_CL12A","FTjVRz","osteoporosis","CLEC12A","MR Egger",18.4493519904413,8,0.0180987174048334]
["11187_11_CLEC12A_CL12A","FTjVRz","osteoporosis","CLEC12A","Inverse variance weighted",18.4792094039548,9,0.0300037734397331]
["11192_168_TINAGL1_TINAL","FTjVRz","osteoporosis","TINAGL1","MR Egger",9.56963126904384,9,0.386434916106083]
["11192_168_TINAGL1_TINAL","FTjVRz","osteoporosis","TINAGL1","Inverse variance weighted",11.5953089255396,10,0.313053309972081]
["11196_31_COL6A3_Collagen_alpha_3_VI_","FTjVRz","osteoporosis","COL6A3","Inverse variance weighted",0.18438710318257,1,0.667629829652959]
["11198_37_CREB3L1_CR3L1","FTjVRz","osteoporosis","CREB3L1","Inverse variance weighted",0.275139438054139,1,0.599904844468428]
["11202_70_TBX5_TBX5","FTjVRz","osteoporosis","TBX5","Inverse variance weighted",0.566673247341846,1,0.451583915894299]
["11207_3_MSR1_Macrophage_scavenger_receptor","FTjVRz","osteoporosis","MSR1","MR Egger",2.8677185179926,1,0.0903728986376628]
["11207_3_MSR1_Macrophage_scavenger_receptor","FTjVRz","osteoporosis","MSR1","Inverse variance weighted",4.15611774814355,2,0.125172952991703]
["11208_15_NAGPA_NAGPA","FTjVRz","osteoporosis","NAGPA","Inverse variance weighted",1.48799314551755,1,0.222528095878623]
["11211_7_TBCE_TBCE","FTjVRz","osteoporosis","TBCE","MR Egger",2.67463536550982,4,0.613660337414133]
["11211_7_TBCE_TBCE","FTjVRz","osteoporosis","TBCE","Inverse variance weighted",2.85061660771353,5,0.723003181667592]
["11212_7_TXNDC5_TXND5","FTjVRz","osteoporosis","TXNDC5","MR Egger",3.50081923183724,1,0.0613384795256342]
["11212_7_TXNDC5_TXND5","FTjVRz","osteoporosis","TXNDC5","Inverse variance weighted",3.57483353557365,2,0.16739202410564]
["11214_40_DNAJB9_DNJB9","FTjVRz","osteoporosis","DNAJB9","MR Egger",3.96104599729751,2,0.137997046165926]
["11214_40_DNAJB9_DNJB9","FTjVRz","osteoporosis","DNAJB9","Inverse variance weighted",6.47732150788865,3,0.0905611911739759]
["11215_6_CDH15_CAD15","FTjVRz","osteoporosis","CDH15","MR Egger",1.60762514066412,1,0.204825955673403]
["11215_6_CDH15_CAD15","FTjVRz","osteoporosis","CDH15","Inverse variance weighted",8.61449881702168,2,0.0134705506655159]
["11218_84_TPMT_TPMT","FTjVRz","osteoporosis","TPMT","MR Egger",2.64004696168107,6,0.852476710944856]
["11218_84_TPMT_TPMT","FTjVRz","osteoporosis","TPMT","Inverse variance weighted",2.83102936757433,7,0.900180989671761]
["11219_95_FGFBP3_FGFP3","FTjVRz","osteoporosis","FGFBP3","MR Egger",7.86418169567987,5,0.1638813987528]
["11219_95_FGFBP3_FGFP3","FTjVRz","osteoporosis","FGFBP3","Inverse variance weighted",12.4873600351055,6,0.051938777294887]
["11223_1_TMEM154_TM154","FTjVRz","osteoporosis","TMEM154","MR Egger",3.37887052480032,5,0.641789961073789]
["11223_1_TMEM154_TM154","FTjVRz","osteoporosis","TMEM154","Inverse variance weighted",3.43327410983705,6,0.752825082280935]
["11226_16_UBE3A_UBE3A","FTjVRz","osteoporosis","UBE3A","MR Egger",0.35911607584959,1,0.548997554584706]
["11226_16_UBE3A_UBE3A","FTjVRz","osteoporosis","UBE3A","Inverse variance weighted",1.49294812195772,2,0.474035028144297]
["11228_37_RIC3_RIC3","FTjVRz","osteoporosis","RIC3","MR Egger",2.99343433363031,3,0.392638581014371]
["11228_37_RIC3_RIC3","FTjVRz","osteoporosis","RIC3","Inverse variance weighted",3.04108705615908,4,0.550973280322763]
["11237_49_PCOLCE_PCOC1","FTjVRz","osteoporosis","PCOLCE","MR Egger",6.12964893933581,5,0.293807190524273]
["11237_49_PCOLCE_PCOC1","FTjVRz","osteoporosis","PCOLCE","Inverse variance weighted",8.03070236090963,6,0.235862593527197]
["11239_49_TMPRSS6_TMPS6","FTjVRz","osteoporosis","TMPRSS6","MR Egger",8.72546888736669,3,0.0331726297613127]
["11239_49_TMPRSS6_TMPS6","FTjVRz","osteoporosis","TMPRSS6","Inverse variance weighted",9.33372923299814,4,0.0532781684436914]
["11241_8_ASL_ARLY","FTjVRz","osteoporosis","ASL","MR Egger",1.75292711855333E-3,1,0.966603948268303]
["11241_8_ASL_ARLY","FTjVRz","osteoporosis","ASL","Inverse variance weighted",0.737555598864049,2,0.691579062639393]
["11242_33_TGM1_TGM1","FTjVRz","osteoporosis","TGM1","Inverse variance weighted",0.407169595257411,1,0.523409614176937]
["11243_90_ADGRF1_GPR110","FTjVRz","osteoporosis","ADGRF1","MR Egger",0.885066714327164,1,0.346817692247629]
["11243_90_ADGRF1_GPR110","FTjVRz","osteoporosis","ADGRF1","Inverse variance weighted",1.44651885252788,2,0.485168305659773]
["11247_20_NAGS_NAGS","FTjVRz","osteoporosis","NAGS","Inverse variance weighted",0.460455699947745,1,0.497411078202381]
["11248_43_UROS_HEM4","FTjVRz","osteoporosis","UROS","MR Egger",1.87648204889755,3,0.598434641984812]
["11248_43_UROS_HEM4","FTjVRz","osteoporosis","UROS","Inverse variance weighted",2.82324401669848,4,0.587827080731973]
["11252_30_LRCH4_LRCH4","FTjVRz","osteoporosis","LRCH4","MR Egger",0.66496988297318,1,0.414810851256782]
["11252_30_LRCH4_LRCH4","FTjVRz","osteoporosis","LRCH4","Inverse variance weighted",0.689938026804312,2,0.708242299147087]
["11254_13_PAPLN_PPN","FTjVRz","osteoporosis","PAPLN","MR Egger",1.86463211416909,3,0.600972252539364]
["11254_13_PAPLN_PPN","FTjVRz","osteoporosis","PAPLN","Inverse variance weighted",2.33325660464597,4,0.674720923096844]
["11257_1_QDPR_DHPR","FTjVRz","osteoporosis","QDPR","MR Egger",1.36632613076392,1,0.242444109545042]
["11257_1_QDPR_DHPR","FTjVRz","osteoporosis","QDPR","Inverse variance weighted",1.59424890018014,2,0.450622891464249]
["11258_41_MADCAM1_MAdCAM_1","FTjVRz","osteoporosis","MADCAM1","Inverse variance weighted",0.75427224394977,1,0.385126974820104]
["11260_47_SUN5_SPA4L","FTjVRz","osteoporosis","SUN5","MR Egger",1.33652830772014,1,0.247647137263549]
["11260_47_SUN5_SPA4L","FTjVRz","osteoporosis","SUN5","Inverse variance weighted",2.30588303335906,2,0.31570674555146]
["11262_39_TRABD_TRABD","FTjVRz","osteoporosis","TRABD","MR Egger",0.17769151070418,2,0.914986694491133]
["11262_39_TRABD_TRABD","FTjVRz","osteoporosis","TRABD","Inverse variance weighted",2.7828017851146,3,0.426338880162168]
["11263_57_CASQ1_CASQ1","FTjVRz","osteoporosis","CASQ1","MR Egger",9.67709571003135,2,0.00791854458141367]
["11263_57_CASQ1_CASQ1","FTjVRz","osteoporosis","CASQ1","Inverse variance weighted",10.9334647071273,3,0.0120911517111602]
["11264_33_XDH_XDH","FTjVRz","osteoporosis","XDH","Inverse variance weighted",1.26579839052457,1,0.260556381338307]
["11266_8_SELPLG_SELPL","FTjVRz","osteoporosis","SELPLG","MR Egger",16.5098873433958,14,0.283237131146806]
["11266_8_SELPLG_SELPL","FTjVRz","osteoporosis","SELPLG","Inverse variance weighted",16.5608230121729,15,0.345788579018659]
["11270_17_CHCHD10_CHC10","FTjVRz","osteoporosis","CHCHD10","Inverse variance weighted",4.35164515422293,1,0.0369732138112302]
["11273_176_GSTT2B_GSTT2","FTjVRz","osteoporosis","GSTT2B","Inverse variance weighted",0.918894346162271,1,0.337765448411701]
["11275_94_LRP1B_LRP1B","FTjVRz","osteoporosis","LRP1B","Inverse variance weighted",1.27002209703617,1,0.25976253455179]
["11277_23_ATF6_ATF6A","FTjVRz","osteoporosis","ATF6","MR Egger",13.2875740320386,11,0.274946008796489]
["11277_23_ATF6_ATF6A","FTjVRz","osteoporosis","ATF6","Inverse variance weighted",13.2889189040061,12,0.348395289194011]
["11278_4_COL11A2_COL11A2","FTjVRz","osteoporosis","COL11A2","MR Egger",11.6873104695412,5,0.0393328590063036]
["11278_4_COL11A2_COL11A2","FTjVRz","osteoporosis","COL11A2","Inverse variance weighted",11.7487093539488,6,0.0678153914639506]
["11281_6_GRB7_GRB7","FTjVRz","osteoporosis","GRB7","MR Egger",8.57998271886319,5,0.127036324376415]
["11281_6_GRB7_GRB7","FTjVRz","osteoporosis","GRB7","Inverse variance weighted",14.9430334947347,6,0.0207044438259649]
["11283_13_DCAF5_DCAF5","FTjVRz","osteoporosis","DCAF5","MR Egger",2.01951645924739,2,0.364307047576961]
["11283_13_DCAF5_DCAF5","FTjVRz","osteoporosis","DCAF5","Inverse variance weighted",2.02013088480458,3,0.56823899517608]
["11287_14_CYB5A_Cytochrome_b5","FTjVRz","osteoporosis","CYB5A","Inverse variance weighted",0.0208530014527995,1,0.885180128996621]
["11288_26_NT5C2_5NTC","FTjVRz","osteoporosis","NT5C2","MR Egger",0.00164158306942449,2,0.999179545222517]
["11288_26_NT5C2_5NTC","FTjVRz","osteoporosis","NT5C2","Inverse variance weighted",0.174073367714831,3,0.98166205535183]
["11292_13_SCARA3_SCAR3","FTjVRz","osteoporosis","SCARA3","MR Egger",2.38217840802373,4,0.665850285410923]
["11292_13_SCARA3_SCAR3","FTjVRz","osteoporosis","SCARA3","Inverse variance weighted",3.06580832548916,5,0.689840693795786]
["11293_14_LRRN1_LRRN1","FTjVRz","osteoporosis","LRRN1","MR Egger",0.758138496476211,3,0.859451266040046]
["11293_14_LRRN1_LRRN1","FTjVRz","osteoporosis","LRRN1","Inverse variance weighted",5.18955327667032,4,0.268395193963123]
["11300_32_SORT1_SORT","FTjVRz","osteoporosis","SORT1","Inverse variance weighted",0.512812277267439,1,0.47392397047351]
["11302_237_TNR_TENR","FTjVRz","osteoporosis","TNR","MR Egger",4.35741633739313,8,0.82352285688748]
["11302_237_TNR_TENR","FTjVRz","osteoporosis","TNR","Inverse variance weighted",4.94399878176898,9,0.839162434318395]
["11303_7_SAMHD1_SAMH1","FTjVRz","osteoporosis","SAMHD1","MR Egger",0.530286077111425,1,0.466486611568862]
["11303_7_SAMHD1_SAMH1","FTjVRz","osteoporosis","SAMHD1","Inverse variance weighted",0.573117667270927,2,0.750842902413971]
["11307_33_WWP1_WWP1","FTjVRz","osteoporosis","WWP1","MR Egger",2.16723927375909,2,0.338368535125899]
["11307_33_WWP1_WWP1","FTjVRz","osteoporosis","WWP1","Inverse variance weighted",2.22644651045903,3,0.526758036205308]
["11308_8_CREB3L4_CR3L4","FTjVRz","osteoporosis","CREB3L4","MR Egger",4.54157622576068,7,0.715705183966513]
["11308_8_CREB3L4_CR3L4","FTjVRz","osteoporosis","CREB3L4","Inverse variance weighted",5.10458145099628,8,0.746342094352746]
["11311_79_RAG1_RAG_1","FTjVRz","osteoporosis","RAG1","MR Egger",1.14145626907919,2,0.565113809973332]
["11311_79_RAG1_RAG_1","FTjVRz","osteoporosis","RAG1","Inverse variance weighted",3.64660396807457,3,0.302239895096116]
["11312_40_PMS2_PMS2","FTjVRz","osteoporosis","PMS2","MR Egger",0.870611427590998,1,0.35078609525662]
["11312_40_PMS2_PMS2","FTjVRz","osteoporosis","PMS2","Inverse variance weighted",0.884508999806833,2,0.642586076549133]
["11313_100_PCBD1_PHS","FTjVRz","osteoporosis","PCBD1","MR Egger",1.96581600589831,2,0.374221278437582]
["11313_100_PCBD1_PHS","FTjVRz","osteoporosis","PCBD1","Inverse variance weighted",2.12842222608698,3,0.546184188370378]
["11315_148_PPM1D_PPM1D","FTjVRz","osteoporosis","PPM1D","MR Egger",0.136213419637096,1,0.712074787296138]
["11315_148_PPM1D_PPM1D","FTjVRz","osteoporosis","PPM1D","Inverse variance weighted",0.162261444220695,2,0.922073148218117]
["11320_29_CHFR_CHFR","FTjVRz","osteoporosis","CHFR","MR Egger",1.7794070091765,1,0.182222159154323]
["11320_29_CHFR_CHFR","FTjVRz","osteoporosis","CHFR","Inverse variance weighted",3.25400678559514,2,0.196517578669224]
["11325_8_BTG2_BTG2","FTjVRz","osteoporosis","BTG2","MR Egger",4.45517172030892,3,0.216323891380357]
["11325_8_BTG2_BTG2","FTjVRz","osteoporosis","BTG2","Inverse variance weighted",6.12112482344218,4,0.190283365088048]
["11327_56_CLK2_CLK2","FTjVRz","osteoporosis","CLK2","MR Egger",7.64816628865398,7,0.364637647333814]
["11327_56_CLK2_CLK2","FTjVRz","osteoporosis","CLK2","Inverse variance weighted",14.2479053521481,8,0.0755283360842968]
["11330_15_CSNK2B_CSK2B","FTjVRz","osteoporosis","CSNK2B","MR Egger",1.32670275107025,1,0.249392649901359]
["11330_15_CSNK2B_CSK2B","FTjVRz","osteoporosis","CSNK2B","Inverse variance weighted",4.75432355064832,2,0.0928136299675985]
["11333_82_ARHGAP25_RHG25","FTjVRz","osteoporosis","ARHGAP25","MR Egger",2.16243185600259,2,0.339182852877224]
["11333_82_ARHGAP25_RHG25","FTjVRz","osteoporosis","ARHGAP25","Inverse variance weighted",2.4561497611293,3,0.483267950881284]
["11347_9_TALDO1_Transaldolase","FTjVRz","osteoporosis","TALDO1","Inverse variance weighted",0.499304328045591,1,0.479805953974602]
["11348_132_P4HA2_P4HA2","FTjVRz","osteoporosis","P4HA2","MR Egger",1.14393509230766,1,0.284822355670716]
["11348_132_P4HA2_P4HA2","FTjVRz","osteoporosis","P4HA2","Inverse variance weighted",1.41432060862664,2,0.493042301523404]
["11354_21_PLCB1_Phospholipase_C_beta_1","FTjVRz","osteoporosis","PLCB1","Inverse variance weighted",0.989072073798287,1,0.319969273553907]
["11358_15_GRB10_GRB10","FTjVRz","osteoporosis","GRB10","MR Egger",0.424599700648127,2,0.80872216560324]
["11358_15_GRB10_GRB10","FTjVRz","osteoporosis","GRB10","Inverse variance weighted",1.31061599880823